{"text_format":"3","workbook":"xls","n_sheets":28,"sheets":["Ruas Ben","M. Calc Dre","Terrap.","BASE E SUB","Cub","Pavim.","Coord","MAT. PETREO","MAT BETUMINOSO","MF e Sarj.","CALÇADA","PISO TATIL","Sinal.","Mem. Calc.","Orçam.","Resumo","COMP SINAPI","Crono Basico","BDI","QCI","COMP SICRO","MOBILIZAÇÃO","M CALC PVD","SICRO SEM DESONERAÇÃO","MO SICRO","EQUIP SICRO","INSUMO SICRO","SINAPI NAO DES"],"not_rendered":{"images":11,"external_links":1,"defined_names":37,"comments":2},"read":"whole","date_system":"1900","formulas":"cached_only"}

{"sheet":"Ruas Ben","index":0,"n_rows":28,"n_cols":19,"rows_kept":28,"merged":[[0,0,0,16],[1,0,1,16],[2,1,2,12],[2,13,2,14],[3,1,3,12],[3,13,5,14],[4,1,4,12],[5,1,5,12],[6,0,6,16],[7,0,8,0],[7,1,8,1],[7,2,7,7],[7,8,7,9],[7,10,8,10],[7,11,8,11],[7,12,8,12],[7,13,8,13],[7,14,8,14],[7,15,8,15],[7,16,8,16],[9,0,9,1],[21,0,21,1],[21,8,22,8],[21,9,22,9],[21,10,22,10],[21,11,22,11],[21,12,22,12],[21,13,22,13],[21,14,22,14],[21,15,22,15],[21,16,22,16],[22,0,22,1],[22,2,22,7]],"flags":["formulas_cached_only"]}
["ESTADO DE MATO GROSSO"]
["PREFEITURA MUNICIPAL DE SÃO JOSÉ DOS QUATRO MARCOS"]
["OBRA:","PAVIMENTAÇÃO ASFALTICA",{"$nulls":11},"REFERENCIA:",null,0,"BDI NÃO DES"]
["LOCAL:","JARDIM ZEFERINO",{"$nulls":11},"SINAPI 09/2024 ANP 08/2024  SICRO 04/2024",null,{"v":0,"d":"0.00%"},{"v":0.2223,"d":"22.23%"}]
["PROPR.:","PREFEITURA MUNICIPAL DE SÃO JOSÉ DOS QUATRO MARCOS",{"$nulls":13},0,"DIFERENCIADO"]
["ÁREA (M²):",{"v":4561.4,"d":"4,561.40"},{"$nulls":13},{"v":0,"d":"0.00%"},{"v":0.15,"d":"15.00%"}]
["RELAÇÃO DE RUAS BENEFICIADAS - DRENAGEM"]
["ITEM","RUA","TUBULAÇÃO",{"$nulls":5},"BOCA DE LOBO",null,"POÇO DE VISITA (Ø60)","POÇO DE VISITA (Ø80)","POÇO DE VISITA (Ø100)","POÇO DE VISITA (Ø120)","POÇO DE VISITA DUPLO","CAIXA DE PASSAGEM","DISSIPADOR"]
[null,null,"Ø 40cm","Ø 60cm","Ø 80cm","Ø 100cm","Ø 120cm","Ø 150cm","SIMP","DUPLA"]
["TRECHO 01"]
[1,"RUA SANTA TEREZINA",{"v":48,"d":"48.00"},null,null,{"v":474,"d":"474.00"},null,null,8,{"$nulls":3},7,null,0,null,1]
[2]
[3]
[4]
[5]
[6]
[7]
[8]
[9]
[10]
[]
["TOTAL PARCIAL - M",null,{"v":48,"d":"48.00"},{"v":0,"d":"0.00"},{"v":0,"d":"0.00"},{"v":474,"d":"474.00"},{"v":0,"d":"0.00"},{"v":0,"d":"0.00"},8,0,0,0,7,0,0,0,1,null,0]
["TOTAL GERAL - M",null,{"v":522,"d":"522.00"}]
[]
[]
[null,"LUIZ GUILHERME CADORE SILVA"]
[null,"ENGº CIVIL / FISCAL DE OBRAS"]
[null,"CREA MT041303"]

{"sheet":"M. Calc Dre","index":1,"n_rows":102,"n_cols":15,"rows_kept":102,"merged":[[0,0,0,11],[1,0,1,11],[2,1,2,8],[3,1,3,8],[3,9,5,9],[4,1,4,8],[5,1,5,8],[6,0,6,11],[8,1,8,8],[8,10,8,11],[22,1,22,8],[22,10,22,11],[36,1,36,6],[42,1,42,8],[42,10,42,11],[56,1,56,8],[56,10,56,11],[57,0,58,0],[57,1,58,1],[57,2,58,2],[57,3,58,3],[57,4,57,6],[57,7,58,8],[57,9,58,9],[57,10,58,10],[57,11,58,11],[73,1,73,8],[73,10,73,11],[74,0,75,0],[74,1,75,1],[74,2,75,2],[74,3,75,3],[74,4,74,6],[74,7,75,8],[74,9,75,9],[74,10,75,10],[74,11,75,11],[90,1,90,8],[90,10,90,11],[91,4,91,6],[91,10,91,11],[92,4,92,6],[93,4,93,6],[94,4,94,6],[95,4,95,6],[96,4,96,6],[97,4,97,6]],"flags":["formulas_cached_only"]}
["ESTADO DE MATO GROSSO"]
["PREFEITURA MUNICIPAL DE SÃO JOSÉ DOS QUATRO MARCOS"]
["OBRA:","PAVIMENTAÇÃO ASFALTICA",{"$nulls":7},"REFERENCIA:",0,"BDI NÃO DES"]
["LOCAL:","JARDIM ZEFERINO",{"$nulls":7},"SINAPI 09/2024 ANP 08/2024  SICRO 04/2024",{"v":0,"d":"0.00%"},{"v":0.2223,"d":"22.23%"}]
["PROPR.:","PREFEITURA MUNICIPAL DE SÃO JOSÉ DOS QUATRO MARCOS",{"$nulls":8},0,"DIFERENCIADO"]
["ÁREA (M²):",{"v":4561.4,"d":"4,561.40"},{"$nulls":8},{"v":0,"d":"0.00%"},{"v":0.15,"d":"15.00%"}]
["PLANILHA CÁLCULO DE DRENAGEM - ESCAVAÇÃO E REATERRO"]
["ITEM","DISCRIMINAÇÃO","UNID","QUANT","LARG","ALT","COMPR",{"$nulls":3},"EXTENSÃO","TOTAL"]
["1.0","ESCAVACAO DE VALA NAO ESCORADA EM MATERIAL 1A CATEGORIA, PROFUNDIDADE ATE 1,5 M ",{"$nulls":7},"m³",195.141,null,null,"item","chamine"]
["1.1","Tubulação D=40cm","m",{"v":48,"d":"48.00"},{"v":1,"d":"1.00"},{"v":1.5,"d":"1.50"},{"$nulls":5},{"v":72,"d":"72.000"},null,1.5]
["1.2","Tubulação D=60cm","m",{"v":0,"d":"0.00"},{"v":1.2,"d":"1.20"},{"v":1.5,"d":"1.50"},{"$nulls":5},{"v":0,"d":"0.000"},null,1.7]
["1.3","Tubulação D=80cm","m",{"v":0,"d":"0.00"},{"v":3,"d":"3.00"},{"v":2,"d":"2.00"},{"$nulls":5},{"v":0,"d":"0.000"},null,2]
["1.4","Tubulação D=100cm","m",{"v":0,"d":"0.00"},{"v":1.6,"d":"1.60"},{"v":1.5,"d":"1.50"},{"$nulls":5},{"v":0,"d":"0.000"},null,2.1]
["1.5","Tubulação D=120cm","m",{"v":0,"d":"0.00"},{"v":1.8,"d":"1.80"},{"v":1.5,"d":"1.50"},{"$nulls":5},{"v":0,"d":"0.000"},null,2.5]
["1.6","Tubulação D=150cm","m",{"v":0,"d":"0.00"},{"v":2.1,"d":"2.10"},{"v":1.5,"d":"1.50"},{"$nulls":5},{"v":0,"d":"0.000"},null,2.8]
["1.7","Boca de lobo simples","und",{"v":8,"d":"8.00"},{"v":1.9,"d":"1.90"},{"v":1.5,"d":"1.50"},{"v":1.9,"d":"1.90"},{"$nulls":4},{"v":43.32,"d":"43.320"},null,1.5]
["1.8","Poço de Visita Duplo - Coletor de Ø800","und",{"v":0,"d":"0.00"},{"v":2.9,"d":"2.90"},{"v":2,"d":"2.00"},{"v":1.8,"d":"1.80"},{"$nulls":4},{"v":0,"d":"0.000"},null,1.5,1]
["1.9","Poço de Visita - Coletor de Ø100","und",{"v":7,"d":"7.00"},{"v":2.5,"d":"2.50"},{"v":1.5,"d":"1.50"},{"v":2.9,"d":"2.90"},{"$nulls":4},76.125,null,1.3,1]
["1.10","Poço de Visita - Coletor de Ø80","und",{"v":0,"d":"0.00"},{"v":2.4,"d":"2.40"},{"v":1.5,"d":"1.50"},{"v":2.9,"d":"2.90"},{"$nulls":4},{"v":0,"d":"0.000"},null,1,1]
["1.11","Poço de Visita - Coletor de Ø60","und",{"v":0,"d":"0.00"},{"v":2.3,"d":"2.30"},{"v":1.5,"d":"1.50"},{"v":2.9,"d":"2.90"},{"$nulls":4},{"v":0,"d":"0.000"},null,0.8,1]
["1.12","Caixa Coletora","und",{"v":0,"d":"0.00"},{"v":2.5,"d":"2.50"},{"v":1.5,"d":"1.50"},{"v":2.9,"d":"2.90"},{"$nulls":4},{"v":0,"d":"0.000"},null,1.5,1]
["1.13","Dissipador de energia","und",{"v":1,"d":"1.00"},{"v":2.2,"d":"2.20"},0.35,{"v":4.8,"d":"4.80"},{"$nulls":4},3.696,null,0.35]
["2.0","ESCAVACAO DE VALA NAO ESCORADA EM MATERIAL DE 1A CATEGORIA COM PROFUNDIDADE DE 1,5 ATE 3M",{"$nulls":7},"m³",{"v":1709.08,"d":"1,709.080"}]
["2.1","Tubulação D=40cm","m",{"v":48,"d":"48.00"},{"v":1,"d":"1.00"},{"v":0,"d":"0.00"},{"$nulls":5},{"v":0,"d":"0.000"}]
["2.2","Tubulação D=60cm","m",{"v":0,"d":"0.00"},{"v":1.2,"d":"1.20"},{"v":0,"d":"0.00"},{"$nulls":5},{"v":0,"d":"0.000"}]
["2.3","Tubulação D=80cm","m",{"v":0,"d":"0.00"},{"v":3,"d":"3.00"},{"v":0,"d":"0.00"},{"$nulls":5},{"v":0,"d":"0.000"}]
["2.4","Tubulação D=100cm","m",{"v":474,"d":"474.00"},{"v":1.6,"d":"1.60"},{"v":2.2,"d":"2.20"},{"$nulls":5},{"v":1668.48,"d":"1,668.480"}]
["2.5","Tubulação D=120cm","m",{"v":0,"d":"0.00"},{"v":1.8,"d":"1.80"},{"v":0,"d":"0.00"},{"$nulls":5},{"v":0,"d":"0.000"}]
["2.6","Tubulação D=150cm","m",{"v":0,"d":"0.00"},{"v":2.1,"d":"2.10"},{"v":0,"d":"0.00"},{"$nulls":5},{"v":0,"d":"0.000"}]
["2.7","Boca de lobo simples","und",{"v":8,"d":"8.00"},{"v":1.9,"d":"1.90"},{"v":0,"d":"0.00"},{"$nulls":5},{"v":0,"d":"0.000"}]
["2.8","Poço de Visita Duplo - Coletor de Ø800","und",{"v":0,"d":"0.00"},{"v":2.9,"d":"2.90"},{"v":0.5,"d":"0.50"},{"v":1.8,"d":"1.80"},{"$nulls":4},{"v":0,"d":"0.000"}]
["2.9","Poço de Visita - Coletor de Ø100","und",{"v":7,"d":"7.00"},{"v":2.5,"d":"2.50"},{"v":0.8,"d":"0.80"},{"v":2.9,"d":"2.90"},{"$nulls":4},{"v":40.6,"d":"40.600"}]
["2.10","Poço de Visita - Coletor de Ø80","und",{"v":0,"d":"0.00"},{"v":2.4,"d":"2.40"},{"v":0.5,"d":"0.50"},{"v":2.9,"d":"2.90"},{"$nulls":4},{"v":0,"d":"0.000"}]
["2.11","Poço de Visita - Coletor de Ø60","und",{"v":0,"d":"0.00"},{"v":2.3,"d":"2.30"},{"v":0.3,"d":"0.30"},{"v":2.9,"d":"2.90"},{"$nulls":4},{"v":0,"d":"0.000"}]
["2.12","Caixa Coletora","und",{"v":0,"d":"0.00"},{"v":2.5,"d":"2.50"},{"v":1,"d":"1.00"},{"v":2.9,"d":"2.90"},{"$nulls":4},{"v":0,"d":"0.000"}]
["2.13","Dissipador de energia","und",{"v":1,"d":"1.00"},{"v":2.2,"d":"2.20"},{"v":0,"d":"0.00"},{"v":4.8,"d":"4.80"},{"$nulls":4},{"v":0,"d":"0.000"}]
["3.0","ESCORAMENTO DE VALAS DESCONTINUO",{"$nulls":5},"Lados",null,"Reaproveitamento","m²",{"v":221.2,"d":"221.20"}]
["3.1","Tubulação D=60cm","m",{"v":0,"d":"0.00"},null,{"v":1.7,"d":"1.70"},null,{"v":2,"d":"2.00"},null,{"v":9,"d":"9.00"},null,{"v":0,"d":"0.00"}]
["3.2","Tubulação D=80cm","m",{"v":0,"d":"0.00"},null,{"v":2,"d":"2.00"},null,{"v":2,"d":"2.00"},null,{"v":9,"d":"9.00"},null,{"v":0,"d":"0.00"}]
["3.3","Tubulação D=100cm","m",{"v":474,"d":"474.00"},null,{"v":2.1,"d":"2.10"},null,{"v":2,"d":"2.00"},null,{"v":9,"d":"9.00"},null,{"v":221.2,"d":"221.20"}]
["3.4","Tubulação D=120cm","m",{"v":0,"d":"0.00"},null,{"v":2.5,"d":"2.50"},null,{"v":2,"d":"2.00"},null,{"v":9,"d":"9.00"},null,{"v":0,"d":"0.00"}]
["3.5","Tubulação D=150cm","m",{"v":0,"d":"0.00"},null,{"v":2.8,"d":"2.80"},null,{"v":2,"d":"2.00"},null,{"v":9,"d":"9.00"},null,{"v":0,"d":"0.00"}]
["4.0","LASTRO DE AREIA MEDIA",{"$nulls":7},"m³",{"v":4.8,"d":"4.80"}]
["4.1","Tubulação D=40cm","m",{"v":48,"d":"48.00"},{"v":1,"d":"1.00"},{"v":0.1,"d":"0.10"},{"$nulls":5},{"v":4.8,"d":"4.80"}]
["4.2","Tubulação D=60cm","m",{"v":0,"d":"0.00"},{"v":1.2,"d":"1.20"},{"v":0.1,"d":"0.10"},{"$nulls":5},{"v":0,"d":"0.00"}]
["4.3","Tubulação D=80cm","m",{"v":0,"d":"0.00"},{"v":3,"d":"3.00"},{"v":0.1,"d":"0.10"},{"$nulls":5},{"v":0,"d":"0.00"}]
["4.4","Tubulação D=100cm","m",{"v":0,"d":"0.00"},{"v":1.6,"d":"1.60"},{"v":0.1,"d":"0.10"},{"$nulls":5},{"v":0,"d":"0.00"}]
["4.5","Tubulação D=120cm","m",{"v":0,"d":"0.00"},{"v":1.8,"d":"1.80"},{"v":0.1,"d":"0.10"},{"$nulls":5},{"v":0,"d":"0.00"}]
["4.6","Tubulação D=150cm","m",{"v":0,"d":"0.00"},{"v":2.1,"d":"2.10"},{"v":0.1,"d":"0.10"},{"$nulls":5},{"v":0,"d":"0.00"}]
["4.7","Boca de lobo simples","und",{"v":8,"d":"8.00"},{"v":1.9,"d":"1.90"},null,{"v":1.9,"d":"1.90"},{"$nulls":4},{"v":0,"d":"0.00"}]
["4.8","Poço de Visita Duplo - Coletor de Ø800","und",{"v":0,"d":"0.00"},{"v":2.9,"d":"2.90"},null,{"v":1.8,"d":"1.80"},{"$nulls":4},{"v":0,"d":"0.00"}]
["4.9","Poço de Visita - Coletor de Ø100","und",{"v":7,"d":"7.00"},{"v":2.5,"d":"2.50"},null,{"v":2.9,"d":"2.90"},{"$nulls":4},{"v":0,"d":"0.00"}]
["4.10","Poço de Visita - Coletor de Ø80","und",{"v":0,"d":"0.00"},{"v":2.4,"d":"2.40"},null,{"v":2.9,"d":"2.90"},{"$nulls":4},{"v":0,"d":"0.00"}]
["4.11","Poço de Visita - Coletor de Ø60","und",{"v":0,"d":"0.00"},{"v":2.3,"d":"2.30"},null,{"v":2.9,"d":"2.90"},{"$nulls":4},{"v":0,"d":"0.00"}]
["4.12","Caixa Coletora","und",{"v":0,"d":"0.00"},{"v":2.5,"d":"2.50"},null,{"v":2.9,"d":"2.90"},{"$nulls":4},{"v":0,"d":"0.00"}]
["4.13","Dissipador de energia","und",{"v":1,"d":"1.00"},{"v":2.2,"d":"2.20"},null,{"v":4.8,"d":"4.80"},{"$nulls":4},{"v":0,"d":"0.00"}]
["5.0","REATERRO MECANIZADO DE VALA  PROFUNDIDADE ATÉ 1,5 M",{"$nulls":7},"m³",135.674]
["ITEM","DISCRIMINAÇÃO","UNID","QUANT","DISPOSITIVO",null,null,"(A) Área da Seção",null,"(V1) Volume do Dispositivo","(V2)    Volume de Escavação","Reaterro=V2-V1               ( m³ )"]
[{"$nulls":4},"B                 largura ","H                  altura ","L              comprim."]
["5.1","Tubulação D=40cm","m",{"v":48,"d":"48.00"},{"$nulls":3},"π x r²",0.12566,6.031,{"v":72,"d":"72.00"},65.969]
["5.2","Tubulação D=60cm","m",{"v":0,"d":"0.00"},{"$nulls":3},"π x r²",0.28274,{"v":0,"d":"0.000"},{"v":0,"d":"0.00"},{"v":0,"d":"0.000"}]
["5.3","Tubulação D=80cm","m",{"v":0,"d":"0.00"},{"$nulls":3},"π x r²",0.50266,{"v":0,"d":"0.000"},{"v":0,"d":"0.00"},{"v":0,"d":"0.000"}]
["5.4","Tubulação D=100cm","m",{"v":0,"d":"0.00"},{"$nulls":3},"π x r²",{"v":0.7854,"d":"0.78540"},{"v":0,"d":"0.000"},{"v":0,"d":"0.00"},{"v":0,"d":"0.000"}]
["5.5","Tubulação D=120cm","m",{"v":0,"d":"0.00"},{"$nulls":3},"π x r²",1.13098,{"v":0,"d":"0.000"},{"v":0,"d":"0.00"},{"v":0,"d":"0.000"}]
["5.6","Tubulação D=150cm","m",{"v":0,"d":"0.00"},{"$nulls":3},"π x r²",1.76715,{"v":0,"d":"0.000"},{"v":0,"d":"0.00"},{"v":0,"d":"0.000"}]
["5.7","Boca de lobo simples","und",{"v":8,"d":"8.00"},{"v":1.4,"d":"1.40"},{"v":1.5,"d":"1.50"},{"v":1.4,"d":"1.40"},null,null,{"v":23.52,"d":"23.520"},43.32,{"v":19.8,"d":"19.800"}]
["5.8","Poço de Visita Duplo - Coletor de Ø800","und",{"v":0,"d":"0.00"},{"v":1.7,"d":"1.70"},{"v":2,"d":"2.00"},{"v":1.9,"d":"1.90"},null,null,{"v":0,"d":"0.000"},{"v":0,"d":"0.00"},{"v":0,"d":"0.000"}]
["5.9","Poço de Visita - Coletor de Ø100","und",{"v":7,"d":"7.00"},{"v":1.5,"d":"1.50"},{"v":1.5,"d":"1.50"},{"v":1.9,"d":"1.90"},null,null,29.925,76.13,46.205]
["5.10","Poço de Visita - Coletor de Ø80","und",{"v":0,"d":"0.00"},{"v":1.4,"d":"1.40"},{"v":1.5,"d":"1.50"},{"v":1.9,"d":"1.90"},null,null,{"v":0,"d":"0.000"},{"v":0,"d":"0.00"},{"v":0,"d":"0.000"}]
["5.11","Poço de Visita - Coletor de Ø60","und",{"v":0,"d":"0.00"},{"v":1.3,"d":"1.30"},{"v":1.5,"d":"1.50"},{"v":1.9,"d":"1.90"},null,null,{"v":0,"d":"0.000"},{"v":0,"d":"0.00"},{"v":0,"d":"0.000"}]
["5.12","Caixa Coletora","und",{"v":0,"d":"0.00"},{"v":1.5,"d":"1.50"},{"v":1.5,"d":"1.50"},{"v":1.9,"d":"1.90"},null,null,{"v":0,"d":"0.000"},{"v":0,"d":"0.00"},{"v":0,"d":"0.000"}]
["5.13","Dissipador de energia","und",{"v":1,"d":"1.00"},{"$nulls":5},{"v":0,"d":"0.000"},{"v":3.7,"d":"3.70"},{"v":3.7,"d":"3.700"}]
[]
["6.0","REATERRO MECANIZADO DE VALA PROFUNDIDADE DE 1,5 A 3,0 M",{"$nulls":7},"m³",{"v":1693.12,"d":"1,693.120"}]
["ITEM","DISCRIMINAÇÃO","UNID","QUANT","DISPOSITIVO",null,null,"(A) Área da Seção",null,"(V1) Volume do Dispositivo","(V2)    Volume de Escavação","Reaterro=V2-V1               ( m³ )"]
[{"$nulls":4},"B                 largura ","H                  altura ","L              comprim."]
["6.1","Tubulação D=40cm","m",{"v":48,"d":"48.00"},{"$nulls":3},"π x r²",null,{"v":0,"d":"0.000"},{"v":0,"d":"0.000"},{"v":0,"d":"0.000"}]
["6.2","Tubulação D=60cm","m",{"v":0,"d":"0.00"},{"$nulls":3},"π x r²",null,{"v":0,"d":"0.000"},{"v":0,"d":"0.000"},{"v":0,"d":"0.000"}]
["6.3","Tubulação D=80cm","m",{"v":0,"d":"0.00"},{"$nulls":3},"π x r²",null,{"v":0,"d":"0.000"},{"v":0,"d":"0.000"},{"v":0,"d":"0.000"}]
["6.4","Tubulação D=100cm","m",{"v":0,"d":"0.00"},{"$nulls":3},"π x r²",null,{"v":0,"d":"0.000"},{"v":1668.48,"d":"1,668.480"},{"v":1668.48,"d":"1,668.480"}]
["6.5","Tubulação D=120cm","m",{"v":0,"d":"0.00"},{"$nulls":3},"π x r²",null,{"v":0,"d":"0.000"},{"v":0,"d":"0.000"},{"v":0,"d":"0.000"}]
["6.6","Tubulação D=150cm","m",{"v":0,"d":"0.00"},{"$nulls":3},"π x r²",null,{"v":0,"d":"0.000"},{"v":0,"d":"0.000"},{"v":0,"d":"0.000"}]
["6.7","Boca de lobo simples","und",{"v":8,"d":"8.00"},{"v":1.4,"d":"1.40"},{"v":0,"d":"0.00"},{"v":1.4,"d":"1.40"},null,null,{"v":0,"d":"0.000"},{"v":0,"d":"0.000"},{"v":0,"d":"0.000"}]
["6.8","Poço de Visita Duplo - Coletor de Ø800","und",{"v":0,"d":"0.00"},{"v":1.7,"d":"1.70"},{"v":0.5,"d":"0.50"},{"v":1.9,"d":"1.90"},null,null,{"v":0,"d":"0.000"},{"v":0,"d":"0.000"},{"v":0,"d":"0.000"}]
["6.9","Poço de Visita - Coletor de Ø100","und",{"v":7,"d":"7.00"},{"v":1.5,"d":"1.50"},{"v":0.8,"d":"0.80"},{"v":1.9,"d":"1.90"},null,null,{"v":15.96,"d":"15.960"},{"v":40.6,"d":"40.600"},{"v":24.64,"d":"24.640"}]
["6.10","Poço de Visita - Coletor de Ø80","und",{"v":0,"d":"0.00"},{"v":1.4,"d":"1.40"},{"v":0.5,"d":"0.50"},{"v":1.9,"d":"1.90"},null,null,{"v":0,"d":"0.000"},{"v":0,"d":"0.000"},{"v":0,"d":"0.000"}]
["6.11","Poço de Visita - Coletor de Ø60","und",{"v":0,"d":"0.00"},{"v":1.3,"d":"1.30"},{"v":0.3,"d":"0.30"},{"v":1.9,"d":"1.90"},null,null,{"v":0,"d":"0.000"},{"v":0,"d":"0.000"},{"v":0,"d":"0.000"}]
["6.12","Caixa Coletora","und",{"v":0,"d":"0.00"},{"v":1.5,"d":"1.50"},{"v":1,"d":"1.00"},{"v":1.9,"d":"1.90"},null,null,{"v":0,"d":"0.000"},{"v":0,"d":"0.000"},{"v":0,"d":"0.000"}]
["6.13","Dissipador de energia","und",{"v":1,"d":"1.00"},{"$nulls":5},{"v":0,"d":"0.000"},{"v":0,"d":"0.000"},{"v":0,"d":"0.000"}]
[]
["7.0","SINALIZACAO DE TRANSITO - NOTURNA",{"$nulls":7},"m",{"v":12,"d":"12.000"}]
["ITEM","DISCRIMINAÇÃO","UNID","QUANT","REAPROVEITAMENTO",{"$nulls":5},"TOTAL"]
["6.1","Tubulação D=40cm","m",{"v":48,"d":"48.00"},{"v":4,"d":"4.00"},{"$nulls":6},{"v":12,"d":"12.00"}]
["6.2","Tubulação D=60cm","m",{"v":0,"d":"0.00"},{"v":4,"d":"4.00"},{"$nulls":6},{"v":0,"d":"0.00"}]
["6.3","Tubulação D=80cm","m",{"v":0,"d":"0.00"},{"v":4,"d":"4.00"},{"$nulls":6},{"v":0,"d":"0.00"}]
["6.4","Tubulação D=100cm","m",{"v":0,"d":"0.00"},{"v":4,"d":"4.00"},{"$nulls":6},{"v":0,"d":"0.00"}]
["6.5","Tubulação D=120cm","m",{"v":0,"d":"0.00"},{"v":4,"d":"4.00"},{"$nulls":6},{"v":0,"d":"0.00"}]
["6.6","Tubulação D=150cm","m",{"v":0,"d":"0.00"},{"v":4,"d":"4.00"},{"$nulls":6},{"v":0,"d":"0.00"}]
[]
[null,"LUIZ GUILHERME CADORE SILVA"]
[null,"ENGº CIVIL / FISCAL DE OBRAS"]
[null,"CREA MT041303"]

{"sheet":"Terrap.","index":2,"n_rows":26,"n_cols":18,"rows_kept":26,"merged":[[0,0,0,15],[1,0,1,15],[2,1,2,11],[2,12,2,13],[3,1,3,11],[3,12,5,13],[4,1,4,11],[5,1,5,11],[6,0,6,15],[7,0,8,0],[7,1,8,1],[7,2,8,4],[7,5,8,7],[7,8,8,8],[7,9,8,9],[7,10,8,10],[7,11,7,14],[7,15,8,15],[9,0,9,15],[20,0,20,1],[21,0,21,1],[21,8,21,15]],"flags":["formulas_cached_only"]}
["ESTADO DE MATO GROSSO"]
["PREFEITURA MUNICIPAL DE SÃO JOSÉ DOS QUATRO MARCOS"]
["OBRA:","PAVIMENTAÇÃO ASFALTICA",{"$nulls":10},"REFERENCIA:",null,0,"BDI NÃO DES"]
["LOCAL:","JARDIM ZEFERINO",{"$nulls":10},"SINAPI 09/2024 ANP 08/2024  SICRO 04/2024",null,{"v":0,"d":"0.00%"},{"v":0.2223,"d":"22.23%"}]
["PROPR.:","PREFEITURA MUNICIPAL DE SÃO JOSÉ DOS QUATRO MARCOS",{"$nulls":12},0,"DIFERENCIADO"]
["ÁREA (m²):",{"v":5174.32,"d":"5,174.32"},{"$nulls":12},{"v":0,"d":"0.00%"},{"v":0.15,"d":"15.00%"}]
["QUADRO DEMONSTRATIVO DE TERRAPLENAGEM"]
["Item","Rua/Avenida","INICIO TRECHO",null,null,"FIM DO TRECHO",null,null,"Extensão (m)","Largura           (m)","Área                (m²)","Limpa-Rodas",{"$nulls":3},"Área Total (m²)"]
[{"$nulls":11},"Código","Quant.","Área Parcial (m²)","Área Total              (m²)"]
["LOTE 01"]
[1,"RUA SALUSTIANO",{"v":0,"d":"0.00"},"+",{"v":0,"d":"0.00"},{"v":4,"d":"4.00"},"+",7.44,87.44,{"v":7.3,"d":"7.30"},638.31,"LR-38",{"v":1,"d":"1.0"},137.56,137.56,775.87,null,{"v":3897.03,"d":"3,897.03"}]
[2,"RUA TEREZINA",{"v":0,"d":"0.00"},"+",{"v":0,"d":"0.00"},{"v":9,"d":"9.00"},"+",10.51,190.51,{"v":7.3,"d":"7.30"},{"v":1390.72,"d":"1,390.72"},{"$nulls":3},0,{"v":1390.72,"d":"1,390.72"}]
[3,"RUA PIAUI T1",{"v":0,"d":"0.00"},"+",{"v":0,"d":"0.00"},{"v":2,"d":"2.00"},"+",14.39,54.39,{"v":7.3,"d":"7.30"},397.05,"LR-39",{"v":1,"d":"1.0"},69.07,69.07,466.12]
[4,"RUA PIAUI T2",{"v":0,"d":"0.00"},"+",{"v":0,"d":"0.00"},{"v":3,"d":"3.00"},"+",19.34,79.34,{"v":7.3,"d":"7.30"},579.18,"LR-41",{"v":2,"d":"2.0"},25.76,51.52,{"v":630.7,"d":"630.70"}]
[5,"RUA GUANABARA T1",{"v":0,"d":"0.00"},"+",{"v":0,"d":"0.00"},{"v":4,"d":"4.00"},"+",2.93,82.93,{"v":7.3,"d":"7.30"},605.39,{"$nulls":3},0,605.39,null,{"v":1277.29,"d":"1,277.29"}]
[6,"RUA GUANABARA T2",{"v":0,"d":"0.00"},"+",{"v":0,"d":"0.00"},{"v":3,"d":"3.00"},"+",19.74,79.74,{"v":7.3,"d":"7.30"},{"v":582.1,"d":"582.10"},"LR-41",{"v":2,"d":"2.00"},25.76,51.52,633.62,null,{"v":5174.32,"d":"5,174.32"}]
[7,"RUA JALES",{"v":0,"d":"0.00"},"+",{"v":0,"d":"0.00"},{"v":4,"d":"4.00"},"+",7.44,87.44,{"v":7.3,"d":"7.30"},638.31,"LR-40",{"v":1,"d":"1.00"},33.59,33.59,{"v":671.9,"d":"671.90"}]
[8,null,{"v":0,"d":"0.00"},"+",{"v":0,"d":"0.00"},{"v":0,"d":"0.00"},"+",{"v":0,"d":"0.00"},{"v":0,"d":"0.00"},{"v":7.3,"d":"7.30"},0,{"$nulls":3},0,0]
[9,null,{"v":0,"d":"0.00"},"+",{"v":0,"d":"0.00"},{"v":0,"d":"0.00"},"+",{"v":0,"d":"0.00"},{"v":0,"d":"0.00"},{"v":7.3,"d":"7.30"},0,{"$nulls":3},0,0]
[10,null,null,"+",null,null,"+",null,{"v":0,"d":"0.00"},{"v":7.3,"d":"7.30"},{"$nulls":4},0,0]
["Totais Parciais - m²",{"$nulls":7},661.79,null,{"v":4831.06,"d":"4,831.06"},{"$nulls":3},343.26,{"v":5174.32,"d":"5,174.32"},null,{"v":1071979.61,"d":"1,071,979.61"}]
["Total Geral - m²",{"$nulls":7},{"v":5174.32,"d":"5,174.32"}]
[]
[null,"LUIZ GUILHERME CADORE SILVA"]
[null,"ENGº CIVIL / FISCAL DE OBRAS"]
[null,"CREA MT041303"]

{"sheet":"BASE E SUB","index":3,"n_rows":27,"n_cols":18,"rows_kept":27,"merged":[[0,0,0,15],[1,0,1,15],[2,1,2,11],[2,12,2,13],[3,1,3,11],[3,12,5,13],[4,1,4,11],[5,1,5,11],[6,0,6,15],[7,0,8,0],[7,1,8,1],[7,2,8,2],[7,3,8,3],[7,4,8,4],[7,5,7,8],[7,9,8,9],[7,10,8,10],[7,11,8,11],[7,12,8,12],[7,13,8,13],[7,14,8,14],[7,15,8,15],[9,0,9,15],[21,0,21,1]],"flags":["formulas_cached_only"]}
["ESTADO DE MATO GROSSO"]
["PREFEITURA MUNICIPAL DE SÃO JOSÉ DOS QUATRO MARCOS"]
["OBRA:","PAVIMENTAÇÃO ASFALTICA",{"$nulls":10},"REFERENCIA:",null,0,"BDI NÃO DES"]
["LOCAL:","JARDIM ZEFERINO",{"$nulls":10},"SINAPI 09/2024 ANP 08/2024  SICRO 04/2024",null,{"v":0,"d":"0.00%"},{"v":0.2223,"d":"22.23%"}]
["PROPR.:","PREFEITURA MUNICIPAL DE SÃO JOSÉ DOS QUATRO MARCOS",{"$nulls":12},0,"DIFERENCIADO"]
["ÁREA (M²):",{"v":4561.4,"d":"4,561.40"},{"$nulls":12},{"v":0,"d":"0.00%"},{"v":0.15,"d":"15.00%"}]
["QUADRO DEMONSTRATIVO MATERIAL DE BASE E SUB-BASE"]
["Item","Rua/Avenida","Área Total (m²)","Altura de Sub-Base (m)","Altura de Base (m)","Volume de escavação MF (m³)",{"$nulls":3},"Volume de Sub-Base (m³)","Volume de Base (m³)","Volume Total (m³)","DMT (km) (N PAV)","DMT (km) (PAV)","M. Trans. (N Pav)","M. Trans. (Pav)"]
[{"$nulls":5},"Ext. MF (m)","Prof. (m)","Largura (m)","Volume (m³)"]
["LOTE 01"]
[1,"RUA SALUSTIANO",775.87,{"v":0.2,"d":"0.20"},{"v":0.2,"d":"0.20"},{"$nulls":3},{"v":0,"d":"0.00"},155.17,155.17,310.34,{"v":1.7,"d":"1.70"},{"v":1.5,"d":"1.50"},527.58,465.51]
[2,"RUA TEREZINA",{"v":1390.72,"d":"1,390.72"},{"v":0.2,"d":"0.20"},{"v":0.2,"d":"0.20"},{"$nulls":3},{"v":0,"d":"0.00"},278.14,278.14,556.28,{"v":1.7,"d":"1.70"},{"v":1.5,"d":"1.50"},945.68,834.42]
[3,"RUA PIAUI T1",466.12,{"v":0.2,"d":"0.20"},{"v":0.2,"d":"0.20"},{"$nulls":3},{"v":0,"d":"0.00"},93.22,93.22,186.44,{"v":1.7,"d":"1.70"},{"v":1.5,"d":"1.50"},316.95,279.66,745.83,658.08]
[4,"RUA PIAUI T2",{"v":630.7,"d":"630.70"},{"v":0.2,"d":"0.20"},{"v":0.2,"d":"0.20"},{"$nulls":3},{"v":0,"d":"0.00"},126.14,126.14,252.28,{"v":1.7,"d":"1.70"},{"v":1.5,"d":"1.50"},428.88,378.42]
[5,"RUA GUANABARA T1",605.39,0.15,0.15,{"$nulls":3},{"v":0,"d":"0.00"},90.81,90.81,181.62,{"v":1.7,"d":"1.70"},{"v":1.5,"d":"1.50"},308.75,272.43,631.89,557.55]
[6,"RUA GUANABARA T2",633.62,0.15,0.15,{"$nulls":3},{"v":0,"d":"0.00"},95.04,95.04,190.08,{"v":1.7,"d":"1.70"},{"v":1.5,"d":"1.50"},323.14,285.12]
[7,"RUA JALES",{"v":671.9,"d":"671.90"},{"v":0.2,"d":"0.20"},{"v":0.2,"d":"0.20"},{"$nulls":3},{"v":0,"d":"0.00"},134.38,134.38,268.76,{"v":1.7,"d":"1.70"},{"v":1.5,"d":"1.50"},456.89,403.14]
[8,{"v":0,"d":"0.00"},{"v":0,"d":"0.00"},0.15,{"v":0.2,"d":"0.20"},{"$nulls":3},{"v":0,"d":"0.00"},{"v":0,"d":"0.00"},{"v":0,"d":"0.00"},{"v":0,"d":"0.00"},{"v":1.7,"d":"1.70"},{"v":1.5,"d":"1.50"},{"v":0,"d":"0.00"},{"v":0,"d":"0.00"}]
[9,{"v":0,"d":"0.00"},{"v":0,"d":"0.00"},{"v":0.2,"d":"0.20"},{"v":0.2,"d":"0.20"},{"$nulls":3},{"v":0,"d":"0.00"},{"v":0,"d":"0.00"},{"v":0,"d":"0.00"},{"v":0,"d":"0.00"},{"v":1.7,"d":"1.70"},{"v":1.5,"d":"1.50"},{"v":0,"d":"0.00"},{"v":0,"d":"0.00"}]
[10,{"v":0,"d":"0.00"},{"v":0,"d":"0.00"},0.15,0.15,{"$nulls":3},{"v":0,"d":"0.00"},{"v":0,"d":"0.00"},{"v":0,"d":"0.00"},{"v":0,"d":"0.00"},{"v":1.7,"d":"1.70"},{"v":1.5,"d":"1.50"},{"v":0,"d":"0.00"},{"v":0,"d":"0.00"}]
[]
["Totais Parciais",null,{"v":5174.32,"d":"5,174.32"},{"$nulls":6},{"v":972.9,"d":"972.90"},{"v":972.9,"d":"972.90"},{"v":1945.8,"d":"1,945.80"},null,null,{"v":3307.87,"d":"3,307.87"},{"v":2918.7,"d":"2,918.70"}]
[]
[]
[null,"LUIZ GUILHERME CADORE SILVA"]
[null,"ENGº CIVIL / FISCAL DE OBRAS"]
[null,"CREA MT041303"]

{"sheet":"Cub","index":4,"n_rows":44,"n_cols":10,"rows_kept":44,"merged":[[0,0,0,7],[1,0,1,7],[2,1,2,4],[3,1,3,4],[3,5,5,5],[4,1,4,4],[5,1,5,4],[6,0,6,7],[7,0,7,3],[7,4,7,5],[7,6,7,7],[8,0,8,3],[9,0,9,7],[10,0,10,3],[11,0,11,3],[12,0,12,3],[13,0,13,3],[14,0,14,3],[15,0,15,3],[16,0,16,3],[17,0,17,3],[18,0,18,3],[19,0,19,3],[20,0,20,3],[21,0,21,3],[22,0,22,3],[23,0,23,3],[24,0,24,3],[25,0,25,3],[32,0,32,6],[33,0,33,6],[34,0,34,6],[35,0,35,6]],"flags":["formulas_cached_only"]}
["ESTADO DE MATO GROSSO"]
["PREFEITURA MUNICIPAL DE SÃO JOSÉ DOS QUATRO MARCOS"]
["OBRA:","PAVIMENTAÇÃO ASFALTICA",{"$nulls":3},"REFERENCIA:",0,"BDI NÃO DES"]
["LOCAL:","JARDIM ZEFERINO",{"$nulls":3},"SINAPI 09/2024 ANP 08/2024  SICRO 04/2024",{"v":0,"d":"0.00%"},{"v":0.2223,"d":"22.23%"}]
["PROPR.:","PREFEITURA MUNICIPAL DE SÃO JOSÉ DOS QUATRO MARCOS",{"$nulls":4},0,"DIFERENCIADO"]
["ÁREA (M²):",{"v":5174.32,"d":"5,174.32"},{"$nulls":4},{"v":0,"d":"0.00%"},{"v":0.15,"d":"15.00%"}]
["CUBAÇÃO PAVIMENTAÇÃO"]
[{"$nulls":4},"VOLUME PARCIAL",null,"VOLUME ACUMULADO"]
["RUA / AVENIDA",{"$nulls":3},"VOLUME DE CORTE                         (m³)","VOLUME DE ATERRO                          (m³)","VOLUME DE CORTE                (m³)","VOLUME DE ATERRO          (m³)"]
["LOTE 01"]
["RUA SALUSTIANO",{"$nulls":3},{"v":310.34,"d":"310.340"},null,{"v":310.34,"d":"310.340"},0,null,{"v":1495.42,"d":"1,495.42"}]
["RUA TEREZINA",{"$nulls":3},{"v":556.28,"d":"556.280"},null,{"v":866.62,"d":"866.620"},0]
["RUA PIAUI T1",{"$nulls":3},{"v":186.44,"d":"186.440"},null,{"v":1053.06,"d":"1,053.060"},0]
["RUA PIAUI T2",{"$nulls":3},{"v":252.28,"d":"252.280"},null,{"v":1305.34,"d":"1,305.340"},0]
["RUA GUANABARA T1",{"$nulls":3},{"v":181.62,"d":"181.620"},null,{"v":1486.96,"d":"1,486.960"},0,null,450.38]
["RUA GUANABARA T2",{"$nulls":3},{"v":190.08,"d":"190.080"},null,{"v":1677.04,"d":"1,677.040"},0,null,{"v":1945.8,"d":"1,945.80"}]
["RUA JALES",{"$nulls":3},{"v":268.76,"d":"268.760"},null,{"v":1945.8,"d":"1,945.800"},0]
[{"v":0,"d":"0.00"},{"$nulls":3},0,null,{"v":1945.8,"d":"1,945.800"},0]
[{"v":0,"d":"0.00"},{"$nulls":3},0,null,{"v":1945.8,"d":"1,945.800"},0]
[{"v":0,"d":"0.00"},{"$nulls":3},0,null,{"v":1945.8,"d":"1,945.800"},0]
[{"$nulls":4},0]
[]
[]
["TOTAL DE VOLUMES",{"$nulls":3},{"v":1945.8,"d":"1,945.800"}]
[]
[]
["COMPENSAÇÃO"]
[]
[{"$nulls":5},"CORTE",{"v":1945.8,"d":"1,945.800"},null,{"v":1945.8,"d":"1,945.80"}]
[{"$nulls":5},"ATERRO"]
[{"$nulls":5},"COMPENSAÇÃO",{"v":1945.8,"d":"1,945.800"}]
[]
["MATERIAL DE BOTA FORA",{"$nulls":6},{"v":1945.8,"d":"1,945.800"}]
["DMT DE BOTA FORA (Km)",{"$nulls":6},{"v":2,"d":"2.000"}]
["CONVERSÃO M³/T",{"$nulls":6},{"v":1,"d":"1.000"}]
["MATERIAL DE BOTA FORA (m³xKm)",{"$nulls":6},{"v":3891.6,"d":"3,891.600"}]
[]
[]
[]
[]
[]
[{"$nulls":4},"LUIZ GUILHERME CADORE SILVA"]
[{"$nulls":4},"ENGº CIVIL / FISCAL DE OBRAS"]
[{"$nulls":4},"CREA MT041303"]

{"sheet":"Pavim.","index":5,"n_rows":29,"n_cols":12,"rows_kept":29,"merged":[[0,0,0,9],[1,0,1,9],[2,1,2,6],[3,1,3,6],[3,7,5,7],[4,1,4,6],[5,1,5,6],[6,0,6,9],[7,0,8,0],[7,1,8,1],[7,2,8,2],[7,3,8,3],[7,4,8,4],[7,5,7,8],[7,9,8,9],[9,0,9,9],[21,0,21,1],[22,0,22,1],[22,2,22,9]],"flags":["formulas_cached_only"]}
["ESTADO DE MATO GROSSO"]
["PREFEITURA MUNICIPAL DE SÃO JOSÉ DOS QUATRO MARCOS"]
["OBRA:","PAVIMENTAÇÃO ASFALTICA",{"$nulls":5},"REFERENCIA:",0,"BDI NÃO DES"]
["LOCAL:","JARDIM ZEFERINO",{"$nulls":5},"SINAPI 09/2024 ANP 08/2024  SICRO 04/2024",{"v":0,"d":"0.00%"},{"v":0.2223,"d":"22.23%"}]
["PROPR.:","PREFEITURA MUNICIPAL DE SÃO JOSÉ DOS QUATRO MARCOS",{"$nulls":6},0,"DIFERENCIADO"]
["ÁREA (M²):",{"v":4561.4,"d":"4,561.40"},{"$nulls":6},{"v":0,"d":"0.00%"},{"v":0.15,"d":"15.00%"}]
["QUADRO QUANTITATIVO DE PAVIMENTAÇÃO"]
["Item","Rua/Avenida","Extensão (m)","Largura (m)","Área (m²)","Limpa-Rodas",{"$nulls":3},"Área Total (m²)"]
[{"$nulls":5},"Código","Quant.","Área Parcial (m²)","Área Total (m²)"]
["LOTE 01"]
[1,"RUA SALUSTIANO",87.44,{"v":6.4,"d":"6.40"},559.62,"LR-38",{"v":1,"d":"1.0"},123.09,123.09,682.71,null,{"v":3437.93,"d":"3,437.93"}]
[2,"RUA TEREZINA",190.51,{"v":6.4,"d":"6.40"},{"v":1219.26,"d":"1,219.26"},0,{"v":0,"d":"0.0"},null,{"v":0,"d":"0.00"},{"v":1219.26,"d":"1,219.26"}]
[3,"RUA PIAUI T1",54.39,{"v":6.4,"d":"6.40"},{"v":348.1,"d":"348.10"},"LR-39",{"v":1,"d":"1.0"},61.02,61.02,409.12]
[4,"RUA PIAUI T2",79.34,{"v":6.4,"d":"6.40"},507.78,"LR-41",{"v":2,"d":"2.0"},27.18,54.36,562.14]
[5,"RUA GUANABARA T1",82.93,{"v":6.4,"d":"6.40"},530.75,0,{"v":0,"d":"0.0"},null,{"v":0,"d":"0.00"},530.75,null,{"v":1123.47,"d":"1,123.47"}]
[6,"RUA GUANABARA T2",79.74,{"v":6.4,"d":"6.40"},510.34,"LR-41",{"v":2,"d":"2.0"},27.18,54.36,{"v":564.7,"d":"564.70"},null,{"v":4561.4,"d":"4,561.40"}]
[7,"RUA JALES",87.44,{"v":6.4,"d":"6.40"},559.62,"LR-40",{"v":1,"d":"1.0"},{"v":33.1,"d":"33.10"},{"v":33.1,"d":"33.10"},592.72]
[8,0,{"v":0,"d":"0.00"},{"v":6.4,"d":"6.40"},0,0,{"v":0,"d":"0.0"},null,{"v":0,"d":"0.00"},0]
[9,0,{"v":0,"d":"0.00"},{"v":6.4,"d":"6.40"},0,0,{"v":0,"d":"0.0"},null,{"v":0,"d":"0.00"},0]
[10,0,{"v":0,"d":"0.00"},{"v":6.4,"d":"6.40"},0,0,{"v":0,"d":"0.0"},null,{"v":0,"d":"0.00"},0]
[]
["Totais Parciais - m²",null,661.79,null,{"v":4235.47,"d":"4,235.47"},{"$nulls":3},325.93,{"v":4561.4,"d":"4,561.40"}]
["Total Geral - m²",null,{"v":4561.4,"d":"4,561.40"}]
[]
[]
[]
[null,"LUIZ GUILHERME CADORE SILVA"]
[null,"ENGº CIVIL / FISCAL DE OBRAS"]
[null,"CREA MT041303"]

{"sheet":"Coord","index":6,"n_rows":26,"n_cols":8,"rows_kept":26,"merged":[[0,0,0,7],[1,0,1,7],[2,1,2,4],[3,1,3,4],[3,5,5,5],[4,1,4,4],[5,1,5,4],[6,0,6,7],[7,0,8,0],[7,1,8,1],[7,2,7,3],[7,4,7,5],[7,6,7,7],[9,0,9,7]],"flags":["formulas_cached_only"]}
["ESTADO DE MATO GROSSO"]
["PREFEITURA MUNICIPAL DE SÃO JOSÉ DOS QUATRO MARCOS"]
["OBRA:","PAVIMENTAÇÃO ASFALTICA",{"$nulls":3},"REFERENCIA:",0,"BDI NÃO DES"]
["LOCAL:","JARDIM ZEFERINO",{"$nulls":3},"SINAPI 09/2024 ANP 08/2024  SICRO 04/2024",{"v":0,"d":"0.00%"},{"v":0.2223,"d":"22.23%"}]
["PROPR.:","PREFEITURA MUNICIPAL DE SÃO JOSÉ DOS QUATRO MARCOS",{"$nulls":4},0,"DIFERENCIADO"]
["ÁREA (M²):",{"v":4561.4,"d":"4,561.40"},{"$nulls":4},{"v":0,"d":"0.00%"},{"v":0.15,"d":"15.00%"}]
["QUADRO DE COORDENADAS"]
["Item","Rua/Avenida","Coordenada Inicial",null,"Coordenada Final",null,"Logradouros"]
[null,null,"Latitude","Longitude","Latitude","Longitude","Inicial ","Final"]
["LOTE 01"]
[1,"RUA SALUSTIANO"," 15°37'19.75\"S"," 58°10'20.16\"O"," 15°37'22.01\"S"," 58°10'19.56\"O"]
[2,"RUA TEREZINA"," 15°37'23.52\"S"," 58°10'25.66\"O"," 15°37'21.53\"S"," 58°10'16.57\"O"]
[3,"RUA PIAUI T1"," 15°37'23.00\"S"," 58°10'22.58\"O"," 15°37'25.82\"S"," 58°10'21.98\"O"]
[4,"RUA PIAUI T2"," 15°37'21.12\"S"," 58°10'23.13\"O"," 15°37'22.73\"S"," 58°10'22.72\"O"]
[5,"RUA GUANABARA T1"," 15°37'22.43\"S"," 58°10'19.45\"O"," 15°37'24.94\"S"," 58°10'18.86\"O"]
[6,"RUA GUANABARA T2"," 15°37'19.75\"S"," 58°10'20.16\"O"," 15°37'22.01\"S"," 58°10'19.56\"O"]
[7,"RUA JALES"," 15°37'20.53\"S"," 58°10'19.73\"O"," 15°37'18.61\"S"," 58°10'17.97\"O"]
[8,0]
[9,0]
[10]
[]
[]
[]
[null,"LUIZ GUILHERME CADORE SILVA"]
[null,"ENGº CIVIL / FISCAL DE OBRAS"]
[null,"CREA MT041303"]

{"sheet":"MAT. PETREO","index":7,"n_rows":27,"n_cols":14,"rows_kept":27,"merged":[[0,0,0,13],[1,0,1,13],[2,1,2,5],[2,6,2,7],[2,8,2,9],[2,11,2,13],[3,1,3,5],[3,6,5,7],[3,8,3,9],[3,11,3,13],[4,1,4,5],[4,8,4,9],[4,11,4,13],[5,1,5,5],[5,8,5,9],[5,11,5,13],[6,0,6,13],[7,0,8,0],[7,1,8,1],[7,2,8,2],[7,3,8,3],[7,4,8,4],[7,5,8,5],[7,6,8,6],[7,7,8,7],[7,8,8,8],[7,9,8,9],[7,10,8,10],[7,11,8,11],[7,12,8,12],[7,13,8,13],[9,0,9,13],[21,0,21,1]],"flags":["formulas_cached_only"]}
["ESTADO DE MATO GROSSO"]
["PREFEITURA MUNICIPAL DE SÃO JOSÉ DOS QUATRO MARCOS"]
["OBRA:","PAVIMENTAÇÃO ASFALTICA",{"$nulls":4},"REFERENCIA:",null,0,null,null,"BDI NÃO DES"]
["LOCAL:","JARDIM ZEFERINO",{"$nulls":4},"SINAPI 09/2024 ANP 08/2024  SICRO 04/2024",null,{"v":0,"d":"0.00%"},null,null,{"v":0.2223,"d":"22.23%"}]
["PROPR.:","PREFEITURA MUNICIPAL DE SÃO JOSÉ DOS QUATRO MARCOS",{"$nulls":6},0,null,null,"DIFERENCIADO"]
["ÁREA (M²):",{"v":4561.4,"d":"4,561.40"},{"$nulls":6},{"v":0,"d":"0.00%"},null,null,{"v":0.15,"d":"15.00%"}]
["QUADRO DEMONSTRATIVO DE MATERIAL PÉTREO "]
["Item","Rua/Avenida","Área Total (m²)","Brita 2   (kg/m²)","Brita 0 ou Pedrisco (kg/m²)","Volume de Brita 2 (t)","Volume de Brita 0 (t)","Volume Total (t)","DMT  ( NÃO Pav.)   (km)","DMT  (Pav.)   (ATE 30,0 km)","DMT  (Pav.)   (< 30,0 km)","M Transp NÃO PAV (txkm)","M. Transp ATE 30,00 KM (txkm)","M. Transp <30,00 KM (txkm)"]
[]
["LOTE 01"]
[1,"RUA SALUSTIANO",682.71,34.58,10.08,23.61,6.88,30.49,{"v":0,"d":"0.00"},{"v":30,"d":"30.00"},{"v":102,"d":"102.00"},{"v":0,"d":"0.00"},{"v":914.7,"d":"914.70"},{"v":3109.98,"d":"3,109.98"}]
[2,"RUA TEREZINA",{"v":1219.26,"d":"1,219.26"},34.58,10.08,42.16,12.29,54.45,{"v":0,"d":"0.00"},{"v":30,"d":"30.00"},{"v":102,"d":"102.00"},{"v":0,"d":"0.00"},{"v":1633.5,"d":"1,633.50"},{"v":5553.9,"d":"5,553.90"}]
[3,"RUA PIAUI T1",409.12,34.58,10.08,14.15,4.12,18.27,{"v":0,"d":"0.00"},{"v":30,"d":"30.00"},{"v":102,"d":"102.00"},{"v":0,"d":"0.00"},{"v":548.1,"d":"548.10"},{"v":1863.54,"d":"1,863.54"}]
[4,"RUA PIAUI T2",562.14,34.58,10.08,19.44,5.67,25.11,{"v":0,"d":"0.00"},{"v":30,"d":"30.00"},{"v":102,"d":"102.00"},{"v":0,"d":"0.00"},{"v":753.3,"d":"753.30"},{"v":2561.22,"d":"2,561.22"}]
[5,"RUA GUANABARA T1",530.75,34.58,10.08,18.35,5.35,{"v":23.7,"d":"23.70"},{"v":0,"d":"0.00"},{"v":30,"d":"30.00"},{"v":102,"d":"102.00"},{"v":0,"d":"0.00"},{"v":711,"d":"711.00"},{"v":2417.4,"d":"2,417.40"}]
[6,"RUA GUANABARA T2",{"v":564.7,"d":"564.70"},34.58,10.08,19.53,5.69,25.22,{"v":0,"d":"0.00"},{"v":30,"d":"30.00"},{"v":102,"d":"102.00"},{"v":0,"d":"0.00"},{"v":756.6,"d":"756.60"},{"v":2572.44,"d":"2,572.44"}]
[7,"RUA JALES",592.72,34.58,10.08,{"v":20.5,"d":"20.50"},5.97,26.47,{"v":0,"d":"0.00"},{"v":30,"d":"30.00"},{"v":102,"d":"102.00"},{"v":0,"d":"0.00"},{"v":794.1,"d":"794.10"},{"v":2699.94,"d":"2,699.94"}]
[8,{"v":0,"d":"0.00"},{"v":0,"d":"0.00"},34.58,10.08,{"v":0,"d":"0.00"},{"v":0,"d":"0.00"},{"v":0,"d":"0.00"},{"v":0,"d":"0.00"},{"v":30,"d":"30.00"},{"v":102,"d":"102.00"},{"v":0,"d":"0.00"},{"v":0,"d":"0.00"},{"v":0,"d":"0.00"}]
[9,{"v":0,"d":"0.00"},{"v":0,"d":"0.00"},34.58,10.08,{"v":0,"d":"0.00"},{"v":0,"d":"0.00"},{"v":0,"d":"0.00"},{"v":0,"d":"0.00"},{"v":30,"d":"30.00"},{"v":102,"d":"102.00"},{"v":0,"d":"0.00"},{"v":0,"d":"0.00"},{"v":0,"d":"0.00"}]
[10,{"v":0,"d":"0.00"},{"v":0,"d":"0.00"},34.58,10.08,{"v":0,"d":"0.00"},{"v":0,"d":"0.00"},{"v":0,"d":"0.00"},{"v":0,"d":"0.00"},{"v":30,"d":"30.00"},{"v":102,"d":"102.00"},{"v":0,"d":"0.00"},{"v":0,"d":"0.00"},{"v":0,"d":"0.00"}]
[]
["Totais Parciais - m²",null,{"v":4561.4,"d":"4,561.40"},null,null,157.74,45.97,203.71,{"$nulls":3},{"v":0,"d":"0.00"},{"v":6111.3,"d":"6,111.30"},{"v":20778.42,"d":"20,778.42"}]
[]
[]
[null,"LUIZ GUILHERME CADORE SILVA"]
[null,"ENGº CIVIL / FISCAL DE OBRAS"]
[null,"CREA MT041303"]

{"sheet":"MAT BETUMINOSO","index":8,"n_rows":27,"n_cols":14,"rows_kept":27,"merged":[[0,0,0,13],[1,0,1,13],[2,1,2,6],[2,8,2,10],[2,12,2,13],[3,1,3,6],[3,7,5,7],[3,8,3,10],[3,12,3,13],[4,1,4,6],[4,8,4,10],[4,12,4,13],[5,1,5,6],[5,8,5,10],[5,12,5,13],[6,0,6,13],[7,0,8,0],[7,1,8,1],[7,2,8,2],[7,3,8,3],[7,4,8,4],[7,5,8,5],[7,6,8,6],[7,7,8,7],[7,8,8,8],[7,9,8,9],[7,10,8,10],[7,11,8,11],[7,12,8,12],[7,13,8,13],[9,0,9,13],[20,0,20,1],[22,2,23,2],[22,4,23,4],[22,5,23,5],[22,6,23,6]],"flags":["formulas_cached_only"]}
["ESTADO DE MATO GROSSO"]
["PREFEITURA MUNICIPAL DE SÃO JOSÉ DOS QUATRO MARCOS"]
["OBRA:","PAVIMENTAÇÃO ASFALTICA",{"$nulls":5},"REFERENCIA:",0,{"$nulls":3},"BDI NÃO DES"]
["LOCAL:","JARDIM ZEFERINO",{"$nulls":5},"SINAPI 09/2024 ANP 08/2024  SICRO 04/2024",{"v":0,"d":"0.00%"},{"$nulls":3},{"v":0.2223,"d":"22.23%"}]
["PROPR.:","PREFEITURA MUNICIPAL DE SÃO JOSÉ DOS QUATRO MARCOS",{"$nulls":6},0,{"$nulls":3},"DIFERENCIADO"]
["ÁREA (M²):",{"v":4561.4,"d":"4,561.40"},{"$nulls":6},{"v":0,"d":"0.00%"},{"$nulls":3},{"v":0.15,"d":"15.00%"}]
["QUADRO DEMONSTRATIVO DE MATERIAL DE BETUMINOSO"]
["Item","Rua/Avenida","Área Total (m²)","CM-30 (Kg/m²)","RR - 2C (Kg/m²)","Volume de CM-30 (t)","Volume RR-2C (t)","Volume Total (t)","DMT  (NÃO Pav.)   (km)","DMT  (Pav.)   (ATE 30,00 km)","DMT  (Pav.)   (< 30,00km)","M. Transp NÃO PAV (txkm)","M. Transp PAV (30,0 km)","M. Transp PAV (< 30,0 km)"]
[]
["LOTE 01"]
[1,"RUA SALUSTIANO",682.71,{"v":1.2,"d":"1.20"},{"v":4.8,"d":"4.80"},0.82,3.28,{"v":4.1,"d":"4.10"},{"v":0,"d":"0.00"},{"v":30,"d":"30.00"},{"v":281,"d":"281.00"},{"v":0,"d":"0.00"},{"v":123,"d":"123.00"},{"v":1152.1,"d":"1,152.10"}]
[2,"RUA TEREZINA",{"v":1219.26,"d":"1,219.26"},{"v":1.2,"d":"1.20"},{"v":4.8,"d":"4.80"},1.46,5.85,7.31,{"v":0,"d":"0.00"},{"v":30,"d":"30.00"},{"v":281,"d":"281.00"},{"v":0,"d":"0.00"},{"v":219.3,"d":"219.30"},{"v":2054.11,"d":"2,054.11"}]
[3,"RUA PIAUI T1",409.12,{"v":1.2,"d":"1.20"},{"v":4.8,"d":"4.80"},0.49,1.96,2.45,{"v":0,"d":"0.00"},{"v":30,"d":"30.00"},{"v":281,"d":"281.00"},{"v":0,"d":"0.00"},{"v":73.5,"d":"73.50"},688.45]
[4,"RUA PIAUI T2",562.14,{"v":1.2,"d":"1.20"},{"v":4.8,"d":"4.80"},0.67,{"v":2.7,"d":"2.70"},3.37,{"v":0,"d":"0.00"},{"v":30,"d":"30.00"},{"v":281,"d":"281.00"},{"v":0,"d":"0.00"},{"v":101.1,"d":"101.10"},946.97]
[5,"RUA GUANABARA T1",530.75,{"v":1.2,"d":"1.20"},{"v":4.8,"d":"4.80"},0.64,2.55,3.19,{"v":0,"d":"0.00"},{"v":30,"d":"30.00"},{"v":281,"d":"281.00"},{"v":0,"d":"0.00"},{"v":95.7,"d":"95.70"},896.39]
[6,"RUA GUANABARA T2",{"v":564.7,"d":"564.70"},{"v":1.2,"d":"1.20"},{"v":4.8,"d":"4.80"},0.68,2.71,3.39,{"v":0,"d":"0.00"},{"v":30,"d":"30.00"},{"v":281,"d":"281.00"},{"v":0,"d":"0.00"},{"v":101.7,"d":"101.70"},952.59]
[7,"RUA JALES",592.72,{"v":1.2,"d":"1.20"},{"v":4.8,"d":"4.80"},0.71,2.85,3.56,{"v":0,"d":"0.00"},{"v":30,"d":"30.00"},{"v":281,"d":"281.00"},{"v":0,"d":"0.00"},{"v":106.8,"d":"106.80"},{"v":1000.36,"d":"1,000.36"}]
[8,{"v":0,"d":"0.00"},{"v":0,"d":"0.00"},{"v":1.2,"d":"1.20"},{"v":4.8,"d":"4.80"},{"v":0,"d":"0.00"},{"v":0,"d":"0.00"},{"v":0,"d":"0.00"},{"v":0,"d":"0.00"},{"v":30,"d":"30.00"},{"v":281,"d":"281.00"},{"v":0,"d":"0.00"},{"v":0,"d":"0.00"},{"v":0,"d":"0.00"}]
[9,{"v":0,"d":"0.00"},{"v":0,"d":"0.00"},{"v":1.2,"d":"1.20"},{"v":4.8,"d":"4.80"},{"v":0,"d":"0.00"},{"v":0,"d":"0.00"},{"v":0,"d":"0.00"},{"v":0,"d":"0.00"},{"v":30,"d":"30.00"},{"v":281,"d":"281.00"},{"v":0,"d":"0.00"},{"v":0,"d":"0.00"},{"v":0,"d":"0.00"}]
[]
["Totais Parciais - m²",null,{"v":4561.4,"d":"4,561.40"},null,null,5.47,{"v":21.9,"d":"21.90"},27.37,{"$nulls":3},{"v":0,"d":"0.00"},{"v":821.1,"d":"821.10"},{"v":7690.97,"d":"7,690.97"}]
[]
[null,null,"MATERIAL","2022-10-01","PIS+COFINS","CUSTO (KG)","CUSTO (t)"]
[{"$nulls":3},"CUSTO ANP"]
[null,"LUIZ GUILHERME CADORE SILVA","CM - 30",5.97658,{"v":0.0365,"d":"3.65%"},6.19472517,{"v":6194.73,"d":"6,194.73"}]
[null,"ENGº CIVIL / FISCAL DE OBRAS","RR-2C",3.61455,{"v":0.0365,"d":"3.65%"},3.746481075,{"v":3746.48,"d":"3,746.48"}]
[null,"CREA MT041303"]

{"sheet":"MF e Sarj.","index":9,"n_rows":46,"n_cols":12,"rows_kept":46,"merged":[[0,0,0,9],[1,0,1,9],[2,1,2,5],[2,6,2,7],[3,1,3,5],[3,6,5,7],[4,1,4,5],[5,1,5,5],[6,0,6,9],[7,0,8,0],[7,1,8,1],[7,2,7,3],[7,4,8,4],[7,5,7,8],[7,9,8,9],[9,0,9,9],[21,0,21,1],[22,0,22,1],[22,2,22,9],[24,0,24,9],[25,0,26,0],[25,1,26,1],[25,2,25,3],[25,4,26,4],[25,5,25,8],[25,9,26,9],[27,0,27,9],[38,0,38,1],[39,0,39,1],[39,2,39,9]],"flags":["formulas_cached_only"]}
["ESTADO DE MATO GROSSO"]
["PREFEITURA MUNICIPAL DE SÃO JOSÉ DOS QUATRO MARCOS"]
["OBRA:","PAVIMENTAÇÃO ASFALTICA",{"$nulls":4},"REFERENCIA:",null,0,"BDI NÃO DES"]
["LOCAL:","JARDIM ZEFERINO",{"$nulls":4},"SINAPI 09/2024 ANP 08/2024  SICRO 04/2024",null,{"v":0,"d":"0.00%"},{"v":0.2223,"d":"22.23%"}]
["PROPR.:","PREFEITURA MUNICIPAL DE SÃO JOSÉ DOS QUATRO MARCOS",{"$nulls":6},0,"DIFERENCIADO"]
["ÁREA (M²):",{"v":4561.4,"d":"4,561.40"},{"$nulls":6},{"v":0,"d":"0.00%"},{"v":0.15,"d":"15.00%"}]
["QUADRO QUANTITATIVO DE MEIO-FIO COM SARJETA RETO"]
["Item","Rua/Avenida","Extensão (m)",null,"Ext. (m)","Limpa-Rodas",{"$nulls":3},"Extensão Total (m)"]
[null,null,"Lado Direito","Lado esquerdo",null,"Código","Quant.","Ext. Parcial (m)","Ext. Total (m)"]
[]
[1,"RUA SALUSTIANO",87.44,87.44,174.88,"LR-38",{"v":1,"d":"1.0"},20.88,20.88,195.76]
[2,"RUA TEREZINA",{"v":163.9,"d":"163.90"},{"v":163.9,"d":"163.90"},{"v":327.8,"d":"327.80"},0,{"v":0,"d":"0.0"},null,{"v":0,"d":"0.00"},{"v":327.8,"d":"327.80"}]
[3,"RUA PIAUI T1",{"v":54.4,"d":"54.40"},{"v":54.4,"d":"54.40"},{"v":108.8,"d":"108.80"},"LR-39",{"v":1,"d":"1.0"},10.38,10.38,119.18,null,642.74]
[4,"RUA PIAUI T2",79.34,79.34,158.68,"LR-41",{"v":2,"d":"2.0"},{"v":0,"d":"0.00"},{"v":0,"d":"0.00"},158.68]
[5,"RUA GUANABARA T1",82.99,82.99,165.98,0,{"v":0,"d":"0.0"},null,{"v":0,"d":"0.00"},165.98]
[6,"RUA GUANABARA T2",79.69,79.69,159.38,"LR-41",{"v":2,"d":"2.0"},{"v":0,"d":"0.00"},{"v":0,"d":"0.00"},159.38,null,484.04]
[7,"RUA JALES",76.05,72.31,148.36,"LR-40",{"v":1,"d":"1.0"},3.43,3.43,151.79]
[8,0,null,null,0,0,{"v":0,"d":"0.0"},null,{"v":0,"d":"0.00"},{"v":0,"d":"0.00"}]
[9,0,null,null,0,0,{"v":0,"d":"0.0"},null,{"v":0,"d":"0.00"},{"v":0,"d":"0.00"},null,151.79]
[10,0,null,null,0,{"$nulls":3},{"v":0,"d":"0.00"},{"v":0,"d":"0.00"}]
[]
["Totais Parciais - m",null,623.81,620.07,{"v":1243.88,"d":"1,243.88"},{"$nulls":3},34.69,{"v":1278.57,"d":"1,278.57"}]
["Total Geral  - m",null,{"v":1278.57,"d":"1,278.57"}]
[]
["QUADRO QUANTITATIVO DE MEIO-FIO COM SARJETA CURVO"]
["Item","Rua/Avenida","Extensão (m)",null,"Ext. (m)","Limpa-Rodas",{"$nulls":3},"Extensão Total (m)"]
[null,null,"Lado Direito","Lado esquerdo",null,"Código","Quant.","Ext. Parcial (m)","Ext. Total (m)"]
[0]
[1,"RUA SALUSTIANO",null,null,{"v":0,"d":"0.00"},"LR-38",{"v":1,"d":"1.0"},11.48,11.48,11.48]
[2,"RUA TEREZINA",null,null,{"v":0,"d":"0.00"},0,{"v":0,"d":"0.0"},null,{"v":0,"d":"0.00"},{"v":0,"d":"0.00"}]
[3,"RUA PIAUI T1",null,null,{"v":0,"d":"0.00"},"LR-39",{"v":1,"d":"1.0"},7.42,7.42,7.42]
[4,"RUA PIAUI T2",null,null,{"v":0,"d":"0.00"},"LR-41",{"v":2,"d":"2.0"},9.42,18.84,18.84]
[5,"RUA GUANABARA T1",null,null,{"v":0,"d":"0.00"},0,{"v":0,"d":"0.0"},null,{"v":0,"d":"0.00"},{"v":0,"d":"0.00"}]
[6,"RUA GUANABARA T2",null,null,{"v":0,"d":"0.00"},"LR-41",{"v":2,"d":"2.0"},9.42,18.84,18.84]
[7,"RUA JALES",{"v":5.4,"d":"5.40"},{"v":5.4,"d":"5.40"},{"v":10.8,"d":"10.80"},"LR-40",{"v":1,"d":"1.0"},9.43,9.43,20.23]
[8,0,null,null,{"v":0,"d":"0.00"},0,{"v":0,"d":"0.0"},null,{"v":0,"d":"0.00"},{"v":0,"d":"0.00"}]
[9,0,null,null,{"v":0,"d":"0.00"},0,{"v":0,"d":"0.0"},null,{"v":0,"d":"0.00"},{"v":0,"d":"0.00"}]
[10,0,null,null,{"v":0,"d":"0.00"},0,{"v":0,"d":"0.0"},null,{"v":0,"d":"0.00"},{"v":0,"d":"0.00"}]
["Totais Parciais - m",null,{"v":5.4,"d":"5.40"},{"v":5.4,"d":"5.40"},{"v":10.8,"d":"10.80"},{"$nulls":3},66.01,76.81]
["Total Geral  - m",null,76.81]
[]
[]
[]
[null,"LUIZ GUILHERME CADORE SILVA"]
[null,"ENGº CIVIL / FISCAL DE OBRAS"]
[null,"CREA MT041303"]

{"sheet":"CALÇADA","index":10,"n_rows":65,"n_cols":13,"rows_kept":65,"hidden":true,"merged":[[0,0,0,12],[1,0,1,12],[2,1,2,12],[3,1,3,7],[3,9,5,12],[4,1,4,3],[4,5,4,7],[5,1,5,3],[5,5,5,6],[6,0,6,12],[7,0,8,0],[7,1,8,1],[7,2,8,2],[7,3,8,3],[7,4,8,4],[7,5,7,9],[7,10,8,10],[7,11,8,11],[7,12,8,12],[9,0,9,12],[57,0,57,1],[58,0,58,1],[58,2,58,12]],"flags":["formulas_cached_only"]}
["ESTADO DE MATO GROSSO"]
["PREFEITURA MUNICIPAL DE SÃO JOSÉ DOS QUATRO MARCOS"]
["OBRA:","PAVIMENTAÇÃO ASFALTICA"]
["LOCAL:","JARDIM ZEFERINO",{"$nulls":7},0]
["PROPR.:","PREFEITURA MUNICIPAL DE SÃO JOSÉ DOS QUATRO MARCOS",null,null,"DATA:",{"v":0,"d":"0.00%"}]
["ÁREA (M²):",{"v":4561.4,"d":"4,561.40"},null,null,"BDI:",{"v":0,"d":"0.00%"},null,"TABELA:"]
["QUADRO QUANTITATIVO DE CALÇADA"]
["Item","Rua/Avenida","Extensão (m)","Largura     (m)","Área (m²)","Limpa-Rodas",{"$nulls":4},"Area Total (m²)","Espessura  (m²)","Volume Total (m³)"]
[{"$nulls":5},"Código","Quant.","Ext (m)","Largura (m)","Area Total (m²)"]
["LOTE 01"]
[{"$error":"#REF!"},{"$error":"#REF!"},{"$error":"#REF!"},{"v":1.5,"d":"1.50"},{"$error":"#REF!"},{"$error":"#REF!"},{"$error":"#REF!"},{"$error":"#REF!"},{"v":1.5,"d":"1.50"},{"$error":"#REF!"},{"$error":"#REF!"},0.05,{"$error":"#REF!"}]
[{"$error":"#REF!"},{"$error":"#REF!"},{"$error":"#REF!"},{"v":1.5,"d":"1.50"},{"$error":"#REF!"},{"$error":"#REF!"},{"$error":"#REF!"},{"$error":"#REF!"},{"v":1.5,"d":"1.50"},{"$error":"#REF!"},{"$error":"#REF!"},0.05,{"$error":"#REF!"}]
[{"$error":"#REF!"},{"$error":"#REF!"},{"$error":"#REF!"},{"v":1.5,"d":"1.50"},{"$error":"#REF!"},{"$error":"#REF!"},{"$error":"#REF!"},{"$error":"#REF!"},{"v":1.5,"d":"1.50"},{"$error":"#REF!"},{"$error":"#REF!"},0.05,{"$error":"#REF!"}]
[{"$error":"#REF!"},{"$error":"#REF!"},{"$error":"#REF!"},{"v":1.5,"d":"1.50"},{"$error":"#REF!"},{"$error":"#REF!"},{"$error":"#REF!"},{"$error":"#REF!"},{"v":1.5,"d":"1.50"},{"$error":"#REF!"},{"$error":"#REF!"},0.05,{"$error":"#REF!"}]
[{"$error":"#REF!"},{"$error":"#REF!"},{"$error":"#REF!"},{"v":1.5,"d":"1.50"},{"$error":"#REF!"},{"$error":"#REF!"},{"$error":"#REF!"},{"$error":"#REF!"},{"v":1.5,"d":"1.50"},{"$error":"#REF!"},{"$error":"#REF!"},0.05,{"$error":"#REF!"}]
[{"$error":"#REF!"},{"$error":"#REF!"},{"$error":"#REF!"},{"v":1.5,"d":"1.50"},{"$error":"#REF!"},{"$error":"#REF!"},{"$error":"#REF!"},{"$error":"#REF!"},{"v":1.5,"d":"1.50"},{"$error":"#REF!"},{"$error":"#REF!"},0.05,{"$error":"#REF!"}]
[2,"RUA TEREZINA",339.28,{"v":1.5,"d":"1.50"},508.92,0,{"v":0,"d":"0.0"},11.48,{"v":1.5,"d":"1.50"},{"v":0,"d":"0.00"},508.92,0.05,25.44]
[3,"RUA PIAUI T1",{"v":108.8,"d":"108.80"},{"v":1.5,"d":"1.50"},{"v":163.2,"d":"163.20"},"LR-39",{"v":1,"d":"1.0"},10.38,{"v":1.5,"d":"1.50"},15.57,178.77,0.05,8.93]
[4,"RUA PIAUI T2",{"v":166.1,"d":"166.10"},{"v":1.5,"d":"1.50"},249.15,"LR-41",{"v":2,"d":"2.0"},7.42,{"v":1.5,"d":"1.50"},22.26,271.41,0.05,13.57]
[5,"RUA GUANABARA T1",184.82,{"v":1.5,"d":"1.50"},277.23,0,{"v":0,"d":"0.0"},9.42,{"v":1.5,"d":"1.50"},{"v":0,"d":"0.00"},277.23,0.05,13.86]
[6,"RUA GUANABARA T2",159.38,{"v":1.5,"d":"1.50"},239.07,"LR-41",{"v":2,"d":"2.0"},{"v":0,"d":"0.00"},{"v":1.5,"d":"1.50"},{"v":0,"d":"0.00"},239.07,0.05,11.95]
[7,"RUA JALES",{"v":167.2,"d":"167.20"},{"v":1.5,"d":"1.50"},{"v":250.8,"d":"250.80"},"LR-40",{"v":1,"d":"1.0"},12.85,{"v":1.5,"d":"1.50"},19.28,270.08,0.05,{"v":13.5,"d":"13.50"}]
[{"$error":"#REF!"},{"$error":"#REF!"},{"$error":"#REF!"},{"v":1.5,"d":"1.50"},{"$error":"#REF!"},{"$error":"#REF!"},{"$error":"#REF!"},{"$error":"#REF!"},{"v":1.5,"d":"1.50"},{"$error":"#REF!"},{"$error":"#REF!"},0.05,{"$error":"#REF!"}]
[{"$error":"#REF!"},{"$error":"#REF!"},{"$error":"#REF!"},{"v":1.5,"d":"1.50"},{"$error":"#REF!"},{"$error":"#REF!"},{"$error":"#REF!"},{"$error":"#REF!"},{"v":1.5,"d":"1.50"},{"$error":"#REF!"},{"$error":"#REF!"},0.05,{"$error":"#REF!"}]
[{"$error":"#REF!"},{"$error":"#REF!"},{"$error":"#REF!"},{"v":1.5,"d":"1.50"},{"$error":"#REF!"},{"$error":"#REF!"},{"$error":"#REF!"},{"$error":"#REF!"},{"v":1.5,"d":"1.50"},{"$error":"#REF!"},{"$error":"#REF!"},0.05,{"$error":"#REF!"}]
[{"$error":"#REF!"},{"$error":"#REF!"},{"$error":"#REF!"},{"v":1.5,"d":"1.50"},{"$error":"#REF!"},{"$error":"#REF!"},{"$error":"#REF!"},{"$error":"#REF!"},{"v":1.5,"d":"1.50"},{"$error":"#REF!"},{"$error":"#REF!"},0.05,{"$error":"#REF!"}]
[{"$error":"#REF!"},{"$error":"#REF!"},{"$error":"#REF!"},{"v":1.5,"d":"1.50"},{"$error":"#REF!"},{"$error":"#REF!"},{"$error":"#REF!"},{"$error":"#REF!"},{"v":1.5,"d":"1.50"},{"$error":"#REF!"},{"$error":"#REF!"},0.05,{"$error":"#REF!"}]
[{"$error":"#REF!"},{"$error":"#REF!"},{"$error":"#REF!"},{"v":1.5,"d":"1.50"},{"$error":"#REF!"},{"$error":"#REF!"},{"$error":"#REF!"},{"$error":"#REF!"},{"v":1.5,"d":"1.50"},{"$error":"#REF!"},{"$error":"#REF!"},0.05,{"$error":"#REF!"}]
[{"$error":"#REF!"},{"$error":"#REF!"},{"$error":"#REF!"},{"v":1.5,"d":"1.50"},{"$error":"#REF!"},{"$error":"#REF!"},{"$error":"#REF!"},{"$error":"#REF!"},{"v":1.5,"d":"1.50"},{"$error":"#REF!"},{"$error":"#REF!"},0.05,{"$error":"#REF!"}]
[{"$error":"#REF!"},{"$error":"#REF!"},{"$error":"#REF!"},{"v":1.5,"d":"1.50"},{"$error":"#REF!"},{"$error":"#REF!"},{"$error":"#REF!"},{"$error":"#REF!"},{"v":1.5,"d":"1.50"},{"$error":"#REF!"},{"$error":"#REF!"},0.05,{"$error":"#REF!"}]
[{"$error":"#REF!"},{"$error":"#REF!"},{"v":0,"d":"0.00"},{"v":1.5,"d":"1.50"},{"v":0,"d":"0.00"},{"$error":"#REF!"},{"$error":"#REF!"},{"v":0,"d":"0.00"},{"v":1.5,"d":"1.50"},{"$error":"#REF!"},{"$error":"#REF!"},0.05,{"$error":"#REF!"}]
[8,{"v":0,"d":"0.00"},{"v":0,"d":"0.00"},{"v":1.5,"d":"1.50"},{"v":0,"d":"0.00"},0,{"v":0,"d":"0.0"},{"v":0,"d":"0.00"},{"v":1.5,"d":"1.50"},{"v":0,"d":"0.00"},{"v":0,"d":"0.00"},0.05,0]
[9,{"v":0,"d":"0.00"},{"$error":"#REF!"},{"v":1.5,"d":"1.50"},{"$error":"#REF!"},0,{"v":0,"d":"0.0"},{"$error":"#REF!"},{"v":1.5,"d":"1.50"},{"$error":"#REF!"},{"$error":"#REF!"},0.05,{"$error":"#REF!"}]
[10,{"v":0,"d":"0.00"},{"$error":"#REF!"},{"v":1.5,"d":"1.50"},{"$error":"#REF!"},0,{"v":0,"d":"0.0"},{"$error":"#REF!"},{"v":1.5,"d":"1.50"},{"$error":"#REF!"},{"$error":"#REF!"},0.05,{"$error":"#REF!"}]
[{"$error":"#REF!"},{"$error":"#REF!"},{"$error":"#REF!"},{"v":1.5,"d":"1.50"},{"$error":"#REF!"},{"$error":"#REF!"},{"$error":"#REF!"},{"$error":"#REF!"},{"v":1.5,"d":"1.50"},{"$error":"#REF!"},{"$error":"#REF!"},0.05,{"$error":"#REF!"}]
[{"$error":"#REF!"},{"$error":"#REF!"},{"$error":"#REF!"},{"v":1.5,"d":"1.50"},{"$error":"#REF!"},{"$error":"#REF!"},{"$error":"#REF!"},{"$error":"#REF!"},{"v":1.5,"d":"1.50"},{"$error":"#REF!"},{"$error":"#REF!"},0.05,{"$error":"#REF!"}]
[{"$error":"#REF!"},{"$error":"#REF!"},{"$error":"#REF!"},{"v":1.5,"d":"1.50"},{"$error":"#REF!"},{"$error":"#REF!"},{"$error":"#REF!"},{"$error":"#REF!"},{"v":1.5,"d":"1.50"},{"$error":"#REF!"},{"$error":"#REF!"},0.05,{"$error":"#REF!"}]
[{"$error":"#REF!"},{"$error":"#REF!"},{"$error":"#REF!"},{"v":1.5,"d":"1.50"},{"$error":"#REF!"},{"$error":"#REF!"},{"$error":"#REF!"},{"$error":"#REF!"},{"v":1.5,"d":"1.50"},{"$error":"#REF!"},{"$error":"#REF!"},0.05,{"$error":"#REF!"}]
[{"$error":"#REF!"},{"$error":"#REF!"},{"$error":"#REF!"},{"v":1.5,"d":"1.50"},{"$error":"#REF!"},{"$error":"#REF!"},{"$error":"#REF!"},{"$error":"#REF!"},{"v":1.5,"d":"1.50"},{"$error":"#REF!"},{"$error":"#REF!"},0.05,{"$error":"#REF!"}]
[{"$error":"#REF!"},{"$error":"#REF!"},{"$error":"#REF!"},{"v":1.5,"d":"1.50"},{"$error":"#REF!"},{"$error":"#REF!"},{"$error":"#REF!"},{"$error":"#REF!"},{"v":1.5,"d":"1.50"},{"$error":"#REF!"},{"$error":"#REF!"},0.05,{"$error":"#REF!"}]
[{"$error":"#REF!"},{"$error":"#REF!"},{"$error":"#REF!"},{"v":1.5,"d":"1.50"},{"$error":"#REF!"},{"$error":"#REF!"},{"$error":"#REF!"},{"$error":"#REF!"},{"v":1.5,"d":"1.50"},{"$error":"#REF!"},{"$error":"#REF!"},0.05,{"$error":"#REF!"}]
[{"$error":"#REF!"},{"$error":"#REF!"},{"$error":"#REF!"},{"v":1.5,"d":"1.50"},{"$error":"#REF!"},{"$error":"#REF!"},{"$error":"#REF!"},{"$error":"#REF!"},{"v":1.5,"d":"1.50"},{"$error":"#REF!"},{"$error":"#REF!"},0.05,{"$error":"#REF!"}]
[{"$error":"#REF!"},{"$error":"#REF!"},{"$error":"#REF!"},{"v":1.5,"d":"1.50"},{"$error":"#REF!"},{"$error":"#REF!"},{"$error":"#REF!"},{"$error":"#REF!"},{"v":1.5,"d":"1.50"},{"$error":"#REF!"},{"$error":"#REF!"},0.05,{"$error":"#REF!"}]
[{"$error":"#REF!"},{"$error":"#REF!"},{"$error":"#REF!"},{"v":1.5,"d":"1.50"},{"$error":"#REF!"},{"$error":"#REF!"},{"$error":"#REF!"},{"$error":"#REF!"},{"v":1.5,"d":"1.50"},{"$error":"#REF!"},{"$error":"#REF!"},0.05,{"$error":"#REF!"}]
[{"$error":"#REF!"},{"$error":"#REF!"},{"$error":"#REF!"},{"v":1.5,"d":"1.50"},{"$error":"#REF!"},{"$error":"#REF!"},{"$error":"#REF!"},{"$error":"#REF!"},{"v":1.5,"d":"1.50"},{"$error":"#REF!"},{"$error":"#REF!"},0.05,{"$error":"#REF!"}]
[{"$error":"#REF!"},{"$error":"#REF!"},{"$error":"#REF!"},{"v":1.5,"d":"1.50"},{"$error":"#REF!"},{"$error":"#REF!"},{"$error":"#REF!"},{"$error":"#REF!"},{"v":1.5,"d":"1.50"},{"$error":"#REF!"},{"$error":"#REF!"},0.05,{"$error":"#REF!"}]
[{"$error":"#REF!"},{"$error":"#REF!"},{"$error":"#REF!"},{"v":1.5,"d":"1.50"},{"$error":"#REF!"},{"$error":"#REF!"},{"$error":"#REF!"},{"$error":"#REF!"},{"v":1.5,"d":"1.50"},{"$error":"#REF!"},{"$error":"#REF!"},0.05,{"$error":"#REF!"}]
[{"$error":"#REF!"},{"$error":"#REF!"},{"$error":"#REF!"},{"v":1.5,"d":"1.50"},{"$error":"#REF!"},{"$error":"#REF!"},{"$error":"#REF!"},{"$error":"#REF!"},{"v":1.5,"d":"1.50"},{"$error":"#REF!"},{"$error":"#REF!"},0.05,{"$error":"#REF!"}]
[{"$error":"#REF!"},{"$error":"#REF!"},{"$error":"#REF!"},{"v":1.5,"d":"1.50"},{"$error":"#REF!"},{"$error":"#REF!"},{"$error":"#REF!"},{"$error":"#REF!"},{"v":1.5,"d":"1.50"},{"$error":"#REF!"},{"$error":"#REF!"},0.05,{"$error":"#REF!"}]
[{"$error":"#REF!"},{"$error":"#REF!"},{"$error":"#REF!"},{"v":1.5,"d":"1.50"},{"$error":"#REF!"},{"$error":"#REF!"},{"$error":"#REF!"},{"$error":"#REF!"},{"v":1.5,"d":"1.50"},{"$error":"#REF!"},{"$error":"#REF!"},0.05,{"$error":"#REF!"}]
[{"$error":"#REF!"},{"$error":"#REF!"},{"$error":"#REF!"},{"v":1.5,"d":"1.50"},{"$error":"#REF!"},{"$error":"#REF!"},{"$error":"#REF!"},{"$error":"#REF!"},{"v":1.5,"d":"1.50"},{"$error":"#REF!"},{"$error":"#REF!"},0.05,{"$error":"#REF!"}]
[{"$error":"#REF!"},{"$error":"#REF!"},{"$error":"#REF!"},{"v":1.5,"d":"1.50"},{"$error":"#REF!"},{"$error":"#REF!"},{"$error":"#REF!"},{"$error":"#REF!"},{"v":1.5,"d":"1.50"},{"$error":"#REF!"},{"$error":"#REF!"},0.05,{"$error":"#REF!"}]
[{"$error":"#REF!"},{"$error":"#REF!"},{"$error":"#REF!"},{"v":1.5,"d":"1.50"},{"$error":"#REF!"},{"$error":"#REF!"},{"$error":"#REF!"},{"$error":"#REF!"},{"v":1.5,"d":"1.50"},{"$error":"#REF!"},{"$error":"#REF!"},0.05,{"$error":"#REF!"}]
[{"$error":"#REF!"},{"$error":"#REF!"},{"$error":"#REF!"},{"v":1.5,"d":"1.50"},{"$error":"#REF!"},{"$error":"#REF!"},{"$error":"#REF!"},{"$error":"#REF!"},{"v":1.5,"d":"1.50"},{"$error":"#REF!"},{"$error":"#REF!"},0.05,{"$error":"#REF!"}]
[{"$error":"#REF!"},{"$error":"#REF!"},{"$error":"#REF!"},{"v":1.5,"d":"1.50"},{"$error":"#REF!"},{"$error":"#REF!"},{"$error":"#REF!"},{"$error":"#REF!"},{"v":1.5,"d":"1.50"},{"$error":"#REF!"},{"$error":"#REF!"},0.05,{"$error":"#REF!"}]
[{"$error":"#REF!"},{"$error":"#REF!"},{"$error":"#REF!"},{"v":1.5,"d":"1.50"},{"$error":"#REF!"},{"$error":"#REF!"},{"$error":"#REF!"},{"$error":"#REF!"},{"v":1.5,"d":"1.50"},{"$error":"#REF!"},{"$error":"#REF!"},0.05,{"$error":"#REF!"}]
[]
["Totais Parciais",null,{"$error":"#REF!"},null,{"$error":"#REF!"},{"$nulls":4},{"$error":"#REF!"},{"$error":"#REF!"},null,{"$error":"#REF!"}]
["Total Geral ",null,{"$error":"#REF!"}]
[]
[]
[]
[null,"LUIZ GUILHERME CADORE SILVA"]
[null,"ENGº CIVIL / FISCAL DE OBRAS"]
[null,"CREA MT041303"]

{"sheet":"PISO TATIL","index":11,"n_rows":66,"n_cols":14,"rows_kept":66,"hidden":true,"merged":[[0,0,0,13],[1,0,1,13],[2,1,2,7],[2,8,5,13],[3,1,3,7],[4,1,4,3],[4,5,4,7],[5,1,5,3],[5,5,5,6],[6,0,6,10],[7,1,7,13],[8,1,9,1],[8,2,9,2],[8,3,8,5],[8,6,8,10],[8,11,9,11],[8,12,9,12],[8,13,9,13],[10,1,10,13],[57,1,57,2]],"flags":["formulas_cached_only"]}
["ESTADO DE MATO GROSSO"]
["PREFEITURA MUNICIPAL DE SÃO JOSÉ DOS QUATRO MARCOS"]
["OBRA:","PAVIMENTAÇÃO ASFALTICA",{"$nulls":6},0]
["LOCAL:","JARDIM ZEFERINO"]
["PROPR.:","PREFEITURA MUNICIPAL DE SÃO JOSÉ DOS QUATRO MARCOS",null,null,"DATA:",{"v":0,"d":"0.00%"}]
["ÁREA (M²):",{"v":4561.4,"d":"4,561.40"},null,null,"BDI:",{"v":0,"d":"0.00%"},null,"TABELA:"]
[]
[null,"QUADRO QUANTITATIVO DE PISO TATIL"]
[null,"Item","Rua/Avenida","Extensão",null,null,"Cruzamentos / Rampas PNE",{"$nulls":4},"Quant. Total (und)","Area por Piso     (m²)","Area     Total        (m²)"]
[{"$nulls":3},"Extensão MF           (m)","Quant / m  (und)","Quant. Parcial  (und)","Quant. De Faixas","Quant. Rampa / Faixa (und)","Quant. Rampa   (und)","Quant Piso / Rampa (und)","Quant Parcial (und)"]
[null,"LOTE 01"]
[null,{"$error":"#REF!"},{"$error":"#REF!"},{"$error":"#REF!"},{"v":4,"d":"4.0"},{"$error":"#REF!"},2,{"v":2,"d":"2.0"},{"v":4,"d":"4.0"},{"v":14,"d":"14.0"},{"v":56,"d":"56.00"},{"$error":"#REF!"},0.063,{"$error":"#REF!"}]
[null,{"$error":"#REF!"},{"$error":"#REF!"},{"$error":"#REF!"},{"v":4,"d":"4.0"},{"$error":"#REF!"},4,{"v":2,"d":"2.0"},{"v":8,"d":"8.0"},{"v":14,"d":"14.0"},{"v":112,"d":"112.00"},{"$error":"#REF!"},0.063,{"$error":"#REF!"}]
[null,{"$error":"#REF!"},{"$error":"#REF!"},{"$error":"#REF!"},{"v":4,"d":"4.0"},{"$error":"#REF!"},4,{"v":2,"d":"2.0"},{"v":8,"d":"8.0"},{"v":14,"d":"14.0"},{"v":112,"d":"112.00"},{"$error":"#REF!"},0.063,{"$error":"#REF!"}]
[null,{"$error":"#REF!"},{"$error":"#REF!"},{"$error":"#REF!"},{"v":4,"d":"4.0"},{"$error":"#REF!"},2,{"v":2,"d":"2.0"},{"v":4,"d":"4.0"},{"v":14,"d":"14.0"},{"v":56,"d":"56.00"},{"$error":"#REF!"},0.063,{"$error":"#REF!"}]
[null,{"$error":"#REF!"},{"$error":"#REF!"},{"$error":"#REF!"},{"v":4,"d":"4.0"},{"$error":"#REF!"},2,{"v":2,"d":"2.0"},{"v":4,"d":"4.0"},{"v":14,"d":"14.0"},{"v":56,"d":"56.00"},{"$error":"#REF!"},0.063,{"$error":"#REF!"}]
[null,{"$error":"#REF!"},{"$error":"#REF!"},{"$error":"#REF!"},{"v":4,"d":"4.0"},{"$error":"#REF!"},2,{"v":2,"d":"2.0"},{"v":4,"d":"4.0"},{"v":14,"d":"14.0"},{"v":56,"d":"56.00"},{"$error":"#REF!"},0.063,{"$error":"#REF!"}]
[null,2,"RUA TEREZINA",339.28,{"v":4,"d":"4.0"},1357.1,6,{"v":2,"d":"2.0"},{"v":12,"d":"12.0"},{"v":14,"d":"14.0"},{"v":168,"d":"168.00"},{"v":1525,"d":"1525.00"},0.063,96.07]
[null,4,"RUA PIAUI T2",119.18,{"v":4,"d":"4.0"},476.7,6,{"v":2,"d":"2.0"},{"v":12,"d":"12.0"},{"v":14,"d":"14.0"},{"v":168,"d":"168.00"},{"v":645,"d":"645.00"},0.063,40.63]
[null,5,"RUA GUANABARA T1",{"v":166.1,"d":"166.10"},{"v":4,"d":"4.0"},664.4,null,null,{"v":0,"d":"0.0"},{"v":14,"d":"14.0"},{"v":0,"d":"0.00"},{"v":664,"d":"664.00"},0.063,41.83]
[null,6,"RUA GUANABARA T2",184.82,{"v":4,"d":"4.0"},739.3,null,null,{"v":0,"d":"0.0"},{"v":14,"d":"14.0"},{"v":0,"d":"0.00"},{"v":739,"d":"739.00"},0.063,46.55]
[null,7,"RUA JALES",159.38,{"v":4,"d":"4.0"},637.5,null,null,{"v":0,"d":"0.0"},{"v":14,"d":"14.0"},{"v":0,"d":"0.00"},{"v":638,"d":"638.00"},0.063,40.19]
[null,{"$error":"#REF!"},{"$error":"#REF!"},170.63,{"v":4,"d":"4.0"},682.5,null,null,{"v":0,"d":"0.0"},{"v":14,"d":"14.0"},{"v":0,"d":"0.00"},{"v":683,"d":"683.00"},0.063,43.02]
[null,{"$error":"#REF!"},{"$error":"#REF!"},{"$error":"#REF!"},{"v":4,"d":"4.0"},{"$error":"#REF!"},null,null,{"v":0,"d":"0.0"},{"v":14,"d":"14.0"},{"v":0,"d":"0.00"},{"$error":"#REF!"},0.063,{"$error":"#REF!"}]
[null,{"$error":"#REF!"},{"$error":"#REF!"},{"$error":"#REF!"},{"v":4,"d":"4.0"},{"$error":"#REF!"},null,null,{"v":0,"d":"0.0"},{"v":14,"d":"14.0"},{"v":0,"d":"0.00"},{"$error":"#REF!"},0.063,{"$error":"#REF!"}]
[null,{"$error":"#REF!"},{"$error":"#REF!"},{"$error":"#REF!"},{"v":4,"d":"4.0"},{"$error":"#REF!"},null,null,{"v":0,"d":"0.0"},{"v":14,"d":"14.0"},{"v":0,"d":"0.00"},{"$error":"#REF!"},0.063,{"$error":"#REF!"}]
[null,{"$error":"#REF!"},{"$error":"#REF!"},{"$error":"#REF!"},{"v":4,"d":"4.0"},{"$error":"#REF!"},null,null,{"v":0,"d":"0.0"},{"v":14,"d":"14.0"},{"v":0,"d":"0.00"},{"$error":"#REF!"},0.063,{"$error":"#REF!"}]
[null,{"$error":"#REF!"},{"$error":"#REF!"},{"$error":"#REF!"},{"v":4,"d":"4.0"},{"$error":"#REF!"},null,null,{"v":0,"d":"0.0"},{"v":14,"d":"14.0"},{"v":0,"d":"0.00"},{"$error":"#REF!"},0.063,{"$error":"#REF!"}]
[null,{"$error":"#REF!"},{"$error":"#REF!"},{"$error":"#REF!"},{"v":4,"d":"4.0"},{"$error":"#REF!"},null,null,{"v":0,"d":"0.0"},{"v":14,"d":"14.0"},{"v":0,"d":"0.00"},{"$error":"#REF!"},0.063,{"$error":"#REF!"}]
[null,{"$error":"#REF!"},{"$error":"#REF!"},{"$error":"#REF!"},{"v":4,"d":"4.0"},{"$error":"#REF!"},null,null,{"v":0,"d":"0.0"},{"v":14,"d":"14.0"},{"v":0,"d":"0.00"},{"$error":"#REF!"},0.063,{"$error":"#REF!"}]
[null,{"$error":"#REF!"},{"$error":"#REF!"},{"$error":"#REF!"},{"v":4,"d":"4.0"},{"$error":"#REF!"},null,null,{"v":0,"d":"0.0"},{"v":14,"d":"14.0"},{"v":0,"d":"0.00"},{"$error":"#REF!"},0.063,{"$error":"#REF!"}]
[null,8,{"v":0,"d":"0.00"},{"v":0,"d":"0.00"},{"v":4,"d":"4.0"},{"v":0,"d":"0.0"},null,null,{"v":0,"d":"0.0"},{"v":14,"d":"14.0"},{"v":0,"d":"0.00"},{"v":0,"d":"0.00"},0.063,{"v":0,"d":"0.00"}]
[null,9,{"v":0,"d":"0.00"},{"v":0,"d":"0.00"},{"v":4,"d":"4.0"},{"v":0,"d":"0.0"},null,null,{"v":0,"d":"0.0"},{"v":14,"d":"14.0"},{"v":0,"d":"0.00"},{"v":0,"d":"0.00"},0.063,{"v":0,"d":"0.00"}]
[null,10,{"v":0,"d":"0.00"},{"$error":"#REF!"},{"v":4,"d":"4.0"},{"$error":"#REF!"},null,null,{"v":0,"d":"0.0"},{"v":14,"d":"14.0"},{"v":0,"d":"0.00"},{"$error":"#REF!"},0.063,{"$error":"#REF!"}]
[null,{"$error":"#REF!"},{"$error":"#REF!"},{"$error":"#REF!"},{"v":4,"d":"4.0"},{"$error":"#REF!"},null,null,{"v":0,"d":"0.0"},{"v":14,"d":"14.0"},{"v":0,"d":"0.00"},{"$error":"#REF!"},0.063,{"$error":"#REF!"}]
[null,{"$error":"#REF!"},{"$error":"#REF!"},{"$error":"#REF!"},{"v":4,"d":"4.0"},{"$error":"#REF!"},null,null,{"v":0,"d":"0.0"},{"v":14,"d":"14.0"},{"v":0,"d":"0.00"},{"$error":"#REF!"},0.063,{"$error":"#REF!"}]
[null,{"$error":"#REF!"},{"$error":"#REF!"},{"$error":"#REF!"},{"v":4,"d":"4.0"},{"$error":"#REF!"},null,null,{"v":0,"d":"0.0"},{"v":14,"d":"14.0"},{"v":0,"d":"0.00"},{"$error":"#REF!"},0.063,{"$error":"#REF!"}]
[null,{"$error":"#REF!"},{"$error":"#REF!"},{"$error":"#REF!"},{"v":4,"d":"4.0"},{"$error":"#REF!"},null,null,{"v":0,"d":"0.0"},{"v":14,"d":"14.0"},{"v":0,"d":"0.00"},{"$error":"#REF!"},0.063,{"$error":"#REF!"}]
[null,{"$error":"#REF!"},{"$error":"#REF!"},{"$error":"#REF!"},{"v":4,"d":"4.0"},{"$error":"#REF!"},null,null,{"v":0,"d":"0.0"},{"v":14,"d":"14.0"},{"v":0,"d":"0.00"},{"$error":"#REF!"},0.063,{"$error":"#REF!"}]
[null,{"$error":"#REF!"},{"$error":"#REF!"},{"$error":"#REF!"},{"v":4,"d":"4.0"},{"$error":"#REF!"},null,null,{"v":0,"d":"0.0"},{"v":14,"d":"14.0"},{"v":0,"d":"0.00"},{"$error":"#REF!"},0.063,{"$error":"#REF!"}]
[null,{"$error":"#REF!"},{"$error":"#REF!"},{"$error":"#REF!"},{"v":4,"d":"4.0"},{"$error":"#REF!"},null,null,{"v":0,"d":"0.0"},{"v":14,"d":"14.0"},{"v":0,"d":"0.00"},{"$error":"#REF!"},0.063,{"$error":"#REF!"}]
[null,{"$error":"#REF!"},{"$error":"#REF!"},{"$error":"#REF!"},{"v":4,"d":"4.0"},{"$error":"#REF!"},null,null,{"v":0,"d":"0.0"},{"v":14,"d":"14.0"},{"v":0,"d":"0.00"},{"$error":"#REF!"},0.063,{"$error":"#REF!"}]
[null,{"$error":"#REF!"},{"$error":"#REF!"},{"$error":"#REF!"},{"v":4,"d":"4.0"},{"$error":"#REF!"},null,null,{"v":0,"d":"0.0"},{"v":14,"d":"14.0"},{"v":0,"d":"0.00"},{"$error":"#REF!"},0.063,{"$error":"#REF!"}]
[null,{"$error":"#REF!"},{"$error":"#REF!"},{"$error":"#REF!"},{"v":4,"d":"4.0"},{"$error":"#REF!"},null,null,{"v":0,"d":"0.0"},{"v":14,"d":"14.0"},{"v":0,"d":"0.00"},{"$error":"#REF!"},0.063,{"$error":"#REF!"}]
[null,{"$error":"#REF!"},{"$error":"#REF!"},{"$error":"#REF!"},{"v":4,"d":"4.0"},{"$error":"#REF!"},null,null,{"v":0,"d":"0.0"},{"v":14,"d":"14.0"},{"v":0,"d":"0.00"},{"$error":"#REF!"},0.063,{"$error":"#REF!"}]
[null,{"$error":"#REF!"},{"$error":"#REF!"},{"$error":"#REF!"},{"v":4,"d":"4.0"},{"$error":"#REF!"},null,null,{"v":0,"d":"0.0"},{"v":14,"d":"14.0"},{"v":0,"d":"0.00"},{"$error":"#REF!"},0.063,{"$error":"#REF!"}]
[null,{"$error":"#REF!"},{"$error":"#REF!"},{"$error":"#REF!"},{"v":4,"d":"4.0"},{"$error":"#REF!"},null,null,{"v":0,"d":"0.0"},{"v":14,"d":"14.0"},{"v":0,"d":"0.00"},{"$error":"#REF!"},0.063,{"$error":"#REF!"}]
[null,{"$error":"#REF!"},{"$error":"#REF!"},{"$error":"#REF!"},{"v":4,"d":"4.0"},{"$error":"#REF!"},null,null,{"v":0,"d":"0.0"},{"v":14,"d":"14.0"},{"v":0,"d":"0.00"},{"$error":"#REF!"},0.063,{"$error":"#REF!"}]
[null,{"$error":"#REF!"},{"$error":"#REF!"},{"$error":"#REF!"},{"v":4,"d":"4.0"},{"$error":"#REF!"},null,null,{"v":0,"d":"0.0"},{"v":14,"d":"14.0"},{"v":0,"d":"0.00"},{"$error":"#REF!"},0.063,{"$error":"#REF!"}]
[null,{"$error":"#REF!"},{"$error":"#REF!"},{"$error":"#REF!"},{"v":4,"d":"4.0"},{"$error":"#REF!"},null,null,{"v":0,"d":"0.0"},{"v":14,"d":"14.0"},{"v":0,"d":"0.00"},{"$error":"#REF!"},0.063,{"$error":"#REF!"}]
[null,{"$error":"#REF!"},{"$error":"#REF!"},{"$error":"#REF!"},{"v":4,"d":"4.0"},{"$error":"#REF!"},null,null,{"v":0,"d":"0.0"},{"v":14,"d":"14.0"},{"v":0,"d":"0.00"},{"$error":"#REF!"},0.063,{"$error":"#REF!"}]
[null,{"$error":"#REF!"},{"$error":"#REF!"},{"$error":"#REF!"},{"v":4,"d":"4.0"},{"$error":"#REF!"},null,null,{"v":0,"d":"0.0"},{"v":14,"d":"14.0"},{"v":0,"d":"0.00"},{"$error":"#REF!"},0.063,{"$error":"#REF!"}]
[null,{"$error":"#REF!"},{"$error":"#REF!"},{"$error":"#REF!"},{"v":4,"d":"4.0"},{"$error":"#REF!"},null,null,{"v":0,"d":"0.0"},{"v":14,"d":"14.0"},{"v":0,"d":"0.00"},{"$error":"#REF!"},0.063,{"$error":"#REF!"}]
[null,{"$error":"#REF!"},{"$error":"#REF!"},{"$error":"#REF!"},{"v":4,"d":"4.0"},{"$error":"#REF!"},null,null,{"v":0,"d":"0.0"},{"v":14,"d":"14.0"},{"v":0,"d":"0.00"},{"$error":"#REF!"},0.063,{"$error":"#REF!"}]
[null,{"$error":"#REF!"},{"$error":"#REF!"},{"$error":"#REF!"},{"v":4,"d":"4.0"},{"$error":"#REF!"},null,null,{"v":0,"d":"0.0"},{"v":14,"d":"14.0"},{"v":0,"d":"0.00"},{"$error":"#REF!"},0.063,{"$error":"#REF!"}]
[null,{"$error":"#REF!"},{"$error":"#REF!"},{"$error":"#REF!"},{"v":4,"d":"4.0"},{"$error":"#REF!"},null,null,{"v":0,"d":"0.0"},{"v":14,"d":"14.0"},{"v":0,"d":"0.00"},{"$error":"#REF!"},0.063,{"$error":"#REF!"}]
[]
[null,"Totais Parciais",null,{"$error":"#REF!"},null,{"$error":"#REF!"},{"$nulls":4},{"v":784,"d":"784.00"},{"$error":"#REF!"},null,{"$error":"#REF!"}]
[]
[]
[]
[]
[]
[null,null,"LUIZ GUILHERME CADORE SILVA"]
[null,null,"ENGº CIVIL / FISCAL DE OBRAS"]
[null,null,"CREA MT041303"]

{"sheet":"Sinal.","index":12,"n_rows":61,"n_cols":10,"rows_kept":61,"merged":[[0,0,0,9],[1,0,1,9],[2,1,2,5],[2,6,2,7],[3,1,3,5],[3,6,5,7],[4,1,4,5],[5,1,5,5],[6,0,6,9],[8,9,9,9],[10,9,11,9],[12,9,13,9],[14,9,15,9],[16,9,17,9],[18,9,19,9],[24,9,25,9],[26,9,27,9],[29,0,29,9],[47,10,47,11],[49,0,49,9],[50,0,50,9],[51,0,51,6],[52,0,52,6],[53,0,53,6],[54,0,54,6]],"flags":["formulas_cached_only"]}
["ESTADO DE MATO GROSSO"]
["PREFEITURA MUNICIPAL DE SÃO JOSÉ DOS QUATRO MARCOS"]
["OBRA:","PAVIMENTAÇÃO ASFALTICA",{"$nulls":4},"REFERENCIA:",null,0,"BDI NÃO DES"]
["LOCAL:","JARDIM ZEFERINO",{"$nulls":4},"SINAPI 09/2024 ANP 08/2024  SICRO 04/2024",null,{"v":0,"d":"0.00%"},{"v":0.2223,"d":"22.23%"}]
["PROPR.:","PREFEITURA MUNICIPAL DE SÃO JOSÉ DOS QUATRO MARCOS",{"$nulls":6},0,"DIFERENCIADO"]
["ÁREA (M²):",{"v":4561.4,"d":"4,561.40"},{"$nulls":6},{"v":0,"d":"0.00%"},{"v":0.15,"d":"15.00%"}]
["SINALIZAÇÃO HORIZONTAL E VERTICAL"]
["1-MEMORIAL DE CÁLCULO DO FORNECIMENTO E IMPLANTAÇÃO DE PLACAS DE SINALIZAÇÃO"]
["1.1","R-01 (Pare)","Área =",0.21,"x",{"v":7,"d":"7.00"},"ud","=",1.47,"m²"]
[]
["1.2","A-32b (faixa ped.)","Área =",0.25,"x",{"v":15,"d":"15.00"},"ud","=",3.75,"m²"]
[]
["1.3","R-05  (∆) (Nome das Ruas)","Área =",0.11,"x",{"v":18,"d":"18.00"},"ud","=",1.98,"m²"]
[]
["1.4","A-2a  (∆) (curva a esquerda)","Área =",0.25,"x",null,"ud","=",{"v":0,"d":"0.00"},"m²"]
[]
["1.5","A-2b  (∆) (curva a direita)","Área =",0.25,"x",null,"ud","=",{"v":0,"d":"0.00"},"m²"]
[]
["1.6","A36  (∆) (animais silvestres)","Área =",0.25,"x",null,"ud","=",{"v":0,"d":"0.00"},"m²"]
[]
["1.7","C.1  (∆) ","Área =",0.11,"x",null,"ud","=",{"v":0,"d":"0.00"},"m²"]
[]
["1.8","C.6  (∆)","Área =",0.11,"x",null,"ud","=",{"v":0,"d":"0.00"},"m²"]
[]
["1.9","R28  (∆) (sentido de pista)","Área =",0.21,"x",null,"ud","=",{"v":0,"d":"0.00"},"m²"]
[]
["1.10","R19  (∆) (Limite de velocidade)","Área =",0.21,"x",null,"ud","=",{"v":0,"d":"0.00"},"m²"]
[]
[{"$nulls":5},"TOTAL",null,null,{"v":7.2,"d":"7.20"},"m²"]
[]
["2-SUPORTE E TRAVESSAS PARA FIXAÇÃO DAS PLACAS"]
["2.1","PLACAS DE SINALIZAÇÃO",null,null,"=",{"v":22,"d":"22.00"},"ud"]
[]
["2.2","PLACAS DE INDICAÇÃO D RUA",null,null,"=",{"v":18,"d":"18.00"},"ud"]
[]
["3-TINTA ACRILICA PARA PINTURA VIÁRIA"]
["3.1","LISTRAS \"SECCIONADAS\" DE 4M",null,"Largura","Comp.","Quant",null,null,"Total"]
["3.1.1",null,null,0.12,{"v":2,"d":"2.00"},{"v":56,"d":"56.00"},null,null,13.44,"m²"]
["3.2","LETREIRO \"PARE\"",null,null,"ÁREA(m²)","Quant",null,null,"Total"]
["3.2.1",{"$nulls":3},4.12,{"v":7,"d":"7.00"},null,null,28.84,"m²"]
["3.3","FAIXAS DE PEDRESTRES",null,null,"Comprim","Largura","Quant","Nr. Bloco","Total"]
["3.3.1",{"$nulls":3},{"v":4,"d":"4.00"},{"v":0.4,"d":"0.40"},{"v":15,"d":"15.00"},{"v":15,"d":"15.00"},{"v":360,"d":"360.00"},"m²"]
["3.5","FAIXA DE RETENÇÃO",null,null,"Comprim","Largura","Quant",null,"Total"]
["3.5.1",{"$nulls":3},{"v":3.2,"d":"3.20"},{"v":0.4,"d":"0.40"},{"v":7,"d":"7.00"},null,8.96,"m²"]
["3.6","LINHA DE APROXIMAÇÃO (AMARELA/BRANCA)",null,null,"Comprim","Largura","Quant",null,"Total"]
["3.6.1",{"$nulls":3},{"v":20,"d":"20.00"},0.12,{"v":7,"d":"7.00"},null,{"v":16.8,"d":"16.80"},"m²"]
["3.9","FAIXAS D BORDO",null,null,"Comprim.","Largura",null,null,"Total"]
["3.9.1","(Extensão do meio fio)",null,null,{"v":1355.38,"d":"1,355.38"},0.1,null,null,135.54,"m²"]
[{"$nulls":5},"TOTAL ",null,null,563.58,"m²"]
[]
["RESUMO"]
["PLACAS DE SINALIZAÇÃO VERTICAL - IDENTIFICAÇÃO DE RUAS",{"$nulls":7},{"v":18,"d":"18.00"},"UND"]
["PLACAS DE SINALIZAÇÃO VERTICAL - REGULAMENTAIS",{"$nulls":7},5.22,"M²"]
["SUPORTE PARA PLACA DE SINALIZAÇÃO VERTICAL",{"$nulls":7},{"v":40,"d":"40.00"},"UND"]
["SINALIZAÇÃO HORIZONTAL - PINTURA ACRILICA",{"$nulls":7},563.58,"M²"]
[]
[]
[]
[null,"LUIZ GUILHERME CADORE SILVA"]
[null,"ENGº CIVIL / FISCAL DE OBRAS"]
[null,"CREA MT041303"]

{"sheet":"Mem. Calc.","index":13,"n_rows":66,"n_cols":6,"rows_kept":66,"merged":[[0,0,0,4],[1,0,1,4],[3,2,5,2],[3,6,4,7],[3,8,4,9],[3,12,5,15],[6,0,6,4]],"flags":["formulas_cached_only"]}
["ESTADO DE MATO GROSSO"]
["PREFEITURA MUNICIPAL DE SÃO JOSÉ DOS QUATRO MARCOS"]
["Obra: ","PAVIMENTAÇÃO ASFALTICA","REFERENCIA:",null,"BDI NÃO DES"]
["Local: ","JARDIM ZEFERINO","SINAPI 09/2024 ANP 08/2024  SICRO 04/2024",null,{"v":0.2223,"d":"22.23%"}]
["PROPR.:","PREFEITURA MUNICIPAL DE SÃO JOSÉ DOS QUATRO MARCOS",null,null,"DIFERENCIADO"]
["ÁREAS:",{"v":5174.32,"d":"5,174.32"},null,null,{"v":0.15,"d":"15.00%"}]
["MEMÓRIA DE CÁLCULO"]
["ITEM","DESCRIÇÃO","UNIDADE","CALCULO","QUANT."]
[1,"SERVIÇOS PRELIMINARES GERAL"]
["1.1","EXECUÇÃO DE DEPÓSITO EM CANTEIRO DE OBRA EM CHAPA DE MADEIRA COMPENSADA, NÃO INCLUSO MOBILIÁRIO. AF_04/2016 ","M2","3X3",{"v":9,"d":"9.00"}]
["1.2","PLACA DE OBRA EM CHAPA DE ACO GALVANIZADO","M2","=5,0*2,5",{"v":12.5,"d":"12.50"}]
[2,"ADMINISTRAÇÃO LOCAL  "]
["2.1","ADMINISTRAÇÃO LOCAL DA OBRA","UND","Ver Planilha de Composição",{"v":1,"d":"1.00"},{"$error":"#REF!"}]
[3,"DRENAGEM DE ÁGUAS PLUVIAIS"]
["3.1","MOVIMENTO DE TERRA"]
["3.1.1","ESCAVAÇÃO MECANIZADA DE VALA COM PROF. ATÉ 1,5 M (MÉDIA MONTANTE E JUSANTE/UMA COMPOSIÇÃO POR TRECHO), ESCAVADEIRA (0,8 M3), LARG. DE 1,5 M A 2,5 M, EM SOLO DE 1A CATEGORIA, LOCAIS COM BAIXO NÍVEL DE INTERFERÊNCIA. AF_09/2024","M3","Ver Planilha de Composição",195.14]
["3.1.2","ESCAVAÇÃO MECANIZADA DE VALA COM PROF. MAIOR QUE 1,5 M E ATÉ 3,0 M(MÉDIA MONTANTE E JUSANTE/UMA COMPOSIÇÃO POR TRECHO), ESCAVADEIRA (0,8 M3), LARG. MENOR QUE 1,5 M, EM SOLO DE 1A CATEGORIA, LOCAIS COM BAIXO NÍVEL DE INTERFERÊNCIA. AF_09/2024","M3","Ver Planilha de Composição",{"v":1709.08,"d":"1,709.08"}]
["3.1.3","ESCORAMENTO DE VALA, TIPO DESCONTÍNUO, COM PROFUNDIDADE DE 0 A 1,5 M, LARGURA MENOR QUE 1,5 M. AF_08/2020","M2","Ver Planilha de Composição",{"v":221.2,"d":"221.20"}]
["3.1.4","LASTRO COM MATERIAL GRANULAR (AREIA MÉDIA), APLICADO EM PISOS OU LAJES SOBRE SOLO, ESPESSURA DE *10 CM*. AF_01/2024","M3","Ver Planilha de Composição",{"v":4.8,"d":"4.80"}]
["3.1.5","REATERRO MECANIZADO DE VALA COM RETROESCAVADEIRA (CAPACIDADE DA CAÇAMBA   DA RETRO: 0,26 M³/POTÊNCIA: 88 HP), LARGURA 0,8 A 1,5 M, PROFUNDIDADE ATÉ 1,5 M, COM SOLO (SEM SUBSTITUIÇÃO) DE 1ª CATEGORIA, COM COMPACTADOR DE SOLOS DE PERCUSSÃO AF_08/2023","M3","Ver Planilha de Composição",135.67]
["3.1.6","REATERRO MECANIZADO DE VALA COM RETROESCAVADEIRA (CAPACIDADE DA CAÇAMBA   DA RETRO: 0,26 M³/POTÊNCIA: 88 HP), LARGURA 0,8 A 1,5 M, PROFUNDIDADE 1,5 A 3,0 M, COM SOLO (SEM SUBSTITUIÇÃO) DE 1ª CATEGORIA E COMPACTADOR DE SOLOS DE PERCUSSÃO. AF_08/2023","M3","Ver Planilha de Composição",{"v":1693.12,"d":"1,693.12"}]
["3.2","FORNECIMENTO E ASSENTAMENTO DE TUBOS"]
["3.2.1","TUBO DE CONCRETO PARA REDES COLETORAS DE ÁGUAS PLUVIAIS, DIÂMETRO DE 400 MM, JUNTA RÍGIDA, INSTALADO EM LOCAL COM BAIXO NÍVEL DE INTERFERÊNCIAS - FORNECIMENTO E ASSENTAMENTO. AF_03/2024","M","Ver Planilha de Composição",{"v":48,"d":"48.00"}]
["3.2.2","TUBO DE CONCRETO PARA REDES COLETORAS DE ÁGUAS PLUVIAIS, DIÂMETRO DE 1000 MM, JUNTA RÍGIDA, INSTALADO EM LOCAL COM BAIXO NÍVEL DE INTERFERÊNCIAS - FORNECIMENTO E ASSENTAMENTO. AF_03/2024","M","Ver Planilha de Composição",{"v":474,"d":"474.00"}]
["3.3","ELEMENTOS AUXILIARES"]
["3.3.1","Poço de visita - PVI 04 - areia e brita comerciais","un","Ver Planilha de Composição",{"v":7,"d":"7.00"}]
["3.3.2","CHAMINÉ CIRCULAR PARA POÇO DE VISITA PARA ESGOTO, EM ALVENARIA COM TIJOLOS CERÂMICOS MACIÇOS, DIÂMETRO INTERNO = 0,6 M. AF_12/2020","M","Ver Planilha de Composição",{"v":7,"d":"7.00"}]
["3.3.3","TAMPÃO FERRO FUNDIDO ARTICULADO TDA-600MM, 300KG/CM², P/POÇO DE VISITAS E CAIXAS .FORNECIMENTO INSTALAÇÃO. 09141/ORSE","UND","Ver Planilha de Composição",{"v":7,"d":"7.00"}]
["3.3.4","CAIXA PARA BOCA DE LOBO SIMPLES RETANGULAR, EM ALVENARIA COM TIJOLOS CERÂMICOS MACIÇOS, DIMENSÕES INTERNAS: 0,6X1X1,2 M. AF_12/2020","UN","Ver Planilha de Composição",{"v":8,"d":"8.00"}]
["3.3.5","Dissipador de energia - DEB 05 - areia, brita e pedra de mão comerciais","un","Ver Planilha de Composição",{"v":1,"d":"1.00"}]
["3.3.6","SINALIZAÇÃO NOTURNA COM TELA TAPUME PVC, BALDE PLÁSTICO FIAÇÃO E LÂMPADA, REUTILIZAÇÃO 7 VEZES","M     ","Ver Planilha de Composição",{"v":12,"d":"12.00"},{"v":0,"d":"0.00%"}]
[4,"PAVIMENTAÇÃO EM TSD"]
["4.1","TERRAPLANAGEM"]
["4.1.1","ESCAVACAO MECANICA DE MATERIAL 1A. CATEGORIA, PROVENIENTE DE CORTE DE SUBLEITO (C/TRATOR ESTEIRAS  160HP)","M³","Ver Planilha de Cubação                    Material de Corte",{"v":1945.8,"d":"1,945.80"}]
["4.1.2","TRANSPORTE COM CAMINHÃO BASCULANTE DE 14 M³, EM VIA URBANA EM REVESTIMENTO PRIMÁRIO (UNIDADE: M3XKM). AF_07/2020","M3XKM","Ver Planilha de Cubação                 Transporte de Bota Fora",{"v":3891.6,"d":"3,891.60"}]
["4.3","PAVIMENTAÇÃO"]
["4.3.1","REGULARIZACAO E COMPACTACAO DE SUBLEITO ATE 20 CM DE ESPESSURA","M2","Área da terraplenagem do pav. ",{"v":5174.32,"d":"5,174.32"}]
["4.3.2","ESCAVACAO MECANICA DE MATERIAL 1A. CATEGORIA, PROVENIENTE DE CORTE DE SUBLEITO (C/TRATOR ESTEIRAS  160HP)","M³","volume da base+sub-base",{"v":1945.8,"d":"1,945.80"}]
["4.3.3","TRANSPORTE COM CAMINHÃO BASCULANTE DE 14 M³, EM VIA URBANA EM REVESTIMENTO PRIMÁRIO (UNIDADE: M3XKM). AF_07/2020","M3XKM","Ver Planilha de Base e SubBase* fator de empolamento (10,00%)",{"v":3638.66,"d":"3,638.66"}]
["4.3.4","TRANSPORTE COM CAMINHÃO BASCULANTE DE 14 M³, EM VIA URBANA PAVIMENTADA, ADICIONAL PARA DMT EXCEDENTE A 30 KM (UNIDADE: M3XKM). AF_07/2020","M3XKM","Ver Planilha de Base e SubBase* fator de empolamento (10,00%)",{"v":3210.57,"d":"3,210.57"}]
["4.3.5","EXECUÇÃO E COMPACTAÇÃO DE BASE E OU SUB BASE COM SOLO ESTABILIZADO GRANULOMETRICAMENTE - EXCLUSIVE ESCAVAÇÃO, CARGA E TRANSPORTE E SOLO. AF_09/2017\n","M2","Ver Planilha de Base e SubBase",{"v":972.9,"d":"972.90"}]
["4.3.6","EXECUÇÃO E COMPACTAÇÃO DE BASE E OU SUB BASE COM SOLO ESTABILIZADO GRANULOMETRICAMENTE - EXCLUSIVE ESCAVAÇÃO, CARGA E TRANSPORTE E SOLO. AF_09/2017\n","M2","Ver Planilha de Base e SubBase",{"v":972.9,"d":"972.90"}]
["4.3.7","IMPRIMACAO DE BASE DE PAVIMENTACAO SEM EMULSAO CM-30","M2","área de pavimentação",{"v":4561.4,"d":"4,561.40"}]
["4.3.8","PAVIMENTO COM TRATAMENTO SUPERFICIAL DUPLO, COM EMULSÃO ASFÁLTICA RR-2C, COM CAPA SELANTE. AF_01/2020","M2","área de pavimentação",{"v":4561.4,"d":"4,561.40"}]
["4.3.9","TRANSPORTE COM CAMINHÃO TANQUE DE TRANSPORTE DE MATERIAL ASFÁLTICO DE 30000 L, EM VIA URBANA PAVIMENTADA, DMT ATÉ 30KM (UNIDADE: TXKM). AF_07/2020","TXKM","Ver Quantitativo de Transporte (CM30 + RR-2C)",{"v":821.1,"d":"821.10"}]
["4.3.10","TRANSPORTE COM CAMINHÃO TANQUE DE TRANSPORTE DE MATERIAL ASFÁLTICO DE 30000 L, EM VIA URBANA PAVIMENTADA, ADICIONAL PARA DMT EXCEDENTE A 30 KM (UNIDADE: TXKM). AF_07/2020","TXKM","Ver Quantitativo de Transporte (CM30 + RR-2C)",{"v":7690.97,"d":"7,690.97"}]
["4.3.11","TRANSPORTE COM CAMINHÃO BASCULANTE DE 10 M³, EM VIA URBANA PAVIMENTADA, DMT ATÉ 30 KM (UNIDADE: TXKM). AF_07/2020","TXKM","Ver Quantitativo de Transporte (Brita)",{"v":6111.3,"d":"6,111.30"}]
["4.3.12","TRANSPORTE COM CAMINHÃO BASCULANTE DE 10 M³, EM VIA URBANA PAVIMENTADA, ADICIONAL PARA DMT EXCEDENTE A 30 KM (UNIDADE: TXKM). AF_07/2020","TXKM","Ver Quantitativo de Transporte (Brita)",{"v":20778.42,"d":"20,778.42"}]
["4.4","OBRAS COMPLEMENTARES DE PAVIMENTAÇÃO"]
["4.4.1","GUIA (MEIO-FIO) E SARJETA CONJUGADOS DE CONCRETO, MOLDADA  IN LOCO  EM TRECHO RETO COM EXTRUSORA, 45 CM BASE (15 CM BASE DA GUIA + 30 CM BASE DA SARJETA) X 22 CM ALTURA. AF_01/2024","M","Extensão total do meio fio Com sarjeta",{"v":1278.57,"d":"1,278.57"}]
["4.4.2","GUIA (MEIO-FIO) E SARJETA CONJUGADOS DE CONCRETO, MOLDADA  IN LOCO  EM TRECHO CURVO COM EXTRUSORA, 45 CM BASE (15 CM BASE DA GUIA + 30 CM BASE DA SARJETA) X 22 CM ALTURA. AF_01/2024","M","Ver projeto Loc. Meio Fio",76.81]
["4.4.3","PREPARO DE FUNDO DE VALA COM LARGURA MENOR QUE 1,5 M (ACERTO DO SOLO NATURAL). AF_08/2020","M2","Ver projeto Loc. Meio Fio",609.92]
["4.4.4","Piso tátil direcional e/ou alerta, de concreto, na cor natural, p/deficientes visuais, dimensões 25x25cm, aplicado com argamassa industrializada ac-ii, rejuntado, exclusive regularização de base","m²","=Nº DE RAMPAS X Nº DE PISO POR RAMPA X AREA UNITARIA DE PISO",33.75]
["4.4.5","EXECUÇÃO DE PASSEIO (CALÇADA) OU PISO DE CONCRETO COM CONCRETO MOLDADO IN LOCO, FEITO EM OBRA, ACABAMENTO CONVENCIONAL, NÃO ARMADO. AF_08/2022","M3","=EXT MEIO FIO X 1,50 X 0,05",101.65]
["4.5","SINALIZAÇÃO VIÁRIA"]
["4.5.1","Suporte metálico galvanizado para placa de advertência ou regulamentação - lado ou diâmetro de 0,80 m - fornecimento e implantação","un","=PLACA A-32b +( R-05 / 2)",{"v":24,"d":"24.00"}]
["4.5.2","Suporte metálico galvanizado para placa de regulamentação - R2 - lado de 1,20 m - fornecimento e implantação","un","=PLACAS R-01",{"v":7,"d":"7.00"}]
["4.5.3","PLACA DE SINALIZACAO EM CHAPA DE ACO NUM 16 COM PINTURA REFLETIVA - FORNECIMENTO E INSTALAÇÃO","M2","=PLACA R-01 + A-32b",5.22]
["4.5.4","Placa em aço - película I + I - fornecimento e implantação","m²","=PLACA DE NOME DE VIAS",1.98]
["4.5.5","Pintura de faixa com termoplástico por aspersão - espessura de 1,5 mm","m²","Ver planilha de sinalização",563.58]
[]
[]
[]
[null,"LUIZ GUILHERME CADORE SILVA"]
[null,"ENGº CIVIL / FISCAL DE OBRAS"]
[null,"CREA MT041303"]

{"sheet":"Orçam.","index":14,"n_rows":86,"n_cols":11,"rows_kept":86,"merged":[[0,0,0,10],[1,0,1,10],[2,1,2,7],[2,8,2,9],[3,1,3,7],[3,8,5,9],[4,1,4,7],[5,1,5,7],[5,13,5,14],[6,0,6,10],[6,13,8,14],[7,0,8,0],[7,1,8,1],[7,2,8,2],[7,3,8,3],[7,4,8,4],[7,5,8,5],[7,6,8,6],[7,7,8,7],[7,8,7,10],[80,6,80,9],[81,6,81,9],[85,6,85,9]],"flags":["formulas_cached_only"]}
["ESTADO DE MATO GROSSO"]
["PREFEITURA MUNICIPAL DE SÃO JOSÉ DOS QUATRO MARCOS"]
["OBRA:","PAVIMENTAÇÃO ASFALTICA",{"$nulls":6},"REFERENCIA:",null,"BDI NÃO DES"]
["LOCAL:","JARDIM ZEFERINO",{"$nulls":6},"SINAPI 09/2024 ANP 08/2024  SICRO 04/2024",null,{"v":0.2223,"d":"22.23%"}]
["PROPR.:","PREFEITURA MUNICIPAL DE SÃO JOSÉ DOS QUATRO MARCOS",{"$nulls":8},"DIFERENCIADO"]
["ÁREA (m²):",{"v":4561.4,"d":"4,561.40"},{"$nulls":8},{"v":0.15,"d":"15.00%"}]
["PLANILHA ORÇAMENTÁRIA"]
["ITEM","CODIGO","FONTE","DESCRIÇÃO DO ITEM","UNID","QUANT APROVADO ","QUANT. EXECUTADO/SUPRIMIDO","QUANT. FINAL","SISTEMA NÃO DESONERADO"]
[{"$nulls":8},"PREÇO UNIT SEM BDI","PREÇO UNIT COM BDI","VALOR PARCIAL              COM BDI"]
[1,null,null,"SERVIÇOS PRELIMINARES"]
["1.1","COMP 19","PROPRIA","EXECUÇÃO DE DEPÓSITO EM CANTEIRO DE OBRA EM CHAPA DE MADEIRA COMPENSADA, NÃO INCLUSO MOBILIÁRIO. AF_04/2016 ","M2",{"v":9,"d":"9.00"},null,{"v":9,"d":"9.00"},724.35,885.37,{"v":7968.33,"d":"7,968.33"}]
["1.2","COMP 01","PROPRIA","PLACA DE OBRA EM CHAPA DE ACO GALVANIZADO","M2",{"v":12.5,"d":"12.50"},null,{"v":12.5,"d":"12.50"},{"v":505.1,"d":"505.10"},617.38,{"v":7717.25,"d":"7,717.25"}]
[{"$nulls":3},"TOTAL DO ITEM",{"$nulls":6},{"v":15685.58,"d":"15,685.58"}]
[2,null,null,"ADMINISTRAÇÃO LOCAL  "]
["2.1","COMP 14",null,"ADMINISTRAÇÃO LOCAL DA OBRA","UND",{"v":1,"d":"1.00"},null,{"v":1,"d":"1.00"},{"v":33139.8,"d":"33,139.80"},{"v":40506.78,"d":"40,506.78"},{"v":40506.78,"d":"40,506.78"}]
[{"$nulls":3},"TOTAL DO ITEM",{"$nulls":6},{"v":40506.78,"d":"40,506.78"}]
[3,null,null,"DRENAGEM DE ÁGUAS PLUVIAIS"]
["3.1",null,null,"MOVIMENTO DE TERRA"]
["3.1.1",90091,"SINAPI","ESCAVAÇÃO MECANIZADA DE VALA COM PROF. ATÉ 1,5 M (MÉDIA MONTANTE E JUSANTE/UMA COMPOSIÇÃO POR TRECHO), ESCAVADEIRA (0,8 M3), LARG. DE 1,5 M A 2,5 M, EM SOLO DE 1A CATEGORIA, LOCAIS COM BAIXO NÍVEL DE INTERFERÊNCIA. AF_09/2024","M3",195.14,null,195.14,"5,64",6.89,{"v":1344.51,"d":"1,344.51"}]
["3.1.2",90092,"SINAPI","ESCAVAÇÃO MECANIZADA DE VALA COM PROF. MAIOR QUE 1,5 M E ATÉ 3,0 M(MÉDIA MONTANTE E JUSANTE/UMA COMPOSIÇÃO POR TRECHO), ESCAVADEIRA (0,8 M3), LARG. MENOR QUE 1,5 M, EM SOLO DE 1A CATEGORIA, LOCAIS COM BAIXO NÍVEL DE INTERFERÊNCIA. AF_09/2024","M3",1709.08,null,{"v":1709.08,"d":"1,709.08"},"5,46",6.67,{"v":11399.56,"d":"11,399.56"}]
["3.1.3",101576,"SINAPI","ESCORAMENTO DE VALA, TIPO DESCONTÍNUO, COM PROFUNDIDADE DE 0 A 1,5 M, LARGURA MENOR QUE 1,5 M. AF_08/2020","M2",{"v":221.2,"d":"221.20"},null,{"v":221.2,"d":"221.20"},"37,81",46.22,{"v":10223.86,"d":"10,223.86"}]
["3.1.4",100323,"SINAPI","LASTRO COM MATERIAL GRANULAR (AREIA MÉDIA), APLICADO EM PISOS OU LAJES SOBRE SOLO, ESPESSURA DE *10 CM*. AF_01/2024","M3",{"v":4.8,"d":"4.80"},null,{"v":4.8,"d":"4.80"},"211,34",258.32,{"v":1239.94,"d":"1,239.94"}]
["3.1.5",93379,"SINAPI","REATERRO MECANIZADO DE VALA COM RETROESCAVADEIRA (CAPACIDADE DA CAÇAMBA   DA RETRO: 0,26 M³/POTÊNCIA: 88 HP), LARGURA 0,8 A 1,5 M, PROFUNDIDADE ATÉ 1,5 M, COM SOLO (SEM SUBSTITUIÇÃO) DE 1ª CATEGORIA, COM COMPACTADOR DE SOLOS DE PERCUSSÃO AF_08/2023","M3",135.67,null,135.67,"15,99",19.54,{"v":2650.99,"d":"2,650.99"}]
["3.1.6",93381,"SINAPI","REATERRO MECANIZADO DE VALA COM RETROESCAVADEIRA (CAPACIDADE DA CAÇAMBA   DA RETRO: 0,26 M³/POTÊNCIA: 88 HP), LARGURA 0,8 A 1,5 M, PROFUNDIDADE 1,5 A 3,0 M, COM SOLO (SEM SUBSTITUIÇÃO) DE 1ª CATEGORIA E COMPACTADOR DE SOLOS DE PERCUSSÃO. AF_08/2023","M3",1693.12,null,{"v":1693.12,"d":"1,693.12"},"11,04",13.49,{"v":22840.19,"d":"22,840.19"}]
[{"$nulls":3},"TOTAL DO ITEM",{"$nulls":6},{"v":49699.05,"d":"49,699.05"}]
["3.2",null,null,"FORNECIMENTO E ASSENTAMENTO DE TUBOS"]
["3.2.1",92210,"SINAPI","TUBO DE CONCRETO PARA REDES COLETORAS DE ÁGUAS PLUVIAIS, DIÂMETRO DE 400 MM, JUNTA RÍGIDA, INSTALADO EM LOCAL COM BAIXO NÍVEL DE INTERFERÊNCIAS - FORNECIMENTO E ASSENTAMENTO. AF_03/2024","M",{"v":48,"d":"48.00"},null,{"v":48,"d":"48.00"},"160,28",195.91,{"v":9403.68,"d":"9,403.68"}]
["3.2.2",92216,"SINAPI","TUBO DE CONCRETO PARA REDES COLETORAS DE ÁGUAS PLUVIAIS, DIÂMETRO DE 1000 MM, JUNTA RÍGIDA, INSTALADO EM LOCAL COM BAIXO NÍVEL DE INTERFERÊNCIAS - FORNECIMENTO E ASSENTAMENTO. AF_03/2024","M",{"v":474,"d":"474.00"},null,{"v":474,"d":"474.00"},"578,50",{"v":707.1,"d":"707.10"},{"v":335165.4,"d":"335,165.40"}]
[{"$nulls":3},"TOTAL DO ITEM",{"$nulls":6},{"v":344569.08,"d":"344,569.08"}]
["3.3",null,null,"ELEMENTOS AUXILIARES"]
["3.3.1",2003684,"SICRO","Poço de visita - PVI 04 - areia e brita comerciais","un",{"v":7,"d":"7.00"},null,{"v":7,"d":"7.00"},{"v":2956.37,"d":"2,956.37"},{"v":3613.57,"d":"3,613.57"},{"v":25294.99,"d":"25,294.99"}]
["3.3.2",98051,"SINAPI","CHAMINÉ CIRCULAR PARA POÇO DE VISITA PARA ESGOTO, EM ALVENARIA COM TIJOLOS CERÂMICOS MACIÇOS, DIÂMETRO INTERNO = 0,6 M. AF_12/2020","M",{"v":7,"d":"7.00"},null,{"v":7,"d":"7.00"},"1.054,89",{"v":1289.39,"d":"1,289.39"},{"v":9025.73,"d":"9,025.73"}]
["3.3.3","COMP 17","PROPRIA","TAMPÃO FERRO FUNDIDO ARTICULADO TDA-600MM, 300KG/CM², P/POÇO DE VISITAS E CAIXAS .FORNECIMENTO INSTALAÇÃO. 09141/ORSE","UND",{"v":7,"d":"7.00"},null,{"v":7,"d":"7.00"},234.67,286.84,{"v":2007.88,"d":"2,007.88"}]
["3.3.4",97949,"SINAPI","CAIXA PARA BOCA DE LOBO SIMPLES RETANGULAR, EM ALVENARIA COM TIJOLOS CERÂMICOS MACIÇOS, DIMENSÕES INTERNAS: 0,6X1X1,2 M. AF_12/2020","UN",{"v":8,"d":"8.00"},null,{"v":8,"d":"8.00"},"2.025,42",{"v":2475.67,"d":"2,475.67"},{"v":19805.36,"d":"19,805.36"}]
["3.3.5",2003457,"SICRO","Dissipador de energia - DEB 05 - areia, brita e pedra de mão comerciais","un",{"v":1,"d":"1.00"},null,{"v":1,"d":"1.00"},{"v":2857.58,"d":"2,857.58"},{"v":3492.82,"d":"3,492.82"},{"v":3492.82,"d":"3,492.82"}]
["3.3.6","COMP 15","PROPRIA","SINALIZAÇÃO NOTURNA COM TELA TAPUME PVC, BALDE PLÁSTICO FIAÇÃO E LÂMPADA, REUTILIZAÇÃO 7 VEZES","M     ",{"v":12,"d":"12.00"},null,{"v":12,"d":"12.00"},2.61,3.19,38.28]
[{"$nulls":3},"TOTAL DO ITEM",{"$nulls":6},{"v":59665.06,"d":"59,665.06"}]
[4,null,null,"PAVIMENTAÇÃO EM TSD"]
["4.1",null,null,"TERRAPLENAGEM"]
["4.1.1","COMP 12","SINAPI","ESCAVACAO MECANICA DE MATERIAL 1A. CATEGORIA, PROVENIENTE DE CORTE DE SUBLEITO (C/TRATOR ESTEIRAS  160HP)","M³",{"v":1945.8,"d":"1945.80"},1017.82,927.98,{"v":2.2,"d":"2.20"},2.69,{"v":2496.27,"d":"2,496.27"}]
["4.1.2",93592,"SINAPI","TRANSPORTE COM CAMINHÃO BASCULANTE DE 14 M³, EM VIA URBANA EM REVESTIMENTO PRIMÁRIO (UNIDADE: M3XKM). AF_07/2020","M3XKM",{"v":3891.6,"d":"3891.60"},2035.64,{"v":1855.96,"d":"1,855.96"},"2,44",2.98,{"v":5530.76,"d":"5,530.76"}]
[{"$nulls":3},"TOTAL DO ITEM",{"$nulls":6},{"v":8027.03,"d":"8,027.03"}]
["4.2",null,null,"AQUISIÇÃO MATERIAL BETUMINOSO"]
["4.2.1","ANP",null,"AQUISIÇÃO DE MATERIAL BETUMINOSO CM-30 (Kg/m²)","T",5.47,null,5.47,{"v":6194.73,"d":"6,194.730"},{"v":7123.94,"d":"7,123.94"},{"v":38967.95,"d":"38,967.95"}]
["4.2.2","ANP",null,"AQUISIÇÃO DE MATERIAL BETUMINOSO RR - 2C (Kg/m²)","T",{"v":21.9,"d":"21.90"},null,{"v":21.9,"d":"21.90"},{"v":3746.48,"d":"3,746.480"},{"v":4308.45,"d":"4,308.45"},{"v":94355.06,"d":"94,355.06"}]
[{"$nulls":10},{"v":133323.01,"d":"133,323.01"}]
["4.3",null,null,"PAVIMENTAÇÃO"]
["4.3.1","COMP 03","PROPRIA","REGULARIZACAO E COMPACTACAO DE SUBLEITO ATE 20 CM DE ESPESSURA","M2",5174.32,null,{"v":5174.32,"d":"5,174.32"},2.13,{"v":2.6,"d":"2.60"},{"v":13453.23,"d":"13,453.23"}]
["4.3.2","COMP 13","PROPRIA","ESCAVACAO MECANICA DE MATERIAL 1A. CATEGORIA, PROVENIENTE DE CORTE DE SUBLEITO (C/TRATOR ESTEIRAS  160HP)","M³",{"v":1945.8,"d":"1945.80"},null,{"v":1945.8,"d":"1,945.80"},{"v":3.9,"d":"3.90"},4.77,{"v":9281.47,"d":"9,281.47"}]
["4.3.3",93592,"SINAPI","TRANSPORTE COM CAMINHÃO BASCULANTE DE 14 M³, EM VIA URBANA EM REVESTIMENTO PRIMÁRIO (UNIDADE: M3XKM). AF_07/2020","M3XKM",29965.32,28019.52,{"v":1945.8,"d":"1,945.80"},"2,44",2.98,{"v":5798.48,"d":"5,798.48"}]
["4.3.4",93593,"SINAPI","TRANSPORTE COM CAMINHÃO BASCULANTE DE 14 M³, EM VIA URBANA PAVIMENTADA, ADICIONAL PARA DMT EXCEDENTE A 30 KM (UNIDADE: M3XKM). AF_07/2020","M3XKM",25256.47,21617.81,{"v":3638.66,"d":"3,638.66"},"0,89",1.09,{"v":3966.14,"d":"3,966.14"}]
["4.3.5","COMP 07","PROPRIA","EXECUÇÃO E COMPACTAÇÃO DE BASE E OU SUB BASE COM SOLO ESTABILIZADO GRANULOMETRICAMENTE - EXCLUSIVE ESCAVAÇÃO, CARGA E TRANSPORTE E SOLO. AF_09/2017\n","M2",{"v":972.9,"d":"972.90"},null,{"v":972.9,"d":"972.90"},8.09,9.89,{"v":9621.98,"d":"9,621.98"}]
["4.3.6","COMP 07","PROPRIA","EXECUÇÃO E COMPACTAÇÃO DE BASE E OU SUB BASE COM SOLO ESTABILIZADO GRANULOMETRICAMENTE - EXCLUSIVE ESCAVAÇÃO, CARGA E TRANSPORTE E SOLO. AF_09/2017\n","M2",{"v":972.9,"d":"972.90"},null,{"v":972.9,"d":"972.90"},8.09,9.89,{"v":9621.98,"d":"9,621.98"}]
["4.3.7","COMP 06","PROPRIA","IMPRIMACAO DE BASE DE PAVIMENTACAO SEM EMULSAO CM-30","M2",{"v":4561.4,"d":"4561.40"},null,{"v":4561.4,"d":"4,561.40"},{"v":0.6,"d":"0.60"},0.73,{"v":3329.82,"d":"3,329.82"}]
["4.3.8","COMP 04","PROPRIA","PAVIMENTO COM TRATAMENTO SUPERFICIAL DUPLO, COM EMULSÃO ASFÁLTICA RR-2C, COM CAPA SELANTE. AF_01/2020","M2",{"v":4561.4,"d":"4561.40"},null,{"v":4561.4,"d":"4,561.40"},7.63,9.33,{"v":42557.86,"d":"42,557.86"}]
["4.3.9",102330,"SINAPI","TRANSPORTE COM CAMINHÃO TANQUE DE TRANSPORTE DE MATERIAL ASFÁLTICO DE 30000 L, EM VIA URBANA PAVIMENTADA, DMT ATÉ 30KM (UNIDADE: TXKM). AF_07/2020","TXKM",{"v":821.1,"d":"821.10"},null,{"v":821.1,"d":"821.10"},"1,46",1.68,{"v":1379.45,"d":"1,379.45"}]
["4.3.10",102331,"SINAPI","TRANSPORTE COM CAMINHÃO TANQUE DE TRANSPORTE DE MATERIAL ASFÁLTICO DE 30000 L, EM VIA URBANA PAVIMENTADA, ADICIONAL PARA DMT EXCEDENTE A 30 KM (UNIDADE: TXKM). AF_07/2020","TXKM",7690.97,null,{"v":7690.97,"d":"7,690.97"},"0,57",0.66,{"v":5076.04,"d":"5,076.04"}]
["4.3.11",95878,"SINAPI","TRANSPORTE COM CAMINHÃO BASCULANTE DE 10 M³, EM VIA URBANA PAVIMENTADA, DMT ATÉ 30 KM (UNIDADE: TXKM). AF_07/2020","TXKM",{"v":6111.3,"d":"6111.30"},null,{"v":6111.3,"d":"6,111.30"},"1,70",2.08,{"v":12711.5,"d":"12,711.50"}]
["4.3.12",93596,"SINAPI","TRANSPORTE COM CAMINHÃO BASCULANTE DE 10 M³, EM VIA URBANA PAVIMENTADA, ADICIONAL PARA DMT EXCEDENTE A 30 KM (UNIDADE: TXKM). AF_07/2020","TXKM",20778.42,null,{"v":20778.42,"d":"20,778.42"},"0,67",0.82,{"v":17038.3,"d":"17,038.30"}]
[{"$nulls":3},"TOTAL DO ITEM",{"$nulls":6},{"v":133836.25,"d":"133,836.25"}]
["4.4",null,null,"OBRAS COMPLEMENTARES"]
["4.4.1",94267,"SINAPI","GUIA (MEIO-FIO) E SARJETA CONJUGADOS DE CONCRETO, MOLDADA  IN LOCO  EM TRECHO RETO COM EXTRUSORA, 45 CM BASE (15 CM BASE DA GUIA + 30 CM BASE DA SARJETA) X 22 CM ALTURA. AF_01/2024","M",1278.57,null,{"v":1278.57,"d":"1,278.57"},"67,77",82.84,{"v":105916.74,"d":"105,916.74"}]
["4.4.2",94268,"SINAPI","GUIA (MEIO-FIO) E SARJETA CONJUGADOS DE CONCRETO, MOLDADA  IN LOCO  EM TRECHO CURVO COM EXTRUSORA, 45 CM BASE (15 CM BASE DA GUIA + 30 CM BASE DA SARJETA) X 22 CM ALTURA. AF_01/2024","M",76.81,null,76.81,"73,16",89.42,{"v":6868.35,"d":"6,868.35"}]
["4.4.3",101616,"SINAPI","PREPARO DE FUNDO DE VALA COM LARGURA MENOR QUE 1,5 M (ACERTO DO SOLO NATURAL). AF_08/2020","M2",609.92,null,609.92,"5,90",7.21,{"v":4397.52,"d":"4,397.52"}]
["4.4.4","COMP 18","PROPRIA","Piso tátil direcional e/ou alerta, de concreto, na cor natural, p/deficientes visuais, dimensões 25x25cm, aplicado com argamassa industrializada ac-ii, rejuntado, exclusive regularização de base","m²",33.75,null,33.75,7.82,9.56,322.65]
["4.4.5",94990,"SINAPI","EXECUÇÃO DE PASSEIO (CALÇADA) OU PISO DE CONCRETO COM CONCRETO MOLDADO IN LOCO, FEITO EM OBRA, ACABAMENTO CONVENCIONAL, NÃO ARMADO. AF_08/2022","M3",101.65,null,101.65,"882,11",{"v":1078.2,"d":"1,078.20"},{"v":109599.03,"d":"109,599.03"}]
[{"$nulls":3},"TOTAL DO ITEM",{"$nulls":6},{"v":227104.29,"d":"227,104.29"}]
["4.5",null,null,"SINALIZAÇÃO VIÁRIA"]
["4.5.1",5213864,"SICRO","Suporte metálico galvanizado para placa de advertência ou regulamentação - lado ou diâmetro de 0,80 m - fornecimento e implantação","un",{"v":24,"d":"24.00"},null,{"v":24,"d":"24.00"},476.31,582.19,{"v":13972.56,"d":"13,972.56"}]
["4.5.2",5213862,"SICRO","Suporte metálico galvanizado para placa de regulamentação - R2 - lado de 1,20 m - fornecimento e implantação","un",{"v":7,"d":"7.00"},null,{"v":7,"d":"7.00"},551.03,673.52,{"v":4714.64,"d":"4,714.64"}]
["4.5.3","COMP 09","PROPRIA","PLACA DE SINALIZACAO EM CHAPA DE ACO NUM 16 COM PINTURA REFLETIVA - FORNECIMENTO E INSTALAÇÃO","M2",5.22,null,5.22,930.89,{"v":1137.83,"d":"1,137.83"},{"v":5939.47,"d":"5,939.47"}]
["4.5.4",5213570,"SICRO","Placa em aço - película I + I - fornecimento e implantação","m²",1.98,null,1.98,463.61,566.67,{"v":1122.01,"d":"1,122.01"}]
["4.5.5",5213408,"SICRO","Pintura de faixa com termoplástico por aspersão - espessura de 1,5 mm","m²",563.58,null,563.58,49.09,{"v":60,"d":"60.00"},{"v":33814.8,"d":"33,814.80"}]
[{"$nulls":3},"TOTAL DO ITEM",{"$nulls":6},{"v":59563.48,"d":"59,563.48"}]
[]
[]
["TOTAL DA PLANILHA",{"$nulls":9},{"v":1071979.61,"d":"1,071,979.61"}]
[]
[]
[]
[null,"LUIZ GUILHERME CADORE SILVA",{"$nulls":4},"QUANTIDADES EXECUTADAS"]
[null,"ENGº CIVIL / FISCAL DE OBRAS",{"$nulls":4},"QUANTIDADES SUPRIMIDAS"]
[null,"CREA MT041303"]
[]
[]
[{"$nulls":6},"ITENS COM BDI DIFERENCIADO"]

{"sheet":"Resumo","index":15,"n_rows":34,"n_cols":8,"rows_kept":34,"hidden":true,"merged":[[0,0,0,7],[1,0,1,7],[2,1,2,2],[2,3,2,4],[2,6,2,7],[3,1,3,2],[3,3,5,4],[3,6,3,7],[4,1,4,2],[4,6,4,7],[5,1,5,2],[5,6,5,7],[6,0,6,7],[7,0,8,0],[7,1,8,3],[7,4,7,5],[7,6,7,7],[9,1,9,3],[10,1,10,3],[11,1,11,3],[12,1,12,3],[13,1,13,3],[14,1,14,3],[15,1,15,3],[16,1,16,3],[17,1,17,3],[18,1,18,3],[19,1,19,3],[20,1,20,3],[21,1,21,3],[22,1,22,3],[23,1,23,3],[24,1,24,3],[25,1,25,3],[26,1,26,3]],"flags":["formulas_cached_only"]}
["ESTADO DE MATO GROSSO"]
["PREFEITURA MUNICIPAL DE SÃO JOSÉ DOS QUATRO MARCOS"]
["Obra: ","PAVIMENTAÇÃO ASFALTICA",null,"REFERENCIA:",null,0,"BDI NÃO DES"]
["Local: ","JARDIM ZEFERINO",null,"SINAPI 09/2024 ANP 08/2024  SICRO 04/2024",null,{"v":0,"d":"0.00%"},{"v":0.2223,"d":"22.23%"}]
["PROPR.:","PREFEITURA MUNICIPAL DE SÃO JOSÉ DOS QUATRO MARCOS",{"$nulls":3},0,"DIFERENCIADO"]
["ÁREAS:",{"v":5174.32,"d":"5,174.32"},{"$nulls":3},{"v":0,"d":"0.00%"},{"v":0.15,"d":"15.00%"}]
["RESUMO SINTÉTICO"]
["ITEM","DESCRIÇÃO DOS SERVIÇOS",null,null,"DESONERADO",null,"NÃO DESONERADO"]
[{"$nulls":4},"VALOR ÍTEM","%","VALOR ÍTEM","%"]
[]
[1,"SERVIÇOS PRELIMINARES",null,null,{"$error":"#REF!"},{"$error":"#REF!"},{"v":15685.58,"d":"15,685.58"},{"v":0.0146,"d":"1.46%"}]
[]
[2,"ADMINISTRAÇÃO LOCAL  ",null,null,{"$error":"#REF!"},{"$error":"#REF!"},{"v":40506.78,"d":"40,506.78"},{"v":0.0378,"d":"3.78%"}]
[]
[3,"DRENAGEM DE ÁGUAS PLUVIAIS"]
["3.1","MOVIMENTO DE TERRA",null,null,{"$error":"#REF!"},{"$error":"#REF!"},{"v":49699.05,"d":"49,699.05"},{"v":0.0464,"d":"4.64%"}]
["3.2","FORNECIMENTO E ASSENTAMENTO DE TUBOS",null,null,{"$error":"#REF!"},{"$error":"#REF!"},{"v":344569.08,"d":"344,569.08"},{"v":0.3214,"d":"32.14%"}]
["3.3","ELEMENTOS AUXILIARES",null,null,{"$error":"#REF!"},{"$error":"#REF!"},{"v":59665.06,"d":"59,665.06"},{"v":0.0557,"d":"5.57%"}]
[]
[4,"PAVIMENTAÇÃO EM TSD"]
["4.1","TERRAPLENAGEM",null,null,{"$error":"#REF!"},{"$error":"#REF!"},{"v":8027.03,"d":"8,027.03"},{"v":0.0075,"d":"0.75%"}]
["4.2","AQUISIÇÃO MATERIAL BETUMINOSO",null,null,{"$error":"#REF!"},{"$error":"#REF!"},{"v":133323.01,"d":"133,323.01"},{"v":0.1244,"d":"12.44%"}]
["4.3","PAVIMENTAÇÃO",null,null,{"$error":"#REF!"},{"$error":"#REF!"},{"v":133836.25,"d":"133,836.25"},{"v":0.1248,"d":"12.48%"}]
["4.4","OBRAS COMPLEMENTARES",null,null,{"$error":"#REF!"},{"$error":"#REF!"},{"v":227104.29,"d":"227,104.29"},{"v":0.2119,"d":"21.19%"}]
["4.5","SINALIZAÇÃO VIÁRIA",null,null,{"$error":"#REF!"},{"$error":"#REF!"},{"v":59563.48,"d":"59,563.48"},{"v":0.0556,"d":"5.56%"}]
[]
[null,"TOTAL",null,null,{"$error":"#REF!"},{"$error":"#REF!"},{"v":1071979.61,"d":"1,071,979.61"},{"v":1,"d":"100.0%"}]
[]
[]
[]
[]
[null,"LUIZ GUILHERME CADORE SILVA"]
[null,"ENGº CIVIL / FISCAL DE OBRAS"]
[null,"CREA MT041303"]

{"sheet":"COMP SINAPI","index":16,"n_rows":240,"n_cols":7,"rows_kept":240,"merged":[[0,0,0,5],[1,0,1,5],[2,2,2,3],[2,4,2,5],[3,2,5,3],[3,4,3,5],[4,4,4,5],[5,4,5,5],[7,0,7,5],[9,4,9,5]],"flags":["formulas_cached_only"]}
["ESTADO DE MATO GROSSO"]
["PREFEITURA MUNICIPAL DE SÃO JOSÉ DOS QUATRO MARCOS"]
["OBRA:","PAVIMENTAÇÃO ASFALTICA","REFERENCIA:",null,"BDI NÃO DES"]
["LOCAL:","JARDIM ZEFERINO","SINAPI 09/2024 ANP 08/2024  SICRO 04/2024",null,{"v":0.2223,"d":"22.23%"}]
["PROPR.:","PREFEITURA MUNICIPAL DE SÃO JOSÉ DOS QUATRO MARCOS",null,null,"DIFERENCIADO"]
["ÁREA (M²):",{"v":5174.32,"d":"5,174.32"},null,null,{"v":0.15,"d":"15.00%"}]
[]
["COMPOSIÇÃO DE CUSTOS UNITÁRIOS"]
[]
["COMP 01","PLACA DE OBRA EM CHAPA DE ACO GALVANIZADO","M2","Qtde ","SISTEMA NÃO DESON"]
["Cód. Sinapi","Equipamentos                  ",null,null,"Custo Unit ","Custo Total "]
[4417,"SARRAFO NAO APARELHADO *2,5 X 7* CM, EM MACARANDUBA/MASSARANDUBA, ANGELIM, PEROBA-ROSA OU EQUIVALENTE DA REGIAO - BRUTA                                                                                                                                                                                                                                                                                                                                                                                   ","M     ",{"v":1,"d":"1.00"},"6,42",6.42]
[4491,"PONTALETE *7,5 X 7,5* CM EM PINUS, MISTA OU EQUIVALENTE DA REGIAO - BRUTA                                                                                                                                                                                                                                                                                                                                                                                                                                 ","M     ",{"v":4,"d":"4.00"},"11,58",46.32]
[4813,"PLACA DE OBRA (PARA CONSTRUCAO CIVIL) EM CHAPA GALVANIZADA *N. 22*, ADESIVADA, DE *2,4 X 1,2* M (SEM POSTES PARA FIXACAO)                                                                                                                                                                                                                                                                                                                                                                                 ","M2    ",{"v":1,"d":"1.00"},"400,00",{"v":400,"d":"400.00"}]
[5075,"PREGO DE ACO POLIDO COM CABECA 18 X 30 (2 3/4 X 10)                                                                                                                                                                                                                                                                                                                                                                                                                                                       ","KG    ",0.11,"18,51",2.03]
[88262,"CARPINTEIRO DE FORMAS COM ENCARGOS COMPLEMENTARES","H",{"v":1,"d":"1.00"},"25,26",25.26]
[88316,"SERVENTE COM ENCARGOS COMPLEMENTARES","H",{"v":1,"d":"1.00"},"20,32",20.32]
[94962,"CONCRETO MAGRO PARA LASTRO, TRAÇO 1:4,5:4,5 (EM MASSA SECA DE CIMENTO/ AREIA MÉDIA/ BRITA 1) - PREPARO MECÂNICO COM BETONEIRA 400 L. AF_05/2021","M3",0.01,"475,05",4.75]
["TOTAL DO ITEM COMP 01",{"$nulls":4},{"v":505.1,"d":"505.100 "}]
[]
[]
["COMP 03","REGULARIZACAO E COMPACTACAO DE SUBLEITO ATE 20 CM DE ESPESSURA","M2",null,"SISTEMA NÃO DESON"]
["REFERENCIA: SINAPI - 72961"]
["Cód. Sinapi","Equipamentos                  ","Unid ","Qtde ","Custo Unit ","Custo Total "]
[5901,"CAMINHÃO PIPA 10.000 L TRUCADO, PESO BRUTO TOTAL 23.000 KG, CARGA ÚTIL MÁXIMA 15.935 KG, DISTÂNCIA ENTRE EIXOS 4,8 M, POTÊNCIA 230 CV, INCLUSIVE TANQUE DE AÇO PARA TRANSPORTE DE ÁGUA - CHP DIURNO. AF_06/2014","CHP","0,0016109","321,94",0.51]
[5903,"CAMINHÃO PIPA 10.000 L TRUCADO, PESO BRUTO TOTAL 23.000 KG, CARGA ÚTIL MÁXIMA 15.935 KG, DISTÂNCIA ENTRE EIXOS 4,8 M, POTÊNCIA 230 CV, INCLUSIVE TANQUE DE AÇO PARA TRANSPORTE DE ÁGUA - CHI DIURNO. AF_06/2014","CHI","0,0010739","76,40",0.08]
[5932,"MOTONIVELADORA POTÊNCIA BÁSICA LÍQUIDA (PRIMEIRA MARCHA) 125 HP, PESO BRUTO 13032 KG, LARGURA DA LÂMINA DE 3,7 M - CHP DIURNO. AF_06/2014","CHP","0,0018525","246,33",0.45]
[5934,"MOTONIVELADORA POTÊNCIA BÁSICA LÍQUIDA (PRIMEIRA MARCHA) 125 HP, PESO BRUTO 13032 KG, LARGURA DA LÂMINA DE 3,7 M - CHI DIURNO. AF_06/2014","CHI","0,0008323","89,65",0.07]
[7049,"ROLO COMPACTADOR PE DE CARNEIRO VIBRATORIO, POTENCIA 125 HP, PESO OPERACIONAL SEM/COM LASTRO 11,95 / 13,30 T, IMPACTO DINAMICO 38,5 / 22,5 T, LARGURA DE TRABALHO 2,15 M - CHP DIURNO. AF_06/2014","CHP","0,0026849","223,21",0.59]
[88316,"SERVENTE COM ENCARGOS COMPLEMENTARES","H","0,0107396","20,32",0.21]
[96028,"TRATOR DE PNEUS COM POTÊNCIA DE 85 CV, TRAÇÃO 4X4, COM GRADE DE DISCOS ACOPLADA - CHP DIURNO. AF_02/2017","CHP","0,0013424","132,08",0.17]
[96029,"TRATOR DE PNEUS COM POTÊNCIA DE 85 CV, TRAÇÃO 4X4, COM GRADE DE DISCOS ACOPLADA - CHI DIURNO. AF_02/2017","CHI","0,0013424","44,52",0.05]
["TOTAL DO ITEM COMP 03",{"$nulls":4},{"v":2.13,"d":"2.13 "}]
[]
["COMP 04","PAVIMENTO COM TRATAMENTO SUPERFICIAL DUPLO, COM EMULSÃO ASFÁLTICA RR-2C, COM CAPA SELANTE. AF_01/2020","M2",null,"SISTEMA NÃO DESON"]
["REFERENCIA: SINAPI - 97807/2020"]
["Cód. Sinapi","Equipamentos                  ","Unid ","Qtde ","Custo Unit ","Custo Total "]
[91386,"CAMINHÃO BASCULANTE 10 M3, TRUCADO CABINE SIMPLES, PESO BRUTO TOTAL 23.000 KG, CARGA ÚTIL MÁXIMA 15.935 KG, DISTÂNCIA ENTRE EIXOS 4,80 M, POTÊNCIA 230 CV INCLUSIVE CAÇAMBA METÁLICA - CHP DIURNO. AF_06/2014","CHP",{"v":0.0006,"d":"0.0006000"},"272,80",0.16]
[89035,"TRATOR DE PNEUS, POTÊNCIA 85 CV, TRAÇÃO 4X4, PESO COM LASTRO DE 4.675 KG - CHP DIURNO. AF_06/2014","CHP",{"v":0.0008,"d":"0.0008000"},"124,22",0.09]
[6879,"ROLO COMPACTADOR DE PNEUS ESTÁTICO, PRESSÃO VARIÁVEL, POTÊNCIA 111 HP, PESO SEM/COM LASTRO 9,5 / 26 T, LARGURA DE TRABALHO 1,90 M - CHP DIURNO. AF_07/2014","CHP",{"v":0.001,"d":"0.0010000"},"212,38",0.21]
[83362,"ESPARGIDOR DE ASFALTO PRESSURIZADO, TANQUE 6 M3 COM ISOLAÇÃO TÉRMICA, AQUECIDO COM 2 MAÇARICOS, COM BARRA ESPARGIDORA 3,60 M, MONTADO SOBRE CAMINHÃO  TOCO, PBT 14.300 KG, POTÊNCIA 185 CV - CHP DIURNO. AF_05/2023","CHP",{"v":0.0013,"d":"0.0013000"},"279,09",0.36]
[91486,"ESPARGIDOR DE ASFALTO PRESSURIZADO, TANQUE 6 M3 COM ISOLAÇÃO TÉRMICA, AQUECIDO COM 2 MAÇARICOS, COM BARRA ESPARGIDORA 3,60 M, MONTADO SOBRE CAMINHÃO  TOCO, PBT 14.300 KG, POTÊNCIA 185 CV - CHI DIURNO. AF_05/2023","CHI",{"v":0.0027,"d":"0.0027000"},"71,85",0.19]
[6880,"ROLO COMPACTADOR DE PNEUS ESTÁTICO, PRESSÃO VARIÁVEL, POTÊNCIA 111 HP, PESO SEM/COM LASTRO 9,5 / 26 T, LARGURA DE TRABALHO 1,90 M - CHI DIURNO. AF_07/2014","CHI",{"v":0.003,"d":"0.0030000"},"84,75",0.25]
[89036,"TRATOR DE PNEUS, POTÊNCIA 85 CV, TRAÇÃO 4X4, PESO COM LASTRO DE 4.675 KG - CHI DIURNO. AF_06/2014","CHI",{"v":0.0033,"d":"0.0033000"},"40,30",0.13]
[7030,"TANQUE DE ASFALTO ESTACIONÁRIO COM SERPENTINA, CAPACIDADE 30.000 L - CHP DIURNO. AF_05/2023","CHP",{"v":0.004,"d":"0.0040000"},"270,37",1.08]
[null,"Total de equipamentos                                                               ",{"$nulls":3},{"v":2.47,"d":"2.470 "}]
[]
["Cód. Sinapi","Mao de Obra                   ","Unid ","Qtde ","Custo Unit ","Custo Total "]
[88316,"SERVENTE COM ENCARGOS COMPLEMENTARES","H",{"v":0.0322,"d":"0.03220"},"20,32",0.65]
[null,"Total de mão de obra                                                                 ",{"$nulls":3},{"v":0.65,"d":"0.650 "}]
[]
["Cód. Sinapi","Material                      ","Unid ","Qtde ","Custo Unit ","Custo Total "]
["ANP - 06 / 2021","EMULSÃO ASFÁLTICA CATIÔNICA RR-2C P/ USO EM PAVIMENTAÇÃO ASFÁLTICA","KG    ",{"v":4.8,"d":"4.80"},null,0]
[370,"AREIA MEDIA - POSTO JAZIDA/FORNECEDOR (RETIRADO NA JAZIDA, SEM TRANSPORTE)                                                                                                                                                                                                                                                                                                                                                                                                                                ","M3    ",{"v":0.006,"d":"0.006000"},"132,50",0.79]
[4720,"PEDRA BRITADA N. 0, OU PEDRISCO (4,8 A 9,5 MM) POSTO PEDREIRA/FORNECEDOR, SEM FRETE                                                                                                                                                                                                                                                                                                                                                                                                                       ","M3    ",{"v":0.0073,"d":"0.007300"},"183,75",1.34]
[4721,"PEDRA BRITADA N. 1 (9,5 A 19 MM) POSTO PEDREIRA/FORNECEDOR, SEM FRETE                                                                                                                                                                                                                                                                                                                                                                                                                                     ","M3    ",{"v":0.015,"d":"0.015000"},"159,16",2.38]
[null,"Total de material                                                            ",{"$nulls":3},{"v":4.51,"d":"4.510 "}]
[]
[null,"Preco de Custo                                                        ",{"$nulls":3},{"v":7.63,"d":"7.63 "}]
[null,"Bonificacao                                                           ",{"$nulls":3},{"v":0,"d":"0.00 "}]
["TOTAL DO ITEM COMP 04","Preco de Venda                                                        ",{"$nulls":3},{"v":7.63,"d":"7.63 "}]
[]
[]
["COMP 06","IMPRIMACAO DE BASE DE PAVIMENTACAO SEM EMULSAO CM-30","M2",null,"SISTEMA NÃO DESON"]
["REFERENCIA: SINAPI - 102470"]
["Cód. SINAPI","Equipamentos                  ","Unid ","Qtde ","Custo Unit ","Custo Total "]
[83362,"ESPARGIDOR DE ASFALTO PRESSURIZADO, TANQUE 6 M3 COM ISOLAÇÃO TÉRMICA, AQUECIDO COM 2 MAÇARICOS, COM BARRA ESPARGIDORA 3,60 M, MONTADO SOBRE CAMINHÃO  TOCO, PBT 14.300 KG, POTÊNCIA 185 CV - CHP DIURNO. AF_05/2023","CHP",{"v":0.001,"d":"0.0010000"},"279,09",0.27]
[89035,"TRATOR DE PNEUS, POTÊNCIA 85 CV, TRAÇÃO 4X4, PESO COM LASTRO DE 4.675 KG - CHP DIURNO. AF_06/2014","CHP",{"v":0.0017,"d":"0.0017000"},"124,22",0.21]
[5839,"VASSOURA MECÂNICA REBOCÁVEL COM ESCOVA CILÍNDRICA, LARGURA ÚTIL DE VARRIMENTO DE 2,44 M - CHP DIURNO. AF_06/2014","CHP",{"v":0.002,"d":"0.0020000"},"9,31",0.01]
[5841,"VASSOURA MECÂNICA REBOCÁVEL COM ESCOVA CILÍNDRICA, LARGURA ÚTIL DE VARRIMENTO DE 2,44 M - CHI DIURNO. AF_06/2014","CHI",{"v":0.004,"d":"0.0040000"},"4,68",0.01]
[89036,"TRATOR DE PNEUS, POTÊNCIA 85 CV, TRAÇÃO 4X4, PESO COM LASTRO DE 4.675 KG - CHI DIURNO. AF_06/2014","CHI",{"v":0.0041,"d":"0.0041000"},"40,30",0.16]
[91486,"ESPARGIDOR DE ASFALTO PRESSURIZADO, TANQUE 6 M3 COM ISOLAÇÃO TÉRMICA, AQUECIDO COM 2 MAÇARICOS, COM BARRA ESPARGIDORA 3,60 M, MONTADO SOBRE CAMINHÃO  TOCO, PBT 14.300 KG, POTÊNCIA 185 CV - CHI DIURNO. AF_05/2023","CHI",{"v":0.0049,"d":"0.0049000"},"71,85",0.35]
[null,"Total de equipamentos                                                               ",{"$nulls":3},{"v":0.49,"d":"0.490 "}]
["Cód. SINAPI","Mao de Obra                   ","Unid ","Qtde ","Custo Unit ","Custo Total "]
[88316,"SERVENTE COM ENCARGOS COMPLEMENTARES","H",{"v":0.0058,"d":"0.00580"},"20,32",0.11]
[null,"Total de mão de obra                                                                 ",{"$nulls":3},{"v":0.11,"d":"0.110 "}]
["Cód. SINAPI","Material                      ","Unid ","Qtde ","Custo Unit ","Custo Total "]
["ANP - 007/2021","ASFALTO DILUIDO DE PETROLEO CM-30","KG",{"v":1.2,"d":"1.2000000"},null,0]
[null,"Total de material                                                            ",{"$nulls":3},{"v":0,"d":"0.000 "}]
[null,"Preco de Custo                                                        ",{"$nulls":3},{"v":0.6,"d":"0.60 "}]
[null,"Bonificacao                                                           ",{"$nulls":3},{"v":0,"d":"0.00 "}]
["TOTAL DO ITEM COMP 06","Preco de Venda                                                        ",{"$nulls":3},{"v":0.6,"d":"0.60 "}]
[]
["COMP 07","EXECUÇÃO E COMPACTAÇÃO DE BASE E OU SUB BASE COM SOLO ESTABILIZADO GRANULOMETRICAMENTE - EXCLUSIVE ESCAVAÇÃO, CARGA E TRANSPORTE E SOLO. AF_09/2017\n","M2",null,"SISTEMA NÃO DESON"]
[5901,"CAMINHÃO PIPA 10.000 L TRUCADO, PESO BRUTO TOTAL 23.000 KG, CARGA ÚTIL MÁXIMA 15.935 KG, DISTÂNCIA ENTRE EIXOS 4,8 M, POTÊNCIA 230 CV, INCLUSIVE TANQUE DE AÇO PARA TRANSPORTE DE ÁGUA - CHP DIURNO. AF_06/2014","CHP","0,0064000","321,94",2.06]
[5903,"CAMINHÃO PIPA 10.000 L TRUCADO, PESO BRUTO TOTAL 23.000 KG, CARGA ÚTIL MÁXIMA 15.935 KG, DISTÂNCIA ENTRE EIXOS 4,8 M, POTÊNCIA 230 CV, INCLUSIVE TANQUE DE AÇO PARA TRANSPORTE DE ÁGUA - CHI DIURNO. AF_06/2014","CHI","0,0095000","76,40",0.72]
[5921,"GRADE DE DISCO REBOCÁVEL COM 20 DISCOS 24\" X 6 MM COM PNEUS PARA TRANSPORTE - CHP DIURNO. AF_06/2014","CHP","0,0027000","4,94",0.01]
[5932,"MOTONIVELADORA POTÊNCIA BÁSICA LÍQUIDA (PRIMEIRA MARCHA) 125 HP, PESO BRUTO 13032 KG, LARGURA DA LÂMINA DE 3,7 M - CHP DIURNO. AF_06/2014","CHP","0,0077000","246,33",1.89]
[73436,"ROLO COMPACTADOR VIBRATÓRIO PÉ DE CARNEIRO PARA SOLOS, POTÊNCIA 80 HP, PESO OPERACIONAL SEM/COM LASTRO 7,4 / 8,8 T, LARGURA DE TRABALHO 1,68 M - CHP DIURNO. AF_02/2016","CHP","0,0074000","162,83",1.2]
[88316,"SERVENTE COM ENCARGOS COMPLEMENTARES","H","0,0558000","20,32",1.13]
[89035,"TRATOR DE PNEUS, POTÊNCIA 85 CV, TRAÇÃO 4X4, PESO COM LASTRO DE 4.675 KG - CHP DIURNO. AF_06/2014","CHP","0,0027000","124,22",0.33]
[93244,"ROLO COMPACTADOR VIBRATÓRIO PÉ DE CARNEIRO PARA SOLOS, POTÊNCIA 80 HP, PESO OPERACIONAL SEM/COM LASTRO 7,4 / 8,8 T, LARGURA DE TRABALHO 1,68 M - CHI DIURNO. AF_02/2016","CHI","0,0086000","63,54",0.54]
[96463,"ROLO COMPACTADOR DE PNEUS, ESTATICO, PRESSAO VARIAVEL, POTENCIA 110 HP, PESO SEM/COM LASTRO 10,8/27 T, LARGURA DE ROLAGEM 2,30 M - CHP DIURNO. AF_06/2017","CHP","0,0010000","219,54",0.21]
["TOTAL DO ITEM COMP 07",{"$nulls":4},8.09]
[]
[]
["COMP 09","PLACA DE SINALIZACAO EM CHAPA DE ACO NUM 16 COM PINTURA REFLETIVA - FORNECIMENTO E INSTALAÇÃO","M2",null,"SISTEMA NÃO DESON"]
["REFERÊNCIA: SINAPI / 73916/002"]
["MATERIAIS"]
[11950,"BUCHA DE NYLON SEM ABA S6, COM PARAFUSO DE 4,20 X 40 MM EM ACO ZINCADO COM ROSCA SOBERBA, CABECA CHATA E FENDA PHILLIPS                                                                                                                                                                                                                                                                                                                                                                                   ","UN    ",{"v":4,"d":"4.00"},"0,20",{"v":0.8,"d":"0.80"}]
[34723,"PLACA DE SINALIZACAO EM CHAPA DE ACO NUM 16 COM PINTURA REFLETIVA                                                                                                                                                                                                                                                                                                                                                                                                                                         ","M2    ",{"v":1,"d":"1.00"},"924,00",{"v":924,"d":"924.00"}]
[]
["TOTAL DO ITEM >>>",{"$nulls":4},{"v":924.8,"d":"924.80"}]
["MAO DE OBRA"]
[88316,"SERVENTE COM ENCARGOS COMPLEMENTARES","H",{"v":0.3,"d":"0.30"},"20,32",6.09]
["TOTAL DO ITEM >>>",{"$nulls":4},6.09]
["TOTAL DO ITEM COMP 09",{"$nulls":4},930.89]
[]
["COMP 10","GUIA (MEIO-FIO) E SARJETA CONJUGADOS DE CONCRETO, MOLDADA  IN LOCO  EM TRECHO RETO COM EXTRUSORA, 45 CM BASE (15 CM BASE DA GUIA + 30 CM BASE DA SARJETA) X 22 CM ALTURA. AF_06/2016","M",null,"SISTEMA NÃO DESON"]
[]
["MATERIAIS"]
[370,{"$error":"#REF!"},{"$error":"#REF!"},0.02,"132,50",2.65]
[34492,{"$error":"#REF!"},{"$error":"#REF!"},0.06,"675,00",{"v":40.5,"d":"40.50"}]
[88243,{"$error":"#REF!"},{"$error":"#REF!"},0.11,"21,21",2.33]
[88309,{"$error":"#REF!"},{"$error":"#REF!"},0.24,"25,62",6.14]
[88316,{"$error":"#REF!"},{"$error":"#REF!"},0.49,"20,32",9.95]
[88631,{"$error":"#REF!"},{"$error":"#REF!"},0,"679,19",0]
[92960,{"$error":"#REF!"},{"$error":"#REF!"},0.02,"19,33",0.38]
["TOTAL DO ITEM COMP 10",{"$nulls":4},61.95]
[]
[]
["COMP 12","ESCAVACAO MECANICA DE MATERIAL 1A. CATEGORIA, PROVENIENTE DE CORTE DE SUBLEITO (C/TRATOR ESTEIRAS  160HP)","M³",null,"SISTEMA NÃO DESON"]
[5847,"TRATOR DE ESTEIRAS, POTÊNCIA 170 HP, PESO OPERACIONAL 19 T, CAÇAMBA 5,2 M3 - CHP DIURNO. AF_06/2014","CHP","0,0079400","259,52",2.06]
[88316,"SERVENTE COM ENCARGOS COMPLEMENTARES","H","0,0069000","20,32",0.14]
["TOTAL DO ITEM COMP 12",{"$nulls":4},{"v":2.2,"d":"2.20"}]
[]
["COMP 13","ESCAVACAO MECANICA DE MATERIAL 1A. CATEGORIA, PROVENIENTE DE CORTE DE SUBLEITO (C/TRATOR ESTEIRAS  160HP)","M³",null,"SISTEMA NÃO DESON"]
[5851,"TRATOR DE ESTEIRAS, POTÊNCIA 150 HP, PESO OPERACIONAL 16,7 T, COM RODA MOTRIZ ELEVADA E LÂMINA 3,18 M3 - CHP DIURNO. AF_06/2014","CHP","0,0093458","247,72",2.31]
[5944,"PÁ CARREGADEIRA SOBRE RODAS, POTÊNCIA 197 HP, CAPACIDADE DA CAÇAMBA 2,5 A 3,5 M3, PESO OPERACIONAL 18338 KG - CHP DIURNO. AF_06/2014","CHP","0,0054206","211,87",1.14]
[5946,"PÁ CARREGADEIRA SOBRE RODAS, POTÊNCIA 197 HP, CAPACIDADE DA CAÇAMBA 2,5 A 3,5 M3, PESO OPERACIONAL 18338 KG - CHI DIURNO. AF_06/2014","CHI","0,0039252","81,51",0.31]
[88316,"SERVENTE COM ENCARGOS COMPLEMENTARES","H","0,0069000","20,32",0.14]
["TOTAL DO ITEM COMP 13",{"$nulls":4},{"v":3.9,"d":"3.90"}]
[]
["COMP 14","ADMINISTRAÇÃO LOCAL DA OBRA","UND","HORAS","SISTEMA NÃO DESON"]
[90778,"ENGENHEIRO CIVIL DE OBRA PLENO COM ENCARGOS COMPLEMENTARES","H",{"v":90,"d":"90.00"},"123,26",{"v":11093.4,"d":"11,093.40"}]
[90780,"MESTRE DE OBRAS COM ENCARGOS COMPLEMENTARES","H",{"v":360,"d":"360.00"},"61,24",{"v":22046.4,"d":"22,046.40"}]
["TOTAL DO ITEM COMP 14",{"$nulls":4},{"v":33139.8,"d":"33,139.80"}]
[]
[null,null,"HORAS","DIAS","MESES","TOTAL"]
["ENGENHEIRO CIVIL DE OBRA PLENO COM ENCARGOS COMPLEMENTARES",null,3,{"v":5,"d":"5.00"},{"v":6,"d":"6.00"},{"v":90,"d":"90.00"}]
["MESTRE DE OBRAS COM ENCARGOS COMPLEMENTARES",null,4,{"v":15,"d":"15.00"},{"v":6,"d":"6.00"},{"v":360,"d":"360.00"}]
[]
["COMP 15","SINALIZAÇÃO NOTURNA COM TELA TAPUME PVC, BALDE PLÁSTICO FIAÇÃO E LÂMPADA, REUTILIZAÇÃO 7 VEZES","M     ",null,"SISTEMA NÃO DESON"]
[939,"FIO DE COBRE, SOLIDO, CLASSE 1, ISOLACAO EM PVC/A, ANTICHAMA BWF-B, 450/750V, SECAO NOMINAL 2,5 MM2                                                                                                                                                                                                                                                                                                                                                                                                       ","M     ",0.31,"2,69",0.83]
[4815,"BALDE VERMELHO PARA SINALIZACAO DE VIAS                                                                                                                                                                                                                                                                                                                                                                                                                                                                   ","UN    ",0.04,"6,67",0.26]
[39386,"LAMPADA LED TUBULAR BIVOLT 9/10 W, BASE G13                                                                                                                                                                                                                                                                                                                                                                                                                                                               ","UN    ",0.07,"5,16",0.36]
[13329,"SOQUETE DE PVC / TERMOPLASTICO BASE E27, COM RABICHO, PARA LAMPADAS                                                                                                                                                                                                                                                                                                                                                                                                                                       ","UN    ",0.07,"3,59",0.25]
[88247,"AUXILIAR DE ELETRICISTA COM ENCARGOS COMPLEMENTARES","H",0.03,"21,96",0.65]
[88264,"ELETRICISTA COM ENCARGOS COMPLEMENTARES","H",0.01,"26,68",0.26]
["TOTAL DO ITEM COMP 15",{"$nulls":4},2.61]
[]
["COMP 16","CAIXA PARA POÇO DE VISTA  DUPLO RETANGULAR PARA TUBO DE 800 mm, EM ALVENARIA COM TIJOLOS CERÂMICOS MACIÇOS, DIMENSÕES INTERNAS: 1,50X2,2X1,1 M. AF_12/2020","UND",null,"SISTEMA NÃO DESON"]
[96521,{"$error":"#REF!"},{"$error":"#REF!"},12.01,"37,65",452.17]
[101617,{"$error":"#REF!"},{"$error":"#REF!"},5.22,"2,90",15.13]
[95241,{"$error":"#REF!"},{"$error":"#REF!"},4.94,"41,00",202.54]
[7258,{"$error":"#REF!"},{"$error":"#REF!"},{"v":1578,"d":"1,578.00"},"0,92",{"v":1451.76,"d":"1,451.76"}]
[87529,{"$error":"#REF!"},{"$error":"#REF!"},7.89,"35,11",277.01]
[88309,{"$error":"#REF!"},{"$error":"#REF!"},{"v":4,"d":"4.00"},"25,62",102.48]
[88316,{"$error":"#REF!"},{"$error":"#REF!"},{"v":4,"d":"4.00"},"20,32",81.28]
[89998,{"$error":"#REF!"},{"$error":"#REF!"},133.97,"11,03",{"v":1477.68,"d":"1,477.68"}]
[92784,{"$error":"#REF!"},{"$error":"#REF!"},9.24,{"$error":"#N/A"},{"$error":"#N/A"}]
[94970,{"$error":"#REF!"},{"$error":"#REF!"},1.64,"564,86",926.37]
[95241,{"$error":"#REF!"},{"$error":"#REF!"},4.94,"41,00",202.54]
[87316,{"$error":"#REF!"},{"$error":"#REF!"},0.61,"547,35",333.88]
["TOTAL DO ITEM COMP 16",{"$nulls":4},{"$error":"#N/A"}]
[]
["COMP 17","TAMPÃO FERRO FUNDIDO ARTICULADO TDA-600MM, 300KG/CM², P/POÇO DE VISITAS E CAIXAS .FORNECIMENTO INSTALAÇÃO. 09141/ORSE","UND","QUANT","SISTEMA NÃO DESON"]
[6240,"TAMPAO FOFO SIMPLES COM BASE / REQUADRO, CLASSE D400 CARGA MAX. 40 T, REDONDO, TAMPA 600 MM (COM INSCRICAO EM RELEVO DO TIPO DE REDE)                                                                                                                                                                                                                                                                                                                                                                     ","UN    ",0.31,"748,75",232.11]
[88309,"PEDREIRO COM ENCARGOS COMPLEMENTARES","H",{"v":0.1,"d":"0.10"},"25,62",2.56]
["TOTAL DO ITEM COMP 17",{"$nulls":4},234.67]
[]
["COMP 18","Piso tátil direcional e/ou alerta, de concreto, na cor natural, p/deficientes visuais, dimensões 25x25cm, aplicado com argamassa industrializada ac-ii, rejuntado, exclusive regularização de base","m²","QUANT","SISTEMA NÃO DESON"]
["COTAÇÃO","PISO TATIL DE CONCRETO - 0,25 x 0,25m COR NATURAL","PEÇA",0.31,7.58,2.34]
[34353,"ARGAMASSA COLANTE AC II                                                                                                                                                                                                                                                                                                                                                                                                                                                                                   ","KG    ",{"v":0.1,"d":"0.10"},"2,17",0.21]
[34357,"REJUNTE CIMENTICIO, QUALQUER COR                                                                                                                                                                                                                                                                                                                                                                                                                                                                          ","KG    ",{"v":0.1,"d":"0.10"},"6,87",0.68]
[88316,"SERVENTE COM ENCARGOS COMPLEMENTARES","H",{"v":0.1,"d":"0.10"},"20,32",2.03]
[88309,"PEDREIRO COM ENCARGOS COMPLEMENTARES","H",{"v":0.1,"d":"0.10"},"25,62",2.56]
["TOTAL DO ITEM COMP 18",{"$nulls":4},7.82]
[]
["COTAÇÃO","PISO TATIL DE CONCRETO - 0,25 x 0,25m COR NATURAL"]
["DATA","EMPRESA","UND","QTD.","CNPJ","P.Unit","V.Total(R$)"]
["2024-10-16","E.J.P. DE SOUZA INDUSTRIA E REPRESENTAÇÃO","und",{"v":1,"d":"1.00"},"31.627.333/0001-79",{"v":7.3,"d":"7.30"},{"v":7.3,"d":"7.30"}]
["2024-10-16","BLOCOS BRASIL","und",{"v":1,"d":"1.00"},"05.221.826/0001-02",7.95,7.95]
["2024-10-16","ALEIXO PRIME PRE MOLDADOS E CONSTRUCOES EIRELI","und",{"v":1,"d":"1.00"},"35.496.123/0001-40",{"v":7.5,"d":"7.50"},{"v":7.5,"d":"7.50"}]
[{"$nulls":5},7.58]
[]
["COMP 19","EXECUÇÃO DE DEPÓSITO EM CANTEIRO DE OBRA EM CHAPA DE MADEIRA COMPENSADA, NÃO INCLUSO MOBILIÁRIO. AF_04/2016 ","M2",null,"SISTEMA NÃO DESON"]
["REFERÊNCIA: SINAPI 93584/2021"]
[11455,"FERROLHO COM FECHO / TRINCO REDONDO, EM ACO GALVANIZADO / ZINCADO, DE SOBREPOR, COM COMPRIMENTO DE 8\" E ESPESSURA MINIMA DA CHAPA DE 1,50 MM                                                                                                                                                                                                                                                                                                                                                              ","UN    ","0,0662000","20,03",1.32]
[88489,"PINTURA LÁTEX ACRÍLICA PREMIUM, APLICAÇÃO MANUAL EM PAREDES, DUAS DEMÃOS. AF_04/2023","M2","5,0649000","11,67",{"v":59.1,"d":"59.10"}]
[91170,"FIXAÇÃO DE TUBOS HORIZONTAIS DE PVC ÁGUA, PVC ESGOTO, PVC ÁGUA PLUVIAL, CPVC, PPR, COBRE OU AÇO, DIÂMETROS MENORES OU IGUAIS A 40 MM, COM ABRAÇADEIRA METÁLICA RÍGIDA TIPO U PERFIL 1 1/4\", FIXADA EM PERFILADO EM LAJE. AF_09/2023_PS","M","0,1325000","9,98",1.32]
[91173,"FIXAÇÃO DE TUBOS VERTICAIS DE PVC ÁGUA, PVC ESGOTO, PVC ÁGUA PLUVIAL, CPVC, PPR, COBRE OU AÇO, DIÂMETROS MENORES OU IGUAIS A 40 MM, COM ABRAÇADEIRA METÁLICA RÍGIDA TIPO U PERFIL 1 1/4\", FIXADA EM PERFILADO EM PAREDE. AF_09/2023_PS","M","0,1722000","3,72",0.64]
[91341,"PORTA EM ALUMÍNIO DE ABRIR TIPO VENEZIANA COM GUARNIÇÃO, FIXAÇÃO COM PARAFUSOS - FORNECIMENTO E INSTALAÇÃO. AF_12/2019","M2","0,1530000","627,53",96.01]
[91852,"ELETRODUTO FLEXÍVEL CORRUGADO, PVC, DN 20 MM (1/2\"), PARA CIRCUITOS TERMINAIS, INSTALADO EM PAREDE - FORNECIMENTO E INSTALAÇÃO. AF_03/2023","M","0,0662000","8,66",0.57]
[91862,"ELETRODUTO RÍGIDO ROSCÁVEL, PVC, DN 20 MM (1/2\"), PARA CIRCUITOS TERMINAIS, INSTALADO EM FORRO - FORNECIMENTO E INSTALAÇÃO. AF_03/2023","M","0,1325000","9,47",1.25]
[91870,"ELETRODUTO RÍGIDO ROSCÁVEL, PVC, DN 20 MM (1/2\"), PARA CIRCUITOS TERMINAIS, INSTALADO EM PAREDE - FORNECIMENTO E INSTALAÇÃO. AF_03/2023","M","0,1722000","12,28",2.11]
[91924,"CABO DE COBRE FLEXÍVEL ISOLADO, 1,5 MM², ANTI-CHAMA 450/750 V, PARA CIRCUITOS TERMINAIS - FORNECIMENTO E INSTALAÇÃO. AF_03/2023","M","0,6755000","3,03",2.04]
[92023,"INTERRUPTOR SIMPLES (1 MÓDULO) COM 1 TOMADA DE EMBUTIR 2P+T 10 A, INCLUINDO SUPORTE E PLACA - FORNECIMENTO E INSTALAÇÃO. AF_03/2023","UN","0,0662000","47,12",3.11]
[92543,"TRAMA DE MADEIRA COMPOSTA POR TERÇAS PARA TELHADOS DE ATÉ 2 ÁGUAS PARA TELHA ONDULADA DE FIBROCIMENTO, METÁLICA, PLÁSTICA OU TERMOACÚSTICA, INCLUSO TRANSPORTE VERTICAL. AF_07/2019","M2","1,7192000","20,97",36.05]
[93358,"ESCAVAÇÃO MANUAL DE VALA. AF_09/2024","M3","0,0404000","80,38",3.24]
[94210,"TELHAMENTO COM TELHA ONDULADA DE FIBROCIMENTO E = 6 MM, COM RECOBRIMENTO LATERAL DE 1 1/4 DE ONDA PARA TELHADO COM INCLINAÇÃO MÁXIMA DE 10°, COM ATÉ 2 ÁGUAS, INCLUSO IÇAMENTO. AF_07/2019","M2","1,7192000","52,00",89.39]
[94559,"JANELA DE AÇO TIPO BASCULANTE PARA VIDROS, COM BATENTE, FERRAGENS E PINTURA ANTICORROSIVA. EXCLUSIVE VIDROS, ACABAMENTO, ALIZAR E CONTRAMARCO. FORNECIMENTO E INSTALAÇÃO. AF_12/2019","M2","0,0662000","665,82",44.07]
[95240,"LASTRO DE CONCRETO MAGRO, APLICADO EM PISOS, LAJES SOBRE SOLO OU RADIERS, ESPESSURA DE 3 CM. AF_01/2024","M2","0,0093000","21,10",0.19]
[95241,"LASTRO DE CONCRETO MAGRO, APLICADO EM PISOS, LAJES SOBRE SOLO OU RADIERS, ESPESSURA DE 5 CM. AF_01/2024","M2","1,5110000","41,00",61.95]
[95805,"CONDULETE DE PVC, TIPO B, PARA ELETRODUTO DE PVC SOLDÁVEL DN 25 MM (3/4''), APARENTE - FORNECIMENTO E INSTALAÇÃO. AF_10/2022","UN","0,1325000","23,62",3.12]
["COMP 19.1","REATERRO MANUAL APILOADO COM SOQUETE. AF_10/2017","M3","0,0106000",48.73,0.51]
["COMP 19.2","LUMINÁRIA TIPO PLAFON, DE SOBREPOR, COM LED DE 12/13W - FORNECIMENTO E INSTALAÇÃO. AF_02/2020","UND","0,0662000",176.76,{"v":11.7,"d":"11.70"}]
[98441,"PAREDE DE MADEIRA COMPENSADA PARA CONSTRUÇÃO TEMPORÁRIA EM CHAPA SIMPLES, EXTERNA, SEM VÃO. AF_03/2024","M2","0,5136000","112,98",58.02]
["COMP 19.3","PAREDE DE MADEIRA COMPENSADA PARA CONSTRUÇÃO TEMPORÁRIA EM CHAPA SIMPLES, EXTERNA, COM ÁREA LÍQUIDA MENOR QUE 6 M², SEM VÃO. AF_05/2018","M2","0,5911000",1.69,0.99]
[98445,"PAREDE DE MADEIRA COMPENSADA PARA CONSTRUÇÃO TEMPORÁRIA EM CHAPA SIMPLES, EXTERNA, COM ÁREA LÍQUIDA MAIOR OU IGUAL A 6 M², COM VÃO. AF_03/2024","M2","0,8023000","130,39",104.61]
[98446,"PAREDE DE MADEIRA COMPENSADA PARA CONSTRUÇÃO TEMPORÁRIA EM CHAPA SIMPLES, EXTERNA, COM ÁREA LÍQUIDA MENOR QUE 6 M², COM VÃO. AF_03/2024","M2","0,6255000","161,45",100.98]
[101165,"ALVENARIA DE EMBASAMENTO COM BLOCO ESTRUTURAL DE CONCRETO, DE 14X19X29CM E ARGAMASSA DE ASSENTAMENTO COM PREPARO EM BETONEIRA. AF_05/2020","M3","0,0417000","1.008,81",42.06]
["TOTAL DO ITEM COMP 19",{"$nulls":4},724.35]
[]
["COMP 19.1","REATERRO MANUAL APILOADO COM SOQUETE. AF_10/2017","M3","QUANT","SISTEMA NÃO DESON"]
[88316,"SERVENTE COM ENCARGOS COMPLEMENTARES","H","2,3986000","20,32",48.73]
["TOTAL DO ITEM COMP 19.1",{"$nulls":4},48.73]
[]
["COMP 19.2","LUMINÁRIA TIPO PLAFON, DE SOBREPOR, COM LED DE 12/13W - FORNECIMENTO E INSTALAÇÃO. AF_02/2020","UND","QUANT","SISTEMA NÃO DESON"]
[103782,"LUMINÁRIA TIPO PLAFON CIRCULAR, DE SOBREPOR, COM LED DE 12/13 W - FORNECIMENTO E INSTALAÇÃO. AF_09/2024","UN","2,3986000","25,06",{"v":60.1,"d":"60.10"}]
[88247,"AUXILIAR DE ELETRICISTA COM ENCARGOS COMPLEMENTARES","H","2,3986000","21,96",52.67]
[88264,"ELETRICISTA COM ENCARGOS COMPLEMENTARES","H","2,3986000","26,68",63.99]
["TOTAL DO ITEM COMP 19.2",{"$nulls":4},176.76]
[]
["COMP 19.3","PAREDE DE MADEIRA COMPENSADA PARA CONSTRUÇÃO TEMPORÁRIA EM CHAPA SIMPLES, EXTERNA, COM ÁREA LÍQUIDA MENOR QUE 6 M², SEM VÃO. AF_05/2018","M2","QUANT","SISTEMA NÃO DESON"]
[3992,"TABUA APARELHADA *2,5 X 30* CM, EM MACARANDUBA/MASSARANDUBA, ANGELIM OU EQUIVALENTE DA REGIAO                                                                                                                                                                                                                                                                                                                                                                                                             ","M     ","1,6923000","27,38",46.33]
[4433,"CAIBRO NAO APARELHADO *6 X 6* CM, EM MACARANDUBA/MASSARANDUBA, ANGELIM OU EQUIVALENTE DA REGIAO - BRUTA                                                                                                                                                                                                                                                                                                                                                                                                   ","M     ","1,2308000","23,07",28.39]
[5061,"PREGO DE ACO POLIDO COM CABECA 18 X 27 (2 1/2 X 10)                                                                                                                                                                                                                                                                                                                                                                                                                                                       ","KG    ","0,0517000","18,20",0.94]
[43681,"CHAPA/PAINEL DE MADEIRA COMPENSADA RESINADA (MADEIRITE RESINADO ROSA) PARA FORMA DE CONCRETO, DE 2200 X 1100 MM, E = 8 A 12 MM                                                                                                                                                                                                                                                                                                                                                                            ","M2    ","1,0500380","45,45",47.72]
[88239,"AJUDANTE DE CARPINTEIRO COM ENCARGOS COMPLEMENTARES","H","0,2844000","21,42",6.09]
[88262,"CARPINTEIRO DE FORMAS COM ENCARGOS COMPLEMENTARES","H","0,8532000","25,26",21.55]
[91692,"SERRA CIRCULAR DE BANCADA COM MOTOR ELÉTRICO POTÊNCIA DE 5HP, COM COIFA PARA DISCO 10\" - CHP DIURNO. AF_08/2015","CHP","0,0076000","23,37",0.17]
[91693,"SERRA CIRCULAR DE BANCADA COM MOTOR ELÉTRICO POTÊNCIA DE 5HP, COM COIFA PARA DISCO 10\" - CHI DIURNO. AF_08/2015","CHI","0,0332000","21,85",0.72]
[94974,"CONCRETO MAGRO PARA LASTRO, TRAÇO 1:4,5:4,5 (EM MASSA SECA DE CIMENTO/ AREIA MÉDIA/ BRITA 1) - PREPARO MANUAL. AF_05/2021","M3","0,0015000","537,28",{"v":0.8,"d":"0.80"}]
["TOTAL DO ITEM COMP 19.3",{"$nulls":4},1.69]
[]
[]
[null,"LUIZ GUILHERME CADORE SILVA"]
[null,"ENGº CIVIL / FISCAL DE OBRAS"]
[null,"CREA MT041303"]

{"sheet":"Crono Basico","index":17,"n_rows":33,"n_cols":18,"rows_kept":33,"merged":[[0,0,0,17],[1,0,1,17],[2,1,2,11],[2,12,2,13],[2,14,2,15],[2,16,2,17],[3,1,3,11],[3,12,5,13],[3,14,3,15],[3,16,3,17],[4,1,4,11],[4,14,4,15],[4,16,4,17],[5,1,5,11],[5,14,5,15],[5,16,5,17],[6,0,6,17],[27,0,27,1],[28,0,28,1]],"flags":["formulas_cached_only"]}
["ESTADO DE MATO GROSSO"]
["PREFEITURA MUNICIPAL DE SÃO JOSÉ DOS QUATRO MARCOS"]
["OBRA:","PAVIMENTAÇÃO ASFALTICA",{"$nulls":10},"REFERENCIA:",null,0,null,"BDI NÃO DES"]
["LOCAL:","JARDIM ZEFERINO",{"$nulls":10},"SINAPI 09/2024 ANP 08/2024  SICRO 04/2024",null,{"v":0,"d":"0.00%"},null,{"v":0.2223,"d":"22.23%"}]
["PROPR.:","PREFEITURA MUNICIPAL DE SÃO JOSÉ DOS QUATRO MARCOS",{"$nulls":12},0,null,"DIFERENCIADO"]
["ÁREA (M²):",{"v":4561.4,"d":"4,561.40"},{"$nulls":12},{"v":0,"d":"0.00%"},null,{"v":0.15,"d":"15.00%"}]
["CRONOGRAMA FISICO FINANCEIRO"]
["ITEM","DESCRIÇÃO / ETAPA","PERIODO",null,"À Executar"]
[{"$nulls":4},"30 DIAS",null,"60 DIAS",null,"90 DIAS",null,"120 DIAS",null,"150 DIAS",null,"180 DIAS",null,"TOTAL"]
[null,null,"Valor(R$)","%","Valor(R$)","%","Valor (R$)","%","Valor (R$)","%","Valor (R$)","%","Valor (R$)","%","Valor (R$)","%","Valor (R$)","%"]
[]
[1,"SERVIÇOS PRELIMINARES",{"v":15685.58,"d":"15,685.58"},{"v":0.0146,"d":"1.46%"},{"v":15685.58,"d":"15,685.58"},100,{"v":0,"d":"0.00"},{"$nulls":9},{"v":15685.58,"d":"15,685.58"},100]
[]
[2,"ADMINISTRAÇÃO LOCAL  ",{"v":40506.78,"d":"40,506.78"},{"v":0.0378,"d":"3.78%"},{"v":10126.7,"d":"10,126.70"},25,{"v":10126.7,"d":"10,126.70"},25,{"v":10126.7,"d":"10,126.70"},25,{"v":10126.7,"d":"10,126.70"},25,{"v":0,"d":"0.00"},null,{"v":0,"d":"0.00"},null,{"v":40506.8,"d":"40,506.80"},100]
[]
[3,"DRENAGEM DE ÁGUAS PLUVIAIS"]
["3.1","MOVIMENTO DE TERRA",{"v":49699.05,"d":"49,699.05"},{"v":0.0464,"d":"4.64%"},{"v":12424.76,"d":"12,424.76"},25,{"v":12424.76,"d":"12,424.76"},25,{"v":12424.76,"d":"12,424.76"},25,{"v":12424.76,"d":"12,424.76"},25,{"v":0,"d":"0.00"},null,{"v":0,"d":"0.00"},null,{"v":49699.04,"d":"49,699.04"},100]
["3.2","FORNECIMENTO E ASSENTAMENTO DE TUBOS",{"v":344569.08,"d":"344,569.08"},{"v":0.3214,"d":"32.14%"},{"v":86142.27,"d":"86,142.27"},25,{"v":86142.27,"d":"86,142.27"},25,{"v":86142.27,"d":"86,142.27"},25,{"v":86142.27,"d":"86,142.27"},25,{"v":0,"d":"0.00"},null,{"v":0,"d":"0.00"},null,{"v":344569.08,"d":"344,569.08"},100]
["3.3","ELEMENTOS AUXILIARES",{"v":59665.06,"d":"59,665.06"},{"v":0.0557,"d":"5.57%"},{"v":14916.27,"d":"14,916.27"},25,{"v":14916.27,"d":"14,916.27"},25,{"v":14916.27,"d":"14,916.27"},25,{"v":14916.27,"d":"14,916.27"},25,{"v":0,"d":"0.00"},null,{"v":0,"d":"0.00"},null,{"v":59665.08,"d":"59,665.08"},100]
[]
[4,"PAVIMENTAÇÃO EM TSD"]
["4.1","TERRAPLENAGEM",{"v":8027.03,"d":"8,027.03"},{"v":0.0075,"d":"0.75%"},{"v":2006.76,"d":"2,006.76"},25,{"v":2006.76,"d":"2,006.76"},25,{"v":2006.76,"d":"2,006.76"},25,{"v":2006.76,"d":"2,006.76"},25,{"v":0,"d":"0.00"},null,{"v":0,"d":"0.00"},null,{"v":8027.04,"d":"8,027.04"},100]
["4.2","AQUISIÇÃO MATERIAL BETUMINOSO",{"v":133323.01,"d":"133,323.01"},{"v":0.1244,"d":"12.44%"},{"v":66661.51,"d":"66,661.51"},50,{"v":0,"d":"0.00"},null,{"v":0,"d":"0.00"},null,{"v":66661.51,"d":"66,661.51"},50,{"v":0,"d":"0.00"},null,{"v":0,"d":"0.00"},null,{"v":133323.02,"d":"133,323.02"},100]
["4.3","PAVIMENTAÇÃO",{"v":133836.25,"d":"133,836.25"},{"v":0.1248,"d":"12.48%"},{"v":0,"d":"0.00"},null,{"v":33459.06,"d":"33,459.06"},25,{"v":33459.06,"d":"33,459.06"},25,{"v":33459.06,"d":"33,459.06"},25,{"v":33459.06,"d":"33,459.06"},25,{"v":0,"d":"0.00"},null,{"v":133836.24,"d":"133,836.24"},100]
["4.4","OBRAS COMPLEMENTARES",{"v":227104.29,"d":"227,104.29"},{"v":0.2119,"d":"21.19%"},{"v":0,"d":"0.00"},null,{"v":0,"d":"0.00"},null,{"v":0,"d":"0.00"},null,{"v":0,"d":"0.00"},null,{"v":0,"d":"0.00"},null,{"v":227104.29,"d":"227,104.29"},100,{"v":227104.29,"d":"227,104.29"},100]
["4.5","SINALIZAÇÃO VIÁRIA",{"v":59563.48,"d":"59,563.48"},{"v":0.0556,"d":"5.56%"},{"v":0,"d":"0.00"},null,{"v":0,"d":"0.00"},null,{"v":0,"d":"0.00"},null,{"v":0,"d":"0.00"},null,{"v":0,"d":"0.00"},null,{"v":59563.48,"d":"59,563.48"},100,{"v":59563.48,"d":"59,563.48"},100]
[]
["Valor Do Mês",null,{"v":1071979.61,"d":"1,071,979.61"},{"v":1,"d":"100.0%"},{"v":207963.85,"d":"207,963.85"},{"v":0.194,"d":"19.40%"},{"v":159075.82,"d":"159,075.82"},{"v":0.1484,"d":"14.84%"},{"v":159075.82,"d":"159,075.82"},{"v":0.1484,"d":"14.84%"},{"v":225737.33,"d":"225,737.33"},{"v":0.2106,"d":"21.06%"},{"v":33459.06,"d":"33,459.06"},{"v":0.0312,"d":"3.12%"},{"v":286667.77,"d":"286,667.77"},{"v":0.267,"d":"26.7%"},{"v":1071979.65,"d":"1,071,979.65"},{"v":1,"d":"100.0%"}]
["Valor Acomulado",{"$nulls":3},{"v":207963.85,"d":"207,963.85"},{"v":0.194,"d":"19.40%"},{"v":367039.67,"d":"367,039.67"},{"v":0.3424,"d":"34.24%"},{"v":526115.49,"d":"526,115.49"},{"v":0.4908,"d":"49.08%"},{"v":751852.82,"d":"751,852.82"},{"v":0.7014,"d":"70.14%"},{"v":785311.88,"d":"785,311.88"},{"v":0.7326,"d":"73.26%"},{"v":1071979.65,"d":"1,071,979.65"},{"v":1,"d":"100.0%"}]
[]
[null,"LUIZ GUILHERME CADORE SILVA"]
[null,"ENGº CIVIL / FISCAL DE OBRAS"]
[null,"CREA MT041303"]

{"sheet":"BDI","index":18,"n_rows":112,"n_cols":4,"rows_kept":112,"merged":[[0,0,0,3],[1,0,1,3],[2,1,2,2],[3,1,3,2],[3,3,5,3],[4,1,4,2],[5,1,5,2],[6,0,6,3],[12,0,12,3],[13,0,13,3],[36,0,36,3],[37,0,37,3],[62,0,62,3],[63,0,63,3],[106,0,106,3]],"flags":["formulas_cached_only"]}
["ESTADO DE MATO GROSSO"]
["PREFEITURA MUNICIPAL DE SÃO JOSÉ DOS QUATRO MARCOS"]
["OBRA:","PAVIMENTAÇÃO ASFALTICA",null,"REFERENCIA:"]
["LOCAL:","JARDIM ZEFERINO",null,"SINAPI 09/2024 ANP 08/2024  SICRO 04/2024"]
["PROPR.:","PREFEITURA MUNICIPAL DE SÃO JOSÉ DOS QUATRO MARCOS"]
["ÁREA (m²):",{"v":5174.32,"d":"5,174.32"}]
["COMPOSIÇÃO DE BDI"]
[]
[]
[]
[]
["COMPOSIÇÃO DA PARCELA DE BDI (BONIFICAÇÕES E DESPESAS INDIRETAS) COM DESONERAÇÃO - OBRAS"]
["CÁLCULO DE BDI DETALHADO"]
["Conforme Acórdão nº. 2622 de 25 de setembro de 2013 do T.C.U."]
[]
[null,"Descrição Despesas","%"]
[]
[null,"Administração Central (AC)",{"v":0.04,"d":"4.00%"}]
[]
[null,"Custos financeiros (DF)",{"v":0.0123,"d":"1.23%"}]
[]
[null,"Riscos ( C )",{"v":0.0127,"d":"1.27%"}]
[]
[null,"Seguros e Garantias (S)",{"v":0.008,"d":"0.80%"}]
[]
[null,"Lucro ( L )",{"v":0.074,"d":"7.40%"}]
[]
[null,"Impostos - Tributos ( I )",{"v":0.1015,"d":"10.15%"}]
[null,"COFINS",{"v":0.03,"d":"3.00%"}]
[null,"PIS",{"v":0.0065,"d":"0.65%"}]
[null,"ISS",{"v":0.02,"d":"2.00%"}]
[null,"CPRB  Lei nº 13161/2015",{"v":0.045,"d":"4.50%"}]
[]
[null,"Total",{"v":0.2832,"d":"28.32%"}]
[]
[]
["CÁLCULO DE BDI DETALHADO"]
["Conforme Acórdão nº. 2622 de 25 de setembro de 2013 do T.C.U."]
[]
[null,"Descrição Despesas","%"]
[]
[null,"Administração Central (AC)",{"v":0.04,"d":"4.00%"}]
[]
[null,"Custos financeiros (DF)",{"v":0.0123,"d":"1.23%"}]
[]
[null,"Riscos ( C )",{"v":0.0127,"d":"1.27%"}]
[]
[null,"Seguros e Garantias (S)",{"v":0.008,"d":"0.80%"}]
[]
[null,"Lucro ( L )",{"v":0.074,"d":"7.40%"}]
[]
[null,"Impostos - Tributos ( I )",{"v":0.0565,"d":"5.65%"}]
[null,"COFINS",{"v":0.03,"d":"3.00%"}]
[null,"PIS",{"v":0.0065,"d":"0.65%"}]
[null,"ISS",{"v":0.02,"d":"2.00%"}]
[]
[]
[null,"Total",{"v":0.2223,"d":"22.23%"}]
[]
[]
["COMPOSIÇÃO DA PARCELA DE BDI (BONIFICAÇÕES E DESPESAS INDIRETAS) COM DESONERAÇÃO - DIFERENCIADO"]
[]
["CÁLCULO DE BDI DETALHADO"]
["Conforme Acórdão nº. 2622 de 25 de setembro de 2013 do T.C.U."]
[]
[null,"Descrição Despesas","%"]
[]
[null,"Administração Central (AC)",{"v":0.0345,"d":"3.45%"}]
[]
[null,"Custos financeiros (DF)",{"v":0.0085,"d":"0.85%"}]
[]
[null,"Riscos ( C )",{"v":0.0085,"d":"0.85%"}]
[]
[null,"Seguros e Garantias (S)",{"v":0.0048,"d":"0.48%"}]
[]
[null,"Lucro ( L )",{"v":0.0486,"d":"4.86%"}]
[]
[null,"Impostos - Tributos ( I )",{"v":0.0365,"d":"3.65%"}]
[null,"COFINS",{"v":0.03,"d":"3.00%"}]
[null,"PIS",{"v":0.0065,"d":"0.65%"}]
[null,"ISS"]
[null,"CPRB  Lei nº 13161/2015"]
[]
[null,"Total",{"v":0.15,"d":"15.0%"}]
[]
[]
[]
[]
[]
[]
["onde:"]
[]
["AC = taxa de Administração Central;"]
[]
["S = taxa de seguros;"]
[]
["R = taxa de riscos;"]
[]
["G = taxa de garantias;"]
[]
["DF = taxa das despesas financeiras;"]
[]
["L = taxa de lucro;"]
[]
["I = taxa de tributos/impostos (PIS, COFINS, ISSQN);"]
[]
["CPRB = contribuição previdenciária sobre a receita bruta (incluir 4,5% a partir de 01/12/2015, Lei 13.161/2015)."]
[]
[]
[null,"LUIZ GUILHERME CADORE SILVA"]
[null,"ENGº CIVIL / FISCAL DE OBRAS"]
[null,"CREA MT041303"]

{"sheet":"QCI","index":19,"n_rows":47,"n_cols":19,"rows_kept":47,"merged":[[0,0,0,7],[1,0,1,7],[2,1,2,2],[2,3,2,5],[3,1,3,2],[3,3,5,5],[4,1,4,2],[5,1,5,2],[6,0,6,7],[7,0,8,0],[7,1,8,2],[7,3,7,7],[9,1,9,2],[10,1,10,2],[11,1,11,2],[12,1,12,2],[13,1,13,2],[14,1,14,2],[15,1,15,2],[16,1,16,2],[17,1,17,2],[18,1,18,2],[19,1,19,2],[20,1,20,2],[21,1,21,2],[22,1,22,2],[23,1,23,2],[24,1,24,2],[25,0,25,2],[26,0,26,2],[30,1,30,2]],"flags":["formulas_cached_only"]}
["ESTADO DE MATO GROSSO"]
["PREFEITURA MUNICIPAL DE SÃO JOSÉ DOS QUATRO MARCOS"]
["OBRA:","PAVIMENTAÇÃO ASFALTICA",null,"REFERENCIA:",null,null,0,"BDI NÃO DES"]
["LOCAL:","JARDIM ZEFERINO",null,"SINAPI 09/2024 ANP 08/2024  SICRO 04/2024",null,null,{"v":0,"d":"0.00%"},{"v":0.2223,"d":"22.23%"}]
["PROPR.:","PREFEITURA MUNICIPAL DE SÃO JOSÉ DOS QUATRO MARCOS",{"$nulls":4},0,"DIFERENCIADO"]
["ÁREA (m²):",{"v":5174.32,"d":"5,174.32"},{"$nulls":4},{"v":0,"d":"0.00%"},{"v":0.15,"d":"15.00%"}]
["QCI - QUADRO DE COMPOSIÇÃO DO INVESTIMENTO"]
["ITEM","DESCRIÇÃO",null,"INVESTIMENTO"]
[{"$nulls":3},"PAGO REPASSE","SALDO REPASSE","CONTRA P.","TOTAL","OUTROS",null,"REC TOTAL",{"v":1071979.61,"d":"1,071,979.61"},null,{"v":9,"d":"9.0"}]
[1,"SERVIÇOS PRELIMINARES",null,null,{"v":13945.43,"d":"13,945.43"},{"v":1740.15,"d":"1,740.15"},{"v":15685.58,"d":"15,685.58"},null,null,"REC GOV",{"v":960019,"d":"960,019.00"}]
[{"$nulls":9},"REC GOV PAGO",{"v":6964.4,"d":"6,964.40"},null,{"v":0.110939619457874,"d":"11.0939619457874%"}]
[2,"ADMINISTRAÇÃO LOCAL  ",null,null,{"v":36012.96,"d":"36,012.96"},{"v":4493.82,"d":"4,493.82"},{"v":40506.78,"d":"40,506.78"},null,null,"SALDO REC GOV",{"v":953054.6,"d":"953,054.60"},null,{"v":0.006496765362916,"d":"0.6496765362916%"}]
[0,{"$nulls":16},0,0]
[3,"DRENAGEM DE ÁGUAS PLUVIAIS",{"$nulls":7},"CONTRA",{"v":118925.01,"d":"118,925.01"}]
["3.1","MOVIMENTO DE TERRA",null,null,{"v":44185.46,"d":"44,185.46"},{"v":5513.59,"d":"5,513.59"},{"v":49699.05,"d":"49,699.05"},{"$nulls":10},0,0]
["3.2","FORNECIMENTO E ASSENTAMENTO DE TUBOS",null,null,{"v":306342.72,"d":"306,342.72"},{"v":38226.36,"d":"38,226.36"},{"v":344569.08,"d":"344,569.08"}]
["3.3","ELEMENTOS AUXILIARES",null,null,{"v":53045.84,"d":"53,045.84"},{"v":6619.22,"d":"6,619.22"},{"v":59665.06,"d":"59,665.06"}]
[]
[4,"PAVIMENTAÇÃO EM TSD"]
["4.1","TERRAPLENAGEM",null,{"v":6964.4,"d":"6,964.40"},{"v":7136.51,"d":"7,136.51"},890.52,{"v":8027.03,"d":"8,027.03"}]
["4.2","AQUISIÇÃO MATERIAL BETUMINOSO",null,null,{"v":118532.21,"d":"118,532.21"},{"v":14790.8,"d":"14,790.80"},{"v":133323.01,"d":"133,323.01"}]
["4.3","PAVIMENTAÇÃO",null,null,{"v":118988.51,"d":"118,988.51"},{"v":14847.74,"d":"14,847.74"},{"v":133836.25,"d":"133,836.25"}]
["4.4","OBRAS COMPLEMENTARES",null,null,{"v":201909.43,"d":"201,909.43"},{"v":25194.86,"d":"25,194.86"},{"v":227104.29,"d":"227,104.29"}]
["4.5","SINALIZAÇÃO VIÁRIA",null,null,{"v":52955.53,"d":"52,955.53"},{"v":6607.95,"d":"6,607.95"},{"v":59563.48,"d":"59,563.48"}]
[]
["TOTAL",null,null,{"v":6964.4,"d":"6,964.40"},{"v":953054.6,"d":"953,054.60"},{"v":118925.01,"d":"118,925.01"},{"v":1071979.61,"d":"1,071,979.61"},{"v":0,"d":"0.00"}]
[]
[]
[]
[]
[null,"RESUMO DO QCI"]
[null,"VALOR DE REPASSE INICIAL",{"v":960019,"d":"R$ 960,019.00"}]
[null,"VALORES PAGOS (REPASSE)",{"v":6964.4,"d":"R$ 6,964.40"}]
[null,"SALDO REPASSE",{"v":953054.6,"d":"R$ 953,054.60"}]
[]
[null,"TOTAL DE CONTRAPARTIDA",{"v":118925.01,"d":"R$ 118,925.01"}]
[]
[null,"TOTAL DA OBRA",{"v":1071979.61,"d":"R$ 1,071,979.61"}]
[]
[]
[]
[]
[]
[]
[null,"LUIZ GUILHERME CADORE SILVA"]
[null,"ENGº CIVIL / FISCAL DE OBRAS"]
[null,"CREA MT041303"]

{"sheet":"COMP SICRO","index":20,"n_rows":526,"n_cols":12,"rows_kept":526,"hidden":true,"merged":[[0,0,0,7],[1,0,1,7],[2,2,2,3],[2,4,2,5],[2,6,2,7],[3,2,5,3],[3,4,3,5],[3,6,3,7],[4,4,4,5],[4,6,4,7],[5,4,5,5],[5,6,5,7],[7,0,7,7],[7,10,7,11],[12,1,12,6],[12,7,12,8],[13,0,14,1],[13,2,14,2],[13,3,13,4],[13,5,13,6],[16,6,16,8],[17,2,17,6],[18,2,18,6],[19,2,19,6],[22,6,22,8],[23,2,23,6],[24,6,24,8],[28,2,28,6],[30,7,30,8],[31,2,31,6],[32,0,33,1],[32,2,33,2],[32,3,33,3],[32,4,32,6],[32,8,33,8],[34,2,34,6],[35,4,35,6],[41,1,41,6],[41,7,41,8],[42,0,43,1],[42,2,43,2],[42,3,42,4],[42,5,42,6],[45,6,45,8],[48,2,48,6],[49,2,49,6],[50,2,50,6],[53,6,53,8],[56,2,56,6],[57,6,57,8],[58,2,58,6],[60,7,60,8],[63,2,63,6],[64,0,65,1],[64,2,65,2],[64,3,65,3],[64,4,64,6],[64,8,65,8],[68,2,68,6],[69,4,69,6],[75,1,75,6],[75,7,75,8],[76,0,77,1],[76,2,77,2],[76,3,76,4],[76,5,76,6],[84,6,84,8],[87,2,87,6],[88,2,88,6],[89,2,89,6],[92,6,92,8],[98,2,98,6],[99,6,99,8],[100,2,100,6],[102,7,102,8],[108,2,108,6],[109,0,110,1],[109,2,110,2],[109,3,110,3],[109,4,109,6],[109,8,110,8],[116,2,116,6],[117,4,117,6],[123,1,123,6],[123,7,123,8],[124,0,125,1],[124,2,125,2],[124,3,124,4],[124,5,124,6],[129,6,129,8],[132,2,132,6],[133,2,133,6],[134,2,134,6],[137,6,137,8],[142,2,142,6],[143,6,143,8],[144,2,144,6],[146,7,146,8],[151,2,151,6],[152,0,153,1],[152,2,153,2],[152,3,153,3],[152,4,152,6],[152,8,153,8],[158,2,158,6],[159,4,159,6],[170,1,170,6],[170,7,170,8],[171,0,172,1],[171,2,172,2],[171,3,171,4],[171,5,171,6],[175,6,175,8],[177,2,177,6],[178,2,178,6],[179,2,179,6],[182,6,182,8],[183,2,183,6],[184,6,184,8],[185,2,185,6],[187,7,187,8],[188,2,188,6],[189,0,190,1],[189,2,190,2],[189,3,190,3],[189,4,189,6],[189,8,190,8],[191,2,191,6],[192,4,192,6],[198,1,198,6],[198,7,198,8],[199,0,200,1],[199,2,200,2],[199,3,199,4],[199,5,199,6],[203,6,203,8],[204,2,204,6],[205,2,205,6],[206,2,206,6],[209,6,209,8],[210,2,210,6],[211,6,211,8],[212,2,212,6],[214,7,214,8],[215,2,215,6],[216,0,217,1],[216,2,217,2],[216,3,217,3],[216,4,216,6],[216,8,217,8],[218,2,218,6],[219,4,219,6],[226,1,226,6],[226,7,226,8],[227,0,228,1],[227,2,228,2],[227,3,227,4],[227,5,227,6],[230,6,230,8],[232,2,232,6],[233,2,233,6],[234,2,234,6],[237,6,237,8],[239,2,239,6],[240,6,240,8],[244,2,244,6],[246,7,246,8],[248,2,248,6],[249,0,250,1],[249,2,250,2],[249,3,250,3],[249,4,249,6],[249,8,250,8],[252,2,252,6],[253,4,253,6],[259,1,259,6],[259,7,259,8],[260,0,261,1],[260,2,261,2],[260,3,260,4],[260,5,260,6],[263,6,263,8],[265,2,265,6],[266,2,266,6],[267,2,267,6],[270,6,270,8],[271,2,271,6],[272,6,272,8],[273,2,273,6],[275,7,275,8],[276,2,276,6],[277,0,278,1],[277,2,278,2],[277,3,278,3],[277,4,277,6],[277,8,278,8],[279,2,279,6],[280,4,280,6],[286,1,286,6],[286,7,286,8],[287,0,288,1],[287,2,288,2],[287,3,287,4],[287,5,287,6],[291,6,291,8],[294,2,294,6],[295,2,295,6],[296,2,296,6],[299,6,299,8],[302,2,302,6],[303,6,303,8],[306,2,306,6],[308,7,308,8],[311,2,311,6],[312,0,313,1],[312,2,313,2],[312,3,313,3],[312,4,312,6],[312,8,313,8],[316,2,316,6],[317,4,317,6],[323,1,323,6],[323,7,323,8],[324,0,325,1],[324,2,325,2],[324,3,324,4],[324,5,324,6],[328,6,328,8],[331,2,331,6],[332,2,332,6],[333,2,333,6],[336,6,336,8],[339,2,339,6],[340,6,340,8],[343,2,343,6],[345,7,345,8],[348,2,348,6],[349,0,350,1],[349,2,350,2],[349,3,350,3],[349,4,349,6],[349,8,350,8],[353,2,353,6],[354,4,354,6],[360,1,360,6],[360,7,360,8],[361,0,362,1],[361,2,362,2],[361,3,361,4],[361,5,361,6],[365,6,365,8],[368,2,368,6],[369,2,369,6],[370,2,370,6],[373,6,373,8],[374,2,374,6],[375,6,375,8],[377,2,377,6],[379,7,379,8],[380,2,380,6],[381,0,382,1],[381,2,382,2],[381,3,382,3],[381,4,381,6],[381,8,382,8],[383,2,383,6],[384,4,384,6],[390,1,390,6],[390,7,390,8],[391,0,392,1],[391,2,392,2],[391,3,391,4],[391,5,391,6],[399,6,399,8],[404,2,404,6],[405,2,405,6],[406,2,406,6],[409,6,409,8],[412,2,412,6],[413,6,413,8],[415,2,415,6],[417,7,417,8],[420,2,420,6],[421,0,422,1],[421,2,422,2],[421,3,422,3],[421,4,421,6],[421,8,422,8],[425,2,425,6],[426,4,426,6],[432,1,432,6],[432,7,432,8],[433,0,434,1],[433,2,434,2],[433,3,433,4],[433,5,433,6],[438,6,438,8],[441,2,441,6],[442,2,442,6],[443,2,443,6],[446,6,446,8],[448,2,448,6],[449,6,449,8],[450,2,450,6],[452,7,452,8],[454,2,454,6],[455,0,456,1],[455,2,456,2],[455,3,456,3],[455,4,455,6],[455,8,456,8],[458,2,458,6],[459,4,459,6],[465,1,465,6],[465,7,465,8],[466,0,467,1],[466,2,467,2],[466,3,466,4],[466,5,466,6],[471,6,471,8],[473,2,473,6],[474,2,474,6],[475,2,475,6],[478,6,478,8],[479,2,479,6],[480,6,480,8],[481,2,481,6],[483,7,483,8],[484,2,484,6],[485,0,486,1],[485,2,486,2],[485,3,486,3],[485,4,485,6],[485,8,486,8],[487,2,487,6],[488,4,488,6],[494,1,494,6],[494,7,494,8],[495,0,496,1],[495,2,496,2],[495,3,495,4],[495,5,495,6],[499,6,499,8],[502,2,502,6],[503,2,503,6],[504,2,504,6],[507,6,507,8],[511,2,511,6],[512,6,512,8],[513,2,513,6],[515,7,515,8],[518,2,518,6],[519,0,520,1],[519,2,520,2],[519,3,520,3],[519,4,519,6],[519,8,520,8],[523,2,523,6],[524,4,524,6]],"flags":["formulas_cached_only"]}
["ESTADO DE MATO GROSSO"]
["PREFEITURA MUNICIPAL DE SÃO JOSÉ DOS QUATRO MARCOS"]
["OBRA:","PAVIMENTAÇÃO ASFALTICA",{"$error":"#REF!"},null,0,null,"BDI NÃO DES"]
["LOCAL:","JARDIM ZEFERINO",{"$error":"#REF!"},null,{"v":0,"d":"0.00%"},null,{"v":0.2223,"d":"22.23%"}]
["PROPR.:","PREFEITURA MUNICIPAL DE SÃO JOSÉ DOS QUATRO MARCOS",null,null,0,null,"DIFERENCIADO"]
["ÁREA (M²):",{"v":5174.32,"d":"5,174.32"},null,null,{"v":0,"d":"0.00%"},null,{"v":0.15,"d":"15.00%"}]
[]
["COMPOSIÇÃO DE CUSTOS UNITÁRIOS SICRO DESONERADO",{"$nulls":9},"COD COMP"]
[{"$nulls":10},1107892,"I121"]
["CGCIT",{"$nulls":7},"DNIT",null,4805750,"I284"]
["SISTEMA DE CUSTOS REFERENCIAIS DE OBRAS - SICRO",null,null,"Mato Grosso",{"$nulls":6},3103302,"I163"]
["Custo Unitário de Referência",null,null,"Julho/2022",null,null,"Produção da equipe ",{"v":1,"d":"1.00000"},"un",null,407820,"I73"]
["2003684","Poço de visita - PVI 04 - areia e brita comerciais",{"$nulls":5},"Valores em reais (R$)",null,null,5914655,"I196"]
["A - EQUIPAMENTOS",null,"Quantidade","Utilização",null,"Custo Horário",null,null,"Custo",null,5914647,"I223"]
[{"$nulls":3},"Operativa","Improdutiva","Produtivo","Improdutivo",null,"Horário Total",null,5914333,"I479"]
[{"$nulls":6},"Custo horário total de equipamentos",{"$nulls":3},5212552,"I463"]
["B - MÃO DE OBRA",null,"Quantidade","Unidade",null,"Custo Horário","Custo Horário Total",{"$nulls":3},5213408,"I528"]
[null,null,"Custo horário total de mão de obra"]
[null,null,"Custo horário total de execução"]
[null,null,"Custo unitário de execução"]
[{"$nulls":6},"Custo do FIC",null,"-"]
[{"$nulls":6},"Custo do FIT",null,"-"]
["C - MATERIAL",null,"Quantidade","Unidade",null,"Preço Unitário","Custo Unitário"]
[null,null,"Custo unitário total de material"]
["D - ATIVIDADES AUXILIARES",null,"Quantidade","Unidade",null,"Custo Unitário","Custo Unitário"]
["0407820","Armação em aço CA-60 - fornecimento, preparo e colocação",{"v":22.9,"d":"22.90000"},"kg",null,{"v":16.85,"d":"16.8500"},null,null,{"v":385.865,"d":"385.8650"}]
["1107892","Concreto fck = 20 MPa - confecção em betoneira e lançamento manual - areia e brita comerciais",{"v":2.48,"d":"2.48000"},"m³",null,{"v":439.24,"d":"439.2400"},null,null,{"v":1089.3152,"d":"1,089.3152"}]
["3103302","Fôrmas de tábuas de pinho para dispositivos de drenagem - utilização de 3 vezes - confecção, instalação e retirada",{"v":19.64,"d":"19.64000"},"m²",null,{"v":63.44,"d":"63.4400"},null,null,{"v":1245.9616,"d":"1,245.9616"}]
[null,null,"Custo total de atividades auxiliares",{"$nulls":5},{"v":2721.1418,"d":"2,721.1418"}]
[{"$nulls":6},"Subtotal",null,{"v":2721.1418,"d":"2,721.1418"}]
["E - TEMPO FIXO",null,"Código","Quantidade","Unidade",null,"Custo Unitário","Custo Unitário"]
[null,null,"Custo unitário total de tempo fixo"]
["F - MOMENTO DE TRANSPORTE",null,"Quantidade","Unidade","DMT",{"$nulls":3},"Custo Unitário"]
[{"$nulls":4},"LN","RP","P"]
[null,null,"Custo unitário total de transporte"]
[{"$nulls":4},"Custo unitário direto total",{"$nulls":3},{"v":2721.14,"d":"2,721.14"}]
["Obs."]
[]
["CGCIT",{"$nulls":7},"DNIT"]
["SISTEMA DE CUSTOS REFERENCIAIS DE OBRAS - SICRO",null,null,"Mato Grosso"]
["Custo Unitário de Referência",null,null,"Julho/2022",null,null,"Produção da equipe ",{"v":1,"d":"1.00000"},"kg"]
["0407820","Armação em aço CA-60 - fornecimento, preparo e colocação",{"$nulls":5},"Valores em reais (R$)"]
["A - EQUIPAMENTOS",null,"Quantidade","Utilização",null,"Custo Horário",null,null,"Custo"]
[{"$nulls":3},"Operativa","Improdutiva","Produtivo","Improdutivo",null,"Horário Total"]
[{"$nulls":6},"Custo horário total de equipamentos"]
["B - MÃO DE OBRA",null,"Quantidade","Unidade",null,"Custo Horário","Custo Horário Total"]
["P9801","Ajudante",{"v":0.08,"d":"0.08000"},"h",null,18.4481,null,null,1.4758]
["P9805","Armador",{"v":0.08,"d":"0.08000"},"h",null,25.1022,null,null,2.0082]
[null,null,"Custo horário total de mão de obra",{"$nulls":5},{"v":3.484,"d":"3.4840"}]
[null,null,"Custo horário total de execução",{"$nulls":5},{"v":3.484,"d":"3.4840"}]
[null,null,"Custo unitário de execução",{"$nulls":5},{"v":3.484,"d":"3.4840"}]
[{"$nulls":6},"Custo do FIC",null,"-"]
[{"$nulls":6},"Custo do FIT",null,"-"]
["C - MATERIAL",null,"Quantidade","Unidade",null,"Preço Unitário","Custo Unitário"]
["M0014","Aço CA 60",{"v":1.1,"d":"1.10000"},"kg",null,11.6717,null,null,12.8389]
["M0075","Arame liso recozido em aço-carbono - D = 1,24 mm (18 BWG)",{"v":0.015,"d":"0.01500"},"kg",null,8.0124,null,null,0.1202]
[null,null,"Custo unitário total de material",{"$nulls":5},12.9591]
["D - ATIVIDADES AUXILIARES",null,"Quantidade","Unidade",null,"Custo Unitário","Custo Unitário"]
[null,null,"Custo total de atividades auxiliares"]
[{"$nulls":6},"Subtotal",null,16.8112]
["E - TEMPO FIXO",null,"Código","Quantidade","Unidade",null,"Custo Unitário","Custo Unitário"]
["M0014","Aço CA 60 - Caminhão carroceria 15 t","5914655",{"v":0.0011,"d":"0.00110"},"t",null,{"v":35.09,"d":"35.0900"},null,0.0386]
["M0075","Arame liso recozido em aço-carbono - D = 1,24 mm (18 BWG) - Caminhão carroceria 15 t","5914655",{"v":2e-05,"d":"0.00002"},"t",null,{"v":35.09,"d":"35.0900"},null,0.0007]
[null,null,"Custo unitário total de tempo fixo",{"$nulls":5},0.0393]
["F - MOMENTO DE TRANSPORTE",null,"Quantidade","Unidade","DMT",{"$nulls":3},"Custo Unitário"]
[{"$nulls":4},"LN","RP","P"]
["M0014","Aço CA 60 - Caminhão carroceria 15 t",{"v":0.0011,"d":"0.00110"},"tkm","5914449","5914464","5914479"]
["M0075","Arame liso recozido em aço-carbono - D = 1,24 mm (18 BWG) - Caminhão carroceria 15 t",{"v":2e-05,"d":"0.00002"},"tkm","5914449","5914464","5914479"]
[null,null,"Custo unitário total de transporte"]
[{"$nulls":4},"Custo unitário direto total",{"$nulls":3},16.85]
["Obs."]
[]
["CGCIT",{"$nulls":7},"DNIT"]
["SISTEMA DE CUSTOS REFERENCIAIS DE OBRAS - SICRO",null,null,"Mato Grosso"]
["Custo Unitário de Referência",null,null,"Julho/2022",null,null,"Produção da equipe ",3.92899,"m³"]
["1107892","Concreto fck = 20 MPa - confecção em betoneira e lançamento manual - areia e brita comerciais",{"$nulls":5},"Valores em reais (R$)"]
["A - EQUIPAMENTOS",null,"Quantidade","Utilização",null,"Custo Horário",null,null,"Custo"]
[{"$nulls":3},"Operativa","Improdutiva","Produtivo","Improdutivo",null,"Horário Total"]
["E9010","Balança plataforma digital com mesa de 75 x 75 cm com capacidade de 500 kg",{"v":1,"d":"1.00000"},{"v":1,"d":"1.00"},{"v":0,"d":"0.00"},1.5928,{"v":1.07,"d":"1.0700"},null,1.5928]
["E9519","Betoneira com motor a gasolina com capacidade de 600 l - 10 kW",{"v":1,"d":"1.00000"},{"v":1,"d":"1.00"},{"v":0,"d":"0.00"},45.6296,23.5549,null,45.6296]
["E9521","Grupo gerador - 2,5/3 kVA",{"v":1,"d":"1.00000"},{"v":1,"d":"1.00"},{"v":0,"d":"0.00"},3.8789,0.2251,null,3.8789]
["E9071","Transportador manual carrinho de mão com capacidade de 80 l",{"v":4,"d":"4.00000"},{"v":0.9,"d":"0.90"},{"v":0.1,"d":"0.10"},{"v":0.79,"d":"0.7900"},0.5371,null,3.0588]
["E9064","Transportador manual gerica com capacidade de 180 l",{"v":3,"d":"3.00000"},0.41,0.59,1.6663,1.1328,null,4.0546]
[{"$nulls":6},"Custo horário total de equipamentos",null,58.2147]
["B - MÃO DE OBRA",null,"Quantidade","Unidade",null,"Custo Horário","Custo Horário Total"]
["P9821","Pedreiro",{"v":1,"d":"1.00000"},"h",null,22.4829,null,null,22.4829]
["P9824","Servente",{"v":9,"d":"9.00000"},"h",null,17.5554,null,null,157.9986]
[null,null,"Custo horário total de mão de obra",{"$nulls":5},180.4815]
[null,null,"Custo horário total de execução",{"$nulls":5},238.6962]
[null,null,"Custo unitário de execução",{"$nulls":5},60.7526]
[{"$nulls":6},"Custo do FIC",null,"-"]
[{"$nulls":6},"Custo do FIT",null,"-"]
["C - MATERIAL",null,"Quantidade","Unidade",null,"Preço Unitário","Custo Unitário"]
["M0030","Aditivo plastificante e retardador de pega para concreto e argamassa",0.84646,"kg",null,{"v":6.18,"d":"6.1800"},null,null,5.2311]
["M0082","Areia média lavada",0.63334,"m³",null,118.4521,null,null,75.0205]
["M0191","Brita 1",0.36754,"m³",null,160.9884,null,null,59.1697]
["M0192","Brita 2",0.36754,"m³",null,157.7838,null,null,57.9919]
["M0424","Cimento Portland CP II - 32 - saco",282.15207,"kg",null,0.5943,null,null,{"v":167.683,"d":"167.6830"}]
[null,null,"Custo unitário total de material",{"$nulls":5},365.0962]
["D - ATIVIDADES AUXILIARES",null,"Quantidade","Unidade",null,"Custo Unitário","Custo Unitário"]
[null,null,"Custo total de atividades auxiliares"]
[{"$nulls":6},"Subtotal",null,425.8488]
["E - TEMPO FIXO",null,"Código","Quantidade","Unidade",null,"Custo Unitário","Custo Unitário"]
["M0030","Aditivo plastificante e retardador de pega para concreto e argamassa - Caminhão carroceria 15 t","5914655",0.00085,"t",null,{"v":34.04,"d":"34.0400"},null,0.0289]
["M0082","Areia média lavada - Caminhão basculante 10 m³","5914647",0.95001,"t",null,{"v":1.83,"d":"1.8300"},null,1.7385]
["M0191","Brita 1 - Caminhão basculante 10 m³","5914647",0.55131,"t",null,{"v":1.83,"d":"1.8300"},null,1.0089]
["M0192","Brita 2 - Caminhão basculante 10 m³","5914647",0.55131,"t",null,{"v":1.83,"d":"1.8300"},null,1.0089]
["M0424","Cimento Portland CP II - 32 - saco - Caminhão carroceria 15 t","5914655",0.28215,"t",null,{"v":34.04,"d":"34.0400"},null,9.6044]
[null,null,"Custo unitário total de tempo fixo",{"$nulls":5},13.3896]
["F - MOMENTO DE TRANSPORTE",null,"Quantidade","Unidade","DMT",{"$nulls":3},"Custo Unitário"]
[{"$nulls":4},"LN","RP","P"]
["M0030","Aditivo plastificante e retardador de pega para concreto e argamassa - Caminhão carroceria 15 t",0.00085,"tkm","5914449","5914464","5914479"]
["M0082","Areia média lavada - Caminhão basculante 10 m³",0.95001,"tkm","5914359","5914374","5914389"]
["M0191","Brita 1 - Caminhão basculante 10 m³",0.55131,"tkm","5914359","5914374","5914389"]
["M0192","Brita 2 - Caminhão basculante 10 m³",0.55131,"tkm","5914359","5914374","5914389"]
["M0424","Cimento Portland CP II - 32 - saco - Caminhão carroceria 15 t",0.28215,"tkm","5914449","5914464","5914479"]
[null,null,"Custo unitário total de transporte"]
[{"$nulls":4},"Custo unitário direto total",{"$nulls":3},439.24]
["Obs."]
[]
["CGCIT",{"$nulls":7},"DNIT"]
["SISTEMA DE CUSTOS REFERENCIAIS DE OBRAS - SICRO",null,null,"Mato Grosso"]
["Custo Unitário de Referência",null,null,"Julho/2022",null,null,"Produção da equipe ",{"v":1,"d":"1.00000"},"m²"]
["3103302","Fôrmas de tábuas de pinho para dispositivos de drenagem - utilização de 3 vezes - confecção, instalação e retirada",{"$nulls":5},"Valores em reais (R$)"]
["A - EQUIPAMENTOS",null,"Quantidade","Utilização",null,"Custo Horário",null,null,"Custo"]
[{"$nulls":3},"Operativa","Improdutiva","Produtivo","Improdutivo",null,"Horário Total"]
["E9066","Grupo gerador - 13/14 kVA",0.09372,{"v":1,"d":"1.00"},{"v":0,"d":"0.00"},{"v":20.439,"d":"20.4390"},3.8529,null,1.9155]
["E9535","Serra circular com bancada - D = 30 cm - 4 kW",0.09372,{"v":1,"d":"1.00"},{"v":0,"d":"0.00"},20.8651,20.5496,null,1.9555]
[{"$nulls":6},"Custo horário total de equipamentos",null,{"v":3.871,"d":"3.8710"}]
["B - MÃO DE OBRA",null,"Quantidade","Unidade",null,"Custo Horário","Custo Horário Total"]
["P9801","Ajudante",{"v":0.9,"d":"0.90000"},"h",null,18.4481,null,null,16.6033]
["P9808","Carpinteiro",{"v":0.9,"d":"0.90000"},"h",null,22.5639,null,null,20.3075]
[null,null,"Custo horário total de mão de obra",{"$nulls":5},36.9108]
[null,null,"Custo horário total de execução",{"$nulls":5},40.7818]
[null,null,"Custo unitário de execução",{"$nulls":5},40.7818]
[{"$nulls":6},"Custo do FIC",null,"-"]
[{"$nulls":6},"Custo do FIT",null,"-"]
["C - MATERIAL",null,"Quantidade","Unidade",null,"Preço Unitário","Custo Unitário"]
["M0560","Desmoldante para fôrmas de madeira",0.01852,"l",null,13.1784,null,null,0.2441]
["M1205","Prego de ferro",0.02718,"kg",null,18.0612,null,null,0.4909]
["M0290","Tábua - E = 2,5 cm e L = 10 cm",1.21474,"m",null,4.0806,null,null,4.9569]
["M1429","Tábua de pinho de terceira - E = 2,5 cm",0.40425,"m²",null,40.8587,null,null,16.5171]
[null,null,"Custo unitário total de material",{"$nulls":5},{"v":22.209,"d":"22.2090"}]
["D - ATIVIDADES AUXILIARES",null,"Quantidade","Unidade",null,"Custo Unitário","Custo Unitário"]
[null,null,"Custo total de atividades auxiliares"]
[{"$nulls":6},"Subtotal",null,62.9908]
["E - TEMPO FIXO",null,"Código","Quantidade","Unidade",null,"Custo Unitário","Custo Unitário"]
["M0560","Desmoldante para fôrmas de madeira - Caminhão carroceria 15 t","5914655",{"v":2e-05,"d":"0.00002"},"t",null,{"v":34.04,"d":"34.0400"},null,0.0007]
["M1205","Prego de ferro - Caminhão carroceria 15 t","5914655",{"v":3e-05,"d":"0.00003"},"t",null,{"v":34.04,"d":"34.0400"},null,{"v":0.001,"d":"0.0010"}]
["M0290","Tábua - E = 2,5 cm e L = 10 cm - Caminhão carroceria 15 t","5914655",0.00304,"t",null,{"v":34.04,"d":"34.0400"},null,0.1035]
["M1429","Tábua de pinho de terceira - E = 2,5 cm - Caminhão carroceria 15 t","5914655",0.01011,"t",null,{"v":34.04,"d":"34.0400"},null,0.3441]
[null,null,"Custo unitário total de tempo fixo",{"$nulls":5},0.4493]
["F - MOMENTO DE TRANSPORTE",null,"Quantidade","Unidade","DMT",{"$nulls":3},"Custo Unitário"]
[{"$nulls":4},"LN","RP","P"]
["M0560","Desmoldante para fôrmas de madeira - Caminhão carroceria 15 t",{"v":2e-05,"d":"0.00002"},"tkm","5914449","5914464","5914479"]
["M1205","Prego de ferro - Caminhão carroceria 15 t",{"v":3e-05,"d":"0.00003"},"tkm","5914449","5914464","5914479"]
["M0290","Tábua - E = 2,5 cm e L = 10 cm - Caminhão carroceria 15 t",0.00304,"tkm","5914449","5914464","5914479"]
["M1429","Tábua de pinho de terceira - E = 2,5 cm - Caminhão carroceria 15 t",0.01011,"tkm","5914449","5914464","5914479"]
[null,null,"Custo unitário total de transporte"]
[{"$nulls":4},"Custo unitário direto total",{"$nulls":3},63.44]
["Obs."]
[]
[]
[]
[]
[]
[]
["CGCIT",{"$nulls":7},"DNIT"]
["SISTEMA DE CUSTOS REFERENCIAIS DE OBRAS - SICRO",null,null,"Mato Grosso"]
["Custo Unitário de Referência",null,null,"Julho/2022",null,null,"Produção da equipe ",11.84,"t"]
["5914655","Carga, manobra e descarga de materiais diversos em caminhão carroceria de 15 t - carga e descarga manuais",{"$nulls":5},"Valores em reais (R$)"]
["A - EQUIPAMENTOS",null,"Quantidade","Utilização",null,"Custo Horário",null,null,"Custo"]
[{"$nulls":3},"Operativa","Improdutiva","Produtivo","Improdutivo",null,"Horário Total"]
["E9592","Caminhão carroceria com capacidade de 15 t - 188 kW",{"v":1,"d":"1.00000"},{"v":1,"d":"1.00"},{"v":0,"d":"0.00"},{"v":297.664,"d":"297.6640"},{"v":69.875,"d":"69.8750"},null,{"v":297.664,"d":"297.6640"}]
[{"$nulls":6},"Custo horário total de equipamentos",null,{"v":297.664,"d":"297.6640"}]
["B - MÃO DE OBRA",null,"Quantidade","Unidade",null,"Custo Horário","Custo Horário Total"]
["P9824","Servente",{"v":6,"d":"6.00000"},"h",null,17.5554,null,null,105.3324]
[null,null,"Custo horário total de mão de obra",{"$nulls":5},105.3324]
[null,null,"Custo horário total de execução",{"$nulls":5},402.9964]
[null,null,"Custo unitário de execução",{"$nulls":5},34.0369]
[{"$nulls":6},"Custo do FIC",null,"-"]
[{"$nulls":6},"Custo do FIT",null,"-"]
["C - MATERIAL",null,"Quantidade","Unidade",null,"Preço Unitário","Custo Unitário"]
[null,null,"Custo unitário total de material"]
["D - ATIVIDADES AUXILIARES",null,"Quantidade","Unidade",null,"Custo Unitário","Custo Unitário"]
[null,null,"Custo total de atividades auxiliares"]
[{"$nulls":6},"Subtotal",null,34.0369]
["E - TEMPO FIXO",null,"Código","Quantidade","Unidade",null,"Custo Unitário","Custo Unitário"]
[null,null,"Custo unitário total de tempo fixo"]
["F - MOMENTO DE TRANSPORTE",null,"Quantidade","Unidade","DMT",{"$nulls":3},"Custo Unitário"]
[{"$nulls":4},"LN","RP","P"]
[null,null,"Custo unitário total de transporte"]
[{"$nulls":4},"Custo unitário direto total",{"$nulls":3},34.04]
["Obs."]
[]
["CGCIT",{"$nulls":7},"DNIT"]
["SISTEMA DE CUSTOS REFERENCIAIS DE OBRAS - SICRO",null,null,"Mato Grosso"]
["Custo Unitário de Referência",null,null,"Julho/2022",null,null,"Produção da equipe ",457.16,"t"]
["5914647","Carga, manobra e descarga de agregados ou solos em caminhão basculante de 10 m³ - carga com carregadeira de 3,40 m³ (exclusa) e descarga livre",{"$nulls":5},"Valores em reais (R$)"]
["A - EQUIPAMENTOS",null,"Quantidade","Utilização",null,"Custo Horário",null,null,"Custo"]
[{"$nulls":3},"Operativa","Improdutiva","Produtivo","Improdutivo",null,"Horário Total"]
["E9579","Caminhão basculante com capacidade de 10 m³ - 188 kW",{"v":3,"d":"3.00000"},0.86,0.14,312.3195,77.2652,null,838.2357]
[{"$nulls":6},"Custo horário total de equipamentos",null,838.2357]
["B - MÃO DE OBRA",null,"Quantidade","Unidade",null,"Custo Horário","Custo Horário Total"]
[null,null,"Custo horário total de mão de obra"]
[null,null,"Custo horário total de execução",{"$nulls":5},838.2357]
[null,null,"Custo unitário de execução",{"$nulls":5},1.8336]
[{"$nulls":6},"Custo do FIC",null,"-"]
[{"$nulls":6},"Custo do FIT",null,"-"]
["C - MATERIAL",null,"Quantidade","Unidade",null,"Preço Unitário","Custo Unitário"]
[null,null,"Custo unitário total de material"]
["D - ATIVIDADES AUXILIARES",null,"Quantidade","Unidade",null,"Custo Unitário","Custo Unitário"]
[null,null,"Custo total de atividades auxiliares"]
[{"$nulls":6},"Subtotal",null,1.8336]
["E - TEMPO FIXO",null,"Código","Quantidade","Unidade",null,"Custo Unitário","Custo Unitário"]
[null,null,"Custo unitário total de tempo fixo"]
["F - MOMENTO DE TRANSPORTE",null,"Quantidade","Unidade","DMT",{"$nulls":3},"Custo Unitário"]
[{"$nulls":4},"LN","RP","P"]
[null,null,"Custo unitário total de transporte"]
[{"$nulls":4},"Custo unitário direto total",{"$nulls":3},1.83]
["Obs."]
[]
[]
["CGCIT",{"$nulls":7},"DNIT"]
["SISTEMA DE CUSTOS REFERENCIAIS DE OBRAS - SICRO",null,null,"Mato Grosso"]
["Custo Unitário de Referência",null,null,"Julho/2022",null,null,"Produção da equipe ",{"v":1,"d":"1.00000"},"un"]
["2003457","Dissipador de energia - DEB 05 - areia, brita e pedra de mão comerciais",{"$nulls":5},"Valores em reais (R$)"]
["A - EQUIPAMENTOS",null,"Quantidade","Utilização",null,"Custo Horário",null,null,"Custo"]
[{"$nulls":3},"Operativa","Improdutiva","Produtivo","Improdutivo",null,"Horário Total"]
[{"$nulls":6},"Custo horário total de equipamentos"]
["B - MÃO DE OBRA",null,"Quantidade","Unidade",null,"Custo Horário","Custo Horário Total"]
["P9824","Servente",{"v":2.76,"d":"2.76000"},"h",null,17.5554,null,null,48.4529]
[null,null,"Custo horário total de mão de obra",{"$nulls":5},48.4529]
[null,null,"Custo horário total de execução",{"$nulls":5},48.4529]
[null,null,"Custo unitário de execução",{"$nulls":5},48.4529]
[{"$nulls":6},"Custo do FIC",null,"-"]
[{"$nulls":6},"Custo do FIT",null,"-"]
["C - MATERIAL",null,"Quantidade","Unidade",null,"Preço Unitário","Custo Unitário"]
["M1097","Pedra de mão ou rachão",{"v":2.07,"d":"2.07000"},"m³",null,142.3177,null,null,294.5976]
[null,null,"Custo unitário total de material",{"$nulls":5},294.5976]
["D - ATIVIDADES AUXILIARES",null,"Quantidade","Unidade",null,"Custo Unitário","Custo Unitário"]
["1107892","Concreto fck = 20 MPa - confecção em betoneira e lançamento manual - areia e brita comerciais",{"v":2.59,"d":"2.59000"},"m³",null,{"v":439.24,"d":"439.2400"},null,null,{"v":1137.6316,"d":"1,137.6316"}]
["4805750","Escavação manual em material de 1ª categoria na profundidade de até 1 m",{"v":8.81,"d":"8.81000"},"m³",null,{"v":36.34,"d":"36.3400"},null,null,320.1554]
["3103302","Fôrmas de tábuas de pinho para dispositivos de drenagem - utilização de 3 vezes - confecção, instalação e retirada",{"v":11.63,"d":"11.63000"},"m²",null,{"v":63.44,"d":"63.4400"},null,null,737.8072]
[null,null,"Custo total de atividades auxiliares",{"$nulls":5},{"v":2195.5942,"d":"2,195.5942"}]
[{"$nulls":6},"Subtotal",null,{"v":2490.1918,"d":"2,490.1918"}]
["E - TEMPO FIXO",null,"Código","Quantidade","Unidade",null,"Custo Unitário","Custo Unitário"]
["M1097","Pedra de mão ou rachão - Caminhão basculante 10 m³","5914647",{"v":3.105,"d":"3.10500"},"t",null,{"v":1.85,"d":"1.8500"},null,5.7443]
[null,null,"Custo unitário total de tempo fixo",{"$nulls":5},5.7443]
["F - MOMENTO DE TRANSPORTE",null,"Quantidade","Unidade","DMT",{"$nulls":3},"Custo Unitário"]
[{"$nulls":4},"LN","RP","P"]
["M1097","Pedra de mão ou rachão - Caminhão basculante 10 m³",{"v":3.105,"d":"3.10500"},"tkm","5914359","5914374","5914389"]
[null,null,"Custo unitário total de transporte"]
[{"$nulls":4},"Custo unitário direto total",{"$nulls":3},{"v":2495.94,"d":"2,495.94"}]
["Obs."]
[]
["CGCIT",{"$nulls":7},"DNIT"]
["SISTEMA DE CUSTOS REFERENCIAIS DE OBRAS - SICRO",null,null,"Mato Grosso",null,null,"FIC",0.03515]
["Custo Unitário de Referência",null,null,"Julho/2022",null,null,"Produção da equipe ",{"v":0.5,"d":"0.50000"},"m³"]
["4805750","Escavação manual em material de 1ª categoria na profundidade de até 1 m",{"$nulls":5},"Valores em reais (R$)"]
["A - EQUIPAMENTOS",null,"Quantidade","Utilização",null,"Custo Horário",null,null,"Custo"]
[{"$nulls":3},"Operativa","Improdutiva","Produtivo","Improdutivo",null,"Horário Total"]
[{"$nulls":6},"Custo horário total de equipamentos"]
["B - MÃO DE OBRA",null,"Quantidade","Unidade",null,"Custo Horário","Custo Horário Total"]
["P9824","Servente",{"v":1,"d":"1.00000"},"h",null,17.5554,null,null,17.5554]
[null,null,"Custo horário total de mão de obra",{"$nulls":5},17.5554]
[null,null,"Custo horário total de execução",{"$nulls":5},17.5554]
[null,null,"Custo unitário de execução",{"$nulls":5},35.1108]
[{"$nulls":6},"Custo do FIC",null,1.23414]
[{"$nulls":6},"Custo do FIT",null,"-"]
["C - MATERIAL",null,"Quantidade","Unidade",null,"Preço Unitário","Custo Unitário"]
[null,null,"Custo unitário total de material"]
["D - ATIVIDADES AUXILIARES",null,"Quantidade","Unidade",null,"Custo Unitário","Custo Unitário"]
[null,null,"Custo total de atividades auxiliares"]
[{"$nulls":6},"Subtotal",null,36.3449]
["E - TEMPO FIXO",null,"Código","Quantidade","Unidade",null,"Custo Unitário","Custo Unitário"]
[null,null,"Custo unitário total de tempo fixo"]
["F - MOMENTO DE TRANSPORTE",null,"Quantidade","Unidade","DMT",{"$nulls":3},"Custo Unitário"]
[{"$nulls":4},"LN","RP","P"]
[null,null,"Custo unitário total de transporte"]
[{"$nulls":4},"Custo unitário direto total",{"$nulls":3},36.34]
["Obs."]
[]
["CGCIT",{"$nulls":7},"DNIT"]
["SISTEMA DE CUSTOS REFERENCIAIS DE OBRAS - SICRO",null,null,"Mato Grosso"]
["Custo Unitário de Referência",null,null,"Julho/2022",null,null,"Produção da equipe ",{"v":3.9,"d":"3.90000"},"un"]
["5213864","Suporte metálico galvanizado para placa de advertência ou regulamentação - lado ou diâmetro de 0,80 m - fornecimento e implantação",{"$nulls":5},"Valores em reais (R$)"]
["A - EQUIPAMENTOS",null,"Quantidade","Utilização",null,"Custo Horário",null,null,"Custo"]
[{"$nulls":3},"Operativa","Improdutiva","Produtivo","Improdutivo",null,"Horário Total"]
["E9687","Caminhão carroceria com capacidade de 5 t - 115 kW",{"v":1,"d":"1.00000"},{"v":0.3,"d":"0.30"},{"v":0.7,"d":"0.70"},156.3858,50.1973,null,82.0539]
[{"$nulls":6},"Custo horário total de equipamentos",null,82.0539]
["B - MÃO DE OBRA",null,"Quantidade","Unidade",null,"Custo Horário","Custo Horário Total"]
["P9830","Montador",{"v":1,"d":"1.00000"},"h",null,{"v":22.988,"d":"22.9880"},null,null,{"v":22.988,"d":"22.9880"}]
["P9824","Servente",{"v":1,"d":"1.00000"},"h",null,17.5554,null,null,17.5554]
[null,null,"Custo horário total de mão de obra",{"$nulls":5},40.5434]
[null,null,"Custo horário total de execução",{"$nulls":5},122.5973]
[null,null,"Custo unitário de execução",{"$nulls":5},31.4352]
[{"$nulls":6},"Custo do FIC",null,"-"]
[{"$nulls":6},"Custo do FIT",null,"-"]
["C - MATERIAL",null,"Quantidade","Unidade",null,"Preço Unitário","Custo Unitário"]
["M0789","Conjunto para fixação de placas em aço galvanizado composto por barra chata, abraçadeira, parafusos, porcas e arruelas",0.69622,"kg",null,24.2156,null,null,16.8594]
["M0787","Suporte em aço-carbono galvanizado tipo perfil C para placa de sinalização",{"v":13.659,"d":"13.65900"},"kg",null,28.9719,null,null,395.7272]
[null,null,"Custo unitário total de material",{"$nulls":5},412.5866]
["D - ATIVIDADES AUXILIARES",null,"Quantidade","Unidade",null,"Custo Unitário","Custo Unitário"]
["1107892","Concreto fck = 20 MPa - confecção em betoneira e lançamento manual - areia e brita comerciais",{"v":0.0503,"d":"0.05030"},"m³",null,{"v":439.24,"d":"439.2400"},null,null,22.0938]
["4805750","Escavação manual em material de 1ª categoria na profundidade de até 1 m",{"v":0.0503,"d":"0.05030"},"m³",null,{"v":36.34,"d":"36.3400"},null,null,1.8279]
[null,null,"Custo total de atividades auxiliares",{"$nulls":5},23.9217]
[{"$nulls":6},"Subtotal",null,467.9435]
["E - TEMPO FIXO",null,"Código","Quantidade","Unidade",null,"Custo Unitário","Custo Unitário"]
["M0789","Conjunto para fixação de placas em aço galvanizado composto por barra chata, abraçadeira, parafusos, porcas e arruelas - Caminhão carroceria 15 t","5914655",{"v":0.0007,"d":"0.00070"},"t",null,{"v":34.04,"d":"34.0400"},null,0.0238]
["M0787","Suporte em aço-carbono galvanizado tipo perfil C para placa de sinalização - Caminhão carroceria 15 t","5914655",0.01366,"t",null,{"v":34.04,"d":"34.0400"},null,{"v":0.465,"d":"0.4650"}]
[null,null,"Custo unitário total de tempo fixo",{"$nulls":5},0.4888]
["F - MOMENTO DE TRANSPORTE",null,"Quantidade","Unidade","DMT",{"$nulls":3},"Custo Unitário"]
[{"$nulls":4},"LN","RP","P"]
["M0789","Conjunto para fixação de placas em aço galvanizado composto por barra chata, abraçadeira, parafusos, porcas e arruelas - Caminhão carroceria 15 t",{"v":0.0007,"d":"0.00070"},"tkm","5914449","5914464","5914479"]
["M0787","Suporte em aço-carbono galvanizado tipo perfil C para placa de sinalização - Caminhão carroceria 15 t",0.01366,"tkm","5914449","5914464","5914479"]
[null,null,"Custo unitário total de transporte"]
[{"$nulls":4},"Custo unitário direto total",{"$nulls":3},468.43]
["Obs."]
[]
["CGCIT",{"$nulls":7},"DNIT"]
["SISTEMA DE CUSTOS REFERENCIAIS DE OBRAS - SICRO",null,null,"Mato Grosso"]
["Custo Unitário de Referência",null,null,"Julho/2022",null,null,"Produção da equipe ",{"v":4.4,"d":"4.40000"},"un"]
["5213862","Suporte metálico galvanizado para placa de regulamentação - R2 - lado de 1,20 m - fornecimento e implantação",{"$nulls":5},"Valores em reais (R$)"]
["A - EQUIPAMENTOS",null,"Quantidade","Utilização",null,"Custo Horário",null,null,"Custo"]
[{"$nulls":3},"Operativa","Improdutiva","Produtivo","Improdutivo",null,"Horário Total"]
["E9687","Caminhão carroceria com capacidade de 5 t - 115 kW",{"v":1,"d":"1.00000"},{"v":0.3,"d":"0.30"},{"v":0.7,"d":"0.70"},156.3858,50.1973,null,82.0539]
[{"$nulls":6},"Custo horário total de equipamentos",null,82.0539]
["B - MÃO DE OBRA",null,"Quantidade","Unidade",null,"Custo Horário","Custo Horário Total"]
["P9830","Montador",{"v":1,"d":"1.00000"},"h",null,{"v":22.988,"d":"22.9880"},null,null,{"v":22.988,"d":"22.9880"}]
["P9824","Servente",{"v":1,"d":"1.00000"},"h",null,17.5554,null,null,17.5554]
[null,null,"Custo horário total de mão de obra",{"$nulls":5},40.5434]
[null,null,"Custo horário total de execução",{"$nulls":5},122.5973]
[null,null,"Custo unitário de execução",{"$nulls":5},{"v":27.863,"d":"27.8630"}]
[{"$nulls":6},"Custo do FIC",null,"-"]
[{"$nulls":6},"Custo do FIT",null,"-"]
["C - MATERIAL",null,"Quantidade","Unidade",null,"Preço Unitário","Custo Unitário"]
["M0789","Conjunto para fixação de placas em aço galvanizado composto por barra chata, abraçadeira, parafusos, porcas e arruelas",0.69622,"kg",null,24.2156,null,null,16.8594]
["M0787","Suporte em aço-carbono galvanizado tipo perfil C para placa de sinalização",{"v":15.543,"d":"15.54300"},"kg",null,28.9719,null,null,450.3102]
[null,null,"Custo unitário total de material",{"$nulls":5},467.1696]
["D - ATIVIDADES AUXILIARES",null,"Quantidade","Unidade",null,"Custo Unitário","Custo Unitário"]
["1107892","Concreto fck = 20 MPa - confecção em betoneira e lançamento manual - areia e brita comerciais",{"v":0.0982,"d":"0.09820"},"m³",null,{"v":439.24,"d":"439.2400"},null,null,43.1334]
["4805750","Escavação manual em material de 1ª categoria na profundidade de até 1 m",{"v":0.0982,"d":"0.09820"},"m³",null,{"v":36.34,"d":"36.3400"},null,null,3.5686]
[null,null,"Custo total de atividades auxiliares",{"$nulls":5},{"v":46.702,"d":"46.7020"}]
[{"$nulls":6},"Subtotal",null,541.7346]
["E - TEMPO FIXO",null,"Código","Quantidade","Unidade",null,"Custo Unitário","Custo Unitário"]
["M0789","Conjunto para fixação de placas em aço galvanizado composto por barra chata, abraçadeira, parafusos, porcas e arruelas - Caminhão carroceria 15 t","5914655",{"v":0.0007,"d":"0.00070"},"t",null,{"v":34.04,"d":"34.0400"},null,0.0238]
["M0787","Suporte em aço-carbono galvanizado tipo perfil C para placa de sinalização - Caminhão carroceria 15 t","5914655",0.01554,"t",null,{"v":34.04,"d":"34.0400"},null,{"v":0.529,"d":"0.5290"}]
[null,null,"Custo unitário total de tempo fixo",{"$nulls":5},0.5528]
["F - MOMENTO DE TRANSPORTE",null,"Quantidade","Unidade","DMT",{"$nulls":3},"Custo Unitário"]
[{"$nulls":4},"LN","RP","P"]
["M0789","Conjunto para fixação de placas em aço galvanizado composto por barra chata, abraçadeira, parafusos, porcas e arruelas - Caminhão carroceria 15 t",{"v":0.0007,"d":"0.00070"},"tkm","5914449","5914464","5914479"]
["M0787","Suporte em aço-carbono galvanizado tipo perfil C para placa de sinalização - Caminhão carroceria 15 t",0.01554,"tkm","5914449","5914464","5914479"]
[null,null,"Custo unitário total de transporte"]
[{"$nulls":4},"Custo unitário direto total",{"$nulls":3},542.29]
["Obs."]
[]
["CGCIT",{"$nulls":7},"DNIT"]
["SISTEMA DE CUSTOS REFERENCIAIS DE OBRAS - SICRO",null,null,"Mato Grosso"]
["Custo Unitário de Referência",null,null,"Julho/2022",null,null,"Produção da equipe ",{"v":3,"d":"3.00000"},"m²"]
["5213570","Placa em aço - película I + I - fornecimento e implantação",{"$nulls":5},"Valores em reais (R$)"]
["A - EQUIPAMENTOS",null,"Quantidade","Utilização",null,"Custo Horário",null,null,"Custo"]
[{"$nulls":3},"Operativa","Improdutiva","Produtivo","Improdutivo",null,"Horário Total"]
["E9687","Caminhão carroceria com capacidade de 5 t - 115 kW",{"v":1,"d":"1.00000"},{"v":0.3,"d":"0.30"},{"v":0.7,"d":"0.70"},156.3858,50.1973,null,82.0539]
[{"$nulls":6},"Custo horário total de equipamentos",null,82.0539]
["B - MÃO DE OBRA",null,"Quantidade","Unidade",null,"Custo Horário","Custo Horário Total"]
["P9830","Montador",{"v":1,"d":"1.00000"},"h",null,{"v":22.988,"d":"22.9880"},null,null,{"v":22.988,"d":"22.9880"}]
["P9824","Servente",{"v":2,"d":"2.00000"},"h",null,17.5554,null,null,35.1108]
[null,null,"Custo horário total de mão de obra",{"$nulls":5},58.0988]
[null,null,"Custo horário total de execução",{"$nulls":5},140.1527]
[null,null,"Custo unitário de execução",{"$nulls":5},46.7176]
[{"$nulls":6},"Custo do FIC",null,"-"]
[{"$nulls":6},"Custo do FIT",null,"-"]
["C - MATERIAL",null,"Quantidade","Unidade",null,"Preço Unitário","Custo Unitário"]
[null,null,"Custo unitário total de material"]
["D - ATIVIDADES AUXILIARES",null,"Quantidade","Unidade",null,"Custo Unitário","Custo Unitário"]
["5213416","Placa em aço nº 16 galvanizado com película retrorrefletiva tipo I + I - confecção",{"v":1,"d":"1.00000"},"m²",null,{"v":434.91,"d":"434.9100"},null,null,{"v":434.91,"d":"434.9100"}]
[null,null,"Custo total de atividades auxiliares",{"$nulls":5},{"v":434.91,"d":"434.9100"}]
[{"$nulls":6},"Subtotal",null,481.6276]
["E - TEMPO FIXO",null,"Código","Quantidade","Unidade",null,"Custo Unitário","Custo Unitário"]
[null,null,"Custo unitário total de tempo fixo"]
["F - MOMENTO DE TRANSPORTE",null,"Quantidade","Unidade","DMT",{"$nulls":3},"Custo Unitário"]
[{"$nulls":4},"LN","RP","P"]
[null,null,"Custo unitário total de transporte"]
[{"$nulls":4},"Custo unitário direto total",{"$nulls":3},481.63]
["Obs."]
[]
["CGCIT",{"$nulls":7},"DNIT"]
["SISTEMA DE CUSTOS REFERENCIAIS DE OBRAS - SICRO",null,null,"Mato Grosso"]
["Custo Unitário de Referência",null,null,"Julho/2022",null,null,"Produção da equipe ",{"v":4,"d":"4.00000"},"m²"]
["5213416","Placa em aço nº 16 galvanizado com película retrorrefletiva tipo I + I - confecção",{"$nulls":5},"Valores em reais (R$)"]
["A - EQUIPAMENTOS",null,"Quantidade","Utilização",null,"Custo Horário",null,null,"Custo"]
[{"$nulls":3},"Operativa","Improdutiva","Produtivo","Improdutivo",null,"Horário Total"]
["E9568","Furadeira de impacto de 12,5 mm - 0,80 kW",{"v":0.1506,"d":"0.15060"},{"v":1,"d":"1.00"},{"v":0,"d":"0.00"},0.2053,0.1362,null,0.0309]
["E9066","Grupo gerador - 13/14 kVA",0.48193,{"v":1,"d":"1.00"},{"v":0,"d":"0.00"},{"v":20.439,"d":"20.4390"},3.8529,null,9.8502]
["E9623","Máquina de bancada guilhotina - 4,00 kW",{"v":0.2008,"d":"0.20080"},{"v":1,"d":"1.00"},{"v":0,"d":"0.00"},14.9088,9.4769,null,2.9937]
["E9622","Máquina de bancada universal para corte de chapa - 1,50 kW",0.48193,{"v":1,"d":"1.00"},{"v":0,"d":"0.00"},8.0043,{"v":5.088,"d":"5.0880"},null,3.8575]
["E9507","Plotadora de recorte com computador e programa computacional",0.48193,{"v":1,"d":"1.00"},{"v":0,"d":"0.00"},18.6602,11.7635,null,8.9929]
[{"$nulls":6},"Custo horário total de equipamentos",null,25.7252]
["B - MÃO DE OBRA",null,"Quantidade","Unidade",null,"Custo Horário","Custo Horário Total"]
["P9801","Ajudante",{"v":2,"d":"2.00000"},"h",null,18.4481,null,null,36.8962]
["P9830","Montador",{"v":1,"d":"1.00000"},"h",null,{"v":22.988,"d":"22.9880"},null,null,{"v":22.988,"d":"22.9880"}]
["P9823","Serralheiro",{"v":1,"d":"1.00000"},"h",null,25.0649,null,null,25.0649]
["P9824","Servente",{"v":2,"d":"2.00000"},"h",null,17.5554,null,null,35.1108]
[null,null,"Custo horário total de mão de obra",{"$nulls":5},120.0599]
[null,null,"Custo horário total de execução",{"$nulls":5},145.7851]
[null,null,"Custo unitário de execução",{"$nulls":5},36.4463]
[{"$nulls":6},"Custo do FIC",null,"-"]
[{"$nulls":6},"Custo do FIT",null,"-"]
["C - MATERIAL",null,"Quantidade","Unidade",null,"Preço Unitário","Custo Unitário"]
["M1367","Chapa fina em aço galvanizado",{"v":11.775,"d":"11.77500"},"kg",null,16.6607,null,null,196.1797]
["M3235","Película retrorrefletiva tipo I",{"v":1.4,"d":"1.40000"},"m²",null,131.3982,null,null,183.9575]
[null,null,"Custo unitário total de material",{"$nulls":5},380.1372]
["D - ATIVIDADES AUXILIARES",null,"Quantidade","Unidade",null,"Custo Unitário","Custo Unitário"]
["5212552","Pintura eletrostática a pó com tinta poliéster em chapa de aço",{"v":1,"d":"1.00000"},"m²",null,{"v":14.84,"d":"14.8400"},null,null,{"v":14.84,"d":"14.8400"}]
[null,null,"Custo total de atividades auxiliares",{"$nulls":5},{"v":14.84,"d":"14.8400"}]
[{"$nulls":6},"Subtotal",null,431.4235]
["E - TEMPO FIXO",null,"Código","Quantidade","Unidade",null,"Custo Unitário","Custo Unitário"]
["M1367","Chapa fina em aço galvanizado - Caminhão carroceria 15 t","5914333",0.01178,"t",null,35.0712,null,0.4131]
["M3235","Película retrorrefletiva tipo I - Caminhão carroceria 15 t","5914655",0.00062,"t",null,{"v":34.04,"d":"34.0400"},null,0.0211]
[null,null,"Custo unitário total de tempo fixo",{"$nulls":5},0.4342]
["F - MOMENTO DE TRANSPORTE",null,"Quantidade","Unidade","DMT",{"$nulls":3},"Custo Unitário"]
[{"$nulls":4},"LN","RP","P"]
["M1367","Chapa fina em aço galvanizado - Caminhão carroceria 15 t",0.01178,"tkm","5914449","5914464","5914479"]
["M3235","Película retrorrefletiva tipo I - Caminhão carroceria 15 t",0.00062,"tkm","5914449","5914464","5914479"]
[null,null,"Custo unitário total de transporte"]
[{"$nulls":4},"Custo unitário direto total",{"$nulls":3},431.86]
["Obs."]
[]
["CGCIT",{"$nulls":7},"DNIT"]
["SISTEMA DE CUSTOS REFERENCIAIS DE OBRAS - SICRO",null,null,"Mato Grosso"]
["Custo Unitário de Referência",null,null,"Julho/2022",null,null,"Produção da equipe ",19.15,"m²"]
["5212552","Pintura eletrostática a pó com tinta poliéster em chapa de aço",{"$nulls":5},"Valores em reais (R$)"]
["A - EQUIPAMENTOS",null,"Quantidade","Utilização",null,"Custo Horário",null,null,"Custo"]
[{"$nulls":3},"Operativa","Improdutiva","Produtivo","Improdutivo",null,"Horário Total"]
["E9076","Equipamento para pintura eletrostática com cabine dupla de 7,00 kW e estufa de 80.000 kCal",{"v":1,"d":"1.00000"},{"v":1,"d":"1.00"},{"v":0,"d":"0.00"},{"v":40.244,"d":"40.2440"},34.0565,null,{"v":40.244,"d":"40.2440"}]
["E9066","Grupo gerador - 13/14 kVA",{"v":1,"d":"1.00000"},{"v":1,"d":"1.00"},{"v":0,"d":"0.00"},{"v":20.439,"d":"20.4390"},3.8529,null,{"v":20.439,"d":"20.4390"}]
[{"$nulls":6},"Custo horário total de equipamentos",null,{"v":60.683,"d":"60.6830"}]
["B - MÃO DE OBRA",null,"Quantidade","Unidade",null,"Custo Horário","Custo Horário Total"]
["P9801","Ajudante",{"v":1,"d":"1.00000"},"h",null,18.4481,null,null,18.4481]
["P9822","Pintor",{"v":2,"d":"2.00000"},"h",null,{"v":25.182,"d":"25.1820"},null,null,{"v":50.364,"d":"50.3640"}]
[null,null,"Custo horário total de mão de obra",{"$nulls":5},68.8121]
[null,null,"Custo horário total de execução",{"$nulls":5},129.4951]
[null,null,"Custo unitário de execução",{"$nulls":5},6.7621]
[{"$nulls":6},"Custo do FIC",null,"-"]
[{"$nulls":6},"Custo do FIT",null,"-"]
["C - MATERIAL",null,"Quantidade","Unidade",null,"Preço Unitário","Custo Unitário"]
["M3153","Tinta em pó à base de resina poliéster",{"v":0.112,"d":"0.11200"},"kg",null,67.6608,null,null,{"v":7.578,"d":"7.5780"}]
[null,null,"Custo unitário total de material",{"$nulls":5},{"v":7.578,"d":"7.5780"}]
["D - ATIVIDADES AUXILIARES",null,"Quantidade","Unidade",null,"Custo Unitário","Custo Unitário"]
[null,null,"Custo total de atividades auxiliares"]
[{"$nulls":6},"Subtotal",null,14.3401]
["E - TEMPO FIXO",null,"Código","Quantidade","Unidade",null,"Custo Unitário","Custo Unitário"]
["M3153","Tinta em pó à base de resina poliéster - Caminhão carroceria 15 t","5914655",0.00011,"t",null,{"v":34.04,"d":"34.0400"},null,0.0037]
[null,null,"Custo unitário total de tempo fixo",{"$nulls":5},0.0037]
["F - MOMENTO DE TRANSPORTE",null,"Quantidade","Unidade","DMT",{"$nulls":3},"Custo Unitário"]
[{"$nulls":4},"LN","RP","P"]
["M3153","Tinta em pó à base de resina poliéster - Caminhão carroceria 15 t",0.00011,"tkm","5914449","5914464","5914479"]
[null,null,"Custo unitário total de transporte"]
[{"$nulls":4},"Custo unitário direto total",{"$nulls":3},14.34]
["Obs."]
[]
["CGCIT",{"$nulls":7},"DNIT"]
["SISTEMA DE CUSTOS REFERENCIAIS DE OBRAS - SICRO",null,null,"Mato Grosso"]
["Custo Unitário de Referência",null,null,"Julho/2022",null,null,"Produção da equipe ",21.37,"t"]
["5914333","Carga, manobra e descarga de materiais diversos em caminhão carroceria de 15 t - carga e descarga com caminhão guindauto de 20 t.m",{"$nulls":5},"Valores em reais (R$)"]
["A - EQUIPAMENTOS",null,"Quantidade","Utilização",null,"Custo Horário",null,null,"Custo"]
[{"$nulls":3},"Operativa","Improdutiva","Produtivo","Improdutivo",null,"Horário Total"]
["E9592","Caminhão carroceria com capacidade de 15 t - 188 kW",{"v":2,"d":"2.00000"},0.53,0.47,{"v":297.664,"d":"297.6640"},{"v":69.875,"d":"69.8750"},null,381.2063]
["E9686","Caminhão carroceria com guindauto com capacidade de 20 t.m - 136 kW",{"v":1,"d":"1.00000"},{"v":1,"d":"1.00"},{"v":0,"d":"0.00"},333.1541,{"v":102.663,"d":"102.6630"},null,333.1541]
[{"$nulls":6},"Custo horário total de equipamentos",null,714.3604]
["B - MÃO DE OBRA",null,"Quantidade","Unidade",null,"Custo Horário","Custo Horário Total"]
["P9824","Servente",{"v":2,"d":"2.00000"},"h",null,17.5554,null,null,35.1108]
[null,null,"Custo horário total de mão de obra",{"$nulls":5},35.1108]
[null,null,"Custo horário total de execução",{"$nulls":5},749.4712]
[null,null,"Custo unitário de execução",{"$nulls":5},35.0712]
[{"$nulls":6},"Custo do FIC",null,"-"]
[{"$nulls":6},"Custo do FIT",null,"-"]
["C - MATERIAL",null,"Quantidade","Unidade",null,"Preço Unitário","Custo Unitário"]
[null,null,"Custo unitário total de material"]
["D - ATIVIDADES AUXILIARES",null,"Quantidade","Unidade",null,"Custo Unitário","Custo Unitário"]
[null,null,"Custo total de atividades auxiliares"]
[{"$nulls":6},"Subtotal",null,35.6977]
["E - TEMPO FIXO",null,"Código","Quantidade","Unidade",null,"Custo Unitário","Custo Unitário"]
[null,null,"Custo unitário total de tempo fixo"]
["F - MOMENTO DE TRANSPORTE",null,"Quantidade","Unidade","DMT",{"$nulls":3},"Custo Unitário"]
[{"$nulls":4},"LN","RP","P"]
[null,null,"Custo unitário total de transporte"]
[{"$nulls":4},"Custo unitário direto total",{"$nulls":3},35.07]
["Obs."]
[]
["CGCIT",{"$nulls":7},"DNIT"]
["SISTEMA DE CUSTOS REFERENCIAIS DE OBRAS - SICRO",null,null,"Mato Grosso"]
["Custo Unitário de Referência",null,null,"Julho/2022",null,null,"Produção da equipe ",{"v":95.4,"d":"95.40"},"m²"]
["5213408","Pintura de faixa com termoplástico por aspersão - espessura de 1,5 mm",{"$nulls":5},"Valores em reais (R$)"]
["A - EQUIPAMENTOS",null,"Quantidade","Utilização",null,"Custo Horário",null,null,"Custo"]
[{"$nulls":3},"Operativa","Improdutiva","Produtivo","Improdutivo",null,"Horário Total"]
["E9645","Caminhão demarcador de faixas com sistema de pintura a quente - 5 kW/30,10 kW/136 kW",{"v":1,"d":"1.00000"},{"v":1,"d":"1.00"},{"v":0,"d":"0.00"},555.7332,{"v":210.403,"d":"210.4030"},null,555.7332]
[{"$nulls":6},"Custo horário total de equipamentos",null,555.7332]
["B - MÃO DE OBRA",null,"Quantidade","Unidade",null,"Custo Horário","Custo Horário Total"]
["P9853","Pré-marcador",{"v":1,"d":"1.00000"},"h",null,18.2119,null,null,18.2119]
["P9824","Servente",{"v":5,"d":"5.00000"},"h",null,17.5554,null,null,{"v":87.777,"d":"87.7770"}]
[null,null,"Custo horário total de mão de obra",{"$nulls":5},105.9889]
[null,null,"Custo horário total de execução",{"$nulls":5},661.7221]
[null,null,"Custo unitário de execução",{"$nulls":5},6.9363]
[{"$nulls":6},"Custo do FIC",null,"-"]
[{"$nulls":6},"Custo do FIT",null,"-"]
["C - MATERIAL",null,"Quantidade","Unidade",null,"Preço Unitário","Custo Unitário"]
["M2040","Massa termoplástica para aspersão",{"v":3.075,"d":"3.07500"},"kg",null,10.0308,null,null,30.8447]
["M2038","Microesferas refletivas de vidro tipo II-A",{"v":0.4,"d":"0.40000"},"kg",null,9.7619,null,null,3.9048]
["M2044","Tinta à base de resina acrílica emulsionada em água para pré-marcação viária",0.00097,"l",null,19.4801,null,null,0.0189]
[null,null,"Custo unitário total de material",{"$nulls":5},34.7684]
["D - ATIVIDADES AUXILIARES",null,"Quantidade","Unidade",null,"Custo Unitário","Custo Unitário"]
[null,null,"Custo total de atividades auxiliares"]
[{"$nulls":6},"Subtotal",null,41.7047]
["E - TEMPO FIXO",null,"Código","Quantidade","Unidade",null,"Custo Unitário","Custo Unitário"]
["M2040","Massa termoplástica para aspersão - Caminhão carroceria 15 t","5914655",0.00308,"t",null,{"v":34.04,"d":"34.0400"},null,0.1048]
["M2038","Microesferas refletivas de vidro tipo II-A - Caminhão carroceria 15 t","5914655",{"v":0.0004,"d":"0.00040"},"t",null,{"v":34.04,"d":"34.0400"},null,0.0136]
[null,null,"Custo unitário total de tempo fixo",{"$nulls":5},0.1184]
["F - MOMENTO DE TRANSPORTE",null,"Quantidade","Unidade","DMT",{"$nulls":3},"Custo Unitário"]
[{"$nulls":4},"LN","RP","P"]
["M2040","Massa termoplástica para aspersão - Caminhão carroceria 15 t",0.00308,"tkm","5914449","5914464","5914479"]
["M2038","Microesferas refletivas de vidro tipo II-A - Caminhão carroceria 15 t",{"v":0.0004,"d":"0.00040"},"tkm","5914449","5914464","5914479"]
[null,null,"Custo unitário total de transporte"]
[{"$nulls":4},"Custo unitário direto total",{"$nulls":3},41.82]
["Obs."]

{"sheet":"MOBILIZAÇÃO","index":21,"n_rows":53,"n_cols":14,"rows_kept":53,"hidden":true,"merged":[[0,0,0,13],[1,0,1,13],[2,1,2,10],[2,11,3,11],[2,12,3,13],[3,1,3,10],[4,1,4,10],[4,11,5,11],[4,12,5,12],[5,1,5,10],[6,0,6,13],[7,1,7,13],[8,0,9,4],[8,5,8,6],[8,8,8,9],[8,13,9,13],[9,8,9,9],[10,0,10,1],[10,2,10,4],[11,0,11,1],[12,0,12,1],[13,0,13,1],[14,0,14,1],[15,0,15,1],[16,0,16,1],[17,0,17,1],[18,0,18,1],[19,0,19,1],[20,0,20,1],[21,0,21,1],[22,0,22,1],[23,0,24,4],[23,5,23,6],[23,8,23,9],[23,13,24,13],[25,0,25,1],[25,2,25,4],[26,0,26,1],[27,0,27,1],[28,0,28,1],[29,0,29,1],[30,0,30,1],[31,0,31,1],[32,0,32,1],[33,0,33,1],[34,0,34,1],[35,0,35,7],[35,10,35,13],[36,0,36,13],[37,1,37,2],[38,1,38,2],[39,0,39,1],[41,0,41,13],[42,1,42,2],[43,1,43,2],[44,0,44,1],[45,0,45,1],[46,0,47,11]],"flags":["formulas_cached_only"]}
["ESTADO DE MATO GROSSO"]
["PREFEITURA MUNICIPAL DE SÃO JOSÉ DOS QUATRO MARCOS"]
["OBRA:","PAVIMENTAÇÃO ASFALTICA",{"$nulls":9},0,{"$error":"#REF!"}]
["LOCAL:","JARDIM ZEFERINO"]
["PROPR.:","PREFEITURA MUNICIPAL DE SÃO JOSÉ DOS QUATRO MARCOS",{"$nulls":9},0,{"$error":"#REF!"},{"$error":"#REF!"}]
["ÁREA (m²):",4561.4,{"$nulls":11},{"$error":"#REF!"}]
[]
["COMP 02","MOBILIZAÇÃO E DESMOBILIZAÇÃO DE EQUIPAMENTOS "]
["ITEM DISCRIMINAÇÃO UNID QUANTIDADE",{"$nulls":4},"DMT (km)",null,"PESO","MOMENTO",null,"CONSUMO","CUSTO","CUSTO TOTAL","OBSERVAÇÕES"]
[{"$nulls":5},"PAV","N PAV","(ton)","(ton x km)",null,"(litros/km)","(R$)","(R$)"]
["CÓDIGO",null,"VEÍCULOS LEVES E CAMINHÕES COMUNS",{"$nulls":8},"Combustivel"]
["E400",null,"Caminhão basculante 5 m³ (8,8 t)","und",0,{"v":70,"d":"70.00"},0,{"$nulls":3},0.41,3.99,0]
["E402",null,"Caminhão carroceria de madeira 15 t","und",0,{"v":70,"d":"70.00"},0,{"$nulls":3},0.53,3.99,0]
["E403",null,"Caminhão basculante 6 m³ (10,5 t)","und",0,{"v":70,"d":"70.00"},0,{"$nulls":3},{"v":0.5,"d":"0.50"},3.99,0]
["E404",null,"Caminhão basculante 10 m³ (15 t)","und",{"v":4,"d":"4.00"},{"v":70,"d":"70.00"},0,{"$nulls":3},0.52,3.99,580.94]
["E407",null,"Caminhão tanque 10.000 l","und",null,{"v":70,"d":"70.00"},0,{"$nulls":3},0.52,3.99,0]
["E409",null,"Caminhão carroceria fixa 9 t","und",null,{"v":70,"d":"70.00"},0,{"$nulls":3},{"v":0.5,"d":"0.50"},3.99,0]
["E412",null,"Automóvel até 100 HP","und",null,{"v":70,"d":"70.00"},0,{"$nulls":3},0.14,3.99,0]
["E416",null,"Veículo leve - pick up (4 x 4)","und",{"v":1,"d":"1.00"},{"v":70,"d":"70.00"},0,{"$nulls":3},0.18,3.99,50.27]
["E432",null,"Caminhão basculante 14 m³ (20 t)","und",{"v":5,"d":"5.00"},{"v":70,"d":"70.00"},0,{"$nulls":3},0.91,3.99,{"v":1270.82,"d":"1,270.82"}]
["E433",null,"Caminhão basculante 6 x 4 para rocha 12 m³ (18 t)","und",0,{"v":70,"d":"70.00"},0,{"$nulls":3},{"v":0.9,"d":"0.90"},3.99,0]
["E434",null,"Caminhão Carroceria : Mercedes Benz : L 1620/51 - c/ guindauto 6 t x m","und",{"v":1,"d":"1.00"},{"v":70,"d":"70.00"},0,{"$nulls":3},0.47,3.99,131.27]
["SUB-TOTAL",{"$nulls":10},"TOTAL",{"v":2033.3,"d":"2,033.30"}]
["ITEM DISCRIMINAÇÃO UNID QUANTIDADE",{"$nulls":4},"DMT (km)",null,"PESO","MOMENTO",null,"CONSUMO","CUSTO","CUSTO TOTAL","OBSERVAÇÕES"]
[{"$nulls":5},"PAV","N PAV","(ton)","PAV","N PAV","(litros/km)","(R$)","(R$)"]
["CÓDIGO",null,"EQUIPAMENTOS DE GRANDE PORTE",{"$nulls":8},"R$ (Ton.xKm)"]
["E001",null,"Trator de esteiras D4E-PS/4A - com lâmina","und",{"v":3,"d":"3.00"},{"v":70,"d":"70.00"},0,9.77,{"v":2051.7,"d":"2,051.70"},0]
["E010",null,"Carregadeira de pneus 3,10 m³","und",{"v":2,"d":"2.00"},{"v":70,"d":"70.00"},0,16.26,{"v":2276.4,"d":"2,276.40"},0]
["E011",null,"Retroescavadeira MF-86HD","und",{"v":2,"d":"2.00"},{"v":70,"d":"70.00"},0,5.65,{"v":791,"d":"791.00"},0]
["E013",null,"Rolo compact. pé de carneiro autoprop. 11,25 t","und",{"v":5,"d":"5.00"},{"v":70,"d":"70.00"},0,11.24,{"v":3934,"d":"3,934.00"},0]
["E062",null,"Escavadeira hidráulica Caterpillar 320L - cap. 1,7 m³","und",{"v":1,"d":"1.00"},{"v":70,"d":"70.00"},0,{"v":31.5,"d":"31.50"},{"v":2205,"d":"2,205.00"},0]
["E107",null,"Vassoura mecânica CMV rebocável","und",0,{"v":70,"d":"70.00"},0,2.68,0,0]
["E501",null,"Grupo gerador 36/40 KVA","und",0,{"v":70,"d":"70.00"},0,{"v":1.2,"d":"1.20"},0,0]
["E503",null,"Grupo gerador 164/180 KVA","und",null,{"v":70,"d":"70.00"},0,{"v":2.3,"d":"2.30"},0,0]
["E9502",null,"BATE ESTACA DE GRAVIDADE","und",null,{"v":70,"d":"70.00"},0,{"v":3.5,"d":"3.50"},0,0]
[{"$nulls":8},{"v":11258.1,"d":"11,258.10"},0]
["CUSTO DO TRANSPORTE T/KM (DESONERADO)"]
["5914640 - SICRO","TRANSPORTE COM CAVALO MECÂNICO DE 30T - RODOVIA PAVIMENTADA",null,"Tkm",{"v":1,"d":"1.00"},{"$nulls":4},0.39,"X",{"v":11258.1,"d":"11,258.10"},{"v":4390.66,"d":"4,390.66"}]
["5914639 - SICRO","TRANSPORTE COM CAVALO MECÂNICO DE 30 T - RODOVIA COM REVESTIMENTO PRIMÁRIO",null,"Tkm",{"v":1,"d":"1.00"},{"$nulls":4},0.48,"X",0,0]
["SUB-TOTAL",{"$nulls":11},{"v":4390.66,"d":"4,390.66"}]
[]
["CUSTO DO TRANSPORTE T/KM (NÃO DESONERADO)"]
["5914640 - SICRO","TRANSPORTE COM CAVALO MECÂNICO DE 30T - RODOVIA PAVIMENTADA",null,"Tkm",{"v":1,"d":"1.00"},{"$nulls":4},0.39,"X",{"v":11258.1,"d":"11,258.10"},{"v":4390.66,"d":"4,390.66"}]
["5914639 - SICRO","TRANSPORTE COM CAVALO MECÂNICO DE 30 T - RODOVIA COM REVESTIMENTO PRIMÁRIO",null,"Tkm",{"v":1,"d":"1.00"},{"$nulls":4},0.48,"X",0,0]
["SUB-TOTAL",{"$nulls":11},{"v":4390.66,"d":"4,390.66"}]
[]
["TOTAL MOBILIZAÇÃO E DESMOBILIZAÇÃO",{"$nulls":11},{"v":6423.96,"d":"6,423.96"},"2 X (IDA E VOLTA)"]
[{"$nulls":12},{"v":12847.92,"d":"12,847.92"}]
[]
[]
[{"$nulls":5},"LUIZ GUILHERME CADORE SILVA"]
[{"$nulls":5},"ENGº CIVIL / FISCAL DE OBRAS"]
[{"$nulls":5},"CREA MT041303"]

{"sheet":"M CALC PVD","index":22,"n_rows":27,"n_cols":26,"rows_kept":27,"hidden":true,"merged":[[0,0,0,25],[1,0,1,25],[2,1,2,19],[2,22,2,23],[2,24,2,25],[3,1,3,19],[3,20,5,21],[3,22,3,23],[3,24,3,25],[4,1,4,19],[4,22,4,23],[4,24,4,25],[5,1,5,19],[5,22,5,23],[5,24,5,25],[6,0,6,25],[7,0,7,25],[8,0,8,25],[9,0,10,0],[9,2,9,4],[9,5,9,7],[9,8,9,11],[9,12,9,14],[9,15,9,16],[9,19,9,21],[9,22,9,25]],"flags":["formulas_cached_only"]}
["ESTADO DE MATO GROSSO"]
["PREFEITURA MUNICIPAL DE SÃO JOSÉ DOS QUATRO MARCOS"]
["OBRA:","PAVIMENTAÇÃO ASFALTICA",{"$nulls":18},"REFERENCIA:",null,0,null,"BDI NÃO DES"]
["LOCAL:","JARDIM ZEFERINO",{"$nulls":18},"SINAPI 09/2024 ANP 08/2024  SICRO 04/2024",null,{"v":0,"d":"0.00%"},null,{"v":0.2223,"d":"22.23%"}]
["PROPR.:","PREFEITURA MUNICIPAL DE SÃO JOSÉ DOS QUATRO MARCOS",{"$nulls":20},0,null,"DIFERENCIADO"]
["ÁREA (m²):",5174.32,{"$nulls":20},{"v":0,"d":"0.00%"},null,{"v":0.15,"d":"15.00%"}]
[]
["QUANTIFICAÇÃO DE SERVIÇO"]
[]
["TIPO POÇO DE VISITA","DIAMETRO ","DADOS INICIAIS",null,null,"ALVEN",null,null,"ESCAVAÇÃO",{"$nulls":3},"REG F VALA",null,null,"LAJE FUNDO",null,"MAGRO","REATERRO","LAJE SUPERIOR",null,null,"VIGA"]
[null,null,"LARG","EXT","PROF","M²","TIJOLOS","ARGAM","LARG","EXT","PROF","VOL","LARG","EXT","AREA","CONC","AÇO-50","ESP 5,0 CM","VOL (m³)","CONC","AÇO-50","FORMA","CONC","AÇO-50","AÇO-60","FORMA"]
["PVD - 600",0.6,{"v":1.6,"d":"1.60"},2.12,{"v":1,"d":"1.00"},6.31,{"v":1262,"d":"1,262.00"},0.46,{"v":2.6,"d":"2.60"},1.56,{"v":2.2,"d":"2.20"},8.92,{"v":2.6,"d":"2.60"},1.56,4.06,0.34,20.93,3.39,5.53,0.51,55.81,3.39,0.33,18.36,7.64,2.98]
[]
["PVD - 800",0.8,{"v":1.9,"d":"1.90"},{"v":2.6,"d":"2.60"},{"v":1.1,"d":"1.10"},7.89,{"v":1578,"d":"1,578.00"},0.61,{"v":2.9,"d":"2.90"},{"v":1.8,"d":"1.80"},{"v":2.3,"d":"2.30"},12.01,{"v":2.9,"d":"2.90"},{"v":1.8,"d":"1.80"},5.22,0.49,30.48,4.94,6.58,0.74,81.28,4.94,0.41,22.21,9.24,{"v":1.8,"d":"1.80"}]
[]
["PVD - 1000",1,{"v":1.9,"d":"1.90"},3.08,1.32,10.01,{"v":2002,"d":"2,002.00"},0.81,{"v":2.9,"d":"2.90"},2.04,2.52,14.91,{"v":2.9,"d":"2.90"},2.04,5.92,0.59,36.11,5.85,7.19,0.88,96.28,5.85,0.45,24.58,10.23,1.99]
[]
["PVD - 1200",1.2,{"v":1.9,"d":"1.90"},3.52,1.52,11.96,{"v":2392,"d":"2,392.00"},1.01,{"v":2.9,"d":"2.90"},2.26,2.72,17.83,{"v":2.9,"d":"2.90"},2.26,6.55,0.67,41.26,6.69,7.66,{"v":1,"d":"1.00"},110.04,6.69,0.49,26.75,11.13,2.17]
[]
["PVD - 1500",1.5,{"v":1.9,"d":"1.90"},4.08,1.82,{"v":14.7,"d":"14.70"},{"v":2940,"d":"2,940.00"},1.34,{"v":2.9,"d":"2.90"},2.54,3.02,22.25,{"v":2.9,"d":"2.90"},2.54,7.37,0.78,47.83,7.75,8.14,1.16,127.55,7.75,0.54,29.52,12.28,2.39]
[]
["VER PROJETO DE DETALHAMENTO DE POÇO DE VISITA"]
[]
[]
[null,"LUIZ GUILHERME CADORE SILVA"]
[null,"ENGº CIVIL / FISCAL DE OBRAS"]
[null,"CREA MT041303"]

{"sheet":"SICRO SEM DESONERAÇÃO","index":23,"n_rows":6402,"n_cols":4,"rows_kept":6402,"merged":[[0,1,0,2]],"flags":["formulas_cached_only"]}
["CGCIT","SISTEMA DE CUSTOS REFERENCIAIS DE OBRAS - SICRO",null,"DNIT"]
[null,"Mato Grosso - Abril/2024"]
["Código","Descrição do Serviço","Unidade","Custo Unitário (R$)"]
[307731,"Aparelho de apoio de neoprene fretado para estruturas moldadas no local - fornecimento e instalação","dm³",131.53]
[307732,"Aparelho de apoio de neoprene fretado para estruturas pré-moldadas - fornecimento e instalação","dm³",103.55]
[308308,"Aparelho de apoio metálico elastomérico fixo com capacidade de 1.500 kN - fornecimento e instalação","un",{"v":7334.89,"d":"7,334.89"}]
[308313,"Aparelho de apoio metálico elastomérico fixo com capacidade de 10.000 kN - fornecimento e instalação","un",{"v":46725.95,"d":"46,725.95"}]
[308309,"Aparelho de apoio metálico elastomérico fixo com capacidade de 2.500 kN - fornecimento e instalação","un",{"v":11909.2,"d":"11,909.20"}]
[308310,"Aparelho de apoio metálico elastomérico fixo com capacidade de 4.000 kN - fornecimento e instalação","un",{"v":17912.99,"d":"17,912.99"}]
[308311,"Aparelho de apoio metálico elastomérico fixo com capacidade de 5.500 kN - fornecimento e instalação","un",{"v":24602.9,"d":"24,602.90"}]
[308312,"Aparelho de apoio metálico elastomérico fixo com capacidade de 7.500 kN - fornecimento e instalação","un",{"v":34029.75,"d":"34,029.75"}]
[308307,"Aparelho de apoio metálico elastomérico fixo com capacidade de 700 kN - fornecimento e instalação","un",{"v":4879.72,"d":"4,879.72"}]
[308322,"Aparelho de apoio metálico elastomérico multidirecional com capacidade de 1.500 kN - fornecimento e instalação","un",{"v":5803.55,"d":"5,803.55"}]
[308327,"Aparelho de apoio metálico elastomérico multidirecional com capacidade de 10.000 kN - fornecimento e instalação","un",{"v":35957.66,"d":"35,957.66"}]
[308323,"Aparelho de apoio metálico elastomérico multidirecional com capacidade de 2.500 kN - fornecimento e instalação","un",{"v":8489.93,"d":"8,489.93"}]
[308324,"Aparelho de apoio metálico elastomérico multidirecional com capacidade de 4.000 kN - fornecimento e instalação","un",{"v":13309.07,"d":"13,309.07"}]
[308325,"Aparelho de apoio metálico elastomérico multidirecional com capacidade de 5.500 kN - fornecimento e instalação","un",{"v":18833.08,"d":"18,833.08"}]
[308326,"Aparelho de apoio metálico elastomérico multidirecional com capacidade de 7.500 kN - fornecimento e instalação","un",{"v":26571.37,"d":"26,571.37"}]
[308321,"Aparelho de apoio metálico elastomérico multidirecional com capacidade de 700 kN - fornecimento e instalação","un",{"v":3987.51,"d":"3,987.51"}]
[308315,"Aparelho de apoio metálico elastomérico unidirecional com capacidade de 1.500 kN - fornecimento e instalação","un",{"v":7144.72,"d":"7,144.72"}]
[308320,"Aparelho de apoio metálico elastomérico unidirecional com capacidade de 10.000 kN - fornecimento e instalação","un",{"v":45591.07,"d":"45,591.07"}]
[308316,"Aparelho de apoio metálico elastomérico unidirecional com capacidade de 2.500 kN - fornecimento e instalação","un",{"v":10192.19,"d":"10,192.19"}]
[308317,"Aparelho de apoio metálico elastomérico unidirecional com capacidade de 4.000 kN - fornecimento e instalação","un",{"v":17682,"d":"17,682.00"}]
[308318,"Aparelho de apoio metálico elastomérico unidirecional com capacidade de 5.500 kN - fornecimento e instalação","un",{"v":24011.64,"d":"24,011.64"}]
[308319,"Aparelho de apoio metálico elastomérico unidirecional com capacidade de 7.500 kN - fornecimento e instalação","un",{"v":30091.21,"d":"30,091.21"}]
[308314,"Aparelho de apoio metálico elastomérico unidirecional com capacidade de 700 kN - fornecimento e instalação","un",{"v":4803.71,"d":"4,803.71"}]
[308250,"Aparelho de apoio metálico esférico fixo com capacidade de 1.000 kN - fornecimento e instalação","un",{"v":6124.07,"d":"6,124.07"}]
[308251,"Aparelho de apoio metálico esférico fixo com capacidade de 1.500 kN - fornecimento e instalação","un",{"v":9389.18,"d":"9,389.18"}]
[308268,"Aparelho de apoio metálico esférico fixo com capacidade de 10.000 kN - fornecimento e instalação","un",{"v":79012.67,"d":"79,012.67"}]
[308252,"Aparelho de apoio metálico esférico fixo com capacidade de 2.000 kN - fornecimento e instalação","un",{"v":11538.44,"d":"11,538.44"}]
[308253,"Aparelho de apoio metálico esférico fixo com capacidade de 2.500 kN - fornecimento e instalação","un",{"v":14244.14,"d":"14,244.14"}]
[308254,"Aparelho de apoio metálico esférico fixo com capacidade de 3.000 kN - fornecimento e instalação","un",{"v":16028.79,"d":"16,028.79"}]
[308255,"Aparelho de apoio metálico esférico fixo com capacidade de 3.500 kN - fornecimento e instalação","un",{"v":19656.75,"d":"19,656.75"}]
[308256,"Aparelho de apoio metálico esférico fixo com capacidade de 4.000 kN - fornecimento e instalação","un",{"v":25101.79,"d":"25,101.79"}]
[308257,"Aparelho de apoio metálico esférico fixo com capacidade de 4.500 kN - fornecimento e instalação","un",{"v":32426.16,"d":"32,426.16"}]
[308258,"Aparelho de apoio metálico esférico fixo com capacidade de 5.000 kN - fornecimento e instalação","un",{"v":36136.36,"d":"36,136.36"}]
[308259,"Aparelho de apoio metálico esférico fixo com capacidade de 5.500 kN - fornecimento e instalação","un",{"v":40964.73,"d":"40,964.73"}]
[308260,"Aparelho de apoio metálico esférico fixo com capacidade de 6.000 kN - fornecimento e instalação","un",{"v":45208.8,"d":"45,208.80"}]
[308261,"Aparelho de apoio metálico esférico fixo com capacidade de 6.500 kN - fornecimento e instalação","un",{"v":49983.69,"d":"49,983.69"}]
[308262,"Aparelho de apoio metálico esférico fixo com capacidade de 7.000 kN - fornecimento e instalação","un",{"v":54959.23,"d":"54,959.23"}]
[308263,"Aparelho de apoio metálico esférico fixo com capacidade de 7.500 kN - fornecimento e instalação","un",{"v":55896.01,"d":"55,896.01"}]
[308264,"Aparelho de apoio metálico esférico fixo com capacidade de 8.000 kN - fornecimento e instalação","un",{"v":61839.32,"d":"61,839.32"}]
[308265,"Aparelho de apoio metálico esférico fixo com capacidade de 8.500 kN - fornecimento e instalação","un",{"v":63412.17,"d":"63,412.17"}]
[308266,"Aparelho de apoio metálico esférico fixo com capacidade de 9.000 kN - fornecimento e instalação","un",{"v":70733.64,"d":"70,733.64"}]
[308267,"Aparelho de apoio metálico esférico fixo com capacidade de 9.500 kN - fornecimento e instalação","un",{"v":74828.95,"d":"74,828.95"}]
[308288,"Aparelho de apoio metálico esférico multidirecional com capacidade de 1.000 kN - fornecimento e instalação","un",{"v":8797.54,"d":"8,797.54"}]
[308289,"Aparelho de apoio metálico esférico multidirecional com capacidade de 1.500 kN - fornecimento e instalação","un",{"v":12511.68,"d":"12,511.68"}]
[308306,"Aparelho de apoio metálico esférico multidirecional com capacidade de 10.000 kN - fornecimento e instalação","un",{"v":83873.89,"d":"83,873.89"}]
[308290,"Aparelho de apoio metálico esférico multidirecional com capacidade de 2.000 kN - fornecimento e instalação","un",{"v":16227.67,"d":"16,227.67"}]
[308291,"Aparelho de apoio metálico esférico multidirecional com capacidade de 2.500 kN - fornecimento e instalação","un",{"v":19704.25,"d":"19,704.25"}]
[308292,"Aparelho de apoio metálico esférico multidirecional com capacidade de 3.000 kN - fornecimento e instalação","un",{"v":22177.94,"d":"22,177.94"}]
[308293,"Aparelho de apoio metálico esférico multidirecional com capacidade de 3.500 kN - fornecimento e instalação","un",{"v":25515.34,"d":"25,515.34"}]
[308294,"Aparelho de apoio metálico esférico multidirecional com capacidade de 4.000 kN - fornecimento e instalação","un",{"v":27799.34,"d":"27,799.34"}]
[308295,"Aparelho de apoio metálico esférico multidirecional com capacidade de 4.500 kN - fornecimento e instalação","un",{"v":34150.54,"d":"34,150.54"}]
[308296,"Aparelho de apoio metálico esférico multidirecional com capacidade de 5.000 kN - fornecimento e instalação","un",{"v":37336.34,"d":"37,336.34"}]
[308297,"Aparelho de apoio metálico esférico multidirecional com capacidade de 5.500 kN - fornecimento e instalação","un",{"v":41152.72,"d":"41,152.72"}]
[308298,"Aparelho de apoio metálico esférico multidirecional com capacidade de 6.000 kN - fornecimento e instalação","un",{"v":46773.59,"d":"46,773.59"}]
[308299,"Aparelho de apoio metálico esférico multidirecional com capacidade de 6.500 kN - fornecimento e instalação","un",{"v":50533.85,"d":"50,533.85"}]
[308300,"Aparelho de apoio metálico esférico multidirecional com capacidade de 7.000 kN - fornecimento e instalação","un",{"v":54396.28,"d":"54,396.28"}]
[308301,"Aparelho de apoio metálico esférico multidirecional com capacidade de 7.500 kN - fornecimento e instalação","un",{"v":58673.9,"d":"58,673.90"}]
[308302,"Aparelho de apoio metálico esférico multidirecional com capacidade de 8.000 kN - fornecimento e instalação","un",{"v":65103.48,"d":"65,103.48"}]
[308303,"Aparelho de apoio metálico esférico multidirecional com capacidade de 8.500 kN - fornecimento e instalação","un",{"v":71338.57,"d":"71,338.57"}]
[308304,"Aparelho de apoio metálico esférico multidirecional com capacidade de 9.000 kN - fornecimento e instalação","un",{"v":75242.61,"d":"75,242.61"}]
[308305,"Aparelho de apoio metálico esférico multidirecional com capacidade de 9.500 kN - fornecimento e instalação","un",{"v":79880.31,"d":"79,880.31"}]
[308269,"Aparelho de apoio metálico esférico unidirecional com capacidade de 1.000 kN - fornecimento e instalação","un",{"v":9344.4,"d":"9,344.40"}]
[308270,"Aparelho de apoio metálico esférico unidirecional com capacidade de 1.500 kN - fornecimento e instalação","un",{"v":12875.82,"d":"12,875.82"}]
[308287,"Aparelho de apoio metálico esférico unidirecional com capacidade de 10.000 kN - fornecimento e instalação","un",{"v":84928.17,"d":"84,928.17"}]
[308271,"Aparelho de apoio metálico esférico unidirecional com capacidade de 2.000 kN - fornecimento e instalação","un",{"v":16083.81,"d":"16,083.81"}]
[308272,"Aparelho de apoio metálico esférico unidirecional com capacidade de 2.500 kN - fornecimento e instalação","un",{"v":18670.64,"d":"18,670.64"}]
[308273,"Aparelho de apoio metálico esférico unidirecional com capacidade de 3.000 kN - fornecimento e instalação","un",{"v":22311.46,"d":"22,311.46"}]
[308274,"Aparelho de apoio metálico esférico unidirecional com capacidade de 3.500 kN - fornecimento e instalação","un",{"v":25778.53,"d":"25,778.53"}]
[308275,"Aparelho de apoio metálico esférico unidirecional com capacidade de 4.000 kN - fornecimento e instalação","un",{"v":30398.93,"d":"30,398.93"}]
[308276,"Aparelho de apoio metálico esférico unidirecional com capacidade de 4.500 kN - fornecimento e instalação","un",{"v":40370.95,"d":"40,370.95"}]
[308277,"Aparelho de apoio metálico esférico unidirecional com capacidade de 5.000 kN - fornecimento e instalação","un",{"v":44685.13,"d":"44,685.13"}]
[308278,"Aparelho de apoio metálico esférico unidirecional com capacidade de 5.500 kN - fornecimento e instalação","un",{"v":48452.2,"d":"48,452.20"}]
[308279,"Aparelho de apoio metálico esférico unidirecional com capacidade de 6.000 kN - fornecimento e instalação","un",{"v":50368.17,"d":"50,368.17"}]
[308280,"Aparelho de apoio metálico esférico unidirecional com capacidade de 6.500 kN - fornecimento e instalação","un",{"v":54457.81,"d":"54,457.81"}]
[308281,"Aparelho de apoio metálico esférico unidirecional com capacidade de 7.000 kN - fornecimento e instalação","un",{"v":58487.67,"d":"58,487.67"}]
[308282,"Aparelho de apoio metálico esférico unidirecional com capacidade de 7.500 kN - fornecimento e instalação","un",{"v":62798.74,"d":"62,798.74"}]
[308283,"Aparelho de apoio metálico esférico unidirecional com capacidade de 8.000 kN - fornecimento e instalação","un",{"v":66742.98,"d":"66,742.98"}]
[308284,"Aparelho de apoio metálico esférico unidirecional com capacidade de 8.500 kN - fornecimento e instalação","un",{"v":72012.69,"d":"72,012.69"}]
[308285,"Aparelho de apoio metálico esférico unidirecional com capacidade de 9.000 kN - fornecimento e instalação","un",{"v":76316.53,"d":"76,316.53"}]
[308286,"Aparelho de apoio metálico esférico unidirecional com capacidade de 9.500 kN - fornecimento e instalação","un",{"v":80728.36,"d":"80,728.36"}]
[307733,"Junta de dilatação em elastômero e perfil VV - L = 20 mm e H = 40 mm - fornecimento e instalação","m",263.79]
[307734,"Junta de dilatação em elastômero e perfil VV - L = 25 mm e H = 50 mm - fornecimento e instalação","m",317.53]
[307735,"Junta de dilatação em elastômero e perfil VV - L = 35 mm e H = 60 mm - fornecimento e instalação","m",416.01]
[307736,"Junta de dilatação em elastômero e perfil VV - L = 40 mm e H = 70 mm - fornecimento e instalação","m",554.72]
[307737,"Junta de dilatação em elastômero e perfil VV - L = 50 mm e H = 80 mm - fornecimento e instalação","m",585.79]
[307730,"Junta de dilatação em perfil extrudado de borracha vulcanizada","m",{"v":0,"d":"0.00"}]
[307084,"Lábios poliméricos em junta de pavimento de concreto - L = 20 mm e H = 30 mm - confecção e assentamento","m",33.44]
[407818,"Armação em aço CA-25 - fornecimento, preparo e colocação","kg",12.45]
[407819,"Armação em aço CA-50 - fornecimento, preparo e colocação","kg",12.72]
[407820,"Armação em aço CA-60 - fornecimento, preparo e colocação","kg",14.13]
[407740,"Chumbador tipo espera em aço CA-25 para fixação de estrutura metálica em concreto - fornecimento e instalação","kg",15.38]
[408037,"Luva de emenda com rosca cônica para aço CA-50 - D = 12,5 mm - fornecimento e instalação","un",{"v":22.8,"d":"22.80"}]
[408038,"Luva de emenda com rosca cônica para aço CA-50 - D = 16 mm - fornecimento e instalação","un",37.13]
[408039,"Luva de emenda com rosca cônica para aço CA-50 - D = 20 mm - fornecimento e instalação","un",48.58]
[408041,"Luva de emenda com rosca cônica para aço CA-50 - D = 25 mm - fornecimento e instalação","un",65.77]
[408042,"Luva de emenda com rosca cônica para aço CA-50 - D = 32 mm - fornecimento e instalação","un",92.17]
[408031,"Luva de emenda prensada para aço CA-50 - D = 12,5 mm - fornecimento e instalação","un",{"v":24.1,"d":"24.10"}]
[408032,"Luva de emenda prensada para aço CA-50 - D = 16 mm - fornecimento e instalação","un",32.79]
[408033,"Luva de emenda prensada para aço CA-50 - D = 20 mm - fornecimento e instalação","un",44.66]
[408035,"Luva de emenda prensada para aço CA-50 - D = 25 mm - fornecimento e instalação","un",82.69]
[408036,"Luva de emenda prensada para aço CA-50 - D = 32 mm - fornecimento e instalação","un",166.62]
[408067,"Tela de aço eletrossoldada - fornecimento, preparo e colocação","kg",11.98]
[407743,"Treliça nervurada três barras longitudinais interligadas por duas diagonais sinusoidal - fornecimento e instalação","kg",13.22]
[607137,"Arco metálico galvanizado tipo MP 152S - arco alto - vão = 10,08 m e altura = 6,12 m - aterro rodoviário mínimo = 0,90 m e máximo = 5,00 m - areia e brita comerciais","m",{"v":60698.37,"d":"60,698.37"}]
[606785,"Arco metálico galvanizado tipo MP 152S - arco alto - vão = 10,08 m e altura = 6,12 m - aterro rodoviário mínimo = 0,90 m e máximo = 5,00 m - areia extraída e brita produzida","m",{"v":60036.86,"d":"60,036.86"}]
[607139,"Arco metálico galvanizado tipo MP 152S - arco alto - vão = 10,31 m e altura = 6,17 m - aterro rodoviário mínimo = 0,90 m e máximo = 4,90 m - areia e brita comerciais","m",{"v":61516.55,"d":"61,516.55"}]
[606787,"Arco metálico galvanizado tipo MP 152S - arco alto - vão = 10,31 m e altura = 6,17 m - aterro rodoviário mínimo = 0,90 m e máximo = 4,90 m - areia extraída e brita produzida","m",{"v":60518.78,"d":"60,518.78"}]
[607140,"Arco metálico galvanizado tipo MP 152S - arco alto - vão = 10,36 m e altura = 5,38 m - aterro rodoviário mínimo = 1,20 m e máximo = 3,60 m - areia e brita comerciais","m",{"v":56165.43,"d":"56,165.43"}]
[606788,"Arco metálico galvanizado tipo MP 152S - arco alto - vão = 10,36 m e altura = 5,38 m - aterro rodoviário mínimo = 1,20 m e máximo = 3,60 m - areia extraída e brita produzida","m",{"v":55905.36,"d":"55,905.36"}]
[607141,"Arco metálico galvanizado tipo MP 152S - arco alto - vão = 10,54 m e altura = 6,05 m - aterro rodoviário mínimo = 1,20 m e máximo = 4,20 m - areia e brita comerciais","m",{"v":62623.09,"d":"62,623.09"}]
[606789,"Arco metálico galvanizado tipo MP 152S - arco alto - vão = 10,54 m e altura = 6,05 m - aterro rodoviário mínimo = 1,20 m e máximo = 4,20 m - areia extraída e brita produzida","m",{"v":61935.61,"d":"61,935.61"}]
[607144,"Arco metálico galvanizado tipo MP 152S - arco alto - vão = 10,57 m e altura = 5,41 m - aterro rodoviário mínimo = 1,20 m e máximo = 4,10 m - areia e brita comerciais","m",{"v":73321.74,"d":"73,321.74"}]
[606792,"Arco metálico galvanizado tipo MP 152S - arco alto - vão = 10,57 m e altura = 5,41 m - aterro rodoviário mínimo = 1,20 m e máximo = 4,10 m - areia extraída e brita produzida","m",{"v":72693.8,"d":"72,693.80"}]
[607142,"Arco metálico galvanizado tipo MP 152S - arco alto - vão = 10,74 m e altura = 6,48 m - aterro rodoviário mínimo = 1,20 m e máximo = 4,70 m - areia e brita comerciais","m",{"v":65703.12,"d":"65,703.12"}]
[606790,"Arco metálico galvanizado tipo MP 152S - arco alto - vão = 10,74 m e altura = 6,48 m - aterro rodoviário mínimo = 1,20 m e máximo = 4,70 m - areia extraída e brita produzida","m",{"v":64963.66,"d":"64,963.66"}]
[607145,"Arco metálico galvanizado tipo MP 152S - arco alto - vão = 10,77 m e altura = 6,10 m - aterro rodoviário mínimo = 1,20 m e máximo = 4,70 m - areia e brita comerciais","m",{"v":80989.45,"d":"80,989.45"}]
[606793,"Arco metálico galvanizado tipo MP 152S - arco alto - vão = 10,77 m e altura = 6,10 m - aterro rodoviário mínimo = 1,20 m e máximo = 4,70 m - areia extraída e brita produzida","m",{"v":80287.15,"d":"80,287.15"}]
[607146,"Arco metálico galvanizado tipo MP 152S - arco alto - vão = 10,97 m e altura = 6,53 m - aterro rodoviário mínimo = 1,20 m e máximo = 4,70 m - areia e brita comerciais","m",{"v":84479.96,"d":"84,479.96"}]
[606794,"Arco metálico galvanizado tipo MP 152S - arco alto - vão = 10,97 m e altura = 6,53 m - aterro rodoviário mínimo = 1,20 m e máximo = 4,70 m - areia extraída e brita produzida","m",{"v":83717.72,"d":"83,717.72"}]
[607143,"Arco metálico galvanizado tipo MP 152S - arco alto - vão = 11,35 m e altura = 7,12 m - aterro rodoviário mínimo = 1,20 m e máximo = 4,70 m - areia e brita comerciais","m",{"v":70973.39,"d":"70,973.39"}]
[606791,"Arco metálico galvanizado tipo MP 152S - arco alto - vão = 11,35 m e altura = 7,12 m - aterro rodoviário mínimo = 1,20 m e máximo = 4,70 m - areia extraída e brita produzida","m",{"v":70122.06,"d":"70,122.06"}]
[607147,"Arco metálico galvanizado tipo MP 152S - arco alto - vão = 11,58 m e altura = 7,16 m - aterro rodoviário mínimo = 1,20 m e máximo = 6,40 m - areia e brita comerciais","m",{"v":91139.16,"d":"91,139.16"}]
[606795,"Arco metálico galvanizado tipo MP 152S - arco alto - vão = 11,58 m e altura = 7,16 m - aterro rodoviário mínimo = 1,20 m e máximo = 6,40 m - areia extraída e brita produzida","m",{"v":90260.82,"d":"90,260.82"}]
[607112,"Arco metálico galvanizado tipo MP 152S - arco alto - vão = 6,12 m e altura = 2,77 m - aterro rodoviário mínimo = 0,75 m e máximo = 5,40 m - areia e brita comerciais","m",{"v":29613.03,"d":"29,613.03"}]
[606760,"Arco metálico galvanizado tipo MP 152S - arco alto - vão = 6,12 m e altura = 2,77 m - aterro rodoviário mínimo = 0,75 m e máximo = 5,40 m - areia extraída e brita produzida","m",{"v":29382.78,"d":"29,382.78"}]
[607113,"Arco metálico galvanizado tipo MP 152S - arco alto - vão = 6,30 m e altura = 3,68 m - aterro rodoviário mínimo = 0,75 m e máximo = 7,50 m - areia e brita comerciais","m",{"v":34794.3,"d":"34,794.30"}]
[606761,"Arco metálico galvanizado tipo MP 152S - arco alto - vão = 6,30 m e altura = 3,68 m - aterro rodoviário mínimo = 0,75 m e máximo = 7,50 m - areia extraída e brita produzida","m",{"v":34529.64,"d":"34,529.64"}]
[606762,"Arco metálico galvanizado tipo MP 152S - arco alto - vão = 6,55 m e altura = 3,56 m - aterro rodoviário mínimo = 0,75 m e máximo = 4,9 m - areia extraída e brita produzida","m",{"v":34189.87,"d":"34,189.87"}]
[607114,"Arco metálico galvanizado tipo MP 152S - arco alto - vão = 6,55 m e altura = 3,56 m - aterro rodoviário mínimo = 0,75 m e máximo = 4,90 m - areia e brita comerciais","m",{"v":34459.53,"d":"34,459.53"}]
[607116,"Arco metálico galvanizado tipo MP 152S - arco alto - vão = 6,78 m e altura = 3,61 m - aterro rodoviário mínimo = 0,75 m e máximo = 4,80 m - areia e brita comerciais","m",{"v":36493.71,"d":"36,493.71"}]
[606764,"Arco metálico galvanizado tipo MP 152S - arco alto - vão = 6,78 m e altura = 3,61 m - aterro rodoviário mínimo = 0,75 m e máximo = 4,80 m - areia extraída e brita produzida","m",{"v":36212.69,"d":"36,212.69"}]
[607115,"Arco metálico galvanizado tipo MP 152S - arco alto - vão = 6,96 m e altura = 4,42 m - aterro rodoviário mínimo = 0,75 m e máximo = 8,10 m - areia e brita comerciais","m",{"v":41440.04,"d":"41,440.04"}]
[606763,"Arco metálico galvanizado tipo MP 152S - arco alto - vão = 6,96 m e altura = 4,42 m - aterro rodoviário mínimo = 0,75 m e máximo = 8,10 m - areia extraída e brita produzida","m",{"v":41101.96,"d":"41,101.96"}]
[607117,"Arco metálico galvanizado tipo MP 152S - arco alto - vão = 6,99 m e altura = 4,27 m - aterro rodoviário mínimo = 0,75 m e máximo = 5,70 m - areia e brita comerciais","m",{"v":41433.9,"d":"41,433.90"}]
[606765,"Arco metálico galvanizado tipo MP 152S - arco alto - vão = 6,99 m e altura = 4,27 m - aterro rodoviário mínimo = 0,75 m e máximo = 5,70 m - areia extraída e brita produzida","m",{"v":41105.1,"d":"41,105.10"}]
[607118,"Arco metálico galvanizado tipo MP 152S - arco alto - vão = 7,01 m e altura = 3,63 m - aterro rodoviário mínimo = 0,75 m e máximo = 4,60 m - areia e brita comerciais","m",{"v":37135.67,"d":"37,135.67"}]
[606766,"Arco metálico galvanizado tipo MP 152S - arco alto - vão = 7,01 m e altura = 3,63 m - aterro rodoviário mínimo = 0,75 m e máximo = 4,60 m - areia extraída e brita produzida","m",{"v":36845.56,"d":"36,845.56"}]
[607120,"Arco metálico galvanizado tipo MP 152S - arco alto - vão = 7,24 m e altura = 3,68 m - aterro rodoviário mínimo = 0,90 m e máximo = 4,4 m - areia e brita comerciais","m",{"v":37817.34,"d":"37,817.34"}]
[606768,"Arco metálico galvanizado tipo MP 152S - arco alto - vão = 7,24 m e altura = 3,68 m - aterro rodoviário mínimo = 0,90 m e máximo = 4,40 m - areia extraída e brita produzida","m",{"v":37511.84,"d":"37,511.84"}]
[607119,"Arco metálico galvanizado tipo MP 152S - arco alto - vão = 7,42 m e altura = 4,52 m - aterro rodoviário mínimo = 0,90 m e máximo = 6,40 m - areia e brita comerciais","m",{"v":43471.1,"d":"43,471.10"}]
[606767,"Arco metálico galvanizado tipo MP 152S - arco alto - vão = 7,42 m e altura = 4,52 m - aterro rodoviário mínimo = 0,90 m e máximo = 6,40 m - areia extraída e brita produzida","m",{"v":43098.53,"d":"43,098.53"}]
[607121,"Arco metálico galvanizado tipo MP 152S - arco alto - vão = 7,47 m e altura = 4,19 m - aterro rodoviário mínimo = 0,90 m e máximo = 4,30 m - areia e brita comerciais","m",{"v":40949.15,"d":"40,949.15"}]
[606769,"Arco metálico galvanizado tipo MP 152S - arco alto - vão = 7,47 m e altura = 4,19 m - aterro rodoviário mínimo = 0,90 m e máximo = 4,30 m - areia extraída e brita produzida","m",{"v":40600.85,"d":"40,600.85"}]
[607123,"Arco metálico galvanizado tipo MP 152S - arco alto - vão = 7,67 m e altura = 3,99 m - aterro rodoviário mínimo = 0,90 m e máximo = 4,10 m - areia e brita comerciais","m",{"v":40404.57,"d":"40,404.57"}]
[606771,"Arco metálico galvanizado tipo MP 152S - arco alto - vão = 7,67 m e altura = 3,99 m - aterro rodoviário mínimo = 0,90 m e máximo = 4,10 m - areia extraída e brita produzida","m",{"v":40057.57,"d":"40,057.57"}]
[607122,"Arco metálico galvanizado tipo MP 152S - arco alto - vão = 7,85 m e altura = 4,60 m - aterro rodoviário mínimo = 0,90 m e máximo = 6,00 m - areia e brita comerciais","m",{"v":44828.66,"d":"44,828.66"}]
[606770,"Arco metálico galvanizado tipo MP 152S - arco alto - vão = 7,85 m e altura = 4,60 m - aterro rodoviário mínimo = 0,90 m e máximo = 6,00 m - areia extraída e brita produzida","m",{"v":44428.46,"d":"44,428.46"}]
[607125,"Arco metálico galvanizado tipo MP 152S - arco alto - vão = 7,90 m e altura = 4,04 m - aterro rodoviário mínimo = 0,90 m e máximo = 4,00 m - areia e brita comerciais","m",{"v":41777.23,"d":"41,777.23"}]
[606773,"Arco metálico galvanizado tipo MP 152S - arco alto - vão = 7,90 m e altura = 4,04 m - aterro rodoviário mínimo = 0,90 m e máximo = 4,00 m - areia extraída e brita produzida","m",{"v":41412.12,"d":"41,412.12"}]
[607124,"Arco metálico galvanizado tipo MP 152S - arco alto - vão = 8,08 m e altura = 4,65 m - aterro rodoviário mínimo = 0,90 m e máximo = 5,80 m - areia e brita comerciais","m",{"v":45502.69,"d":"45,502.69"}]
[606772,"Arco metálico galvanizado tipo MP 152S - arco alto - vão = 8,08 m e altura = 4,65 m - aterro rodoviário mínimo = 0,90 m e máximo = 5,80 m - areia extraída e brita produzida","m",{"v":45089.69,"d":"45,089.69"}]
[607126,"Arco metálico galvanizado tipo MP 152S - arco alto - vão = 8,31 m e altura = 4,70 m - aterro rodoviário mínimo = 0,90 m e máximo = 5,60 m - areia e brita comerciais","m",{"v":46772.75,"d":"46,772.75"}]
[606774,"Arco metálico galvanizado tipo MP 152S - arco alto - vão = 8,31 m e altura = 4,70 m - aterro rodoviário mínimo = 0,90 m e máximo = 5,60 m - areia extraída e brita produzida","m",{"v":46339.85,"d":"46,339.85"}]
[607127,"Arco metálico galvanizado tipo MP 152S - arco alto - vão = 8,36 m e altura = 4,11 m - aterro rodoviário mínimo = 0,90 m e máximo = 3,70 m - areia e brita comerciais","m",{"v":43068.29,"d":"43,068.29"}]
[606775,"Arco metálico galvanizado tipo MP 152S - arco alto - vão = 8,36 m e altura = 4,11 m - aterro rodoviário mínimo = 0,90 m e máximo = 3,70 m - areia extraída e brita produzida","m",{"v":42681.25,"d":"42,681.25"}]
[607129,"Arco metálico galvanizado tipo MP 152S - arco alto - vão = 8,59 m e altura = 4,39 m - aterro rodoviário mínimo = 0,90 m e máximo = 3,60 m - areia e brita comerciais","m",{"v":45071.94,"d":"45,071.94"}]
[606777,"Arco metálico galvanizado tipo MP 152S - arco alto - vão = 8,59 m e altura = 4,39 m - aterro rodoviário mínimo = 0,90 m e máximo = 3,60 m - areia extraída e brita produzida","m",{"v":44648.07,"d":"44,648.07"}]
[607128,"Arco metálico galvanizado tipo MP 152S - arco alto - vão = 8,97 m e altura = 5,00 m - aterro rodoviário mínimo = 0,90 m e máximo = 5,80 m - areia e brita comerciais","m",{"v":49573.69,"d":"49,573.69"}]
[606776,"Arco metálico galvanizado tipo MP 152S - arco alto - vão = 8,97 m e altura = 5,00 m - aterro rodoviário mínimo = 0,90 m e máximo = 5,80 m - areia extraída e brita produzida","m",{"v":49078.43,"d":"49,078.43"}]
[607130,"Arco metálico galvanizado tipo MP 152S - arco alto - vão = 9,17 m e altura = 5,49 m - aterro rodoviário mínimo = 0,90 m e máximo = 5,60 m - areia e brita comerciais","m",{"v":52833.77,"d":"52,833.77"}]
[606778,"Arco metálico galvanizado tipo MP 152S - arco alto - vão = 9,17 m e altura = 5,49 m - aterro rodoviário mínimo = 0,90 m e máximo = 5,60 m - areia extraída e brita produzida","m",{"v":52289.39,"d":"52,289.39"}]
[607131,"Arco metálico galvanizado tipo MP 152S - arco alto - vão = 9,22 m e altura = 4,70 m - aterro rodoviário mínimo = 0,90 m e máximo = 4,10 m - areia e brita comerciais","m",{"v":49589.06,"d":"49,589.06"}]
[606779,"Arco metálico galvanizado tipo MP 152S - arco alto - vão = 9,22 m e altura = 4,70 m - aterro rodoviário mínimo = 0,90 m e máximo = 4,10 m - areia extraída e brita produzida","m",{"v":49107.46,"d":"49,107.46"}]
[607133,"Arco metálico galvanizado tipo MP 152S - arco alto - vão = 9,45 m e altura = 4,75 m - aterro rodoviário mínimo = 0,90 m e máximo = 4,00 m - areia e brita comerciais","m",{"v":50341.39,"d":"50,341.39"}]
[606781,"Arco metálico galvanizado tipo MP 152S - arco alto - vão = 9,45 m e altura = 4,75 m - aterro rodoviário mínimo = 0,90 m e máximo = 4,00 m - areia extraída e brita produzida","m",{"v":49845.31,"d":"49,845.31"}]
[607132,"Arco metálico galvanizado tipo MP 152S - arco alto - vão = 9,63 m e altura = 5,59 m - aterro rodoviário mínimo = 0,90 m e máximo = 5,30 m - areia e brita comerciais","m",{"v":54884.61,"d":"54,884.61"}]
[606780,"Arco metálico galvanizado tipo MP 152S - arco alto - vão = 9,63 m e altura = 5,59 m - aterro rodoviário mínimo = 0,90 m e máximo = 5,30 m - areia extraída e brita produzida","m",{"v":54302.08,"d":"54,302.08"}]
[607134,"Arco metálico galvanizado tipo MP 152S - arco alto - vão = 9,65 m e altura = 5,41 m - aterro rodoviário mínimo = 0,90 m e máximo = 4,70 m - areia e brita comerciais","m",{"v":54346.47,"d":"54,346.47"}]
[606782,"Arco metálico galvanizado tipo MP 152S - arco alto - vão = 9,65 m e altura = 5,41 m - aterro rodoviário mínimo = 0,90 m e máximo = 4,70 m - areia extraída e brita produzida","m",{"v":53777.25,"d":"53,777.25"}]
[607136,"Arco metálico galvanizado tipo MP 152S - arco alto - vão = 9,68 m e altura = 5,23 m - aterro rodoviário mínimo = 0,90 m e máximo = 3,90 m - areia e brita comerciais","m",{"v":53620.71,"d":"53,620.71"}]
[606784,"Arco metálico galvanizado tipo MP 152S - arco alto - vão = 9,68 m e altura = 5,23 m - aterro rodoviário mínimo = 0,90 m e máximo = 3,90 m - areia extraída e brita produzida","m",{"v":53069.67,"d":"53,069.67"}]
[607135,"Arco metálico galvanizado tipo MP 152S - arco alto - vão = 9,86 m e altura = 6,07 m - aterro rodoviário mínimo = 0,90 m e máximo = 5,20 m - areia e brita comerciais","m",{"v":59827.54,"d":"59,827.54"}]
[606783,"Arco metálico galvanizado tipo MP 152S - arco alto - vão = 9,86 m e altura = 6,07 m - aterro rodoviário mínimo = 0,90 m e máximo = 5,20 m - areia extraída e brita produzida","m",{"v":59188.74,"d":"59,188.74"}]
[607138,"Arco metálico galvanizado tipo MP 152S - arco alto - vão = 9,91 m e altura = 5,28 m - aterro rodoviário mínimo = 0,90 m e máximo = 3,80 m - areia e brita comerciais","m",{"v":54544.1,"d":"54,544.10"}]
[606786,"Arco metálico galvanizado tipo MP 152S - arco alto - vão = 9,91 m e altura = 5,28 m - aterro rodoviário mínimo = 0,90 m e máximo = 3,80 m - areia extraída e brita produzida","m",{"v":53957.08,"d":"53,957.08"}]
[606842,"Arco metálico galvanizado tipo MP 152S - ovoide - vão = 7,21 m e altura = 7,82 m - aterro rodoviário mínimo = 0,75 m e máximo = 6,70 m - areia e brita comerciais","m",{"v":67798.9,"d":"67,798.90"}]
[606832,"Arco metálico galvanizado tipo MP 152S - ovoide - vão = 7,21 m e altura = 7,82 m - aterro rodoviário mínimo = 0,75 m e máximo = 6,70 m - areia extraída e brita produzida","m",{"v":67431.54,"d":"67,431.54"}]
[606843,"Arco metálico galvanizado tipo MP 152S - ovoide - vão = 7,31 m e altura = 7,87 m - aterro rodoviário mínimo = 0,90 m e máximo = 6,80 m - areia e brita comerciais","m",{"v":70448.25,"d":"70,448.25"}]
[606833,"Arco metálico galvanizado tipo MP 152S - ovoide - vão = 7,31 m e altura = 7,87 m - aterro rodoviário mínimo = 0,90 m e máximo = 6,80 m - areia extraída e brita produzida","m",{"v":70063.62,"d":"70,063.62"}]
[606845,"Arco metálico galvanizado tipo MP 152S - ovoide - vão = 7,57 m e altura = 8,44 m - aterro rodoviário mínimo = 0,90 m e máximo = 5,60 m - areia e brita comerciais","m",{"v":73054.74,"d":"73,054.74"}]
[606835,"Arco metálico galvanizado tipo MP 152S - ovoide - vão = 7,57 m e altura = 8,44 m - aterro rodoviário mínimo = 0,90 m e máximo = 5,60 m - areia extraída e brita produzida","m",{"v":72670.22,"d":"72,670.22"}]
[606844,"Arco metálico galvanizado tipo MP 152S - ovoide - vão = 7,77 m e altura = 7,90 m - aterro rodoviário mínimo = 0,90 m e máximo = 6,80 m - areia e brita comerciais","m",{"v":71543.68,"d":"71,543.68"}]
[606834,"Arco metálico galvanizado tipo MP 152S - ovoide - vão = 7,77 m e altura = 7,90 m - aterro rodoviário mínimo = 0,90 m e máximo = 6,80 m - areia extraída e brita produzida","m",{"v":71148.14,"d":"71,148.14"}]
[606847,"Arco metálico galvanizado tipo MP 152S - ovoide - vão = 8,13 m e altura = 8,01 m - aterro rodoviário mínimo = 0,90 m e máximo = 3,50 m - areia e brita comerciais","m",{"v":76397.14,"d":"76,397.14"}]
[606837,"Arco metálico galvanizado tipo MP 152S - ovoide - vão = 8,13 m e altura = 8,01 m - aterro rodoviário mínimo = 0,90 m e máximo = 3,50 m - areia extraída e brita produzida","m",{"v":75966.82,"d":"75,966.82"}]
[606846,"Arco metálico galvanizado tipo MP 152S - ovoide - vão = 8,36 m e altura = 8,23 m - aterro rodoviário mínimo = 0,90 m e máximo = 4,30 m - areia e brita comerciais","m",{"v":77098.72,"d":"77,098.72"}]
[606836,"Arco metálico galvanizado tipo MP 152S - ovoide - vão = 8,36 m e altura = 8,23 m - aterro rodoviário mínimo = 0,90 m e máximo = 4,30 m - areia extraída e brita produzida","m",{"v":76663.18,"d":"76,663.18"}]
[606848,"Arco metálico galvanizado tipo MP 152S - ovoide - vão = 8,56 m e altura = 8,48 m - aterro rodoviário mínimo = 0,90 m e máximo = 5,30 m - areia e brita comerciais","m",{"v":76898.68,"d":"76,898.68"}]
[606838,"Arco metálico galvanizado tipo MP 152S - ovoide - vão = 8,56 m e altura = 8,48 m - aterro rodoviário mínimo = 0,90 m e máximo = 5,30 m - areia extraída e brita produzida","m",{"v":76446.46,"d":"76,446.46"}]
[606849,"Arco metálico galvanizado tipo MP 152S - ovoide - vão = 8,71 m e altura = 9,32 m - aterro rodoviário mínimo = 0,90 m e máximo = 6,00 m - areia e brita comerciais","m",{"v":83408.72,"d":"83,408.72"}]
[606839,"Arco metálico galvanizado tipo MP 152S - ovoide - vão = 8,71 m e altura = 9,32 m - aterro rodoviário mínimo = 0,90 m e máximo = 6,00 m - areia extraída e brita produzida","m",{"v":82966.03,"d":"82,966.03"}]
[606850,"Arco metálico galvanizado tipo MP 152S - ovoide - vão = 9,15 m e altura = 9,04 m - aterro rodoviário mínimo = 0,90 m e máximo = 4,70 m - areia e brita comerciais","m",{"v":84106.09,"d":"84,106.09"}]
[606840,"Arco metálico galvanizado tipo MP 152S - ovoide - vão = 9,15 m e altura = 9,04 m - aterro rodoviário mínimo = 0,90 m e máximo = 4,70 m - areia extraída e brita produzida","m",{"v":83624.06,"d":"83,624.06"}]
[606851,"Arco metálico galvanizado tipo MP 152S - ovoide - vão = 9,15 m e altura = 9,50 m - aterro rodoviário mínimo = 0,90 m e máximo = 5,70 m - areia e brita comerciais","m",{"v":84614.24,"d":"84,614.24"}]
[606841,"Arco metálico galvanizado tipo MP 152S - ovoide - vão = 9,15 m e altura = 9,50 m - aterro rodoviário mínimo = 0,90 m e máximo = 5,70 m - areia extraída e brita produzida","m",{"v":84150.95,"d":"84,150.95"}]
[605604,"Argamassa de solo-cimento com 10% de cimento e material de jazida - preparo e injeção em tunnel liner","m³",{"v":308.4,"d":"308.40"}]
[605695,"Bueiro metálico com chapas múltiplas MP 100 com revestimento em epóxi - D = 0,60 m - brita comercial","m",{"v":1615.28,"d":"1,615.28"}]
[605607,"Bueiro metálico com chapas múltiplas MP 100 com revestimento em epóxi - D = 0,60 m - brita produzida","m",{"v":1584.76,"d":"1,584.76"}]
[605696,"Bueiro metálico com chapas múltiplas MP 100 com revestimento em epóxi - D = 0,70 m - brita comercial","m",{"v":1859.12,"d":"1,859.12"}]
[605608,"Bueiro metálico com chapas múltiplas MP 100 com revestimento em epóxi - D = 0,70 m - brita produzida","m",{"v":1826.69,"d":"1,826.69"}]
[605697,"Bueiro metálico com chapas múltiplas MP 100 com revestimento em epóxi - D = 0,80 m - brita comercial","m",{"v":2102.98,"d":"2,102.98"}]
[605609,"Bueiro metálico com chapas múltiplas MP 100 com revestimento em epóxi - D = 0,80 m - brita produzida","m",{"v":2068.65,"d":"2,068.65"}]
[605698,"Bueiro metálico com chapas múltiplas MP 100 com revestimento em epóxi - D = 0,90 m - brita comercial","m",{"v":2299.32,"d":"2,299.32"}]
[605610,"Bueiro metálico com chapas múltiplas MP 100 com revestimento em epóxi - D = 0,90 m - brita produzida","m",{"v":2263.07,"d":"2,263.07"}]
[605699,"Bueiro metálico com chapas múltiplas MP 100 com revestimento em epóxi - D = 1,00 m - brita comercial","m",{"v":2543.12,"d":"2,543.12"}]
[605611,"Bueiro metálico com chapas múltiplas MP 100 com revestimento em epóxi - D = 1,00 m - brita produzida","m",{"v":2504.97,"d":"2,504.97"}]
[605700,"Bueiro metálico com chapas múltiplas MP 100 com revestimento em epóxi - D = 1,10 m - brita comercial","m",{"v":2882.15,"d":"2,882.15"}]
[605612,"Bueiro metálico com chapas múltiplas MP 100 com revestimento em epóxi - D = 1,10 m - brita produzida","m",{"v":2842.09,"d":"2,842.09"}]
[605701,"Bueiro metálico com chapas múltiplas MP 100 com revestimento em epóxi - D = 1,20 m - brita comercial","m",{"v":3078.45,"d":"3,078.45"}]
[605613,"Bueiro metálico com chapas múltiplas MP 100 com revestimento em epóxi - D = 1,20 m - brita produzida","m",{"v":3036.48,"d":"3,036.48"}]
[605702,"Bueiro metálico com chapas múltiplas MP 100 com revestimento em epóxi - D = 1,30 m - brita comercial","m",{"v":3364.51,"d":"3,364.51"}]
[605614,"Bueiro metálico com chapas múltiplas MP 100 com revestimento em epóxi - D = 1,30 m - brita produzida","m",{"v":3298.7,"d":"3,298.70"}]
[605703,"Bueiro metálico com chapas múltiplas MP 100 com revestimento em epóxi - D = 1,40 m - brita comercial","m",{"v":3565.25,"d":"3,565.25"}]
[605615,"Bueiro metálico com chapas múltiplas MP 100 com revestimento em epóxi - D = 1,40 m - brita produzida","m",{"v":3496.57,"d":"3,496.57"}]
[605704,"Bueiro metálico com chapas múltiplas MP 100 com revestimento em epóxi - D = 1,50 m - brita comercial","m",{"v":3814.14,"d":"3,814.14"}]
[605616,"Bueiro metálico com chapas múltiplas MP 100 com revestimento em epóxi - D = 1,50 m - brita produzida","m",{"v":3742.61,"d":"3,742.61"}]
[605705,"Bueiro metálico com chapas múltiplas MP 100 com revestimento em epóxi - D = 1,60 m - brita comercial","m",{"v":4066.8,"d":"4,066.80"}]
[605617,"Bueiro metálico com chapas múltiplas MP 100 com revestimento em epóxi - D = 1,60 m - brita produzida","m",{"v":3992.4,"d":"3,992.40"}]
[605706,"Bueiro metálico com chapas múltiplas MP 100 com revestimento em epóxi - D = 1,70 m - brita comercial","m",{"v":4273.25,"d":"4,273.25"}]
[605618,"Bueiro metálico com chapas múltiplas MP 100 com revestimento em epóxi - D = 1,70 m - brita produzida","m",{"v":4195.99,"d":"4,195.99"}]
[605707,"Bueiro metálico com chapas múltiplas MP 100 com revestimento em epóxi - D = 1,80 m - brita comercial","m",{"v":4737.37,"d":"4,737.37"}]
[605619,"Bueiro metálico com chapas múltiplas MP 100 com revestimento em epóxi - D = 1,80 m - brita produzida","m",{"v":4657.25,"d":"4,657.25"}]
[605708,"Bueiro metálico com chapas múltiplas MP 100 com revestimento em epóxi - D = 1,90 m - brita comercial","m",{"v":5552.92,"d":"5,552.92"}]
[605620,"Bueiro metálico com chapas múltiplas MP 100 com revestimento em epóxi - D = 1,90 m - brita produzida","m",{"v":5469.94,"d":"5,469.94"}]
[605709,"Bueiro metálico com chapas múltiplas MP 100 com revestimento em epóxi - D = 2,00 m - brita comercial","m",{"v":5819.36,"d":"5,819.36"}]
[605621,"Bueiro metálico com chapas múltiplas MP 100 com revestimento em epóxi - D = 2,00 m - brita produzida","m",{"v":5733.52,"d":"5,733.52"}]
[605710,"Bueiro metálico com chapas múltiplas MP 100 com revestimento em epóxi - D = 2,10 m - brita comercial","m",{"v":6248.83,"d":"6,248.83"}]
[605622,"Bueiro metálico com chapas múltiplas MP 100 com revestimento em epóxi - D = 2,10 m - brita produzida","m",{"v":6160.13,"d":"6,160.13"}]
[605711,"Bueiro metálico com chapas múltiplas MP 100 com revestimento em epóxi - D = 2,20 m - brita comercial","m",{"v":6458.16,"d":"6,458.16"}]
[605623,"Bueiro metálico com chapas múltiplas MP 100 com revestimento em epóxi - D = 2,20 m - brita produzida","m",{"v":6366.6,"d":"6,366.60"}]
[605712,"Bueiro metálico com chapas múltiplas MP 100 com revestimento em epóxi - D = 2,30 m - brita comercial","m",{"v":6797.77,"d":"6,797.77"}]
[605624,"Bueiro metálico com chapas múltiplas MP 100 com revestimento em epóxi - D = 2,30 m - brita produzida","m",{"v":6703.34,"d":"6,703.34"}]
[605713,"Bueiro metálico com chapas múltiplas MP 100 com revestimento em epóxi - D = 2,40 m - brita comercial","m",{"v":9113.47,"d":"9,113.47"}]
[605625,"Bueiro metálico com chapas múltiplas MP 100 com revestimento em epóxi - D = 2,40 m - brita produzida","m",{"v":9016.18,"d":"9,016.18"}]
[605714,"Bueiro metálico com chapas múltiplas MP 100 com revestimento em epóxi - D = 2,50 m - brita comercial","m",{"v":11471.14,"d":"11,471.14"}]
[605626,"Bueiro metálico com chapas múltiplas MP 100 com revestimento em epóxi - D = 2,50 m - brita produzida","m",{"v":11370.99,"d":"11,370.99"}]
[605715,"Bueiro metálico com chapas múltiplas MP 100 com revestimento em epóxi - D = 2,60 m - brita comercial","m",{"v":12245.58,"d":"12,245.58"}]
[605627,"Bueiro metálico com chapas múltiplas MP 100 com revestimento em epóxi - D = 2,60 m - brita produzida","m",{"v":12142.57,"d":"12,142.57"}]
[605716,"Bueiro metálico com chapas múltiplas MP 100 com revestimento em epóxi - D = 2,70 m - brita comercial","m",{"v":12698.04,"d":"12,698.04"}]
[605628,"Bueiro metálico com chapas múltiplas MP 100 com revestimento em epóxi - D = 2,70 m - brita produzida","m",{"v":12592.17,"d":"12,592.17"}]
[605717,"Bueiro metálico com chapas múltiplas MP 100 com revestimento em epóxi - D = 2,80 m - brita comercial","m",{"v":13525.77,"d":"13,525.77"}]
[605629,"Bueiro metálico com chapas múltiplas MP 100 com revestimento em epóxi - D = 2,80 m - brita produzida","m",{"v":13417.04,"d":"13,417.04"}]
[605651,"Bueiro metálico com chapas múltiplas MP 100 galvanizadas - D = 0,60 m - brita comercial","m",{"v":1526.17,"d":"1,526.17"}]
[605460,"Bueiro metálico com chapas múltiplas MP 100 galvanizadas - D = 0,60 m - brita produzida","m",{"v":1495.65,"d":"1,495.65"}]
[605652,"Bueiro metálico com chapas múltiplas MP 100 galvanizadas - D = 0,70 m - brita comercial","m",{"v":1756.08,"d":"1,756.08"}]
[605461,"Bueiro metálico com chapas múltiplas MP 100 galvanizadas - D = 0,70 m - brita produzida","m",{"v":1723.65,"d":"1,723.65"}]
[605653,"Bueiro metálico com chapas múltiplas MP 100 galvanizadas - D = 0,80 m - brita comercial","m",{"v":1986.02,"d":"1,986.02"}]
[605462,"Bueiro metálico com chapas múltiplas MP 100 galvanizadas - D = 0,80 m - brita produzida","m",{"v":1951.69,"d":"1,951.69"}]
[605654,"Bueiro metálico com chapas múltiplas MP 100 galvanizadas - D = 0,90 m - brita comercial","m",{"v":2171.23,"d":"2,171.23"}]
[605463,"Bueiro metálico com chapas múltiplas MP 100 galvanizadas - D = 0,90 m - brita produzida","m",{"v":2134.98,"d":"2,134.98"}]
[605655,"Bueiro metálico com chapas múltiplas MP 100 galvanizadas - D = 1,00 m - brita comercial","m",{"v":2401.1,"d":"2,401.10"}]
[605464,"Bueiro metálico com chapas múltiplas MP 100 galvanizadas - D = 1,00 m - brita produzida","m",{"v":2362.95,"d":"2,362.95"}]
[605656,"Bueiro metálico com chapas múltiplas MP 100 galvanizadas - D = 1,10 m - brita comercial","m",{"v":2720.62,"d":"2,720.62"}]
[605465,"Bueiro metálico com chapas múltiplas MP 100 galvanizadas - D = 1,10 m - brita produzida","m",{"v":2680.56,"d":"2,680.56"}]
[605657,"Bueiro metálico com chapas múltiplas MP 100 galvanizadas - D = 1,20 m - brita comercial","m",{"v":2905.79,"d":"2,905.79"}]
[605466,"Bueiro metálico com chapas múltiplas MP 100 galvanizadas - D = 1,20 m - brita produzida","m",{"v":2863.82,"d":"2,863.82"}]
[605658,"Bueiro metálico com chapas múltiplas MP 100 galvanizadas - D = 1,30 m - brita comercial","m",{"v":3177.93,"d":"3,177.93"}]
[605467,"Bueiro metálico com chapas múltiplas MP 100 galvanizadas - D = 1,30 m - brita produzida","m",{"v":3112.12,"d":"3,112.12"}]
[605659,"Bueiro metálico com chapas múltiplas MP 100 galvanizadas - D = 1,40 m - brita comercial","m",{"v":3367.52,"d":"3,367.52"}]
[605468,"Bueiro metálico com chapas múltiplas MP 100 galvanizadas - D = 1,40 m - brita produzida","m",{"v":3298.85,"d":"3,298.85"}]
[605660,"Bueiro metálico com chapas múltiplas MP 100 galvanizadas - D = 1,50 m - brita comercial","m",{"v":3602.5,"d":"3,602.50"}]
[605469,"Bueiro metálico com chapas múltiplas MP 100 galvanizadas - D = 1,50 m - brita produzida","m",{"v":3530.97,"d":"3,530.97"}]
[605661,"Bueiro metálico com chapas múltiplas MP 100 galvanizadas - D = 1,60 m - brita comercial","m",{"v":3841.23,"d":"3,841.23"}]
[605470,"Bueiro metálico com chapas múltiplas MP 100 galvanizadas - D = 1,60 m - brita produzida","m",{"v":3766.84,"d":"3,766.84"}]
[605662,"Bueiro metálico com chapas múltiplas MP 100 galvanizadas - D = 1,70 m - brita comercial","m",{"v":4036.54,"d":"4,036.54"}]
[605471,"Bueiro metálico com chapas múltiplas MP 100 galvanizadas - D = 1,70 m - brita produzida","m",{"v":3959.28,"d":"3,959.28"}]
[605663,"Bueiro metálico com chapas múltiplas MP 100 galvanizadas - D = 1,80 m - brita comercial","m",{"v":4486.82,"d":"4,486.82"}]
[605472,"Bueiro metálico com chapas múltiplas MP 100 galvanizadas - D = 1,80 m - brita produzida","m",{"v":4406.7,"d":"4,406.70"}]
[605664,"Bueiro metálico com chapas múltiplas MP 100 galvanizadas - D = 1,90 m - brita comercial","m",{"v":5252.67,"d":"5,252.67"}]
[605473,"Bueiro metálico com chapas múltiplas MP 100 galvanizadas - D = 1,90 m - brita produzida","m",{"v":5169.69,"d":"5,169.69"}]
[605665,"Bueiro metálico com chapas múltiplas MP 100 galvanizadas - D = 2,00 m - brita comercial","m",{"v":5502.88,"d":"5,502.88"}]
[605474,"Bueiro metálico com chapas múltiplas MP 100 galvanizadas - D = 2,00 m - brita produzida","m",{"v":5417.04,"d":"5,417.04"}]
[605666,"Bueiro metálico com chapas múltiplas MP 100 galvanizadas - D = 2,10 m - brita comercial","m",{"v":5910.72,"d":"5,910.72"}]
[605475,"Bueiro metálico com chapas múltiplas MP 100 galvanizadas - D = 2,10 m - brita produzida","m",{"v":5822.01,"d":"5,822.01"}]
[605667,"Bueiro metálico com chapas múltiplas MP 100 galvanizadas - D = 2,20 m - brita comercial","m",{"v":6111.93,"d":"6,111.93"}]
[605476,"Bueiro metálico com chapas múltiplas MP 100 galvanizadas - D = 2,20 m - brita produzida","m",{"v":6020.36,"d":"6,020.36"}]
[605668,"Bueiro metálico com chapas múltiplas MP 100 galvanizadas - D = 2,30 m - brita comercial","m",{"v":6438.02,"d":"6,438.02"}]
[605477,"Bueiro metálico com chapas múltiplas MP 100 galvanizadas - D = 2,30 m - brita produzida","m",{"v":6343.59,"d":"6,343.59"}]
[605669,"Bueiro metálico com chapas múltiplas MP 100 galvanizadas - D = 2,40 m - brita comercial","m",{"v":8446.04,"d":"8,446.04"}]
[605478,"Bueiro metálico com chapas múltiplas MP 100 galvanizadas - D = 2,40 m - brita produzida","m",{"v":8348.75,"d":"8,348.75"}]
[605670,"Bueiro metálico com chapas múltiplas MP 100 galvanizadas - D = 2,50 m - brita comercial","m",{"v":10630.06,"d":"10,630.06"}]
[605479,"Bueiro metálico com chapas múltiplas MP 100 galvanizadas - D = 2,50 m - brita produzida","m",{"v":10529.92,"d":"10,529.92"}]
[605671,"Bueiro metálico com chapas múltiplas MP 100 galvanizadas - D = 2,60 m - brita comercial","m",{"v":11356.64,"d":"11,356.64"}]
[605480,"Bueiro metálico com chapas múltiplas MP 100 galvanizadas - D = 2,60 m - brita produzida","m",{"v":11253.62,"d":"11,253.62"}]
[605672,"Bueiro metálico com chapas múltiplas MP 100 galvanizadas - D = 2,70 m - brita comercial","m",{"v":11791.99,"d":"11,791.99"}]
[605481,"Bueiro metálico com chapas múltiplas MP 100 galvanizadas - D = 2,70 m - brita produzida","m",{"v":11686.12,"d":"11,686.12"}]
[605673,"Bueiro metálico com chapas múltiplas MP 100 galvanizadas - D = 2,80 m - brita comercial","m",{"v":12575.29,"d":"12,575.29"}]
[605482,"Bueiro metálico com chapas múltiplas MP 100 galvanizadas - D = 2,80 m - brita produzida","m",{"v":12466.55,"d":"12,466.55"}]
[605718,"Bueiro metálico com chapas múltiplas MP 152 com revestimento em epóxi - D = 1,50 m - brita comercial","m",{"v":7585.61,"d":"7,585.61"}]
[605630,"Bueiro metálico com chapas múltiplas MP 152 com revestimento em epóxi - D = 1,50 m - brita produzida","m",{"v":7514.07,"d":"7,514.07"}]
[605719,"Bueiro metálico com chapas múltiplas MP 152 com revestimento em epóxi - D = 1,80 m - brita comercial","m",{"v":9390.07,"d":"9,390.07"}]
[605631,"Bueiro metálico com chapas múltiplas MP 152 com revestimento em epóxi - D = 1,80 m - brita produzida","m",{"v":9309.95,"d":"9,309.95"}]
[605720,"Bueiro metálico com chapas múltiplas MP 152 com revestimento em epóxi - D = 1,90 m - brita comercial","m",{"v":9691.16,"d":"9,691.16"}]
[605632,"Bueiro metálico com chapas múltiplas MP 152 com revestimento em epóxi - D = 1,90 m - brita produzida","m",{"v":9608.18,"d":"9,608.18"}]
[605721,"Bueiro metálico com chapas múltiplas MP 152 com revestimento em epóxi - D = 2,15 m - brita comercial","m",{"v":10980.37,"d":"10,980.37"}]
[605633,"Bueiro metálico com chapas múltiplas MP 152 com revestimento em epóxi - D = 2,15 m - brita produzida","m",{"v":10890.24,"d":"10,890.24"}]
[605722,"Bueiro metálico com chapas múltiplas MP 152 com revestimento em epóxi - D = 2,30 m - brita comercial","m",{"v":11632.54,"d":"11,632.54"}]
[605634,"Bueiro metálico com chapas múltiplas MP 152 com revestimento em epóxi - D = 2,30 m - brita produzida","m",{"v":11538.12,"d":"11,538.12"}]
[605723,"Bueiro metálico com chapas múltiplas MP 152 com revestimento em epóxi - D = 2,65 m - brita comercial","m",{"v":13609.05,"d":"13,609.05"}]
[605635,"Bueiro metálico com chapas múltiplas MP 152 com revestimento em epóxi - D = 2,65 m - brita produzida","m",{"v":13504.6,"d":"13,504.60"}]
[605724,"Bueiro metálico com chapas múltiplas MP 152 com revestimento em epóxi - D = 3,05 m - brita comercial","m",{"v":15545.21,"d":"15,545.21"}]
[605636,"Bueiro metálico com chapas múltiplas MP 152 com revestimento em epóxi - D = 3,05 m - brita produzida","m",{"v":15400.71,"d":"15,400.71"}]
[605725,"Bueiro metálico com chapas múltiplas MP 152 com revestimento em epóxi - D = 3,20 m - brita comercial","m",{"v":16502.1,"d":"16,502.10"}]
[605637,"Bueiro metálico com chapas múltiplas MP 152 com revestimento em epóxi - D = 3,20 m - brita produzida","m",{"v":16353.31,"d":"16,353.31"}]
[605726,"Bueiro metálico com chapas múltiplas MP 152 com revestimento em epóxi - D = 3,40 m - brita comercial","m",{"v":17465.77,"d":"17,465.77"}]
[605638,"Bueiro metálico com chapas múltiplas MP 152 com revestimento em epóxi - D = 3,40 m - brita produzida","m",{"v":17311.26,"d":"17,311.26"}]
[605727,"Bueiro metálico com chapas múltiplas MP 152 com revestimento em epóxi - D = 3,65 m - brita comercial","m",{"v":18719.47,"d":"18,719.47"}]
[605639,"Bueiro metálico com chapas múltiplas MP 152 com revestimento em epóxi - D = 3,65 m - brita produzida","m",{"v":18557.8,"d":"18,557.80"}]
[605728,"Bueiro metálico com chapas múltiplas MP 152 com revestimento em epóxi - D = 3,80 m - brita comercial","m",{"v":19418.4,"d":"19,418.40"}]
[605640,"Bueiro metálico com chapas múltiplas MP 152 com revestimento em epóxi - D = 3,80 m - brita produzida","m",{"v":19252.44,"d":"19,252.44"}]
[605729,"Bueiro metálico com chapas múltiplas MP 152 com revestimento em epóxi - D = 4,20 m - brita comercial","m",{"v":21331.07,"d":"21,331.07"}]
[605641,"Bueiro metálico com chapas múltiplas MP 152 com revestimento em epóxi - D = 4,20 m - brita produzida","m",{"v":21153.66,"d":"21,153.66"}]
[605730,"Bueiro metálico com chapas múltiplas MP 152 com revestimento em epóxi - D = 4,60 m - brita comercial","m",{"v":23298.04,"d":"23,298.04"}]
[605642,"Bueiro metálico com chapas múltiplas MP 152 com revestimento em epóxi - D = 4,60 m - brita produzida","m",{"v":23109.18,"d":"23,109.18"}]
[605731,"Bueiro metálico com chapas múltiplas MP 152 com revestimento em epóxi - D = 4,80 m - brita comercial","m",{"v":29524.52,"d":"29,524.52"}]
[605643,"Bueiro metálico com chapas múltiplas MP 152 com revestimento em epóxi - D = 4,80 m - brita produzida","m",{"v":29329.94,"d":"29,329.94"}]
[605732,"Bueiro metálico com chapas múltiplas MP 152 com revestimento em epóxi - D = 5,00 m - brita comercial","m",{"v":30534.83,"d":"30,534.83"}]
[605644,"Bueiro metálico com chapas múltiplas MP 152 com revestimento em epóxi - D = 5,00 m - brita produzida","m",{"v":30301.15,"d":"30,301.15"}]
[605733,"Bueiro metálico com chapas múltiplas MP 152 com revestimento em epóxi - D = 5,35 m - brita comercial","m",{"v":37182.66,"d":"37,182.66"}]
[605645,"Bueiro metálico com chapas múltiplas MP 152 com revestimento em epóxi - D = 5,35 m - brita produzida","m",{"v":36937.3,"d":"36,937.30"}]
[605734,"Bueiro metálico com chapas múltiplas MP 152 com revestimento em epóxi - D = 5,70 m - brita comercial","m",{"v":39945.33,"d":"39,945.33"}]
[605646,"Bueiro metálico com chapas múltiplas MP 152 com revestimento em epóxi - D = 5,70 m - brita produzida","m",{"v":39688.28,"d":"39,688.28"}]
[605735,"Bueiro metálico com chapas múltiplas MP 152 com revestimento em epóxi - D = 6,10 m - brita comercial","m",{"v":49242.84,"d":"49,242.84"}]
[605647,"Bueiro metálico com chapas múltiplas MP 152 com revestimento em epóxi - D = 6,10 m - brita produzida","m",{"v":48972.43,"d":"48,972.43"}]
[605736,"Bueiro metálico com chapas múltiplas MP 152 com revestimento em epóxi - D = 6,50 m - brita comercial","m",{"v":62897.16,"d":"62,897.16"}]
[605648,"Bueiro metálico com chapas múltiplas MP 152 com revestimento em epóxi - D = 6,50 m - brita produzida","m",{"v":62613.41,"d":"62,613.41"}]
[605737,"Bueiro metálico com chapas múltiplas MP 152 com revestimento em epóxi - D = 6,85 m - brita comercial","m",{"v":66878.7,"d":"66,878.70"}]
[605649,"Bueiro metálico com chapas múltiplas MP 152 com revestimento em epóxi - D = 6,85 m - brita produzida","m",{"v":66583.26,"d":"66,583.26"}]
[605738,"Bueiro metálico com chapas múltiplas MP 152 com revestimento em epóxi - D = 7,25 m - brita comercial","m",{"v":70908.43,"d":"70,908.43"}]
[605650,"Bueiro metálico com chapas múltiplas MP 152 com revestimento em epóxi - D = 7,25 m - brita produzida","m",{"v":70599.64,"d":"70,599.64"}]
[605674,"Bueiro metálico com chapas múltiplas MP 152 galvanizadas - D = 1,50 m - brita comercial","m",{"v":7330.87,"d":"7,330.87"}]
[605483,"Bueiro metálico com chapas múltiplas MP 152 galvanizadas - D = 1,50 m - brita produzida","m",{"v":7259.33,"d":"7,259.33"}]
[605675,"Bueiro metálico com chapas múltiplas MP 152 galvanizadas - D = 1,80 m - brita comercial","m",{"v":9082.05,"d":"9,082.05"}]
[605484,"Bueiro metálico com chapas múltiplas MP 152 galvanizadas - D = 1,80 m - brita produzida","m",{"v":9001.93,"d":"9,001.93"}]
[605676,"Bueiro metálico com chapas múltiplas MP 152 galvanizadas - D = 1,90 m - brita comercial","m",{"v":9373.15,"d":"9,373.15"}]
[605485,"Bueiro metálico com chapas múltiplas MP 152 galvanizadas - D = 1,90 m - brita produzida","m",{"v":9290.17,"d":"9,290.17"}]
[605677,"Bueiro metálico com chapas múltiplas MP 152 galvanizadas - D = 2,15 m - brita comercial","m",{"v":10619.07,"d":"10,619.07"}]
[605486,"Bueiro metálico com chapas múltiplas MP 152 galvanizadas - D = 2,15 m - brita produzida","m",{"v":10528.94,"d":"10,528.94"}]
[605678,"Bueiro metálico com chapas múltiplas MP 152 galvanizadas - D = 2,30 m - brita comercial","m",{"v":11251.25,"d":"11,251.25"}]
[605487,"Bueiro metálico com chapas múltiplas MP 152 galvanizadas - D = 2,30 m - brita produzida","m",{"v":11156.83,"d":"11,156.83"}]
[605679,"Bueiro metálico com chapas múltiplas MP 152 galvanizadas - D = 2,65 m - brita comercial","m",{"v":13162.83,"d":"13,162.83"}]
[605488,"Bueiro metálico com chapas múltiplas MP 152 galvanizadas - D = 2,65 m - brita produzida","m",{"v":13058.39,"d":"13,058.39"}]
[605680,"Bueiro metálico com chapas múltiplas MP 152 galvanizadas - D = 3,05 m - brita comercial","m",{"v":15035.72,"d":"15,035.72"}]
[605489,"Bueiro metálico com chapas múltiplas MP 152 galvanizadas - D = 3,05 m - brita produzida","m",{"v":14891.22,"d":"14,891.22"}]
[605681,"Bueiro metálico com chapas múltiplas MP 152 galvanizadas - D = 3,20 m - brita comercial","m",{"v":15960.99,"d":"15,960.99"}]
[605490,"Bueiro metálico com chapas múltiplas MP 152 galvanizadas - D = 3,20 m - brita produzida","m",{"v":15812.19,"d":"15,812.19"}]
[605682,"Bueiro metálico com chapas múltiplas MP 152 galvanizadas - D = 3,40 m - brita comercial","m",{"v":16893.02,"d":"16,893.02"}]
[605491,"Bueiro metálico com chapas múltiplas MP 152 galvanizadas - D = 3,40 m - brita produzida","m",{"v":16738.5,"d":"16,738.50"}]
[605683,"Bueiro metálico com chapas múltiplas MP 152 galvanizadas - D = 3,65 m - brita comercial","m",{"v":18105.09,"d":"18,105.09"}]
[605492,"Bueiro metálico com chapas múltiplas MP 152 galvanizadas - D = 3,65 m - brita produzida","m",{"v":17943.42,"d":"17,943.42"}]
[605684,"Bueiro metálico com chapas múltiplas MP 152 galvanizadas - D = 3,80 m - brita comercial","m",{"v":18782.37,"d":"18,782.37"}]
[605493,"Bueiro metálico com chapas múltiplas MP 152 galvanizadas - D = 3,80 m - brita produzida","m",{"v":18616.41,"d":"18,616.41"}]
[605685,"Bueiro metálico com chapas múltiplas MP 152 galvanizadas - D = 4,20 m - brita comercial","m",{"v":20630.11,"d":"20,630.11"}]
[605494,"Bueiro metálico com chapas múltiplas MP 152 galvanizadas - D = 4,20 m - brita produzida","m",{"v":20452.7,"d":"20,452.70"}]
[605686,"Bueiro metálico com chapas múltiplas MP 152 galvanizadas - D = 4,60 m - brita comercial","m",{"v":22533.81,"d":"22,533.81"}]
[605495,"Bueiro metálico com chapas múltiplas MP 152 galvanizadas - D = 4,60 m - brita produzida","m",{"v":22344.96,"d":"22,344.96"}]
[605687,"Bueiro metálico com chapas múltiplas MP 152 galvanizadas - D = 4,80 m - brita comercial","m",{"v":25748.33,"d":"25,748.33"}]
[605496,"Bueiro metálico com chapas múltiplas MP 152 galvanizadas - D = 4,80 m - brita produzida","m",{"v":25553.76,"d":"25,553.76"}]
[605688,"Bueiro metálico com chapas múltiplas MP 152 galvanizadas - D = 5,00 m - brita comercial","m",{"v":26652.01,"d":"26,652.01"}]
[605497,"Bueiro metálico com chapas múltiplas MP 152 galvanizadas - D = 5,00 m - brita produzida","m",{"v":26418.33,"d":"26,418.33"}]
[605689,"Bueiro metálico com chapas múltiplas MP 152 galvanizadas - D = 5,35 m - brita comercial","m",{"v":33417.3,"d":"33,417.30"}]
[605498,"Bueiro metálico com chapas múltiplas MP 152 galvanizadas - D = 5,35 m - brita produzida","m",{"v":33171.93,"d":"33,171.93"}]
[605690,"Bueiro metálico com chapas múltiplas MP 152 galvanizadas - D = 5,70 m - brita comercial","m",{"v":35910.67,"d":"35,910.67"}]
[605499,"Bueiro metálico com chapas múltiplas MP 152 galvanizadas - D = 5,70 m - brita produzida","m",{"v":35653.63,"d":"35,653.63"}]
[605691,"Bueiro metálico com chapas múltiplas MP 152 galvanizadas - D = 6,10 m - brita comercial","m",{"v":44108.24,"d":"44,108.24"}]
[605500,"Bueiro metálico com chapas múltiplas MP 152 galvanizadas - D = 6,10 m - brita produzida","m",{"v":43837.84,"d":"43,837.84"}]
[605692,"Bueiro metálico com chapas múltiplas MP 152 galvanizadas - D = 6,50 m - brita comercial","m",{"v":52822.68,"d":"52,822.68"}]
[605501,"Bueiro metálico com chapas múltiplas MP 152 galvanizadas - D = 6,50 m - brita produzida","m",{"v":52538.92,"d":"52,538.92"}]
[605693,"Bueiro metálico com chapas múltiplas MP 152 galvanizadas - D = 6,85 m - brita comercial","m",{"v":56213.93,"d":"56,213.93"}]
[605502,"Bueiro metálico com chapas múltiplas MP 152 galvanizadas - D = 6,85 m - brita produzida","m",{"v":55918.49,"d":"55,918.49"}]
[605694,"Bueiro metálico com chapas múltiplas MP 152 galvanizadas - D = 7,25 m - brita comercial","m",{"v":59653.4,"d":"59,653.40"}]
[605503,"Bueiro metálico com chapas múltiplas MP 152 galvanizadas - D = 7,25 m - brita produzida","m",{"v":59344.6,"d":"59,344.60"}]
[606433,"Bueiro metálico com chapas múltiplas MP 152 galvanizadas - lenticular - vão = 1,95 m e altura = 1,40 m - aterro rodoviário mínimo = 0,60 m e máximo = 8,40 m - brita comercial","m",{"v":8832.58,"d":"8,832.58"}]
[606343,"Bueiro metálico com chapas múltiplas MP 152 galvanizadas - lenticular - vão = 1,95 m e altura = 1,40 m - aterro rodoviário mínimo = 0,60 m e máximo = 8,40 m - brita produzida","m",{"v":8748.17,"d":"8,748.17"}]
[606434,"Bueiro metálico com chapas múltiplas MP 152 galvanizadas - lenticular - vão = 2,15 m e altura = 1,50 m - aterro rodoviário mínimo = 0,60 m e máximo = 7,50 m - brita comercial","m",{"v":9765.65,"d":"9,765.65"}]
[606344,"Bueiro metálico com chapas múltiplas MP 152 galvanizadas - lenticular - vão = 2,15 m e altura = 1,50 m - aterro rodoviário mínimo = 0,60 m e máximo = 7,50 m - brita produzida","m",{"v":9675.51,"d":"9,675.51"}]
[606435,"Bueiro metálico com chapas múltiplas MP 152 galvanizadas - lenticular - vão = 2,30 m e altura = 1,60 m - aterro rodoviário mínimo = 0,60 m e máximo = 7,20 m - brita comercial","m",{"v":10670.45,"d":"10,670.45"}]
[606345,"Bueiro metálico com chapas múltiplas MP 152 galvanizadas - lenticular - vão = 2,30 m e altura = 1,60 m - aterro rodoviário mínimo = 0,60 m e máximo = 7,20 m - brita produzida","m",{"v":10576.03,"d":"10,576.03"}]
[606436,"Bueiro metálico com chapas múltiplas MP 152 galvanizadas - lenticular - vão = 2,55 m e altura = 1,65 m - aterro rodoviário mínimo = 0,60 m e máximo = 6,50 m - brita comercial","m",{"v":11344.94,"d":"11,344.94"}]
[606346,"Bueiro metálico com chapas múltiplas MP 152 galvanizadas - lenticular - vão = 2,55 m e altura = 1,65 m - aterro rodoviário mínimo = 0,60 m e máximo = 6,50 m - brita produzida","m",{"v":11243.36,"d":"11,243.36"}]
[606437,"Bueiro metálico com chapas múltiplas MP 152 galvanizadas - lenticular - vão = 2,70 m e altura = 1,85 m - aterro rodoviário mínimo = 0,60 m e máximo = 6,60 m - brita comercial","m",{"v":12278.1,"d":"12,278.10"}]
[606347,"Bueiro metálico com chapas múltiplas MP 152 galvanizadas - lenticular - vão = 2,70 m e altura = 1,85 m - aterro rodoviário mínimo = 0,60 m e máximo = 6,60 m - brita produzida","m",{"v":12172.23,"d":"12,172.23"}]
[606438,"Bueiro metálico com chapas múltiplas MP 152 galvanizadas - lenticular - vão = 2,75 m e altura = 1,90 m - aterro rodoviário mínimo = 0,60 m e máximo = 6,50 m - brita comercial","m",{"v":12605.62,"d":"12,605.62"}]
[606348,"Bueiro metálico com chapas múltiplas MP 152 galvanizadas - lenticular - vão = 2,75 m e altura = 1,90 m - aterro rodoviário mínimo = 0,60 m e máximo = 6,50 m - brita produzida","m",{"v":12498.32,"d":"12,498.32"}]
[606439,"Bueiro metálico com chapas múltiplas MP 152 galvanizadas - lenticular - vão = 3,00 m e altura = 2,00 m - aterro rodoviário mínimo = 0,60 m e máximo = 6,00 m - brita comercial","m",{"v":13293.67,"d":"13,293.67"}]
[606349,"Bueiro metálico com chapas múltiplas MP 152 galvanizadas - lenticular - vão = 3,00 m e altura = 2,00 m - aterro rodoviário mínimo = 0,60 m e máximo = 6,00 m - brita produzida","m",{"v":13150.6,"d":"13,150.60"}]
[606440,"Bueiro metálico com chapas múltiplas MP 152 galvanizadas - lenticular - vão = 3,20 m e altura = 2,10 m - aterro rodoviário mínimo = 0,60 m e máximo = 5,60 m - brita comercial","m",{"v":13904.25,"d":"13,904.25"}]
[606350,"Bueiro metálico com chapas múltiplas MP 152 galvanizadas - lenticular - vão = 3,20 m e altura = 2,10 m - aterro rodoviário mínimo = 0,60 m e máximo = 5,60 m - brita produzida","m",{"v":13755.46,"d":"13,755.46"}]
[606441,"Bueiro metálico com chapas múltiplas MP 152 galvanizadas - lenticular - vão = 3,35 m e altura = 2,15 m - aterro rodoviário mínimo = 0,60 m e máximo = 5,30 m - brita comercial","m",{"v":14565.47,"d":"14,565.47"}]
[606351,"Bueiro metálico com chapas múltiplas MP 152 galvanizadas - lenticular - vão = 3,35 m e altura = 2,15 m - aterro rodoviário mínimo = 0,60 m e máximo = 5,30 m - brita produzida","m",{"v":14412.39,"d":"14,412.39"}]
[606442,"Bueiro metálico com chapas múltiplas MP 152 galvanizadas - lenticular - vão = 3,55 m e altura = 2,25 m - aterro rodoviário mínimo = 0,60 m e máximo = 5,00 m - brita comercial","m",{"v":15200.88,"d":"15,200.88"}]
[606352,"Bueiro metálico com chapas múltiplas MP 152 galvanizadas - lenticular - vão = 3,55 m e altura = 2,25 m - aterro rodoviário mínimo = 0,60 m e máximo = 5,00 m - brita produzida","m",{"v":15042.07,"d":"15,042.07"}]
[606443,"Bueiro metálico com chapas múltiplas MP 152 galvanizadas - lenticular - vão = 3,70 m e altura = 2,35 m - aterro rodoviário mínimo = 0,60 m e máximo = 4,90 m - brita comercial","m",{"v":16117.52,"d":"16,117.52"}]
[606353,"Bueiro metálico com chapas múltiplas MP 152 galvanizadas - lenticular - vão = 3,70 m e altura = 2,35 m - aterro rodoviário mínimo = 0,60 m e máximo = 4,90 m - brita produzida","m",{"v":15954.42,"d":"15,954.42"}]
[606444,"Bueiro metálico com chapas múltiplas MP 152 galvanizadas - lenticular - vão = 3,90 m e altura = 2,45 m - aterro rodoviário mínimo = 0,60 m e máximo = 4,60 m - brita comercial","m",{"v":16816.04,"d":"16,816.04"}]
[606354,"Bueiro metálico com chapas múltiplas MP 152 galvanizadas - lenticular - vão = 3,90 m e altura = 2,45 m - aterro rodoviário mínimo = 0,60 m e máximo = 4,60 m - brita produzida","m",{"v":16647.22,"d":"16,647.22"}]
[606445,"Bueiro metálico com chapas múltiplas MP 152 galvanizadas - lenticular - vão = 4,00 m e altura = 2,55 m - aterro rodoviário mínimo = 0,60 m e máximo = 4,50 m - brita comercial","m",{"v":17471.68,"d":"17,471.68"}]
[606355,"Bueiro metálico com chapas múltiplas MP 152 galvanizadas - lenticular - vão = 4,00 m e altura = 2,55 m - aterro rodoviário mínimo = 0,60 m e máximo = 4,50 m - brita produzida","m",{"v":17300,"d":"17,300.00"}]
[606446,"Bueiro metálico com chapas múltiplas MP 152 galvanizadas - lenticular - vão = 4,15 m e altura = 2,80 m - aterro rodoviário mínimo = 0,60 m e máximo = 6,80 m - brita comercial","m",{"v":18108.32,"d":"18,108.32"}]
[606356,"Bueiro metálico com chapas múltiplas MP 152 galvanizadas - lenticular - vão = 4,15 m e altura = 2,80 m - aterro rodoviário mínimo = 0,60 m e máximo = 6,80 m - brita produzida","m",{"v":17932.35,"d":"17,932.35"}]
[606447,"Bueiro metálico com chapas múltiplas MP 152 galvanizadas - lenticular - vão = 4,40 m e altura = 2,90 m - aterro rodoviário mínimo = 0,60 m e máximo = 6,40 m - brita comercial","m",{"v":18815.37,"d":"18,815.37"}]
[606357,"Bueiro metálico com chapas múltiplas MP 152 galvanizadas - lenticular - vão = 4,40 m e altura = 2,90 m - aterro rodoviário mínimo = 0,60 m e máximo = 6,40 m - brita produzida","m",{"v":18601.72,"d":"18,601.72"}]
[606448,"Bueiro metálico com chapas múltiplas MP 152 galvanizadas - lenticular - vão = 4,60 m e altura = 3,00 m - aterro rodoviário mínimo = 0,60 m e máximo = 6,10 m - brita comercial","m",{"v":19794.53,"d":"19,794.53"}]
[606358,"Bueiro metálico com chapas múltiplas MP 152 galvanizadas - lenticular - vão = 4,60 m e altura = 3,00 m - aterro rodoviário mínimo = 0,60 m e máximo = 6,10 m - brita produzida","m",{"v":19574.2,"d":"19,574.20"}]
[606449,"Bueiro metálico com chapas múltiplas MP 152 galvanizadas - lenticular - vão = 4,80 m e altura = 3,05 m - aterro rodoviário mínimo = 0,60 m e máximo = 5,80 m - brita comercial","m",{"v":24395.94,"d":"24,395.94"}]
[606359,"Bueiro metálico com chapas múltiplas MP 152 galvanizadas - lenticular - vão = 4,80 m e altura = 3,05 m - aterro rodoviário mínimo = 0,60 m e máximo = 5,80 m - brita produzida","m",{"v":24168.93,"d":"24,168.93"}]
[606450,"Bueiro metálico com chapas múltiplas MP 152 galvanizadas - lenticular - vão = 5,05 m e altura = 3,15 m - aterro rodoviário mínimo = 0,90 m e máximo = 5,50 m - brita comercial","m",{"v":25365.51,"d":"25,365.51"}]
[606360,"Bueiro metálico com chapas múltiplas MP 152 galvanizadas - lenticular - vão = 5,05 m e altura = 3,15 m - aterro rodoviário mínimo = 0,90 m e máximo = 5,50 m - brita produzida","m",{"v":25130.16,"d":"25,130.16"}]
[606451,"Bueiro metálico com chapas múltiplas MP 152 galvanizadas - lenticular - vão = 5,25 m e altura = 3,25 m - aterro rodoviário mínimo = 0,90 m e máximo = 5,30 m - brita comercial","m",{"v":26181.78,"d":"26,181.78"}]
[606361,"Bueiro metálico com chapas múltiplas MP 152 galvanizadas - lenticular - vão = 5,25 m e altura = 3,25 m - aterro rodoviário mínimo = 0,90 m e máximo = 5,30 m - brita produzida","m",{"v":25939.76,"d":"25,939.76"}]
[606452,"Bueiro metálico com chapas múltiplas MP 152 galvanizadas - lenticular - vão = 5,45 m e altura = 3,35 m - aterro rodoviário mínimo = 0,90 m e máximo = 5,10 m - brita comercial","m",{"v":29833.1,"d":"29,833.10"}]
[606362,"Bueiro metálico com chapas múltiplas MP 152 galvanizadas - lenticular - vão = 5,45 m e altura = 3,35 m - aterro rodoviário mínimo = 0,90 m e máximo = 5,10 m - brita produzida","m",{"v":29584.39,"d":"29,584.39"}]
[606453,"Bueiro metálico com chapas múltiplas MP 152 galvanizadas - lenticular - vão = 5,60 m e altura = 3,40 m - aterro rodoviário mínimo = 0,90 m e máximo = 4,90 m - brita comercial","m",{"v":30294.77,"d":"30,294.77"}]
[606363,"Bueiro metálico com chapas múltiplas MP 152 galvanizadas - lenticular - vão = 5,60 m e altura = 3,40 m - aterro rodoviário mínimo = 0,90 m e máximo = 4,90 m - brita produzida","m",{"v":30041.05,"d":"30,041.05"}]
[606454,"Bueiro metálico com chapas múltiplas MP 152 galvanizadas - lenticular - vão = 5,80 m e altura = 3,50 m - aterro rodoviário mínimo = 0,90 m e máximo = 4,70 m - brita comercial","m",{"v":36161.95,"d":"36,161.95"}]
[606364,"Bueiro metálico com chapas múltiplas MP 152 galvanizadas - lenticular - vão = 5,80 m e altura = 3,50 m - aterro rodoviário mínimo = 0,90 m e máximo = 4,70 m - brita produzida","m",{"v":35901.56,"d":"35,901.56"}]
[606455,"Bueiro metálico com chapas múltiplas MP 152 galvanizadas - lenticular - vão = 5,90 m e altura = 3,55 m - aterro rodoviário mínimo = 0,90 m e máximo = 4,70 m - brita comercial","m",{"v":36745.23,"d":"36,745.23"}]
[606365,"Bueiro metálico com chapas múltiplas MP 152 galvanizadas - lenticular - vão = 5,90 m e altura = 3,55 m - aterro rodoviário mínimo = 0,90 m e máximo = 4,70 m - brita produzida","m",{"v":36481.5,"d":"36,481.50"}]
[606456,"Bueiro metálico com chapas múltiplas MP 152 galvanizadas - lenticular - vão = 6,10 m e altura = 3,65 m - aterro rodoviário mínimo = 0,90 m e máximo = 4,50 m - brita comercial","m",{"v":38152.61,"d":"38,152.61"}]
[606366,"Bueiro metálico com chapas múltiplas MP 152 galvanizadas - lenticular - vão = 6,10 m e altura = 3,65 m - aterro rodoviário mínimo = 0,90 m e máximo = 4,50 m - brita produzida","m",{"v":37882.21,"d":"37,882.21"}]
[606457,"Bueiro metálico com chapas múltiplas MP 152 galvanizadas - lenticular - vão = 6,25 m e altura = 3,65 m - aterro rodoviário mínimo = 0,90 m e máximo = 4,30 m - brita comercial","m",{"v":38769.7,"d":"38,769.70"}]
[606367,"Bueiro metálico com chapas múltiplas MP 152 galvanizadas - lenticular - vão = 6,25 m e altura = 3,65 m - aterro rodoviário mínimo = 0,90 m e máximo = 4,30 m - brita produzida","m",{"v":38494.29,"d":"38,494.29"}]
[606458,"Bueiro metálico com chapas múltiplas MP 152 galvanizadas - lenticular - vão = 6,40 m e altura = 3,75 m - aterro rodoviário mínimo = 0,90 m e máximo = 4,30 m - brita comercial","m",{"v":52682.45,"d":"52,682.45"}]
[606368,"Bueiro metálico com chapas múltiplas MP 152 galvanizadas - lenticular - vão = 6,40 m e altura = 3,75 m - aterro rodoviário mínimo = 0,90 m e máximo = 4,30 m - brita produzida","m",{"v":52402.04,"d":"52,402.04"}]
[606459,"Bueiro metálico com chapas múltiplas MP 152 galvanizadas - lenticular - vão = 6,60 m e altura = 3,85 m - aterro rodoviário mínimo = 0,90 m e máximo = 4,10 m - brita comercial","m",{"v":54826.64,"d":"54,826.64"}]
[606369,"Bueiro metálico com chapas múltiplas MP 152 galvanizadas - lenticular - vão = 6,60 m e altura = 3,85 m - aterro rodoviário mínimo = 0,90 m e máximo = 4,10 m - brita produzida","m",{"v":54539.55,"d":"54,539.55"}]
[606479,"Bueiro metálico com chapas múltiplas MP 152 galvanizadas - passagem de gado - vão = 2,20 m e altura = 2,25 m -aterro rodoviário mínimo = 0,30 m e máximo = 8,90 m - brita comercial","m",{"v":12398.18,"d":"12,398.18"}]
[606460,"Bueiro metálico com chapas múltiplas MP 152 galvanizadas - passagem de gado - vão = 2,20 m e altura = 2,25 m -aterro rodoviário mínimo = 0,30 m e máximo = 8,90 m - brita produzida","m",{"v":12291.35,"d":"12,291.35"}]
[606480,"Bueiro metálico com chapas múltiplas MP 152 galvanizadas - passagem de gado - vão = 2,90 m e altura = 3,10 m - aterro rodoviário mínimo = 0,60 m e máximo = 11,40 m - brita comercial","m",{"v":16156.08,"d":"16,156.08"}]
[606461,"Bueiro metálico com chapas múltiplas MP 152 galvanizadas - passagem de gado - vão = 2,90 m e altura = 3,10 m - aterro rodoviário mínimo = 0,60 m e máximo = 11,40 m - brita produzida","m",{"v":16025.89,"d":"16,025.89"}]
[606481,"Bueiro metálico com chapas múltiplas MP 152 galvanizadas - passagem inferior - vão = 3,70 m e altura = 3,50 m - aterro rodoviário mínimo = 0,60 m e máximo = 10,30 m - brita comercial","m",{"v":18807.22,"d":"18,807.22"}]
[606462,"Bueiro metálico com chapas múltiplas MP 152 galvanizadas - passagem inferior - vão = 3,70 m e altura = 3,50 m - aterro rodoviário mínimo = 0,60 m e máximo = 10,30 m - brita produzida","m",{"v":18616.93,"d":"18,616.93"}]
[606482,"Bueiro metálico com chapas múltiplas MP 152 galvanizadas - passagem inferior - vão = 3,90 m e altura = 3,60 m - aterro rodoviário mínimo = 0,60 m e máximo = 9,80 m - brita comercial","m",{"v":19785.64,"d":"19,785.64"}]
[606463,"Bueiro metálico com chapas múltiplas MP 152 galvanizadas - passagem inferior - vão = 3,90 m e altura = 3,60 m - aterro rodoviário mínimo = 0,60 m e máximo = 9,80 m - brita produzida","m",{"v":19588.68,"d":"19,588.68"}]
[606483,"Bueiro metálico com chapas múltiplas MP 152 galvanizadas - passagem inferior - vão = 4,00 m e altura = 3,75 m - aterro rodoviário mínimo = 0,60 m e máximo = 9,50 m - brita comercial","m",{"v":20280.54,"d":"20,280.54"}]
[606464,"Bueiro metálico com chapas múltiplas MP 152 galvanizadas - passagem inferior - vão = 4,00 m e altura = 3,75 m - aterro rodoviário mínimo = 0,60 m e máximo = 9,50 m - brita produzida","m",{"v":20080.24,"d":"20,080.24"}]
[606484,"Bueiro metálico com chapas múltiplas MP 152 galvanizadas - passagem inferior - vão = 4,20 m e altura = 3,90 m - aterro rodoviário mínimo = 0,60 m e máximo = 9,10 m - brita comercial","m",{"v":20979.23,"d":"20,979.23"}]
[606465,"Bueiro metálico com chapas múltiplas MP 152 galvanizadas - passagem inferior - vão = 4,20 m e altura = 3,90 m - aterro rodoviário mínimo = 0,60 m e máximo = 9,10 m - brita produzida","m",{"v":20772.25,"d":"20,772.25"}]
[606485,"Bueiro metálico com chapas múltiplas MP 152 galvanizadas - passagem inferior - vão = 4,25 m e altura = 4,10 m - aterro rodoviário mínimo = 0,60 m e máximo = 8,90 m - brita comercial","m",{"v":21649.03,"d":"21,649.03"}]
[606466,"Bueiro metálico com chapas múltiplas MP 152 galvanizadas - passagem inferior - vão = 4,25 m e altura = 4,10 m - aterro rodoviário mínimo = 0,60 m e máximo = 8,90 m - brita produzida","m",{"v":21440.39,"d":"21,440.39"}]
[606486,"Bueiro metálico com chapas múltiplas MP 152 galvanizadas - passagem inferior - vão = 4,40 m e altura = 4,25 m - aterro rodoviário mínimo = 0,60 m e máximo = 8,60 m - brita comercial","m",{"v":22595.69,"d":"22,595.69"}]
[606467,"Bueiro metálico com chapas múltiplas MP 152 galvanizadas - passagem inferior - vão = 4,40 m e altura = 4,25 m - aterro rodoviário mínimo = 0,60 m e máximo = 8,60 m - brita produzida","m",{"v":22382.04,"d":"22,382.04"}]
[606487,"Bueiro metálico com chapas múltiplas MP 152 galvanizadas - passagem inferior - vão = 4,50 m e altura = 4,40 m - aterro rodoviário mínimo = 0,60 m e máximo = 8,40 m - brita comercial","m",{"v":23251.86,"d":"23,251.86"}]
[606468,"Bueiro metálico com chapas múltiplas MP 152 galvanizadas - passagem inferior - vão = 4,50 m e altura = 4,40 m - aterro rodoviário mínimo = 0,60 m e máximo = 8,40 m - brita produzida","m",{"v":23034.87,"d":"23,034.87"}]
[606488,"Bueiro metálico com chapas múltiplas MP 152 galvanizadas - passagem inferior - vão = 4,70 m e altura = 4,50 m - aterro rodoviário mínimo = 0,60 m e máximo = 8,90 m - brita comercial","m",{"v":28729.9,"d":"28,729.90"}]
[606469,"Bueiro metálico com chapas múltiplas MP 152 galvanizadas - passagem inferior - vão = 4,70 m e altura = 4,50 m - aterro rodoviário mínimo = 0,60 m e máximo = 8,90 m - brita produzida","m",{"v":28506.23,"d":"28,506.23"}]
[606489,"Bueiro metálico com chapas múltiplas MP 152 galvanizadas - passagem inferior - vão = 4,80 m e altura = 4,75 m - aterro rodoviário mínimo = 0,90 m e máximo = 9,00 m - brita comercial","m",{"v":30310.6,"d":"30,310.60"}]
[606470,"Bueiro metálico com chapas múltiplas MP 152 galvanizadas - passagem inferior - vão = 4,80 m e altura = 4,75 m - aterro rodoviário mínimo = 0,90 m e máximo = 9,00 m - brita produzida","m",{"v":30083.6,"d":"30,083.60"}]
[606490,"Bueiro metálico com chapas múltiplas MP 152 galvanizadas - passagem inferior - vão = 5,00 m e altura = 4,85 m - aterro rodoviário mínimo = 0,90 m e máximo = 8,60 m - brita comercial","m",{"v":31199.39,"d":"31,199.39"}]
[606471,"Bueiro metálico com chapas múltiplas MP 152 galvanizadas - passagem inferior - vão = 5,00 m e altura = 4,85 m - aterro rodoviário mínimo = 0,90 m e máximo = 8,60 m - brita produzida","m",{"v":30965.71,"d":"30,965.71"}]
[606491,"Bueiro metálico com chapas múltiplas MP 152 galvanizadas - passagem inferior - vão = 5,15 m e altura = 4,90 m - aterro rodoviário mínimo = 0,90 m e máximo = 8,50 m - brita comercial","m",{"v":32070.88,"d":"32,070.88"}]
[606472,"Bueiro metálico com chapas múltiplas MP 152 galvanizadas - passagem inferior - vão = 5,15 m e altura = 4,90 m - aterro rodoviário mínimo = 0,90 m e máximo = 8,50 m - brita produzida","m",{"v":31832.2,"d":"31,832.20"}]
[606492,"Bueiro metálico com chapas múltiplas MP 152 galvanizadas - passagem inferior - vão = 5,25 m e altura = 5,00 m - aterro rodoviário mínimo = 0,90 m e máximo = 8,40 m - brita comercial","m",{"v":32734.45,"d":"32,734.45"}]
[606473,"Bueiro metálico com chapas múltiplas MP 152 galvanizadas - passagem inferior - vão = 5,25 m e altura = 5,00 m - aterro rodoviário mínimo = 0,90 m e máximo = 8,40 m - brita produzida","m",{"v":32492.43,"d":"32,492.43"}]
[606493,"Bueiro metálico com chapas múltiplas MP 152 galvanizadas - passagem inferior - vão = 5,30 m e altura = 5,30 m - aterro rodoviário mínimo = 0,90 m e máximo = 9,60 m - brita comercial","m",{"v":34498.86,"d":"34,498.86"}]
[606474,"Bueiro metálico com chapas múltiplas MP 152 galvanizadas - passagem inferior - vão = 5,30 m e altura = 5,30 m - aterro rodoviário mínimo = 0,90 m e máximo = 9,60 m - brita produzida","m",{"v":34255.16,"d":"34,255.16"}]
[606494,"Bueiro metálico com chapas múltiplas MP 152 galvanizadas - passagem inferior - vão = 5,65 m e altura = 5,25 m - aterro rodoviário mínimo = 0,90 m e máximo = 9,00 m - brita comercial","m",{"v":39868.32,"d":"39,868.32"}]
[606475,"Bueiro metálico com chapas múltiplas MP 152 galvanizadas - passagem inferior - vão = 5,65 m e altura = 5,25 m - aterro rodoviário mínimo = 0,90 m e máximo = 9,00 m - brita produzida","m",{"v":39612.94,"d":"39,612.94"}]
[606495,"Bueiro metálico com chapas múltiplas MP 152 galvanizadas - passagem inferior - vão = 5,85 m e altura = 5,30 m - aterro rodoviário mínimo = 0,90 m e máximo = 8,40 m - brita comercial","m",{"v":46927.56,"d":"46,927.56"}]
[606476,"Bueiro metálico com chapas múltiplas MP 152 galvanizadas - passagem inferior - vão = 5,85 m e altura = 5,30 m - aterro rodoviário mínimo = 0,90 m e máximo = 8,40 m - brita produzida","m",{"v":46665.51,"d":"46,665.51"}]
[606496,"Bueiro metálico com chapas múltiplas MP 152 galvanizadas - passagem inferior - vão = 6,00 m e altura = 5,45 m - aterro rodoviário mínimo = 0,90 m e máximo = 8,30 m - brita comercial","m",{"v":48043.89,"d":"48,043.89"}]
[606477,"Bueiro metálico com chapas múltiplas MP 152 galvanizadas - passagem inferior - vão = 6,00 m e altura = 5,45 m - aterro rodoviário mínimo = 0,90 m e máximo = 8,30 m - brita produzida","m",{"v":47776.83,"d":"47,776.83"}]
[606497,"Bueiro metálico com chapas múltiplas MP 152 galvanizadas - passagem inferior - vão = 6,25 m e altura = 5,50 m - aterro rodoviário mínimo = 0,90 m e máximo = 7,90 m - brita comercial","m",{"v":49351.75,"d":"49,351.75"}]
[606478,"Bueiro metálico com chapas múltiplas MP 152 galvanizadas - passagem inferior - vão = 6,25 m e altura = 5,50 m - aterro rodoviário mínimo = 0,90 m e máximo = 7,90 m - brita produzida","m",{"v":49076.34,"d":"49,076.34"}]
[605835,"Bueiro metálico sem interrupção de tráfego - D = 1,20 m - chapa com epóxi - escavado em material de 1ª categoria - aterro ferroviário máximo = 12,90 m","m",{"v":7245.98,"d":"7,245.98"}]
[605571,"Bueiro metálico sem interrupção de tráfego - D = 1,20 m - chapa com epóxi - escavado em material de 1ª categoria - aterro rodoviário máximo = 9,00 m","m",{"v":6428.35,"d":"6,428.35"}]
[605850,"Bueiro metálico sem interrupção de tráfego - D = 1,20 m - chapa com epóxi - escavado em material de 2ª categoria - aterro ferroviário máximo = 12,90 m","m",{"v":7731.35,"d":"7,731.35"}]
[605582,"Bueiro metálico sem interrupção de tráfego - D = 1,20 m - chapa com epóxi - escavado em material de 2ª categoria - aterro rodoviário máximo = 9,00 m","m",{"v":6913.71,"d":"6,913.71"}]
[605889,"Bueiro metálico sem interrupção de tráfego - D = 1,20 m - chapa com epóxi - escavado em material de 3ª categoria - aterro ferroviário máximo = 12,90 m","m",{"v":8477.66,"d":"8,477.66"}]
[605593,"Bueiro metálico sem interrupção de tráfego - D = 1,20 m - chapa com epóxi - escavado em material de 3ª categoria - aterro rodoviário máximo = 9,00 m","m",{"v":7660.02,"d":"7,660.02"}]
[605739,"Bueiro metálico sem interrupção de tráfego - D = 1,20 m - chapa galvanizada - escavado em material de 1ª categoria - aterro ferroviário máximo = 12,90 m","m",{"v":6992.66,"d":"6,992.66"}]
[605504,"Bueiro metálico sem interrupção de tráfego - D = 1,20 m - chapa galvanizada - escavado em material de 1ª categoria - aterro rodoviário máximo = 9,00 m","m",{"v":6125.78,"d":"6,125.78"}]
[605781,"Bueiro metálico sem interrupção de tráfego - D = 1,20 m - chapa galvanizada - escavado em material de 2ª categoria - aterro ferroviário máximo = 12,90 m","m",{"v":7478.02,"d":"7,478.02"}]
[605524,"Bueiro metálico sem interrupção de tráfego - D = 1,20 m - chapa galvanizada - escavado em material de 2ª categoria - aterro rodoviário máximo = 9,00 m","m",{"v":6611.14,"d":"6,611.14"}]
[605815,"Bueiro metálico sem interrupção de tráfego - D = 1,20 m - chapa galvanizada - escavado em material de 3ª categoria - aterro ferroviário máximo = 12,90 m","m",{"v":8224.33,"d":"8,224.33"}]
[605544,"Bueiro metálico sem interrupção de tráfego - D = 1,20 m - chapa galvanizada - escavado em material de 3ª categoria - aterro rodoviário máximo = 9,00 m","m",{"v":7357.46,"d":"7,357.46"}]
[605836,"Bueiro metálico sem interrupção de tráfego - D = 1,40 m - chapa com epóxi - escavado em material de 1ª categoria - aterro ferroviário máximo = 11,00 m","m",{"v":8221.75,"d":"8,221.75"}]
[605572,"Bueiro metálico sem interrupção de tráfego - D = 1,40 m - chapa com epóxi - escavado em material de 1ª categoria - aterro rodoviário máximo = 7,70 m","m",{"v":7338.08,"d":"7,338.08"}]
[605851,"Bueiro metálico sem interrupção de tráfego - D = 1,40 m - chapa com epóxi - escavado em material de 2ª categoria - aterro ferroviário máximo = 11,00 m","m",{"v":8855.69,"d":"8,855.69"}]
[605583,"Bueiro metálico sem interrupção de tráfego - D = 1,40 m - chapa com epóxi - escavado em material de 2ª categoria - aterro rodoviário máximo = 7,70 m","m",{"v":7972.02,"d":"7,972.02"}]
[605890,"Bueiro metálico sem interrupção de tráfego - D = 1,40 m - chapa com epóxi - escavado em material de 3ª categoria - aterro ferroviário máximo = 11,00 m","m",{"v":9830.47,"d":"9,830.47"}]
[605594,"Bueiro metálico sem interrupção de tráfego - D = 1,40 m - chapa com epóxi - escavado em material de 3ª categoria - aterro rodoviário máximo = 7,70 m","m",{"v":8946.8,"d":"8,946.80"}]
[605740,"Bueiro metálico sem interrupção de tráfego - D = 1,40 m - chapa galvanizada - escavado em material de 1ª categoria - aterro ferroviário máximo = 11,00 m","m",{"v":7936.23,"d":"7,936.23"}]
[605505,"Bueiro metálico sem interrupção de tráfego - D = 1,40 m - chapa galvanizada - escavado em material de 1ª categoria - aterro rodoviário máximo = 7,70 m","m",{"v":6994.55,"d":"6,994.55"}]
[605782,"Bueiro metálico sem interrupção de tráfego - D = 1,40 m - chapa galvanizada - escavado em material de 2ª categoria - aterro ferroviário máximo = 11,00 m","m",{"v":8570.17,"d":"8,570.17"}]
[605525,"Bueiro metálico sem interrupção de tráfego - D = 1,40 m - chapa galvanizada - escavado em material de 2ª categoria - aterro rodoviário máximo = 7,70 m","m",{"v":7628.49,"d":"7,628.49"}]
[605816,"Bueiro metálico sem interrupção de tráfego - D = 1,40 m - chapa galvanizada - escavado em material de 3ª categoria - aterro ferroviário máximo = 11,00 m","m",{"v":9544.94,"d":"9,544.94"}]
[605545,"Bueiro metálico sem interrupção de tráfego - D = 1,40 m - chapa galvanizada - escavado em material de 3ª categoria - aterro rodoviário máximo = 7,70 m","m",{"v":8603.27,"d":"8,603.27"}]
[605837,"Bueiro metálico sem interrupção de tráfego - D = 1,60 m - chapa com epóxi - escavado em material de 1ª categoria - aterro ferroviário máximo = 9,60 m","m",{"v":9792.49,"d":"9,792.49"}]
[605573,"Bueiro metálico sem interrupção de tráfego - D = 1,60 m - chapa com epóxi - escavado em material de 1ª categoria - aterro rodoviário máximo = 6,70 m","m",{"v":8856.38,"d":"8,856.38"}]
[605852,"Bueiro metálico sem interrupção de tráfego - D = 1,60 m - chapa com epóxi - escavado em material de 2ª categoria - aterro ferroviário máximo = 9,60 m","m",{"v":10594.82,"d":"10,594.82"}]
[605584,"Bueiro metálico sem interrupção de tráfego - D = 1,60 m - chapa com epóxi - escavado em material de 2ª categoria - aterro rodoviário máximo = 6,70 m","m",{"v":9658.71,"d":"9,658.71"}]
[605891,"Bueiro metálico sem interrupção de tráfego - D = 1,60 m - chapa com epóxi - escavado em material de 3ª categoria - aterro ferroviário máximo = 9,60 m","m",{"v":11828.52,"d":"11,828.52"}]
[605595,"Bueiro metálico sem interrupção de tráfego - D = 1,60 m - chapa com epóxi - escavado em material de 3ª categoria - aterro rodoviário máximo = 6,70 m","m",{"v":10892.41,"d":"10,892.41"}]
[605741,"Bueiro metálico sem interrupção de tráfego - D = 1,60 m - chapa galvanizada - escavado em material de 1ª categoria - aterro ferroviário máximo = 9,60 m","m",{"v":9459.73,"d":"9,459.73"}]
[605506,"Bueiro metálico sem interrupção de tráfego - D = 1,60 m - chapa galvanizada - escavado em material de 1ª categoria - aterro rodoviário máximo = 6,70 m","m",{"v":8449.8,"d":"8,449.80"}]
[605783,"Bueiro metálico sem interrupção de tráfego - D = 1,60 m - chapa galvanizada - escavado em material de 2ª categoria - aterro ferroviário máximo = 9,60 m","m",{"v":10262.06,"d":"10,262.06"}]
[605526,"Bueiro metálico sem interrupção de tráfego - D = 1,60 m - chapa galvanizada - escavado em material de 2ª categoria - aterro rodoviário máximo = 6,70 m","m",{"v":9252.13,"d":"9,252.13"}]
[605817,"Bueiro metálico sem interrupção de tráfego - D = 1,60 m - chapa galvanizada - escavado em material de 3ª categoria - aterro ferroviário máximo = 9,60 m","m",{"v":11495.76,"d":"11,495.76"}]
[605546,"Bueiro metálico sem interrupção de tráfego - D = 1,60 m - chapa galvanizada - escavado em material de 3ª categoria - aterro rodoviário máximo = 6,70 m","m",{"v":10485.83,"d":"10,485.83"}]
[605838,"Bueiro metálico sem interrupção de tráfego - D = 1,80 m - chapa com epóxi - escavado em material de 1ª categoria - aterro ferroviário máximo = 8,00 m","m",{"v":11158.01,"d":"11,158.01"}]
[605574,"Bueiro metálico sem interrupção de tráfego - D = 1,80 m - chapa com epóxi - escavado em material de 1ª categoria - aterro rodoviário máximo = 6,00 m","m",{"v":10088.34,"d":"10,088.34"}]
[605853,"Bueiro metálico sem interrupção de tráfego - D = 1,80 m - chapa com epóxi - escavado em material de 2ª categoria - aterro ferroviário máximo = 8,00 m","m",{"v":12148.54,"d":"12,148.54"}]
[605585,"Bueiro metálico sem interrupção de tráfego - D = 1,80 m - chapa com epóxi - escavado em material de 2ª categoria - aterro rodoviário máximo = 6,00 m","m",{"v":11078.87,"d":"11,078.87"}]
[605892,"Bueiro metálico sem interrupção de tráfego - D = 1,80 m - chapa com epóxi - escavado em material de 3ª categoria - aterro ferroviário máximo = 8,00 m","m",{"v":13671.63,"d":"13,671.63"}]
[605596,"Bueiro metálico sem interrupção de tráfego - D = 1,80 m - chapa com epóxi - escavado em material de 3ª categoria - aterro rodoviário máximo = 6,00 m","m",{"v":12601.95,"d":"12,601.95"}]
[605742,"Bueiro metálico sem interrupção de tráfego - D = 1,80 m - chapa galvanizada - escavado em material de 1ª categoria - aterro ferroviário máximo = 8,00 m","m",{"v":10778.03,"d":"10,778.03"}]
[605507,"Bueiro metálico sem interrupção de tráfego - D = 1,80 m - chapa galvanizada - escavado em material de 1ª categoria - aterro rodoviário máximo = 6,00 m","m",{"v":9625.04,"d":"9,625.04"}]
[605784,"Bueiro metálico sem interrupção de tráfego - D = 1,80 m - chapa galvanizada - escavado em material de 2ª categoria - aterro ferroviário máximo = 8,00 m","m",{"v":11768.56,"d":"11,768.56"}]
[605527,"Bueiro metálico sem interrupção de tráfego - D = 1,80 m - chapa galvanizada - escavado em material de 2ª categoria - aterro rodoviário máximo = 6,00 m","m",{"v":10615.57,"d":"10,615.57"}]
[605818,"Bueiro metálico sem interrupção de tráfego - D = 1,80 m - chapa galvanizada - escavado em material de 3ª categoria - aterro ferroviário máximo = 8,00 m","m",{"v":13291.64,"d":"13,291.64"}]
[605547,"Bueiro metálico sem interrupção de tráfego - D = 1,80 m - chapa galvanizada - escavado em material de 3ª categoria - aterro rodoviário máximo = 6,00 m","m",{"v":12138.66,"d":"12,138.66"}]
[605839,"Bueiro metálico sem interrupção de tráfego - D = 2,00 m - chapa com epóxi - escavado em material de 1ª categoria - aterro ferroviário máximo = 6,90 m","m",{"v":12588.11,"d":"12,588.11"}]
[605575,"Bueiro metálico sem interrupção de tráfego - D = 2,00 m - chapa com epóxi - escavado em material de 1ª categoria - aterro rodoviário máximo = 5,40 m","m",{"v":11412.05,"d":"11,412.05"}]
[605854,"Bueiro metálico sem interrupção de tráfego - D = 2,00 m - chapa com epóxi - escavado em material de 2ª categoria - aterro ferroviário máximo = 6,90 m","m",{"v":13786.66,"d":"13,786.66"}]
[605586,"Bueiro metálico sem interrupção de tráfego - D = 2,00 m - chapa com epóxi - escavado em material de 2ª categoria - aterro rodoviário máximo = 5,40 m","m",{"v":12610.59,"d":"12,610.59"}]
[605893,"Bueiro metálico sem interrupção de tráfego - D = 2,00 m - chapa com epóxi - escavado em material de 3ª categoria - aterro ferroviário máximo = 6,90 m","m",{"v":15629.59,"d":"15,629.59"}]
[605597,"Bueiro metálico sem interrupção de tráfego - D = 2,00 m - chapa com epóxi - escavado em material de 3ª categoria - aterro rodoviário máximo = 5,40 m","m",{"v":14453.53,"d":"14,453.53"}]
[605743,"Bueiro metálico sem interrupção de tráfego - D = 2,00 m - chapa galvanizada - escavado em material de 1ª categoria - aterro ferroviário máximo = 6,90 m","m",{"v":12169.49,"d":"12,169.49"}]
[605508,"Bueiro metálico sem interrupção de tráfego - D = 2,00 m - chapa galvanizada - escavado em material de 1ª categoria - aterro rodoviário máximo = 5,40 m","m",{"v":10901.48,"d":"10,901.48"}]
[605785,"Bueiro metálico sem interrupção de tráfego - D = 2,00 m - chapa galvanizada - escavado em material de 2ª categoria - aterro ferroviário máximo = 6,90 m","m",{"v":13368.04,"d":"13,368.04"}]
[605528,"Bueiro metálico sem interrupção de tráfego - D = 2,00 m - chapa galvanizada - escavado em material de 2ª categoria - aterro rodoviário máximo = 5,40 m","m",{"v":12100.03,"d":"12,100.03"}]
[605819,"Bueiro metálico sem interrupção de tráfego - D = 2,00 m - chapa galvanizada - escavado em material de 3ª categoria - aterro ferroviário máximo = 6,90 m","m",{"v":15210.97,"d":"15,210.97"}]
[605548,"Bueiro metálico sem interrupção de tráfego - D = 2,00 m - chapa galvanizada - escavado em material de 3ª categoria - aterro rodoviário máximo = 5,40 m","m",{"v":13942.96,"d":"13,942.96"}]
[605840,"Bueiro metálico sem interrupção de tráfego - D = 2,20 m - chapa com epóxi - escavado em material de 1ª categoria - aterro ferroviário máximo = 7,90 m","m",{"v":16295.16,"d":"16,295.16"}]
[605576,"Bueiro metálico sem interrupção de tráfego - D = 2,20 m - chapa com epóxi - escavado em material de 1ª categoria - aterro rodoviário máximo = 4,90 m","m",{"v":12891.97,"d":"12,891.97"}]
[605855,"Bueiro metálico sem interrupção de tráfego - D = 2,20 m - chapa com epóxi - escavado em material de 2ª categoria - aterro ferroviário máximo = 7,90 m","m",{"v":17721.52,"d":"17,721.52"}]
[605587,"Bueiro metálico sem interrupção de tráfego - D = 2,20 m - chapa com epóxi - escavado em material de 2ª categoria - aterro rodoviário máximo = 4,90 m","m",{"v":14318.34,"d":"14,318.34"}]
[605898,"Bueiro metálico sem interrupção de tráfego - D = 2,20 m - chapa com epóxi - escavado em material de 3ª categoria - aterro ferroviário máximo = 7,90 m","m",{"v":19914.77,"d":"19,914.77"}]
[605598,"Bueiro metálico sem interrupção de tráfego - D = 2,20 m - chapa com epóxi - escavado em material de 3ª categoria - aterro rodoviário máximo = 4,90 m","m",{"v":16511.58,"d":"16,511.58"}]
[605744,"Bueiro metálico sem interrupção de tráfego - D = 2,20 m - chapa galvanizada - escavado em material de 1ª categoria - aterro ferroviário máximo = 7,90 m","m",{"v":15413.03,"d":"15,413.03"}]
[605509,"Bueiro metálico sem interrupção de tráfego - D = 2,20 m - chapa galvanizada - escavado em material de 1ª categoria - aterro rodoviário máximo = 4,90 m","m",{"v":12327.81,"d":"12,327.81"}]
[605787,"Bueiro metálico sem interrupção de tráfego - D = 2,20 m - chapa galvanizada - escavado em material de 2ª categoria - aterro ferroviário máximo = 7,90 m","m",{"v":16839.4,"d":"16,839.40"}]
[605529,"Bueiro metálico sem interrupção de tráfego - D = 2,20 m - chapa galvanizada - escavado em material de 2ª categoria - aterro rodoviário máximo = 4,90 m","m",{"v":13754.18,"d":"13,754.18"}]
[605820,"Bueiro metálico sem interrupção de tráfego - D = 2,20 m - chapa galvanizada - escavado em material de 3ª categoria - aterro ferroviário máximo = 7,90 m","m",{"v":19032.64,"d":"19,032.64"}]
[605549,"Bueiro metálico sem interrupção de tráfego - D = 2,20 m - chapa galvanizada - escavado em material de 3ª categoria - aterro rodoviário máximo = 4,90 m","m",{"v":15947.42,"d":"15,947.42"}]
[605841,"Bueiro metálico sem interrupção de tráfego - D = 2,40 m - chapa com epóxi - escavado em material de 1ª categoria - aterro ferroviário máximo = 7,00 m","m",{"v":17822.25,"d":"17,822.25"}]
[605577,"Bueiro metálico sem interrupção de tráfego - D = 2,40 m - chapa com epóxi - escavado em material de 1ª categoria - aterro rodoviário máximo = 4,50 m","m",{"v":14102.74,"d":"14,102.74"}]
[605856,"Bueiro metálico sem interrupção de tráfego - D = 2,40 m - chapa com epóxi - escavado em material de 2ª categoria - aterro ferroviário máximo = 7,00 m","m",{"v":19496.25,"d":"19,496.25"}]
[605588,"Bueiro metálico sem interrupção de tráfego - D = 2,40 m - chapa com epóxi - escavado em material de 2ª categoria - aterro rodoviário máximo = 4,50 m","m",{"v":15776.74,"d":"15,776.74"}]
[605899,"Bueiro metálico sem interrupção de tráfego - D = 2,40 m - chapa com epóxi - escavado em material de 3ª categoria - aterro ferroviário máximo = 7,00 m","m",{"v":22070.26,"d":"22,070.26"}]
[605599,"Bueiro metálico sem interrupção de tráfego - D = 2,40 m - chapa com epóxi - escavado em material de 3ª categoria - aterro rodoviário máximo = 4,50 m","m",{"v":18350.75,"d":"18,350.75"}]
[605745,"Bueiro metálico sem interrupção de tráfego - D = 2,40 m - chapa galvanizada - escavado em material de 1ª categoria - aterro ferroviário máximo = 7,00 m","m",{"v":16867.43,"d":"16,867.43"}]
[605510,"Bueiro metálico sem interrupção de tráfego - D = 2,40 m - chapa galvanizada - escavado em material de 1ª categoria - aterro rodoviário máximo = 4,50 m","m",{"v":13494.47,"d":"13,494.47"}]
[605788,"Bueiro metálico sem interrupção de tráfego - D = 2,40 m - chapa galvanizada - escavado em material de 2ª categoria - aterro ferroviário máximo = 7,00 m","m",{"v":18541.43,"d":"18,541.43"}]
[605530,"Bueiro metálico sem interrupção de tráfego - D = 2,40 m - chapa galvanizada - escavado em material de 2ª categoria - aterro rodoviário máximo = 4,50 m","m",{"v":15168.47,"d":"15,168.47"}]
[605821,"Bueiro metálico sem interrupção de tráfego - D = 2,40 m - chapa galvanizada - escavado em material de 3ª categoria - aterro ferroviário máximo = 7,00 m","m",{"v":21115.44,"d":"21,115.44"}]
[605550,"Bueiro metálico sem interrupção de tráfego - D = 2,40 m - chapa galvanizada - escavado em material de 3ª categoria - aterro rodoviário máximo = 4,50 m","m",{"v":17742.48,"d":"17,742.48"}]
[605842,"Bueiro metálico sem interrupção de tráfego - D = 2,60 m - chapa com epóxi - escavado em material de 1ª categoria - aterro ferroviário máximo = 6,40 m","m",{"v":19713.6,"d":"19,713.60"}]
[605578,"Bueiro metálico sem interrupção de tráfego - D = 2,60 m - chapa com epóxi - escavado em material de 1ª categoria - aterro rodoviário máximo = 4,10 m","m",{"v":15641.56,"d":"15,641.56"}]
[605857,"Bueiro metálico sem interrupção de tráfego - D = 2,60 m - chapa com epóxi - escavado em material de 2ª categoria - aterro ferroviário máximo = 6,40 m","m",{"v":21655.05,"d":"21,655.05"}]
[605589,"Bueiro metálico sem interrupção de tráfego - D = 2,60 m - chapa com epóxi - escavado em material de 2ª categoria - aterro rodoviário máximo = 4,10 m","m",{"v":17583.01,"d":"17,583.01"}]
[605900,"Bueiro metálico sem interrupção de tráfego - D = 2,60 m - chapa com epóxi - escavado em material de 3ª categoria - aterro ferroviário máximo = 6,40 m","m",{"v":24640.29,"d":"24,640.29"}]
[605600,"Bueiro metálico sem interrupção de tráfego - D = 2,60 m - chapa com epóxi - escavado em material de 3ª categoria - aterro rodoviário máximo = 4,10 m","m",{"v":20568.25,"d":"20,568.25"}]
[605746,"Bueiro metálico sem interrupção de tráfego - D = 2,60 m - chapa galvanizada - escavado em material de 1ª categoria - aterro ferroviário máximo = 6,40 m","m",{"v":18672.89,"d":"18,672.89"}]
[605511,"Bueiro metálico sem interrupção de tráfego - D = 2,60 m - chapa galvanizada - escavado em material de 1ª categoria - aterro rodoviário máximo = 4,10 m","m",{"v":14979.71,"d":"14,979.71"}]
[605789,"Bueiro metálico sem interrupção de tráfego - D = 2,60 m - chapa galvanizada - escavado em material de 2ª categoria - aterro ferroviário máximo = 6,40 m","m",{"v":20614.33,"d":"20,614.33"}]
[605531,"Bueiro metálico sem interrupção de tráfego - D = 2,60 m - chapa galvanizada - escavado em material de 2ª categoria - aterro rodoviário máximo = 4,10 m","m",{"v":16921.16,"d":"16,921.16"}]
[605822,"Bueiro metálico sem interrupção de tráfego - D = 2,60 m - chapa galvanizada - escavado em material de 3ª categoria - aterro ferroviário máximo = 6,40 m","m",{"v":23599.58,"d":"23,599.58"}]
[605551,"Bueiro metálico sem interrupção de tráfego - D = 2,60 m - chapa galvanizada - escavado em material de 3ª categoria - aterro rodoviário máximo = 4,10 m","m",{"v":19906.4,"d":"19,906.40"}]
[605843,"Bueiro metálico sem interrupção de tráfego - D = 2,80 m - chapa com epóxi - escavado em material de 1ª categoria - aterro ferroviário máximo = 5,50 m","m",{"v":21239.31,"d":"21,239.31"}]
[605579,"Bueiro metálico sem interrupção de tráfego - D = 2,80 m - chapa com epóxi - escavado em material de 1ª categoria - aterro rodoviário máximo = 3,80 m","m",{"v":16898.48,"d":"16,898.48"}]
[605858,"Bueiro metálico sem interrupção de tráfego - D = 2,80 m - chapa com epóxi - escavado em material de 2ª categoria - aterro ferroviário máximo = 5,50 m","m",{"v":23468.01,"d":"23,468.01"}]
[605590,"Bueiro metálico sem interrupção de tráfego - D = 2,80 m - chapa com epóxi - escavado em material de 2ª categoria - aterro rodoviário máximo = 3,80 m","m",{"v":19127.17,"d":"19,127.17"}]
[605901,"Bueiro metálico sem interrupção de tráfego - D = 2,80 m - chapa com epóxi - escavado em material de 3ª categoria - aterro ferroviário máximo = 5,50 m","m",{"v":26894.95,"d":"26,894.95"}]
[605601,"Bueiro metálico sem interrupção de tráfego - D = 2,80 m - chapa com epóxi - escavado em material de 3ª categoria - aterro rodoviário máximo = 3,80 m","m",{"v":22554.11,"d":"22,554.11"}]
[605747,"Bueiro metálico sem interrupção de tráfego - D = 2,80 m - chapa galvanizada - escavado em material de 1ª categoria - aterro ferroviário máximo = 5,50 m","m",{"v":20125.91,"d":"20,125.91"}]
[605512,"Bueiro metálico sem interrupção de tráfego - D = 2,80 m - chapa galvanizada - escavado em material de 1ª categoria - aterro rodoviário máximo = 3,80 m","m",{"v":16189.34,"d":"16,189.34"}]
[605790,"Bueiro metálico sem interrupção de tráfego - D = 2,80 m - chapa galvanizada - escavado em material de 2ª categoria - aterro ferroviário máximo = 5,50 m","m",{"v":22354.61,"d":"22,354.61"}]
[605532,"Bueiro metálico sem interrupção de tráfego - D = 2,80 m - chapa galvanizada - escavado em material de 2ª categoria - aterro rodoviário máximo = 3,80 m","m",{"v":18418.04,"d":"18,418.04"}]
[605823,"Bueiro metálico sem interrupção de tráfego - D = 2,80 m - chapa galvanizada - escavado em material de 3ª categoria - aterro ferroviário máximo = 5,50 m","m",{"v":25781.55,"d":"25,781.55"}]
[605552,"Bueiro metálico sem interrupção de tráfego - D = 2,80 m - chapa galvanizada - escavado em material de 3ª categoria - aterro rodoviário máximo = 3,80 m","m",{"v":21844.98,"d":"21,844.98"}]
[605844,"Bueiro metálico sem interrupção de tráfego - D = 3,00 m - chapa com epóxi - escavado em material de 1ª categoria - aterro ferroviário máximo = 4,70 m","m",{"v":23203.18,"d":"23,203.18"}]
[605580,"Bueiro metálico sem interrupção de tráfego - D = 3,00 m - chapa com epóxi - escavado em material de 1ª categoria - aterro rodoviário máximo = 3,60 m","m",{"v":18557.95,"d":"18,557.95"}]
[605887,"Bueiro metálico sem interrupção de tráfego - D = 3,00 m - chapa com epóxi - escavado em material de 2ª categoria - aterro ferroviário máximo = 4,70 m","m",{"v":25738.94,"d":"25,738.94"}]
[605591,"Bueiro metálico sem interrupção de tráfego - D = 3,00 m - chapa com epóxi - escavado em material de 2ª categoria - aterro rodoviário máximo = 3,60 m","m",{"v":21093.72,"d":"21,093.72"}]
[605902,"Bueiro metálico sem interrupção de tráfego - D = 3,00 m - chapa com epóxi - escavado em material de 3ª categoria - aterro ferroviário máximo = 4,70 m","m",{"v":29638.04,"d":"29,638.04"}]
[605602,"Bueiro metálico sem interrupção de tráfego - D = 3,00 m - chapa com epóxi - escavado em material de 3ª categoria - aterro rodoviário máximo = 3,60 m","m",{"v":24992.82,"d":"24,992.82"}]
[605748,"Bueiro metálico sem interrupção de tráfego - D = 3,00 m - chapa galvanizada - escavado em material de 1ª categoria - aterro ferroviário máximo = 4,70 m","m",{"v":22003.88,"d":"22,003.88"}]
[605513,"Bueiro metálico sem interrupção de tráfego - D = 3,00 m - chapa galvanizada - escavado em material de 1ª categoria - aterro rodoviário máximo = 3,60 m","m",{"v":17792.09,"d":"17,792.09"}]
[605804,"Bueiro metálico sem interrupção de tráfego - D = 3,00 m - chapa galvanizada - escavado em material de 2ª categoria - aterro ferroviário máximo = 4,70 m","m",{"v":24539.64,"d":"24,539.64"}]
[605533,"Bueiro metálico sem interrupção de tráfego - D = 3,00 m - chapa galvanizada - escavado em material de 2ª categoria - aterro rodoviário máximo = 3,60 m","m",{"v":20327.86,"d":"20,327.86"}]
[605824,"Bueiro metálico sem interrupção de tráfego - D = 3,00 m - chapa galvanizada - escavado em material de 3ª categoria - aterro ferroviário máximo = 4,70 m","m",{"v":28438.74,"d":"28,438.74"}]
[605553,"Bueiro metálico sem interrupção de tráfego - D = 3,00 m - chapa galvanizada - escavado em material de 3ª categoria - aterro rodoviário máximo = 3,60 m","m",{"v":24226.96,"d":"24,226.96"}]
[605845,"Bueiro metálico sem interrupção de tráfego - D = 3,20 m - chapa com epóxi - escavado em material de 1ª categoria - aterro ferroviário máximo = 4,00 m","m",{"v":25179.87,"d":"25,179.87"}]
[605581,"Bueiro metálico sem interrupção de tráfego - D = 3,20 m - chapa com epóxi - escavado em material de 1ª categoria - aterro rodoviário máximo = 4,80 m","m",{"v":22159.33,"d":"22,159.33"}]
[605888,"Bueiro metálico sem interrupção de tráfego - D = 3,20 m - chapa com epóxi - escavado em material de 2ª categoria - aterro ferroviário máximo = 4,00 m","m",{"v":28042.51,"d":"28,042.51"}]
[605592,"Bueiro metálico sem interrupção de tráfego - D = 3,20 m - chapa com epóxi - escavado em material de 2ª categoria - aterro rodoviário máximo = 4,80 m","m",{"v":25021.96,"d":"25,021.96"}]
[605903,"Bueiro metálico sem interrupção de tráfego - D = 3,20 m - chapa com epóxi - escavado em material de 3ª categoria - aterro ferroviário máximo = 4,00 m","m",{"v":32444.22,"d":"32,444.22"}]
[605603,"Bueiro metálico sem interrupção de tráfego - D = 3,20 m - chapa com epóxi - escavado em material de 3ª categoria - aterro rodoviário máximo = 4,80 m","m",{"v":29423.68,"d":"29,423.68"}]
[605771,"Bueiro metálico sem interrupção de tráfego - D = 3,20 m - chapa galvanizada - escavado em material de 1ª categoria - aterro ferroviário máximo = 4,00 m","m",{"v":23907.88,"d":"23,907.88"}]
[605514,"Bueiro metálico sem interrupção de tráfego - D = 3,20 m - chapa galvanizada - escavado em material de 1ª categoria - aterro rodoviário máximo = 4,80 m","m",{"v":21491.67,"d":"21,491.67"}]
[605805,"Bueiro metálico sem interrupção de tráfego - D = 3,20 m - chapa galvanizada - escavado em material de 2ª categoria - aterro ferroviário máximo = 4,00 m","m",{"v":26770.52,"d":"26,770.52"}]
[605534,"Bueiro metálico sem interrupção de tráfego - D = 3,20 m - chapa galvanizada - escavado em material de 2ª categoria - aterro rodoviário máximo = 4,80 m","m",{"v":24354.31,"d":"24,354.31"}]
[605825,"Bueiro metálico sem interrupção de tráfego - D = 3,20 m - chapa galvanizada - escavado em material de 3ª categoria - aterro ferroviário máximo = 4,00 m","m",{"v":31172.24,"d":"31,172.24"}]
[605554,"Bueiro metálico sem interrupção de tráfego - D = 3,20 m - chapa galvanizada - escavado em material de 3ª categoria - aterro rodoviário máximo = 4,80 m","m",{"v":28756.02,"d":"28,756.02"}]
[605772,"Bueiro metálico sem interrupção de tráfego - D = 3,40 m - chapa galvanizada - escavado em material de 1ª categoria - aterro ferroviário máximo = 7,00 m","m",{"v":27914.61,"d":"27,914.61"}]
[605515,"Bueiro metálico sem interrupção de tráfego - D = 3,40 m - chapa galvanizada - escavado em material de 1ª categoria - aterro rodoviário máximo = 4,50 m","m",{"v":23384.91,"d":"23,384.91"}]
[605806,"Bueiro metálico sem interrupção de tráfego - D = 3,40 m - chapa galvanizada - escavado em material de 2ª categoria - aterro ferroviário máximo = 7,00 m","m",{"v":31123.93,"d":"31,123.93"}]
[605535,"Bueiro metálico sem interrupção de tráfego - D = 3,40 m - chapa galvanizada - escavado em material de 2ª categoria - aterro rodoviário máximo = 4,50 m","m",{"v":26594.23,"d":"26,594.23"}]
[605826,"Bueiro metálico sem interrupção de tráfego - D = 3,40 m - chapa galvanizada - escavado em material de 3ª categoria - aterro ferroviário máximo = 7,00 m","m",{"v":36058.73,"d":"36,058.73"}]
[605555,"Bueiro metálico sem interrupção de tráfego - D = 3,40 m - chapa galvanizada - escavado em material de 3ª categoria - aterro rodoviário máximo = 4,50 m","m",{"v":31529.03,"d":"31,529.03"}]
[605773,"Bueiro metálico sem interrupção de tráfego - D = 3,60 m - chapa galvanizada - escavado em material de 1ª categoria - aterro ferroviário máximo = 6,60 m","m",{"v":29640.15,"d":"29,640.15"}]
[605516,"Bueiro metálico sem interrupção de tráfego - D = 3,60 m - chapa galvanizada - escavado em material de 1ª categoria - aterro rodoviário máximo = 4,30 m","m",{"v":24809.39,"d":"24,809.39"}]
[605807,"Bueiro metálico sem interrupção de tráfego - D = 3,60 m - chapa galvanizada - escavado em material de 2ª categoria - aterro ferroviário máximo = 6,60 m","m",{"v":33215.97,"d":"33,215.97"}]
[605536,"Bueiro metálico sem interrupção de tráfego - D = 3,60 m - chapa galvanizada - escavado em material de 2ª categoria - aterro rodoviário máximo = 4,30 m","m",{"v":28385.21,"d":"28,385.21"}]
[605827,"Bueiro metálico sem interrupção de tráfego - D = 3,60 m - chapa galvanizada - escavado em material de 3ª categoria - aterro ferroviário máximo = 6,60 m","m",{"v":38714.31,"d":"38,714.31"}]
[605556,"Bueiro metálico sem interrupção de tráfego - D = 3,60 m - chapa galvanizada - escavado em material de 3ª categoria - aterro rodoviário máximo = 4,30 m","m",{"v":33883.55,"d":"33,883.55"}]
[605774,"Bueiro metálico sem interrupção de tráfego - D = 3,80 m - chapa galvanizada - escavado em material de 1ª categoria - aterro ferroviário máximo = 6,20 m","m",{"v":31893.12,"d":"31,893.12"}]
[605517,"Bueiro metálico sem interrupção de tráfego - D = 3,80 m - chapa galvanizada - escavado em material de 1ª categoria - aterro rodoviário máximo = 4,00 m","m",{"v":26692.09,"d":"26,692.09"}]
[605808,"Bueiro metálico sem interrupção de tráfego - D = 3,80 m - chapa galvanizada - escavado em material de 2ª categoria - aterro ferroviário máximo = 6,20 m","m",{"v":35855.25,"d":"35,855.25"}]
[605537,"Bueiro metálico sem interrupção de tráfego - D = 3,80 m - chapa galvanizada - escavado em material de 2ª categoria - aterro rodoviário máximo = 4,00 m","m",{"v":30654.22,"d":"30,654.22"}]
[605828,"Bueiro metálico sem interrupção de tráfego - D = 3,80 m - chapa galvanizada - escavado em material de 3ª categoria - aterro ferroviário máximo = 6,20 m","m",{"v":41947.6,"d":"41,947.60"}]
[605557,"Bueiro metálico sem interrupção de tráfego - D = 3,80 m - chapa galvanizada - escavado em material de 3ª categoria - aterro rodoviário máximo = 4,00 m","m",{"v":36746.56,"d":"36,746.56"}]
[605775,"Bueiro metálico sem interrupção de tráfego - D = 4,00 m - chapa galvanizada - escavado em material de 1ª categoria - aterro ferroviário máximo = 5,10 m","m",{"v":33611.69,"d":"33,611.69"}]
[605518,"Bueiro metálico sem interrupção de tráfego - D = 4,00 m - chapa galvanizada - escavado em material de 1ª categoria - aterro rodoviário máximo = 3,10 m","m",{"v":28232.83,"d":"28,232.83"}]
[605809,"Bueiro metálico sem interrupção de tráfego - D = 4,00 m - chapa galvanizada - escavado em material de 2ª categoria - aterro ferroviário máximo = 5,10 m","m",{"v":37979.94,"d":"37,979.94"}]
[605538,"Bueiro metálico sem interrupção de tráfego - D = 4,00 m - chapa galvanizada - escavado em material de 2ª categoria - aterro rodoviário máximo = 3,10 m","m",{"v":32601.07,"d":"32,601.07"}]
[605829,"Bueiro metálico sem interrupção de tráfego - D = 4,00 m - chapa galvanizada - escavado em material de 3ª categoria - aterro ferroviário máximo = 5,10 m","m",{"v":44696.74,"d":"44,696.74"}]
[605558,"Bueiro metálico sem interrupção de tráfego - D = 4,00 m - chapa galvanizada - escavado em material de 3ª categoria - aterro rodoviário máximo = 3,10 m","m",{"v":39317.88,"d":"39,317.88"}]
[605776,"Bueiro metálico sem interrupção de tráfego - D = 4,20 m - chapa galvanizada - escavado em material de 1ª categoria - aterro ferroviário máximo = 4,80 m","m",{"v":35870.82,"d":"35,870.82"}]
[605519,"Bueiro metálico sem interrupção de tráfego - D = 4,20 m - chapa galvanizada - escavado em material de 1ª categoria - aterro rodoviário máximo = 4,40 m","m",{"v":33450.6,"d":"33,450.60"}]
[605810,"Bueiro metálico sem interrupção de tráfego - D = 4,20 m - chapa galvanizada - escavado em material de 2ª categoria - aterro ferroviário máximo = 4,80 m","m",{"v":40665,"d":"40,665.00"}]
[605539,"Bueiro metálico sem interrupção de tráfego - D = 4,20 m - chapa galvanizada - escavado em material de 2ª categoria - aterro rodoviário máximo = 4,40 m","m",{"v":38244.78,"d":"38,244.78"}]
[605830,"Bueiro metálico sem interrupção de tráfego - D = 4,20 m - chapa galvanizada - escavado em material de 3ª categoria - aterro ferroviário máximo = 4,80 m","m",{"v":48036.74,"d":"48,036.74"}]
[605559,"Bueiro metálico sem interrupção de tráfego - D = 4,20 m - chapa galvanizada - escavado em material de 3ª categoria - aterro rodoviário máximo = 4,40 m","m",{"v":45616.51,"d":"45,616.51"}]
[605777,"Bueiro metálico sem interrupção de tráfego - D = 4,40 m - chapa galvanizada - escavado em material de 1ª categoria - aterro ferroviário máximo = 4,20 m","m",{"v":38296.16,"d":"38,296.16"}]
[605520,"Bueiro metálico sem interrupção de tráfego - D = 4,40 m - chapa galvanizada - escavado em material de 1ª categoria - aterro rodoviário máximo = 4,20 m","m",{"v":35708.63,"d":"35,708.63"}]
[605811,"Bueiro metálico sem interrupção de tráfego - D = 4,40 m - chapa galvanizada - escavado em material de 2ª categoria - aterro ferroviário máximo = 4,20 m","m",{"v":43536.08,"d":"43,536.08"}]
[605540,"Bueiro metálico sem interrupção de tráfego - D = 4,40 m - chapa galvanizada - escavado em material de 2ª categoria - aterro rodoviário máximo = 4,20 m","m",{"v":40948.55,"d":"40,948.55"}]
[605831,"Bueiro metálico sem interrupção de tráfego - D = 4,40 m - chapa galvanizada - escavado em material de 3ª categoria - aterro ferroviário máximo = 4,20 m","m",{"v":51593.2,"d":"51,593.20"}]
[605560,"Bueiro metálico sem interrupção de tráfego - D = 4,40 m - chapa galvanizada - escavado em material de 3ª categoria - aterro rodoviário máximo = 4,20 m","m",{"v":49005.67,"d":"49,005.67"}]
[605778,"Bueiro metálico sem interrupção de tráfego - D = 4,60 m - chapa galvanizada - escavado em material de 1ª categoria - aterro ferroviário máximo = 4,00 m","m",{"v":40612.75,"d":"40,612.75"}]
[605521,"Bueiro metálico sem interrupção de tráfego - D = 4,60 m - chapa galvanizada - escavado em material de 1ª categoria - aterro rodoviário máximo = 4,00 m","m",{"v":37982.26,"d":"37,982.26"}]
[605812,"Bueiro metálico sem interrupção de tráfego - D = 4,60 m - chapa galvanizada - escavado em material de 2ª categoria - aterro ferroviário máximo = 4,00 m","m",{"v":46318.22,"d":"46,318.22"}]
[605541,"Bueiro metálico sem interrupção de tráfego - D = 4,60 m - chapa galvanizada - escavado em material de 2ª categoria - aterro rodoviário máximo = 4,00 m","m",{"v":43687.73,"d":"43,687.73"}]
[605832,"Bueiro metálico sem interrupção de tráfego - D = 4,60 m - chapa galvanizada - escavado em material de 3ª categoria - aterro ferroviário máximo = 4,00 m","m",{"v":55091.19,"d":"55,091.19"}]
[605561,"Bueiro metálico sem interrupção de tráfego - D = 4,60 m - chapa galvanizada - escavado em material de 3ª categoria - aterro rodoviário máximo = 4,00 m","m",{"v":52460.7,"d":"52,460.70"}]
[605779,"Bueiro metálico sem interrupção de tráfego - D = 4,80 m - chapa galvanizada - escavado em material de 1ª categoria - aterro ferroviário máximo = 5,10 m","m",{"v":46930.69,"d":"46,930.69"}]
[605522,"Bueiro metálico sem interrupção de tráfego - D = 4,80 m - chapa galvanizada - escavado em material de 1ª categoria - aterro rodoviário máximo = 5,50 m","m",{"v":42573.07,"d":"42,573.07"}]
[605813,"Bueiro metálico sem interrupção de tráfego - D = 4,80 m - chapa galvanizada - escavado em material de 2ª categoria - aterro ferroviário máximo = 5,10 m","m",{"v":53121.52,"d":"53,121.52"}]
[605542,"Bueiro metálico sem interrupção de tráfego - D = 4,80 m - chapa galvanizada - escavado em material de 2ª categoria - aterro rodoviário máximo = 5,50 m","m",{"v":48763.9,"d":"48,763.90"}]
[605833,"Bueiro metálico sem interrupção de tráfego - D = 4,80 m - chapa galvanizada - escavado em material de 3ª categoria - aterro ferroviário máximo = 5,10 m","m",{"v":62640.8,"d":"62,640.80"}]
[605562,"Bueiro metálico sem interrupção de tráfego - D = 4,80 m - chapa galvanizada - escavado em material de 3ª categoria - aterro rodoviário máximo = 5,50 m","m",{"v":58283.18,"d":"58,283.18"}]
[605780,"Bueiro metálico sem interrupção de tráfego - D = 5,00 m - chapa galvanizada - escavado em material de 1ª categoria - aterro ferroviário máximo = 4,80 m","m",{"v":49664.24,"d":"49,664.24"}]
[605523,"Bueiro metálico sem interrupção de tráfego - D = 5,00 m - chapa galvanizada - escavado em material de 1ª categoria - aterro rodoviário máximo = 5,30 m","m",{"v":45081.36,"d":"45,081.36"}]
[605814,"Bueiro metálico sem interrupção de tráfego - D = 5,00 m - chapa galvanizada - escavado em material de 2ª categoria - aterro ferroviário máximo = 4,80 m","m",{"v":56360.24,"d":"56,360.24"}]
[605543,"Bueiro metálico sem interrupção de tráfego - D = 5,00 m - chapa galvanizada - escavado em material de 2ª categoria - aterro rodoviário máximo = 5,30 m","m",{"v":51777.36,"d":"51,777.36"}]
[605834,"Bueiro metálico sem interrupção de tráfego - D = 5,00 m - chapa galvanizada - escavado em material de 3ª categoria - aterro ferroviário máximo = 4,80 m","m",{"v":66656.3,"d":"66,656.30"}]
[605563,"Bueiro metálico sem interrupção de tráfego - D = 5,00 m - chapa galvanizada - escavado em material de 3ª categoria - aterro rodoviário máximo = 5,30 m","m",{"v":62073.42,"d":"62,073.42"}]
[605606,"Sistema de escoramento telescópico regulável para tunnel liner","m³",14.53]
[705314,"Boca de BDCC 1,50 x 1,50 m - esconsidade 0° - areia e brita comerciais","un",{"v":13623.45,"d":"13,623.45"}]
[705312,"Boca de BDCC 1,50 x 1,50 m - esconsidade 0° - areia extraída e brita produzida","un",{"v":12444.62,"d":"12,444.62"}]
[705316,"Boca de BDCC 1,50 x 1,50 m - esconsidade 15° - areia e brita comerciais","un",{"v":14939.46,"d":"14,939.46"}]
[705315,"Boca de BDCC 1,50 x 1,50 m - esconsidade 15° - areia extraída e brita produzida","un",{"v":13669.64,"d":"13,669.64"}]
[705318,"Boca de BDCC 1,50 x 1,50 m - esconsidade 30° - areia e brita comerciais","un",{"v":15936.51,"d":"15,936.51"}]
[705317,"Boca de BDCC 1,50 x 1,50 m - esconsidade 30° - areia extraída e brita produzida","un",{"v":14505.32,"d":"14,505.32"}]
[705320,"Boca de BDCC 1,50 x 1,50 m - esconsidade 45° - areia e brita comerciais","un",{"v":20003.14,"d":"20,003.14"}]
[705319,"Boca de BDCC 1,50 x 1,50 m - esconsidade 45° - areia extraída e brita produzida","un",{"v":18251.65,"d":"18,251.65"}]
[705322,"Boca de BDCC 2,00 x 2,00 m - esconsidade 0° - areia e brita comerciais","un",{"v":21113.57,"d":"21,113.57"}]
[705321,"Boca de BDCC 2,00 x 2,00 m - esconsidade 0° - areia extraída e brita produzida","un",{"v":19132.57,"d":"19,132.57"}]
[705324,"Boca de BDCC 2,00 x 2,00 m - esconsidade 15° - areia e brita comerciais","un",{"v":23174.82,"d":"23,174.82"}]
[705323,"Boca de BDCC 2,00 x 2,00 m - esconsidade 15° - areia extraída e brita produzida","un",{"v":21054.5,"d":"21,054.50"}]
[705326,"Boca de BDCC 2,00 x 2,00 m - esconsidade 30° - areia e brita comerciais","un",{"v":24883.59,"d":"24,883.59"}]
[705325,"Boca de BDCC 2,00 x 2,00 m - esconsidade 30° - areia extraída e brita produzida","un",{"v":22562.7,"d":"22,562.70"}]
[705328,"Boca de BDCC 2,00 x 2,00 m - esconsidade 45° - areia e brita comerciais","un",{"v":31611.18,"d":"31,611.18"}]
[705327,"Boca de BDCC 2,00 x 2,00 m - esconsidade 45° - areia extraída e brita produzida","un",{"v":28731.83,"d":"28,731.83"}]
[705330,"Boca de BDCC 2,50 x 2,50 m - esconsidade 0° - areia e brita comerciais","un",{"v":29537.87,"d":"29,537.87"}]
[705329,"Boca de BDCC 2,50 x 2,50 m - esconsidade 0° - areia extraída e brita produzida","un",{"v":26655.2,"d":"26,655.20"}]
[705332,"Boca de BDCC 2,50 x 2,50 m - esconsidade 15° - areia e brita comerciais","un",{"v":31949.47,"d":"31,949.47"}]
[705331,"Boca de BDCC 2,50 x 2,50 m - esconsidade 15° - areia extraída e brita produzida","un",{"v":29013.74,"d":"29,013.74"}]
[705334,"Boca de BDCC 2,50 x 2,50 m - esconsidade 30° - areia e brita comerciais","un",{"v":34009.32,"d":"34,009.32"}]
[705333,"Boca de BDCC 2,50 x 2,50 m - esconsidade 30° - areia extraída e brita produzida","un",{"v":31100.84,"d":"31,100.84"}]
[705336,"Boca de BDCC 2,50 x 2,50 m - esconsidade 45° - areia e brita comerciais","un",{"v":45783.18,"d":"45,783.18"}]
[705335,"Boca de BDCC 2,50 x 2,50 m - esconsidade 45° - areia extraída e brita produzida","un",{"v":41728.74,"d":"41,728.74"}]
[705338,"Boca de BDCC 3,00 x 3,00 m - esconsidade 0° - areia e brita comerciais","un",{"v":42731.88,"d":"42,731.88"}]
[705337,"Boca de BDCC 3,00 x 3,00 m - esconsidade 0° - areia extraída e brita produzida","un",{"v":38531.15,"d":"38,531.15"}]
[705340,"Boca de BDCC 3,00 x 3,00 m - esconsidade 15° - areia e brita comerciais","un",{"v":46073.85,"d":"46,073.85"}]
[705339,"Boca de BDCC 3,00 x 3,00 m - esconsidade 15° - areia extraída e brita produzida","un",{"v":41834.94,"d":"41,834.94"}]
[705342,"Boca de BDCC 3,00 x 3,00 m - esconsidade 30° - areia e brita comerciais","un",{"v":52302.26,"d":"52,302.26"}]
[705341,"Boca de BDCC 3,00 x 3,00 m - esconsidade 30° - areia extraída e brita produzida","un",{"v":47587.5,"d":"47,587.50"}]
[705344,"Boca de BDCC 3,00 x 3,00 m - esconsidade 45° - areia e brita comerciais","un",{"v":66313.53,"d":"66,313.53"}]
[705343,"Boca de BDCC 3,00 x 3,00 m - esconsidade 45° - areia extraída e brita produzida","un",{"v":60538.32,"d":"60,538.32"}]
[705225,"Boca de BSCC 1,50 x 1,50 m - esconsidade 0° - areia e brita comerciais","un",{"v":11657.65,"d":"11,657.65"}]
[705224,"Boca de BSCC 1,50 x 1,50 m - esconsidade 0° - areia extraída e brita produzida","un",{"v":10569.41,"d":"10,569.41"}]
[705227,"Boca de BSCC 1,50 x 1,50 m - esconsidade 15° - areia e brita comerciais","un",{"v":12056.89,"d":"12,056.89"}]
[705226,"Boca de BSCC 1,50 x 1,50 m - esconsidade 15° - areia extraída e brita produzida","un",{"v":11062.63,"d":"11,062.63"}]
[705229,"Boca de BSCC 1,50 x 1,50 m - esconsidade 30° - areia e brita comerciais","un",{"v":12989.44,"d":"12,989.44"}]
[705228,"Boca de BSCC 1,50 x 1,50 m - esconsidade 30° - areia extraída e brita produzida","un",{"v":11841.56,"d":"11,841.56"}]
[705231,"Boca de BSCC 1,50 x 1,50 m - esconsidade 45° - areia e brita comerciais","un",{"v":16193.74,"d":"16,193.74"}]
[705230,"Boca de BSCC 1,50 x 1,50 m - esconsidade 45° - areia extraída e brita produzida","un",{"v":14850.12,"d":"14,850.12"}]
[705233,"Boca de BSCC 2,00 x 2,00 m - esconsidade 0° - areia e brita comerciais","un",{"v":18183.24,"d":"18,183.24"}]
[705232,"Boca de BSCC 2,00 x 2,00 m - esconsidade 0° - areia extraída e brita produzida","un",{"v":16452.35,"d":"16,452.35"}]
[705235,"Boca de BSCC 2,00 x 2,00 m - esconsidade 15° - areia e brita comerciais","un",{"v":18683.4,"d":"18,683.40"}]
[705234,"Boca de BSCC 2,00 x 2,00 m - esconsidade 15° - areia extraída e brita produzida","un",{"v":17073.44,"d":"17,073.44"}]
[705237,"Boca de BSCC 2,00 x 2,00 m - esconsidade 30° - areia e brita comerciais","un",{"v":20217.86,"d":"20,217.86"}]
[705236,"Boca de BSCC 2,00 x 2,00 m - esconsidade 30° - areia extraída e brita produzida","un",{"v":18410.9,"d":"18,410.90"}]
[705239,"Boca de BSCC 2,00 x 2,00 m - esconsidade 45° - areia e brita comerciais","un",{"v":25836.59,"d":"25,836.59"}]
[705238,"Boca de BSCC 2,00 x 2,00 m - esconsidade 45° - areia extraída e brita produzida","un",{"v":23577.47,"d":"23,577.47"}]
[705241,"Boca de BSCC 2,50 x 2,50 m - esconsidade 0° - areia e brita comerciais","un",{"v":24588.72,"d":"24,588.72"}]
[705240,"Boca de BSCC 2,50 x 2,50 m - esconsidade 0° - areia extraída e brita produzida","un",{"v":22211.88,"d":"22,211.88"}]
[705243,"Boca de BSCC 2,50 x 2,50 m - esconsidade 15° - areia e brita comerciais","un",{"v":26067.11,"d":"26,067.11"}]
[705242,"Boca de BSCC 2,50 x 2,50 m - esconsidade 15° - areia extraída e brita produzida","un",{"v":23690.79,"d":"23,690.79"}]
[705245,"Boca de BSCC 2,50 x 2,50 m - esconsidade 30° - areia e brita comerciais","un",{"v":28907.24,"d":"28,907.24"}]
[705244,"Boca de BSCC 2,50 x 2,50 m - esconsidade 30° - areia extraída e brita produzida","un",{"v":26372.29,"d":"26,372.29"}]
[705247,"Boca de BSCC 2,50 x 2,50 m - esconsidade 45° - areia e brita comerciais","un",{"v":36644.2,"d":"36,644.20"}]
[705246,"Boca de BSCC 2,50 x 2,50 m - esconsidade 45° - areia extraída e brita produzida","un",{"v":33538.62,"d":"33,538.62"}]
[705249,"Boca de BSCC 3,00 x 3,00 m - esconsidade 0° - areia e brita comerciais","un",{"v":34962.89,"d":"34,962.89"}]
[705248,"Boca de BSCC 3,00 x 3,00 m - esconsidade 0° - areia extraída e brita produzida","un",{"v":31514.99,"d":"31,514.99"}]
[705251,"Boca de BSCC 3,00 x 3,00 m - esconsidade 15° - areia e brita comerciais","un",{"v":37013.41,"d":"37,013.41"}]
[705250,"Boca de BSCC 3,00 x 3,00 m - esconsidade 15° - areia extraída e brita produzida","un",{"v":33565.68,"d":"33,565.68"}]
[705253,"Boca de BSCC 3,00 x 3,00 m - esconsidade 30° - areia e brita comerciais","un",{"v":40490.78,"d":"40,490.78"}]
[705252,"Boca de BSCC 3,00 x 3,00 m - esconsidade 30° - areia extraída e brita produzida","un",{"v":36741.11,"d":"36,741.11"}]
[705255,"Boca de BSCC 3,00 x 3,00 m - esconsidade 45° - areia e brita comerciais","un",{"v":51252.73,"d":"51,252.73"}]
[705254,"Boca de BSCC 3,00 x 3,00 m - esconsidade 45° - areia extraída e brita produzida","un",{"v":46719.32,"d":"46,719.32"}]
[705403,"Boca de BTCC 1,50 x 1,50 m - esconsidade 0° - areia e brita comerciais","un",{"v":17057.3,"d":"17,057.30"}]
[705402,"Boca de BTCC 1,50 x 1,50 m - esconsidade 0° - areia extraída e brita produzida","un",{"v":15478.38,"d":"15,478.38"}]
[705405,"Boca de BTCC 1,50 x 1,50 m - esconsidade 15° - areia e brita comerciais","un",{"v":18445.11,"d":"18,445.11"}]
[705404,"Boca de BTCC 1,50 x 1,50 m - esconsidade 15° - areia extraída e brita produzida","un",{"v":16849.71,"d":"16,849.71"}]
[705407,"Boca de BTCC 1,50 x 1,50 m - esconsidade 30° - areia e brita comerciais","un",{"v":19307.1,"d":"19,307.10"}]
[705406,"Boca de BTCC 1,50 x 1,50 m - esconsidade 30° - areia extraída e brita produzida","un",{"v":17530.04,"d":"17,530.04"}]
[705409,"Boca de BTCC 1,50 x 1,50 m - esconsidade 45° - areia e brita comerciais","un",{"v":24330.57,"d":"24,330.57"}]
[705408,"Boca de BTCC 1,50 x 1,50 m - esconsidade 45° - areia extraída e brita produzida","un",{"v":22141.46,"d":"22,141.46"}]
[705411,"Boca de BTCC 2,00 x 2,00 m - esconsidade 0° - areia e brita comerciais","un",{"v":25907.18,"d":"25,907.18"}]
[705410,"Boca de BTCC 2,00 x 2,00 m - esconsidade 0° - areia extraída e brita produzida","un",{"v":23361.89,"d":"23,361.89"}]
[705413,"Boca de BTCC 2,00 x 2,00 m - esconsidade 15° - areia e brita comerciais","un",{"v":27876.74,"d":"27,876.74"}]
[705412,"Boca de BTCC 2,00 x 2,00 m - esconsidade 15° - areia extraída e brita produzida","un",{"v":25330.94,"d":"25,330.94"}]
[705415,"Boca de BTCC 2,00 x 2,00 m - esconsidade 30° - areia e brita comerciais","un",{"v":30697.79,"d":"30,697.79"}]
[705414,"Boca de BTCC 2,00 x 2,00 m - esconsidade 30° - areia extraída e brita produzida","un",{"v":27829.14,"d":"27,829.14"}]
[705417,"Boca de BTCC 2,00 x 2,00 m - esconsidade 45° - areia e brita comerciais","un",{"v":38906.9,"d":"38,906.90"}]
[705416,"Boca de BTCC 2,00 x 2,00 m - esconsidade 45° - areia extraída e brita produzida","un",{"v":35376.19,"d":"35,376.19"}]
[705419,"Boca de BTCC 2,50 x 2,50 m - esconsidade 0° - areia e brita comerciais","un",{"v":36714.09,"d":"36,714.09"}]
[705418,"Boca de BTCC 2,50 x 2,50 m - esconsidade 0° - areia extraída e brita produzida","un",{"v":33157.48,"d":"33,157.48"}]
[705421,"Boca de BTCC 2,50 x 2,50 m - esconsidade 15° - areia e brita comerciais","un",{"v":39508.27,"d":"39,508.27"}]
[705420,"Boca de BTCC 2,50 x 2,50 m - esconsidade 15° - areia extraída e brita produzida","un",{"v":35937.89,"d":"35,937.89"}]
[705423,"Boca de BTCC 2,50 x 2,50 m - esconsidade 30° - areia e brita comerciais","un",{"v":44980.5,"d":"44,980.50"}]
[705422,"Boca de BTCC 2,50 x 2,50 m - esconsidade 30° - areia extraída e brita produzida","un",{"v":40985.59,"d":"40,985.59"}]
[705425,"Boca de BTCC 2,50 x 2,50 m - esconsidade 45° - areia e brita comerciais","un",{"v":56978.01,"d":"56,978.01"}]
[705424,"Boca de BTCC 2,50 x 2,50 m - esconsidade 45° - areia extraída e brita produzida","un",{"v":52076.09,"d":"52,076.09"}]
[705427,"Boca de BTCC 3,00 x 3,00 m - esconsidade 0° - areia e brita comerciais","un",{"v":51926.1,"d":"51,926.10"}]
[705426,"Boca de BTCC 3,00 x 3,00 m - esconsidade 0° - areia extraída e brita produzida","un",{"v":46781.69,"d":"46,781.69"}]
[705429,"Boca de BTCC 3,00 x 3,00 m - esconsidade 15° - areia e brita comerciais","un",{"v":53725.06,"d":"53,725.06"}]
[705428,"Boca de BTCC 3,00 x 3,00 m - esconsidade 15° - areia extraída e brita produzida","un",{"v":48668.12,"d":"48,668.12"}]
[705431,"Boca de BTCC 3,00 x 3,00 m - esconsidade 30° - areia e brita comerciais","un",{"v":64730.44,"d":"64,730.44"}]
[705430,"Boca de BTCC 3,00 x 3,00 m - esconsidade 30° - areia extraída e brita produzida","un",{"v":59087.02,"d":"59,087.02"}]
[705433,"Boca de BTCC 3,00 x 3,00 m - esconsidade 45° - areia e brita comerciais","un",{"v":82114.55,"d":"82,114.55"}]
[705432,"Boca de BTCC 3,00 x 3,00 m - esconsidade 45° - areia extraída e brita produzida","un",{"v":75124.68,"d":"75,124.68"}]
[705257,"Corpo de BDCC 1,50 x 1,50 m - moldado no local - altura do aterro 0,00 a 1,00 m - areia e brita comerciais","m",{"v":4049.2,"d":"4,049.20"}]
[705256,"Corpo de BDCC 1,50 x 1,50 m - moldado no local - altura do aterro 0,00 a 1,00 m - areia extraída e brita produzida","m",{"v":3729.13,"d":"3,729.13"}]
[705259,"Corpo de BDCC 1,50 x 1,50 m - moldado no local - altura do aterro 1,00 a 2,50 m - areia e brita comerciais","m",{"v":3525.2,"d":"3,525.20"}]
[705258,"Corpo de BDCC 1,50 x 1,50 m - moldado no local - altura do aterro 1,00 a 2,50 m - areia extraída e brita produzida","m",{"v":3205.13,"d":"3,205.13"}]
[705267,"Corpo de BDCC 1,50 x 1,50 m - moldado no local - altura do aterro 10,00 a 12,50 m - areia e brita comerciais","m",{"v":5090.42,"d":"5,090.42"}]
[705266,"Corpo de BDCC 1,50 x 1,50 m - moldado no local - altura do aterro 10,00 a 12,50 m - areia extraída e brita produzida","m",{"v":4666.56,"d":"4,666.56"}]
[705269,"Corpo de BDCC 1,50 x 1,50 m - moldado no local - altura do aterro 12,50 a 15,00 m - areia e brita comerciais","m",{"v":5346.53,"d":"5,346.53"}]
[705268,"Corpo de BDCC 1,50 x 1,50 m - moldado no local - altura do aterro 12,50 a 15,00 m - areia extraída e brita produzida","m",{"v":4922.66,"d":"4,922.66"}]
[705261,"Corpo de BDCC 1,50 x 1,50 m - moldado no local - altura do aterro 2,50 a 5,00 m - areia e brita comerciais","m",{"v":3768.89,"d":"3,768.89"}]
[705260,"Corpo de BDCC 1,50 x 1,50 m - moldado no local - altura do aterro 2,50 a 5,00 m - areia extraída e brita produzida","m",{"v":3448.81,"d":"3,448.81"}]
[705263,"Corpo de BDCC 1,50 x 1,50 m - moldado no local - altura do aterro 5,00 a 7,50 m - areia e brita comerciais","m",{"v":4250.54,"d":"4,250.54"}]
[705262,"Corpo de BDCC 1,50 x 1,50 m - moldado no local - altura do aterro 5,00 a 7,50 m - areia extraída e brita produzida","m",{"v":3930.46,"d":"3,930.46"}]
[705265,"Corpo de BDCC 1,50 x 1,50 m - moldado no local - altura do aterro 7,50 a 10,00 m - areia e brita comerciais","m",{"v":4664.51,"d":"4,664.51"}]
[705264,"Corpo de BDCC 1,50 x 1,50 m - moldado no local - altura do aterro 7,50 a 10,00 m - areia extraída e brita produzida","m",{"v":4344.43,"d":"4,344.43"}]
[705271,"Corpo de BDCC 2,00 x 2,00 m - moldado no local - altura do aterro 0,00 a 1,00 m - areia e brita comerciais","m",{"v":5811.93,"d":"5,811.93"}]
[705270,"Corpo de BDCC 2,00 x 2,00 m - moldado no local - altura do aterro 0,00 a 1,00 m - areia extraída e brita produzida","m",{"v":5398.13,"d":"5,398.13"}]
[705273,"Corpo de BDCC 2,00 x 2,00 m - moldado no local - altura do aterro 1,00 a 2,50 m - areia e brita comerciais","m",{"v":5170.45,"d":"5,170.45"}]
[705272,"Corpo de BDCC 2,00 x 2,00 m - moldado no local - altura do aterro 1,00 a 2,50 m - areia extraída e brita produzida","m",{"v":4756.65,"d":"4,756.65"}]
[705281,"Corpo de BDCC 2,00 x 2,00 m - moldado no local - altura do aterro 10,00 a 12,50 m - areia e brita comerciais","m",{"v":7984.43,"d":"7,984.43"}]
[705280,"Corpo de BDCC 2,00 x 2,00 m - moldado no local - altura do aterro 10,00 a 12,50 m - areia extraída e brita produzida","m",{"v":7316.81,"d":"7,316.81"}]
[705283,"Corpo de BDCC 2,00 x 2,00 m - moldado no local - altura do aterro 12,50 a 15,00 m - areia e brita comerciais","m",{"v":8185.15,"d":"8,185.15"}]
[705282,"Corpo de BDCC 2,00 x 2,00 m - moldado no local - altura do aterro 12,50 a 15,00 m - areia extraída e brita produzida","m",{"v":7517.53,"d":"7,517.53"}]
[705275,"Corpo de BDCC 2,00 x 2,00 m - moldado no local - altura do aterro 2,50 a 5,00 m - areia e brita comerciais","m",{"v":5801.18,"d":"5,801.18"}]
[705274,"Corpo de BDCC 2,00 x 2,00 m - moldado no local - altura do aterro 2,50 a 5,00 m - areia extraída e brita produzida","m",{"v":5387.38,"d":"5,387.38"}]
[705277,"Corpo de BDCC 2,00 x 2,00 m - moldado no local - altura do aterro 5,00 a 7,50 m - areia e brita comerciais","m",{"v":6524.64,"d":"6,524.64"}]
[705276,"Corpo de BDCC 2,00 x 2,00 m - moldado no local - altura do aterro 5,00 a 7,50 m - areia extraída e brita produzida","m",{"v":5983.21,"d":"5,983.21"}]
[705279,"Corpo de BDCC 2,00 x 2,00 m - moldado no local - altura do aterro 7,50 a 10,00 m - areia e brita comerciais","m",{"v":7407.61,"d":"7,407.61"}]
[705278,"Corpo de BDCC 2,00 x 2,00 m - moldado no local - altura do aterro 7,50 a 10,00 m - areia extraída e brita produzida","m",{"v":6866.18,"d":"6,866.18"}]
[705285,"Corpo de BDCC 2,50 x 2,50 m - moldado no local - altura do aterro 0,00 a 1,00 m - areia e brita comerciais","m",{"v":7469.5,"d":"7,469.50"}]
[705284,"Corpo de BDCC 2,50 x 2,50 m - moldado no local - altura do aterro 0,00 a 1,00 m - areia extraída e brita produzida","m",{"v":6949.36,"d":"6,949.36"}]
[705287,"Corpo de BDCC 2,50 x 2,50 m - moldado no local - altura do aterro 1,00 a 2,50 m - areia e brita comerciais","m",{"v":6835.33,"d":"6,835.33"}]
[705286,"Corpo de BDCC 2,50 x 2,50 m - moldado no local - altura do aterro 1,00 a 2,50 m - areia extraída e brita produzida","m",{"v":6315.19,"d":"6,315.19"}]
[705295,"Corpo de BDCC 2,50 x 2,50 m - moldado no local - altura do aterro 10,00 a 12,50 m - areia e brita comerciais","m",{"v":10454.88,"d":"10,454.88"}]
[705294,"Corpo de BDCC 2,50 x 2,50 m - moldado no local - altura do aterro 10,00 a 12,50 m - areia extraída e brita produzida","m",{"v":9651.44,"d":"9,651.44"}]
[705297,"Corpo de BDCC 2,50 x 2,50 m - moldado no local - altura do aterro 12,50 a 15,00 m - areia e brita comerciais","m",{"v":11285.47,"d":"11,285.47"}]
[705296,"Corpo de BDCC 2,50 x 2,50 m - moldado no local - altura do aterro 12,50 a 15,00 m - areia extraída e brita produzida","m",{"v":10482.03,"d":"10,482.03"}]
[705289,"Corpo de BDCC 2,50 x 2,50 m - moldado no local - altura do aterro 2,50 a 5,00 m - areia e brita comerciais","m",{"v":7720.15,"d":"7,720.15"}]
[705288,"Corpo de BDCC 2,50 x 2,50 m - moldado no local - altura do aterro 2,50 a 5,00 m - areia extraída e brita produzida","m",{"v":7061.14,"d":"7,061.14"}]
[705291,"Corpo de BDCC 2,50 x 2,50 m - moldado no local - altura do aterro 5,00 a 7,50 m - areia e brita comerciais","m",{"v":8782.99,"d":"8,782.99"}]
[705290,"Corpo de BDCC 2,50 x 2,50 m - moldado no local - altura do aterro 5,00 a 7,50 m - areia extraída e brita produzida","m",{"v":8123.99,"d":"8,123.99"}]
[705293,"Corpo de BDCC 2,50 x 2,50 m - moldado no local - altura do aterro 7,50 a 10,00 m - areia e brita comerciais","m",{"v":9478.08,"d":"9,478.08"}]
[705292,"Corpo de BDCC 2,50 x 2,50 m - moldado no local - altura do aterro 7,50 a 10,00 m - areia extraída e brita produzida","m",{"v":8674.65,"d":"8,674.65"}]
[705299,"Corpo de BDCC 3,00 x 3,00 m - moldado no local - altura do aterro 0,00 a 1,00 m - areia e brita comerciais","m",{"v":9601.28,"d":"9,601.28"}]
[705298,"Corpo de BDCC 3,00 x 3,00 m - moldado no local - altura do aterro 0,00 a 1,00 m - areia extraída e brita produzida","m",{"v":8824.7,"d":"8,824.70"}]
[705301,"Corpo de BDCC 3,00 x 3,00 m - moldado no local - altura do aterro 1,00 a 2,50 m - areia e brita comerciais","m",{"v":8997.16,"d":"8,997.16"}]
[705300,"Corpo de BDCC 3,00 x 3,00 m - moldado no local - altura do aterro 1,00 a 2,50 m - areia extraída e brita produzida","m",{"v":8220.58,"d":"8,220.58"}]
[705309,"Corpo de BDCC 3,00 x 3,00 m - moldado no local - altura do aterro 10,00 a 12,50 m - areia e brita comerciais","m",{"v":14503.86,"d":"14,503.86"}]
[705308,"Corpo de BDCC 3,00 x 3,00 m - moldado no local - altura do aterro 10,00 a 12,50 m - areia extraída e brita produzida","m",{"v":13341.57,"d":"13,341.57"}]
[705311,"Corpo de BDCC 3,00 x 3,00 m - moldado no local - altura do aterro 12,50 a 15,00 m - areia e brita comerciais","m",{"v":14408.95,"d":"14,408.95"}]
[705310,"Corpo de BDCC 3,00 x 3,00 m - moldado no local - altura do aterro 12,50 a 15,00 m - areia extraída e brita produzida","m",{"v":13246.65,"d":"13,246.65"}]
[705303,"Corpo de BDCC 3,00 x 3,00 m - moldado no local - altura do aterro 2,50 a 5,00 m - areia e brita comerciais","m",{"v":9682.49,"d":"9,682.49"}]
[705302,"Corpo de BDCC 3,00 x 3,00 m - moldado no local - altura do aterro 2,50 a 5,00 m - areia extraída e brita produzida","m",{"v":8736.23,"d":"8,736.23"}]
[705305,"Corpo de BDCC 3,00 x 3,00 m - moldado no local - altura do aterro 5,00 a 7,50 m - areia e brita comerciais","m",{"v":11777.43,"d":"11,777.43"}]
[705304,"Corpo de BDCC 3,00 x 3,00 m - moldado no local - altura do aterro 5,00 a 7,50 m - areia extraída e brita produzida","m",{"v":10831.17,"d":"10,831.17"}]
[705307,"Corpo de BDCC 3,00 x 3,00 m - moldado no local - altura do aterro 7,50 a 10,00 m - areia e brita comerciais","m",{"v":12994.84,"d":"12,994.84"}]
[705306,"Corpo de BDCC 3,00 x 3,00 m - moldado no local - altura do aterro 7,50 a 10,00 m - areia extraída e brita produzida","m",{"v":11832.55,"d":"11,832.55"}]
[705169,"Corpo de BSCC 1,50 x 1,50 m - moldado no local - altura do aterro 0,00 a 1,00 m - areia e brita comerciais","m",{"v":2428.93,"d":"2,428.93"}]
[705168,"Corpo de BSCC 1,50 x 1,50 m - moldado no local - altura do aterro 0,00 a 1,00 m - areia extraída e brita produzida","m",{"v":2249.46,"d":"2,249.46"}]
[705171,"Corpo de BSCC 1,50 x 1,50 m - moldado no local - altura do aterro 1,00 a 2,50 m - areia e brita comerciais","m",{"v":2150.5,"d":"2,150.50"}]
[705170,"Corpo de BSCC 1,50 x 1,50 m - moldado no local - altura do aterro 1,00 a 2,50 m - areia extraída e brita produzida","m",{"v":1971.04,"d":"1,971.04"}]
[705179,"Corpo de BSCC 1,50 x 1,50 m - moldado no local - altura do aterro 10,00 a 12,50 m - areia e brita comerciais","m",{"v":3053.53,"d":"3,053.53"}]
[705178,"Corpo de BSCC 1,50 x 1,50 m - moldado no local - altura do aterro 10,00 a 12,50 m - areia extraída e brita produzida","m",{"v":2816.58,"d":"2,816.58"}]
[705181,"Corpo de BSCC 1,50 x 1,50 m - moldado no local - altura do aterro 12,50 a 15,00 m - areia e brita comerciais","m",{"v":3190.19,"d":"3,190.19"}]
[705180,"Corpo de BSCC 1,50 x 1,50 m - moldado no local - altura do aterro 12,50 a 15,00 m - areia extraída e brita produzida","m",{"v":2953.24,"d":"2,953.24"}]
[705173,"Corpo de BSCC 1,50 x 1,50 m - moldado no local - altura do aterro 2,50 a 5,00 m - areia e brita comerciais","m",{"v":2344.69,"d":"2,344.69"}]
[705172,"Corpo de BSCC 1,50 x 1,50 m - moldado no local - altura do aterro 2,50 a 5,00 m - areia extraída e brita produzida","m",{"v":2165.22,"d":"2,165.22"}]
[705175,"Corpo de BSCC 1,50 x 1,50 m - moldado no local - altura do aterro 5,00 a 7,50 m - areia e brita comerciais","m",{"v":2612.18,"d":"2,612.18"}]
[705174,"Corpo de BSCC 1,50 x 1,50 m - moldado no local - altura do aterro 5,00 a 7,50 m - areia extraída e brita produzida","m",{"v":2432.71,"d":"2,432.71"}]
[705177,"Corpo de BSCC 1,50 x 1,50 m - moldado no local - altura do aterro 7,50 a 10,00 m - areia e brita comerciais","m",{"v":2940.22,"d":"2,940.22"}]
[705176,"Corpo de BSCC 1,50 x 1,50 m - moldado no local - altura do aterro 7,50 a 10,00 m - areia extraída e brita produzida","m",{"v":2703.27,"d":"2,703.27"}]
[705183,"Corpo de BSCC 2,00 x 2,00 m - moldado no local - altura do aterro 0,00 a 1,00 m - areia e brita comerciais","m",{"v":3389.54,"d":"3,389.54"}]
[705182,"Corpo de BSCC 2,00 x 2,00 m - moldado no local - altura do aterro 0,00 a 1,00 m - areia extraída e brita produzida","m",{"v":3158.88,"d":"3,158.88"}]
[705185,"Corpo de BSCC 2,00 x 2,00 m - moldado no local - altura do aterro 1,00 a 2,50 m - areia e brita comerciais","m",{"v":3066.82,"d":"3,066.82"}]
[705184,"Corpo de BSCC 2,00 x 2,00 m - moldado no local - altura do aterro 1,00 a 2,50 m - areia extraída e brita produzida","m",{"v":2836.16,"d":"2,836.16"}]
[705193,"Corpo de BSCC 2,00 x 2,00 m - moldado no local - altura do aterro 10,00 a 12,50 m - areia e brita comerciais","m",{"v":4650.94,"d":"4,650.94"}]
[705192,"Corpo de BSCC 2,00 x 2,00 m - moldado no local - altura do aterro 10,00 a 12,50 m - areia extraída e brita produzida","m",{"v":4278.66,"d":"4,278.66"}]
[705195,"Corpo de BSCC 2,00 x 2,00 m - moldado no local - altura do aterro 12,50 a 15,00 m - areia e brita comerciais","m",{"v":4978.54,"d":"4,978.54"}]
[705194,"Corpo de BSCC 2,00 x 2,00 m - moldado no local - altura do aterro 12,50 a 15,00 m - areia extraída e brita produzida","m",{"v":4606.25,"d":"4,606.25"}]
[705187,"Corpo de BSCC 2,00 x 2,00 m - moldado no local - altura do aterro 2,50 a 5,00 m - areia e brita comerciais","m",{"v":3480.43,"d":"3,480.43"}]
[705186,"Corpo de BSCC 2,00 x 2,00 m - moldado no local - altura do aterro 2,50 a 5,00 m - areia extraída e brita produzida","m",{"v":3178.26,"d":"3,178.26"}]
[705189,"Corpo de BSCC 2,00 x 2,00 m - moldado no local - altura do aterro 5,00 a 7,50 m - areia e brita comerciais","m",{"v":3906.06,"d":"3,906.06"}]
[705188,"Corpo de BSCC 2,00 x 2,00 m - moldado no local - altura do aterro 5,00 a 7,50 m - areia extraída e brita produzida","m",{"v":3603.88,"d":"3,603.88"}]
[705191,"Corpo de BSCC 2,00 x 2,00 m - moldado no local - altura do aterro 7,50 a 10,00 m - areia e brita comerciais","m",{"v":4279.55,"d":"4,279.55"}]
[705190,"Corpo de BSCC 2,00 x 2,00 m - moldado no local - altura do aterro 7,50 a 10,00 m - areia extraída e brita produzida","m",{"v":3907.26,"d":"3,907.26"}]
[705197,"Corpo de BSCC 2,50 x 2,50 m - moldado no local - altura do aterro 0,00 a 1,00 m - areia e brita comerciais","m",{"v":4621.1,"d":"4,621.10"}]
[705196,"Corpo de BSCC 2,50 x 2,50 m - moldado no local - altura do aterro 0,00 a 1,00 m - areia extraída e brita produzida","m",{"v":4252.54,"d":"4,252.54"}]
[705199,"Corpo de BSCC 2,50 x 2,50 m - moldado no local - altura do aterro 1,00 a 2,50 m - areia e brita comerciais","m",{"v":4376.96,"d":"4,376.96"}]
[705198,"Corpo de BSCC 2,50 x 2,50 m - moldado no local - altura do aterro 1,00 a 2,50 m - areia extraída e brita produzida","m",{"v":4008.41,"d":"4,008.41"}]
[705207,"Corpo de BSCC 2,50 x 2,50 m - moldado no local - altura do aterro 10,00 a 12,50 m - areia e brita comerciais","m",{"v":6576.84,"d":"6,576.84"}]
[705206,"Corpo de BSCC 2,50 x 2,50 m - moldado no local - altura do aterro 10,00 a 12,50 m - areia extraída e brita produzida","m",{"v":6027.38,"d":"6,027.38"}]
[705209,"Corpo de BSCC 2,50 x 2,50 m - moldado no local - altura do aterro 12,50 a 15,00 m - areia e brita comerciais","m",{"v":7460.09,"d":"7,460.09"}]
[705208,"Corpo de BSCC 2,50 x 2,50 m - moldado no local - altura do aterro 12,50 a 15,00 m - areia extraída e brita produzida","m",{"v":6819.47,"d":"6,819.47"}]
[705201,"Corpo de BSCC 2,50 x 2,50 m - moldado no local - altura do aterro 2,50 a 5,00 m - areia e brita comerciais","m",{"v":5018.62,"d":"5,018.62"}]
[705200,"Corpo de BSCC 2,50 x 2,50 m - moldado no local - altura do aterro 2,50 a 5,00 m - areia extraída e brita produzida","m",{"v":4650.07,"d":"4,650.07"}]
[705203,"Corpo de BSCC 2,50 x 2,50 m - moldado no local - altura do aterro 5,00 a 7,50 m - areia e brita comerciais","m",{"v":5515.01,"d":"5,515.01"}]
[705202,"Corpo de BSCC 2,50 x 2,50 m - moldado no local - altura do aterro 5,00 a 7,50 m - areia extraída e brita produzida","m",{"v":5062.32,"d":"5,062.32"}]
[705205,"Corpo de BSCC 2,50 x 2,50 m - moldado no local - altura do aterro 7,50 a 10,00 m - areia e brita comerciais","m",{"v":6029.25,"d":"6,029.25"}]
[705204,"Corpo de BSCC 2,50 x 2,50 m - moldado no local - altura do aterro 7,50 a 10,00 m - areia extraída e brita produzida","m",{"v":5576.56,"d":"5,576.56"}]
[705211,"Corpo de BSCC 3,00 x 3,00 m - moldado no local - altura do aterro 0,00 a 1,00 m - areia e brita comerciais","m",{"v":5899.65,"d":"5,899.65"}]
[705210,"Corpo de BSCC 3,00 x 3,00 m - moldado no local - altura do aterro 0,00 a 1,00 m - areia extraída e brita produzida","m",{"v":5367.71,"d":"5,367.71"}]
[705213,"Corpo de BSCC 3,00 x 3,00 m - moldado no local - altura do aterro 1,00 a 2,50 m - areia e brita comerciais","m",{"v":5826.21,"d":"5,826.21"}]
[705212,"Corpo de BSCC 3,00 x 3,00 m - moldado no local - altura do aterro 1,00 a 2,50 m - areia extraída e brita produzida","m",{"v":5294.26,"d":"5,294.26"}]
[705221,"Corpo de BSCC 3,00 x 3,00 m - moldado no local - altura do aterro 10,00 a 12,50 m - areia e brita comerciais","m",{"v":9038.88,"d":"9,038.88"}]
[705220,"Corpo de BSCC 3,00 x 3,00 m - moldado no local - altura do aterro 10,00 a 12,50 m - areia extraída e brita produzida","m",{"v":8290.95,"d":"8,290.95"}]
[705223,"Corpo de BSCC 3,00 x 3,00 m - moldado no local - altura do aterro 12,50 a 15,00 m - areia e brita comerciais","m",{"v":9766.53,"d":"9,766.53"}]
[705222,"Corpo de BSCC 3,00 x 3,00 m - moldado no local - altura do aterro 12,50 a 15,00 m - areia extraída e brita produzida","m",{"v":8904.99,"d":"8,904.99"}]
[705215,"Corpo de BSCC 3,00 x 3,00 m - moldado no local - altura do aterro 2,50 a 5,00 m - areia e brita comerciais","m",{"v":6897.15,"d":"6,897.15"}]
[705214,"Corpo de BSCC 3,00 x 3,00 m - moldado no local - altura do aterro 2,50 a 5,00 m - areia extraída e brita produzida","m",{"v":6253,"d":"6,253.00"}]
[705217,"Corpo de BSCC 3,00 x 3,00 m - moldado no local - altura do aterro 5,00 a 7,50 m - areia e brita comerciais","m",{"v":7656.36,"d":"7,656.36"}]
[705216,"Corpo de BSCC 3,00 x 3,00 m - moldado no local - altura do aterro 5,00 a 7,50 m - areia extraída e brita produzida","m",{"v":7012.21,"d":"7,012.21"}]
[705219,"Corpo de BSCC 3,00 x 3,00 m - moldado no local - altura do aterro 7,50 a 10,00 m - areia e brita comerciais","m",{"v":8336.34,"d":"8,336.34"}]
[705218,"Corpo de BSCC 3,00 x 3,00 m - moldado no local - altura do aterro 7,50 a 10,00 m - areia extraída e brita produzida","m",{"v":7588.41,"d":"7,588.41"}]
[705346,"Corpo de BTCC 1,50 x 1,50 m - moldado no local - altura do aterro 0,00 a 1,00 m - areia e brita comerciais","m",{"v":5566.43,"d":"5,566.43"}]
[705345,"Corpo de BTCC 1,50 x 1,50 m - moldado no local - altura do aterro 0,00 a 1,00 m - areia extraída e brita produzida","m",{"v":5105.94,"d":"5,105.94"}]
[705348,"Corpo de BTCC 1,50 x 1,50 m - moldado no local - altura do aterro 1,00 a 2,50 m - areia e brita comerciais","m",{"v":5002.05,"d":"5,002.05"}]
[705347,"Corpo de BTCC 1,50 x 1,50 m - moldado no local - altura do aterro 1,00 a 2,50 m - areia extraída e brita produzida","m",{"v":4541.56,"d":"4,541.56"}]
[705356,"Corpo de BTCC 1,50 x 1,50 m - moldado no local - altura do aterro 10,00 a 12,50 m - areia e brita comerciais","m",{"v":7410.84,"d":"7,410.84"}]
[705355,"Corpo de BTCC 1,50 x 1,50 m - moldado no local - altura do aterro 10,00 a 12,50 m - areia extraída e brita produzida","m",{"v":6797.5,"d":"6,797.50"}]
[705358,"Corpo de BTCC 1,50 x 1,50 m - moldado no local - altura do aterro 12,50 a 15,00 m - areia e brita comerciais","m",{"v":7525.25,"d":"7,525.25"}]
[705357,"Corpo de BTCC 1,50 x 1,50 m - moldado no local - altura do aterro 12,50 a 15,00 m - areia extraída e brita produzida","m",{"v":6911.92,"d":"6,911.92"}]
[705350,"Corpo de BTCC 1,50 x 1,50 m - moldado no local - altura do aterro 2,50 a 5,00 m - areia e brita comerciais","m",{"v":5463.33,"d":"5,463.33"}]
[705349,"Corpo de BTCC 1,50 x 1,50 m - moldado no local - altura do aterro 2,50 a 5,00 m - areia extraída e brita produzida","m",{"v":5002.84,"d":"5,002.84"}]
[705352,"Corpo de BTCC 1,50 x 1,50 m - moldado no local - altura do aterro 5,00 a 7,50 m - areia e brita comerciais","m",{"v":5857.31,"d":"5,857.31"}]
[705351,"Corpo de BTCC 1,50 x 1,50 m - moldado no local - altura do aterro 5,00 a 7,50 m - areia extraída e brita produzida","m",{"v":5396.82,"d":"5,396.82"}]
[705354,"Corpo de BTCC 1,50 x 1,50 m - moldado no local - altura do aterro 7,50 a 10,00 m - areia e brita comerciais","m",{"v":6452.86,"d":"6,452.86"}]
[705353,"Corpo de BTCC 1,50 x 1,50 m - moldado no local - altura do aterro 7,50 a 10,00 m - areia extraída e brita produzida","m",{"v":5992.37,"d":"5,992.37"}]
[705360,"Corpo de BTCC 2,00 x 2,00 m - moldado no local - altura do aterro 0,00 a 1,00 m - areia e brita comerciais","m",{"v":7994.96,"d":"7,994.96"}]
[705359,"Corpo de BTCC 2,00 x 2,00 m - moldado no local - altura do aterro 0,00 a 1,00 m - areia extraída e brita produzida","m",{"v":7400.79,"d":"7,400.79"}]
[705362,"Corpo de BTCC 2,00 x 2,00 m - moldado no local - altura do aterro 1,00 a 2,50 m - areia e brita comerciais","m",{"v":7266.69,"d":"7,266.69"}]
[705361,"Corpo de BTCC 2,00 x 2,00 m - moldado no local - altura do aterro 1,00 a 2,50 m - areia extraída e brita produzida","m",{"v":6672.52,"d":"6,672.52"}]
[705370,"Corpo de BTCC 2,00 x 2,00 m - moldado no local - altura do aterro 10,00 a 12,50 m - areia e brita comerciais","m",{"v":10869.55,"d":"10,869.55"}]
[705369,"Corpo de BTCC 2,00 x 2,00 m - moldado no local - altura do aterro 10,00 a 12,50 m - areia extraída e brita produzida","m",{"v":9919.17,"d":"9,919.17"}]
[705372,"Corpo de BTCC 2,00 x 2,00 m - moldado no local - altura do aterro 12,50 a 15,00 m - areia e brita comerciais","m",{"v":11582.72,"d":"11,582.72"}]
[705371,"Corpo de BTCC 2,00 x 2,00 m - moldado no local - altura do aterro 12,50 a 15,00 m - areia extraída e brita produzida","m",{"v":10632.34,"d":"10,632.34"}]
[705364,"Corpo de BTCC 2,00 x 2,00 m - moldado no local - altura do aterro 2,50 a 5,00 m - areia e brita comerciais","m",{"v":8240.79,"d":"8,240.79"}]
[705363,"Corpo de BTCC 2,00 x 2,00 m - moldado no local - altura do aterro 2,50 a 5,00 m - areia extraída e brita produzida","m",{"v":7646.61,"d":"7,646.61"}]
[705366,"Corpo de BTCC 2,00 x 2,00 m - moldado no local - altura do aterro 5,00 a 7,50 m - areia e brita comerciais","m",{"v":9002.87,"d":"9,002.87"}]
[705365,"Corpo de BTCC 2,00 x 2,00 m - moldado no local - altura do aterro 5,00 a 7,50 m - areia extraída e brita produzida","m",{"v":8220.77,"d":"8,220.77"}]
[705368,"Corpo de BTCC 2,00 x 2,00 m - moldado no local - altura do aterro 7,50 a 10,00 m - areia e brita comerciais","m",{"v":10104.6,"d":"10,104.60"}]
[705367,"Corpo de BTCC 2,00 x 2,00 m - moldado no local - altura do aterro 7,50 a 10,00 m - areia extraída e brita produzida","m",{"v":9322.5,"d":"9,322.50"}]
[705374,"Corpo de BTCC 2,50 x 2,50 m - moldado no local - altura do aterro 0,00 a 1,00 m - areia e brita comerciais","m",{"v":10555.71,"d":"10,555.71"}]
[705373,"Corpo de BTCC 2,50 x 2,50 m - moldado no local - altura do aterro 0,00 a 1,00 m - areia extraída e brita produzida","m",{"v":9801.43,"d":"9,801.43"}]
[705376,"Corpo de BTCC 2,50 x 2,50 m - moldado no local - altura do aterro 1,00 a 2,50 m - areia e brita comerciais","m",{"v":9449.52,"d":"9,449.52"}]
[705375,"Corpo de BTCC 2,50 x 2,50 m - moldado no local - altura do aterro 1,00 a 2,50 m - areia extraída e brita produzida","m",{"v":8695.25,"d":"8,695.25"}]
[705384,"Corpo de BTCC 2,50 x 2,50 m - moldado no local - altura do aterro 10,00 a 12,50 m - areia e brita comerciais","m",{"v":14384.81,"d":"14,384.81"}]
[705383,"Corpo de BTCC 2,50 x 2,50 m - moldado no local - altura do aterro 10,00 a 12,50 m - areia extraída e brita produzida","m",{"v":13229.43,"d":"13,229.43"}]
[705386,"Corpo de BTCC 2,50 x 2,50 m - moldado no local - altura do aterro 12,50 a 15,00 m - areia e brita comerciais","m",{"v":15517.14,"d":"15,517.14"}]
[705385,"Corpo de BTCC 2,50 x 2,50 m - moldado no local - altura do aterro 12,50 a 15,00 m - areia extraída e brita produzida","m",{"v":14361.77,"d":"14,361.77"}]
[705378,"Corpo de BTCC 2,50 x 2,50 m - moldado no local - altura do aterro 2,50 a 5,00 m - areia e brita comerciais","m",{"v":10742.96,"d":"10,742.96"}]
[705377,"Corpo de BTCC 2,50 x 2,50 m - moldado no local - altura do aterro 2,50 a 5,00 m - areia extraída e brita produzida","m",{"v":9790.94,"d":"9,790.94"}]
[705380,"Corpo de BTCC 2,50 x 2,50 m - moldado no local - altura do aterro 5,00 a 7,50 m - areia e brita comerciais","m",{"v":12203.56,"d":"12,203.56"}]
[705379,"Corpo de BTCC 2,50 x 2,50 m - moldado no local - altura do aterro 5,00 a 7,50 m - areia extraída e brita produzida","m",{"v":11251.54,"d":"11,251.54"}]
[705382,"Corpo de BTCC 2,50 x 2,50 m - moldado no local - altura do aterro 7,50 a 10,00 m - areia e brita comerciais","m",{"v":13444.77,"d":"13,444.77"}]
[705381,"Corpo de BTCC 2,50 x 2,50 m - moldado no local - altura do aterro 7,50 a 10,00 m - areia extraída e brita produzida","m",{"v":12289.39,"d":"12,289.39"}]
[705388,"Corpo de BTCC 3,00 x 3,00 m - moldado no local - altura do aterro 0,00 a 1,00 m - areia e brita comerciais","m",{"v":13250.95,"d":"13,250.95"}]
[705387,"Corpo de BTCC 3,00 x 3,00 m - moldado no local - altura do aterro 0,00 a 1,00 m - areia extraída e brita produzida","m",{"v":12130.17,"d":"12,130.17"}]
[705390,"Corpo de BTCC 3,00 x 3,00 m - moldado no local - altura do aterro 1,00 a 2,50 m - areia e brita comerciais","m",{"v":12468.42,"d":"12,468.42"}]
[705389,"Corpo de BTCC 3,00 x 3,00 m - moldado no local - altura do aterro 1,00 a 2,50 m - areia extraída e brita produzida","m",{"v":11347.63,"d":"11,347.63"}]
[705399,"Corpo de BTCC 3,00 x 3,00 m - moldado no local - altura do aterro 10,00 a 12,50 m - areia e brita comerciais","m",{"v":19284.22,"d":"19,284.22"}]
[705398,"Corpo de BTCC 3,00 x 3,00 m - moldado no local - altura do aterro 10,00 a 12,50 m - areia extraída e brita produzida","m",{"v":17602.38,"d":"17,602.38"}]
[705401,"Corpo de BTCC 3,00 x 3,00 m - moldado no local - altura do aterro 12,50 a 15,00 m - areia e brita comerciais","m",{"v":20817.72,"d":"20,817.72"}]
[705400,"Corpo de BTCC 3,00 x 3,00 m - moldado no local - altura do aterro 12,50 a 15,00 m - areia extraída e brita produzida","m",{"v":19135.88,"d":"19,135.88"}]
[705392,"Corpo de BTCC 3,00 x 3,00 m - moldado no local - altura do aterro 2,50 a 5,00 m - areia e brita comerciais","m",{"v":14229.41,"d":"14,229.41"}]
[705391,"Corpo de BTCC 3,00 x 3,00 m - moldado no local - altura do aterro 2,50 a 5,00 m - areia extraída e brita produzida","m",{"v":12870.19,"d":"12,870.19"}]
[705395,"Corpo de BTCC 3,00 x 3,00 m - moldado no local - altura do aterro 5,00 a 7,50 m - areia e brita comerciais","m",{"v":16263.75,"d":"16,263.75"}]
[705394,"Corpo de BTCC 3,00 x 3,00 m - moldado no local - altura do aterro 5,00 a 7,50 m - areia extraída e brita produzida","m",{"v":14904.53,"d":"14,904.53"}]
[705397,"Corpo de BTCC 3,00 x 3,00 m - moldado no local - altura do aterro 7,50 a 10,00 m - areia e brita comerciais","m",{"v":17820.22,"d":"17,820.22"}]
[705396,"Corpo de BTCC 3,00 x 3,00 m - moldado no local - altura do aterro 7,50 a 10,00 m - areia extraída e brita produzida","m",{"v":16138.38,"d":"16,138.38"}]
[804213,"Boca de BDTC D = 0,80 m - esconsidade 0° - areia e brita comerciais - alas retas","un",{"v":1529.39,"d":"1,529.39"}]
[804212,"Boca de BDTC D = 0,80 m - esconsidade 0° - areia extraída e brita produzida - alas retas","un",{"v":1254.81,"d":"1,254.81"}]
[804217,"Boca de BDTC D = 0,80 m - esconsidade 10° - areia e brita comerciais - alas retas","un",{"v":1538.05,"d":"1,538.05"}]
[804216,"Boca de BDTC D = 0,80 m - esconsidade 10° - areia extraída e brita produzida - alas retas","un",{"v":1262.9,"d":"1,262.90"}]
[804219,"Boca de BDTC D = 0,80 m - esconsidade 15° - areia e brita comerciais - alas retas","un",{"v":1548.98,"d":"1,548.98"}]
[804218,"Boca de BDTC D = 0,80 m - esconsidade 15° - areia extraída e brita produzida - alas retas","un",{"v":1273.27,"d":"1,273.27"}]
[804221,"Boca de BDTC D = 0,80 m - esconsidade 20° - areia e brita comerciais - alas retas","un",{"v":1566.58,"d":"1,566.58"}]
[804220,"Boca de BDTC D = 0,80 m - esconsidade 20° - areia extraída e brita produzida - alas retas","un",{"v":1289.89,"d":"1,289.89"}]
[804223,"Boca de BDTC D = 0,80 m - esconsidade 25° - areia e brita comerciais - alas retas","un",{"v":1589.66,"d":"1,589.66"}]
[804222,"Boca de BDTC D = 0,80 m - esconsidade 25° - areia extraída e brita produzida - alas retas","un",{"v":1311.7,"d":"1,311.70"}]
[804225,"Boca de BDTC D = 0,80 m - esconsidade 30° - areia e brita comerciais - alas retas","un",{"v":1620,"d":"1,620.00"}]
[804224,"Boca de BDTC D = 0,80 m - esconsidade 30° - areia extraída e brita produzida - alas retas","un",{"v":1340.64,"d":"1,340.64"}]
[804227,"Boca de BDTC D = 0,80 m - esconsidade 35° - areia e brita comerciais - alas retas","un",{"v":1661.1,"d":"1,661.10"}]
[804226,"Boca de BDTC D = 0,80 m - esconsidade 35° - areia extraída e brita produzida - alas retas","un",{"v":1380.05,"d":"1,380.05"}]
[804229,"Boca de BDTC D = 0,80 m - esconsidade 40° - areia e brita comerciais - alas retas","un",{"v":1714.76,"d":"1,714.76"}]
[804228,"Boca de BDTC D = 0,80 m - esconsidade 40° - areia extraída e brita produzida - alas retas","un",{"v":1431.89,"d":"1,431.89"}]
[804231,"Boca de BDTC D = 0,80 m - esconsidade 45° - areia e brita comerciais - alas retas","un",{"v":1788.25,"d":"1,788.25"}]
[804230,"Boca de BDTC D = 0,80 m - esconsidade 45° - areia extraída e brita produzida - alas retas","un",{"v":1503.28,"d":"1,503.28"}]
[804215,"Boca de BDTC D = 0,80 m - esconsidade 5° - areia e brita comerciais - alas retas","un",{"v":1531.37,"d":"1,531.37"}]
[804214,"Boca de BDTC D = 0,80 m - esconsidade 5° - areia extraída e brita produzida - alas retas","un",{"v":1256.64,"d":"1,256.64"}]
[804417,"Boca de BDTC D = 1,00 m - esconsidade 0° - areia e brita comerciais - alas esconsas","un",{"v":3956.67,"d":"3,956.67"}]
[804233,"Boca de BDTC D = 1,00 m - esconsidade 0° - areia e brita comerciais - alas retas","un",{"v":2275.63,"d":"2,275.63"}]
[804416,"Boca de BDTC D = 1,00 m - esconsidade 0° - areia extraída e brita produzida - alas esconsas","un",{"v":3240.25,"d":"3,240.25"}]
[804232,"Boca de BDTC D = 1,00 m - esconsidade 0° - areia extraída e brita produzida - alas retas","un",{"v":1849.51,"d":"1,849.51"}]
[804237,"Boca de BDTC D = 1,00 m - esconsidade 10° - areia e brita comerciais - alas retas","un",{"v":2288.7,"d":"2,288.70"}]
[804236,"Boca de BDTC D = 1,00 m - esconsidade 10° - areia extraída e brita produzida - alas retas","un",{"v":1861.6,"d":"1,861.60"}]
[804419,"Boca de BDTC D = 1,00 m - esconsidade 15° - areia e brita comerciais - alas esconsas","un",{"v":4139.14,"d":"4,139.14"}]
[804239,"Boca de BDTC D = 1,00 m - esconsidade 15° - areia e brita comerciais - alas retas","un",{"v":2305.72,"d":"2,305.72"}]
[804418,"Boca de BDTC D = 1,00 m - esconsidade 15° - areia extraída e brita produzida - alas esconsas","un",{"v":3388.49,"d":"3,388.49"}]
[804238,"Boca de BDTC D = 1,00 m - esconsidade 15° - areia extraída e brita produzida - alas retas","un",{"v":1877.36,"d":"1,877.36"}]
[804241,"Boca de BDTC D = 1,00 m - esconsidade 20° - areia e brita comerciais - alas retas","un",{"v":2330.18,"d":"2,330.18"}]
[804240,"Boca de BDTC D = 1,00 m - esconsidade 20° - areia extraída e brita produzida - alas retas","un",{"v":1900.13,"d":"1,900.13"}]
[804243,"Boca de BDTC D = 1,00 m - esconsidade 25° - areia e brita comerciais - alas retas","un",{"v":2363.59,"d":"2,363.59"}]
[804242,"Boca de BDTC D = 1,00 m - esconsidade 25° - areia extraída e brita produzida - alas retas","un",{"v":1931.44,"d":"1,931.44"}]
[804421,"Boca de BDTC D = 1,00 m - esconsidade 30° - areia e brita comerciais - alas esconsas","un",{"v":4619.16,"d":"4,619.16"}]
[804245,"Boca de BDTC D = 1,00 m - esconsidade 30° - areia e brita comerciais - alas retas","un",{"v":2408.69,"d":"2,408.69"}]
[804420,"Boca de BDTC D = 1,00 m - esconsidade 30° - areia extraída e brita produzida - alas esconsas","un",{"v":3779.12,"d":"3,779.12"}]
[804244,"Boca de BDTC D = 1,00 m - esconsidade 30° - areia extraída e brita produzida - alas retas","un",{"v":1973.86,"d":"1,973.86"}]
[804247,"Boca de BDTC D = 1,00 m - esconsidade 35° - areia e brita comerciais - alas retas","un",{"v":2467.56,"d":"2,467.56"}]
[804246,"Boca de BDTC D = 1,00 m - esconsidade 35° - areia extraída e brita produzida - alas retas","un",{"v":2029.79,"d":"2,029.79"}]
[804249,"Boca de BDTC D = 1,00 m - esconsidade 40° - areia e brita comerciais - alas retas","un",{"v":2546.44,"d":"2,546.44"}]
[804248,"Boca de BDTC D = 1,00 m - esconsidade 40° - areia extraída e brita produzida - alas retas","un",{"v":2105.16,"d":"2,105.16"}]
[804423,"Boca de BDTC D = 1,00 m - esconsidade 45° - areia e brita comerciais - alas esconsas","un",{"v":5720.51,"d":"5,720.51"}]
[804251,"Boca de BDTC D = 1,00 m - esconsidade 45° - areia e brita comerciais - alas retas","un",{"v":2651.49,"d":"2,651.49"}]
[804422,"Boca de BDTC D = 1,00 m - esconsidade 45° - areia extraída e brita produzida - alas esconsas","un",{"v":4672.39,"d":"4,672.39"}]
[804250,"Boca de BDTC D = 1,00 m - esconsidade 45° - areia extraída e brita produzida - alas retas","un",{"v":2206.57,"d":"2,206.57"}]
[804235,"Boca de BDTC D = 1,00 m - esconsidade 5° - areia e brita comerciais - alas retas","un",{"v":2278.82,"d":"2,278.82"}]
[804234,"Boca de BDTC D = 1,00 m - esconsidade 5° - areia extraída e brita produzida - alas retas","un",{"v":1852.42,"d":"1,852.42"}]
[804425,"Boca de BDTC D = 1,20 m - esconsidade 0° - areia e brita comerciais - alas esconsas","un",{"v":5748.74,"d":"5,748.74"}]
[804253,"Boca de BDTC D = 1,20 m - esconsidade 0° - areia e brita comerciais - alas retas","un",{"v":3167.85,"d":"3,167.85"}]
[804424,"Boca de BDTC D = 1,20 m - esconsidade 0° - areia extraída e brita produzida - alas esconsas","un",{"v":4641.83,"d":"4,641.83"}]
[804252,"Boca de BDTC D = 1,20 m - esconsidade 0° - areia extraída e brita produzida - alas retas","un",{"v":2549.36,"d":"2,549.36"}]
[804257,"Boca de BDTC D = 1,20 m - esconsidade 10° - areia e brita comerciais - alas retas","un",{"v":3187.18,"d":"3,187.18"}]
[804256,"Boca de BDTC D = 1,20 m - esconsidade 10° - areia extraída e brita produzida - alas retas","un",{"v":2566.73,"d":"2,566.73"}]
[804427,"Boca de BDTC D = 1,20 m - esconsidade 15° - areia e brita comerciais - alas esconsas","un",{"v":6027.59,"d":"6,027.59"}]
[804259,"Boca de BDTC D = 1,20 m - esconsidade 15° - areia e brita comerciais - alas retas","un",{"v":3211.69,"d":"3,211.69"}]
[804426,"Boca de BDTC D = 1,20 m - esconsidade 15° - areia extraída e brita produzida - alas esconsas","un",{"v":4864.56,"d":"4,864.56"}]
[804258,"Boca de BDTC D = 1,20 m - esconsidade 15° - areia extraída e brita produzida - alas retas","un",{"v":2588.85,"d":"2,588.85"}]
[804261,"Boca de BDTC D = 1,20 m - esconsidade 20° - areia e brita comerciais - alas retas","un",{"v":3247.75,"d":"3,247.75"}]
[804260,"Boca de BDTC D = 1,20 m - esconsidade 20° - areia extraída e brita produzida - alas retas","un",{"v":2621.55,"d":"2,621.55"}]
[804263,"Boca de BDTC D = 1,20 m - esconsidade 25° - areia e brita comerciais - alas retas","un",{"v":3296.88,"d":"3,296.88"}]
[804262,"Boca de BDTC D = 1,20 m - esconsidade 25° - areia extraída e brita produzida - alas retas","un",{"v":2666.33,"d":"2,666.33"}]
[804429,"Boca de BDTC D = 1,20 m - esconsidade 30° - areia e brita comerciais - alas esconsas","un",{"v":6728.91,"d":"6,728.91"}]
[804265,"Boca de BDTC D = 1,20 m - esconsidade 30° - areia e brita comerciais - alas retas","un",{"v":3362.4,"d":"3,362.40"}]
[804428,"Boca de BDTC D = 1,20 m - esconsidade 30° - areia extraída e brita produzida - alas esconsas","un",{"v":5426.13,"d":"5,426.13"}]
[804264,"Boca de BDTC D = 1,20 m - esconsidade 30° - areia extraída e brita produzida - alas retas","un",{"v":2726.66,"d":"2,726.66"}]
[804267,"Boca de BDTC D = 1,20 m - esconsidade 35° - areia e brita comerciais - alas retas","un",{"v":3446.12,"d":"3,446.12"}]
[804266,"Boca de BDTC D = 1,20 m - esconsidade 35° - areia extraída e brita produzida - alas retas","un",{"v":2804.48,"d":"2,804.48"}]
[804269,"Boca de BDTC D = 1,20 m - esconsidade 40° - areia e brita comerciais - alas retas","un",{"v":3557.28,"d":"3,557.28"}]
[804268,"Boca de BDTC D = 1,20 m - esconsidade 40° - areia extraída e brita produzida - alas retas","un",{"v":2908.77,"d":"2,908.77"}]
[804431,"Boca de BDTC D = 1,20 m - esconsidade 45° - areia e brita comerciais - alas esconsas","un",{"v":8346.25,"d":"8,346.25"}]
[804271,"Boca de BDTC D = 1,20 m - esconsidade 45° - areia e brita comerciais - alas retas","un",{"v":3705.54,"d":"3,705.54"}]
[804430,"Boca de BDTC D = 1,20 m - esconsidade 45° - areia extraída e brita produzida - alas esconsas","un",{"v":6717.67,"d":"6,717.67"}]
[804270,"Boca de BDTC D = 1,20 m - esconsidade 45° - areia extraída e brita produzida - alas retas","un",{"v":3049.45,"d":"3,049.45"}]
[804255,"Boca de BDTC D = 1,20 m - esconsidade 5° - areia e brita comerciais - alas retas","un",{"v":3172.72,"d":"3,172.72"}]
[804254,"Boca de BDTC D = 1,20 m - esconsidade 5° - areia extraída e brita produzida - alas retas","un",{"v":2553.68,"d":"2,553.68"}]
[804433,"Boca de BDTC D = 1,50 m - esconsidade 0° - areia e brita comerciais - alas esconsas","un",{"v":10190.95,"d":"10,190.95"}]
[804273,"Boca de BDTC D = 1,50 m - esconsidade 0° - areia e brita comerciais - alas retas","un",{"v":5445.12,"d":"5,445.12"}]
[804432,"Boca de BDTC D = 1,50 m - esconsidade 0° - areia extraída e brita produzida - alas esconsas","un",{"v":8066.93,"d":"8,066.93"}]
[804272,"Boca de BDTC D = 1,50 m - esconsidade 0° - areia extraída e brita produzida - alas retas","un",{"v":4338.78,"d":"4,338.78"}]
[804277,"Boca de BDTC D = 1,50 m - esconsidade 10° - areia e brita comerciais - alas retas","un",{"v":5474.38,"d":"5,474.38"}]
[804276,"Boca de BDTC D = 1,50 m - esconsidade 10° - areia extraída e brita produzida - alas retas","un",{"v":4364.67,"d":"4,364.67"}]
[804435,"Boca de BDTC D = 1,50 m - esconsidade 15° - areia e brita comerciais - alas esconsas","un",{"v":10696.53,"d":"10,696.53"}]
[804279,"Boca de BDTC D = 1,50 m - esconsidade 15° - areia e brita comerciais - alas retas","un",{"v":5510.95,"d":"5,510.95"}]
[804434,"Boca de BDTC D = 1,50 m - esconsidade 15° - areia extraída e brita produzida - alas esconsas","un",{"v":8463.92,"d":"8,463.92"}]
[804278,"Boca de BDTC D = 1,50 m - esconsidade 15° - areia extraída e brita produzida - alas retas","un",{"v":4397.03,"d":"4,397.03"}]
[804281,"Boca de BDTC D = 1,50 m - esconsidade 20° - areia e brita comerciais - alas retas","un",{"v":5564.71,"d":"5,564.71"}]
[804280,"Boca de BDTC D = 1,50 m - esconsidade 20° - areia extraída e brita produzida - alas retas","un",{"v":4445.03,"d":"4,445.03"}]
[804283,"Boca de BDTC D = 1,50 m - esconsidade 25° - areia e brita comerciais - alas retas","un",{"v":5637.92,"d":"5,637.92"}]
[804282,"Boca de BDTC D = 1,50 m - esconsidade 25° - areia extraída e brita produzida - alas retas","un",{"v":4510.95,"d":"4,510.95"}]
[804437,"Boca de BDTC D = 1,50 m - esconsidade 30° - areia e brita comerciais - alas esconsas","un",{"v":11981.1,"d":"11,981.10"}]
[804285,"Boca de BDTC D = 1,50 m - esconsidade 30° - areia e brita comerciais - alas retas","un",{"v":5734.09,"d":"5,734.09"}]
[804436,"Boca de BDTC D = 1,50 m - esconsidade 30° - areia extraída e brita produzida - alas esconsas","un",{"v":9472.92,"d":"9,472.92"}]
[804284,"Boca de BDTC D = 1,50 m - esconsidade 30° - areia extraída e brita produzida - alas retas","un",{"v":4598.14,"d":"4,598.14"}]
[804287,"Boca de BDTC D = 1,50 m - esconsidade 35° - areia e brita comerciais - alas retas","un",{"v":5858.62,"d":"5,858.62"}]
[804286,"Boca de BDTC D = 1,50 m - esconsidade 35° - areia extraída e brita produzida - alas retas","un",{"v":4712.43,"d":"4,712.43"}]
[804289,"Boca de BDTC D = 1,50 m - esconsidade 40° - areia e brita comerciais - alas retas","un",{"v":6021.52,"d":"6,021.52"}]
[804288,"Boca de BDTC D = 1,50 m - esconsidade 40° - areia extraída e brita produzida - alas retas","un",{"v":4863.54,"d":"4,863.54"}]
[804439,"Boca de BDTC D = 1,50 m - esconsidade 45° - areia e brita comerciais - alas esconsas","un",{"v":14925.4,"d":"14,925.40"}]
[804291,"Boca de BDTC D = 1,50 m - esconsidade 45° - areia e brita comerciais - alas retas","un",{"v":6236.52,"d":"6,236.52"}]
[804438,"Boca de BDTC D = 1,50 m - esconsidade 45° - areia extraída e brita produzida - alas esconsas","un",{"v":11779.37,"d":"11,779.37"}]
[804290,"Boca de BDTC D = 1,50 m - esconsidade 45° - areia extraída e brita produzida - alas retas","un",{"v":5065.63,"d":"5,065.63"}]
[804275,"Boca de BDTC D = 1,50 m - esconsidade 5° - areia e brita comerciais - alas retas","un",{"v":5452.44,"d":"5,452.44"}]
[804274,"Boca de BDTC D = 1,50 m - esconsidade 5° - areia extraída e brita produzida - alas retas","un",{"v":4345.25,"d":"4,345.25"}]
[804061,"Boca de BSTC D = 0,40 m - esconsidade 0° - areia e brita comerciais - alas retas","un",{"v":368.9,"d":"368.90"}]
[804060,"Boca de BSTC D = 0,40 m - esconsidade 0° - areia extraída e brita produzida - alas retas","un",309.55]
[804065,"Boca de BSTC D = 0,40 m - esconsidade 10° - areia e brita comerciais - alas retas","un",370.41]
[804064,"Boca de BSTC D = 0,40 m - esconsidade 10° - areia extraída e brita produzida - alas retas","un",311.06]
[804067,"Boca de BSTC D = 0,40 m - esconsidade 15° - areia e brita comerciais - alas retas","un",371.93]
[804066,"Boca de BSTC D = 0,40 m - esconsidade 15° - areia extraída e brita produzida - alas retas","un",312.58]
[804069,"Boca de BSTC D = 0,40 m - esconsidade 20° - areia e brita comerciais - alas retas","un",374.66]
[804068,"Boca de BSTC D = 0,40 m - esconsidade 20° - areia extraída e brita produzida - alas retas","un",315.17]
[804071,"Boca de BSTC D = 0,40 m - esconsidade 25° - areia e brita comerciais - alas retas","un",378.44]
[804070,"Boca de BSTC D = 0,40 m - esconsidade 25° - areia extraída e brita produzida - alas retas","un",318.95]
[804073,"Boca de BSTC D = 0,40 m - esconsidade 30° - areia e brita comerciais - alas retas","un",383.44]
[804072,"Boca de BSTC D = 0,40 m - esconsidade 30° - areia extraída e brita produzida - alas retas","un",323.81]
[804075,"Boca de BSTC D = 0,40 m - esconsidade 35° - areia e brita comerciais - alas retas","un",390.25]
[804074,"Boca de BSTC D = 0,40 m - esconsidade 35° - areia extraída e brita produzida - alas retas","un",330.62]
[804077,"Boca de BSTC D = 0,40 m - esconsidade 40° - areia e brita comerciais - alas retas","un",399.03]
[804076,"Boca de BSTC D = 0,40 m - esconsidade 40° - areia extraída e brita produzida - alas retas","un",339.26]
[804079,"Boca de BSTC D = 0,40 m - esconsidade 45° - areia e brita comerciais - alas retas","un",412.35]
[804078,"Boca de BSTC D = 0,40 m - esconsidade 45° - areia extraída e brita produzida - alas retas","un",352.44]
[804063,"Boca de BSTC D = 0,40 m - esconsidade 5° - areia e brita comerciais - alas retas","un",369.66]
[804062,"Boca de BSTC D = 0,40 m - esconsidade 5° - areia extraída e brita produzida - alas retas","un",310.31]
[804377,"Boca de BSTC D = 0,60 m - esconsidade 0° - areia e brita comerciais - alas esconsas","un",{"v":1096.9,"d":"1,096.90"}]
[804081,"Boca de BSTC D = 0,60 m - esconsidade 0° - areia e brita comerciais - alas retas","un",746.59]
[804376,"Boca de BSTC D = 0,60 m - esconsidade 0° - areia extraída e brita produzida - alas esconsas","un",935.12]
[804080,"Boca de BSTC D = 0,60 m - esconsidade 0° - areia extraída e brita produzida - alas retas","un",615.82]
[804085,"Boca de BSTC D = 0,60 m - esconsidade 10° - areia e brita comerciais - alas retas","un",749.32]
[804084,"Boca de BSTC D = 0,60 m - esconsidade 10° - areia extraída e brita produzida - alas retas","un",618.41]
[804379,"Boca de BSTC D = 0,60 m - esconsidade 15° - areia e brita comerciais - alas esconsas","un",928.07]
[804087,"Boca de BSTC D = 0,60 m - esconsidade 15° - areia e brita comerciais - alas retas","un",752.34]
[804378,"Boca de BSTC D = 0,60 m - esconsidade 15° - areia extraída e brita produzida - alas esconsas","un",757.17]
[804086,"Boca de BSTC D = 0,60 m - esconsidade 15° - areia extraída e brita produzida - alas retas","un",621.43]
[804089,"Boca de BSTC D = 0,60 m - esconsidade 20° - areia e brita comerciais - alas retas","un",757.34]
[804088,"Boca de BSTC D = 0,60 m - esconsidade 20° - areia extraída e brita produzida - alas retas","un",626.29]
[804091,"Boca de BSTC D = 0,60 m - esconsidade 25° - areia e brita comerciais - alas retas","un",763.86]
[804090,"Boca de BSTC D = 0,60 m - esconsidade 25° - areia extraída e brita produzida - alas retas","un",632.67]
[804381,"Boca de BSTC D = 0,60 m - esconsidade 30° - areia e brita comerciais - alas esconsas","un",{"v":1297.22,"d":"1,297.22"}]
[804093,"Boca de BSTC D = 0,60 m - esconsidade 30° - areia e brita comerciais - alas retas","un",{"v":773.1,"d":"773.10"}]
[804380,"Boca de BSTC D = 0,60 m - esconsidade 30° - areia extraída e brita produzida - alas esconsas","un",{"v":1103.59,"d":"1,103.59"}]
[804092,"Boca de BSTC D = 0,60 m - esconsidade 30° - areia extraída e brita produzida - alas retas","un",641.63]
[804095,"Boca de BSTC D = 0,60 m - esconsidade 35° - areia e brita comerciais - alas retas","un",785.66]
[804094,"Boca de BSTC D = 0,60 m - esconsidade 35° - areia extraída e brita produzida - alas retas","un",654.05]
[804097,"Boca de BSTC D = 0,60 m - esconsidade 40° - areia e brita comerciais - alas retas","un",801.72]
[804096,"Boca de BSTC D = 0,60 m - esconsidade 40° - areia extraída e brita produzida - alas retas","un",669.82]
[804383,"Boca de BSTC D = 0,60 m - esconsidade 45° - areia e brita comerciais - alas esconsas","un",{"v":1604.45,"d":"1,604.45"}]
[804099,"Boca de BSTC D = 0,60 m - esconsidade 45° - areia e brita comerciais - alas retas","un",824.57]
[804382,"Boca de BSTC D = 0,60 m - esconsidade 45° - areia extraída e brita produzida - alas esconsas","un",{"v":1362.83,"d":"1,362.83"}]
[804098,"Boca de BSTC D = 0,60 m - esconsidade 45° - areia extraída e brita produzida - alas retas","un",{"v":692.4,"d":"692.40"}]
[804083,"Boca de BSTC D = 0,60 m - esconsidade 5° - areia e brita comerciais - alas retas","un",747.34]
[804082,"Boca de BSTC D = 0,60 m - esconsidade 5° - areia extraída e brita produzida - alas retas","un",616.57]
[804385,"Boca de BSTC D = 0,80 m - esconsidade 0° - areia e brita comerciais - alas esconsas","un",{"v":1834.9,"d":"1,834.90"}]
[804101,"Boca de BSTC D = 0,80 m - esconsidade 0° - areia e brita comerciais - alas retas","un",{"v":1265.62,"d":"1,265.62"}]
[804384,"Boca de BSTC D = 0,80 m - esconsidade 0° - areia extraída e brita produzida - alas esconsas","un",{"v":1534.64,"d":"1,534.64"}]
[804100,"Boca de BSTC D = 0,80 m - esconsidade 0° - areia extraída e brita produzida - alas retas","un",{"v":1038.45,"d":"1,038.45"}]
[804105,"Boca de BSTC D = 0,80 m - esconsidade 10° - areia e brita comerciais - alas retas","un",{"v":1269.86,"d":"1,269.86"}]
[804104,"Boca de BSTC D = 0,80 m - esconsidade 10° - areia extraída e brita produzida - alas retas","un",{"v":1042.56,"d":"1,042.56"}]
[804387,"Boca de BSTC D = 0,80 m - esconsidade 15° - areia e brita comerciais - alas esconsas","un",{"v":1933.7,"d":"1,933.70"}]
[804107,"Boca de BSTC D = 0,80 m - esconsidade 15° - areia e brita comerciais - alas retas","un",{"v":1275.62,"d":"1,275.62"}]
[804386,"Boca de BSTC D = 0,80 m - esconsidade 15° - areia extraída e brita produzida - alas esconsas","un",{"v":1616.32,"d":"1,616.32"}]
[804106,"Boca de BSTC D = 0,80 m - esconsidade 15° - areia extraída e brita produzida - alas retas","un",{"v":1048.17,"d":"1,048.17"}]
[804109,"Boca de BSTC D = 0,80 m - esconsidade 20° - areia e brita comerciais - alas retas","un",{"v":1284.4,"d":"1,284.40"}]
[804108,"Boca de BSTC D = 0,80 m - esconsidade 20° - areia extraída e brita produzida - alas retas","un",{"v":1056.82,"d":"1,056.82"}]
[804111,"Boca de BSTC D = 0,80 m - esconsidade 25° - areia e brita comerciais - alas retas","un",{"v":1295.91,"d":"1,295.91"}]
[804110,"Boca de BSTC D = 0,80 m - esconsidade 25° - areia extraída e brita produzida - alas retas","un",{"v":1068.05,"d":"1,068.05"}]
[804389,"Boca de BSTC D = 0,80 m - esconsidade 30° - areia e brita comerciais - alas esconsas","un",{"v":2160.18,"d":"2,160.18"}]
[804113,"Boca de BSTC D = 0,80 m - esconsidade 30° - areia e brita comerciais - alas retas","un",{"v":1311.67,"d":"1,311.67"}]
[804388,"Boca de BSTC D = 0,80 m - esconsidade 30° - areia extraída e brita produzida - alas esconsas","un",{"v":1803.93,"d":"1,803.93"}]
[804112,"Boca de BSTC D = 0,80 m - esconsidade 30° - areia extraída e brita produzida - alas retas","un",{"v":1083.39,"d":"1,083.39"}]
[804115,"Boca de BSTC D = 0,80 m - esconsidade 35° - areia e brita comerciais - alas retas","un",{"v":1333.48,"d":"1,333.48"}]
[804114,"Boca de BSTC D = 0,80 m - esconsidade 35° - areia extraída e brita produzida - alas retas","un",{"v":1104.77,"d":"1,104.77"}]
[804117,"Boca de BSTC D = 0,80 m - esconsidade 40° - areia e brita comerciais - alas retas","un",{"v":1362.09,"d":"1,362.09"}]
[804116,"Boca de BSTC D = 0,80 m - esconsidade 40° - areia extraída e brita produzida - alas retas","un",{"v":1132.97,"d":"1,132.97"}]
[804391,"Boca de BSTC D = 0,80 m - esconsidade 45° - areia e brita comerciais - alas esconsas","un",{"v":2682.8,"d":"2,682.80"}]
[804119,"Boca de BSTC D = 0,80 m - esconsidade 45° - areia e brita comerciais - alas retas","un",{"v":1401.3,"d":"1,401.30"}]
[804390,"Boca de BSTC D = 0,80 m - esconsidade 45° - areia extraída e brita produzida - alas esconsas","un",{"v":2235.49,"d":"2,235.49"}]
[804118,"Boca de BSTC D = 0,80 m - esconsidade 45° - areia extraída e brita produzida - alas retas","un",{"v":1171.75,"d":"1,171.75"}]
[804103,"Boca de BSTC D = 0,80 m - esconsidade 5° - areia e brita comerciais - alas retas","un",{"v":1267.13,"d":"1,267.13"}]
[804102,"Boca de BSTC D = 0,80 m - esconsidade 5° - areia extraída e brita produzida - alas retas","un",{"v":1039.97,"d":"1,039.97"}]
[804393,"Boca de BSTC D = 1,00 m - esconsidade 0° - areia e brita comerciais - alas esconsas","un",{"v":2836.22,"d":"2,836.22"}]
[804121,"Boca de BSTC D = 1,00 m - esconsidade 0° - areia e brita comerciais - alas retas","un",{"v":1895.25,"d":"1,895.25"}]
[804392,"Boca de BSTC D = 1,00 m - esconsidade 0° - areia extraída e brita produzida - alas esconsas","un",{"v":2335.74,"d":"2,335.74"}]
[804120,"Boca de BSTC D = 1,00 m - esconsidade 0° - areia extraída e brita produzida - alas retas","un",{"v":1542.51,"d":"1,542.51"}]
[804125,"Boca de BSTC D = 1,00 m - esconsidade 10° - areia e brita comerciais - alas retas","un",{"v":1901.01,"d":"1,901.01"}]
[804124,"Boca de BSTC D = 1,00 m - esconsidade 10° - areia extraída e brita produzida - alas retas","un",{"v":1548.13,"d":"1,548.13"}]
[804395,"Boca de BSTC D = 1,00 m - esconsidade 15° - areia e brita comerciais - alas esconsas","un",{"v":2979.34,"d":"2,979.34"}]
[804127,"Boca de BSTC D = 1,00 m - esconsidade 15° - areia e brita comerciais - alas retas","un",{"v":1909.5,"d":"1,909.50"}]
[804394,"Boca de BSTC D = 1,00 m - esconsidade 15° - areia extraída e brita produzida - alas esconsas","un",{"v":2452.19,"d":"2,452.19"}]
[804126,"Boca de BSTC D = 1,00 m - esconsidade 15° - areia extraída e brita produzida - alas retas","un",{"v":1556.34,"d":"1,556.34"}]
[804129,"Boca de BSTC D = 1,00 m - esconsidade 20° - areia e brita comerciais - alas retas","un",{"v":1921.47,"d":"1,921.47"}]
[804128,"Boca de BSTC D = 1,00 m - esconsidade 20° - areia extraída e brita produzida - alas retas","un",{"v":1567.89,"d":"1,567.89"}]
[804131,"Boca de BSTC D = 1,00 m - esconsidade 25° - areia e brita comerciais - alas retas","un",{"v":1937.99,"d":"1,937.99"}]
[804130,"Boca de BSTC D = 1,00 m - esconsidade 25° - areia extraída e brita produzida - alas retas","un",{"v":1583.98,"d":"1,583.98"}]
[804397,"Boca de BSTC D = 1,00 m - esconsidade 30° - areia e brita comerciais - alas esconsas","un",{"v":3321.24,"d":"3,321.24"}]
[804133,"Boca de BSTC D = 1,00 m - esconsidade 30° - areia e brita comerciais - alas retas","un",{"v":1961.01,"d":"1,961.01"}]
[804396,"Boca de BSTC D = 1,00 m - esconsidade 30° - areia extraída e brita produzida - alas esconsas","un",{"v":2731.23,"d":"2,731.23"}]
[804132,"Boca de BSTC D = 1,00 m - esconsidade 30° - areia extraída e brita produzida - alas retas","un",{"v":1606.45,"d":"1,606.45"}]
[804135,"Boca de BSTC D = 1,00 m - esconsidade 35° - areia e brita comerciais - alas retas","un",{"v":1990.85,"d":"1,990.85"}]
[804134,"Boca de BSTC D = 1,00 m - esconsidade 35° - areia extraída e brita produzida - alas retas","un",{"v":1635.72,"d":"1,635.72"}]
[804137,"Boca de BSTC D = 1,00 m - esconsidade 40° - areia e brita comerciais - alas retas","un",{"v":1956.86,"d":"1,956.86"}]
[804136,"Boca de BSTC D = 1,00 m - esconsidade 40° - areia extraída e brita produzida - alas retas","un",{"v":1601.03,"d":"1,601.03"}]
[804399,"Boca de BSTC D = 1,00 m - esconsidade 45° - areia e brita comerciais - alas esconsas","un",{"v":4135.46,"d":"4,135.46"}]
[804139,"Boca de BSTC D = 1,00 m - esconsidade 45° - areia e brita comerciais - alas retas","un",{"v":2088.96,"d":"2,088.96"}]
[804398,"Boca de BSTC D = 1,00 m - esconsidade 45° - areia extraída e brita produzida - alas esconsas","un",{"v":3392.8,"d":"3,392.80"}]
[804138,"Boca de BSTC D = 1,00 m - esconsidade 45° - areia extraída e brita produzida - alas retas","un",{"v":1732.29,"d":"1,732.29"}]
[804123,"Boca de BSTC D = 1,00 m - esconsidade 5° - areia e brita comerciais - alas retas","un",{"v":1896.01,"d":"1,896.01"}]
[804122,"Boca de BSTC D = 1,00 m - esconsidade 5° - areia extraída e brita produzida - alas retas","un",{"v":1543.27,"d":"1,543.27"}]
[804401,"Boca de BSTC D = 1,20 m - esconsidade 0° - areia e brita comerciais - alas esconsas","un",{"v":4109.22,"d":"4,109.22"}]
[804141,"Boca de BSTC D = 1,20 m - esconsidade 0° - areia e brita comerciais - alas retas","un",{"v":2636.89,"d":"2,636.89"}]
[804400,"Boca de BSTC D = 1,20 m - esconsidade 0° - areia extraída e brita produzida - alas esconsas","un",{"v":3336.67,"d":"3,336.67"}]
[804140,"Boca de BSTC D = 1,20 m - esconsidade 0° - areia extraída e brita produzida - alas retas","un",{"v":2126.44,"d":"2,126.44"}]
[804145,"Boca de BSTC D = 1,20 m - esconsidade 10° - areia e brita comerciais - alas retas","un",{"v":2646.3,"d":"2,646.30"}]
[804144,"Boca de BSTC D = 1,20 m - esconsidade 10° - areia extraída e brita produzida - alas retas","un",{"v":2135.29,"d":"2,135.29"}]
[804403,"Boca de BSTC D = 1,20 m - esconsidade 15° - areia e brita comerciais - alas esconsas","un",{"v":4328.15,"d":"4,328.15"}]
[804147,"Boca de BSTC D = 1,20 m - esconsidade 15° - areia e brita comerciais - alas retas","un",{"v":2657.98,"d":"2,657.98"}]
[804402,"Boca de BSTC D = 1,20 m - esconsidade 15° - areia extraída e brita produzida - alas esconsas","un",{"v":3511.69,"d":"3,511.69"}]
[804146,"Boca de BSTC D = 1,20 m - esconsidade 15° - areia extraída e brita produzida - alas retas","un",{"v":2146.41,"d":"2,146.41"}]
[804149,"Boca de BSTC D = 1,20 m - esconsidade 20° - areia e brita comerciais - alas retas","un",{"v":2675.59,"d":"2,675.59"}]
[804148,"Boca de BSTC D = 1,20 m - esconsidade 20° - areia extraída e brita produzida - alas retas","un",{"v":2163.04,"d":"2,163.04"}]
[804151,"Boca de BSTC D = 1,20 m - esconsidade 25° - areia e brita comerciais - alas retas","un",{"v":2699.71,"d":"2,699.71"}]
[804150,"Boca de BSTC D = 1,20 m - esconsidade 25° - areia extraída e brita produzida - alas retas","un",{"v":2186.04,"d":"2,186.04"}]
[804405,"Boca de BSTC D = 1,20 m - esconsidade 30° - areia e brita comerciais - alas esconsas","un",{"v":4839.13,"d":"4,839.13"}]
[804153,"Boca de BSTC D = 1,20 m - esconsidade 30° - areia e brita comerciais - alas retas","un",{"v":2732.32,"d":"2,732.32"}]
[804404,"Boca de BSTC D = 1,20 m - esconsidade 30° - areia extraída e brita produzida - alas esconsas","un",{"v":3922.07,"d":"3,922.07"}]
[804152,"Boca de BSTC D = 1,20 m - esconsidade 30° - areia extraída e brita produzida - alas retas","un",{"v":2217.25,"d":"2,217.25"}]
[804155,"Boca de BSTC D = 1,20 m - esconsidade 35° - areia e brita comerciais - alas retas","un",{"v":2774.47,"d":"2,774.47"}]
[804154,"Boca de BSTC D = 1,20 m - esconsidade 35° - areia extraída e brita produzida - alas retas","un",{"v":2257.85,"d":"2,257.85"}]
[804157,"Boca de BSTC D = 1,20 m - esconsidade 40° - areia e brita comerciais - alas retas","un",{"v":2832.67,"d":"2,832.67"}]
[804156,"Boca de BSTC D = 1,20 m - esconsidade 40° - areia extraída e brita produzida - alas retas","un",{"v":2314.23,"d":"2,314.23"}]
[804407,"Boca de BSTC D = 1,20 m - esconsidade 45° - areia e brita comerciais - alas esconsas","un",{"v":6032.77,"d":"6,032.77"}]
[804159,"Boca de BSTC D = 1,20 m - esconsidade 45° - areia e brita comerciais - alas retas","un",{"v":2910.24,"d":"2,910.24"}]
[804406,"Boca de BSTC D = 1,20 m - esconsidade 45° - areia extraída e brita produzida - alas esconsas","un",{"v":4876.2,"d":"4,876.20"}]
[804158,"Boca de BSTC D = 1,20 m - esconsidade 45° - areia extraída e brita produzida - alas retas","un",{"v":2389.83,"d":"2,389.83"}]
[804143,"Boca de BSTC D = 1,20 m - esconsidade 5° - areia e brita comerciais - alas retas","un",{"v":2639.62,"d":"2,639.62"}]
[804142,"Boca de BSTC D = 1,20 m - esconsidade 5° - areia extraída e brita produzida - alas retas","un",{"v":2129.03,"d":"2,129.03"}]
[804409,"Boca de BSTC D = 1,50 m - esconsidade 0° - areia e brita comerciais - alas esconsas","un",{"v":7462.46,"d":"7,462.46"}]
[804161,"Boca de BSTC D = 1,50 m - esconsidade 0° - areia e brita comerciais - alas retas","un",{"v":4543.44,"d":"4,543.44"}]
[804408,"Boca de BSTC D = 1,50 m - esconsidade 0° - areia extraída e brita produzida - alas esconsas","un",{"v":5945.71,"d":"5,945.71"}]
[804160,"Boca de BSTC D = 1,50 m - esconsidade 0° - areia extraída e brita produzida - alas retas","un",{"v":3633.25,"d":"3,633.25"}]
[804165,"Boca de BSTC D = 1,50 m - esconsidade 10° - areia e brita comerciais - alas retas","un",{"v":4556.34,"d":"4,556.34"}]
[804164,"Boca de BSTC D = 1,50 m - esconsidade 10° - areia extraída e brita produzida - alas retas","un",{"v":3645.45,"d":"3,645.45"}]
[804411,"Boca de BSTC D = 1,50 m - esconsidade 15° - areia e brita comerciais - alas esconsas","un",{"v":7871.55,"d":"7,871.55"}]
[804167,"Boca de BSTC D = 1,50 m - esconsidade 15° - areia e brita comerciais - alas retas","un",{"v":4573.19,"d":"4,573.19"}]
[804410,"Boca de BSTC D = 1,50 m - esconsidade 15° - areia extraída e brita produzida - alas esconsas","un",{"v":6267.66,"d":"6,267.66"}]
[804166,"Boca de BSTC D = 1,50 m - esconsidade 15° - areia extraída e brita produzida - alas retas","un",{"v":3661.31,"d":"3,661.31"}]
[804169,"Boca de BSTC D = 1,50 m - esconsidade 20° - areia e brita comerciais - alas retas","un",{"v":4597.77,"d":"4,597.77"}]
[804168,"Boca de BSTC D = 1,50 m - esconsidade 20° - areia extraída e brita produzida - alas retas","un",{"v":3684.64,"d":"3,684.64"}]
[804171,"Boca de BSTC D = 1,50 m - esconsidade 25° - areia e brita comerciais - alas retas","un",{"v":4631.31,"d":"4,631.31"}]
[804170,"Boca de BSTC D = 1,50 m - esconsidade 25° - areia extraída e brita produzida - alas retas","un",{"v":3716.49,"d":"3,716.49"}]
[804413,"Boca de BSTC D = 1,50 m - esconsidade 30° - areia e brita comerciais - alas esconsas","un",{"v":8823.8,"d":"8,823.80"}]
[804173,"Boca de BSTC D = 1,50 m - esconsidade 30° - areia e brita comerciais - alas retas","un",{"v":4676.36,"d":"4,676.36"}]
[804412,"Boca de BSTC D = 1,50 m - esconsidade 30° - areia extraída e brita produzida - alas esconsas","un",{"v":7018.29,"d":"7,018.29"}]
[804172,"Boca de BSTC D = 1,50 m - esconsidade 30° - areia extraída e brita produzida - alas retas","un",{"v":3759.57,"d":"3,759.57"}]
[804175,"Boca de BSTC D = 1,50 m - esconsidade 35° - areia e brita comerciais - alas retas","un",{"v":4736.7,"d":"4,736.70"}]
[804174,"Boca de BSTC D = 1,50 m - esconsidade 35° - areia extraída e brita produzida - alas retas","un",{"v":3817.67,"d":"3,817.67"}]
[804177,"Boca de BSTC D = 1,50 m - esconsidade 40° - areia e brita comerciais - alas retas","un",{"v":4817.34,"d":"4,817.34"}]
[804176,"Boca de BSTC D = 1,50 m - esconsidade 40° - areia extraída e brita produzida - alas retas","un",{"v":3895.64,"d":"3,895.64"}]
[804415,"Boca de BSTC D = 1,50 m - esconsidade 45° - areia e brita comerciais - alas esconsas","un",{"v":11067.27,"d":"11,067.27"}]
[804179,"Boca de BSTC D = 1,50 m - esconsidade 45° - areia e brita comerciais - alas retas","un",{"v":4927.64,"d":"4,927.64"}]
[804414,"Boca de BSTC D = 1,50 m - esconsidade 45° - areia extraída e brita produzida - alas esconsas","un",{"v":8779.79,"d":"8,779.79"}]
[804178,"Boca de BSTC D = 1,50 m - esconsidade 45° - areia extraída e brita produzida - alas retas","un",{"v":4003,"d":"4,003.00"}]
[804163,"Boca de BSTC D = 1,50 m - esconsidade 5° - areia e brita comerciais - alas retas","un",{"v":4546.92,"d":"4,546.92"}]
[804162,"Boca de BSTC D = 1,50 m - esconsidade 5° - areia extraída e brita produzida - alas retas","un",{"v":3636.59,"d":"3,636.59"}]
[804441,"Boca de BTTC D = 1,00 m - esconsidade 0° - areia e brita comerciais - alas esconsas","un",{"v":5077.12,"d":"5,077.12"}]
[804317,"Boca de BTTC D = 1,00 m - esconsidade 0° - areia e brita comerciais - alas retas","un",{"v":2772.14,"d":"2,772.14"}]
[804440,"Boca de BTTC D = 1,00 m - esconsidade 0° - areia extraída e brita produzida - alas esconsas","un",{"v":4144.76,"d":"4,144.76"}]
[804316,"Boca de BTTC D = 1,00 m - esconsidade 0° - areia extraída e brita produzida - alas retas","un",{"v":2237.42,"d":"2,237.42"}]
[804321,"Boca de BTTC D = 1,00 m - esconsidade 10° - areia e brita comerciais - alas retas","un",{"v":2791.31,"d":"2,791.31"}]
[804320,"Boca de BTTC D = 1,00 m - esconsidade 10° - areia extraída e brita produzida - alas retas","un",{"v":2254.9,"d":"2,254.90"}]
[804443,"Boca de BTTC D = 1,00 m - esconsidade 15° - areia e brita comerciais - alas esconsas","un",{"v":5298.49,"d":"5,298.49"}]
[804323,"Boca de BTTC D = 1,00 m - esconsidade 15° - areia e brita comerciais - alas retas","un",{"v":2816.86,"d":"2,816.86"}]
[804442,"Boca de BTTC D = 1,00 m - esconsidade 15° - areia extraída e brita produzida - alas esconsas","un",{"v":4324.45,"d":"4,324.45"}]
[804322,"Boca de BTTC D = 1,00 m - esconsidade 15° - areia extraída e brita produzida - alas retas","un",{"v":2278.21,"d":"2,278.21"}]
[804325,"Boca de BTTC D = 1,00 m - esconsidade 20° - areia e brita comerciais - alas retas","un",{"v":2853.8,"d":"2,853.80"}]
[804324,"Boca de BTTC D = 1,00 m - esconsidade 20° - areia extraída e brita produzida - alas retas","un",{"v":2312.21,"d":"2,312.21"}]
[804327,"Boca de BTTC D = 1,00 m - esconsidade 25° - areia e brita comerciais - alas retas","un",{"v":2904.57,"d":"2,904.57"}]
[804326,"Boca de BTTC D = 1,00 m - esconsidade 25° - areia extraída e brita produzida - alas retas","un",{"v":2359.05,"d":"2,359.05"}]
[804445,"Boca de BTTC D = 1,00 m - esconsidade 30° - areia e brita comerciais - alas esconsas","un",{"v":5913.42,"d":"5,913.42"}]
[804329,"Boca de BTTC D = 1,00 m - esconsidade 30° - areia e brita comerciais - alas retas","un",{"v":2972.02,"d":"2,972.02"}]
[804444,"Boca de BTTC D = 1,00 m - esconsidade 30° - areia extraída e brita produzida - alas esconsas","un",{"v":4823.78,"d":"4,823.78"}]
[804328,"Boca de BTTC D = 1,00 m - esconsidade 30° - areia extraída e brita produzida - alas retas","un",{"v":2421.87,"d":"2,421.87"}]
[804331,"Boca de BTTC D = 1,00 m - esconsidade 35° - areia e brita comerciais - alas retas","un",{"v":3059.19,"d":"3,059.19"}]
[804330,"Boca de BTTC D = 1,00 m - esconsidade 35° - areia extraída e brita produzida - alas retas","un",{"v":2503.7,"d":"2,503.70"}]
[804333,"Boca de BTTC D = 1,00 m - esconsidade 40° - areia e brita comerciais - alas retas","un",{"v":3175.59,"d":"3,175.59"}]
[804332,"Boca de BTTC D = 1,00 m - esconsidade 40° - areia extraída e brita produzida - alas retas","un",{"v":2613.93,"d":"2,613.93"}]
[804447,"Boca de BTTC D = 1,00 m - esconsidade 45° - areia e brita comerciais - alas esconsas","un",{"v":7316.65,"d":"7,316.65"}]
[804335,"Boca de BTTC D = 1,00 m - esconsidade 45° - areia e brita comerciais - alas retas","un",{"v":3329.4,"d":"3,329.40"}]
[804446,"Boca de BTTC D = 1,00 m - esconsidade 45° - areia extraída e brita produzida - alas esconsas","un",{"v":5962.24,"d":"5,962.24"}]
[804334,"Boca de BTTC D = 1,00 m - esconsidade 45° - areia extraída e brita produzida - alas retas","un",{"v":2761,"d":"2,761.00"}]
[804319,"Boca de BTTC D = 1,00 m - esconsidade 5° - areia e brita comerciais - alas retas","un",{"v":2776.55,"d":"2,776.55"}]
[804318,"Boca de BTTC D = 1,00 m - esconsidade 5° - areia extraída e brita produzida - alas retas","un",{"v":2241.41,"d":"2,241.41"}]
[804449,"Boca de BTTC D = 1,20 m - esconsidade 0° - areia e brita comerciais - alas esconsas","un",{"v":7387.5,"d":"7,387.50"}]
[804337,"Boca de BTTC D = 1,20 m - esconsidade 0° - areia e brita comerciais - alas retas","un",{"v":3803.29,"d":"3,803.29"}]
[804448,"Boca de BTTC D = 1,20 m - esconsidade 0° - areia extraída e brita produzida - alas esconsas","un",{"v":5946.23,"d":"5,946.23"}]
[804336,"Boca de BTTC D = 1,20 m - esconsidade 0° - areia extraída e brita produzida - alas retas","un",{"v":3032.01,"d":"3,032.01"}]
[804341,"Boca de BTTC D = 1,20 m - esconsidade 10° - areia e brita comerciais - alas retas","un",{"v":3832.55,"d":"3,832.55"}]
[804340,"Boca de BTTC D = 1,20 m - esconsidade 10° - areia extraída e brita produzida - alas retas","un",{"v":3057.9,"d":"3,057.90"}]
[804451,"Boca de BTTC D = 1,20 m - esconsidade 15° - areia e brita comerciais - alas esconsas","un",{"v":7727.02,"d":"7,727.02"}]
[804343,"Boca de BTTC D = 1,20 m - esconsidade 15° - areia e brita comerciais - alas retas","un",{"v":3869.87,"d":"3,869.87"}]
[804450,"Boca de BTTC D = 1,20 m - esconsidade 15° - areia extraída e brita produzida - alas esconsas","un",{"v":6217.42,"d":"6,217.42"}]
[804342,"Boca de BTTC D = 1,20 m - esconsidade 15° - areia extraída e brita produzida - alas retas","un",{"v":3091.01,"d":"3,091.01"}]
[804345,"Boca de BTTC D = 1,20 m - esconsidade 20° - areia e brita comerciais - alas retas","un",{"v":3924.39,"d":"3,924.39"}]
[804344,"Boca de BTTC D = 1,20 m - esconsidade 20° - areia extraída e brita produzida - alas retas","un",{"v":3139.78,"d":"3,139.78"}]
[804347,"Boca de BTTC D = 1,20 m - esconsidade 25° - areia e brita comerciais - alas retas","un",{"v":3998.83,"d":"3,998.83"}]
[804346,"Boca de BTTC D = 1,20 m - esconsidade 25° - areia extraída e brita produzida - alas retas","un",{"v":3206.78,"d":"3,206.78"}]
[804453,"Boca de BTTC D = 1,20 m - esconsidade 30° - areia e brita comerciais - alas esconsas","un",{"v":8615.7,"d":"8,615.70"}]
[804349,"Boca de BTTC D = 1,20 m - esconsidade 30° - areia e brita comerciais - alas retas","un",{"v":4096.5,"d":"4,096.50"}]
[804452,"Boca de BTTC D = 1,20 m - esconsidade 30° - areia extraída e brita produzida - alas esconsas","un",{"v":6926.51,"d":"6,926.51"}]
[804348,"Boca de BTTC D = 1,20 m - esconsidade 30° - areia extraída e brita produzida - alas retas","un",{"v":3295.47,"d":"3,295.47"}]
[804351,"Boca de BTTC D = 1,20 m - esconsidade 35° - areia e brita comerciais - alas retas","un",{"v":4222.25,"d":"4,222.25"}]
[804350,"Boca de BTTC D = 1,20 m - esconsidade 35° - areia extraída e brita produzida - alas retas","un",{"v":3410.84,"d":"3,410.84"}]
[804353,"Boca de BTTC D = 1,20 m - esconsidade 40° - areia e brita comerciais - alas retas","un",{"v":4387.42,"d":"4,387.42"}]
[804352,"Boca de BTTC D = 1,20 m - esconsidade 40° - areia extraída e brita produzida - alas retas","un",{"v":3564.22,"d":"3,564.22"}]
[804455,"Boca de BTTC D = 1,20 m - esconsidade 45° - areia e brita comerciais - alas esconsas","un",{"v":10667.55,"d":"10,667.55"}]
[804355,"Boca de BTTC D = 1,20 m - esconsidade 45° - areia e brita comerciais - alas retas","un",{"v":4604.86,"d":"4,604.86"}]
[804454,"Boca de BTTC D = 1,20 m - esconsidade 45° - areia extraída e brita produzida - alas esconsas","un",{"v":8565.29,"d":"8,565.29"}]
[804354,"Boca de BTTC D = 1,20 m - esconsidade 45° - areia extraída e brita produzida - alas retas","un",{"v":3768.47,"d":"3,768.47"}]
[804339,"Boca de BTTC D = 1,20 m - esconsidade 5° - areia e brita comerciais - alas retas","un",{"v":3810.61,"d":"3,810.61"}]
[804338,"Boca de BTTC D = 1,20 m - esconsidade 5° - areia extraída e brita produzida - alas retas","un",{"v":3038.48,"d":"3,038.48"}]
[804457,"Boca de BTTC D = 1,50 m - esconsidade 0° - areia e brita comerciais - alas esconsas","un",{"v":12967.52,"d":"12,967.52"}]
[804357,"Boca de BTTC D = 1,50 m - esconsidade 0° - areia e brita comerciais - alas retas","un",{"v":6427.19,"d":"6,427.19"}]
[804456,"Boca de BTTC D = 1,50 m - esconsidade 0° - areia extraída e brita produzida - alas esconsas","un",{"v":10229.23,"d":"10,229.23"}]
[804356,"Boca de BTTC D = 1,50 m - esconsidade 0° - areia extraída e brita produzida - alas retas","un",{"v":5061.56,"d":"5,061.56"}]
[804361,"Boca de BTTC D = 1,50 m - esconsidade 10° - areia e brita comerciais - alas retas","un",{"v":6472.34,"d":"6,472.34"}]
[804360,"Boca de BTTC D = 1,50 m - esconsidade 10° - areia extraída e brita produzida - alas retas","un",{"v":5100.81,"d":"5,100.81"}]
[804459,"Boca de BTTC D = 1,50 m - esconsidade 15° - areia e brita comerciais - alas esconsas","un",{"v":13571.75,"d":"13,571.75"}]
[804363,"Boca de BTTC D = 1,50 m - esconsidade 15° - areia e brita comerciais - alas retas","un",{"v":6530.14,"d":"6,530.14"}]
[804458,"Boca de BTTC D = 1,50 m - esconsidade 15° - areia extraída e brita produzida - alas esconsas","un",{"v":10702.98,"d":"10,702.98"}]
[804362,"Boca de BTTC D = 1,50 m - esconsidade 15° - areia extraída e brita produzida - alas retas","un",{"v":5151.17,"d":"5,151.17"}]
[804365,"Boca de BTTC D = 1,50 m - esconsidade 20° - areia e brita comerciais - alas retas","un",{"v":6613.54,"d":"6,613.54"}]
[804364,"Boca de BTTC D = 1,50 m - esconsidade 20° - areia extraída e brita produzida - alas retas","un",{"v":5224.19,"d":"5,224.19"}]
[804367,"Boca de BTTC D = 1,50 m - esconsidade 25° - areia e brita comerciais - alas retas","un",{"v":6726.61,"d":"6,726.61"}]
[804366,"Boca de BTTC D = 1,50 m - esconsidade 25° - areia extraída e brita produzida - alas retas","un",{"v":5324.07,"d":"5,324.07"}]
[804461,"Boca de BTTC D = 1,50 m - esconsidade 30° - areia e brita comerciais - alas esconsas","un",{"v":15176.19,"d":"15,176.19"}]
[804369,"Boca de BTTC D = 1,50 m - esconsidade 30° - areia e brita comerciais - alas retas","un",{"v":6873.89,"d":"6,873.89"}]
[804460,"Boca de BTTC D = 1,50 m - esconsidade 30° - areia extraída e brita produzida - alas esconsas","un",{"v":11960.98,"d":"11,960.98"}]
[804371,"Boca de BTTC D = 1,50 m - esconsidade 35° - areia e brita comerciais - alas retas","un",{"v":7063.53,"d":"7,063.53"}]
[804370,"Boca de BTTC D = 1,50 m - esconsidade 35° - areia extraída e brita produzida - alas retas","un",{"v":5626.48,"d":"5,626.48"}]
[804373,"Boca de BTTC D = 1,50 m - esconsidade 40° - areia e brita comerciais - alas retas","un",{"v":7307.93,"d":"7,307.93"}]
[804372,"Boca de BTTC D = 1,50 m - esconsidade 40° - areia extraída e brita produzida - alas retas","un",{"v":5849.97,"d":"5,849.97"}]
[804463,"Boca de BTTC D = 1,50 m - esconsidade 45° - areia e brita comerciais - alas esconsas","un",{"v":18853.02,"d":"18,853.02"}]
[804375,"Boca de BTTC D = 1,50 m - esconsidade 45° - areia e brita comerciais - alas retas","un",{"v":7629.02,"d":"7,629.02"}]
[804462,"Boca de BTTC D = 1,50 m - esconsidade 45° - areia extraída e brita produzida - alas esconsas","un",{"v":14837.91,"d":"14,837.91"}]
[804374,"Boca de BTTC D = 1,50 m - esconsidade 45° - areia extraída e brita produzida - alas retas","un",{"v":6147.77,"d":"6,147.77"}]
[804359,"Boca de BTTC D = 1,50 m - esconsidade 5° - areia e brita comerciais - alas retas","un",{"v":6438.63,"d":"6,438.63"}]
[804358,"Boca de BTTC D = 1,50 m - esconsidade 5° - areia extraída e brita produzida - alas retas","un",{"v":5071.59,"d":"5,071.59"}]
[804368,"Boca de BTTC D = 1,50 m esconsidade 30° - areia extraída e brita produzida - alas retas","un",{"v":5455.35,"d":"5,455.35"}]
[804465,"Confecção de tubos de concreto armado D = 0,60 m PA1 - areia e brita comerciais","m",132.36]
[804464,"Confecção de tubos de concreto armado D = 0,60 m PA1 - areia extraída e brita produzida","m",113.43]
[804475,"Confecção de tubos de concreto armado D = 0,60 m PA2 - areia e brita comerciais","m",146.44]
[804474,"Confecção de tubos de concreto armado D = 0,60 m PA2 - areia extraída e brita produzida","m",127.52]
[804485,"Confecção de tubos de concreto armado D = 0,60 m PA3 - areia e brita comerciais","m",216.79]
[804484,"Confecção de tubos de concreto armado D = 0,60 m PA3 - areia extraída e brita produzida","m",197.97]
[804495,"Confecção de tubos de concreto armado D = 0,60 m PA4 - areia e brita comerciais","m",270.69]
[804494,"Confecção de tubos de concreto armado D = 0,60 m PA4 - areia extraída e brita produzida","m",248.38]
[804467,"Confecção de tubos de concreto armado D = 0,80 m PA1 - areia e brita comerciais","m",200.98]
[804466,"Confecção de tubos de concreto armado D = 0,80 m PA1 - areia extraída e brita produzida","m",170.83]
[804477,"Confecção de tubos de concreto armado D = 0,80 m PA2 - areia e brita comerciais","m",257.26]
[804476,"Confecção de tubos de concreto armado D = 0,80 m PA2 - areia extraída e brita produzida","m",227.19]
[804487,"Confecção de tubos de concreto armado D = 0,80 m PA3 - areia e brita comerciais","m",{"v":368,"d":"368.00"}]
[804486,"Confecção de tubos de concreto armado D = 0,80 m PA3 - areia extraída e brita produzida","m",334.34]
[804497,"Confecção de tubos de concreto armado D = 0,80 m PA4 - areia e brita comerciais","m",433.78]
[804496,"Confecção de tubos de concreto armado D = 0,80 m PA4 - areia extraída e brita produzida","m",393.03]
[804469,"Confecção de tubos de concreto armado D = 1,00 m PA1 - areia e brita comerciais","m",356.12]
[804468,"Confecção de tubos de concreto armado D = 1,00 m PA1 - areia extraída e brita produzida","m",314.79]
[804479,"Confecção de tubos de concreto armado D = 1,00 m PA2 - areia e brita comerciais","m",{"v":412.4,"d":"412.40"}]
[804478,"Confecção de tubos de concreto armado D = 1,00 m PA2 - areia extraída e brita produzida","m",371.14]
[804489,"Confecção de tubos de concreto armado D = 1,00 m PA3 - areia e brita comerciais","m",520.65]
[804488,"Confecção de tubos de concreto armado D = 1,00 m PA3 - areia extraída e brita produzida","m",467.98]
[804499,"Confecção de tubos de concreto armado D = 1,00 m PA4 - areia e brita comerciais","m",662.57]
[804498,"Confecção de tubos de concreto armado D = 1,00 m PA4 - areia extraída e brita produzida","m",601.15]
[804471,"Confecção de tubos de concreto armado D = 1,20 m PA1 - areia e brita comerciais","m",482.57]
[804470,"Confecção de tubos de concreto armado D = 1,20 m PA1 - areia extraída e brita produzida","m",422.38]
[804481,"Confecção de tubos de concreto armado D = 1,20 m PA2 - areia e brita comerciais","m",{"v":609.2,"d":"609.20"}]
[804480,"Confecção de tubos de concreto armado D = 1,20 m PA2 - areia extraída e brita produzida","m",549.18]
[804491,"Confecção de tubos de concreto armado D = 1,20 m PA3 - areia e brita comerciais","m",802.81]
[804490,"Confecção de tubos de concreto armado D = 1,20 m PA3 - areia extraída e brita produzida","m",722.64]
[804501,"Confecção de tubos de concreto armado D = 1,20 m PA4 - areia e brita comerciais","m",965.31]
[804500,"Confecção de tubos de concreto armado D = 1,20 m PA4 - areia extraída e brita produzida","m",874.42]
[804473,"Confecção de tubos de concreto armado D = 1,50 m PA1 - areia e brita comerciais","m",{"v":779,"d":"779.00"}]
[804472,"Confecção de tubos de concreto armado D = 1,50 m PA1 - areia extraída e brita produzida","m",684.99]
[804483,"Confecção de tubos de concreto armado D = 1,50 m PA2 - areia e brita comerciais","m",975.99]
[804482,"Confecção de tubos de concreto armado D = 1,50 m PA2 - areia extraída e brita produzida","m",882.23]
[804493,"Confecção de tubos de concreto armado D = 1,50 m PA3 - areia e brita comerciais","m",{"v":1288.01,"d":"1,288.01"}]
[804492,"Confecção de tubos de concreto armado D = 1,50 m PA3 - areia extraída e brita produzida","m",{"v":1163.9,"d":"1,163.90"}]
[804503,"Confecção de tubos de concreto armado D = 1,50 m PA4 - areia e brita comerciais","m",{"v":1542,"d":"1,542.00"}]
[804502,"Confecção de tubos de concreto armado D = 1,50 m PA4 - areia extraída e brita produzida","m",{"v":1413.72,"d":"1,413.72"}]
[804180,"Corpo de BDTC D = 0,80 m PA1 - areia extraída e brita e pedra de mão produzidas","m",{"v":1087.69,"d":"1,087.69"}]
[804181,"Corpo de BDTC D = 0,80 m PA1 - areia, brita e pedra de mão comerciais","m",{"v":1180.37,"d":"1,180.37"}]
[804182,"Corpo de BDTC D = 0,80 m PA2 - areia extraída e brita e pedra de mão produzidas","m",{"v":1199.98,"d":"1,199.98"}]
[804183,"Corpo de BDTC D = 0,80 m PA2 - areia, brita e pedra de mão comerciais","m",{"v":1292.66,"d":"1,292.66"}]
[804184,"Corpo de BDTC D = 0,80 m PA3 - areia extraída e brita e pedra de mão produzidas","m",{"v":1355.25,"d":"1,355.25"}]
[804185,"Corpo de BDTC D = 0,80 m PA3 - areia, brita e pedra de mão comerciais","m",{"v":1447.94,"d":"1,447.94"}]
[804186,"Corpo de BDTC D = 0,80 m PA4 - areia extraída e brita e pedra de mão produzidas","m",{"v":1449.18,"d":"1,449.18"}]
[804187,"Corpo de BDTC D = 0,80 m PA4 - areia, brita e pedra de mão comerciais","m",{"v":1541.87,"d":"1,541.87"}]
[804188,"Corpo de BDTC D = 1,00 m PA1 - areia extraída e brita e pedra de mão produzidas","m",{"v":1615.83,"d":"1,615.83"}]
[804189,"Corpo de BDTC D = 1,00 m PA1 - areia, brita e pedra de mão comerciais","m",{"v":1739.81,"d":"1,739.81"}]
[804190,"Corpo de BDTC D = 1,00 m PA2 - areia extraída e brita e pedra de mão produzidas","m",{"v":1698.08,"d":"1,698.08"}]
[804191,"Corpo de BDTC D = 1,00 m PA2 - areia, brita e pedra de mão comerciais","m",{"v":1822.06,"d":"1,822.06"}]
[804192,"Corpo de BDTC D = 1,00 m PA3 - areia extraída e brita e pedra de mão produzidas","m",{"v":1808.07,"d":"1,808.07"}]
[804193,"Corpo de BDTC D = 1,00 m PA3 - areia, brita e pedra de mão comerciais","m",{"v":1932.05,"d":"1,932.05"}]
[804194,"Corpo de BDTC D = 1,00 m PA4 - areia extraída e brita e pedra de mão produzidas","m",{"v":1932.42,"d":"1,932.42"}]
[804195,"Corpo de BDTC D = 1,00 m PA4 - areia, brita e pedra de mão comerciais","m",{"v":2056.39,"d":"2,056.39"}]
[804196,"Corpo de BDTC D = 1,20 m PA1 - areia extraída e brita e pedra de mão produzidas","m",{"v":2117.34,"d":"2,117.34"}]
[804197,"Corpo de BDTC D = 1,20 m PA1 - areia, brita e pedra de mão comerciais","m",{"v":2275.23,"d":"2,275.23"}]
[804198,"Corpo de BDTC D = 1,20 m PA2 - areia extraída e brita e pedra de mão produzidas","m",{"v":2295.32,"d":"2,295.32"}]
[804199,"Corpo de BDTC D = 1,20 m PA2 - areia, brita e pedra de mão comerciais","m",{"v":2453.22,"d":"2,453.22"}]
[804200,"Corpo de BDTC D = 1,20 m PA3 - areia extraída e brita e pedra de mão produzidas","m",{"v":2524.86,"d":"2,524.86"}]
[804201,"Corpo de BDTC D = 1,20 m PA3 - areia, brita e pedra de mão comerciais","m",{"v":2682.75,"d":"2,682.75"}]
[804202,"Corpo de BDTC D = 1,20 m PA4 - areia extraída e brita e pedra de mão produzidas","m",{"v":2741.47,"d":"2,741.47"}]
[804203,"Corpo de BDTC D = 1,20 m PA4 - areia, brita e pedra de mão comerciais","m",{"v":2899.36,"d":"2,899.36"}]
[804204,"Corpo de BDTC D = 1,50 m PA1 - areia extraída e brita e pedra de mão produzidas","m",{"v":3105.1,"d":"3,105.10"}]
[804205,"Corpo de BDTC D = 1,50 m PA1 - areia, brita e pedra de mão comerciais","m",{"v":3308.76,"d":"3,308.76"}]
[804206,"Corpo de BDTC D = 1,50 m PA2 - areia extraída e brita e pedra de mão produzidas","m",{"v":3351.64,"d":"3,351.64"}]
[804207,"Corpo de BDTC D = 1,50 m PA2 - areia, brita e pedra de mão comerciais","m",{"v":3555.3,"d":"3,555.30"}]
[804208,"Corpo de BDTC D = 1,50 m PA3 - areia extraída e brita e pedra de mão produzidas","m",{"v":3629.9,"d":"3,629.90"}]
[804209,"Corpo de BDTC D = 1,50 m PA3 - areia, brita e pedra de mão comerciais","m",{"v":3833.56,"d":"3,833.56"}]
[804210,"Corpo de BDTC D = 1,50 m PA4 - areia extraída e brita e pedra de mão produzidas","m",{"v":3757.09,"d":"3,757.09"}]
[804211,"Corpo de BDTC D = 1,50 m PA4 - areia, brita e pedra de mão comerciais","m",{"v":3960.75,"d":"3,960.75"}]
[804012,"Corpo de BSTC D = 0,40 m PA1 - areia extraída e brita e pedra de mão produzidas","m",240.53]
[804013,"Corpo de BSTC D = 0,40 m PA1 - areia, brita e pedra de mão comerciais","m",263.11]
[804014,"Corpo de BSTC D = 0,40 m PA2 - areia extraída e brita e pedra de mão produzidas","m",261.64]
[804015,"Corpo de BSTC D = 0,40 m PA2 - areia, brita e pedra de mão comerciais","m",284.23]
[804016,"Corpo de BSTC D = 0,40 m PA3 - areia extraída e brita e pedra de mão produzidas","m",277.73]
[804017,"Corpo de BSTC D = 0,40 m PA3 - areia, brita e pedra de mão comerciais","m",300.32]
[804018,"Corpo de BSTC D = 0,40 m PA4 - areia extraída e brita e pedra de mão produzidas","m",326.81]
[804019,"Corpo de BSTC D = 0,40 m PA4 - areia, brita e pedra de mão comerciais","m",{"v":349.4,"d":"349.40"}]
[804020,"Corpo de BSTC D = 0,60 m PA1 - areia extraída e brita e pedra de mão produzidas","m",412.93]
[804021,"Corpo de BSTC D = 0,60 m PA1 - areia, brita e pedra de mão comerciais","m",446.82]
[804022,"Corpo de BSTC D = 0,60 m PA2 - areia extraída e brita e pedra de mão produzidas","m",428.16]
[804023,"Corpo de BSTC D = 0,60 m PA2 - areia, brita e pedra de mão comerciais","m",462.05]
[804024,"Corpo de BSTC D = 0,60 m PA3 - areia extraída e brita e pedra de mão produzidas","m",461.44]
[804025,"Corpo de BSTC D = 0,60 m PA3 - areia, brita e pedra de mão comerciais","m",495.33]
[804026,"Corpo de BSTC D = 0,60 m PA4 - areia extraída e brita e pedra de mão produzidas","m",534.75]
[804027,"Corpo de BSTC D = 0,60 m PA4 - areia, brita e pedra de mão comerciais","m",568.64]
[804028,"Corpo de BSTC D = 0,80 m PA1 - areia extraída e brita e pedra de mão produzidas","m",570.31]
[804029,"Corpo de BSTC D = 0,80 m PA1 - areia, brita e pedra de mão comerciais","m",616.66]
[804030,"Corpo de BSTC D = 0,80 m PA2 - areia extraída e brita e pedra de mão produzidas","m",626.46]
[804031,"Corpo de BSTC D = 0,80 m PA2 - areia, brita e pedra de mão comerciais","m",{"v":672.8,"d":"672.80"}]
[804032,"Corpo de BSTC D = 0,80 m PA3 - areia extraída e brita e pedra de mão produzidas","m",{"v":704.1,"d":"704.10"}]
[804033,"Corpo de BSTC D = 0,80 m PA3 - areia, brita e pedra de mão comerciais","m",750.44]
[804034,"Corpo de BSTC D = 0,80 m PA4 - areia extraída e brita e pedra de mão produzidas","m",751.06]
[804035,"Corpo de BSTC D = 0,80 m PA4 - areia, brita e pedra de mão comerciais","m",{"v":797.4,"d":"797.40"}]
[804036,"Corpo de BSTC D = 1,00 m PA1 - areia extraída e brita e pedra de mão produzidas","m",835.56]
[804037,"Corpo de BSTC D = 1,00 m PA1 - areia, brita e pedra de mão comerciais","m",896.07]
[804038,"Corpo de BSTC D = 1,00 m PA2 - areia extraída e brita e pedra de mão produzidas","m",876.68]
[804039,"Corpo de BSTC D = 1,00 m PA2 - areia, brita e pedra de mão comerciais","m",937.19]
[804040,"Corpo de BSTC D = 1,00 m PA3 - areia extraída e brita e pedra de mão produzidas","m",931.68]
[804041,"Corpo de BSTC D = 1,00 m PA3 - areia, brita e pedra de mão comerciais","m",992.19]
[804042,"Corpo de BSTC D = 1,00 m PA4 - areia extraída e brita e pedra de mão produzidas","m",993.85]
[804043,"Corpo de BSTC D = 1,00 m PA4 - areia, brita e pedra de mão comerciais","m",{"v":1054.36,"d":"1,054.36"}]
[804044,"Corpo de BSTC D = 1,20 m PA1 - areia extraída e brita e pedra de mão produzidas","m",{"v":1086.7,"d":"1,086.70"}]
[804045,"Corpo de BSTC D = 1,20 m PA1 - areia, brita e pedra de mão comerciais","m",{"v":1162.23,"d":"1,162.23"}]
[804046,"Corpo de BSTC D = 1,20 m PA2 - areia extraída e brita e pedra de mão produzidas","m",{"v":1175.69,"d":"1,175.69"}]
[804047,"Corpo de BSTC D = 1,20 m PA2 - areia, brita e pedra de mão comerciais","m",{"v":1251.23,"d":"1,251.23"}]
[804048,"Corpo de BSTC D = 1,20 m PA3 - areia extraída e brita e pedra de mão produzidas","m",{"v":1290.46,"d":"1,290.46"}]
[804049,"Corpo de BSTC D = 1,20 m PA3 - areia, brita e pedra de mão comerciais","m",{"v":1366,"d":"1,366.00"}]
[804050,"Corpo de BSTC D = 1,20 m PA4 - areia extraída e brita e pedra de mão produzidas","m",{"v":1398.76,"d":"1,398.76"}]
[804051,"Corpo de BSTC D = 1,20 m PA4 - areia, brita e pedra de mão comerciais","m",{"v":1474.3,"d":"1,474.30"}]
[804052,"Corpo de BSTC D = 1,50 m PA1 - areia extraída e brita e pedra de mão produzidas","m",{"v":1583.84,"d":"1,583.84"}]
[804053,"Corpo de BSTC D = 1,50 m PA1 - areia, brita e pedra de mão comerciais","m",{"v":1681.96,"d":"1,681.96"}]
[804054,"Corpo de BSTC D = 1,50 m PA2 - areia extraída e brita e pedra de mão produzidas","m",{"v":1707.11,"d":"1,707.11"}]
[804055,"Corpo de BSTC D = 1,50 m PA2 - areia, brita e pedra de mão comerciais","m",{"v":1805.23,"d":"1,805.23"}]
[804056,"Corpo de BSTC D = 1,50 m PA3 - areia extraída e brita e pedra de mão produzidas","m",{"v":1846.24,"d":"1,846.24"}]
[804057,"Corpo de BSTC D = 1,50 m PA3 - areia, brita e pedra de mão comerciais","m",{"v":1944.36,"d":"1,944.36"}]
[804058,"Corpo de BSTC D = 1,50 m PA4 - areia extraída e brita e pedra de mão produzidas","m",{"v":1909.83,"d":"1,909.83"}]
[804059,"Corpo de BSTC D = 1,50 m PA4 - areia, brita e pedra de mão comerciais","m",{"v":2007.96,"d":"2,007.96"}]
[804292,"Corpo de BTTC D = 1,00 m PA1 - areia extraída e brita e pedra de mão produzidas","m",{"v":2396.11,"d":"2,396.11"}]
[804293,"Corpo de BTTC D = 1,00 m PA1 - areia, brita e pedra de mão comerciais","m",{"v":2583.56,"d":"2,583.56"}]
[804294,"Corpo de BTTC D = 1,00 m PA2 - areia extraída e brita e pedra de mão produzidas","m",{"v":2519.48,"d":"2,519.48"}]
[804295,"Corpo de BTTC D = 1,00 m PA2 - areia, brita e pedra de mão comerciais","m",{"v":2706.93,"d":"2,706.93"}]
[804296,"Corpo de BTTC D = 1,00 m PA3 - areia extraída e brita e pedra de mão produzidas","m",{"v":2684.47,"d":"2,684.47"}]
[804297,"Corpo de BTTC D = 1,00 m PA3 - areia, brita e pedra de mão comerciais","m",{"v":2871.92,"d":"2,871.92"}]
[804298,"Corpo de BTTC D = 1,00 m PA4 - areia extraída e brita e pedra de mão produzidas","m",{"v":2870.98,"d":"2,870.98"}]
[804299,"Corpo de BTTC D = 1,00 m PA4 - areia, brita e pedra de mão comerciais","m",{"v":3058.44,"d":"3,058.44"}]
[804300,"Corpo de BTTC D = 1,20 m PA1 - areia extraída e brita e pedra de mão produzidas","m",{"v":3147.72,"d":"3,147.72"}]
[804301,"Corpo de BTTC D = 1,20 m PA1 - areia, brita e pedra de mão comerciais","m",{"v":3387.82,"d":"3,387.82"}]
[804302,"Corpo de BTTC D = 1,20 m PA2 - areia extraída e brita e pedra de mão produzidas","m",{"v":3414.7,"d":"3,414.70"}]
[804303,"Corpo de BTTC D = 1,20 m PA2 - areia, brita e pedra de mão comerciais","m",{"v":3654.8,"d":"3,654.80"}]
[804304,"Corpo de BTTC D = 1,20 m PA3 - areia extraída e brita e pedra de mão produzidas","m",{"v":3759,"d":"3,759.00"}]
[804305,"Corpo de BTTC D = 1,20 m PA3 - areia, brita e pedra de mão comerciais","m",{"v":3999.1,"d":"3,999.10"}]
[804306,"Corpo de BTTC D = 1,20 m PA4 - areia extraída e brita e pedra de mão produzidas","m",{"v":4083.91,"d":"4,083.91"}]
[804307,"Corpo de BTTC D = 1,20 m PA4 - areia, brita e pedra de mão comerciais","m",{"v":4324.02,"d":"4,324.02"}]
[804308,"Corpo de BTTC D = 1,50 m PA1 - areia extraída e brita e pedra de mão produzidas","m",{"v":4626.63,"d":"4,626.63"}]
[804309,"Corpo de BTTC D = 1,50 m PA1 - areia, brita e pedra de mão comerciais","m",{"v":4935.97,"d":"4,935.97"}]
[804310,"Corpo de BTTC D = 1,50 m PA2 - areia extraída e brita e pedra de mão produzidas","m",{"v":4996.43,"d":"4,996.43"}]
[804311,"Corpo de BTTC D = 1,50 m PA2 - areia, brita e pedra de mão comerciais","m",{"v":5305.78,"d":"5,305.78"}]
[804312,"Corpo de BTTC D = 1,50 m PA3 - areia extraída e brita e pedra de mão produzidas","m",{"v":5413.82,"d":"5,413.82"}]
[804313,"Corpo de BTTC D = 1,50 m PA3 - areia, brita e pedra de mão comerciais","m",{"v":5723.17,"d":"5,723.17"}]
[804314,"Corpo de BTTC D = 1,50 m PA4 - areia extraída e brita e pedra de mão produzidas","m",{"v":5604.61,"d":"5,604.61"}]
[804315,"Corpo de BTTC D = 1,50 m PA4 - areia, brita e pedra de mão comerciais","m",{"v":5913.95,"d":"5,913.95"}]
[805446,"Dentes para bueiros duplos D = 0,80 m - areia extraída e brita e pedra de mão produzidas","un",40.97]
[805447,"Dentes para bueiros duplos D = 0,80 m - areia, brita e pedra de mão comerciais","un",{"v":55.2,"d":"55.20"}]
[805448,"Dentes para bueiros duplos D = 1,00 m - areia extraída e brita e pedra de mão produzidas","un",49.11]
[805449,"Dentes para bueiros duplos D = 1,00 m - areia, brita e pedra de mão comerciais","un",66.16]
[805450,"Dentes para bueiros duplos D = 1,20 m - areia extraída e brita e pedra de mão produzidas","un",56.99]
[805451,"Dentes para bueiros duplos D = 1,20 m - areia, brita e pedra de mão comerciais","un",{"v":76.7,"d":"76.70"}]
[805452,"Dentes para bueiros duplos D = 1,50 m - areia extraída e brita e pedra de mão produzidas","un",{"v":66.7,"d":"66.70"}]
[805453,"Dentes para bueiros duplos D = 1,50 m - areia, brita e pedra de mão comerciais","un",90.12]
[805434,"Dentes para bueiros simples D = 0,40 m - areia extraída e brita e pedra de mão produzidas","un",13.93]
[805435,"Dentes para bueiros simples D = 0,40 m - areia, brita e pedra de mão comerciais","un",18.23]
[805436,"Dentes para bueiros simples D = 0,60 m - areia extraída e brita e pedra de mão produzidas","un",16.28]
[805437,"Dentes para bueiros simples D = 0,60 m - areia, brita e pedra de mão comerciais","un",21.92]
[805438,"Dentes para bueiros simples D = 0,80 m - areia extraída e brita e pedra de mão produzidas","un",22.08]
[805439,"Dentes para bueiros simples D = 0,80 m - areia, brita e pedra de mão comerciais","un",29.19]
[805440,"Dentes para bueiros simples D = 1,00 m - areia extraída e brita e pedra de mão produzidas","un",24.69]
[805441,"Dentes para bueiros simples D = 1,00 m - areia, brita e pedra de mão comerciais","un",33.28]
[805442,"Dentes para bueiros simples D = 1,20 m - areia extraída e brita e pedra de mão produzidas","un",29.96]
[805443,"Dentes para bueiros simples D = 1,20 m - areia, brita e pedra de mão comerciais","un",39.74]
[805444,"Dentes para bueiros simples D = 1,50 m - areia extraída e brita e pedra de mão produzidas","un",33.35]
[805445,"Dentes para bueiros simples D = 1,50 m - areia, brita e pedra de mão comerciais","un",45.06]
[805454,"Dentes para bueiros triplos D = 1,00 m - areia extraída e brita e pedra de mão produzidas","un",{"v":73.8,"d":"73.80"}]
[805455,"Dentes para bueiros triplos D = 1,00 m - areia, brita e pedra de mão comerciais","un",99.44]
[805456,"Dentes para bueiros triplos D = 1,20 m - areia extraída e brita e pedra de mão produzidas","un",83.77]
[805457,"Dentes para bueiros triplos D = 1,20 m - areia, brita e pedra de mão comerciais","un",113.26]
[805458,"Dentes para bueiros triplos D = 1,50 m - areia extraída e brita e pedra de mão produzidas","un",100.32]
[805459,"Dentes para bueiros triplos D = 1,50 m - areia, brita e pedra de mão comerciais","un",135.59]
[909620,"Alvenaria de blocos de concreto 19 x 19 x 39 cm com espessura de 20 cm com argamassa traço 1:0,5:3,5 - areia comercial","m²",127.97]
[909621,"Alvenaria de blocos de concreto 19 x 19 x 39 cm com espessura de 20 cm com argamassa traço 1:0,5:3,5 - areia extraída","m²",126.55]
[903802,"Bacia de contenção para tanque de emulsão de 30.000 l - inclusive demolição","un",{"v":14930.76,"d":"14,930.76"}]
[919113,"Canaleta perfil cartola 50 x 70 x 3 mm - aba 20 mm","m",{"v":148.2,"d":"148.20"}]
[903788,"Chapisco com argamassa de cimento e areia 1:3 - aplicação manual","m²",4.58]
[919247,"Cobertura em chapas zincadas com espessura de 0,43 mm - utilização 2 vezes","m²",38.32]
[919016,"Depósito de óleo para oficina - inclusive demolição","un",{"v":7829.5,"d":"7,829.50"}]
[919078,"Dique de contenção para usina de asfalto a quente - inclusive demolição","un",{"v":36278.3,"d":"36,278.30"}]
[903789,"Emboço com argamassa de cimento, cal hidratada e areia 1:2:8 com espessura de 2 cm - aplicação manual","m²",32.75]
[919250,"Fornecimento e instalação de extintor de espuma 10 l","un",665.52]
[903807,"Instalação da central de britagem com capacidade de 80 m³/h","un",{"v":107236.21,"d":"107,236.21"}]
[903806,"Instalação da central de concreto com capacidade de 150 m³/h","un",{"v":180796.92,"d":"180,796.92"}]
[903804,"Instalação da central de concreto com capacidade de 30 m³/h","un",{"v":66985.86,"d":"66,985.86"}]
[903805,"Instalação da central de concreto com capacidade de 40 m³/h","un",{"v":77811.81,"d":"77,811.81"}]
[903810,"Instalação da usina de asfalto a quente capacidade de 120 t/h","un",{"v":191508.68,"d":"191,508.68"}]
[903809,"Instalação da usina de pré-misturado a frio com capacidade de 60 t/h","un",{"v":123715.07,"d":"123,715.07"}]
[903808,"Instalação da usina misturadora de solos com capacidade de 300 t/h","un",{"v":113036.06,"d":"113,036.06"}]
[903845,"Lastro de brita comercial - espalhamento mecânico","m³",150.75]
[919009,"Montagem e desmontagem da central de britagem com capacidade de 80 m³/h - inclusive construção de aterro, construção e demolição de rampa e bases","un",{"v":65095.99,"d":"65,095.99"}]
[919007,"Montagem e desmontagem da central de concreto com capacidade de 150 m³/h - inclusive construção e demolição de bases, rampas e depósitos de agregados","un",{"v":121126.31,"d":"121,126.31"}]
[919011,"Montagem e desmontagem da central de concreto com capacidade de 30 m³/h - inclusive construção e demolição de bases, rampas e depósitos de agregados","un",{"v":34539.78,"d":"34,539.78"}]
[919246,"Montagem e desmontagem da central de concreto com capacidade de 40 m³/h - inclusive construção e demolição de bases, rampas e depósitos de agregados","un",{"v":47193.66,"d":"47,193.66"}]
[919013,"Montagem e desmontagem da usina de asfalto a quente com capacidade de 120 t/h - inclusive construção e demolição de bases, rampas, depósitos de agregados e dique de contenção","un",{"v":131128.51,"d":"131,128.51"}]
[919008,"Montagem e desmontagem da usina de pré-misturado a frio com capacidade de 60 t/h - inclusive construção e demolição de bases, rampas, depósitos de agregados e bacia de contenção","un",{"v":95009.83,"d":"95,009.83"}]
[919012,"Montagem e desmontagem da usina misturadora de solos com capacidade de 300 t/h - inclusive construção e demolição de bases, rampas e depósitos de agregados","un",{"v":62217.2,"d":"62,217.20"}]
[903848,"Muro em alvenaria de blocos de concreto com espessura de 0,20 m h = 1,0 m","m",173.22]
[919002,"Posto de combustível - com reaproveitamento de 2 vezes do tanque/bomba/cobertura - inclusive demolição","un",{"v":38616.02,"d":"38,616.02"}]
[919210,"Rampa de lavagem - inclusive demolição","un",{"v":22998.85,"d":"22,998.85"}]
[909612,"Rampa para acesso do misturador de agregados para centrais de 30 m³ e 40 m³ - inclusive demolição","un",{"v":13210.4,"d":"13,210.40"}]
[909613,"Rampa para acesso do misturador de agregados para central de 150 m³ - inclusive demolição","un",{"v":21714.18,"d":"21,714.18"}]
[909614,"Rampa para acesso do misturador de agregados para central de britagem - inclusive demolição","un",{"v":47519.58,"d":"47,519.58"}]
[909616,"Rampa para acesso do misturador de agregados para PMF - inclusive demolição","un",{"v":37806.3,"d":"37,806.30"}]
[909617,"Rampa para acesso do misturador de agregados para usina de asfalto a quente - inclusive demolição","un",{"v":22389.55,"d":"22,389.55"}]
[909615,"Rampa para acesso do misturador de agregados para usina de solos - inclusive demolição","un",{"v":17175.17,"d":"17,175.17"}]
[903860,"Selador acrílico - camada de fundo com aplicação manual","m²",2.93]
[919101,"Sistema separador água e óleo, inclusive demolição","un",{"v":1883.5,"d":"1,883.50"}]
[903818,"Tinta látex - duas camadas com aplicação manual","m²",15.34]
[1100657,"Adensamento de concreto por vibrador de imersão","m³",3.52]
[1108055,"Argamassa autoadensável para reparos e grauteamento - confecção em misturador e lançamento manual","m³",{"v":3521.38,"d":"3,521.38"}]
[1109665,"Argamassa de cimento e areia 1:1 - confecção em betoneira e lançamento manual - areia comercial","m³",774.87]
[1109664,"Argamassa de cimento e areia 1:1 - confecção em betoneira e lançamento manual - areia extraída","m³",719.28]
[1109667,"Argamassa de cimento e areia 1:2 - confecção em betoneira e lançamento manual - areia comercial","m³",591.85]
[1109666,"Argamassa de cimento e areia 1:2 - confecção em betoneira e lançamento manual - areia extraída","m³",495.51]
[1109669,"Argamassa de cimento e areia 1:3 - confecção em betoneira e lançamento manual - areia comercial","m³",501.33]
[1109668,"Argamassa de cimento e areia 1:3 - confecção em betoneira e lançamento manual - areia extraída","m³",385.76]
[1108060,"Argamassa de cimento e areia 1:3 com 8% de microssílica - confecção em betoneira e lançamento manual - areia comercial","m³",589.68]
[1109626,"Argamassa de cimento e areia 1:3 com 8% de microssílica - confecção em betoneira e lançamento manual - areia extraída","m³",471.52]
[1109671,"Argamassa de cimento e areia 1:4 - confecção em betoneira e lançamento manual - areia comercial","m³",{"v":456.7,"d":"456.70"}]
[1109670,"Argamassa de cimento e areia 1:4 - confecção em betoneira e lançamento manual - areia extraída","m³",329.94]
[1109672,"Argamassa de cimento e areia com aditivo aglutinante 1:8 - confecção em betoneira e lançamento manual - areia comercial","m³",368.82]
[1109624,"Argamassa de cimento e areia com aditivo aglutinante 1:8 - confecção em betoneira e lançamento manual - areia extraída","m³",222.76]
[1109622,"Argamassa de cimento, cal hidratada e areia 1:0,5:3,5 - confecção em betoneira e lançamento manual - areia comercial","m³",448.23]
[1109623,"Argamassa de cimento, cal hidratada e areia 1:0,5:3,5 - confecção em betoneira e lançamento manual - areia extraída","m³",353.79]
[1109697,"Argamassa de cimento, cal hidratada e areia 1:0,5:8 - confecção em betoneira e lançamento manual - areia comercial","m³",338.38]
[1109698,"Argamassa de cimento, cal hidratada e areia 1:0,5:8 - confecção em betoneira e lançamento manual - areia extraída","m³",218.79]
[1109679,"Argamassa de cimento, cal hidratada e areia 1:1:6 - confecção em betoneira e lançamento manual - areia comercial","m³",385.09]
[1109625,"Argamassa de cimento, cal hidratada e areia 1:1:6 - confecção em betoneira e lançamento manual - areia extraída","m³",276.61]
[1109678,"Argamassa de cimento, cal hidratada e areia 1:2:10 - confecção em betoneira e lançamento manual - areia comercial","m³",349.58]
[1109694,"Argamassa de cimento, cal hidratada e areia 1:2:10 - confecção em betoneira e lançamento manual - areia extraída","m³",233.27]
[1109673,"Argamassa de cimento, cal hidratada e areia 1:2:6 - confecção em betoneira e lançamento manual - areia comercial","m³",413.47]
[1109690,"Argamassa de cimento, cal hidratada e areia 1:2:6 - confecção em betoneira e lançamento manual - areia extraída","m³",312.18]
[1109674,"Argamassa de cimento, cal hidratada e areia 1:2:7 - confecção em betoneira e lançamento manual - areia comercial","m³",391.97]
[1109691,"Argamassa de cimento, cal hidratada e areia 1:2:7 - confecção em betoneira e lançamento manual - areia extraída","m³",285.61]
[1109675,"Argamassa de cimento, cal hidratada e areia 1:2:8 - confecção em betoneira e lançamento manual - areia comercial","m³",{"v":374.8,"d":"374.80"}]
[1109692,"Argamassa de cimento, cal hidratada e areia 1:2:8 - confecção em betoneira e lançamento manual - areia extraída","m³",264.44]
[1109676,"Argamassa de cimento, cal hidratada e areia 1:2:9 - confecção em betoneira e lançamento manual - areia comercial","m³",360.93]
[1109693,"Argamassa de cimento, cal hidratada e areia 1:2:9 - confecção em betoneira e lançamento manual - areia extraída","m³",247.32]
[1109680,"Argamassa para reparos e grauteamento - confecção em misturador e lançamento manual","m³",{"v":4269.24,"d":"4,269.24"}]
[1107748,"Argamassa polimérica de alto desempenho projetada para reparos superficiais e reforços estruturais - confecção em misturador e lançamento projetado","m³",{"v":11269.73,"d":"11,269.73"}]
[1110000,"Concreto","m³",{"v":0,"d":"0.00"}]
[1106059,"Concreto autoadensável com silicato de alumínio fck = 20 MPa - confecção em betoneira e lançamento manual - areia e brita comerciais","m³",593.35]
[1106060,"Concreto autoadensável com silicato de alumínio fck = 20 MPa - confecção em betoneira e lançamento manual - areia extraída e brita produzida","m³",453.71]
[1100658,"Concreto autoadensável com silicato de alumínio fck = 20 MPa - confecção em central dosadora de 30 m³/h - areia e brita comerciais","m³",507.46]
[1106159,"Concreto autoadensável com silicato de alumínio fck = 25 MPa - confecção em central dosadora de 30 m³/h - areia e brita comerciais","m³",540.25]
[1107902,"Concreto autoadensável com silicato de alumínio fck = 30 MPa - confecção em central dosadora de 30 m³/h - areia e brita comerciais","m³",576.85]
[1107906,"Concreto autoadensável com silicato de alumínio fck = 35 MPa - confecção em central dosadora de 30 m³/h - areia e brita comerciais","m³",617.75]
[1107910,"Concreto autoadensável com silicato de alumínio fck = 40 MPa - confecção em central dosadora de 30 m³/h - areia e brita comerciais","m³",663.46]
[1107911,"Concreto autoadensável com silicato de alumínio fck = 45 MPa - confecção em central dosadora de 30 m³/h - areia e brita comerciais","m³",714.56]
[1107912,"Concreto autoadensável com silicato de alumínio fck = 50 MPa - confecção em central dosadora de 30 m³/h - areia e brita comerciais","m³",786.19]
[1106164,"Concreto ciclópico fck = 20 MPa - confecção em betoneira e lançamento manual - areia extraída, brita e pedra de mão produzidas","m³",261.16]
[1106165,"Concreto ciclópico fck = 20 MPa - confecção em betoneira e lançamento manual - areia, brita e pedra de mão comerciais","m³",409.36]
[1106156,"Concreto com 10% de microssílica fck = 45 MPa - confecção em central dosadora de 30 m³/h - areia e brita comerciais","m³",557.18]
[1107932,"Concreto com 10% de microssílica fck = 50 MPa - confecção em central dosadora de 30 m³/h - areia e brita comerciais","m³",595.43]
[1108111,"Concreto com 8% de microssílica fck = 25 MPa - confecção em central dosadora de 30 m³/h - areia e brita comerciais","m³",449.05]
[1108112,"Concreto com 8% de microssílica fck = 30 MPa - confecção em central dosadora de 30 m³/h - areia e brita comerciais","m³",{"v":459.5,"d":"459.50"}]
[1108113,"Concreto com 8% de microssílica fck = 35 MPa - confecção em central dosadora de 30 m³/h - areia e brita comerciais","m³",486.26]
[1108114,"Concreto com 8% de microssílica fck = 40 MPa - confecção em central dosadora de 30 m³/h - areia e brita comerciais","m³",516.13]
[1108061,"Concreto com látex SBR fck = 25 MPa - confecção em betoneira e lançamento manual - areia e brita comerciais","m³",891.59]
[1108064,"Concreto com látex SBR fck = 30 MPa - confecção em betoneira e lançamento manual - areia e brita comerciais","m³",962.88]
[1107888,"Concreto fck = 15 MPa - confecção em betoneira e lançamento manual - areia e brita comerciais","m³",443.97]
[1107889,"Concreto fck = 15 MPa - confecção em betoneira e lançamento manual - areia extraída e brita produzida","m³",301.73]
[1107892,"Concreto fck = 20 MPa - confecção em betoneira e lançamento manual - areia e brita comerciais","m³",462.67]
[1107891,"Concreto fck = 20 MPa - confecção em betoneira e lançamento manual - areia extraída e brita produzida","m³",322.36]
[1107928,"Concreto fck = 20 MPa - confecção em central dosadora de 30 m³/h - areia e brita comerciais","m³",396.77]
[1107929,"Concreto fck = 20 MPa - confecção em central dosadora de 30 m³/h - areia extraída e brita produzida","m³",255.96]
[1106109,"Concreto fck = 20 MPa - confecção em central dosadora de 40 m³/h - areia e brita comerciais","m³",{"v":363.7,"d":"363.70"}]
[1106117,"Concreto fck = 20 MPa - confecção em central dosadora de 40 m³/h - areia extraída e brita produzida","m³",222.89]
[1107896,"Concreto fck = 25 MPa - confecção em betoneira e lançamento manual - areia e brita comerciais","m³",483.64]
[1107895,"Concreto fck = 25 MPa - confecção em betoneira e lançamento manual - areia extraída e brita produzida","m³",345.48]
[1119528,"Concreto fck = 25 MPa - confecção em central dosadora de 30 m³/h - areia e brita comerciais","m³",410.73]
[1106135,"Concreto fck = 25 MPa - confecção em central dosadora de 30 m³/h - areia extraída e brita produzida","m³",271.41]
[1106136,"Concreto fck = 25 MPa - confecção em central dosadora de 40 m³/h - areia e brita comerciais","m³",375.26]
[1106137,"Concreto fck = 25 MPa - confecção em central dosadora de 40 m³/h - areia extraída e brita produzida","m³",235.94]
[1116127,"Concreto fck = 25 MPa para pré-moldados (mourões) - confecção em betoneira e lançamento manual - areia e brita comerciais","m³",502.16]
[1116126,"Concreto fck = 25 MPa para pré-moldados (mourões) - confecção em betoneira e lançamento manual - areia extraída e brita produzida","m³",371.54]
[1107900,"Concreto fck = 30 MPa - confecção em betoneira e lançamento manual - areia e brita comerciais","m³",{"v":507,"d":"507.00"}]
[1107899,"Concreto fck = 30 MPa - confecção em betoneira e lançamento manual - areia extraída e brita produzida","m³",371.25]
[1107890,"Concreto fck = 30 MPa - confecção em central dosadora de 30 m³/h - areia e brita comerciais","m³",428.95]
[1106138,"Concreto fck = 30 MPa - confecção em central dosadora de 30 m³/h - areia extraída e brita produzida","m³",291.58]
[1106139,"Concreto fck = 30 MPa - confecção em central dosadora de 40 m³/h - areia e brita comerciais","m³",390.42]
[1106140,"Concreto fck = 30 MPa - confecção em central dosadora de 40 m³/h - areia extraída e brita produzida","m³",253.05]
[1107904,"Concreto fck = 35 MPa - confecção em betoneira e lançamento manual - areia e brita comerciais","m³",533.15]
[1107903,"Concreto fck = 35 MPa - confecção em betoneira e lançamento manual - areia extraída e brita produzida","m³",{"v":400.1,"d":"400.10"}]
[1107908,"Concreto fck = 40 MPa - confecção em betoneira e lançamento manual - areia e brita comerciais","m³",562.28]
[1107907,"Concreto fck = 40 MPa - confecção em betoneira e lançamento manual - areia extraída e brita produzida","m³",432.23]
[1107871,"Concreto fctm,k = 4,5 MPa - confecção em central dosadora de 30 m³/h - areia e brita comerciais","m³",460.74]
[1107870,"Concreto fctm,k = 4,5 MPa - confecção em central dosadora de 30 m³/h - areia extraída e brita produzida","m³",326.99]
[1106057,"Concreto magro - confecção em betoneira e lançamento manual - areia e brita comerciais","m³",450.79]
[1106058,"Concreto magro - confecção em betoneira e lançamento manual - areia extraída e brita produzida","m³",315.03]
[1106380,"Concreto para bombeamento fck = 25 MPa - confecção em central dosadora de 30 m³/h - areia e brita comerciais","m³",435.58]
[1106378,"Concreto para bombeamento fck = 25 MPa - confecção em central dosadora de 30 m³/h - areia extraída e brita produzida","m³",303.61]
[1116263,"Concreto para bombeamento fck = 25 MPa - confecção em central dosadora de 40 m³/h - areia e brita comerciais","m³",395.06]
[1116267,"Concreto para bombeamento fck = 25 MPa - confecção em central dosadora de 40 m³/h - areia extraída e brita produzida","m³",263.09]
[1106280,"Concreto para bombeamento fck = 30 MPa - confecção em central dosadora de 30 m³/h - areia e brita comerciais","m³",{"v":457,"d":"457.00"}]
[1106289,"Concreto para bombeamento fck = 30 MPa - confecção em central dosadora de 30 m³/h - areia extraída e brita produzida","m³",{"v":327.3,"d":"327.30"}]
[1116264,"Concreto para bombeamento fck = 30 MPa - confecção em central dosadora de 40 m³/h - areia e brita comerciais","m³",412.92]
[1116268,"Concreto para bombeamento fck = 30 MPa - confecção em central dosadora de 40 m³/h - areia extraída e brita produzida","m³",283.22]
[1106281,"Concreto para bombeamento fck = 35 MPa - confecção em central dosadora de 30 m³/h - areia e brita comerciais","m³",484.61]
[1106382,"Concreto para bombeamento fck = 35 MPa - confecção em central dosadora de 30 m³/h - areia extraída e brita produzida","m³",357.83]
[1116265,"Concreto para bombeamento fck = 35 MPa - confecção em central dosadora de 40 m³/h - areia e brita comerciais","m³",435.87]
[1116269,"Concreto para bombeamento fck = 35 MPa - confecção em central dosadora de 40 m³/h - areia extraída e brita produzida","m³",309.08]
[1106282,"Concreto para bombeamento fck = 40 MPa - confecção em central dosadora de 30 m³/h - areia e brita comerciais","m³",515.42]
[1106384,"Concreto para bombeamento fck = 40 MPa - confecção em central dosadora de 30 m³/h - areia extraída e brita produzida","m³",391.89]
[1116266,"Concreto para bombeamento fck = 40 MPa - confecção em central dosadora de 40 m³/h - areia e brita comerciais","m³",461.51]
[1116270,"Concreto para bombeamento fck = 40 MPa - confecção em central dosadora de 40 m³/h - areia extraída e brita produzida","m³",337.98]
[1107868,"Concreto para sub-base adensado por vibração fck = 7,5 MPa - confecção em central dosadora de 30 m³/h - areia e brita comerciais","m³",350.42]
[1107869,"Concreto para sub-base adensado por vibração fck = 7,5 MPa - confecção em central dosadora de 30 m³/h - areia extraída e brita produzida","m³",204.66]
[1103853,"Concreto poroso para tubos de drenagem fck = 25 MPa - confecção em betoneira e lançamento manual - areia e brita comerciais","m³",454.54]
[1103852,"Concreto poroso para tubos de drenagem fck = 25 MPa - confecção em betoneira e lançamento manual - areia extraída e brita produzida","m³",356.56]
[1106284,"Concreto submerso fck = 20 MPa - confecção em central dosadora de 30 m³/h - areia e brita comerciais","m³",458.47]
[1108116,"Concreto submerso fck = 25 MPa - confecção em central dosadora de 30 m³/h - areia e brita comerciais","m³",463.31]
[1108118,"Concreto submerso fck = 30 MPa - confecção em central dosadora de 30 m³/h - areia e brita comerciais","m³",485.91]
[1106158,"Concreto submerso fck = 35 MPa - confecção em central dosadora de 30 m³/h - areia e brita comerciais","m³",516.59]
[1108120,"Concreto submerso fck = 40 MPa - confecção em central dosadora de 30 m³/h - areia e brita comerciais","m³",550.89]
[1106050,"Lançamento livre de concreto usinado por meio de caminhão betoneira - confecção em central dosadora de 30 m³/h","m³",47.12]
[1106051,"Lançamento livre de concreto usinado por meio de caminhão betoneira - confecção em central dosadora de 40 m³/h","m³",39.29]
[1106061,"Lançamento manual de concreto usinado - confecção em central dosadora de 30 m³/h","m³",{"v":55.1,"d":"55.10"}]
[1106087,"Lançamento manual de concreto usinado - confecção em central dosadora de 40 m³/h","m³",47.51]
[1107860,"Lançamento mecânico de concreto com bomba lança sobre chassi com capacidade de 50 m³/h - confecção em central dosadora de 40 m³/h","m³",54.97]
[1106088,"Lançamento mecânico de concreto com bomba rebocável com capacidade de 30 m³/h - confecção em central dosadora de 30 m³/h","m³",58.31]
[1106128,"Lançamento mecânico de concreto com bomba rebocável com capacidade de 41 m³/h - confecção em central dosadora de 40 m³/h","m³",47.88]
[1108056,"Microconcreto autoadensável para reparos e grauteamento - confecção em misturador e lançamento manual","m³",{"v":3061.52,"d":"3,061.52"}]
[1108059,"Microconcreto para reparos e grauteamento - confecção em misturador e lançamento manual","m³",{"v":3854.63,"d":"3,854.63"}]
[1207700,"Concreto fck = 20 MPa para projeção via seca - confecção em betoneira - areia e brita comerciais","m³",574.09]
[1207701,"Concreto fck = 25 MPa para projeção via seca - confecção em betoneira - areia e brita comerciais","m³",{"v":610,"d":"610.00"}]
[1207702,"Concreto fck = 30 MPa para projeção via seca - confecção em betoneira - areia e brita comerciais","m³",650.19]
[1207708,"Concreto fck = 30 MPa para projeção via úmida - confecção em central dosadora de 30 m³/h - areia e brita comerciais","m³",587.77]
[1207703,"Concreto fck = 40 MPa para projeção via seca - confecção em betoneira - areia e brita comerciais","m³",745.38]
[1207709,"Concreto fck = 40 MPa para projeção via úmida - confecção em central dosadora de 30 m³/h - areia e brita comerciais","m³",675.03]
[1207710,"Concreto projetado via seca fck = 20 MPa aplicado em pisos","m³",883.64]
[1207711,"Concreto projetado via seca fck = 20 MPa aplicado em superfícies inclinadas e verticais","m³",{"v":1102.88,"d":"1,102.88"}]
[1207713,"Concreto projetado via seca fck = 20 MPa aplicado em teto","m³",{"v":1672.66,"d":"1,672.66"}]
[1207714,"Concreto projetado via seca fck = 25 MPa aplicado em pisos","m³",925.89]
[1207715,"Concreto projetado via seca fck = 25 MPa aplicado em superfícies inclinadas e verticais","m³",{"v":1154.18,"d":"1,154.18"}]
[1207717,"Concreto projetado via seca fck = 25 MPa aplicado em teto","m³",{"v":1744.48,"d":"1,744.48"}]
[1207718,"Concreto projetado via seca fck = 30 MPa aplicado em pisos","m³",973.17]
[1207719,"Concreto projetado via seca fck = 30 MPa aplicado em superfícies inclinadas e verticais","m³",{"v":1211.6,"d":"1,211.60"}]
[1207721,"Concreto projetado via seca fck = 30 MPa aplicado em teto","m³",{"v":1824.86,"d":"1,824.86"}]
[1207722,"Concreto projetado via seca fck = 40 MPa aplicado em pisos","m³",{"v":1085.16,"d":"1,085.16"}]
[1207723,"Concreto projetado via seca fck = 40 MPa aplicado em superfícies inclinadas e verticais","m³",{"v":1347.58,"d":"1,347.58"}]
[1207725,"Concreto projetado via seca fck = 40 MPa via seca aplicado em teto","m³",{"v":2015.24,"d":"2,015.24"}]
[1207728,"Concreto projetado via úmida fck = 30 MPa aplicado em túneis classe I com seção de 20 a 40 m²","m³",857.71]
[1207727,"Concreto projetado via úmida fck = 30 MPa aplicado em túneis classe I com seção de 40 a 60 m²","m³",839.51]
[1207726,"Concreto projetado via úmida fck = 30 MPa aplicado em túneis classe I com seção de 60 a 90 m²","m³",824.95]
[1208329,"Concreto projetado via úmida fck = 30 MPa aplicado em túneis classe I com seção superior a 90 m²","m³",808.19]
[1207685,"Concreto projetado via úmida fck = 30 MPa aplicado em túneis classe II com seção de 20 a 40 m²","m³",900.73]
[1207684,"Concreto projetado via úmida fck = 30 MPa aplicado em túneis classe II com seção de 40 a 60 m²","m³",876.67]
[1207683,"Concreto projetado via úmida fck = 30 MPa aplicado em túneis classe II com seção de 60 a 90 m²","m³",858.34]
[1208337,"Concreto projetado via úmida fck = 30 MPa aplicado em túneis classe II com seção superior a 90 m²","m³",838.86]
[1207691,"Concreto projetado via úmida fck = 30 MPa aplicado em túneis classe III com seção de 20 a 40 m²","m³",952.26]
[1207690,"Concreto projetado via úmida fck = 30 MPa aplicado em túneis classe III com seção de 40 a 60 m²","m³",919.52]
[1207689,"Concreto projetado via úmida fck = 30 MPa aplicado em túneis classe III com seção de 60 a 90 m²","m³",891.98]
[1208345,"Concreto projetado via úmida fck = 30 MPa aplicado em túneis classe III com seção superior a 90 m²","m³",869.29]
[1207697,"Concreto projetado via úmida fck = 30 MPa aplicado em túneis classe IV com seção de 20 a 40 m²","m³",{"v":1016.78,"d":"1,016.78"}]
[1207696,"Concreto projetado via úmida fck = 30 MPa aplicado em túneis classe IV com seção de 40 a 60 m²","m³",969.98]
[1207695,"Concreto projetado via úmida fck = 30 MPa aplicado em túneis classe IV com seção de 60 a 90 m²","m³",938.14]
[1208353,"Concreto projetado via úmida fck = 30 MPa aplicado em túneis classe IV com seção superior a 90 m²","m³",906.13]
[1207663,"Concreto projetado via úmida fck = 30 MPa aplicado em túneis classe V com seção de 20 a 40 m²","m³",{"v":1165.04,"d":"1,165.04"}]
[1207662,"Concreto projetado via úmida fck = 30 MPa aplicado em túneis classe V com seção de 40 a 60 m²","m³",{"v":1136.2,"d":"1,136.20"}]
[1207661,"Concreto projetado via úmida fck = 30 MPa aplicado em túneis classe V com seção de 60 a 90 m²","m³",{"v":1113.13,"d":"1,113.13"}]
[1208361,"Concreto projetado via úmida fck = 30 MPa aplicado em túneis classe V com seção superior a 90 m²","m³",{"v":1078.52,"d":"1,078.52"}]
[1207669,"Concreto projetado via úmida fck = 30 MPa aplicado em túneis classe VI com seção de 20 a 40 m²","m³",{"v":1294.71,"d":"1,294.71"}]
[1207668,"Concreto projetado via úmida fck = 30 MPa aplicado em túneis classe VI com seção de 40 a 60 m²","m³",{"v":1258.91,"d":"1,258.91"}]
[1207667,"Concreto projetado via úmida fck = 30 MPa aplicado em túneis classe VI com seção de 60 a 90 m²","m³",{"v":1205.21,"d":"1,205.21"}]
[1208369,"Concreto projetado via úmida fck = 30 MPa aplicado em túneis classe VI com seção superior a 90 m²","m³",{"v":1151.51,"d":"1,151.51"}]
[1207682,"Concreto projetado via úmida fck = 40 MPa aplicado em túneis classe I com seção de 20 a 40 m²","m³",960.37]
[1207681,"Concreto projetado via úmida fck = 40 MPa aplicado em túneis classe I com seção de 40 a 60 m²","m³",942.17]
[1207729,"Concreto projetado via úmida fck = 40 MPa aplicado em túneis classe I com seção de 60 a 90 m²","m³",927.61]
[1208333,"Concreto projetado via úmida fck = 40 MPa aplicado em túneis classe I com seção superior a 90 m²","m³",910.84]
[1207688,"Concreto projetado via úmida fck = 40 MPa aplicado em túneis classe II com seção de 20 a 40 m²","m³",{"v":1006.5,"d":"1,006.50"}]
[1207687,"Concreto projetado via úmida fck = 40 MPa aplicado em túneis classe II com seção de 40 a 60 m²","m³",982.44]
[1207686,"Concreto projetado via úmida fck = 40 MPa aplicado em túneis classe II com seção de 60 a 90 m²","m³",964.11]
[1208341,"Concreto projetado via úmida fck = 40 MPa aplicado em túneis classe II com seção superior a 90 m²","m³",944.63]
[1207694,"Concreto projetado via úmida fck = 40 MPa aplicado em túneis classe III com seção de 20 a 40 m²","m³",{"v":1061.34,"d":"1,061.34"}]
[1207693,"Concreto projetado via úmida fck = 40 MPa aplicado em túneis classe III com seção de 40 a 60 m²","m³",{"v":1028.59,"d":"1,028.59"}]
[1207692,"Concreto projetado via úmida fck = 40 MPa aplicado em túneis classe III com seção de 60 a 90 m²","m³",{"v":1001.06,"d":"1,001.06"}]
[1208349,"Concreto projetado via úmida fck = 40 MPa aplicado em túneis classe III com seção superior a 90 m²","m³",978.36]
[1207660,"Concreto projetado via úmida fck = 40 MPa aplicado em túneis classe IV com seção de 20 a 40 m²","m³",{"v":1129.38,"d":"1,129.38"}]
[1207699,"Concreto projetado via úmida fck = 40 MPa aplicado em túneis classe IV com seção de 40 a 60 m²","m³",{"v":1082.57,"d":"1,082.57"}]
[1207698,"Concreto projetado via úmida fck = 40 MPa aplicado em túneis classe IV com seção de 60 a 90 m²","m³",{"v":1050.73,"d":"1,050.73"}]
[1208357,"Concreto projetado via úmida fck = 40 MPa aplicado em túneis classe IV com seção superior a 90 m²","m³",{"v":1018.72,"d":"1,018.72"}]
[1207666,"Concreto projetado via úmida fck = 40 MPa aplicado em túneis classe V com seção de 20 a 40 m²","m³",{"v":1281.39,"d":"1,281.39"}]
[1207665,"Concreto projetado via úmida fck = 40 MPa aplicado em túneis classe V com seção de 40 a 60 m²","m³",{"v":1252.55,"d":"1,252.55"}]
[1207664,"Concreto projetado via úmida fck = 40 MPa aplicado em túneis classe V com seção de 60 a 90 m²","m³",{"v":1229.48,"d":"1,229.48"}]
[1208365,"Concreto projetado via úmida fck = 40 MPa aplicado em túneis classe V com seção superior a 90 m²","m³",{"v":1194.87,"d":"1,194.87"}]
[1207672,"Concreto projetado via úmida fck = 40 MPa aplicado em túneis classe VI com seção de 20 a 40 m²","m³",{"v":1415.07,"d":"1,415.07"}]
[1207671,"Concreto projetado via úmida fck = 40 MPa aplicado em túneis classe VI com seção de 40 a 60 m²","m³",{"v":1379.27,"d":"1,379.27"}]
[1207670,"Concreto projetado via úmida fck = 40 MPa aplicado em túneis classe VI com seção de 60 a 90 m²","m³",{"v":1325.57,"d":"1,325.57"}]
[1208373,"Concreto projetado via úmida fck = 40 MPa aplicado em túneis classe VI com seção superior a 90 m²","m³",{"v":1271.87,"d":"1,271.87"}]
[1400976,"Corte a plasma CNC em chapa com espessura de 6,3 a 10 mm","m",4.91]
[1400970,"Corte a plasma manual em chapa de aço-carbono com espessura de 4 a 8 mm","m",2.23]
[1400971,"Corte a plasma manual em chapa de aço-carbono com espessura de 9 a 25 mm","m",9.76]
[1400972,"Corte a plasma manual em chapa de alumínio com espessura de 1,5 mm","m",2.17]
[1416201,"Corte de barras de aço CA-50 com maçarico oxiacetileno","cm²",{"v":0.2,"d":"0.20"}]
[1400969,"Corte de cantoneira de alumínio","un",0.15]
[1400975,"Corte de chapa de aço com guilhotina hidráulica","m",4.11]
[1416141,"Corte de chapas de aço com espessura de 12,5 mm com maçarico oxiacetileno","m",3.26]
[1416142,"Corte de chapas de aço com espessura de 16 mm com maçarico oxiacetileno","m",5.01]
[1400973,"Corte de chapas de aço com espessura de 3 mm com maçarico oxiacetileno","m",1.42]
[1400974,"Corte de chapas de aço com espessura de 5 mm com maçarico oxiacetileno","m",1.66]
[1416139,"Corte de chapas de aço com espessura de 6,3 mm com maçarico oxiacetileno","m",1.84]
[1416202,"Corte de chapas de aço com espessura de 8 mm com maçarico oxiacetileno","m",2.12]
[1416140,"Corte de chapas de aço com espessura de 9,5 mm com maçarico oxiacetileno","m",2.43]
[1419543,"Corte de perfil metálico com máquina policorte com espessura de até 1/8\"","un",0.18]
[1408173,"Corte de perfis metálicos com maçarico oxiacetileno","cm²",0.05]
[1407063,"Corte de trilho TR45 com utilização de equipamento leve","un",7.57]
[1407064,"Corte de trilho TR57 com utilização de equipamento leve","un",7.82]
[1407065,"Corte de trilho TR68 com utilização de equipamento leve","un",{"v":8,"d":"8.00"}]
[1407066,"Corte de trilho UIC60 com utilização de equipamento leve","un",7.87]
[1400977,"Dobramento de chapas metálicas com espessuras de 6,3 a 10 mm","m",3.43]
[1407067,"Furação de trilho TR45 com utilização de equipamento leve","un",2.45]
[1407068,"Furação de trilho TR57 com utilização de equipamento leve","un",2.76]
[1407069,"Furação de trilho TR68 com utilização de equipamento leve","un",2.99]
[1407070,"Furação de trilho UIC60 com utilização de equipamento leve","un",2.85]
[1416257,"Solda com maçarico oxiacetileno de chapas de aço de 12,5 mm","m",238.69]
[1416253,"Solda com maçarico oxiacetileno de chapas de aço de 16 mm","m",540.27]
[1416254,"Solda com maçarico oxiacetileno de chapas de aço de 6,3 mm","m",46.38]
[1416255,"Solda com maçarico oxiacetileno de chapas de aço de 8 mm","m",81.11]
[1416256,"Solda com maçarico oxiacetileno de chapas de aço de 9,5 mm","m",124.64]
[1408028,"Solda elétrica manual de perfis metálicos e chapas de aço com eletrodo E70XX para beneficiamento de aço naval","kg",218.34]
[1408027,"Solda tipo MIG/MAG automatizada","kg",120.08]
[1400978,"Solda tipo MIG/MAG manual","kg",194.03]
[1513941,"Contenção em areia-cimento ensacada com mistura de areia com 8% de cimento - confecção e assentamento","m³",504.07]
[1513940,"Contenção em solo-cimento ensacado com mistura de solo de jazida com 8% de cimento - confecção e assentamento","m³",371.06]
[1505879,"Enrocamento de pedra arrumada manualmente - pedra de mão comercial - fornecimento e assentamento","m³",{"v":300.2,"d":"300.20"}]
[1505878,"Enrocamento de pedra arrumada manualmente - pedra de mão produzida - confecção e assentamento","m³",186.18]
[1505877,"Enrocamento de pedra espalhada e compactada mecanicamente - pedra de mão comercial - fornecimento e assentamento","m³",186.74]
[1505860,"Enrocamento de pedra jogada - pedra de mão comercial - fornecimento e assentamento","m³",194.41]
[1505859,"Enrocamento de pedra jogada - pedra de mão produzida - confecção e assentamento","m³",99.39]
[1516204,"Fabricação de blocos segmentais de face pré-moldados - C = 40 cm, L = 40 cm e H = 20 cm - massa de 25 kg","un",5.94]
[1516312,"Geocélula em PEAD, paredes perfuradas, soldadas - altura de 100 mm e 1.206 cm² de área de célula - fornecimento e instalação","m²",41.41]
[1516304,"Geocélula em PEAD, paredes perfuradas, soldadas - altura de 100 mm e 289 cm² de área de célula - fornecimento e instalação","m²",53.11]
[1516308,"Geocélula em PEAD, paredes perfuradas, soldadas - altura de 100 mm e 460 cm² de área de célula - fornecimento e instalação","m²",43.84]
[1516313,"Geocélula em PEAD, paredes perfuradas, soldadas - altura de 150 mm e 1.206 cm² de área de célula - fornecimento e instalação","m²",49.36]
[1516305,"Geocélula em PEAD, paredes perfuradas, soldadas - altura de 150 mm e 289 cm² de área de célula - fornecimento e instalação","m²",63.87]
[1516309,"Geocélula em PEAD, paredes perfuradas, soldadas - altura de 150 mm e 460 cm² de área de célula - fornecimento e instalação","m²",52.29]
[1516314,"Geocélula em PEAD, paredes perfuradas, soldadas - altura de 200 mm e 1.206 cm² de área de célula - fornecimento e instalação","m²",57.58]
[1516306,"Geocélula em PEAD, paredes perfuradas, soldadas - altura de 200 mm e 289 cm² de área de célula - fornecimento e instalação","m²",75.27]
[1516310,"Geocélula em PEAD, paredes perfuradas, soldadas - altura de 200 mm e 460 cm² de área de célula - fornecimento e instalação","m²",61.29]
[1516311,"Geocélula em PEAD, paredes perfuradas, soldadas - altura de 75 mm e 1.206 cm² de área de célula - fornecimento e instalação","m²",{"v":31.8,"d":"31.80"}]
[1516303,"Geocélula em PEAD, paredes perfuradas, soldadas - altura de 75 mm e 289 cm² de área de célula - fornecimento e instalação","m²",{"v":42.4,"d":"42.40"}]
[1516307,"Geocélula em PEAD, paredes perfuradas, soldadas - altura de 75 mm e 460 cm² de área de célula - fornecimento e instalação","m²",35.13]
[1516298,"Geogrelha unidirecional com resistência à tração de 100 kN/m - fornecimento e instalação","m²",28.96]
[1516299,"Geogrelha unidirecional com resistência à tração de 150 kN/m - fornecimento e instalação","m²",31.02]
[1516300,"Geogrelha unidirecional com resistência à tração de 200 kN/m - fornecimento e instalação","m²",40.81]
[1516301,"Geogrelha unidirecional com resistência à tração de 300 kN/m - fornecimento e instalação","m²",60.48]
[1516302,"Geogrelha unidirecional com resistência à tração de 400 kN/m - fornecimento e instalação","m²",80.03]
[1516296,"Geogrelha unidirecional com resistência à tração de 50 kN/m - fornecimento e instalação","m²",21.68]
[1516297,"Geogrelha unidirecional com resistência à tração de 90 kN/m - fornecimento e instalação","m²",27.98]
[1505847,"Muro em blocos segmentais de face pré-moldados - C = 40 cm, L = 40 cm, e H = 20 cm com altura de 4 a 6 m - confecção e assentamento","m²",{"v":187.3,"d":"187.30"}]
[1505848,"Muro em blocos segmentais de face pré-moldados - C = 40 cm, L = 40 cm, e H = 20 cm com altura de 6 a 8 m - confecção e assentamento","m²",182.72]
[1505849,"Muro em blocos segmentais de face pré-moldados - C = 40 cm, L = 40 cm, e H = 20 cm com altura de 8 a 10 m - confecção e assentamento","m²",180.17]
[1505930,"Muro em blocos segmentais de face pré-moldados - C = 40 cm, L = 40 cm, e H = 20 cm com altura de até 4 m - confecção e assentamento","m²",211.37]
[1506055,"Pedra argamassada com cimento e areia 1:3 - areia e pedra de mão comercial - fornecimento e assentamento","m³",450.69]
[1506056,"Pedra argamassada com cimento e areia 1:3 - areia extraída e pedra de mão produzida - confecção e assentamento","m³",300.19]
[1513943,"Proteção de taludes rochosos com telas metálicas - resistência longitudinal à tração de 121 kN/m - fornecimento e posicionamento - inclusive cabos de aço, grampos e clipes de junção","m²",181.23]
[1516318,"Tela metálica dobrada em L para muro em solo reforçado - C = 200 cm, L = 40 cm e H = 40 cm - fornecimento e instalação","m²",607.78]
[1516317,"Tela metálica dobrada em L para muro em solo reforçado - C = 200 cm, L = 50 cm e H = 50 cm - fornecimento e instalação","m²",533.23]
[1600965,"Abertura em muro de alvenaria de pedra argamassada com martelete","m³",101.31]
[1600408,"Apicoamento manual de concreto","m²",19.98]
[1600990,"Demolição de concreto armado com martelete e corte oxiacetileno","m³",758.51]
[1600989,"Demolição de concreto simples com martelete","m³",403.43]
[1600438,"Demolição manual de concreto armado","m³",627.81]
[1600436,"Demolição manual de concreto simples","m³",427.79]
[1600895,"Demolição manual de construções provisórias de madeira - sem reaproveitamento","m²",15.58]
[1600897,"Demolição manual de construções provisórias de madeira, sem fechamento lateral e sem pavimentação","m²",4.15]
[1619004,"Demolição mecânica de alvenaria com carregadeira de pneus","m³",7.41]
[1600896,"Demolição mecânica de alvenaria com escavadeira hidráulica","m²",16.51]
[1619003,"Demolição mecânica de concreto armado com escavadeira hidráulica","m³",66.97]
[1619006,"Demolição mecânica de concreto simples com escavadeira hidráulica","m³",{"v":49.9,"d":"49.90"}]
[1600414,"Fresagem de piso de concreto","m²",1.18]
[1608148,"Perfuração em concreto com coroa diamantada - D = 100 mm","m",274.85]
[1608021,"Perfuração em concreto com coroa diamantada - D = 16 mm","m",78.36]
[1608024,"Perfuração em concreto com coroa diamantada - D = 20 mm","m",81.62]
[1608026,"Perfuração em concreto com coroa diamantada - D = 25 mm","m",95.95]
[1608142,"Perfuração em concreto com coroa diamantada - D = 32 mm","m",{"v":113.7,"d":"113.70"}]
[1608143,"Perfuração em concreto com coroa diamantada - D = 38 mm","m",117.24]
[1608144,"Perfuração em concreto com coroa diamantada - D = 44 mm","m",126.98]
[1608145,"Perfuração em concreto com coroa diamantada - D = 50 mm","m",{"v":132.6,"d":"132.60"}]
[1608146,"Perfuração em concreto com coroa diamantada - D = 63 mm","m",151.04]
[1608147,"Perfuração em concreto com coroa diamantada - D = 75 mm","m",204.73]
[1608019,"Perfuração em concreto com martelete elétrico - D = 10 mm","m",20.12]
[1608020,"Perfuração em concreto com martelete elétrico - D = 13,0 mm","m",31.22]
[1608025,"Perfuração em concreto com martelete elétrico - D = 14 mm","m",38.07]
[1600966,"Remoção de cerca com mourões de concreto","m",0.82]
[1600898,"Remoção de painel publicitário, tipo outdoor, com estrutura e suportes em madeira","m²",11.77]
[1600441,"Remoção de paralelepípedos","m²",4.33]
[1600404,"Remoção de tubos de concreto com diâmetro de 0,40 m a 1,00 m em valas e bueiros","m",10.03]
[1600405,"Remoção de tubos de concreto com diâmetro de 1,20 m a 1,50 m em valas e bueiros","m",11.24]
[1716605,"Derrocagem subaquática de material de 3ª categoria - carga e limpeza - plataforma com clamshell - flutuante e batelão rebocado de 100 t montado na obra - DMT até 200 m","m³",111.66]
[1716610,"Derrocagem subaquática de material de 3ª categoria - carga e limpeza - plataforma com clamshell - flutuante e batelão rebocado de 100 t montado na obra - DMT de 1.000 a 1200 m","m³",{"v":116,"d":"116.00"}]
[1716611,"Derrocagem subaquática de material de 3ª categoria - carga e limpeza - plataforma com clamshell - flutuante e batelão rebocado de 100 t montado na obra - DMT de 1.200 a 1.400 m","m³",116.54]
[1716612,"Derrocagem subaquática de material de 3ª categoria - carga e limpeza - plataforma com clamshell - flutuante e batelão rebocado de 100 t montado na obra - DMT de 1.400 a 1.600 m","m³",117.08]
[1716613,"Derrocagem subaquática de material de 3ª categoria - carga e limpeza - plataforma com clamshell - flutuante e batelão rebocado de 100 t montado na obra - DMT de 1.600 a 1.800 m","m³",117.62]
[1716614,"Derrocagem subaquática de material de 3ª categoria - carga e limpeza - plataforma com clamshell - flutuante e batelão rebocado de 100 t montado na obra - DMT de 1.800 a 2.000 m","m³",{"v":118.7,"d":"118.70"}]
[1716615,"Derrocagem subaquática de material de 3ª categoria - carga e limpeza - plataforma com clamshell - flutuante e batelão rebocado de 100 t montado na obra - DMT de 2.000 a 2.500 m","m³",119.79]
[1716616,"Derrocagem subaquática de material de 3ª categoria - carga e limpeza - plataforma com clamshell - flutuante e batelão rebocado de 100 t montado na obra - DMT de 2.500 a 3.000 m","m³",121.41]
[1716606,"Derrocagem subaquática de material de 3ª categoria - carga e limpeza - plataforma com clamshell - flutuante e batelão rebocado de 100 t montado na obra - DMT de 200 a 400 m","m³",113.29]
[1716617,"Derrocagem subaquática de material de 3ª categoria - carga e limpeza - plataforma com clamshell - flutuante e batelão rebocado de 100 t montado na obra - DMT de 3.000 m","m³",122.49]
[1716607,"Derrocagem subaquática de material de 3ª categoria - carga e limpeza - plataforma com clamshell - flutuante e batelão rebocado de 100 t montado na obra - DMT de 400 a 600 m","m³",113.83]
[1716608,"Derrocagem subaquática de material de 3ª categoria - carga e limpeza - plataforma com clamshell - flutuante e batelão rebocado de 100 t montado na obra - DMT de 600 a 800 m","m³",114.91]
[1716609,"Derrocagem subaquática de material de 3ª categoria - carga e limpeza - plataforma com clamshell - flutuante e batelão rebocado de 100 t montado na obra - DMT de 800 a 1.000 m","m³",115.45]
[1716604,"Derrocagem subaquática de material de 3ª categoria - carga e limpeza - plataforma com clamshell - flutuante montado na obra - sem transporte","m³",63.53]
[1716623,"Derrocagem subaquática de material de 3ª categoria - carga e limpeza - plataforma flutuante com clamshell - sem transporte","m³",62.28]
[1716624,"Derrocagem subaquática de material de 3ª categoria - carga e limpeza - plataforma flutuante com clamshell e batelão rebocado de 100 t - DMT até 200 m","m³",110.42]
[1716629,"Derrocagem subaquática de material de 3ª categoria - carga e limpeza - plataforma flutuante com clamshell e batelão rebocado de 100 t - DMT de 1.000 a 1.200 m","m³",114.75]
[1716630,"Derrocagem subaquática de material de 3ª categoria - carga e limpeza - plataforma flutuante com clamshell e batelão rebocado de 100 t - DMT de 1.200 a 1.400 m","m³",115.29]
[1716631,"Derrocagem subaquática de material de 3ª categoria - carga e limpeza - plataforma flutuante com clamshell e batelão rebocado de 100 t - DMT de 1.400 a 1.600 m","m³",115.83]
[1716632,"Derrocagem subaquática de material de 3ª categoria - carga e limpeza - plataforma flutuante com clamshell e batelão rebocado de 100 t - DMT de 1.600 a 1.800 m","m³",116.37]
[1716633,"Derrocagem subaquática de material de 3ª categoria - carga e limpeza - plataforma flutuante com clamshell e batelão rebocado de 100 t - DMT de 1.800 a 2.000 m","m³",117.45]
[1716634,"Derrocagem subaquática de material de 3ª categoria - carga e limpeza - plataforma flutuante com clamshell e batelão rebocado de 100 t - DMT de 2.000 a 2.500 m","m³",118.54]
[1716635,"Derrocagem subaquática de material de 3ª categoria - carga e limpeza - plataforma flutuante com clamshell e batelão rebocado de 100 t - DMT de 2.500 a 3.000 m","m³",120.16]
[1716625,"Derrocagem subaquática de material de 3ª categoria - carga e limpeza - plataforma flutuante com clamshell e batelão rebocado de 100 t - DMT de 200 a 400 m","m³",112.04]
[1716636,"Derrocagem subaquática de material de 3ª categoria - carga e limpeza - plataforma flutuante com clamshell e batelão rebocado de 100 t - DMT de 3.000 m","m³",121.24]
[1716626,"Derrocagem subaquática de material de 3ª categoria - carga e limpeza - plataforma flutuante com clamshell e batelão rebocado de 100 t - DMT de 400 a 600 m","m³",112.58]
[1716627,"Derrocagem subaquática de material de 3ª categoria - carga e limpeza - plataforma flutuante com clamshell e batelão rebocado de 100 t - DMT de 600 a 800 m","m³",113.66]
[1716628,"Derrocagem subaquática de material de 3ª categoria - carga e limpeza - plataforma flutuante com clamshell e batelão rebocado de 100 t - DMT de 800 a 1.000 m","m³",114.21]
[1716640,"Derrocagem subaquática de material de 3ª categoria - carga e limpeza com draga backhoe de 7 m³ - sem transporte","m³",30.61]
[1716641,"Derrocagem subaquática de material de 3ª categoria - carga e limpeza com draga backhoe de 7 m³ - transporte com batelão autopropelido de 300 m³ - DMT até 200 m","m³",39.42]
[1716646,"Derrocagem subaquática de material de 3ª categoria - carga e limpeza com draga backhoe de 7 m³ - transporte com batelão autopropelido de 300 m³ - DMT de 1.000 a 1.200 m","m³",39.97]
[1716647,"Derrocagem subaquática de material de 3ª categoria - carga e limpeza com draga backhoe de 7 m³ - transporte com batelão autopropelido de 300 m³ - DMT de 1.200 a 1.400 m","m³",40.03]
[1716648,"Derrocagem subaquática de material de 3ª categoria - carga e limpeza com draga backhoe de 7 m³ - transporte com batelão autopropelido de 300 m³ - DMT de 1.400 a 1.600 m","m³",40.14]
[1716649,"Derrocagem subaquática de material de 3ª categoria - carga e limpeza com draga backhoe de 7 m³ - transporte com batelão autopropelido de 300 m³ - DMT de 1.600 a 1.800 m","m³",{"v":40.2,"d":"40.20"}]
[1716650,"Derrocagem subaquática de material de 3ª categoria - carga e limpeza com draga backhoe de 7 m³ - transporte com batelão autopropelido de 300 m³ - DMT de 1.800 a 2.000 m","m³",40.31]
[1716651,"Derrocagem subaquática de material de 3ª categoria - carga e limpeza com draga backhoe de 7 m³ - transporte com batelão autopropelido de 300 m³ - DMT de 2.000 a 2.500 m","m³",40.42]
[1716652,"Derrocagem subaquática de material de 3ª categoria - carga e limpeza com draga backhoe de 7 m³ - transporte com batelão autopropelido de 300 m³ - DMT de 2.500 a 3.000 m","m³",40.64]
[1716642,"Derrocagem subaquática de material de 3ª categoria - carga e limpeza com draga backhoe de 7 m³ - transporte com batelão autopropelido de 300 m³ - DMT de 200 a 400 m","m³",39.58]
[1716653,"Derrocagem subaquática de material de 3ª categoria - carga e limpeza com draga backhoe de 7 m³ - transporte com batelão autopropelido de 300 m³ - DMT de 3.000 m","m³",40.81]
[1716643,"Derrocagem subaquática de material de 3ª categoria - carga e limpeza com draga backhoe de 7 m³ - transporte com batelão autopropelido de 300 m³ - DMT de 400 a 600 m","m³",{"v":39.7,"d":"39.70"}]
[1716644,"Derrocagem subaquática de material de 3ª categoria - carga e limpeza com draga backhoe de 7 m³ - transporte com batelão autopropelido de 300 m³ - DMT de 600 a 800 m","m³",39.81]
[1716645,"Derrocagem subaquática de material de 3ª categoria - carga e limpeza com draga backhoe de 7 m³ - transporte com batelão autopropelido de 300 m³ - DMT de 800 a 1.000 m","m³",39.86]
[1716622,"Derrocagem subaquática de material de 3ª categoria - malha de 1,5 m² - perfuração e detonação - plataforma autoelevatória com três torres de perfuração","m³",87.95]
[1716603,"Derrocagem subaquática de material de 3ª categoria - malha de 1,5 m² - perfuração e detonação - plataforma autoelevatória montada na obra com três torres de perfuração","m³",87.95]
[1716620,"Derrocagem subaquática de material de 3ª categoria - malha de 1,5 m² - perfuração e detonação - plataforma flutuante com duas torres de perfuração","m³",119.92]
[1716621,"Derrocagem subaquática de material de 3ª categoria - malha de 1,5 m² - perfuração e detonação - plataforma flutuante com três torres de perfuração","m³",94.53]
[1716619,"Derrocagem subaquática de material de 3ª categoria - malha de 1,5 m² - perfuração e detonação - plataforma flutuante com uma torre de perfuração","m³",196.15]
[1716601,"Derrocagem subaquática de material de 3ª categoria - malha de 1,5 m² - perfuração e detonação - plataforma montada na obra com duas torres de perfuração","m³",121.59]
[1716602,"Derrocagem subaquática de material de 3ª categoria - malha de 1,5 m² - perfuração e detonação - plataforma montada na obra com três torres de perfuração","m³",95.65]
[1716600,"Derrocagem subaquática de material de 3ª categoria - malha de 1,5 m² - perfuração e detonação - plataforma montada na obra com uma torre de perfuração","m³",{"v":199.5,"d":"199.50"}]
[1716655,"Derrocagem subaquática de material de 3ª categoria - malha de 2,5 m² - perfuração e detonação - plataforma com duas torres de perfuração","m³",70.76]
[1716639,"Derrocagem subaquática de material de 3ª categoria - malha de 4,0 m² - perfuração e detonação - plataforma com duas torres de perfuração","m³",{"v":50.1,"d":"50.10"}]
[1801636,"Levantamento batimétrico monofeixe longitudinal","km",19.29]
[1801637,"Levantamento batimétrico monofeixe transversal","km",25.73]
[1817720,"Levantamento batimétrico multifeixe","km",95.01]
[1817723,"Levantamento hidrométrico com ADCP em rios com velocidade de corrente acima de 1,5 m/s","km",47.12]
[1817721,"Levantamento hidrométrico com ADCP em rios com velocidade de corrente de 0,5 a 1,0 m/s","km",141.37]
[1817722,"Levantamento hidrométrico com ADCP em rios com velocidade de corrente de 1,0 a 1,5 m/s","km",70.69]
[1917483,"Dragagem de areia fina com draga de sucção e recalque - bomba de 1.350 kW e cortador de 170 kW - distância de recalque de 1.100 a 1.300 m","m³",4.51]
[1917484,"Dragagem de areia fina com draga de sucção e recalque - bomba de 1.350 kW e cortador de 170 kW - distância de recalque de 1.300 a 1.500 m","m³",4.69]
[1917485,"Dragagem de areia fina com draga de sucção e recalque - bomba de 1.350 kW e cortador de 170 kW - distância de recalque de 1.500 a 1.700 m","m³",5.23]
[1917486,"Dragagem de areia fina com draga de sucção e recalque - bomba de 1.350 kW e cortador de 170 kW - distância de recalque de 1.700 a 1.900 m","m³",5.45]
[1917487,"Dragagem de areia fina com draga de sucção e recalque - bomba de 1.350 kW e cortador de 170 kW - distância de recalque de 1.900 a 2.100 m","m³",5.74]
[1917528,"Dragagem de areia fina com draga de sucção e recalque - bomba de 1.350 kW e cortador de 170 kW - distância de recalque de 10.100 a 10.300 m","m³",{"v":30,"d":"30.00"}]
[1917529,"Dragagem de areia fina com draga de sucção e recalque - bomba de 1.350 kW e cortador de 170 kW - distância de recalque de 10.300 a 10.500 m","m³",30.98]
[1917530,"Dragagem de areia fina com draga de sucção e recalque - bomba de 1.350 kW e cortador de 170 kW - distância de recalque de 10.500 a 10.700 m","m³",{"v":32.6,"d":"32.60"}]
[1917531,"Dragagem de areia fina com draga de sucção e recalque - bomba de 1.350 kW e cortador de 170 kW - distância de recalque de 10.700 a 10.900 m","m³",34.27]
[1917532,"Dragagem de areia fina com draga de sucção e recalque - bomba de 1.350 kW e cortador de 170 kW - distância de recalque de 10.900 a 11.100 m","m³",36.15]
[1917533,"Dragagem de areia fina com draga de sucção e recalque - bomba de 1.350 kW e cortador de 170 kW - distância de recalque de 11.100 a 11.300 m","m³",37.17]
[1917534,"Dragagem de areia fina com draga de sucção e recalque - bomba de 1.350 kW e cortador de 170 kW - distância de recalque de 11.300 a 11.500 m","m³",38.22]
[1917535,"Dragagem de areia fina com draga de sucção e recalque - bomba de 1.350 kW e cortador de 170 kW - distância de recalque de 11.500 a 11.700 m","m³",39.66]
[1917536,"Dragagem de areia fina com draga de sucção e recalque - bomba de 1.350 kW e cortador de 170 kW - distância de recalque de 11.700 a 11.900 m","m³",40.85]
[1917537,"Dragagem de areia fina com draga de sucção e recalque - bomba de 1.350 kW e cortador de 170 kW - distância de recalque de 11.900 a 12.100 m","m³",42.09]
[1917488,"Dragagem de areia fina com draga de sucção e recalque - bomba de 1.350 kW e cortador de 170 kW - distância de recalque de 2.100 a 2.300 m","m³",5.96]
[1917489,"Dragagem de areia fina com draga de sucção e recalque - bomba de 1.350 kW e cortador de 170 kW - distância de recalque de 2.300 a 2.500 m","m³",6.24]
[1917490,"Dragagem de areia fina com draga de sucção e recalque - bomba de 1.350 kW e cortador de 170 kW - distância de recalque de 2.500 a 2.700 m","m³",6.74]
[1917491,"Dragagem de areia fina com draga de sucção e recalque - bomba de 1.350 kW e cortador de 170 kW - distância de recalque de 2.700 a 2.900 m","m³",7.05]
[1917492,"Dragagem de areia fina com draga de sucção e recalque - bomba de 1.350 kW e cortador de 170 kW - distância de recalque de 2.900 a 3.100 m","m³",7.29]
[1917493,"Dragagem de areia fina com draga de sucção e recalque - bomba de 1.350 kW e cortador de 170 kW - distância de recalque de 3.100 a 3.300 m","m³",7.61]
[1917494,"Dragagem de areia fina com draga de sucção e recalque - bomba de 1.350 kW e cortador de 170 kW - distância de recalque de 3.300 a 3.500 m","m³",7.94]
[1917495,"Dragagem de areia fina com draga de sucção e recalque - bomba de 1.350 kW e cortador de 170 kW - distância de recalque de 3.500 a 3.700 m","m³",8.49]
[1917496,"Dragagem de areia fina com draga de sucção e recalque - bomba de 1.350 kW e cortador de 170 kW - distância de recalque de 3.700 a 3.900 m","m³",8.81]
[1917497,"Dragagem de areia fina com draga de sucção e recalque - bomba de 1.350 kW e cortador de 170 kW - distância de recalque de 3.900 a 4.100 m","m³",9.12]
[1917498,"Dragagem de areia fina com draga de sucção e recalque - bomba de 1.350 kW e cortador de 170 kW - distância de recalque de 4.100 a 4.300 m","m³",9.45]
[1917499,"Dragagem de areia fina com draga de sucção e recalque - bomba de 1.350 kW e cortador de 170 kW - distância de recalque de 4.300 a 4.500 m","m³",9.71]
[1917500,"Dragagem de areia fina com draga de sucção e recalque - bomba de 1.350 kW e cortador de 170 kW - distância de recalque de 4.500 a 4.700 m","m³",10.32]
[1917501,"Dragagem de areia fina com draga de sucção e recalque - bomba de 1.350 kW e cortador de 170 kW - distância de recalque de 4.700 a 4.900 m","m³",10.65]
[1917502,"Dragagem de areia fina com draga de sucção e recalque - bomba de 1.350 kW e cortador de 170 kW - distância de recalque de 4.900 a 5.100 m","m³",10.98]
[1917503,"Dragagem de areia fina com draga de sucção e recalque - bomba de 1.350 kW e cortador de 170 kW - distância de recalque de 5.100 a 5.300 m","m³",11.32]
[1917504,"Dragagem de areia fina com draga de sucção e recalque - bomba de 1.350 kW e cortador de 170 kW - distância de recalque de 5.300 a 5.500 m","m³",11.67]
[1917505,"Dragagem de areia fina com draga de sucção e recalque - bomba de 1.350 kW e cortador de 170 kW - distância de recalque de 5.500 a 5.700 m","m³",{"v":12.3,"d":"12.30"}]
[1917506,"Dragagem de areia fina com draga de sucção e recalque - bomba de 1.350 kW e cortador de 170 kW - distância de recalque de 5.700 a 5.900 m","m³",12.64]
[1917507,"Dragagem de areia fina com draga de sucção e recalque - bomba de 1.350 kW e cortador de 170 kW - distância de recalque de 5.900 a 6.100 m","m³",{"v":13,"d":"13.00"}]
[1917480,"Dragagem de areia fina com draga de sucção e recalque - bomba de 1.350 kW e cortador de 170 kW - distância de recalque de 500 a 700 m","m³",3.91]
[1917508,"Dragagem de areia fina com draga de sucção e recalque - bomba de 1.350 kW e cortador de 170 kW - distância de recalque de 6.100 a 6.300 m","m³",13.36]
[1917509,"Dragagem de areia fina com draga de sucção e recalque - bomba de 1.350 kW e cortador de 170 kW - distância de recalque de 6.300 a 6.500 m","m³",{"v":13.8,"d":"13.80"}]
[1917510,"Dragagem de areia fina com draga de sucção e recalque - bomba de 1.350 kW e cortador de 170 kW - distância de recalque de 6.500 a 6.700 m","m³",14.46]
[1917511,"Dragagem de areia fina com draga de sucção e recalque - bomba de 1.350 kW e cortador de 170 kW - distância de recalque de 6.700 a 6.900 m","m³",14.85]
[1917512,"Dragagem de areia fina com draga de sucção e recalque - bomba de 1.350 kW e cortador de 170 kW - distância de recalque de 6.900 a 7.100 m","m³",15.33]
[1917513,"Dragagem de areia fina com draga de sucção e recalque - bomba de 1.350 kW e cortador de 170 kW - distância de recalque de 7.100 a 7.300 m","m³",15.76]
[1917514,"Dragagem de areia fina com draga de sucção e recalque - bomba de 1.350 kW e cortador de 170 kW - distância de recalque de 7.300 a 7.500 m","m³",16.28]
[1917515,"Dragagem de areia fina com draga de sucção e recalque - bomba de 1.350 kW e cortador de 170 kW - distância de recalque de 7.500 a 7.700 m","m³",17.11]
[1917516,"Dragagem de areia fina com draga de sucção e recalque - bomba de 1.350 kW e cortador de 170 kW - distância de recalque de 7.700 a 7.900 m","m³",17.67]
[1917517,"Dragagem de areia fina com draga de sucção e recalque - bomba de 1.350 kW e cortador de 170 kW - distância de recalque de 7.900 a 8.100 m","m³",18.44]
[1917481,"Dragagem de areia fina com draga de sucção e recalque - bomba de 1.350 kW e cortador de 170 kW - distância de recalque de 700 a 900 m","m³",4.08]
[1917518,"Dragagem de areia fina com draga de sucção e recalque - bomba de 1.350 kW e cortador de 170 kW - distância de recalque de 8.100 a 8.300 m","m³",19.19]
[1917519,"Dragagem de areia fina com draga de sucção e recalque - bomba de 1.350 kW e cortador de 170 kW - distância de recalque de 8.300 a 8.500 m","m³",20.14]
[1917520,"Dragagem de areia fina com draga de sucção e recalque - bomba de 1.350 kW e cortador de 170 kW - distância de recalque de 8.500 a 8.700 m","m³",21.27]
[1917521,"Dragagem de areia fina com draga de sucção e recalque - bomba de 1.350 kW e cortador de 170 kW - distância de recalque de 8.700 a 8.900 m","m³",22.17]
[1917522,"Dragagem de areia fina com draga de sucção e recalque - bomba de 1.350 kW e cortador de 170 kW - distância de recalque de 8.900 a 9.100 m","m³",23.16]
[1917523,"Dragagem de areia fina com draga de sucção e recalque - bomba de 1.350 kW e cortador de 170 kW - distância de recalque de 9.100 a 9.300 m","m³",24.19]
[1917524,"Dragagem de areia fina com draga de sucção e recalque - bomba de 1.350 kW e cortador de 170 kW - distância de recalque de 9.300 a 9.500 m","m³",25.28]
[1917525,"Dragagem de areia fina com draga de sucção e recalque - bomba de 1.350 kW e cortador de 170 kW - distância de recalque de 9.500 a 9.700 m","m³",26.64]
[1917526,"Dragagem de areia fina com draga de sucção e recalque - bomba de 1.350 kW e cortador de 170 kW - distância de recalque de 9.700 a 9.900 m","m³",27.66]
[1917527,"Dragagem de areia fina com draga de sucção e recalque - bomba de 1.350 kW e cortador de 170 kW - distância de recalque de 9.900 a 10.100 m","m³",28.66]
[1917482,"Dragagem de areia fina com draga de sucção e recalque - bomba de 1.350 kW e cortador de 170 kW - distância de recalque de 900 a 1.100 m","m³",4.26]
[1917737,"Dragagem de areia fina com draga de sucção e recalque - bomba de 1.350 kW e cortador de 170 kW - distância de recalque de até 500 m","m³",3.88]
[1917220,"Dragagem de areia fina com draga de sucção e recalque - bomba de 294 kW e cortador de 30 kW - distância de recalque de 1.100 a 1.300 m","m³",6.51]
[1917221,"Dragagem de areia fina com draga de sucção e recalque - bomba de 294 kW e cortador de 30 kW - distância de recalque de 1.300 a 1.500 m","m³",6.96]
[1917222,"Dragagem de areia fina com draga de sucção e recalque - bomba de 294 kW e cortador de 30 kW - distância de recalque de 1.500 a 1.700 m","m³",7.54]
[1917223,"Dragagem de areia fina com draga de sucção e recalque - bomba de 294 kW e cortador de 30 kW - distância de recalque de 1.700 a 1.900 m","m³",7.89]
[1917224,"Dragagem de areia fina com draga de sucção e recalque - bomba de 294 kW e cortador de 30 kW - distância de recalque de 1.900 a 2.100 m","m³",8.26]
[1917225,"Dragagem de areia fina com draga de sucção e recalque - bomba de 294 kW e cortador de 30 kW - distância de recalque de 2.100 a 2.300 m","m³",{"v":8.7,"d":"8.70"}]
[1917226,"Dragagem de areia fina com draga de sucção e recalque - bomba de 294 kW e cortador de 30 kW - distância de recalque de 2.300 a 2.500 m","m³",9.11]
[1917227,"Dragagem de areia fina com draga de sucção e recalque - bomba de 294 kW e cortador de 30 kW - distância de recalque de 2.500 a 2.700 m","m³",9.71]
[1917228,"Dragagem de areia fina com draga de sucção e recalque - bomba de 294 kW e cortador de 30 kW - distância de recalque de 2.700 a 2.900 m","m³",10.21]
[1917229,"Dragagem de areia fina com draga de sucção e recalque - bomba de 294 kW e cortador de 30 kW - distância de recalque de 2.900 a 3.100 m","m³",10.63]
[1917230,"Dragagem de areia fina com draga de sucção e recalque - bomba de 294 kW e cortador de 30 kW - distância de recalque de 3.100 a 3.300 m","m³",11.12]
[1917231,"Dragagem de areia fina com draga de sucção e recalque - bomba de 294 kW e cortador de 30 kW - distância de recalque de 3.300 a 3.500 m","m³",11.63]
[1917232,"Dragagem de areia fina com draga de sucção e recalque - bomba de 294 kW e cortador de 30 kW - distância de recalque de 3.500 a 3.700 m","m³",12.33]
[1917233,"Dragagem de areia fina com draga de sucção e recalque - bomba de 294 kW e cortador de 30 kW - distância de recalque de 3.700 a 3.900 m","m³",12.86]
[1917234,"Dragagem de areia fina com draga de sucção e recalque - bomba de 294 kW e cortador de 30 kW - distância de recalque de 3.900 a 4.100 m","m³",13.49]
[1917217,"Dragagem de areia fina com draga de sucção e recalque - bomba de 294 kW e cortador de 30 kW - distância de recalque de 500 a 700 m","m³",{"v":5.3,"d":"5.30"}]
[1917218,"Dragagem de areia fina com draga de sucção e recalque - bomba de 294 kW e cortador de 30 kW - distância de recalque de 700 a 900 m","m³",5.53]
[1917219,"Dragagem de areia fina com draga de sucção e recalque - bomba de 294 kW e cortador de 30 kW - distância de recalque de 900 a 1.100 m","m³",5.96]
[1917724,"Dragagem de areia fina com draga de sucção e recalque - bomba de 294 kW e cortador de 30 kW - distância de recalque de até 500 m","m³",5.18]
[1917274,"Dragagem de areia fina com draga de sucção e recalque - bomba de 483 kW e cortador de 55 kW - distância de recalque de 1.100 a 1.300 m","m³",4.81]
[1917275,"Dragagem de areia fina com draga de sucção e recalque - bomba de 483 kW e cortador de 55 kW - distância de recalque de 1.300 a 1.500 m","m³",5.12]
[1917276,"Dragagem de areia fina com draga de sucção e recalque - bomba de 483 kW e cortador de 55 kW - distância de recalque de 1.500 a 1.700 m","m³",5.66]
[1917277,"Dragagem de areia fina com draga de sucção e recalque - bomba de 483 kW e cortador de 55 kW - distância de recalque de 1.700 a 1.900 m","m³",6.06]
[1917278,"Dragagem de areia fina com draga de sucção e recalque - bomba de 483 kW e cortador de 55 kW - distância de recalque de 1.900 a 2.100 m","m³",6.27]
[1917279,"Dragagem de areia fina com draga de sucção e recalque - bomba de 483 kW e cortador de 55 kW - distância de recalque de 2.100 a 2.300 m","m³",6.67]
[1917280,"Dragagem de areia fina com draga de sucção e recalque - bomba de 483 kW e cortador de 55 kW - distância de recalque de 2.300 a 2.500 m","m³",7.05]
[1917281,"Dragagem de areia fina com draga de sucção e recalque - bomba de 483 kW e cortador de 55 kW - distância de recalque de 2.500 a 2.700 m","m³",7.62]
[1917282,"Dragagem de areia fina com draga de sucção e recalque - bomba de 483 kW e cortador de 55 kW - distância de recalque de 2.700 a 2.900 m","m³",{"v":8,"d":"8.00"}]
[1917283,"Dragagem de areia fina com draga de sucção e recalque - bomba de 483 kW e cortador de 55 kW - distância de recalque de 2.900 a 3.100 m","m³",{"v":8.4,"d":"8.40"}]
[1917284,"Dragagem de areia fina com draga de sucção e recalque - bomba de 483 kW e cortador de 55 kW - distância de recalque de 3.100 a 3.300 m","m³",8.75]
[1917285,"Dragagem de areia fina com draga de sucção e recalque - bomba de 483 kW e cortador de 55 kW - distância de recalque de 3.300 a 3.500 m","m³",9.15]
[1917286,"Dragagem de areia fina com draga de sucção e recalque - bomba de 483 kW e cortador de 55 kW - distância de recalque de 3.500 a 3.700 m","m³",9.86]
[1917287,"Dragagem de areia fina com draga de sucção e recalque - bomba de 483 kW e cortador de 55 kW - distância de recalque de 3.700 a 3.900 m","m³",10.29]
[1917288,"Dragagem de areia fina com draga de sucção e recalque - bomba de 483 kW e cortador de 55 kW - distância de recalque de 3.900 a 4.100 m","m³",10.75]
[1917289,"Dragagem de areia fina com draga de sucção e recalque - bomba de 483 kW e cortador de 55 kW - distância de recalque de 4.100 a 4.300 m","m³",11.26]
[1917290,"Dragagem de areia fina com draga de sucção e recalque - bomba de 483 kW e cortador de 55 kW - distância de recalque de 4.300 a 4.500 m","m³",11.79]
[1917291,"Dragagem de areia fina com draga de sucção e recalque - bomba de 483 kW e cortador de 55 kW - distância de recalque de 4.500 a 4.700 m","m³",12.57]
[1917292,"Dragagem de areia fina com draga de sucção e recalque - bomba de 483 kW e cortador de 55 kW - distância de recalque de 4.700 a 4.900 m","m³",13.14]
[1917293,"Dragagem de areia fina com draga de sucção e recalque - bomba de 483 kW e cortador de 55 kW - distância de recalque de 4.900 a 5.100 m","m³",13.75]
[1917294,"Dragagem de areia fina com draga de sucção e recalque - bomba de 483 kW e cortador de 55 kW - distância de recalque de 5.100 a 5.300 m","m³",14.55]
[1917295,"Dragagem de areia fina com draga de sucção e recalque - bomba de 483 kW e cortador de 55 kW - distância de recalque de 5.300 a 5.500 m","m³",15.34]
[1917296,"Dragagem de areia fina com draga de sucção e recalque - bomba de 483 kW e cortador de 55 kW - distância de recalque de 5.500 a 5.700 m","m³",16.47]
[1917297,"Dragagem de areia fina com draga de sucção e recalque - bomba de 483 kW e cortador de 55 kW - distância de recalque de 5.700 a 5.900 m","m³",{"v":17.5,"d":"17.50"}]
[1917298,"Dragagem de areia fina com draga de sucção e recalque - bomba de 483 kW e cortador de 55 kW - distância de recalque de 5.900 a 6.100 m","m³",18.61]
[1917271,"Dragagem de areia fina com draga de sucção e recalque - bomba de 483 kW e cortador de 55 kW - distância de recalque de 500 a 700 m","m³",4.03]
[1917299,"Dragagem de areia fina com draga de sucção e recalque - bomba de 483 kW e cortador de 55 kW - distância de recalque de 6.100 a 6.300 m","m³",19.93]
[1917300,"Dragagem de areia fina com draga de sucção e recalque - bomba de 483 kW e cortador de 55 kW - distância de recalque de 6.300 a 6.500 m","m³",21.37]
[1917301,"Dragagem de areia fina com draga de sucção e recalque - bomba de 483 kW e cortador de 55 kW - distância de recalque de 6.500 a 6.700 m","m³",{"v":23.3,"d":"23.30"}]
[1917302,"Dragagem de areia fina com draga de sucção e recalque - bomba de 483 kW e cortador de 55 kW - distância de recalque de 6.700 a 6.900 m","m³",25.12]
[1917303,"Dragagem de areia fina com draga de sucção e recalque - bomba de 483 kW e cortador de 55 kW - distância de recalque de 6.900 a 7.100 m","m³",26.83]
[1917304,"Dragagem de areia fina com draga de sucção e recalque - bomba de 483 kW e cortador de 55 kW - distância de recalque de 7.100 a 7.300 m","m³",28.51]
[1917305,"Dragagem de areia fina com draga de sucção e recalque - bomba de 483 kW e cortador de 55 kW - distância de recalque de 7.300 a 7.500 m","m³",30.38]
[1917306,"Dragagem de areia fina com draga de sucção e recalque - bomba de 483 kW e cortador de 55 kW - distância de recalque de 7.500 a 7.700 m","m³",32.68]
[1917307,"Dragagem de areia fina com draga de sucção e recalque - bomba de 483 kW e cortador de 55 kW - distância de recalque de 7.700 a 7.900 m","m³",34.38]
[1917272,"Dragagem de areia fina com draga de sucção e recalque - bomba de 483 kW e cortador de 55 kW - distância de recalque de 700 a 900 m","m³",4.24]
[1917273,"Dragagem de areia fina com draga de sucção e recalque - bomba de 483 kW e cortador de 55 kW - distância de recalque de 900 a 1.100 m","m³",4.47]
[1917729,"Dragagem de areia fina com draga de sucção e recalque - bomba de 483 kW e cortador de 55 kW - distância de recalque de até 500 m","m³",3.97]
[1917367,"Dragagem de areia fina com draga de sucção e recalque - bomba de 746 kW e cortador de 110 kW - distância de recalque de 1.100 a 1.300 m","m³",{"v":4.5,"d":"4.50"}]
[1917368,"Dragagem de areia fina com draga de sucção e recalque - bomba de 746 kW e cortador de 110 kW - distância de recalque de 1.300 a 1.500 m","m³",4.82]
[1917369,"Dragagem de areia fina com draga de sucção e recalque - bomba de 746 kW e cortador de 110 kW - distância de recalque de 1.500 a 1.700 m","m³",{"v":5.3,"d":"5.30"}]
[1917370,"Dragagem de areia fina com draga de sucção e recalque - bomba de 746 kW e cortador de 110 kW - distância de recalque de 1.700 a 1.900 m","m³",5.59]
[1917371,"Dragagem de areia fina com draga de sucção e recalque - bomba de 746 kW e cortador de 110 kW - distância de recalque de 1.900 a 2.100 m","m³",5.86]
[1917372,"Dragagem de areia fina com draga de sucção e recalque - bomba de 746 kW e cortador de 110 kW - distância de recalque de 2.100 a 2.300 m","m³",6.14]
[1917373,"Dragagem de areia fina com draga de sucção e recalque - bomba de 746 kW e cortador de 110 kW - distância de recalque de 2.300 a 2.500 m","m³",6.36]
[1917374,"Dragagem de areia fina com draga de sucção e recalque - bomba de 746 kW e cortador de 110 kW - distância de recalque de 2.500 a 2.700 m","m³",{"v":6.9,"d":"6.90"}]
[1917375,"Dragagem de areia fina com draga de sucção e recalque - bomba de 746 kW e cortador de 110 kW - distância de recalque de 2.700 a 2.900 m","m³",7.16]
[1917376,"Dragagem de areia fina com draga de sucção e recalque - bomba de 746 kW e cortador de 110 kW - distância de recalque de 2.900 a 3.100 m","m³",7.42]
[1917377,"Dragagem de areia fina com draga de sucção e recalque - bomba de 746 kW e cortador de 110 kW - distância de recalque de 3.100 a 3.300 m","m³",7.69]
[1917378,"Dragagem de areia fina com draga de sucção e recalque - bomba de 746 kW e cortador de 110 kW - distância de recalque de 3.300 a 3.500 m","m³",7.96]
[1917379,"Dragagem de areia fina com draga de sucção e recalque - bomba de 746 kW e cortador de 110 kW - distância de recalque de 3.500 a 3.700 m","m³",8.53]
[1917380,"Dragagem de areia fina com draga de sucção e recalque - bomba de 746 kW e cortador de 110 kW - distância de recalque de 3.700 a 3.900 m","m³",8.85]
[1917381,"Dragagem de areia fina com draga de sucção e recalque - bomba de 746 kW e cortador de 110 kW - distância de recalque de 3.900 a 4.100 m","m³",9.18]
[1917382,"Dragagem de areia fina com draga de sucção e recalque - bomba de 746 kW e cortador de 110 kW - distância de recalque de 4.100 a 4.300 m","m³",{"v":9.6,"d":"9.60"}]
[1917383,"Dragagem de areia fina com draga de sucção e recalque - bomba de 746 kW e cortador de 110 kW - distância de recalque de 4.300 a 4.500 m","m³",9.95]
[1917384,"Dragagem de areia fina com draga de sucção e recalque - bomba de 746 kW e cortador de 110 kW - distância de recalque de 4.500 a 4.700 m","m³",10.58]
[1917385,"Dragagem de areia fina com draga de sucção e recalque - bomba de 746 kW e cortador de 110 kW - distância de recalque de 4.700 a 4.900 m","m³",11.03]
[1917386,"Dragagem de areia fina com draga de sucção e recalque - bomba de 746 kW e cortador de 110 kW - distância de recalque de 4.900 a 5.100 m","m³",{"v":11.5,"d":"11.50"}]
[1917387,"Dragagem de areia fina com draga de sucção e recalque - bomba de 746 kW e cortador de 110 kW - distância de recalque de 5.100 a 5.300 m","m³",11.99]
[1917388,"Dragagem de areia fina com draga de sucção e recalque - bomba de 746 kW e cortador de 110 kW - distância de recalque de 5.300 a 5.500 m","m³",{"v":12.5,"d":"12.50"}]
[1917389,"Dragagem de areia fina com draga de sucção e recalque - bomba de 746 kW e cortador de 110 kW - distância de recalque de 5.500 a 5.700 m","m³",13.29]
[1917390,"Dragagem de areia fina com draga de sucção e recalque - bomba de 746 kW e cortador de 110 kW - distância de recalque de 5.700 a 5.900 m","m³",13.99]
[1917391,"Dragagem de areia fina com draga de sucção e recalque - bomba de 746 kW e cortador de 110 kW - distância de recalque de 5.900 a 6.100 m","m³",14.74]
[1917364,"Dragagem de areia fina com draga de sucção e recalque - bomba de 746 kW e cortador de 110 kW - distância de recalque de 500 a 700 m","m³",3.58]
[1917392,"Dragagem de areia fina com draga de sucção e recalque - bomba de 746 kW e cortador de 110 kW - distância de recalque de 6.100 a 6.300 m","m³",15.67]
[1917393,"Dragagem de areia fina com draga de sucção e recalque - bomba de 746 kW e cortador de 110 kW - distância de recalque de 6.300 a 6.500 m","m³",16.66]
[1917394,"Dragagem de areia fina com draga de sucção e recalque - bomba de 746 kW e cortador de 110 kW - distância de recalque de 6.500 a 6.700 m","m³",18.06]
[1917395,"Dragagem de areia fina com draga de sucção e recalque - bomba de 746 kW e cortador de 110 kW - distância de recalque de 6.700 a 6.900 m","m³",19.03]
[1917396,"Dragagem de areia fina com draga de sucção e recalque - bomba de 746 kW e cortador de 110 kW - distância de recalque de 6.900 a 7.100 m","m³",20.14]
[1917397,"Dragagem de areia fina com draga de sucção e recalque - bomba de 746 kW e cortador de 110 kW - distância de recalque de 7.100 a 7.300 m","m³",21.42]
[1917398,"Dragagem de areia fina com draga de sucção e recalque - bomba de 746 kW e cortador de 110 kW - distância de recalque de 7.300 a 7.500 m","m³",22.55]
[1917399,"Dragagem de areia fina com draga de sucção e recalque - bomba de 746 kW e cortador de 110 kW - distância de recalque de 7.500 a 7.700 m","m³",24.15]
[1917400,"Dragagem de areia fina com draga de sucção e recalque - bomba de 746 kW e cortador de 110 kW - distância de recalque de 7.700 a 7.900 m","m³",{"v":25.6,"d":"25.60"}]
[1917401,"Dragagem de areia fina com draga de sucção e recalque - bomba de 746 kW e cortador de 110 kW - distância de recalque de 7.900 a 8.100 m","m³",26.91]
[1917365,"Dragagem de areia fina com draga de sucção e recalque - bomba de 746 kW e cortador de 110 kW - distância de recalque de 700 a 900 m","m³",3.94]
[1917402,"Dragagem de areia fina com draga de sucção e recalque - bomba de 746 kW e cortador de 110 kW - distância de recalque de 8.100 a 8.300 m","m³",28.46]
[1917403,"Dragagem de areia fina com draga de sucção e recalque - bomba de 746 kW e cortador de 110 kW - distância de recalque de 8.300 a 8.500 m","m³",{"v":30.2,"d":"30.20"}]
[1917404,"Dragagem de areia fina com draga de sucção e recalque - bomba de 746 kW e cortador de 110 kW - distância de recalque de 8.500 a 8.700 m","m³",31.98]
[1917405,"Dragagem de areia fina com draga de sucção e recalque - bomba de 746 kW e cortador de 110 kW - distância de recalque de 8.700 a 8.900 m","m³",33.69]
[1917406,"Dragagem de areia fina com draga de sucção e recalque - bomba de 746 kW e cortador de 110 kW - distância de recalque de 8.900 a 9.100 m","m³",35.57]
[1917407,"Dragagem de areia fina com draga de sucção e recalque - bomba de 746 kW e cortador de 110 kW - distância de recalque de 9.100 a 9.300 m","m³",37.74]
[1917408,"Dragagem de areia fina com draga de sucção e recalque - bomba de 746 kW e cortador de 110 kW - distância de recalque de 9.300 a 9.500 m","m³",40.14]
[1917409,"Dragagem de areia fina com draga de sucção e recalque - bomba de 746 kW e cortador de 110 kW - distância de recalque de 9.500 a 9.700 m","m³",42.07]
[1917410,"Dragagem de areia fina com draga de sucção e recalque - bomba de 746 kW e cortador de 110 kW - distância de recalque de 9.700 a 9.900 m","m³",43.82]
[1917411,"Dragagem de areia fina com draga de sucção e recalque - bomba de 746 kW e cortador de 110 kW - distância de recalque de 9.900 a 10.100 m","m³",45.79]
[1917366,"Dragagem de areia fina com draga de sucção e recalque - bomba de 746 kW e cortador de 110 kW - distância de recalque de 900 a 1.100 m","m³",4.18]
[1917732,"Dragagem de areia fina com draga de sucção e recalque - bomba de 746 kW e cortador de 110 kW - distância de recalque de até 500 m","m³",3.35]
[1917043,"Dragagem de areia fina com draga hopper - capacidade da cisterna de 1.000 m³ - DMT de 1.500 a 1.800 m","m³",12.21]
[1917044,"Dragagem de areia fina com draga hopper - capacidade da cisterna de 1.000 m³ - DMT de 1.800 a 2.100 m","m³",12.42]
[1917045,"Dragagem de areia fina com draga hopper - capacidade da cisterna de 1.000 m³ - DMT de 2.100 a 2.400 m","m³",12.64]
[1917046,"Dragagem de areia fina com draga hopper - capacidade da cisterna de 1.000 m³ - DMT de 2.400 a 2.700 m","m³",12.86]
[1917047,"Dragagem de areia fina com draga hopper - capacidade da cisterna de 1.000 m³ - DMT de 2.700 a 3.000 m","m³",13.11]
[1917048,"Dragagem de areia fina com draga hopper - capacidade da cisterna de 1.000 m³ - DMT de 3.000 m","m³",13.23]
[1901518,"Dragagem de areia fina com draga hopper - capacidade da cisterna de 10.000 m³ - DMT de 1.500 a 1.800 m","m³",8.27]
[1901519,"Dragagem de areia fina com draga hopper - capacidade da cisterna de 10.000 m³ - DMT de 1.800 a 2.100 m","m³",8.34]
[1901520,"Dragagem de areia fina com draga hopper - capacidade da cisterna de 10.000 m³ - DMT de 2.100 a 2.400 m","m³",{"v":8.4,"d":"8.40"}]
[1901521,"Dragagem de areia fina com draga hopper - capacidade da cisterna de 10.000 m³ - DMT de 2.400 a 2.700 m","m³",8.47]
[1901522,"Dragagem de areia fina com draga hopper - capacidade da cisterna de 10.000 m³ - DMT de 2.700 a 3.000 m","m³",8.54]
[1901517,"Dragagem de areia fina com draga hopper - capacidade da cisterna de 10.000 m³ - DMT de 3.000 m","m³",8.58]
[1901523,"Dragagem de areia fina com draga hopper - capacidade da cisterna de 15.000 m³ - DMT de 1.500 a 1.800 m","m³",{"v":11,"d":"11.00"}]
[1901524,"Dragagem de areia fina com draga hopper - capacidade da cisterna de 15.000 m³ - DMT de 1.800 a 2.100 m","m³",11.06]
[1901525,"Dragagem de areia fina com draga hopper - capacidade da cisterna de 15.000 m³ - DMT de 2.100 a 2.400 m","m³",11.12]
[1901526,"Dragagem de areia fina com draga hopper - capacidade da cisterna de 15.000 m³ - DMT de 2.400 a 2.700 m","m³",11.18]
[1901527,"Dragagem de areia fina com draga hopper - capacidade da cisterna de 15.000 m³ - DMT de 2.700 a 3.000 m","m³",11.25]
[1901528,"Dragagem de areia fina com draga hopper - capacidade da cisterna de 15.000 m³ - DMT de 3.000 m","m³",11.29]
[1917079,"Dragagem de areia fina com draga hopper - capacidade da cisterna de 2.000 m³ - DMT de 1.500 a 1.800 m","m³",8.64]
[1917080,"Dragagem de areia fina com draga hopper - capacidade da cisterna de 2.000 m³ - DMT de 1.800 a 2.100 m","m³",8.77]
[1917081,"Dragagem de areia fina com draga hopper - capacidade da cisterna de 2.000 m³ - DMT de 2.100 a 2.400 m","m³",8.91]
[1917082,"Dragagem de areia fina com draga hopper - capacidade da cisterna de 2.000 m³ - DMT de 2.400 a 2.700 m","m³",9.05]
[1917083,"Dragagem de areia fina com draga hopper - capacidade da cisterna de 2.000 m³ - DMT de 2.700 a 3.000 m","m³",{"v":9.2,"d":"9.20"}]
[1917084,"Dragagem de areia fina com draga hopper - capacidade da cisterna de 2.000 m³ - DMT de 3.000 m","m³",9.28]
[1901529,"Dragagem de areia fina com draga hopper - capacidade da cisterna de 20.000 m³ - DMT de 1.500 a 1.800 m","m³",13.78]
[1901530,"Dragagem de areia fina com draga hopper - capacidade da cisterna de 20.000 m³ - DMT de 1.800 a 2.100 m","m³",13.84]
[1901531,"Dragagem de areia fina com draga hopper - capacidade da cisterna de 20.000 m³ - DMT de 2.100 a 2.400 m","m³",{"v":13.9,"d":"13.90"}]
[1901532,"Dragagem de areia fina com draga hopper - capacidade da cisterna de 20.000 m³ - DMT de 2.400 a 2.700 m","m³",13.96]
[1901533,"Dragagem de areia fina com draga hopper - capacidade da cisterna de 20.000 m³ - DMT de 2.700 a 3.000 m","m³",14.03]
[1901534,"Dragagem de areia fina com draga hopper - capacidade da cisterna de 20.000 m³ - DMT de 3.000 m","m³",14.06]
[1917115,"Dragagem de areia fina com draga hopper - capacidade da cisterna de 3.000 m³ - DMT de 1.500 a 1.800 m","m³",{"v":8.3,"d":"8.30"}]
[1917116,"Dragagem de areia fina com draga hopper - capacidade da cisterna de 3.000 m³ - DMT de 1.800 a 2.100 m","m³",8.41]
[1917117,"Dragagem de areia fina com draga hopper - capacidade da cisterna de 3.000 m³ - DMT de 2.100 a 2.400 m","m³",8.52]
[1917118,"Dragagem de areia fina com draga hopper - capacidade da cisterna de 3.000 m³ - DMT de 2.400 a 2.700 m","m³",8.63]
[1917119,"Dragagem de areia fina com draga hopper - capacidade da cisterna de 3.000 m³ - DMT de 2.700 a 3.000 m","m³",8.76]
[1917120,"Dragagem de areia fina com draga hopper - capacidade da cisterna de 3.000 m³ - DMT de 3.000 m","m³",8.82]
[1917151,"Dragagem de areia fina com draga hopper - capacidade da cisterna de 4.000 m³ - DMT de 1.500 a 1.800 m","m³",7.92]
[1917152,"Dragagem de areia fina com draga hopper - capacidade da cisterna de 4.000 m³ - DMT de 1.800 a 2.100 m","m³",8.02]
[1917153,"Dragagem de areia fina com draga hopper - capacidade da cisterna de 4.000 m³ - DMT de 2.100 a 2.400 m","m³",8.11]
[1917154,"Dragagem de areia fina com draga hopper - capacidade da cisterna de 4.000 m³ - DMT de 2.400 a 2.700 m","m³",8.22]
[1917155,"Dragagem de areia fina com draga hopper - capacidade da cisterna de 4.000 m³ - DMT de 2.700 a 3.000 m","m³",8.33]
[1917156,"Dragagem de areia fina com draga hopper - capacidade da cisterna de 4.000 m³ - DMT de 3.000 m","m³",8.38]
[1917187,"Dragagem de areia fina com draga hopper - capacidade da cisterna de 5.000 m³ - DMT de 1.500 a 1.800 m","m³",8.82]
[1917188,"Dragagem de areia fina com draga hopper - capacidade da cisterna de 5.000 m³ - DMT de 1.800 a 2.100 m","m³",8.91]
[1917189,"Dragagem de areia fina com draga hopper - capacidade da cisterna de 5.000 m³ - DMT de 2.100 a 2.400 m","m³",8.99]
[1917190,"Dragagem de areia fina com draga hopper - capacidade da cisterna de 5.000 m³ - DMT de 2.400 a 2.700 m","m³",9.08]
[1917191,"Dragagem de areia fina com draga hopper - capacidade da cisterna de 5.000 m³ - DMT de 2.700 a 3.000 m","m³",9.18]
[1917192,"Dragagem de areia fina com draga hopper - capacidade da cisterna de 5.000 m³ - DMT de 3.000 m","m³",9.23]
[1917007,"Dragagem de areia fina com draga hopper - capacidade da cisterna de 750 m³ - DMT de 1.500 a 1.800 m","m³",16.58]
[1917008,"Dragagem de areia fina com draga hopper - capacidade da cisterna de 750 m³ - DMT de 1.800 a 2.100 m","m³",16.88]
[1917009,"Dragagem de areia fina com draga hopper - capacidade da cisterna de 750 m³ - DMT de 2.100 a 2.400 m","m³",17.19]
[1917010,"Dragagem de areia fina com draga hopper - capacidade da cisterna de 750 m³ - DMT de 2.400 a 2.700 m","m³",17.52]
[1917011,"Dragagem de areia fina com draga hopper - capacidade da cisterna de 750 m³ - DMT de 2.700 a 3.000 m","m³",17.86]
[1917012,"Dragagem de areia fina com draga hopper - capacidade da cisterna de 750 m³ - DMT de 3.000 m","m³",18.05]
[1917578,"Dragagem de areia grossa com draga de sucção e recalque - bomba de 1.350 kW e cortador de 170 kW - distância de recalque de 1.100 a 1.300 m","m³",6.39]
[1917579,"Dragagem de areia grossa com draga de sucção e recalque - bomba de 1.350 kW e cortador de 170 kW - distância de recalque de 1.300 a 1.500 m","m³",6.85]
[1917580,"Dragagem de areia grossa com draga de sucção e recalque - bomba de 1.350 kW e cortador de 170 kW - distância de recalque de 1.500 a 1.700 m","m³",7.23]
[1917581,"Dragagem de areia grossa com draga de sucção e recalque - bomba de 1.350 kW e cortador de 170 kW - distância de recalque de 1.700 a 1.900 m","m³",7.67]
[1917582,"Dragagem de areia grossa com draga de sucção e recalque - bomba de 1.350 kW e cortador de 170 kW - distância de recalque de 1.900 a 2.100 m","m³",8.33]
[1917583,"Dragagem de areia grossa com draga de sucção e recalque - bomba de 1.350 kW e cortador de 170 kW - distância de recalque de 2.100 a 2.300 m","m³",8.82]
[1917584,"Dragagem de areia grossa com draga de sucção e recalque - bomba de 1.350 kW e cortador de 170 kW - distância de recalque de 2.300 a 2.500 m","m³",9.25]
[1917585,"Dragagem de areia grossa com draga de sucção e recalque - bomba de 1.350 kW e cortador de 170 kW - distância de recalque de 2.500 a 2.700 m","m³",9.88]
[1917586,"Dragagem de areia grossa com draga de sucção e recalque - bomba de 1.350 kW e cortador de 170 kW - distância de recalque de 2.700 a 2.900 m","m³",10.82]
[1917587,"Dragagem de areia grossa com draga de sucção e recalque - bomba de 1.350 kW e cortador de 170 kW - distância de recalque de 2.900 a 3.100 m","m³",11.53]
[1917588,"Dragagem de areia grossa com draga de sucção e recalque - bomba de 1.350 kW e cortador de 170 kW - distância de recalque de 3.100 a 3.300 m","m³",12.31]
[1917589,"Dragagem de areia grossa com draga de sucção e recalque - bomba de 1.350 kW e cortador de 170 kW - distância de recalque de 3.300 a 3.500 m","m³",13.85]
[1917590,"Dragagem de areia grossa com draga de sucção e recalque - bomba de 1.350 kW e cortador de 170 kW - distância de recalque de 3.500 a 3.700 m","m³",16.03]
[1917591,"Dragagem de areia grossa com draga de sucção e recalque - bomba de 1.350 kW e cortador de 170 kW - distância de recalque de 3.700 a 3.900 m","m³",17.94]
[1917592,"Dragagem de areia grossa com draga de sucção e recalque - bomba de 1.350 kW e cortador de 170 kW - distância de recalque de 3.900 a 4.100 m","m³",20.38]
[1917593,"Dragagem de areia grossa com draga de sucção e recalque - bomba de 1.350 kW e cortador de 170 kW - distância de recalque de 4.100 a 4.300 m","m³",{"v":22.9,"d":"22.90"}]
[1917594,"Dragagem de areia grossa com draga de sucção e recalque - bomba de 1.350 kW e cortador de 170 kW - distância de recalque de 4.300 a 4.500 m","m³",{"v":26,"d":"26.00"}]
[1917595,"Dragagem de areia grossa com draga de sucção e recalque - bomba de 1.350 kW e cortador de 170 kW - distância de recalque de 4.500 a 4.700 m","m³",29.29]
[1917596,"Dragagem de areia grossa com draga de sucção e recalque - bomba de 1.350 kW e cortador de 170 kW - distância de recalque de 4.700 a 4.900 m","m³",32.27]
[1917597,"Dragagem de areia grossa com draga de sucção e recalque - bomba de 1.350 kW e cortador de 170 kW - distância de recalque de 4.900 a 5.100 m","m³",36.39]
[1917598,"Dragagem de areia grossa com draga de sucção e recalque - bomba de 1.350 kW e cortador de 170 kW - distância de recalque de 5.100 a 5.300 m","m³",40.21]
[1917599,"Dragagem de areia grossa com draga de sucção e recalque - bomba de 1.350 kW e cortador de 170 kW - distância de recalque de 5.300 a 5.500 m","m³",44.54]
[1917600,"Dragagem de areia grossa com draga de sucção e recalque - bomba de 1.350 kW e cortador de 170 kW - distância de recalque de 5.500 a 5.700 m","m³",50.09]
[1917601,"Dragagem de areia grossa com draga de sucção e recalque - bomba de 1.350 kW e cortador de 170 kW - distância de recalque de 5.700 a 5.900 m","m³",52.63]
[1917575,"Dragagem de areia grossa com draga de sucção e recalque - bomba de 1.350 kW e cortador de 170 kW - distância de recalque de 500 a 700 m","m³",4.91]
[1917576,"Dragagem de areia grossa com draga de sucção e recalque - bomba de 1.350 kW e cortador de 170 kW - distância de recalque de 700 a 900 m","m³",5.28]
[1917577,"Dragagem de areia grossa com draga de sucção e recalque - bomba de 1.350 kW e cortador de 170 kW - distância de recalque de 900 a 1.100 m","m³",5.72]
[1917739,"Dragagem de areia grossa com draga de sucção e recalque - bomba de 1.350 kW e cortador de 170 kW - distância de recalque de até 500 m","m³",4.83]
[1917253,"Dragagem de areia grossa com draga de sucção e recalque - bomba de 294 kW e cortador de 30 kW - distância de recalque de 1.100 a 1.300 m","m³",7.78]
[1917254,"Dragagem de areia grossa com draga de sucção e recalque - bomba de 294 kW e cortador de 30 kW - distância de recalque de 1.300 a 1.500 m","m³",8.34]
[1917255,"Dragagem de areia grossa com draga de sucção e recalque - bomba de 294 kW e cortador de 30 kW - distância de recalque de 1.500 a 1.700 m","m³",9.05]
[1917256,"Dragagem de areia grossa com draga de sucção e recalque - bomba de 294 kW e cortador de 30 kW - distância de recalque de 1.700 a 1.900 m","m³",9.79]
[1917257,"Dragagem de areia grossa com draga de sucção e recalque - bomba de 294 kW e cortador de 30 kW - distância de recalque de 1.900 a 2.100 m","m³",10.81]
[1917258,"Dragagem de areia grossa com draga de sucção e recalque - bomba de 294 kW e cortador de 30 kW - distância de recalque de 2.100 a 2.300 m","m³",11.84]
[1917259,"Dragagem de areia grossa com draga de sucção e recalque - bomba de 294 kW e cortador de 30 kW - distância de recalque de 2.300 a 2.500 m","m³",14.77]
[1917250,"Dragagem de areia grossa com draga de sucção e recalque - bomba de 294 kW e cortador de 30 kW - distância de recalque de 500 a 700 m","m³",5.82]
[1917251,"Dragagem de areia grossa com draga de sucção e recalque - bomba de 294 kW e cortador de 30 kW - distância de recalque de 700 a 900 m","m³",6.17]
[1917252,"Dragagem de areia grossa com draga de sucção e recalque - bomba de 294 kW e cortador de 30 kW - distância de recalque de 900 a 1.100 m","m³",{"v":6.9,"d":"6.90"}]
[1917726,"Dragagem de areia grossa com draga de sucção e recalque - bomba de 294 kW e cortador de 30 kW - distância de recalque de até 500 m","m³",5.68]
[1917335,"Dragagem de areia grossa com draga de sucção e recalque - bomba de 483 kW e cortador de 55 kW - distância de recalque de 1.100 a 1.300 m","m³",5.73]
[1917336,"Dragagem de areia grossa com draga de sucção e recalque - bomba de 483 kW e cortador de 55 kW - distância de recalque de 1.300 a 1.500 m","m³",6.53]
[1917337,"Dragagem de areia grossa com draga de sucção e recalque - bomba de 483 kW e cortador de 55 kW - distância de recalque de 1.500 a 1.700 m","m³",7.12]
[1917338,"Dragagem de areia grossa com draga de sucção e recalque - bomba de 483 kW e cortador de 55 kW - distância de recalque de 1.700 a 1.900 m","m³",7.88]
[1917339,"Dragagem de areia grossa com draga de sucção e recalque - bomba de 483 kW e cortador de 55 kW - distância de recalque de 1.900 a 2.100 m","m³",{"v":8.8,"d":"8.80"}]
[1917340,"Dragagem de areia grossa com draga de sucção e recalque - bomba de 483 kW e cortador de 55 kW - distância de recalque de 2.100 a 2.300 m","m³",10.23]
[1917341,"Dragagem de areia grossa com draga de sucção e recalque - bomba de 483 kW e cortador de 55 kW - distância de recalque de 2.300 a 2.500 m","m³",13.02]
[1917342,"Dragagem de areia grossa com draga de sucção e recalque - bomba de 483 kW e cortador de 55 kW - distância de recalque de 2.500 a 2.700 m","m³",16.17]
[1917343,"Dragagem de areia grossa com draga de sucção e recalque - bomba de 483 kW e cortador de 55 kW - distância de recalque de 2.700 a 2.900 m","m³",20.18]
[1917344,"Dragagem de areia grossa com draga de sucção e recalque - bomba de 483 kW e cortador de 55 kW - distância de recalque de 2.900 a 3.100 m","m³",24.42]
[1917345,"Dragagem de areia grossa com draga de sucção e recalque - bomba de 483 kW e cortador de 55 kW - distância de recalque de 3.100 a 3.300 m","m³",{"v":30.4,"d":"30.40"}]
[1917346,"Dragagem de areia grossa com draga de sucção e recalque - bomba de 483 kW e cortador de 55 kW - distância de recalque de 3.300 a 3.500 m","m³",36.28]
[1917347,"Dragagem de areia grossa com draga de sucção e recalque - bomba de 483 kW e cortador de 55 kW - distância de recalque de 3.500 a 3.700 m","m³",47.99]
[1917332,"Dragagem de areia grossa com draga de sucção e recalque - bomba de 483 kW e cortador de 55 kW - distância de recalque de 500 a 700 m","m³",4.66]
[1917333,"Dragagem de areia grossa com draga de sucção e recalque - bomba de 483 kW e cortador de 55 kW - distância de recalque de 700 a 900 m","m³",4.97]
[1917334,"Dragagem de areia grossa com draga de sucção e recalque - bomba de 483 kW e cortador de 55 kW - distância de recalque de 900 a 1.100 m","m³",5.29]
[1917331,"Dragagem de areia grossa com draga de sucção e recalque - bomba de 483 kW e cortador de 55 kW - distância de recalque de até 500 m","m³",4.25]
[1917443,"Dragagem de areia grossa com draga de sucção e recalque - bomba de 746 kW e cortador de 110 kW - distância de recalque de 1.100 a 1.300 m","m³",6.34]
[1917444,"Dragagem de areia grossa com draga de sucção e recalque - bomba de 746 kW e cortador de 110 kW - distância de recalque de 1.300 a 1.500 m","m³",6.85]
[1917445,"Dragagem de areia grossa com draga de sucção e recalque - bomba de 746 kW e cortador de 110 kW - distância de recalque de 1.500 a 1.700 m","m³",7.42]
[1917446,"Dragagem de areia grossa com draga de sucção e recalque - bomba de 746 kW e cortador de 110 kW - distância de recalque de 1.700 a 1.900 m","m³",8.01]
[1917447,"Dragagem de areia grossa com draga de sucção e recalque - bomba de 746 kW e cortador de 110 kW - distância de recalque de 1.900 a 2.100 m","m³",8.93]
[1917448,"Dragagem de areia grossa com draga de sucção e recalque - bomba de 746 kW e cortador de 110 kW - distância de recalque de 2.100 a 2.300 m","m³",9.68]
[1917449,"Dragagem de areia grossa com draga de sucção e recalque - bomba de 746 kW e cortador de 110 kW - distância de recalque de 2.300 a 2.500 m","m³",10.66]
[1917450,"Dragagem de areia grossa com draga de sucção e recalque - bomba de 746 kW e cortador de 110 kW - distância de recalque de 2.500 a 2.700 m","m³",11.85]
[1917451,"Dragagem de areia grossa com draga de sucção e recalque - bomba de 746 kW e cortador de 110 kW - distância de recalque de 2.700 a 2.900 m","m³",14.48]
[1917452,"Dragagem de areia grossa com draga de sucção e recalque - bomba de 746 kW e cortador de 110 kW - distância de recalque de 2.900 a 3.100 m","m³",17.03]
[1917453,"Dragagem de areia grossa com draga de sucção e recalque - bomba de 746 kW e cortador de 110 kW - distância de recalque de 3.100 a 3.300 m","m³",20.11]
[1917454,"Dragagem de areia grossa com draga de sucção e recalque - bomba de 746 kW e cortador de 110 kW - distância de recalque de 3.300 a 3.500 m","m³",{"v":23.5,"d":"23.50"}]
[1917455,"Dragagem de areia grossa com draga de sucção e recalque - bomba de 746 kW e cortador de 110 kW - distância de recalque de 3.500 a 3.700 m","m³",27.86]
[1917456,"Dragagem de areia grossa com draga de sucção e recalque - bomba de 746 kW e cortador de 110 kW - distância de recalque de 3.700 a 3.900 m","m³",32.54]
[1917457,"Dragagem de areia grossa com draga de sucção e recalque - bomba de 746 kW e cortador de 110 kW - distância de recalque de 3.900 a 4.100 m","m³",36.74]
[1917458,"Dragagem de areia grossa com draga de sucção e recalque - bomba de 746 kW e cortador de 110 kW - distância de recalque de 4.100 a 4.300 m","m³",42.32]
[1917459,"Dragagem de areia grossa com draga de sucção e recalque - bomba de 746 kW e cortador de 110 kW - distância de recalque de 4.300 a 4.500 m","m³",{"v":44.6,"d":"44.60"}]
[1917440,"Dragagem de areia grossa com draga de sucção e recalque - bomba de 746 kW e cortador de 110 kW - distância de recalque de 500 a 700 m","m³",4.38]
[1917441,"Dragagem de areia grossa com draga de sucção e recalque - bomba de 746 kW e cortador de 110 kW - distância de recalque de 700 a 900 m","m³",4.96]
[1917442,"Dragagem de areia grossa com draga de sucção e recalque - bomba de 746 kW e cortador de 110 kW - distância de recalque de 900 a 1.100 m","m³",5.53]
[1917734,"Dragagem de areia grossa com draga de sucção e recalque - bomba de 746 kW e cortador de 110 kW - distância de recalque de até 500 m","m³",4.07]
[1917055,"Dragagem de areia grossa com draga hopper - capacidade da cisterna de 1.000 m³ - DMT de 1.500 a 1.800 m","m³",11.12]
[1917056,"Dragagem de areia grossa com draga hopper - capacidade da cisterna de 1.000 m³ - DMT de 1.800 a 2.100 m","m³",11.33]
[1917057,"Dragagem de areia grossa com draga hopper - capacidade da cisterna de 1.000 m³ - DMT de 2.100 a 2.400 m","m³",11.54]
[1917058,"Dragagem de areia grossa com draga hopper - capacidade da cisterna de 1.000 m³ - DMT de 2.400 a 2.700 m","m³",11.76]
[1917059,"Dragagem de areia grossa com draga hopper - capacidade da cisterna de 1.000 m³ - DMT de 2.700 a 3.000 m","m³",{"v":12,"d":"12.00"}]
[1917060,"Dragagem de areia grossa com draga hopper - capacidade da cisterna de 1.000 m³ - DMT de 3.000 m","m³",12.12]
[1901536,"Dragagem de areia grossa com draga hopper - capacidade da cisterna de 10.000 m³ - DMT de 1.500 a 1.800 m","m³",7.43]
[1901537,"Dragagem de areia grossa com draga hopper - capacidade da cisterna de 10.000 m³ - DMT de 1.800 a 2.100 m","m³",7.49]
[1901538,"Dragagem de areia grossa com draga hopper - capacidade da cisterna de 10.000 m³ - DMT de 2.100 a 2.400 m","m³",7.56]
[1901539,"Dragagem de areia grossa com draga hopper - capacidade da cisterna de 10.000 m³ - DMT de 2.400 a 2.700 m","m³",7.62]
[1901540,"Dragagem de areia grossa com draga hopper - capacidade da cisterna de 10.000 m³ - DMT de 2.700 a 3.000 m","m³",7.69]
[1901535,"Dragagem de areia grossa com draga hopper - capacidade da cisterna de 10.000 m³ - DMT de 3.000 m","m³",7.73]
[1901542,"Dragagem de areia grossa com draga hopper - capacidade da cisterna de 15.000 m³ - DMT de 1.500 a 1.800 m","m³",9.82]
[1901543,"Dragagem de areia grossa com draga hopper - capacidade da cisterna de 15.000 m³ - DMT de 1.800 a 2.100 m","m³",9.88]
[1901544,"Dragagem de areia grossa com draga hopper - capacidade da cisterna de 15.000 m³ - DMT de 2.100 a 2.400 m","m³",9.94]
[1901545,"Dragagem de areia grossa com draga hopper - capacidade da cisterna de 15.000 m³ - DMT de 2.400 a 2.700 m","m³",{"v":10,"d":"10.00"}]
[1901546,"Dragagem de areia grossa com draga hopper - capacidade da cisterna de 15.000 m³ - DMT de 2.700 a 3.000 m","m³",10.07]
[1901541,"Dragagem de areia grossa com draga hopper - capacidade da cisterna de 15.000 m³ - DMT de 3.000 m","m³",{"v":10.1,"d":"10.10"}]
[1917091,"Dragagem de areia grossa com draga hopper - capacidade da cisterna de 2.000 m³ - DMT de 1.500 a 1.800 m","m³",7.86]
[1917092,"Dragagem de areia grossa com draga hopper - capacidade da cisterna de 2.000 m³ - DMT de 1.800 a 2.100 m","m³",7.99]
[1917093,"Dragagem de areia grossa com draga hopper - capacidade da cisterna de 2.000 m³ - DMT de 2.100 a 2.400 m","m³",8.12]
[1917094,"Dragagem de areia grossa com draga hopper - capacidade da cisterna de 2.000 m³ - DMT de 2.400 a 2.700 m","m³",8.26]
[1917095,"Dragagem de areia grossa com draga hopper - capacidade da cisterna de 2.000 m³ - DMT de 2.700 a 3.000 m","m³",8.41]
[1917096,"Dragagem de areia grossa com draga hopper - capacidade da cisterna de 2.000 m³ - DMT de 3.000 m","m³",8.49]
[1901548,"Dragagem de areia grossa com draga hopper - capacidade da cisterna de 20.000 m³ - DMT de 1.500 a 1.800 m","m³",12.27]
[1901549,"Dragagem de areia grossa com draga hopper - capacidade da cisterna de 20.000 m³ - DMT de 1.800 a 2.100 m","m³",12.33]
[1901550,"Dragagem de areia grossa com draga hopper - capacidade da cisterna de 20.000 m³ - DMT de 2.100 a 2.400 m","m³",12.38]
[1901551,"Dragagem de areia grossa com draga hopper - capacidade da cisterna de 20.000 m³ - DMT de 2.400 a 2.700 m","m³",12.45]
[1901552,"Dragagem de areia grossa com draga hopper - capacidade da cisterna de 20.000 m³ - DMT de 2.700 a 3.000 m","m³",12.51]
[1901547,"Dragagem de areia grossa com draga hopper - capacidade da cisterna de 20.000 m³ - DMT de 3.000 m","m³",12.54]
[1917127,"Dragagem de areia grossa com draga hopper - capacidade da cisterna de 3.000 m³ - DMT de 1.500 a 1.800 m","m³",7.52]
[1917128,"Dragagem de areia grossa com draga hopper - capacidade da cisterna de 3.000 m³ - DMT de 1.800 a 2.100 m","m³",7.63]
[1917129,"Dragagem de areia grossa com draga hopper - capacidade da cisterna de 3.000 m³ - DMT de 2.100 a 2.400 m","m³",7.74]
[1917130,"Dragagem de areia grossa com draga hopper - capacidade da cisterna de 3.000 m³ - DMT de 2.400 a 2.700 m","m³",7.85]
[1917131,"Dragagem de areia grossa com draga hopper - capacidade da cisterna de 3.000 m³ - DMT de 2.700 a 3.000 m","m³",7.97]
[1917132,"Dragagem de areia grossa com draga hopper - capacidade da cisterna de 3.000 m³ - DMT de 3.000 m","m³",8.04]
[1917163,"Dragagem de areia grossa com draga hopper - capacidade da cisterna de 4.000 m³ - DMT de 1.500 a 1.800 m","m³",7.17]
[1917164,"Dragagem de areia grossa com draga hopper - capacidade da cisterna de 4.000 m³ - DMT de 1.800 a 2.100 m","m³",7.26]
[1917165,"Dragagem de areia grossa com draga hopper - capacidade da cisterna de 4.000 m³ - DMT de 2.100 a 2.400 m","m³",7.36]
[1917166,"Dragagem de areia grossa com draga hopper - capacidade da cisterna de 4.000 m³ - DMT de 2.400 a 2.700 m","m³",7.46]
[1917167,"Dragagem de areia grossa com draga hopper - capacidade da cisterna de 4.000 m³ - DMT de 2.700 a 3.000 m","m³",7.56]
[1917168,"Dragagem de areia grossa com draga hopper - capacidade da cisterna de 4.000 m³ - DMT de 3.000 m","m³",7.62]
[1917199,"Dragagem de areia grossa com draga hopper - capacidade da cisterna de 5.000 m³ - DMT de 1.500 a 1.800 m","m³",7.95]
[1917200,"Dragagem de areia grossa com draga hopper - capacidade da cisterna de 5.000 m³ - DMT de 1.800 a 2.100 m","m³",8.03]
[1917201,"Dragagem de areia grossa com draga hopper - capacidade da cisterna de 5.000 m³ - DMT de 2.100 a 2.400 m","m³",8.12]
[1917202,"Dragagem de areia grossa com draga hopper - capacidade da cisterna de 5.000 m³ - DMT de 2.400 a 2.700 m","m³",{"v":8.2,"d":"8.20"}]
[1917203,"Dragagem de areia grossa com draga hopper - capacidade da cisterna de 5.000 m³ - DMT de 2.700 a 3.000 m","m³",{"v":8.3,"d":"8.30"}]
[1917204,"Dragagem de areia grossa com draga hopper - capacidade da cisterna de 5.000 m³ - DMT de 3.000 m","m³",8.35]
[1917019,"Dragagem de areia grossa com draga hopper - capacidade da cisterna de 750 m³ - DMT de 1.500 a 1.800 m","m³",15.07]
[1917020,"Dragagem de areia grossa com draga hopper - capacidade da cisterna de 750 m³ - DMT de 1.800 a 2.100 m","m³",15.37]
[1917021,"Dragagem de areia grossa com draga hopper - capacidade da cisterna de 750 m³ - DMT de 2.100 a 2.400 m","m³",15.67]
[1917022,"Dragagem de areia grossa com draga hopper - capacidade da cisterna de 750 m³ - DMT de 2.400 a 2.700 m","m³",15.99]
[1917023,"Dragagem de areia grossa com draga hopper - capacidade da cisterna de 750 m³ - DMT de 2.700 a 3.000 m","m³",16.33]
[1917024,"Dragagem de areia grossa com draga hopper - capacidade da cisterna de 750 m³ - DMT de 3.000 m","m³",16.51]
[1917541,"Dragagem de areia média com draga de sucção e recalque - bomba de 1.350 kW e cortador de 170 kW - distância de recalque de 1.100 a 1.300 m","m³",5.41]
[1917542,"Dragagem de areia média com draga de sucção e recalque - bomba de 1.350 kW e cortador de 170 kW - distância de recalque de 1.300 a 1.500 m","m³",6.07]
[1917543,"Dragagem de areia média com draga de sucção e recalque - bomba de 1.350 kW e cortador de 170 kW - distância de recalque de 1.500 a 1.700 m","m³",6.38]
[1917544,"Dragagem de areia média com draga de sucção e recalque - bomba de 1.350 kW e cortador de 170 kW - distância de recalque de 1.700 a 1.900 m","m³",6.69]
[1917545,"Dragagem de areia média com draga de sucção e recalque - bomba de 1.350 kW e cortador de 170 kW - distância de recalque de 1.900 a 2.100 m","m³",7.09]
[1917546,"Dragagem de areia média com draga de sucção e recalque - bomba de 1.350 kW e cortador de 170 kW - distância de recalque de 2.100 a 2.300 m","m³",7.42]
[1917547,"Dragagem de areia média com draga de sucção e recalque - bomba de 1.350 kW e cortador de 170 kW - distância de recalque de 2.300 a 2.500 m","m³",8.12]
[1917548,"Dragagem de areia média com draga de sucção e recalque - bomba de 1.350 kW e cortador de 170 kW - distância de recalque de 2.500 a 2.700 m","m³",8.54]
[1917549,"Dragagem de areia média com draga de sucção e recalque - bomba de 1.350 kW e cortador de 170 kW - distância de recalque de 2.700 a 2.900 m","m³",8.97]
[1917550,"Dragagem de areia média com draga de sucção e recalque - bomba de 1.350 kW e cortador de 170 kW - distância de recalque de 2.900 a 3.100 m","m³",9.45]
[1917551,"Dragagem de areia média com draga de sucção e recalque - bomba de 1.350 kW e cortador de 170 kW - distância de recalque de 3.100 a 3.300 m","m³",10.22]
[1917552,"Dragagem de areia média com draga de sucção e recalque - bomba de 1.350 kW e cortador de 170 kW - distância de recalque de 3.300 a 3.500 m","m³",10.74]
[1917553,"Dragagem de areia média com draga de sucção e recalque - bomba de 1.350 kW e cortador de 170 kW - distância de recalque de 3.500 a 3.700 m","m³",10.58]
[1917554,"Dragagem de areia média com draga de sucção e recalque - bomba de 1.350 kW e cortador de 170 kW - distância de recalque de 3.700 a 3.900 m","m³",11.69]
[1917555,"Dragagem de areia média com draga de sucção e recalque - bomba de 1.350 kW e cortador de 170 kW - distância de recalque de 3.900 a 4.100 m","m³",12.24]
[1917556,"Dragagem de areia média com draga de sucção e recalque - bomba de 1.350 kW e cortador de 170 kW - distância de recalque de 4.100 a 4.300 m","m³",13.17]
[1917557,"Dragagem de areia média com draga de sucção e recalque - bomba de 1.350 kW e cortador de 170 kW - distância de recalque de 4.300 a 4.500 m","m³",13.76]
[1917558,"Dragagem de areia média com draga de sucção e recalque - bomba de 1.350 kW e cortador de 170 kW - distância de recalque de 4.500 a 4.700 m","m³",14.62]
[1917559,"Dragagem de areia média com draga de sucção e recalque - bomba de 1.350 kW e cortador de 170 kW - distância de recalque de 4.700 a 4.900 m","m³",16.05]
[1917560,"Dragagem de areia média com draga de sucção e recalque - bomba de 1.350 kW e cortador de 170 kW - distância de recalque de 4.900 a 5.100 m","m³",17.89]
[1917561,"Dragagem de areia média com draga de sucção e recalque - bomba de 1.350 kW e cortador de 170 kW - distância de recalque de 5.100 a 5.300 m","m³",19.67]
[1917562,"Dragagem de areia média com draga de sucção e recalque - bomba de 1.350 kW e cortador de 170 kW - distância de recalque de 5.300 a 5.500 m","m³",21.71]
[1917563,"Dragagem de areia média com draga de sucção e recalque - bomba de 1.350 kW e cortador de 170 kW - distância de recalque de 5.500 a 5.700 m","m³",23.58]
[1917564,"Dragagem de areia média com draga de sucção e recalque - bomba de 1.350 kW e cortador de 170 kW - distância de recalque de 5.700 a 5.900 m","m³",25.59]
[1917565,"Dragagem de areia média com draga de sucção e recalque - bomba de 1.350 kW e cortador de 170 kW - distância de recalque de 5.900 a 6.100 m","m³",28.31]
[1917538,"Dragagem de areia média com draga de sucção e recalque - bomba de 1.350 kW e cortador de 170 kW - distância de recalque de 500 a 700 m","m³",4.45]
[1917566,"Dragagem de areia média com draga de sucção e recalque - bomba de 1.350 kW e cortador de 170 kW - distância de recalque de 6.100 a 6.300 m","m³",31.02]
[1917567,"Dragagem de areia média com draga de sucção e recalque - bomba de 1.350 kW e cortador de 170 kW - distância de recalque de 6.300 a 6.500 m","m³",33.89]
[1917568,"Dragagem de areia média com draga de sucção e recalque - bomba de 1.350 kW e cortador de 170 kW - distância de recalque de 6.500 a 6.700 m","m³",36.65]
[1917569,"Dragagem de areia média com draga de sucção e recalque - bomba de 1.350 kW e cortador de 170 kW - distância de recalque de 6.700 a 6.900 m","m³",40.08]
[1917570,"Dragagem de areia média com draga de sucção e recalque - bomba de 1.350 kW e cortador de 170 kW - distância de recalque de 6.900 a 7.100 m","m³",43.22]
[1917571,"Dragagem de areia média com draga de sucção e recalque - bomba de 1.350 kW e cortador de 170 kW - distância de recalque de 7.100 a 7.300 m","m³",46.94]
[1917572,"Dragagem de areia média com draga de sucção e recalque - bomba de 1.350 kW e cortador de 170 kW - distância de recalque de 7.300 a 7.500 m","m³",51.09]
[1917573,"Dragagem de areia média com draga de sucção e recalque - bomba de 1.350 kW e cortador de 170 kW - distância de recalque de 7.500 a 7.700 m","m³",{"v":55.6,"d":"55.60"}]
[1917574,"Dragagem de areia média com draga de sucção e recalque - bomba de 1.350 kW e cortador de 170 kW - distância de recalque de 7.700 a 7.900 m","m³",59.77]
[1917539,"Dragagem de areia média com draga de sucção e recalque - bomba de 1.350 kW e cortador de 170 kW - distância de recalque de 700 a 900 m","m³",4.74]
[1917540,"Dragagem de areia média com draga de sucção e recalque - bomba de 1.350 kW e cortador de 170 kW - distância de recalque de 900 a 1.100 m","m³",5.11]
[1917738,"Dragagem de areia média com draga de sucção e recalque - bomba de 1.350 kW e cortador de 170 kW - distância de recalque de até 500 m","m³",4.39]
[1917238,"Dragagem de areia média com draga de sucção e recalque - bomba de 294 kW e cortador de 30 kW - distância de recalque de 1.100 a 1.300 m","m³",6.92]
[1917239,"Dragagem de areia média com draga de sucção e recalque - bomba de 294 kW e cortador de 30 kW - distância de recalque de 1.300 a 1.500 m","m³",{"v":7.6,"d":"7.60"}]
[1917240,"Dragagem de areia média com draga de sucção e recalque - bomba de 294 kW e cortador de 30 kW - distância de recalque de 1.500 a 1.700 m","m³",8.12]
[1917241,"Dragagem de areia média com draga de sucção e recalque - bomba de 294 kW e cortador de 30 kW - distância de recalque de 1.700 a 1.900 m","m³",8.61]
[1917242,"Dragagem de areia média com draga de sucção e recalque - bomba de 294 kW e cortador de 30 kW - distância de recalque de 1.900 a 2.100 m","m³",9.08]
[1917243,"Dragagem de areia média com draga de sucção e recalque - bomba de 294 kW e cortador de 30 kW - distância de recalque de 2.100 a 2.300 m","m³",9.53]
[1917244,"Dragagem de areia média com draga de sucção e recalque - bomba de 294 kW e cortador de 30 kW - distância de recalque de 2.300 a 2.500 m","m³",10.17]
[1917245,"Dragagem de areia média com draga de sucção e recalque - bomba de 294 kW e cortador de 30 kW - distância de recalque de 2.500 a 2.700 m","m³",10.71]
[1917246,"Dragagem de areia média com draga de sucção e recalque - bomba de 294 kW e cortador de 30 kW - distância de recalque de 2.700 a 2.900 m","m³",11.29]
[1917247,"Dragagem de areia média com draga de sucção e recalque - bomba de 294 kW e cortador de 30 kW - distância de recalque de 2.900 a 3.100 m","m³",12.23]
[1917248,"Dragagem de areia média com draga de sucção e recalque - bomba de 294 kW e cortador de 30 kW - distância de recalque de 3.100 a 3.300 m","m³",14.01]
[1917249,"Dragagem de areia média com draga de sucção e recalque - bomba de 294 kW e cortador de 30 kW - distância de recalque de 3.300 a 3.500 m","m³",{"v":16.8,"d":"16.80"}]
[1917235,"Dragagem de areia média com draga de sucção e recalque - bomba de 294 kW e cortador de 30 kW - distância de recalque de 500 a 700 m","m³",5.49]
[1917236,"Dragagem de areia média com draga de sucção e recalque - bomba de 294 kW e cortador de 30 kW - distância de recalque de 700 a 900 m","m³",5.87]
[1917237,"Dragagem de areia média com draga de sucção e recalque - bomba de 294 kW e cortador de 30 kW - distância de recalque de 900 a 1.100 m","m³",6.33]
[1917725,"Dragagem de areia média com draga de sucção e recalque - bomba de 294 kW e cortador de 30 kW - distância de recalque de até 500 m","m³",5.34]
[1917311,"Dragagem de areia média com draga de sucção e recalque - bomba de 483 kW e cortador de 55 kW - distância de recalque de 1.100 a 1.300 m","m³",5.44]
[1917312,"Dragagem de areia média com draga de sucção e recalque - bomba de 483 kW e cortador de 55 kW - distância de recalque de 1.300 a 1.500 m","m³",6.17]
[1917313,"Dragagem de areia média com draga de sucção e recalque - bomba de 483 kW e cortador de 55 kW - distância de recalque de 1.500 a 1.700 m","m³",6.64]
[1917314,"Dragagem de areia média com draga de sucção e recalque - bomba de 483 kW e cortador de 55 kW - distância de recalque de 1.700 a 1.900 m","m³",7.08]
[1917315,"Dragagem de areia média com draga de sucção e recalque - bomba de 483 kW e cortador de 55 kW - distância de recalque de 1.900 a 2.100 m","m³",7.61]
[1917316,"Dragagem de areia média com draga de sucção e recalque - bomba de 483 kW e cortador de 55 kW - distância de recalque de 2.100 a 2.300 m","m³",8.13]
[1917317,"Dragagem de areia média com draga de sucção e recalque - bomba de 483 kW e cortador de 55 kW - distância de recalque de 2.300 a 2.500 m","m³",8.98]
[1917318,"Dragagem de areia média com draga de sucção e recalque - bomba de 483 kW e cortador de 55 kW - distância de recalque de 2.500 a 2.700 m","m³",{"v":9.7,"d":"9.70"}]
[1917319,"Dragagem de areia média com draga de sucção e recalque - bomba de 483 kW e cortador de 55 kW - distância de recalque de 2.700 a 2.900 m","m³",10.38]
[1917320,"Dragagem de areia média com draga de sucção e recalque - bomba de 483 kW e cortador de 55 kW - distância de recalque de 2.900 a 3.100 m","m³",11.11]
[1917321,"Dragagem de areia média com draga de sucção e recalque - bomba de 483 kW e cortador de 55 kW - distância de recalque de 3.100 a 3.300 m","m³",13.59]
[1917322,"Dragagem de areia média com draga de sucção e recalque - bomba de 483 kW e cortador de 55 kW - distância de recalque de 3.300 a 3.500 m","m³",15.72]
[1917323,"Dragagem de areia média com draga de sucção e recalque - bomba de 483 kW e cortador de 55 kW - distância de recalque de 3.500 a 3.700 m","m³",18.46]
[1917324,"Dragagem de areia média com draga de sucção e recalque - bomba de 483 kW e cortador de 55 kW - distância de recalque de 3.700 a 3.900 m","m³",21.35]
[1917325,"Dragagem de areia média com draga de sucção e recalque - bomba de 483 kW e cortador de 55 kW - distância de recalque de 3.900 a 4.100 m","m³",24.77]
[1917326,"Dragagem de areia média com draga de sucção e recalque - bomba de 483 kW e cortador de 55 kW - distância de recalque de 4.100 a 4.300 m","m³",29.43]
[1917327,"Dragagem de areia média com draga de sucção e recalque - bomba de 483 kW e cortador de 55 kW - distância de recalque de 4.300 a 4.500 m","m³",34.14]
[1917328,"Dragagem de areia média com draga de sucção e recalque - bomba de 483 kW e cortador de 55 kW - distância de recalque de 4.500 a 4.700 m","m³",39.56]
[1917329,"Dragagem de areia média com draga de sucção e recalque - bomba de 483 kW e cortador de 55 kW - distância de recalque de 4.700 a 4.900 m","m³",43.29]
[1917330,"Dragagem de areia média com draga de sucção e recalque - bomba de 483 kW e cortador de 55 kW - distância de recalque de 4.900 a 5.100 m","m³",47.91]
[1917308,"Dragagem de areia média com draga de sucção e recalque - bomba de 483 kW e cortador de 55 kW - distância de recalque de 500 a 700 m","m³",4.44]
[1917309,"Dragagem de areia média com draga de sucção e recalque - bomba de 483 kW e cortador de 55 kW - distância de recalque de 700 a 900 m","m³",4.73]
[1917310,"Dragagem de areia média com draga de sucção e recalque - bomba de 483 kW e cortador de 55 kW - distância de recalque de 900 a 1.100 m","m³",5.04]
[1917730,"Dragagem de areia média com draga de sucção e recalque - bomba de 483 kW e cortador de 55 kW - distância de recalque de até 500 m","m³",4.39]
[1917415,"Dragagem de areia média com draga de sucção e recalque - bomba de 746 kW e cortador de 110 kW - distância de recalque de 1.100 a 1.300 m","m³",5.37]
[1917416,"Dragagem de areia média com draga de sucção e recalque - bomba de 746 kW e cortador de 110 kW - distância de recalque de 1.300 a 1.500 m","m³",6.05]
[1917417,"Dragagem de areia média com draga de sucção e recalque - bomba de 746 kW e cortador de 110 kW - distância de recalque de 1.500 a 1.700 m","m³",6.48]
[1917418,"Dragagem de areia média com draga de sucção e recalque - bomba de 746 kW e cortador de 110 kW - distância de recalque de 1.700 a 1.900 m","m³",{"v":6.9,"d":"6.90"}]
[1917419,"Dragagem de areia média com draga de sucção e recalque - bomba de 746 kW e cortador de 110 kW - distância de recalque de 1.900 a 2.100 m","m³",7.26]
[1917420,"Dragagem de areia média com draga de sucção e recalque - bomba de 746 kW e cortador de 110 kW - distância de recalque de 2.100 a 2.300 m","m³",7.69]
[1917421,"Dragagem de areia média com draga de sucção e recalque - bomba de 746 kW e cortador de 110 kW - distância de recalque de 2.300 a 2.500 m","m³",{"v":8.4,"d":"8.40"}]
[1917422,"Dragagem de areia média com draga de sucção e recalque - bomba de 746 kW e cortador de 110 kW - distância de recalque de 2.500 a 2.700 m","m³",8.81]
[1917423,"Dragagem de areia média com draga de sucção e recalque - bomba de 746 kW e cortador de 110 kW - distância de recalque de 2.700 a 2.900 m","m³",9.24]
[1917424,"Dragagem de areia média com draga de sucção e recalque - bomba de 746 kW e cortador de 110 kW - distância de recalque de 2.900 a 3.100 m","m³",9.67]
[1917425,"Dragagem de areia média com draga de sucção e recalque - bomba de 746 kW e cortador de 110 kW - distância de recalque de 3.100 a 3.300 m","m³",10.54]
[1917426,"Dragagem de areia média com draga de sucção e recalque - bomba de 746 kW e cortador de 110 kW - distância de recalque de 3.300 a 3.500 m","m³",11.43]
[1917427,"Dragagem de areia média com draga de sucção e recalque - bomba de 746 kW e cortador de 110 kW - distância de recalque de 3.500 a 3.700 m","m³",13.02]
[1917428,"Dragagem de areia média com draga de sucção e recalque - bomba de 746 kW e cortador de 110 kW - distância de recalque de 3.700 a 3.900 m","m³",14.88]
[1917429,"Dragagem de areia média com draga de sucção e recalque - bomba de 746 kW e cortador de 110 kW - distância de recalque de 3.900 a 4.100 m","m³",16.83]
[1917430,"Dragagem de areia média com draga de sucção e recalque - bomba de 746 kW e cortador de 110 kW - distância de recalque de 4.100 a 4.300 m","m³",19.45]
[1917431,"Dragagem de areia média com draga de sucção e recalque - bomba de 746 kW e cortador de 110 kW - distância de recalque de 4.300 a 4.500 m","m³",21.74]
[1917432,"Dragagem de areia média com draga de sucção e recalque - bomba de 746 kW e cortador de 110 kW - distância de recalque de 4.500 a 4.700 m","m³",24.69]
[1917433,"Dragagem de areia média com draga de sucção e recalque - bomba de 746 kW e cortador de 110 kW - distância de recalque de 4.700 a 4.900 m","m³",27.73]
[1917434,"Dragagem de areia média com draga de sucção e recalque - bomba de 746 kW e cortador de 110 kW - distância de recalque de 4.900 a 5.100 m","m³",31.36]
[1917435,"Dragagem de areia média com draga de sucção e recalque - bomba de 746 kW e cortador de 110 kW - distância de recalque de 5.100 a 5.300 m","m³",35.68]
[1917436,"Dragagem de areia média com draga de sucção e recalque - bomba de 746 kW e cortador de 110 kW - distância de recalque de 5.300 a 5.500 m","m³",39.59]
[1917437,"Dragagem de areia média com draga de sucção e recalque - bomba de 746 kW e cortador de 110 kW - distância de recalque de 5.500 a 5.700 m","m³",{"v":44.6,"d":"44.60"}]
[1917438,"Dragagem de areia média com draga de sucção e recalque - bomba de 746 kW e cortador de 110 kW - distância de recalque de 5.700 a 5.900 m","m³",48.12]
[1917439,"Dragagem de areia média com draga de sucção e recalque - bomba de 746 kW e cortador de 110 kW - distância de recalque de 5.900 a 6.100 m","m³",51.26]
[1917412,"Dragagem de areia média com draga de sucção e recalque - bomba de 746 kW e cortador de 110 kW - distância de recalque de 500 a 700 m","m³",4.03]
[1917413,"Dragagem de areia média com draga de sucção e recalque - bomba de 746 kW e cortador de 110 kW - distância de recalque de 700 a 900 m","m³",4.52]
[1917414,"Dragagem de areia média com draga de sucção e recalque - bomba de 746 kW e cortador de 110 kW - distância de recalque de 900 a 1.100 m","m³",{"v":5,"d":"5.00"}]
[1917733,"Dragagem de areia média com draga de sucção e recalque - bomba de 746 kW e cortador de 110 kW - distância de recalque de até 500 m","m³",3.77]
[1917049,"Dragagem de areia média com draga hopper - capacidade da cisterna de 1.000 m³ - DMT de 1.500 a 1.800 m","m³",11.49]
[1917050,"Dragagem de areia média com draga hopper - capacidade da cisterna de 1.000 m³ - DMT de 1.800 a 2.100 m","m³",{"v":11.7,"d":"11.70"}]
[1917051,"Dragagem de areia média com draga hopper - capacidade da cisterna de 1.000 m³ - DMT de 2.100 a 2.400 m","m³",11.91]
[1917052,"Dragagem de areia média com draga hopper - capacidade da cisterna de 1.000 m³ - DMT de 2.400 a 2.700 m","m³",12.14]
[1917053,"Dragagem de areia média com draga hopper - capacidade da cisterna de 1.000 m³ - DMT de 2.700 a 3.000 m","m³",12.38]
[1917054,"Dragagem de areia média com draga hopper - capacidade da cisterna de 1.000 m³ - DMT de 3.000 m","m³",{"v":12.5,"d":"12.50"}]
[1901553,"Dragagem de areia média com draga hopper - capacidade da cisterna de 10.000 m³ - DMT de 1.500 a 1.800 m","m³",7.72]
[1901554,"Dragagem de areia média com draga hopper - capacidade da cisterna de 10.000 m³ - DMT de 1.800 a 2.100 m","m³",7.78]
[1901555,"Dragagem de areia média com draga hopper - capacidade da cisterna de 10.000 m³ - DMT de 2.100 a 2.400 m","m³",7.84]
[1901556,"Dragagem de areia média com draga hopper - capacidade da cisterna de 10.000 m³ - DMT de 2.400 a 2.700 m","m³",7.91]
[1901557,"Dragagem de areia média com draga hopper - capacidade da cisterna de 10.000 m³ - DMT de 2.700 a 3.000 m","m³",7.98]
[1901558,"Dragagem de areia média com draga hopper - capacidade da cisterna de 10.000 m³ - DMT de 3.000 m","m³",8.02]
[1901560,"Dragagem de areia média com draga hopper - capacidade da cisterna de 15.000 m³ - DMT de 1.500 a 1.800 m","m³",10.22]
[1901561,"Dragagem de areia média com draga hopper - capacidade da cisterna de 15.000 m³ - DMT de 1.800 a 2.100 m","m³",10.27]
[1901562,"Dragagem de areia média com draga hopper - capacidade da cisterna de 15.000 m³ - DMT de 2.100 a 2.400 m","m³",10.34]
[1901563,"Dragagem de areia média com draga hopper - capacidade da cisterna de 15.000 m³ - DMT de 2.400 a 2.700 m","m³",{"v":10.4,"d":"10.40"}]
[1901564,"Dragagem de areia média com draga hopper - capacidade da cisterna de 15.000 m³ - DMT de 2.700 a 3.000 m","m³",10.47]
[1901559,"Dragagem de areia média com draga hopper - capacidade da cisterna de 15.000 m³ - DMT de 3.000 m","m³",{"v":10.5,"d":"10.50"}]
[1917085,"Dragagem de areia média com draga hopper - capacidade da cisterna de 2.000 m³ - DMT de 1.500 a 1.800 m","m³",8.13]
[1917086,"Dragagem de areia média com draga hopper - capacidade da cisterna de 2.000 m³ - DMT de 1.800 a 2.100 m","m³",8.26]
[1917087,"Dragagem de areia média com draga hopper - capacidade da cisterna de 2.000 m³ - DMT de 2.100 a 2.400 m","m³",8.39]
[1917088,"Dragagem de areia média com draga hopper - capacidade da cisterna de 2.000 m³ - DMT de 2.400 a 2.700 m","m³",8.53]
[1917089,"Dragagem de areia média com draga hopper - capacidade da cisterna de 2.000 m³ - DMT de 2.700 a 3.000 m","m³",8.68]
[1917090,"Dragagem de areia média com draga hopper - capacidade da cisterna de 2.000 m³ - DMT de 3.000 m","m³",8.76]
[1901566,"Dragagem de areia média com draga hopper - capacidade da cisterna de 20.000 m³ - DMT de 1.500 a 1.800 m","m³",12.78]
[1901567,"Dragagem de areia média com draga hopper - capacidade da cisterna de 20.000 m³ - DMT de 1.800 a 2.100 m","m³",12.83]
[1901568,"Dragagem de areia média com draga hopper - capacidade da cisterna de 20.000 m³ - DMT de 2.100 a 2.400 m","m³",12.89]
[1901569,"Dragagem de areia média com draga hopper - capacidade da cisterna de 20.000 m³ - DMT de 2.400 a 2.700 m","m³",12.95]
[1901570,"Dragagem de areia média com draga hopper - capacidade da cisterna de 20.000 m³ - DMT de 2.700 a 3.000 m","m³",13.02]
[1901565,"Dragagem de areia média com draga hopper - capacidade da cisterna de 20.000 m³ - DMT de 3.000 m","m³",13.05]
[1917121,"Dragagem de areia média com draga hopper - capacidade da cisterna de 3.000 m³ - DMT de 1.500 a 1.800 m","m³",7.79]
[1917122,"Dragagem de areia média com draga hopper - capacidade da cisterna de 3.000 m³ - DMT de 1.800 a 2.100 m","m³",7.89]
[1917123,"Dragagem de areia média com draga hopper - capacidade da cisterna de 3.000 m³ - DMT de 2.100 a 2.400 m","m³",{"v":8,"d":"8.00"}]
[1917124,"Dragagem de areia média com draga hopper - capacidade da cisterna de 3.000 m³ - DMT de 2.400 a 2.700 m","m³",8.12]
[1917125,"Dragagem de areia média com draga hopper - capacidade da cisterna de 3.000 m³ - DMT de 2.700 a 3.000 m","m³",8.24]
[1917126,"Dragagem de areia média com draga hopper - capacidade da cisterna de 3.000 m³ - DMT de 3.000 m","m³",{"v":8.3,"d":"8.30"}]
[1917157,"Dragagem de areia média com draga hopper - capacidade da cisterna de 4.000 m³ - DMT de 1.500 a 1.800 m","m³",7.42]
[1917158,"Dragagem de areia média com draga hopper - capacidade da cisterna de 4.000 m³ - DMT de 1.800 a 2.100 m","m³",7.52]
[1917159,"Dragagem de areia média com draga hopper - capacidade da cisterna de 4.000 m³ - DMT de 2.100 a 2.400 m","m³",7.62]
[1917160,"Dragagem de areia média com draga hopper - capacidade da cisterna de 4.000 m³ - DMT de 2.400 a 2.700 m","m³",7.72]
[1917161,"Dragagem de areia média com draga hopper - capacidade da cisterna de 4.000 m³ - DMT de 2.700 a 3.000 m","m³",7.82]
[1917162,"Dragagem de areia média com draga hopper - capacidade da cisterna de 4.000 m³ - DMT de 3.000 m","m³",7.88]
[1917193,"Dragagem de areia média com draga hopper - capacidade da cisterna de 5.000 m³ - DMT de 1.500 a 1.800 m","m³",8.24]
[1917194,"Dragagem de areia média com draga hopper - capacidade da cisterna de 5.000 m³ - DMT de 1.800 a 2.100 m","m³",8.33]
[1917195,"Dragagem de areia média com draga hopper - capacidade da cisterna de 5.000 m³ - DMT de 2.100 a 2.400 m","m³",8.41]
[1917196,"Dragagem de areia média com draga hopper - capacidade da cisterna de 5.000 m³ - DMT de 2.400 a 2.700 m","m³",{"v":8.5,"d":"8.50"}]
[1917197,"Dragagem de areia média com draga hopper - capacidade da cisterna de 5.000 m³ - DMT de 2.700 a 3.000 m","m³",{"v":8.6,"d":"8.60"}]
[1917198,"Dragagem de areia média com draga hopper - capacidade da cisterna de 5.000 m³ - DMT de 3.000 m","m³",8.65]
[1917013,"Dragagem de areia média com draga hopper - capacidade da cisterna de 750 m³ - DMT de 1.500 a 1.800 m","m³",15.59]
[1917014,"Dragagem de areia média com draga hopper - capacidade da cisterna de 750 m³ - DMT de 1.800 a 2.100 m","m³",15.89]
[1917015,"Dragagem de areia média com draga hopper - capacidade da cisterna de 750 m³ - DMT de 2.100 a 2.400 m","m³",16.19]
[1917016,"Dragagem de areia média com draga hopper - capacidade da cisterna de 750 m³ - DMT de 2.400 a 2.700 m","m³",16.51]
[1917017,"Dragagem de areia média com draga hopper - capacidade da cisterna de 750 m³ - DMT de 2.700 a 3.000 m","m³",16.85]
[1917018,"Dragagem de areia média com draga hopper - capacidade da cisterna de 750 m³ - DMT de 3.000 m","m³",17.03]
[1917623,"Dragagem de cascalho com draga de sucção e recalque - bomba de 1.350 kW e cortador de 170 kW - distância de recalque de 1.100 a 1.300 m","m³",18.55]
[1917624,"Dragagem de cascalho com draga de sucção e recalque - bomba de 1.350 kW e cortador de 170 kW - distância de recalque de 1.300 a 1.500 m","m³",23.36]
[1917625,"Dragagem de cascalho com draga de sucção e recalque - bomba de 1.350 kW e cortador de 170 kW - distância de recalque de 1.500 a 1.700 m","m³",29.28]
[1917626,"Dragagem de cascalho com draga de sucção e recalque - bomba de 1.350 kW e cortador de 170 kW - distância de recalque de 1.700 a 1.900 m","m³",35.78]
[1917627,"Dragagem de cascalho com draga de sucção e recalque - bomba de 1.350 kW e cortador de 170 kW - distância de recalque de 1.900 a 2.100 m","m³",42.98]
[1917628,"Dragagem de cascalho com draga de sucção e recalque - bomba de 1.350 kW e cortador de 170 kW - distância de recalque de 2.100 a 2.300 m","m³",50.29]
[1917620,"Dragagem de cascalho com draga de sucção e recalque - bomba de 1.350 kW e cortador de 170 kW - distância de recalque de 500 a 700 m","m³",{"v":8.7,"d":"8.70"}]
[1917621,"Dragagem de cascalho com draga de sucção e recalque - bomba de 1.350 kW e cortador de 170 kW - distância de recalque de 700 a 900 m","m³",10.14]
[1917622,"Dragagem de cascalho com draga de sucção e recalque - bomba de 1.350 kW e cortador de 170 kW - distância de recalque de 900 a 1.100 m","m³",12.67]
[1917741,"Dragagem de cascalho com draga de sucção e recalque - bomba de 1.350 kW e cortador de 170 kW - distância de recalque de até 500 m","m³",8.06]
[1917269,"Dragagem de cascalho com draga de sucção e recalque - bomba de 294 kW e cortador de 30 kW - distância de recalque de 1.100 a 1.300 m","m³",22.68]
[1917270,"Dragagem de cascalho com draga de sucção e recalque - bomba de 294 kW e cortador de 30 kW - distância de recalque de 1.300 a 1.500 m","m³",30.59]
[1917266,"Dragagem de cascalho com draga de sucção e recalque - bomba de 294 kW e cortador de 30 kW - distância de recalque de 500 a 700 m","m³",7.43]
[1917267,"Dragagem de cascalho com draga de sucção e recalque - bomba de 294 kW e cortador de 30 kW - distância de recalque de 700 a 900 m","m³",10.79]
[1917268,"Dragagem de cascalho com draga de sucção e recalque - bomba de 294 kW e cortador de 30 kW - distância de recalque de 900 a 1.100 m","m³",16.46]
[1917728,"Dragagem de cascalho com draga de sucção e recalque - bomba de 294 kW e cortador de 30 kW - distância de recalque de até 500 m","m³",6.86]
[1917358,"Dragagem de cascalho com draga de sucção e recalque - bomba de 483 kW e cortador de 55 kW - distância de recalque até 500 m","m³",6.94]
[1917362,"Dragagem de cascalho com draga de sucção e recalque - bomba de 483 kW e cortador de 55 kW - distância de recalque de 1.100 a 1.300 m","m³",33.29]
[1917363,"Dragagem de cascalho com draga de sucção e recalque - bomba de 483 kW e cortador de 55 kW - distância de recalque de 1.300 a 1.500 m","m³",40.59]
[1917359,"Dragagem de cascalho com draga de sucção e recalque - bomba de 483 kW e cortador de 55 kW - distância de recalque de 500 a 700 m","m³",9.78]
[1917360,"Dragagem de cascalho com draga de sucção e recalque - bomba de 483 kW e cortador de 55 kW - distância de recalque de 700 a 900 m","m³",15.96]
[1917361,"Dragagem de cascalho com draga de sucção e recalque - bomba de 483 kW e cortador de 55 kW - distância de recalque de 900 a 1.100 m","m³",23.88]
[1917476,"Dragagem de cascalho com draga de sucção e recalque - bomba de 746 kW e cortador de 110 kW - distância de recalque de 1.100 a 1.300 m","m³",24.66]
[1917477,"Dragagem de cascalho com draga de sucção e recalque - bomba de 746 kW e cortador de 110 kW - distância de recalque de 1.300 a 1.500 m","m³",31.74]
[1917478,"Dragagem de cascalho com draga de sucção e recalque - bomba de 746 kW e cortador de 110 kW - distância de recalque de 1.500 a 1.700 m","m³",40.77]
[1917479,"Dragagem de cascalho com draga de sucção e recalque - bomba de 746 kW e cortador de 110 kW - distância de recalque de 1.700 a 1.900 m","m³",44.38]
[1917473,"Dragagem de cascalho com draga de sucção e recalque - bomba de 746 kW e cortador de 110 kW - distância de recalque de 500 a 700 m","m³",11.28]
[1917474,"Dragagem de cascalho com draga de sucção e recalque - bomba de 746 kW e cortador de 110 kW - distância de recalque de 700 a 900 m","m³",14.51]
[1917475,"Dragagem de cascalho com draga de sucção e recalque - bomba de 746 kW e cortador de 110 kW - distância de recalque de 900 a 1.100 m","m³",18.61]
[1917736,"Dragagem de cascalho com draga de sucção e recalque - bomba de 746 kW e cortador de 110 kW - distância de recalque de até 500 m","m³",8.17]
[1917067,"Dragagem de cascalho com draga hopper - capacidade da cisterna de 1.000 m³ - DMT de 1.500 a 1.800 m","m³",10.73]
[1917068,"Dragagem de cascalho com draga hopper - capacidade da cisterna de 1.000 m³ - DMT de 1.800 a 2.100 m","m³",10.95]
[1917069,"Dragagem de cascalho com draga hopper - capacidade da cisterna de 1.000 m³ - DMT de 2.100 a 2.400 m","m³",11.17]
[1917070,"Dragagem de cascalho com draga hopper - capacidade da cisterna de 1.000 m³ - DMT de 2.400 a 2.700 m","m³",{"v":11.4,"d":"11.40"}]
[1917071,"Dragagem de cascalho com draga hopper - capacidade da cisterna de 1.000 m³ - DMT de 2.700 a 3.000 m","m³",11.64]
[1917072,"Dragagem de cascalho com draga hopper - capacidade da cisterna de 1.000 m³ - DMT de 3.000 m","m³",11.77]
[1901572,"Dragagem de cascalho com draga hopper - capacidade da cisterna de 10.000 m³ - DMT de 1.500 a 1.800 m","m³",7.06]
[1901573,"Dragagem de cascalho com draga hopper - capacidade da cisterna de 10.000 m³ - DMT de 1.800 a 2.100 m","m³",7.13]
[1901574,"Dragagem de cascalho com draga hopper - capacidade da cisterna de 10.000 m³ - DMT de 2.100 a 2.400 m","m³",7.19]
[1901575,"Dragagem de cascalho com draga hopper - capacidade da cisterna de 10.000 m³ - DMT de 2.400 a 2.700 m","m³",7.26]
[1901576,"Dragagem de cascalho com draga hopper - capacidade da cisterna de 10.000 m³ - DMT de 2.700 a 3.000 m","m³",7.33]
[1901571,"Dragagem de cascalho com draga hopper - capacidade da cisterna de 10.000 m³ - DMT de 3.000 m","m³",7.37]
[1901578,"Dragagem de cascalho com draga hopper - capacidade da cisterna de 15.000 m³ - DMT de 1.500 a 1.800 m","m³",9.27]
[1901579,"Dragagem de cascalho com draga hopper - capacidade da cisterna de 15.000 m³ - DMT de 1.800 a 2.100 m","m³",9.33]
[1901580,"Dragagem de cascalho com draga hopper - capacidade da cisterna de 15.000 m³ - DMT de 2.100 a 2.400 m","m³",9.39]
[1901581,"Dragagem de cascalho com draga hopper - capacidade da cisterna de 15.000 m³ - DMT de 2.400 a 2.700 m","m³",9.45]
[1901582,"Dragagem de cascalho com draga hopper - capacidade da cisterna de 15.000 m³ - DMT de 2.700 a 3.000 m","m³",9.52]
[1901577,"Dragagem de cascalho com draga hopper - capacidade da cisterna de 15.000 m³ - DMT de 3.000 m","m³",9.56]
[1917103,"Dragagem de cascalho com draga hopper - capacidade da cisterna de 2.000 m³ - DMT de 1.500 a 1.800 m","m³",7.57]
[1917104,"Dragagem de cascalho com draga hopper - capacidade da cisterna de 2.000 m³ - DMT de 1.800 a 2.100 m","m³",7.71]
[1917105,"Dragagem de cascalho com draga hopper - capacidade da cisterna de 2.000 m³ - DMT de 2.100 a 2.400 m","m³",7.84]
[1917106,"Dragagem de cascalho com draga hopper - capacidade da cisterna de 2.000 m³ - DMT de 2.400 a 2.700 m","m³",7.99]
[1917107,"Dragagem de cascalho com draga hopper - capacidade da cisterna de 2.000 m³ - DMT de 2.700 a 3.000 m","m³",8.14]
[1917108,"Dragagem de cascalho com draga hopper - capacidade da cisterna de 2.000 m³ - DMT de 3.000 m","m³",8.22]
[1901583,"Dragagem de cascalho com draga hopper - capacidade da cisterna de 20.000 m³ - DMT de 1.500 a 1.800 m","m³",11.53]
[1901584,"Dragagem de cascalho com draga hopper - capacidade da cisterna de 20.000 m³ - DMT de 1.800 a 2.100 m","m³",11.59]
[1901585,"Dragagem de cascalho com draga hopper - capacidade da cisterna de 20.000 m³ - DMT de 2.100 a 2.400 m","m³",11.65]
[1901586,"Dragagem de cascalho com draga hopper - capacidade da cisterna de 20.000 m³ - DMT de 2.400 a 2.700 m","m³",11.72]
[1901587,"Dragagem de cascalho com draga hopper - capacidade da cisterna de 20.000 m³ - DMT de 2.700 a 3.000 m","m³",11.78]
[1901588,"Dragagem de cascalho com draga hopper - capacidade da cisterna de 20.000 m³ - DMT de 3.000 m","m³",11.82]
[1917139,"Dragagem de cascalho com draga hopper - capacidade da cisterna de 3.000 m³ - DMT de 1.500 a 1.800 m","m³",7.22]
[1917140,"Dragagem de cascalho com draga hopper - capacidade da cisterna de 3.000 m³ - DMT de 1.800 a 2.100 m","m³",7.33]
[1917141,"Dragagem de cascalho com draga hopper - capacidade da cisterna de 3.000 m³ - DMT de 2.100 a 2.400 m","m³",7.44]
[1917142,"Dragagem de cascalho com draga hopper - capacidade da cisterna de 3.000 m³ - DMT de 2.400 a 2.700 m","m³",7.56]
[1917143,"Dragagem de cascalho com draga hopper - capacidade da cisterna de 3.000 m³ - DMT de 2.700 a 3.000 m","m³",7.68]
[1917144,"Dragagem de cascalho com draga hopper - capacidade da cisterna de 3.000 m³ - DMT de 3.000 m","m³",7.75]
[1917175,"Dragagem de cascalho com draga hopper - capacidade da cisterna de 4.000 m³ - DMT de 1.500 a 1.800 m","m³",6.87]
[1917176,"Dragagem de cascalho com draga hopper - capacidade da cisterna de 4.000 m³ - DMT de 1.800 a 2.100 m","m³",6.97]
[1917177,"Dragagem de cascalho com draga hopper - capacidade da cisterna de 4.000 m³ - DMT de 2.100 a 2.400 m","m³",7.07]
[1917178,"Dragagem de cascalho com draga hopper - capacidade da cisterna de 4.000 m³ - DMT de 2.400 a 2.700 m","m³",7.17]
[1917179,"Dragagem de cascalho com draga hopper - capacidade da cisterna de 4.000 m³ - DMT de 2.700 a 3.000 m","m³",7.28]
[1917180,"Dragagem de cascalho com draga hopper - capacidade da cisterna de 4.000 m³ - DMT de 3.000 m","m³",7.34]
[1917211,"Dragagem de cascalho com draga hopper - capacidade da cisterna de 5.000 m³ - DMT de 1.500 a 1.800 m","m³",7.58]
[1917212,"Dragagem de cascalho com draga hopper - capacidade da cisterna de 5.000 m³ - DMT de 1.800 a 2.100 m","m³",7.66]
[1917213,"Dragagem de cascalho com draga hopper - capacidade da cisterna de 5.000 m³ - DMT de 2.100 a 2.400 m","m³",7.75]
[1917214,"Dragagem de cascalho com draga hopper - capacidade da cisterna de 5.000 m³ - DMT de 2.400 a 2.700 m","m³",7.84]
[1917215,"Dragagem de cascalho com draga hopper - capacidade da cisterna de 5.000 m³ - DMT de 2.700 a 3.000 m","m³",7.94]
[1917216,"Dragagem de cascalho com draga hopper - capacidade da cisterna de 5.000 m³ - DMT de 3.000 m","m³",7.99]
[1917031,"Dragagem de cascalho com draga hopper - capacidade da cisterna de 750 m³ - DMT de 1.500 a 1.800 m","m³",14.52]
[1917032,"Dragagem de cascalho com draga hopper - capacidade da cisterna de 750 m³ - DMT de 1.800 a 2.100 m","m³",14.82]
[1917033,"Dragagem de cascalho com draga hopper - capacidade da cisterna de 750 m³ - DMT de 2.100 a 2.400 m","m³",15.14]
[1917034,"Dragagem de cascalho com draga hopper - capacidade da cisterna de 750 m³ - DMT de 2.400 a 2.700 m","m³",15.47]
[1917035,"Dragagem de cascalho com draga hopper - capacidade da cisterna de 750 m³ - DMT de 2.700 a 3.000 m","m³",15.81]
[1917036,"Dragagem de cascalho com draga hopper - capacidade da cisterna de 750 m³ - DMT de 3.000 m","m³",{"v":16,"d":"16.00"}]
[1917605,"Dragagem de cascalho fino com draga de sucção e recalque - bomba de 1.350 kW e cortador de 170 kW - distância de recalque de 1.100 a 1.300 m","m³",8.24]
[1917606,"Dragagem de cascalho fino com draga de sucção e recalque - bomba de 1.350 kW e cortador de 170 kW - distância de recalque de 1.300 a 1.500 m","m³",{"v":8.9,"d":"8.90"}]
[1917607,"Dragagem de cascalho fino com draga de sucção e recalque - bomba de 1.350 kW e cortador de 170 kW - distância de recalque de 1.500 a 1.700 m","m³",9.55]
[1917608,"Dragagem de cascalho fino com draga de sucção e recalque - bomba de 1.350 kW e cortador de 170 kW - distância de recalque de 1.700 a 1.900 m","m³",10.67]
[1917609,"Dragagem de cascalho fino com draga de sucção e recalque - bomba de 1.350 kW e cortador de 170 kW - distância de recalque de 1.900 a 2.100 m","m³",12.16]
[1917610,"Dragagem de cascalho fino com draga de sucção e recalque - bomba de 1.350 kW e cortador de 170 kW - distância de recalque de 2.100 a 2.300 m","m³",14.37]
[1917611,"Dragagem de cascalho fino com draga de sucção e recalque - bomba de 1.350 kW e cortador de 170 kW - distância de recalque de 2.300 a 2.500 m","m³",16.86]
[1917612,"Dragagem de cascalho fino com draga de sucção e recalque - bomba de 1.350 kW e cortador de 170 kW - distância de recalque de 2.500 a 2.700 m","m³",19.81]
[1917613,"Dragagem de cascalho fino com draga de sucção e recalque - bomba de 1.350 kW e cortador de 170 kW - distância de recalque de 2.700 a 2.900 m","m³",23.07]
[1917614,"Dragagem de cascalho fino com draga de sucção e recalque - bomba de 1.350 kW e cortador de 170 kW - distância de recalque de 2.900 a 3.100 m","m³",26.65]
[1917615,"Dragagem de cascalho fino com draga de sucção e recalque - bomba de 1.350 kW e cortador de 170 kW - distância de recalque de 3.100 a 3.300 m","m³",30.72]
[1917616,"Dragagem de cascalho fino com draga de sucção e recalque - bomba de 1.350 kW e cortador de 170 kW - distância de recalque de 3.300 a 3.500 m","m³",35.59]
[1917617,"Dragagem de cascalho fino com draga de sucção e recalque - bomba de 1.350 kW e cortador de 170 kW - distância de recalque de 3.500 a 3.700 m","m³",{"v":39.9,"d":"39.90"}]
[1917618,"Dragagem de cascalho fino com draga de sucção e recalque - bomba de 1.350 kW e cortador de 170 kW - distância de recalque de 3.700 a 3.900 m","m³",45.48]
[1917619,"Dragagem de cascalho fino com draga de sucção e recalque - bomba de 1.350 kW e cortador de 170 kW - distância de recalque de 3.900 a 4.100 m","m³",49.34]
[1917602,"Dragagem de cascalho fino com draga de sucção e recalque - bomba de 1.350 kW e cortador de 170 kW - distância de recalque de 500 a 700 m","m³",6.01]
[1917603,"Dragagem de cascalho fino com draga de sucção e recalque - bomba de 1.350 kW e cortador de 170 kW - distância de recalque de 700 a 900 m","m³",{"v":6.7,"d":"6.70"}]
[1917604,"Dragagem de cascalho fino com draga de sucção e recalque - bomba de 1.350 kW e cortador de 170 kW - distância de recalque de 900 a 1.100 m","m³",{"v":7.3,"d":"7.30"}]
[1917740,"Dragagem de cascalho fino com draga de sucção e recalque - bomba de 1.350 kW e cortador de 170 kW - distância de recalque de até 500 m","m³",5.79]
[1917263,"Dragagem de cascalho fino com draga de sucção e recalque - bomba de 294 kW e cortador de 30 kW - distância de recalque de 1.100 a 1.300 m","m³",10.49]
[1917264,"Dragagem de cascalho fino com draga de sucção e recalque - bomba de 294 kW e cortador de 30 kW - distância de recalque de 1.300 a 1.500 m","m³",13.01]
[1917265,"Dragagem de cascalho fino com draga de sucção e recalque - bomba de 294 kW e cortador de 30 kW - distância de recalque de 1.500 a 1.700 m","m³",16.86]
[1917260,"Dragagem de cascalho fino com draga de sucção e recalque - bomba de 294 kW e cortador de 30 kW - distância de recalque de 500 a 700 m","m³",6.37]
[1917261,"Dragagem de cascalho fino com draga de sucção e recalque - bomba de 294 kW e cortador de 30 kW - distância de recalque de 700 a 900 m","m³",7.09]
[1917262,"Dragagem de cascalho fino com draga de sucção e recalque - bomba de 294 kW e cortador de 30 kW - distância de recalque de 900 a 1.100 m","m³",{"v":8.4,"d":"8.40"}]
[1917727,"Dragagem de cascalho fino com draga de sucção e recalque - bomba de 294 kW e cortador de 30 kW - distância de recalque de até 500 m","m³",6.16]
[1917351,"Dragagem de cascalho fino com draga de sucção e recalque - bomba de 483 kW e cortador de 55 kW - distância de recalque de 1.100 a 1.300 m","m³",9.17]
[1917352,"Dragagem de cascalho fino com draga de sucção e recalque - bomba de 483 kW e cortador de 55 kW - distância de recalque de 1.300 a 1.500 m","m³",{"v":12.1,"d":"12.10"}]
[1917353,"Dragagem de cascalho fino com draga de sucção e recalque - bomba de 483 kW e cortador de 55 kW - distância de recalque de 1.500 a 1.700 m","m³",15.54]
[1917354,"Dragagem de cascalho fino com draga de sucção e recalque - bomba de 483 kW e cortador de 55 kW - distância de recalque de 1.700 a 1.900 m","m³",{"v":20.2,"d":"20.20"}]
[1917355,"Dragagem de cascalho fino com draga de sucção e recalque - bomba de 483 kW e cortador de 55 kW - distância de recalque de 1.900 a 2.100 m","m³",26.02]
[1917356,"Dragagem de cascalho fino com draga de sucção e recalque - bomba de 483 kW e cortador de 55 kW - distância de recalque de 2.100 a 2.300 m","m³",{"v":31.9,"d":"31.90"}]
[1917357,"Dragagem de cascalho fino com draga de sucção e recalque - bomba de 483 kW e cortador de 55 kW - distância de recalque de 2.300 a 2.500 m","m³",36.46]
[1917348,"Dragagem de cascalho fino com draga de sucção e recalque - bomba de 483 kW e cortador de 55 kW - distância de recalque de 500 a 700 m","m³",5.54]
[1917349,"Dragagem de cascalho fino com draga de sucção e recalque - bomba de 483 kW e cortador de 55 kW - distância de recalque de 700 a 900 m","m³",{"v":6,"d":"6.00"}]
[1917350,"Dragagem de cascalho fino com draga de sucção e recalque - bomba de 483 kW e cortador de 55 kW - distância de recalque de 900 a 1.100 m","m³",6.83]
[1917731,"Dragagem de cascalho fino com draga de sucção e recalque - bomba de 483 kW e cortador de 55 kW - distância de recalque de até 500 m","m³",5.42]
[1917463,"Dragagem de cascalho fino com draga de sucção e recalque - bomba de 746 kW e cortador de 110 kW - distância de recalque de 1.100 a 1.300 m","m³",9.27]
[1917464,"Dragagem de cascalho fino com draga de sucção e recalque - bomba de 746 kW e cortador de 110 kW - distância de recalque de 1.300 a 1.500 m","m³",10.73]
[1917465,"Dragagem de cascalho fino com draga de sucção e recalque - bomba de 746 kW e cortador de 110 kW - distância de recalque de 1.500 a 1.700 m","m³",12.36]
[1917466,"Dragagem de cascalho fino com draga de sucção e recalque - bomba de 746 kW e cortador de 110 kW - distância de recalque de 1.700 a 1.900 m","m³",14.72]
[1917467,"Dragagem de cascalho fino com draga de sucção e recalque - bomba de 746 kW e cortador de 110 kW - distância de recalque de 1.900 a 2.100 m","m³",18.21]
[1917468,"Dragagem de cascalho fino com draga de sucção e recalque - bomba de 746 kW e cortador de 110 kW - distância de recalque de 2.100 a 2.300 m","m³",{"v":22.2,"d":"22.20"}]
[1917469,"Dragagem de cascalho fino com draga de sucção e recalque - bomba de 746 kW e cortador de 110 kW - distância de recalque de 2.300 a 2.500 m","m³",26.59]
[1917470,"Dragagem de cascalho fino com draga de sucção e recalque - bomba de 746 kW e cortador de 110 kW - distância de recalque de 2.500 a 2.700 m","m³",31.73]
[1917471,"Dragagem de cascalho fino com draga de sucção e recalque - bomba de 746 kW e cortador de 110 kW - distância de recalque de 2.700 a 2.900 m","m³",37.81]
[1917472,"Dragagem de cascalho fino com draga de sucção e recalque - bomba de 746 kW e cortador de 110 kW - distância de recalque de 2.900 a 3.100 m","m³",40.48]
[1917460,"Dragagem de cascalho fino com draga de sucção e recalque - bomba de 746 kW e cortador de 110 kW - distância de recalque de 500 a 700 m","m³",5.36]
[1917461,"Dragagem de cascalho fino com draga de sucção e recalque - bomba de 746 kW e cortador de 110 kW - distância de recalque de 700 a 900 m","m³",6.36]
[1917462,"Dragagem de cascalho fino com draga de sucção e recalque - bomba de 746 kW e cortador de 110 kW - distância de recalque de 900 a 1.100 m","m³",7.57]
[1917735,"Dragagem de cascalho fino com draga de sucção e recalque - bomba de 746 kW e cortador de 110 kW - distância de recalque de até 500 m","m³",4.79]
[1917061,"Dragagem de cascalho fino com draga hopper - capacidade da cisterna de 1.000 m³ - DMT de 1.500 a 1.800 m","m³",10.85]
[1917062,"Dragagem de cascalho fino com draga hopper - capacidade da cisterna de 1.000 m³ - DMT de 1.800 a 2.100 m","m³",11.07]
[1917063,"Dragagem de cascalho fino com draga hopper - capacidade da cisterna de 1.000 m³ - DMT de 2.100 a 2.400 m","m³",11.28]
[1917064,"Dragagem de cascalho fino com draga hopper - capacidade da cisterna de 1.000 m³ - DMT de 2.400 a 2.700 m","m³",11.51]
[1917065,"Dragagem de cascalho fino com draga hopper - capacidade da cisterna de 1.000 m³ - DMT de 2.700 a 3.000 m","m³",11.75]
[1917066,"Dragagem de cascalho fino com draga hopper - capacidade da cisterna de 1.000 m³ - DMT de 3.000 m","m³",11.87]
[1901590,"Dragagem de cascalho fino com draga hopper - capacidade da cisterna de 10.000 m³ - DMT de 1.500 a 1.800 m","m³",7.19]
[1901591,"Dragagem de cascalho fino com draga hopper - capacidade da cisterna de 10.000 m³ - DMT de 1.800 a 2.100 m","m³",7.25]
[1901592,"Dragagem de cascalho fino com draga hopper - capacidade da cisterna de 10.000 m³ - DMT de 2.100 a 2.400 m","m³",7.32]
[1901593,"Dragagem de cascalho fino com draga hopper - capacidade da cisterna de 10.000 m³ - DMT de 2.400 a 2.700 m","m³",7.39]
[1901594,"Dragagem de cascalho fino com draga hopper - capacidade da cisterna de 10.000 m³ - DMT de 2.700 a 3.000 m","m³",7.46]
[1901589,"Dragagem de cascalho fino com draga hopper - capacidade da cisterna de 10.000 m³ - DMT de 3.000 m","m³",7.49]
[1901596,"Dragagem de cascalho fino com draga hopper - capacidade da cisterna de 15.000 m³ - DMT de 1.500 a 1.800 m","m³",9.47]
[1901597,"Dragagem de cascalho fino com draga hopper - capacidade da cisterna de 15.000 m³ - DMT de 1.800 a 2.100 m","m³",9.53]
[1901598,"Dragagem de cascalho fino com draga hopper - capacidade da cisterna de 15.000 m³ - DMT de 2.100 a 2.400 m","m³",9.59]
[1901599,"Dragagem de cascalho fino com draga hopper - capacidade da cisterna de 15.000 m³ - DMT de 2.400 a 2.700 m","m³",9.65]
[1901600,"Dragagem de cascalho fino com draga hopper - capacidade da cisterna de 15.000 m³ - DMT de 2.700 a 3.000 m","m³",9.72]
[1901595,"Dragagem de cascalho fino com draga hopper - capacidade da cisterna de 15.000 m³ - DMT de 3.000 m","m³",9.75]
[1917097,"Dragagem de cascalho fino com draga hopper - capacidade da cisterna de 2.000 m³ - DMT de 1.500 a 1.800 m","m³",7.67]
[1917098,"Dragagem de cascalho fino com draga hopper - capacidade da cisterna de 2.000 m³ - DMT de 1.800 a 2.100 m","m³",{"v":7.8,"d":"7.80"}]
[1917099,"Dragagem de cascalho fino com draga hopper - capacidade da cisterna de 2.000 m³ - DMT de 2.100 a 2.400 m","m³",7.93]
[1917100,"Dragagem de cascalho fino com draga hopper - capacidade da cisterna de 2.000 m³ - DMT de 2.400 a 2.700 m","m³",8.07]
[1917101,"Dragagem de cascalho fino com draga hopper - capacidade da cisterna de 2.000 m³ - DMT de 2.700 a 3.000 m","m³",8.22]
[1917102,"Dragagem de cascalho fino com draga hopper - capacidade da cisterna de 2.000 m³ - DMT de 3.000 m","m³",{"v":8.3,"d":"8.30"}]
[1901601,"Dragagem de cascalho fino com draga hopper - capacidade da cisterna de 20.000 m³ - DMT de 1.500 a 1.800 m","m³",{"v":11.8,"d":"11.80"}]
[1901602,"Dragagem de cascalho fino com draga hopper - capacidade da cisterna de 20.000 m³ - DMT de 1.800 a 2.100 m","m³",11.86]
[1901603,"Dragagem de cascalho fino com draga hopper - capacidade da cisterna de 20.000 m³ - DMT de 2.100 a 2.400 m","m³",11.92]
[1901604,"Dragagem de cascalho fino com draga hopper - capacidade da cisterna de 20.000 m³ - DMT de 2.400 a 2.700 m","m³",11.98]
[1901605,"Dragagem de cascalho fino com draga hopper - capacidade da cisterna de 20.000 m³ - DMT de 2.700 a 3.000 m","m³",12.05]
[1901606,"Dragagem de cascalho fino com draga hopper - capacidade da cisterna de 20.000 m³ - DMT de 3.000 m","m³",12.08]
[1917133,"Dragagem de cascalho fino com draga hopper - capacidade da cisterna de 3.000 m³ - DMT de 1.500 a 1.800 m","m³",7.32]
[1917134,"Dragagem de cascalho fino com draga hopper - capacidade da cisterna de 3.000 m³ - DMT de 1.800 a 2.100 m","m³",7.43]
[1917135,"Dragagem de cascalho fino com draga hopper - capacidade da cisterna de 3.000 m³ - DMT de 2.100 a 2.400 m","m³",7.54]
[1917136,"Dragagem de cascalho fino com draga hopper - capacidade da cisterna de 3.000 m³ - DMT de 2.400 a 2.700 m","m³",7.65]
[1917137,"Dragagem de cascalho fino com draga hopper - capacidade da cisterna de 3.000 m³ - DMT de 2.700 a 3.000 m","m³",7.77]
[1917138,"Dragagem de cascalho fino com draga hopper - capacidade da cisterna de 3.000 m³ - DMT de 3.000 m","m³",7.84]
[1917169,"Dragagem de cascalho fino com draga hopper - capacidade da cisterna de 4.000 m³ - DMT de 1.500 a 1.800 m","m³",6.97]
[1917170,"Dragagem de cascalho fino com draga hopper - capacidade da cisterna de 4.000 m³ - DMT de 1.800 a 2.100 m","m³",7.06]
[1917171,"Dragagem de cascalho fino com draga hopper - capacidade da cisterna de 4.000 m³ - DMT de 2.100 a 2.400 m","m³",7.16]
[1917172,"Dragagem de cascalho fino com draga hopper - capacidade da cisterna de 4.000 m³ - DMT de 2.400 a 2.700 m","m³",7.26]
[1917173,"Dragagem de cascalho fino com draga hopper - capacidade da cisterna de 4.000 m³ - DMT de 2.700 a 3.000 m","m³",7.37]
[1917174,"Dragagem de cascalho fino com draga hopper - capacidade da cisterna de 4.000 m³ - DMT de 3.000 m","m³",7.43]
[1917205,"Dragagem de cascalho fino com draga hopper - capacidade da cisterna de 5.000 m³ - DMT de 1.500 a 1.800 m","m³",{"v":7.7,"d":"7.70"}]
[1917206,"Dragagem de cascalho fino com draga hopper - capacidade da cisterna de 5.000 m³ - DMT de 1.800 a 2.100 m","m³",7.79]
[1917207,"Dragagem de cascalho fino com draga hopper - capacidade da cisterna de 5.000 m³ - DMT de 2.100 a 2.400 m","m³",7.87]
[1917208,"Dragagem de cascalho fino com draga hopper - capacidade da cisterna de 5.000 m³ - DMT de 2.400 a 2.700 m","m³",7.96]
[1917209,"Dragagem de cascalho fino com draga hopper - capacidade da cisterna de 5.000 m³ - DMT de 2.700 a 3.000 m","m³",8.06]
[1917210,"Dragagem de cascalho fino com draga hopper - capacidade da cisterna de 5.000 m³ - DMT de 3.000 m","m³",8.11]
[1917025,"Dragagem de cascalho fino com draga hopper - capacidade da cisterna de 750 m³ - DMT de 1.500 a 1.800 m","m³",{"v":14.7,"d":"14.70"}]
[1917026,"Dragagem de cascalho fino com draga hopper - capacidade da cisterna de 750 m³ - DMT de 1.800 a 2.100 m","m³",{"v":15,"d":"15.00"}]
[1917027,"Dragagem de cascalho fino com draga hopper - capacidade da cisterna de 750 m³ - DMT de 2.100 a 2.400 m","m³",{"v":15.3,"d":"15.30"}]
[1917028,"Dragagem de cascalho fino com draga hopper - capacidade da cisterna de 750 m³ - DMT de 2.400 a 2.700 m","m³",15.63]
[1917029,"Dragagem de cascalho fino com draga hopper - capacidade da cisterna de 750 m³ - DMT de 2.700 a 3.000 m","m³",15.97]
[1917030,"Dragagem de cascalho fino com draga hopper - capacidade da cisterna de 750 m³ - DMT de 3.000 m","m³",16.15]
[1917629,"Dragagem de material de 1ª categoria com clamshell sobre pontão flutuante - capacidade da caçamba de 4,6 m³ - transporte com batelão sem propulsão com capacidade de 100 t - DMT 0 a 300 m","m³",13.68]
[1917633,"Dragagem de material de 1ª categoria com clamshell sobre pontão flutuante - capacidade da caçamba de 4,6 m³ - transporte com batelão sem propulsão com capacidade de 100 t - DMT 1.200 a 1.500 m","m³",15.35]
[1917634,"Dragagem de material de 1ª categoria com clamshell sobre pontão flutuante - capacidade da caçamba de 4,6 m³ - transporte com batelão sem propulsão com capacidade de 100 t - DMT 1.500 a 1.800 m","m³",15.66]
[1917635,"Dragagem de material de 1ª categoria com clamshell sobre pontão flutuante - capacidade da caçamba de 4,6 m³ - transporte com batelão sem propulsão com capacidade de 100 t - DMT 1.800 a 2.100 m","m³",15.96]
[1917636,"Dragagem de material de 1ª categoria com clamshell sobre pontão flutuante - capacidade da caçamba de 4,6 m³ - transporte com batelão sem propulsão com capacidade de 100 t - DMT 2.100 a 2.400 m","m³",17.84]
[1917637,"Dragagem de material de 1ª categoria com clamshell sobre pontão flutuante - capacidade da caçamba de 4,6 m³ - transporte com batelão sem propulsão com capacidade de 100 t - DMT 2.400 a 2.700 m","m³",18.24]
[1917638,"Dragagem de material de 1ª categoria com clamshell sobre pontão flutuante - capacidade da caçamba de 4,6 m³ - transporte com batelão sem propulsão com capacidade de 100 t - DMT 2.700 a 3.000 m","m³",18.65]
[1917630,"Dragagem de material de 1ª categoria com clamshell sobre pontão flutuante - capacidade da caçamba de 4,6 m³ - transporte com batelão sem propulsão com capacidade de 100 t - DMT 300 a 600 m","m³",14.21]
[1917631,"Dragagem de material de 1ª categoria com clamshell sobre pontão flutuante - capacidade da caçamba de 4,6 m³ - transporte com batelão sem propulsão com capacidade de 100 t - DMT 600 a 900 m","m³",14.67]
[1917632,"Dragagem de material de 1ª categoria com clamshell sobre pontão flutuante - capacidade da caçamba de 4,6 m³ - transporte com batelão sem propulsão com capacidade de 100 t - DMT 900 a 1.200 m","m³",14.97]
[1917639,"Dragagem de material de 1ª categoria com clamshell sobre pontão flutuante - capacidade da caçamba de 4,6 m³ - transporte com batelão sem propulsão com capacidade de 100 t - DMT de 3.000 m","m³",18.85]
[1917646,"Dragagem de material de 1ª categoria com dragline - caçamba de 2,1 m³ - caminho de serviço em leito natural - DMT 1.000 a 1.200 m - com caminhão de 14 m³ e carregadeira","m³",18.88]
[1917647,"Dragagem de material de 1ª categoria com dragline - caçamba de 2,1 m³ - caminho de serviço em leito natural - DMT 1.200 a 1.400 m - com caminhão de 14 m³ e carregadeira","m³",19.18]
[1917648,"Dragagem de material de 1ª categoria com dragline - caçamba de 2,1 m³ - caminho de serviço em leito natural - DMT 1.400 a 1.600 m - com caminhão de 14 m³ e carregadeira","m³",19.39]
[1917649,"Dragagem de material de 1ª categoria com dragline - caçamba de 2,1 m³ - caminho de serviço em leito natural - DMT 1.600 a 1.800 m - com caminhão de 14 m³ e carregadeira","m³",19.68]
[1917650,"Dragagem de material de 1ª categoria com dragline - caçamba de 2,1 m³ - caminho de serviço em leito natural - DMT 1.800 a 2.000 m - com caminhão de 14 m³ e carregadeira","m³",19.97]
[1917651,"Dragagem de material de 1ª categoria com dragline - caçamba de 2,1 m³ - caminho de serviço em leito natural - DMT 2.000 a 2.500 m - com caminhão de 14 m³ e carregadeira","m³",20.41]
[1917652,"Dragagem de material de 1ª categoria com dragline - caçamba de 2,1 m³ - caminho de serviço em leito natural - DMT 2.500 a 3.000 m - com caminhão de 14 m³ e carregadeira","m³",22.68]
[1917642,"Dragagem de material de 1ª categoria com dragline - caçamba de 2,1 m³ - caminho de serviço em leito natural - DMT 200 a 400 m - com caminhão de 14 m³ e carregadeira","m³",17.65]
[1917643,"Dragagem de material de 1ª categoria com dragline - caçamba de 2,1 m³ - caminho de serviço em leito natural - DMT 400 a 600 m - com caminhão de 14 m³ e carregadeira","m³",18.01]
[1917641,"Dragagem de material de 1ª categoria com dragline - caçamba de 2,1 m³ - caminho de serviço em leito natural - DMT 50 a 200 m - com caminhão de 14 m³ e carregadeira","m³",15.75]
[1917644,"Dragagem de material de 1ª categoria com dragline - caçamba de 2,1 m³ - caminho de serviço em leito natural - DMT 600 a 800 m - com caminhão de 14 m³ e carregadeira","m³",18.38]
[1917645,"Dragagem de material de 1ª categoria com dragline - caçamba de 2,1 m³ - caminho de serviço em leito natural - DMT 800 a 1.000 m - com caminhão de 14 m³ e carregadeira","m³",18.59]
[1917653,"Dragagem de material de 1ª categoria com dragline - caçamba de 2,1 m³ - caminho de serviço em leito natural - DMT de 3.000 m - com caminhão de 14 m³ e carregadeira","m³",{"v":23,"d":"23.00"}]
[1917659,"Dragagem de material de 1ª categoria com dragline - caçamba de 2,1 m³ - caminho de serviço em revestimento primário - DMT 1.000 a 1.200 m - com caminhão de 14 m³ e carregadeira","m³",18.09]
[1917660,"Dragagem de material de 1ª categoria com dragline - caçamba de 2,1 m³ - caminho de serviço em revestimento primário - DMT 1.200 a 1.400 m - com caminhão de 14 m³ e carregadeira","m³",18.23]
[1917661,"Dragagem de material de 1ª categoria com dragline - caçamba de 2,1 m³ - caminho de serviço em revestimento primário - DMT 1.400 a 1.600 m - com caminhão de 14 m³ e carregadeira","m³",18.38]
[1917662,"Dragagem de material de 1ª categoria com dragline - caçamba de 2,1 m³ - caminho de serviço em revestimento primário - DMT 1.600 a 1.800 m - com caminhão de 14 m³ e carregadeira","m³",18.52]
[1917663,"Dragagem de material de 1ª categoria com dragline - caçamba de 2,1 m³ - caminho de serviço em revestimento primário - DMT 1.800 a 2.000 m - com caminhão de 14 m³ e carregadeira","m³",18.74]
[1917664,"Dragagem de material de 1ª categoria com dragline - caçamba de 2,1 m³ - caminho de serviço em revestimento primário - DMT 2.000 a 2.500 m - com caminhão de 14 m³ e carregadeira","m³",19.03]
[1917665,"Dragagem de material de 1ª categoria com dragline - caçamba de 2,1 m³ - caminho de serviço em revestimento primário - DMT 2.500 a 3.000 m - com caminhão de 14 m³ e carregadeira","m³",19.47]
[1917655,"Dragagem de material de 1ª categoria com dragline - caçamba de 2,1 m³ - caminho de serviço em revestimento primário - DMT 200 a 400 m - com caminhão de 14 m³ e carregadeira","m³",15.75]
[1917656,"Dragagem de material de 1ª categoria com dragline - caçamba de 2,1 m³ - caminho de serviço em revestimento primário - DMT 400 a 600 m - com caminhão de 14 m³ e carregadeira","m³",17.51]
[1917654,"Dragagem de material de 1ª categoria com dragline - caçamba de 2,1 m³ - caminho de serviço em revestimento primário - DMT 50 a 200 m - com caminhão de 14 m³ e carregadeira","m³",15.49]
[1917657,"Dragagem de material de 1ª categoria com dragline - caçamba de 2,1 m³ - caminho de serviço em revestimento primário - DMT 600 a 800 m - com caminhão de 14 m³ e carregadeira","m³",17.72]
[1917658,"Dragagem de material de 1ª categoria com dragline - caçamba de 2,1 m³ - caminho de serviço em revestimento primário - DMT 800 a 1.000 m - com caminhão de 14 m³ e carregadeira","m³",17.87]
[1917666,"Dragagem de material de 1ª categoria com dragline - caçamba de 2,1 m³ - caminho de serviço em revestimento primário - DMT de 3.000 m - com caminhão de 14 m³ e carregadeira","m³",19.76]
[1917672,"Dragagem de material de 1ª categoria com dragline - caçamba de 2,1 m³ - caminho de serviço pavimentado - DMT 1.000 a 1.200 m - com caminhão de 14 m³ e carregadeira","m³",18.01]
[1917673,"Dragagem de material de 1ª categoria com dragline - caçamba de 2,1 m³ - caminho de serviço pavimentado - DMT 1.200 a 1.400 m - com caminhão de 14 m³ e carregadeira","m³",18.23]
[1917674,"Dragagem de material de 1ª categoria com dragline - caçamba de 2,1 m³ - caminho de serviço pavimentado - DMT 1.400 a 1.600 m - com caminhão de 14 m³ e carregadeira","m³",18.38]
[1917675,"Dragagem de material de 1ª categoria com dragline - caçamba de 2,1 m³ - caminho de serviço pavimentado - DMT 1.600 a 1.800 m - com caminhão de 14 m³ e carregadeira","m³",18.52]
[1917676,"Dragagem de material de 1ª categoria com dragline - caçamba de 2,1 m³ - caminho de serviço pavimentado - DMT 1.800 a 2.000 m - com caminhão de 14 m³ e carregadeira","m³",18.67]
[1917677,"Dragagem de material de 1ª categoria com dragline - caçamba de 2,1 m³ - caminho de serviço pavimentado - DMT 2.000 a 2.500 m - com caminhão de 14 m³ e carregadeira","m³",18.96]
[1917678,"Dragagem de material de 1ª categoria com dragline - caçamba de 2,1 m³ - caminho de serviço pavimentado - DMT 2.500 a 3.000 m - com caminhão de 14 m³ e carregadeira","m³",19.39]
[1917668,"Dragagem de material de 1ª categoria com dragline - caçamba de 2,1 m³ - caminho de serviço pavimentado - DMT 200 a 400 m - com caminhão de 14 m³ e carregadeira","m³",17.36]
[1917669,"Dragagem de material de 1ª categoria com dragline - caçamba de 2,1 m³ - caminho de serviço pavimentado - DMT 400 a 600 m - com caminhão de 14 m³ e carregadeira","m³",17.51]
[1917667,"Dragagem de material de 1ª categoria com dragline - caçamba de 2,1 m³ - caminho de serviço pavimentado - DMT 50 a 200 m - com caminhão de 14 m³ e carregadeira","m³",15.57]
[1917670,"Dragagem de material de 1ª categoria com dragline - caçamba de 2,1 m³ - caminho de serviço pavimentado - DMT 600 a 800 m - com caminhão de 14 m³ e carregadeira","m³",17.72]
[1917671,"Dragagem de material de 1ª categoria com dragline - caçamba de 2,1 m³ - caminho de serviço pavimentado - DMT 800 a 1.000 m - com caminhão de 14 m³ e carregadeira","m³",17.87]
[1917679,"Dragagem de material de 1ª categoria com dragline - caçamba de 2,1 m³ - caminho de serviço pavimentado - DMT de 3.000 m - com caminhão de 14 m³ e carregadeira","m³",19.61]
[1917640,"Dragagem de material de 1ª categoria com dragline - caçamba de 2,1 m³ - DMT até 50 m","m³",8.15]
[1917686,"Dragagem de material de 1ª categoria com escavadeira hidráulica - capacidade de caçamba de 1,56 m³ - caminho de serviço em leito natural - DMT 1.000 a 1.200 m","m³",10.33]
[1917687,"Dragagem de material de 1ª categoria com escavadeira hidráulica - capacidade de caçamba de 1,56 m³ - caminho de serviço em leito natural - DMT 1.200 a 1.400 m","m³",10.62]
[1917688,"Dragagem de material de 1ª categoria com escavadeira hidráulica - capacidade de caçamba de 1,56 m³ - caminho de serviço em leito natural - DMT 1.400 a 1.600 m","m³",11.63]
[1917689,"Dragagem de material de 1ª categoria com escavadeira hidráulica - capacidade de caçamba de 1,56 m³ - caminho de serviço em leito natural - DMT 1.600 a 1.800 m","m³",11.94]
[1917690,"Dragagem de material de 1ª categoria com escavadeira hidráulica - capacidade de caçamba de 1,56 m³ - caminho de serviço em leito natural - DMT 1.800 a 2.000 m","m³",12.16]
[1917691,"Dragagem de material de 1ª categoria com escavadeira hidráulica - capacidade de caçamba de 1,56 m³ - caminho de serviço em leito natural - DMT 2.000 a 2.500 m","m³",12.62]
[1917692,"Dragagem de material de 1ª categoria com escavadeira hidráulica - capacidade de caçamba de 1,56 m³ - caminho de serviço em leito natural - DMT 2.500 a 3.000 m","m³",14.19]
[1917682,"Dragagem de material de 1ª categoria com escavadeira hidráulica - capacidade de caçamba de 1,56 m³ - caminho de serviço em leito natural - DMT 200 a 400 m","m³",9.13]
[1917693,"Dragagem de material de 1ª categoria com escavadeira hidráulica - capacidade de caçamba de 1,56 m³ - caminho de serviço em leito natural - DMT 3.000 m","m³",14.57]
[1917683,"Dragagem de material de 1ª categoria com escavadeira hidráulica - capacidade de caçamba de 1,56 m³ - caminho de serviço em leito natural - DMT 400 a 600 m","m³",9.48]
[1917681,"Dragagem de material de 1ª categoria com escavadeira hidráulica - capacidade de caçamba de 1,56 m³ - caminho de serviço em leito natural - DMT 50 a 200 m","m³",7.89]
[1917684,"Dragagem de material de 1ª categoria com escavadeira hidráulica - capacidade de caçamba de 1,56 m³ - caminho de serviço em leito natural - DMT 600 a 800 m","m³",9.76]
[1917685,"Dragagem de material de 1ª categoria com escavadeira hidráulica - capacidade de caçamba de 1,56 m³ - caminho de serviço em leito natural - DMT 800 a 1.000 m","m³",10.05]
[1917699,"Dragagem de material de 1ª categoria com escavadeira hidráulica - capacidade de caçamba de 1,56 m³ - caminho de serviço em revestimento primário - DMT 1.000 a 1.200 m","m³",9.48]
[1917700,"Dragagem de material de 1ª categoria com escavadeira hidráulica - capacidade de caçamba de 1,56 m³ - caminho de serviço em revestimento primário - DMT 1.200 a 1.400 m","m³",9.65]
[1917701,"Dragagem de material de 1ª categoria com escavadeira hidráulica - capacidade de caçamba de 1,56 m³ - caminho de serviço em revestimento primário - DMT 1.400 a 1.600 m","m³",9.82]
[1917702,"Dragagem de material de 1ª categoria com escavadeira hidráulica - capacidade de caçamba de 1,56 m³ - caminho de serviço em revestimento primário - DMT 1.600 a 1.800 m","m³",9.99]
[1917703,"Dragagem de material de 1ª categoria com escavadeira hidráulica - capacidade de caçamba de 1,56 m³ - caminho de serviço em revestimento primário - DMT 1.800 a 2.000 m","m³",10.16]
[1917704,"Dragagem de material de 1ª categoria com escavadeira hidráulica - capacidade de caçamba de 1,56 m³ - caminho de serviço em revestimento primário - DMT 2.000 a 2.500 m","m³",10.45]
[1917705,"Dragagem de material de 1ª categoria com escavadeira hidráulica - capacidade de caçamba de 1,56 m³ - caminho de serviço em revestimento primário - DMT 2.500 a 3.000 m","m³",11.71]
[1917695,"Dragagem de material de 1ª categoria com escavadeira hidráulica - capacidade de caçamba de 1,56 m³ - caminho de serviço em revestimento primário - DMT 200 a 400 m","m³",7.89]
[1917706,"Dragagem de material de 1ª categoria com escavadeira hidráulica - capacidade de caçamba de 1,56 m³ - caminho de serviço em revestimento primário - DMT 3.000 m","m³",12.01]
[1917696,"Dragagem de material de 1ª categoria com escavadeira hidráulica - capacidade de caçamba de 1,56 m³ - caminho de serviço em revestimento primário - DMT 400 a 600 m","m³",8.91]
[1917694,"Dragagem de material de 1ª categoria com escavadeira hidráulica - capacidade de caçamba de 1,56 m³ - caminho de serviço em revestimento primário - DMT 50 a 200 m","m³",7.62]
[1917697,"Dragagem de material de 1ª categoria com escavadeira hidráulica - capacidade de caçamba de 1,56 m³ - caminho de serviço em revestimento primário - DMT 600 a 800 m","m³",9.13]
[1917698,"Dragagem de material de 1ª categoria com escavadeira hidráulica - capacidade de caçamba de 1,56 m³ - caminho de serviço em revestimento primário - DMT 800 a 1.000 m","m³",9.31]
[1917712,"Dragagem de material de 1ª categoria com escavadeira hidráulica - capacidade de caçamba de 1,56 m³ - caminho de serviço pavimentado - DMT 1.000 a 1.200 m","m³",9.48]
[1917713,"Dragagem de material de 1ª categoria com escavadeira hidráulica - capacidade de caçamba de 1,56 m³ - caminho de serviço pavimentado - DMT 1.200 a 1.400 m","m³",9.65]
[1917714,"Dragagem de material de 1ª categoria com escavadeira hidráulica - capacidade de caçamba de 1,56 m³ - caminho de serviço pavimentado - DMT 1.400 a 1.600 m","m³",9.82]
[1917715,"Dragagem de material de 1ª categoria com escavadeira hidráulica - capacidade de caçamba de 1,56 m³ - caminho de serviço pavimentado - DMT 1.600 a 1.800 m","m³",9.93]
[1917716,"Dragagem de material de 1ª categoria com escavadeira hidráulica - capacidade de caçamba de 1,56 m³ - caminho de serviço pavimentado - DMT 1.800 a 2.000 m","m³",{"v":10.1,"d":"10.10"}]
[1917717,"Dragagem de material de 1ª categoria com escavadeira hidráulica - capacidade de caçamba de 1,56 m³ - caminho de serviço pavimentado - DMT 2.000 a 2.500 m","m³",10.39]
[1917718,"Dragagem de material de 1ª categoria com escavadeira hidráulica - capacidade de caçamba de 1,56 m³ - caminho de serviço pavimentado - DMT 2.500 a 3.000 m","m³",11.56]
[1917708,"Dragagem de material de 1ª categoria com escavadeira hidráulica - capacidade de caçamba de 1,56 m³ - caminho de serviço pavimentado - DMT 200 a 400 m","m³",8.74]
[1917719,"Dragagem de material de 1ª categoria com escavadeira hidráulica - capacidade de caçamba de 1,56 m³ - caminho de serviço pavimentado - DMT 3.000 m","m³",11.86]
[1917709,"Dragagem de material de 1ª categoria com escavadeira hidráulica - capacidade de caçamba de 1,56 m³ - caminho de serviço pavimentado - DMT 400 a 600 m","m³",8.96]
[1917707,"Dragagem de material de 1ª categoria com escavadeira hidráulica - capacidade de caçamba de 1,56 m³ - caminho de serviço pavimentado - DMT 50 a 200 m","m³",7.74]
[1917710,"Dragagem de material de 1ª categoria com escavadeira hidráulica - capacidade de caçamba de 1,56 m³ - caminho de serviço pavimentado - DMT 600 a 800 m","m³",9.13]
[1917711,"Dragagem de material de 1ª categoria com escavadeira hidráulica - capacidade de caçamba de 1,56 m³ - caminho de serviço pavimentado - DMT 800 a 1.000 m","m³",9.31]
[1917680,"Dragagem de material de 1ª categoria com escavadeira hidráulica - capacidade de caçamba de 1,56 m³ - DMT 0 a 50 m","m³",2.55]
[1901607,"Dragagem de material de 1ª categoria com escavadeira hidráulica sobre pontão flutuante - capacidade da caçamba de 1,56 m³ - transporte com batelão sem propulsão com capacidade de 100 t - DMT 0 a 300 m","m³",14.18]
[1901611,"Dragagem de material de 1ª categoria com escavadeira hidráulica sobre pontão flutuante - capacidade da caçamba de 1,56 m³ - transporte com batelão sem propulsão com capacidade de 100 t - DMT 1.200 a 1.500 m","m³",17.84]
[1901612,"Dragagem de material de 1ª categoria com escavadeira hidráulica sobre pontão flutuante - capacidade da caçamba de 1,56 m³ - transporte com batelão sem propulsão com capacidade de 100 t - DMT 1.500 a 1.800 m","m³",18.26]
[1901613,"Dragagem de material de 1ª categoria com escavadeira hidráulica sobre pontão flutuante - capacidade da caçamba de 1,56 m³ - transporte com batelão sem propulsão com capacidade de 100 t - DMT 1.800 a 2.100 m","m³",18.57]
[1901614,"Dragagem de material de 1ª categoria com escavadeira hidráulica sobre pontão flutuante - capacidade da caçamba de 1,56 m³ - transporte com batelão sem propulsão com capacidade de 100 t - DMT 2.100 a 2.400 m","m³",18.89]
[1901615,"Dragagem de material de 1ª categoria com escavadeira hidráulica sobre pontão flutuante - capacidade da caçamba de 1,56 m³ - transporte com batelão sem propulsão com capacidade de 100 t - DMT 2.400 a 2.700 m","m³",{"v":19.3,"d":"19.30"}]
[1901616,"Dragagem de material de 1ª categoria com escavadeira hidráulica sobre pontão flutuante - capacidade da caçamba de 1,56 m³ - transporte com batelão sem propulsão com capacidade de 100 t - DMT 2.700 a 3.000 m","m³",19.62]
[1901608,"Dragagem de material de 1ª categoria com escavadeira hidráulica sobre pontão flutuante - capacidade da caçamba de 1,56 m³ - transporte com batelão sem propulsão com capacidade de 100 t - DMT 300 a 600 m","m³",14.66]
[1901609,"Dragagem de material de 1ª categoria com escavadeira hidráulica sobre pontão flutuante - capacidade da caçamba de 1,56 m³ - transporte com batelão sem propulsão com capacidade de 100 t - DMT 600 a 900 m","m³",15.08]
[1901610,"Dragagem de material de 1ª categoria com escavadeira hidráulica sobre pontão flutuante - capacidade da caçamba de 1,56 m³ - transporte com batelão sem propulsão com capacidade de 100 t - DMT 900 a 1.200 m","m³",17.53]
[1901617,"Dragagem de material de 1ª categoria com escavadeira hidráulica sobre pontão flutuante - capacidade da caçamba de 1,56 m³ - transporte com batelão sem propulsão com capacidade de 100 t - DMT de 3.000 m","m³",19.83]
[1917037,"Dragagem de silte com draga hopper - capacidade da cisterna de 1.000 m³ - DMT de 1.500 a 1.800 m","m³",18.06]
[1917038,"Dragagem de silte com draga hopper - capacidade da cisterna de 1.000 m³ - DMT de 1.800 a 2.100 m","m³",18.67]
[1917039,"Dragagem de silte com draga hopper - capacidade da cisterna de 1.000 m³ - DMT de 2.100 a 2.400 m","m³",{"v":19.3,"d":"19.30"}]
[1917040,"Dragagem de silte com draga hopper - capacidade da cisterna de 1.000 m³ - DMT de 2.400 a 2.700 m","m³",19.95]
[1917041,"Dragagem de silte com draga hopper - capacidade da cisterna de 1.000 m³ - DMT de 2.700 a 3.000 m","m³",20.64]
[1917042,"Dragagem de silte com draga hopper - capacidade da cisterna de 1.000 m³ - DMT de 3.000 m","m³",21.01]
[1901619,"Dragagem de silte com draga hopper - capacidade da cisterna de 10.000 m³ - DMT de 1.500 a 1.800 m","m³",9.95]
[1901620,"Dragagem de silte com draga hopper - capacidade da cisterna de 10.000 m³ - DMT de 1.800 a 2.100 m","m³",10.13]
[1901621,"Dragagem de silte com draga hopper - capacidade da cisterna de 10.000 m³ - DMT de 2.100 a 2.400 m","m³",10.32]
[1901622,"Dragagem de silte com draga hopper - capacidade da cisterna de 10.000 m³ - DMT de 2.400 a 2.700 m","m³",10.51]
[1901623,"Dragagem de silte com draga hopper - capacidade da cisterna de 10.000 m³ - DMT de 2.700 a 3.000 m","m³",10.72]
[1901618,"Dragagem de silte com draga hopper - capacidade da cisterna de 10.000 m³ - DMT de 3.000 m","m³",10.83]
[1901625,"Dragagem de silte com draga hopper - capacidade da cisterna de 15.000 m³ - DMT de 1.500 a 1.800 m","m³",11.96]
[1901626,"Dragagem de silte com draga hopper - capacidade da cisterna de 15.000 m³ - DMT de 1.800 a 2.100 m","m³",12.13]
[1901627,"Dragagem de silte com draga hopper - capacidade da cisterna de 15.000 m³ - DMT de 2.100 a 2.400 m","m³",{"v":12.3,"d":"12.30"}]
[1901628,"Dragagem de silte com draga hopper - capacidade da cisterna de 15.000 m³ - DMT de 2.400 a 2.700 m","m³",12.49]
[1901629,"Dragagem de silte com draga hopper - capacidade da cisterna de 15.000 m³ - DMT de 2.700 a 3.000 m","m³",12.68]
[1901624,"Dragagem de silte com draga hopper - capacidade da cisterna de 15.000 m³ - DMT de 3.000 m","m³",12.79]
[1917073,"Dragagem de silte com draga hopper - capacidade da cisterna de 2.000 m³ - DMT de 1.500 a 1.800 m","m³",12.52]
[1917074,"Dragagem de silte com draga hopper - capacidade da cisterna de 2.000 m³ - DMT de 1.800 a 2.100 m","m³",{"v":12.9,"d":"12.90"}]
[1917075,"Dragagem de silte com draga hopper - capacidade da cisterna de 2.000 m³ - DMT de 2.100 a 2.400 m","m³",13.29]
[1917076,"Dragagem de silte com draga hopper - capacidade da cisterna de 2.000 m³ - DMT de 2.400 a 2.700 m","m³",{"v":13.7,"d":"13.70"}]
[1917077,"Dragagem de silte com draga hopper - capacidade da cisterna de 2.000 m³ - DMT de 2.700 a 3.000 m","m³",14.13]
[1917078,"Dragagem de silte com draga hopper - capacidade da cisterna de 2.000 m³ - DMT de 3.000 m","m³",14.36]
[1901631,"Dragagem de silte com draga hopper - capacidade da cisterna de 20.000 m³ - DMT de 1.500 a 1.800 m","m³",{"v":14.1,"d":"14.10"}]
[1901632,"Dragagem de silte com draga hopper - capacidade da cisterna de 20.000 m³ - DMT de 1.800 a 2.100 m","m³",14.27]
[1901633,"Dragagem de silte com draga hopper - capacidade da cisterna de 20.000 m³ - DMT de 2.100 a 2.400 m","m³",14.44]
[1901634,"Dragagem de silte com draga hopper - capacidade da cisterna de 20.000 m³ - DMT de 2.400 a 2.700 m","m³",14.62]
[1901635,"Dragagem de silte com draga hopper - capacidade da cisterna de 20.000 m³ - DMT de 2.700 a 3.000 m","m³",14.81]
[1901630,"Dragagem de silte com draga hopper - capacidade da cisterna de 20.000 m³ - DMT de 3.000 m","m³",14.91]
[1917109,"Dragagem de silte com draga hopper - capacidade da cisterna de 3.000 m³ - DMT de 1.500 a 1.800 m","m³",11.44]
[1917110,"Dragagem de silte com draga hopper - capacidade da cisterna de 3.000 m³ - DMT de 1.800 a 2.100 m","m³",11.75]
[1917111,"Dragagem de silte com draga hopper - capacidade da cisterna de 3.000 m³ - DMT de 2.100 a 2.400 m","m³",12.07]
[1917112,"Dragagem de silte com draga hopper - capacidade da cisterna de 3.000 m³ - DMT de 2.400 a 2.700 m","m³",{"v":12.4,"d":"12.40"}]
[1917113,"Dragagem de silte com draga hopper - capacidade da cisterna de 3.000 m³ - DMT de 2.700 a 3.000 m","m³",12.76]
[1917114,"Dragagem de silte com draga hopper - capacidade da cisterna de 3.000 m³ - DMT de 3.000 m","m³",12.95]
[1917145,"Dragagem de silte com draga hopper - capacidade da cisterna de 4.000 m³ - DMT de 1.500 a 1.800 m","m³",{"v":10.7,"d":"10.70"}]
[1917146,"Dragagem de silte com draga hopper - capacidade da cisterna de 4.000 m³ - DMT de 1.800 a 2.100 m","m³",10.98]
[1917147,"Dragagem de silte com draga hopper - capacidade da cisterna de 4.000 m³ - DMT de 2.100 a 2.400 m","m³",11.26]
[1917148,"Dragagem de silte com draga hopper - capacidade da cisterna de 4.000 m³ - DMT de 2.400 a 2.700 m","m³",11.55]
[1917149,"Dragagem de silte com draga hopper - capacidade da cisterna de 4.000 m³ - DMT de 2.700 a 3.000 m","m³",11.86]
[1917150,"Dragagem de silte com draga hopper - capacidade da cisterna de 4.000 m³ - DMT de 3.000 m","m³",12.03]
[1917181,"Dragagem de silte com draga hopper - capacidade da cisterna de 5.000 m³ - DMT de 1.500 a 1.800 m","m³",{"v":11.1,"d":"11.10"}]
[1917182,"Dragagem de silte com draga hopper - capacidade da cisterna de 5.000 m³ - DMT de 1.800 a 2.100 m","m³",11.35]
[1917183,"Dragagem de silte com draga hopper - capacidade da cisterna de 5.000 m³ - DMT de 2.100 a 2.400 m","m³",{"v":11.6,"d":"11.60"}]
[1917184,"Dragagem de silte com draga hopper - capacidade da cisterna de 5.000 m³ - DMT de 2.400 a 2.700 m","m³",11.86]
[1917185,"Dragagem de silte com draga hopper - capacidade da cisterna de 5.000 m³ - DMT de 2.700 a 3.000 m","m³",12.14]
[1917186,"Dragagem de silte com draga hopper - capacidade da cisterna de 5.000 m³ - DMT de 3.000 m","m³",12.28]
[1917001,"Dragagem de silte com draga hopper - capacidade da cisterna de 750 m³ - DMT de 1.500 a 1.800 m","m³",23.89]
[1917002,"Dragagem de silte com draga hopper - capacidade da cisterna de 750 m³ - DMT de 1.800 a 2.100 m","m³",24.76]
[1917003,"Dragagem de silte com draga hopper - capacidade da cisterna de 750 m³ - DMT de 2.100 a 2.400 m","m³",25.65]
[1917004,"Dragagem de silte com draga hopper - capacidade da cisterna de 750 m³ - DMT de 2.400 a 2.700 m","m³",26.59]
[1917005,"Dragagem de silte com draga hopper - capacidade da cisterna de 750 m³ - DMT de 2.700 a 3.000 m","m³",27.58]
[1917006,"Dragagem de silte com draga hopper - capacidade da cisterna de 750 m³ - DMT de 3.000 m","m³",{"v":28.1,"d":"28.10"}]
[2009619,"Alvenaria de blocos de concreto 19 x 19 x 39 cm com espessura de 20 cm - areia comercial","m²",126.32]
[2009618,"Alvenaria de blocos de concreto 19 x 19 x 39 cm com espessura de 20 cm - areia extraída","m²",124.53]
[2003866,"Aplicação de geotêxtil não-tecido agulhado com resistência à tração longitudinal de 14 kN/m","m²",7.94]
[2003867,"Aplicação de geotêxtil não-tecido agulhado com resistência à tração longitudinal de 31 kN/m","m²",17.05]
[2003622,"Boca de lobo combinada - chapéu e grelha simples - BLC 01 - areia e brita comerciais","un",{"v":2445.69,"d":"2,445.69"}]
[2003621,"Boca de lobo combinada - chapéu e grelha simples - BLC 01 - areia extraída e brita produzida","un",{"v":2341.84,"d":"2,341.84"}]
[2003624,"Boca de lobo combinada - chapéu e grelha simples - BLC 02 - areia e brita comerciais","un",{"v":2857.3,"d":"2,857.30"}]
[2003623,"Boca de lobo combinada - chapéu e grelha simples - BLC 02 - areia extraída e brita produzida","un",{"v":2742.19,"d":"2,742.19"}]
[2003634,"Boca de lobo dupla - grelha de concreto - BLDG 01 - areia e brita comerciais","un",{"v":1821.73,"d":"1,821.73"}]
[2003633,"Boca de lobo dupla - grelha de concreto - BLDG 01 - areia extraída e brita produzida","un",{"v":1717.87,"d":"1,717.87"}]
[2003636,"Boca de lobo dupla - grelha de concreto - BLDG 02 - areia e brita comerciais","un",{"v":2233.34,"d":"2,233.34"}]
[2003635,"Boca de lobo dupla - grelha de concreto - BLDG 02 - areia extraída e brita produzida","un",{"v":2118.22,"d":"2,118.22"}]
[2003638,"Boca de lobo dupla - grelha de concreto - BLDG 03 - areia e brita comerciais","un",{"v":2649.95,"d":"2,649.95"}]
[2003637,"Boca de lobo dupla - grelha de concreto - BLDG 03 - areia extraída e brita produzida","un",{"v":2522.43,"d":"2,522.43"}]
[2003640,"Boca de lobo dupla - grelha de concreto - BLDG 04 - areia e brita comerciais","un",{"v":3061.56,"d":"3,061.56"}]
[2003639,"Boca de lobo dupla - grelha de concreto - BLDG 04 - areia extraída e brita produzida","un",{"v":2922.78,"d":"2,922.78"}]
[2003618,"Boca de lobo simples - BLS 01 - areia e brita comerciais","un",{"v":1014.78,"d":"1,014.78"}]
[2003617,"Boca de lobo simples - BLS 01 - areia extraída e brita produzida","un",957.66]
[2003620,"Boca de lobo simples - BLS 02 - areia e brita comerciais","un",{"v":1266.04,"d":"1,266.04"}]
[2003619,"Boca de lobo simples - BLS 02 - areia extraída e brita produzida","un",{"v":1202.1,"d":"1,202.10"}]
[2003626,"Boca de lobo simples - grelha de concreto - BLSG 01 - areia e brita comerciais","un",944.98]
[2003625,"Boca de lobo simples - grelha de concreto - BLSG 01 - areia extraída e brita produzida","un",887.86]
[2003628,"Boca de lobo simples - grelha de concreto - BLSG 02 - areia e brita comerciais","un",{"v":1196.24,"d":"1,196.24"}]
[2003627,"Boca de lobo simples - grelha de concreto - BLSG 02 - areia extraída e brita produzida","un",{"v":1132.31,"d":"1,132.31"}]
[2003630,"Boca de lobo simples - grelha de concreto - BLSG 03 - areia e brita comerciais","un",{"v":1447.5,"d":"1,447.50"}]
[2003629,"Boca de lobo simples - grelha de concreto - BLSG 03 - areia extraída e brita produzida","un",{"v":1376.75,"d":"1,376.75"}]
[2003632,"Boca de lobo simples - grelha de concreto - BLSG 04 - areia e brita comerciais","un",{"v":1698.76,"d":"1,698.76"}]
[2003631,"Boca de lobo simples - grelha de concreto - BLSG 04 - areia extraída e brita produzida","un",{"v":1621.19,"d":"1,621.19"}]
[2003599,"Boca de saída para dreno longitudinal profundo - BSD 01 - tubo de concreto perfurado - areia e brita comerciais","un",205.29]
[2003598,"Boca de saída para dreno longitudinal profundo - BSD 01 - tubo de concreto perfurado - areia extraída e brita produzida","un",{"v":183.4,"d":"183.40"}]
[2003919,"Boca de saída para dreno longitudinal profundo - BSD 01 - tubo de PEAD - areia e brita comerciais","un",205.29]
[2003918,"Boca de saída para dreno longitudinal profundo - BSD 01 - tubo de PEAD - areia extraída e brita produzida","un",{"v":183.4,"d":"183.40"}]
[2003601,"Boca de saída para dreno longitudinal profundo - BSD 02 - tubo de concreto perfurado - areia e brita comerciais","un",257.75]
[2003600,"Boca de saída para dreno longitudinal profundo - BSD 02 - tubo de concreto perfurado - areia extraída e brita produzida","un",229.12]
[2003921,"Boca de saída para dreno longitudinal profundo - BSD 02 - tubo de PEAD - areia e brita comerciais","un",257.75]
[2003920,"Boca de saída para dreno longitudinal profundo - BSD 02 - tubo de PEAD - areia extraída e brita produzida","un",229.12]
[2003616,"Boca de saída para dreno sub-horizontal em material de 1ª categoria - BSD 04 - areia e brita comerciais","un",22.43]
[2003615,"Boca de saída para dreno sub-horizontal em material de 1ª categoria - BSD 04 - areia extraída e brita produzida","un",19.34]
[2003927,"Boca de saída para dreno sub-horizontal em material de 2ª categoria - BSD 04 - areia e brita comerciais","un",23.36]
[2003926,"Boca de saída para dreno sub-horizontal em material de 2ª categoria - BSD 04 - areia extraída e brita produzida","un",20.27]
[2003613,"Boca de saída para dreno subsuperficial - BSD 03 - areia e brita comerciais","un",146.52]
[2003612,"Boca de saída para dreno subsuperficial - BSD 03 - areia extraída e brita produzida","un",133.05]
[2003477,"Caixa coletora de sarjeta - CCS 01 - com grelha de concreto - TCC 01 - areia e brita comerciais","un",{"v":3936.53,"d":"3,936.53"}]
[2003476,"Caixa coletora de sarjeta - CCS 01 - com grelha de concreto - TCC 01 - areia extraída e brita produzida","un",{"v":3615.14,"d":"3,615.14"}]
[2003517,"Caixa coletora de sarjeta - CCS 01 - com grelha de ferro - TCC 02 - areia e brita comerciais","un",{"v":4242.76,"d":"4,242.76"}]
[2003516,"Caixa coletora de sarjeta - CCS 01 - com grelha de ferro - TCC 02 - areia extraída e brita produzida","un",{"v":3934.08,"d":"3,934.08"}]
[2003479,"Caixa coletora de sarjeta - CCS 02 - com grelha de concreto - TCC 01 - areia e brita comerciais","un",{"v":3890.27,"d":"3,890.27"}]
[2003478,"Caixa coletora de sarjeta - CCS 02 - com grelha de concreto - TCC 01 - areia extraída e brita produzida","un",{"v":3582.91,"d":"3,582.91"}]
[2003519,"Caixa coletora de sarjeta - CCS 02 - com grelha de ferro - TCC 02 - areia e brita comerciais","un",{"v":4196.49,"d":"4,196.49"}]
[2003518,"Caixa coletora de sarjeta - CCS 02 - com grelha de ferro - TCC 02 - areia extraída e brita produzida","un",{"v":3901.84,"d":"3,901.84"}]
[2003481,"Caixa coletora de sarjeta - CCS 03 - com grelha de concreto - TCC 01 - areia e brita comerciais","un",{"v":3844,"d":"3,844.00"}]
[2003480,"Caixa coletora de sarjeta - CCS 03 - com grelha de concreto - TCC 01 - areia extraída e brita produzida","un",{"v":3550.67,"d":"3,550.67"}]
[2003521,"Caixa coletora de sarjeta - CCS 03 - com grelha de ferro - TCC 02 - areia e brita comerciais","un",{"v":4150.23,"d":"4,150.23"}]
[2003520,"Caixa coletora de sarjeta - CCS 03 - com grelha de ferro - TCC 02 - areia extraída e brita produzida","un",{"v":3869.61,"d":"3,869.61"}]
[2003483,"Caixa coletora de sarjeta - CCS 04 - com grelha de concreto - TCC 01 - areia e brita comerciais","un",{"v":3797.73,"d":"3,797.73"}]
[2003482,"Caixa coletora de sarjeta - CCS 04 - com grelha de concreto - TCC 01 - areia extraída e brita produzida","un",{"v":3518.43,"d":"3,518.43"}]
[2003523,"Caixa coletora de sarjeta - CCS 04 - com grelha de ferro - TCC 02 - areia e brita comerciais","un",{"v":4103.96,"d":"4,103.96"}]
[2003522,"Caixa coletora de sarjeta - CCS 04 - com grelha de ferro - TCC 02 - areia extraída e brita produzida","un",{"v":3837.37,"d":"3,837.37"}]
[2003485,"Caixa coletora de sarjeta - CCS 05 - com grelha de concreto - TCC 01 - areia e brita comerciais","un",{"v":5097.73,"d":"5,097.73"}]
[2003484,"Caixa coletora de sarjeta - CCS 05 - com grelha de concreto - TCC 01 - areia extraída e brita produzida","un",{"v":4699.17,"d":"4,699.17"}]
[2003525,"Caixa coletora de sarjeta - CCS 05 - com grelha de ferro - TCC 02 - areia e brita comerciais","un",{"v":5403.96,"d":"5,403.96"}]
[2003524,"Caixa coletora de sarjeta - CCS 05 - com grelha de ferro - TCC 02 - areia extraída e brita produzida","un",{"v":5018.11,"d":"5,018.11"}]
[2003487,"Caixa coletora de sarjeta - CCS 06 - com grelha de concreto - TCC 01 - areia e brita comerciais","un",{"v":5051.47,"d":"5,051.47"}]
[2003486,"Caixa coletora de sarjeta - CCS 06 - com grelha de concreto - TCC 01 - areia extraída e brita produzida","un",{"v":4666.93,"d":"4,666.93"}]
[2003527,"Caixa coletora de sarjeta - CCS 06 - com grelha de ferro - TCC 02 - areia e brita comerciais","un",{"v":5357.69,"d":"5,357.69"}]
[2003526,"Caixa coletora de sarjeta - CCS 06 - com grelha de ferro - TCC 02 - areia extraída e brita produzida","un",{"v":4985.87,"d":"4,985.87"}]
[2003489,"Caixa coletora de sarjeta - CCS 07 - com grelha de concreto - TCC 01 - areia e brita comerciais","un",{"v":5005.2,"d":"5,005.20"}]
[2003488,"Caixa coletora de sarjeta - CCS 07 - com grelha de concreto - TCC 01 - areia extraída e brita produzida","un",{"v":4634.7,"d":"4,634.70"}]
[2003529,"Caixa coletora de sarjeta - CCS 07 - com grelha de ferro - TCC 02 - areia e brita comerciais","un",{"v":5311.42,"d":"5,311.42"}]
[2003528,"Caixa coletora de sarjeta - CCS 07 - com grelha de ferro - TCC 02 - areia extraída e brita produzida","un",{"v":4953.63,"d":"4,953.63"}]
[2003491,"Caixa coletora de sarjeta - CCS 08 - com grelha de concreto - TCC 01 - areia e brita comerciais","un",{"v":4958.93,"d":"4,958.93"}]
[2003490,"Caixa coletora de sarjeta - CCS 08 - com grelha de concreto - TCC 01 - areia extraída e brita produzida","un",{"v":4602.46,"d":"4,602.46"}]
[2003531,"Caixa coletora de sarjeta - CCS 08 - com grelha de ferro - TCC 02 - areia e brita comerciais","un",{"v":5265.16,"d":"5,265.16"}]
[2003530,"Caixa coletora de sarjeta - CCS 08 - com grelha de ferro - TCC 02 - areia extraída e brita produzida","un",{"v":4921.4,"d":"4,921.40"}]
[2003493,"Caixa coletora de sarjeta - CCS 09 - com grelha de concreto - TCC 01 - areia e brita comerciais","un",{"v":6077.88,"d":"6,077.88"}]
[2003492,"Caixa coletora de sarjeta - CCS 09 - com grelha de concreto - TCC 01 - areia extraída e brita produzida","un",{"v":5602.15,"d":"5,602.15"}]
[2003533,"Caixa coletora de sarjeta - CCS 09 - com grelha de ferro - TCC 02 - areia e brita comerciais","un",{"v":6384.11,"d":"6,384.11"}]
[2003532,"Caixa coletora de sarjeta - CCS 09 - com grelha de ferro - TCC 02 - areia extraída e brita produzida","un",{"v":5921.08,"d":"5,921.08"}]
[2003495,"Caixa coletora de sarjeta - CCS 10 - com grelha de concreto - TCC 01 - areia e brita comerciais","un",{"v":6031.61,"d":"6,031.61"}]
[2003494,"Caixa coletora de sarjeta - CCS 10 - com grelha de concreto - TCC 01 - areia extraída e brita produzida","un",{"v":5569.91,"d":"5,569.91"}]
[2003535,"Caixa coletora de sarjeta - CCS 10 - com grelha de ferro - TCC 02 - areia e brita comerciais","un",{"v":6337.84,"d":"6,337.84"}]
[2003534,"Caixa coletora de sarjeta - CCS 10 - com grelha de ferro - TCC 02 - areia extraída e brita produzida","un",{"v":5888.85,"d":"5,888.85"}]
[2003497,"Caixa coletora de sarjeta - CCS 11 - com grelha de concreto - TCC 01 - areia e brita comerciais","un",{"v":5985.35,"d":"5,985.35"}]
[2003496,"Caixa coletora de sarjeta - CCS 11 - com grelha de concreto - TCC 01 - areia extraída e brita produzida","un",{"v":5537.67,"d":"5,537.67"}]
[2003537,"Caixa coletora de sarjeta - CCS 11 - com grelha de ferro - TCC 02 - areia e brita comerciais","un",{"v":6291.57,"d":"6,291.57"}]
[2003536,"Caixa coletora de sarjeta - CCS 11 - com grelha de ferro - TCC 02 - areia extraída e brita produzida","un",{"v":5856.61,"d":"5,856.61"}]
[2003499,"Caixa coletora de sarjeta - CCS 12 - com grelha de concreto - TCC 01 - areia e brita comerciais","un",{"v":5939.08,"d":"5,939.08"}]
[2003498,"Caixa coletora de sarjeta - CCS 12 - com grelha de concreto - TCC 01 - areia extraída e brita produzida","un",{"v":5505.44,"d":"5,505.44"}]
[2003539,"Caixa coletora de sarjeta - CCS 12 - com grelha de ferro - TCC 02 - areia e brita comerciais","un",{"v":6199.04,"d":"6,199.04"}]
[2003538,"Caixa coletora de sarjeta - CCS 12 - com grelha de ferro - TCC 02 - areia extraída e brita produzida","un",{"v":5792.14,"d":"5,792.14"}]
[2003501,"Caixa coletora de sarjeta - CCS 13 - com grelha de concreto - TCC 01 - areia e brita comerciais","un",{"v":7299.65,"d":"7,299.65"}]
[2003500,"Caixa coletora de sarjeta - CCS 13 - com grelha de concreto - TCC 01 - areia extraída e brita produzida","un",{"v":6746.74,"d":"6,746.74"}]
[2003541,"Caixa coletora de sarjeta - CCS 13 - com grelha de ferro - TCC 02 - areia e brita comerciais","un",{"v":7605.87,"d":"7,605.87"}]
[2003540,"Caixa coletora de sarjeta - CCS 13 - com grelha de ferro - TCC 02 - areia extraída e brita produzida","un",{"v":7065.68,"d":"7,065.68"}]
[2003503,"Caixa coletora de sarjeta - CCS 14 - com grelha de concreto - TCC 01 - areia e brita comerciais","un",{"v":7253.38,"d":"7,253.38"}]
[2003502,"Caixa coletora de sarjeta - CCS 14 - com grelha de concreto - TCC 01 - areia extraída e brita produzida","un",{"v":6714.51,"d":"6,714.51"}]
[2003543,"Caixa coletora de sarjeta - CCS 14 - com grelha de ferro - TCC 02 - areia e brita comerciais","un",{"v":7559.61,"d":"7,559.61"}]
[2003542,"Caixa coletora de sarjeta - CCS 14 - com grelha de ferro - TCC 02 - areia extraída e brita produzida","un",{"v":7033.44,"d":"7,033.44"}]
[2003505,"Caixa coletora de sarjeta - CCS 15 - com grelha de concreto - TCC 01 - areia e brita comerciais","un",{"v":7207.11,"d":"7,207.11"}]
[2003504,"Caixa coletora de sarjeta - CCS 15 - com grelha de concreto - TCC 01 - areia extraída e brita produzida","un",{"v":6682.27,"d":"6,682.27"}]
[2003545,"Caixa coletora de sarjeta - CCS 15 - com grelha de ferro - TCC 02 - areia e brita comerciais","un",{"v":7513.34,"d":"7,513.34"}]
[2003544,"Caixa coletora de sarjeta - CCS 15 - com grelha de ferro - TCC 02 - areia extraída e brita produzida","un",{"v":7001.21,"d":"7,001.21"}]
[2003507,"Caixa coletora de sarjeta - CCS 16 - com grelha de concreto - TCC 01 - areia e brita comerciais","un",{"v":7160.85,"d":"7,160.85"}]
[2003506,"Caixa coletora de sarjeta - CCS 16 - com grelha de concreto - TCC 01 - areia extraída e brita produzida","un",{"v":6650.04,"d":"6,650.04"}]
[2003547,"Caixa coletora de sarjeta - CCS 16 - com grelha de ferro - TCC 02 - areia e brita comerciais","un",{"v":7467.07,"d":"7,467.07"}]
[2003546,"Caixa coletora de sarjeta - CCS 16 - com grelha de ferro - TCC 02 - areia extraída e brita produzida","un",{"v":6968.97,"d":"6,968.97"}]
[2003509,"Caixa coletora de sarjeta - CCS 17 - com grelha de concreto - TCC 01 - areia e brita comerciais","un",{"v":8328.11,"d":"8,328.11"}]
[2003508,"Caixa coletora de sarjeta - CCS 17 - com grelha de concreto - TCC 01 - areia extraída e brita produzida","un",{"v":7698.04,"d":"7,698.04"}]
[2003549,"Caixa coletora de sarjeta - CCS 17 - com grelha de ferro - TCC 02 - areia e brita comerciais","un",{"v":8634.34,"d":"8,634.34"}]
[2003548,"Caixa coletora de sarjeta - CCS 17 - com grelha de ferro - TCC 02 - areia extraída e brita produzida","un",{"v":8016.98,"d":"8,016.98"}]
[2003511,"Caixa coletora de sarjeta - CCS 18 - com grelha de concreto - TCC 01 - areia e brita comerciais","un",{"v":8281.85,"d":"8,281.85"}]
[2003510,"Caixa coletora de sarjeta - CCS 18 - com grelha de concreto - TCC 01 - areia extraída e brita produzida","un",{"v":7665.8,"d":"7,665.80"}]
[2003551,"Caixa coletora de sarjeta - CCS 18 - com grelha de ferro - TCC 02 - areia e brita comerciais","un",{"v":8588.07,"d":"8,588.07"}]
[2003550,"Caixa coletora de sarjeta - CCS 18 - com grelha de ferro - TCC 02 - areia extraída e brita produzida","un",{"v":7984.74,"d":"7,984.74"}]
[2003513,"Caixa coletora de sarjeta - CCS 19 - com grelha de concreto - TCC 01 - areia e brita comerciais","un",{"v":8235.58,"d":"8,235.58"}]
[2003512,"Caixa coletora de sarjeta - CCS 19 - com grelha de concreto - TCC 01 - areia extraída e brita produzida","un",{"v":7633.57,"d":"7,633.57"}]
[2003553,"Caixa coletora de sarjeta - CCS 19 - com grelha de ferro - TCC 02 - areia e brita comerciais","un",{"v":8541.81,"d":"8,541.81"}]
[2003552,"Caixa coletora de sarjeta - CCS 19 - com grelha de ferro - TCC 02 - areia extraída e brita produzida","un",{"v":7952.5,"d":"7,952.50"}]
[2003515,"Caixa coletora de sarjeta - CCS 20 - com grelha de concreto - TCC 01 - areia e brita comerciais","un",{"v":8189.31,"d":"8,189.31"}]
[2003514,"Caixa coletora de sarjeta - CCS 20 - com grelha de concreto - TCC 01 - areia extraída e brita produzida","un",{"v":7601.33,"d":"7,601.33"}]
[2003555,"Caixa coletora de sarjeta - CCS 20 - com grelha de ferro - TCC 02 - areia e brita comerciais","un",{"v":8495.54,"d":"8,495.54"}]
[2003554,"Caixa coletora de sarjeta - CCS 20 - com grelha de ferro - TCC 02 - areia extraída e brita produzida","un",{"v":7920.27,"d":"7,920.27"}]
[2003728,"Caixa coletora de talvegue - CCT 01 - areia e brita comerciais","un",{"v":3661.77,"d":"3,661.77"}]
[2003727,"Caixa coletora de talvegue - CCT 01 - areia extraída e brita produzida","un",{"v":3344.67,"d":"3,344.67"}]
[2003730,"Caixa coletora de talvegue - CCT 02 - areia e brita comerciais","un",{"v":3615.51,"d":"3,615.51"}]
[2003729,"Caixa coletora de talvegue - CCT 02 - areia extraída e brita produzida","un",{"v":3312.44,"d":"3,312.44"}]
[2003732,"Caixa coletora de talvegue - CCT 03 - areia e brita comerciais","un",{"v":3573.87,"d":"3,573.87"}]
[2003731,"Caixa coletora de talvegue - CCT 03 - areia extraída e brita produzida","un",{"v":3283.42,"d":"3,283.42"}]
[2003734,"Caixa coletora de talvegue - CCT 04 - areia e brita comerciais","un",{"v":3522.97,"d":"3,522.97"}]
[2003733,"Caixa coletora de talvegue - CCT 04 - areia extraída e brita produzida","un",{"v":3247.96,"d":"3,247.96"}]
[2003736,"Caixa coletora de talvegue - CCT 05 - areia e brita comerciais","un",{"v":4822.97,"d":"4,822.97"}]
[2003735,"Caixa coletora de talvegue - CCT 05 - areia extraída e brita produzida","un",{"v":4428.7,"d":"4,428.70"}]
[2003738,"Caixa coletora de talvegue - CCT 06 - areia e brita comerciais","un",{"v":4776.7,"d":"4,776.70"}]
[2003737,"Caixa coletora de talvegue - CCT 06 - areia extraída e brita produzida","un",{"v":4396.46,"d":"4,396.46"}]
[2003740,"Caixa coletora de talvegue - CCT 07 - areia e brita comerciais","un",{"v":4735.06,"d":"4,735.06"}]
[2003739,"Caixa coletora de talvegue - CCT 07 - areia extraída e brita produzida","un",{"v":4367.45,"d":"4,367.45"}]
[2003742,"Caixa coletora de talvegue - CCT 08 - areia e brita comerciais","un",{"v":4869.24,"d":"4,869.24"}]
[2003741,"Caixa coletora de talvegue - CCT 08 - areia extraída e brita produzida","un",{"v":4460.94,"d":"4,460.94"}]
[2003744,"Caixa coletora de talvegue - CCT 09 - areia e brita comerciais","un",{"v":5803.12,"d":"5,803.12"}]
[2003743,"Caixa coletora de talvegue - CCT 09 - areia extraída e brita produzida","un",{"v":5331.68,"d":"5,331.68"}]
[2003746,"Caixa coletora de talvegue - CCT 10 - areia e brita comerciais","un",{"v":5756.85,"d":"5,756.85"}]
[2003745,"Caixa coletora de talvegue - CCT 10 - areia extraída e brita produzida","un",{"v":5299.44,"d":"5,299.44"}]
[2003748,"Caixa coletora de talvegue - CCT 11 - areia e brita comerciais","un",{"v":5715.21,"d":"5,715.21"}]
[2003747,"Caixa coletora de talvegue - CCT 11 - areia extraída e brita produzida","un",{"v":5270.43,"d":"5,270.43"}]
[2003750,"Caixa coletora de talvegue - CCT 12 - areia e brita comerciais","un",{"v":5664.32,"d":"5,664.32"}]
[2003749,"Caixa coletora de talvegue - CCT 12 - areia extraída e brita produzida","un",{"v":5234.97,"d":"5,234.97"}]
[2003752,"Caixa coletora de talvegue - CCT 13 - areia e brita comerciais","un",{"v":7024.89,"d":"7,024.89"}]
[2003751,"Caixa coletora de talvegue - CCT 13 - areia extraída e brita produzida","un",{"v":6476.27,"d":"6,476.27"}]
[2003754,"Caixa coletora de talvegue - CCT 14 - areia e brita comerciais","un",{"v":6978.62,"d":"6,978.62"}]
[2003753,"Caixa coletora de talvegue - CCT 14 - areia extraída e brita produzida","un",{"v":6444.04,"d":"6,444.04"}]
[2003756,"Caixa coletora de talvegue - CCT 15 - areia e brita comerciais","un",{"v":6936.98,"d":"6,936.98"}]
[2003755,"Caixa coletora de talvegue - CCT 15 - areia extraída e brita produzida","un",{"v":6415.03,"d":"6,415.03"}]
[2003758,"Caixa coletora de talvegue - CCT 16 - areia e brita comerciais","un",{"v":6886.08,"d":"6,886.08"}]
[2003757,"Caixa coletora de talvegue - CCT 16 - areia extraída e brita produzida","un",{"v":6379.57,"d":"6,379.57"}]
[2003760,"Caixa coletora de talvegue - CCT 17 - areia e brita comerciais","un",{"v":7035.48,"d":"7,035.48"}]
[2003759,"Caixa coletora de talvegue - CCT 17 - areia extraída e brita produzida","un",{"v":6718.38,"d":"6,718.38"}]
[2003762,"Caixa coletora de talvegue - CCT 18 - areia e brita comerciais","un",{"v":8007.09,"d":"8,007.09"}]
[2003761,"Caixa coletora de talvegue - CCT 18 - areia extraída e brita produzida","un",{"v":7395.33,"d":"7,395.33"}]
[2003764,"Caixa coletora de talvegue - CCT 19 - areia e brita comerciais","un",{"v":7965.45,"d":"7,965.45"}]
[2003763,"Caixa coletora de talvegue - CCT 19 - areia extraída e brita produzida","un",{"v":7366.32,"d":"7,366.32"}]
[2003766,"Caixa coletora de talvegue - CCT 20 - areia e brita comerciais","un",{"v":7914.55,"d":"7,914.55"}]
[2003765,"Caixa coletora de talvegue - CCT 20 - areia extraída e brita produzida","un",{"v":7330.86,"d":"7,330.86"}]
[2003642,"Caixa de ligação e passagem - CLP 01 - areia e brita comerciais","un",{"v":1612.56,"d":"1,612.56"}]
[2003641,"Caixa de ligação e passagem - CLP 01 - areia extraída e brita produzida","un",{"v":1414.73,"d":"1,414.73"}]
[2003644,"Caixa de ligação e passagem - CLP 02 - areia e brita comerciais","un",{"v":1584.8,"d":"1,584.80"}]
[2003643,"Caixa de ligação e passagem - CLP 02 - areia extraída e brita produzida","un",{"v":1395.38,"d":"1,395.38"}]
[2003646,"Caixa de ligação e passagem - CLP 03 - areia e brita comerciais","un",{"v":2170.51,"d":"2,170.51"}]
[2003645,"Caixa de ligação e passagem - CLP 03 - areia extraída e brita produzida","un",{"v":1898.31,"d":"1,898.31"}]
[2003648,"Caixa de ligação e passagem - CLP 04 - areia e brita comerciais","un",{"v":2797.66,"d":"2,797.66"}]
[2003647,"Caixa de ligação e passagem - CLP 04 - areia extraída e brita produzida","un",{"v":2455.31,"d":"2,455.31"}]
[2003650,"Caixa de ligação e passagem - CLP 05 - areia e brita comerciais","un",{"v":3332.92,"d":"3,332.92"}]
[2003649,"Caixa de ligação e passagem - CLP 05 - areia extraída e brita produzida","un",{"v":2937.24,"d":"2,937.24"}]
[2003652,"Caixa de ligação e passagem - CLP 06 - areia e brita comerciais","un",{"v":4279.71,"d":"4,279.71"}]
[2003651,"Caixa de ligação e passagem - CLP 06 - areia extraída e brita produzida","un",{"v":3801.25,"d":"3,801.25"}]
[2003654,"Caixa de ligação e passagem - CLP 07 - areia e brita comerciais","un",{"v":1926.56,"d":"1,926.56"}]
[2003653,"Caixa de ligação e passagem - CLP 07 - areia extraída e brita produzida","un",{"v":1690.84,"d":"1,690.84"}]
[2003656,"Caixa de ligação e passagem - CLP 08 - areia e brita comerciais","un",{"v":1894.17,"d":"1,894.17"}]
[2003655,"Caixa de ligação e passagem - CLP 08 - areia extraída e brita produzida","un",{"v":1668.27,"d":"1,668.27"}]
[2003658,"Caixa de ligação e passagem - CLP 09 - areia e brita comerciais","un",{"v":2531.17,"d":"2,531.17"}]
[2003657,"Caixa de ligação e passagem - CLP 09 - areia extraída e brita produzida","un",{"v":2212.67,"d":"2,212.67"}]
[2003660,"Caixa de ligação e passagem - CLP 10 - areia e brita comerciais","un",{"v":3182.71,"d":"3,182.71"}]
[2003659,"Caixa de ligação e passagem - CLP 10 - areia extraída e brita produzida","un",{"v":2791.24,"d":"2,791.24"}]
[2003662,"Caixa de ligação e passagem - CLP 11 - areia e brita comerciais","un",{"v":3746.97,"d":"3,746.97"}]
[2003661,"Caixa de ligação e passagem - CLP 11 - areia extraída e brita produzida","un",{"v":3297.97,"d":"3,297.97"}]
[2003664,"Caixa de ligação e passagem - CLP 12 - areia e brita comerciais","un",{"v":4629.74,"d":"4,629.74"}]
[2003663,"Caixa de ligação e passagem - CLP 12 - areia extraída e brita produzida","un",{"v":4093.76,"d":"4,093.76"}]
[2003666,"Caixa de ligação e passagem - CLP 13 - areia e brita comerciais","un",{"v":2245.18,"d":"2,245.18"}]
[2003665,"Caixa de ligação e passagem - CLP 13 - areia extraída e brita produzida","un",{"v":1970.17,"d":"1,970.17"}]
[2003668,"Caixa de ligação e passagem - CLP 14 - areia e brita comerciais","un",{"v":2217.42,"d":"2,217.42"}]
[2003667,"Caixa de ligação e passagem - CLP 14 - areia extraída e brita produzida","un",{"v":1950.83,"d":"1,950.83"}]
[2003670,"Caixa de ligação e passagem - CLP 15 - areia e brita comerciais","un",{"v":2905.71,"d":"2,905.71"}]
[2003669,"Caixa de ligação e passagem - CLP 15 - areia extraída e brita produzida","un",{"v":2536.7,"d":"2,536.70"}]
[2003672,"Caixa de ligação e passagem - CLP 16 - areia e brita comerciais","un",{"v":3590.88,"d":"3,590.88"}]
[2003671,"Caixa de ligação e passagem - CLP 16 - areia extraída e brita produzida","un",{"v":3143.29,"d":"3,143.29"}]
[2003674,"Caixa de ligação e passagem - CLP 17 - areia e brita comerciais","un",{"v":4179.52,"d":"4,179.52"}]
[2003673,"Caixa de ligação e passagem - CLP 17 - areia extraída e brita produzida","un",{"v":3671.6,"d":"3,671.60"}]
[2003676,"Caixa de ligação e passagem - CLP 18 - areia e brita comerciais","un",{"v":5108.12,"d":"5,108.12"}]
[2003675,"Caixa de ligação e passagem - CLP 18 - areia extraída e brita produzida","un",{"v":4506.19,"d":"4,506.19"}]
[2003854,"Camada drenante para proteção de muros de contenção - areia comercial","m³",{"v":123.6,"d":"123.60"}]
[2003855,"Camada drenante para proteção de muros de contenção - areia extraída","m³",17.57]
[2003856,"Camada drenante para proteção de muros de contenção - brita comercial","m³",171.13]
[2003857,"Camada drenante para proteção de muros de contenção - brita produzida","m³",69.21]
[2019782,"Canal em polietileno e polipropileno com efeito autolimpante e abertura de captação em ferro fundido dúctil - carga de controle de 900 kN - 100,0 x 21,0 x 57,9 cm - fornecimento e instalação em pavimento de asfalto","m",{"v":1172.5,"d":"1,172.50"}]
[2019783,"Canal em polietileno e polipropileno com efeito autolimpante e abertura de captação em ferro fundido dúctil - carga de controle de 900 kN - 100,0 x 25,2 x 66,5 cm - fornecimento e instalação em pavimento de asfalto","m",{"v":1830.09,"d":"1,830.09"}]
[2019784,"Canal em polietileno e polipropileno com efeito autolimpante e abertura de captação em ferro fundido dúctil - carga de controle de 900 kN - 100,0 x 42,0 x 95,0 cm - fornecimento e instalação em pavimento de asfalto","m",{"v":2360.44,"d":"2,360.44"}]
[2019785,"Canal em polietileno e polipropileno com efeito autolimpante e abertura de captação em ferro fundido dúctil - carga de controle de 900 kN - 114,2 x 78,0 x 106,0 cm - fornecimento e instalação em pavimento de asfalto","m",{"v":3134.55,"d":"3,134.55"}]
[2019776,"Canal em polietileno e polipropileno com efeito autolimpante e grelha de encaixe em ferro fundido dúctil - carga de controle de 400 kN - 100,0 x 14,7 x 18,6 cm - fornecimento e instalação em pavimento de asfalto","m",531.28]
[2019777,"Canal em polietileno e polipropileno com efeito autolimpante e grelha de encaixe em ferro fundido dúctil - carga de controle de 400 kN - 100,0 x 24,7 x 23,6 cm - fornecimento e instalação em pavimento de asfalto","m",{"v":1371.74,"d":"1,371.74"}]
[2019778,"Canal em polietileno e polipropileno com efeito autolimpante e grelha de encaixe em ferro fundido dúctil - carga de controle de 400 kN - 100,0 x 34,9 x 29,4 cm - fornecimento e instalação em pavimento de asfalto","m",{"v":2279.54,"d":"2,279.54"}]
[2019779,"Canal em polietileno e polipropileno com efeito autolimpante e grelha de encaixe em ferro fundido dúctil - carga de controle de 600 kN - 100,0 x 16,0 x 15,0 cm - fornecimento e instalação em pavimento de asfalto","m",811.57]
[2019780,"Canal em polietileno e polipropileno com efeito autolimpante e grelha de encaixe em ferro fundido dúctil - carga de controle de 600 kN - 100,0 x 21,2 x 21,0 cm - fornecimento e instalação em pavimento de asfalto","m",991.11]
[2019781,"Canal em polietileno e polipropileno com efeito autolimpante e grelha de encaixe em ferro fundido dúctil - carga de controle de 600 kN - 100,0 x 26,2 x 20,0 cm - fornecimento e instalação em pavimento de asfalto","m",{"v":1248.09,"d":"1,248.09"}]
[2019773,"Canal em polietileno e polipropileno com efeito autolimpante e grelha de encaixe em poliamida reforçada - carga de controle de 250 kN - 100,0 x 16,0 x 15,0 cm - fornecimento e instalação em pavimento de asfalto","m",353.15]
[2019774,"Canal em polietileno e polipropileno com efeito autolimpante e grelha de encaixe em poliamida reforçada - carga de controle de 250 kN - 100,0 x 16,0 x 20,0 cm - fornecimento e instalação em pavimento de asfalto","m",378.01]
[2019775,"Canal em polietileno e polipropileno com efeito autolimpante e grelha de encaixe em poliamida reforçada - carga de controle de 250 kN - 100,0 x 16,0 x 7,5 cm - fornecimento e instalação em pavimento de asfalto","m",327.66]
[2019755,"Canal monobloco com corpo e grelha em concreto polímero com efeito autolimpante - carga de controle de 400 kN - 100,0 x 15,0 x 23,0 cm - fornecimento e instalação em pavimento de asfalto","m",438.03]
[2019764,"Canal monobloco com corpo e grelha em concreto polímero com efeito autolimpante - carga de controle de 400 kN - 100,0 x 15,0 x 23,0 cm - fornecimento e instalação em pavimento de concreto","m",463.05]
[2019756,"Canal monobloco com corpo e grelha em concreto polímero com efeito autolimpante - carga de controle de 400 kN - 100,0 x 25,0 x 32,0 cm - fornecimento e instalação em pavimento de asfalto","m",793.65]
[2019765,"Canal monobloco com corpo e grelha em concreto polímero com efeito autolimpante - carga de controle de 400 kN - 100,0 x 25,0 x 32,0 cm - fornecimento e instalação em pavimento de concreto","m",818.66]
[2019757,"Canal monobloco com corpo e grelha em concreto polímero com efeito autolimpante - carga de controle de 900 kN - 100,0 x 16,0 x 26,5 cm - fornecimento e instalação em pavimento de asfalto","m",816.81]
[2019766,"Canal monobloco com corpo e grelha em concreto polímero com efeito autolimpante - carga de controle de 900 kN - 100,0 x 16,0 x 26,5 cm - fornecimento e instalação em pavimento de concreto","m",877.36]
[2019758,"Canal monobloco com corpo e grelha em concreto polímero com efeito autolimpante - carga de controle de 900 kN - 100,0 x 21,0 x 28,0 cm - fornecimento e instalação em pavimento de asfalto","m",739.66]
[2019767,"Canal monobloco com corpo e grelha em concreto polímero com efeito autolimpante - carga de controle de 900 kN - 100,0 x 21,0 x 28,0 cm - fornecimento e instalação em pavimento de concreto","m",{"v":800.7,"d":"800.70"}]
[2019759,"Canal monobloco com corpo e grelha em concreto polímero com efeito autolimpante - carga de controle de 900 kN - 100,0 x 21,0 x 38,0 cm - fornecimento e instalação em pavimento de asfalto","m",812.12]
[2019768,"Canal monobloco com corpo e grelha em concreto polímero com efeito autolimpante - carga de controle de 900 kN - 100,0 x 21,0 x 38,0 cm - fornecimento e instalação em pavimento de concreto","m",882.83]
[2019760,"Canal monobloco com corpo e grelha em concreto polímero com efeito autolimpante - carga de controle de 900 kN - 100,0 x 21,0 x 48,0 cm - fornecimento e instalação em pavimento de asfalto","m",{"v":1272.95,"d":"1,272.95"}]
[2019769,"Canal monobloco com corpo e grelha em concreto polímero com efeito autolimpante - carga de controle de 900 kN - 100,0 x 21,0 x 48,0 cm - fornecimento e instalação em pavimento de concreto","m",{"v":1353.33,"d":"1,353.33"}]
[2019761,"Canal monobloco com corpo e grelha em concreto polímero com efeito autolimpante - carga de controle de 900 kN - 100,0 x 26,0 x 33,0 cm - fornecimento e instalação em pavimento de asfalto","m",974.21]
[2019770,"Canal monobloco com corpo e grelha em concreto polímero com efeito autolimpante - carga de controle de 900 kN - 100,0 x 26,0 x 33,0 cm - fornecimento e instalação em pavimento de concreto","m",{"v":1040.08,"d":"1,040.08"}]
[2019762,"Canal monobloco com corpo e grelha em concreto polímero com efeito autolimpante - carga de controle de 900 kN - 100,0 x 26,0 x 53,0 cm - fornecimento e instalação em pavimento de asfalto","m",{"v":1162.56,"d":"1,162.56"}]
[2019771,"Canal monobloco com corpo e grelha em concreto polímero com efeito autolimpante - carga de controle de 900 kN - 100,0 x 26,0 x 53,0 cm - fornecimento e instalação em pavimento de concreto","m",{"v":1247.78,"d":"1,247.78"}]
[2019763,"Canal monobloco com corpo e grelha em concreto polímero com efeito autolimpante - carga de controle de 900 kN - 200,0 x 40,0 x 59,5 cm - fornecimento e instalação em pavimento de asfalto","m",{"v":4705.27,"d":"4,705.27"}]
[2019772,"Canal monobloco com corpo e grelha em concreto polímero com efeito autolimpante - carga de controle de 900 kN - 200,0 x 40,0 x 59,5 cm - fornecimento e instalação em pavimento de concreto","m",{"v":4789.03,"d":"4,789.03"}]
[2003811,"Canaleta de concreto - CAU 01 - seção de 20 x 20 cm - espessura de 10 cm - apoiada em toda a extensão","m",140.26]
[2003812,"Canaleta de concreto - CAU 02 - seção de 25 x 25 cm - espessura de 10 cm - apoiada em toda a extensão","m",166.01]
[2003813,"Canaleta de concreto - CAU 03 - seção de 30 x 30 cm - espessura de 10 cm - apoiada em toda a extensão","m",198.29]
[2003814,"Canaleta de concreto - CAU 04 - seção de 35 x 35 cm - espessura de 10 cm - apoiada em toda a extensão","m",226.21]
[2003815,"Canaleta de concreto - CAU 05 - seção de 40 x 40 cm - espessura de 10 cm - apoiada em toda a extensão","m",254.13]
[2003816,"Canaleta de concreto - CAU 06 - seção de 50 x 50 cm - espessura de 10 cm - apoiada em toda a extensão","m",314.33]
[2003817,"Canaleta de concreto - CAU 07 - seção de 60 x 60 cm - espessura de 10 cm - apoiada em toda a extensão","m",368.01]
[2003799,"Canaleta meia cana D = 0,30 m assente sobre lastro de areia - areia e brita comerciais - fornecimento e instalação","m",62.66]
[2003798,"Canaleta meia cana D = 0,30 m assente sobre lastro de areia - areia extraída e brita produzida - fornecimento e instalação","m",54.09]
[2003801,"Canaleta meia cana D = 0,40 m assente sobre lastro de areia - areia e brita comerciais - fornecimento e instalação","m",79.17]
[2003800,"Canaleta meia cana D = 0,40 m assente sobre lastro de areia - areia extraída e brita produzida - fornecimento e instalação","m",67.07]
[2003714,"Chaminé dos poços de visita - CPV 01 - areia e brita comerciais","un",{"v":1553.46,"d":"1,553.46"}]
[2003713,"Chaminé dos poços de visita - CPV 01 - areia extraída e brita produzida","un",{"v":1512.83,"d":"1,512.83"}]
[2003716,"Chaminé dos poços de visita - CPV 02 - areia e brita comerciais","un",{"v":1829.32,"d":"1,829.32"}]
[2003715,"Chaminé dos poços de visita - CPV 02 - areia extraída e brita produzida","un",{"v":1782.29,"d":"1,782.29"}]
[2003718,"Chaminé dos poços de visita - CPV 03 - areia e brita comerciais","un",{"v":2098.92,"d":"2,098.92"}]
[2003717,"Chaminé dos poços de visita - CPV 03 - areia extraída e brita produzida","un",{"v":2046.66,"d":"2,046.66"}]
[2003720,"Chaminé dos poços de visita - CPV 04 - areia e brita comerciais","un",{"v":2374.74,"d":"2,374.74"}]
[2003719,"Chaminé dos poços de visita - CPV 04 - areia extraída e brita produzida","un",{"v":2316.08,"d":"2,316.08"}]
[2003722,"Chaminé dos poços de visita - CPV 05 - areia e brita comerciais","un",{"v":2644.34,"d":"2,644.34"}]
[2003721,"Chaminé dos poços de visita - CPV 05 - areia extraída e brita produzida","un",{"v":2580.44,"d":"2,580.44"}]
[2003724,"Chaminé dos poços de visita - CPV 06 - areia e brita comerciais","un",{"v":2920.21,"d":"2,920.21"}]
[2003723,"Chaminé dos poços de visita - CPV 06 - areia extraída e brita produzida","un",{"v":2849.91,"d":"2,849.91"}]
[2003726,"Chaminé dos poços de visita - CPV 07 - areia e brita comerciais","un",{"v":3189.8,"d":"3,189.80"}]
[2003725,"Chaminé dos poços de visita - CPV 07 - areia extraída e brita produzida","un",{"v":3114.27,"d":"3,114.27"}]
[2003859,"Colchão drenante com espalhamento e compactação mecânicos - brita produzida","m³",65.63]
[2003861,"Coluna drenante D = 20 cm - areia comercial","m",26.73]
[2003862,"Coluna drenante D = 20 cm - areia extraída","m",{"v":23.7,"d":"23.70"}]
[2003405,"Descida d'água de aterros em degraus - DAD 01 - areia e brita comerciais","m",222.51]
[2003404,"Descida d'água de aterros em degraus - DAD 01 - areia extraída e brita produzida","m",186.03]
[2003407,"Descida d'água de aterros em degraus - DAD 02 - areia e brita comerciais","m",283.56]
[2003406,"Descida d'água de aterros em degraus - DAD 02 - areia extraída e brita produzida","m",247.08]
[2003409,"Descida d'água de aterros em degraus - DAD 03 - areia e brita comerciais","m",471.65]
[2003408,"Descida d'água de aterros em degraus - DAD 03 - areia extraída e brita produzida","m",388.87]
[2003411,"Descida d'água de aterros em degraus - DAD 04 - areia e brita comerciais","m",640.64]
[2003410,"Descida d'água de aterros em degraus - DAD 04 - areia extraída e brita produzida","m",557.86]
[2003413,"Descida d'água de aterros em degraus - DAD 05 - areia e brita comerciais","m",660.78]
[2003412,"Descida d'água de aterros em degraus - DAD 05 - areia extraída e brita produzida","m",545.72]
[2003415,"Descida d'água de aterros em degraus - DAD 06 - areia e brita comerciais","m",863.26]
[2003414,"Descida d'água de aterros em degraus - DAD 06 - areia extraída e brita produzida","m",748.21]
[2003417,"Descida d'água de aterros em degraus - DAD 07 - areia e brita comerciais","m",860.45]
[2003416,"Descida d'água de aterros em degraus - DAD 07 - areia extraída e brita produzida","m",710.32]
[2003419,"Descida d'água de aterros em degraus - DAD 08 - areia e brita comerciais","m",{"v":1097.69,"d":"1,097.69"}]
[2003418,"Descida d'água de aterros em degraus - DAD 08 - areia extraída e brita produzida","m",947.56]
[2003421,"Descida d'água de aterros em degraus - DAD 09 - areia e brita comerciais","m",{"v":1085.65,"d":"1,085.65"}]
[2003420,"Descida d'água de aterros em degraus - DAD 09 - areia extraída e brita produzida","m",897.64]
[2003423,"Descida d'água de aterros em degraus - DAD 10 - areia e brita comerciais","m",{"v":1350.31,"d":"1,350.31"}]
[2003422,"Descida d'água de aterros em degraus - DAD 10 - areia extraída e brita produzida","m",{"v":1162.29,"d":"1,162.29"}]
[2003425,"Descida d'água de aterros em degraus - DAD 11 - areia e brita comerciais","m",{"v":1413.92,"d":"1,413.92"}]
[2003424,"Descida d'água de aterros em degraus - DAD 11 - areia extraída e brita produzida","m",{"v":1169.78,"d":"1,169.78"}]
[2003427,"Descida d'água de aterros em degraus - DAD 12 - areia e brita comerciais","m",{"v":1764.06,"d":"1,764.06"}]
[2003426,"Descida d'água de aterros em degraus - DAD 12 - areia extraída e brita produzida","m",{"v":1519.92,"d":"1,519.92"}]
[2003429,"Descida d'água de aterros em degraus - DAD 13 - areia e brita comerciais","m",{"v":1780.09,"d":"1,780.09"}]
[2003428,"Descida d'água de aterros em degraus - DAD 13 - areia extraída e brita produzida","m",{"v":1460.18,"d":"1,460.18"}]
[2003431,"Descida d'água de aterros em degraus - DAD 14 - areia e brita comerciais","m",{"v":2104.51,"d":"2,104.51"}]
[2003430,"Descida d'água de aterros em degraus - DAD 14 - areia extraída e brita produzida","m",{"v":1784.61,"d":"1,784.61"}]
[2003433,"Descida d'água de aterros em degraus - DAD 15 - areia e brita comerciais","m",{"v":2297.75,"d":"2,297.75"}]
[2003432,"Descida d'água de aterros em degraus - DAD 15 - areia extraída e brita produzida","m",{"v":1888.04,"d":"1,888.04"}]
[2003435,"Descida d'água de aterros em degraus - DAD 16 - areia e brita comerciais","m",{"v":2677.14,"d":"2,677.14"}]
[2003434,"Descida d'água de aterros em degraus - DAD 16 - areia extraída e brita produzida","m",{"v":2267.43,"d":"2,267.43"}]
[2003437,"Descida d'água de aterros em degraus - DAD 17 - areia e brita comerciais","m",{"v":3116.47,"d":"3,116.47"}]
[2003436,"Descida d'água de aterros em degraus - DAD 17 - areia extraída e brita produzida","m",{"v":2565.05,"d":"2,565.05"}]
[2003439,"Descida d'água de aterros em degraus - DAD 18 - areia e brita comerciais","m",{"v":3591.52,"d":"3,591.52"}]
[2003438,"Descida d'água de aterros em degraus - DAD 18 - areia extraída e brita produzida","m",{"v":3040.1,"d":"3,040.10"}]
[2003389,"Descida d'água de aterros tipo rápido - DAR 01 - areia e brita comerciais","m",269.22]
[2003388,"Descida d'água de aterros tipo rápido - DAR 01 - areia extraída e brita produzida","m",244.67]
[2003391,"Descida d'água de aterros tipo rápido - DAR 02 - areia e brita comerciais","m",162.05]
[2003390,"Descida d'água de aterros tipo rápido - DAR 02 - areia extraída e brita produzida","m",142.83]
[2003393,"Descida d'água de aterros tipo rápido - DAR 03 - areia e brita comerciais","m",235.75]
[2003392,"Descida d'água de aterros tipo rápido - DAR 03 - areia extraída e brita produzida","m",216.53]
[2003395,"Descida d'água de aterros tipo rápido - DAR 04 - areia e brita comerciais","m",685.83]
[2003394,"Descida d'água de aterros tipo rápido - DAR 04 - areia extraída e brita produzida","m",683.03]
[2003397,"Descida d'água de cortes em degraus - DCD 01 - areia e brita comerciais","m",532.02]
[2003396,"Descida d'água de cortes em degraus - DCD 01 - areia extraída e brita produzida","m",482.91]
[2003399,"Descida d'água de cortes em degraus - DCD 02 - areia e brita comerciais","m",681.37]
[2003398,"Descida d'água de cortes em degraus - DCD 02 - areia extraída e brita produzida","m",632.27]
[2003401,"Descida d'água de cortes em degraus - DCD 03 - areia e brita comerciais","m",602.07]
[2003400,"Descida d'água de cortes em degraus - DCD 03 - areia extraída e brita produzida","m",543.14]
[2003403,"Descida d'água de cortes em degraus - DCD 04 - areia e brita comerciais","m",759.48]
[2003402,"Descida d'água de cortes em degraus - DCD 04 - areia extraída e brita produzida","m",700.55]
[2003448,"Dissipador de energia - DEB 01 - areia extraída e brita e pedra de mão produzidas","un",388.68]
[2003449,"Dissipador de energia - DEB 01 - areia, brita e pedra de mão comerciais","un",467.57]
[2003450,"Dissipador de energia - DEB 02 - areia extraída e brita e pedra de mão produzidas","un",398.92]
[2003451,"Dissipador de energia - DEB 02 - areia, brita e pedra de mão comerciais","un",481.56]
[2003452,"Dissipador de energia - DEB 03 - areia extraída e brita e pedra de mão produzidas","un",{"v":1227.78,"d":"1,227.78"}]
[2003453,"Dissipador de energia - DEB 03 - areia, brita e pedra de mão comerciais","un",{"v":1478.81,"d":"1,478.81"}]
[2003454,"Dissipador de energia - DEB 04 - areia extraída e brita e pedra de mão produzidas","un",{"v":1725.4,"d":"1,725.40"}]
[2003455,"Dissipador de energia - DEB 04 - areia, brita e pedra de mão comerciais","un",{"v":2116.14,"d":"2,116.14"}]
[2003456,"Dissipador de energia - DEB 05 - areia extraída e brita e pedra de mão produzidas","un",{"v":2297.5,"d":"2,297.50"}]
[2003457,"Dissipador de energia - DEB 05 - areia, brita e pedra de mão comerciais","un",{"v":2857.58,"d":"2,857.58"}]
[2003458,"Dissipador de energia - DEB 06 - areia extraída e brita e pedra de mão produzidas","un",{"v":2908.48,"d":"2,908.48"}]
[2003459,"Dissipador de energia - DEB 06 - areia, brita e pedra de mão comerciais","un",{"v":3656.28,"d":"3,656.28"}]
[2003460,"Dissipador de energia - DEB 07 - areia extraída e brita e pedra de mão produzidas","un",{"v":4085.04,"d":"4,085.04"}]
[2003461,"Dissipador de energia - DEB 07 - areia, brita e pedra de mão comerciais","un",{"v":5219.59,"d":"5,219.59"}]
[2003462,"Dissipador de energia - DEB 08 - areia extraída e brita e pedra de mão produzidas","un",{"v":2944.32,"d":"2,944.32"}]
[2003463,"Dissipador de energia - DEB 08 - areia, brita e pedra de mão comerciais","un",{"v":3715.2,"d":"3,715.20"}]
[2003464,"Dissipador de energia - DEB 09 - areia extraída e brita e pedra de mão produzidas","un",{"v":3772.01,"d":"3,772.01"}]
[2003465,"Dissipador de energia - DEB 09 - areia, brita e pedra de mão comerciais","un",{"v":4811.07,"d":"4,811.07"}]
[2003466,"Dissipador de energia - DEB 10 - areia extraída e brita e pedra de mão produzidas","un",{"v":5254.83,"d":"5,254.83"}]
[2003467,"Dissipador de energia - DEB 10 - areia, brita e pedra de mão comerciais","un",{"v":6795.01,"d":"6,795.01"}]
[2003468,"Dissipador de energia - DEB 11 - areia extraída e brita e pedra de mão produzidas","un",{"v":3595.09,"d":"3,595.09"}]
[2003469,"Dissipador de energia - DEB 11 - areia, brita e pedra de mão comerciais","un",{"v":4579.12,"d":"4,579.12"}]
[2003470,"Dissipador de energia - DEB 12 - areia extraída e brita e pedra de mão produzidas","un",{"v":4635.5,"d":"4,635.50"}]
[2003471,"Dissipador de energia - DEB 12 - areia, brita e pedra de mão comerciais","un",{"v":5966.78,"d":"5,966.78"}]
[2003472,"Dissipador de energia - DEB 13 - areia extraída e brita e pedra de mão produzidas","un",{"v":6806.48,"d":"6,806.48"}]
[2003473,"Dissipador de energia - DEB 13 - areia, brita e pedra de mão comerciais","un",{"v":8884.97,"d":"8,884.97"}]
[2003475,"Dissipador de energia - DED 01 - areia e brita comerciais","un",546.25]
[2003474,"Dissipador de energia - DED 01 - areia extraída e brita produzida","un",494.33]
[2003441,"Dissipador de energia - DES 01 - areia e pedra de mão comerciais","un",232.27]
[2003440,"Dissipador de energia - DES 01 - areia extraída e pedra de mão produzida","un",160.03]
[2003443,"Dissipador de energia - DES 02 - areia e pedra de mão comerciais","un",275.73]
[2003442,"Dissipador de energia - DES 02 - areia extraída e pedra de mão produzida","un",189.95]
[2003445,"Dissipador de energia - DES 03 - areia e pedra de mão comerciais","un",329.17]
[2003444,"Dissipador de energia - DES 03 - areia extraída e pedra de mão produzida","un",226.83]
[2003447,"Dissipador de energia - DES 04 - areia e pedra de mão comerciais","un",406.12]
[2003446,"Dissipador de energia - DES 04 - areia extraída e pedra de mão produzida","un",{"v":279.7,"d":"279.70"}]
[2004516,"Dreno de pavimento em microvala com geocomposto drenante H = 0,40 m - inclusive corte, enchimento com areia e selo asfáltico","m",{"v":34,"d":"34.00"}]
[2004517,"Dreno de pavimento em microvala com geocomposto drenante H = 0,60 m - inclusive corte, enchimento com areia e selo asfáltico","m",68.65]
[2007971,"Dreno de PVC D = 100 mm para OAE - fornecimento e instalação","m",90.82]
[2008091,"Dreno de PVC D = 150 mm para OAE - fornecimento e instalação","m",90.78]
[2006408,"Dreno de PVC D = 75 mm para OAE - fornecimento e instalação","m",71.13]
[2015642,"Dreno em tubo de aço galvanizado D = 100 mm em OAE - fornecimento e instalação","m",148.41]
[2015641,"Dreno em tubo de aço galvanizado D = 80 mm em OAE - fornecimento e instalação","m",135.47]
[2004509,"Dreno longitudinal de pavimento H = 0,40 m - com geocomposto drenante","m",36.45]
[2004510,"Dreno longitudinal de pavimento H = 0,60 m - com geocomposto drenante","m",44.28]
[2004511,"Dreno longitudinal de pavimento H = 1,00 m - com geocomposto drenante","m",59.93]
[2004512,"Dreno longitudinal de pavimento H = 1,50 m - com geocomposto drenante","m",79.49]
[2003843,"Dreno longitudinal profundo em tubo de concreto D = 0,40 m em vala de H = 1,10 m e L = 1,00 m com brita envolta em geotêxtil","m",357.54]
[2003915,"Dreno longitudinal profundo para corte em rocha - DPR 01 - tubo de concreto perfurado e brita comercial","m",115.55]
[2003914,"Dreno longitudinal profundo para corte em rocha - DPR 01 - tubo de concreto perfurado e brita produzida","m",99.51]
[2003589,"Dreno longitudinal profundo para corte em rocha - DPR 01 - tubo PEAD e brita comercial","m",121.73]
[2003588,"Dreno longitudinal profundo para corte em rocha - DPR 01 - tubo PEAD e brita produzida","m",108.89]
[2003917,"Dreno longitudinal profundo para corte em rocha - DPR 02 - tubo de concreto perfurado e brita comercial","m",129.93]
[2003916,"Dreno longitudinal profundo para corte em rocha - DPR 02 - tubo de concreto perfurado e brita produzida","m",113.89]
[2003591,"Dreno longitudinal profundo para corte em rocha - DPR 02 - tubo PEAD e brita comercial","m",136.11]
[2003590,"Dreno longitudinal profundo para corte em rocha - DPR 02 - tubo PEAD e brita produzida","m",123.26]
[2003593,"Dreno longitudinal profundo para corte em rocha - DPR 03 - brita comercial","m",86.02]
[2003592,"Dreno longitudinal profundo para corte em rocha - DPR 03 - brita produzida","m",67.67]
[2003595,"Dreno longitudinal profundo para corte em rocha - DPR 04 - brita comercial","m",71.65]
[2003594,"Dreno longitudinal profundo para corte em rocha - DPR 04 - brita produzida","m",{"v":53.3,"d":"53.30"}]
[2003597,"Dreno longitudinal profundo para corte em rocha - DPR 05 - tubo de concreto poroso e areia comercial","m",110.53]
[2003596,"Dreno longitudinal profundo para corte em rocha - DPR 05 - tubo de concreto poroso e areia extraída","m",93.24]
[2003572,"Dreno longitudinal profundo para corte em solo - DPS 01 - tubo PEAD e areia comercial","m",123.26]
[2003580,"Dreno longitudinal profundo para corte em solo - DPS 01 - tubo PEAD e areia extraída","m",68.15]
[2003573,"Dreno longitudinal profundo para corte em solo - DPS 02 - tubo PEAD e areia comercial","m",129.74]
[2003581,"Dreno longitudinal profundo para corte em solo - DPS 02 - tubo PEAD e areia extraída","m",66.03]
[2003561,"Dreno longitudinal profundo para corte em solo - DPS 03 - tubo de concreto perfurado, areia e brita comerciais - madeira com utilização de 5 vezes","m",199.18]
[2003560,"Dreno longitudinal profundo para corte em solo - DPS 03 - tubo de concreto perfurado, areia extraída e brita produzida - madeira com utilização de 5 vezes","m",120.45]
[2003574,"Dreno longitudinal profundo para corte em solo - DPS 03 - tubo PEAD, areia e brita comerciais - madeira com utilização de 5 vezes","m",178.17]
[2003582,"Dreno longitudinal profundo para corte em solo - DPS 03 - tubo PEAD, areia extraída e brita produzida - madeira com utilização de 5 vezes","m",121.16]
[2003563,"Dreno longitudinal profundo para corte em solo - DPS 04 - tubo de concreto perfurado, areia e brita comerciais - madeira com utilização de 5 vezes","m",208.72]
[2003562,"Dreno longitudinal profundo para corte em solo - DPS 04 - tubo de concreto perfurado, areia extraída e brita produzida - madeira com utilização de 5 vezes","m",117.08]
[2003575,"Dreno longitudinal profundo para corte em solo - DPS 04 - tubo PEAD, areia e brita comerciais - madeira com utilização de 5 vezes","m",184.85]
[2003583,"Dreno longitudinal profundo para corte em solo - DPS 04 - tubo PEAD, areia extraída e brita produzida - madeira com utilização de 5 vezes","m",{"v":118.8,"d":"118.80"}]
[2003565,"Dreno longitudinal profundo para corte em solo - DPS 05 - dreno cego - brita comercial","m",142.18]
[2003564,"Dreno longitudinal profundo para corte em solo - DPS 05 - dreno cego - brita produzida","m",85.29]
[2003567,"Dreno longitudinal profundo para corte em solo - DPS 06 - dreno cego - brita comercial","m",160.99]
[2003566,"Dreno longitudinal profundo para corte em solo - DPS 06 - dreno cego - brita produzida","m",92.18]
[2003569,"Dreno longitudinal profundo para corte em solo - DPS 07 - tubo de concreto perfurado e brita comercial","m",185.85]
[2003568,"Dreno longitudinal profundo para corte em solo - DPS 07 - tubo de concreto perfurado e brita produzida","m",131.27]
[2003578,"Dreno longitudinal profundo para corte em solo - DPS 07 - tubo PEAD e brita comercial","m",178.19]
[2003586,"Dreno longitudinal profundo para corte em solo - DPS 07 - tubo PEAD e brita produzida","m",133.03]
[2003571,"Dreno longitudinal profundo para corte em solo - DPS 08 - tubo de concreto perfurado e brita comercial","m",204.67]
[2003570,"Dreno longitudinal profundo para corte em solo - DPS 08 - tubo de concreto perfurado e brita produzida","m",138.16]
[2003579,"Dreno longitudinal profundo para corte em solo - DPS 08 - tubo PEAD e brita comercial","m",193.68]
[2003587,"Dreno longitudinal profundo para corte em solo - DPS 08 - tubo PEAD e brita produzida","m",139.35]
[2004506,"Dreno profundo H = 1,0 m - com geocomposto drenante - inclusive escavação e reaterro","m",67.08]
[2004507,"Dreno profundo H = 1,5 m - com geocomposto drenante - inclusive escavação e reaterro","m",90.29]
[2003614,"Dreno sub-horizontal - DSH 01 - material de 1ª categoria","m",135.02]
[2003865,"Dreno sub-horizontal - DSH 01 - material de 2ª categoria","m",149.61]
[2003923,"Dreno subsuperficial - DSS 01 - tubo de concreto perfurado e areia comercial","m",57.65]
[2003922,"Dreno subsuperficial - DSS 01 - tubo de concreto perfurado e areia extraída","m",37.23]
[2003605,"Dreno subsuperficial - DSS 01 - tubo PEAD e areia comercial","m",43.16]
[2003604,"Dreno subsuperficial - DSS 01 - tubo PEAD e areia extraída","m",25.95]
[2003607,"Dreno subsuperficial - DSS 02 - brita comercial","m",43.16]
[2003606,"Dreno subsuperficial - DSS 02 - brita produzida","m",28.48]
[2003609,"Dreno subsuperficial - DSS 03 - brita comercial","m",27.71]
[2003608,"Dreno subsuperficial - DSS 03 - brita produzida","m",13.03]
[2003925,"Dreno subsuperficial - DSS 04 - tubo de concreto perfurado e brita comercial","m",80.41]
[2003924,"Dreno subsuperficial - DSS 04 - tubo de concreto perfurado e brita produzida","m",62.53]
[2003611,"Dreno subsuperficial - DSS 04 - tubo PEAD e brita comercial","m",65.93]
[2003610,"Dreno subsuperficial - DSS 04 - tubo PEAD e brita produzida","m",51.25]
[2003820,"Dreno tipo barbacã - DRB 01 - D = 75 mm em estrutura de contenção de encosta - excluso o tubo de drenagem","un",20.32]
[2003821,"Dreno tipo barbacã - DRB 02 - D = 50 mm em estrutura de contenção de encosta - excluso o tubo de drenagem","un",17.62]
[2003842,"Enchimento de junta de concreto com argamassa asfáltica de densidade 1.700 kg/m³ - espessura de 1 cm","kg",73.17]
[2003385,"Entrada para descida d'água - EDA 01 - areia e brita comerciais","un",58.46]
[2003384,"Entrada para descida d'água - EDA 01 - areia extraída e brita produzida","un",43.02]
[2003387,"Entrada para descida d'água - EDA 02 - areia e brita comerciais","un",72.34]
[2003386,"Entrada para descida d'água - EDA 02 - areia extraída e brita produzida","un",52.69]
[2003335,"Entrada para descida d'água - EDA 03 - areia e brita comerciais","un",{"v":1910.43,"d":"1,910.43"}]
[2003334,"Entrada para descida d'água - EDA 03 - areia extraída e brita produzida","un",{"v":1628.27,"d":"1,628.27"}]
[2003336,"Entrada para descida d'água - EDA 04 - areia e brita comerciais","un",{"v":1607.83,"d":"1,607.83"}]
[2003337,"Entrada para descida d'água - EDA 04 - areia extraída e brita produzida","un",{"v":1327.21,"d":"1,327.21"}]
[2003819,"Envelope de brita para tubos com diâmetro externo de 75 a 110 mm - L = 15 cm e H = 15 cm","m",7.48]
[2004504,"Escavação mecânica de vala para drenagem com valetadeira em material de 1ª categoria","m³",{"v":17.2,"d":"17.20"}]
[2004519,"Escavação mecânica de vala trapezoidal ou triangular em material de 1ª categoria para drenagem superficial com retroescavadeira - 0,10 m² ≤ seção < 0,15 m²","m³",26.94]
[2004520,"Escavação mecânica de vala trapezoidal ou triangular em material de 1ª categoria para drenagem superficial com retroescavadeira - 0,15 m² ≤ seção < 0,20 m²","m³",22.23]
[2004521,"Escavação mecânica de vala trapezoidal ou triangular em material de 1ª categoria para drenagem superficial com retroescavadeira - 0,20 m² ≤ seção < 0,30 m²","m³",{"v":15.2,"d":"15.20"}]
[2004522,"Escavação mecânica de vala trapezoidal ou triangular em material de 1ª categoria para drenagem superficial com retroescavadeira - 0,30 m² ≤ seção < 0,50 m²","m³",11.11]
[2004518,"Escavação mecânica de vala trapezoidal ou triangular em material de 1ª categoria para drenagem superficial com retroescavadeira - seção < 0,10 m²","m³",46.79]
[2003864,"Esgotamento de água com bomba submersa","h",12.99]
[2003863,"Esgotamento de dreno horizontal profundo a vácuo","h",{"v":22.3,"d":"22.30"}]
[2004508,"Geodreno vertical para tratamento de solos moles","m",13.39]
[2003316,"Grelha de concreto 54 x 100 cm para boca-de-lobo - areia e brita comerciais - sobrecarga do trem tipo TB 45","un",111.06]
[2003317,"Grelha de concreto 54 x 100 cm para boca-de-lobo - areia extraída e brita produzida - sobrecarga do trem tipo TB 45","un",105.92]
[2003767,"Lastro de areia comercial - espalhamento manual","m³",111.73]
[2003844,"Lastro de areia comercial - espalhamento mecânico","m³",108.55]
[2003576,"Lastro de areia extraída - espalhamento manual","m³",15.34]
[2003858,"Lastro de areia extraída - espalhamento mecânico","m³",12.16]
[2003850,"Lastro de brita comercial compactado com soquete vibratório - espalhamento manual","m³",169.29]
[2003849,"Lastro de brita produzida compactado com soquete vibratório - espalhamento manual","m³",73.91]
[2003868,"Lastro de pedra de mão ou rachão - espalhamento manual","m³",{"v":154.1,"d":"154.10"}]
[2003369,"Meio-fio de concreto - MFC 01 - areia e brita comerciais - fôrma de madeira","m",115.82]
[2003368,"Meio-fio de concreto - MFC 01 - areia extraída e brita produzida - fôrma de madeira","m",101.44]
[2003939,"Meio-fio de concreto - MFC 01 moldado no local com extrusora e concreto usinado - areia e brita comerciais","m",76.06]
[2003940,"Meio-fio de concreto - MFC 01 moldado no local com extrusora e concreto usinado - areia extraída e brita produzida","m",61.62]
[2003371,"Meio-fio de concreto - MFC 02 - areia e brita comerciais - fôrma de madeira","m",85.71]
[2003370,"Meio-fio de concreto - MFC 02 - areia extraída e brita produzida - fôrma de madeira","m",73.56]
[2003941,"Meio-fio de concreto - MFC 02 moldado no local com extrusora e concreto usinado - areia e brita comerciais","m",64.99]
[2003942,"Meio-fio de concreto - MFC 02 moldado no local com extrusora e concreto usinado - areia extraída e brita produzida","m",{"v":52.8,"d":"52.80"}]
[2003373,"Meio-fio de concreto - MFC 03 - areia e brita comerciais - fôrma de madeira","m",66.64]
[2003372,"Meio-fio de concreto - MFC 03 - areia extraída e brita produzida - fôrma de madeira","m",60.75]
[2003943,"Meio-fio de concreto - MFC 03 moldado no local com extrusora e concreto usinado - areia e brita comerciais","m",30.68]
[2003944,"Meio-fio de concreto - MFC 03 moldado no local com extrusora e concreto usinado - areia extraída e brita produzida","m",24.77]
[2003375,"Meio-fio de concreto - MFC 04 - areia e brita comerciais - fôrma de madeira","m",43.07]
[2003374,"Meio-fio de concreto - MFC 04 - areia extraída e brita produzida - fôrma de madeira","m",38.73]
[2003945,"Meio-fio de concreto - MFC 04 moldado no local com extrusora e concreto usinado - areia e brita comerciais","m",22.96]
[2003946,"Meio-fio de concreto - MFC 04 moldado no local com extrusora e concreto usinado - areia extraída e brita produzida","m",18.61]
[2003377,"Meio-fio de concreto - MFC 05 - areia e brita comerciais - fôrma de madeira","m",57.82]
[2003376,"Meio-fio de concreto - MFC 05 - areia extraída e brita produzida - fôrma de madeira","m",53.13]
[2003947,"Meio-fio de concreto - MFC 05 moldado no local com extrusora e concreto usinado - areia e brita comerciais","m",24.12]
[2003948,"Meio-fio de concreto - MFC 05 moldado no local com extrusora e concreto usinado - areia extraída e brita produzida","m",19.41]
[2003379,"Meio-fio de concreto - MFC 06 - areia e brita comerciais - fôrma de madeira","m",33.47]
[2003378,"Meio-fio de concreto - MFC 06 - areia extraída e brita produzida - fôrma de madeira","m",30.32]
[2003949,"Meio-fio de concreto - MFC 06 moldado no local com extrusora e concreto usinado - areia e brita comerciais","m",16.53]
[2003950,"Meio-fio de concreto - MFC 06 moldado no local com extrusora e concreto usinado - areia extraída e brita produzida","m",13.36]
[2003381,"Meio-fio de concreto - MFC 07 - areia e brita comerciais - fôrma de madeira","m",56.19]
[2003380,"Meio-fio de concreto - MFC 07 - areia extraída e brita produzida - fôrma de madeira","m",50.77]
[2003951,"Meio-fio de concreto - MFC 07 moldado no local com extrusora e concreto usinado - areia e brita comerciais","m",28.14]
[2003952,"Meio-fio de concreto - MFC 07 moldado no local com extrusora e concreto usinado - areia extraída e brita produzida","m",{"v":22.7,"d":"22.70"}]
[2003383,"Meio-fio de concreto - MFC 08 - areia e brita comerciais - fôrma de madeira","m",94.85]
[2003382,"Meio-fio de concreto - MFC 08 - areia extraída e brita produzida - fôrma de madeira","m",84.74]
[2003953,"Meio-fio de concreto - MFC 08 moldado no local com extrusora e concreto usinado - areia e brita comerciais","m",{"v":51.2,"d":"51.20"}]
[2003954,"Meio-fio de concreto - MFC 08 moldado no local com extrusora e concreto usinado - areia extraída e brita produzida","m",41.05]
[2004514,"Microvala para dreno de pavimento com geocomposto drenante H = 0,4 m","m",15.23]
[2004515,"Microvala para dreno de pavimento com geocomposto drenante H = 0,6 m","m",39.77]
[2005759,"Perfuração para dreno sub-horizontal em material de 1ª categoria com D = 75 mm (linha NW)","m",51.25]
[2005764,"Perfuração para dreno sub-horizontal em material de 2ª categoria com D = 75 mm (linha NW)","m",65.84]
[2003678,"Poço de visita - PVI 01 - areia e brita comerciais","un",{"v":2183.49,"d":"2,183.49"}]
[2003677,"Poço de visita - PVI 01 - areia extraída e brita produzida","un",{"v":1939.35,"d":"1,939.35"}]
[2003680,"Poço de visita - PVI 02 - areia e brita comerciais","un",{"v":2151.1,"d":"2,151.10"}]
[2003679,"Poço de visita - PVI 02 - areia extraída e brita produzida","un",{"v":1916.78,"d":"1,916.78"}]
[2003682,"Poço de visita - PVI 03 - areia e brita comerciais","un",{"v":2467.36,"d":"2,467.36"}]
[2003681,"Poço de visita - PVI 03 - areia extraída e brita produzida","un",{"v":2175.51,"d":"2,175.51"}]
[2003684,"Poço de visita - PVI 04 - areia e brita comerciais","un",{"v":2956.37,"d":"2,956.37"}]
[2003683,"Poço de visita - PVI 04 - areia extraída e brita produzida","un",{"v":2608.4,"d":"2,608.40"}]
[2003686,"Poço de visita - PVI 05 - areia e brita comerciais","un",{"v":3486.64,"d":"3,486.64"}]
[2003685,"Poço de visita - PVI 05 - areia extraída e brita produzida","un",{"v":3081.14,"d":"3,081.14"}]
[2003688,"Poço de visita - PVI 06 - areia e brita comerciais","un",{"v":4349.12,"d":"4,349.12"}]
[2003687,"Poço de visita - PVI 06 - areia extraída e brita produzida","un",{"v":3858.04,"d":"3,858.04"}]
[2003690,"Poço de visita - PVI 07 - areia e brita comerciais","un",{"v":2529.43,"d":"2,529.43"}]
[2003689,"Poço de visita - PVI 07 - areia extraída e brita produzida","un",{"v":2244.6,"d":"2,244.60"}]
[2003692,"Poço de visita - PVI 08 - areia e brita comerciais","un",{"v":2501.67,"d":"2,501.67"}]
[2003691,"Poço de visita - PVI 08 - areia extraída e brita produzida","un",{"v":2225.25,"d":"2,225.25"}]
[2003694,"Poço de visita - PVI 09 - areia e brita comerciais","un",{"v":2840.21,"d":"2,840.21"}]
[2003693,"Poço de visita - PVI 09 - areia extraída e brita produzida","un",{"v":2500.66,"d":"2,500.66"}]
[2003696,"Poço de visita - PVI 10 - areia e brita comerciais","un",{"v":3193.27,"d":"3,193.27"}]
[2003695,"Poço de visita - PVI 10 - areia extraída e brita produzida","un",{"v":2794.79,"d":"2,794.79"}]
[2003698,"Poço de visita - PVI 11 - areia e brita comerciais","un",{"v":3900.69,"d":"3,900.69"}]
[2003697,"Poço de visita - PVI 11 - areia extraída e brita produzida","un",{"v":3441.87,"d":"3,441.87"}]
[2003700,"Poço de visita - PVI 12 - areia e brita comerciais","un",{"v":4804.37,"d":"4,804.37"}]
[2003699,"Poço de visita - PVI 12 - areia extraída e brita produzida","un",{"v":4254.35,"d":"4,254.35"}]
[2003702,"Poço de visita - PVI 13 - areia e brita comerciais","un",{"v":2893.87,"d":"2,893.87"}]
[2003701,"Poço de visita - PVI 13 - areia extraída e brita produzida","un",{"v":2562.74,"d":"2,562.74"}]
[2003704,"Poço de visita - PVI 14 - areia e brita comerciais","un",{"v":2866.11,"d":"2,866.11"}]
[2003703,"Poço de visita - PVI 14 - areia extraída e brita produzida","un",{"v":2543.4,"d":"2,543.40"}]
[2003706,"Poço de visita - PVI 15 - areia e brita comerciais","un",{"v":3231.57,"d":"3,231.57"}]
[2003705,"Poço de visita - PVI 15 - areia extraída e brita produzida","un",{"v":2838.7,"d":"2,838.70"}]
[2003708,"Poço de visita - PVI 16 - areia e brita comerciais","un",{"v":3754.22,"d":"3,754.22"}]
[2003707,"Poço de visita - PVI 16 - areia extraída e brita produzida","un",{"v":3299.61,"d":"3,299.61"}]
[2003710,"Poço de visita - PVI 17 - areia e brita comerciais","un",{"v":4333.24,"d":"4,333.24"}]
[2003709,"Poço de visita - PVI 17 - areia extraída e brita produzida","un",{"v":3815.5,"d":"3,815.50"}]
[2003712,"Poço de visita - PVI 18 - areia e brita comerciais","un",{"v":5278.12,"d":"5,278.12"}]
[2003711,"Poço de visita - PVI 18 - areia extraída e brita produzida","un",{"v":4663.56,"d":"4,663.56"}]
[2004505,"Reaterro e compactação em vala de dreno com geocomposto","m³",20.46]
[2003353,"Sarjeta trapezoidal de canteiro central de concreto - SZCC 100-25 - areia e brita comerciais","m",81.83]
[2003352,"Sarjeta trapezoidal de canteiro central de concreto - SZCC 100-25 - areia extraída e brita produzida","m",62.33]
[2003979,"Sarjeta trapezoidal de canteiro central de concreto - SZCC 100-25 moldada no local com extrusora e concreto usinado - areia e brita comerciais","m",94.44]
[2003980,"Sarjeta trapezoidal de canteiro central de concreto - SZCC 100-25 moldada no local com extrusora e concreto usinado - areia extraída e brita produzida","m",74.87]
[2003355,"Sarjeta trapezoidal de canteiro central de concreto - SZCC 140-35 - areia e brita comerciais","m",110.14]
[2003354,"Sarjeta trapezoidal de canteiro central de concreto - SZCC 140-35 - areia extraída e brita produzida","m",83.86]
[2003981,"Sarjeta trapezoidal de canteiro central de concreto - SZCC 140-35 moldada no local com extrusora e concreto usinado - areia e brita comerciais","m",127.25]
[2003982,"Sarjeta trapezoidal de canteiro central de concreto - SZCC 140-35 moldada no local com extrusora e concreto usinado - areia extraída e brita produzida","m",100.88]
[2003345,"Sarjeta trapezoidal de concreto - SZC 60-20 - escavação mecânica - areia e brita comerciais","m",65.57]
[2003344,"Sarjeta trapezoidal de concreto - SZC 60-20 - escavação mecânica - areia extraída e brita produzida","m",52.25]
[2003973,"Sarjeta trapezoidal de concreto - SZC 60-20 moldada no local com extrusora e concreto usinado - escavação mecânica - areia e brita comerciais","m",{"v":74.3,"d":"74.30"}]
[2003974,"Sarjeta trapezoidal de concreto - SZC 60-20 moldada no local com extrusora e concreto usinado - escavação mecânica - areia extraída e brita produzida","m",60.94]
[2003343,"Sarjeta trapezoidal de concreto - SZC 90-30 - escavação mecânica - areia e brita comerciais","m",89.48]
[2003342,"Sarjeta trapezoidal de concreto - SZC 90-30 - escavação mecânica - areia extraída e brita produzida","m",70.81]
[2003971,"Sarjeta trapezoidal de concreto - SZC 90-30 moldada no local com extrusora e concreto usinado - escavação mecânica - areia e brita comerciais","m",101.86]
[2003972,"Sarjeta trapezoidal de concreto - SZC 90-30 moldada no local com extrusora e concreto usinado - escavação mecânica - areia extraída e brita produzida","m",83.12]
[2003347,"Sarjeta trapezoidal de grama - SZG 60-20 - escavação mecânica","m",15.44]
[2003346,"Sarjeta trapezoidal de grama - SZG 90-30 - escavação mecânica","m",21.54]
[2003933,"Sarjeta trapezoidal sem revestimento - SZT 60-20 - escavação mecânica","m",7.76]
[2003932,"Sarjeta trapezoidal sem revestimento - SZT 90-30 - escavação mecânica","m",10.03]
[2003349,"Sarjeta triangular de canteiro central de concreto - STCC 100-25 - areia e brita comerciais","m",{"v":62.7,"d":"62.70"}]
[2003348,"Sarjeta triangular de canteiro central de concreto - STCC 100-25 - areia extraída e brita produzida","m",47.91]
[2003975,"Sarjeta triangular de canteiro central de concreto - STCC 100-25 moldada no local com extrusora e concreto usinado - areia e brita comerciais","m",71.61]
[2003976,"Sarjeta triangular de canteiro central de concreto - STCC 100-25 moldada no local com extrusora e concreto usinado - areia extraída e brita produzida","m",56.77]
[2003351,"Sarjeta triangular de canteiro central de concreto - STCC 140-35 - areia e brita comerciais","m",83.85]
[2003350,"Sarjeta triangular de canteiro central de concreto - STCC 140-35 - areia extraída e brita produzida","m",64.04]
[2003977,"Sarjeta triangular de canteiro central de concreto - STCC 140-35 moldada no local com extrusora e concreto usinado - areia e brita comerciais","m",95.93]
[2003978,"Sarjeta triangular de canteiro central de concreto - STCC 140-35 moldada no local com extrusora e concreto usinado - areia extraída e brita produzida","m",76.05]
[2003291,"Sarjeta triangular de canteiro central de grama - STCG 100-25 - escavação mecânica","m",{"v":11.2,"d":"11.20"}]
[2003292,"Sarjeta triangular de canteiro central de grama - STCG 140-35 - escavação mecânica","m",15.68]
[2003293,"Sarjeta triangular de canteiro central de grama - STCG 200-25 - escavação mecânica","m",20.66]
[2003294,"Sarjeta triangular de canteiro central de grama - STCG 300-37,5 - escavação mecânica","m",30.98]
[2003257,"Sarjeta triangular de concreto - STC 100-20 - escavação mecânica - areia e brita comerciais","m",{"v":67,"d":"67.00"}]
[2003258,"Sarjeta triangular de concreto - STC 100-20 - escavação mecânica - areia extraída e brita produzida","m",53.72]
[2003259,"Sarjeta triangular de concreto - STC 100-20 moldada no local com extrusora e concreto usinado - escavação mecânica - areia e brita comerciais","m",{"v":75.2,"d":"75.20"}]
[2003260,"Sarjeta triangular de concreto - STC 100-20 moldada no local com extrusora e concreto usinado - escavação mecânica - areia extraída e brita produzida","m",61.88]
[2003281,"Sarjeta triangular de concreto - STC 100-21 - escavação mecânica - areia e brita comerciais","m",67.17]
[2003282,"Sarjeta triangular de concreto - STC 100-21 - escavação mecânica - areia extraída e brita produzida","m",53.58]
[2003283,"Sarjeta triangular de concreto - STC 100-21 moldada no local com extrusora e concreto usinado - escavação mecânica - areia e brita comerciais","m",75.57]
[2003284,"Sarjeta triangular de concreto - STC 100-21 moldada no local com extrusora e concreto usinado - escavação mecânica - areia extraída e brita produzida","m",61.94]
[2003327,"Sarjeta triangular de concreto - STC 108-25 - escavação mecânica - areia e brita comerciais","m",96.17]
[2003326,"Sarjeta triangular de concreto - STC 108-25 - escavação mecânica - areia extraída e brita produzida","m",80.78]
[2003963,"Sarjeta triangular de concreto - STC 108-25 moldada no local com extrusora e concreto usinado - escavação mecânica - areia e brita comerciais","m",85.86]
[2003964,"Sarjeta triangular de concreto - STC 108-25 moldada no local com extrusora e concreto usinado - escavação mecânica - areia extraída e brita produzida","m",70.41]
[2003319,"Sarjeta triangular de concreto - STC 125-25 - escavação mecânica - areia e brita comerciais","m",{"v":81.4,"d":"81.40"}]
[2003318,"Sarjeta triangular de concreto - STC 125-25 - escavação mecânica - areia extraída e brita produzida","m",65.01]
[2003955,"Sarjeta triangular de concreto - STC 125-25 moldada no local com extrusora e concreto usinado - escavação mecânica - areia e brita comerciais","m",91.57]
[2003956,"Sarjeta triangular de concreto - STC 125-25 moldada no local com extrusora e concreto usinado - escavação mecânica - areia extraída e brita produzida","m",75.12]
[2003277,"Sarjeta triangular de concreto - STC 125-27 - escavação mecânica - areia e brita comerciais","m",83.78]
[2003278,"Sarjeta triangular de concreto - STC 125-27 - escavação mecânica - areia extraída e brita produzida","m",66.93]
[2003279,"Sarjeta triangular de concreto - STC 125-27 moldada no local com extrusora e concreto usinado - escavação mecânica - areia e brita comerciais","m",94.25]
[2003280,"Sarjeta triangular de concreto - STC 125-27 moldada no local com extrusora e concreto usinado - escavação mecânica - areia extraída e brita produzida","m",77.34]
[2003253,"Sarjeta triangular de concreto - STC 150-30 - escavação mecânica - areia e brita comerciais","m",95.81]
[2003254,"Sarjeta triangular de concreto - STC 150-30 - escavação mecânica - areia extraída e brita produzida","m",76.32]
[2003255,"Sarjeta triangular de concreto - STC 150-30 moldada no local com extrusora e concreto usinado - escavação mecânica - areia e brita comerciais","m",107.93]
[2003256,"Sarjeta triangular de concreto - STC 150-30 moldada no local com extrusora e concreto usinado - escavação mecânica - areia extraída e brita produzida","m",88.37]
[2003273,"Sarjeta triangular de concreto - STC 150-32 - escavação mecânica - areia e brita comerciais","m",98.36]
[2003274,"Sarjeta triangular de concreto - STC 150-32 - escavação mecânica - areia extraída e brita produzida","m",78.36]
[2003275,"Sarjeta triangular de concreto - STC 150-32 moldada no local com extrusora e concreto usinado - escavação mecânica - areia e brita comerciais","m",{"v":110.8,"d":"110.80"}]
[2003276,"Sarjeta triangular de concreto - STC 150-32 moldada no local com extrusora e concreto usinado - escavação mecânica - areia extraída e brita produzida","m",90.73]
[2003269,"Sarjeta triangular de concreto - STC 73-15 - escavação mecânica - areia e brita comerciais","m",64.63]
[2003270,"Sarjeta triangular de concreto - STC 73-15 - escavação mecânica - areia extraída e brita produzida","m",54.42]
[2003271,"Sarjeta triangular de concreto - STC 73-15 moldada no local com extrusora e concreto usinado - escavação mecânica - areia e brita comerciais","m",58.06]
[2003272,"Sarjeta triangular de concreto - STC 73-15 moldada no local com extrusora e concreto usinado - escavação mecânica - areia extraída e brita produzida","m",47.81]
[2003261,"Sarjeta triangular de concreto - STC 80-15 - escavação mecânica - areia e brita comerciais","m",54.33]
[2003262,"Sarjeta triangular de concreto - STC 80-15 - escavação mecânica - areia extraída e brita produzida","m",43.62]
[2003263,"Sarjeta triangular de concreto - STC 80-15 moldada no local com extrusora e concreto usinado - escavação mecânica - areia e brita comerciais","m",60.92]
[2003264,"Sarjeta triangular de concreto - STC 80-15 moldada no local com extrusora e concreto usinado - escavação mecânica - areia extraída e brita produzida","m",50.18]
[2003285,"Sarjeta triangular de concreto - STC 80-17 - escavação mecânica - areia e brita comerciais","m",{"v":56.1,"d":"56.10"}]
[2003286,"Sarjeta triangular de concreto - STC 80-17 - escavação mecânica - areia extraída e brita produzida","m",45.07]
[2003287,"Sarjeta triangular de concreto - STC 80-17 moldada no local com extrusora e concreto usinado - escavação mecânica - areia e brita comerciais","m",62.89]
[2003288,"Sarjeta triangular de concreto - STC 80-17 moldada no local com extrusora e concreto usinado - escavação mecânica - areia extraída e brita produzida","m",51.83]
[2003265,"Sarjeta triangular de concreto - STC 88-20 - escavação mecânica - areia e brita comerciais","m",79.42]
[2003266,"Sarjeta triangular de concreto - STC 88-20 - escavação mecânica - areia extraída e brita produzida","m",66.89]
[2003267,"Sarjeta triangular de concreto - STC 88-20 moldada no local com extrusora e concreto usinado - escavação mecânica - areia e brita comerciais","m",70.87]
[2003268,"Sarjeta triangular de concreto - STC 88-20 moldada no local com extrusora e concreto usinado - escavação mecânica - areia extraída e brita produzida","m",58.29]
[2003289,"Sarjeta triangular de grama - STG 100-20 - escavação mecânica","m",19.61]
[2003338,"Sarjeta triangular de grama - STG 125-25 - escavação mecânica","m",24.61]
[2003290,"Sarjeta triangular de grama - STG 80-15 - escavação mecânica","m",16.23]
[2003300,"Sarjeta triangular sem revestimento - STT 100-20 - escavação mecânica","m",8.51]
[2003299,"Sarjeta triangular sem revestimento - STT 125-25 - escavação mecânica","m",10.74]
[2003301,"Sarjeta triangular sem revestimento - STT 80-15 - escavação mecânica","m",7.42]
[2004513,"Selo asfáltico de microvala para dreno de pavimento com geocomposto","m",0.13]
[2003357,"Transposição de segmentos de sarjeta - TSS 01 - areia e brita comerciais","m",212.92]
[2003356,"Transposição de segmentos de sarjeta - TSS 01 - areia extraída e brita produzida","m",166.21]
[2003359,"Transposição de segmentos de sarjeta - TSS 02 - areia e brita comerciais","m",260.34]
[2003358,"Transposição de segmentos de sarjeta - TSS 02 - areia extraída e brita produzida","m",202.88]
[2003361,"Transposição de segmentos de sarjeta - TSS 03 - areia e brita comerciais","m",535.28]
[2003360,"Transposição de segmentos de sarjeta - TSS 03 - areia extraída e brita produzida","m",489.34]
[2003363,"Transposição de segmentos de sarjeta - TSS 04 - areia e brita comerciais","m",460.22]
[2003362,"Transposição de segmentos de sarjeta - TSS 04 - areia extraída e brita produzida","m",418.42]
[2003365,"Transposição de segmentos de sarjeta - TSS 05 - areia e brita comerciais","m",410.13]
[2003364,"Transposição de segmentos de sarjeta - TSS 05 - areia extraída e brita produzida","m",{"v":371.1,"d":"371.10"}]
[2003367,"Transposição de segmentos de sarjeta - TSS 06 - areia e brita comerciais","m",385.03]
[2003366,"Transposição de segmentos de sarjeta - TSS 06 - areia extraída e brita produzida","m",347.38]
[2003869,"Tubo de concreto PA1 comercial para drenagem - D = 0,50 m - fornecimento e instalação","m",217.55]
[2003822,"Tubo de concreto PA1 comercial para drenagem - D = 0,60 m - fornecimento e instalação","m",297.97]
[2003826,"Tubo de concreto PA1 comercial para drenagem - D = 0,80 m - fornecimento e instalação","m",412.25]
[2003830,"Tubo de concreto PA1 comercial para drenagem - D = 1,00 m - fornecimento e instalação","m",631.63]
[2003834,"Tubo de concreto PA1 comercial para drenagem - D = 1,20 m - fornecimento e instalação","m",836.69]
[2003838,"Tubo de concreto PA1 comercial para drenagem - D = 1,50 m - fornecimento e instalação","m",{"v":1268.78,"d":"1,268.78"}]
[2003768,"Tubo de concreto PA1 produzido na obra para drenagem - D = 0,60 m - areia e brita comerciais - fornecimento e instalação","m",184.24]
[2003873,"Tubo de concreto PA1 produzido na obra para drenagem - D = 0,60 m - areia extraída e brita produzida - fornecimento e instalação","m",164.81]
[2003772,"Tubo de concreto PA1 produzido na obra para drenagem - D = 0,80 m - areia e brita comerciais - fornecimento e instalação","m",270.03]
[2003877,"Tubo de concreto PA1 produzido na obra para drenagem - D = 0,80 m - areia extraída e brita produzida - fornecimento e instalação","m",239.25]
[2003776,"Tubo de concreto PA1 produzido na obra para drenagem - D = 1,00 m - areia e brita comerciais - fornecimento e instalação","m",442.68]
[2003881,"Tubo de concreto PA1 produzido na obra para drenagem - D = 1,00 m - areia extraída e brita produzida - fornecimento e instalação","m",{"v":400.5,"d":"400.50"}]
[2003780,"Tubo de concreto PA1 produzido na obra para drenagem - D = 1,20 m - areia e brita comerciais - fornecimento e instalação","m",588.29]
[2003885,"Tubo de concreto PA1 produzido na obra para drenagem - D = 1,20 m - areia extraída e brita produzida - fornecimento e instalação","m",526.66]
[2003784,"Tubo de concreto PA1 produzido na obra para drenagem - D = 1,50 m - areia e brita comerciais - fornecimento e instalação","m",913.92]
[2003889,"Tubo de concreto PA1 produzido na obra para drenagem - D = 1,50 m - areia extraída e brita produzida - fornecimento e instalação","m",817.46]
[2003870,"Tubo de concreto PA2 comercial para drenagem - D = 0,50 m - fornecimento e instalação","m",239.61]
[2003823,"Tubo de concreto PA2 comercial para drenagem - D = 0,60 m - fornecimento e instalação","m",{"v":313.2,"d":"313.20"}]
[2003827,"Tubo de concreto PA2 comercial para drenagem - D = 0,80 m - fornecimento e instalação","m",468.39]
[2003831,"Tubo de concreto PA2 comercial para drenagem - D = 1,00 m - fornecimento e instalação","m",672.75]
[2003835,"Tubo de concreto PA2 comercial para drenagem - D = 1,20 m - fornecimento e instalação","m",925.69]
[2003839,"Tubo de concreto PA2 comercial para drenagem - D = 1,50 m - fornecimento e instalação","m",{"v":1392.05,"d":"1,392.05"}]
[2003769,"Tubo de concreto PA2 produzido na obra para drenagem - D = 0,60 m - areia e brita comerciais - fornecimento e instalação","m",198.32]
[2003874,"Tubo de concreto PA2 produzido na obra para drenagem - D = 0,60 m - areia extraída e brita produzida - fornecimento e instalação","m",{"v":178.9,"d":"178.90"}]
[2003773,"Tubo de concreto PA2 produzido na obra para drenagem - D = 0,80 m - areia e brita comerciais - fornecimento e instalação","m",326.31]
[2003878,"Tubo de concreto PA2 produzido na obra para drenagem - D = 0,80 m - areia extraída e brita produzida - fornecimento e instalação","m",295.61]
[2003777,"Tubo de concreto PA2 produzido na obra para drenagem - D = 1,00 m - areia e brita comerciais - fornecimento e instalação","m",498.96]
[2003882,"Tubo de concreto PA2 produzido na obra para drenagem - D = 1,00 m - areia extraída e brita produzida - fornecimento e instalação","m",456.85]
[2003781,"Tubo de concreto PA2 produzido na obra para drenagem - D = 1,20 m - areia e brita comerciais - fornecimento e instalação","m",714.92]
[2003886,"Tubo de concreto PA2 produzido na obra para drenagem - D = 1,20 m - areia extraída e brita produzida - fornecimento e instalação","m",653.46]
[2003785,"Tubo de concreto PA2 produzido na obra para drenagem - D = 1,50 m - areia e brita comerciais - fornecimento e instalação","m",{"v":1110.91,"d":"1,110.91"}]
[2003890,"Tubo de concreto PA2 produzido na obra para drenagem - D = 1,50 m - areia extraída e brita produzida - fornecimento e instalação","m",{"v":1014.7,"d":"1,014.70"}]
[2003871,"Tubo de concreto PA3 comercial para drenagem - D = 0,50 m - fornecimento e instalação","m",264.67]
[2003824,"Tubo de concreto PA3 comercial para drenagem - D = 0,60 m - fornecimento e instalação","m",346.47]
[2003828,"Tubo de concreto PA3 comercial para drenagem - D = 0,80 m - fornecimento e instalação","m",546.33]
[2003832,"Tubo de concreto PA3 comercial para drenagem - D = 1,00 m - fornecimento e instalação","m",728.79]
[2003836,"Tubo de concreto PA3 comercial para drenagem - D = 1,20 m - fornecimento e instalação","m",{"v":1042.68,"d":"1,042.68"}]
[2003840,"Tubo de concreto PA3 comercial para drenagem - D = 1,50 m - fornecimento e instalação","m",{"v":1535.3,"d":"1,535.30"}]
[2003770,"Tubo de concreto PA3 produzido na obra para drenagem - D = 0,60 m - areia e brita comerciais - fornecimento e instalação","m",268.67]
[2003875,"Tubo de concreto PA3 produzido na obra para drenagem - D = 0,60 m - areia extraída e brita produzida - fornecimento e instalação","m",249.35]
[2003774,"Tubo de concreto PA3 produzido na obra para drenagem - D = 0,80 m - areia e brita comerciais - fornecimento e instalação","m",437.35]
[2003879,"Tubo de concreto PA3 produzido na obra para drenagem - D = 0,80 m - areia extraída e brita produzida - fornecimento e instalação","m",402.99]
[2003778,"Tubo de concreto PA3 produzido na obra para drenagem - D = 1,00 m - areia e brita comerciais - fornecimento e instalação","m",608.24]
[2003883,"Tubo de concreto PA3 produzido na obra para drenagem - D = 1,00 m - areia extraída e brita produzida - fornecimento e instalação","m",554.49]
[2003782,"Tubo de concreto PA3 produzido na obra para drenagem - D = 1,20 m - areia e brita comerciais - fornecimento e instalação","m",910.76]
[2003887,"Tubo de concreto PA3 produzido na obra para drenagem - D = 1,20 m - areia extraída e brita produzida - fornecimento e instalação","m",828.63]
[2003786,"Tubo de concreto PA3 produzido na obra para drenagem - D = 1,50 m - areia e brita comerciais - fornecimento e instalação","m",{"v":1427.05,"d":"1,427.05"}]
[2003891,"Tubo de concreto PA3 produzido na obra para drenagem - D = 1,50 m - areia extraída e brita produzida - fornecimento e instalação","m",{"v":1299.54,"d":"1,299.54"}]
[2003872,"Tubo de concreto PA4 comercial para drenagem - D = 0,50 m - fornecimento e instalação","m",369.59]
[2003825,"Tubo de concreto PA4 comercial para drenagem - D = 0,60 m - fornecimento e instalação","m",420.66]
[2003829,"Tubo de concreto PA4 comercial para drenagem - D = 0,80 m - fornecimento e instalação","m",593.94]
[2003833,"Tubo de concreto PA4 comercial para drenagem - D = 1,00 m - fornecimento e instalação","m",791.93]
[2003837,"Tubo de concreto PA4 comercial para drenagem - D = 1,20 m - fornecimento e instalação","m",{"v":1152.42,"d":"1,152.42"}]
[2003841,"Tubo de concreto PA4 comercial para drenagem - D = 1,50 m - fornecimento e instalação","m",{"v":1599.58,"d":"1,599.58"}]
[2003771,"Tubo de concreto PA4 produzido na obra para drenagem - D = 0,60 m - areia e brita comerciais - fornecimento e instalação","m",323.45]
[2003876,"Tubo de concreto PA4 produzido na obra para drenagem - D = 0,60 m - areia extraída e brita produzida - fornecimento e instalação","m",300.44]
[2003775,"Tubo de concreto PA4 produzido na obra para drenagem - D = 0,80 m - areia e brita comerciais - fornecimento e instalação","m",503.78]
[2003880,"Tubo de concreto PA4 produzido na obra para drenagem - D = 0,80 m - areia extraída e brita produzida - fornecimento e instalação","m",462.18]
[2003779,"Tubo de concreto PA4 produzido na obra para drenagem - D = 1,00 m - areia e brita comerciais - fornecimento e instalação","m",751.13]
[2003884,"Tubo de concreto PA4 produzido na obra para drenagem - D = 1,00 m - areia extraída e brita produzida - fornecimento e instalação","m",{"v":688.4,"d":"688.40"}]
[2003783,"Tubo de concreto PA4 produzido na obra para drenagem - D = 1,20 m - areia e brita comerciais - fornecimento e instalação","m",{"v":1074.69,"d":"1,074.69"}]
[2003888,"Tubo de concreto PA4 produzido na obra para drenagem - D = 1,20 m - areia extraída e brita produzida - fornecimento e instalação","m",981.51]
[2003787,"Tubo de concreto PA4 produzido na obra para drenagem - D = 1,50 m - areia e brita comerciais - fornecimento e instalação","m",{"v":1681.73,"d":"1,681.73"}]
[2003892,"Tubo de concreto PA4 produzido na obra para drenagem - D = 1,50 m - areia extraída e brita produzida - fornecimento e instalação","m",{"v":1549.89,"d":"1,549.89"}]
[2003851,"Tubo de concreto perfurado produzido na obra para drenagem - D = 0,40 m - fornecimento e instalação","m",94.92]
[2003935,"Tubo de PVC para dreno tipo barbacã - D = 50 mm - fornecimento e instalação","m",9.94]
[2003934,"Tubo de PVC para dreno tipo barbacã - D = 75 mm - fornecimento e instalação","m",{"v":14.4,"d":"14.40"}]
[2003990,"Tubo PEAD para drenagem - D = 1.000 mm - fornecimento e instalação","m",{"v":1425.92,"d":"1,425.92"}]
[2003991,"Tubo PEAD para drenagem - D = 1.050 mm - fornecimento e instalação","m",{"v":1402.56,"d":"1,402.56"}]
[2003992,"Tubo PEAD para drenagem - D = 1.200 mm - fornecimento e instalação","m",{"v":1961.63,"d":"1,961.63"}]
[2003993,"Tubo PEAD para drenagem - D = 1.500 mm - fornecimento e instalação","m",{"v":2264.51,"d":"2,264.51"}]
[2003983,"Tubo PEAD para drenagem - D = 400 mm - fornecimento e instalação","m",226.22]
[2003984,"Tubo PEAD para drenagem - D = 450 mm - fornecimento e instalação","m",275.04]
[2003985,"Tubo PEAD para drenagem - D = 500 mm - fornecimento e instalação","m",374.07]
[2003986,"Tubo PEAD para drenagem - D = 600 mm - fornecimento e instalação","m",{"v":544.7,"d":"544.70"}]
[2003987,"Tubo PEAD para drenagem - D = 750 mm - fornecimento e instalação","m",732.39]
[2003988,"Tubo PEAD para drenagem - D = 800 mm - fornecimento e instalação","m",807.71]
[2003989,"Tubo PEAD para drenagem - D = 900 mm - fornecimento e instalação","m",{"v":1061.85,"d":"1,061.85"}]
[2003298,"Valeta de proteção de aterro sem revestimento - VPAT 120-30 - escavação mecânica","m",13.65]
[2003297,"Valeta de proteção de aterro sem revestimento - VPAT 160-30 - escavação mecânica","m",16.84]
[2003315,"Valeta de proteção de aterros com revestimento de concreto - VPAC 120-30 - escavação mecânica - areia e brita comerciais","m",109.57]
[2003314,"Valeta de proteção de aterros com revestimento de concreto - VPAC 120-30 - escavação mecânica - areia extraída e brita produzida","m",91.67]
[2003313,"Valeta de proteção de aterros com revestimento de concreto - VPAC 160-30 - escavação mecânica - areia e brita comerciais","m",135.91]
[2003312,"Valeta de proteção de aterros com revestimento de concreto - VPAC 160-30 - escavação mecânica - areia extraída e brita produzida","m",113.52]
[2003311,"Valeta de proteção de aterros com revestimento vegetal - VPAG 120-30 - escavação mecânica","m",42.68]
[2003310,"Valeta de proteção de aterros com revestimento vegetal - VPAG 160-30 - escavação mecânica","m",53.89]
[2003296,"Valeta de proteção de corte sem revestimento - VPCT 120-30 - escavação mecânica","m",13.65]
[2003295,"Valeta de proteção de corte sem revestimento - VPCT 160-30 - escavação mecânica","m",16.84]
[2003309,"Valeta de proteção de cortes com revestimento de concreto - VPCC 120-30 - escavação mecânica - areia e brita comerciais","m",109.57]
[2003308,"Valeta de proteção de cortes com revestimento de concreto - VPCC 120-30 - escavação mecânica - areia extraída e brita produzida","m",91.67]
[2003307,"Valeta de proteção de cortes com revestimento de concreto - VPCC 160-30 - escavação mecânica - areia e brita comerciais","m",135.91]
[2003306,"Valeta de proteção de cortes com revestimento de concreto - VPCC 160-30 - escavação mecânica - areia extraída e brita produzida","m",113.52]
[2003305,"Valeta de proteção de cortes com revestimento vegetal - VPCG 120-30 - escavação mecânica","m",42.68]
[2003304,"Valeta de proteção de cortes com revestimento vegetal - VPCG 160-30 - escavação mecânica","m",53.89]
[2105846,"Escoramento com estacas de perfis metálicos W 250 x 38,5 kg/m, espaçadas em 1,5 m, intercaladas com prancha de madeira com espessura de 5 cm e ficha de 0 a 0,2 H - sem reaproveitamento - fornecimento e instalação","m²",492.28]
[2105929,"Escoramento com estacas de perfis metálicos W 250 x 38,5 kg/m, espaçadas em 1,5 m, intercaladas com prancha de madeira com espessura de 5 cm e ficha de 0,20 a 0,4 H - sem reaproveitamento - fornecimento e instalação","m²",556.43]
[2105933,"Escoramento com estacas de perfis metálicos W 250 x 38,5 kg/m, espaçadas em 1,5 m, intercaladas com prancha de madeira com espessura de 5 cm e ficha de 0,40 a 0,6 H - sem reaproveitamento - fornecimento e instalação","m²",620.59]
[2106293,"Escoramento com perfis metálicos W 150 x 18,0 kg/m a cada metro e chapas de aço - estroncas a cada 2 m não incluídas - profundidade de até 10 m - aço com utilização de 20 vezes - fornecimento, instalação e retirada","m²",207.57]
[2108165,"Escoramento com pontaletes D = 10 cm - utilização de 1 vez - confecção, instalação e retirada","m³",33.08]
[2108166,"Escoramento com pontaletes D = 10 cm - utilização de 2 vezes - confecção, instalação e retirada","m³",24.17]
[2108167,"Escoramento com pontaletes D = 10 cm - utilização de 3 vezes - confecção, instalação e retirada","m³",22.13]
[2108168,"Escoramento com pontaletes D = 10 cm - utilização de 5 vezes - confecção, instalação e retirada","m³",22.17]
[2108169,"Escoramento com pontaletes D = 15 cm - utilização de 1 vez - confecção e instalação","m³",52.12]
[2108170,"Escoramento com pontaletes D = 15 cm - utilização de 2 vezes - confecção, instalação e retirada","m³",38.51]
[2108171,"Escoramento com pontaletes D = 15 cm - utilização de 3 vezes - confecção, instalação e retirada","m³",35.88]
[2108172,"Escoramento com pontaletes D = 15 cm - utilização de 5 vezes - confecção, instalação e retirada","m³",37.04]
[2106292,"Escoramento contínuo de valas com tábuas de 2,5 x 30 cm e longarinas de 6 x 16 cm - estroncas a cada metro não incluídas - profundidade de até 4 m - madeira com utilização de 3 vezes - confecção, instalação e retirada","m²",{"v":154.1,"d":"154.10"}]
[2106291,"Escoramento contínuo de valas com tábuas de 2,5 x 30 cm e longarinas de 6 x 16 cm - estroncas a cada metro não incluídas - profundidade de até 4 m - madeira sem reaproveitamento - confecção e instalação","m²",214.41]
[2106235,"Escoramento metálico com quadro tubular contraventado - capacidade de carga até 3,8 t/m² - quadro de 1,0 x 1,0 x 1,25 m - utilização de 50 vezes - fornecimento, instalação e retirada","m³",3.08]
[2106232,"Escoramento metálico tubular galvanizado para formas com capacidade de 2.100 a 750 kg por unidade - regulável de 3,0 a 4,5 m - utilização de 20 vezes - fornecimento, instalação e retirada","un",14.58]
[2106233,"Escoramento metálico tubular galvanizado para formas com capacidade de 3.200 a 1.600 kg por unidade - regulável de 1,8 a 3,0 m - utilização de 20 vezes - fornecimento, instalação e retirada","un",{"v":11.1,"d":"11.10"}]
[2105605,"Escoramento para corpo de bueiros celulares - utilização de 3 vezes - confecção, instalação e retirada","m³",58.92]
[2106298,"Estroncas em perfil metálico W 150 x 18,0 kg/m - utilização de 20 vezes","m",35.07]
[2106295,"Estroncas para valas com D = 15 cm - madeira com utilização de 3 vezes","m",20.22]
[2106294,"Estroncas para valas com D = 15 cm - madeira sem reaproveitamento","m",25.36]
[2106297,"Estroncas para valas com D = 20 cm - madeira com utilização de 3 vezes","m",31.98]
[2106296,"Estroncas para valas com D = 20 cm - madeira sem reaproveitamento","m",49.95]
[2306731,"Apoio náutico para a colocação da armação em camisa metálica","kg",0.64]
[2306728,"Apoio náutico para a escavação com perfuratriz tipo Wirth em rocha com média dureza e média abrasão - resistência à compressão menor que 80 MPa - D = 600 a 1.800 mm","m",{"v":1590.15,"d":"1,590.15"}]
[2306729,"Apoio náutico para a escavação com perfuratriz tipo Wirth em rocha de alta dureza e alta abrasão - resistência à compressão acima de 80 MPa - D = 600 a 1.800 mm","m",{"v":1937.3,"d":"1,937.30"}]
[2306727,"Apoio náutico para a escavação com perfuratriz tipo Wirth em solo D = 600 a 1.800 mm","m",372.09]
[2306730,"Apoio náutico para a execução da concretagem de camisas metálicas","m³",125.78]
[2306726,"Apoio náutico para a execução da cravação de camisa metálica D = 600 a 1.800 mm","m",243.19]
[2306076,"Armação de estaca escavada ou estaca barrete em aço CA-50 com apoio de guindaste - fornecimento, preparo e colocação","kg",12.36]
[2306247,"Arrasamento de estacas de concreto com seção de até 900 cm²","m³",{"v":236,"d":"236.00"}]
[2306248,"Arrasamento de estacas de concreto com seção superior à 900 cm²","m³",548.68]
[2306279,"Berço para pré-moldagem de estacas protendidas com capacidade de 19 m³, inclusive formas metálicas - utilização de 100 vezes","m³",82.18]
[2306651,"Camisa metálica com espessura de 12,5 mm D = 1.400 mm - cravada com martelo vibratório - sem escavação - cravação","m",{"v":6947.13,"d":"6,947.13"}]
[2306678,"Camisa metálica com espessura de 12,5 mm D = 1.400 mm - para passagem de lâmina d'água - posicionamento","m",{"v":6697.71,"d":"6,697.71"}]
[2306652,"Camisa metálica com espessura de 12,5 mm D = 1.500 mm - cravada com martelo vibratório - sem escavação - cravação","m",{"v":7003.03,"d":"7,003.03"}]
[2306679,"Camisa metálica com espessura de 12,5 mm D = 1.500 mm - para passagem de lâmina d'água - posicionamento","m",{"v":6744.37,"d":"6,744.37"}]
[2306653,"Camisa metálica com espessura de 12,5 mm D = 1.600 mm - cravada com martelo vibratório - sem escavação - cravação","m",{"v":7061.2,"d":"7,061.20"}]
[2306680,"Camisa metálica com espessura de 12,5 mm D = 1.600 mm - para passagem de lâmina d'água - posicionamento","m",{"v":6792.59,"d":"6,792.59"}]
[2306654,"Camisa metálica com espessura de 12,5 mm D = 1.700 mm - cravada com martelo vibratório - sem escavação - cravação","m",{"v":7118.74,"d":"7,118.74"}]
[2306681,"Camisa metálica com espessura de 12,5 mm D = 1.700 mm - para passagem de lâmina d'água - posicionamento","m",{"v":6839.38,"d":"6,839.38"}]
[2306655,"Camisa metálica com espessura de 12,5 mm D = 1.800 mm - cravada com martelo vibratório - sem escavação - cravação","m",{"v":7177.33,"d":"7,177.33"}]
[2306682,"Camisa metálica com espessura de 12,5 mm D = 1.800 mm - para passagem de lâmina d'água - posicionamento","m",{"v":6886.33,"d":"6,886.33"}]
[2306656,"Camisa metálica com espessura de 16 mm D = 1.500 mm - cravada com martelo vibratório - sem escavação - cravação","m",{"v":9730.05,"d":"9,730.05"}]
[2306683,"Camisa metálica com espessura de 16 mm D = 1.500 mm - para passagem de lâmina d'água - posicionamento","m",{"v":9471.39,"d":"9,471.39"}]
[2306657,"Camisa metálica com espessura de 16 mm D = 1.600 mm - cravada com martelo vibratório - sem escavação - cravação","m",{"v":9842.38,"d":"9,842.38"}]
[2306684,"Camisa metálica com espessura de 16 mm D = 1.600 mm - para passagem de lâmina d'água - posicionamento","m",{"v":9573.77,"d":"9,573.77"}]
[2306658,"Camisa metálica com espessura de 16 mm D = 1.700 mm - cravada com martelo vibratório - sem escavação - cravação","m",{"v":9952.39,"d":"9,952.39"}]
[2306685,"Camisa metálica com espessura de 16 mm D = 1.700 mm - para passagem de lâmina d'água - posicionamento","m",{"v":9673.04,"d":"9,673.04"}]
[2306659,"Camisa metálica com espessura de 16 mm D = 1.800 mm - cravada com martelo vibratório - sem escavação - cravação","m",{"v":10066.58,"d":"10,066.58"}]
[2306686,"Camisa metálica com espessura de 16 mm D = 1.800 mm - para passagem de lâmina d'água - posicionamento","m",{"v":9775.59,"d":"9,775.59"}]
[2306637,"Camisa metálica com espessura de 6,3 mm D = 1.000 mm - cravada com martelo vibratório - sem escavação - cravação","m",{"v":2369.1,"d":"2,369.10"}]
[2306664,"Camisa metálica com espessura de 6,3 mm D = 1.000 mm - para passagem de lâmina d'água - posicionamento","m",{"v":2150.86,"d":"2,150.86"}]
[2306732,"Camisa metálica com espessura de 6,3 mm D = 400 mm - cravada com martelo vibratório - sem escavação - cravação","m",973.32]
[2306733,"Camisa metálica com espessura de 6,3 mm D = 400 mm - para passagem de lâmina d'água - posicionamento","m",789.53]
[2306734,"Camisa metálica com espessura de 6,3 mm D = 500 mm - cravada com martelo vibratório - sem escavação - cravação","m",{"v":1174.38,"d":"1,174.38"}]
[2306735,"Camisa metálica com espessura de 6,3 mm D = 500 mm - para passagem de lâmina d'água - posicionamento","m",985.62]
[2306633,"Camisa metálica com espessura de 6,3 mm D = 600 mm - cravada com martelo vibratório - sem escavação - cravação","m",{"v":1329.79,"d":"1,329.79"}]
[2306660,"Camisa metálica com espessura de 6,3 mm D = 600 mm - para passagem de lâmina d'água - posicionamento","m",{"v":1135.79,"d":"1,135.79"}]
[2306634,"Camisa metálica com espessura de 6,3 mm D = 700 mm - cravada com martelo vibratório - sem escavação - cravação","m",{"v":1541.04,"d":"1,541.04"}]
[2306661,"Camisa metálica com espessura de 6,3 mm D = 700 mm - para passagem de lâmina d'água - posicionamento","m",{"v":1341.5,"d":"1,341.50"}]
[2306635,"Camisa metálica com espessura de 6,3 mm D = 800 mm - cravada com martelo vibratório - sem escavação - cravação","m",{"v":1848.67,"d":"1,848.67"}]
[2306662,"Camisa metálica com espessura de 6,3 mm D = 800 mm - para passagem de lâmina d'água - posicionamento","m",{"v":1643.26,"d":"1,643.26"}]
[2306636,"Camisa metálica com espessura de 6,3 mm D = 900 mm - cravada com martelo vibratório - sem escavação - cravação","m",{"v":1867.8,"d":"1,867.80"}]
[2306663,"Camisa metálica com espessura de 6,3 mm D = 900 mm - para passagem de lâmina d'água - posicionamento","m",{"v":1656.16,"d":"1,656.16"}]
[2306641,"Camisa metálica com espessura de 8 mm D = 1.000 mm - cravada com martelo vibratório - sem escavação - cravação","m",{"v":2988.09,"d":"2,988.09"}]
[2306668,"Camisa metálica com espessura de 8 mm D = 1.000 mm - para passagem de lâmina d'água - posicionamento","m",{"v":2769.84,"d":"2,769.84"}]
[2306642,"Camisa metálica com espessura de 8 mm D = 1.100 mm - cravada com martelo vibratório - sem escavação - cravação","m",{"v":3014.35,"d":"3,014.35"}]
[2306669,"Camisa metálica com espessura de 8 mm D = 1.100 mm - para passagem de lâmina d'água - posicionamento","m",{"v":2789.07,"d":"2,789.07"}]
[2306643,"Camisa metálica com espessura de 8 mm D = 1.200 mm - cravada com martelo vibratório - sem escavação - cravação","m",{"v":3040.78,"d":"3,040.78"}]
[2306670,"Camisa metálica com espessura de 8 mm D = 1.200 mm - para passagem de lâmina d'água - posicionamento","m",{"v":2807.98,"d":"2,807.98"}]
[2306638,"Camisa metálica com espessura de 8 mm D = 700 mm - cravada com martelo vibratório - sem escavação - cravação","m",{"v":1933.15,"d":"1,933.15"}]
[2306665,"Camisa metálica com espessura de 8 mm D = 700 mm - para passagem de lâmina d'água - posicionamento","m",{"v":1733.61,"d":"1,733.61"}]
[2306639,"Camisa metálica com espessura de 8 mm D = 800 mm - cravada com martelo vibratório - sem escavação - cravação","m",{"v":2325.09,"d":"2,325.09"}]
[2306666,"Camisa metálica com espessura de 8 mm D = 800 mm - para passagem de lâmina d'água - posicionamento","m",{"v":2119.69,"d":"2,119.69"}]
[2306640,"Camisa metálica com espessura de 8 mm D = 900 mm - cravada com martelo vibratório - sem escavação - cravação","m",{"v":2350.47,"d":"2,350.47"}]
[2306667,"Camisa metálica com espessura de 8 mm D = 900 mm - para passagem de lâmina d'água - posicionamento","m",{"v":2138.84,"d":"2,138.84"}]
[2306645,"Camisa metálica com espessura de 9,5 mm D = 1.000 mm - cravada com martelo vibratório - sem escavação - cravação","m",{"v":3570.93,"d":"3,570.93"}]
[2306672,"Camisa metálica com espessura de 9,5 mm D = 1.000 mm - para passagem de lâmina d'água - posicionamento","m",{"v":3352.68,"d":"3,352.68"}]
[2306646,"Camisa metálica com espessura de 9,5 mm D = 1.100 mm - cravada com martelo vibratório - sem escavação - cravação","m",{"v":3605.17,"d":"3,605.17"}]
[2306673,"Camisa metálica com espessura de 9,5 mm D = 1.100 mm - para passagem de lâmina d'água - posicionamento","m",{"v":3379.89,"d":"3,379.89"}]
[2306647,"Camisa metálica com espessura de 9,5 mm D = 1.200 mm - cravada com martelo vibratório - sem escavação - cravação","m",{"v":3639.21,"d":"3,639.21"}]
[2306674,"Camisa metálica com espessura de 9,5 mm D = 1.200 mm - para passagem de lâmina d'água - posicionamento","m",{"v":3406.41,"d":"3,406.41"}]
[2306648,"Camisa metálica com espessura de 9,5 mm D = 1.300 mm - cravada com martelo vibratório - sem escavação - cravação","m",{"v":5127.76,"d":"5,127.76"}]
[2306675,"Camisa metálica com espessura de 9,5 mm D = 1.300 mm - para passagem de lâmina d'água - posicionamento","m",{"v":4886.94,"d":"4,886.94"}]
[2306649,"Camisa metálica com espessura de 9,5 mm D = 1.400 mm - cravada com martelo vibratório - sem escavação - cravação","m",{"v":5163.78,"d":"5,163.78"}]
[2306676,"Camisa metálica com espessura de 9,5 mm D = 1.400 mm - para passagem de lâmina d'água - posicionamento","m",{"v":4914.35,"d":"4,914.35"}]
[2306650,"Camisa metálica com espessura de 9,5 mm D = 1.500 mm - cravada com martelo vibratório - sem escavação - cravação","m",{"v":5199.64,"d":"5,199.64"}]
[2306677,"Camisa metálica com espessura de 9,5 mm D = 1.500 mm - para passagem de lâmina d'água - posicionamento","m",{"v":4940.98,"d":"4,940.98"}]
[2306644,"Camisa metálica com espessura de 9,5 mm D = 900 mm - cravada com martelo vibratório - sem escavação - cravação","m",{"v":2810.86,"d":"2,810.86"}]
[2306671,"Camisa metálica com espessura de 9,5 mm D = 900 mm - para passagem de lâmina d'água - posicionamento","m",{"v":2599.23,"d":"2,599.23"}]
[2306141,"Coluna de brita D = 50 cm executada com perfuratriz tipo bottom feed - brita comercial - confecção e cravação","m",70.43]
[2306145,"Coluna de brita D = 50 cm executada com perfuratriz tipo bottom feed - brita produzida - confecção e cravação","m",50.81]
[2306142,"Coluna de brita D = 60 cm executada com perfuratriz tipo bottom feed - brita comercial - confecção e cravação","m",87.97]
[2306146,"Coluna de brita D = 60 cm executada com perfuratriz tipo bottom feed - brita produzida - confecção e cravação","m",59.72]
[2306143,"Coluna de brita D = 70 cm executada com perfuratriz tipo bottom feed - brita comercial - confecção e cravação","m",108.42]
[2306147,"Coluna de brita D = 70 cm executada com perfuratriz tipo bottom feed - brita produzida - confecção e cravação","m",69.96]
[2306144,"Coluna de brita D = 80 cm executada com perfuratriz tipo bottom feed - brita comercial - confecção e cravação","m",132.59]
[2306148,"Coluna de brita D = 80 cm executada com perfuratriz tipo bottom feed - brita produzida - confecção e cravação","m",82.36]
[2306624,"Confecção de camisa metálica em aço ASTM A36 com espessura de 12,5 mm - D = 1.400 mm","m",{"v":6657.19,"d":"6,657.19"}]
[2306625,"Confecção de camisa metálica em aço ASTM A36 com espessura de 12,5 mm - D = 1.500 mm","m",{"v":6701.78,"d":"6,701.78"}]
[2306626,"Confecção de camisa metálica em aço ASTM A36 com espessura de 12,5 mm - D = 1.600 mm","m",{"v":6747.83,"d":"6,747.83"}]
[2306627,"Confecção de camisa metálica em aço ASTM A36 com espessura de 12,5 mm - D = 1.700 mm","m",{"v":6792.42,"d":"6,792.42"}]
[2306628,"Confecção de camisa metálica em aço ASTM A36 com espessura de 12,5 mm - D = 1.800 mm","m",{"v":6837.08,"d":"6,837.08"}]
[2306629,"Confecção de camisa metálica em aço ASTM A36 com espessura de 16 mm - D = 1.500 mm","m",{"v":9420.45,"d":"9,420.45"}]
[2306630,"Confecção de camisa metálica em aço ASTM A36 com espessura de 16 mm - D = 1.600 mm","m",{"v":9520.11,"d":"9,520.11"}]
[2306631,"Confecção de camisa metálica em aço ASTM A36 com espessura de 16 mm - D = 1.700 mm","m",{"v":9616.64,"d":"9,616.64"}]
[2306632,"Confecção de camisa metálica em aço ASTM A36 com espessura de 16 mm - D = 1.800 mm","m",{"v":9716.31,"d":"9,716.31"}]
[2306610,"Confecção de camisa metálica em aço ASTM A36 com espessura de 6,3 mm - D = 1.000 mm","m",{"v":2126.04,"d":"2,126.04"}]
[2306604,"Confecção de camisa metálica em aço ASTM A36 com espessura de 6,3 mm - D = 400 mm","m",{"v":770.7,"d":"770.70"}]
[2306605,"Confecção de camisa metálica em aço ASTM A36 com espessura de 6,3 mm - D = 500 mm","m",965.87]
[2306606,"Confecção de camisa metálica em aço ASTM A36 com espessura de 6,3 mm - D = 600 mm","m",{"v":1115.09,"d":"1,115.09"}]
[2306607,"Confecção de camisa metálica em aço ASTM A36 com espessura de 6,3 mm - D = 700 mm","m",{"v":1319.81,"d":"1,319.81"}]
[2306608,"Confecção de camisa metálica em aço ASTM A36 com espessura de 6,3 mm - D = 800 mm","m",{"v":1620.57,"d":"1,620.57"}]
[2306609,"Confecção de camisa metálica em aço ASTM A36 com espessura de 6,3 mm - D = 900 mm","m",{"v":1632.42,"d":"1,632.42"}]
[2306614,"Confecção de camisa metálica em aço ASTM A36 com espessura de 8 mm - D = 1.000 mm","m",{"v":2743.13,"d":"2,743.13"}]
[2306615,"Confecção de camisa metálica em aço ASTM A36 com espessura de 8 mm - D = 1.100 mm","m",{"v":2761.04,"d":"2,761.04"}]
[2306616,"Confecção de camisa metálica em aço ASTM A36 com espessura de 8 mm - D = 1.200 mm","m",{"v":2778.62,"d":"2,778.62"}]
[2306611,"Confecção de camisa metálica em aço ASTM A36 com espessura de 8 mm - D = 700 mm","m",{"v":1710.58,"d":"1,710.58"}]
[2306612,"Confecção de camisa metálica em aço ASTM A36 com espessura de 8 mm - D = 800 mm","m",{"v":2095.47,"d":"2,095.47"}]
[2306613,"Confecção de camisa metálica em aço ASTM A36 com espessura de 8 mm - D = 900 mm","m",{"v":2113.38,"d":"2,113.38"}]
[2306618,"Confecção de camisa metálica em aço ASTM A36 com espessura de 9,5 mm - D = 1.000 mm","m",{"v":3324.14,"d":"3,324.14"}]
[2306619,"Confecção de camisa metálica em aço ASTM A36 com espessura de 9,5 mm - D = 1.100 mm","m",{"v":3349.85,"d":"3,349.85"}]
[2306620,"Confecção de camisa metálica em aço ASTM A36 com espessura de 9,5 mm - D = 1.200 mm","m",{"v":3374.86,"d":"3,374.86"}]
[2306621,"Confecção de camisa metálica em aço ASTM A36 com espessura de 9,5 mm - D = 1.300 mm","m",{"v":4853.83,"d":"4,853.83"}]
[2306622,"Confecção de camisa metálica em aço ASTM A36 com espessura de 9,5 mm - D = 1.400 mm","m",{"v":4879.6,"d":"4,879.60"}]
[2306623,"Confecção de camisa metálica em aço ASTM A36 com espessura de 9,5 mm - D = 1.500 mm","m",{"v":4904.56,"d":"4,904.56"}]
[2306617,"Confecção de camisa metálica em aço ASTM A36 com espessura de 9,5 mm - D = 900 mm","m",{"v":2572.12,"d":"2,572.12"}]
[2306014,"Contraventamento de grupo de estacas submersas em aço ASTM A36 - confecção e instalação","kg",13.39]
[2306700,"Escavação com perfuratriz tipo Wirth em rocha com média dureza e média abrasão - resistência à compressão menor que 80 MPa - D = 1.000 mm","m",{"v":2068.1,"d":"2,068.10"}]
[2306703,"Escavação com perfuratriz tipo Wirth em rocha com média dureza e média abrasão - resistência à compressão menor que 80 MPa - D = 1.100 mm","m",{"v":2140.05,"d":"2,140.05"}]
[2306706,"Escavação com perfuratriz tipo Wirth em rocha com média dureza e média abrasão - resistência à compressão menor que 80 MPa - D = 1.200 mm","m",{"v":2254.46,"d":"2,254.46"}]
[2306709,"Escavação com perfuratriz tipo Wirth em rocha com média dureza e média abrasão - resistência à compressão menor que 80 MPa - D = 1.300 mm","m",{"v":2422.04,"d":"2,422.04"}]
[2306712,"Escavação com perfuratriz tipo Wirth em rocha com média dureza e média abrasão - resistência à compressão menor que 80 MPa - D = 1.400 mm","m",{"v":2506.66,"d":"2,506.66"}]
[2306715,"Escavação com perfuratriz tipo Wirth em rocha com média dureza e média abrasão - resistência à compressão menor que 80 MPa - D = 1.500 mm","m",{"v":2614.8,"d":"2,614.80"}]
[2306718,"Escavação com perfuratriz tipo Wirth em rocha com média dureza e média abrasão - resistência à compressão menor que 80 MPa - D = 1.600 mm","m",{"v":2781.52,"d":"2,781.52"}]
[2306721,"Escavação com perfuratriz tipo Wirth em rocha com média dureza e média abrasão - resistência à compressão menor que 80 MPa - D = 1.700 mm","m",{"v":2861.21,"d":"2,861.21"}]
[2306724,"Escavação com perfuratriz tipo Wirth em rocha com média dureza e média abrasão - resistência à compressão menor que 80 MPa - D = 1.800 mm","m",{"v":3011.75,"d":"3,011.75"}]
[2306688,"Escavação com perfuratriz tipo Wirth em rocha com média dureza e média abrasão - resistência à compressão menor que 80 MPa - D = 600 mm","m",{"v":1646.54,"d":"1,646.54"}]
[2306691,"Escavação com perfuratriz tipo Wirth em rocha com média dureza e média abrasão - resistência à compressão menor que 80 MPa - D = 700 mm","m",{"v":1735.35,"d":"1,735.35"}]
[2306694,"Escavação com perfuratriz tipo Wirth em rocha com média dureza e média abrasão - resistência à compressão menor que 80 MPa - D = 800 mm","m",{"v":1859.02,"d":"1,859.02"}]
[2306697,"Escavação com perfuratriz tipo Wirth em rocha com média dureza e média abrasão - resistência à compressão menor que 80 MPa - D = 900 mm","m",{"v":1944.23,"d":"1,944.23"}]
[2306701,"Escavação com perfuratriz tipo Wirth em rocha de alta dureza e alta abrasão - resistência à compressão acima de 80 MPa - D = 1.000 mm","m",{"v":3842.82,"d":"3,842.82"}]
[2306704,"Escavação com perfuratriz tipo Wirth em rocha de alta dureza e alta abrasão - resistência à compressão acima de 80 MPa - D = 1.100 mm","m",{"v":4072.61,"d":"4,072.61"}]
[2306707,"Escavação com perfuratriz tipo Wirth em rocha de alta dureza e alta abrasão - resistência à compressão acima de 80 MPa - D = 1.200 mm","m",{"v":4237.93,"d":"4,237.93"}]
[2306710,"Escavação com perfuratriz tipo Wirth em rocha de alta dureza e alta abrasão - resistência à compressão acima de 80 MPa - D = 1.300 mm","m",{"v":4446.23,"d":"4,446.23"}]
[2306713,"Escavação com perfuratriz tipo Wirth em rocha de alta dureza e alta abrasão - resistência à compressão acima de 80 MPa - D = 1.400 mm","m",{"v":4565.32,"d":"4,565.32"}]
[2306716,"Escavação com perfuratriz tipo Wirth em rocha de alta dureza e alta abrasão - resistência à compressão acima de 80 MPa - D = 1.500 mm","m",{"v":4828.54,"d":"4,828.54"}]
[2306719,"Escavação com perfuratriz tipo Wirth em rocha de alta dureza e alta abrasão - resistência à compressão acima de 80 MPa - D = 1.600 mm","m",{"v":5237.73,"d":"5,237.73"}]
[2306722,"Escavação com perfuratriz tipo Wirth em rocha de alta dureza e alta abrasão - resistência à compressão acima de 80 MPa - D = 1.700 mm","m",{"v":5474.05,"d":"5,474.05"}]
[2306725,"Escavação com perfuratriz tipo Wirth em rocha de alta dureza e alta abrasão - resistência à compressão acima de 80 MPa - D = 1.800 mm","m",{"v":5728.86,"d":"5,728.86"}]
[2306689,"Escavação com perfuratriz tipo Wirth em rocha de alta dureza e alta abrasão - resistência à compressão acima de 80 MPa - D = 600 mm","m",{"v":3049.8,"d":"3,049.80"}]
[2306692,"Escavação com perfuratriz tipo Wirth em rocha de alta dureza e alta abrasão - resistência à compressão acima de 80 MPa - D = 700 mm","m",{"v":3208.38,"d":"3,208.38"}]
[2306695,"Escavação com perfuratriz tipo Wirth em rocha de alta dureza e alta abrasão - resistência à compressão acima de 80 MPa - D = 800 mm","m",{"v":3371.78,"d":"3,371.78"}]
[2306698,"Escavação com perfuratriz tipo Wirth em rocha de alta dureza e alta abrasão - resistência à compressão acima de 80 MPa - D = 900 mm","m",{"v":3567.28,"d":"3,567.28"}]
[2306699,"Escavação com perfuratriz tipo Wirth em solo - D = 1.000 mm","m",323.98]
[2306702,"Escavação com perfuratriz tipo Wirth em solo - D = 1.100 mm","m",334.87]
[2306705,"Escavação com perfuratriz tipo Wirth em solo - D = 1.200 mm","m",352.65]
[2306708,"Escavação com perfuratriz tipo Wirth em solo - D = 1.300 mm","m",{"v":365.6,"d":"365.60"}]
[2306711,"Escavação com perfuratriz tipo Wirth em solo - D = 1.400 mm","m",379.52]
[2306714,"Escavação com perfuratriz tipo Wirth em solo - D = 1.500 mm","m",394.55]
[2306717,"Escavação com perfuratriz tipo Wirth em solo - D = 1.600 mm","m",411.89]
[2306720,"Escavação com perfuratriz tipo Wirth em solo - D = 1.700 mm","m",429.65]
[2306723,"Escavação com perfuratriz tipo Wirth em solo - D = 1.800 mm","m",439.12]
[2306687,"Escavação com perfuratriz tipo Wirth em solo - D = 600 mm","m",269.71]
[2306690,"Escavação com perfuratriz tipo Wirth em solo - D = 700 mm","m",282.12]
[2306693,"Escavação com perfuratriz tipo Wirth em solo - D = 800 mm","m",294.64]
[2306696,"Escavação com perfuratriz tipo Wirth em solo - D = 900 mm","m",308.32]
[2306239,"Estaca barrete escavada com uso de fluido estabilizante - confecção","m³",244.22]
[2306090,"Estaca broca manual D = 25 cm - confecção","m",46.98]
[2306091,"Estaca broca manual D = 30 cm - confecção","m",62.64]
[2306072,"Estaca circular tipo estacão escavada com uso de fluido estabilizante - confecção","m³",750.62]
[2306133,"Estaca duplo perfil metálico W 250 x 17,9 - com emenda - fornecimento e cravação","m",479.52]
[2306114,"Estaca duplo trilho TR 25 - com emenda - fornecimento e cravação","m",294.13]
[2306115,"Estaca duplo trilho TR 37 - com emenda - fornecimento e cravação","m",428.26]
[2306116,"Estaca duplo trilho TR 45 - com emenda - fornecimento e cravação","m",510.22]
[2306118,"Estaca duplo trilho TR 57 - com emenda - fornecimento e cravação","m",641.03]
[2306122,"Estaca duplo trilho TR 68 - com emenda - fornecimento e cravação","m",759.38]
[2306078,"Estaca Franki com fuste apiloado D = 35 cm - confecção","m",124.93]
[2306080,"Estaca Franki com fuste apiloado D = 40 cm - confecção","m",136.28]
[2306082,"Estaca Franki com fuste apiloado D = 45 cm - confecção","m",149.91]
[2306084,"Estaca Franki com fuste apiloado D = 52 cm - confecção","m",174.32]
[2306086,"Estaca Franki com fuste apiloado D = 60 cm - confecção","m",214.16]
[2309088,"Estaca Franki com fuste apiloado D = 70 cm - confecção","m",299.83]
[2306074,"Estaca hélice contínua - confecção","m³",193.68]
[2306095,"Estaca hélice de deslocamento - confecção","m³",232.23]
[2306132,"Estaca perfil metálico W 150 x 22,5 (H) - fornecimento e cravação","m",308.71]
[2306015,"Estaca prancha metálica - fornecimento e cravação até 12 metros","kg",15.41]
[2306019,"Estaca prancha metálica com apoio de flutuante - fornecimento e cravação de 12 metros","kg",15.99]
[2306018,"Estaca prancha metálica com apoio de flutuante e utilização de 10 vezes - fornecimento, cravação até 12 metros","kg",2.72]
[2306016,"Estaca prancha metálica com utilização de 10 vezes - fornecimento, cravação até 12 metros","kg",1.84]
[2305999,"Estaca pré-moldada de concreto armado centrifugado com compressão admissível de 100 t - sem emenda - fornecimento e cravação","m",347.08]
[2306000,"Estaca pré-moldada de concreto armado centrifugado com compressão admissível de 125 t - sem emenda - fornecimento e cravação","m",422.32]
[2306001,"Estaca pré-moldada de concreto armado centrifugado com compressão admissível de 170 t - sem emenda - fornecimento e cravação","m",604.35]
[2306002,"Estaca pré-moldada de concreto armado centrifugado com compressão admissível de 230 t - sem emenda - fornecimento e cravação","m",731.88]
[2306003,"Estaca pré-moldada de concreto armado centrifugado com compressão admissível de 300 t - sem emenda - fornecimento e cravação","m",996.52]
[2305997,"Estaca pré-moldada de concreto armado centrifugado com compressão admissível de 55 t - sem emenda - fornecimento e cravação","m",228.83]
[2305998,"Estaca pré-moldada de concreto armado centrifugado com compressão admissível de 80 t - sem emenda - fornecimento e cravação","m",313.12]
[2306101,"Estaca pré-moldada de concreto protendido 15 x 15 cm - produzida - sem emenda - cravação","m",71.93]
[2306102,"Estaca pré-moldada de concreto protendido 17 x 17 cm - produzida - sem emenda - cravação","m",76.65]
[2306103,"Estaca pré-moldada de concreto protendido 20 x 20 cm - produzida - sem emenda - cravação","m",86.21]
[2306104,"Estaca pré-moldada de concreto protendido 21 x 21 cm - produzida - sem emenda - cravação","m",{"v":91.7,"d":"91.70"}]
[2306105,"Estaca pré-moldada de concreto protendido 23 x 23 cm - produzida - sem emenda - cravação","m",97.43]
[2306106,"Estaca pré-moldada de concreto protendido 25 x 25 cm - produzida - sem emenda - cravação","m",106.38]
[2306107,"Estaca pré-moldada de concreto protendido 26 x 26 cm - produzida - sem emenda - cravação","m",109.46]
[2306269,"Estaca pré-moldada de concreto protendido 30 x 30 cm - produzida - sem emenda - cravação","m",123.16]
[2306270,"Estaca pré-moldada de concreto protendido 33 x 33 cm - produzida - sem emenda - cravação","m",137.86]
[2306271,"Estaca pré-moldada de concreto protendido 35 x 35 cm - produzida - sem emenda - cravação","m",151.69]
[2306272,"Estaca pré-moldada de concreto protendido 38 x 38 cm - produzida - sem emenda - cravação","m",160.45]
[2306273,"Estaca pré-moldada de concreto protendido 40 x 40 cm - produzida - sem emenda - cravação","m",180.29]
[2306274,"Estaca pré-moldada de concreto protendido 42 x 42 cm - produzida - sem emenda - cravação","m",193.33]
[2306275,"Estaca pré-moldada de concreto protendido 45 x 45 cm - produzida - sem emenda - cravação","m",224.02]
[2306100,"Estaca pré-moldada de concreto protendido com compressão admissível de 100 t - comercial - sem emenda - fornecimento e cravação","m",326.51]
[2306004,"Estaca pré-moldada de concreto protendido com compressão admissível de 25 t - comercial - sem emenda - fornecimento e cravação","m",{"v":124.9,"d":"124.90"}]
[2306097,"Estaca pré-moldada de concreto protendido com compressão admissível de 35 t - comercial - sem emenda - fornecimento e cravação","m",153.53]
[2306098,"Estaca pré-moldada de concreto protendido com compressão admissível de 60 t - comercial - sem emenda - fornecimento e cravação","m",175.29]
[2306007,"Estaca pré-moldada de concreto protendido com compressão admissível de 75 t - comercial - sem emenda - fornecimento e cravação","m",244.79]
[2306067,"Estaca raiz perfurada na rocha com D = 16 cm - confecção","m",474.26]
[2306068,"Estaca raiz perfurada na rocha com D = 20 cm - confecção","m",598.05]
[2306069,"Estaca raiz perfurada na rocha com D = 25 cm - confecção","m",809.93]
[2306070,"Estaca raiz perfurada na rocha com D = 31 cm - confecção","m",{"v":1271.01,"d":"1,271.01"}]
[2306071,"Estaca raiz perfurada na rocha com D = 40 cm - confecção","m",{"v":1912.63,"d":"1,912.63"}]
[2306181,"Estaca raiz perfurada na rocha com D = 45 cm - confecção","m",{"v":1926.87,"d":"1,926.87"}]
[2306062,"Estaca raiz perfurada no solo com D = 16 cm - confecção","m",{"v":84.5,"d":"84.50"}]
[2306063,"Estaca raiz perfurada no solo com D = 20 cm - confecção","m",102.08]
[2306064,"Estaca raiz perfurada no solo com D = 25 cm - confecção","m",126.28]
[2306065,"Estaca raiz perfurada no solo com D = 31 cm - confecção","m",163.95]
[2306066,"Estaca raiz perfurada no solo com D = 40 cm - confecção","m",231.66]
[2306180,"Estaca raiz perfurada no solo com D = 45 cm - confecção","m",{"v":262,"d":"262.00"}]
[2306009,"Estaca Strauss D = 25 cm - confecção","m",16.96]
[2306010,"Estaca Strauss D = 32 cm - confecção","m",21.13]
[2306011,"Estaca Strauss D = 38 cm - confecção","m",24.07]
[2306012,"Estaca Strauss D = 45 cm - confecção","m",28.18]
[2306108,"Estaca trilho TR 25 - fornecimento e cravação","m",{"v":157,"d":"157.00"}]
[2306110,"Estaca trilho TR 37 - fornecimento e cravação","m",224.25]
[2306111,"Estaca trilho TR 45 - fornecimento e cravação","m",264.78]
[2306112,"Estaca trilho TR 57 - fornecimento e cravação","m",{"v":329.9,"d":"329.90"}]
[2306113,"Estaca trilho TR 68 - fornecimento e cravação","m",388.86]
[2306123,"Estaca triplo trilho TR 25 - com emenda - fornecimento e cravação","m",429.74]
[2306124,"Estaca triplo trilho TR 37 - com emenda - fornecimento e cravação","m",630.33]
[2306125,"Estaca triplo trilho TR 45 - com emenda - fornecimento e cravação","m",752.83]
[2306126,"Estaca triplo trilho TR 57 - com emenda - fornecimento e cravação","m",948.44]
[2306127,"Estaca triplo trilho TR 68 - com emenda - fornecimento e cravação","m",{"v":1125.31,"d":"1,125.31"}]
[2306300,"Fabricação de estaca pré-moldada de concreto protendida seção 15 x 15 cm","m",34.12]
[2306301,"Fabricação de estaca pré-moldada de concreto protendida seção 17 x 17 cm","m",36.89]
[2306302,"Fabricação de estaca pré-moldada de concreto protendida seção 20 x 20 cm","m",44.15]
[2306303,"Fabricação de estaca pré-moldada de concreto protendida seção 21 x 21 cm","m",48.04]
[2306304,"Fabricação de estaca pré-moldada de concreto protendida seção 23 x 23 cm","m",51.36]
[2306305,"Fabricação de estaca pré-moldada de concreto protendida seção 25 x 25 cm","m",57.97]
[2306306,"Fabricação de estaca pré-moldada de concreto protendida seção 26 x 26 cm","m",59.42]
[2306307,"Fabricação de estaca pré-moldada de concreto protendida seção 30 x 30 cm","m",68.93]
[2306308,"Fabricação de estaca pré-moldada de concreto protendida seção 33 x 33 cm","m",77.98]
[2306309,"Fabricação de estaca pré-moldada de concreto protendida seção 35 x 35 cm","m",88.33]
[2306310,"Fabricação de estaca pré-moldada de concreto protendida seção 38 x 38 cm","m",93.52]
[2306311,"Fabricação de estaca pré-moldada de concreto protendida seção 40 x 40 cm","m",{"v":108.1,"d":"108.10"}]
[2306312,"Fabricação de estaca pré-moldada de concreto protendida seção 42 x 42 cm","m",117.14]
[2306313,"Fabricação de estaca pré-moldada de concreto protendida seção 45 x 45 cm","m",141.54]
[2306013,"Gabarito de cravação de estacas submersas em aço ASTM A36 - confecção e instalação","kg",13.29]
[2306243,"Muro guia para estaca barrete com duas cortinas de 10 x 110 cm","m",592.15]
[2408149,"Estrutura em perfil de aço ASTM A36 corte, solda e montagem - fornecimento e instalação","kg",16.56]
[2407972,"Fornecimento e aplicação de adesivo estrutural à base de resina epóxi","kg",71.67]
[2407973,"Hidrojateamento em superfície de aço grau WJ-2","m²",29.72]
[2408075,"Jateamento abrasivo em chapa de aço por esteira contínua","m²",5.55]
[2408069,"Jateamento de chapa de aço com o uso de granalhas de aço grau Sa 2","m²",{"v":5.7,"d":"5.70"}]
[2419790,"Jateamento de chapa de aço com o uso de granalhas de aço grau Sa 2 1/2","m²",{"v":10.3,"d":"10.30"}]
[2407976,"Jateamento de chapa de aço com o uso de granalhas de aço grau Sa 2 1/2 - em espaço confinado","m²",11.59]
[2408068,"Jateamento de chapa de aço com o uso de granalhas de aço grau Sa 3","m²",16.05]
[2419705,"Pintura com epóxi de dois componentes com pistola a ar comprimido, uma demão, espessura de 120 µm","m²",10.51]
[2419704,"Pintura com primer epóxi de dois componentes com pistola a ar comprimido, uma demão, espessura de 70 µm","m²",{"v":13.5,"d":"13.50"}]
[2407981,"Pintura com selante epóxi vinílico com pistola airless, uma demão, espessura de 80 µm","m²",{"v":18.2,"d":"18.20"}]
[2407982,"Pintura com tinta anti-incrustante com pistola airless, uma demão, espessura de 125 µm","m²",40.61]
[2419703,"Pintura com tinta anticorrosiva à base de epóxi poliamida de dois componentes com pistola a ar comprimido, uma demão, espessura de 150 µm","m²",15.74]
[2408080,"Pintura de acabamento com esmalte epóxi com pistola a ar comprimido, uma demão, espessura de 40 µm","m²",7.94]
[2408078,"Pintura de acabamento com esmalte sintético com pistola a ar comprimido, uma demão, espessura de 30 µm","m²",2.96]
[2407979,"Pintura de acabamento com tinta de poliuretano acrílico de dois componentes com pistola airless, uma demão, espessura de 70 µm","m²",14.84]
[2407980,"Pintura de acabamento com tinta de poliuretano acrílico de dois componentes com pistola airless, uma demão, espessura de 70 µm - em espaço confinado","m²",14.88]
[2408077,"Pintura de fundo com tinta alquídica com pistola a ar comprimido, uma demão, espessura de 30 µm","m²",{"v":7,"d":"7.00"}]
[2407983,"Pintura de fundo com tinta anticorrosiva à base de epóxi poliamida de dois componentes com pistola airless, uma demão, espessura de 100 µm - em espaço confinado","m²",8.49]
[2407977,"Pintura de fundo com tinta anticorrosiva à base de epóxi poliamida de dois componentes com pistola airless, uma demão, espessura de 160 µm","m²",16.52]
[2407978,"Pintura de fundo com tinta anticorrosiva à base de epóxi poliamida de dois componentes com pistola airless, uma demão, espessura de 160 µm - em espaço confinado","m²",16.56]
[2408079,"Pintura de fundo com tinta epóxi com pistola a ar comprimido, uma demão, espessura de 120 µm","m²",{"v":42.2,"d":"42.20"}]
[2408076,"Pintura shop primer em chapa de aço por esteira contínua","m²",10.47]
[2408057,"Solda elétrica de perfis metálicos e chapas de aço com eletrodo E60XX","kg",101.51]
[2408058,"Solda elétrica de perfis metálicos e chapas de aço com eletrodo E70XX","kg",69.27]
[2407974,"Tratamento de superfície de aço com ferramenta mecânica grau SP-11","m²",349.92]
[2407975,"Tratamento de superfície de aço com ferramenta mecânica grau SP-11 - em espaço confinado","m²",356.84]
[2419789,"Tratamento em chapa de aço por esteira contínua","m²",8.99]
[2607183,"Alinhamento manual da grade do AMV para qualquer abertura e qualquer bitola","un",327.29]
[2607226,"Assentamento dos materiais metálicos do AMV 1:10, TR 45, bitola larga","un",{"v":350818.43,"d":"350,818.43"}]
[2607209,"Assentamento dos materiais metálicos do AMV 1:10, TR 45, bitola métrica","un",{"v":305746.34,"d":"305,746.34"}]
[2607161,"Assentamento dos materiais metálicos do AMV 1:10, TR 45, bitola mista","un",{"v":420238.6,"d":"420,238.60"}]
[2607148,"Assentamento dos materiais metálicos do AMV 1:10, TR 57, bitola larga","un",{"v":442861.45,"d":"442,861.45"}]
[2607213,"Assentamento dos materiais metálicos do AMV 1:10, TR 57, bitola métrica","un",{"v":385705.68,"d":"385,705.68"}]
[2607165,"Assentamento dos materiais metálicos do AMV 1:10, TR 57, bitola mista","un",{"v":533804.45,"d":"533,804.45"}]
[2607152,"Assentamento dos materiais metálicos do AMV 1:10, TR 68, bitola larga","un",{"v":529435.1,"d":"529,435.10"}]
[2607217,"Assentamento dos materiais metálicos do AMV 1:10, TR 68, bitola métrica","un",{"v":458969.1,"d":"458,969.10"}]
[2607169,"Assentamento dos materiais metálicos do AMV 1:10, TR 68, bitola mista","un",{"v":634971.1,"d":"634,971.10"}]
[2607156,"Assentamento dos materiais metálicos do AMV 1:10, UIC 60, bitola larga","un",{"v":465988.74,"d":"465,988.74"}]
[2607221,"Assentamento dos materiais metálicos do AMV 1:10, UIC 60, bitola métrica","un",{"v":405742.12,"d":"405,742.12"}]
[2607173,"Assentamento dos materiais metálicos do AMV 1:10, UIC 60, bitola mista","un",{"v":561474.44,"d":"561,474.44"}]
[2607227,"Assentamento dos materiais metálicos do AMV 1:12, TR 45, bitola larga","un",{"v":385480.55,"d":"385,480.55"}]
[2607210,"Assentamento dos materiais metálicos do AMV 1:12, TR 45, bitola métrica","un",{"v":335865.72,"d":"335,865.72"}]
[2607162,"Assentamento dos materiais metálicos do AMV 1:12, TR 45, bitola mista","un",{"v":461930,"d":"461,930.00"}]
[2607149,"Assentamento dos materiais metálicos do AMV 1:12, TR 57, bitola larga","un",{"v":486765.2,"d":"486,765.20"}]
[2607214,"Assentamento dos materiais metálicos do AMV 1:12, TR 57, bitola métrica","un",{"v":423848.91,"d":"423,848.91"}]
[2607166,"Assentamento dos materiais metálicos do AMV 1:12, TR 57, bitola mista","un",{"v":586632.95,"d":"586,632.95"}]
[2607153,"Assentamento dos materiais metálicos do AMV 1:12, TR 68, bitola larga","un",{"v":581686.24,"d":"581,686.24"}]
[2607218,"Assentamento dos materiais metálicos do AMV 1:12, TR 68, bitola métrica","un",{"v":507258.26,"d":"507,258.26"}]
[2607170,"Assentamento dos materiais metálicos do AMV 1:12, TR 68, bitola mista","un",{"v":697948.38,"d":"697,948.38"}]
[2607157,"Assentamento dos materiais metálicos do AMV 1:12, UIC 60, bitola larga","un",{"v":515028.61,"d":"515,028.61"}]
[2607222,"Assentamento dos materiais metálicos do AMV 1:12, UIC 60, bitola métrica","un",{"v":445896.28,"d":"445,896.28"}]
[2607174,"Assentamento dos materiais metálicos do AMV 1:12, UIC 60, bitola mista","un",{"v":617084.84,"d":"617,084.84"}]
[2607228,"Assentamento dos materiais metálicos do AMV 1:14, TR 45, bitola larga","un",{"v":423580.41,"d":"423,580.41"}]
[2607211,"Assentamento dos materiais metálicos do AMV 1:14, TR 45, bitola métrica","un",{"v":368975.59,"d":"368,975.59"}]
[2607163,"Assentamento dos materiais metálicos do AMV 1:14, TR 45, bitola mista","un",{"v":510548.57,"d":"510,548.57"}]
[2607150,"Assentamento dos materiais metálicos do AMV 1:14, TR 57, bitola larga","un",{"v":537896.32,"d":"537,896.32"}]
[2607215,"Assentamento dos materiais metálicos do AMV 1:14, TR 57, bitola métrica","un",{"v":465779.7,"d":"465,779.70"}]
[2607167,"Assentamento dos materiais metálicos do AMV 1:14, TR 57, bitola mista","un",{"v":644686.24,"d":"644,686.24"}]
[2607154,"Assentamento dos materiais metálicos do AMV 1:14, TR 68, bitola larga","un",{"v":639132.72,"d":"639,132.72"}]
[2607219,"Assentamento dos materiais metálicos do AMV 1:14, TR 68, bitola métrica","un",{"v":557261.89,"d":"557,261.89"}]
[2607171,"Assentamento dos materiais metálicos do AMV 1:14, TR 68, bitola mista","un",{"v":775571.07,"d":"775,571.07"}]
[2607158,"Assentamento dos materiais metálicos do AMV 1:14, UIC 60, bitola larga","un",{"v":565848.69,"d":"565,848.69"}]
[2607223,"Assentamento dos materiais metálicos do AMV 1:14, UIC 60, bitola métrica","un",{"v":490037.74,"d":"490,037.74"}]
[2607175,"Assentamento dos materiais metálicos do AMV 1:14, UIC 60, bitola mista","un",{"v":678195.78,"d":"678,195.78"}]
[2607151,"Assentamento dos materiais metálicos do AMV 1:20, TR 57, bitola larga","un",{"v":644281.77,"d":"644,281.77"}]
[2607216,"Assentamento dos materiais metálicos do AMV 1:20, TR 57, bitola métrica","un",{"v":561044.85,"d":"561,044.85"}]
[2607168,"Assentamento dos materiais metálicos do AMV 1:20, TR 57, bitola mista","un",{"v":781278.24,"d":"781,278.24"}]
[2607155,"Assentamento dos materiais metálicos do AMV 1:20, TR 68, bitola larga","un",{"v":774164.92,"d":"774,164.92"}]
[2607220,"Assentamento dos materiais metálicos do AMV 1:20, TR 68, bitola métrica","un",{"v":667508.25,"d":"667,508.25"}]
[2607172,"Assentamento dos materiais metálicos do AMV 1:20, TR 68, bitola mista","un",{"v":928349.23,"d":"928,349.23"}]
[2607159,"Assentamento dos materiais metálicos do AMV 1:20, UIC 60, bitola larga","un",{"v":677969.01,"d":"677,969.01"}]
[2607224,"Assentamento dos materiais metálicos do AMV 1:20, UIC 60, bitola métrica","un",{"v":590178.39,"d":"590,178.39"}]
[2607176,"Assentamento dos materiais metálicos do AMV 1:20, UIC 60, bitola mista","un",{"v":821538.03,"d":"821,538.03"}]
[2607225,"Assentamento dos materiais metálicos do AMV 1:8, TR 45, bitola larga","un",{"v":319282.05,"d":"319,282.05"}]
[2607208,"Assentamento dos materiais metálicos do AMV 1:8, TR 45, bitola métrica","un",{"v":278346.33,"d":"278,346.33"}]
[2607160,"Assentamento dos materiais metálicos do AMV 1:8, TR 45, bitola mista","un",{"v":382295.91,"d":"382,295.91"}]
[2607229,"Assentamento dos materiais metálicos do AMV 1:8, TR 57, bitola larga","un",{"v":402888.25,"d":"402,888.25"}]
[2607212,"Assentamento dos materiais metálicos do AMV 1:8, TR 57, bitola métrica","un",{"v":351006,"d":"351,006.00"}]
[2607164,"Assentamento dos materiais metálicos do AMV 1:8, TR 57, bitola mista","un",{"v":482922.31,"d":"482,922.31"}]
[2607207,"Lançamento manual de lastro em AMV com descarga da brita por caminhão","m³",179.18]
[2607206,"Lançamento mecânico de lastro em AMV com descarga da brita por caminhão e espalhamento com carregadeira de pneus","m³",{"v":174.4,"d":"174.40"}]
[2607344,"Nivelamento de AMV com socaria com grupo vibrador e levante de até 10 cm, abertura 1:10, bitola larga, dormente de madeira ou concreto","un",{"v":236.5,"d":"236.50"}]
[2607339,"Nivelamento de AMV com socaria com grupo vibrador e levante de até 10 cm, abertura 1:10, bitola métrica, dormente de madeira ou concreto","un",162.47]
[2607349,"Nivelamento de AMV com socaria com grupo vibrador e levante de até 10 cm, abertura 1:10, bitola mista, dormente de madeira ou concreto","un",361.11]
[2607345,"Nivelamento de AMV com socaria com grupo vibrador e levante de até 10 cm, abertura 1:12, bitola larga, dormente de madeira ou concreto","un",269.86]
[2607340,"Nivelamento de AMV com socaria com grupo vibrador e levante de até 10 cm, abertura 1:12, bitola métrica, dormente de madeira ou concreto","un",185.51]
[2607350,"Nivelamento de AMV com socaria com grupo vibrador e levante de até 10 cm, abertura 1:12, bitola mista, dormente de madeira ou concreto","un",412.48]
[2607346,"Nivelamento de AMV com socaria com grupo vibrador e levante de até 10 cm, abertura 1:14, bitola larga, dormente de madeira ou concreto","un",313.44]
[2607341,"Nivelamento de AMV com socaria com grupo vibrador e levante de até 10 cm, abertura 1:14, bitola métrica, dormente de madeira ou concreto","un",218.85]
[2607351,"Nivelamento de AMV com socaria com grupo vibrador e levante de até 10 cm, abertura 1:14, bitola mista, dormente de madeira ou concreto","un",479.14]
[2607347,"Nivelamento de AMV com socaria com grupo vibrador e levante de até 10 cm, abertura 1:20, bitola larga, dormente de madeira ou concreto","un",413.55]
[2607342,"Nivelamento de AMV com socaria com grupo vibrador e levante de até 10 cm, abertura 1:20, bitola métrica, dormente de madeira ou concreto","un",269.86]
[2607352,"Nivelamento de AMV com socaria com grupo vibrador e levante de até 10 cm, abertura 1:20, bitola mista, dormente de madeira ou concreto","un",630.42]
[2607343,"Nivelamento de AMV com socaria com grupo vibrador e levante de até 10 cm, abertura 1:8, bitola larga, dormente de madeira","un",189.88]
[2607338,"Nivelamento de AMV com socaria com grupo vibrador e levante de até 10 cm, abertura 1:8, bitola métrica, dormente de madeira","un",138.94]
[2607348,"Nivelamento de AMV com socaria com grupo vibrador e levante de até 10 cm, abertura 1:8, bitola mista, dormente de madeira","un",290.11]
[2607329,"Nivelamento de AMV com socaria manual e levante de até 10 cm, abertura 1:10, bitola larga, dormente de madeira ou concreto","un",544.16]
[2607324,"Nivelamento de AMV com socaria manual e levante de até 10 cm, abertura 1:10, bitola métrica, dormente de madeira ou concreto","un",371.52]
[2607334,"Nivelamento de AMV com socaria manual e levante de até 10 cm, abertura 1:10, bitola mista, dormente de madeira ou concreto","un",788.97]
[2607330,"Nivelamento de AMV com socaria manual e levante de até 10 cm, abertura 1:12, bitola larga, dormente de madeira ou concreto","un",622.24]
[2607325,"Nivelamento de AMV com socaria manual e levante de até 10 cm, abertura 1:12, bitola métrica, dormente de madeira ou concreto","un",426.65]
[2607335,"Nivelamento de AMV com socaria manual e levante de até 10 cm, abertura 1:12, bitola mista, dormente de madeira ou concreto","un",901.54]
[2607331,"Nivelamento de AMV com socaria manual e levante de até 10 cm, abertura 1:14, bitola larga, dormente de madeira ou concreto","un",723.38]
[2607326,"Nivelamento de AMV com socaria manual e levante de até 10 cm, abertura 1:14, bitola métrica, dormente de madeira ou concreto","un",504.73]
[2607336,"Nivelamento de AMV com socaria manual e levante de até 10 cm, abertura 1:14, bitola mista, dormente de madeira ou concreto","un",{"v":1048.69,"d":"1,048.69"}]
[2607332,"Nivelamento de AMV com socaria manual e levante de até 10 cm, abertura 1:20, bitola larga, dormente de madeira ou concreto","un",957.68]
[2607327,"Nivelamento de AMV com socaria manual e levante de até 10 cm, abertura 1:20, bitola métrica, dormente de madeira ou concreto","un",622.24]
[2607337,"Nivelamento de AMV com socaria manual e levante de até 10 cm, abertura 1:20, bitola mista, dormente de madeira ou concreto","un",{"v":1386.51,"d":"1,386.51"}]
[2607328,"Nivelamento de AMV com socaria manual e levante de até 10 cm, abertura 1:8, bitola larga, dormente de madeira","un",436.52]
[2607323,"Nivelamento de AMV com socaria manual e levante de até 10 cm, abertura 1:8, bitola métrica, dormente de madeira","un",318.94]
[2607333,"Nivelamento de AMV com socaria manual e levante de até 10 cm, abertura 1:8, bitola mista, dormente de madeira","un",632.03]
[2607106,"Posicionamento de jogo de dormentes de concreto para AMV 1:10, bitola larga","jg",{"v":92063.07,"d":"92,063.07"}]
[2607102,"Posicionamento de jogo de dormentes de concreto para AMV 1:10, bitola métrica","jg",{"v":45347.78,"d":"45,347.78"}]
[2607261,"Posicionamento de jogo de dormentes de concreto para AMV 1:10, bitola mista","jg",{"v":92063.07,"d":"92,063.07"}]
[2607107,"Posicionamento de jogo de dormentes de concreto para AMV 1:12, bitola larga","jg",{"v":105074.49,"d":"105,074.49"}]
[2607103,"Posicionamento de jogo de dormentes de concreto para AMV 1:12, bitola métrica","jg",{"v":51610.87,"d":"51,610.87"}]
[2607262,"Posicionamento de jogo de dormentes de concreto para AMV 1:12, bitola mista","jg",{"v":105074.49,"d":"105,074.49"}]
[2607108,"Posicionamento de jogo de dormentes de concreto para AMV 1:14, bitola larga","jg",{"v":122399.24,"d":"122,399.24"}]
[2607104,"Posicionamento de jogo de dormentes de concreto para AMV 1:14, bitola métrica","jg",{"v":60981.6,"d":"60,981.60"}]
[2607263,"Posicionamento de jogo de dormentes de concreto para AMV 1:14, bitola mista","jg",{"v":122399.24,"d":"122,399.24"}]
[2607109,"Posicionamento de jogo de dormentes de concreto para AMV 1:20, bitola larga","jg",{"v":161385.87,"d":"161,385.87"}]
[2607105,"Posicionamento de jogo de dormentes de concreto para AMV 1:20, bitola métrica","jg",{"v":75838.52,"d":"75,838.52"}]
[2607264,"Posicionamento de jogo de dormentes de concreto para AMV 1:20, bitola mista","jg",{"v":161385.87,"d":"161,385.87"}]
[2607093,"Posicionamento de jogo de dormentes de madeira para AMV 1:10, bitola larga","jg",{"v":43938.21,"d":"43,938.21"}]
[2607088,"Posicionamento de jogo de dormentes de madeira para AMV 1:10, bitola métrica","jg",{"v":18153.68,"d":"18,153.68"}]
[2607098,"Posicionamento de jogo de dormentes de madeira para AMV 1:10, bitola mista","jg",{"v":44281.91,"d":"44,281.91"}]
[2607094,"Posicionamento de jogo de dormentes de madeira para AMV 1:12, bitola larga","jg",{"v":49525.86,"d":"49,525.86"}]
[2607089,"Posicionamento de jogo de dormentes de madeira para AMV 1:12, bitola métrica","jg",{"v":20783.5,"d":"20,783.50"}]
[2607099,"Posicionamento de jogo de dormentes de madeira para AMV 1:12, bitola mista","jg",{"v":49917.41,"d":"49,917.41"}]
[2607095,"Posicionamento de jogo de dormentes de madeira para AMV 1:14, bitola larga","jg",{"v":58176.98,"d":"58,176.98"}]
[2607090,"Posicionamento de jogo de dormentes de madeira para AMV 1:14, bitola métrica","jg",{"v":25306.2,"d":"25,306.20"}]
[2607260,"Posicionamento de jogo de dormentes de madeira para AMV 1:14, bitola mista","jg",{"v":58631.73,"d":"58,631.73"}]
[2607096,"Posicionamento de jogo de dormentes de madeira para AMV 1:20, bitola larga","jg",{"v":76692.64,"d":"76,692.64"}]
[2607091,"Posicionamento de jogo de dormentes de madeira para AMV 1:20, bitola métrica","jg",{"v":31792.6,"d":"31,792.60"}]
[2607101,"Posicionamento de jogo de dormentes de madeira para AMV 1:20, bitola mista","jg",{"v":77291.99,"d":"77,291.99"}]
[2607092,"Posicionamento de jogo de dormentes de madeira para AMV 1:8, bitola larga","jg",{"v":34963.25,"d":"34,963.25"}]
[2607087,"Posicionamento de jogo de dormentes de madeira para AMV 1:8, bitola métrica","jg",{"v":15153.03,"d":"15,153.03"}]
[2607097,"Posicionamento de jogo de dormentes de madeira para AMV 1:8, bitola mista","jg",{"v":35238.42,"d":"35,238.42"}]
[2607198,"Regularização manual do lastro do AMV para qualquer abertura e qualquer bitola","un",331.12]
[2809170,"Demolição de AMV 1:10 TR 37, em bitola métrica, dormente de madeira, com separação e empilhamento","un",{"v":1962.18,"d":"1,962.18"}]
[2809183,"Demolição de AMV 1:10 TR 45, em bitola larga, dormente de madeira, com separação e empilhamento","un",{"v":2842.18,"d":"2,842.18"}]
[2809174,"Demolição de AMV 1:10 TR 45, em bitola métrica, dormente de madeira, com separação e empilhamento","un",{"v":2058.84,"d":"2,058.84"}]
[2809196,"Demolição de AMV 1:10 TR 45, em bitola mista, dormente de madeira, com separação e empilhamento","un",{"v":2984.95,"d":"2,984.95"}]
[2809187,"Demolição de AMV 1:10 TR 57, em bitola larga, dormente de madeira, com separação e empilhamento","un",{"v":2987.4,"d":"2,987.40"}]
[2809178,"Demolição de AMV 1:10 TR 57, em bitola métrica, dormente de madeira, com separação e empilhamento","un",{"v":2203.69,"d":"2,203.69"}]
[2809200,"Demolição de AMV 1:10 TR 57, em bitola mista, dormente de madeira, com separação e empilhamento","un",{"v":3136.17,"d":"3,136.17"}]
[2809191,"Demolição de AMV 1:10 TR 68, em bitola larga, dormente de madeira, com separação e empilhamento","un",{"v":3120.59,"d":"3,120.59"}]
[2809204,"Demolição de AMV 1:10 TR 68, em bitola mista, dormente de madeira, com separação e empilhamento","un",{"v":3274.61,"d":"3,274.61"}]
[2809171,"Demolição de AMV 1:12 TR 37, em bitola métrica, dormente de madeira, com separação e empilhamento","un",{"v":2214.9,"d":"2,214.90"}]
[2809184,"Demolição de AMV 1:12 TR 45, em bitola larga, dormente de madeira, com separação e empilhamento","un",{"v":3206.31,"d":"3,206.31"}]
[2809175,"Demolição de AMV 1:12 TR 45, em bitola métrica, dormente de madeira, com separação e empilhamento","un",{"v":2321.22,"d":"2,321.22"}]
[2809197,"Demolição de AMV 1:12 TR 45, em bitola mista, dormente de madeira, com separação e empilhamento","un",{"v":3363.85,"d":"3,363.85"}]
[2809188,"Demolição de AMV 1:12 TR 57, em bitola larga, dormente de madeira, com separação e empilhamento","un",{"v":3366.06,"d":"3,366.06"}]
[2809179,"Demolição de AMV 1:12 TR 57, em bitola métrica, dormente de madeira, com separação e empilhamento","un",{"v":2480.56,"d":"2,480.56"}]
[2809201,"Demolição de AMV 1:12 TR 57, em bitola mista, dormente de madeira, com separação e empilhamento","un",{"v":3530.19,"d":"3,530.19"}]
[2809192,"Demolição de AMV 1:12 TR 68, em bitola larga, dormente de madeira, com separação e empilhamento","un",{"v":3512.56,"d":"3,512.56"}]
[2809205,"Demolição de AMV 1:12 TR 68, em bitola mista, dormente de madeira, com separação e empilhamento","un",{"v":3682.48,"d":"3,682.48"}]
[2809172,"Demolição de AMV 1:14 TR 37, em bitola métrica, dormente de madeira, com separação e empilhamento","un",{"v":2589.3,"d":"2,589.30"}]
[2809185,"Demolição de AMV 1:14 TR 45, em bitola larga, dormente de madeira, com separação e empilhamento","un",{"v":3691.55,"d":"3,691.55"}]
[2809176,"Demolição de AMV 1:14 TR 45, em bitola métrica, dormente de madeira, com separação e empilhamento","un",{"v":2706.26,"d":"2,706.26"}]
[2809198,"Demolição de AMV 1:14 TR 45, em bitola mista, dormente de madeira, com separação e empilhamento","un",{"v":3867.87,"d":"3,867.87"}]
[2809189,"Demolição de AMV 1:14 TR 57, em bitola larga, dormente de madeira, com separação e empilhamento","un",{"v":3867.27,"d":"3,867.27"}]
[2809180,"Demolição de AMV 1:14 TR 57, em bitola métrica, dormente de madeira, com separação e empilhamento","un",{"v":2881.52,"d":"2,881.52"}]
[2809202,"Demolição de AMV 1:14 TR 57, em bitola mista, dormente de madeira, com separação e empilhamento","un",{"v":4050.85,"d":"4,050.85"}]
[2809193,"Demolição de AMV 1:14 TR 68, em bitola larga, dormente de madeira, com separação e empilhamento","un",{"v":4028.42,"d":"4,028.42"}]
[2809206,"Demolição de AMV 1:14 TR 68, em bitola mista, dormente de madeira, com separação e empilhamento","un",{"v":4218.36,"d":"4,218.36"}]
[2809190,"Demolição de AMV 1:20 TR 57, em bitola larga, dormente de madeira, com separação e empilhamento","un",{"v":5008.29,"d":"5,008.29"}]
[2809181,"Demolição de AMV 1:20 TR 57, em bitola métrica, dormente de madeira, com separação e empilhamento","un",{"v":3542.16,"d":"3,542.16"}]
[2809203,"Demolição de AMV 1:20 TR 57, em bitola mista, dormente de madeira, com separação e empilhamento","un",{"v":5230.53,"d":"5,230.53"}]
[2809194,"Demolição de AMV 1:20 TR 68, em bitola larga, dormente de madeira, com separação e empilhamento","un",{"v":5201.67,"d":"5,201.67"}]
[2809207,"Demolição de AMV 1:20 TR 68, em bitola mista, dormente de madeira, com separação e empilhamento","un",{"v":5431.55,"d":"5,431.55"}]
[2809169,"Demolição de AMV 1:8 TR 37, em bitola métrica, dormente de madeira, com separação e empilhamento","un",{"v":1687.27,"d":"1,687.27"}]
[2809182,"Demolição de AMV 1:8 TR 45, em bitola larga, dormente de madeira, com separação e empilhamento","un",{"v":2340.63,"d":"2,340.63"}]
[2809173,"Demolição de AMV 1:8 TR 45, em bitola métrica, dormente de madeira, com separação e empilhamento","un",{"v":1775.15,"d":"1,775.15"}]
[2809195,"Demolição de AMV 1:8 TR 45, em bitola mista, dormente de madeira, com separação e empilhamento","un",{"v":2447.63,"d":"2,447.63"}]
[2809186,"Demolição de AMV 1:8 TR 57, em bitola larga, dormente de madeira, com separação e empilhamento","un",{"v":2472.65,"d":"2,472.65"}]
[2809177,"Demolição de AMV 1:8 TR 57, em bitola métrica, dormente de madeira, com separação e empilhamento","un",{"v":1906.83,"d":"1,906.83"}]
[2809199,"Demolição de AMV 1:8 TR 57, em bitola mista, dormente de madeira, com separação e empilhamento","un",{"v":2585.11,"d":"2,585.11"}]
[2809219,"Demolição de via, bitola larga, 1.667 dormentes de madeira/km, trilho TR 45, barra com 12 m de comprimento, com separação e empilhamento","km",{"v":23678.91,"d":"23,678.91"}]
[2809220,"Demolição de via, bitola larga, 1.667 dormentes de madeira/km, trilho TR 57, barra com 12 m de comprimento, com separação e empilhamento","km",{"v":25193.24,"d":"25,193.24"}]
[2809221,"Demolição de via, bitola larga, 1.667 dormentes de madeira/km, trilho TR 68, barra com 12 m de comprimento, com separação e empilhamento","km",{"v":25929.88,"d":"25,929.88"}]
[2809163,"Demolição de via, bitola larga, 1.750 dormentes de madeira/km, trilho TR 45, barra com 12 m de comprimento, com separação e empilhamento","km",{"v":24726.79,"d":"24,726.79"}]
[2809164,"Demolição de via, bitola larga, 1.750 dormentes de madeira/km, trilho TR 57, barra com 12 m de comprimento, com separação e empilhamento","km",{"v":26296.85,"d":"26,296.85"}]
[2809165,"Demolição de via, bitola larga, 1.750 dormentes de madeira/km, trilho TR 68, barra com 12 m de comprimento, com separação e empilhamento","km",{"v":27054.24,"d":"27,054.24"}]
[2809216,"Demolição de via, bitola métrica, 1.667 dormentes de madeira/km, trilho TR 37, barra com 12 m de comprimento, com separação e empilhamento","km",{"v":22050.81,"d":"22,050.81"}]
[2809217,"Demolição de via, bitola métrica, 1.667 dormentes de madeira/km, trilho TR 45, barra com 12 m de comprimento, com separação e empilhamento","km",{"v":22440.05,"d":"22,440.05"}]
[2809218,"Demolição de via, bitola métrica, 1.667 dormentes de madeira/km, trilho TR 57, barra com 12 m de comprimento, com separação e empilhamento","km",{"v":23946.13,"d":"23,946.13"}]
[2809160,"Demolição de via, bitola métrica, 1.750 dormentes de madeira/km, trilho TR 37, barra com 12 m de comprimento, com separação e empilhamento","km",{"v":23035.2,"d":"23,035.20"}]
[2809161,"Demolição de via, bitola métrica, 1.750 dormentes de madeira/km, trilho TR 45, barra com 12 m de comprimento, com separação e empilhamento","km",{"v":23427.25,"d":"23,427.25"}]
[2809162,"Demolição de via, bitola métrica, 1.750 dormentes de madeira/km, trilho TR 57, barra com 12 m de comprimento, com separação e empilhamento","km",{"v":24988.91,"d":"24,988.91"}]
[2809222,"Demolição de via, bitola mista, 1.667 dormentes de madeira/km, trilho TR 45, barra com 12 m de comprimento, com separação e empilhamento","km",{"v":21533.54,"d":"21,533.54"}]
[2809223,"Demolição de via, bitola mista, 1.667 dormentes de madeira/km, trilho TR 57, barra com 12 m de comprimento, com separação e empilhamento","km",{"v":27613.56,"d":"27,613.56"}]
[2809224,"Demolição de via, bitola mista, 1.667 dormentes de madeira/km, trilho TR 68, barra com 12 m de comprimento, com separação e empilhamento","km",{"v":28718.53,"d":"28,718.53"}]
[2809166,"Demolição de via, bitola mista, 1.750 dormentes de madeira/km, trilho TR 45, barra com 12 m de comprimento, com separação e empilhamento","km",{"v":22411.62,"d":"22,411.62"}]
[2809167,"Demolição de via, bitola mista, 1.750 dormentes de madeira/km, trilho TR 57, barra com 12 m de comprimento, com separação e empilhamento","km",{"v":28789.07,"d":"28,789.07"}]
[2809168,"Demolição de via, bitola mista, 1.750 dormentes de madeira/km, trilho TR 68, barra com 12 m de comprimento, com separação e empilhamento","km",{"v":29925.15,"d":"29,925.15"}]
[2809158,"Retirada manual de dormente de madeira, bitola larga ou mista, com separação e empilhamento","un",10.99]
[2809159,"Retirada manual de dormente de madeira, bitola métrica, com separação e empilhamento","un",8.27]
[2909152,"Aferição da geometria da via com carro controle","km",117.37]
[2909153,"Capina química da plataforma ferroviária","km",167.69]
[2909151,"Estabilização dinâmica da via","km",62.48]
[2909145,"Nivelamento de junta com socaria manual da via","un",10.91]
[2909379,"Nivelamento de via com grupo gerador/vibrador e levante de até 10 cm - bitola métrica ou larga com dormente de madeira ou concreto e taxa de dormentação de 1.667 un/km","km",{"v":6071.66,"d":"6,071.66"}]
[2909381,"Nivelamento de via com grupo gerador/vibrador e levante de até 10 cm - bitola métrica ou larga com dormente de madeira ou concreto e taxa de dormentação de 1.750 un/km","km",{"v":6353.44,"d":"6,353.44"}]
[2909388,"Nivelamento de via com grupo gerador/vibrador e levante de até 10 cm - bitola métrica ou larga com dormente de madeira ou concreto e taxa de dormentação de 1.850 un/km","km",{"v":6693.71,"d":"6,693.71"}]
[2909380,"Nivelamento de via com grupo gerador/vibrador e levante de até 10 cm - bitola mista com dormente de madeira ou concreto e taxa de dormentação de 1.667 un/km","km",{"v":8899.11,"d":"8,899.11"}]
[2909382,"Nivelamento de via com grupo gerador/vibrador e levante de até 10 cm - bitola mista com dormente de madeira ou concreto e taxa de dormentação de 1.750 un/km","km",{"v":9320.82,"d":"9,320.82"}]
[2909387,"Nivelamento de via com grupo gerador/vibrador e levante de até 10 cm - bitola mista com dormente de madeira ou concreto e taxa de dormentação de 1.850 un/km","km",{"v":9833.37,"d":"9,833.37"}]
[2909375,"Nivelamento de via com socaria manual e levante de até 10 cm - bitola métrica ou larga com dormente de madeira ou concreto e taxa de dormentação de 1.667 un/km","km",{"v":9734.88,"d":"9,734.88"}]
[2909377,"Nivelamento de via com socaria manual e levante de até 10 cm - bitola métrica ou larga com dormente de madeira ou concreto e taxa de dormentação de 1.750 un/km","km",{"v":10189.49,"d":"10,189.49"}]
[2909386,"Nivelamento de via com socaria manual e levante de até 10 cm - bitola métrica ou larga com dormente de madeira ou concreto e taxa de dormentação de 1.850 un/km","km",{"v":10737.75,"d":"10,737.75"}]
[2909376,"Nivelamento de via com socaria manual e levante de até 10 cm - bitola mista com dormente de madeira ou concreto e taxa de dormentação de 1.667 un/km","km",{"v":14298.23,"d":"14,298.23"}]
[2909378,"Nivelamento de via com socaria manual e levante de até 10 cm - bitola mista com dormente de madeira ou concreto e taxa de dormentação de 1.750 un/km","km",{"v":14985.65,"d":"14,985.65"}]
[2909385,"Nivelamento de via com socaria manual e levante de até 10 cm - bitola mista com dormente de madeira ou concreto e taxa de dormentação de 1.850 un/km","km",{"v":15803.31,"d":"15,803.31"}]
[2909383,"Nivelamento e alinhamento de via com socadora automática e levante de até 10 cm - qualquer bitola ou dormente e taxa de dormentação de 1.667 un/km","km",{"v":5480.78,"d":"5,480.78"}]
[2909384,"Nivelamento e alinhamento de via com socadora automática e levante de até 10 cm - qualquer bitola ou dormente e taxa de dormentação de 1.750 un/km","km",{"v":5753.69,"d":"5,753.69"}]
[2909148,"Regularização do lastro com reguladora de lastro","km",438.26]
[2909389,"Regularização manual do lastro em via corrida, bitola larga, com qualquer tipo de dormente","km",{"v":3540.91,"d":"3,540.91"}]
[2909390,"Regularização manual do lastro em via corrida, bitola métrica, com qualquer tipo de dormente","km",{"v":2493.61,"d":"2,493.61"}]
[2909391,"Regularização manual do lastro em via corrida, bitola mista, com qualquer tipo de dormente","km",{"v":4249.37,"d":"4,249.37"}]
[3009336,"Alívio de tensão, com martelo de bronze, em TLS com 120 de comprimento de TR45, taxa de dormentação de 1.667 un/km, para qualquer bitola e fixação elástica","un",98.41]
[3009337,"Alívio de tensão, com martelo de bronze, em TLS com 120 de comprimento de TR45, taxa de dormentação de 1.750 un/km, para qualquer bitola e fixação elástica","un",101.03]
[3009340,"Alívio de tensão, com martelo de bronze, em TLS com 120 de comprimento de TR57, taxa de dormentação de 1.667 un/km, para qualquer bitola e fixação elástica","un",188.49]
[3009341,"Alívio de tensão, com martelo de bronze, em TLS com 120 de comprimento de TR57, taxa de dormentação de 1.750 un/km, para qualquer bitola e fixação elástica","un",193.72]
[3009344,"Alívio de tensão, com martelo de bronze, em TLS com 120 de comprimento de TR68, taxa de dormentação de 1.667 un/km, para qualquer bitola e fixação elástica","un",98.84]
[3009345,"Alívio de tensão, com martelo de bronze, em TLS com 120 de comprimento de TR68, taxa de dormentação de 1.750 un/km, para qualquer bitola e fixação elástica","un",101.46]
[3009348,"Alívio de tensão, com martelo de bronze, em TLS com 120 de comprimento de UIC60, taxa de dormentação de 1.667 un/km, para qualquer bitola e fixação elástica","un",188.54]
[3009349,"Alívio de tensão, com martelo de bronze, em TLS com 120 de comprimento de UIC60, taxa de dormentação de 1.750 un/km, para qualquer bitola e fixação elástica","un",193.77]
[3009338,"Alívio de tensão, com martelo de bronze, em TLS com 240 de comprimento de TR45, taxa de dormentação de 1.667 un/km, para qualquer bitola e fixação elástica","un",98.41]
[3009339,"Alívio de tensão, com martelo de bronze, em TLS com 240 de comprimento de TR45, taxa de dormentação de 1.750 un/km, para qualquer bitola e fixação elástica","un",101.03]
[3009342,"Alívio de tensão, com martelo de bronze, em TLS com 240 de comprimento de TR57, taxa de dormentação de 1.667 un/km, para qualquer bitola e fixação elástica","un",188.49]
[3009343,"Alívio de tensão, com martelo de bronze, em TLS com 240 de comprimento de TR57, taxa de dormentação de 1.750 un/km, para qualquer bitola e fixação elástica","un",193.72]
[3009346,"Alívio de tensão, com martelo de bronze, em TLS com 240 de comprimento de TR68, taxa de dormentação de 1.667 un/km, para qualquer bitola e fixação elástica","un",98.84]
[3009347,"Alívio de tensão, com martelo de bronze, em TLS com 240 de comprimento de TR68, taxa de dormentação de 1.750 un/km, para qualquer bitola e fixação elástica","un",101.46]
[3009350,"Alívio de tensão, com martelo de bronze, em TLS com 240 de comprimento de UIC60, taxa de dormentação de 1.667 un/km, para qualquer bitola e fixação elástica","un",188.54]
[3009351,"Alívio de tensão, com martelo de bronze, em TLS com 240 de comprimento de UIC60, taxa de dormentação de 1.750 un/km, para qualquer bitola e fixação elástica","un",193.77]
[3009080,"Colocação manual de grampo elástico Pandrol","un",0.15]
[3009075,"Colocação manual de retensor para trilho TR45","un",50.39]
[3009076,"Colocação manual de retensor para trilho TR57","un",52.17]
[3009077,"Colocação manual de retensor para trilho TR68","un",54.61]
[3009078,"Colocação manual de retensor para trilho UIC60","un",56.73]
[3009087,"Colocação mecanizada de grampo elástico Pandrol","un",{"v":0.1,"d":"0.10"}]
[3009085,"Contratrilho TR45, comprimento de 12 m, sobre dormente de madeira, taxa de dormentação de 1.750 un/km, tala de junção de 6 furos e fixação rígida - posicionamento e assentamento manual","m",{"v":1701.16,"d":"1,701.16"}]
[3009086,"Contratrilho TR57, comprimento de 12 m, sobre dormente de madeira, taxa de dormentação de 1.750 un/km, tala de junção de 6 furos e fixação rígida - posicionamento e assentamento manual","m",{"v":2127.84,"d":"2,127.84"}]
[3009089,"Contratrilho TR68, comprimento de 12 m, sobre dormente de madeira, taxa de dormentação de 1.750 un/km, tala de junção de 6 furos e fixação rígida - posicionamento e assentamento manual","m",{"v":2503.11,"d":"2,503.11"}]
[3009090,"Contratrilho UIC60, comprimento de 12 m, sobre dormente de madeira, taxa de dormentação de 1.750 un/km, tala de junção de 6 furos e fixação rígida - posicionamento e assentamento manual","m",{"v":2255.49,"d":"2,255.49"}]
[3009004,"Dormente de concreto monobloco protendido bitola larga - confecção","un",404.46]
[3009002,"Dormente de concreto monobloco protendido bitola métrica - confecção","un",306.88]
[3009006,"Dormente de concreto monobloco protendido bitola mista - confecção","un",556.39]
[3009335,"Dormente de concreto monobloco protendido para AMV bitola larga ou mista - confecção","un",{"v":1058.49,"d":"1,058.49"}]
[3009334,"Dormente de concreto monobloco protendido para AMV bitola métrica - confecção","un",755.45]
[3009280,"Dormente de concreto monobloco, bitola larga, taxa de dormentação de 1.667 un/km, fixação elástica Pandrol - posicionamento mecanizado com carregadeira","km",{"v":697081.9,"d":"697,081.90"}]
[3009281,"Dormente de concreto monobloco, bitola larga, taxa de dormentação de 1.667 un/km, fixação elástica Pandrol - posicionamento mecanizado com pórtico","km",{"v":689342.21,"d":"689,342.21"}]
[3009061,"Dormente de concreto monobloco, bitola larga, taxa de dormentação de 1.750 un/km, fixação elástica Pandrol - posicionamento mecanizado com carregadeira","km",{"v":731790.64,"d":"731,790.64"}]
[3009062,"Dormente de concreto monobloco, bitola larga, taxa de dormentação de 1.750 un/km, fixação elástica Pandrol - posicionamento mecanizado com pórtico","km",{"v":723664.53,"d":"723,664.53"}]
[3009278,"Dormente de concreto monobloco, bitola métrica, taxa de dormentação de 1.667 un/km, fixação elástica Pandrol - posicionamento mecanizado com carregadeira","km",{"v":529616.74,"d":"529,616.74"}]
[3009279,"Dormente de concreto monobloco, bitola métrica, taxa de dormentação de 1.667 un/km, fixação elástica Pandrol - posicionamento mecanizado com pórtico","km",{"v":524039.51,"d":"524,039.51"}]
[3009059,"Dormente de concreto monobloco, bitola métrica, taxa de dormentação de 1.750 un/km, fixação elástica Pandrol - posicionamento mecanizado com carregadeira","km",{"v":555987.39,"d":"555,987.39"}]
[3009060,"Dormente de concreto monobloco, bitola métrica, taxa de dormentação de 1.750 un/km, fixação elástica Pandrol - posicionamento mecanizado com pórtico","km",{"v":550131.41,"d":"550,131.41"}]
[3009282,"Dormente de concreto monobloco, bitola mista, taxa de dormentação de 1.667 un/km, fixação elástica Pandrol - posicionamento mecanizado com carregadeira","km",{"v":950344.71,"d":"950,344.71"}]
[3009283,"Dormente de concreto monobloco, bitola mista, taxa de dormentação de 1.667 un/km, fixação elástica Pandrol - posicionamento mecanizado com pórtico","km",{"v":942610.85,"d":"942,610.85"}]
[3009063,"Dormente de concreto monobloco, bitola mista, taxa de dormentação de 1.750 un/km, fixação elástica Pandrol - posicionamento mecanizado com carregadeira","km",{"v":997663.41,"d":"997,663.41"}]
[3009064,"Dormente de concreto monobloco, bitola mista, taxa de dormentação de 1.750 un/km, fixação elástica Pandrol - posicionamento mecanizado com pórtico","km",{"v":989543.43,"d":"989,543.43"}]
[3009081,"Dormente de madeira para ponte, bitola métrica ou larga, para TR45, fixação rígida - posicionamento e assentamento mecanizado","un",732.31]
[3009082,"Dormente de madeira para ponte, bitola métrica ou larga, para TR57, fixação rígida - posicionamento e assentamento mecanizado","un",889.87]
[3009083,"Dormente de madeira para ponte, bitola métrica ou larga, para TR68, fixação rígida - posicionamento e assentamento mecanizado","un",906.17]
[3009084,"Dormente de madeira para ponte, bitola métrica ou larga, para UIC60, fixação rígida - posicionamento e assentamento mecanizado","un",910.87]
[3009070,"Dormente de madeira, bitola larga ou mista - posicionamento manual","un",381.06]
[3009285,"Dormente de madeira, bitola larga ou mista, taxa de dormentação de 1.667 un/km - posicionamento mecanizado com carregadeira","km",{"v":614966.68,"d":"614,966.68"}]
[3009072,"Dormente de madeira, bitola larga ou mista, taxa de dormentação de 1.750 un/km - posicionamento mecanizado com carregadeira","km",{"v":645586.9,"d":"645,586.90"}]
[3009069,"Dormente de madeira, bitola métrica - posicionamento manual","un",238.96]
[3009284,"Dormente de madeira, bitola métrica, taxa de dormentação de 1.667 un/km - posicionamento mecanizado com carregadeira","km",{"v":382939.69,"d":"382,939.69"}]
[3009071,"Dormente de madeira, bitola métrica, taxa de dormentação de 1.750 un/km - posicionamento mecanizado com carregadeira","km",{"v":402007.27,"d":"402,007.27"}]
[3009091,"Lançamento de lastro, 10 cm de altura, primeiro levante, descarga de pedra britada de caminhões","m³",189.01]
[3009058,"Lubrificador de trilhos e de flanges de rodas","un",{"v":92154.97,"d":"92,154.97"}]
[3009229,"Posicionamento mecanizado de trilhos","km",177.42]
[3009132,"Pré-alinhamento manual da grade com dormente de madeira","km",{"v":1309.15,"d":"1,309.15"}]
[3009133,"Pré-alinhamento mecanizado da grade","km",{"v":1557.62,"d":"1,557.62"}]
[3009321,"Solda aluminotérmica para TR45 com cadinho descartável, executada no campo, para formação de trilho longo soldado (TLS)","un",{"v":1429.27,"d":"1,429.27"}]
[3009322,"Solda aluminotérmica para TR57 com cadinho descartável, executada no campo, para formação de trilho longo soldado (TLS)","un",{"v":1438.47,"d":"1,438.47"}]
[3009323,"Solda aluminotérmica para TR68 com cadinho descartável, executada no campo, para formação de trilho longo soldado (TLS)","un",{"v":1519.58,"d":"1,519.58"}]
[3009324,"Solda aluminotérmica para UIC60 com cadinho descartável, executada no campo, para formação de trilho longo soldado (TLS)","un",{"v":1455.39,"d":"1,455.39"}]
[3009096,"Solda elétrica por caldeamento para qualquer perfil de trilho, comprimento de 12 m, em estaleiro para formação de trilho longo soldado","un",260.04]
[3009330,"Solda elétrica por caldeamento para trilho TR45, comprimento de até 24 m, em via com dormente de concreto para formação de barra ou trilho longo soldado","un",211.32]
[3009326,"Solda elétrica por caldeamento para trilho TR45, comprimento de até 24 m, em via com dormente de madeira para formação de barra ou trilho longo soldado","un",217.21]
[3009234,"Trilho TR45, comprimento de 12 m, sobre dormente de concreto, bitola métrica ou larga, taxa de dormentação de 1.667 un/km, tala de junção de 6 furos e fixação elástica Pandrol - posicionamento e assentamento manual","km",{"v":1764312.92,"d":"1,764,312.92"}]
[3009022,"Trilho TR45, comprimento de 12 m, sobre dormente de concreto, bitola métrica ou larga, taxa de dormentação de 1.750 un/km, tala de junção de 6 furos e fixação elástica Pandrol - posicionamento e assentamento manual","km",{"v":1771419.33,"d":"1,771,419.33"}]
[3009230,"Trilho TR45, comprimento de 12 m, sobre dormente de concreto, bitola mista, taxa de dormentação de 1.667 un/km, tala de junção de 6 furos e fixação elástica Pandrol - posicionamento e assentamento manual","km",{"v":2646633.15,"d":"2,646,633.15"}]
[3009018,"Trilho TR45, comprimento de 12 m, sobre dormente de concreto, bitola mista, taxa de dormentação de 1.750 un/km, tala de junção de 6 furos e fixação elástica Pandrol - posicionamento e assentamento manual","km",{"v":2657292.77,"d":"2,657,292.77"}]
[3009288,"Trilho TR45, comprimento de 12 m, sobre dormente de madeira, bitola métrica ou larga, taxa de dormentação de 1.667 un/km, tala de junção de 6 furos e fixação rígida - posicionamento e assentamento manual","km",{"v":2135066.66,"d":"2,135,066.66"}]
[3009013,"Trilho TR45, comprimento de 12 m, sobre dormente de madeira, bitola métrica ou larga, taxa de dormentação de 1.750 un/km, tala de junção de 6 furos e fixação rígida - posicionamento e assentamento manual","km",{"v":2160416.42,"d":"2,160,416.42"}]
[3009292,"Trilho TR45, comprimento de 12 m, sobre dormente de madeira, bitola mista, taxa de dormentação de 1.667 un/km, tala de junção de 6 furos e fixação rígida - posicionamento e assentamento manual","km",{"v":3202602.67,"d":"3,202,602.67"}]
[3009225,"Trilho TR45, comprimento de 12 m, sobre dormente de madeira, bitola mista, taxa de dormentação de 1.750 un/km, tala de junção de 6 furos e fixação rígida - posicionamento e assentamento manual","km",{"v":3240627.48,"d":"3,240,627.48"}]
[3009100,"Trilho TR45, comprimento de 120 m (TLS), formado por trilhos curtos de 12 m soldados por caldeamento - confecção em estaleiro","un",{"v":90061.7,"d":"90,061.70"}]
[3009238,"Trilho TR45, comprimento de 120 m (TLS), sobre dormente de concreto, bitola métrica ou larga, taxa de dormentação de 1.667 un/km, tala de junção de 6 furos e fixação elástica Pandrol - posicionamento e assentamento mecanizado","km",{"v":1662806.18,"d":"1,662,806.18"}]
[3009304,"Trilho TR45, comprimento de 120 m (TLS), sobre dormente de concreto, bitola mista, taxa de dormentação de 1.667 un/km, tala de junção de 6 furos e fixação elástica Pandrol - posicionamento e assentamento mecanizado","km",{"v":2494120.19,"d":"2,494,120.19"}]
[3009030,"Trilho TR45, comprimento de 120 m (TLS), sobre dormente de concreto, bitola mista, taxa de dormentação de 1.750 un/km, tala de junção de 6 furos e fixação elástica Pandrol - posicionamento e assentamento mecanizado","km",{"v":2504771.8,"d":"2,504,771.80"}]
[3009254,"Trilho TR45, comprimento de 120 m (TLS), sobre dormente de madeira, bitola métrica ou larga, taxa de dormentação de 1.667 un/km, tala de junção de 6 furos e fixação elástica Pandrol - posicionamento e assentamento mecanizado","km",{"v":2159231.41,"d":"2,159,231.41"}]
[3009262,"Trilho TR45, comprimento de 120 m (TLS), sobre dormente de madeira, bitola métrica ou larga, taxa de dormentação de 1.667 un/km, tala de junção de 6 furos e fixação rígida - posicionamento e assentamento mecanizado","km",{"v":2032065.32,"d":"2,032,065.32"}]
[3009034,"Trilho TR45, comprimento de 120 m (TLS), sobre dormente de madeira, bitola métrica ou larga, taxa de dormentação de 1.750 un/km, tala de junção de 6 furos e fixação elástica Pandrol - posicionamento e assentamento mecanizado","km",{"v":2191333.34,"d":"2,191,333.34"}]
[3009042,"Trilho TR45, comprimento de 120 m (TLS), sobre dormente de madeira, bitola métrica ou larga, taxa de dormentação de 1.750 un/km, tala de junção de 6 furos e fixação rígida - posicionamento e assentamento mecanizado","km",{"v":2057835.47,"d":"2,057,835.47"}]
[3009270,"Trilho TR45, comprimento de 120 m (TLS), sobre dormente de madeira, bitola mista, taxa de dormentação de 1.667 un/km, tala de junção de 6 furos e fixação elástica Pandrol - posicionamento e assentamento mecanizado","km",{"v":3239548.71,"d":"3,239,548.71"}]
[3009050,"Trilho TR45, comprimento de 120 m (TLS), sobre dormente de madeira, bitola mista, taxa de dormentação de 1.750 un/km, tala de junção de 6 furos e fixação elástica Pandrol - posicionamento e assentamento mecanizado","km",{"v":3287741.43,"d":"3,287,741.43"}]
[3009101,"Trilho TR45, comprimento de 240 m (TLS), formado por trilhos curtos de 12 m soldados por caldeamento - confecção em estaleiro","un",{"v":180383.44,"d":"180,383.44"}]
[3009246,"Trilho TR45, comprimento de 240 m (TLS), sobre dormente de concreto, bitola métrica ou larga, taxa de dormentação de 1.667 un/km, tala de junção de 6 furos e fixação elástica Pandrol - posicionamento e assentamento mecanizado","km",{"v":1657560,"d":"1,657,560.00"}]
[3009208,"Trilho TR45, comprimento de 240 m (TLS), sobre dormente de concreto, bitola métrica ou larga, taxa de dormentação de 1.750 un/km, tala de junção de 6 furos e fixação elástica Pandrol - posicionamento e assentamento mecanizado","km",{"v":1664661.28,"d":"1,664,661.28"}]
[3009308,"Trilho TR45, comprimento de 240 m (TLS), sobre dormente de concreto, bitola mista, taxa de dormentação de 1.667 un/km, tala de junção de 6 furos e fixação elástica Pandrol - posicionamento e assentamento mecanizado","km",{"v":2486252.19,"d":"2,486,252.19"}]
[3009212,"Trilho TR45, comprimento de 240 m (TLS), sobre dormente de concreto, bitola mista, taxa de dormentação de 1.750 un/km, tala de junção de 6 furos e fixação elástica Pandrol - posicionamento e assentamento mecanizado","km",{"v":2496904.12,"d":"2,496,904.12"}]
[3009258,"Trilho TR45, comprimento de 240 m (TLS), sobre dormente de madeira, bitola métrica ou larga, taxa de dormentação de 1.667 un/km, tala de junção de 6 furos e fixação elástica Pandrol - posicionamento e assentamento mecanizado","km",{"v":2154045.27,"d":"2,154,045.27"}]
[3009266,"Trilho TR45, comprimento de 240 m (TLS), sobre dormente de madeira, bitola métrica ou larga, taxa de dormentação de 1.667 un/km, tala de junção de 6 furos e fixação rígida - posicionamento e assentamento mecanizado","km",{"v":2026879.17,"d":"2,026,879.17"}]
[3009038,"Trilho TR45, comprimento de 240 m (TLS), sobre dormente de madeira, bitola métrica ou larga, taxa de dormentação de 1.750 un/km, tala de junção de 6 furos e fixação elástica Pandrol - posicionamento e assentamento mecanizado","km",{"v":2186147.19,"d":"2,186,147.19"}]
[3009046,"Trilho TR45, comprimento de 240 m (TLS), sobre dormente de madeira, bitola métrica ou larga, taxa de dormentação de 1.750 un/km, tala de junção de 6 furos e fixação rígida - posicionamento e assentamento mecanizado","km",{"v":2052649.33,"d":"2,052,649.33"}]
[3009274,"Trilho TR45, comprimento de 240 m (TLS), sobre dormente de madeira, bitola mista, taxa de dormentação de 1.667 un/km, tala de junção de 6 furos e fixação elástica Pandrol - posicionamento e assentamento mecanizado","km",{"v":3231770.84,"d":"3,231,770.84"}]
[3009054,"Trilho TR45, comprimento de 240 m (TLS), sobre dormente de madeira, bitola mista, taxa de dormentação de 1.750 un/km, tala de junção de 6 furos e fixação elástica Pandrol - posicionamento e assentamento mecanizado","km",{"v":3279963.57,"d":"3,279,963.57"}]
[3009235,"Trilho TR57, comprimento de 12 m, sobre dormente de concreto, bitola métrica ou larga, taxa de dormentação de 1.667 un/km, tala de junção de 6 furos e fixação elástica Pandrol - posicionamento e assentamento manual","km",{"v":2191442.39,"d":"2,191,442.39"}]
[3009023,"Trilho TR57, comprimento de 12 m, sobre dormente de concreto, bitola métrica ou larga, taxa de dormentação de 1.750 un/km, tala de junção de 6 furos e fixação elástica Pandrol - posicionamento e assentamento manual","km",{"v":2198330.61,"d":"2,198,330.61"}]
[3009231,"Trilho TR57, comprimento de 12 m, sobre dormente de concreto, bitola mista, taxa de dormentação de 1.667 un/km, tala de junção de 6 furos e fixação elástica Pandrol - posicionamento e assentamento manual","km",{"v":3285329.47,"d":"3,285,329.47"}]
[3009019,"Trilho TR57, comprimento de 12 m, sobre dormente de concreto, bitola mista, taxa de dormentação de 1.750 un/km, tala de junção de 6 furos e fixação elástica Pandrol - posicionamento e assentamento manual","km",{"v":3298150.64,"d":"3,298,150.64"}]
[3009289,"Trilho TR57, comprimento de 12 m, sobre dormente de madeira, bitola métrica ou larga, taxa de dormentação de 1.667 un/km, tala de junção de 6 furos e fixação rígida - posicionamento e assentamento manual","km",{"v":2824566.15,"d":"2,824,566.15"}]
[3009014,"Trilho TR57, comprimento de 12 m, sobre dormente de madeira, bitola métrica ou larga, taxa de dormentação de 1.750 un/km, tala de junção de 6 furos e fixação rígida - posicionamento e assentamento manual","km",{"v":2863282.62,"d":"2,863,282.62"}]
[3009293,"Trilho TR57, comprimento de 12 m, sobre dormente de madeira, bitola mista, taxa de dormentação de 1.667 un/km, tala de junção de 6 furos e fixação rígida - posicionamento e assentamento manual","km",{"v":4236852,"d":"4,236,852.00"}]
[3009226,"Trilho TR57, comprimento de 12 m, sobre dormente de madeira, bitola mista, taxa de dormentação de 1.750 un/km, tala de junção de 6 furos e fixação rígida - posicionamento e assentamento manual","km",{"v":4294926.98,"d":"4,294,926.98"}]
[3009102,"Trilho TR57, comprimento de 120 m (TLS), formado por trilhos curtos de 12 m soldados por caldeamento - confecção em estaleiro","un",{"v":114153.63,"d":"114,153.63"}]
[3009297,"Trilho TR57, comprimento de 120 m (TLS), sobre dormente de concreto, bitola métrica ou larga, taxa de dormentação de 1.667 un/km, tala de junção de 6 furos e fixação elástica Pandrol - posicionamento e assentamento mecanizado","km",{"v":2066754.15,"d":"2,066,754.15"}]
[3009027,"Trilho TR57, comprimento de 120 m (TLS), sobre dormente de concreto, bitola métrica ou larga, taxa de dormentação de 1.750 un/km, tala de junção de 6 furos e fixação elástica Pandrol - posicionamento e assentamento mecanizado","km",{"v":2073855.35,"d":"2,073,855.35"}]
[3009305,"Trilho TR57, comprimento de 120 m (TLS), sobre dormente de concreto, bitola mista, taxa de dormentação de 1.667 un/km, tala de junção de 6 furos e fixação elástica Pandrol - posicionamento e assentamento mecanizado","km",{"v":3100042.03,"d":"3,100,042.03"}]
[3009031,"Trilho TR57, comprimento de 120 m (TLS), sobre dormente de concreto, bitola mista, taxa de dormentação de 1.750 un/km, tala de junção de 6 furos e fixação elástica Pandrol - posicionamento e assentamento mecanizado","km",{"v":3110693.65,"d":"3,110,693.65"}]
[3009255,"Trilho TR57, comprimento de 120 m (TLS), sobre dormente de madeira, bitola métrica ou larga, taxa de dormentação de 1.667 un/km, tala de junção de 6 furos e fixação elástica Pandrol - posicionamento e assentamento mecanizado","km",{"v":2694606.62,"d":"2,694,606.62"}]
[3009263,"Trilho TR57, comprimento de 120 m (TLS), sobre dormente de madeira, bitola métrica ou larga, taxa de dormentação de 1.667 un/km, tala de junção de 6 furos e fixação rígida - posicionamento e assentamento mecanizado","km",{"v":2698665.91,"d":"2,698,665.91"}]
[3009035,"Trilho TR57, comprimento de 120 m (TLS), sobre dormente de madeira, bitola métrica ou larga, taxa de dormentação de 1.750 un/km, tala de junção de 6 furos e fixação elástica Pandrol - posicionamento e assentamento mecanizado","km",{"v":2733252.32,"d":"2,733,252.32"}]
[3009043,"Trilho TR57, comprimento de 120 m (TLS), sobre dormente de madeira, bitola métrica ou larga, taxa de dormentação de 1.750 un/km, tala de junção de 6 furos e fixação rígida - posicionamento e assentamento mecanizado","km",{"v":2737513.55,"d":"2,737,513.55"}]
[3009271,"Trilho TR57, comprimento de 120 m (TLS), sobre dormente de madeira, bitola mista, taxa de dormentação de 1.667 un/km, tala de junção de 6 furos e fixação elástica Pandrol - posicionamento e assentamento mecanizado","km",{"v":4042611.41,"d":"4,042,611.41"}]
[3009051,"Trilho TR57, comprimento de 120 m (TLS), sobre dormente de madeira, bitola mista, taxa de dormentação de 1.750 un/km, tala de junção de 6 furos e fixação elástica Pandrol - posicionamento e assentamento mecanizado","km",{"v":4100619.78,"d":"4,100,619.78"}]
[3009103,"Trilho TR57, comprimento de 240 m (TLS), formado por trilhos curtos de 12 m soldados por caldeamento - confecção em estaleiro","un",{"v":228567.3,"d":"228,567.30"}]
[3009247,"Trilho TR57, comprimento de 240 m (TLS), sobre dormente de concreto, bitola métrica ou larga, taxa de dormentação de 1.667 un/km, tala de junção de 6 furos e fixação elástica Pandrol - posicionamento e assentamento mecanizado","km",{"v":2060299.37,"d":"2,060,299.37"}]
[3009209,"Trilho TR57, comprimento de 240 m (TLS), sobre dormente de concreto, bitola métrica ou larga, taxa de dormentação de 1.750 un/km, tala de junção de 6 furos e fixação elástica Pandrol - posicionamento e assentamento mecanizado","km",{"v":2067400.66,"d":"2,067,400.66"}]
[3009309,"Trilho TR57, comprimento de 240 m (TLS), sobre dormente de concreto, bitola mista, taxa de dormentação de 1.667 un/km, tala de junção de 6 furos e fixação elástica Pandrol - posicionamento e assentamento mecanizado","km",{"v":3090361.5,"d":"3,090,361.50"}]
[3009213,"Trilho TR57, comprimento de 240 m (TLS), sobre dormente de concreto, bitola mista, taxa de dormentação de 1.750 un/km, tala de junção de 6 furos e fixação elástica Pandrol - posicionamento e assentamento mecanizado","km",{"v":3101013.42,"d":"3,101,013.42"}]
[3009259,"Trilho TR57, comprimento de 240 m (TLS), sobre dormente de madeira, bitola métrica ou larga, taxa de dormentação de 1.667 un/km, tala de junção de 6 furos e fixação elástica Pandrol - posicionamento e assentamento mecanizado","km",{"v":2688211.88,"d":"2,688,211.88"}]
[3009267,"Trilho TR57, comprimento de 240 m (TLS), sobre dormente de madeira, bitola métrica ou larga, taxa de dormentação de 1.667 un/km, tala de junção de 6 furos e fixação rígida - posicionamento e assentamento mecanizado","km",{"v":2692271.16,"d":"2,692,271.16"}]
[3009039,"Trilho TR57, comprimento de 240 m (TLS), sobre dormente de madeira, bitola métrica ou larga, taxa de dormentação de 1.750 un/km, tala de junção de 6 furos e fixação elástica Pandrol - posicionamento e assentamento mecanizado","km",{"v":2726857.57,"d":"2,726,857.57"}]
[3009047,"Trilho TR57, comprimento de 240 m (TLS), sobre dormente de madeira, bitola métrica ou larga, taxa de dormentação de 1.750 un/km, tala de junção de 6 furos e fixação rígida - posicionamento e assentamento mecanizado","km",{"v":2731118.8,"d":"2,731,118.80"}]
[3009275,"Trilho TR57, comprimento de 240 m (TLS), sobre dormente de madeira, bitola mista, taxa de dormentação de 1.667 un/km, tala de junção de 6 furos e fixação elástica Pandrol - posicionamento e assentamento mecanizado","km",{"v":4033021,"d":"4,033,021.00"}]
[3009055,"Trilho TR57, comprimento de 240 m (TLS), sobre dormente de madeira, bitola mista, taxa de dormentação de 1.750 un/km, tala de junção de 6 furos e fixação elástica Pandrol - posicionamento e assentamento mecanizado","km",{"v":4091029.38,"d":"4,091,029.38"}]
[3009236,"Trilho TR68, comprimento de 12 m, sobre dormente de concreto, bitola métrica ou larga, taxa de dormentação de 1.667 un/km, tala de junção de 6 furos e fixação elástica Pandrol - posicionamento e assentamento manual","km",{"v":2568220.5,"d":"2,568,220.50"}]
[3009024,"Trilho TR68, comprimento de 12 m, sobre dormente de concreto, bitola métrica ou larga, taxa de dormentação de 1.750 un/km, tala de junção de 6 furos e fixação elástica Pandrol - posicionamento e assentamento manual","km",{"v":2573492.67,"d":"2,573,492.67"}]
[3009232,"Trilho TR68, comprimento de 12 m, sobre dormente de concreto, bitola mista, taxa de dormentação de 1.667 un/km, tala de junção de 6 furos e fixação elástica Pandrol - posicionamento e assentamento manual","km",{"v":3848290.75,"d":"3,848,290.75"}]
[3009020,"Trilho TR68, comprimento de 12 m, sobre dormente de concreto, bitola mista, taxa de dormentação de 1.750 un/km, tala de junção de 6 furos e fixação elástica Pandrol - posicionamento e assentamento manual","km",{"v":3858568.54,"d":"3,858,568.54"}]
[3009290,"Trilho TR68, comprimento de 12 m, sobre dormente de madeira, bitola métrica ou larga, taxa de dormentação de 1.667 un/km, tala de junção de 6 furos e fixação rígida - posicionamento e assentamento manual","km",{"v":3226892.81,"d":"3,226,892.81"}]
[3009015,"Trilho TR68, comprimento de 12 m, sobre dormente de madeira, bitola métrica ou larga, taxa de dormentação de 1.750 un/km, tala de junção de 6 furos e fixação rígida - posicionamento e assentamento manual","km",{"v":3266961.8,"d":"3,266,961.80"}]
[3009294,"Trilho TR68, comprimento de 12 m, sobre dormente de madeira, bitola mista, taxa de dormentação de 1.667 un/km, tala de junção de 6 furos e fixação rígida - posicionamento e assentamento manual","km",{"v":4840341.99,"d":"4,840,341.99"}]
[3009227,"Trilho TR68, comprimento de 12 m, sobre dormente de madeira, bitola mista, taxa de dormentação de 1.750 un/km, tala de junção de 6 furos e fixação rígida - posicionamento e assentamento manual","km",{"v":4900445.76,"d":"4,900,445.76"}]
[3009104,"Trilho TR68, comprimento de 120 m (TLS), formado por trilhos curtos de 12 m soldados por caldeamento - confecção em estaleiro","un",{"v":135101.42,"d":"135,101.42"}]
[3009240,"Trilho TR68, comprimento de 120 m (TLS), sobre dormente de concreto, bitola métrica ou larga, taxa de dormentação de 1.667 un/km, tala de junção de 6 furos e fixação elástica Pandrol - posicionamento e assentamento mecanizado","km",{"v":2418400.82,"d":"2,418,400.82"}]
[3009028,"Trilho TR68, comprimento de 120 m (TLS), sobre dormente de concreto, bitola métrica ou larga, taxa de dormentação de 1.750 un/km, tala de junção de 6 furos e fixação elástica Pandrol - posicionamento e assentamento mecanizado","km",{"v":2425502.02,"d":"2,425,502.02"}]
[3009306,"Trilho TR68, comprimento de 120 m (TLS), sobre dormente de concreto, bitola mista, taxa de dormentação de 1.667 un/km, tala de junção de 6 furos e fixação elástica Pandrol - posicionamento e assentamento mecanizado","km",{"v":3627511.93,"d":"3,627,511.93"}]
[3009032,"Trilho TR68, comprimento de 120 m (TLS), sobre dormente de concreto, bitola mista, taxa de dormentação de 1.750 un/km, tala de junção de 6 furos e fixação elástica Pandrol - posicionamento e assentamento mecanizado","km",{"v":3638163.55,"d":"3,638,163.55"}]
[3009256,"Trilho TR68, comprimento de 120 m (TLS), sobre dormente de madeira, bitola métrica ou larga, taxa de dormentação de 1.667 un/km, tala de junção de 6 furos e fixação elástica Pandrol - posicionamento e assentamento mecanizado","km",{"v":3079367.68,"d":"3,079,367.68"}]
[3009264,"Trilho TR68, comprimento de 120 m (TLS), sobre dormente de madeira, bitola métrica ou larga, taxa de dormentação de 1.667 un/km, tala de junção de 6 furos e fixação rígida - posicionamento e assentamento mecanizado","km",{"v":3077477.17,"d":"3,077,477.17"}]
[3009036,"Trilho TR68, comprimento de 120 m (TLS), sobre dormente de madeira, bitola métrica ou larga, taxa de dormentação de 1.750 un/km, tala de junção de 6 furos e fixação elástica Pandrol - posicionamento e assentamento mecanizado","km",{"v":3119662.14,"d":"3,119,662.14"}]
[3009044,"Trilho TR68, comprimento de 120 m (TLS), sobre dormente de madeira, bitola métrica ou larga, taxa de dormentação de 1.750 un/km, tala de junção de 6 furos e fixação rígida - posicionamento e assentamento mecanizado","km",{"v":3117677.34,"d":"3,117,677.34"}]
[3009272,"Trilho TR68, comprimento de 120 m (TLS), sobre dormente de madeira, bitola mista, taxa de dormentação de 1.667 un/km, tala de junção de 6 furos e fixação elástica Pandrol - posicionamento e assentamento mecanizado","km",{"v":4619752.88,"d":"4,619,752.88"}]
[3009052,"Trilho TR68, comprimento de 120 m (TLS), sobre dormente de madeira, bitola mista, taxa de dormentação de 1.750 un/km, tala de junção de 6 furos e fixação elástica Pandrol - posicionamento e assentamento mecanizado","km",{"v":4680234.41,"d":"4,680,234.41"}]
[3009105,"Trilho TR68, comprimento de 240 m (TLS), formado por trilhos curtos de 12 m soldados por caldeamento - confecção em estaleiro","un",{"v":270462.88,"d":"270,462.88"}]
[3009248,"Trilho TR68, comprimento de 240 m (TLS), sobre dormente de concreto, bitola métrica ou larga, taxa de dormentação de 1.667 un/km, tala de junção de 6 furos e fixação elástica Pandrol - posicionamento e assentamento mecanizado","km",{"v":2410692.59,"d":"2,410,692.59"}]
[3009210,"Trilho TR68, comprimento de 240 m (TLS), sobre dormente de concreto, bitola métrica ou larga, taxa de dormentação de 1.750 un/km, tala de junção de 6 furos e fixação elástica Pandrol - posicionamento e assentamento mecanizado","km",{"v":2417793.87,"d":"2,417,793.87"}]
[3009310,"Trilho TR68, comprimento de 240 m (TLS), sobre dormente de concreto, bitola mista, taxa de dormentação de 1.667 un/km, tala de junção de 6 furos e fixação elástica Pandrol - posicionamento e assentamento mecanizado","km",{"v":3615951.53,"d":"3,615,951.53"}]
[3009214,"Trilho TR68, comprimento de 240 m (TLS), sobre dormente de concreto, bitola mista, taxa de dormentação de 1.750 un/km, tala de junção de 6 furos e fixação elástica Pandrol - posicionamento e assentamento mecanizado","km",{"v":3626603.45,"d":"3,626,603.45"}]
[3009260,"Trilho TR68, comprimento de 240 m (TLS), sobre dormente de madeira, bitola métrica ou larga, taxa de dormentação de 1.667 un/km, tala de junção de 6 furos e fixação elástica Pandrol - posicionamento e assentamento mecanizado","km",{"v":3071719.48,"d":"3,071,719.48"}]
[3009268,"Trilho TR68, comprimento de 240 m (TLS), sobre dormente de madeira, bitola métrica ou larga, taxa de dormentação de 1.667 un/km, tala de junção de 6 furos e fixação rígida - posicionamento e assentamento mecanizado","km",{"v":3069828.97,"d":"3,069,828.97"}]
[3009040,"Trilho TR68, comprimento de 240 m (TLS), sobre dormente de madeira, bitola métrica ou larga, taxa de dormentação de 1.750 un/km, tala de junção de 6 furos e fixação elástica Pandrol - posicionamento e assentamento mecanizado","km",{"v":3112013.94,"d":"3,112,013.94"}]
[3009048,"Trilho TR68, comprimento de 240 m (TLS), sobre dormente de madeira, bitola métrica ou larga, taxa de dormentação de 1.750 un/km, tala de junção de 6 furos e fixação rígida - posicionamento e assentamento mecanizado","km",{"v":3110029.14,"d":"3,110,029.14"}]
[3009276,"Trilho TR68, comprimento de 240 m (TLS), sobre dormente de madeira, bitola mista, taxa de dormentação de 1.667 un/km, tala de junção de 6 furos e fixação elástica Pandrol - posicionamento e assentamento mecanizado","km",{"v":4608282.61,"d":"4,608,282.61"}]
[3009056,"Trilho TR68, comprimento de 240 m (TLS), sobre dormente de madeira, bitola mista, taxa de dormentação de 1.750 un/km, tala de junção de 6 furos e fixação elástica Pandrol - posicionamento e assentamento mecanizado","km",{"v":4668764.13,"d":"4,668,764.13"}]
[3009237,"Trilho UIC60, comprimento de 12 m, sobre dormente de concreto, bitola métrica ou larga, taxa de dormentação de 1.667 un/km, tala de junção de 6 furos e fixação elástica Pandrol - posicionamento e assentamento manual","km",{"v":2320653.59,"d":"2,320,653.59"}]
[3009025,"Trilho UIC60, comprimento de 12 m, sobre dormente de concreto, bitola métrica ou larga, taxa de dormentação de 1.750 un/km, tala de junção de 6 furos e fixação elástica Pandrol - posicionamento e assentamento manual","km",{"v":2326034.85,"d":"2,326,034.85"}]
[3009319,"Trilho UIC60, comprimento de 12 m, sobre dormente de concreto, bitola mista, taxa de dormentação de 1.667 un/km, tala de junção de 6 furos e fixação elástica Pandrol - posicionamento e assentamento manual","km",{"v":3479047.38,"d":"3,479,047.38"}]
[3009021,"Trilho UIC60, comprimento de 12 m, sobre dormente de concreto, bitola mista, taxa de dormentação de 1.750 un/km, tala de junção de 6 furos e fixação elástica Pandrol - posicionamento e assentamento manual","km",{"v":3487436.35,"d":"3,487,436.35"}]
[3009291,"Trilho UIC60, comprimento de 12 m, sobre dormente de madeira, bitola métrica ou larga, taxa de dormentação de 1.667 un/km, tala de junção de 6 furos e fixação rígida - posicionamento e assentamento manual","km",{"v":2987164.09,"d":"2,987,164.09"}]
[3009016,"Trilho UIC60, comprimento de 12 m, sobre dormente de madeira, bitola métrica ou larga, taxa de dormentação de 1.750 un/km, tala de junção de 6 furos e fixação rígida - posicionamento e assentamento manual","km",{"v":3027623.35,"d":"3,027,623.35"}]
[3009295,"Trilho UIC60, comprimento de 12 m, sobre dormente de madeira, bitola mista, taxa de dormentação de 1.667 un/km, tala de junção de 6 furos e fixação rígida - posicionamento e assentamento manual","km",{"v":4480748.91,"d":"4,480,748.91"}]
[3009228,"Trilho UIC60, comprimento de 12 m, sobre dormente de madeira, bitola mista, taxa de dormentação de 1.750 un/km, tala de junção de 6 furos e fixação rígida - posicionamento e assentamento manual","km",{"v":4541438.08,"d":"4,541,438.08"}]
[3009106,"Trilho UIC60, comprimento de 120 m (TLS), formado por trilhos curtos de 12 m soldados por caldeamento - confecção em estaleiro","un",{"v":121005.68,"d":"121,005.68"}]
[3009299,"Trilho UIC60, comprimento de 120 m (TLS), sobre dormente de concreto, bitola métrica ou larga, taxa de dormentação de 1.667 un/km, tala de junção de 6 furos e fixação elástica Pandrol - posicionamento e assentamento mecanizado","km",{"v":2182254.24,"d":"2,182,254.24"}]
[3009029,"Trilho UIC60, comprimento de 120 m (TLS), sobre dormente de concreto, bitola métrica ou larga, taxa de dormentação de 1.750 un/km, tala de junção de 6 furos e fixação elástica Pandrol - posicionamento e assentamento mecanizado","km",{"v":2189355.44,"d":"2,189,355.44"}]
[3009245,"Trilho UIC60, comprimento de 120 m (TLS), sobre dormente de concreto, bitola mista, taxa de dormentação de 1.667 un/km, tala de junção de 6 furos e fixação elástica Pandrol - posicionamento e assentamento mecanizado","km",{"v":3273292.13,"d":"3,273,292.13"}]
[3009033,"Trilho UIC60, comprimento de 120 m (TLS), sobre dormente de concreto, bitola mista, taxa de dormentação de 1.750 un/km, tala de junção de 6 furos e fixação elástica Pandrol - posicionamento e assentamento mecanizado","km",{"v":3283943.75,"d":"3,283,943.75"}]
[3009257,"Trilho UIC60, comprimento de 120 m (TLS), sobre dormente de madeira, bitola métrica ou larga, taxa de dormentação de 1.667 un/km, tala de junção de 6 furos e fixação elástica Pandrol - posicionamento e assentamento mecanizado","km",{"v":2839343.74,"d":"2,839,343.74"}]
[3009265,"Trilho UIC60, comprimento de 120 m (TLS), sobre dormente de madeira, bitola métrica ou larga, taxa de dormentação de 1.667 un/km, tala de junção de 6 furos e fixação rígida - posicionamento e assentamento mecanizado","km",{"v":2849168.79,"d":"2,849,168.79"}]
[3009037,"Trilho UIC60, comprimento de 120 m (TLS), sobre dormente de madeira, bitola métrica ou larga, taxa de dormentação de 1.750 un/km, tala de junção de 6 furos e fixação elástica Pandrol - posicionamento e assentamento mecanizado","km",{"v":2879445.15,"d":"2,879,445.15"}]
[3009045,"Trilho UIC60, comprimento de 120 m (TLS), sobre dormente de madeira, bitola métrica ou larga, taxa de dormentação de 1.750 un/km, tala de junção de 6 furos e fixação rígida - posicionamento e assentamento mecanizado","km",{"v":2889759.23,"d":"2,889,759.23"}]
[3009273,"Trilho UIC60, comprimento de 120 m (TLS), sobre dormente de madeira, bitola mista, taxa de dormentação de 1.667 un/km, tala de junção de 6 furos e fixação elástica Pandrol - posicionamento e assentamento mecanizado","km",{"v":4259717.05,"d":"4,259,717.05"}]
[3009053,"Trilho UIC60, comprimento de 120 m (TLS), sobre dormente de madeira, bitola mista, taxa de dormentação de 1.750 un/km, tala de junção de 6 furos e fixação elástica Pandrol - posicionamento e assentamento mecanizado","km",{"v":4319908.99,"d":"4,319,908.99"}]
[3009107,"Trilho UIC60, comprimento de 240 m (TLS), formado por trilhos curtos de 12 m soldados por caldeamento - confecção em estaleiro","un",{"v":242271.4,"d":"242,271.40"}]
[3009249,"Trilho UIC60, comprimento de 240 m (TLS), sobre dormente de concreto, bitola métrica ou larga, taxa de dormentação de 1.667 un/km, tala de junção de 6 furos e fixação elástica Pandrol - posicionamento e assentamento mecanizado","km",{"v":2175155.19,"d":"2,175,155.19"}]
[3009211,"Trilho UIC60, comprimento de 240 m (TLS), sobre dormente de concreto, bitola métrica ou larga, taxa de dormentação de 1.750 un/km, tala de junção de 6 furos e fixação elástica Pandrol - posicionamento e assentamento mecanizado","km",{"v":2182256.48,"d":"2,182,256.48"}]
[3009253,"Trilho UIC60, comprimento de 240 m (TLS), sobre dormente de concreto, bitola mista, taxa de dormentação de 1.667 un/km, tala de junção de 6 furos e fixação elástica Pandrol - posicionamento e assentamento mecanizado","km",{"v":3262645.3,"d":"3,262,645.30"}]
[3009215,"Trilho UIC60, comprimento de 240 m (TLS), sobre dormente de concreto, bitola mista, taxa de dormentação de 1.750 un/km, tala de junção de 6 furos e fixação elástica Pandrol - posicionamento e assentamento mecanizado","km",{"v":3273297.22,"d":"3,273,297.22"}]
[3009261,"Trilho UIC60, comprimento de 240 m (TLS), sobre dormente de madeira, bitola métrica ou larga, taxa de dormentação de 1.667 un/km, tala de junção de 6 furos e fixação elástica Pandrol - posicionamento e assentamento mecanizado","km",{"v":2832304.72,"d":"2,832,304.72"}]
[3009269,"Trilho UIC60, comprimento de 240 m (TLS), sobre dormente de madeira, bitola métrica ou larga, taxa de dormentação de 1.667 un/km, tala de junção de 6 furos e fixação rígida - posicionamento e assentamento mecanizado","km",{"v":2842129.77,"d":"2,842,129.77"}]
[3009041,"Trilho UIC60, comprimento de 240 m (TLS), sobre dormente de madeira, bitola métrica ou larga, taxa de dormentação de 1.750 un/km, tala de junção de 6 furos e fixação elástica Pandrol - posicionamento e assentamento mecanizado","km",{"v":2872406.13,"d":"2,872,406.13"}]
[3009049,"Trilho UIC60, comprimento de 240 m (TLS), sobre dormente de madeira, bitola métrica ou larga, taxa de dormentação de 1.750 un/km, tala de junção de 6 furos e fixação rígida - posicionamento e assentamento mecanizado","km",{"v":2882720.21,"d":"2,882,720.21"}]
[3009277,"Trilho UIC60, comprimento de 240 m (TLS), sobre dormente de madeira, bitola mista, taxa de dormentação de 1.667 un/km, tala de junção de 6 furos e fixação elástica Pandrol - posicionamento e assentamento mecanizado","km",{"v":4249160.34,"d":"4,249,160.34"}]
[3009057,"Trilho UIC60, comprimento de 240 m (TLS), sobre dormente de madeira, bitola mista, taxa de dormentação de 1.750 un/km, tala de junção de 6 furos e fixação elástica Pandrol - posicionamento e assentamento mecanizado","km",{"v":4309352.28,"d":"4,309,352.28"}]
[3108073,"Confecção de fôrma metálica em chapa 1/8\" para poita trapezoidal","m²",337.23]
[3107965,"Confecção de forma metálica em chapa 3/16\" para poita trapezoidal","m²",549.66]
[3105941,"Fôrma em chapa metálica 1/8\" para cabeça de tirantes - utilização de 50 vezes - confecção, instalação e retirada","m²",28.08]
[3108150,"Fôrma metálica curva em chapa 3/16\" reforçada com nervuras de 40 mm x 3/16\" dispostas em grelhas de 40 x 60 cm - utilização de 100 vezes - confecção, instalação e retirada","m²",17.58]
[3108071,"Fôrma metálica em chapa 1/8\" para poita trapezoidal - utilização de 50 vezes - montagem, instalação e retirada","m²",{"v":13.5,"d":"13.50"}]
[3107967,"Fôrma metálica em chapa 1/8\" reforçada com nervuras de 40 mm x 1/8\" dispostas em grelhas de 40 x 60 cm - utilização de 100 vezes - confecção, instalação e retirada","m²",9.79]
[3107966,"Fôrma metálica em chapa 3/16\" para poita trapezoidal - utilização de 50 vezes - montagem, instalação e retirada","m²",26.93]
[3108072,"Fôrma metálica em chapa 3/16\" reforçada com nervuras de 40 mm x 3/16\" dispostas em grelhas de 40 x 60 cm - utilização de 100 vezes - confecção, instalação e retirada","m²",14.43]
[3117750,"Fôrma metálica para aduelas de bueiros celulares de concreto pré-moldados - utilização de 100 vezes - confecção, instalação e retirada","m²",17.41]
[3117749,"Fôrma metálica para guarda-corpo de concreto - utilização de 50 vezes - confecção","m²",13.59]
[3106551,"Fôrma metálica para tetrápode - utilização de 100 vezes - confecção, instalação e retirada","m²",10.87]
[3106427,"Fôrma metálica para viga de concreto pré-moldada protendida para OAE - utilização de 20 vezes - confecção, instalação e retirada","m²",39.64]
[3106552,"Fôrma metálica para Xbloc - utilização de 100 vezes - confecção, instalação e retirada","m²",10.09]
[3107969,"Fôrmas curvas de compensado plastificado 10 mm - uso geral - utilização de 2 vezes - confecção, instalação e retirada","m²",125.86]
[3107970,"Fôrmas curvas de compensado resinado 10 mm - uso geral - utilização de 2 vezes - confecção, instalação e retirada","m²",118.17]
[3108007,"Fôrmas de compensado plastificado 10 mm - uso geral - utilização de 1 vez - confecção, instalação e retirada","m²",142.06]
[3108008,"Fôrmas de compensado plastificado 10 mm - uso geral - utilização de 2 vezes - confecção, instalação e retirada","m²",94.98]
[3108009,"Fôrmas de compensado plastificado 10 mm - uso geral - utilização de 3 vezes - confecção, instalação e retirada","m²",{"v":80.9,"d":"80.90"}]
[3108011,"Fôrmas de compensado plastificado 12 mm - uso geral - utilização de 1 vez - confecção, instalação e retirada","m²",147.66]
[3108012,"Fôrmas de compensado plastificado 12 mm - uso geral - utilização de 2 vezes - confecção, instalação e retirada","m²",97.92]
[3108013,"Fôrmas de compensado plastificado 12 mm - uso geral - utilização de 3 vezes - confecção, instalação e retirada","m²",82.96]
[3108015,"Fôrmas de compensado plastificado 14 mm - uso geral - utilização de 1 vez - confecção, instalação e retirada","m²",{"v":161.5,"d":"161.50"}]
[3108016,"Fôrmas de compensado plastificado 14 mm - uso geral - utilização de 2 vezes - confecção, instalação e retirada","m²",105.18]
[3108017,"Fôrmas de compensado plastificado 14 mm - uso geral - utilização de 3 vezes - confecção, instalação e retirada","m²",88.05]
[3107995,"Fôrmas de compensado resinado 10 mm - uso geral - utilização de 1 vez - confecção, instalação e retirada","m²",128.57]
[3107996,"Fôrmas de compensado resinado 10 mm - uso geral - utilização de 2 vezes - confecção, instalação e retirada","m²",87.94]
[3107997,"Fôrmas de compensado resinado 10 mm - uso geral - utilização de 3 vezes - confecção, instalação e retirada","m²",76.01]
[3107999,"Fôrmas de compensado resinado 12 mm - uso geral - utilização de 1 vez - confecção, instalação e retirada","m²",135.78]
[3108000,"Fôrmas de compensado resinado 12 mm - uso geral - utilização de 2 vezes - confecção, instalação e retirada","m²",91.73]
[3108001,"Fôrmas de compensado resinado 12 mm - uso geral - utilização de 3 vezes - confecção, instalação e retirada","m²",78.66]
[3108003,"Fôrmas de compensado resinado 14 mm - uso geral - utilização de 1 vez - confecção, instalação e retirada","m²",141.28]
[3108004,"Fôrmas de compensado resinado 14 mm - uso geral - utilização de 2 vezes - confecção, instalação e retirada","m²",94.61]
[3108005,"Fôrmas de compensado resinado 14 mm - uso geral - utilização de 3 vezes - confecção, instalação e retirada","m²",80.68]
[3106119,"Fôrmas de tábuas de pinho - utilização de 1 vez - confecção, instalação e retirada","m²",154.79]
[3106120,"Fôrmas de tábuas de pinho - utilização de 2 vezes - confecção, instalação e retirada","m²",109.83]
[3106121,"Fôrmas de tábuas de pinho - utilização de 3 vezes - confecção, instalação e retirada","m²",96.76]
[3103302,"Fôrmas de tábuas de pinho para dispositivos de drenagem - utilização de 3 vezes - confecção, instalação e retirada","m²",75.63]
[3103303,"Fôrmas de tábuas de pinho para drenos - utilização de 5 vezes - confecção, instalação e retirada","m²",39.51]
[3106759,"Fôrmas de tábuas de pinho para elementos estruturais dos arcos metálicos - utilização de 3 vezes - confecção, instalação e retirada","m²",114.68]
[3108023,"Guia de madeira de 2,5 x 10,0 cm - confecção e instalação","m",4.81]
[3108018,"Guia de madeira de 2,5 x 7,0 cm - confecção e instalação","m",3.53]
[3108022,"Guia de madeira de 2,5 x 8,0 cm - confecção e instalação","m",3.96]
[3205864,"Gabião caixa 2 x 1 x 0,50 m - Zn/Al + PVC - D = 2,4 mm - pedra de mão comercial - fornecimento e assentamento","m³",{"v":1044.83,"d":"1,044.83"}]
[3205863,"Gabião caixa 2 x 1 x 0,50 m - Zn/Al + PVC - D = 2,4 mm - pedra de mão produzida - confecção e assentamento","m³",935.57]
[3205868,"Gabião caixa 2 x 1 x 0,50 m Zn/Al - D = 2,7 mm - pedra de mão comercial - fornecimento e assentamento","m³",{"v":891.5,"d":"891.50"}]
[3205867,"Gabião caixa 2 x 1 x 0,50 m Zn/Al - D = 2,7 mm - pedra de mão produzida - confecção e assentamento","m³",782.23]
[3205866,"Gabião caixa 2 x 1 x 1,00 m - Zn/Al + PVC - D = 2,4 mm - pedra de mão comercial - fornecimento e assentamento","m³",804.89]
[3205865,"Gabião caixa 2 x 1 x 1,00 m - Zn/Al + PVC - D = 2,4 mm - pedra de mão produzida - confecção e assentamento","m³",695.62]
[3205870,"Gabião caixa 2 x 1 x 1,00 m Zn/Al - D = 2,7 mm - pedra de mão comercial - fornecimento e assentamento","m³",758.92]
[3205869,"Gabião caixa 2 x 1 x 1,00 m Zn/Al - D = 2,7 mm - pedra de mão produzida - confecção e assentamento","m³",649.65]
[3205872,"Gabião colchão espessura 0,17 m - Zn/Al + PVC - D = 2,0 mm - pedra de mão comercial - fornecimento e assentamento","m²",{"v":268,"d":"268.00"}]
[3205871,"Gabião colchão espessura 0,17 m - Zn/Al + PVC - D = 2,0 mm - pedra de mão produzida - confecção e assentamento","m²",249.42]
[3205874,"Gabião colchão espessura 0,23 m - Zn/Al + PVC - D = 2,0 mm - pedra de mão comercial - fornecimento e assentamento","m²",296.11]
[3205873,"Gabião colchão espessura 0,23 m - Zn/Al + PVC - D = 2,0 mm - pedra de mão produzida - confecção e assentamento","m²",270.98]
[3205876,"Gabião colchão espessura 0,30 m - Zn/Al + PVC - D = 2,0 mm - pedra de mão comercial - fornecimento e assentamento","m²",335.05]
[3205875,"Gabião colchão espessura 0,30 m - Zn/Al + PVC - D = 2,0 mm - pedra de mão produzida - confecção e assentamento","m²",302.27]
[3205862,"Gabião saco - diâmetro = 0,65 m - Zn/Al + PVC - D = 2,4 mm - pedra de mão comercial - fornecimento e assentamento","m³",842.77]
[3205861,"Gabião saco - diâmetro = 0,65 m - Zn/Al + PVC - D = 2,4 mm - pedra de mão produzida - confecção e assentamento","m³",{"v":733.5,"d":"733.50"}]
[3606579,"Carga, transporte e descarga de material pétreo para molhes com o uso de batelões e escavadeira hidráulica - DMT de 0 a 300 m","m³",{"v":20.8,"d":"20.80"}]
[3606583,"Carga, transporte e descarga de material pétreo para molhes com o uso de batelões e escavadeira hidráulica - DMT de 1.200 a 1.500 m","m³",21.58]
[3606584,"Carga, transporte e descarga de material pétreo para molhes com o uso de batelões e escavadeira hidráulica - DMT de 1.500 a 1.800 m","m³",21.69]
[3606585,"Carga, transporte e descarga de material pétreo para molhes com o uso de batelões e escavadeira hidráulica - DMT de 1.800 a 2.100 m","m³",{"v":21.8,"d":"21.80"}]
[3606586,"Carga, transporte e descarga de material pétreo para molhes com o uso de batelões e escavadeira hidráulica - DMT de 2.100 a 2.400 m","m³",22.02]
[3606587,"Carga, transporte e descarga de material pétreo para molhes com o uso de batelões e escavadeira hidráulica - DMT de 2.400 a 2.700 m","m³",22.25]
[3606588,"Carga, transporte e descarga de material pétreo para molhes com o uso de batelões e escavadeira hidráulica - DMT de 2.700 a 3.000 m","m³",22.36]
[3606589,"Carga, transporte e descarga de material pétreo para molhes com o uso de batelões e escavadeira hidráulica - DMT de 3.000 m","m³",22.47]
[3606580,"Carga, transporte e descarga de material pétreo para molhes com o uso de batelões e escavadeira hidráulica - DMT de 300 a 600 m","m³",21.02]
[3606581,"Carga, transporte e descarga de material pétreo para molhes com o uso de batelões e escavadeira hidráulica - DMT de 600 a 900 m","m³",21.25]
[3606582,"Carga, transporte e descarga de material pétreo para molhes com o uso de batelões e escavadeira hidráulica - DMT de 900 a 1.200 m","m³",21.36]
[3606527,"Escavação, carga e transporte de material pétreo para a subcarapaça - caminho de serviço em leito natural - DMT de 1.000 a 1.200 m - com caminhão basculante de 8 m³","m³",50.25]
[3606528,"Escavação, carga e transporte de material pétreo para a subcarapaça - caminho de serviço em leito natural - DMT de 1.200 a 1.400 m - com caminhão basculante de 8 m³","m³",51.03]
[3606529,"Escavação, carga e transporte de material pétreo para a subcarapaça - caminho de serviço em leito natural - DMT de 1.400 a 1.600 m - com caminhão basculante de 8 m³","m³",51.64]
[3606530,"Escavação, carga e transporte de material pétreo para a subcarapaça - caminho de serviço em leito natural - DMT de 1.600 a 1.800 m - com caminhão basculante de 8 m³","m³",52.42]
[3606531,"Escavação, carga e transporte de material pétreo para a subcarapaça - caminho de serviço em leito natural - DMT de 1.800 a 2.000 m - com caminhão basculante de 8 m³","m³",53.19]
[3606532,"Escavação, carga e transporte de material pétreo para a subcarapaça - caminho de serviço em leito natural - DMT de 2.000 a 2.500 m - com caminhão basculante de 8 m³","m³",54.42]
[3606533,"Escavação, carga e transporte de material pétreo para a subcarapaça - caminho de serviço em leito natural - DMT de 2.500 a 3.000 m - com caminhão basculante de 8 m³","m³",58.56]
[3606534,"Escavação, carga e transporte de material pétreo para a subcarapaça - caminho de serviço em leito natural - DMT de 3.000 m - com caminhão basculante de 8 m³","m³",59.59]
[3606535,"Escavação, carga e transporte de material pétreo para a subcarapaça - caminho de serviço em revestimento primário - DMT de 1.000 a 1.200 m - com caminhão basculante de 8 m³","m³",45.86]
[3606536,"Escavação, carga e transporte de material pétreo para a subcarapaça - caminho de serviço em revestimento primário - DMT de 1.200 a 1.400 m - com caminhão basculante de 8 m³","m³",46.27]
[3606537,"Escavação, carga e transporte de material pétreo para a subcarapaça - caminho de serviço em revestimento primário - DMT de 1.400 a 1.600 m - com caminhão basculante de 8 m³","m³",46.79]
[3606538,"Escavação, carga e transporte de material pétreo para a subcarapaça - caminho de serviço em revestimento primário - DMT de 1.600 a 1.800 m - com caminhão basculante de 8 m³","m³",{"v":47.2,"d":"47.20"}]
[3606539,"Escavação, carga e transporte de material pétreo para a subcarapaça - caminho de serviço em revestimento primário - DMT de 1.800 a 2.000 m - com caminhão basculante de 8 m³","m³",47.71]
[3606540,"Escavação, carga e transporte de material pétreo para a subcarapaça - caminho de serviço em revestimento primário - DMT de 2.000 a 2.500 m - com caminhão basculante de 8 m³","m³",50.56]
[3606541,"Escavação, carga e transporte de material pétreo para a subcarapaça - caminho de serviço em revestimento primário - DMT de 2.500 a 3.000 m - com caminhão basculante de 8 m³","m³",51.95]
[3606542,"Escavação, carga e transporte de material pétreo para a subcarapaça - caminho de serviço em revestimento primário - DMT de 3.000 m - com caminhão basculante de 8 m³","m³",52.57]
[3606543,"Escavação, carga e transporte de material pétreo para a subcarapaça - caminho de serviço pavimentado - DMT de 1.000 a 1.200 m - com caminhão basculante de 8 m³","m³",45.14]
[3606544,"Escavação, carga e transporte de material pétreo para a subcarapaça - caminho de serviço pavimentado - DMT de 1.200 a 1.400 m - com caminhão basculante de 8 m³","m³",45.45]
[3606545,"Escavação, carga e transporte de material pétreo para a subcarapaça - caminho de serviço pavimentado - DMT de 1.400 a 1.600 m - com caminhão basculante de 8 m³","m³",45.86]
[3606546,"Escavação, carga e transporte de material pétreo para a subcarapaça - caminho de serviço pavimentado - DMT de 1.600 a 1.800 m - com caminhão basculante de 8 m³","m³",46.27]
[3606547,"Escavação, carga e transporte de material pétreo para a subcarapaça - caminho de serviço pavimentado - DMT de 1.800 a 2.000 m - com caminhão basculante de 8 m³","m³",46.58]
[3606548,"Escavação, carga e transporte de material pétreo para a subcarapaça - caminho de serviço pavimentado - DMT de 2.000 a 2.500 m - com caminhão basculante de 8 m³","m³",{"v":47.3,"d":"47.30"}]
[3606549,"Escavação, carga e transporte de material pétreo para a subcarapaça - caminho de serviço pavimentado - DMT de 2.500 a 3.000 m - com caminhão basculante de 8 m³","m³",50.41]
[3606550,"Escavação, carga e transporte de material pétreo para a subcarapaça - caminho de serviço pavimentado - DMT de 3.000 m - com caminhão basculante de 8 m³","m³",51.03]
[3606500,"Escavação, carga e transporte de material pétreo para o núcleo - caminho de serviço em leito natural - DMT de 1.000 a 1.200 m - com caminhão basculante de 8 m³","m³",46.71]
[3606501,"Escavação, carga e transporte de material pétreo para o núcleo - caminho de serviço em leito natural - DMT de 1.200 a 1.400 m - com caminhão basculante de 8 m³","m³",47.48]
[3606502,"Escavação, carga e transporte de material pétreo para o núcleo - caminho de serviço em leito natural - DMT de 1.400 a 1.600 m - com caminhão basculante de 8 m³","m³",{"v":48.1,"d":"48.10"}]
[3606503,"Escavação, carga e transporte de material pétreo para o núcleo - caminho de serviço em leito natural - DMT de 1.600 a 1.800 m - com caminhão basculante de 8 m³","m³",48.87]
[3606504,"Escavação, carga e transporte de material pétreo para o núcleo - caminho de serviço em leito natural - DMT de 1.800 a 2.000 m - com caminhão basculante de 8 m³","m³",49.64]
[3606505,"Escavação, carga e transporte de material pétreo para o núcleo - caminho de serviço em leito natural - DMT de 2.000 a 2.500 m - com caminhão basculante de 8 m³","m³",50.88]
[3606506,"Escavação, carga e transporte de material pétreo para o núcleo - caminho de serviço em leito natural - DMT de 2.500 a 3.000 m - com caminhão basculante de 8 m³","m³",54.91]
[3606507,"Escavação, carga e transporte de material pétreo para o núcleo - caminho de serviço em leito natural - DMT de 3.000 m - com caminhão basculante de 8 m³","m³",56.15]
[3606509,"Escavação, carga e transporte de material pétreo para o núcleo - caminho de serviço em revestimento primário - DMT de 1.000 a 1.200 m - com caminhão basculante de 8 m³","m³",42.31]
[3606510,"Escavação, carga e transporte de material pétreo para o núcleo - caminho de serviço em revestimento primário - DMT de 1.200 a 1.400 m - com caminhão basculante de 8 m³","m³",42.83]
[3606511,"Escavação, carga e transporte de material pétreo para o núcleo - caminho de serviço em revestimento primário - DMT de 1.400 a 1.600 m - com caminhão basculante de 8 m³","m³",43.24]
[3606512,"Escavação, carga e transporte de material pétreo para o núcleo - caminho de serviço em revestimento primário - DMT de 1.600 a 1.800 m - com caminhão basculante de 8 m³","m³",43.65]
[3606513,"Escavação, carga e transporte de material pétreo para o núcleo - caminho de serviço em revestimento primário - DMT de 1.800 a 2.000 m - com caminhão basculante de 8 m³","m³",46.24]
[3606514,"Escavação, carga e transporte de material pétreo para o núcleo - caminho de serviço em revestimento primário - DMT de 2.000 a 2.500 m - com caminhão basculante de 8 m³","m³",47.17]
[3606515,"Escavação, carga e transporte de material pétreo para o núcleo - caminho de serviço em revestimento primário - DMT de 2.500 a 3.000 m - com caminhão basculante de 8 m³","m³",48.41]
[3606516,"Escavação, carga e transporte de material pétreo para o núcleo - caminho de serviço em revestimento primário - DMT de 3.000 m - com caminhão basculante de 8 m³","m³",49.03]
[3606518,"Escavação, carga e transporte de material pétreo para o núcleo - caminho de serviço pavimentado - DMT de 1.000 a 1.200 m - com caminhão basculante de 8 m³","m³",41.59]
[3606519,"Escavação, carga e transporte de material pétreo para o núcleo - caminho de serviço pavimentado - DMT de 1.200 a 1.400 m - com caminhão basculante de 8 m³","m³",42.01]
[3606520,"Escavação, carga e transporte de material pétreo para o núcleo - caminho de serviço pavimentado - DMT de 1.400 a 1.600 m - com caminhão basculante de 8 m³","m³",42.31]
[3606521,"Escavação, carga e transporte de material pétreo para o núcleo - caminho de serviço pavimentado - DMT de 1.600 a 1.800 m - com caminhão basculante de 8 m³","m³",42.73]
[3606522,"Escavação, carga e transporte de material pétreo para o núcleo - caminho de serviço pavimentado - DMT de 1.800 a 2.000 m - com caminhão basculante de 8 m³","m³",43.04]
[3606523,"Escavação, carga e transporte de material pétreo para o núcleo - caminho de serviço pavimentado - DMT de 2.000 a 2.500 m - com caminhão basculante de 8 m³","m³",43.76]
[3606524,"Escavação, carga e transporte de material pétreo para o núcleo - caminho de serviço pavimentado - DMT de 2.500 a 3.000 m - com caminhão basculante de 8 m³","m³",47.02]
[3606525,"Escavação, carga e transporte de material pétreo para o núcleo - caminho de serviço pavimentado - DMT de 3.000 m - com caminhão basculante de 8 m³","m³",47.48]
[3606577,"Espalhamento e conformação de material pétreo para núcleo","m³",11.23]
[3606576,"Espalhamento e conformação de material pétreo para subcarapaça","m³",4.29]
[3606561,"Fabricação de tetrápode de 10 t - concreto fck = 20 MPa - areia e brita comerciais","un",{"v":2160.09,"d":"2,160.09"}]
[3606556,"Fabricação de tetrápode de 10 t - concreto fck = 20 MPa - areia extraída e brita produzida","un",{"v":1573.38,"d":"1,573.38"}]
[3606562,"Fabricação de tetrápode de 11 t - concreto fck = 20 MPa - areia e brita comerciais","un",{"v":2362.54,"d":"2,362.54"}]
[3606557,"Fabricação de tetrápode de 11 t - concreto fck = 20 MPa - areia extraída e brita produzida","un",{"v":1717.16,"d":"1,717.16"}]
[3606563,"Fabricação de tetrápode de 12 t - concreto fck = 20 MPa - areia e brita comerciais","un",{"v":2573.77,"d":"2,573.77"}]
[3606558,"Fabricação de tetrápode de 12 t - concreto fck = 20 MPa - areia extraída e brita produzida","un",{"v":1869.72,"d":"1,869.72"}]
[3606559,"Fabricação de tetrápode de 8 t - concreto fck = 20 MPa - areia e brita comerciais","un",{"v":1728.45,"d":"1,728.45"}]
[3606554,"Fabricação de tetrápode de 8 t - concreto fck = 20 MPa - areia extraída e brita produzida","un",{"v":1259.08,"d":"1,259.08"}]
[3606560,"Fabricação de tetrápode de 9 t - concreto fck = 20 MPa - areia e brita comerciais","un",{"v":1931.74,"d":"1,931.74"}]
[3606555,"Fabricação de tetrápode de 9 t - concreto fck = 20 MPa - areia extraída e brita produzida","un",{"v":1403.7,"d":"1,403.70"}]
[3606571,"Fabricação de Xbloc de 10 t - concreto fck = 20 MPa - areia e brita comerciais","un",{"v":2124.75,"d":"2,124.75"}]
[3606566,"Fabricação de Xbloc de 10 t - concreto fck = 20 MPa - areia extraída e brita produzida","un",{"v":1538.05,"d":"1,538.05"}]
[3606572,"Fabricação de Xbloc de 11 t - concreto fck = 20 MPa - areia e brita comerciais","un",{"v":2329.87,"d":"2,329.87"}]
[3606567,"Fabricação de Xbloc de 11 t - concreto fck = 20 MPa - areia extraída e brita produzida","un",{"v":1684.49,"d":"1,684.49"}]
[3606573,"Fabricação de Xbloc de 12 t - concreto fck = 20 MPa - areia e brita comerciais","un",{"v":2534.57,"d":"2,534.57"}]
[3606568,"Fabricação de Xbloc de 12 t - concreto fck = 20 MPa - areia extraída e brita produzida","un",{"v":1830.52,"d":"1,830.52"}]
[3606569,"Fabricação de Xbloc de 8 t - concreto fck = 20 MPa - areia e brita comerciais","un",{"v":1713.01,"d":"1,713.01"}]
[3606564,"Fabricação de Xbloc de 8 t - concreto fck = 20 MPa - areia extraída e brita produzida","un",{"v":1243.65,"d":"1,243.65"}]
[3606570,"Fabricação de Xbloc de 9 t - concreto fck = 20 MPa - areia e brita comerciais","un",{"v":1919.16,"d":"1,919.16"}]
[3606565,"Fabricação de Xbloc de 9 t - concreto fck = 20 MPa - areia extraída e brita produzida","un",{"v":1391.12,"d":"1,391.12"}]
[3606578,"Lançamento de blocos artificias de concreto","un",{"v":112.7,"d":"112.70"}]
[3606575,"Seleção de material pétreo para a carapaça e subcarapaça","m³",1.89]
[3606574,"Seleção de material pétreo para o núcleo","m³",0.95]
[3713603,"Ancoragem de defensa maleável dupla - fornecimento e implantação","m",{"v":1038.09,"d":"1,038.09"}]
[3713601,"Ancoragem de defensa maleável simples - fornecimento e implantação","m",837.69]
[3713607,"Ancoragem de defensa semimaleável dupla - fornecimento e implantação","m",787.77]
[3713605,"Ancoragem de defensa semimaleável simples - fornecimento e implantação","m",559.98]
[3719530,"Barreira dupla de concreto, armada, pré-moldada (perfil New Jersey) - L > 3,00 m e H = 1.070 mm","m",319.24]
[3713828,"Barreira dupla de concreto, armada, pré-moldada (perfil New Jersey) - L > 3,00 m e H = 810 mm","m",238.29]
[3713875,"Barreira dupla de concreto, não armada, moldada no local (perfil F) - H = 810 + 100 mm","m",67.56]
[3713619,"Barreira dupla de concreto, não armada, moldada no local (perfil New Jersey) - H = 810 + 100 mm","m",67.97]
[3713876,"Barreira dupla de concreto, não armada, moldada no local, com extrusora (perfil F) - H = 810 + 100 mm","m",89.61]
[3713827,"Barreira dupla de concreto, não armada, moldada no local, com extrusora (perfil New Jersey) - H = 810 + 100 mm","m",88.14]
[3713904,"Barreira simples de concreto, armada, pré-moldada (perfil New Jersey) - L > 3,00 m e H = 1.070 mm","m",{"v":275.9,"d":"275.90"}]
[3719529,"Barreira simples de concreto, armada, pré-moldada (perfil New Jersey) - L > 3,00 m e H = 810 mm","m",{"v":201.3,"d":"201.30"}]
[3713878,"Barreira simples de concreto, não armada, moldada no local (perfil F) - H = 810 + 100 mm","m",67.19]
[3713617,"Barreira simples de concreto, não armada, moldada no local (perfil New Jersey) - H = 810 + 100 mm","m",67.39]
[3713879,"Barreira simples de concreto, não armada, moldada no local, com extrusora (perfil F) - H = 810 + 100 mm","m",80.71]
[3713826,"Barreira simples de concreto, não armada, moldada no local, com extrusora (perfil New Jersey) - H = 810 + 100 mm","m",77.12]
[3713610,"Cerca com 4 fios de arame farpado e mourão de concreto de seção quadrada de 11 cm a cada 2,5 m e esticador de 15 cm a cada 50 m - areia e brita comerciais","m",35.08]
[3713609,"Cerca com 4 fios de arame farpado e mourão de concreto de seção quadrada de 11 cm a cada 2,5 m e esticador de 15 cm a cada 50 m - areia extraída e brita produzida","m",33.55]
[3713612,"Cerca com 4 fios de arame farpado e mourão de concreto de seção triangular de 11 cm a cada 2,5 m e esticador de 15 cm a cada 50 m - areia e brita comerciais","m",28.88]
[3713611,"Cerca com 4 fios de arame farpado e mourão de concreto de seção triangular de 11 cm a cada 2,5 m e esticador de 15 cm a cada 50 m - areia extraída e brita produzida","m",28.22]
[3713608,"Cerca com 4 fios de arame farpado e mourão de madeira a cada 2,5 m e esticador a cada 50 m","m",22.77]
[3713613,"Cerca com 4 fios de arame liso galvanizado e mourão de madeira a cada 2,5 m e esticador a cada 50 m","m",20.94]
[3713822,"Confecção de barreira dupla de concreto, armada, pré-moldada (perfil New Jersey) - L > 3,00 m e H = 1.070 mm","m",312.27]
[3713824,"Confecção de barreira dupla de concreto, armada, pré-moldada (perfil New Jersey) - L > 3,00 m e H = 810 mm","m",231.32]
[3713825,"Confecção de barreira simples de concreto, armada, pré-moldada (perfil New Jersey) - L > 3,00 m e H = 1.070 mm","m",268.93]
[3713823,"Confecção de barreira simples de concreto, armada, pré-moldada (perfil New Jersey) - L > 3,00 m e H = 810 mm","m",194.33]
[3713602,"Defensa maleável dupla - fornecimento e implantação","m",958.76]
[3713600,"Defensa maleável simples - fornecimento e implantação","m",772.02]
[3713606,"Defensa semimaleável dupla - fornecimento e implantação","m",708.44]
[3713604,"Defensa semimaleável simples - fornecimento e implantação","m",505.64]
[3716129,"Fabricação de mourão de concreto esticador - seção quadrada de 15 cm - areia e brita comerciais","un",51.64]
[3716128,"Fabricação de mourão de concreto esticador - seção quadrada de 15 cm - areia extraída e brita produzida","un",45.18]
[3716133,"Fabricação de mourão de concreto esticador - seção triangular de 15 cm - areia e brita comercias","un",30.72]
[3716132,"Fabricação de mourão de concreto esticador - seção triangular de 15 cm - areia extraída e brita produzida","un",27.92]
[3716131,"Fabricação de mourão de concreto suporte - seção quadrada de 11 cm - areia e brita comerciais","un",{"v":33.8,"d":"33.80"}]
[3716130,"Fabricação de mourão de concreto suporte - seção quadrada de 11 cm - areia extraída e brita produzida","un",30.48]
[3716135,"Fabricação de mourão de concreto suporte - seção triangular de 11 cm - areia e brita comerciais","un",21.36]
[3716134,"Fabricação de mourão de concreto suporte - seção triangular de 11 cm - areia extraída e brita produzida","un",19.92]
[3713698,"Fornecimento e implantação de amortecedor retrátil (v <= 100 km/h) tipo TAU II afunilado - fixado em barreira de concreto, com largura de âncora traseira de 1.830 mm","un",{"v":316925.87,"d":"316,925.87"}]
[3713699,"Fornecimento e implantação de amortecedor retrátil (v <= 100 km/h) tipo TAU II afunilado - fixado em barreira de concreto, com largura de âncora traseira de 1.980 mm","un",{"v":325635.56,"d":"325,635.56"}]
[3713700,"Fornecimento e implantação de amortecedor retrátil (v <= 100 km/h) tipo TAU II afunilado - fixado em barreira de concreto, com largura de âncora traseira de 2.130 mm","un",{"v":331905.17,"d":"331,905.17"}]
[3713701,"Fornecimento e implantação de amortecedor retrátil (v <= 100 km/h) tipo TAU II afunilado - fixado em barreira de concreto, com largura de âncora traseira de 2.290 mm","un",{"v":346176.86,"d":"346,176.86"}]
[3713702,"Fornecimento e implantação de amortecedor retrátil (v <= 100 km/h) tipo TAU II afunilado - fixado em barreira de concreto, com largura de âncora traseira de 2.440 mm","un",{"v":365206.95,"d":"365,206.95"}]
[3713693,"Fornecimento e implantação de amortecedor retrátil (v <= 100 km/h) tipo TAU II combinado - fixado em barreira de concreto, com largura de âncora traseira de 1.060 mm","un",{"v":274917.65,"d":"274,917.65"}]
[3713694,"Fornecimento e implantação de amortecedor retrátil (v <= 100 km/h) tipo TAU II combinado - fixado em barreira de concreto, com largura de âncora traseira de 1.220 mm","un",{"v":288738.97,"d":"288,738.97"}]
[3713695,"Fornecimento e implantação de amortecedor retrátil (v <= 100 km/h) tipo TAU II combinado - fixado em barreira de concreto, com largura de âncora traseira de 1.370 mm","un",{"v":306475.15,"d":"306,475.15"}]
[3713696,"Fornecimento e implantação de amortecedor retrátil (v <= 100 km/h) tipo TAU II combinado - fixado em barreira de concreto, com largura de âncora traseira de 1.520 mm","un",{"v":319991.46,"d":"319,991.46"}]
[3713697,"Fornecimento e implantação de amortecedor retrátil (v <= 100 km/h) tipo TAU II combinado - fixado em barreira de concreto, com largura de âncora traseira de 1.680 mm","un",{"v":305747.55,"d":"305,747.55"}]
[3713692,"Fornecimento e implantação de amortecedor retrátil (v <= 100 km/h) tipo TAU II combinado - fixado em barreira de concreto, com largura de âncora traseira de 900 mm","un",{"v":235702.54,"d":"235,702.54"}]
[3713691,"Fornecimento e implantação de amortecedor retrátil (v <= 100 km/h) tipo TAU II paralelo - fixado em barreira de concreto, com largura de âncora traseira de até 700 mm","un",{"v":209862.21,"d":"209,862.21"}]
[3713873,"Módulo de transição de defensa metálica para barreira rígida - fornecimento e implantação","un",{"v":6880.8,"d":"6,880.80"}]
[3713705,"Remoção de defensa metálica","m",22.86]
[3713902,"Terminal absorvedor de energia de abertura com nível de contenção TL3 para defensa metálica - fornecimento e implantação","un",{"v":46036.63,"d":"46,036.63"}]
[3713903,"Terminal absorvedor de energia de não abertura com nível de contenção TL3 para defensa metálica - fornecimento e implantação","un",{"v":62392.56,"d":"62,392.56"}]
[3713689,"Terminal aéreo de defensa metálica - tipo A - fornecimento e implantação","un",394.98]
[3713690,"Terminal de ancoragem de defensa metálica em barreira New Jersey - fornecimento e implantação","un",506.73]
[3713897,"Terminal de ancoragem para barreira dupla de concreto, moldada no local (perfil F) - H = 810 + 250 mm","m",{"v":296.7,"d":"296.70"}]
[3713893,"Terminal de ancoragem para barreira dupla de concreto, moldada no local (perfil New Jersey) - H = 810 + 250 mm","m",300.72]
[3713898,"Terminal de ancoragem para barreira dupla de concreto, moldada no local, com extrusora (perfil F) - H = 810 + 250 mm","m",313.57]
[3713894,"Terminal de ancoragem para barreira dupla de concreto, moldada no local, com extrusora (perfil New Jersey) - H = 810 + 250 mm","m",315.21]
[3713895,"Terminal de ancoragem para barreira simples de concreto, moldada no local (perfil F) - H = 810 + 250 mm","m",275.84]
[3713891,"Terminal de ancoragem para barreira simples de concreto, moldada no local (perfil New Jersey) - H = 810 + 250 mm","m",274.59]
[3713896,"Terminal de ancoragem para barreira simples de concreto, moldada no local, com extrusora (perfil F) - H = 810 + 250 mm","m",286.49]
[3713892,"Terminal de ancoragem para barreira simples de concreto, moldada no local, com extrusora (perfil New Jersey) - H = 810 + 250 mm","m",281.51]
[3806412,"Abertura de janela em estrutura de concreto existente para inspeção com espessura até 0,20 m e seção 0,49 m²","un",64.46]
[3806413,"Apicoamento mecanizado de concreto","m²",22.65]
[3807863,"Chumbador de expansão controlada por torque para concreto D = 12,5 mm - fornecimento e instalação","un",12.49]
[3807864,"Chumbador de expansão controlada por torque para concreto D = 16 mm - fornecimento e instalação","un",14.79]
[3807865,"Chumbador de expansão controlada por torque para concreto D = 20 mm - fornecimento e instalação","un",22.35]
[3807861,"Chumbador de expansão controlada por torque para concreto D = 6,3 mm - fornecimento e instalação","un",3.21]
[3807862,"Chumbador de expansão controlada por torque para concreto D = 8 mm - fornecimento e instalação","un",4.91]
[3807752,"Corte linear em superfície de concreto para fixação de barras de aço de 10 mm - L = 12 mm e H = 12 mm","m",9.28]
[3807753,"Corte linear em superfície de concreto para fixação de barras de aço de 12,5 mm - L = 15 mm e H = 15 mm","m",13.35]
[3807750,"Corte linear em superfície de concreto para fixação de barras de aço de 6,3 mm - L = 8 mm e H = 8 mm","m",5.44]
[3807751,"Corte linear em superfície de concreto para fixação de barras de aço de 8 mm - L = 10 mm e H = 10 mm","m",7.12]
[3806415,"Demolição controlada de concreto com martelete","m³",649.19]
[3806416,"Elevação de estruturas até 496 kN para substituição de aparelho de apoio com a utilização de macaco hidráulico","un",80.56]
[3806419,"Elevação de estruturas de 1.390 a 1.859 kN para substituição de aparelho de apoio com a utilização de macaco hidráulico","un",107.34]
[3806417,"Elevação de estruturas de 496 a 929 kN para substituição de aparelho de apoio com a utilização de macaco hidráulico","un",90.19]
[3806418,"Elevação de estruturas de 929 a 1.390 kN para substituição de aparelho de apoio com a utilização de macaco hidráulico","un",106.34]
[3808207,"Escada tubular multidirecional em aço galvanizado - utilização de 100 vezes - fornecimento, instalação e retirada","m",176.46]
[3806400,"Fabricação de superestrutura metálica para passarela PL-15 - exceto piso de concreto","un",{"v":158206.53,"d":"158,206.53"}]
[3806399,"Fabricação de superestrutura metálica para passarela PL-20 - exceto piso de concreto","un",{"v":224464.47,"d":"224,464.47"}]
[3806387,"Fabricação de superestrutura metálica para passarela PL-25 - exceto piso de concreto","un",{"v":281246.47,"d":"281,246.47"}]
[3806397,"Fabricação de superestrutura metálica para passarela PL-30 - exceto piso de concreto","un",{"v":375562.51,"d":"375,562.51"}]
[3806396,"Fabricação de superestrutura metálica para passarela PL-35 - exceto piso de concreto","un",{"v":432276.93,"d":"432,276.93"}]
[3816118,"Guarda-corpo de concreto - fabricação - areia e brita comerciais","m",{"v":98.9,"d":"98.90"}]
[3816117,"Guarda-corpo de concreto - fabricação - areia extraída e brita produzida","m",91.25]
[3806386,"Guarda-corpo e corrimão metálico para passarelas para pedestres - fornecimento e instalação","m",695.44]
[3816196,"Injeção de nata de cimento","m³",{"v":1033.07,"d":"1,033.07"}]
[3806426,"Lançamento de pré-laje com utilização de guindauto","t",63.97]
[3806401,"Lançamento de superestrutura de passarela metálica de 12 a 24 t com utilização de guindaste","un",{"v":14357.47,"d":"14,357.47"}]
[3806423,"Lançamento de viga pré-moldada de 1.000 a 1.250 kN com utilização de guindaste","un",{"v":10131.22,"d":"10,131.22"}]
[3806421,"Lançamento de viga pré-moldada de 500 a 750 kN com utilização de guindaste","un",{"v":4774.41,"d":"4,774.41"}]
[3806422,"Lançamento de viga pré-moldada de 750 a 1.000 kN com utilização de guindaste","un",{"v":9118.12,"d":"9,118.12"}]
[3806425,"Lançamento de viga pré-moldada de 980 a 1.225 kN com utilização de treliça lançadeira","un",{"v":3526.99,"d":"3,526.99"}]
[3806424,"Lançamento de viga pré-moldada de 980 a 1.225 kN com utilização de treliça lançadeira e carrelone","un",{"v":5657.79,"d":"5,657.79"}]
[3806420,"Lançamento de viga pré-moldada de até 500 kN com utilização de guindaste","un",{"v":4177.62,"d":"4,177.62"}]
[3806405,"Limpeza de aparelhos de apoio em obras de arte especiais - exclusa a plataforma","un",142.01]
[3806404,"Limpeza de material retido em fundações submersas de obras de arte especiais","m³",125.73]
[3806406,"Limpeza em junta de dilatação","m",6.06]
[3806403,"Limpeza em superfície de concreto com jateamento abrasivo com uso de granalhas de aço","m²",9.08]
[3806402,"Limpeza em superfície de concreto com jateamento d'água sob pressão","m²",2.43]
[3806407,"Pingadeira de elastômero perfil 40 x 40 mm com aba inclinada e fixada com adesivo estrutural e pinos - fornecimento e instalação - exclusa a plataforma","m",182.87]
[3808043,"Pintura manual com nata de cimento - 3 demãos","m²",4.68]
[3806431,"Placa de aço de apoio para protensão externa em reforço de viga de OAE - confecção e instalação","un",{"v":5810.4,"d":"5,810.40"}]
[3806432,"Placa de aço de desvio para protensão externa em reforço de viga de OAE - confecção e instalação","un",{"v":3037.29,"d":"3,037.29"}]
[3806429,"Plataforma de trabalho em aço tubular apoiada no solo - altura de 4 a 6 m - utilização de 100 vezes - fornecimento, instalação e retirada","m³",18.08]
[3806430,"Plataforma de trabalho em aço tubular apoiada no solo - altura de 6 a 8 m - utilização de 100 vezes - fornecimento, instalação e retirada","m³",11.27]
[3806428,"Plataforma de trabalho em aço tubular apoiada no solo - altura de até 4 m - utilização de 100 vezes - fornecimento, instalação e retirada","m³",41.81]
[3816198,"Plataforma de trabalho em madeira apoiada no solo - altura de 6 a 12 m - utilização de 5 vezes - confecção, instalação e retirada","m³",70.51]
[3816197,"Plataforma de trabalho em madeira apoiada no solo - altura de até 6 m - utilização de 5 vezes - confecção, instalação e retirada","m³",63.98]
[3806410,"Plataforma de trabalho suspensa sob tabuleiro de pontes com treliças metálicas e tábuas - utilização de 100 vezes - confecção, instalação e retirada","m²",61.21]
[3806411,"Plataforma mecanizada de inspeção sob pontes com capacidade de 500 kg e alcance de 15 m","h",660.33]
[3815644,"Recomposição de dreno em tubo de aço galvanizado D = 100 mm em OAE - fornecimento e instalação","un",103.56]
[3815643,"Recomposição de dreno em tubo de aço galvanizado D = 80 mm em OAE - fornecimento e instalação","un",96.68]
[3815706,"Recomposição de guarda-corpo com agregados comerciais - instalação","m",135.23]
[3815597,"Recomposição de guarda-corpo com agregados produzidos - instalação","m",127.58]
[3815600,"Recuperação de guarda-corpo metálico em ambiente agressivo","m²",68.38]
[3815601,"Recuperação de guarda-corpo metálico em ambiente muito agressivo","m²",63.01]
[3815599,"Recuperação de guarda-corpo metálico em ambiente pouco agressivo","m²",27.99]
[3806414,"Remoção de concreto com jateamento d'água sob alta pressão","m³",593.11]
[3806409,"Restauração de berços de apoio para junta de dilatação - fornecimento e instalação","m",{"v":63.7,"d":"63.70"}]
[3815602,"Substituição de junta de dilatação e lábios poliméricos - fornecimento e instalação","m",33.44]
[4011444,"Areia asfalto a quente - faixa A - areia comercial","t",175.48]
[4011443,"Areia asfalto a quente - faixa A - areia extraída","t",{"v":121.1,"d":"121.10"}]
[4011446,"Areia asfalto a quente - faixa B - areia comercial","t",167.81]
[4011445,"Areia asfalto a quente - faixa B - areia extraída","t",112.23]
[4011448,"Areia asfalto a quente com asfalto polímero - faixa A - areia comercial","t",170.03]
[4011447,"Areia asfalto a quente com asfalto polímero - faixa A - areia extraída","t",112.89]
[4011450,"Areia asfalto a quente com asfalto polímero - faixa B - areia comercial","t",174.31]
[4011449,"Areia asfalto a quente com asfalto polímero - faixa B - areia extraída","t",118.19]
[4011452,"Areia asfalto a quente com asfalto polímero - faixa C - areia comercial","t",177.08]
[4011451,"Areia asfalto a quente com asfalto polímero - faixa C - areia extraída","t",121.69]
[4011219,"Base de solo estabilizado granulometricamente sem mistura com material de jazida","m³",12.41]
[4011291,"Base de solo melhorado com 3% de cimento e mistura em usina com material de jazida","m³",61.18]
[4011287,"Base de solo melhorado com 3% de cimento e mistura na pista com material de jazida","m³",55.05]
[4011305,"Base de solo-cal com 7% de cal e mistura na pista com material de jazida","m³",71.48]
[4011313,"Base de solo-cimento com 7% de cimento e mistura em usina com material de jazida","m³",107.26]
[4011297,"Base de solo-cimento com 7% de cimento e mistura na pista com material de jazida","m³",109.74]
[4011221,"Base estabilizada granulometricamente com mistura de solos na pista com material de jazida","m³",13.24]
[4011226,"Base estabilizada granulometricamente com mistura solo areia (70% - 30%) em usina com material de jazida e areia extraída","m³",31.85]
[4011240,"Base estabilizada granulometricamente com mistura solo brita (70% - 30%) com 3% de cimento em usina com material de jazida e brita comercial","m³",126.65]
[4011239,"Base estabilizada granulometricamente com mistura solo brita (70% - 30%) com 3% de cimento em usina com material de jazida e brita produzida","m³",89.57]
[4011268,"Base estabilizada granulometricamente com mistura solo brita (70% - 30%) em usina com material de jazida e brita comercial","m³",87.52]
[4011267,"Base estabilizada granulometricamente com mistura solo brita (70% - 30%) em usina com material de jazida e brita produzida","m³",49.29]
[4011256,"Base estabilizada granulometricamente com mistura solo brita (70% - 30%) na pista com material de jazida e brita comercial","m³",74.01]
[4011255,"Base estabilizada granulometricamente com mistura solo brita (70% - 30%) na pista com material de jazida e brita produzida","m³",35.78]
[4011276,"Base ou sub-base de brita graduada com brita comercial","m³",248.96]
[4011275,"Base ou sub-base de brita graduada com brita produzida","m³",110.57]
[4011549,"Base ou sub-base de brita graduada executada com vibroacabadora - brita comercial","m³",251.88]
[4011548,"Base ou sub-base de brita graduada executada com vibroacabadora - brita produzida","m³",113.49]
[4011278,"Base ou sub-base de brita graduada tratada com cimento com brita comercial","m³",293.64]
[4011277,"Base ou sub-base de brita graduada tratada com cimento com brita produzida","m³",{"v":156.5,"d":"156.50"}]
[4011561,"Base ou sub-base de brita graduada tratada com cimento executada com vibroacabadora - brita comercial","m³",296.56]
[4011560,"Base ou sub-base de brita graduada tratada com cimento executada com vibroacabadora - brita produzida","m³",159.42]
[4011282,"Base ou sub-base de macadame hidráulico com brita comercial","m³",215.42]
[4011281,"Base ou sub-base de macadame hidráulico com brita produzida","m³",95.76]
[4011279,"Base ou sub-base de macadame seco com brita comercial","m³",209.64]
[4011280,"Base ou sub-base de macadame seco com brita produzida","m³",89.98]
[4011327,"Base ou sub-base estabilizada granulometricamente com mistura solo escória de aciaria (50%-50%) em usina com material de jazida","m³",38.78]
[4011325,"Base ou sub-base estabilizada granulometricamente com mistura solo escória de aciaria (50%-50%) na pista com material de jazida","m³",23.43]
[4011454,"Concreto asfáltico - faixa A - areia e brita comerciais","t",192.03]
[4011453,"Concreto asfáltico - faixa A - areia extraída e brita produzida","t",133.26]
[4011455,"Concreto asfáltico - faixa A - massa comercial","t",20.56]
[4011459,"Concreto asfáltico - faixa B - areia e brita comerciais","t",193.41]
[4011458,"Concreto asfáltico - faixa B - areia extraída e brita produzida","t",134.88]
[4011463,"Concreto asfáltico - faixa C - areia e brita comerciais","t",190.73]
[4011462,"Concreto asfáltico - faixa C - areia extraída e brita produzida","t",132.57]
[4011464,"Concreto asfáltico - faixa C - massa comercial","t",20.56]
[4011457,"Concreto asfáltico com asfalto polímero - faixa A - areia e brita comerciais","t",194.67]
[4011456,"Concreto asfáltico com asfalto polímero - faixa A - areia extraída e brita produzida","t",133.47]
[4011461,"Concreto asfáltico com asfalto polímero - faixa B - areia e brita comerciais","t",193.91]
[4011460,"Concreto asfáltico com asfalto polímero - faixa B - areia extraída e brita produzida","t",135.11]
[4011466,"Concreto asfáltico com asfalto polímero - faixa C - areia e brita comerciais","t",192.37]
[4011465,"Concreto asfáltico com asfalto polímero - faixa C - areia extraída e brita produzida","t",135.59]
[4011469,"Concreto asfáltico com borracha - faixa A - brita comercial","t",240.34]
[4011473,"Concreto asfáltico com borracha - faixa A - brita produzida","t",184.66]
[4011470,"Concreto asfáltico com borracha - faixa B - brita comercial","t",242.68]
[4011474,"Concreto asfáltico com borracha - faixa B - brita produzida","t",187.74]
[4011471,"Concreto asfáltico com borracha - faixa C - brita comercial","t",242.86]
[4011475,"Concreto asfáltico com borracha - faixa C - brita produzida","t",189.26]
[4011472,"Concreto asfáltico com borracha - faixa GAP GRADED - brita comercial","t",242.55]
[4011476,"Concreto asfáltico com borracha - faixa GAP GRADED - brita produzida","t",184.45]
[4011478,"Concreto asfáltico reciclado em usina com adição de asfalto - brita comercial","t",178.89]
[4011477,"Concreto asfáltico reciclado em usina com adição de asfalto - brita produzida","t",141.88]
[4011539,"Cura com pintura asfáltica para camadas granulares com adição de cimento","m²",0.21]
[4011538,"Cura com pintura asfáltica para pavimento de concreto compactado com rolo","m²",0.32]
[4016096,"Escavação e carga de material de jazida com escavadeira hidráulica de 1,56 m³","m³",1.39]
[4016008,"Escavação e carga de material de jazida com trator de 127 kW e carregadeira de 3,4 m³","m³",4.47]
[4016007,"Escavação e carga de material de jazida com trator de 97 kW e carregadeira de 1,72 m³","m³",5.11]
[4015612,"Execução de revestimento primário com material de jazida","m³",12.22]
[4011562,"Geogrelha bidirecional com resistência à tração de 30 kN/m - deformação < 5% - malha de 36 x 34 mm - para reforço de base granular","m²",32.85]
[4011351,"Imprimação com asfalto diluído","m²",0.37]
[4011352,"Imprimação com emulsão asfáltica","m²",{"v":0.4,"d":"0.40"}]
[4011402,"Lama asfáltica - faixa I - areia e brita comerciais","m²",0.88]
[4011401,"Lama asfáltica - faixa I - areia extraída e brita produzida","m²",{"v":0.6,"d":"0.60"}]
[4011404,"Lama asfáltica - faixa II - areia e brita comerciais","m²",0.61]
[4011403,"Lama asfáltica - faixa II - areia extraída e brita produzida","m²",0.42]
[4011406,"Lama asfáltica - faixa III - areia e brita comerciais","m²",1.15]
[4011405,"Lama asfáltica - faixa III - areia extraída e brita produzida","m²",0.79]
[4011392,"Macadame betuminoso por penetração - faixa A - brita comercial","m³",244.12]
[4011391,"Macadame betuminoso por penetração - faixa A - brita produzida","m³",127.05]
[4011394,"Macadame betuminoso por penetração - faixa B - brita comercial","m³",{"v":244.7,"d":"244.70"}]
[4011393,"Macadame betuminoso por penetração - faixa B - brita produzida","m³",127.67]
[4011396,"Macadame betuminoso por penetração - faixa C - brita comercial","m³",249.21]
[4011395,"Macadame betuminoso por penetração - faixa C - brita produzida","m³",128.38]
[4011398,"Macadame betuminoso por penetração - faixa D - brita comercial","m³",{"v":252.2,"d":"252.20"}]
[4011397,"Macadame betuminoso por penetração - faixa D - brita produzida","m³",128.66]
[4011400,"Macadame betuminoso por penetração com asfalto com polímero - faixa A - brita comercial","m³",260.95]
[4011399,"Macadame betuminoso por penetração com asfalto com polímero - faixa A - brita produzida","m³",146.63]
[4011490,"Manta sintética para recapeamento asfáltico com geotêxtil RT - 09 - fornecimento e aplicação","m²",5.48]
[4011536,"Membrana plástica isolante e impermeabilizante com espessura de 0,2 mm - fornecimento e instalação","m²",1.82]
[4011415,"Micro pré-misturado a quente com asfalto polímero - brita comercial","t",190.54]
[4011416,"Micro pré-misturado a quente com asfalto polímero - brita produzida","t",137.62]
[4011408,"Microrrevestimento a frio com emulsão modificada com polímero de 0,8 cm - faixa II - brita comercial","m²",2.46]
[4011407,"Microrrevestimento a frio com emulsão modificada com polímero de 0,8 cm - faixa II - brita produzida","m²",1.78]
[4011410,"Microrrevestimento a frio com emulsão modificada com polímero de 1,5 cm - faixa III - brita comercial","m²",4.76]
[4011409,"Microrrevestimento a frio com emulsão modificada com polímero de 1,5 cm - faixa III - brita produzida","m²",3.47]
[4011412,"Microrrevestimento a frio com emulsão modificada com polímero de 2,0 cm - faixa III - brita comercial","m²",6.35]
[4011411,"Microrrevestimento a frio com emulsão modificada com polímero de 2,0 cm - faixa III - brita produzida","m²",4.63]
[4011520,"Pavimento de concreto com equipamento de pequeno porte - areia e brita comerciais","m³",557.36]
[4011507,"Pavimento de concreto com equipamento de pequeno porte - areia extraída e brita produzida","m³",423.61]
[4011535,"Pavimento de concreto com equipamento fôrma-trilho - areia e brita comerciais","m³",{"v":409.7,"d":"409.70"}]
[4011534,"Pavimento de concreto com equipamento fôrma-trilho - areia extraída e brita produzida","m³",294.31]
[4011533,"Pavimento de concreto com fôrmas deslizantes - areia e brita comerciais","m³",418.67]
[4011532,"Pavimento de concreto com fôrmas deslizantes - areia extraída e brita produzida","m³",303.28]
[4011492,"Pavimento de concreto compactado com rolo - brita comercial","m³",358.86]
[4011491,"Pavimento de concreto compactado com rolo - brita produzida","m³",225.98]
[4011353,"Pintura de ligação","m²",0.28]
[4011354,"Pintura de ligação - emulsão com polímero","m²",0.28]
[4011418,"Pré-misturado a frio - faixa A - areia e brita comerciais","m³",336.29]
[4011417,"Pré-misturado a frio - faixa A - areia extraída e brita produzida","m³",194.19]
[4011420,"Pré-misturado a frio - faixa B - areia e brita comerciais","m³",339.71]
[4011419,"Pré-misturado a frio - faixa B - areia extraída e brita produzida","m³",191.05]
[4011422,"Pré-misturado a frio - faixa C - areia e brita comerciais","m³",342.39]
[4011421,"Pré-misturado a frio - faixa C - areia extraída e brita produzida","m³",201.99]
[4011424,"Pré-misturado a frio - faixa D - areia e brita comerciais","m³",346.55]
[4011423,"Pré-misturado a frio - faixa D - areia extraída e brita produzida","m³",198.84]
[4011426,"Pré-misturado a frio com emulsão asfáltica com polímero - faixa A - areia e brita comerciais","m³",336.29]
[4011425,"Pré-misturado a frio com emulsão asfáltica com polímero - faixa A - areia extraída e brita produzida","m³",194.19]
[4011428,"Pré-misturado a frio com emulsão asfáltica com polímero - faixa B - areia e brita comerciais","m³",339.71]
[4011427,"Pré-misturado a frio com emulsão asfáltica com polímero - faixa B - areia extraída e brita produzida","m³",191.05]
[4011430,"Pré-misturado a frio com emulsão asfáltica com polímero - faixa C - areia e brita comerciais","m³",341.23]
[4011429,"Pré-misturado a frio com emulsão asfáltica com polímero - faixa C - areia extraída e brita produzida","m³",{"v":201.5,"d":"201.50"}]
[4011432,"Pré-misturado a frio com emulsão asfáltica com polímero - faixa D - areia e brita comerciais","m³",345.37]
[4011431,"Pré-misturado a frio com emulsão asfáltica com polímero - faixa D - areia extraída e brita produzida","m³",198.37]
[4011434,"Pré-misturado a quente com asfalto polímero - faixa I - camada porosa de atrito - areia e brita comerciais","t",195.92]
[4011433,"Pré-misturado a quente com asfalto polímero - faixa I - camada porosa de atrito - areia extraída e brita produzida","t",133.18]
[4011436,"Pré-misturado a quente com asfalto polímero - faixa II - camada porosa de atrito - areia e brita comerciais","t",190.18]
[4011435,"Pré-misturado a quente com asfalto polímero - faixa II - camada porosa de atrito - areia extraída e brita produzida","t",125.92]
[4011438,"Pré-misturado a quente com asfalto polímero - faixa III - camada porosa de atrito - areia e brita comerciais","t",192.72]
[4011437,"Pré-misturado a quente com asfalto polímero - faixa III - camada porosa de atrito - areia extraída e brita produzida","t",{"v":130.9,"d":"130.90"}]
[4011440,"Pré-misturado a quente com asfalto polímero - faixa IV - camada porosa de atrito - areia e brita comerciais","t",200.62]
[4011439,"Pré-misturado a quente com asfalto polímero - faixa IV - camada porosa de atrito - areia extraída e brita produzida","t",137.06]
[4011442,"Pré-misturado a quente com asfalto polímero - faixa V - camada porosa de atrito - areia e brita comerciais","t",199.16]
[4011441,"Pré-misturado a quente com asfalto polímero - faixa V - camada porosa de atrito - areia extraída e brita produzida","t",136.64]
[4011482,"Reciclagem com incorporação do revestimento asfáltico à base e adição de 3% de cimento","m³",{"v":75.5,"d":"75.50"}]
[4011486,"Reciclagem com incorporação do revestimento asfáltico à base e adição de 3% de cimento e de brita comercial","m³",116.77]
[4011485,"Reciclagem com incorporação do revestimento asfáltico à base e adição de 3% de cimento e de brita produzida","m³",93.61]
[4011484,"Reciclagem com incorporação do revestimento asfáltico à base e adição de brita comercial","m³",77.31]
[4011483,"Reciclagem com incorporação do revestimento asfáltico à base e adição de brita produzida","m³",54.15]
[4011488,"Reciclagem com incorporação do revestimento asfáltico à base e adição de espuma asfáltica e cimento","m³",55.16]
[4011487,"Reciclagem com incorporação do revestimento asfáltico à base e adição de espuma asfáltica, cimento e pó de pedra comercial","m³",85.93]
[4011489,"Reciclagem de revestimento asfáltico em usina com adição de espuma asfáltica, pó de pedra comercial e cimento","m³",150.39]
[4011493,"Reciclagem de revestimento asfáltico em usina com adição de espuma asfáltica, pó de pedra produzido e cimento","m³",104.87]
[4011481,"Reciclagem simples com incorporação do revestimento asfáltico à base","m³",36.04]
[4011347,"Reestabilização de camada de base com adição de 3% de cimento","m³",62.91]
[4011342,"Reestabilização de camada de base com adição de 30% de brita comercial","m³",91.45]
[4011344,"Reestabilização de camada de base com adição de 30% de brita produzida","m³",53.23]
[4011341,"Reestabilização de camada de base com adição de 30% de material fresado retirado da pista","m³",12.61]
[4011346,"Reestabilização de camada de base sem adição de material","m³",8.81]
[4011211,"Reforço do subleito com material de jazida","m³",11.63]
[4011304,"Reforço do subleito de solo melhorado com 4% de cal e mistura na pista com material de jazida","m³",46.53]
[4011209,"Regularização do subleito","m²",1.17]
[4011210,"Regularização do subleito com fresagem corte e controle automático de greide","m²",1.26]
[4011537,"Serragem de juntas em pavimento de concreto, limpeza e enchimento com selante a frio","m",20.13]
[4011218,"Sub-base de concreto adensado por vibração - areia e brita comerciais","m³",448.13]
[4011217,"Sub-base de concreto adensado por vibração - areia extraída e brita produzida","m³",302.37]
[4011214,"Sub-base de concreto compactado com rolo - brita comercial","m³",312.69]
[4011213,"Sub-base de concreto compactado com rolo - brita produzida","m³",173.77]
[4011227,"Sub-base de solo estabilizado granulometricamente sem mistura com material de jazida","m³",11.63]
[4011302,"Sub-base de solo melhorado com 3% de cimento e mistura em usina com material de jazida","m³",60.81]
[4011300,"Sub-base de solo melhorado com 3% de cimento e mistura na pista com material de jazida","m³",54.67]
[4011306,"Sub-base de solo-cal com 7% de cal e mistura na pista com material de jazida","m³",{"v":71.1,"d":"71.10"}]
[4011303,"Sub-base de solo-cimento com 7% de cimento e mistura em usina com material de jazida","m³",106.89]
[4011301,"Sub-base de solo-cimento com 7% de cimento e mistura na pista com material de jazida","m³",109.36]
[4011228,"Sub-base estabilizada granulometricamente com mistura de solos na pista com material de jazida","m³",12.86]
[4011229,"Sub-base estabilizada granulometricamente com mistura solo areia (70% - 30%) em usina com material de jazida e areia extraída","m³",31.48]
[4011231,"Sub-base estabilizada granulometricamente com mistura solo brita (70% - 30%) com 3% de cimento em usina com material de jazida e brita comercial","m³",126.28]
[4011230,"Sub-base estabilizada granulometricamente com mistura solo brita (70% - 30%) com 3% de cimento em usina com material de jazida e brita produzida","m³",{"v":89.2,"d":"89.20"}]
[4011235,"Sub-base estabilizada granulometricamente com mistura solo brita (70% - 30%) em usina com material de jazida e brita comercial","m³",87.15]
[4011234,"Sub-base estabilizada granulometricamente com mistura solo brita (70% - 30%) em usina com material de jazida e brita produzida","m³",48.92]
[4011233,"Sub-base estabilizada granulometricamente com mistura solo brita (70% - 30%) na pista com material de jazida e brita comercial","m³",73.63]
[4011232,"Sub-base estabilizada granulometricamente com mistura solo brita (70% - 30%) na pista com material de jazida e brita produzida","m³",{"v":35.4,"d":"35.40"}]
[4011372,"Tratamento superficial duplo com banho diluído - brita comercial","m²",6.29]
[4011371,"Tratamento superficial duplo com banho diluído - brita produzida","m²",4.07]
[4011378,"Tratamento superficial duplo com banho diluído com emulsão com polímero - brita comercial","m²",6.29]
[4011377,"Tratamento superficial duplo com banho diluído com emulsão com polímero - brita produzida","m²",4.07]
[4011368,"Tratamento superficial duplo com CAP - brita comercial","m²",5.12]
[4011367,"Tratamento superficial duplo com CAP - brita produzida","m²",2.91]
[4011374,"Tratamento superficial duplo com CAP com polímero - brita comercial","m²",5.12]
[4011373,"Tratamento superficial duplo com CAP com polímero - brita produzida","m²",2.91]
[4011370,"Tratamento superficial duplo com emulsão - brita comercial","m²",5.75]
[4011369,"Tratamento superficial duplo com emulsão - brita produzida","m²",3.54]
[4011376,"Tratamento superficial duplo com emulsão com polímero - brita comercial","m²",5.75]
[4011375,"Tratamento superficial duplo com emulsão com polímero - brita produzida","m²",3.54]
[4011360,"Tratamento superficial simples com banho diluído - brita comercial","m²",2.24]
[4011359,"Tratamento superficial simples com banho diluído - brita produzida","m²",1.49]
[4011366,"Tratamento superficial simples com banho diluído com emulsão com polímero - brita comercial","m²",2.24]
[4011365,"Tratamento superficial simples com banho diluído com emulsão com polímero - brita produzida","m²",1.49]
[4011356,"Tratamento superficial simples com CAP - brita comercial","m²",1.75]
[4011355,"Tratamento superficial simples com CAP - brita produzida","m²",{"v":1,"d":"1.00"}]
[4011362,"Tratamento superficial simples com CAP com polímero - brita comercial","m²",1.75]
[4011361,"Tratamento superficial simples com CAP com polímero - brita produzida","m²",{"v":1,"d":"1.00"}]
[4011358,"Tratamento superficial simples com emulsão - brita comercial","m²",2.01]
[4011357,"Tratamento superficial simples com emulsão - brita produzida","m²",1.25]
[4011364,"Tratamento superficial simples com emulsão com polímero - brita comercial","m²",2.01]
[4011363,"Tratamento superficial simples com emulsão com polímero - brita produzida","m²",1.25]
[4011384,"Tratamento superficial triplo com banho diluído - brita comercial","m²",6.95]
[4011383,"Tratamento superficial triplo com banho diluído - brita produzida","m²",4.45]
[4011390,"Tratamento superficial triplo com banho diluído - emulsão com polímero - brita comercial","m²",6.95]
[4011389,"Tratamento superficial triplo com banho diluído - emulsão com polímero - brita produzida","m²",4.45]
[4011380,"Tratamento superficial triplo com CAP - brita comercial","m²",5.79]
[4011379,"Tratamento superficial triplo com CAP - brita produzida","m²",3.29]
[4011386,"Tratamento superficial triplo com CAP com polímero - brita comercial","m²",5.79]
[4011385,"Tratamento superficial triplo com CAP com polímero - brita produzida","m²",3.29]
[4011382,"Tratamento superficial triplo com emulsão - brita comercial","m²",6.42]
[4011381,"Tratamento superficial triplo com emulsão - brita produzida","m²",3.92]
[4011388,"Tratamento superficial triplo com emulsão com polímero - brita comercial","m²",6.42]
[4011387,"Tratamento superficial triplo com emulsão com polímero - brita produzida","m²",3.92]
[4011212,"Varredura da superfície para execução de revestimento asfáltico","m²",0.07]
[4208197,"Ancoragem fixa para estais de 12 cordoalhas D = 15,7 mm - inclusive injeção de cera","un",{"v":13297.29,"d":"13,297.29"}]
[4208158,"Ancoragem fixa para estais de 19 cordoalhas D = 15,7 mm - inclusive injeção de cera","un",{"v":17734.12,"d":"17,734.12"}]
[4208198,"Ancoragem fixa para estais de 22 cordoalhas D = 15,7 mm - inclusive injeção de cera","un",{"v":18776.81,"d":"18,776.81"}]
[4208159,"Ancoragem fixa para estais de 31 cordoalhas D = 15,7 mm - inclusive injeção de cera","un",{"v":28434.51,"d":"28,434.51"}]
[4208160,"Ancoragem fixa para estais de 37 cordoalhas D = 15,7 mm - inclusive injeção de cera","un",{"v":33749.11,"d":"33,749.11"}]
[4208199,"Ancoragem fixa para estais de 43 cordoalhas D = 15,7 mm - inclusive injeção de cera","un",{"v":39054.76,"d":"39,054.76"}]
[4208161,"Ancoragem fixa para estais de 55 cordoalhas D = 15,7 mm - inclusive injeção de cera","un",{"v":49447.09,"d":"49,447.09"}]
[4208162,"Ancoragem fixa para estais de 61 cordoalhas D = 15,7 mm - inclusive injeção de cera","un",{"v":54757.28,"d":"54,757.28"}]
[4208163,"Ancoragem fixa para estais de 73 cordoalhas D = 15,7 mm - inclusive injeção de cera","un",{"v":69400.72,"d":"69,400.72"}]
[4208200,"Ancoragem fixa para estais de 85 cordoalhas D = 15,7 mm - inclusive injeção de cera","un",{"v":75702.59,"d":"75,702.59"}]
[4208164,"Ancoragem fixa para estais de 91 cordoalhas D = 15,7 mm - inclusive injeção de cera","un",{"v":89195.08,"d":"89,195.08"}]
[4208201,"Ancoragem regulável para estais de 12 cordoalhas D = 15,7 mm - inclusive protensão, injeção de cera e regulagem final","un",{"v":21256.87,"d":"21,256.87"}]
[4208151,"Ancoragem regulável para estais de 19 cordoalhas D = 15,7 mm - inclusive protensão, injeção de cera e regulagem final","un",{"v":29290.23,"d":"29,290.23"}]
[4208202,"Ancoragem regulável para estais de 22 cordoalhas D = 15,7 mm - inclusive protensão, injeção de cera e regulagem final","un",{"v":32496.36,"d":"32,496.36"}]
[4208152,"Ancoragem regulável para estais de 31 cordoalhas D = 15,7 mm - inclusive protensão, injeção de cera e regulagem final","un",{"v":46663.64,"d":"46,663.64"}]
[4208153,"Ancoragem regulável para estais de 37 cordoalhas D = 15,7 mm - inclusive protensão, injeção de cera e regulagem final","un",{"v":55295.66,"d":"55,295.66"}]
[4208203,"Ancoragem regulável para estais de 43 cordoalhas D = 15,7 mm - inclusive protensão, injeção de cera e regulagem final","un",{"v":64012.62,"d":"64,012.62"}]
[4208154,"Ancoragem regulável para estais de 55 cordoalhas D = 15,7 mm - inclusive protensão, injeção de cera e regulagem final","un",{"v":80737.24,"d":"80,737.24"}]
[4208155,"Ancoragem regulável para estais de 61 cordoalhas D = 15,7 mm - inclusive protensão, injeção de cera e regulagem final","un",{"v":89615.39,"d":"89,615.39"}]
[4208156,"Ancoragem regulável para estais de 73 cordoalhas D = 15,7 mm - inclusive protensão, injeção de cera e regulagem final","un",{"v":106641.66,"d":"106,641.66"}]
[4208204,"Ancoragem regulável para estais de 85 cordoalhas D = 15,7 mm - inclusive protensão, injeção de cera e regulagem final","un",{"v":124016.4,"d":"124,016.40"}]
[4208157,"Ancoragem regulável para estais de 91 cordoalhas D = 15,7 mm - inclusive protensão, injeção de cera e regulagem final","un",{"v":132456.56,"d":"132,456.56"}]
[4208127,"Cordoalha para estais CP 177 RB D = 15,7 mm - fornecimento, preparo e colocação","kg",28.07]
[4208196,"Elevador de cremalheira - ascensão e ancoragem da torre a partir de 16 m com cada elevação de até 9 m - utilização de 50 vezes - inclusive desmontagem","un",{"v":2597.49,"d":"2,597.49"}]
[4208209,"Elevador de cremalheira - montagem e desmontagem até a altura de 16 m - exceto fundações","un",{"v":10635.56,"d":"10,635.56"}]
[4208206,"Elevador de cremalheira com cabine simples, com capacidade de 1.500 kg e altura de até 100 m - operação","h",126.16]
[4208210,"Grua fixa - montagem e desmontagem até a altura de 60 m - exceto fundações","un",{"v":24025.73,"d":"24,025.73"}]
[4208195,"Grua fixa - telescopagem e ancoragem da torre a partir de 60 m com cada elevação de até 18 m - inclusive desmontagem","un",{"v":12779.1,"d":"12,779.10"}]
[4208208,"Grua fixa com altura de 60 a 102 m, com alcance de 60 m e capacidade de 1.500 kg na ponta da lança - operação","h",550.56]
[4208135,"Tubo antivandalismo em aço galvanizado para estais de 12 cordoalhas D = 15,7 mm - fornecimento e instalação","m",{"v":2023.34,"d":"2,023.34"}]
[4208136,"Tubo antivandalismo em aço galvanizado para estais de 19 cordoalhas D = 15,7 mm - fornecimento e instalação","m",{"v":2306.19,"d":"2,306.19"}]
[4208137,"Tubo antivandalismo em aço galvanizado para estais de 22 cordoalhas D = 15,7 mm - fornecimento e instalação","m",{"v":2497.2,"d":"2,497.20"}]
[4208138,"Tubo antivandalismo em aço galvanizado para estais de 31 cordoalhas D = 15,7 mm - fornecimento e instalação","m",{"v":2977.72,"d":"2,977.72"}]
[4208139,"Tubo antivandalismo em aço galvanizado para estais de 37 cordoalhas D = 15,7 mm - fornecimento e instalação","m",{"v":2982.67,"d":"2,982.67"}]
[4208140,"Tubo antivandalismo em aço galvanizado para estais de 43 cordoalhas D = 15,7 mm - fornecimento e instalação","m",{"v":3706.84,"d":"3,706.84"}]
[4208141,"Tubo antivandalismo em aço galvanizado para estais de 55 cordoalhas D = 15,7 mm - fornecimento e instalação","m",{"v":3719.04,"d":"3,719.04"}]
[4208212,"Tubo antivandalismo em aço galvanizado para estais de 61 cordoalhas D = 15,7 mm - fornecimento e instalação","m",{"v":3720.95,"d":"3,720.95"}]
[4208213,"Tubo antivandalismo em aço galvanizado para estais de 73 cordoalhas D = 15,7 mm - fornecimento e instalação","m",{"v":4283.25,"d":"4,283.25"}]
[4208214,"Tubo antivandalismo em aço galvanizado para estais de 85 cordoalhas D = 15,7 mm - fornecimento e instalação","m",{"v":4840.39,"d":"4,840.39"}]
[4208215,"Tubo antivandalismo em aço galvanizado para estais de 91 cordoalhas D = 15,7 mm - fornecimento e instalação","m",{"v":4849.06,"d":"4,849.06"}]
[4208216,"Tubo fôrma lado fixo em aço galvanizado para estais de 12 cordoalhas D = 15,7 mm - fornecimento e instalação","m",{"v":2194.59,"d":"2,194.59"}]
[4208217,"Tubo fôrma lado fixo em aço galvanizado para estais de 19 cordoalhas D = 15,7 mm - fornecimento e instalação","m",{"v":2496.21,"d":"2,496.21"}]
[4208218,"Tubo fôrma lado fixo em aço galvanizado para estais de 22 cordoalhas D = 15,7 mm - fornecimento e instalação","m",{"v":3162.63,"d":"3,162.63"}]
[4208219,"Tubo fôrma lado fixo em aço galvanizado para estais de 31 cordoalhas D = 15,7 mm - fornecimento e instalação","m",{"v":4207.08,"d":"4,207.08"}]
[4208220,"Tubo fôrma lado fixo em aço galvanizado para estais de 37 cordoalhas D = 15,7 mm - fornecimento e instalação","m",{"v":4459.26,"d":"4,459.26"}]
[4208221,"Tubo fôrma lado fixo em aço galvanizado para estais de 43 cordoalhas D = 15,7 mm - fornecimento e instalação","m",{"v":5869.95,"d":"5,869.95"}]
[4208222,"Tubo fôrma lado fixo em aço galvanizado para estais de 55 cordoalhas D = 15,7 mm - fornecimento e instalação","m",{"v":7397.28,"d":"7,397.28"}]
[4208223,"Tubo fôrma lado fixo em aço galvanizado para estais de 61 cordoalhas D = 15,7 mm - fornecimento e instalação","m",{"v":7400.06,"d":"7,400.06"}]
[4208224,"Tubo fôrma lado fixo em aço galvanizado para estais de 73 cordoalhas D = 15,7 mm - fornecimento e instalação","m",{"v":8642.28,"d":"8,642.28"}]
[4208225,"Tubo fôrma lado fixo em aço galvanizado para estais de 85 cordoalhas D = 15,7 mm - fornecimento e instalação","m",{"v":9536.34,"d":"9,536.34"}]
[4208226,"Tubo fôrma lado fixo em aço galvanizado para estais de 91 cordoalhas D = 15,7 mm - fornecimento e instalação","m",{"v":9907.77,"d":"9,907.77"}]
[4208227,"Tubo fôrma lado regulável em aço galvanizado para estais de 12 cordoalhas D = 15,7 mm - fornecimento e instalação","m",{"v":1908.17,"d":"1,908.17"}]
[4208228,"Tubo fôrma lado regulável em aço galvanizado para estais de 19 cordoalhas D = 15,7 mm - fornecimento e instalação","m",{"v":2180.35,"d":"2,180.35"}]
[4208229,"Tubo fôrma lado regulável em aço galvanizado para estais de 22 cordoalhas D = 15,7 mm - fornecimento e instalação","m",{"v":2756.39,"d":"2,756.39"}]
[4208230,"Tubo fôrma lado regulável em aço galvanizado para estais de 31 cordoalhas D = 15,7 mm - fornecimento e instalação","m",{"v":3670.66,"d":"3,670.66"}]
[4208231,"Tubo fôrma lado regulável em aço galvanizado para estais de 37 cordoalhas D = 15,7 mm - fornecimento e instalação","m",{"v":3892.63,"d":"3,892.63"}]
[4208232,"Tubo fôrma lado regulável em aço galvanizado para estais de 43 cordoalhas D = 15,7 mm - fornecimento e instalação","m",{"v":5120.29,"d":"5,120.29"}]
[4208233,"Tubo fôrma lado regulável em aço galvanizado para estais de 55 cordoalhas D = 15,7 mm - fornecimento e instalação","m",{"v":6449.68,"d":"6,449.68"}]
[4208234,"Tubo fôrma lado regulável em aço galvanizado para estais de 61 cordoalhas D = 15,7 mm - fornecimento e instalação","m",{"v":6452.25,"d":"6,452.25"}]
[4208235,"Tubo fôrma lado regulável em aço galvanizado para estais de 73 cordoalhas D = 15,7 mm - fornecimento e instalação","m",{"v":7536.6,"d":"7,536.60"}]
[4208236,"Tubo fôrma lado regulável em aço galvanizado para estais de 85 cordoalhas D = 15,7 mm - fornecimento e instalação","m",{"v":8594.71,"d":"8,594.71"}]
[4208237,"Tubo fôrma lado regulável em aço galvanizado para estais de 91 cordoalhas D = 15,7 mm - fornecimento e instalação","m",{"v":8644.11,"d":"8,644.11"}]
[4208128,"Tubo PEAD para estais - D = 110 mm - fornecimento e instalação","m",224.78]
[4208129,"Tubo PEAD para estais - D = 140 mm - fornecimento e instalação","m",{"v":248.8,"d":"248.80"}]
[4208130,"Tubo PEAD para estais - D = 160 mm - fornecimento e instalação","m",292.23]
[4208131,"Tubo PEAD para estais - D = 180 mm - fornecimento e instalação","m",341.35]
[4208132,"Tubo PEAD para estais - D = 200 mm - fornecimento e instalação","m",390.36]
[4208133,"Tubo PEAD para estais - D = 225 mm - fornecimento e instalação","m",439.61]
[4208134,"Tubo PEAD para estais - D = 250 mm - fornecimento e instalação","m",489.82]
[4208238,"Tubo PEAD para estais - D = 280 mm - fornecimento e instalação","m",521.31]
[4208239,"Tubo PEAD para estais - D = 315 mm - fornecimento e instalação","m",560.94]
[4413920,"Adubação de cobertura por equipamento de hidrossemeadura em áreas de semeadura via seca ou de hidrossemeadura","m²",0.52]
[4413024,"Adubação manual de cobertura em áreas de enleivamento ou de plantio de mudas de gramíneas","m²",0.41]
[4413022,"Adubação manual de cobertura em áreas de semeadura via seca ou de hidrossemeadura","m²",0.61]
[4413020,"Barreira arbórea para tratamento acústico das áreas lindeiras da faixa de domínio – densidade de plantio de 1,0 m entre mudas","m",36.34]
[4413013,"Cerca de passagem de fauna com tela de alambrado sobre mureta de blocos de concreto - H = 20 cm - mourões de madeira a cada 2,5 m e esticador a cada 50 m","m",85.86]
[4413019,"Cerca viva para tratamento acústico das áreas lindeiras da faixa de domínio – densidade de plantio de 1,0 m entre mudas","m",33.51]
[4413026,"Dique de bambu para controle de erosão de taludes","m²",215.46]
[4413996,"Enleivamento","m²",10.02]
[4413942,"Espalhamento de material em bota-fora","m³",2.01]
[4413018,"Fixação de tela eletrossoldada em talude para lançamento de argamassa ou concreto projetado","kg",13.62]
[4413905,"Hidrossemeadura","m²",6.57]
[4413987,"Irrigação de área plantada para proteção vegetal do corpo estradal","m²",0.35]
[4413995,"Obtenção de grama para replantio","m²",3.05]
[4413994,"Passagem aérea de animais com rede de cabos de aço e sisal apoiadas em 6 postes de concreto de 15 m - extensão total de 100 m","m",639.68]
[4413200,"Plantio de grama comercial em placas","m²",15.68]
[4413990,"Plantio de muda de arbusto com altura até 0,50 m em cova de 0,40 x 0,40 x 0,40 m","un",33.51]
[4413989,"Plantio de muda de árvore com altura de 0,30 a 0,80 m em cova de 0,60 x 0,60 x 0,60 m","un",36.34]
[4413951,"Plantio de muda de árvore frutífera com altura até 1,00 m em cova de 0,60 x 0,60 x 0,60 m","un",53.65]
[4413950,"Plantio de muda de árvore frutífera com altura de 1,00 a 2,00 m em cova de 0,60 x 0,60 x 0,60 m","un",{"v":98.1,"d":"98.10"}]
[4413949,"Plantio de muda de árvore frutífera com altura de 2,00 a 3,00 m em cova de 0,60 x 0,60 x 0,60 m","un",209.35]
[4413948,"Plantio de muda de árvore ornamental com altura até 1,00 m em cova de 0,60 x 0,60 x 0,60 m","un",47.04]
[4413947,"Plantio de muda de árvore ornamental com altura de 1,00 a 2,00 m em cova de 0,60 x 0,60 x 0,60 m","un",93.45]
[4413946,"Plantio de muda de árvore ornamental com altura de 2,00 a 3,00 m em cova de 0,60 x 0,60 x 0,60 m","un",{"v":111.5,"d":"111.50"}]
[4413952,"Plantio de tapete de floríferas com altura até 0,50 m","m²",70.75]
[4413012,"Preenchimento de erosão em talude com terra vegetal e sementes de gramíneas ensacadas","m³",399.44]
[4413014,"Recuperação ambiental de pedreiras ou áreas degradadas com biomanta vegetal de fibras de coco","m²",17.36]
[4413016,"Recuperação ambiental de pedreiras ou áreas degradadas com biomanta vegetal de fibras de palha em áreas com inclinação máxima de 1:1,5","m²",10.51]
[4413984,"Regularização de bota-fora com espalhamento e compactação","m³",{"v":3.9,"d":"3.90"}]
[4413986,"Regularização de superfície com motoniveladora","m²",0.07]
[4413985,"Regularização manual de taludes de cortes e aterros","m²",24.15]
[4413017,"Retentores de sedimentos em fibras vegetais - D = 20 cm","m",60.85]
[4415673,"Revestimento vegetal com grama em mudas em superfícies inclinadas","m²",8.53]
[4415684,"Revestimento vegetal com grama em mudas em superfícies planas","m²",{"v":4.8,"d":"4.80"}]
[4413993,"Revestimento vegetal por semeadura a lanço manual de gramíneas e leguminosas","m²",0.58]
[4507754,"Ancoragem ativa com 10 cordoalhas aderentes D = 12,7 mm - fornecimento e instalação","un",{"v":879.5,"d":"879.50"}]
[4507738,"Ancoragem ativa com 10 cordoalhas aderentes D = 15,2 mm - fornecimento e instalação","un",{"v":1186.89,"d":"1,186.89"}]
[4507755,"Ancoragem ativa com 12 cordoalhas aderentes D = 12,7 mm - fornecimento e instalação","un",{"v":1103.89,"d":"1,103.89"}]
[4507756,"Ancoragem ativa com 12 cordoalhas aderentes D = 15,2 mm - fornecimento e instalação","un",{"v":1444.85,"d":"1,444.85"}]
[4507757,"Ancoragem ativa com 15 cordoalhas aderentes D = 12,7 mm - fornecimento e instalação","un",{"v":1530.53,"d":"1,530.53"}]
[4507758,"Ancoragem ativa com 15 cordoalhas aderentes D = 15,2 mm - fornecimento e instalação","un",{"v":1886.42,"d":"1,886.42"}]
[4507759,"Ancoragem ativa com 19 cordoalhas aderentes D = 12,7 mm - fornecimento e instalação","un",{"v":1932.72,"d":"1,932.72"}]
[4507760,"Ancoragem ativa com 19 cordoalhas aderentes D = 15,2 mm - fornecimento e instalação","un",{"v":2442.01,"d":"2,442.01"}]
[4507761,"Ancoragem ativa com 22 cordoalhas aderentes D = 12,7 mm - fornecimento e instalação","un",{"v":2486.62,"d":"2,486.62"}]
[4507762,"Ancoragem ativa com 22 cordoalhas aderentes D = 15,2 mm - fornecimento e instalação","un",{"v":3136.47,"d":"3,136.47"}]
[4507763,"Ancoragem ativa com 27 cordoalhas aderentes D = 12,7 mm - fornecimento e instalação","un",{"v":2989.15,"d":"2,989.15"}]
[4507764,"Ancoragem ativa com 27 cordoalhas aderentes D = 15,2 mm - fornecimento e instalação","un",{"v":4090.56,"d":"4,090.56"}]
[4507765,"Ancoragem ativa com 31 cordoalhas aderentes D = 12,7 mm - fornecimento e instalação","un",{"v":3236.07,"d":"3,236.07"}]
[4508192,"Ancoragem ativa com 31 cordoalhas aderentes D = 15,2 mm - fornecimento e instalação","un",{"v":5981.22,"d":"5,981.22"}]
[4507766,"Ancoragem ativa com 4 cordoalhas aderentes D = 12,7 mm - fornecimento e instalação","un",423.64]
[4507767,"Ancoragem ativa com 4 cordoalhas aderentes D = 15,2 mm - fornecimento e instalação","un",512.31]
[4507768,"Ancoragem ativa com 6 cordoalhas aderentes D = 12,7 mm - fornecimento e instalação","un",534.51]
[4507769,"Ancoragem ativa com 6 cordoalhas aderentes D = 15,2 mm - fornecimento e instalação","un",{"v":667.8,"d":"667.80"}]
[4507770,"Ancoragem ativa com 7 cordoalhas aderentes D = 12,7 mm - fornecimento e instalação","un",612.86]
[4507771,"Ancoragem ativa com 7 cordoalhas aderentes D = 15,2 mm - fornecimento e instalação","un",781.04]
[4507772,"Ancoragem ativa com 8 cordoalhas aderentes D = 12,7 mm - fornecimento e instalação","un",717.07]
[4508193,"Ancoragem ativa com 8 cordoalhas aderentes D = 15,2 mm - fornecimento e instalação","un",902.14]
[4507773,"Ancoragem ativa com 9 cordoalhas aderentes D = 12,7 mm - fornecimento e instalação","un",805.16]
[4507774,"Ancoragem ativa com 9 cordoalhas aderentes D = 15,2 mm - fornecimento e instalação","un",{"v":1060.23,"d":"1,060.23"}]
[4507775,"Ancoragem ativa para lajes com 1 cordoalha aderente D = 12,7 mm - fornecimento e instalação","un",102.41]
[4507776,"Ancoragem ativa para lajes com 1 cordoalha aderente D = 15,2 mm - fornecimento e instalação","un",114.29]
[4507783,"Ancoragem ativa para lajes com 1 cordoalha engraxada D = 12,7 mm - fornecimento e instalação","un",82.13]
[4507784,"Ancoragem ativa para lajes com 1 cordoalha engraxada D = 15,2 mm - fornecimento e instalação","un",114.77]
[4507777,"Ancoragem ativa para lajes com 2 cordoalhas aderentes D = 12,7 mm - fornecimento e instalação","un",193.69]
[4507778,"Ancoragem ativa para lajes com 2 cordoalhas aderentes D = 15,2 mm - fornecimento e instalação","un",245.47]
[4507779,"Ancoragem ativa para lajes com 3 cordoalhas aderentes D = 12,7 mm - fornecimento e instalação","un",263.07]
[4507780,"Ancoragem ativa para lajes com 3 cordoalhas aderentes D = 15,2 mm - fornecimento e instalação","un",315.27]
[4507781,"Ancoragem ativa para lajes com 4 cordoalhas aderentes D = 12,7 mm - fornecimento e instalação","un",343.17]
[4507782,"Ancoragem ativa para lajes com 4 cordoalhas aderentes D = 15,2 mm - fornecimento e instalação","un",409.76]
[4507785,"Ancoragem passiva com 10 cordoalhas aderentes D = 12,7 mm - fornecimento e instalação","un",141.99]
[4508194,"Ancoragem passiva com 10 cordoalhas aderentes D = 15,2 mm - fornecimento e instalação","un",147.52]
[4507786,"Ancoragem passiva com 12 cordoalhas aderentes D = 12,7 mm - fornecimento e instalação","un",165.63]
[4507787,"Ancoragem passiva com 12 cordoalhas aderentes D = 15,2 mm - fornecimento e instalação","un",171.24]
[4507788,"Ancoragem passiva com 15 cordoalhas aderentes D = 12,7 mm - fornecimento e instalação","un",222.04]
[4507789,"Ancoragem passiva com 15 cordoalhas aderentes D = 15,2 mm - fornecimento e instalação","un",{"v":233.4,"d":"233.40"}]
[4507790,"Ancoragem passiva com 19 cordoalhas aderentes D = 12,7 mm - fornecimento e instalação","un",273.12]
[4507791,"Ancoragem passiva com 19 cordoalhas aderentes D = 15,2 mm - fornecimento e instalação","un",287.53]
[4507792,"Ancoragem passiva com 22 cordoalhas aderentes D = 12,7 mm - fornecimento e instalação","un",353.62]
[4507793,"Ancoragem passiva com 22 cordoalhas aderentes D = 15,2 mm - fornecimento e instalação","un",341.03]
[4507794,"Ancoragem passiva com 27 cordoalhas aderentes D = 12,7 mm - fornecimento e instalação","un",{"v":464,"d":"464.00"}]
[4507795,"Ancoragem passiva com 27 cordoalhas aderentes D = 15,2 mm - fornecimento e instalação","un",458.14]
[4507796,"Ancoragem passiva com 31 cordoalhas aderentes D = 12,7 mm - fornecimento e instalação","un",{"v":534.2,"d":"534.20"}]
[4508190,"Ancoragem passiva com 31 cordoalhas aderentes D = 15,2 mm - fornecimento e instalação","un",{"v":548.6,"d":"548.60"}]
[4507797,"Ancoragem passiva com 4 cordoalhas aderentes D = 12,7 mm - fornecimento e instalação","un",65.24]
[4507798,"Ancoragem passiva com 4 cordoalhas aderentes D = 15,2 mm - fornecimento e instalação","un",66.58]
[4507799,"Ancoragem passiva com 6 cordoalhas aderentes D = 12,7 mm - fornecimento e instalação","un",92.85]
[4507800,"Ancoragem passiva com 6 cordoalhas aderentes D = 15,2 mm - fornecimento e instalação","un",95.01]
[4507801,"Ancoragem passiva com 7 cordoalhas aderentes D = 12,7 mm - fornecimento e instalação","un",112.04]
[4507802,"Ancoragem passiva com 7 cordoalhas aderentes D = 15,2 mm - fornecimento e instalação","un",114.21]
[4507803,"Ancoragem passiva com 8 cordoalhas aderentes D = 12,7 mm - fornecimento e instalação","un",112.48]
[4508191,"Ancoragem passiva com 8 cordoalhas aderentes D = 15,2 mm - fornecimento e instalação","un",114.65]
[4507804,"Ancoragem passiva com 9 cordoalhas aderentes D = 12,7 mm - fornecimento e instalação","un",138.94]
[4507805,"Ancoragem passiva com 9 cordoalhas aderentes D = 15,2 mm - fornecimento e instalação","un",142.37]
[4507806,"Ancoragem passiva para lajes com 1 cordoalha aderente D = 12,7 mm - fornecimento e instalação","un",26.76]
[4507807,"Ancoragem passiva para lajes com 1 cordoalha aderente D = 15,2 mm - fornecimento e instalação","un",32.28]
[4507866,"Ancoragem passiva para lajes com 1 cordoalha engraxada D = 12,7 mm - fornecimento e instalação","un",76.82]
[4507867,"Ancoragem passiva para lajes com 1 cordoalha engraxada D = 15,2 mm - fornecimento e instalação","un",109.46]
[4507808,"Ancoragem passiva para lajes com 2 cordoalhas aderentes D = 12,7 mm - fornecimento e instalação","un",30.43]
[4507809,"Ancoragem passiva para lajes com 2 cordoalhas aderentes D = 15,2 mm - fornecimento e instalação","un",37.85]
[4507810,"Ancoragem passiva para lajes com 3 cordoalhas aderentes D = 12,7 mm - fornecimento e instalação","un",49.98]
[4507811,"Ancoragem passiva para lajes com 3 cordoalhas aderentes D = 15,2 mm - fornecimento e instalação","un",50.12]
[4507812,"Ancoragem passiva para lajes com 4 cordoalhas aderentes D = 12,7 mm - fornecimento e instalação","un",57.64]
[4507813,"Ancoragem passiva para lajes com 4 cordoalhas aderentes D = 15,2 mm - fornecimento e instalação","un",69.41]
[4507851,"Bainha metálica ovalizada seção 19 x 36 mm para 1 cordoalha D = 12,7 mm - fornecimento, instalação e injeção de nata de cimento","m",26.92]
[4507852,"Bainha metálica ovalizada seção 19 x 36 mm para 2 cordoalhas D = 12,7 mm - fornecimento, instalação e injeção de nata de cimento","m",26.78]
[4507853,"Bainha metálica ovalizada seção 19 x 48 mm para 3 cordoalhas D = 12,7 mm - fornecimento, instalação e injeção de nata de cimento","m",29.95]
[4507854,"Bainha metálica ovalizada seção 19 x 62 mm para 4 cordoalhas D = 12,7 mm - fornecimento, instalação e injeção de nata de cimento","m",32.61]
[4507855,"Bainha metálica ovalizada seção 22 x 32 mm para 1 cordoalha D = 15,2 mm - fornecimento, instalação e injeção de nata de cimento","m",26.52]
[4507856,"Bainha metálica ovalizada seção 22 x 32 mm para 2 cordoalhas D = 15,2 mm - fornecimento, instalação e injeção de nata de cimento","m",26.32]
[4507857,"Bainha metálica ovalizada seção 22 x 55 mm para 3 cordoalhas D = 15,2 mm - fornecimento, instalação e injeção de nata de cimento","m",31.37]
[4507858,"Bainha metálica ovalizada seção 22 x 73 mm para 4 cordoalhas D = 15,2 mm - fornecimento, instalação e injeção de nata de cimento","m",35.28]
[4508177,"Bainha metálica redonda D = 100 mm para 21 cordoalhas D = 15,2 mm - fornecimento, instalação e injeção de nata de cimento","m",66.59]
[4508178,"Bainha metálica redonda D = 100 mm para 22 cordoalhas D = 15,2 mm - fornecimento, instalação e injeção de nata de cimento","m",66.39]
[4507821,"Bainha metálica redonda D = 100 mm para 24 cordoalhas D = 15,2 mm - fornecimento, instalação e injeção de nata de cimento","m",65.98]
[4507822,"Bainha metálica redonda D = 100 mm para 25 cordoalhas D = 15,2 mm - fornecimento, instalação e injeção de nata de cimento","m",65.78]
[4507823,"Bainha metálica redonda D = 100 mm para 30 cordoalhas D = 12,7 mm - fornecimento, instalação e injeção de nata de cimento","m",{"v":66.6,"d":"66.60"}]
[4508188,"Bainha metálica redonda D = 100 mm para 31 cordoalhas D = 12,7 mm - fornecimento, instalação e injeção de nata de cimento","m",66.46]
[4507824,"Bainha metálica redonda D = 110 mm para 27 cordoalhas D = 15,2 mm - fornecimento, instalação e injeção de nata de cimento","m",73.42]
[4507825,"Bainha metálica redonda D = 110 mm para 37 cordoalhas D = 12,7 mm - fornecimento, instalação e injeção de nata de cimento","m",73.65]
[4507826,"Bainha metálica redonda D = 120 mm para 30 cordoalhas D = 15,2 mm - fornecimento, instalação e injeção de nata de cimento","m",{"v":79.1,"d":"79.10"}]
[4508179,"Bainha metálica redonda D = 120 mm para 31 cordoalhas D = 15,2 mm - fornecimento, instalação e injeção de nata de cimento","m",{"v":78.9,"d":"78.90"}]
[4507827,"Bainha metálica redonda D = 130 mm para 37 cordoalhas D = 15,2 mm - fornecimento, instalação e injeção de nata de cimento","m",83.76]
[4508180,"Bainha metálica redonda D = 30 mm para 2 cordoalhas D = 12,7 mm - fornecimento, instalação e injeção de nata de cimento","m",25.73]
[4507739,"Bainha metálica redonda D = 35 mm para 2 cordoalhas D = 15,2 mm - fornecimento, instalação e injeção de nata de cimento","m",27.16]
[4508181,"Bainha metálica redonda D = 35 mm para 3 cordoalhas D = 12,7 mm - fornecimento, instalação e injeção de nata de cimento","m",27.14]
[4508125,"Bainha metálica redonda D = 40 mm para 3 cordoalhas D = 15,2 mm - fornecimento, instalação e injeção de nata de cimento","m",29.39]
[4507828,"Bainha metálica redonda D = 40 mm para 4 cordoalhas D = 12,7 mm - fornecimento, instalação e injeção de nata de cimento","m",29.43]
[4507829,"Bainha metálica redonda D = 45 mm para 4 cordoalhas D = 15,2 mm - fornecimento, instalação e injeção de nata de cimento","m",31.89]
[4508182,"Bainha metálica redonda D = 45 mm para 5 cordoalhas D = 12,7 mm - fornecimento, instalação e injeção de nata de cimento","m",31.99]
[4508092,"Bainha metálica redonda D = 50 mm para 5 cordoalhas D = 15,2 mm - fornecimento, instalação e injeção de nata de cimento","m",34.14]
[4507830,"Bainha metálica redonda D = 50 mm para 6 cordoalhas D = 12,7 mm - fornecimento, instalação e injeção de nata de cimento","m",34.31]
[4508183,"Bainha metálica redonda D = 55 mm para 7 cordoalhas D = 12,7 mm - fornecimento, instalação e injeção de nata de cimento","m",{"v":40.3,"d":"40.30"}]
[4507831,"Bainha metálica redonda D = 55 mm para 8 cordoalhas D = 12,7 mm - fornecimento, instalação e injeção de nata de cimento","m",36.89]
[4507832,"Bainha metálica redonda D = 60 mm para 6 cordoalhas D = 15,2 mm - fornecimento, instalação e injeção de nata de cimento","m",40.96]
[4507833,"Bainha metálica redonda D = 60 mm para 9 cordoalhas D = 12,7 mm - fornecimento, instalação e injeção de nata de cimento","m",{"v":40.9,"d":"40.90"}]
[4507834,"Bainha metálica redonda D = 65 mm para 10 cordoalhas D = 12,7 mm - fornecimento, instalação e injeção de nata de cimento","m",42.97]
[4508184,"Bainha metálica redonda D = 65 mm para 11 cordoalhas D = 12,7 mm - fornecimento, instalação e injeção de nata de cimento","m",42.83]
[4507835,"Bainha metálica redonda D = 65 mm para 12 cordoalhas D = 12,7 mm - fornecimento, instalação e injeção de nata de cimento","m",42.69]
[4508174,"Bainha metálica redonda D = 65 mm para 7 cordoalhas D = 15,2 mm - fornecimento, instalação e injeção de nata de cimento","m",42.97]
[4507836,"Bainha metálica redonda D = 65 mm para 8 cordoalhas D = 15,2 mm - fornecimento, instalação e injeção de nata de cimento","m",42.77]
[4507837,"Bainha metálica redonda D = 70 mm para 15 cordoalhas D = 12,7 mm - fornecimento, instalação e injeção de nata de cimento","m",45.62]
[4507838,"Bainha metálica redonda D = 70 mm para 9 cordoalhas D = 15,2 mm - fornecimento, instalação e injeção de nata de cimento","m",45.92]
[4507839,"Bainha metálica redonda D = 75 mm para 10 cordoalhas D = 15,2 mm - fornecimento, instalação e injeção de nata de cimento","m",47.91]
[4508175,"Bainha metálica redonda D = 75 mm para 11 cordoalhas D = 15,2 mm - fornecimento, instalação e injeção de nata de cimento","m",47.71]
[4507840,"Bainha metálica redonda D = 75 mm para 16 cordoalhas D = 12,7 mm - fornecimento, instalação e injeção de nata de cimento","m",47.67]
[4507841,"Bainha metálica redonda D = 75 mm para 18 cordoalhas D = 12,7 mm - fornecimento, instalação e injeção de nata de cimento","m",47.39]
[4507842,"Bainha metálica redonda D = 80 mm para 12 cordoalhas D = 15,2 mm - fornecimento, instalação e injeção de nata de cimento","m",51.55]
[4508185,"Bainha metálica redonda D = 80 mm para 19 cordoalhas D = 12,7 mm - fornecimento, instalação e injeção de nata de cimento","m",{"v":51.3,"d":"51.30"}]
[4507843,"Bainha metálica redonda D = 80 mm para 20 cordoalhas D = 12,7 mm - fornecimento, instalação e injeção de nata de cimento","m",51.16]
[4507844,"Bainha metálica redonda D = 85 mm para 15 cordoalhas D = 15,2 mm - fornecimento, instalação e injeção de nata de cimento","m",54.27]
[4508186,"Bainha metálica redonda D = 85 mm para 21 cordoalhas D = 12,7 mm - fornecimento, instalação e injeção de nata de cimento","m",54.34]
[4508187,"Bainha metálica redonda D = 85 mm para 22 cordoalhas D = 12,7 mm - fornecimento, instalação e injeção de nata de cimento","m",{"v":54.2,"d":"54.20"}]
[4507845,"Bainha metálica redonda D = 85 mm para 24 cordoalhas D = 12,7 mm - fornecimento, instalação e injeção de nata de cimento","m",53.92]
[4507846,"Bainha metálica redonda D = 85 mm para 25 cordoalhas D = 12,7 mm - fornecimento, instalação e injeção de nata de cimento","m",53.77]
[4507847,"Bainha metálica redonda D = 90 mm para 16 cordoalhas D = 15,2 mm - fornecimento, instalação e injeção de nata de cimento","m",60.78]
[4507848,"Bainha metálica redonda D = 90 mm para 18 cordoalhas D = 15,2 mm - fornecimento, instalação e injeção de nata de cimento","m",60.38]
[4507849,"Bainha metálica redonda D = 90 mm para 27 cordoalhas D = 12,7 mm - fornecimento, instalação e injeção de nata de cimento","m",60.21]
[4508176,"Bainha metálica redonda D = 95 mm para 19 cordoalhas D = 15,2 mm - fornecimento, instalação e injeção de nata de cimento","m",63.51]
[4507850,"Bainha metálica redonda D = 95 mm para 20 cordoalhas D = 15,2 mm - fornecimento, instalação e injeção de nata de cimento","m",63.31]
[4507956,"Cordoalha CP 190 RB D = 12,7 mm - fornecimento e instalação","kg",11.64]
[4507957,"Cordoalha CP 190 RB D = 15,2 mm - fornecimento e instalação","kg",11.62]
[4507958,"Cordoalha engraxada CP 190 RB D = 12,7 mm - fornecimento e instalação","kg",15.27]
[4507959,"Cordoalha engraxada CP 190 RB D = 15,2 mm - fornecimento e instalação","kg",15.27]
[4516138,"Gaiola metálica em cantoneira para armazenamento e manipulação de cordoalha - confecção","kg",10.29]
[4516137,"Nicho de madeira para dispositivo de ancoragem de protensão - confecção e instalação","m²",144.75]
[4805755,"Apiloamento manual","m³",{"v":35,"d":"35.00"}]
[4805756,"Apiloamento manual de superfície com espessura de 15 cm","m²",5.25]
[4816020,"Areia extraída com draga de sucção tipo bomba","m³",12.17]
[4816019,"Areia extraída com escavadeira hidráulica de longo alcance","m³",7.47]
[4816018,"Areia extraída com trator e carregadeira","m³",5.11]
[4816012,"Brita produzida em central de britagem de 80 m³/h","m³",54.42]
[4815805,"Calandragem de chapa metálica com espessura de 3 mm","m²",13.54]
[4815802,"Calandragem de chapa metálica com espessura de 5 mm","m²",19.99]
[4805754,"Compactação manual com soquete vibratório","m³",7.19]
[4816145,"Confecção de canaleta meia cana D = 0,30 m - areia e brita comerciais","m",28.07]
[4816144,"Confecção de canaleta meia cana D = 0,30 m - areia extraída e brita produzida","m",25.79]
[4816147,"Confecção de canaleta meia cana D = 0,40 m - areia e brita comerciais","m",39.03]
[4816146,"Confecção de canaleta meia cana D = 0,40 m - areia extraída e brita produzida","m",34.92]
[4816121,"Confecção de tubos de concreto D = 0,20 m - areia e brita comerciais","m",31.86]
[4816120,"Confecção de tubos de concreto D = 0,20 m - areia extraída e brita produzida","m",28.67]
[4816123,"Confecção de tubos de concreto D = 0,30 m - areia e brita comerciais","m",42.25]
[4816122,"Confecção de tubos de concreto D = 0,30 m - areia extraída e brita produzida","m",37.69]
[4816125,"Confecção de tubos de concreto D = 0,40 m - areia e brita comerciais","m",59.96]
[4816124,"Confecção de tubos de concreto D = 0,40 m - areia extraída e brita produzida","m",51.75]
[4816022,"Confecção de tubos de concreto D = 0,50 m - areia e brita comerciais","m",80.38]
[4816021,"Confecção de tubos de concreto D = 0,50 m - areia extraída e brita produzida","m",67.66]
[4816106,"Confecção de tubos de concreto perfurado D = 0,20 m - areia e brita comerciais","m",33.03]
[4816105,"Confecção de tubos de concreto perfurado D = 0,20 m - areia extraída e brita produzida","m",29.83]
[4816108,"Confecção de tubos de concreto perfurado D = 0,30 m - areia e brita comerciais","m",43.42]
[4816107,"Confecção de tubos de concreto perfurado D = 0,30 m - areia extraída e brita produzida","m",38.86]
[4816110,"Confecção de tubos de concreto perfurado D = 0,40 m - areia e brita comerciais","m",61.13]
[4816109,"Confecção de tubos de concreto perfurado D = 0,40 m - areia extraída e brita produzida","m",52.91]
[4816100,"Confecção de tubos de concreto poroso D = 0,20 m - areia e brita comerciais","m",32.84]
[4816099,"Confecção de tubos de concreto poroso D = 0,20 m - areia extraída e brita produzida","m",30.61]
[4816102,"Confecção de tubos de concreto poroso D = 0,30 m - areia e brita comerciais","m",42.22]
[4816101,"Confecção de tubos de concreto poroso D = 0,30 m - areia extraída e brita produzida","m",39.97]
[4816104,"Confecção de tubos de concreto poroso D = 0,40 m - areia e brita comerciais","m",59.93]
[4816103,"Confecção de tubos de concreto poroso D = 0,40 m - areia extraída e brita produzida","m",54.19]
[4815804,"Dobramento de chapas de alumínio com espessura de 1,5 mm e comprimento de dobra de até 500 mm","un",0.57]
[4816002,"Escavação de tunnel liner em material de 3ª categoria","m³",{"v":1340.86,"d":"1,340.86"}]
[4805765,"Escavação de vala em material de 3ª categoria","m³",188.08]
[4816000,"Escavação manual de tunnel liner em material de 1ª categoria","m³",500.77]
[4816001,"Escavação manual de tunnel liner em material de 2ª categoria","m³",809.93]
[4805749,"Escavação manual de vala em material de 1ª categoria","m³",80.51]
[4805751,"Escavação manual em material de 1ª categoria na profundidade de 1 a 2 m","m³",60.39]
[4805752,"Escavação manual em material de 1ª categoria na profundidade de 2 a 3 m","m³",72.46]
[4805753,"Escavação manual em material de 1ª categoria na profundidade de 3 a 4 m","m³",84.54]
[4805750,"Escavação manual em material de 1ª categoria na profundidade de até 1 m","m³",48.31]
[4805767,"Escavação manual em material de 2ª categoria na profundidade de 1 a 2 m","m³",82.63]
[4805769,"Escavação manual em material de 2ª categoria na profundidade de 2 a 3 m","m³",98.36]
[4805770,"Escavação manual em material de 2ª categoria na profundidade de 3 a 4 m","m³",{"v":114.1,"d":"114.10"}]
[4805760,"Escavação manual em material de 2ª categoria na profundidade de até 1 m","m³",66.89]
[4805757,"Escavação mecânica de vala em material de 1ª categoria","m³",6.81]
[4805762,"Escavação mecânica de vala em material de 2ª categoria","m³",8.32]
[4806395,"Fixação de parafuso em estrutura metálica","un",5.31]
[4816003,"Iluminação provisória para tunnel liner","m",43.23]
[4816017,"Material pétreo produzido em britador de mandíbulas móvel - camada final de aterro em rocha","m³",{"v":21.3,"d":"21.30"}]
[4816023,"Operação de mergulho autônomo em profundidade de até 20 m","h",238.21]
[4816025,"Operação de mergulho dependente em profundidade de 30 a 50 m - inclusive descompressão","h",438.99]
[4816024,"Operação de mergulho dependente em profundidade de até 30 m - inclusive descompressão","h",{"v":304.3,"d":"304.30"}]
[4816005,"Pedra de mão produzida manualmente","m³",90.95]
[4800400,"Preparo e regularização de terreno em desnível","m²",5.62]
[4816016,"Rachão ou pedra de mão produzida","m³",40.83]
[4800412,"Raspagem e limpeza de terreno plano","m²",4.83]
[4815671,"Reaterro e compactação com soquete vibratório","m³",17.92]
[4815803,"Rebordeamento de chapa metálica com espessura de 5 mm","m",7.87]
[4816011,"Recarga de cilindro com ar respirável para atividades de mergulho","m³",{"v":1546.02,"d":"1,546.02"}]
[4816014,"Rocha para britagem com perfuratriz manual","m³",49.46]
[4816010,"Rocha para britagem com perfuratriz sobre esteira","m³",36.03]
[4816015,"Rocha para britagem com perfuratriz sobre esteira - camada final de aterro em rocha","m³",20.88]
[4816119,"Selo de argila apiloado (solo local)","m³",39.67]
[4816004,"Ventilação provisória para tunnel liner","m",57.44]
[4915652,"Bico de adesão para injeção de adesivo estrutural à base de resina epóxi - fornecimento, instalação e retirada","un",8.37]
[4915651,"Bico de perfuração para injeção de adesivo estrutural à base de resina epóxi - fornecimento, instalação e retirada","un",9.45]
[4915723,"Caiação manual com fixador de cal","m²",3.34]
[4915724,"Caiação mecanizada com fixador de cal","m²",1.81]
[4915637,"Capa selante - areia comercial","m²",0.92]
[4915779,"Capa selante - areia extraída","m²",0.65]
[4915638,"Capa selante - brita produzida","m²",0.78]
[4915636,"Capa selante - pedrisco comercial","m²",1.07]
[4915744,"Capina manual","m²",0.81]
[4915700,"Combate à exsudação - areia comercial","m²",1.09]
[4915590,"Combate à exsudação - areia extraída","m²",{"v":0.8,"d":"0.80"}]
[4915591,"Combate à exsudação - brita produzida","m²",0.94]
[4915701,"Combate à exsudação - pedrisco comercial","m²",1.24]
[4915703,"Correção de defeitos com mistura betuminosa","m³",111.19]
[4915705,"Correção de defeitos por fresagem descontínua do revestimento asfáltico - espessura de 5 cm","m³",123.65]
[4915743,"Corte e limpeza de áreas gramadas","m²",0.09]
[4915768,"Corte e remoção de árvores","m³",15.15]
[4915713,"Desobstrução de bueiro","m³",{"v":70,"d":"70.00"}]
[4915655,"Fresagem contínua de revestimento asfáltico - espessura de 3 cm","m³",{"v":85.7,"d":"85.70"}]
[4915656,"Fresagem contínua de revestimento asfáltico - espessura de 4 cm","m³",67.32]
[4915657,"Fresagem contínua de revestimento asfáltico - espessura de 5 cm","m³",56.33]
[4915658,"Fresagem contínua de revestimento asfáltico - espessura de 6 cm","m³",49.15]
[4915659,"Fresagem contínua de revestimento asfáltico - espessura de 7 cm","m³",44.13]
[4915660,"Fresagem contínua de revestimento asfáltico - espessura de 8 cm","m³",40.57]
[4915661,"Fresagem descontínua de revestimento asfáltico - espessura de 3 cm","m³",111.56]
[4915662,"Fresagem descontínua de revestimento asfáltico - espessura de 4 cm","m³",{"v":88.2,"d":"88.20"}]
[4915663,"Fresagem descontínua de revestimento asfáltico - espessura de 5 cm","m³",73.03]
[4915664,"Fresagem descontínua de revestimento asfáltico - espessura de 6 cm","m³",64.26]
[4915665,"Fresagem descontínua de revestimento asfáltico - espessura de 7 cm","m³",58.25]
[4915666,"Fresagem descontínua de revestimento asfáltico - espessura de 8 cm","m³",53.93]
[4915650,"Injeção de adesivo estrutural à base de resina epóxi de baixa viscosidade para tratamento de fissuras em estruturas de concreto - fornecimento e aplicação manual","kg",285.52]
[4915645,"Injeção de adesivo estrutural à base de resina epóxi de baixa viscosidade para tratamento de fissuras em estruturas de concreto - fornecimento e aplicação mecanizada","kg",205.07]
[4915712,"Limpeza de bueiro","m³",23.33]
[4915711,"Limpeza de descida d'água","m",1.56]
[4915790,"Limpeza de emulsão asfáltica ou asfalto diluído derramados na pista - remoção com minicarregadeira com vassoura e descarga livre","t",223.96]
[4915793,"Limpeza de líquidos combustíveis derramados na pista - remoção com minicarregadeira com vassoura e descarga livre","t",171.85]
[4915792,"Limpeza de material asfáltico derramado fora da pista - remoção com escavadeira hidráulica e caminhão basculante","t",65.79]
[4915718,"Limpeza de placa de sinalização","m²",9.45]
[4915672,"Limpeza de ponte","m",4.67]
[4915708,"Limpeza de sarjeta e meio-fio","m",0.78]
[4915710,"Limpeza de vala de drenagem","m",4.67]
[4915709,"Limpeza de valeta de corte","m",1.17]
[4915686,"Limpeza e desobstrução de dispositivos de drenagem em OAE","un",4.67]
[4915687,"Limpeza e desobstrução de drenos de obras de contenção","un",2.92]
[4915634,"Limpeza e desobstrução mecanizada de bueiros com diâmetro acima de 1,00 até 1,50 m","m",62.38]
[4915633,"Limpeza e desobstrução mecanizada de bueiros com diâmetro de até 1,00 m","m",20.58]
[4915714,"Limpeza e enchimento com resina epóxi de fissuras niveladas com abertura máxima de 0,4 mm e profundidade de 20 mm em pavimento de concreto que não atravessam toda a espessura da placa","m",2.94]
[4915759,"Limpeza e remoção de vegetação junto aos aparelhos de apoio de OAE com o uso de herbicida","un",7.86]
[4915758,"Limpeza e remoção de vegetação nas juntas de dilatação com o uso de herbicida","m",4.69]
[4915640,"Limpeza e remoção manual de material retido em terra firme em OAE","m³",23.33]
[4915639,"Limpeza em superfície de concreto com escova de aço","m²",4.67]
[4915695,"Limpeza, serragem e enchimento de fissuras niveladas com abertura entre 0,4 mm e 1,0 mm e profundidade de 25 mm em pavimento de concreto com CAP","m",6.92]
[4915696,"Limpeza, serragem e enchimento de fissuras niveladas com abertura entre 0,4 mm e 1,0 mm e profundidade de 25 mm em pavimento de concreto com CAP com polímero","m",6.92]
[4915694,"Limpeza, serragem e enchimento de fissuras niveladas com abertura entre 0,4 mm e 1,0 mm e profundidade de 25 mm em pavimento de concreto com selante elástico a frio","m",29.73]
[4915654,"Lixamento mecanizado em superfície de concreto","m²",{"v":11.6,"d":"11.60"}]
[4900001,"Material de base","m³",{"v":0,"d":"0.00"}]
[4915801,"Mistura betuminosa","m³",{"v":0,"d":"0.00"}]
[4916290,"Mistura betuminosa a frio executada em betoneira - faixa C - areia e brita comerciais","m³",345.13]
[4915765,"Poda de árvores com 5,0 m a 7,5 m de altura","m³",206.07]
[4915766,"Poda de árvores com 7,5 m a 10 m de altura","m³",120.95]
[4915764,"Poda de árvores com até 5 m de altura","m³",370.93]
[4915767,"Poda de árvores com mais de 10 m de altura","m³",79.48]
[4915777,"Reassentamento manual de meio-fio com material arrancado da pista","m",15.57]
[4915618,"Recomposição de camada granular do pavimento com material de jazida","m²",3.21]
[4915774,"Recomposição de erosão em corte ou aterro com material de jazida","m³",25.13]
[4915719,"Recomposição de placa de sinalização","m²",35.45]
[4915611,"Recomposição de revestimento primário com material de jazida","m³",10.92]
[4915733,"Recomposição manual de aterro com material de jazida","m³",{"v":42.3,"d":"42.30"}]
[4915734,"Recomposição mecanizada de aterro com material de jazida","m³",11.99]
[4915727,"Recomposição parcial de cerca com mourão de concreto - arame","m",10.98]
[4915726,"Recomposição parcial de cerca com mourão de concreto seção quadrada - mourão - areia e brita comerciais","m",25.63]
[4915594,"Recomposição parcial de cerca com mourão de concreto seção quadrada - mourão - areia extraída e brita produzida","m",24.11]
[4915729,"Recomposição parcial de cerca com mourão de concreto seção triangular - mourão - areia e brita comerciais","m",19.99]
[4915596,"Recomposição parcial de cerca com mourão de concreto seção triangular - mourão - areia extraída e brita comercial","m",19.33]
[4915732,"Recomposição parcial de cerca com mourão de madeira - arame","m",8.35]
[4915731,"Recomposição parcial de cerca com mourão de madeira - mourão","m",18.68]
[4915725,"Recomposição total de cerca com mourão de concreto seção quadrada - areia e brita comerciais","m",30.71]
[4915593,"Recomposição total de cerca com mourão de concreto seção quadrada - areia extraída e brita produzida","m",29.18]
[4915728,"Recomposição total de cerca com mourão de concreto seção triangular - areia e brita comerciais","m",30.58]
[4915595,"Recomposição total de cerca com mourão de concreto seção triangular - areia extraída e brita produzida","m",29.92]
[4915730,"Recomposição total de cerca com mourão de madeira","m",26.19]
[4915598,"Reconformação da plataforma","m²",0.11]
[4915748,"Recuperação de desgaste superficial em pavimentos de concreto","m²",231.99]
[4915608,"Regularização de taludes e valas com soquete vibratório","m²",2.78]
[4915613,"Regularização mecânica da faixa de domínio","m²",0.17]
[4915692,"Remendo profundo com imprimação com asfalto diluído - demolição manual","m³",393.24]
[4915746,"Remendo profundo com imprimação com asfalto diluído - demolição mecânica e corte com serra","m³",{"v":296.2,"d":"296.20"}]
[4915630,"Remendo profundo com imprimação com emulsão asfáltica - demolição manual","m³",393.24]
[4915631,"Remendo profundo com imprimação com emulsão asfáltica - demolição mecânica e corte com serra","m³",{"v":296.2,"d":"296.20"}]
[4915785,"Remoção de animais de grande porte mortos em rodovia - carga e descarga com guindauto","t",399.61]
[4915786,"Remoção de animais de pequeno porte mortos em rodovia - carga manual","t",179.03]
[4915795,"Remoção de emborrachados de pneus em rodovia","t",350.09]
[4915800,"Remoção de espécimes arbóreos de 20 a 40 m tombados na pista","t",55.55]
[4915799,"Remoção de espécimes arbóreos de até 20 m tombados na pista","t",43.21]
[4915698,"Remoção de grãos, agregados e solos derramados na pista em rodovias","t",19.11]
[4915794,"Remoção de sucatas derramadas em rodovia - cinta com utilização de 100 vezes","t",613.93]
[4915789,"Remoção de veículos de grande porte incendiados em rodovia - carga e descarga com guindaste - cinta com utilização de 100 vezes","un",{"v":1709.9,"d":"1,709.90"}]
[4915798,"Remoção de veículos de grande porte tombados em rodovia - cinta com utilização de 100 vezes","un",{"v":1595.14,"d":"1,595.14"}]
[4915788,"Remoção de veículos de médio porte incendiados em rodovia - carga e descarga com guindaste - cinta com utilização de 100 vezes","un",{"v":1550.74,"d":"1,550.74"}]
[4915797,"Remoção de veículos de médio porte tombados em rodovia - cinta com utilização de 100 vezes","un",795.01]
[4915787,"Remoção de veículos de pequeno porte incendiados em rodovia - carga e descarga com guindauto - cinta com utilização de 100 vezes","un",911.55]
[4915796,"Remoção de veículos de pequeno porte tombados em rodovia - cinta com utilização de 100 vezes","un",322.39]
[4915760,"Remoção de vestígios de óleo ou graxa na superfície do revestimento do pavimento","m²",54.57]
[4915699,"Remoção de vidros, caixas e engradados derramados na pista em rodovia","t",29.64]
[4915736,"Remoção manual de barreira em rocha","m³",{"v":17.6,"d":"17.60"}]
[4915735,"Remoção manual de barreira em solo","m³",14.49]
[4915670,"Remoção manual de camada granular do pavimento","m³",205.21]
[4915668,"Remoção manual de revestimento asfáltico","m³",318.13]
[4915761,"Remoção manual de vegetação daninha","m²",4.67]
[4915762,"Remoção manual de vegetação daninha em frestas","m",2.33]
[4915738,"Remoção mecanizada de barreira em rocha","m³",5.71]
[4915737,"Remoção mecanizada de barreira em solo","m³",{"v":4.8,"d":"4.80"}]
[4915669,"Remoção mecanizada de camada granular do pavimento","m³",7.58]
[4915667,"Remoção mecanizada de revestimento asfáltico","m³",12.19]
[4915632,"Reparo localizado com pintura de ligação - demolição mecânica e corte com serra","m³",421.74]
[4915753,"Reparo no interior de placa de pavimento de concreto","m³",{"v":1385.46,"d":"1,385.46"}]
[4915776,"Roçada com roçadeira costal","ha",826.97]
[4915740,"Roçada manual","ha",{"v":2012.84,"d":"2,012.84"}]
[4915741,"Roçada manual de capim colonião","ha",{"v":4830.82,"d":"4,830.82"}]
[4915775,"Roçada mecanizada com roçadeira articulada","ha",743.68]
[4915742,"Roçada mecanizada com roçadeira de arraste","ha",464.15]
[4915626,"Selagem de trincas mecanizada em pavimento flexível com emulsão - areia comercial","m",{"v":2.1,"d":"2.10"}]
[4915653,"Selagem superficial de fissuras com adesivo estrutural à base de resina epóxi de alta viscosidade, inclusive limpeza superficial - fornecimento e aplicação","kg",75.94]
[4915623,"Solo brita para base de remendo profundo - brita comercial","m³",65.72]
[4915625,"Solo melhorado com cimento para base de remendo profundo","m³",45.46]
[4915621,"Solo para base de remendo profundo","m³",{"v":4.6,"d":"4.60"}]
[4915720,"Substituição de balizador - areia e brita comerciais","un",31.88]
[4915592,"Substituição de balizador - areia extraída e brita produzida","un",31.16]
[4913703,"Substituição de cartucho de absorção de energia tipo A - fornecimento e instalação, e reposicionamento do amortecedor retrátil","un",{"v":5602.32,"d":"5,602.32"}]
[4913704,"Substituição de cartucho de absorção de energia tipo B - fornecimento, instalação e reposicionamento do amortecedor retrátil","un",{"v":5482.36,"d":"5,482.36"}]
[4915757,"Tapa buraco com pintura de ligação - demolição com serra corta piso","m³",450.96]
[4915678,"Tapa buraco com pintura de ligação - demolição manual","m³",398.55]
[4919547,"Tela de proteção para roçada em tubo galvanizado 4,0 X 1,5 m - confecção","un",486.59]
[4915716,"Tratamento de fissuras do tipo rendilhado em pavimentos de concreto","m²",13.71]
[4915750,"Tratamento de fissuras transversais com abertura maior que 1,0 mm em pavimentos de concreto","m",204.81]
[4915769,"Trituração de galhos e troncos com diâmetro de até 350 mm","m³",32.19]
[5213836,"Balizador cônico refletivo em polietileno semiflexível de 114 x 11 x 40 cm - utilização de 150 ciclos - fornecimento, 01 implantação e 01 retirada diária","un.dia",1.17]
[5213368,"Balizador de concreto - areia e brita comerciais - fornecimento e implantação","un",20.02]
[5213367,"Balizador de concreto - areia extraída e brita produzida - fornecimento e implantação","un",18.77]
[5213385,"Barreira de sinalização tipo I de direcionamento ou bloqueio - confecção","un",332.73]
[5213343,"Barreira de sinalização tipo I de direcionamento ou bloqueio - utilização de 150 ciclos - fornecimento, 01 implantação e 01 retirada diária","un.dia",3.78]
[5213390,"Barreira de sinalização tipo I de direcionamento ou bloqueio contínua - confecção","m",285.79]
[5213344,"Barreira de sinalização tipo I de direcionamento ou bloqueio contínua - utilização de 150 ciclos - fornecimento, 01 implantação e 01 retirada diária","m.dia",3.31]
[5213386,"Barreira de sinalização tipo II de direcionamento ou bloqueio - confecção","un",542.73]
[5213345,"Barreira de sinalização tipo II de direcionamento ou bloqueio - utilização de 150 ciclos - fornecimento, 01 implantação e 01 retirada diária","un.dia",5.53]
[5213387,"Barreira de sinalização tipo III de direcionamento ou bloqueio - confecção","un",777.07]
[5213346,"Barreira de sinalização tipo III de direcionamento ou bloqueio - utilização de 150 ciclos - fornecimento, 01 implantação e 01 retirada diária","un.dia",7.73]
[5213843,"Barreira plástica articulável modular 240 x 100 cm na cor amarela - utilização de 600 ciclos - fornecimento, 01 implantação e 01 retirada diária","m.dia",1.01]
[5213833,"Barreira plástica monobloco para canalização de trânsito - 101 x 50 x 55 cm - utilização de 600 ciclos - fornecimento, 01 implantação e 01 retirada diária","un.dia",10.37]
[5213834,"Barreira plástica para canalização de trânsito - 60 x 45 x 60 cm - utilização de 600 ciclos - fornecimento, 01 implantação e 01 retirada diária","un.dia",6.76]
[5219544,"Cavalete em perfil metálico para placa de sinalização - 1,00 m x 1,00 m - confecção","un",228.77]
[5213383,"Cavalete em polietileno zebrado com faixa refletiva - H = 1,00 m - utilização de 600 ciclos - fornecimento, 01 implantação e 01 retirada diária","un.dia",0.82]
[5213380,"Cavalete em polietileno zebrado com faixa refletiva e com sinalizador a LED com bateria - H = 1,00 m - utilização de 600 ciclos - fornecimento, 01 implantação e 01 retirada diária","un.dia",1.92]
[5213838,"Cilindro canalizador de tráfego com base quadrada de 111 x 56 x 56 cm - utilização de 600 ciclos - fornecimento, 01 implantação e 01 retirada diária","un.dia",4.62]
[5213837,"Cilindro flexível delimitador de tráfego com duas faixas refletivas e chumbador - D = 20 cm e H = 80 cm","un",187.07]
[5213835,"Cone plástico para canalização de trânsito - utilização de 150 ciclos - fornecimento, 01 implantação e 01 retirada diária","un.dia",0.82]
[5213839,"Dispositivo de direcionamento ou bloqueio tipo tapume - confecção","m²",309.46]
[5213347,"Dispositivo de direcionamento ou bloqueio tipo tapume - utilização de 150 ciclos - fornecimento, 01 implantação e 01 retirada diária","m².dia",7.65]
[5213840,"Dispositivo de direcionamento ou bloqueio tipo tela plástica com suporte fixo - confecção","m²",38.72]
[5213349,"Dispositivo de direcionamento ou bloqueio tipo tela plástica com suporte fixo - utilização de 150 ciclos - fornecimento, 01 implantação e 01 retirada diária","m².dia",0.71]
[5213841,"Dispositivo de direcionamento ou bloqueio tipo tela plástica com suporte móvel afixado em bloco de concreto - confecção","m²",68.34]
[5213348,"Dispositivo de direcionamento ou bloqueio tipo tela plástica com suporte móvel afixado em bloco de concreto - utilização de 150 ciclos - fornecimento, 01 implantação e 01 retirada diária","m².dia",0.81]
[5216116,"Fabricação de balizador de concreto - seção circular de 10 cm - areia e brita comerciais","un",17.17]
[5216115,"Fabricação de balizador de concreto - seção circular de 10 cm - areia extraída e brita produzida","un",16.45]
[5213842,"Fita zebrada para dispositivos de canalização de trânsito - fornecimento, implantação e retirada","m",0.12]
[5213358,"Laminado elastoplástico para sinalização horizontal - espessura de 1,5 mm - fornecimento e implantação","m²",224.15]
[5213848,"Luz de advertência e bateria para dispositivos de sinalização - utilização de 200 ciclos - fornecimento, 01 implantação e 01 retirada diária","un.dia",1.11]
[5214012,"Manutenção/recomposição de sinalização - pintura de faixa com tinta acrílica - espessura de 0,4 mm","m²",23.78]
[5213356,"Manutenção/recomposição de sinalização - pintura de faixa com tinta acrílica - espessura de 0,6 mm","m²",33.09]
[5214011,"Manutenção/recomposição de sinalização - pintura de faixa com tinta acrílica emulsionada em água - espessura de 0,3 mm","m²",13.01]
[5213354,"Manutenção/recomposição de sinalização - pintura de faixa com tinta acrílica emulsionada em água - espessura de 0,4 mm","m²",15.56]
[5213355,"Manutenção/recomposição de sinalização - pintura de faixa com tinta acrílica emulsionada em água - espessura de 0,5 mm","m²",18.14]
[5213850,"Operação de sinalização por bandeirola de tecido ou com placa metálica","h",23.33]
[5213846,"Painel com seta luminosa montado em chassi de caminhão com prancha","h",5.44]
[5213847,"Painel com seta luminosa montado em chassi de caminhão com prancha e amortecedor retrátil","h",92.72]
[5213845,"Painel de mensagens variáveis, portátil móvel, LED, com banco fotovoltaico de energia e montado em chassi com engate","h",25.07]
[5213412,"Pintura de faixa com plástico a frio bicomponente à base de resinas metacrílicas por dispersão (estrutura)","m²",113.96]
[5213411,"Pintura de faixa com plástico a frio bicomponente à base de resinas metacrílicas por extrusão (alto relevo)","m²",201.89]
[5214009,"Pintura de faixa com plástico a frio bicomponente à base de resinas metacrílicas por extrusão (plano) - espessura de 1,5 mm","m²",113.96]
[5214010,"Pintura de faixa com plástico a frio bicomponente à base de resinas metacrílicas por extrusão (plano) - espessura de 3,0 mm","m²",209.54]
[5213413,"Pintura de faixa com plástico a frio tricomponente à base de resinas metacrílicas por aspersão - espessura de 0,6 mm","m²",{"v":70.2,"d":"70.20"}]
[5213410,"Pintura de faixa com termoplástico em alto relevo tipo I por extrusão - relevo duplo com base","m²",145.29]
[5214004,"Pintura de faixa com termoplástico em alto relevo tipo II por extrusão - relevo simples ranhurado com base","m²",175.44]
[5214005,"Pintura de faixa com termoplástico em alto relevo tipo III por extrusão - relevo simples com base","m²",156.86]
[5214006,"Pintura de faixa com termoplástico em alto relevo tipo IV por extrusão - relevo simples sem base","m²",99.26]
[5214007,"Pintura de faixa com termoplástico em alto relevo tipo V por extrusão - relevo multipontos sem base (gotas)","m²",84.18]
[5214008,"Pintura de faixa com termoplástico em alto relevo tipo VI por extrusão - relevo multipontos sem base (calotas)","m²",82.57]
[5213408,"Pintura de faixa com termoplástico por aspersão - espessura de 1,5 mm","m²",49.09]
[5213400,"Pintura de faixa com tinta acrílica - espessura de 0,4 mm","m²",24.07]
[5213401,"Pintura de faixa com tinta acrílica - espessura de 0,6 mm","m²",33.42]
[5214001,"Pintura de faixa com tinta acrílica emulsionada em água - espessura de 0,3 mm","m²",13.28]
[5213402,"Pintura de faixa com tinta acrílica emulsionada em água - espessura de 0,4 mm","m²",15.84]
[5213403,"Pintura de faixa com tinta acrílica emulsionada em água - espessura de 0,5 mm","m²",18.44]
[5214003,"Pintura de setas e zebrados com termoplástico por aspersão - espessura de 1,5 mm","m²",59.52]
[5213409,"Pintura de setas e zebrados com termoplástico por extrusão - espessura de 3,0 mm","m²",102.67]
[5213404,"Pintura de setas e zebrados com tinta acrílica - espessura de 0,4 mm","m²",37.63]
[5213405,"Pintura de setas e zebrados com tinta acrílica - espessura de 0,6 mm","m²",46.47]
[5214002,"Pintura de setas e zebrados com tinta acrílica emulsionada em água - espessura de 0,3 mm","m²",27.05]
[5213406,"Pintura de setas e zebrados com tinta acrílica emulsionada em água - espessura de 0,4 mm","m²",29.41]
[5213407,"Pintura de setas e zebrados com tinta acrílica emulsionada em água - espessura de 0,5 mm","m²",31.77]
[5212552,"Pintura eletrostática a pó com tinta poliéster em chapa de aço","m²",16.28]
[5213464,"Placa de advertência em aço, lado de 0,60 m - película retrorrefletiva tipo I + SI - fornecimento e implantação","un",253.15]
[5213465,"Placa de advertência em aço, lado de 0,80 m - película retrorrefletiva tipo I + SI - fornecimento e implantação","un",432.94]
[5213466,"Placa de advertência em aço, lado de 1,00 m - película retrorrefletiva tipo I + SI - fornecimento e implantação","un",606.38]
[5213467,"Placa de advertência em aço, lado de 1,20 m - película retrorrefletiva tipo III + SI - fornecimento e implantação","un",965.28]
[5213468,"Placa de advertência em fibra, lado de 0,60 m - película retrorrefletiva tipo I + SI - fornecimento e implantação","un",245.22]
[5213469,"Placa de advertência em fibra, lado de 0,80 m - película retrorrefletiva tipo I + SI - fornecimento e implantação","un",417.82]
[5213470,"Placa de advertência em fibra, lado de 1,00 m - película retrorrefletiva tipo I + SI - fornecimento e implantação","un",584.34]
[5213471,"Placa de advertência em fibra, lado de 1,20 m - película retrorrefletiva tipo III + SI - fornecimento e implantação","un",933.54]
[5212560,"Placa de advertência para sinalização de obras montada em suporte metálico móvel, lado 1,00 m - utilização de 600 ciclos - fornecimento, 01 implantação e 01 retirada diária","un.dia",4.03]
[5213472,"Placa de marco quilométrico em aço - 0,60 x 0,865 m - película retrorrefletiva tipo I + I - fornecimento e implantação","un",299.95]
[5213473,"Placa de marco quilométrico em aço - 0,70 x 1,00 m - película retrorrefletiva tipo I + III - fornecimento e implantação","un",398.82]
[5213474,"Placa de marco quilométrico em fibra - 0,60 x 0,865 m - película retrorrefletiva tipo I + I - fornecimento e implantação","un",286.73]
[5213475,"Placa de marco quilométrico em fibra - 0,70 x 1,00 m - película retrorrefletiva tipo I + III - fornecimento e implantação","un",382.29]
[5213440,"Placa de regulamentação em aço D = 0,60 m - película retrorrefletiva tipo I + SI - fornecimento e implantação","un",253.12]
[5213441,"Placa de regulamentação em aço D = 0,80 m - película retrorrefletiva tipo I + SI - fornecimento e implantação","un",432.97]
[5213442,"Placa de regulamentação em aço D = 1,00 m - película retrorrefletiva tipo I + SI - fornecimento e implantação","un",606.38]
[5213443,"Placa de regulamentação em aço D = 1,20 m - película retrorrefletiva tipo III + SI - fornecimento e implantação","un",965.29]
[5213444,"Placa de regulamentação em aço, R1 lado 0,248 m - película retrorrefletiva tipo I + SI - fornecimento e implantação","un",253.17]
[5213445,"Placa de regulamentação em aço, R1 lado 0,331 m - película retrorrefletiva tipo I + SI - fornecimento e implantação","un",{"v":432.9,"d":"432.90"}]
[5213446,"Placa de regulamentação em aço, R1 lado 0,414 m - película retrorrefletiva tipo I + SI - fornecimento e implantação","un",606.38]
[5213447,"Placa de regulamentação em aço, R1 lado 0,497 m - película retrorrefletiva tipo III + SI - fornecimento e implantação","un",965.35]
[5213448,"Placa de regulamentação em aço, R2 lado 0,60 m - película retrorrefletiva tipo I + SI - fornecimento e implantação","un",174.88]
[5213449,"Placa de regulamentação em aço, R2 lado 0,80 m - película retrorrefletiva tipo I + SI - fornecimento e implantação","un",275.21]
[5213450,"Placa de regulamentação em aço, R2 lado 1,00 m - película retrorrefletiva tipo I + SI - fornecimento e implantação","un",{"v":385.6,"d":"385.60"}]
[5213451,"Placa de regulamentação em aço, R2 lado 1,20 m - película retrorrefletiva tipo III + SI - fornecimento e implantação","un",560.45]
[5213452,"Placa de regulamentação em fibra, D = 0,60 m - película retrorrefletiva tipo I + SI - fornecimento e implantação","un",245.19]
[5213453,"Placa de regulamentação em fibra, D = 0,80 m - película retrorrefletiva tipo I + SI - fornecimento e implantação","un",417.86]
[5213454,"Placa de regulamentação em fibra, D = 1,00 m - película retrorrefletiva tipo I + SI - fornecimento e implantação","un",584.34]
[5213455,"Placa de regulamentação em fibra, D = 1,20 m - película retrorrefletiva tipo III + SI - fornecimento e implantação","un",933.56]
[5213456,"Placa de regulamentação em fibra, R1 lado 0,248 m - película retrorrefletiva tipo I + SI - fornecimento e implantação","un",245.24]
[5213457,"Placa de regulamentação em fibra, R1 lado 0,331 m - película retrorrefletiva tipo I + SI - fornecimento e implantação","un",417.79]
[5213458,"Placa de regulamentação em fibra, R1 lado 0,414 m - película retrorrefletiva tipo I + SI - fornecimento e implantação","un",584.34]
[5213459,"Placa de regulamentação em fibra, R1 lado 0,497 m - película retrorrefletiva tipo III + SI - fornecimento e implantação","un",933.61]
[5213460,"Placa de regulamentação em fibra, R2 lado 0,60 m - película retrorrefletiva tipo I + SI - fornecimento e implantação","un",170.08]
[5213461,"Placa de regulamentação em fibra, R2 lado 0,80 m - película retrorrefletiva tipo I + SI - fornecimento e implantação","un",{"v":266.4,"d":"266.40"}]
[5213462,"Placa de regulamentação em fibra, R2 lado 1,00 m - película retrorrefletiva tipo I + SI - fornecimento e implantação","un",372.37]
[5213463,"Placa de regulamentação em fibra, R2 lado 1,20 m - película retrorrefletiva tipo I + SI - fornecimento e implantação","un",478.35]
[5212557,"Placa de regulamentação para sinalização de obras montada em suporte metálico móvel - D = 1,00 m - utilização de 600 ciclos - fornecimento, 01 implantação e 01 retirada diária","un.dia",3.79]
[5212558,"Placa de regulamentação para sinalização de obras montada em suporte metálico móvel, R1 lado 0,414 m - utilização de 600 ciclos - fornecimento, 01 implantação e 01 retirada diária","un.dia",3.84]
[5212559,"Placa de regulamentação para sinalização de obras montada em suporte metálico móvel, R2 lado 1,00 m - utilização de 600 ciclos - fornecimento, 01 implantação e 01 retirada diária","un.dia",{"v":3.4,"d":"3.40"}]
[5213477,"Placa delineador em aço - 0,30 x 0,90 m - película retrorrefletiva tipo I + IV - fornecimento e implantação","un",163.06]
[5213476,"Placa delineador em aço - 0,50 x 0,60 m - película retrorrefletiva tipo I + IV - fornecimento e implantação","un",175.12]
[5213479,"Placa delineador em fibra - 0,30 x 0,90 m - película retrorrefletiva tipo I + IV - fornecimento e implantação","un",157.11]
[5213478,"Placa delineador em fibra - 0,50 x 0,60 m - película retrorrefletiva tipo I + IV - fornecimento e implantação","un",168.51]
[5213489,"Placa em aço - 2,00 x 1,00 m - película retrorrefletiva tipo I + I - fornecimento e implantação","un",899.99]
[5213498,"Placa em aço - 2,00 x 1,00 m - película retrorrefletiva tipo I + III - fornecimento e implantação","un",999.95]
[5213365,"Placa em aço - 2,00 x 1,00 m - película retrorrefletiva tipo I + X - fornecimento e implantação","un",{"v":1140.87,"d":"1,140.87"}]
[5213507,"Placa em aço - 2,00 x 1,00 m - película retrorrefletiva tipo III + III - fornecimento e implantação","un",{"v":1249.85,"d":"1,249.85"}]
[5213372,"Placa em aço - 2,00 x 1,00 m - película retrorrefletiva tipo III + X - fornecimento e implantação","un",{"v":1390.77,"d":"1,390.77"}]
[5213490,"Placa em aço - 3,00 x 1,50 m - película retrorrefletiva tipo I + I - fornecimento e implantação","un",{"v":1922.87,"d":"1,922.87"}]
[5213499,"Placa em aço - 3,00 x 1,50 m - película retrorrefletiva tipo I + III - fornecimento e implantação","un",{"v":2147.78,"d":"2,147.78"}]
[5213366,"Placa em aço - 3,00 x 1,50 m - película retrorrefletiva tipo I + X - fornecimento e implantação","un",{"v":2464.85,"d":"2,464.85"}]
[5213508,"Placa em aço - 3,00 x 1,50 m - película retrorrefletiva tipo III + III - fornecimento e implantação","un",{"v":2710.05,"d":"2,710.05"}]
[5213373,"Placa em aço - 3,00 x 1,50 m - película retrorrefletiva tipo III + X - fornecimento e implantação","un",{"v":3027.12,"d":"3,027.12"}]
[5213491,"Placa em aço - 3,00 x 2,00 m - película retrorrefletiva tipo I + I - fornecimento e implantação","un",{"v":2536.59,"d":"2,536.59"}]
[5213500,"Placa em aço - 3,00 x 2,00 m - película retrorrefletiva tipo I + III - fornecimento e implantação","un",{"v":2836.47,"d":"2,836.47"}]
[5213369,"Placa em aço - 3,00 x 2,00 m - película retrorrefletiva tipo I + X - fornecimento e implantação","un",{"v":3259.23,"d":"3,259.23"}]
[5213509,"Placa em aço - 3,00 x 2,00 m - película retrorrefletiva tipo III + III - fornecimento e implantação","un",{"v":3586.17,"d":"3,586.17"}]
[5213374,"Placa em aço - 3,00 x 2,00 m - película retrorrefletiva tipo III + X - fornecimento e implantação","un",{"v":4008.93,"d":"4,008.93"}]
[5213492,"Placa em aço - 4,00 x 2,00 m - película retrorrefletiva tipo I + I - fornecimento e implantação","un",{"v":3436.58,"d":"3,436.58"}]
[5213501,"Placa em aço - 4,00 x 2,00 m - película retrorrefletiva tipo I + III - fornecimento e implantação","un",{"v":3836.42,"d":"3,836.42"}]
[5213370,"Placa em aço - 4,00 x 2,00 m - película retrorrefletiva tipo I + X - fornecimento e implantação","un",{"v":4400.1,"d":"4,400.10"}]
[5213510,"Placa em aço - 4,00 x 2,00 m - película retrorrefletiva tipo III + III - fornecimento e implantação","un",{"v":4836.02,"d":"4,836.02"}]
[5213375,"Placa em aço - 4,00 x 2,00 m - película retrorrefletiva tipo III + X - fornecimento e implantação","un",{"v":5399.7,"d":"5,399.70"}]
[5213494,"Placa em aço - 4,00 x 3,00 m - película retrorrefletiva tipo I + I - fornecimento e implantação","un",{"v":5073.18,"d":"5,073.18"}]
[5213503,"Placa em aço - 4,00 x 3,00 m - película retrorrefletiva tipo I + III - fornecimento e implantação","un",{"v":5672.94,"d":"5,672.94"}]
[5213371,"Placa em aço - 4,00 x 3,00 m - película retrorrefletiva tipo I + X - fornecimento e implantação","un",{"v":6518.46,"d":"6,518.46"}]
[5213512,"Placa em aço - 4,00 x 3,00 m - película retrorrefletiva tipo III + III - fornecimento e implantação","un",{"v":7172.34,"d":"7,172.34"}]
[5213376,"Placa em aço - 4,00 x 3,00 m - película retrorrefletiva tipo III + X - fornecimento e implantação","un",{"v":8017.86,"d":"8,017.86"}]
[5213377,"Placa em aço - película I + I - chapa recuperada - fornecimento e implantação","m²",329.69]
[5213570,"Placa em aço - película I + I - fornecimento e implantação","m²",463.61]
[5213378,"Placa em aço - película I + III - chapa recuperada - fornecimento e implantação","m²",379.67]
[5213571,"Placa em aço - película I + III - fornecimento e implantação","m²",513.59]
[5213379,"Placa em aço - película III + III - chapa recuperada - fornecimento e implantação","m²",504.62]
[5213572,"Placa em aço - película III + III - fornecimento e implantação","m²",638.54]
[5212553,"Placa em aço nº 16 galvanizado com película retrorrefletiva tipo I + I - chapa recuperada - confecção","m²",275.23]
[5213416,"Placa em aço nº 16 galvanizado com película retrorrefletiva tipo I + I - confecção","m²",409.15]
[5212554,"Placa em aço nº 16 galvanizado com película retrorrefletiva tipo I + III - chapa recuperada - confecção","m²",325.21]
[5213417,"Placa em aço nº 16 galvanizado com película retrorrefletiva tipo I + III - confecção","m²",459.13]
[5213421,"Placa em aço nº 16 galvanizado com película retrorrefletiva tipo I + IV - confecção","m²",402.21]
[5213414,"Placa em aço nº 16 galvanizado com película retrorrefletiva tipo I + SI - confecção","m²",551.92]
[5213419,"Placa em aço nº 16 galvanizado com película retrorrefletiva tipo I + X - confecção","m²",529.59]
[5212555,"Placa em aço nº 16 galvanizado com película retrorrefletiva tipo III + III - chapa recuperada - confecção","m²",450.16]
[5213418,"Placa em aço nº 16 galvanizado com película retrorrefletiva tipo III + III - confecção","m²",584.08]
[5213415,"Placa em aço nº 16 galvanizado com película retrorrefletiva tipo III + SI - confecção","m²",632.51]
[5213420,"Placa em aço nº 16 galvanizado com película retrorrefletiva tipo III + X - confecção","m²",654.54]
[5213543,"Placa em aço, modulada - 2,00 x 1,00 m - película retrorrefletiva tipo I + I - fornecimento e implantação","un",{"v":1145.35,"d":"1,145.35"}]
[5213552,"Placa em aço, modulada - 2,00 x 1,00 m - película retrorrefletiva tipo I + III - fornecimento e implantação","un",{"v":1245.31,"d":"1,245.31"}]
[5213561,"Placa em aço, modulada - 2,00 x 1,00 m - película retrorrefletiva tipo III + III - fornecimento e implantação","un",{"v":1495.21,"d":"1,495.21"}]
[5213544,"Placa em aço, modulada - 3,00 x 1,50 m - película retrorrefletiva tipo I + I - fornecimento e implantação","un",{"v":2474.93,"d":"2,474.93"}]
[5213553,"Placa em aço, modulada - 3,00 x 1,50 m - película retrorrefletiva tipo I + III - fornecimento e implantação","un",{"v":2699.84,"d":"2,699.84"}]
[5213562,"Placa em aço, modulada - 3,00 x 1,50 m - película retrorrefletiva tipo III + III - fornecimento e implantação","un",{"v":3262.11,"d":"3,262.11"}]
[5213545,"Placa em aço, modulada - 3,00 x 2,00 m - película retrorrefletiva tipo I + I - fornecimento e implantação","un",{"v":3272.67,"d":"3,272.67"}]
[5213554,"Placa em aço, modulada - 3,00 x 2,00 m - película retrorrefletiva tipo I + III - fornecimento e implantação","un",{"v":3572.55,"d":"3,572.55"}]
[5213563,"Placa em aço, modulada - 3,00 x 2,00 m - película retrorrefletiva tipo III + III - fornecimento e implantação","un",{"v":4322.25,"d":"4,322.25"}]
[5213546,"Placa em aço, modulada - 4,00 x 2,00 m - película retrorrefletiva tipo I + I - fornecimento e implantação","un",{"v":4418.02,"d":"4,418.02"}]
[5213555,"Placa em aço, modulada - 4,00 x 2,00 m - película retrorrefletiva tipo I + III - fornecimento e implantação","un",{"v":4817.86,"d":"4,817.86"}]
[5213564,"Placa em aço, modulada - 4,00 x 2,00 m - película retrorrefletiva tipo III + III - fornecimento e implantação","un",{"v":5817.46,"d":"5,817.46"}]
[5213548,"Placa em aço, modulada - 4,00 x 3,00 m - película retrorrefletiva tipo I + I - fornecimento e implantação","un",{"v":6545.34,"d":"6,545.34"}]
[5213557,"Placa em aço, modulada - 4,00 x 3,00 m - película retrorrefletiva tipo I + III - fornecimento e implantação","un",{"v":7145.1,"d":"7,145.10"}]
[5213566,"Placa em aço, modulada - 4,00 x 3,00 m - película retrorrefletiva tipo III + III - fornecimento e implantação","un",{"v":8644.5,"d":"8,644.50"}]
[5213576,"Placa em aço, modulada - acima de 2 m² - película I + I - fornecimento e implantação","m²",586.29]
[5213577,"Placa em aço, modulada - acima de 2 m² - película I + III - fornecimento e implantação","m²",636.27]
[5213578,"Placa em aço, modulada - acima de 2 m² - película III + III - fornecimento e implantação","m²",761.22]
[5213425,"Placa em alumínio composto de 3 mm, modulada, aérea, com película retrorrefletiva tipo I + III - confecção","m²",611.59]
[5213426,"Placa em alumínio composto de 3 mm, modulada, aérea, com película retrorrefletiva tipo III + III - confecção","m²",736.54]
[5213427,"Placa em alumínio composto de 3 mm, modulada, aérea, com película retrorrefletiva tipo III + X - confecção","m²",{"v":807,"d":"807.00"}]
[5213567,"Placa em alumínio composto de 3 mm, modulada, aérea, com película retrorrefletiva tipo X + SI - confecção","m²",883.08]
[5213486,"Placa em alumínio composto, espessura de 3,0 mm, modulada, aérea - película retrorrefletiva tipo I + III - fornecimento e implantação","m²",972.33]
[5213487,"Placa em alumínio composto, espessura de 3,0 mm, modulada, aérea - película retrorrefletiva tipo III + III - fornecimento e implantação","m²",{"v":1097.28,"d":"1,097.28"}]
[5213488,"Placa em alumínio composto, espessura de 3,0 mm, modulada, aérea - película retrorrefletiva tipo III + X - fornecimento e implantação","m²",{"v":1167.74,"d":"1,167.74"}]
[5213568,"Placa em alumínio composto, espessura de 3,0 mm, modulada, aérea - película retrorrefletiva tipo X + SI - fornecimento e implantação","m²",{"v":1243.82,"d":"1,243.82"}]
[5213483,"Placa em alumínio, espessura de 1,5 mm, modulada, aérea - película retrorrefletiva tipo I + III - fornecimento e implantação","m²",{"v":1008.14,"d":"1,008.14"}]
[5213484,"Placa em alumínio, espessura de 1,5 mm, modulada, aérea - película retrorrefletiva tipo III + III - fornecimento e implantação","m²",{"v":1133.09,"d":"1,133.09"}]
[5213485,"Placa em alumínio, espessura de 1,5 mm, modulada, aérea - película retrorrefletiva tipo III + X - fornecimento e implantação","m²",{"v":1203.55,"d":"1,203.55"}]
[5213434,"Placa em alumínio, espessura de 1,5 mm, modulada, aérea, com película retrorrefletiva tipo I + III - confecção","m²",{"v":647.4,"d":"647.40"}]
[5213435,"Placa em alumínio, espessura de 1,5 mm, modulada, aérea, com película retrorrefletiva tipo III + III - confecção","m²",772.35]
[5213436,"Placa em alumínio, espessura de 1,5 mm, modulada, aérea, com película retrorrefletiva tipo III + X - confecção","m²",842.81]
[5213430,"Placa em chapa de poliéster reforçada com fibra de vidro com película retrorrefletiva tipo I + I - confecção","m²",387.11]
[5213431,"Placa em chapa de poliéster reforçada com fibra de vidro com película retrorrefletiva tipo I + III - confecção","m²",437.09]
[5213433,"Placa em chapa de poliéster reforçada com fibra de vidro com película retrorrefletiva tipo I + IV - confecção","m²",380.17]
[5213428,"Placa em chapa de poliéster reforçada com fibra de vidro com película retrorrefletiva tipo I + SI - confecção","m²",529.88]
[5213432,"Placa em chapa de poliéster reforçada com fibra de vidro com película retrorrefletiva tipo III + III - confecção","m²",562.04]
[5213429,"Placa em chapa de poliéster reforçada com fibra de vidro com película retrorrefletiva tipo III + SI - confecção","m²",610.47]
[5213516,"Placa em fibra - 2,00 x 1,00 m - película retrorrefletiva tipo I + I - fornecimento e implantação","un",855.91]
[5213525,"Placa em fibra - 2,00 x 1,00 m - película retrorrefletiva tipo I + III - fornecimento e implantação","un",955.87]
[5213534,"Placa em fibra - 2,00 x 1,00 m - película retrorrefletiva tipo III + III - fornecimento e implantação","un",{"v":1205.77,"d":"1,205.77"}]
[5213517,"Placa em fibra - 3,00 x 1,50 m - película retrorrefletiva tipo I + I - fornecimento e implantação","un",{"v":1823.69,"d":"1,823.69"}]
[5213526,"Placa em fibra - 3,00 x 1,50 m - película retrorrefletiva tipo I + III - fornecimento e implantação","un",{"v":2048.6,"d":"2,048.60"}]
[5213535,"Placa em fibra - 3,00 x 1,50 m - película retrorrefletiva tipo III + III - fornecimento e implantação","un",{"v":2610.87,"d":"2,610.87"}]
[5213518,"Placa em fibra - 3,00 x 2,00 m - película retrorrefletiva tipo I + I - fornecimento e implantação","un",{"v":2404.35,"d":"2,404.35"}]
[5213527,"Placa em fibra - 3,00 x 2,00 m - película retrorrefletiva tipo I + III - fornecimento e implantação","un",{"v":2704.23,"d":"2,704.23"}]
[5213536,"Placa em fibra - 3,00 x 2,00 m - película retrorrefletiva tipo III + III - fornecimento e implantação","un",{"v":3453.93,"d":"3,453.93"}]
[5213519,"Placa em fibra - 4,00 x 2,00 m - película retrorrefletiva tipo I + I - fornecimento e implantação","un",{"v":3260.26,"d":"3,260.26"}]
[5213528,"Placa em fibra - 4,00 x 2,00 m - película retrorrefletiva tipo I + III - fornecimento e implantação","un",{"v":3660.1,"d":"3,660.10"}]
[5213537,"Placa em fibra - 4,00 x 2,00 m - película retrorrefletiva tipo III + III - fornecimento e implantação","un",{"v":4659.7,"d":"4,659.70"}]
[5213521,"Placa em fibra - 4,00 x 3,00 m - película retrorrefletiva tipo I + I - fornecimento e implantação","un",{"v":4808.7,"d":"4,808.70"}]
[5213530,"Placa em fibra - 4,00 x 3,00 m - película retrorrefletiva tipo I + III - fornecimento e implantação","un",{"v":5408.46,"d":"5,408.46"}]
[5213539,"Placa em fibra - 4,00 x 3,00 m - película retrorrefletiva tipo III + III - fornecimento e implantação","un",{"v":6907.86,"d":"6,907.86"}]
[5213573,"Placa em fibra - película I + I - fornecimento e implantação","m²",441.57]
[5213574,"Placa em fibra - película I + III - fornecimento e implantação","m²",491.55]
[5213575,"Placa em fibra - película III + III - fornecimento e implantação","m²",{"v":616.5,"d":"616.50"}]
[5213480,"Placa em fibra, modulada, aérea - película retrorrefletiva tipo I + III - fornecimento e implantação","m²",913.84]
[5213481,"Placa em fibra, modulada, aérea - película retrorrefletiva tipo III + III - fornecimento e implantação","m²",{"v":1038.79,"d":"1,038.79"}]
[5213482,"Placa em fibra, modulada, aérea - película retrorrefletiva tipo III + X - fornecimento e implantação","m²",{"v":1109.25,"d":"1,109.25"}]
[5213422,"Placa modulada em aço nº 18 galvanizado com película retrorrefletiva tipo I + I - confecção","m²",531.83]
[5213423,"Placa modulada em aço nº 18 galvanizado com película retrorrefletiva tipo I + III - confecção","m²",581.81]
[5213424,"Placa modulada em aço nº 18 galvanizado com película retrorrefletiva tipo III + III - confecção","m²",706.76]
[5213437,"Placa modulada em chapa de poliéster reforçada com fibra de vidro, aérea, com película retrorrefletiva tipo I + III - confecção","m²",{"v":553.1,"d":"553.10"}]
[5213438,"Placa modulada em chapa de poliéster reforçada com fibra de vidro, aérea, com película retrorrefletiva tipo III + III - confecção","m²",678.05]
[5213439,"Placa modulada em chapa de poliéster reforçada com fibra de vidro, aérea, com película retrorrefletiva tipo III + X - confecção","m²",748.51]
[5212556,"Placa para sinalização de obras montada em cavalete metálico - 1,00 x 1,00 m - utilização de 600 ciclos - fornecimento, 01 implantação e 01 retirada diária","un.dia",1.99]
[5213649,"Pórtico metálico com vão de 15,9 m, vento de 35 m/s e área de exposição de até 23,85 m² - fornecimento e implantação - areia e brita comerciais","un",{"v":101797.52,"d":"101,797.52"}]
[5213591,"Pórtico metálico com vão de 15,9 m, vento de 35 m/s e área de exposição de até 23,85 m² - fornecimento e implantação - areia extraída e brita produzida","un",{"v":101797.52,"d":"101,797.52"}]
[5213718,"Pórtico metálico com vão de 15,9 m, vento de 40 m/s e área de exposição de até 23,85 m² - fornecimento e implantação - areia e brita comerciais","un",{"v":112602.43,"d":"112,602.43"}]
[5213741,"Pórtico metálico com vão de 15,9 m, vento de 40 m/s e área de exposição de até 23,85 m² - fornecimento e implantação - areia extraída e brita produzida","un",{"v":112602.43,"d":"112,602.43"}]
[5213776,"Pórtico metálico com vão de 15,9 m, vento de 45 m/s e área de exposição de até 23,85 m² - fornecimento e implantação - areia e brita comerciais","un",{"v":123407.35,"d":"123,407.35"}]
[5213799,"Pórtico metálico com vão de 15,9 m, vento de 45 m/s e área de exposição de até 23,85 m² - fornecimento e implantação - areia extraída e brita produzida","un",{"v":123407.35,"d":"123,407.35"}]
[5213363,"Recuperação de chapa em aço para placa de sinalização","m²",37.83]
[5213667,"Remoção da estrutura de pórtico metálico","un",347.48]
[5213683,"Remoção da estrutura de semipórtico duplo metálico","un",246.61]
[5213660,"Remoção da estrutura de semipórtico metálico","un",205.51]
[5213364,"Remoção de placa de sinalização","m²",20.86]
[5213832,"Remoção de sinalização horizontal com maçarico","m²",{"v":4.1,"d":"4.10"}]
[5213830,"Remoção de sinalização horizontal por fresagem","m²",4.76]
[5213831,"Remoção de sinalização horizontal tipo pintura acrílica por jateamento abrasivo úmido com vidro - utilização de 3 vezes","m²",59.26]
[5213849,"Semáforo móvel com 3 lentes D = 200 mm","h",3.54]
[5213636,"Semipórtico duplo metálico com vão de 2 x 8,3 m, vento de 35 m/s e área de exposição de até 2 x 12,45 m² - fornecimento e implantação - areia e brita comerciais","un",{"v":100063.99,"d":"100,063.99"}]
[5213642,"Semipórtico duplo metálico com vão de 2 x 8,3 m, vento de 35 m/s e área de exposição de até 2 x 12,45 m² - fornecimento e implantação - areia extraída e brita produzida","un",{"v":100063.99,"d":"100,063.99"}]
[5213757,"Semipórtico duplo metálico com vão de 2 x 8,3 m, vento de 40 m/s e área de exposição de até 2 x 12,45 m² - fornecimento e implantação - areia e brita comerciais","un",{"v":110900.41,"d":"110,900.41"}]
[5213763,"Semipórtico duplo metálico com vão de 2 x 8,3 m, vento de 40 m/s e área de exposição de até 2 x 12,45 m² - fornecimento e implantação - areia extraída e brita produzida","un",{"v":110900.41,"d":"110,900.41"}]
[5213815,"Semipórtico duplo metálico com vão de 2 x 8,3 m, vento de 45 m/s e área de exposição de até 2 x 12,45 m² - fornecimento e implantação - areia e brita comerciais","un",{"v":121736.82,"d":"121,736.82"}]
[5213821,"Semipórtico duplo metálico com vão de 2 x 8,3 m, vento de 45 m/s e área de exposição de até 2 x 12,45 m² - fornecimento e implantação - areia extraída e brita produzida","un",{"v":121736.82,"d":"121,736.82"}]
[5213630,"Semipórtico metálico com vão de 8,3 m, vento de 35 m/s e área de exposição de até 12,45 m² - fornecimento e implantação - areia e brita comerciais","un",{"v":60063.97,"d":"60,063.97"}]
[5213584,"Semipórtico metálico com vão de 8,3 m, vento de 35 m/s e área de exposição de até 12,45 m² - fornecimento e implantação - areia extraída e brita produzida","un",{"v":60063.97,"d":"60,063.97"}]
[5213711,"Semipórtico metálico com vão de 8,3 m, vento de 40 m/s e área de exposição de até 12,45 m² - fornecimento e implantação - areia e brita comerciais","un",{"v":66657.06,"d":"66,657.06"}]
[5213734,"Semipórtico metálico com vão de 8,3 m, vento de 40 m/s e área de exposição de até 12,45 m² - fornecimento e implantação - areia extraída e brita produzida","un",{"v":66657.06,"d":"66,657.06"}]
[5213769,"Semipórtico metálico com vão de 8,3 m, vento de 45 m/s e área de exposição de até 12,45 m² - fornecimento e implantação - areia e brita comerciais","un",{"v":73069.14,"d":"73,069.14"}]
[5213792,"Semipórtico metálico com vão de 8,3 m, vento de 45 m/s e área de exposição de até 12,45 m² - fornecimento e implantação - areia extraída e brita produzida","un",{"v":73069.14,"d":"73,069.14"}]
[5213844,"Sinalizador direcional móvel, LED, com banco fotovoltaico de energia e montado em chassi com engate","h",3.49]
[5213869,"Suporte duplo metálico galvanizado para placas - 3,00 x 1,50 m - fornecimento e implantação","un",{"v":2383.97,"d":"2,383.97"}]
[5213870,"Suporte duplo metálico galvanizado para placas - 3,00 x 2,00 m - fornecimento e implantação","un",{"v":3268.17,"d":"3,268.17"}]
[5213871,"Suporte duplo metálico galvanizado para placas - 4,00 x 2,00 m - fornecimento e implantação","un",{"v":3345.78,"d":"3,345.78"}]
[5213872,"Suporte duplo metálico galvanizado para placas - 4,00 x 3,00 m - fornecimento e implantação","un",{"v":5282.74,"d":"5,282.74"}]
[5213867,"Suporte metálico galvanizado para marco quilométrico - fornecimento e implantação","un",559.85]
[5213863,"Suporte metálico galvanizado para placa de advertência ou regulamentação - lado ou diâmetro de 0,60 m - fornecimento e implantação","un",{"v":447.4,"d":"447.40"}]
[5213864,"Suporte metálico galvanizado para placa de advertência ou regulamentação - lado ou diâmetro de 0,80 m - fornecimento e implantação","un",476.31]
[5213865,"Suporte metálico galvanizado para placa de advertência ou regulamentação - lado ou diâmetro de 1,00 m - fornecimento e implantação","un",505.41]
[5213866,"Suporte metálico galvanizado para placa de advertência ou regulamentação - lado ou diâmetro de 1,20 m - fornecimento e implantação","un",571.68]
[5213855,"Suporte metálico galvanizado para placa de regulamentação - R1 - lado de 0,248 m - fornecimento e implantação","un",{"v":402.3,"d":"402.30"}]
[5213856,"Suporte metálico galvanizado para placa de regulamentação - R1 - lado de 0,331 m - fornecimento e implantação","un",{"v":417.2,"d":"417.20"}]
[5213857,"Suporte metálico galvanizado para placa de regulamentação - R1 - lado de 0,414 m - fornecimento e implantação","un",431.49]
[5213858,"Suporte metálico galvanizado para placa de regulamentação - R1 - lado de 0,497 m - fornecimento e implantação","un",446.58]
[5213859,"Suporte metálico galvanizado para placa de regulamentação - R2 - lado de 0,60 m - fornecimento e implantação","un",442.42]
[5213860,"Suporte metálico galvanizado para placa de regulamentação - R2 - lado de 0,80 m - fornecimento e implantação","un",457.27]
[5213861,"Suporte metálico galvanizado para placa de regulamentação - R2 - lado de 1,00 m - fornecimento e implantação","un",{"v":485.1,"d":"485.10"}]
[5213862,"Suporte metálico galvanizado para placa de regulamentação - R2 - lado de 1,20 m - fornecimento e implantação","un",551.03]
[5213868,"Suporte metálico galvanizado para placas - 2,00 x 1,00 m - fornecimento e implantação","un",{"v":1102.11,"d":"1,102.11"}]
[5219546,"Suporte metálico móvel para placa de sinalização - confecção","un",332.19]
[5216111,"Suporte para placa de sinalização em madeira de lei tratada 8 x 8 cm - fornecimento e implantação","un",112.75]
[5213351,"Suporte polimérico ecológico maciço colapsível D = 6,5 cm para placa de sinalização - fornecimento e implantação","un",744.52]
[5213350,"Suporte polimérico ecológico maciço colapsível quadrado de 10 cm para placa de sinalização - fornecimento e implantação","un",{"v":1972.18,"d":"1,972.18"}]
[5213352,"Suporte polimérico ecológico maciço colapsível quadrado de 8 cm para placa de sinalização - fornecimento e implantação","un",{"v":1092.85,"d":"1,092.85"}]
[5213353,"Suporte polimérico ecológico maciço colapsível retangular de 7 x 15 cm para placa de sinalização - fornecimento e implantação","un",{"v":3168.12,"d":"3,168.12"}]
[5213360,"Tacha refletiva em plástico injetado - bidirecional tipo I - com um pino - fornecimento e colocação","un",35.33]
[5219605,"Tacha refletiva em plástico injetado - bidirecional tipo I - fornecimento e colocação","un",32.95]
[5219606,"Tacha refletiva em plástico injetado - bidirecional tipo II - com um pino - fornecimento e colocação","un",43.18]
[5219607,"Tacha refletiva em plástico injetado - bidirecional tipo II - fornecimento e colocação","un",35.93]
[5219608,"Tacha refletiva em plástico injetado - bidirecional tipo III - com um pino - fornecimento e colocação","un",43.18]
[5219609,"Tacha refletiva em plástico injetado - bidirecional tipo III - fornecimento e colocação","un",35.93]
[5219610,"Tacha refletiva em plástico injetado - bidirecional tipo IV - com um pino - fornecimento e colocação","un",44.53]
[5219611,"Tacha refletiva em plástico injetado - bidirecional tipo IV - fornecimento e colocação","un",41.91]
[5213359,"Tacha refletiva em plástico injetado - monodirecional tipo I - com um pino - fornecimento e colocação","un",30.96]
[5219612,"Tacha refletiva em plástico injetado - monodirecional tipo I - fornecimento e colocação","un",27.72]
[5219613,"Tacha refletiva em plástico injetado - monodirecional tipo II - com um pino - fornecimento e colocação","un",35.53]
[5219614,"Tacha refletiva em plástico injetado - monodirecional tipo II - fornecimento e colocação","un",33.03]
[5219615,"Tacha refletiva em plástico injetado - monodirecional tipo III - com um pino - fornecimento e colocação","un",36.51]
[5219616,"Tacha refletiva em plástico injetado - monodirecional tipo III - fornecimento e colocação","un",33.59]
[5219617,"Tacha refletiva em plástico injetado - monodirecional tipo IV - com um pino - fornecimento e colocação","un",{"v":43.3,"d":"43.30"}]
[5219618,"Tacha refletiva em plástico injetado - monodirecional tipo IV - fornecimento e colocação","un",40.73]
[5219619,"Tacha refletiva em resina sintética - bidirecional tipo I - com um pino - fornecimento e colocação","un",46.39]
[5219620,"Tacha refletiva em resina sintética - bidirecional tipo I - fornecimento e colocação","un",43.85]
[5219621,"Tacha refletiva em resina sintética - bidirecional tipo II - com um pino - fornecimento e colocação","un",55.62]
[5219622,"Tacha refletiva em resina sintética - bidirecional tipo II - fornecimento e colocação","un",53.13]
[5219623,"Tacha refletiva em resina sintética - bidirecional tipo III - com um pino - fornecimento e colocação","un",60.29]
[5219624,"Tacha refletiva em resina sintética - bidirecional tipo III - fornecimento e colocação","un",57.69]
[5219625,"Tacha refletiva em resina sintética - bidirecional tipo IV - com um pino - fornecimento e colocação","un",60.45]
[5219626,"Tacha refletiva em resina sintética - bidirecional tipo IV - fornecimento e colocação","un",57.69]
[5219627,"Tacha refletiva em resina sintética - monodirecional tipo I - com um pino - fornecimento e colocação","un",43.04]
[5219628,"Tacha refletiva em resina sintética - monodirecional tipo I - fornecimento e colocação","un",{"v":40.4,"d":"40.40"}]
[5219629,"Tacha refletiva em resina sintética - monodirecional tipo II - com um pino - fornecimento e colocação","un",50.15]
[5219630,"Tacha refletiva em resina sintética - monodirecional tipo II - fornecimento e colocação","un",{"v":47.5,"d":"47.50"}]
[5219631,"Tacha refletiva em resina sintética - monodirecional tipo III - com um pino - fornecimento e colocação","un",54.42]
[5219632,"Tacha refletiva em resina sintética - monodirecional tipo III - fornecimento e colocação","un",51.67]
[5219633,"Tacha refletiva em resina sintética - monodirecional tipo IV - com um pino - fornecimento e colocação","un",58.89]
[5219634,"Tacha refletiva em resina sintética - monodirecional tipo IV - fornecimento e colocação","un",56.19]
[5213395,"Tacha refletiva metálica - bidirecional tipo II - com dois pinos - fornecimento e colocação","un",40.43]
[5213394,"Tacha refletiva metálica - bidirecional tipo II - com um pino - fornecimento e colocação","un",35.81]
[5219635,"Tacha refletiva metálica - bidirecional tipo III - com dois pinos - fornecimento e colocação","un",37.04]
[5219636,"Tacha refletiva metálica - bidirecional tipo III - com um pino - fornecimento e colocação","un",31.91]
[5219637,"Tacha refletiva metálica - bidirecional tipo IV - com dois pinos - fornecimento e colocação","un",79.32]
[5219638,"Tacha refletiva metálica - bidirecional tipo IV - com um pino - fornecimento e colocação","un",75.84]
[5213393,"Tacha refletiva metálica - monodirecional tipo II - com dois pinos - fornecimento e colocação","un",35.27]
[5213392,"Tacha refletiva metálica - monodirecional tipo II - com um pino - fornecimento e colocação","un",{"v":29.7,"d":"29.70"}]
[5219639,"Tacha refletiva metálica - monodirecional tipo III - com dois pinos - fornecimento e colocação","un",33.33]
[5219640,"Tacha refletiva metálica - monodirecional tipo III - com um pino - fornecimento e colocação","un",28.22]
[5219641,"Tacha refletiva metálica - monodirecional tipo IV - com dois pinos - fornecimento e colocação","un",70.05]
[5219642,"Tacha refletiva metálica - monodirecional tipo IV - com um pino - fornecimento e colocação","un",66.62]
[5213362,"Tachão refletivo em plástico injetado - bidirecional - fornecimento e colocação","un",97.56]
[5213361,"Tachão refletivo em plástico injetado - monodirecional - fornecimento e colocação","un",95.75]
[5219643,"Tachão refletivo em resina sintética - bidirecional - fornecimento e colocação","un",85.75]
[5219644,"Tachão refletivo em resina sintética - monodirecional - fornecimento e colocação","un",84.21]
[5214000,"Termoplástico pré-formado para sinalização horizontal - espessura de 2 mm - fornecimento e implantação","m²",344.28]
[5301014,"Comboio balizador em deslocamento","km",141.28]
[5300995,"Confecção de corpo de boia flutuante cilíndrico D = 1,10m","un",{"v":2680.59,"d":"2,680.59"}]
[5300996,"Confecção de corpo de boia flutuante cilíndrico D = 1,10m - com lastro","un",{"v":3497.03,"d":"3,497.03"}]
[5300998,"Confecção de corpo de boia flutuante cilíndrico D = 1,42m - boia de amarração","un",{"v":6897.99,"d":"6,897.99"}]
[5300997,"Confecção de corpo de boia flutuante cilíndrico D = 1,43m - com lastro","un",{"v":5729.59,"d":"5,729.59"}]
[5300999,"Confecção de mangrulho H = 0,90m","un",894.62]
[5301000,"Confecção de mangrulho H = 1,50m","un",{"v":1348.51,"d":"1,348.51"}]
[5301001,"Confecção de marca de tope de bombordo","un",644.01]
[5301002,"Confecção de marca de tope de boreste","un",403.62]
[5301003,"Confecção de marca de tope especial","un",396.65]
[5301064,"Fornecimento e implantação de suporte duplo em madeira com travessa para placa de sinalização náutica em margem - altura total de 4,0 m","un",608.98]
[5301046,"Fornecimento e implantação de suporte duplo em madeira com travessa para placa de sinalização náutica em margem - altura total de 4,0 m - com embarcação","un",{"v":1237.15,"d":"1,237.15"}]
[5301065,"Fornecimento e implantação de suporte duplo em madeira com travessa para placa de sinalização náutica em margem - altura total de 5,0 m","un",{"v":1094.97,"d":"1,094.97"}]
[5301047,"Fornecimento e implantação de suporte duplo em madeira com travessa para placa de sinalização náutica em margem - altura total de 5,0 m - com embarcação","un",{"v":2114.7,"d":"2,114.70"}]
[5301066,"Fornecimento e implantação de suporte duplo em madeira com travessa para placa de sinalização náutica em margem - altura total de 5,5 m","un",{"v":1227.81,"d":"1,227.81"}]
[5301048,"Fornecimento e implantação de suporte duplo em madeira com travessa para placa de sinalização náutica em margem - altura total de 5,5 m - com embarcação","un",{"v":2303.98,"d":"2,303.98"}]
[5301040,"Fornecimento e implantação de suporte duplo metálico galvanizado para placa de sinalização náutica em margem - altura total de 4 m - com embarcação","un",{"v":2242.45,"d":"2,242.45"}]
[5301058,"Fornecimento e implantação de suporte duplo metálico galvanizado para placa de sinalização náutica em margem - altura total de 4,0 m","un",{"v":1605.56,"d":"1,605.56"}]
[5301041,"Fornecimento e implantação de suporte duplo metálico galvanizado para placa de sinalização náutica em margem - altura total de 5 m - com embarcação","un",{"v":4985.84,"d":"4,985.84"}]
[5301059,"Fornecimento e implantação de suporte duplo metálico galvanizado para placa de sinalização náutica em margem - altura total de 5,0 m","un",{"v":3941.05,"d":"3,941.05"}]
[5301060,"Fornecimento e implantação de suporte duplo metálico galvanizado para placa de sinalização náutica em margem - altura total de 5,5 m","un",{"v":4363.49,"d":"4,363.49"}]
[5301042,"Fornecimento e implantação de suporte duplo metálico galvanizado para placa de sinalização náutica em margem - altura total de 5,5 m - com embarcação","un",{"v":5466.78,"d":"5,466.78"}]
[5301072,"Fornecimento e implantação de suporte duplo polimérico ecológico maciço quadrado de 10 cm para placa de sinalização náutica em margem - altura total de 5,5 m","un",{"v":5540.09,"d":"5,540.09"}]
[5301054,"Fornecimento e implantação de suporte duplo polimérico ecológico maciço quadrado de 10 cm para placa de sinalização náutica em margem - altura total de 5,5 m - com embarcação","un",{"v":6072.7,"d":"6,072.70"}]
[5301070,"Fornecimento e implantação de suporte duplo polimérico ecológico maciço quadrado de 8 cm para placa de sinalização náutica em margem - altura total de 4,0 m","un",{"v":2524.84,"d":"2,524.84"}]
[5301052,"Fornecimento e implantação de suporte duplo polimérico ecológico maciço quadrado de 8 cm para placa de sinalização náutica em margem - altura total de 4,0 m - com embarcação","un",{"v":3034.59,"d":"3,034.59"}]
[5301071,"Fornecimento e implantação de suporte duplo polimérico ecológico maciço quadrado de 8 cm para placa de sinalização náutica em margem - altura total de 5,0 m","un",{"v":3355.42,"d":"3,355.42"}]
[5301053,"Fornecimento e implantação de suporte duplo polimérico ecológico maciço quadrado de 8 cm para placa de sinalização náutica em margem - altura total de 5,0 m - com embarcação","un",{"v":3865.56,"d":"3,865.56"}]
[5301061,"Fornecimento e implantação de suporte simples em madeira com travessa para placa de sinalização náutica em margem - altura total de 4 m","un",183.17]
[5301043,"Fornecimento e implantação de suporte simples em madeira com travessa para placa de sinalização náutica em margem - altura total de 4 m - com embarcação","un",686.14]
[5301062,"Fornecimento e implantação de suporte simples em madeira com travessa para placa de sinalização náutica em margem - altura total de 5 m","un",316.82]
[5301044,"Fornecimento e implantação de suporte simples em madeira com travessa para placa de sinalização náutica em margem - altura total de 5 m - com embarcação","un",{"v":1025.11,"d":"1,025.11"}]
[5301063,"Fornecimento e implantação de suporte simples em madeira com travessa para placa de sinalização náutica em margem - altura total de 5,5 m","un",368.35]
[5301045,"Fornecimento e implantação de suporte simples em madeira com travessa para placa de sinalização náutica em margem - altura total de 5,5 m - com embarcação","un",{"v":1125.57,"d":"1,125.57"}]
[5301037,"Fornecimento e implantação de suporte simples metálico galvanizado para placa de sinalização náutica em margem - altura total de 4 m - com embarcação","un",{"v":1176.3,"d":"1,176.30"}]
[5301055,"Fornecimento e implantação de suporte simples metálico galvanizado para placa de sinalização náutica em margem - altura total de 4,0 m","un",668.85]
[5301038,"Fornecimento e implantação de suporte simples metálico galvanizado para placa de sinalização náutica em margem - altura total de 5 m - com embarcação","un",{"v":2435.06,"d":"2,435.06"}]
[5301056,"Fornecimento e implantação de suporte simples metálico galvanizado para placa de sinalização náutica em margem - altura total de 5,0 m","un",{"v":1713.79,"d":"1,713.79"}]
[5301057,"Fornecimento e implantação de suporte simples metálico galvanizado para placa de sinalização náutica em margem - altura total de 5,5 m","un",{"v":1906.85,"d":"1,906.85"}]
[5301039,"Fornecimento e implantação de suporte simples metálico galvanizado para placa de sinalização náutica em margem - altura total de 5,5 m - com embarcação","un",{"v":2678.82,"d":"2,678.82"}]
[5301069,"Fornecimento e implantação de suporte simples polimérico ecológico maciço quadrado de 10 cm para placa de sinalização náutica em margem - altura total de 5,5 m","un",{"v":2512.56,"d":"2,512.56"}]
[5301051,"Fornecimento e implantação de suporte simples polimérico ecológico maciço quadrado de 10 cm para placa de sinalização náutica em margem - altura total de 5,5 m - com embarcação","un",{"v":2952.63,"d":"2,952.63"}]
[5301067,"Fornecimento e implantação de suporte simples polimérico ecológico maciço quadrado de 8 cm para placa de sinalização náutica em margem - altura total de 4 m","un",{"v":1139.61,"d":"1,139.61"}]
[5301049,"Fornecimento e implantação de suporte simples polimérico ecológico maciço quadrado de 8 cm para placa de sinalização náutica em margem - altura total de 4 m - com embarcação","un",{"v":1578.79,"d":"1,578.79"}]
[5301068,"Fornecimento e implantação de suporte simples polimérico ecológico maciço quadrado de 8 cm para placa de sinalização náutica em margem - altura total de 5 m","un",{"v":1442.2,"d":"1,442.20"}]
[5301050,"Fornecimento e implantação de suporte simples polimérico ecológico maciço quadrado de 8 cm para placa de sinalização náutica em margem - altura total de 5 m - com embarcação","un",{"v":1881.57,"d":"1,881.57"}]
[5301022,"Fornecimento e instalação de conjunto de acessórios para sistema de fundeio de boia de amarração náutica com 4 manilhas","un",976.51]
[5301021,"Fornecimento e instalação de conjunto de acessórios para sistema de fundeio de boia de sinalização náutica com 7 manilhas","un",620.49]
[5301020,"Fornecimento e instalação de corrente 1\" para sistema de fundeio de boia de sinalização náutica","m",338.92]
[5301018,"Fornecimento e instalação de corrente 1/2\" para sistema de fundeio de boia de sinalização náutica","m",95.37]
[5301019,"Fornecimento e instalação de corrente 3/4\" para sistema de fundeio de boia de sinalização náutica","m",218.74]
[5301077,"Fornecimento e instalação de lanterna de sinalização náutica com alcance luminoso de 2 MN em obra de arte especial - com embarcação","un",{"v":5171.63,"d":"5,171.63"}]
[5301078,"Fornecimento e instalação de lanterna de sinalização náutica com alcance luminoso de 3 MN em obra de arte especial - com embarcação","un",{"v":5828.04,"d":"5,828.04"}]
[5301079,"Fornecimento e instalação de lanterna de sinalização náutica com alcance luminoso de 4 MN em obra de arte especial - com embarcação","un",{"v":8301.44,"d":"8,301.44"}]
[5301080,"Fornecimento e instalação de lanterna de sinalização náutica com alcance luminoso de 5 MN em obra de arte especial - com embarcação","un",{"v":9935.89,"d":"9,935.89"}]
[5301081,"Fornecimento e instalação de lanterna de sinalização náutica com alcance luminoso de 8 MN em obra de arte especial - com embarcação","un",{"v":11758.69,"d":"11,758.69"}]
[5301023,"Fornecimento e instalação de suporte e lanterna de sinalização náutica com alcance luminoso de 2 MN em boia","un",{"v":4023.16,"d":"4,023.16"}]
[5301024,"Fornecimento e instalação de suporte e lanterna de sinalização náutica com alcance luminoso de 3 MN em boia","un",{"v":4679.56,"d":"4,679.56"}]
[5301025,"Fornecimento e instalação de suporte e lanterna de sinalização náutica com alcance luminoso de 4 MN em boia","un",{"v":7152.96,"d":"7,152.96"}]
[5301026,"Fornecimento e instalação de suporte e lanterna de sinalização náutica com alcance luminoso de 5 MN em boia","un",{"v":8787.42,"d":"8,787.42"}]
[5301027,"Fornecimento e instalação de suporte e lanterna de sinalização náutica com alcance luminoso de 8 MN em boia","un",{"v":10610.21,"d":"10,610.21"}]
[5301028,"Fornecimento e substituição de lanterna de sinalização náutica com alcance luminoso de 2 MN em boia","un",{"v":3964.55,"d":"3,964.55"}]
[5301082,"Fornecimento e substituição de lanterna de sinalização náutica com alcance luminoso de 2 MN em obra de arte especial - com embarcação","un",{"v":5025.3,"d":"5,025.30"}]
[5301029,"Fornecimento e substituição de lanterna de sinalização náutica com alcance luminoso de 3 MN em boia","un",{"v":4620.95,"d":"4,620.95"}]
[5301083,"Fornecimento e substituição de lanterna de sinalização náutica com alcance luminoso de 3 MN em obra de arte especial - com embarcação","un",{"v":5681.7,"d":"5,681.70"}]
[5301030,"Fornecimento e substituição de lanterna de sinalização náutica com alcance luminoso de 4 MN em boia","un",{"v":7094.35,"d":"7,094.35"}]
[5301084,"Fornecimento e substituição de lanterna de sinalização náutica com alcance luminoso de 4 MN em obra de arte especial - com embarcação","un",{"v":8155.1,"d":"8,155.10"}]
[5301031,"Fornecimento e substituição de lanterna de sinalização náutica com alcance luminoso de 5 MN em boia","un",{"v":8728.81,"d":"8,728.81"}]
[5301085,"Fornecimento e substituição de lanterna de sinalização náutica com alcance luminoso de 5 MN em obra de arte especial - com embarcação","un",{"v":9789.56,"d":"9,789.56"}]
[5301032,"Fornecimento e substituição de lanterna de sinalização náutica com alcance luminoso de 8 MN em boia","un",{"v":10551.61,"d":"10,551.61"}]
[5301086,"Fornecimento e substituição de lanterna de sinalização náutica com alcance luminoso de 8 MN em obra de arte especial - com embarcação","un",{"v":11612.35,"d":"11,612.35"}]
[5301033,"Implantação de placa de sinalização náutica em margem - equipamentos e mão de obra","un",75.48]
[5301034,"Implantação de placa de sinalização náutica em margem - equipamentos e mão de obra - com embarcação","un",562.55]
[5301073,"Implantação de placa de sinalização náutica em obra de arte especial - equipamentos e mão de obra","un",463.07]
[5301074,"Implantação de placa de sinalização náutica em obra de arte especial - equipamentos e mão de obra - com embarcação","un",{"v":1610.81,"d":"1,610.81"}]
[5301015,"Lançamento de boia de sinalização náutica com sistema de fundeio - equipamentos e mão de obra","un",{"v":1034.52,"d":"1,034.52"}]
[5300992,"Pintura com epóxi óxido de ferro em chapa metálica com pistola a ar comprimido, uma demão, espessura de 35 µm","m²",15.55]
[5300994,"Pintura com esmalte poliuretano de dois componentes em chapa metálica com pistola a ar comprimido, uma demão, espessura de 35 µm","m²",14.69]
[5300993,"Pintura com fundo fosfatizante, uma demão, em chapa de alumínio com pistola a ar comprimido","m²",9.95]
[5301088,"Poita de concreto com 1.000 kg para boia de sinalização náutica","un",{"v":348.9,"d":"348.90"}]
[5301004,"Poita de concreto com 1.500 kg para boia de sinalização náutica","un",496.49]
[5301087,"Poita de concreto com 500 kg para boia de sinalização náutica","un",205.14]
[5301005,"Reforma de corpo de boia flutuante cilíndrico D = 1,10m","un",{"v":420.8,"d":"420.80"}]
[5301006,"Reforma de corpo de boia flutuante cilíndrico D = 1,10m - com lastro","un",519.19]
[5301008,"Reforma de corpo de boia flutuante cilíndrico D = 1,42m - boia de amarração","un",939.34]
[5301007,"Reforma de corpo de boia flutuante cilíndrico D = 1,43m - com lastro","un",857.75]
[5301009,"Reforma de mangrulho H = 0,90m","un",262.47]
[5301010,"Reforma de mangrulho H = 1,50m","un",399.55]
[5301011,"Reforma de marca de tope de bombordo","un",329.17]
[5301012,"Reforma de marca de tope de boreste","un",231.73]
[5301013,"Reforma de marca de tope especial","un",198.76]
[5301016,"Substituição de boia de sinalização náutica com sistema de fundeio - equipamentos e mão de obra","un",{"v":1710.23,"d":"1,710.23"}]
[5301017,"Substituição de boia de sinalização náutica sem sistema de fundeio - equipamentos e mão de obra","un",{"v":1251.95,"d":"1,251.95"}]
[5301035,"Substituição de placa de sinalização náutica em margem - equipamentos e mão de obra","un",108.92]
[5301036,"Substituição de placa de sinalização náutica em margem - equipamentos e mão de obra - com embarcação","un",{"v":1125.12,"d":"1,125.12"}]
[5301075,"Substituição de placa de sinalização náutica em obra de arte especial - equipamentos e mão de obra","un",529.21]
[5301076,"Substituição de placa de sinalização náutica em obra de arte especial - equipamentos e mão de obra - com embarcação","un",{"v":1775.57,"d":"1,775.57"}]
[5405977,"Aterro compactado em solo reforçado com fita metálica galvanizada - taxa 1,65 kg/m³ - material de jazida","m³",37.58]
[5406044,"Aterro compactado em solo reforçado com fita metálica galvanizada - taxa 12,40 kg/m³ - material de jazida","m³",211.61]
[5406045,"Aterro compactado em solo reforçado com fita metálica galvanizada - taxa 13,23 kg/m³ - material de jazida","m³",225.04]
[5406046,"Aterro compactado em solo reforçado com fita metálica galvanizada - taxa 14,88 kg/m³ - material de jazida","m³",251.75]
[5406047,"Aterro compactado em solo reforçado com fita metálica galvanizada - taxa 19,84 kg/m³ - material de jazida","m³",332.05]
[5405978,"Aterro compactado em solo reforçado com fita metálica galvanizada - taxa 3,31 kg/m³ - material de jazida","m³",64.45]
[5405982,"Aterro compactado em solo reforçado com fita metálica galvanizada - taxa 4,13 kg/m³ - material de jazida","m³",77.73]
[5405983,"Aterro compactado em solo reforçado com fita metálica galvanizada - taxa 4,96 kg/m³ - material de jazida","m³",91.16]
[5405984,"Aterro compactado em solo reforçado com fita metálica galvanizada - taxa 6,61 kg/m³ - material de jazida","m³",117.87]
[5405985,"Aterro compactado em solo reforçado com fita metálica galvanizada - taxa 8,27 kg/m³ - material de jazida","m³",144.75]
[5406043,"Aterro compactado em solo reforçado com fita metálica galvanizada - taxa 9,92 kg/m³ - material de jazida","m³",171.46]
[5405975,"Escoramento da primeira linha de escamas de concreto armado em solo reforçado com fita metálica – utilização de 3 vezes - confecção, instalação e retirada","m²",38.28]
[5405970,"Fabricação de escama de concreto armado para solo reforçado com fita metálica - 2 a 5 ligações - areia e brita comerciais","m³",{"v":1491.52,"d":"1,491.52"}]
[5405972,"Fabricação de escama de concreto armado para solo reforçado com fita metálica - 2 a 5 ligações - areia extraída e brita produzida","m³",{"v":1353.36,"d":"1,353.36"}]
[5405971,"Fabricação de escama de concreto armado para solo reforçado com fita metálica - 6 a 8 ligações - areia e brita comerciais","m³",{"v":1687.38,"d":"1,687.38"}]
[5405973,"Fabricação de escama de concreto armado para solo reforçado com fita metálica - 6 a 8 ligações - areia extraída e brita produzida","m³",{"v":1549.22,"d":"1,549.22"}]
[5405986,"Moldes metálicos para escama de concreto armado para solo reforçado com fita metálica - formato cruciforme de 1,50 x 1,50 m - utilização de 100 vezes","m²",9.62]
[5405976,"Montagem das escamas de concreto armado em solo reforçado com fita metálica","m²",{"v":132,"d":"132.00"}]
[5406023,"Muro de escama de concreto armado em solo reforçado com fita metálica com altura até 4 m - tipo 1 - areia e brita comerciais","m²",362.35]
[5406033,"Muro de escama de concreto armado em solo reforçado com fita metálica com altura até 4 m - tipo 1 - areia extraída e brita produzida","m²",{"v":343,"d":"343.00"}]
[5406024,"Muro de escama de concreto armado em solo reforçado com fita metálica com altura até 4 m - tipo 2 - areia e brita comerciais","m²",389.77]
[5406034,"Muro de escama de concreto armado em solo reforçado com fita metálica com altura até 4 m - tipo 2 - areia extraída e brita produzida","m²",370.42]
[5406031,"Muro de escama de concreto armado em solo reforçado com fita metálica com altura de 10,0 a 12 m - tipo 1 - areia e brita comerciais","m²",344.73]
[5406041,"Muro de escama de concreto armado em solo reforçado com fita metálica com altura de 10,0 a 12 m - tipo 1 - areia extraída e brita produzida","m²",325.39]
[5406032,"Muro de escama de concreto armado em solo reforçado com fita metálica com altura de 10,0 a 12 m - tipo 2 - areia e brita comerciais","m²",372.15]
[5406042,"Muro de escama de concreto armado em solo reforçado com fita metálica com altura de 10,0 a 12 m - tipo 2 - areia extraída e brita produzida","m²",352.81]
[5406025,"Muro de escama de concreto armado em solo reforçado com fita metálica com altura de 4,0 a 6 m - tipo 1 - areia e brita comerciais","m²",349.43]
[5406035,"Muro de escama de concreto armado em solo reforçado com fita metálica com altura de 4,0 a 6 m - tipo 1 - areia extraída e brita produzida","m²",330.08]
[5406026,"Muro de escama de concreto armado em solo reforçado com fita metálica com altura de 4,0 a 6 m - tipo 2 - areia e brita comerciais","m²",376.85]
[5406036,"Muro de escama de concreto armado em solo reforçado com fita metálica com altura de 4,0 a 6 m - tipo 2 - areia extraída e brita produzida","m²",{"v":357.5,"d":"357.50"}]
[5406027,"Muro de escama de concreto armado em solo reforçado com fita metálica com altura de 6,0 a 8 m - tipo 1 - areia e brita comerciais","m²",346.96]
[5406037,"Muro de escama de concreto armado em solo reforçado com fita metálica com altura de 6,0 a 8 m - tipo 1 - areia extraída e brita produzida","m²",327.62]
[5406028,"Muro de escama de concreto armado em solo reforçado com fita metálica com altura de 6,0 a 8 m - tipo 2 - areia e brita comerciais","m²",374.39]
[5406038,"Muro de escama de concreto armado em solo reforçado com fita metálica com altura de 6,0 a 8 m - tipo 2 - areia extraída e brita produzida","m²",355.04]
[5406029,"Muro de escama de concreto armado em solo reforçado com fita metálica com altura de 8,0 a 10 m - tipo 1 - areia e brita comerciais","m²",{"v":345.6,"d":"345.60"}]
[5406039,"Muro de escama de concreto armado em solo reforçado com fita metálica com altura de 8,0 a 10 m - tipo 1 - areia extraída e brita produzida","m²",326.26]
[5406030,"Muro de escama de concreto armado em solo reforçado com fita metálica com altura de 8,0 a 10 m - tipo 2 - areia e brita comerciais","m²",373.02]
[5406040,"Muro de escama de concreto armado em solo reforçado com fita metálica com altura de 8,0 a 10 m - tipo 2 - areia extraída e brita produzida","m²",353.68]
[5405987,"Travador de madeira para escama de concreto armado - utilização de 10 vezes","un",9.99]
[5405979,"Travamento e nivelamento de escama de concreto armado em solo reforçado com fita metálica","m²",17.66]
[5502806,"Camada drenante com conformação de trator de esteira - areia comercial","m³",121.27]
[5502807,"Camada drenante com conformação de trator de esteira - areia extraída","m³",15.24]
[5503041,"Compactação de aterros a 100% do Proctor intermediário","m³",8.77]
[5502978,"Compactação de aterros a 100% do Proctor normal","m³",5.06]
[5502822,"Compactação de camada final de aterro de rocha","m³",39.25]
[5502979,"Construção de corpo de aterro com material de 3ª categoria oriundo de corte","m³",16.71]
[5501700,"Desmatamento, destocamento e limpeza de área com árvores de diâmetro até 0,15 m","m²",0.53]
[5500991,"Desmonte de blocos de rocha com martelete pneumático","m³",160.54]
[5515739,"Desmonte de matacões ou bloco de rocha por meio de explosivos","m³",42.49]
[5505766,"Desmonte de material de 3ª categoria a frio com argamassa expansiva a céu aberto","m³",341.91]
[5501701,"Destocamento de árvores com diâmetro de 0,15 a 0,30 m","un",39.23]
[5501702,"Destocamento de árvores com diâmetro maior que 0,30 m","un",98.07]
[5502972,"Escavação de vala em material de 3ª categoria - resistência à compressão acima de 110 MPa - com escavadeira e rompedor hidráulico 1.700 kg","m³",198.75]
[5502968,"Escavação de vala em material de 3ª categoria - resistência à compressão até 50 MPa - com escavadeira e rompedor hidráulico 1.700 kg","m³",22.42]
[5502969,"Escavação de vala em material de 3ª categoria - resistência à compressão de 50 a 70 MPa - com escavadeira e rompedor hidráulico 1.700 kg","m³",28.28]
[5502970,"Escavação de vala em material de 3ª categoria - resistência à compressão de 70 a 90 MPa - com escavadeira e rompedor hidráulico 1.700 kg","m³",51.81]
[5502971,"Escavação de vala em material de 3ª categoria - resistência à compressão de 90 a 110 MPa - com escavadeira e rompedor hidráulico 1.700 kg","m³",96.46]
[5502663,"Escavação e transporte de material de 3ª categoria - DMT de 0 a 50 m","m³",32.19]
[5502993,"Escavação em material de 3ª categoria","m³",23.72]
[5502967,"Escavação em material de 3ª categoria - resistência à compressão acima de 110 MPa - com escavadeira e rompedor hidráulico 1.700 kg","m³",109.98]
[5502963,"Escavação em material de 3ª categoria - resistência à compressão até 50 MPa - com escavadeira e rompedor hidráulico 1.700 kg","m³",13.42]
[5502964,"Escavação em material de 3ª categoria - resistência à compressão de 50 a 70 MPa - com escavadeira e rompedor hidráulico 1.700 kg","m³",16.81]
[5502965,"Escavação em material de 3ª categoria - resistência à compressão de 70 a 90 MPa - com escavadeira e rompedor hidráulico 1.700 kg","m³",30.26]
[5502966,"Escavação em material de 3ª categoria - resistência à compressão de 90 a 110 MPa - com escavadeira e rompedor hidráulico 1.700 kg","m³",55.49]
[5501706,"Escavação mecânica com retroescavadeira em material de 1ª categoria","m³",6.81]
[5501880,"Escavação, carga e transporte de material de 1ª categoria - DMT de 1.000 a 1.200 m - caminho de serviço em leito natural - com carregadeira e caminhão basculante de 14 m³","m³",11.99]
[5502114,"Escavação, carga e transporte de material de 1ª categoria - DMT de 1.000 a 1.200 m - caminho de serviço em leito natural - com escavadeira e caminhão basculante de 14 m³","m³",7.95]
[5501906,"Escavação, carga e transporte de material de 1ª categoria - DMT de 1.000 a 1.200 m - caminho de serviço em revestimento primário - com carregadeira e caminhão basculante de 14 m³","m³",10.73]
[5502140,"Escavação, carga e transporte de material de 1ª categoria - DMT de 1.000 a 1.200 m - caminho de serviço em revestimento primário - com escavadeira e caminhão basculante de 14 m³","m³",6.68]
[5501932,"Escavação, carga e transporte de material de 1ª categoria - DMT de 1.000 a 1.200 m - caminho de serviço pavimentado - com carregadeira e caminhão basculante de 14 m³","m³",10.73]
[5502166,"Escavação, carga e transporte de material de 1ª categoria - DMT de 1.000 a 1.200 m - caminho de serviço pavimentado - com escavadeira e caminhão basculante de 14 m³","m³",7.09]
[5501881,"Escavação, carga e transporte de material de 1ª categoria - DMT de 1.200 a 1.400 m - caminho de serviço em leito natural - com carregadeira e caminhão basculante de 14 m³","m³",12.26]
[5502115,"Escavação, carga e transporte de material de 1ª categoria - DMT de 1.200 a 1.400 m - caminho de serviço em leito natural - com escavadeira e caminhão basculante de 14 m³","m³",8.63]
[5501907,"Escavação, carga e transporte de material de 1ª categoria - DMT de 1.200 a 1.400 m - caminho de serviço em revestimento primário - com carregadeira e caminhão basculante de 14 m³","m³",10.91]
[5502141,"Escavação, carga e transporte de material de 1ª categoria - DMT de 1.200 a 1.400 m - caminho de serviço em revestimento primário - com escavadeira e caminhão basculante de 14 m³","m³",7.23]
[5501933,"Escavação, carga e transporte de material de 1ª categoria - DMT de 1.200 a 1.400 m - caminho de serviço pavimentado - com carregadeira e caminhão basculante de 14 m³","m³",10.91]
[5502167,"Escavação, carga e transporte de material de 1ª categoria - DMT de 1.200 a 1.400 m - caminho de serviço pavimentado - com escavadeira e caminhão basculante de 14 m³","m³",7.23]
[5501882,"Escavação, carga e transporte de material de 1ª categoria - DMT de 1.400 a 1.600 m - caminho de serviço em leito natural - com carregadeira e caminhão basculante de 14 m³","m³",12.53]
[5502116,"Escavação, carga e transporte de material de 1ª categoria - DMT de 1.400 a 1.600 m - caminho de serviço em leito natural - com escavadeira e caminhão basculante de 14 m³","m³",8.86]
[5501908,"Escavação, carga e transporte de material de 1ª categoria - DMT de 1.400 a 1.600 m - caminho de serviço em revestimento primário - com carregadeira e caminhão basculante de 14 m³","m³",11.09]
[5502142,"Escavação, carga e transporte de material de 1ª categoria - DMT de 1.400 a 1.600 m - caminho de serviço em revestimento primário - com escavadeira e caminhão basculante de 14 m³","m³",7.42]
[5501934,"Escavação, carga e transporte de material de 1ª categoria - DMT de 1.400 a 1.600 m - caminho de serviço pavimentado - com carregadeira e caminhão basculante de 14 m³","m³",11.04]
[5502168,"Escavação, carga e transporte de material de 1ª categoria - DMT de 1.400 a 1.600 m - caminho de serviço pavimentado - com escavadeira e caminhão basculante de 14 m³","m³",7.38]
[5501883,"Escavação, carga e transporte de material de 1ª categoria - DMT de 1.600 a 1.800 m - caminho de serviço em leito natural - com carregadeira e caminhão basculante de 14 m³","m³",{"v":12.8,"d":"12.80"}]
[5502117,"Escavação, carga e transporte de material de 1ª categoria - DMT de 1.600 a 1.800 m - caminho de serviço em leito natural - com escavadeira e caminhão basculante de 14 m³","m³",9.15]
[5501909,"Escavação, carga e transporte de material de 1ª categoria - DMT de 1.600 a 1.800 m - caminho de serviço em revestimento primário - com carregadeira e caminhão basculante de 14 m³","m³",11.27]
[5502143,"Escavação, carga e transporte de material de 1ª categoria - DMT de 1.600 a 1.800 m - caminho de serviço em revestimento primário - com escavadeira e caminhão basculante de 14 m³","m³",7.62]
[5501935,"Escavação, carga e transporte de material de 1ª categoria - DMT de 1.600 a 1.800 m - caminho de serviço pavimentado - com carregadeira e caminhão basculante de 14 m³","m³",11.22]
[5502169,"Escavação, carga e transporte de material de 1ª categoria - DMT de 1.600 a 1.800 m - caminho de serviço pavimentado - com escavadeira e caminhão basculante de 14 m³","m³",7.57]
[5501884,"Escavação, carga e transporte de material de 1ª categoria - DMT de 1.800 a 2.000 m - caminho de serviço em leito natural - com carregadeira e caminhão basculante de 14 m³","m³",13.44]
[5502118,"Escavação, carga e transporte de material de 1ª categoria - DMT de 1.800 a 2.000 m - caminho de serviço em leito natural - com escavadeira e caminhão basculante de 14 m³","m³",9.43]
[5501910,"Escavação, carga e transporte de material de 1ª categoria - DMT de 1.800 a 2.000 m - caminho de serviço em revestimento primário - com carregadeira e caminhão basculante de 14 m³","m³",11.45]
[5502144,"Escavação, carga e transporte de material de 1ª categoria - DMT de 1.800 a 2.000 m - caminho de serviço em revestimento primário - com escavadeira e caminhão basculante de 14 m³","m³",7.76]
[5501936,"Escavação, carga e transporte de material de 1ª categoria - DMT de 1.800 a 2.000 m - caminho de serviço pavimentado - com carregadeira e caminhão basculante de 14 m³","m³",11.36]
[5502170,"Escavação, carga e transporte de material de 1ª categoria - DMT de 1.800 a 2.000 m - caminho de serviço pavimentado - com escavadeira e caminhão basculante de 14 m³","m³",7.71]
[5501885,"Escavação, carga e transporte de material de 1ª categoria - DMT de 2.000 a 2.500 m - caminho de serviço em leito natural - com carregadeira e caminhão basculante de 14 m³","m³",13.94]
[5502119,"Escavação, carga e transporte de material de 1ª categoria - DMT de 2.000 a 2.500 m - caminho de serviço em leito natural - com escavadeira e caminhão basculante de 14 m³","m³",10.31]
[5501911,"Escavação, carga e transporte de material de 1ª categoria - DMT de 2.000 a 2.500 m - caminho de serviço em revestimento primário - com carregadeira e caminhão basculante de 14 m³","m³",{"v":12.1,"d":"12.10"}]
[5502145,"Escavação, carga e transporte de material de 1ª categoria - DMT de 2.000 a 2.500 m - caminho de serviço em revestimento primário - com escavadeira e caminhão basculante de 14 m³","m³",8.09]
[5501937,"Escavação, carga e transporte de material de 1ª categoria - DMT de 2.000 a 2.500 m - caminho de serviço pavimentado - com carregadeira e caminhão basculante de 14 m³","m³",12.05]
[5502171,"Escavação, carga e transporte de material de 1ª categoria - DMT de 2.000 a 2.500 m - caminho de serviço pavimentado - com escavadeira e caminhão basculante de 14 m³","m³",{"v":8,"d":"8.00"}]
[5501886,"Escavação, carga e transporte de material de 1ª categoria - DMT de 2.500 a 3.000 m - caminho de serviço em leito natural - com carregadeira e caminhão basculante de 14 m³","m³",15.05]
[5502120,"Escavação, carga e transporte de material de 1ª categoria - DMT de 2.500 a 3.000 m - caminho de serviço em leito natural - com escavadeira e caminhão basculante de 14 m³","m³",11.43]
[5501912,"Escavação, carga e transporte de material de 1ª categoria - DMT de 2.500 a 3.000 m - caminho de serviço em revestimento primário - com carregadeira e caminhão basculante de 14 m³","m³",12.59]
[5502146,"Escavação, carga e transporte de material de 1ª categoria - DMT de 2.500 a 3.000 m - caminho de serviço em revestimento primário - com escavadeira e caminhão basculante de 14 m³","m³",8.98]
[5501938,"Escavação, carga e transporte de material de 1ª categoria - DMT de 2.500 a 3.000 m - caminho de serviço pavimentado - com carregadeira e caminhão basculante de 14 m³","m³",12.48]
[5502172,"Escavação, carga e transporte de material de 1ª categoria - DMT de 2.500 a 3.000 m - caminho de serviço pavimentado - com escavadeira e caminhão basculante de 14 m³","m³",8.86]
[5501876,"Escavação, carga e transporte de material de 1ª categoria - DMT de 200 a 400 m - caminho de serviço em leito natural - com carregadeira e caminhão basculante de 14 m³","m³",9.98]
[5502110,"Escavação, carga e transporte de material de 1ª categoria - DMT de 200 a 400 m - caminho de serviço em leito natural - com escavadeira e caminhão basculante de 14 m³","m³",6.29]
[5501902,"Escavação, carga e transporte de material de 1ª categoria - DMT de 200 a 400 m - caminho de serviço em revestimento primário - com carregadeira e caminhão basculante de 14 m³","m³",9.55]
[5502136,"Escavação, carga e transporte de material de 1ª categoria - DMT de 200 a 400 m - caminho de serviço em revestimento primário - com escavadeira e caminhão basculante de 14 m³","m³",5.87]
[5501928,"Escavação, carga e transporte de material de 1ª categoria - DMT de 200 a 400 m - caminho de serviço pavimentado - com carregadeira e caminhão basculante de 14 m³","m³",9.62]
[5502162,"Escavação, carga e transporte de material de 1ª categoria - DMT de 200 a 400 m - caminho de serviço pavimentado - com escavadeira e caminhão basculante de 14 m³","m³",5.95]
[5501877,"Escavação, carga e transporte de material de 1ª categoria - DMT de 400 a 600 m - caminho de serviço em leito natural - com carregadeira e caminhão basculante de 14 m³","m³",10.73]
[5502111,"Escavação, carga e transporte de material de 1ª categoria - DMT de 400 a 600 m - caminho de serviço em leito natural - com escavadeira e caminhão basculante de 14 m³","m³",6.68]
[5501903,"Escavação, carga e transporte de material de 1ª categoria - DMT de 400 a 600 m - caminho de serviço em revestimento primário - com carregadeira e caminhão basculante de 14 m³","m³",{"v":9.8,"d":"9.80"}]
[5502137,"Escavação, carga e transporte de material de 1ª categoria - DMT de 400 a 600 m - caminho de serviço em revestimento primário - com escavadeira e caminhão basculante de 14 m³","m³",{"v":6.1,"d":"6.10"}]
[5501929,"Escavação, carga e transporte de material de 1ª categoria - DMT de 400 a 600 m - caminho de serviço pavimentado - com carregadeira e caminhão basculante de 14 m³","m³",9.84]
[5502163,"Escavação, carga e transporte de material de 1ª categoria - DMT de 400 a 600 m - caminho de serviço pavimentado - com escavadeira e caminhão basculante de 14 m³","m³",6.14]
[5501875,"Escavação, carga e transporte de material de 1ª categoria - DMT de 50 a 200 m - caminho de serviço em leito natural - com carregadeira e caminhão basculante de 14 m³","m³",9.55]
[5502109,"Escavação, carga e transporte de material de 1ª categoria - DMT de 50 a 200 m - caminho de serviço em leito natural - com escavadeira e caminhão basculante de 14 m³","m³",5.87]
[5501901,"Escavação, carga e transporte de material de 1ª categoria - DMT de 50 a 200 m - caminho de serviço em revestimento primário - com carregadeira e caminhão basculante de 14 m³","m³",{"v":8.9,"d":"8.90"}]
[5502135,"Escavação, carga e transporte de material de 1ª categoria - DMT de 50 a 200 m - caminho de serviço em revestimento primário - com escavadeira e caminhão basculante de 14 m³","m³",5.18]
[5501927,"Escavação, carga e transporte de material de 1ª categoria - DMT de 50 a 200 m - caminho de serviço pavimentado - com carregadeira e caminhão basculante de 14 m³","m³",9.37]
[5502161,"Escavação, carga e transporte de material de 1ª categoria - DMT de 50 a 200 m - caminho de serviço pavimentado - com escavadeira e caminhão basculante de 14 m³","m³",5.27]
[5501878,"Escavação, carga e transporte de material de 1ª categoria - DMT de 600 a 800 m - caminho de serviço em leito natural - com carregadeira e caminhão basculante de 14 m³","m³",11.04]
[5502112,"Escavação, carga e transporte de material de 1ª categoria - DMT de 600 a 800 m - caminho de serviço em leito natural - com escavadeira e caminhão basculante de 14 m³","m³",7.38]
[5501904,"Escavação, carga e transporte de material de 1ª categoria - DMT de 600 a 800 m - caminho de serviço em revestimento primário - com carregadeira e caminhão basculante de 14 m³","m³",9.98]
[5502138,"Escavação, carga e transporte de material de 1ª categoria - DMT de 600 a 800 m - caminho de serviço em revestimento primário - com escavadeira e caminhão basculante de 14 m³","m³",6.33]
[5501930,"Escavação, carga e transporte de material de 1ª categoria - DMT de 600 a 800 m - caminho de serviço pavimentado - com carregadeira e caminhão basculante de 14 m³","m³",10.02]
[5502164,"Escavação, carga e transporte de material de 1ª categoria - DMT de 600 a 800 m - caminho de serviço pavimentado - com escavadeira e caminhão basculante de 14 m³","m³",6.33]
[5501879,"Escavação, carga e transporte de material de 1ª categoria - DMT de 800 a 1.000 m - caminho de serviço em leito natural - com carregadeira e caminhão basculante de 14 m³","m³",11.36]
[5502113,"Escavação, carga e transporte de material de 1ª categoria - DMT de 800 a 1.000 m - caminho de serviço em leito natural - com escavadeira e caminhão basculante de 14 m³","m³",7.66]
[5501905,"Escavação, carga e transporte de material de 1ª categoria - DMT de 800 a 1.000 m - caminho de serviço em revestimento primário - com carregadeira e caminhão basculante de 14 m³","m³",{"v":10.2,"d":"10.20"}]
[5502139,"Escavação, carga e transporte de material de 1ª categoria - DMT de 800 a 1.000 m - caminho de serviço em revestimento primário - com escavadeira e caminhão basculante de 14 m³","m³",6.52]
[5501931,"Escavação, carga e transporte de material de 1ª categoria - DMT de 800 a 1.000 m - caminho de serviço pavimentado - com carregadeira e caminhão basculante de 14 m³","m³",10.59]
[5502165,"Escavação, carga e transporte de material de 1ª categoria - DMT de 800 a 1.000 m - caminho de serviço pavimentado - com escavadeira e caminhão basculante de 14 m³","m³",6.52]
[5502825,"Escavação, carga e transporte de material de 1ª categoria na distância de 3.000 m - caminho de serviço em leito natural - com carregadeira e caminhão basculante de 14 m³","m³",15.87]
[5502834,"Escavação, carga e transporte de material de 1ª categoria na distância de 3.000 m - caminho de serviço em leito natural - com escavadeira e caminhão basculante de 14 m³","m³",11.89]
[5502826,"Escavação, carga e transporte de material de 1ª categoria na distância de 3.000 m - caminho de serviço em revestimento primário - com carregadeira e caminhão basculante de 14 m³","m³",12.86]
[5502835,"Escavação, carga e transporte de material de 1ª categoria na distância de 3.000 m - caminho de serviço em revestimento primário - com escavadeira e caminhão basculante de 14 m³","m³",9.26]
[5502827,"Escavação, carga e transporte de material de 1ª categoria na distância de 3.000 m - caminho de serviço pavimentado - com carregadeira e caminhão basculante de 14 m³","m³",{"v":12.7,"d":"12.70"}]
[5502836,"Escavação, carga e transporte de material de 1ª categoria na distância de 3.000 m - caminho de serviço pavimentado - com escavadeira e caminhão basculante de 14 m³","m³",9.09]
[5502356,"Escavação, carga e transporte de material de 2ª categoria - DMT de 1.000 a 1.200 m - caminho de serviço em leito natural - com carregadeira e caminhão basculante de 14 m³","m³",{"v":18.2,"d":"18.20"}]
[5502590,"Escavação, carga e transporte de material de 2ª categoria - DMT de 1.000 a 1.200 m - caminho de serviço em leito natural - com escavadeira e caminhão basculante de 14 m³","m³",10.63]
[5502382,"Escavação, carga e transporte de material de 2ª categoria - DMT de 1.000 a 1.200 m - caminho de serviço em revestimento primário - com carregadeira e caminhão basculante de 14 m³","m³",16.77]
[5502616,"Escavação, carga e transporte de material de 2ª categoria - DMT de 1.000 a 1.200 m - caminho de serviço em revestimento primário - com escavadeira e caminhão basculante de 14 m³","m³",9.06]
[5502408,"Escavação, carga e transporte de material de 2ª categoria - DMT de 1.000 a 1.200 m - caminho de serviço pavimentado - com carregadeira e caminhão basculante de 14 m³","m³",16.77]
[5502642,"Escavação, carga e transporte de material de 2ª categoria - DMT de 1.000 a 1.200 m - caminho de serviço pavimentado - com escavadeira e caminhão basculante de 14 m³","m³",9.01]
[5502357,"Escavação, carga e transporte de material de 2ª categoria - DMT de 1.200 a 1.400 m - caminho de serviço em leito natural - com carregadeira e caminhão basculante de 14 m³","m³",18.51]
[5502591,"Escavação, carga e transporte de material de 2ª categoria - DMT de 1.200 a 1.400 m - caminho de serviço em leito natural - com escavadeira e caminhão basculante de 14 m³","m³",10.96]
[5502383,"Escavação, carga e transporte de material de 2ª categoria - DMT de 1.200 a 1.400 m - caminho de serviço em revestimento primário - com carregadeira e caminhão basculante de 14 m³","m³",16.96]
[5502617,"Escavação, carga e transporte de material de 2ª categoria - DMT de 1.200 a 1.400 m - caminho de serviço em revestimento primário - com escavadeira e caminhão basculante de 14 m³","m³",{"v":9.2,"d":"9.20"}]
[5502409,"Escavação, carga e transporte de material de 2ª categoria - DMT de 1.200 a 1.400 m - caminho de serviço pavimentado - com carregadeira e caminhão basculante de 14 m³","m³",16.91]
[5502643,"Escavação, carga e transporte de material de 2ª categoria - DMT de 1.200 a 1.400 m - caminho de serviço pavimentado - com escavadeira e caminhão basculante de 14 m³","m³",{"v":9.2,"d":"9.20"}]
[5502358,"Escavação, carga e transporte de material de 2ª categoria - DMT de 1.400 a 1.600 m - caminho de serviço em leito natural - com carregadeira e caminhão basculante de 14 m³","m³",18.81]
[5502592,"Escavação, carga e transporte de material de 2ª categoria - DMT de 1.400 a 1.600 m - caminho de serviço em leito natural - com escavadeira e caminhão basculante de 14 m³","m³",11.22]
[5502384,"Escavação, carga e transporte de material de 2ª categoria - DMT de 1.400 a 1.600 m - caminho de serviço em revestimento primário - com carregadeira e caminhão basculante de 14 m³","m³",17.16]
[5502618,"Escavação, carga e transporte de material de 2ª categoria - DMT de 1.400 a 1.600 m - caminho de serviço em revestimento primário - com escavadeira e caminhão basculante de 14 m³","m³",10.11]
[5502410,"Escavação, carga e transporte de material de 2ª categoria - DMT de 1.400 a 1.600 m - caminho de serviço pavimentado - com carregadeira e caminhão basculante de 14 m³","m³",17.11]
[5502644,"Escavação, carga e transporte de material de 2ª categoria - DMT de 1.400 a 1.600 m - caminho de serviço pavimentado - com escavadeira e caminhão basculante de 14 m³","m³",10.04]
[5502359,"Escavação, carga e transporte de material de 2ª categoria - DMT de 1.600 a 1.800 m - caminho de serviço em leito natural - com carregadeira e caminhão basculante de 14 m³","m³",19.11]
[5502593,"Escavação, carga e transporte de material de 2ª categoria - DMT de 1.600 a 1.800 m - caminho de serviço em leito natural - com escavadeira e caminhão basculante de 14 m³","m³",11.54]
[5502385,"Escavação, carga e transporte de material de 2ª categoria - DMT de 1.600 a 1.800 m - caminho de serviço em revestimento primário - com carregadeira e caminhão basculante de 14 m³","m³",17.35]
[5502619,"Escavação, carga e transporte de material de 2ª categoria - DMT de 1.600 a 1.800 m - caminho de serviço em revestimento primário - com escavadeira e caminhão basculante de 14 m³","m³",{"v":10.3,"d":"10.30"}]
[5502411,"Escavação, carga e transporte de material de 2ª categoria - DMT de 1.600 a 1.800 m - caminho de serviço pavimentado - com carregadeira e caminhão basculante de 14 m³","m³",{"v":17.3,"d":"17.30"}]
[5502645,"Escavação, carga e transporte de material de 2ª categoria - DMT de 1.600 a 1.800 m - caminho de serviço pavimentado - com escavadeira e caminhão basculante de 14 m³","m³",10.24]
[5502360,"Escavação, carga e transporte de material de 2ª categoria - DMT de 1.800 a 2.000 m - caminho de serviço em leito natural - com carregadeira e caminhão basculante de 14 m³","m³",19.88]
[5502594,"Escavação, carga e transporte de material de 2ª categoria - DMT de 1.800 a 2.000 m - caminho de serviço em leito natural - com escavadeira e caminhão basculante de 14 m³","m³",12.53]
[5502386,"Escavação, carga e transporte de material de 2ª categoria - DMT de 1.800 a 2.000 m - caminho de serviço em revestimento primário - com carregadeira e caminhão basculante de 14 m³","m³",18.02]
[5502620,"Escavação, carga e transporte de material de 2ª categoria - DMT de 1.800 a 2.000 m - caminho de serviço em revestimento primário - com escavadeira e caminhão basculante de 14 m³","m³",10.43]
[5502412,"Escavação, carga e transporte de material de 2ª categoria - DMT de 1.800 a 2.000 m - caminho de serviço pavimentado - com carregadeira e caminhão basculante de 14 m³","m³",17.96]
[5502646,"Escavação, carga e transporte de material de 2ª categoria - DMT de 1.800 a 2.000 m - caminho de serviço pavimentado - com escavadeira e caminhão basculante de 14 m³","m³",10.37]
[5502361,"Escavação, carga e transporte de material de 2ª categoria - DMT de 2.000 a 2.500 m - caminho de serviço em leito natural - com carregadeira e caminhão basculante de 14 m³","m³",20.39]
[5502595,"Escavação, carga e transporte de material de 2ª categoria - DMT de 2.000 a 2.500 m - caminho de serviço em leito natural - com escavadeira e caminhão basculante de 14 m³","m³",13.02]
[5502387,"Escavação, carga e transporte de material de 2ª categoria - DMT de 2.000 a 2.500 m - caminho de serviço em revestimento primário - com carregadeira e caminhão basculante de 14 m³","m³",18.38]
[5502621,"Escavação, carga e transporte de material de 2ª categoria - DMT de 2.000 a 2.500 m - caminho de serviço em revestimento primário - com escavadeira e caminhão basculante de 14 m³","m³",10.82]
[5502413,"Escavação, carga e transporte de material de 2ª categoria - DMT de 2.000 a 2.500 m - caminho de serviço pavimentado - com carregadeira e caminhão basculante de 14 m³","m³",18.26]
[5502647,"Escavação, carga e transporte de material de 2ª categoria - DMT de 2.000 a 2.500 m - caminho de serviço pavimentado - com escavadeira e caminhão basculante de 14 m³","m³",10.69]
[5502362,"Escavação, carga e transporte de material de 2ª categoria - DMT de 2.500 a 3.000 m - caminho de serviço em leito natural - com carregadeira e caminhão basculante de 14 m³","m³",21.77]
[5502596,"Escavação, carga e transporte de material de 2ª categoria - DMT de 2.500 a 3.000 m - caminho de serviço em leito natural - com escavadeira e caminhão basculante de 14 m³","m³",13.83]
[5502388,"Escavação, carga e transporte de material de 2ª categoria - DMT de 2.500 a 3.000 m - caminho de serviço em revestimento primário - com carregadeira e caminhão basculante de 14 m³","m³",18.87]
[5502622,"Escavação, carga e transporte de material de 2ª categoria - DMT de 2.500 a 3.000 m - caminho de serviço em revestimento primário - com escavadeira e caminhão basculante de 14 m³","m³",11.35]
[5502414,"Escavação, carga e transporte de material de 2ª categoria - DMT de 2.500 a 3.000 m - caminho de serviço pavimentado - com carregadeira e caminhão basculante de 14 m³","m³",18.75]
[5502648,"Escavação, carga e transporte de material de 2ª categoria - DMT de 2.500 a 3.000 m - caminho de serviço pavimentado - com escavadeira e caminhão basculante de 14 m³","m³",11.22]
[5502352,"Escavação, carga e transporte de material de 2ª categoria - DMT de 200 a 400 m - caminho de serviço em leito natural - com carregadeira e caminhão basculante de 14 m³","m³",16.33]
[5502586,"Escavação, carga e transporte de material de 2ª categoria - DMT de 200 a 400 m - caminho de serviço em leito natural - com escavadeira e caminhão basculante de 14 m³","m³",8.61]
[5502378,"Escavação, carga e transporte de material de 2ª categoria - DMT de 200 a 400 m - caminho de serviço em revestimento primário - com carregadeira e caminhão basculante de 14 m³","m³",15.36]
[5502612,"Escavação, carga e transporte de material de 2ª categoria - DMT de 200 a 400 m - caminho de serviço em revestimento primário - com escavadeira e caminhão basculante de 14 m³","m³",8.12]
[5502404,"Escavação, carga e transporte de material de 2ª categoria - DMT de 200 a 400 m - caminho de serviço pavimentado - com carregadeira e caminhão basculante de 14 m³","m³",15.43]
[5502638,"Escavação, carga e transporte de material de 2ª categoria - DMT de 200 a 400 m - caminho de serviço pavimentado - com escavadeira e caminhão basculante de 14 m³","m³",8.22]
[5502353,"Escavação, carga e transporte de material de 2ª categoria - DMT de 400 a 600 m - caminho de serviço em leito natural - com carregadeira e caminhão basculante de 14 m³","m³",16.72]
[5502587,"Escavação, carga e transporte de material de 2ª categoria - DMT de 400 a 600 m - caminho de serviço em leito natural - com escavadeira e caminhão basculante de 14 m³","m³",9.01]
[5502379,"Escavação, carga e transporte de material de 2ª categoria - DMT de 400 a 600 m - caminho de serviço em revestimento primário - com carregadeira e caminhão basculante de 14 m³","m³",15.65]
[5502613,"Escavação, carga e transporte de material de 2ª categoria - DMT de 400 a 600 m - caminho de serviço em revestimento primário - com escavadeira e caminhão basculante de 14 m³","m³",8.42]
[5502405,"Escavação, carga e transporte de material de 2ª categoria - DMT de 400 a 600 m - caminho de serviço pavimentado - com carregadeira e caminhão basculante de 14 m³","m³",16.19]
[5502639,"Escavação, carga e transporte de material de 2ª categoria - DMT de 400 a 600 m - caminho de serviço pavimentado - com escavadeira e caminhão basculante de 14 m³","m³",8.47]
[5502351,"Escavação, carga e transporte de material de 2ª categoria - DMT de 50 a 200 m - caminho de serviço em leito natural - com carregadeira e caminhão basculante de 14 m³","m³",15.36]
[5502585,"Escavação, carga e transporte de material de 2ª categoria - DMT de 50 a 200 m - caminho de serviço em leito natural - com escavadeira e caminhão basculante de 14 m³","m³",8.12]
[5502377,"Escavação, carga e transporte de material de 2ª categoria - DMT de 50 a 200 m - caminho de serviço em revestimento primário - com carregadeira e caminhão basculante de 14 m³","m³",15.07]
[5502611,"Escavação, carga e transporte de material de 2ª categoria - DMT de 50 a 200 m - caminho de serviço em revestimento primário - com escavadeira e caminhão basculante de 14 m³","m³",7.83]
[5502403,"Escavação, carga e transporte de material de 2ª categoria - DMT de 50 a 200 m - caminho de serviço pavimentado - com carregadeira e caminhão basculante de 14 m³","m³",15.18]
[5502637,"Escavação, carga e transporte de material de 2ª categoria - DMT de 50 a 200 m - caminho de serviço pavimentado - com escavadeira e caminhão basculante de 14 m³","m³",7.93]
[5502187,"Escavação, carga e transporte de material de 2ª categoria - DMT de 50 m","m³",7.24]
[5502354,"Escavação, carga e transporte de material de 2ª categoria - DMT de 600 a 800 m - caminho de serviço em leito natural - com carregadeira e caminhão basculante de 14 m³","m³",17.11]
[5502588,"Escavação, carga e transporte de material de 2ª categoria - DMT de 600 a 800 m - caminho de serviço em leito natural - com escavadeira e caminhão basculante de 14 m³","m³",10.04]
[5502380,"Escavação, carga e transporte de material de 2ª categoria - DMT de 600 a 800 m - caminho de serviço em revestimento primário - com carregadeira e caminhão basculante de 14 m³","m³",16.38]
[5502614,"Escavação, carga e transporte de material de 2ª categoria - DMT de 600 a 800 m - caminho de serviço em revestimento primário - com escavadeira e caminhão basculante de 14 m³","m³",8.61]
[5502406,"Escavação, carga e transporte de material de 2ª categoria - DMT de 600 a 800 m - caminho de serviço pavimentado - com carregadeira e caminhão basculante de 14 m³","m³",16.38]
[5502640,"Escavação, carga e transporte de material de 2ª categoria - DMT de 600 a 800 m - caminho de serviço pavimentado - com escavadeira e caminhão basculante de 14 m³","m³",8.66]
[5502355,"Escavação, carga e transporte de material de 2ª categoria - DMT de 800 a 1.000 m - caminho de serviço em leito natural - com carregadeira e caminhão basculante de 14 m³","m³",{"v":17.4,"d":"17.40"}]
[5502589,"Escavação, carga e transporte de material de 2ª categoria - DMT de 800 a 1.000 m - caminho de serviço em leito natural - com escavadeira e caminhão basculante de 14 m³","m³",10.37]
[5502381,"Escavação, carga e transporte de material de 2ª categoria - DMT de 800 a 1.000 m - caminho de serviço em revestimento primário - com carregadeira e caminhão basculante de 14 m³","m³",16.57]
[5502615,"Escavação, carga e transporte de material de 2ª categoria - DMT de 800 a 1.000 m - caminho de serviço em revestimento primário - com escavadeira e caminhão basculante de 14 m³","m³",8.86]
[5502407,"Escavação, carga e transporte de material de 2ª categoria - DMT de 800 a 1.000 m - caminho de serviço pavimentado - com carregadeira e caminhão basculante de 14 m³","m³",16.57]
[5502641,"Escavação, carga e transporte de material de 2ª categoria - DMT de 800 a 1.000 m - caminho de serviço pavimentado - com escavadeira e caminhão basculante de 14 m³","m³",8.86]
[5502880,"Escavação, carga e transporte de material de 2ª categoria na distância de 3.000 m - caminho de serviço em leito natural - com escavadeira e caminhão basculante de 14 m³","m³",14.95]
[5502857,"Escavação, carga e transporte de material de 2ª categoria na distância de 3.000 m - caminho de serviço em leito natural com carregadeira e caminhão basculante de 14 m³","m³",{"v":22.2,"d":"22.20"}]
[5502881,"Escavação, carga e transporte de material de 2ª categoria na distância de 3.000 m - caminho de serviço em revestimento primário - com escavadeira e caminhão basculante de 14 m³","m³",11.61]
[5502859,"Escavação, carga e transporte de material de 2ª categoria na distância de 3.000 m - caminho de serviço pavimentado - com carregadeira e caminhão basculante de 14 m³","m³",18.99]
[5502882,"Escavação, carga e transporte de material de 2ª categoria na distância de 3.000 m - caminho de serviço pavimentado - com escavadeira e caminhão basculante de 14 m³","m³",11.48]
[5502858,"Escavação, carga e transporte de material de 2ª categoria na distância de 3.000 m -caminho de serviço com revestimento primário com carregadeira e caminhão basculante de 14 m³","m³",19.66]
[5502747,"Escavação, carga e transporte de material de 3ª categoria - DMT de 1.000 a 1.200 m - caminho de serviço em leito natural com caminhão basculante de 12 m³","m³",45.24]
[5502773,"Escavação, carga e transporte de material de 3ª categoria - DMT de 1.000 a 1.200 m - caminho de serviço em revestimento primário - com caminhão basculante de 12 m³","m³",{"v":43.7,"d":"43.70"}]
[5502799,"Escavação, carga e transporte de material de 3ª categoria - DMT de 1.000 a 1.200 m - caminho de serviço pavimentado - com caminhão basculante de 12 m³","m³",43.22]
[5502748,"Escavação, carga e transporte de material de 3ª categoria - DMT de 1.200 a 1.400 m - caminho de serviço em leito natural com caminhão basculante de 12 m³","m³",45.72]
[5502774,"Escavação, carga e transporte de material de 3ª categoria - DMT de 1.200 a 1.400 m - caminho de serviço em revestimento primário - com caminhão basculante de 12 m³","m³",43.99]
[5502800,"Escavação, carga e transporte de material de 3ª categoria - DMT de 1.200 a 1.400 m - caminho de serviço pavimentado - com caminhão basculante de 12 m³","m³",43.51]
[5502749,"Escavação, carga e transporte de material de 3ª categoria - DMT de 1.400 a 1.600 m - caminho de serviço em leito natural com caminhão basculante de 12 m³","m³",46.11]
[5502775,"Escavação, carga e transporte de material de 3ª categoria - DMT de 1.400 a 1.600 m - caminho de serviço em revestimento primário - com caminhão basculante de 12 m³","m³",44.28]
[5502801,"Escavação, carga e transporte de material de 3ª categoria - DMT de 1.400 a 1.600 m - caminho de serviço pavimentado - com caminhão basculante de 12 m³","m³",{"v":43.7,"d":"43.70"}]
[5502750,"Escavação, carga e transporte de material de 3ª categoria - DMT de 1.600 a 1.800 m - caminho de serviço em leito natural com caminhão basculante de 12 m³","m³",48.21]
[5502776,"Escavação, carga e transporte de material de 3ª categoria - DMT de 1.600 a 1.800 m - caminho de serviço em revestimento primário - com caminhão basculante de 12 m³","m³",44.57]
[5502802,"Escavação, carga e transporte de material de 3ª categoria - DMT de 1.600 a 1.800 m - caminho de serviço pavimentado - com caminhão basculante de 12 m³","m³",43.99]
[5502751,"Escavação, carga e transporte de material de 3ª categoria - DMT de 1.800 a 2.000 m - caminho de serviço em leito natural com caminhão basculante de 12 m³","m³",48.72]
[5502777,"Escavação, carga e transporte de material de 3ª categoria - DMT de 1.800 a 2.000 m - caminho de serviço em revestimento primário - com caminhão basculante de 12 m³","m³",44.86]
[5502803,"Escavação, carga e transporte de material de 3ª categoria - DMT de 1.800 a 2.000 m - caminho de serviço pavimentado - com caminhão basculante de 12 m³","m³",44.18]
[5502752,"Escavação, carga e transporte de material de 3ª categoria - DMT de 2.000 a 2.500 m - caminho de serviço em leito natural com caminhão basculante de 12 m³","m³",49.49]
[5502778,"Escavação, carga e transporte de material de 3ª categoria - DMT de 2.000 a 2.500 m - caminho de serviço em revestimento primário - com caminhão basculante de 12 m³","m³",45.43]
[5502804,"Escavação, carga e transporte de material de 3ª categoria - DMT de 2.000 a 2.500 m - caminho de serviço pavimentado - com caminhão basculante de 12 m³","m³",44.66]
[5502753,"Escavação, carga e transporte de material de 3ª categoria - DMT de 2.500 a 3.000 m - caminho de serviço em leito natural com caminhão basculante de 12 m³","m³",50.78]
[5502779,"Escavação, carga e transporte de material de 3ª categoria - DMT de 2.500 a 3.000 m - caminho de serviço em revestimento primário - com caminhão basculante de 12 m³","m³",47.95]
[5502805,"Escavação, carga e transporte de material de 3ª categoria - DMT de 2.500 a 3.000 m - caminho de serviço pavimentado - com caminhão basculante de 12 m³","m³",45.34]
[5502743,"Escavação, carga e transporte de material de 3ª categoria - DMT de 200 a 400 m - caminho de serviço em leito natural com caminhão basculante de 12 m³","m³",43.03]
[5502769,"Escavação, carga e transporte de material de 3ª categoria - DMT de 200 a 400 m - caminho de serviço em revestimento primário - com caminhão basculante de 12 m³","m³",40.67]
[5502795,"Escavação, carga e transporte de material de 3ª categoria - DMT de 200 a 400 m - caminho de serviço pavimentado - com caminhão basculante de 12 m³","m³",40.48]
[5502744,"Escavação, carga e transporte de material de 3ª categoria - DMT de 400 a 600 m - caminho de serviço em leito natural com caminhão basculante de 12 m³","m³",{"v":43.7,"d":"43.70"}]
[5502770,"Escavação, carga e transporte de material de 3ª categoria - DMT de 400 a 600 m - caminho de serviço em revestimento primário - com caminhão basculante de 12 m³","m³",41.12]
[5502796,"Escavação, carga e transporte de material de 3ª categoria - DMT de 400 a 600 m - caminho de serviço pavimentado - com caminhão basculante de 12 m³","m³",{"v":40.8,"d":"40.80"}]
[5502742,"Escavação, carga e transporte de material de 3ª categoria - DMT de 50 a 200 m - caminho de serviço em leito natural com caminhão basculante de 12 m³","m³",40.67]
[5502768,"Escavação, carga e transporte de material de 3ª categoria - DMT de 50 a 200 m - caminho de serviço em revestimento primário - com caminhão basculante de 12 m³","m³",40.22]
[5502794,"Escavação, carga e transporte de material de 3ª categoria - DMT de 50 a 200 m - caminho de serviço pavimentado - com caminhão basculante de 12 m³","m³",40.03]
[5502745,"Escavação, carga e transporte de material de 3ª categoria - DMT de 600 a 800 m - caminho de serviço em leito natural com caminhão basculante de 12 m³","m³",44.28]
[5502771,"Escavação, carga e transporte de material de 3ª categoria - DMT de 600 a 800 m - caminho de serviço em revestimento primário - com caminhão basculante de 12 m³","m³",43.13]
[5502797,"Escavação, carga e transporte de material de 3ª categoria - DMT de 600 a 800 m - caminho de serviço pavimentado - com caminhão basculante de 12 m³","m³",41.05]
[5502746,"Escavação, carga e transporte de material de 3ª categoria - DMT de 800 a 1.000 m - caminho de serviço em leito natural com caminhão basculante de 12 m³","m³",44.76]
[5502772,"Escavação, carga e transporte de material de 3ª categoria - DMT de 800 a 1.000 m - caminho de serviço em revestimento primário - com caminhão basculante de 12 m³","m³",43.41]
[5502798,"Escavação, carga e transporte de material de 3ª categoria - DMT de 800 a 1.000 m - caminho de serviço pavimentado - com caminhão basculante de 12 m³","m³",41.37]
[5502886,"Escavação, carga e transporte de material de 3ª categoria na distância de 3.000 m - caminho de serviço em leito natural com caminhão basculante de 12 m³","m³",53.14]
[5502887,"Escavação, carga e transporte de material de 3ª categoria na distância de 3.000 m - caminho de serviço em revestimento primário - com caminhão basculante de 12 m³","m³",48.34]
[5502888,"Escavação, carga e transporte de material de 3ª categoria na distância de 3.000 m - caminho de serviço pavimentado - com caminhão basculante de 12 m³","m³",45.72]
[5502820,"Escavação, carga e transporte de solos moles - DMT de 0 a 50 m","m³",6.77]
[5502904,"Escavação, carga e transporte de solos moles - DMT de 1.000 a 1.200 m - caminho de serviço em leito natural - com caminhão basculante de 14 m³","m³",20.15]
[5502930,"Escavação, carga e transporte de solos moles - DMT de 1.000 a 1.200 m - caminho de serviço em revestimento primário - com caminhão basculante de 14 m³","m³",19.09]
[5502956,"Escavação, carga e transporte de solos moles - DMT de 1.000 a 1.200 m - caminho de serviço pavimentado - com caminhão basculante de 14 m³","m³",{"v":18.7,"d":"18.70"}]
[5502905,"Escavação, carga e transporte de solos moles - DMT de 1.200 a 1.400 m - caminho de serviço em leito natural - com caminhão basculante de 14 m³","m³",22.49]
[5502931,"Escavação, carga e transporte de solos moles - DMT de 1.200 a 1.400 m - caminho de serviço em revestimento primário - com caminhão basculante de 14 m³","m³",19.28]
[5502957,"Escavação, carga e transporte de solos moles - DMT de 1.200 a 1.400 m - caminho de serviço pavimentado - com caminhão basculante de 14 m³","m³",18.89]
[5502906,"Escavação, carga e transporte de solos moles - DMT de 1.400 a 1.600 m - caminho de serviço em leito natural - com caminhão basculante de 14 m³","m³",22.78]
[5502932,"Escavação, carga e transporte de solos moles - DMT de 1.400 a 1.600 m - caminho de serviço em revestimento primário - com caminhão basculante de 14 m³","m³",19.47]
[5502958,"Escavação, carga e transporte de solos moles - DMT de 1.400 a 1.600 m - caminho de serviço pavimentado - com caminhão basculante de 14 m³","m³",19.09]
[5502907,"Escavação, carga e transporte de solos moles - DMT de 1.600 a 1.800 m - caminho de serviço em leito natural - com caminhão basculante de 14 m³","m³",23.21]
[5502933,"Escavação, carga e transporte de solos moles - DMT de 1.600 a 1.800 m - caminho de serviço em revestimento primário - com caminhão basculante de 14 m³","m³",19.76]
[5502959,"Escavação, carga e transporte de solos moles - DMT de 1.600 a 1.800 m - caminho de serviço pavimentado - com caminhão basculante de 14 m³","m³",19.28]
[5502908,"Escavação, carga e transporte de solos moles - DMT de 1.800 a 2.000 m - caminho de serviço em leito natural - com caminhão basculante de 14 m³","m³",{"v":23.5,"d":"23.50"}]
[5502934,"Escavação, carga e transporte de solos moles - DMT de 1.800 a 2.000 m - caminho de serviço em revestimento primário - com caminhão basculante de 14 m³","m³",19.96]
[5502960,"Escavação, carga e transporte de solos moles - DMT de 1.800 a 2.000 m - caminho de serviço pavimentado - com caminhão basculante de 14 m³","m³",19.38]
[5502909,"Escavação, carga e transporte de solos moles - DMT de 2.000 a 2.500 m - caminho de serviço em leito natural - com caminhão basculante de 14 m³","m³",24.08]
[5502935,"Escavação, carga e transporte de solos moles - DMT de 2.000 a 2.500 m - caminho de serviço em revestimento primário - com caminhão basculante de 14 m³","m³",20.34]
[5502961,"Escavação, carga e transporte de solos moles - DMT de 2.000 a 2.500 m - caminho de serviço pavimentado - com caminhão basculante de 14 m³","m³",19.76]
[5502910,"Escavação, carga e transporte de solos moles - DMT de 2.500 a 3.000 m - caminho de serviço em leito natural - com caminhão basculante de 14 m³","m³",{"v":25.1,"d":"25.10"}]
[5502936,"Escavação, carga e transporte de solos moles - DMT de 2.500 a 3.000 m - caminho de serviço em revestimento primário - com caminhão basculante de 14 m³","m³",22.92]
[5502962,"Escavação, carga e transporte de solos moles - DMT de 2.500 a 3.000 m - caminho de serviço pavimentado - com caminhão basculante de 14 m³","m³",20.25]
[5502900,"Escavação, carga e transporte de solos moles - DMT de 200 a 400 m - caminho de serviço em leito natural - com caminhão basculante de 14 m³","m³",{"v":18.6,"d":"18.60"}]
[5502926,"Escavação, carga e transporte de solos moles - DMT de 200 a 400 m - caminho de serviço em revestimento primário - com caminhão basculante de 14 m³","m³",18.02]
[5502952,"Escavação, carga e transporte de solos moles - DMT de 200 a 400 m - caminho de serviço pavimentado - com caminhão basculante de 14 m³","m³",17.83]
[5502901,"Escavação, carga e transporte de solos moles - DMT de 400 a 600 m - caminho de serviço em leito natural - com caminhão basculante de 14 m³","m³",18.99]
[5502927,"Escavação, carga e transporte de solos moles - DMT de 400 a 600 m - caminho de serviço em revestimento primário - com caminhão basculante de 14 m³","m³",18.31]
[5502953,"Escavação, carga e transporte de solos moles - DMT de 400 a 600 m - caminho de serviço pavimentado - com caminhão basculante de 14 m³","m³",18.12]
[5502899,"Escavação, carga e transporte de solos moles - DMT de 50 a 200 m - caminho de serviço em leito natural - com caminhão basculante de 14 m³","m³",18.02]
[5502925,"Escavação, carga e transporte de solos moles - DMT de 50 a 200 m - caminho de serviço em revestimento primário - com caminhão basculante de 14 m³","m³",17.73]
[5502951,"Escavação, carga e transporte de solos moles - DMT de 50 a 200 m - caminho de serviço pavimentado - com caminhão basculante de 14 m³","m³",17.54]
[5502902,"Escavação, carga e transporte de solos moles - DMT de 600 a 800 m - caminho de serviço em leito natural - com caminhão basculante de 14 m³","m³",19.47]
[5502928,"Escavação, carga e transporte de solos moles - DMT de 600 a 800 m - caminho de serviço em revestimento primário - com caminhão basculante de 14 m³","m³",{"v":18.6,"d":"18.60"}]
[5502954,"Escavação, carga e transporte de solos moles - DMT de 600 a 800 m - caminho de serviço pavimentado - com caminhão basculante de 14 m³","m³",18.31]
[5502903,"Escavação, carga e transporte de solos moles - DMT de 800 a 1.000 m - caminho de serviço em leito natural - com caminhão basculante de 14 m³","m³",19.76]
[5502929,"Escavação, carga e transporte de solos moles - DMT de 800 a 1.000 m - caminho de serviço em revestimento primário - com caminhão basculante de 14 m³","m³",{"v":18.8,"d":"18.80"}]
[5502955,"Escavação, carga e transporte de solos moles - DMT de 800 a 1.000 m - caminho de serviço pavimentado - com caminhão basculante de 14 m³","m³",18.51]
[5502889,"Escavação, carga e transporte de solos moles na distância de 3.000 m - caminho de serviço em leito natural - com caminhão basculante de 14 m³","m³",25.53]
[5502996,"Escavação, carga e transporte de solos moles na distância de 3.000 m - caminho de serviço em revestimento primário - com caminhão basculante de 14 m³","m³",23.21]
[5502997,"Escavação, carga e transporte de solos moles na distância de 3.000 m - caminho de serviço pavimentado - com caminhão basculante de 14 m³","m³",22.49]
[5501716,"Escavação, carga e transporte em material de 1ª categoria - DMT de 1.000 a 1.200 m com motoscraper","m³",20.01]
[5501717,"Escavação, carga e transporte em material de 1ª categoria - DMT de 1.200 a 1.400 m com motoscraper","m³",22.54]
[5501712,"Escavação, carga e transporte em material de 1ª categoria - DMT de 200 a 400 m com motoscraper","m³",11.64]
[5501713,"Escavação, carga e transporte em material de 1ª categoria - DMT de 400 a 600 m com motoscraper","m³",12.91]
[5501711,"Escavação, carga e transporte em material de 1ª categoria - DMT de 50 a 200 m com motoscraper","m³",9.34]
[5501710,"Escavação, carga e transporte em material de 1ª categoria - DMT de 50 m","m³",2.84]
[5501714,"Escavação, carga e transporte em material de 1ª categoria - DMT de 600 a 800 m com motoscraper","m³",15.18]
[5501715,"Escavação, carga e transporte em material de 1ª categoria - DMT de 800 a 1.000 m com motoscraper","m³",17.47]
[5502986,"Expurgo de jazida","m³",3.23]
[5502977,"Fragmentação de blocos de rocha com escavadeira e rompedor hidráulico 1.700 kg","m³",8.64]
[5502985,"Limpeza mecanizada da camada vegetal","m²",0.57]
[5503018,"Manutenção de caminho de serviço","km",65.73]
[5505768,"Pré-fissuramento de material de 3ª categoria","m²",80.34]
[5503020,"Umedecimento de caminho de serviço","km",{"v":293.8,"d":"293.80"}]
[5605798,"Chumbador de aço CA-50 - D = 20 mm com perfuratriz sobre pneus - ancorado na rocha com cartucho de cimento - fornecimento, perfuração e instalação","m",86.48]
[5605925,"Chumbador de aço CA-50 - D = 20 mm com perfuratriz sobre pneus - ancorado na rocha com injeção de nata de cimento - fornecimento, perfuração e instalação","m",81.42]
[5605799,"Chumbador de aço CA-50 - D = 22 mm com perfuratriz sobre pneus - ancorado na rocha com cartucho de cimento - fornecimento, perfuração e instalação","m",92.14]
[5605800,"Chumbador de aço CA-50 - D = 25 mm com perfuratriz sobre pneus - ancorado na rocha com cartucho de cimento - fornecimento, perfuração e instalação","m",102.52]
[5613944,"Chumbador de aço CA-50 - D = 32 mm com martelete perfurador manual - ancorado na rocha com cartucho de cimento - fornecimento, perfuração e instalação","m",135.97]
[5605894,"Grampo de aço CA-50 D = 12,5 mm para solo grampeado com capacidade de 30 kN - fornecimento, perfuração e instalação","m",49.36]
[5605895,"Grampo de aço CA-50 D = 16 mm para solo grampeado com capacidade de 50 kN - fornecimento, perfuração e instalação","m",53.49]
[5605896,"Grampo de aço CA-50 D = 20 mm para solo grampeado com capacidade de 80 kN - fornecimento, perfuração e instalação","m",59.73]
[5605911,"Perfuração para tirante permanente protendido autoinjetável em material de 1ª categoria com diâmetro de até 120 mm","m",35.22]
[5605912,"Perfuração para tirante permanente protendido autoinjetável em material de 2ª categoria com diâmetro de até 87 mm","m",56.06]
[5605938,"Perfuração para tirantes em material de 1ª categoria com diâmetro de até 120 mm","m",20.45]
[5605939,"Perfuração para tirantes em material de 2ª categoria com diâmetro de até 120 mm","m",24.58]
[5605940,"Perfuração para tirantes em material de 3ª categoria com diâmetro de até 120 mm","m",56.85]
[5605942,"Pintura eletrostática com tinta em pó à base de resina epóxi - E = 200 µm","m²",49.51]
[5605955,"Protensão de tirante com 10 cordoalhas D = 12,7 mm aço CP 190 RB, com capacidade de 860 kN - inclusive ancoragem e grauteamento da cabeça","un",{"v":740.5,"d":"740.50"}]
[5605956,"Protensão de tirante com 12 cordoalhas D = 12,7 mm aço CP 190 RB, com capacidade de 1.040 kN - inclusive ancoragem e grauteamento da cabeça","un",875.62]
[5605953,"Protensão de tirante com 6 cordoalhas D = 12,7 mm aço CP 190 RB, com capacidade de 520 kN - inclusive ancoragem e grauteamento da cabeça","un",521.52]
[5605954,"Protensão de tirante com 8 cordoalhas D = 12,7 mm aço CP 190 RB, com capacidade de 690 kN - inclusive ancoragem e grauteamento da cabeça","un",633.28]
[5605909,"Protensão de tirante permanente autoinjetável de aço D = 40 mm, seção de 684 mm², tensão de escoamento = 440 MPa e tensão de ruptura = 580 MPa - inclusive ancoragem e grauteamento da cabeça","un",488.78]
[5605908,"Protensão de tirante permanente autoinjetável de aço D = 40 mm, seção de 822 mm², tensão de escoamento = 470 MPa e tensão de ruptura = 600 MPa - inclusive ancoragem e grauteamento da cabeça","un",488.78]
[5605907,"Protensão de tirante permanente autoinjetável de aço D = 40 mm, seção de 936 mm², tensão de escoamento = 700 MPa e tensão de ruptura = 830 MPa - inclusive ancoragem e grauteamento da cabeça","un",521.73]
[5605906,"Protensão de tirante permanente autoinjetável de aço D = 50 mm, seção de 1.330 mm², tensão de escoamento = 630 MPa e tensão de ruptura = 740 MPa - inclusive ancoragem e grauteamento da cabeça","un",624.62]
[5605905,"Protensão de tirante permanente autoinjetável de aço D = 50 mm, seção de 1.569 mm², tensão de escoamento = 630 MPa e tensão de ruptura = 740 MP - inclusive ancoragem e grauteamento da cabeça","un",726.43]
[5605944,"Protensão de tirante permanente protendido de aço D = 30 mm, tensão de escoamento = 600 MPa e tensão de ruptura = 720 MPa - inclusive ancoragem e grauteamento da cabeça","un",440.22]
[5605910,"Protensão de tirante permanente protendido de aço D = 32 mm, tensão de escoamento = 500 MPa e tensão de ruptura = 550 MPa - inclusive ancoragem e grauteamento da cabeça","un",516.11]
[5605945,"Protensão de tirante permanente protendido de aço D = 32 mm, tensão de escoamento = 950 MPa e tensão de ruptura = 1.050 MPa - inclusive ancoragem e grauteamento da cabeça","un",547.63]
[5605946,"Protensão de tirante permanente protendido de aço D = 40 mm, tensão de escoamento = 600 MPa e tensão de ruptura = 720 MPa - inclusive ancoragem e grauteamento da cabeça","un",521.73]
[5605947,"Protensão de tirante permanente protendido de aço D = 44 mm, tensão de escoamento = 680 MPa e tensão de ruptura = 870 MPa - inclusive ancoragem e grauteamento da cabeça","un",583.14]
[5605948,"Protensão de tirante permanente protendido de aço D = 50 mm, tensão de escoamento = 600 MPa e tensão de ruptura = 720 MPa - inclusive ancoragem e grauteamento da cabeça","un",726.43]
[5605949,"Protensão de tirante permanente protendido de aço D = 53 mm, tensão de escoamento = 600 MPa e tensão de ruptura = 720 MPa - inclusive ancoragem e grauteamento da cabeça","un",{"v":1024.13,"d":"1,024.13"}]
[5605950,"Protensão de tirante permanente protendido de aço D = 57 mm, tensão de escoamento = 600 MPa e tensão de ruptura = 720 MPa - inclusive ancoragem e grauteamento da cabeça","un",{"v":1053.71,"d":"1,053.71"}]
[5605951,"Protensão de tirante permanente protendido de aço D = 63 mm, tensão de escoamento = 600 MPa e tensão de ruptura = 720 MPa - inclusive ancoragem e grauteamento da cabeça","un",{"v":1662.08,"d":"1,662.08"}]
[5605952,"Protensão de tirante permanente protendido de aço D = 69 mm, tensão de escoamento = 600 MPa e tensão de ruptura = 720 MPa - inclusive ancoragem e grauteamento da cabeça","un",{"v":2520.81,"d":"2,520.81"}]
[5605932,"Tirante de barra de aço ancorado na rocha com resina de poliéster, D = 19 mm, tensão de escoamento = 686 MPa e tensão de ruptura = 789 MPa - fornecimento, perfuração e instalação","m",129.16]
[5605934,"Tirante de barra de aço ancorado na rocha com resina de poliéster, D = 22 mm, tensão de escoamento = 686 MPa e tensão de ruptura = 789 MPa - fornecimento, perfuração e instalação","m",140.66]
[5605928,"Tirante de barra de aço ancorado na rocha com resina de poliéster, D = 25 mm, tensão de escoamento = 500 MPa e tensão de ruptura = 750 MPa - fornecimento, perfuração e instalação","m",154.05]
[5605935,"Tirante de barra de aço ancorado na rocha com resina de poliéster, D = 25 mm, tensão de escoamento = 686 MPa, tensão de ruptura = 789 MPa - fornecimento, perfuração e instalação","m",155.08]
[5605936,"Tirante de barra de aço ancorado na rocha com resina de poliéster, D = 32 mm, tensão de escoamento = 686 MPa, tensão de ruptura = 789 MPa - fornecimento, perfuração e instalação","m",{"v":238.5,"d":"238.50"}]
[5605937,"Tirante de barra de aço ancorado na rocha com resina de poliéster, D = 36 mm, tensão de escoamento = 686 MPa e tensão de ruptura = 789 MPa - fornecimento, perfuração e instalação","m",295.94]
[5605957,"Tirante permanente protendido autoinjetável de aço D = 40 mm, seção de 684 mm², tensão de escoamento = 440 MPa e tensão de ruptura = 580 MPa - exceto perfuração","m",216.44]
[5605958,"Tirante permanente protendido autoinjetável de aço D = 40 mm, seção de 822 mm², tensão de escoamento = 470 MPa e tensão de ruptura = 600 MPa - exceto perfuração","m",247.66]
[5605959,"Tirante permanente protendido autoinjetável de aço D = 40 mm, seção de 936 mm², tensão de escoamento = 700 MPa e tensão de ruptura = 830 MPa - exceto perfuração","m",299.89]
[5605960,"Tirante permanente protendido autoinjetável de aço D = 50 mm, seção de 1.330 mm², tensão de escoamento = 630 MPa e tensão de ruptura = 740 MPa - exceto perfuração","m",393.24]
[5605961,"Tirante permanente protendido autoinjetável de aço D = 50 mm, seção de 1.569 mm², tensão de escoamento = 630 MPa e tensão de ruptura = 740 MPa - exceto perfuração","m",448.18]
[5605885,"Tirante permanente protendido com 10 cordoalhas D = 12,7 mm, aço CP 190 RB, com capacidade de 860 kN - exceto perfuração","m",227.57]
[5605886,"Tirante permanente protendido com 12 cordoalhas D = 12,7 mm, aço CP 190 RB, com capacidade de 1.030 kN - exceto perfuração","m",246.95]
[5605883,"Tirante permanente protendido com 6 cordoalhas D = 12,7 mm, aço CP 190 RB, com capacidade de 510 kN - exceto perfuração","m",184.16]
[5605884,"Tirante permanente protendido com 8 cordoalhas D = 12,7 mm, aço CP 190 RB, com capacidade de 690 kN - exceto perfuração","m",203.54]
[5605962,"Tirante permanente protendido de aço D = 30 mm, tensão de escoamento = 600 MPa e tensão de ruptura = 720 MPa - exceto perfuração","m",159.05]
[5605881,"Tirante permanente protendido de aço D = 32 mm, tensão de escoamento = 500 MPa e tensão de ruptura = 550 MPa - exceto perfuração","m",230.39]
[5605882,"Tirante permanente protendido de aço D = 32 mm, tensão de escoamento = 950 MPa e tensão de ruptura = 1.050 MPa - exceto perfuração","m",{"v":384.5,"d":"384.50"}]
[5605963,"Tirante permanente protendido de aço D = 40 mm, tensão de escoamento = 600 MPa e tensão de ruptura = 720 MPa - exceto perfuração","m",249.35]
[5605964,"Tirante permanente protendido de aço D = 44 mm, tensão de escoamento = 680 MPa e tensão de ruptura = 870 MPa - exceto perfuração","m",320.21]
[5605965,"Tirante permanente protendido de aço D = 50 mm, tensão de escoamento = 600 MPa e tensão de ruptura = 720 MPa - exceto perfuração","m",376.73]
[5605966,"Tirante permanente protendido de aço D = 53mm, tensão de escoamento = 600 MPa e tensão de ruptura = 720 MPa - exceto perfuração","m",419.75]
[5605967,"Tirante permanente protendido de aço D = 57 mm, tensão de escoamento = 600 MPa e tensão de ruptura = 720 MPa - exceto perfuração","m",474.13]
[5605968,"Tirante permanente protendido de aço D = 63 mm, tensão de escoamento = 600 MPa e tensão de ruptura = 720 MPa - exceto perfuração","m",{"v":579.8,"d":"579.80"}]
[5605969,"Tirante permanente protendido de aço D = 69 mm, tensão de escoamento = 600 MPa e tensão de ruptura = 720 MPa - exceto perfuração","m",700.55]
[5909130,"Carga e manobra de aduelas de concreto pré-moldadas em cavalo mecânico com semirreboque 22 t - carga com caminhão guindauto de 45 t.m","t",26.25]
[5914703,"Carga e manobra de brita para lastro com locomotiva diesel-elétrica em vagão hopper aberto com capacidade de 45 m³ - carga com carregadeira e descarga automática - bitola métrica","t",5.56]
[5914704,"Carga e manobra de brita para lastro com locomotiva diesel-elétrica em vagão hopper aberto com capacidade de 63 m³ - carga com carregadeira e descarga automática - bitola larga","t",5.57]
[5914710,"Carga e manobra de dormentes de concreto de bitola larga com locomotiva diesel-elétrica e vagão plataforma com capacidade de 98 t - carga com carregadeira - bitola larga","t",10.77]
[5914711,"Carga e manobra de dormentes de concreto de bitola métrica com locomotiva diesel-elétrica e vagão plataforma com capacidade de 82 t - carga com carregadeira - bitola métrica","t",9.86]
[5914712,"Carga e manobra de dormentes de concreto de bitola mista com locomotiva diesel-elétrica e vagão plataforma com capacidade de 98 t - carga com carregadeira - bitola larga","t",9.77]
[5915369,"Carga, descarga e manobra de vigas pré-moldadas de 1.000 a 1.250 kN em cavalo mecânico com reboques de 5 e 4 eixos com capacidade de 130 t","un",{"v":7129.06,"d":"7,129.06"}]
[5915401,"Carga, descarga e manobra de vigas pré-moldadas de 500 a 750 kN em cavalo mecânico com dollys de 3 e 4 eixos com capacidade de 77 t","un",{"v":6547.54,"d":"6,547.54"}]
[5915402,"Carga, descarga e manobra de vigas pré-moldadas de 750 a 1.000 kN em cavalo mecânico com dollys de 5 e 4 eixos com capacidade de 111 t","un",{"v":3747.88,"d":"3,747.88"}]
[5915400,"Carga, descarga e manobra de vigas pré-moldadas de até 500 kN em cavalo mecânico com dolly de 4 eixos com capacidade de 57 t","un",{"v":3319.37,"d":"3,319.37"}]
[5914651,"Carga, manobra e descarga de agregados ou solos em caminhão basculante de 10 m³ - carga com carregadeira de 3,40 m³ (exclusa) e descarga em distribuidor autopropelido","t",2.54]
[5914648,"Carga, manobra e descarga de agregados ou solos em caminhão basculante de 10 m³ - carga com carregadeira de 3,40 m³ (exclusa) e descarga em distribuidor rebocável","t",7.69]
[5914647,"Carga, manobra e descarga de agregados ou solos em caminhão basculante de 10 m³ - carga com carregadeira de 3,40 m³ (exclusa) e descarga livre","t",1.77]
[5915411,"Carga, manobra e descarga de agregados ou solos em caminhão basculante de 10 m³ - carga com carregadeira de 3,40 m³ e descarga em distribuidor autopropelido","t",3.51]
[5915409,"Carga, manobra e descarga de agregados ou solos em caminhão basculante de 10 m³ - carga com carregadeira de 3,40 m³ e descarga em distribuidor rebocável","t",8.65]
[5915407,"Carga, manobra e descarga de agregados ou solos em caminhão basculante de 10 m³ - carga com carregadeira de 3,40 m³ e descarga livre","t",2.73]
[5914354,"Carga, manobra e descarga de agregados ou solos em caminhão basculante de 10 m³ - carga com escavadeira de 1,56 m³ (exclusa) e descarga livre","t",1.84]
[5915406,"Carga, manobra e descarga de agregados ou solos em caminhão basculante de 10 m³ - carga em usina de 60 t/h (PMF) e descarga livre","t",9.38]
[5914652,"Carga, manobra e descarga de agregados ou solos em caminhão basculante de 10 m³ - carga em usina de solos de 300 t/h e descarga em distribuidor autopropelido","t",{"v":3.4,"d":"3.40"}]
[5915417,"Carga, manobra e descarga de agregados ou solos em caminhão basculante de 10 m³ - carga em usina de solos de 300 t/h e descarga em vibroacabadora","t",5.37]
[5915414,"Carga, manobra e descarga de agregados ou solos em caminhão basculante de 10 m³ - carga em usina de solos de 300 t/h e descarga livre","t",2.81]
[5914351,"Carga, manobra e descarga de agregados ou solos em caminhão basculante de 14 m³ - carga com carregadeira de 3,40 m³ e descarga livre","t",2.61]
[5914645,"Carga, manobra e descarga de agregados ou solos em caminhão basculante de 6 m³ - carga com carregadeira de 1,72 m³ (exclusa) e descarga em distribuidor autopropelido","t",2.85]
[5914642,"Carga, manobra e descarga de agregados ou solos em caminhão basculante de 6 m³ - carga com carregadeira de 1,72 m³ (exclusa) e descarga em distribuidor rebocável","t",5.53]
[5914641,"Carga, manobra e descarga de agregados ou solos em caminhão basculante de 6 m³ - carga com carregadeira de 1,72 m³ (exclusa) e descarga livre","t",1.98]
[5915456,"Carga, manobra e descarga de agregados ou solos em caminhão basculante de 6 m³ - carga com carregadeira de 1,72 m³ e descarga em distribuidor autopropelido","t",3.71]
[5915454,"Carga, manobra e descarga de agregados ou solos em caminhão basculante de 6 m³ - carga com carregadeira de 1,72 m³ e descarga em distribuidor rebocável","t",{"v":6.4,"d":"6.40"}]
[5915399,"Carga, manobra e descarga de agregados ou solos em caminhão basculante de 6 m³ - carga com carregadeira de 1,72 m³ e descarga livre","t",2.84]
[5914353,"Carga, manobra e descarga de agregados ou solos em caminhão basculante de 6 m³ - carga com escavadeira de 1,56 m³ (exclusa) e descarga livre","t",1.49]
[5915470,"Carga, manobra e descarga de agregados ou solos em caminhão basculante de 6 m³ - carga com escavadeira de 1,56 m³ e descarga livre","t",2.15]
[5915459,"Carga, manobra e descarga de agregados ou solos em caminhão basculante de 6 m³ - carga com minicarregadeira de 0,45 m³ e descarga livre","t",7.41]
[5915476,"Carga, manobra e descarga de agregados ou solos em caminhão basculante de 6 m³ - carga manual e descarga livre","t",29.22]
[5914702,"Carga, manobra e descarga de barras de trilho de 12 m com locomotiva diesel-elétrica em vagão plataforma com capacidade de 82 t - carga e descarga com carregadeira - bitola métrica","t",14.66]
[5914701,"Carga, manobra e descarga de barras de trilho de 12 m com locomotiva diesel-elétrica em vagão plataforma com capacidade de 98 t - carga e descarga com carregadeira - bitola larga","t",14.87]
[5915018,"Carga, manobra e descarga de barras de trilho de 12 m em cavalo mecânico com semirreboque com capacidade de 30 t - carga e descarga com carregadeira","t",9.85]
[5906592,"Carga, manobra e descarga de blocos artificiais de concreto com 10 a 12 t para molhe em cavalo mecânico com semirreboque com capacidade de 30 t - carga e descarga com guindaste com pinça","un",31.75]
[5906591,"Carga, manobra e descarga de blocos artificiais de concreto com 8 a 9 t para molhe em cavalo mecânico com semirreboque com capacidade de 30 t - carga e descarga com guindaste com pinça","un",30.14]
[5914653,"Carga, manobra e descarga de blocos de rocha em caminhão basculante de 8 m³ - carga com carregadeira de 1,72 m³ (exclusa) e descarga livre","t",3.55]
[5915405,"Carga, manobra e descarga de blocos de rocha em caminhão basculante de 8 m³ - carga com carregadeira de 1,72 m³ e descarga livre","t",5.63]
[5914657,"Carga, manobra e descarga de blocos de rocha em caminhão basculante de 8 m³ - carga com retroescavadeira de 0,29 m³ e descarga livre","t",17.52]
[5914363,"Carga, manobra e descarga de cimento ou cal hidratada a granel em caminhão silo de 30 m³","t",17.52]
[5914646,"Carga, manobra e descarga de concreto asfáltico com borracha em caminhão basculante de 10 m³ - carga em usina de asfalto 100/140 t/h e descarga em vibroacabadora","t",8.72]
[5919535,"Carga, manobra e descarga de concreto com caminhão betoneira - carga em central de concreto de 30 m³/h e descarga em extrusora de barreira de concreto","t",19.37]
[5919533,"Carga, manobra e descarga de concreto com caminhão betoneira - carga em central de concreto de 30 m³/h e descarga em extrusora de meio-fio","t",65.05]
[5919534,"Carga, manobra e descarga de concreto com caminhão betoneira - carga em central de concreto de 30 m³/h e descarga em extrusora de sarjeta","t",59.39]
[5909007,"Carga, manobra e descarga de concreto com caminhão betoneira - carga em central de concreto de 30 m³/h e descarga livre","t",17.94]
[5919538,"Carga, manobra e descarga de concreto com caminhão betoneira - carga em central de concreto de 40 m³/h e descarga livre","t",{"v":15.1,"d":"15.10"}]
[5919540,"Carga, manobra e descarga de concreto de cimento em caminhão basculante de 7 m³ - carga em central de concreto de 150 m³/h e descarga em vibroacabadora","t",3.29]
[5914705,"Carga, manobra e descarga de dormentes de concreto de bitola larga com locomotiva diesel-elétrica e vagão plataforma com capacidade de 98 t - carga e descarga com carregadeira - bitola larga","t",21.54]
[5914706,"Carga, manobra e descarga de dormentes de concreto de bitola métrica com locomotiva diesel-elétrica e vagão plataforma com capacidade de 82 t - carga e descarga com carregadeira - bitola métrica","t",19.72]
[5914707,"Carga, manobra e descarga de dormentes de concreto de bitola mista com locomotiva diesel-elétrica e vagão plataforma com capacidade de 98 t - carga e descarga com carregadeira - bitola larga","t",19.53]
[5914677,"Carga, manobra e descarga de dormentes de madeira com locomotiva diesel-elétrica em vagão plataforma com capacidade de 82 t - carga e descarga com carregadeira - bitola métrica","t",29.41]
[5914676,"Carga, manobra e descarga de dormentes de madeira com locomotiva diesel-elétrica em vagão plataforma com capacidade de 98 t - carga e descarga com carregadeira - bitola larga","t",24.51]
[5915016,"Carga, manobra e descarga de dormentes de madeira de bitola larga ou mista em cavalo mecânico com semirreboque com capacidade de 30 t - carga e descarga com carregadeira","t",15.81]
[5915017,"Carga, manobra e descarga de dormentes de madeira de bitola métrica em cavalo mecânico com semirreboque com capacidade de 30 t - carga e descarga com carregadeira","t",19.13]
[5914678,"Carga, manobra e descarga de jogo de dormentes de concreto para AMV de bitola larga ou mista, qualquer abertura, com locomotiva diesel-elétrica em vagão plataforma com capacidade de 98 t - carga e descarga com carregadeira - bitola larga","t",34.96]
[5914679,"Carga, manobra e descarga de jogo de dormentes de concreto para AMV de bitola métrica, qualquer abertura, com locomotiva diesel-elétrica em vagão plataforma com capacidade de 82 t - carga e descarga com carregadeira - bitola métrica","t",55.77]
[5914681,"Carga, manobra e descarga de jogo de dormentes de madeira para AMV bitola métrica, qualquer abertura, com locomotiva diesel-elétrica em vagão plataforma com capacidade de 82 t - carga e descarga com carregadeira - bitola métrica","t",66.54]
[5914680,"Carga, manobra e descarga de jogo de dormentes de madeira para AMV de bitola larga ou mista, qualquer abertura, com locomotiva diesel-elétrica em vagão plataforma com capacidade de 98 t - carga e descarga com carregadeira - bitola larga","t",46.33]
[5915015,"Carga, manobra e descarga de materiais diversos em caminhão carroceria com capacidade de 11 t e com guindauto de 45 t.m","t",21.64]
[5915373,"Carga, manobra e descarga de materiais diversos em caminhão carroceria com capacidade de 7 t e com guindauto de 20 t.m","t",18.29]
[5914333,"Carga, manobra e descarga de materiais diversos em caminhão carroceria de 15 t - carga e descarga com caminhão guindauto de 20 t.m","t",33.43]
[5914655,"Carga, manobra e descarga de materiais diversos em caminhão carroceria de 15 t - carga e descarga manuais","t",{"v":34.3,"d":"34.30"}]
[5915474,"Carga, manobra e descarga de materiais diversos em caminhão carroceria de 5 t - carga e descarga manuais","t",31.39]
[5914654,"Carga, manobra e descarga de materiais diversos em caminhão carroceria de 9 t - carga e descarga manuais","t",28.52]
[5914686,"Carga, manobra e descarga de materiais metálicos e acessórios diversos com locomotiva diesel-elétrica em vagão fechado com capacidade de 64 t - carga e descarga com carregadeira - bitola métrica","t",24.65]
[5914685,"Carga, manobra e descarga de materiais metálicos e acessórios diversos com locomotiva diesel-elétrica em vagão fechado com capacidade de 99 t - carga e descarga com carregadeira - bitola larga","t",24.79]
[5914682,"Carga, manobra e descarga de materiais metálicos para AMV de bitola larga, qualquer abertura, com locomotiva diesel-elétrica em vagão plataforma com capacidade de 98 t - carga e descarga com carregadeira - bitola larga","t",31.88]
[5915019,"Carga, manobra e descarga de materiais metálicos para AMV de bitola larga, qualquer abertura, em cavalo mecânico com semirreboque com capacidade de 30 t - carga e descarga com carregadeira","t",{"v":13.4,"d":"13.40"}]
[5914683,"Carga, manobra e descarga de materiais metálicos para AMV de bitola métrica, qualquer abertura, com locomotiva diesel-elétrica em vagão plataforma com capacidade de 82 t - carga e descarga com carregadeira - bitola métrica","t",36.59]
[5915020,"Carga, manobra e descarga de materiais metálicos para AMV de bitola métrica, qualquer abertura, em cavalo mecânico com semirreboque com capacidade de 30 t - carga e descarga com carregadeira","t",15.41]
[5914684,"Carga, manobra e descarga de materiais metálicos para AMV de bitola mista, qualquer abertura, com locomotiva diesel-elétrica e vagão plataforma com capacidade de 98 t - carga e descarga com carregadeira","t",27.62]
[5915021,"Carga, manobra e descarga de materiais metálicos para AMV de bitola mista, qualquer abertura, em cavalo mecânico com semirreboque com capacidade de 30 t - carga e descarga com carregadeira","t",11.61]
[5914675,"Carga, manobra e descarga de material demolido em caminhão basculante de 6 m³ - carga com carregadeira de 1,72 m³ e descarga livre","t",{"v":3,"d":"3.00"}]
[5915433,"Carga, manobra e descarga de material demolido em caminhão basculante de 6 m³ - carga manual e descarga livre","t",35.33]
[5914304,"Carga, manobra e descarga de material fresado em caminhão basculante de 10 m³ - fresagem contínua em espessura de 3 cm - carga com fresadora e descarga livre","t",3.57]
[5914305,"Carga, manobra e descarga de material fresado em caminhão basculante de 10 m³ - fresagem contínua em espessura de 4 cm - carga com fresadora e descarga livre","t",3.51]
[5915440,"Carga, manobra e descarga de material fresado em caminhão basculante de 10 m³ - fresagem contínua em espessura de 5 cm - carga com fresadora e descarga livre","t",3.14]
[5914306,"Carga, manobra e descarga de material fresado em caminhão basculante de 10 m³ - fresagem contínua em espessura de 6 cm - carga com fresadora e descarga livre","t",2.92]
[5914307,"Carga, manobra e descarga de material fresado em caminhão basculante de 10 m³ - fresagem contínua em espessura de 7 cm - carga com fresadora e descarga livre","t",2.76]
[5914308,"Carga, manobra e descarga de material fresado em caminhão basculante de 10 m³ - fresagem contínua em espessura de 8 cm - carga com fresadora e descarga livre","t",2.67]
[5914309,"Carga, manobra e descarga de material fresado em caminhão basculante de 10 m³ - fresagem descontínua em espessura de 3 cm - carga com fresadora e descarga livre","t",5.91]
[5914310,"Carga, manobra e descarga de material fresado em caminhão basculante de 10 m³ - fresagem descontínua em espessura de 4 cm - carga com fresadora e descarga livre","t",4.94]
[5914352,"Carga, manobra e descarga de material fresado em caminhão basculante de 10 m³ - fresagem descontínua em espessura de 5 cm - carga com fresadora e descarga livre","t",{"v":4.4,"d":"4.40"}]
[5914311,"Carga, manobra e descarga de material fresado em caminhão basculante de 10 m³ - fresagem descontínua em espessura de 6 cm - carga com fresadora e descarga livre","t",4.05]
[5914312,"Carga, manobra e descarga de material fresado em caminhão basculante de 10 m³ - fresagem descontínua em espessura de 7 cm - carga com fresadora e descarga livre","t",3.83]
[5914313,"Carga, manobra e descarga de material fresado em caminhão basculante de 10 m³ - fresagem descontínua em espessura de 8 cm - carga com fresadora e descarga livre","t",3.67]
[5914339,"Carga, manobra e descarga de material fresado em caminhão basculante de 6 m³ - fresagem descontínua em espessura de 5 cm - carga com fresadora e descarga livre","t",9.38]
[5914650,"Carga, manobra e descarga de mistura betuminosa a frio em caminhão basculante de 10 m³ - carga em usina de 60 t/h (PMF) e descarga em vibroacabadora","t",11.25]
[5914358,"Carga, manobra e descarga de mistura betuminosa a frio em caminhão basculante de 6 m³ - carga em usina de 60 t/h (PMF) e descarga em vibroacabadora","t",8.85]
[5915421,"Carga, manobra e descarga de mistura betuminosa a frio em caminhão basculante de 6 m³ - carga em usina de 60 t/h (PMF) e descarga manual","t",25.37]
[5914649,"Carga, manobra e descarga de mistura betuminosa a quente em caminhão basculante de 10 m³ - carga em usina de asfalto 100/140 t/h e descarga em vibroacabadora","t",{"v":7.8,"d":"7.80"}]
[5914643,"Carga, manobra e descarga de mistura betuminosa a quente em caminhão basculante de 6 m³ - carga em usina de asfalto 100/140 t/h e descarga em vibroacabadora","t",5.34]
[5914328,"Carga, manobra e descarga de mistura betuminosa a quente em caminhão basculante de 6 m³ - carga em usina de asfalto 100/140 t/h e descarga manual","t",{"v":26.8,"d":"26.80"}]
[5914610,"Carga, manobra e descarga de mistura betuminosa a quente em caminhão com caçamba térmica de 6 m³ - carga em usina de asfalto de 100/140 t/h e descarga manual","t",36.92]
[5915408,"Carga, manobra e descarga de mistura reciclada com espuma de asfalto em caminhão basculante de 10 m³ - carga em usina de reciclagem a frio e descarga em vibroacabadora","t",5.62]
[5915306,"Carga, manobra e descarga de tetrápodes em cavalo mecânico com semirreboque com capacidade de 30 t - carga e descarga com guindaste","un",{"v":35.2,"d":"35.20"}]
[5914708,"Carga, manobra e descarga de TLS de TR45 de 120 m com locomotiva diesel-elétrica em vagão plataforma com capacidade de 82 t - carga e descarga com manipulador de TLS - bitola métrica","t",40.69]
[5914687,"Carga, manobra e descarga de TLS de TR45 de 120 m com locomotiva diesel-elétrica em vagão plataforma com capacidade de 98 t - carga e descarga com manipulador de TLS - bitola larga","t",40.19]
[5914709,"Carga, manobra e descarga de TLS de TR45 de 240 m com locomotiva diesel-elétrica em vagão plataforma com capacidade de 82 t - carga e descarga com manipulador de TLS - bitola métrica","t",44.83]
[5914688,"Carga, manobra e descarga de TLS de TR45 de 240 m com locomotiva diesel-elétrica em vagão plataforma com capacidade de 98 t - carga e descarga com manipulador de TLS - bitola larga","t",43.35]
[5914695,"Carga, manobra e descarga de TLS de TR57 de 120 m com locomotiva diesel-elétrica em vagão plataforma com capacidade de 82 t - carga e descarga com manipulador de TLS - bitola métrica","t",31.93]
[5914689,"Carga, manobra e descarga de TLS de TR57 de 120 m com locomotiva diesel-elétrica em vagão plataforma com capacidade de 98 t - carga e descarga com manipulador de TLS - bitola larga","t",31.54]
[5914696,"Carga, manobra e descarga de TLS de TR57 de 240 m com locomotiva diesel-elétrica em vagão plataforma com capacidade de 82 t - carga e descarga com manipulador de TLS - bitola métrica","t",35.18]
[5914690,"Carga, manobra e descarga de TLS de TR57 de 240 m com locomotiva diesel-elétrica em vagão plataforma com capacidade de 98 t - carga e descarga com manipulador de TLS - bitola larga","t",34.01]
[5914697,"Carga, manobra e descarga de TLS de TR68 de 120 m com locomotiva diesel-elétrica em vagão plataforma com capacidade de 82 t - carga e descarga com manipulador de TLS - bitola métrica","t",26.96]
[5914691,"Carga, manobra e descarga de TLS de TR68 de 120 m com locomotiva diesel-elétrica em vagão plataforma com capacidade de 98 t - carga e descarga com manipulador de TLS - bitola larga","t",26.62]
[5914698,"Carga, manobra e descarga de TLS de TR68 de 240 m com locomotiva diesel-elétrica em vagão plataforma com capacidade de 82 t - carga e descarga com manipulador de TLS - bitola métrica","t",29.69]
[5914692,"Carga, manobra e descarga de TLS de TR68 de 240 m com locomotiva diesel-elétrica em vagão plataforma com capacidade de 98 t - carga e descarga com manipulador de TLS - bitola larga","t",28.71]
[5914699,"Carga, manobra e descarga de TLS de UIC60 de 120 m com locomotiva diesel-elétrica em vagão plataforma com capacidade de 82 t - carga e descarga com manipulador de TLS - bitola métrica","t",30.18]
[5914693,"Carga, manobra e descarga de TLS de UIC60 de 120 m com locomotiva diesel-elétrica em vagão plataforma com capacidade de 98 t - carga e descarga com manipulador de TLS - bitola larga","t",29.81]
[5914700,"Carga, manobra e descarga de TLS de UIC60 de 240 m com locomotiva diesel-elétrica em vagão plataforma com capacidade de 82 t - carga e descarga com manipulador de TLS - bitola métrica","t",33.24]
[5914694,"Carga, manobra e descarga de TLS de UIC60 de 240 m com locomotiva diesel-elétrica em vagão plataforma com capacidade de 98 t - carga e descarga com manipulador de TLS - bitola larga","t",32.15]
[5915441,"Carga, manobra e descarga de trituração de galhos e troncos em caminhão basculante de 6 m³ - carga com trituradora e descarga livre","t",99.42]
[5901639,"Transporte com caminhão basculante com caçamba estanque com capacidade de 14 m³ - rodovia em leito natural","tkm",0.89]
[5901638,"Transporte com caminhão basculante com caçamba estanque com capacidade de 14 m³ - rodovia em revestimento primário","tkm",0.71]
[5901640,"Transporte com caminhão basculante com caçamba estanque com capacidade de 14 m³ - rodovia pavimentada","tkm",0.64]
[5914359,"Transporte com caminhão basculante de 10 m³ - rodovia em leito natural","tkm",1.24]
[5914374,"Transporte com caminhão basculante de 10 m³ - rodovia em revestimento primário","tkm",{"v":1,"d":"1.00"}]
[5914389,"Transporte com caminhão basculante de 10 m³ - rodovia pavimentada","tkm",{"v":0.8,"d":"0.80"}]
[5915319,"Transporte com caminhão basculante de 14 m³ - rodovia em leito natural","tkm",0.89]
[5915320,"Transporte com caminhão basculante de 14 m³ - rodovia em revestimento primário","tkm",0.71]
[5915321,"Transporte com caminhão basculante de 14 m³ - rodovia pavimentada","tkm",0.64]
[5914314,"Transporte com caminhão basculante de 6 m³ - rodovia em leito natural","tkm",1.27]
[5914329,"Transporte com caminhão basculante de 6 m³ - rodovia em revestimento primário","tkm",1.02]
[5914344,"Transporte com caminhão basculante de 6 m³ - rodovia pavimentada","tkm",0.82]
[5914539,"Transporte com caminhão betoneira - rodovia em leito natural","tkm",{"v":1,"d":"1.00"}]
[5914554,"Transporte com caminhão betoneira - rodovia em revestimento primário","tkm",{"v":0.8,"d":"0.80"}]
[5914569,"Transporte com caminhão betoneira - rodovia pavimentada","tkm",0.65]
[5915012,"Transporte com caminhão carroceria com capacidade de 11 t e com guindauto de 45 t.m - rodovia em leito natural","tkm",{"v":2.2,"d":"2.20"}]
[5915013,"Transporte com caminhão carroceria com capacidade de 11 t e com guindauto de 45 t.m - rodovia em revestimento primário","tkm",1.76]
[5915014,"Transporte com caminhão carroceria com capacidade de 11 t e com guindauto de 45 t.m - rodovia pavimentada","tkm",1.42]
[5914584,"Transporte com caminhão carroceria com capacidade de 7 t e com guindauto de 20 t.m - rodovia em leito natural","tkm",2.74]
[5914599,"Transporte com caminhão carroceria com capacidade de 7 t e com guindauto de 20 t.m - rodovia em revestimento primário","tkm",2.19]
[5914614,"Transporte com caminhão carroceria com capacidade de 7 t e com guindauto de 20 t.m - rodovia pavimentada","tkm",1.77]
[5914581,"Transporte com caminhão carroceria com capacidade de 9 t e com guindauto de 10 t.m - rodovia em leito natural","tkm",2.47]
[5914582,"Transporte com caminhão carroceria com capacidade de 9 t e com guindauto de 10 t.m - rodovia em revestimento primário","tkm",1.97]
[5914583,"Transporte com caminhão carroceria com capacidade de 9 t e com guindauto de 10 t.m - rodovia pavimentada","tkm",1.59]
[5914449,"Transporte com caminhão carroceria de 15 t - rodovia em leito natural","tkm",1.11]
[5914464,"Transporte com caminhão carroceria de 15 t - rodovia em revestimento primário","tkm",0.89]
[5914479,"Transporte com caminhão carroceria de 15 t - rodovia pavimentada","tkm",0.71]
[5915322,"Transporte com caminhão carroceria de 5 t - rodovia em leito natural","tkm",1.86]
[5915323,"Transporte com caminhão carroceria de 5 t - rodovia em revestimento primário","tkm",1.49]
[5915324,"Transporte com caminhão carroceria de 5 t - rodovia pavimentada","tkm",{"v":1.2,"d":"1.20"}]
[5914404,"Transporte com caminhão carroceria de 9 t - rodovia em leito natural","tkm",1.18]
[5914419,"Transporte com caminhão carroceria de 9 t - rodovia em revestimento primário","tkm",0.94]
[5914434,"Transporte com caminhão carroceria de 9 t - rodovia pavimentada","tkm",0.76]
[5914635,"Transporte com cavalo mecânico com semirreboque com capacidade de 22 t - rodovia em leito natural","tkm",1.11]
[5914636,"Transporte com cavalo mecânico com semirreboque com capacidade de 22 t - rodovia em revestimento primário","tkm",0.89]
[5914637,"Transporte com cavalo mecânico com semirreboque com capacidade de 22 t - rodovia pavimentada","tkm",0.72]
[5914638,"Transporte com cavalo mecânico com semirreboque com capacidade de 30 t - rodovia em leito natural","tkm",0.88]
[5914639,"Transporte com cavalo mecânico com semirreboque com capacidade de 30 t - rodovia em revestimento primário","tkm",0.71]
[5914640,"Transporte com cavalo mecânico com semirreboque com capacidade de 30 t - rodovia pavimentada","tkm",0.57]
[5915466,"Transporte de água com caminhão tanque de 10.000 l - rodovia em leito natural","tkm",2.03]
[5915467,"Transporte de água com caminhão tanque de 10.000 l - rodovia em revestimento primário","tkm",1.63]
[5915468,"Transporte de água com caminhão tanque de 10.000 l - rodovia pavimentada","tkm",1.31]
[5914617,"Transporte de água com caminhão tanque de 13.000 l - rodovia em leito natural","tkm",1.58]
[5914618,"Transporte de água com caminhão tanque de 13.000 l - rodovia em revestimento primário","tkm",1.26]
[5914619,"Transporte de água com caminhão tanque de 13.000 l - rodovia pavimentada","tkm",1.02]
[5915451,"Transporte de água com caminhão tanque de 6.000 l - rodovia em leito natural","tkm",2.59]
[5915452,"Transporte de água com caminhão tanque de 6.000 l - rodovia em revestimento primário","tkm",2.07]
[5915453,"Transporte de água com caminhão tanque de 6.000 l - rodovia pavimentada","tkm",1.67]
[5915448,"Transporte de água com caminhão tanque de 8.000 l - rodovia em leito natural","tkm",2.01]
[5915449,"Transporte de água com caminhão tanque de 8.000 l - rodovia em revestimento primário","tkm",1.61]
[5915450,"Transporte de água com caminhão tanque de 8.000 l - rodovia pavimentada","tkm",1.29]
[5901641,"Transporte de areia fina com draga hopper - capacidade da cisterna de 1.000 m³","m³km",0.87]
[5901642,"Transporte de areia fina com draga hopper - capacidade da cisterna de 10.000 m³","m³km",0.26]
[5901643,"Transporte de areia fina com draga hopper - capacidade da cisterna de 15.000 m³","m³km",0.25]
[5901644,"Transporte de areia fina com draga hopper - capacidade da cisterna de 2.000 m³","m³km",0.55]
[5901645,"Transporte de areia fina com draga hopper - capacidade da cisterna de 20.000 m³","m³km",0.24]
[5901646,"Transporte de areia fina com draga hopper - capacidade da cisterna de 3.000 m³","m³km",0.45]
[5901647,"Transporte de areia fina com draga hopper - capacidade da cisterna de 4.000 m³","m³km",{"v":0.4,"d":"0.40"}]
[5901648,"Transporte de areia fina com draga hopper - capacidade da cisterna de 5.000 m³","m³km",0.35]
[5901649,"Transporte de areia fina com draga hopper - capacidade da cisterna de 750 m³","m³km",1.24]
[5901650,"Transporte de areia grossa com draga hopper - capacidade da cisterna de 1.000 m³","m³km",0.85]
[5901651,"Transporte de areia grossa com draga hopper - capacidade da cisterna de 10.000 m³","m³km",0.25]
[5901652,"Transporte de areia grossa com draga hopper - capacidade da cisterna de 15.000 m³","m³km",0.24]
[5901653,"Transporte de areia grossa com draga hopper - capacidade da cisterna de 2.000 m³","m³km",0.53]
[5901654,"Transporte de areia grossa com draga hopper - capacidade da cisterna de 20.000 m³","m³km",0.24]
[5901655,"Transporte de areia grossa com draga hopper - capacidade da cisterna de 3.000 m³","m³km",0.44]
[5901656,"Transporte de areia grossa com draga hopper - capacidade da cisterna de 4.000 m³","m³km",0.39]
[5901657,"Transporte de areia grossa com draga hopper - capacidade da cisterna de 5.000 m³","m³km",0.34]
[5901658,"Transporte de areia grossa com draga hopper - capacidade da cisterna de 750 m³","m³km",1.21]
[5901659,"Transporte de areia média com draga hopper - capacidade da cisterna de 1.000 m³","m³km",0.86]
[5901660,"Transporte de areia média com draga hopper - capacidade da cisterna de 10.000 m³","m³km",0.26]
[5901661,"Transporte de areia média com draga hopper - capacidade da cisterna de 15.000 m³","m³km",0.24]
[5901662,"Transporte de areia média com draga hopper - capacidade da cisterna de 2.000 m³","m³km",0.54]
[5901663,"Transporte de areia média com draga hopper - capacidade da cisterna de 20.000 m³","m³km",0.24]
[5901664,"Transporte de areia média com draga hopper - capacidade da cisterna de 3.000 m³","m³km",0.44]
[5901665,"Transporte de areia média com draga hopper - capacidade da cisterna de 4.000 m³","m³km",0.39]
[5901666,"Transporte de areia média com draga hopper - capacidade da cisterna de 5.000 m³","m³km",0.35]
[5901667,"Transporte de areia média com draga hopper - capacidade da cisterna de 750 m³","m³km",1.22]
[5914511,"Transporte de barras de trilho de 12 m com locomotiva diesel-elétrica em vagão plataforma com capacidade de 82 t - bitola métrica","tkm",0.27]
[5914510,"Transporte de barras de trilho de 12 m com locomotiva diesel-elétrica em vagão plataforma com capacidade de 98 t - bitola larga","tkm",0.24]
[5906597,"Transporte de blocos artificiais de concreto com 10 a 12 t para a execução de molhe com cavalo mecânico com semirreboque com capacidade de 30 t - rodovia em leito natural","unkm",12.97]
[5906598,"Transporte de blocos artificiais de concreto com 10 a 12 t para a execução de molhe com cavalo mecânico com semirreboque com capacidade de 30 t - rodovia em revestimento primário","unkm",10.38]
[5906599,"Transporte de blocos artificiais de concreto com 10 a 12 t para a execução de molhe com cavalo mecânico com semirreboque com capacidade de 30 t - rodovia pavimentada","unkm",8.35]
[5906594,"Transporte de blocos artificiais de concreto com 8 a 9 t para a execução de molhe com cavalo mecânico com semirreboque com capacidade de 30 t - rodovia em leito natural","unkm",8.65]
[5906595,"Transporte de blocos artificiais de concreto com 8 a 9 t para a execução de molhe com cavalo mecânico com semirreboque com capacidade de 30 t - rodovia em revestimento primário","unkm",6.92]
[5906596,"Transporte de blocos artificiais de concreto com 8 a 9 t para a execução de molhe com cavalo mecânico com semirreboque com capacidade de 30 t - rodovia pavimentada","unkm",5.57]
[5901668,"Transporte de cascalho com draga hopper - capacidade da cisterna de 1.000 m³","m³km",0.88]
[5901669,"Transporte de cascalho com draga hopper - capacidade da cisterna de 10.000 m³","m³km",0.26]
[5901670,"Transporte de cascalho com draga hopper - capacidade da cisterna de 15.000 m³","m³km",0.25]
[5901671,"Transporte de cascalho com draga hopper - capacidade da cisterna de 2.000 m³","m³km",0.55]
[5901672,"Transporte de cascalho com draga hopper - capacidade da cisterna de 20.000 m³","m³km",0.24]
[5901673,"Transporte de cascalho com draga hopper - capacidade da cisterna de 3.000 m³","m³km",0.45]
[5901674,"Transporte de cascalho com draga hopper - capacidade da cisterna de 4.000 m³","m³km",{"v":0.4,"d":"0.40"}]
[5901675,"Transporte de cascalho com draga hopper - capacidade da cisterna de 5.000 m³","m³km",0.35]
[5901676,"Transporte de cascalho com draga hopper - capacidade da cisterna de 750 m³","m³km",1.25]
[5901677,"Transporte de cascalho fino com draga hopper - capacidade da cisterna de 1.000 m³","m³km",0.87]
[5901678,"Transporte de cascalho fino com draga hopper - capacidade da cisterna de 10.000 m³","m³km",0.26]
[5901679,"Transporte de cascalho fino com draga hopper - capacidade da cisterna de 15.000 m³","m³km",0.25]
[5901680,"Transporte de cascalho fino com draga hopper - capacidade da cisterna de 2.000 m³","m³km",0.54]
[5901681,"Transporte de cascalho fino com draga hopper - capacidade da cisterna de 20.000 m³","m³km",0.24]
[5901682,"Transporte de cascalho fino com draga hopper - capacidade da cisterna de 3.000 m³","m³km",0.44]
[5901683,"Transporte de cascalho fino com draga hopper - capacidade da cisterna de 4.000 m³","m³km",0.39]
[5901684,"Transporte de cascalho fino com draga hopper - capacidade da cisterna de 5.000 m³","m³km",0.35]
[5901685,"Transporte de cascalho fino com draga hopper - capacidade da cisterna de 750 m³","m³km",1.23]
[5914360,"Transporte de cimento com caminhão distribuidor de 17 m³ - rodovia em leito natural","tkm",1.15]
[5914361,"Transporte de cimento com caminhão distribuidor de 17 m³ - rodovia em revestimento primário","tkm",0.92]
[5914362,"Transporte de cimento com caminhão distribuidor de 17 m³ - rodovia pavimentada","tkm",0.74]
[5914364,"Transporte de cimento ou cal hidratada a granel com caminhão silo de 30 m³ - rodovia em leito natural","tkm",0.91]
[5914365,"Transporte de cimento ou cal hidratada a granel com caminhão silo de 30 m³ - rodovia em revestimento primário","tkm",0.73]
[5914366,"Transporte de cimento ou cal hidratada a granel com caminhão silo de 30 m³ - rodovia pavimentada","tkm",0.58]
[5914315,"Transporte de concreto com caminhão basculante de 7 m³ - rodovia em leito natural","tkm",{"v":1.1,"d":"1.10"}]
[5914330,"Transporte de concreto com caminhão basculante de 7 m³ - rodovia em revestimento primário","tkm",0.88]
[5914345,"Transporte de concreto com caminhão basculante de 7 m³ - rodovia pavimentada","tkm",0.71]
[5914367,"Transporte de detritos com caminhão de hidrojateamento de alta pressão e vácuo de 9 m³ - rodovia em leito natural","tkm",1.76]
[5914368,"Transporte de detritos com caminhão de hidrojateamento de alta pressão e vácuo de 9 m³ - rodovia em revestimento primário","tkm",1.41]
[5914369,"Transporte de detritos com caminhão de hidrojateamento de alta pressão e vácuo de 9 m³ - rodovia pavimentada","tkm",1.13]
[5914489,"Transporte de dormentes de concreto monobloco protendido de bitola larga com locomotiva diesel-elétrica em vagão plataforma com capacidade de 98 t - bitola larga","tkm",0.24]
[5914491,"Transporte de dormentes de concreto monobloco protendido de bitola métrica com locomotiva diesel-elétrica em vagão plataforma com capacidade de 82 t - bitola métrica","tkm",0.27]
[5914490,"Transporte de dormentes de concreto monobloco protendido de bitola mista com locomotiva diesel-elétrica em vagão plataforma com capacidade de 98 t - bitola larga","tkm",0.24]
[5914495,"Transporte de dormentes de concreto monobloco protendido para AMV de bitola larga ou mista com locomotiva diesel-elétrica em vagão plataforma com capacidade de 98 t - bitola larga","tkm",1.56]
[5914494,"Transporte de dormentes de concreto monobloco protendido para AMV de bitola métrica com locomotiva diesel-elétrica em vagão plataforma com capacidade de 82 t - bitola métrica","tkm",3.48]
[5914487,"Transporte de dormentes de madeira de bitola larga com locomotiva diesel-elétrica em vagão plataforma com capacidade de 98 t - bitola larga","tkm",0.24]
[5914488,"Transporte de dormentes de madeira de bitola métrica com locomotiva diesel-elétrica em vagão plataforma com capacidade de 82 t - bitola métrica","tkm",0.27]
[5914493,"Transporte de dormentes de madeira para AMV de bitola larga ou mista com locomotiva diesel-elétrica em vagão plataforma com capacidade de 98 t - bitola larga","tkm",5.79]
[5914492,"Transporte de dormentes de madeira para AMV de bitola métrica com locomotiva diesel-elétrica em vagão plataforma com capacidade de 82 t - bitola métrica","tkm",13.85]
[5914482,"Transporte de lastro de brita com locomotiva diesel-elétrica em vagão hopper aberto com capacidade de 45 m³ - bitola métrica","tkm",0.62]
[5914483,"Transporte de lastro de brita com locomotiva diesel-elétrica em vagão hopper aberto com capacidade de 63 m³ - bitola larga","tkm",0.44]
[5914480,"Transporte de materiais metálicos e acessórios diversos com locomotiva diesel-elétrica em vagão fechado com capacidade de 64 t - bitola métrica","tkm",0.64]
[5914481,"Transporte de materiais metálicos e acessórios diversos com locomotiva diesel-elétrica em vagão fechado com capacidade de 99 t - bitola larga","tkm",0.42]
[5914485,"Transporte de materiais metálicos para AMV de bitola larga com locomotiva diesel-elétrica em vagão plataforma com capacidade de 98 t - bitola larga","tkm",3.98]
[5914486,"Transporte de materiais metálicos para AMV de bitola métrica com locomotiva diesel-elétrica em vagão plataforma com capacidade de 82 t - bitola métrica","tkm",4.98]
[5914484,"Transporte de materiais metálicos para AMV de bitola mista com locomotiva diesel-elétrica em vagão plataforma com capacidade de 98 t - bitola larga","tkm",3.45]
[5914620,"Transporte de material betuminoso com caminhão tanque distribuidor - rodovia em leito natural","tkm",{"v":2.7,"d":"2.70"}]
[5914621,"Transporte de material betuminoso com caminhão tanque distribuidor - rodovia em revestimento primário","tkm",2.16]
[5914622,"Transporte de material betuminoso com caminhão tanque distribuidor - rodovia pavimentada","tkm",1.74]
[5901695,"Transporte de material de 1ª categoria com batelão autopropelido com capacidade de 300 m³","m³km",0.72]
[5901696,"Transporte de material de 1ª categoria com batelão autopropelido com capacidade de 500 m³","m³km",0.53]
[5901697,"Transporte de material de 1ª categoria com batelão rebocado com capacidade de 66 m³","m³km",2.29]
[5901698,"Transporte de material de 1ª categoria com batelão rebocado montado na obra com capacidade de 66 m³","m³km",2.29]
[5916654,"Transporte de material de 3ª categoria com batelão autopropelido com capacidade de 300 m³","m³km",1.29]
[5916637,"Transporte de material de 3ª categoria com batelão rebocado com capacidade de 66 m³","m³km",6.75]
[5916618,"Transporte de material de 3ª categoria com batelão rebocado montado na obra com capacidade de 66 m³","m³km",6.75]
[5914334,"Transporte de material de 3ª categoria com caminhão basculante de 12 m³ para rocha - rodovia em leito natural","tkm",{"v":1.2,"d":"1.20"}]
[5914335,"Transporte de material de 3ª categoria com caminhão basculante de 12 m³ para rocha - rodovia em revestimento primário","tkm",0.96]
[5914336,"Transporte de material de 3ª categoria com caminhão basculante de 12 m³ para rocha - rodovia pavimentada","tkm",0.77]
[5914346,"Transporte de material de 3ª categoria com caminhão basculante de 8 m³ para rocha - rodovia em leito natural","tkm",1.73]
[5914347,"Transporte de material de 3ª categoria com caminhão basculante de 8 m³ para rocha - rodovia em revestimento primário","tkm",1.39]
[5914348,"Transporte de material de 3ª categoria com caminhão basculante de 8 m³ para rocha - rodovia pavimentada","tkm",1.12]
[5914611,"Transporte de mistura betuminosa a quente com caminhão com caçamba térmica de 6 m³ - rodovia em leito natural","tkm",1.88]
[5914613,"Transporte de mistura betuminosa a quente com caminhão com caçamba térmica de 6 m³ - rodovia em revestimento primário","tkm",{"v":1.5,"d":"1.50"}]
[5914612,"Transporte de mistura betuminosa a quente com caminhão com caçamba térmica de 6 m³ - rodovia pavimentada","tkm",1.21]
[5901686,"Transporte de silte com draga hopper - capacidade da cisterna de 1.000 m³","m³km",{"v":2.5,"d":"2.50"}]
[5901687,"Transporte de silte com draga hopper - capacidade da cisterna de 10.000 m³","m³km",0.75]
[5901688,"Transporte de silte com draga hopper - capacidade da cisterna de 15.000 m³","m³km",0.71]
[5901689,"Transporte de silte com draga hopper - capacidade da cisterna de 2.000 m³","m³km",1.57]
[5901690,"Transporte de silte com draga hopper - capacidade da cisterna de 20.000 m³","m³km",0.69]
[5901691,"Transporte de silte com draga hopper - capacidade da cisterna de 3.000 m³","m³km",1.28]
[5901692,"Transporte de silte com draga hopper - capacidade da cisterna de 4.000 m³","m³km",1.13]
[5901693,"Transporte de silte com draga hopper - capacidade da cisterna de 5.000 m³","m³km",1.01]
[5901694,"Transporte de silte com draga hopper - capacidade da cisterna de 750 m³","m³km",3.56]
[5914512,"Transporte de TLS TR45 de 120 m com locomotiva diesel-elétrica em vagão plataforma com capacidade de 82 t - bitola métrica","tkm",1.47]
[5914496,"Transporte de TLS TR45 de 120 m com locomotiva diesel-elétrica em vagão plataforma com capacidade de 98 t - bitola larga","tkm",1.13]
[5914513,"Transporte de TLS TR45 de 240 m com locomotiva diesel-elétrica em vagão plataforma com capacidade de 82 t - bitola métrica","tkm",0.82]
[5914497,"Transporte de TLS TR45 de 240 m com locomotiva diesel-elétrica em vagão plataforma com capacidade de 98 t - bitola larga","tkm",0.62]
[5914500,"Transporte de TLS TR57 de 120 m com locomotiva diesel-elétrica em vagão plataforma com capacidade de 82 t - bitola métrica","tkm",1.15]
[5914498,"Transporte de TLS TR57 de 120 m com locomotiva diesel-elétrica em vagão plataforma com capacidade de 98 t - bitola larga","tkm",0.89]
[5914501,"Transporte de TLS TR57 de 240 m com locomotiva diesel-elétrica em vagão plataforma com capacidade de 82 t - bitola métrica","tkm",0.65]
[5914499,"Transporte de TLS TR57 de 240 m com locomotiva diesel-elétrica em vagão plataforma com capacidade de 98 t - bitola larga","tkm",0.49]
[5914504,"Transporte de TLS TR68 de 120 m com locomotiva diesel-elétrica em vagão plataforma com capacidade de 82 t - bitola métrica","tkm",0.97]
[5914502,"Transporte de TLS TR68 de 120 m com locomotiva diesel-elétrica em vagão plataforma com capacidade de 98 t - bitola larga","tkm",0.75]
[5914505,"Transporte de TLS TR68 de 240 m com locomotiva diesel-elétrica em vagão plataforma com capacidade de 82 t - bitola métrica","tkm",0.55]
[5914503,"Transporte de TLS TR68 de 240 m com locomotiva diesel-elétrica em vagão plataforma com capacidade de 98 t - bitola larga","tkm",0.41]
[5914508,"Transporte de TLS UIC60 de 120 m com locomotiva diesel-elétrica em vagão plataforma com capacidade de 82 t - bitola métrica","tkm",1.09]
[5914506,"Transporte de TLS UIC60 de 120 m com locomotiva diesel-elétrica em vagão plataforma com capacidade de 98 t - bitola larga","tkm",0.84]
[5914509,"Transporte de TLS UIC60 de 240 m com locomotiva diesel-elétrica em vagão plataforma com capacidade de 82 t - bitola métrica","tkm",0.61]
[5914507,"Transporte de TLS UIC60 de 240 m com locomotiva diesel-elétrica em vagão plataforma com capacidade de 98 t - bitola larga","tkm",0.46]
[5915491,"Transporte de veículos de médio porte com guincho de resgate de 20 t - rodovia em leito natural","km",{"v":18.6,"d":"18.60"}]
[5915492,"Transporte de veículos de médio porte com guincho de resgate de 20 t - rodovia em revestimento primário","km",14.88]
[5915493,"Transporte de veículos de médio porte com guincho de resgate de 20 t - rodovia pavimentada","km",11.98]
[5915488,"Transporte de veículos leves com guincho de resgate de 4 t - rodovia em leito natural","km",13.54]
[5915489,"Transporte de veículos leves com guincho de resgate de 4 t - rodovia em revestimento primário","km",10.83]
[5915490,"Transporte de veículos leves com guincho de resgate de 4 t - rodovia pavimentada","km",8.72]
[5915494,"Transporte de veículos pesados com guincho de resgate de 35 t - rodovia em leito natural","km",{"v":31.2,"d":"31.20"}]
[5915495,"Transporte de veículos pesados com guincho de resgate de 35 t - rodovia em revestimento primário","km",24.96]
[5915496,"Transporte de veículos pesados com guincho de resgate de 35 t - rodovia pavimentada","km",{"v":20.1,"d":"20.10"}]
[5915325,"Transporte em cavalo mecânico com dolly de 4 eixos com capacidade de 57 t - rodovia em leito natural","km",69.43]
[5915326,"Transporte em cavalo mecânico com dolly de 4 eixos com capacidade de 57 t - rodovia em revestimento primário","km",55.52]
[5915327,"Transporte em cavalo mecânico com dolly de 4 eixos com capacidade de 57 t - rodovia pavimentada","km",44.72]
[5915328,"Transporte em cavalo mecânico com dollys de 3 e 4 eixos com capacidade de 77 t - rodovia em leito natural","km",80.89]
[5915329,"Transporte em cavalo mecânico com dollys de 3 e 4 eixos com capacidade de 77 t - rodovia em revestimento primário","km",64.68]
[5915330,"Transporte em cavalo mecânico com dollys de 3 e 4 eixos com capacidade de 77 t - rodovia pavimentada","km",52.09]
[5915331,"Transporte em cavalo mecânico com dollys de 5 e 4 eixos com capacidade de 111 t - rodovia em leito natural","km",158.15]
[5915332,"Transporte em cavalo mecânico com dollys de 5 e 4 eixos com capacidade de 111 t - rodovia em revestimento primário","km",126.46]
[5915333,"Transporte em cavalo mecânico com dollys de 5 e 4 eixos com capacidade de 111 t - rodovia pavimentada","km",101.85]
[5915364,"Transporte em cavalo mecânico com reboques de 5 e 4 eixos com capacidade de 130 t - rodovia em leito natural","km",181.21]
[5915365,"Transporte em cavalo mecânico com reboques de 5 e 4 eixos com capacidade de 130 t - rodovia em revestimento primário","km",{"v":144.9,"d":"144.90"}]
[5915361,"Transporte em cavalo mecânico com reboques de 5 e 4 eixos com capacidade de 130 t - rodovia pavimentada","km",116.71]
[5919716,"Transporte fluvial de materiais diversos com pontão flutuante - capacidade de 500 t","km",198.85]
[5919717,"Transporte fluvial do flutuante","km",171.75]
[6106220,"Armação de fuste de tubulão em aço CA-50 com apoio de guindaste - fornecimento, preparo e colocação","kg",12.22]
[6106183,"Escavação manual de base alargada de tubulão a céu aberto em material de 1ª categoria na profundidade de 10 a 15 m","m³",327.96]
[6106182,"Escavação manual de base alargada de tubulão a céu aberto em material de 1ª categoria na profundidade de até 10 m","m³",281.11]
[6106194,"Escavação manual de base alargada de tubulão a céu aberto em material de 2ª categoria na profundidade até 10 m","m³",744.51]
[6106195,"Escavação manual de base alargada de tubulão a céu aberto em material de 2ª categoria na profundidade de 10 a 15 m","m³",825.35]
[6106331,"Escavação manual de base alargada de tubulão a céu aberto em material de 3ª categoria a frio na profundidade até 10 m","m³",{"v":1886.31,"d":"1,886.31"}]
[6106332,"Escavação manual de base alargada de tubulão a céu aberto em material de 3ª categoria a frio na profundidade de 10 a 15 m","m³",{"v":2008.38,"d":"2,008.38"}]
[6106206,"Escavação manual de base alargada de tubulão a céu aberto em material de 3ª categoria na profundidade até 10 m","m³",{"v":2118.91,"d":"2,118.91"}]
[6106207,"Escavação manual de base alargada de tubulão a céu aberto em material de 3ª categoria na profundidade de 10 a 15 m","m³",{"v":2259.23,"d":"2,259.23"}]
[6106222,"Escavação manual de fuste de tubulão a céu aberto em material de 1ª categoria na profundidade de 10 a 15 m","m³",327.96]
[6106221,"Escavação manual de fuste de tubulão a céu aberto em material de 1ª categoria na profundidade de até 10 m","m³",281.11]
[6106224,"Escavação manual de fuste de tubulão a céu aberto em material de 2ª categoria na profundidade até 10 m","m³",744.51]
[6106225,"Escavação manual de fuste de tubulão a céu aberto em material de 2ª categoria na profundidade de 10 a 15 m","m³",825.35]
[6106228,"Escavação manual de fuste de tubulão a céu aberto em material de 3ª categoria na profundidade até 10 m","m³",{"v":1867.59,"d":"1,867.59"}]
[6106229,"Escavação manual de fuste de tubulão a céu aberto em material de 3ª categoria na profundidade de 10 a 15 m","m³",{"v":1989.98,"d":"1,989.98"}]
[6106328,"Escavação mecânica de fuste de tubulão com caçamba para rocha em material de 2ª categoria","m³",134.05]
[6106330,"Escavação mecânica de fuste de tubulão com caçamba para rocha em material de 3ª categoria","m³",666.53]
[6106326,"Escavação mecânica de fuste de tubulão com caçamba para solos em material de 1ª categoria","m³",55.34]
[6106324,"Escavação mecânica de fuste de tubulão com Hammer Grab em material de 1ª categoria","m³",{"v":33,"d":"33.00"}]
[6106327,"Escavação mecânica de fuste de tubulão com trado para rocha em material de 2ª categoria","m³",134.04]
[6106329,"Escavação mecânica de fuste de tubulão com trado para rocha em material de 3ª categoria","m³",667.53]
[6106325,"Escavação mecânica de fuste de tubulão com trado para solos em material de 1ª categoria","m³",55.48]
[6208126,"Armação de tela de aço eletrossoldada em túneis com auxílio de plataforma pantográfica - confecção e instalação","kg",21.42]
[6205797,"Cambotas metálicas treliçadas - confecção e instalação","kg",13.05]
[6205791,"Coluna de jet grouting horizontal CCPH em solo - D = 40 cm - perfuração e injeção","m",354.72]
[6205792,"Coluna de jet grouting horizontal CCPH em solo - D = 50 cm - perfuração e injeção","m",426.53]
[6205793,"Coluna de jet grouting horizontal CCPH em solo - D = 60 cm - perfuração e injeção","m",502.52]
[6205796,"Coluna de jet grouting vertical em solo - D = 100 cm - perfuração e injeção","m",900.27]
[6219451,"Coluna de jet grouting vertical em solo - D = 110 cm - perfuração e injeção","m",970.62]
[6219452,"Coluna de jet grouting vertical em solo - D = 120 cm - perfuração e injeção","m",{"v":1045.15,"d":"1,045.15"}]
[6205794,"Coluna de jet grouting vertical em solo - D = 80 cm - perfuração e injeção","m",{"v":772.1,"d":"772.10"}]
[6205795,"Coluna de jet grouting vertical em solo - D = 90 cm - perfuração e injeção","m",834.09]
[6219521,"Desmonte a frio e carga de rocha em túnel com cunha hidráulica - DMT de 0 a 200 m","m³",165.79]
[6219527,"Drenagem de túnel com manta drenante de malha de polietileno e geotêxtil em face revestida com argamassa polimérica com espessura de 25 mm","m²",{"v":428.1,"d":"428.10"}]
[6219526,"Dreno filtrante em tubos de PVC D = 40 mm aplicado em paredes e tetos de túnel - fornecimento e instalação","m",55.05]
[6219525,"Dreno não filtrante em tubos de PVC D = 40 mm aplicado em paredes e tetos de túnel - fornecimento e instalação","m",50.98]
[6219508,"Enfilagem tubular sistema autoperfurante - D = 76 mm","m",358.66]
[6219511,"Enfilagem tubular sistema convencional schedule 40 - D = 65 mm","m",264.73]
[6219500,"Escavação subterrânea e carregamento do material da calota em túnel classe I - DMT de 0 a 200 m - seção acima de 90 m²","m³",139.91]
[6219418,"Escavação subterrânea e carregamento do material da calota em túnel classe I - DMT de 0 a 200 m - seção de 20 a 40 m²","m³",304.12]
[6219412,"Escavação subterrânea e carregamento do material da calota em túnel classe I - DMT de 0 a 200 m - seção de 40 a 60 m²","m³",213.33]
[6219406,"Escavação subterrânea e carregamento do material da calota em túnel classe I - DMT de 0 a 200 m - seção de 60 a 90 m²","m³",150.26]
[6219501,"Escavação subterrânea e carregamento do material da calota em túnel classe II - DMT de 0 a 200 m - seção acima de 90 m²","m³",151.51]
[6219419,"Escavação subterrânea e carregamento do material da calota em túnel classe II - DMT de 0 a 200 m - seção de 20 a 40 m²","m³",334.99]
[6219413,"Escavação subterrânea e carregamento do material da calota em túnel classe II - DMT de 0 a 200 m - seção de 40 a 60 m²","m³",233.09]
[6219407,"Escavação subterrânea e carregamento do material da calota em túnel classe II - DMT de 0 a 200 m - seção de 60 a 90 m²","m³",162.94]
[6219502,"Escavação subterrânea e carregamento do material da calota em túnel classe III - DMT de 0 a 200 m - seção acima de 90 m²","m³",163.69]
[6219420,"Escavação subterrânea e carregamento do material da calota em túnel classe III - DMT de 0 a 200 m - seção de 20 a 40 m²","m³",375.23]
[6219414,"Escavação subterrânea e carregamento do material da calota em túnel classe III - DMT de 0 a 200 m - seção de 40 a 60 m²","m³",256.45]
[6219408,"Escavação subterrânea e carregamento do material da calota em túnel classe III - DMT de 0 a 200 m - seção de 60 a 90 m²","m³",176.03]
[6219503,"Escavação subterrânea e carregamento do material da calota em túnel classe IV - DMT de 0 a 200 m - seção acima de 90 m²","m³",189.59]
[6219421,"Escavação subterrânea e carregamento do material da calota em túnel classe IV - DMT de 0 a 200 m - seção de 20 a 40 m²","m³",446.43]
[6219415,"Escavação subterrânea e carregamento do material da calota em túnel classe IV - DMT de 0 a 200 m - seção de 40 a 60 m²","m³",299.82]
[6219409,"Escavação subterrânea e carregamento do material da calota em túnel classe IV - DMT de 0 a 200 m - seção de 60 a 90 m²","m³",205.37]
[6219518,"Escavação subterrânea e carregamento do material do rebaixo em túnel classe I a IV - DMT de 0 a 200 m","m³",52.69]
[6219504,"Escavação subterrânea e carregamento em túnel classe V - DMT de 0 a 200 m - seção acima de 90 m²","m³",112.28]
[6219422,"Escavação subterrânea e carregamento em túnel classe V - DMT de 0 a 200 m - seção de 20 a 40 m²","m³",250.66]
[6219416,"Escavação subterrânea e carregamento em túnel classe V - DMT de 0 a 200 m - seção de 40 a 60 m²","m³",192.38]
[6219410,"Escavação subterrânea e carregamento em túnel classe V - DMT de 0 a 200 m - seção de 60 a 90 m²","m³",134.07]
[6219505,"Escavação subterrânea e carregamento em túnel classe VI - DMT de 0 a 200 m - seção acima de 90 m²","m³",101.69]
[6219423,"Escavação subterrânea e carregamento em túnel classe VI - DMT de 0 a 200 m - seção de 20 a 40 m²","m³",238.99]
[6219417,"Escavação subterrânea e carregamento em túnel classe VI - DMT de 0 a 200 m - seção de 40 a 60 m²","m³",181.03]
[6219411,"Escavação subterrânea e carregamento em túnel classe VI - DMT de 0 a 200 m - seção de 60 a 90 m²","m³",123.13]
[6219520,"Pré-fissuramento em túnel","m²",59.27]
[6219433,"Pregagem da frente com vergalhão de fibra de vidro D = 25 mm com perfuração em D = 75 mm e injeção de calda de cimento","m",113.32]
[6205801,"Pregagem da frente em tubo de PVC D = 50 mm com perfuração em D = 100 mm e injeção de argamassa de cimento e areia 1:1","m",72.68]
[6219524,"Prego guia para controle de espessura de concreto projetado D = 16 mm em túnel - fornecimento e instalação","un",11.48]
[6416036,"Usinagem de agregados para microrrevestimento a frio - faixa II - brita comercial","m³",{"v":154,"d":"154.00"}]
[6416038,"Usinagem de agregados para microrrevestimento a frio - faixa II - brita produzida","m³",68.91]
[6416037,"Usinagem de agregados para microrrevestimento a frio - faixa III - brita comercial","m³",{"v":163.8,"d":"163.80"}]
[6416035,"Usinagem de agregados para microrrevestimento a frio - faixa III - brita produzida","m³",77.97]
[6416076,"Usinagem de areia-asfalto a quente - faixa A - areia comercial","t",154.43]
[6416075,"Usinagem de areia-asfalto a quente - faixa A - areia extraída","t",100.05]
[6416226,"Usinagem de areia-asfalto a quente - faixa B - areia comercial","t",146.76]
[6416225,"Usinagem de areia-asfalto a quente - faixa B - areia extraída","t",91.18]
[6416084,"Usinagem de areia-asfalto a quente com asfalto polímero - faixa A - areia comercial","t",148.98]
[6416083,"Usinagem de areia-asfalto a quente com asfalto polímero - faixa A - areia extraída","t",91.84]
[6416234,"Usinagem de areia-asfalto a quente com asfalto polímero - faixa B - areia comercial","t",153.26]
[6416233,"Usinagem de areia-asfalto a quente com asfalto polímero - faixa B - areia extraída","t",97.14]
[6416236,"Usinagem de areia-asfalto a quente com asfalto polímero - faixa C - areia comercial","t",156.03]
[6416235,"Usinagem de areia-asfalto a quente com asfalto polímero - faixa C - areia extraída","t",100.64]
[6416040,"Usinagem de brita graduada com brita comercial em usina de 300 t/h","m³",233.77]
[6416039,"Usinagem de brita graduada com brita produzida em usina de 300 t/h","m³",95.38]
[6416042,"Usinagem de brita graduada tratada com cimento e brita comercial em usina de 300 t/h","m³",278.45]
[6416041,"Usinagem de brita graduada tratada com cimento e brita produzida em usina de 300 t/h","m³",141.31]
[6416080,"Usinagem de concreto asfáltico - faixa A - areia e brita comerciais","t",171.47]
[6416079,"Usinagem de concreto asfáltico - faixa A - areia extraída e brita produzida","t",{"v":112.7,"d":"112.70"}]
[6416143,"Usinagem de concreto asfáltico - faixa B - areia e brita comerciais","t",172.85]
[6416262,"Usinagem de concreto asfáltico - faixa B - areia extraída e brita produzida","t",114.32]
[6416078,"Usinagem de concreto asfáltico - faixa C - areia e brita comerciais","t",170.17]
[6416077,"Usinagem de concreto asfáltico - faixa C - areia extraída e brita produzida","t",112.01]
[6416088,"Usinagem de concreto asfáltico com asfalto polímero - faixa A - areia e brita comerciais","t",174.11]
[6416087,"Usinagem de concreto asfáltico com asfalto polímero - faixa A - areia extraída e brita produzida","t",112.91]
[6416246,"Usinagem de concreto asfáltico com asfalto polímero - faixa B - areia e brita comerciais","t",173.35]
[6416245,"Usinagem de concreto asfáltico com asfalto polímero - faixa B - areia extraída e brita produzida","t",114.55]
[6416248,"Usinagem de concreto asfáltico com asfalto polímero - faixa C - areia e brita comerciais","t",171.81]
[6416247,"Usinagem de concreto asfáltico com asfalto polímero - faixa C - areia extraída e brita produzida","t",115.03]
[6416214,"Usinagem de concreto asfáltico com borracha (Gap Graded) - brita comercial","t",218.97]
[6416218,"Usinagem de concreto asfáltico com borracha (Gap Graded) - brita produzida","t",160.87]
[6416211,"Usinagem de concreto asfáltico com borracha - faixa A - brita comercial","t",217.05]
[6416215,"Usinagem de concreto asfáltico com borracha - faixa A - brita produzida","t",161.37]
[6416212,"Usinagem de concreto asfáltico com borracha - faixa B - brita comercial","t",219.39]
[6416216,"Usinagem de concreto asfáltico com borracha - faixa B - brita produzida","t",164.45]
[6416213,"Usinagem de concreto asfáltico com borracha - faixa C - brita comercial","t",219.57]
[6416217,"Usinagem de concreto asfáltico com borracha - faixa C - brita produzida","t",165.97]
[6416289,"Usinagem de concreto asfáltico reciclado a frio com espuma de asfalto, agregado comercial e cimento","m³",123.95]
[6416288,"Usinagem de concreto asfáltico reciclado a frio com espuma de asfalto, agregado produzido e cimento","m³",78.43]
[6416098,"Usinagem de concreto asfáltico reciclado em usina fixa com adição de material fresado e brita comercial","t",158.33]
[6416097,"Usinagem de concreto asfáltico reciclado em usina fixa com adição de material fresado e brita produzida","t",121.32]
[6416258,"Usinagem de micro pré-misturado a quente com asfalto polímero - brita comercial","t",169.98]
[6416259,"Usinagem de micro pré-misturado a quente com asfalto polímero - brita produzida","t",117.06]
[6416074,"Usinagem de pré-misturado a frio - faixa A - areia e brita comerciais","m³",256.96]
[6416073,"Usinagem de pré-misturado a frio - faixa A - areia extraída e brita produzida","m³",114.86]
[6416220,"Usinagem de pré-misturado a frio - faixa B - areia e brita comerciais","m³",260.38]
[6416219,"Usinagem de pré-misturado a frio - faixa B - areia extraída e brita produzida","m³",111.72]
[6416222,"Usinagem de pré-misturado a frio - faixa C - areia e brita comerciais","m³",263.06]
[6416221,"Usinagem de pré-misturado a frio - faixa C - areia extraída e brita produzida","m³",122.66]
[6416224,"Usinagem de pré-misturado a frio - faixa D - areia e brita comerciais","m³",267.22]
[6416223,"Usinagem de pré-misturado a frio - faixa D - areia extraída e brita produzida","m³",119.51]
[6416082,"Usinagem de pré-misturado a frio com asfalto polímero - faixa A - areia e brita comerciais","m³",256.96]
[6416081,"Usinagem de pré-misturado a frio com asfalto polímero - faixa A - areia extraída e brita produzida","m³",114.86]
[6416228,"Usinagem de pré-misturado a frio com asfalto polímero - faixa B - areia e brita comerciais","m³",260.38]
[6416227,"Usinagem de pré-misturado a frio com asfalto polímero - faixa B - areia extraída e brita produzida","m³",111.72]
[6416230,"Usinagem de pré-misturado a frio com asfalto polímero - faixa C - areia e brita comerciais","m³",{"v":261.9,"d":"261.90"}]
[6416229,"Usinagem de pré-misturado a frio com asfalto polímero - faixa C - areia extraída e brita produzida","m³",122.17]
[6416232,"Usinagem de pré-misturado a frio com asfalto polímero - faixa D - areia e brita comerciais","m³",266.04]
[6416231,"Usinagem de pré-misturado a frio com asfalto polímero - faixa D - areia extraída e brita produzida","m³",119.04]
[6416086,"Usinagem de pré-misturado a quente com asfalto polímero - faixa I - camada porosa de atrito - areia e brita comerciais","t",175.88]
[6416085,"Usinagem de pré-misturado a quente com asfalto polímero - faixa I - camada porosa de atrito - areia extraída e brita produzida","t",113.14]
[6416238,"Usinagem de pré-misturado a quente com asfalto polímero - faixa II - camada porosa de atrito - areia e brita comerciais","t",170.14]
[6416237,"Usinagem de pré-misturado a quente com asfalto polímero - faixa II - camada porosa de atrito - areia extraída e brita produzida","t",105.88]
[6416240,"Usinagem de pré-misturado a quente com asfalto polímero - faixa III - camada porosa de atrito - areia e brita comerciais","t",172.68]
[6416239,"Usinagem de pré-misturado a quente com asfalto polímero - faixa III - camada porosa de atrito - areia extraída e brita produzida","t",110.86]
[6416242,"Usinagem de pré-misturado a quente com asfalto polímero - faixa IV - camada porosa de atrito - areia e brita comerciais","t",180.58]
[6416241,"Usinagem de pré-misturado a quente com asfalto polímero - faixa IV - camada porosa de atrito - areia extraída e brita produzida","t",117.02]
[6416244,"Usinagem de pré-misturado a quente com asfalto polímero - faixa V - camada porosa de atrito - areia e brita comerciais","t",179.12]
[6416243,"Usinagem de pré-misturado a quente com asfalto polímero - faixa V - camada porosa de atrito - areia extraída e brita produzida","t",{"v":116.6,"d":"116.60"}]
[6416250,"Usinagem de solo areia (70% - 30%) - material de jazida e areia comercial","m³",55.59]
[6416153,"Usinagem de solo areia (70% - 30%) - material de jazida e areia extraída","m³",17.32]
[6416185,"Usinagem de solo brita (70% - 30%) com 3% cimento - material de jazida e brita comercial","m³",112.12]
[6416184,"Usinagem de solo brita (70% - 30%) com 3% cimento - material de jazida e brita produzida","m³",75.04]
[6416030,"Usinagem de solo brita (70% - 30%) com material de jazida e brita comercial em usina de 300 t/h","m³",72.99]
[6416029,"Usinagem de solo brita (70% - 30%) com material de jazida e brita produzida em usina de 300 t/h","m³",34.76]
[6416056,"Usinagem de solo cimento com 7% de cimento com material de jazida em usina de 300 t/h","m³",92.73]
[6416278,"Usinagem de solo escória de aciaria (50% - 50%) com material de jazida em usina de 300 t/h","m³",24.25]
[6416047,"Usinagem de solo melhorado com 3% de cimento com material de jazida em usina de 300 t/h","m³",46.65]
[6416090,"Usinagem para pavimento de concreto com fôrmas deslizantes - areia e brita comerciais","m³",383.81]
[6416089,"Usinagem para pavimento de concreto com fôrmas deslizantes - areia extraída e brita produzida","m³",268.42]
[6416094,"Usinagem para pavimento de concreto compactado com rolo - brita comercial","m³",343.14]
[6416093,"Usinagem para pavimento de concreto compactado com rolo - brita produzida","m³",210.26]
[6416092,"Usinagem para sub-base de concreto compactado com rolo - brita comercial","m³",297.01]
[6416091,"Usinagem para sub-base de concreto compactado com rolo - brita produzida","m³",158.09]
[6817809,"Confecção de BSCC - seção canal de 1,5 x 1,5 m - areia e brita comerciais","m",{"v":1063.41,"d":"1,063.41"}]
[6817810,"Confecção de BSCC - seção canal de 1,5 x 1,5 m - areia extraída e brita produzida","m",957.52]
[6817811,"Confecção de BSCC - seção canal de 2,0 x 1,5 m - areia e brita comerciais","m",{"v":1136.5,"d":"1,136.50"}]
[6817812,"Confecção de BSCC - seção canal de 2,0 x 1,5 m - areia extraída e brita produzida","m",{"v":1019.47,"d":"1,019.47"}]
[6817813,"Confecção de BSCC - seção canal de 2,0 x 2,0 m - tipo I - areia e brita comerciais","m",{"v":1782.22,"d":"1,782.22"}]
[6817814,"Confecção de BSCC - seção canal de 2,0 x 2,0 m - tipo I - areia extraída e brita produzida","m",{"v":1598.32,"d":"1,598.32"}]
[6817815,"Confecção de BSCC - seção canal de 2,0 x 2,0 m - tipo II - areia e brita comerciais","m",{"v":1500.44,"d":"1,500.44"}]
[6817816,"Confecção de BSCC - seção canal de 2,0 x 2,0 m - tipo II - areia extraída e brita produzida","m",{"v":1316.54,"d":"1,316.54"}]
[6817817,"Confecção de BSCC - seção canal de 2,5 x 1,5 m - areia e brita comerciais","m",{"v":1221.09,"d":"1,221.09"}]
[6817818,"Confecção de BSCC - seção canal de 2,5 x 1,5 m - areia extraída e brita produzida","m",{"v":1094.31,"d":"1,094.31"}]
[6817819,"Confecção de BSCC - seção canal de 2,5 x 2,0 m - tipo I - areia e brita comerciais","m",{"v":1871.94,"d":"1,871.94"}]
[6817820,"Confecção de BSCC - seção canal de 2,5 x 2,0 m - tipo I - areia extraída e brita produzida","m",{"v":1674.11,"d":"1,674.11"}]
[6817821,"Confecção de BSCC - seção canal de 2,5 x 2,0 m - tipo II - areia e brita comerciais","m",{"v":1599.47,"d":"1,599.47"}]
[6817822,"Confecção de BSCC - seção canal de 2,5 x 2,0 m - tipo II - areia extraída e brita produzida","m",{"v":1401.63,"d":"1,401.63"}]
[6817823,"Confecção de BSCC - seção canal de 3,0 x 1,5 m - areia e brita comerciais","m",{"v":1310.27,"d":"1,310.27"}]
[6817824,"Confecção de BSCC - seção canal de 3,0 x 1,5 m - areia extraída e brita produzida","m",{"v":1172.34,"d":"1,172.34"}]
[6817825,"Confecção de BSCC - seção canal de 3,0 x 2,0 m - tipo I - areia e brita comerciais","m",{"v":1899.93,"d":"1,899.93"}]
[6817826,"Confecção de BSCC - seção canal de 3,0 x 2,0 m - tipo I - areia extraída e brita produzida","m",{"v":1688.17,"d":"1,688.17"}]
[6817827,"Confecção de BSCC - seção canal de 3,0 x 2,0 m - tipo II - areia e brita comerciais","m",{"v":1698.49,"d":"1,698.49"}]
[6817828,"Confecção de BSCC - seção canal de 3,0 x 2,0 m - tipo II - areia extraída e brita produzida","m",{"v":1486.72,"d":"1,486.72"}]
[6817753,"Confecção de BSCC - seção fechada de 1,5 x 1,5 m - altura do aterro de 0,25 a 1,00 m - areia e brita comerciais","m",{"v":1440.67,"d":"1,440.67"}]
[6817754,"Confecção de BSCC - seção fechada de 1,5 x 1,5 m - altura do aterro de 0,25 a 1,00 m - areia extraída e brita produzida","m",{"v":1291.6,"d":"1,291.60"}]
[6817755,"Confecção de BSCC - seção fechada de 1,5 x 1,5 m - altura do aterro de 1,00 a 2,50 m - areia e brita comerciais","m",{"v":1378.42,"d":"1,378.42"}]
[6817756,"Confecção de BSCC - seção fechada de 1,5 x 1,5 m - altura do aterro de 1,00 a 2,50 m - areia extraída e brita produzida","m",{"v":1229.35,"d":"1,229.35"}]
[6817763,"Confecção de BSCC - seção fechada de 1,5 x 1,5 m - altura do aterro de 10,00 a 12,50 m - areia e brita comerciais","m",{"v":1738.59,"d":"1,738.59"}]
[6817764,"Confecção de BSCC - seção fechada de 1,5 x 1,5 m - altura do aterro de 10,00 a 12,50 m - areia extraída e brita produzida","m",{"v":1540.78,"d":"1,540.78"}]
[6817765,"Confecção de BSCC - seção fechada de 1,5 x 1,5 m - altura do aterro de 12,50 a 15,00 m - areia e brita comerciais","m",{"v":2018.45,"d":"2,018.45"}]
[6817766,"Confecção de BSCC - seção fechada de 1,5 x 1,5 m - altura do aterro de 12,50 a 15,00 m - areia extraída e brita produzida","m",{"v":1835.89,"d":"1,835.89"}]
[6817757,"Confecção de BSCC - seção fechada de 1,5 x 1,5 m - altura do aterro de 2,50 a 5,00 m - areia e brita comerciais","m",{"v":1378.42,"d":"1,378.42"}]
[6817758,"Confecção de BSCC - seção fechada de 1,5 x 1,5 m - altura do aterro de 2,50 a 5,00 m - areia extraída e brita produzida","m",{"v":1229.35,"d":"1,229.35"}]
[6817759,"Confecção de BSCC - seção fechada de 1,5 x 1,5 m - altura do aterro de 5,00 a 7,50 m - areia e brita comerciais","m",{"v":1501.35,"d":"1,501.35"}]
[6817760,"Confecção de BSCC - seção fechada de 1,5 x 1,5 m - altura do aterro de 5,00 a 7,50 m - areia extraída e brita produzida","m",{"v":1354.37,"d":"1,354.37"}]
[6817761,"Confecção de BSCC - seção fechada de 1,5 x 1,5 m - altura do aterro de 7,50 a 10,00 m - areia e brita comerciais","m",{"v":1841.9,"d":"1,841.90"}]
[6817762,"Confecção de BSCC - seção fechada de 1,5 x 1,5 m - altura do aterro de 7,50 a 10,00 m - areia extraída e brita produzida","m",{"v":1644.09,"d":"1,644.09"}]
[6817767,"Confecção de BSCC - seção fechada de 2,0 x 2,0 m - altura do aterro de 0,25 a 1,00 m - areia e brita comerciais","m",{"v":2105.27,"d":"2,105.27"}]
[6817768,"Confecção de BSCC - seção fechada de 2,0 x 2,0 m - altura do aterro de 0,25 a 1,00 m - areia extraída e brita produzida","m",{"v":1914.4,"d":"1,914.40"}]
[6817769,"Confecção de BSCC - seção fechada de 2,0 x 2,0 m - altura do aterro de 1,00 a 2,50 m - areia e brita comerciais","m",{"v":1770.81,"d":"1,770.81"}]
[6817770,"Confecção de BSCC - seção fechada de 2,0 x 2,0 m - altura do aterro de 1,00 a 2,50 m - areia extraída e brita produzida","m",{"v":1579.94,"d":"1,579.94"}]
[6817777,"Confecção de BSCC - seção fechada de 2,0 x 2,0 m - altura do aterro de 10,00 a 12,50 m - areia e brita comerciais","m",{"v":2912.26,"d":"2,912.26"}]
[6817778,"Confecção de BSCC - seção fechada de 2,0 x 2,0 m - altura do aterro de 10,00 a 12,50 m - areia extraída e brita produzida","m",{"v":2684.97,"d":"2,684.97"}]
[6817779,"Confecção de BSCC - seção fechada de 2,0 x 2,0 m - altura do aterro de 12,50 a 15,00 m - areia e brita comerciais","m",{"v":3439.66,"d":"3,439.66"}]
[6817780,"Confecção de BSCC - seção fechada de 2,0 x 2,0 m - altura do aterro de 12,50 a 15,00 m - areia extraída e brita produzida","m",{"v":3151.83,"d":"3,151.83"}]
[6817771,"Confecção de BSCC - seção fechada de 2,0 x 2,0 m - altura do aterro de 2,50 a 5,00 m - areia e brita comerciais","m",{"v":2032.31,"d":"2,032.31"}]
[6817772,"Confecção de BSCC - seção fechada de 2,0 x 2,0 m - altura do aterro de 2,50 a 5,00 m - areia extraída e brita produzida","m",{"v":1844.12,"d":"1,844.12"}]
[6817773,"Confecção de BSCC - seção fechada de 2,0 x 2,0 m - altura do aterro de 5,00 a 7,50 m - areia e brita comerciais","m",{"v":2442.36,"d":"2,442.36"}]
[6817774,"Confecção de BSCC - seção fechada de 2,0 x 2,0 m - altura do aterro de 5,00 a 7,50 m - areia extraída e brita produzida","m",{"v":2189.6,"d":"2,189.60"}]
[6817775,"Confecção de BSCC - seção fechada de 2,0 x 2,0 m - altura do aterro de 7,50 a 10,00 m - areia e brita comerciais","m",{"v":2676.58,"d":"2,676.58"}]
[6817776,"Confecção de BSCC - seção fechada de 2,0 x 2,0 m - altura do aterro de 7,50 a 10,00 m - areia extraída e brita produzida","m",{"v":2443.3,"d":"2,443.30"}]
[6817781,"Confecção de BSCC - seção fechada de 2,5 x 2,5 m - altura do aterro de 0,25 a 1,00 m - areia e brita comerciais","m",{"v":2876.88,"d":"2,876.88"}]
[6817782,"Confecção de BSCC - seção fechada de 2,5 x 2,5 m - altura do aterro de 0,25 a 1,00 m - areia extraída e brita produzida","m",{"v":2644.22,"d":"2,644.22"}]
[6817783,"Confecção de BSCC - seção fechada de 2,5 x 2,5 m - altura do aterro de 1,00 a 2,50 m - areia e brita comerciais","m",{"v":2346.18,"d":"2,346.18"}]
[6817784,"Confecção de BSCC - seção fechada de 2,5 x 2,5 m - altura do aterro de 1,00 a 2,50 m - areia extraída e brita produzida","m",{"v":2113.52,"d":"2,113.52"}]
[6817791,"Confecção de BSCC - seção fechada de 2,5 x 2,5 m - altura do aterro de 10,00 a 12,50 m - areia e brita comerciais","m",{"v":4262.27,"d":"4,262.27"}]
[6817792,"Confecção de BSCC - seção fechada de 2,5 x 2,5 m - altura do aterro de 10,00 a 12,50 m - areia extraída e brita produzida","m",{"v":3912.68,"d":"3,912.68"}]
[6817793,"Confecção de BSCC - seção fechada de 2,5 x 2,5 m - altura do aterro de 12,50 a 15,00 m - areia e brita comerciais","m",{"v":4848.7,"d":"4,848.70"}]
[6817794,"Confecção de BSCC - seção fechada de 2,5 x 2,5 m - altura do aterro de 12,50 a 15,00 m - areia extraída e brita produzida","m",{"v":4499.11,"d":"4,499.11"}]
[6817785,"Confecção de BSCC - seção fechada de 2,5 x 2,5 m - altura do aterro de 2,50 a 5,00 m - areia e brita comerciais","m",{"v":2992.95,"d":"2,992.95"}]
[6817786,"Confecção de BSCC - seção fechada de 2,5 x 2,5 m - altura do aterro de 2,50 a 5,00 m - areia extraída e brita produzida","m",{"v":2685.24,"d":"2,685.24"}]
[6817787,"Confecção de BSCC - seção fechada de 2,5 x 2,5 m - altura do aterro de 5,00 a 7,50 m - areia e brita comerciais","m",{"v":3462.75,"d":"3,462.75"}]
[6817788,"Confecção de BSCC - seção fechada de 2,5 x 2,5 m - altura do aterro de 5,00 a 7,50 m - areia extraída e brita produzida","m",{"v":3178.76,"d":"3,178.76"}]
[6817789,"Confecção de BSCC - seção fechada de 2,5 x 2,5 m - altura do aterro de 7,50 a 10,00 m - areia e brita comerciais","m",{"v":3872.24,"d":"3,872.24"}]
[6817790,"Confecção de BSCC - seção fechada de 2,5 x 2,5 m - altura do aterro de 7,50 a 10,00 m - areia extraída e brita produzida","m",{"v":3595.53,"d":"3,595.53"}]
[6817795,"Confecção de BSCC - seção fechada de 3,0 x 3,0 m - altura do aterro de 0,25 a 1,00 m - areia e brita comerciais","m",{"v":3706.21,"d":"3,706.21"}]
[6817796,"Confecção de BSCC - seção fechada de 3,0 x 3,0 m - altura do aterro de 0,25 a 1,00 m - areia extraída e brita produzida","m",{"v":3435.6,"d":"3,435.60"}]
[6817797,"Confecção de BSCC - seção fechada de 3,0 x 3,0 m - altura do aterro de 1,00 a 2,50 m - areia e brita comerciais","m",{"v":3152.81,"d":"3,152.81"}]
[6817798,"Confecção de BSCC - seção fechada de 3,0 x 3,0 m - altura do aterro de 1,00 a 2,50 m - areia extraída e brita produzida","m",{"v":2882.19,"d":"2,882.19"}]
[6817805,"Confecção de BSCC - seção fechada de 3,0 x 3,0 m - altura do aterro de 10,00 a 12,50 m - areia e brita comerciais","m",{"v":6006.07,"d":"6,006.07"}]
[6817806,"Confecção de BSCC - seção fechada de 3,0 x 3,0 m - altura do aterro de 10,00 a 12,50 m - areia extraída e brita produzida","m",{"v":5594.71,"d":"5,594.71"}]
[6817807,"Confecção de BSCC - seção fechada de 3,0 x 3,0 m - altura do aterro de 12,50 a 15,00 m - areia e brita comerciais","m",{"v":6655.22,"d":"6,655.22"}]
[6817808,"Confecção de BSCC - seção fechada de 3,0 x 3,0 m - altura do aterro de 12,50 a 15,00 m - areia extraída e brita produzida","m",{"v":6243.87,"d":"6,243.87"}]
[6817799,"Confecção de BSCC - seção fechada de 3,0 x 3,0 m - altura do aterro de 2,50 a 5,00 m - areia e brita comerciais","m",{"v":3946.97,"d":"3,946.97"}]
[6817800,"Confecção de BSCC - seção fechada de 3,0 x 3,0 m - altura do aterro de 2,50 a 5,00 m - areia extraída e brita produzida","m",{"v":3584.32,"d":"3,584.32"}]
[6817801,"Confecção de BSCC - seção fechada de 3,0 x 3,0 m - altura do aterro de 5,00 a 7,50 m - areia e brita comerciais","m",{"v":4799.22,"d":"4,799.22"}]
[6817802,"Confecção de BSCC - seção fechada de 3,0 x 3,0 m - altura do aterro de 5,00 a 7,50 m - areia extraída e brita produzida","m",{"v":4473.1,"d":"4,473.10"}]
[6817803,"Confecção de BSCC - seção fechada de 3,0 x 3,0 m - altura do aterro de 7,50 a 10,00 m - areia e brita comerciais","m",{"v":5427.76,"d":"5,427.76"}]
[6817804,"Confecção de BSCC - seção fechada de 3,0 x 3,0 m - altura do aterro de 7,50 a 10,00 m - areia extraída e brita produzida","m",{"v":5016.41,"d":"5,016.41"}]
[6817885,"Corpo de BSCC - seção canal de 1,5 x 1,5 m - pré-moldado - areia e brita comerciais","m",{"v":1322.2,"d":"1,322.20"}]
[6817886,"Corpo de BSCC - seção canal de 1,5 x 1,5 m - pré-moldado - areia extraída e brita produzida","m",{"v":1177.66,"d":"1,177.66"}]
[6817887,"Corpo de BSCC - seção canal de 2,0 x 1,5 m - pré-moldado - areia e brita comerciais","m",{"v":1438.32,"d":"1,438.32"}]
[6817888,"Corpo de BSCC - seção canal de 2,0 x 1,5 m - pré-moldado - areia extraída e brita produzida","m",{"v":1273.49,"d":"1,273.49"}]
[6817889,"Corpo de BSCC - seção canal de 2,0 x 2,0 m - pré-moldado - tipo I - areia e brita comerciais","m",{"v":2125.91,"d":"2,125.91"}]
[6817890,"Corpo de BSCC - seção canal de 2,0 x 2,0 m - pré-moldado - tipo I - areia extraída e brita produzida","m",{"v":1892.61,"d":"1,892.61"}]
[6817891,"Corpo de BSCC - seção canal de 2,0 x 2,0 m - pré-moldado - tipo II - areia e brita comerciais","m",{"v":1844.13,"d":"1,844.13"}]
[6817892,"Corpo de BSCC - seção canal de 2,0 x 2,0 m - pré-moldado - tipo II - areia extraída e brita produzida","m",{"v":1610.83,"d":"1,610.83"}]
[6817893,"Corpo de BSCC - seção canal de 2,5 x 1,5 m - pré-moldado - areia e brita comerciais","m",{"v":1606.12,"d":"1,606.12"}]
[6817894,"Corpo de BSCC - seção canal de 2,5 x 1,5 m - pré-moldado - areia extraída e brita produzida","m",{"v":1419.88,"d":"1,419.88"}]
[6817895,"Corpo de BSCC - seção canal de 2,5 x 2,0 m - pré-moldado - tipo I - areia e brita comerciais","m",{"v":2284.12,"d":"2,284.12"}]
[6817896,"Corpo de BSCC - seção canal de 2,5 x 2,0 m - pré-moldado - tipo I - areia extraída e brita produzida","m",{"v":2026.58,"d":"2,026.58"}]
[6817897,"Corpo de BSCC - seção canal de 2,5 x 2,0 m - pré-moldado - tipo II - areia e brita comerciais","m",{"v":2011.65,"d":"2,011.65"}]
[6817898,"Corpo de BSCC - seção canal de 2,5 x 2,0 m - pré-moldado - tipo II - areia extraída e brita produzida","m",{"v":1754.1,"d":"1,754.10"}]
[6817899,"Corpo de BSCC - seção canal de 3,0 x 1,5 m - pré-moldado - areia e brita comerciais","m",{"v":1763.29,"d":"1,763.29"}]
[6817900,"Corpo de BSCC - seção canal de 3,0 x 1,5 m - pré-moldado - areia extraída e brita produzida","m",{"v":1555.38,"d":"1,555.38"}]
[6817901,"Corpo de BSCC - seção canal de 3,0 x 2,0 m - pré-moldado - tipo I - areia e brita comerciais","m",{"v":2384.61,"d":"2,384.61"}]
[6817902,"Corpo de BSCC - seção canal de 3,0 x 2,0 m - pré-moldado - tipo I - areia extraída e brita produzida","m",{"v":2101.26,"d":"2,101.26"}]
[6817903,"Corpo de BSCC - seção canal de 3,0 x 2,0 m - pré-moldado - tipo II - areia e brita comerciais","m",{"v":2183.17,"d":"2,183.17"}]
[6817904,"Corpo de BSCC - seção canal de 3,0 x 2,0 m - pré-moldado - tipo II - areia extraída e brita produzida","m",{"v":1899.81,"d":"1,899.81"}]
[6817829,"Corpo de BSCC - seção fechada de 1,5 x 1,5 m - pré-moldado - altura do aterro de 0,25 a 1,00 m - areia e brita comerciais","m",{"v":1762.81,"d":"1,762.81"}]
[6817830,"Corpo de BSCC - seção fechada de 1,5 x 1,5 m - pré-moldado - altura do aterro de 0,25 a 1,00 m - areia extraída e brita produzida","m",{"v":1574.75,"d":"1,574.75"}]
[6817831,"Corpo de BSCC - seção fechada de 1,5 x 1,5 m - pré-moldado - altura do aterro de 1,00 a 2,50 m - areia e brita comerciais","m",{"v":1700.56,"d":"1,700.56"}]
[6817832,"Corpo de BSCC - seção fechada de 1,5 x 1,5 m - pré-moldado - altura do aterro de 1,00 a 2,50 m - areia extraída e brita produzida","m",{"v":1512.5,"d":"1,512.50"}]
[6817839,"Corpo de BSCC - seção fechada de 1,5 x 1,5 m - pré-moldado - altura do aterro de 10,00 a 12,50 m - areia e brita comerciais","m",{"v":2066.91,"d":"2,066.91"}]
[6817840,"Corpo de BSCC - seção fechada de 1,5 x 1,5 m - pré-moldado - altura do aterro de 10,00 a 12,50 m - areia extraída e brita produzida","m",{"v":1828.73,"d":"1,828.73"}]
[6817841,"Corpo de BSCC - seção fechada de 1,5 x 1,5 m - pré-moldado - altura do aterro de 12,50 a 15,00 m - areia e brita comerciais","m",{"v":2346.77,"d":"2,346.77"}]
[6817842,"Corpo de BSCC - seção fechada de 1,5 x 1,5 m - pré-moldado - altura do aterro de 12,50 a 15,00 m - areia extraída e brita produzida","m",{"v":2123.84,"d":"2,123.84"}]
[6817833,"Corpo de BSCC - seção fechada de 1,5 x 1,5 m - pré-moldado - altura do aterro de 2,50 a 5,00 m - areia e brita comerciais","m",{"v":1700.56,"d":"1,700.56"}]
[6817834,"Corpo de BSCC - seção fechada de 1,5 x 1,5 m - pré-moldado - altura do aterro de 2,50 a 5,00 m - areia extraída e brita produzida","m",{"v":1512.5,"d":"1,512.50"}]
[6817835,"Corpo de BSCC - seção fechada de 1,5 x 1,5 m - pré-moldado - altura do aterro de 5,00 a 7,50 m - areia e brita comerciais","m",{"v":1823.49,"d":"1,823.49"}]
[6817836,"Corpo de BSCC - seção fechada de 1,5 x 1,5 m - pré-moldado - altura do aterro de 5,00 a 7,50 m - areia extraída e brita produzida","m",{"v":1637.52,"d":"1,637.52"}]
[6817837,"Corpo de BSCC - seção fechada de 1,5 x 1,5 m - pré-moldado - altura do aterro de 7,50 a 10,00 m - areia e brita comerciais","m",{"v":2170.22,"d":"2,170.22"}]
[6817838,"Corpo de BSCC - seção fechada de 1,5 x 1,5 m - pré-moldado - altura do aterro de 7,50 a 10,00 m - areia extraída e brita produzida","m",{"v":1932.04,"d":"1,932.04"}]
[6817843,"Corpo de BSCC - seção fechada de 2,0 x 2,0 m - pré-moldado - altura do aterro de 0,25 a 1,00 m - areia e brita comerciais","m",{"v":2494.91,"d":"2,494.91"}]
[6817844,"Corpo de BSCC - seção fechada de 2,0 x 2,0 m - pré-moldado - altura do aterro de 0,25 a 1,00 m - areia extraída e brita produzida","m",{"v":2255.56,"d":"2,255.56"}]
[6817845,"Corpo de BSCC - seção fechada de 2,0 x 2,0 m - pré-moldado - altura do aterro de 1,00 a 2,50 m - areia e brita comerciais","m",{"v":2160.45,"d":"2,160.45"}]
[6817846,"Corpo de BSCC - seção fechada de 2,0 x 2,0 m - pré-moldado - altura do aterro de 1,00 a 2,50 m - areia extraída e brita produzida","m",{"v":1921.1,"d":"1,921.10"}]
[6817853,"Corpo de BSCC - seção fechada de 2,0 x 2,0 m - pré-moldado - altura do aterro de 10,00 a 12,50 m - areia e brita comerciais","m",{"v":3312.59,"d":"3,312.59"}]
[6817854,"Corpo de BSCC - seção fechada de 2,0 x 2,0 m - pré-moldado - altura do aterro de 10,00 a 12,50 m - areia extraída e brita produzida","m",{"v":3034.07,"d":"3,034.07"}]
[6817855,"Corpo de BSCC - seção fechada de 2,0 x 2,0 m - pré-moldado - altura do aterro de 12,50 a 15,00 m - areia e brita comerciais","m",{"v":3841.68,"d":"3,841.68"}]
[6817856,"Corpo de BSCC - seção fechada de 2,0 x 2,0 m - pré-moldado - altura do aterro de 12,50 a 15,00 m - areia extraída e brita produzida","m",{"v":3502.59,"d":"3,502.59"}]
[6817847,"Corpo de BSCC - seção fechada de 2,0 x 2,0 m - pré-moldado - altura do aterro de 2,50 a 5,00 m - areia e brita comerciais","m",{"v":2426.46,"d":"2,426.46"}]
[6817848,"Corpo de BSCC - seção fechada de 2,0 x 2,0 m - pré-moldado - altura do aterro de 2,50 a 5,00 m - areia extraída e brita produzida","m",{"v":2188.43,"d":"2,188.43"}]
[6817849,"Corpo de BSCC - seção fechada de 2,0 x 2,0 m - pré-moldado - altura do aterro de 5,00 a 7,50 m - areia e brita comerciais","m",{"v":2838.19,"d":"2,838.19"}]
[6817850,"Corpo de BSCC - seção fechada de 2,0 x 2,0 m - pré-moldado - altura do aterro de 5,00 a 7,50 m - areia extraída e brita produzida","m",{"v":2535.55,"d":"2,535.55"}]
[6817851,"Corpo de BSCC - seção fechada de 2,0 x 2,0 m - pré-moldado - altura do aterro de 7,50 a 10,00 m - areia e brita comerciais","m",{"v":3076.91,"d":"3,076.91"}]
[6817852,"Corpo de BSCC - seção fechada de 2,0 x 2,0 m - pré-moldado - altura do aterro de 7,50 a 10,00 m - areia extraída e brita produzida","m",{"v":2792.4,"d":"2,792.40"}]
[6817857,"Corpo de BSCC - seção fechada de 2,5 x 2,5 m - pré-moldado - altura do aterro de 0,25 a 1,00 m - areia e brita comerciais","m",{"v":3343.54,"d":"3,343.54"}]
[6817858,"Corpo de BSCC - seção fechada de 2,5 x 2,5 m - pré-moldado - altura do aterro de 0,25 a 1,00 m - areia extraída e brita produzida","m",{"v":3050.39,"d":"3,050.39"}]
[6817859,"Corpo de BSCC - seção fechada de 2,5 x 2,5 m - pré-moldado - altura do aterro de 1,00 a 2,50 m - areia e brita comerciais","m",{"v":2812.84,"d":"2,812.84"}]
[6817860,"Corpo de BSCC - seção fechada de 2,5 x 2,5 m - pré-moldado - altura do aterro de 1,00 a 2,50 m - areia extraída e brita produzida","m",{"v":2519.69,"d":"2,519.69"}]
[6817867,"Corpo de BSCC - seção fechada de 2,5 x 2,5 m - pré-moldado - altura do aterro de 10,00 a 12,50 m - areia e brita comerciais","m",{"v":4741.31,"d":"4,741.31"}]
[6817868,"Corpo de BSCC - seção fechada de 2,5 x 2,5 m - pré-moldado - altura do aterro de 10,00 a 12,50 m - areia extraída e brita produzida","m",{"v":4328.45,"d":"4,328.45"}]
[6817869,"Corpo de BSCC - seção fechada de 2,5 x 2,5 m - pré-moldado - altura do aterro de 12,50 a 15,00 m - areia e brita comerciais","m",{"v":5332.25,"d":"5,332.25"}]
[6817870,"Corpo de BSCC - seção fechada de 2,5 x 2,5 m - pré-moldado - altura do aterro de 12,50 a 15,00 m - areia extraída e brita produzida","m",{"v":4918.03,"d":"4,918.03"}]
[6817861,"Corpo de BSCC - seção fechada de 2,5 x 2,5 m - pré-moldado - altura do aterro de 2,50 a 5,00 m - areia e brita comerciais","m",{"v":3461.3,"d":"3,461.30"}]
[6817862,"Corpo de BSCC - seção fechada de 2,5 x 2,5 m - pré-moldado - altura do aterro de 2,50 a 5,00 m - areia extraída e brita produzida","m",{"v":3093.06,"d":"3,093.06"}]
[6817863,"Corpo de BSCC - seção fechada de 2,5 x 2,5 m - pré-moldado - altura do aterro de 5,00 a 7,50 m - areia e brita comerciais","m",{"v":3935.6,"d":"3,935.60"}]
[6817864,"Corpo de BSCC - seção fechada de 2,5 x 2,5 m - pré-moldado - altura do aterro de 5,00 a 7,50 m - areia extraída e brita produzida","m",{"v":3589.74,"d":"3,589.74"}]
[6817865,"Corpo de BSCC - seção fechada de 2,5 x 2,5 m - pré-moldado - altura do aterro de 7,50 a 10,00 m - areia e brita comerciais","m",{"v":4345.09,"d":"4,345.09"}]
[6817866,"Corpo de BSCC - seção fechada de 2,5 x 2,5 m - pré-moldado - altura do aterro de 7,50 a 10,00 m - areia extraída e brita produzida","m",{"v":4006.51,"d":"4,006.51"}]
[6817871,"Corpo de BSCC - seção fechada de 3,0 x 3,0 m - pré-moldado - altura do aterro de 0,25 a 1,00 m - areia e brita comerciais","m",{"v":4270.44,"d":"4,270.44"}]
[6817872,"Corpo de BSCC - seção fechada de 3,0 x 3,0 m - pré-moldado - altura do aterro de 0,25 a 1,00 m - areia extraída e brita produzida","m",{"v":3928.49,"d":"3,928.49"}]
[6817873,"Corpo de BSCC - seção fechada de 3,0 x 3,0 m - pré-moldado - altura do aterro de 1,00 a 2,50 m - areia e brita comerciais","m",{"v":3717.04,"d":"3,717.04"}]
[6817874,"Corpo de BSCC - seção fechada de 3,0 x 3,0 m - pré-moldado - altura do aterro de 1,00 a 2,50 m - areia extraída e brita produzida","m",{"v":3375.08,"d":"3,375.08"}]
[6817881,"Corpo de BSCC - seção fechada de 3,0 x 3,0 m - pré-moldado - altura do aterro de 10,00 a 12,50 m - areia e brita comerciais","m",{"v":6582.56,"d":"6,582.56"}]
[6817882,"Corpo de BSCC - seção fechada de 3,0 x 3,0 m - pré-moldado - altura do aterro de 10,00 a 12,50 m - areia extraída e brita produzida","m",6097.11]
[6817883,"Corpo de BSCC - seção fechada de 3,0 x 3,0 m - pré-moldado - altura do aterro de 12,50 a 15,00 m - areia e brita comerciais","m",7236.22]
[6817884,"Corpo de BSCC - seção fechada de 3,0 x 3,0 m - pré-moldado - altura do aterro de 12,50 a 15,00 m - areia extraída e brita produzida","m",6749.42]
[6817875,"Corpo de BSCC - seção fechada de 3,0 x 3,0 m - pré-moldado - altura do aterro de 2,50 a 5,00 m - areia e brita comerciais","m",4517.39]
[6817876,"Corpo de BSCC - seção fechada de 3,0 x 3,0 m - pré-moldado - altura do aterro de 2,50 a 5,00 m - areia extraída e brita produzida","m",4082.01]
[6817877,"Corpo de BSCC - seção fechada de 3,0 x 3,0 m - pré-moldado - altura do aterro de 5,00 a 7,50 m - areia e brita comerciais","m",5369.64]
[6817878,"Corpo de BSCC - seção fechada de 3,0 x 3,0 m - pré-moldado - altura do aterro de 5,00 a 7,50 m - areia extraída e brita produzida","m",4970.79]
[6817879,"Corpo de BSCC - seção fechada de 3,0 x 3,0 m - pré-moldado - altura do aterro de 7,50 a 10,00 m - areia e brita comerciais","m",6004.37]
[6817880,"Corpo de BSCC - seção fechada de 3,0 x 3,0 m - pré-moldado - altura do aterro de 7,50 a 10,00 m - areia extraída e brita produzida","m",5518.9]
[7119788,"Administração local do Estaleiro Padrão","mês",278411.29]
[7119714,"Amarração do sistema de fundeio - profundidade de até 50 m","un",2146.13]
[7119715,"Ânodo de sacrifício para proteção do casco - fornecimento e instalação","un",1589.16]
[7119678,"Beneficiamento de aço naval para construção de instalações portuárias de pequeno porte - excluso o aço naval","t",9033.55]
[7119712,"Cabo de segurança para conexão da ponte - fornecimento e instalação","un",12293.09]
[7119694,"Confecção de morto de concreto de 13 t","un",7906.08]
[7119695,"Confecção de morto de concreto de 14 t","un",8599.46]
[7119696,"Confecção de morto de concreto de 22 t","un",13797.9]
[7119697,"Confecção de morto de concreto de 36 t","un",22001.08]
[7119698,"Confecção de morto de concreto de 48 t","un",28059.45]
[7119688,"Confecção de poita de concreto com garras metálicas de 13,3 t (peso submerso = 8 t)","un",8421.08]
[7119689,"Confecção de poita de concreto com garras metálicas de 25 t (peso submerso = 15 t)","un",16199.38]
[7119690,"Confecção de poita de concreto com garras metálicas de 30 t (peso submerso = 18 t)","un",19334.99]
[7119691,"Confecção de poita de concreto com garras metálicas de 41,7 t (peso submerso = 25 t)","un",26790.08]
[7119692,"Confecção de poita de concreto com garras metálicas de 45,8 t (peso submerso = 27,5 t)","un",29450.37]
[7119693,"Confecção de poita de concreto com garras metálicas de 58,3 t (peso submerso = 35 t)","un",37422.95]
[7119687,"Confecção de poita de concreto com garras metálicas de 6,7 t (peso submerso = 4 t)","un",4424.91]
[7119681,"Confecção de poita de concreto de 13,3 t (peso submerso = 8 t)","un",9231.32]
[7119682,"Confecção de poita de concreto de 25 t (peso submerso = 15 t)","un",17673.81]
[7119683,"Confecção de poita de concreto de 30 t (peso submerso = 18 t)","un",21093.78]
[7119684,"Confecção de poita de concreto de 41,7 t (peso submerso = 25 t)","un",29203.34]
[7119685,"Confecção de poita de concreto de 45,8 t (peso submerso = 27,5 t)","un",32096.71]
[7119686,"Confecção de poita de concreto de 58,3 t (peso submerso = 35 t)","un",40771.64]
[7119680,"Confecção de poita de concreto de 6,7 t (peso submerso = 4 t)","un",4843.91]
[7119710,"Defensa de pneus para proteção do flutuante - confecção e instalação","un",708.85]
[7107375,"Fornecimento e instalação de reservatório metálico tipo taça de 10.000 litros pintura interna e externa com escada de acesso e base de concreto armado - areia e brita comerciais","un",26988.65]
[7107376,"Fornecimento e instalação de reservatório metálico tipo taça de 20.000 litros pintura interna e externa com escada de acesso e base de concreto armado - areia e brita comerciais","un",44968.64]
[7107377,"Fornecimento e instalação de reservatório metálico tipo taça de 30.000 litros pintura interna e externa com escada de acesso e base de concreto armado - areia e brita comerciais","un",60554.54]
[7107374,"Fornecimento e instalação de reservatório metálico tipo taça de 5.000 litros pintura interna e externa com escada de acesso e base de concreto armado - areia e brita comerciais","un",19092.64]
[7119708,"Guincho manual para sistema de fundeio com capacidade de tração de 100 kN - fornecimento e instalação","un",164834.62]
[7119709,"Guincho manual para sistema de fundeio com capacidade de tração de 200 kN - fornecimento e instalação","un",229210.14]
[7119706,"Implantação do sistema naval tipo I - ponte móvel e flutuante principal","un",50900.58]
[7119707,"Implantação do sistema naval tipo II - pontes móveis, flutuante intermediário e flutuante principal","un",120254.44]
[7119787,"Instalações do Estaleiro Padrão para o beneficiamento de estruturas navais, inclusive mobiliário, equipamentos de informática e de segurança","m²",385.98]
[7119647,"Lançamento da embarcação sobre carreira em água","un",2606.67]
[7119679,"Lançamento de poita de concreto - peso submerso","t",45.83]
[7119711,"Mancal de conexão - confecção e instalação","un",910.26]
[7107379,"Manutenção de tratamento superficial e pintura da área interna do flutuante (tanques de reserva de flutuabilidade)","m²",51.52]
[7107381,"Manutenção de tratamento superficial e pintura da parte externa do flutuante (costados e espelhos de proa e popa) - exceto fundo","m²",53.58]
[7107380,"Manutenção de tratamento superficial e pintura da ponte, convés, casarias e demais estruturas metálicas navais sobre os flutuantes","m²",58.18]
[7107382,"Manutenção de tratamento superficial e pintura do fundo do flutuante","m²",138.16]
[7119713,"Molinete manual para sistema de fundeio com capacidade de tração de 70 kN - fornecimento e instalação","un",255272.14]
[7119646,"Transporte interno em estaleiro para movimentação de peças","t",1112.76]
[7107384,"Tratamento superficial e pintura da ponte e demais estruturas metálicas navais - exceto fundo do flutuante","m²",92.44]
[7107378,"Tratamento superficial e pintura do fundo do flutuante","m²",162.18]

{"sheet":"MO SICRO","index":24,"n_rows":119,"n_cols":6,"rows_kept":119,"hidden":true,"merged":[[0,0,1,0],[0,1,1,5]],"flags":["formulas_cached_only"]}
["CGCIT","SISTEMA DE CUSTOS REFERENCIAIS DE OBRAS - SICRO"]
[]
[]
[]
["Código","Descrição","Unidade","Salário (R$)","Encargos Totais","Custo (R$)"]
["P9801","Ajudante","h",6.6148,{"v":1.788924,"d":"178.8924%"},18.4481]
["P9802","Ajudante especializado","h",7.9378,{"v":1.74143,"d":"174.1430%"},21.7609]
["P9803","Almoxarife","mês",{"v":1947,"d":"1,947.0000"},{"v":1.114869,"d":"111.4869%"},{"v":4117.6499,"d":"4,117.6499"}]
["P9804","Apontador","mês",{"v":1664.4724,"d":"1,664.4724"},{"v":1.230993,"d":"123.0993%"},{"v":3713.4262,"d":"3,713.4262"}]
["P9805","Armador","h",{"v":10.24,"d":"10.2400"},{"v":1.451395,"d":"145.1395%"},25.1022]
["P9806","Auxiliar administrativo","mês",{"v":1594.7077,"d":"1,594.7077"},{"v":1.23983,"d":"123.9830%"},{"v":3571.8741,"d":"3,571.8741"}]
["P9807","Bombeiro hidráulico","h",{"v":10.24,"d":"10.2400"},{"v":1.533778,"d":"153.3778%"},25.9458]
["P9808","Carpinteiro","h",8.8636,{"v":1.545688,"d":"154.5688%"},22.5639]
["P9809","Encarregado administrativo","mês",{"v":3687.0789,"d":"3,687.0789"},{"v":0.802875,"d":"80.2875%"},{"v":6647.3423,"d":"6,647.3423"}]
["P9810","Eletricista","h",9.4272,{"v":1.560151,"d":"156.0151%"},{"v":24.135,"d":"24.1350"}]
["P9811","Encarregado especializado","mês",{"v":3760.261,"d":"3,760.2610"},{"v":0.824846,"d":"82.4846%"},{"v":6861.8972,"d":"6,861.8972"}]
["P9812","Engenheiro","mês",{"v":11687.5494,"d":"11,687.5494"},{"v":0.610962,"d":"61.0962%"},{"v":18828.1979,"d":"18,828.1979"}]
["P9814","Operacional","mês",{"v":1358.5218,"d":"1,358.5218"},{"v":1.301886,"d":"130.1886%"},{"v":3127.1623,"d":"3,127.1623"}]
["P9815","Jardineiro","h",{"v":7.75,"d":"7.7500"},{"v":1.64177,"d":"164.1770%"},20.4737]
["P9819","Engenheiro supervisor","mês",{"v":11687.5494,"d":"11,687.5494"},{"v":0.610962,"d":"61.0962%"},{"v":18828.1979,"d":"18,828.1979"}]
["P9821","Pedreiro","h",8.8636,{"v":1.536551,"d":"153.6551%"},22.4829]
["P9822","Pintor","h",{"v":10.24,"d":"10.2400"},{"v":1.459183,"d":"145.9183%"},{"v":25.182,"d":"25.1820"}]
["P9823","Serralheiro","h",{"v":10.24,"d":"10.2400"},{"v":1.44775,"d":"144.7750%"},25.0649]
["P9824","Servente","h",6.1364,{"v":1.860867,"d":"186.0867%"},17.5554]
["P9825","Soldador","h",{"v":12.25,"d":"12.2500"},{"v":1.355776,"d":"135.5776%"},28.8582]
["P9826","Chefe setor de finanças","mês",{"v":8108.3141,"d":"8,108.3141"},{"v":0.655858,"d":"65.5858%"},{"v":13426.2167,"d":"13,426.2167"}]
["P9827","Vigia","mês",{"v":1289.6174,"d":"1,289.6174"},{"v":1.575953,"d":"157.5953%"},{"v":3708.879,"d":"3,708.8790"}]
["P9830","Montador","h",8.5851,{"v":1.67767,"d":"167.7670%"},{"v":22.988,"d":"22.9880"}]
["P9833","Auxiliar de laboratório","mês",{"v":1522.4,"d":"1,522.4000"},{"v":1.279552,"d":"127.9552%"},{"v":3470.3899,"d":"3,470.3899"}]
["P9835","Perfurador de tubulão a ar comprimido com insalubridade","h",6.6169,{"v":2.274337,"d":"227.4337%"},23.8693]
["P9836","Geólogo","h",{"v":54.593,"d":"54.5930"},{"v":0.928927,"d":"92.8927%"},105.3059]
["P9837","Oceanógrafo","mês",{"v":4055.2462,"d":"4,055.2462"},{"v":0.775474,"d":"77.5474%"},{"v":7199.9841,"d":"7,199.9841"}]
["P9840","Encarregado geral","mês",{"v":5596.4189,"d":"5,596.4189"},{"v":0.726304,"d":"72.6304%"},{"v":9661.1203,"d":"9,661.1203"}]
["P9842","Faxineiro","mês",{"v":1350.8,"d":"1,350.8000"},{"v":1.378676,"d":"137.8676%"},{"v":3213.1155,"d":"3,213.1155"}]
["P9843","Operador de equipamento leve","h",7.5172,{"v":1.64258,"d":"164.2580%"},19.8648]
["P9844","Capitão fluvial","mês",{"v":5300.0614,"d":"5,300.0614"},{"v":0.706081,"d":"70.6081%"},{"v":9042.334,"d":"9,042.3340"}]
["P9845","Operador de equipamento pesado","h",10.5502,{"v":1.405618,"d":"140.5618%"},25.3797]
["P9846","Operador de equipamento especial","h",14.9491,{"v":1.219297,"d":"121.9297%"},33.1764]
["P9847","Perfurador de tubulão","h",6.6169,{"v":1.781376,"d":"178.1376%"},{"v":18.404,"d":"18.4040"}]
["P9848","Desenhista","mês",{"v":2414.9739,"d":"2,414.9739"},{"v":0.971386,"d":"97.1386%"},{"v":4760.8457,"d":"4,760.8457"}]
["P9849","Condutor maquinista fluvial","mês",{"v":2002.36,"d":"2,002.3600"},{"v":1.035146,"d":"103.5146%"},{"v":4075.0949,"d":"4,075.0949"}]
["P9850","Copeiro","mês",{"v":1437.4301,"d":"1,437.4301"},{"v":1.293948,"d":"129.3948%"},{"v":3297.3899,"d":"3,297.3899"}]
["P9851","Médico do trabalho","mês",{"v":9676.4084,"d":"9,676.4084"},{"v":0.62792,"d":"62.7920%"},{"v":15752.4187,"d":"15,752.4187"}]
["P9852","Blaster","h",{"v":9.42,"d":"9.4200"},{"v":1.758044,"d":"175.8044%"},28.8067]
["P9853","Pré-marcador","h",6.6148,{"v":1.753207,"d":"175.3207%"},18.2119]
["P9854","Recepcionista","mês",{"v":1882.9104,"d":"1,882.9104"},{"v":1.088763,"d":"108.8763%"},{"v":3932.9535,"d":"3,932.9535"}]
["P9855","Marinheiro de máquinas","mês",{"v":1866.4208,"d":"1,866.4208"},{"v":1.069128,"d":"106.9128%"},{"v":3861.8635,"d":"3,861.8635"}]
["P9856","Marinheiro de convés","h",8.3846,{"v":1.475326,"d":"147.5326%"},20.7546]
["P9857","Marinheiro de convés - mensalista","mês",{"v":1844.6211,"d":"1,844.6211"},{"v":1.074286,"d":"107.4286%"},{"v":3826.2717,"d":"3,826.2717"}]
["P9858","Laboratorista","mês",{"v":2210.0653,"d":"2,210.0653"},{"v":1.055208,"d":"105.5208%"},{"v":4542.1438,"d":"4,542.1438"}]
["P9859","Trabalhador de via","h",5.8515,{"v":1.926597,"d":"192.6597%"},17.1249]
["P9861","Selecionador de material pétreo","h",6.6148,{"v":1.766369,"d":"176.6369%"},18.2989]
["P9864","Engenheiro de segurança do trabalho","mês",{"v":10514.5874,"d":"10,514.5874"},{"v":0.634942,"d":"63.4942%"},{"v":17190.7405,"d":"17,190.7405"}]
["P9865","Técnico em enfermagem","mês",{"v":2689.3381,"d":"2,689.3381"},{"v":0.968107,"d":"96.8107%"},{"v":5292.9051,"d":"5,292.9051"}]
["P9866","Motorista de caminhão","h",9.0279,{"v":1.483878,"d":"148.3878%"},22.4242]
["P9867","Técnico especializado - mensalista","mês",{"v":2998.5477,"d":"2,998.5477"},{"v":0.911225,"d":"91.1225%"},{"v":5730.8993,"d":"5,730.8993"}]
["P9869","Encarregado de obras de artes especiais","mês",{"v":3760.261,"d":"3,760.2610"},{"v":0.824846,"d":"82.4846%"},{"v":6861.8972,"d":"6,861.8972"}]
["P9870","Motorista de veículo leve","h",8.3657,{"v":1.538962,"d":"153.8962%"},21.2401]
["P9871","Motorista de veículo especial","h",11.0985,{"v":1.360339,"d":"136.0339%"},26.1962]
["P9875","Encarregado de turma","mês",{"v":2312.0906,"d":"2,312.0906"},{"v":1.012967,"d":"101.2967%"},{"v":4654.162,"d":"4,654.1620"}]
["P9876","Técnico de segurança do trabalho","mês",{"v":2463.8911,"d":"2,463.8911"},{"v":0.992173,"d":"99.2173%"},{"v":4908.4973,"d":"4,908.4973"}]
["P9878","Secretária","mês",{"v":2527.5382,"d":"2,527.5382"},{"v":0.931698,"d":"93.1698%"},{"v":4882.4404,"d":"4,882.4404"}]
["P9880","Piloto fluvial","mês",{"v":3055.99,"d":"3,055.9900"},{"v":0.84691,"d":"84.6910%"},{"v":5644.1384,"d":"5,644.1384"}]
["P9882","Técnico especializado","h",13.6298,{"v":1.27458,"d":"127.4580%"},{"v":31.002,"d":"31.0020"}]
["P9883","Chefe do setor administrativo","mês",{"v":3688.8232,"d":"3,688.8232"},{"v":0.802744,"d":"80.2744%"},{"v":6650.0038,"d":"6,650.0038"}]
["P9884","Encarregado de terraplenagem","mês",{"v":3760.261,"d":"3,760.2610"},{"v":0.824846,"d":"82.4846%"},{"v":6861.8972,"d":"6,861.8972"}]
["P9885","Frentista de túnel","h",6.6148,{"v":1.848312,"d":"184.8312%"},{"v":18.841,"d":"18.8410"}]
["P9889","Técnico da qualidade","mês",{"v":3245.5451,"d":"3,245.5451"},{"v":0.88667,"d":"88.6670%"},{"v":6123.2725,"d":"6,123.2725"}]
["P9891","Engenheiro mecânico","mês",{"v":12447.3136,"d":"12,447.3136"},{"v":0.607404,"d":"60.7404%"},{"v":20007.8616,"d":"20,007.8616"}]
["P9892","Auxiliar de blaster","h",7.8234,{"v":1.900547,"d":"190.0547%"},25.0391]
["P9893","Encarregado de pavimentação","mês",{"v":3760.261,"d":"3,760.2610"},{"v":0.824846,"d":"82.4846%"},{"v":6861.8972,"d":"6,861.8972"}]
["P9896","Porteiro","mês",{"v":1522.4,"d":"1,522.4000"},{"v":1.278513,"d":"127.8513%"},{"v":3468.8081,"d":"3,468.8081"}]
["P9897","Técnico de meio ambiente","mês",{"v":3218.7634,"d":"3,218.7634"},{"v":0.882914,"d":"88.2914%"},{"v":6060.6546,"d":"6,060.6546"}]
["P9900","Comprador","mês",{"v":3145.3371,"d":"3,145.3371"},{"v":0.887317,"d":"88.7317%"},{"v":5936.2481,"d":"5,936.2481"}]
["P9901","Encarregado de superestrutura ferroviária","mês",{"v":3760.261,"d":"3,760.2610"},{"v":0.824846,"d":"82.4846%"},{"v":6861.8972,"d":"6,861.8972"}]
["P9903","Auxiliar técnico","mês",{"v":1544.2142,"d":"1,544.2142"},{"v":1.249483,"d":"124.9483%"},{"v":3473.6835,"d":"3,473.6835"}]
["P9907","Comandante de longo curso","mês",{"v":11912.3912,"d":"11,912.3912"},{"v":0.599627,"d":"59.9627%"},{"v":19055.3825,"d":"19,055.3825"}]
["P9908","Imediato","mês",{"v":7690.4,"d":"7,690.4000"},{"v":0.646472,"d":"64.6472%"},{"v":12662.0282,"d":"12,662.0282"}]
["P9909","Oficial de náutica","mês",{"v":2128.1654,"d":"2,128.1654"},{"v":1.010307,"d":"101.0307%"},{"v":4278.2658,"d":"4,278.2658"}]
["P9910","Oficial de máquinas","mês",{"v":2732.6328,"d":"2,732.6328"},{"v":0.897259,"d":"89.7259%"},{"v":5184.5121,"d":"5,184.5121"}]
["P9911","Condutor de máquinas","mês",{"v":2002.36,"d":"2,002.3600"},{"v":1.035146,"d":"103.5146%"},{"v":4075.0949,"d":"4,075.0949"}]
["P9912","Capitão fluvial com periculosidade","h",24.0912,{"v":1.278613,"d":"127.8613%"},62.1218]
["P9913","Draguista","mês",{"v":3595.3388,"d":"3,595.3388"},{"v":0.797014,"d":"79.7014%"},{"v":6460.8741,"d":"6,460.8741"}]
["P9915","Maquinista","h",11.1313,{"v":1.398752,"d":"139.8752%"},26.7012]
["P9916","Encarregado de conservação rodoviária","mês",{"v":3760.261,"d":"3,760.2610"},{"v":0.824846,"d":"82.4846%"},{"v":6861.8972,"d":"6,861.8972"}]
["P9920","Mestre fluvial","mês",{"v":5300.0614,"d":"5,300.0614"},{"v":0.706081,"d":"70.6081%"},{"v":9042.334,"d":"9,042.3340"}]
["P9927","Frentista de túnel com periculosidade","h",6.6148,{"v":2.09738,"d":"209.7380%"},22.4729]
["P9928","Servente com periculosidade","h",6.1364,{"v":2.109924,"d":"210.9924%"},20.9246]
["P9929","Bombeiro hidráulico com periculosidade","h",{"v":10.24,"d":"10.2400"},{"v":1.780318,"d":"178.0318%"},31.5424]
["P9930","Eletricista com periculosidade","h",9.4272,{"v":1.804895,"d":"180.4895%"},29.2704]
["P9932","Operador de equipamento pesado com periculosidade","h",10.5502,{"v":1.651531,"d":"165.1531%"},31.1392]
["P9934","Motorista de veículo especial com periculosidade","h",11.0985,{"v":1.606845,"d":"160.6845%"},32.2616]
["P9938","Operador de equipamento leve com periculosidade","h",7.5172,{"v":1.888494,"d":"188.8494%"},23.9685]
["P9939","Operador de equipamento leve com insalubridade","h",7.5172,{"v":2.096365,"d":"209.6365%"},25.4792]
["P9940","Piloto fluvial com periculosidade","h",13.8909,{"v":1.448389,"d":"144.8389%"},38.1775]
["P9941","Mestre fluvial com periculosidade","h",24.0912,{"v":1.278613,"d":"127.8613%"},62.1218]
["P9942","Marinheiro de convés com periculosidade","h",8.3846,{"v":1.718508,"d":"171.8508%"},25.3089]
["P9943","Técnico de batimetria com periculosidade","h",10.2831,{"v":1.596566,"d":"159.6566%"},29.7856]
["P9944","Operador de equipamento especial com periculosidade","h",14.9491,{"v":1.465205,"d":"146.5205%"},41.3373]
["P9945","Draguista com periculosidade","h",16.3424,{"v":1.388236,"d":"138.8236%"},43.9322]
["P9946","Engenheiro auxiliar","mês",{"v":10302,"d":"10,302.0000"},{"v":0.623196,"d":"62.3196%"},{"v":16722.1651,"d":"16,722.1651"}]
["P9947","Técnico florestal","mês",{"v":3218.7634,"d":"3,218.7634"},{"v":0.882914,"d":"88.2914%"},{"v":6060.6546,"d":"6,060.6546"}]
["P9948","Motorista de veículo leve - mensalista","mês",{"v":1840.4482,"d":"1,840.4482"},{"v":1.133172,"d":"113.3172%"},{"v":3925.9925,"d":"3,925.9925"}]
["P9949","Topógrafo","mês",{"v":2396.0963,"d":"2,396.0963"},{"v":1.022185,"d":"102.2185%"},{"v":4845.3499,"d":"4,845.3499"}]
["P9950","Auxiliar de topografia","mês",{"v":1947,"d":"1,947.0000"},{"v":1.130846,"d":"113.0846%"},{"v":4148.7571,"d":"4,148.7571"}]
["P9951","Médico de câmara hiperbárica","mês",{"v":9676.4084,"d":"9,676.4084"},{"v":0.804342,"d":"80.4342%"},{"v":17944.3381,"d":"17,944.3381"}]
["P9952","Pedreiro - mensalista","mês",{"v":1950,"d":"1,950.0000"},{"v":1.138505,"d":"113.8505%"},{"v":4170.0847,"d":"4,170.0847"}]
["P9953","Eletricista - mensalista","mês",{"v":2073.7054,"d":"2,073.7054"},{"v":1.15232,"d":"115.2320%"},{"v":4463.2776,"d":"4,463.2776"}]
["P9954","Servente - mensalista","mês",{"v":1350,"d":"1,350.0000"},{"v":1.41374,"d":"141.3740%"},{"v":3258.5489,"d":"3,258.5489"}]
["P9955","Engenheiro chefe","mês",{"v":15465.5971,"d":"15,465.5971"},{"v":0.588742,"d":"58.8742%"},{"v":24570.8436,"d":"24,570.8436"}]
["P9956","Motorista de caminhão com periculosidade","h",9.0279,{"v":1.730391,"d":"173.0391%"},{"v":27.358,"d":"27.3580"}]
["P9972","Técnico de batimetria","mês",{"v":2262.2727,"d":"2,262.2727"},{"v":0.973573,"d":"97.3573%"},{"v":4464.7603,"d":"4,464.7603"}]
["P9925","Mergulhador raso autônomo","h",{"v":8.057,"d":"8.0570"},{"v":3.326425,"d":"332.6425%"},37.0581]
["P9921","Mergulhador raso autônomo de emergência","h",{"v":8.057,"d":"8.0570"},{"v":2.056865,"d":"205.6865%"},26.8292]
["P9924","Mergulhador raso dependente","h",{"v":8.4,"d":"8.4000"},{"v":3.655994,"d":"365.5994%"},41.6303]
["P9922","Mergulhador raso dependente de emergência","h",{"v":8.4,"d":"8.4000"},{"v":2.089165,"d":"208.9165%"},28.4689]
["P9926","Mergulhador raso auxiliar de superfície","h",{"v":8.057,"d":"8.0570"},{"v":1.776695,"d":"177.6695%"},24.5719]
["P9931","Operador de equipamento de mergulho","h",12.1451,{"v":1.510679,"d":"151.0679%"},32.6925]
["P9933","Supervisor de mergulho raso","mês",{"v":2671.9299,"d":"2,671.9299"},{"v":1.077413,"d":"107.7413%"},{"v":6035.5019,"d":"6,035.5019"}]

{"sheet":"EQUIP SICRO","index":25,"n_rows":533,"n_cols":11,"rows_kept":533,"hidden":true,"merged":[[0,1,0,9],[1,1,1,9],[374,2,374,8],[377,2,377,8],[381,2,381,8],[384,2,384,8],[387,2,387,8],[391,2,391,8],[396,2,396,8],[399,2,399,8],[402,2,402,8],[405,2,405,8],[407,2,407,8],[409,2,409,8],[411,2,411,8],[414,2,414,8],[417,2,417,8],[421,2,421,8],[426,2,426,8],[431,2,431,8],[434,2,434,8],[437,2,437,8],[440,2,440,8],[443,2,443,8],[446,2,446,8],[449,2,449,8],[452,2,452,8],[455,2,455,8],[458,2,458,8],[461,2,461,8],[464,2,464,8],[467,2,467,8],[470,2,470,8],[473,2,473,8],[476,2,476,8],[480,2,480,8],[483,2,483,8],[486,2,486,8],[489,2,489,8],[492,2,492,8],[495,2,495,8],[498,2,498,8],[501,2,501,8],[506,2,506,8],[509,2,509,8],[513,2,513,8],[516,2,516,8],[521,2,521,8],[524,2,524,8],[527,2,527,8],[530,2,530,8]],"flags":["formulas_cached_only"]}
["CGCIT","SISTEMA DE CUSTOS REFERENCIAIS DE OBRAS - SICRO",{"$nulls":8},"DNIT"]
[null,"Mato Grosso - Julho/2022 - Com desoneração"]
["Código","Descrição","Valor de Aquisição (R$)","Depreciação (R$/h)","Oportunidade de Capital (R$/h)","Seguros e Impostos (R$/h)","Manutenção (R$/h)","Operação (R$/h)","Mão de Obra de Operação (R$/h)","Custo Produtivo (R$/h)","Custo Improdutivo (R$/h)"]
["E9001","Conjunto vibratório para tubos de concreto com encaixe PB e 3 jogos de fôrmas - D = 0,60 m - 2,20 kW",{"v":58930.7318,"d":"58,930.7318"},7.8574,{"v":1.818,"d":"1.8180"},{"v":0,"d":"0.0000"},5.8931,{"v":0,"d":"0.0000"},{"v":0,"d":"0.0000"},15.5685,9.6754]
["E9002","Conjunto vibratório para tubos de concreto com encaixe PB e 3 jogos de fôrmas - D = 0,80 m - 2,20 kW",{"v":64030.5502,"d":"64,030.5502"},8.5374,1.9753,{"v":0,"d":"0.0000"},6.4031,{"v":0,"d":"0.0000"},{"v":0,"d":"0.0000"},16.9158,10.5127]
["E9003","Conjunto vibratório para tubos de concreto com encaixe PB e 3 jogos de fôrmas - D = 1,00 m - 2,20 kW",{"v":70269.2819,"d":"70,269.2819"},9.3692,2.1678,{"v":0,"d":"0.0000"},7.0269,{"v":0,"d":"0.0000"},{"v":0,"d":"0.0000"},18.5639,{"v":11.537,"d":"11.5370"}]
["E9004","Conjunto vibratório para tubos de concreto com encaixe PB e 3 jogos de fôrmas - D = 1,20 m - 2,20 kW",{"v":70700.6142,"d":"70,700.6142"},9.4267,2.1811,{"v":0,"d":"0.0000"},7.0701,{"v":0,"d":"0.0000"},{"v":0,"d":"0.0000"},18.6779,11.6078]
["E9005","Conjunto vibratório para tubos de concreto com encaixe PB e 3 jogos de fôrmas - D = 1,50 m - 2,20 kW",{"v":73405.5265,"d":"73,405.5265"},9.7874,2.2646,{"v":0,"d":"0.0000"},7.3406,{"v":0,"d":"0.0000"},{"v":0,"d":"0.0000"},19.3926,{"v":12.052,"d":"12.0520"}]
["E9006","Equipamento para sondagem manual",{"v":2298.1106,"d":"2,298.1106"},0.3907,0.0851,{"v":0,"d":"0.0000"},0.2298,{"v":0,"d":"0.0000"},{"v":0,"d":"0.0000"},0.7056,0.4758]
["E9007","Bomba de pistão triplex com capacidade de 7,80 m³/h (130 l/min) - 8,20 kW",{"v":91613.7728,"d":"91,613.7728"},7.3291,1.6958,{"v":0,"d":"0.0000"},{"v":6.413,"d":"6.4130"},10.8474,{"v":0,"d":"0.0000"},26.2853,9.0249]
["E9008","Transportador manual de tubos de concreto com capacidade de 1 t",{"v":2341.8836,"d":"2,341.8836"},2.1077,0.1445,{"v":0,"d":"0.0000"},1.1709,{"v":0,"d":"0.0000"},{"v":0,"d":"0.0000"},3.4231,2.2522]
["E9009","Embarcação rebocadora - 268 kW",{"v":690192.7259,"d":"690,192.7259"},8.9869,4.0047,{"v":0,"d":"0.0000"},19.9709,354.5254,113.7968,501.2847,126.7884]
["E9010","Balança plataforma digital com mesa de 75 x 75 cm com capacidade de 500 kg",{"v":6273.396,"d":"6,273.3960"},{"v":0.941,"d":"0.9410"},{"v":0.129,"d":"0.1290"},{"v":0,"d":"0.0000"},0.5228,{"v":0,"d":"0.0000"},{"v":0,"d":"0.0000"},1.5928,{"v":1.07,"d":"1.0700"}]
["E9011","Carro manual modelo plataforma de 200 x 80 cm com capacidade de 800 kg",{"v":2074.5415,"d":"2,074.5415"},0.3734,0.0768,{"v":0,"d":"0.0000"},0.2075,{"v":0,"d":"0.0000"},{"v":0,"d":"0.0000"},0.6577,0.4502]
["E9014","Deflectômetro de impacto (FWD) instalado em picape com reboque e faixa de carga de 7 a 120 kN - 147 kW",{"v":2071839.484,"d":"2,071,839.4840"},165.7472,38.3497,{"v":0,"d":"0.0000"},{"v":103.592,"d":"103.5920"},{"v":0,"d":"0.0000"},26.1962,333.8851,230.2931]
["E9015","Elevador de obra com capacidade de 1.000 kg - 9 kW",{"v":49926.0208,"d":"49,926.0208"},3.9941,0.9241,{"v":0,"d":"0.0000"},3.4948,{"v":0,"d":"0.0000"},19.8648,28.2778,{"v":24.783,"d":"24.7830"}]
["E9016","Usina misturadora móvel de reciclagem a frio com sistema de espuma de asfalto - 129 kW",{"v":9351428.91,"d":"9,351,428.9100"},{"v":545.5,"d":"545.5000"},168.2868,68.1875,701.3572,125.7409,33.1764,{"v":1642.2488,"d":"1,642.2488"},815.1507]
["E9017","Escavadeira hidráulica sobre esteira com capacidade de 0,4 m³ - 64 kW",{"v":921752.2974,"d":"921,752.2974"},64.5227,17.0616,{"v":0,"d":"0.0000"},64.5227,57.9272,25.3797,229.4139,{"v":106.964,"d":"106.9640"}]
["E9019","Câmara hiperbárica com filtro, serpentina e reservatório de ar - D = 1,80 m e H = 2,22 m",{"v":298791.4899,"d":"298,791.4899"},10.4577,9.6786,{"v":0,"d":"0.0000"},14.9396,{"v":0,"d":"0.0000"},19.8648,54.9407,40.0011]
["E9020","Recicladora a frio - 455 kW",{"v":4991853.931,"d":"4,991,853.9310"},291.1915,89.8326,{"v":0,"d":"0.0000"},415.9878,633.5784,33.1764,{"v":1463.7667,"d":"1,463.7667"},414.2005]
["E9021","Grupo gerador - 456 kVA",{"v":334926.9662,"d":"334,926.9662"},16.7463,5.9043,{"v":0,"d":"0.0000"},11.9617,482.8424,{"v":0,"d":"0.0000"},517.4547,22.6506]
["E9022","Pórtico metálico rolante com capacidade de 25 t - 30 kW",{"v":887871.3911,"d":"887,871.3911"},39.9542,{"v":15.065,"d":"15.0650"},{"v":0,"d":"0.0000"},31.0755,{"v":0,"d":"0.0000"},19.8648,105.9595,{"v":74.884,"d":"74.8840"}]
["E9023","Guindaste móvel sobre esteiras com dragline com capacidade de 1,9 a 2,3 m³ - 270 kW",{"v":3487074.689,"d":"3,487,074.6890"},122.0476,59.1669,{"v":0,"d":"0.0000"},174.3537,93.9924,33.1764,{"v":482.737,"d":"482.7370"},214.3909]
["E9024","Misturador de nata cimento - 1,50 kW",{"v":6932.3182,"d":"6,932.3182"},0.5546,0.1283,{"v":0,"d":"0.0000"},0.4853,{"v":0,"d":"0.0000"},19.8648,{"v":21.033,"d":"21.0330"},20.5477]
["E9025","Conjunto bomba e macaco hidráulico para protensão com capacidade de 7.000 kN - 15 kW",{"v":113362.2408,"d":"113,362.2408"},6.4778,1.9984,{"v":0,"d":"0.0000"},6.4778,{"v":0,"d":"0.0000"},33.1764,48.1304,41.6526]
["E9026","Bomba para injeção de nata de cimento com capacidade de 2 MPa - 2,20 kW",{"v":29468.9924,"d":"29,468.9924"},2.3575,0.5455,{"v":0,"d":"0.0000"},2.0628,{"v":0,"d":"0.0000"},{"v":0,"d":"0.0000"},4.9658,{"v":2.903,"d":"2.9030"}]
["E9028","Bomba de alta pressão para hidrojateamento com capacidade de 18 MPa - 5,20 kW",{"v":4816.4836,"d":"4,816.4836"},0.3853,0.0892,{"v":0,"d":"0.0000"},0.4335,10.3101,19.8648,31.0829,20.3393]
["E9029","Conjunto bomba e macaco hidráulico para protensão com capacidade de 8.000 kN - 20 kW",{"v":144152.8862,"d":"144,152.8862"},8.2373,2.5412,{"v":0,"d":"0.0000"},8.2373,{"v":0,"d":"0.0000"},33.1764,52.1922,43.9549]
["E9030","Bomba de protensão com leitura digital para tensionamento de estais - 3 kW",{"v":13173.2924,"d":"13,173.2924"},0.7528,0.2322,{"v":0,"d":"0.0000"},0.7528,{"v":0,"d":"0.0000"},{"v":0,"d":"0.0000"},1.7378,{"v":0.985,"d":"0.9850"}]
["E9031","Elevador de cremalheira com cabine simples, com capacidade de 1.500 kg e altura de até 100 m - 15 kW",{"v":234227.378,"d":"234,227.3780"},18.7382,4.3355,{"v":0,"d":"0.0000"},16.3959,{"v":0,"d":"0.0000"},19.8648,59.3344,42.9385]
["E9032","Equipamento para regulagem final de estais com até 37 cordoalhas - D = 15,7 mm - 20 kW",{"v":85475.8076,"d":"85,475.8076"},4.8843,1.5068,{"v":0,"d":"0.0000"},4.8843,{"v":0,"d":"0.0000"},33.1764,44.4518,39.5675]
["E9033","Equipamento para regulagem final de estais de 38 a 55 cordoalhas - D = 15,7 mm - 30 kW",{"v":122108.2966,"d":"122,108.2966"},6.9776,2.1526,{"v":0,"d":"0.0000"},6.9776,{"v":0,"d":"0.0000"},33.1764,49.2842,42.3066]
["E9034","Equipamento para regulagem final de estais de 56 a 73 cordoalhas - D = 15,7 mm - 40 kW",{"v":183162.445,"d":"183,162.4450"},10.4664,3.2289,{"v":0,"d":"0.0000"},10.4664,{"v":0,"d":"0.0000"},33.1764,57.3381,46.8717]
["E9035","Equipamento para regulagem final de estais de 74 a 91 cordoalhas - D = 15,7 mm - 50 kW",{"v":244216.5933,"d":"244,216.5933"},13.9552,4.3052,{"v":0,"d":"0.0000"},13.9552,{"v":0,"d":"0.0000"},33.1764,{"v":65.392,"d":"65.3920"},51.4368]
["E9036","Grua fixa para alturas de 60 a 102 m, com alcance de 60 m com capacidade de 1.500 kg na ponta da lança - 37 kW",{"v":3192104.583,"d":"3,192,104.5830"},159.6052,56.2722,{"v":0,"d":"0.0000"},{"v":182.406,"d":"182.4060"},{"v":0,"d":"0.0000"},33.1764,431.4598,249.0538]
["E9038","Macaco hidráulico monocordoalha para tensionamento de estais - 3 kW",{"v":17559.4247,"d":"17,559.4247"},1.0034,0.3095,{"v":0,"d":"0.0000"},1.0034,{"v":0,"d":"0.0000"},33.1764,35.4927,34.4893]
["E9039","Máquina de solda por termofusão para tubos PEAD com gerador de 4 kW",{"v":116513.7289,"d":"116,513.7289"},6.6579,{"v":2.054,"d":"2.0540"},{"v":0,"d":"0.0000"},6.6579,5.2914,33.1764,53.8376,41.8883]
["E9040","Serra mármore - 1,45 kW",463.8121,0.0417,0.0086,{"v":0,"d":"0.0000"},0.0232,{"v":0,"d":"0.0000"},{"v":0,"d":"0.0000"},0.0735,0.0503]
["E9042","Trator sobre esteiras com lâmina - 97 kW",{"v":1043548.974,"d":"1,043,548.9740"},40.5825,17.8853,{"v":0,"d":"0.0000"},57.9749,94.5494,25.3797,236.3718,83.8475]
["E9043","Embarcação de alumínio com comprimento de 6 m e motor de popa - 18,60 kW",{"v":24506.3687,"d":"24,506.3687"},0.3829,0.1444,{"v":0,"d":"0.0000"},0.4255,42.1469,30.9284,74.0281,31.4557]
["E9044","Central de concreto com capacidade de 150 m³/h - dosadora e misturadora",{"v":3682607.654,"d":"3,682,607.6540"},210.4347,64.9191,{"v":0,"d":"0.0000"},184.1304,{"v":0,"d":"0.0000"},33.1764,492.6606,308.5302]
["E9045","Conjunto bomba e macaco hidráulico para elevação com capacidade de 496 kN",{"v":65794.4671,"d":"65,794.4671"},5.2636,1.2179,{"v":0,"d":"0.0000"},5.2636,{"v":6.526,"d":"6.5260"},33.1764,51.4475,39.6579]
["E9046","Conjunto bomba e macaco hidráulico para elevação com capacidade de 929 kN",{"v":79889.0405,"d":"79,889.0405"},6.3911,1.4787,{"v":0,"d":"0.0000"},6.3911,{"v":6.526,"d":"6.5260"},33.1764,53.9633,41.0462]
["E9047","Conjunto bomba e macaco hidráulico para elevação com capacidade de 1.390 kN",{"v":106851.5146,"d":"106,851.5146"},8.5481,1.9778,{"v":0,"d":"0.0000"},8.5481,{"v":6.526,"d":"6.5260"},33.1764,58.7764,43.7023]
["E9048","Conjunto bomba e macaco hidráulico para elevação com capacidade de 1.859 kN",{"v":124034.3968,"d":"124,034.3968"},9.9228,2.2959,{"v":0,"d":"0.0000"},9.9228,{"v":6.526,"d":"6.5260"},33.1764,61.8439,45.3951]
["E9049","Bomba de alta pressão para hidrojateamento com capacidade de 250 MPa - 72 kW",{"v":532399.4904,"d":"532,399.4904"},{"v":42.592,"d":"42.5920"},9.8547,{"v":0,"d":"0.0000"},{"v":47.916,"d":"47.9160"},75.1939,19.8648,195.4214,72.3115]
["E9050","Guindaste móvel sobre pneus com 2 eixos com capacidade de 18 t - 75 kW",{"v":1833689.304,"d":"1,833,689.3040"},91.6845,32.3253,{"v":0,"d":"0.0000"},{"v":117.88,"d":"117.8800"},{"v":26.109,"d":"26.1090"},26.1962,{"v":294.195,"d":"294.1950"},{"v":150.206,"d":"150.2060"}]
["E9051","Máquina levantadora e posicionadora de via - 7,40 kW",{"v":741827.7054,"d":"741,827.7054"},59.3462,13.7312,{"v":0,"d":"0.0000"},51.9279,11.7377,19.8648,156.6078,92.9422]
["E9052","Empilhadeira a diesel com capacidade de 10 t - 82 kW",{"v":837189.2462,"d":"837,189.2462"},66.9751,15.4964,{"v":0,"d":"0.0000"},58.6032,85.6375,19.8648,{"v":246.577,"d":"246.5770"},102.3363]
["E9053","Perfuratriz hidráulica montada em flutuante - 32 kW",{"v":371631.6428,"d":"371,631.6428"},11.6135,2.3885,{"v":0,"d":"0.0000"},10.3231,22.2797,23.9685,70.5733,37.9705]
["E9054","Equipamento sobre forma-trilho para execução e acabamento de pavimento de concreto - 13,40 kW",{"v":1221919.323,"d":"1,221,919.3230"},97.7535,22.6177,{"v":0,"d":"0.0000"},{"v":61.096,"d":"61.0960"},21.2547,19.8648,222.5867,{"v":140.236,"d":"140.2360"}]
["E9055","Guincho pneumático com capacidade de 2,5 t",{"v":525195.6535,"d":"525,195.6535"},47.2676,9.7214,{"v":0,"d":"0.0000"},26.2598,{"v":0,"d":"0.0000"},{"v":0,"d":"0.0000"},83.2488,{"v":56.989,"d":"56.9890"}]
["E9056","Plataforma autoelevatória de 12 x 24 m com capacidade de 150 t",{"v":948991.2893,"d":"948,991.2893"},{"v":7.414,"d":"7.4140"},5.3368,{"v":0,"d":"0.0000"},16.4755,{"v":0,"d":"0.0000"},79.4245,108.6508,92.1753]
["E9057","Batelão sem propulsão com capacidade de 66 m³",{"v":253774.6429,"d":"253,774.6429"},1.9826,1.4272,{"v":0,"d":"0.0000"},3.3044,{"v":0,"d":"0.0000"},20.7546,27.4688,24.1644]
["E9058","Plataforma flutuante de 12 x 24 x 1,8 m com capacidade de 150 t",{"v":758996.7823,"d":"758,996.7823"},5.9297,4.2684,{"v":0,"d":"0.0000"},9.8828,{"v":0,"d":"0.0000"},20.7546,40.8355,30.9527]
["E9059","Plataforma autoelevatória de 12 x 24 m montada na obra com capacidade de 150 t",{"v":948991.2893,"d":"948,991.2893"},{"v":7.414,"d":"7.4140"},5.3368,{"v":0,"d":"0.0000"},16.4755,{"v":0,"d":"0.0000"},79.4245,108.6508,92.1753]
["E9060","Perfuratriz pneumática rotopercussiva montada em flutuante com pressão de 0,70 MPa e capacidade de 2.500 gpm",{"v":22998.3342,"d":"22,998.3342"},0.7187,0.1478,{"v":0,"d":"0.0000"},0.6388,{"v":0,"d":"0.0000"},{"v":47.937,"d":"47.9370"},49.4423,48.8035]
["E9061","Lixadeira elétrica manual angular - 2 kW",{"v":1384.7031,"d":"1,384.7031"},0.1108,0.0256,{"v":0,"d":"0.0000"},0.0692,{"v":0,"d":"0.0000"},{"v":0,"d":"0.0000"},0.2056,0.1364]
["E9062","Soprador de ar quente manual - 1,60 kW",{"v":4597.5363,"d":"4,597.5363"},{"v":0.613,"d":"0.6130"},0.0946,{"v":0,"d":"0.0000"},0.3831,{"v":0,"d":"0.0000"},{"v":0,"d":"0.0000"},1.0907,0.7076]
["E9063","Equipamento de estabilização dinâmica da via - 300 kW",{"v":24650818.79,"d":"24,650,818.7900"},986.0328,418.2628,{"v":0,"d":"0.0000"},986.0328,250.6464,33.1764,{"v":2674.1512,"d":"2,674.1512"},{"v":1437.472,"d":"1,437.4720"}]
["E9064","Transportador manual gerica com capacidade de 180 l",{"v":1067.0073,"d":"1,067.0073"},{"v":1.067,"d":"1.0670"},0.0658,{"v":0,"d":"0.0000"},0.5335,{"v":0,"d":"0.0000"},{"v":0,"d":"0.0000"},1.6663,1.1328]
["E9065","Carro controle ferroviário - 186 kW",{"v":29748753.59,"d":"29,748,753.5900"},{"v":1189.9501,"d":"1,189.9501"},{"v":504.762,"d":"504.7620"},{"v":0,"d":"0.0000"},{"v":1041.2064,"d":"1,041.2064"},155.4008,33.1764,{"v":2924.4957,"d":"2,924.4957"},{"v":1727.8885,"d":"1,727.8885"}]
["E9066","Grupo gerador - 13/14 kVA",{"v":56972.6623,"d":"56,972.6623"},2.8486,1.0043,{"v":0,"d":"0.0000"},2.0347,14.5514,{"v":0,"d":"0.0000"},{"v":20.439,"d":"20.4390"},3.8529]
["E9067","Veículo ferroviário para capina química com capacidade de 12.000 l - 115 kW",{"v":1676468.948,"d":"1,676,468.9480"},67.0588,28.4455,{"v":0,"d":"0.0000"},41.9117,96.0811,19.8648,253.3619,115.3691]
["E9068","Perfuratriz hidráulica rotopercussiva para CCPH - 123 kW",{"v":2397996.384,"d":"2,397,996.3840"},159.8664,43.1539,{"v":0,"d":"0.0000"},159.8664,128.4563,25.3797,516.7227,{"v":228.4,"d":"228.4000"}]
["E9069","Vibrador de imersão para concreto - 4,10 kW",{"v":4095.919,"d":"4,095.9190"},0.6553,0.1516,{"v":0,"d":"0.0000"},0.4096,8.1291,{"v":0,"d":"0.0000"},9.3456,0.8069]
["E9070","Ponte rolante com capacidade de 5 t e vão de até 15 m - 10 kW",{"v":366684.1664,"d":"366,684.1664"},14.6674,6.2217,{"v":0,"d":"0.0000"},9.1671,{"v":0,"d":"0.0000"},19.8648,{"v":49.921,"d":"49.9210"},40.7539]
["E9071","Transportador manual carrinho de mão com capacidade de 80 l",505.8837,0.5059,0.0312,{"v":0,"d":"0.0000"},0.2529,{"v":0,"d":"0.0000"},{"v":0,"d":"0.0000"},{"v":0.79,"d":"0.7900"},0.5371]
["E9072","Martelo hidráulico vibratório com unidade hidráulica - 486 kW",{"v":3047631.057,"d":"3,047,631.0570"},203.1754,54.8447,{"v":0,"d":"0.0000"},177.7785,{"v":507.559,"d":"507.5590"},33.1764,{"v":976.534,"d":"976.5340"},291.1965]
["E9073","Bomba de concreto rebocável com capacidade de 30 m³/h - 74 kW",{"v":410151.9662,"d":"410,151.9662"},32.8122,7.5919,{"v":0,"d":"0.0000"},32.8122,97.8913,19.8648,190.9724,60.2689]
["E9074","Tanque de estocagem de asfalto com agitadores de 60.000 l",{"v":711536.9092,"d":"711,536.9092"},29.6474,10.2895,{"v":0,"d":"0.0000"},18.5296,{"v":0,"d":"0.0000"},{"v":0,"d":"0.0000"},58.4665,39.9369]
["E9075","Trado cavadeira de 12\"",139.0837,0.0695,0.0064,{"v":0,"d":"0.0000"},0.0348,{"v":0,"d":"0.0000"},{"v":0,"d":"0.0000"},0.1107,0.0759]
["E9076","Equipamento para pintura eletrostática com cabine dupla de 7,00 kW e estufa de 80.000 kCal",{"v":173250.3213,"d":"173,250.3213"},11.1375,3.0542,{"v":0,"d":"0.0000"},6.1875,{"v":0,"d":"0.0000"},19.8648,{"v":40.244,"d":"40.2440"},34.0565]
["E9077","Perfuratriz de circulação reversa tipo Wirth ou similar com unidade hidráulica (Power Pack) - 273 kW",{"v":5823849.921,"d":"5,823,849.9210"},388.2567,{"v":104.805,"d":"104.8050"},{"v":0,"d":"0.0000"},388.2567,190.0735,25.3797,{"v":1096.7716,"d":"1,096.7716"},518.4414]
["E9078","Treliça lançadeira com capacidade de carga de 100 a 120 t e vão máximo de 45 m - 110 kW",{"v":3531409.525,"d":"3,531,409.5250"},94.1709,58.1035,{"v":0,"d":"0.0000"},58.8568,{"v":0,"d":"0.0000"},33.1764,244.3076,185.4508]
["E9079","Bomba submersível com capacidade de 360 m³/h - 23 kW",{"v":169572.9098,"d":"169,572.9098"},13.5658,3.1388,{"v":0,"d":"0.0000"},11.8701,{"v":0,"d":"0.0000"},{"v":0,"d":"0.0000"},28.5747,16.7046]
["E9080","Carrelone com capacidade máxima de 70 t",{"v":1763741.543,"d":"1,763,741.5430"},79.3684,29.9263,{"v":0,"d":"0.0000"},44.0935,{"v":0,"d":"0.0000"},19.8648,{"v":173.253,"d":"173.2530"},129.1595]
["E9081","Fischietti simples com capacidade de 70 t",{"v":102254.8417,"d":"102,254.8417"},4.6015,{"v":1.735,"d":"1.7350"},{"v":0,"d":"0.0000"},2.5564,{"v":0,"d":"0.0000"},19.8648,28.7577,26.2013]
["E9083","Vagão fechado FLT com capacidade de 99 t",{"v":775000,"d":"775,000.0000"},12.2708,12.3529,{"v":0,"d":"0.0000"},6.4583,{"v":0,"d":"0.0000"},{"v":0,"d":"0.0000"},{"v":31.082,"d":"31.0820"},24.6237]
["E9084","Vagão tanque convencional TCT com capacidade de 97 t e 103.000 l",{"v":1083666.667,"d":"1,083,666.6670"},17.1581,17.2727,{"v":0,"d":"0.0000"},9.0306,{"v":0,"d":"0.0000"},{"v":0,"d":"0.0000"},43.4614,34.4308]
["E9085","Vagão gôndola GDE com capacidade de 93,5 t / 29 m³",{"v":563000,"d":"563,000.0000"},8.9142,8.9738,{"v":0,"d":"0.0000"},4.6917,{"v":0,"d":"0.0000"},{"v":0,"d":"0.0000"},22.5797,{"v":17.888,"d":"17.8880"}]
["E9086","Bomba de concreto rebocável com capacidade de 41 m³/h - 74 kW",{"v":500421.9662,"d":"500,421.9662"},40.0338,9.2628,{"v":0,"d":"0.0000"},40.0338,97.8913,19.8648,207.0865,69.1614]
["E9089","Roçadeira costal - 1,40 kW",{"v":2578.3148,"d":"2,578.3148"},0.3867,{"v":0.053,"d":"0.0530"},{"v":0,"d":"0.0000"},0.3008,8.7239,{"v":0,"d":"0.0000"},9.4644,0.4397]
["E9091","Embarcação empurradora fluvial - 372 kW",{"v":1165578.128,"d":"1,165,578.1280"},15.1768,{"v":6.763,"d":"6.7630"},{"v":0,"d":"0.0000"},33.7262,492.1024,113.7968,661.5652,135.7366]
["E9093","Veículo leve - 53 kW (sem motorista)",{"v":66571.842,"d":"66,571.8420"},3.9943,1.2322,0.4993,3.9943,27.0216,{"v":0,"d":"0.0000"},36.7417,5.7258]
["E9094","Guindaste móvel sobre pneus com 6 eixos com capacidade máxima de 350 t - 450 kW",{"v":15586138.2,"d":"15,586,138.2000"},779.3069,274.7614,111.3296,{"v":1001.966,"d":"1,001.9660"},{"v":156.654,"d":"156.6540"},26.1962,{"v":2350.2141,"d":"2,350.2141"},{"v":1191.5941,"d":"1,191.5941"}]
["E9095","Guindaste móvel sobre pneus com 8 eixos com capacidade máxima de 500 t - 500 kW",{"v":26236055.79,"d":"26,236,055.7900"},{"v":1311.8028,"d":"1,311.8028"},462.5042,187.4004,{"v":1686.6036,"d":"1,686.6036"},{"v":174.06,"d":"174.0600"},26.1962,{"v":3848.5672,"d":"3,848.5672"},{"v":1987.9036,"d":"1,987.9036"}]
["E9096","Minicarregadeira de pneus - 45,50 kW",{"v":281641.5527,"d":"281,641.5527"},19.7149,5.2132,{"v":0,"d":"0.0000"},19.7149,79.1973,25.3797,{"v":149.22,"d":"149.2200"},50.3078]
["E9101","Removedora de faixas de sinalização viária - 9,69 kW",{"v":50077.2969,"d":"50,077.2969"},4.0062,0.9269,{"v":0,"d":"0.0000"},3.5054,19.2125,{"v":0,"d":"0.0000"},{"v":27.651,"d":"27.6510"},4.9331]
["E9102","Extrusora para sarjeta de concreto - 10,44 kW",{"v":60288.1046,"d":"60,288.1046"},{"v":4.823,"d":"4.8230"},1.1159,{"v":0,"d":"0.0000"},4.2202,10.9031,19.8648,{"v":40.927,"d":"40.9270"},25.8037]
["E9103","Extrusora para meio-fio de concreto - 10,44 kW",{"v":50674.0217,"d":"50,674.0217"},4.0539,{"v":0.938,"d":"0.9380"},{"v":0,"d":"0.0000"},3.5472,10.9031,19.8648,{"v":39.307,"d":"39.3070"},24.8567]
["E9105","Embarcação empurradora multipropósito - 2 x 186 kW",{"v":5050388.209,"d":"5,050,388.2090"},65.7603,29.3035,{"v":0,"d":"0.0000"},146.1339,492.1024,113.7968,847.0969,208.8606]
["E9106","Balsa de convés com capacidade de 200 t",{"v":2172773.042,"d":"2,172,773.0420"},16.9748,{"v":12.219,"d":"12.2190"},{"v":0,"d":"0.0000"},28.2913,{"v":0,"d":"0.0000"},20.7546,78.2397,49.9484]
["E9107","Compactador manual com soquete vibratório - 2,24 kW",{"v":9440.8878,"d":"9,440.8878"},0.6294,0.1699,{"v":0,"d":"0.0000"},0.6294,4.4413,{"v":0,"d":"0.0000"},{"v":5.87,"d":"5.8700"},0.7993]
["E9108","Soldadora de trilho por caldeamento na via - 400 kW",{"v":8712101.468,"d":"8,712,101.4680"},139.3936,139.7595,{"v":0,"d":"0.0000"},{"v":174.242,"d":"174.2420"},334.1952,66.3528,853.9431,345.5059]
["E9110","Escavadeira hidráulica sobre esteiras para rocha com caçamba com capacidade de 1,56 m³ - 118 kW",{"v":1354638.431,"d":"1,354,638.4310"},135.4638,26.8654,{"v":0,"d":"0.0000"},135.4638,{"v":156.097,"d":"156.0970"},25.3797,479.2697,187.7089]
["E9111","Jateador abrasivo úmido com capacidade de 350 kg de abrasivo",{"v":194514.4575,"d":"194,514.4575"},17.5063,3.6005,{"v":0,"d":"0.0000"},17.5063,{"v":0,"d":"0.0000"},19.8648,58.4779,40.9716]
["E9112","Sinalizador direcional móvel com sistema fotovoltaico de energia e montado em chassi sobre pneus",{"v":22117.5536,"d":"22,117.5536"},1.9906,0.4094,{"v":0,"d":"0.0000"},1.1059,{"v":0,"d":"0.0000"},{"v":0,"d":"0.0000"},3.5059,{"v":2.4,"d":"2.4000"}]
["E9113","Painel de Mensagem Variável - PMV móvel, com sistema fotovoltaico de energia e montado em chassi sobre pneus",{"v":159401.9662,"d":"159,401.9662"},14.3462,2.9505,{"v":0,"d":"0.0000"},7.9701,{"v":0,"d":"0.0000"},{"v":0,"d":"0.0000"},25.2668,17.2967]
["E9116","Semáforo móvel com 3 lentes e bateria - D = 200 mm",{"v":7136.2622,"d":"7,136.2622"},0.6423,0.1321,{"v":0,"d":"0.0000"},0.3568,{"v":0,"d":"0.0000"},{"v":0,"d":"0.0000"},1.1312,0.7744]
["E9117","Carregadeira de pneus para rocha com capacidade de 2,50 m³ - 105 kW",{"v":702912.7115,"d":"702,912.7115"},70.2913,13.9403,{"v":0,"d":"0.0000"},70.2913,138.8999,25.3797,318.8025,109.6113]
["E9118","Cortadora de pavimento com disco diamantado de 450 a 1.500 mm - 55,40 kW",{"v":443108.4485,"d":"443,108.4485"},35.4487,8.2019,{"v":0,"d":"0.0000"},35.4487,57.8575,19.8648,156.8216,63.5154]
["E9119","Minicarregadeira sobre pneus com valetadeira - 55,40 kW",{"v":445116.9484,"d":"445,116.9484"},31.1582,8.2391,{"v":0,"d":"0.0000"},31.1582,96.4292,25.3797,192.3644,{"v":64.777,"d":"64.7770"}]
["E9120","Equipamento de cravação sobre esteira para geodreno com haste para profundidade de até 20 m - 258 kW",{"v":3825345.4,"d":"3,825,345.4000"},267.7742,70.8071,{"v":0,"d":"0.0000"},267.7742,233.5189,19.8648,859.7392,358.4461]
["E9121","Plataforma elevatória articulada elétrica com alcance de 6 m com capacidade de 500 kg - 1,5 kW",{"v":60591.5047,"d":"60,591.5047"},4.0394,1.0904,{"v":0,"d":"0.0000"},4.0394,{"v":0,"d":"0.0000"},19.8648,{"v":29.034,"d":"29.0340"},24.9946]
["E9122","Perfuratriz tipo Bottom Feed para coluna de brita - 194 kW",{"v":4511217.664,"d":"4,511,217.6640"},300.7478,81.1831,{"v":0,"d":"0.0000"},300.7478,135.0706,25.3797,{"v":843.129,"d":"843.1290"},407.3106]
["E9125","Veículo tipo van furgão com capacidade de 1,54 t - 93 kW",{"v":186251.1229,"d":"186,251.1229"},9.3126,3.3517,1.3581,9.3126,32.3752,21.2401,76.9503,35.2625]
["E9126","Draga backhoe com capacidade de 7 m³ - 1.000 kW",{"v":77060102.63,"d":"77,060,102.6300"},866.9262,624.0423,{"v":0,"d":"0.0000"},{"v":1926.5026,"d":"1,926.5026"},{"v":1322.856,"d":"1,322.8560"},56.1585,{"v":4796.4856,"d":"4,796.4856"},{"v":1547.127,"d":"1,547.1270"}]
["E9127","Escavadeira hidráulica com martelo hidráulico de 520 kg - 75 kW",{"v":1254853.956,"d":"1,254,853.9560"},143.4119,24.8864,{"v":0,"d":"0.0000"},179.2649,67.8834,25.3797,440.8263,{"v":193.678,"d":"193.6780"}]
["E9134","Miniônibus com capacidade para 30 passageiros - 111 kW",{"v":492279.3327,"d":"492,279.3327"},21.0977,8.6782,3.5163,31.6465,{"v":146.837,"d":"146.8370"},22.4242,234.1999,55.7164]
["E9141","Rebarbador hidráulico com bomba manual com capacidade de força de 9.000 kgf",{"v":85550.611,"d":"85,550.6110"},{"v":6.844,"d":"6.8440"},1.5835,{"v":0,"d":"0.0000"},4.2775,{"v":0,"d":"0.0000"},{"v":0,"d":"0.0000"},{"v":12.705,"d":"12.7050"},8.4275]
["E9144","Pórtico metálico rolante com talha com capacidade de 5 t - 10 kW",{"v":299821.9662,"d":"299,821.9662"},11.9929,5.0872,{"v":0,"d":"0.0000"},7.4955,{"v":0,"d":"0.0000"},19.8648,44.4404,36.9449]
["E9148","Macaco de protensão de fios com bomba - 3,72 kW",{"v":93267.0107,"d":"93,267.0107"},5.3295,1.6442,{"v":0,"d":"0.0000"},5.3295,{"v":0,"d":"0.0000"},33.1764,45.4796,40.1501]
["E9149","Máquina de aplicação e extração de grampo elástico tipo Pandrol - 6,70 kW",{"v":252645.0372,"d":"252,645.0372"},20.2116,4.6765,{"v":0,"d":"0.0000"},20.2116,10.6274,{"v":0,"d":"0.0000"},55.7271,24.8881]
["E9151","Britador de mandíbulas móvel sobre esteiras, sem peneira, com capacidade de 140 m³/h - 170 kW",{"v":3951812.221,"d":"3,951,812.2210"},225.8178,69.6648,{"v":0,"d":"0.0000"},225.8178,213.0494,33.1764,767.5262,{"v":328.659,"d":"328.6590"}]
["E9152","Ferramenta de fixação à pólvora de ação direta",{"v":1231.1346,"d":"1,231.1346"},0.1046,0.0228,{"v":0,"d":"0.0000"},0.0985,{"v":0,"d":"0.0000"},{"v":0,"d":"0.0000"},0.2259,0.1274]
["E9153","Ferramenta de fixação à pólvora e sistema à pistão",{"v":1095.4542,"d":"1,095.4542"},0.0931,0.0203,{"v":0,"d":"0.0000"},0.0876,{"v":0,"d":"0.0000"},{"v":0,"d":"0.0000"},{"v":0.201,"d":"0.2010"},0.1134]
["E9154","Equipamento para selagem com material asfáltico rebocável com capacidade de 370 l - 35 kW",{"v":390497.7844,"d":"390,497.7844"},25.1034,6.8839,{"v":0,"d":"0.0000"},8.3678,36.5526,19.8648,96.7725,51.8521]
["E9155","Caldeira de asfalto rebocável com capacidade de 600 l - 5,20 kW",{"v":106898.3651,"d":"106,898.3651"},{"v":6.872,"d":"6.8720"},1.8845,{"v":0,"d":"0.0000"},2.2907,5.0686,{"v":0,"d":"0.0000"},16.1158,8.7565]
["E9156","Soprador de ar costal - 2,6 kW",{"v":2164.183,"d":"2,164.1830"},0.3463,0.0801,{"v":0,"d":"0.0000"},{"v":0.303,"d":"0.3030"},5.1551,{"v":0,"d":"0.0000"},5.8845,0.4264]
["E9157","Locomotiva diesel-elétrica CC - bitola métrica - 2.237 kW",{"v":8250000,"d":"8,250,000.0000"},{"v":132,"d":"132.0000"},132.3465,{"v":0,"d":"0.0000"},{"v":165,"d":"165.0000"},{"v":1868.9867,"d":"1,868.9867"},26.7012,{"v":2325.0344,"d":"2,325.0344"},291.0477]
["E9158","Locomotiva diesel-elétrica CC - bitola larga - 2.237 kW",{"v":8250000,"d":"8,250,000.0000"},{"v":132,"d":"132.0000"},132.3465,{"v":0,"d":"0.0000"},{"v":165,"d":"165.0000"},{"v":1868.9867,"d":"1,868.9867"},26.7012,{"v":2325.0344,"d":"2,325.0344"},291.0477]
["E9159","Vagão plataforma PNE com capacidade de 82 t - bitola métrica",{"v":550333.3333,"d":"550,333.3333"},8.7136,8.7719,{"v":0,"d":"0.0000"},4.5861,{"v":0,"d":"0.0000"},{"v":0,"d":"0.0000"},22.0716,17.4855]
["E9160","Vagão plataforma PNT com capacidade de 98 t - bitola larga",{"v":597888.8888,"d":"597,888.8888"},9.4666,9.5299,{"v":0,"d":"0.0000"},4.9824,{"v":0,"d":"0.0000"},{"v":0,"d":"0.0000"},23.9789,18.9965]
["E9161","Vagão fechado com porta para carga e descarga de paletes FLD com capacidade de 64 t - bitola métrica",{"v":678000,"d":"678,000.0000"},{"v":10.735,"d":"10.7350"},10.8068,{"v":0,"d":"0.0000"},{"v":5.65,"d":"5.6500"},{"v":0,"d":"0.0000"},{"v":0,"d":"0.0000"},27.1918,21.5418]
["E9162","Vagão fechado com porta para carga e descarga de paletes FLT com capacidade de 99 t - bitola larga",{"v":775000,"d":"775,000.0000"},12.2708,12.3529,{"v":0,"d":"0.0000"},6.4583,{"v":0,"d":"0.0000"},{"v":0,"d":"0.0000"},{"v":31.082,"d":"31.0820"},24.6237]
["E9163","Vagão hopper aberto com descarga automática HNE com capacidade de 45 m³ - bitola métrica",{"v":743833.3333,"d":"743,833.3333"},11.7774,11.8561,{"v":0,"d":"0.0000"},6.1986,{"v":0,"d":"0.0000"},{"v":0,"d":"0.0000"},29.8321,23.6335]
["E9164","Vagão hopper aberto com descarga automática HNT com capacidade de 63 m³ - bitola larga",{"v":713666.6666,"d":"713,666.6666"},11.2997,11.3753,{"v":0,"d":"0.0000"},5.9472,{"v":0,"d":"0.0000"},{"v":0,"d":"0.0000"},28.6222,{"v":22.675,"d":"22.6750"}]
["E9167","Equipamento para carga e descarga de TLS de até 250 m - 90 kW",{"v":2632732.268,"d":"2,632,732.2680"},42.1237,42.2343,{"v":0,"d":"0.0000"},52.6546,75.1939,33.1764,245.3829,117.5344]
["E9168","Carregadeira de pneus com implemento de garfo - 195 kW",{"v":1692702.592,"d":"1,692,702.5920"},118.4892,31.3319,{"v":0,"d":"0.0000"},118.4892,108.6134,25.3797,402.3034,175.2008]
["E9200","Carregadeira de pneus para rocha com capacidade de 2,50 m³ - 105 kW com periculosidade",{"v":702912.7115,"d":"702,912.7115"},70.2913,13.9403,{"v":0,"d":"0.0000"},70.2913,138.8999,31.1392,{"v":324.562,"d":"324.5620"},115.3708]
["E9203","Escavadeira hidráulica com martelo hidráulico de 1.700 kg - 103 kW com periculosidade",{"v":1725413.006,"d":"1,725,413.0060"},197.1901,34.2186,{"v":0,"d":"0.0000"},246.4876,93.2265,31.1392,{"v":602.262,"d":"602.2620"},262.5479]
["E9204","Perfuratriz sobre esteiras - 145 kW com periculosidade",{"v":2330984.446,"d":"2,330,984.4460"},{"v":155.399,"d":"155.3990"},{"v":41.948,"d":"41.9480"},{"v":0,"d":"0.0000"},{"v":155.399,"d":"155.3990"},151.4322,31.1392,535.3174,228.4862]
["E9205","Equipamento de corte a plasma CNC - 12.000 x 5.500 mm - 19,5 kW",{"v":921999.85,"d":"921,999.8500"},{"v":73.76,"d":"73.7600"},17.0662,{"v":0,"d":"0.0000"},{"v":55.32,"d":"55.3200"},{"v":0,"d":"0.0000"},{"v":0,"d":"0.0000"},146.1462,90.8262]
["E9206","Equipamento de solda MIG automática com acessórios - 14,6 kVA",{"v":87311.2333,"d":"87,311.2333"},6.9849,1.6161,{"v":0,"d":"0.0000"},6.9849,{"v":0,"d":"0.0000"},{"v":0,"d":"0.0000"},15.5859,{"v":8.601,"d":"8.6010"}]
["E9207","Máquina de solda elétrica retificadora 425 A - 18,70 kW",{"v":4421.5996,"d":"4,421.5996"},0.3537,0.0818,{"v":0,"d":"0.0000"},0.3537,{"v":0,"d":"0.0000"},{"v":0,"d":"0.0000"},0.7892,0.4355]
["E9209","Martelete perfurador/rompedor a ar comprimido de 25 kg para rocha, com insalubridade, com capacidade de 2.040 gpm",{"v":19043.3008,"d":"19,043.3008"},1.5235,0.3525,{"v":0,"d":"0.0000"},1.5235,{"v":0,"d":"0.0000"},25.4792,28.8787,27.3552]
["E9213","Jumbo eletro-hidráulico com 3 braços - 155 kW/237 kW com periculosidade",{"v":9733842.256,"d":"9,733,842.2560"},648.9228,175.1686,{"v":0,"d":"0.0000"},811.1535,226.6261,41.3373,{"v":1903.2083,"d":"1,903.2083"},865.4287]
["E9242","Estação transmissora de superfície para televisionamento",{"v":10607.6431,"d":"10,607.6431"},0.6819,{"v":0.187,"d":"0.1870"},{"v":0,"d":"0.0000"},0.3788,{"v":0,"d":"0.0000"},{"v":0,"d":"0.0000"},1.2477,0.8689]
["E9243","Câmara hiperbárica com filtro, serpentina e reservatório de ar para mergulho raso - D = 1,80 m e H = 2,22 m.",{"v":298023.2044,"d":"298,023.2044"},5.2154,4.8269,{"v":0,"d":"0.0000"},7.4506,{"v":0,"d":"0.0000"},32.6925,50.1854,42.7348]
["E9244","Estação transmissora de superfície para comunicação sem fio",{"v":35261.3617,"d":"35,261.3617"},2.2668,0.6216,{"v":0,"d":"0.0000"},1.2593,{"v":0,"d":"0.0000"},{"v":0,"d":"0.0000"},4.1477,2.8884]
["E9245","Estação transmissora de superfície para comunicação com fio",{"v":5909.9726,"d":"5,909.9726"},0.3799,0.1042,{"v":0,"d":"0.0000"},0.2111,{"v":0,"d":"0.0000"},{"v":0,"d":"0.0000"},0.6952,0.4841]
["E9246","Painel de controle de ar com manômetros e pneufatômetros",{"v":11341.3466,"d":"11,341.3466"},0.7291,0.1999,{"v":0,"d":"0.0000"},{"v":0.405,"d":"0.4050"},{"v":0,"d":"0.0000"},{"v":0,"d":"0.0000"},{"v":1.334,"d":"1.3340"},{"v":0.929,"d":"0.9290"}]
["E9247","Sistema de Sino aberto (sinete) para mergulho até 50 m  - 33,50 kW",{"v":513936.6974,"d":"513,936.6974"},{"v":13.705,"d":"13.7050"},{"v":8.456,"d":"8.4560"},{"v":0,"d":"0.0000"},{"v":13.705,"d":"13.7050"},{"v":0,"d":"0.0000"},32.6925,68.5585,54.8535]
["E9248","Sistema de ar comprimido para mergulho até 30 m com pressão de trabalho de 1,4 MPa - 7,46 kW",{"v":47020.6099,"d":"47,020.6099"},3.1347,0.8462,{"v":0,"d":"0.0000"},3.1347,8.8297,{"v":0,"d":"0.0000"},15.9453,3.9809]
["E9249","Sistema de ar comprimido para mergulho até 50 m com pressão de trabalho de 1,7 MPa - 16,18 kW",{"v":71951.1376,"d":"71,951.1376"},4.7967,1.2948,{"v":0,"d":"0.0000"},4.7967,19.1508,{"v":0,"d":"0.0000"},{"v":30.039,"d":"30.0390"},6.0915]
["E9251","Fonte de plasma para corte manual - 65A - 15 kW",{"v":32120.3358,"d":"32,120.3358"},2.5696,0.5945,{"v":0,"d":"0.0000"},2.5696,{"v":0,"d":"0.0000"},{"v":0,"d":"0.0000"},5.7337,3.1641]
["E9252","Serra de esquadria com braço telescópico - D = 250 mm (10\") - 1,80 kW",{"v":4847.4763,"d":"4,847.4763"},0.4363,0.0897,{"v":0,"d":"0.0000"},0.2424,{"v":0,"d":"0.0000"},{"v":0,"d":"0.0000"},0.7684,{"v":0.526,"d":"0.5260"}]
["E9253","Rebordeadeira diâmetro máximo 3,00 m - 4,85 kW",{"v":85566.9674,"d":"85,566.9674"},3.4227,1.4519,{"v":0,"d":"0.0000"},2.9948,{"v":0,"d":"0.0000"},{"v":0,"d":"0.0000"},7.8694,4.8746]
["E9254","Dobradeira viradeira manual comprimento máximo de dobra de até 2.000 mm",{"v":17435.7997,"d":"17,435.7997"},0.6974,0.2958,{"v":0,"d":"0.0000"},0.6103,{"v":0,"d":"0.0000"},{"v":0,"d":"0.0000"},1.6035,0.9932]
["E9255","Fonte de plasma para corte manual - 45A - 10 kW",{"v":20576.565,"d":"20,576.5650"},1.6461,0.3809,{"v":0,"d":"0.0000"},1.6461,{"v":0,"d":"0.0000"},{"v":0,"d":"0.0000"},3.6731,{"v":2.027,"d":"2.0270"}]
["E9256","Equipamento para pintura com cal rebocável com dois bicos aplicadores e capacidade de 2.200 l",{"v":59676.5552,"d":"59,676.5552"},3.4101,{"v":1.052,"d":"1.0520"},{"v":0,"d":"0.0000"},3.4101,{"v":0,"d":"0.0000"},19.8648,{"v":27.737,"d":"27.7370"},24.3269]
["E9501","Ventilador axial para ventilação forçada com velocidade de saída de 32,8 m/s - D = 1.000 mm - 30 kW",{"v":471104.3986,"d":"471,104.3986"},42.3994,8.7201,{"v":0,"d":"0.0000"},28.2663,{"v":0,"d":"0.0000"},{"v":0,"d":"0.0000"},79.3858,51.1195]
["E9502","Bate-estaca de gravidade para 6 t - 119 kW",{"v":1073105.464,"d":"1,073,105.4640"},61.3203,18.9173,{"v":0,"d":"0.0000"},45.9902,107.7083,25.3797,259.3158,105.6173]
["E9503","Guilhotina hidráulica 16 x 6.100 mm - 30 kW",{"v":1320044.411,"d":"1,320,044.4110"},52.8018,22.3979,{"v":0,"d":"0.0000"},46.2016,{"v":0,"d":"0.0000"},19.8648,141.2661,95.0645]
["E9505","Prensa dobradeira capacidade 320 t - comprimento até 3.100 mm - 30 kW",{"v":834159.0737,"d":"834,159.0737"},33.3664,14.1536,{"v":0,"d":"0.0000"},29.1956,{"v":0,"d":"0.0000"},19.8648,96.5804,67.3848]
["E9507","Plotadora de recorte com computador e programa computacional",{"v":68967.3538,"d":"68,967.3538"},10.3451,1.4184,{"v":0,"d":"0.0000"},6.8967,{"v":0,"d":"0.0000"},{"v":0,"d":"0.0000"},18.6602,11.7635]
["E9510","Ventilador centrífugo baixa pressão com capacidade de 58 m³/min - 3,68 kW",{"v":12481.1397,"d":"12,481.1397"},1.1233,{"v":0.231,"d":"0.2310"},{"v":0,"d":"0.0000"},0.7489,{"v":0,"d":"0.0000"},{"v":0,"d":"0.0000"},2.1032,1.3543]
["E9511","Carregadeira de pneus com capacidade de 3,40 m³ - 195 kW",{"v":1682262.775,"d":"1,682,262.7750"},117.7584,31.1387,{"v":0,"d":"0.0000"},117.7584,108.6134,25.3797,400.6486,174.2768]
["E9512","Veículo leve - 53 kW",{"v":66571.842,"d":"66,571.8420"},3.9943,1.2322,0.4993,3.9943,27.0216,21.2401,57.9818,26.9659]
["E9513","Compressor de ar portátil de 160,46 l/s (340 PCM) - 81 kW",{"v":254511.0817,"d":"254,511.0817"},16.9674,4.5801,{"v":0,"d":"0.0000"},16.9674,95.8722,{"v":0,"d":"0.0000"},134.3871,21.5475]
["E9514","Distribuidor de agregados sobre pneus autopropelido - 130 kW",{"v":810076.1502,"d":"810,076.1502"},46.2901,14.2805,{"v":0,"d":"0.0000"},40.5038,171.9713,25.3797,298.4254,85.9503]
["E9515","Escavadeira hidráulica sobre esteiras com caçamba com capacidade de 1,56 m³ - 118 kW",{"v":1354638.431,"d":"1,354,638.4310"},94.8247,25.0744,{"v":0,"d":"0.0000"},94.8247,106.8032,25.3797,346.9067,145.2788]
["E9516","Perfuratriz hidráulica sobre esteiras - 283 kW",{"v":4662921.116,"d":"4,662,921.1160"},310.8614,83.9132,{"v":0,"d":"0.0000"},310.8614,197.0359,25.3797,928.0516,420.1543]
["E9517","Compressor de ar portátil de 430,42 l/s (912 PCM) - 242 kW",{"v":619235.4402,"d":"619,235.4402"},41.2824,11.1437,{"v":0,"d":"0.0000"},41.2824,286.4331,{"v":0,"d":"0.0000"},380.1416,52.4261]
["E9518","Grade de 24 discos rebocável de D = 60 cm (24\")",{"v":41206.8002,"d":"41,206.8002"},{"v":2.649,"d":"2.6490"},0.7264,{"v":0,"d":"0.0000"},1.4717,{"v":0,"d":"0.0000"},{"v":0,"d":"0.0000"},4.8471,3.3754]
["E9519","Betoneira com motor a gasolina com capacidade de 600 l - 10 kW",{"v":37458.7368,"d":"37,458.7368"},2.9967,0.6934,{"v":0,"d":"0.0000"},2.2475,19.8272,19.8648,45.6296,23.5549]
["E9521","Grupo gerador - 2,5/3 kVA",{"v":3328.662,"d":"3,328.6620"},0.1664,0.0587,{"v":0,"d":"0.0000"},0.1189,3.5349,{"v":0,"d":"0.0000"},3.8789,0.2251]
["E9522","Caldeira de asfalto rebocável com capacidade de 1.500 l - 6,5 kW",{"v":179461.9662,"d":"179,461.9662"},11.5368,3.1637,{"v":0,"d":"0.0000"},3.8456,6.3358,{"v":0,"d":"0.0000"},24.8819,14.7005]
["E9523","Motoscraper - 304 kW",{"v":5444550.713,"d":"5,444,550.7130"},256.2142,93.8625,{"v":0,"d":"0.0000"},288.2409,338.6511,25.3797,{"v":1002.3484,"d":"1,002.3484"},375.4564]
["E9524","Motoniveladora - 93 kW",{"v":971970.9405,"d":"971,970.9405"},48.5985,17.1345,{"v":0,"d":"0.0000"},62.4838,97.1255,25.3797,{"v":250.722,"d":"250.7220"},91.1127]
["E9525","Ponte rolante com capacidade de 15 t e vão de até 15 m - 20 kW",{"v":2781115.969,"d":"2,781,115.9690"},111.2446,47.1886,{"v":0,"d":"0.0000"},69.5279,{"v":0,"d":"0.0000"},39.7296,267.6907,198.1628]
["E9526","Retroescavadeira de pneus com capacidade de 0,76 m³ - 58 kW",{"v":515116.8097,"d":"515,116.8097"},36.0582,9.5348,{"v":0,"d":"0.0000"},36.0582,52.4965,25.3797,159.5274,70.9727]
["E9527","Martelete perfurador/rompedor a ar comprimido de 25 kg para rocha com capacidade de 2.040 gpm",{"v":19043.3008,"d":"19,043.3008"},1.5235,0.3525,{"v":0,"d":"0.0000"},1.5235,{"v":0,"d":"0.0000"},19.8648,23.2643,21.7408]
["E9528","Empilhadeira a diesel com capacidade de 4 t - 60 kW",{"v":459252.7317,"d":"459,252.7317"},36.7402,8.5008,{"v":0,"d":"0.0000"},32.1477,62.6616,19.8648,159.9151,65.1058]
["E9529","Jateador para estruturas metálicas com transportador a roletes - 22 kW",{"v":3391447.642,"d":"3,391,447.6420"},226.0965,61.0319,{"v":0,"d":"0.0000"},169.5724,{"v":0,"d":"0.0000"},19.8648,476.5656,306.9932]
["E9530","Rolo compactador liso vibratório autopropelido por pneus de 11 t - 97 kW",{"v":498615.5406,"d":"498,615.5406"},{"v":33.241,"d":"33.2410"},{"v":8.973,"d":"8.9730"},{"v":0,"d":"0.0000"},{"v":33.241,"d":"33.2410"},108.0564,25.3797,208.8911,67.5937]
["E9532","Equipamento de solda MIG com acessórios - 14,6 kVA",{"v":61712.2772,"d":"61,712.2772"},{"v":4.937,"d":"4.9370"},1.1423,{"v":0,"d":"0.0000"},{"v":4.937,"d":"4.9370"},{"v":0,"d":"0.0000"},{"v":0,"d":"0.0000"},11.0163,6.0793]
["E9535","Serra circular com bancada - D = 30 cm - 4 kW",{"v":6310.949,"d":"6,310.9490"},{"v":0.568,"d":"0.5680"},0.1168,{"v":0,"d":"0.0000"},0.3155,{"v":0,"d":"0.0000"},19.8648,20.8651,20.5496]
["E9536","Embarcação de transporte de pessoal e apoio logístico - 30 kW",{"v":115190.0964,"d":"115,190.0964"},1.7998,0.6786,{"v":0,"d":"0.0000"},1.9998,67.9788,30.9284,103.3854,33.4068]
["E9538","Conjunto vibratório para meio tubo de concreto com encaixe PB e 3 jogos de fôrmas - D = 0,30 m - 2,20 kW",{"v":14408.0205,"d":"14,408.0205"},1.9211,0.4445,{"v":0,"d":"0.0000"},1.4408,{"v":0,"d":"0.0000"},{"v":0,"d":"0.0000"},3.8064,2.3656]
["E9539","Equipamento de batimetria monofeixe",{"v":98420.0768,"d":"98,420.0768"},{"v":6.327,"d":"6.3270"},{"v":1.735,"d":"1.7350"},{"v":0,"d":"0.0000"},{"v":3.515,"d":"3.5150"},{"v":0,"d":"0.0000"},24.4657,36.0427,32.5277]
["E9540","Trator sobre esteiras com lâmina - 127 kW",{"v":1047696.881,"d":"1,047,696.8810"},40.7438,17.9564,{"v":0,"d":"0.0000"},58.2054,123.7915,25.3797,266.0768,84.0799]
["E9541","Trator sobre esteiras com lâmina - 259 kW",{"v":4833083.136,"d":"4,833,083.1360"},187.9532,82.8337,{"v":0,"d":"0.0000"},268.5046,252.4566,25.3797,817.1278,296.1666]
["E9543","Compressor de ar respirável para recarga de cilindros de mergulho com capacidade de até 35 MPa e 3,58 l/s - 5,52 kW",{"v":50885.6993,"d":"50,885.6993"},3.3924,0.9157,{"v":0,"d":"0.0000"},3.3924,{"v":0,"d":"0.0000"},{"v":0,"d":"0.0000"},7.7005,4.3081]
["E9544","Vassoura mecânica rebocável com largura de 2,44 m",{"v":69989.618,"d":"69,989.6180"},6.2991,1.2955,{"v":0,"d":"0.0000"},4.1994,{"v":0,"d":"0.0000"},{"v":0,"d":"0.0000"},{"v":11.794,"d":"11.7940"},7.5946]
["E9545","Vibroacabadora de asfalto sobre esteiras - 82 kW",{"v":1337926.966,"d":"1,337,926.9660"},66.8963,23.5857,{"v":0,"d":"0.0000"},86.0096,108.4742,33.1764,318.1422,123.6584]
["E9547","Máquina de solda elétrica transformadora 250 A - 9,20 kW",{"v":782.698,"d":"782.6980"},0.0626,0.0145,{"v":0,"d":"0.0000"},0.0626,{"v":0,"d":"0.0000"},{"v":0,"d":"0.0000"},0.1397,0.0771]
["E9548","Bomba centrífuga com capacidade de 8,6 a 22 m³/h - 1,50 kW",{"v":2116.2742,"d":"2,116.2742"},0.1693,0.0392,{"v":0,"d":"0.0000"},0.1481,{"v":0,"d":"0.0000"},{"v":0,"d":"0.0000"},0.3566,0.2085]
["E9551","Obturador mecânico simples com extensão de 12 m",{"v":5653.8038,"d":"5,653.8038"},0.5088,0.1047,{"v":0,"d":"0.0000"},0.2827,{"v":0,"d":"0.0000"},{"v":0,"d":"0.0000"},0.8962,0.6135]
["E9552","Nível ótico com capacidade de aumento de 32x",{"v":12940.263,"d":"12,940.2630"},1.0352,0.2395,{"v":0,"d":"0.0000"},{"v":0.647,"d":"0.6470"},{"v":0,"d":"0.0000"},{"v":0,"d":"0.0000"},1.9217,1.2747]
["E9553","Estação total eletrônica com alcance máximo de 3.000 m",{"v":28993.4407,"d":"28,993.4407"},2.6094,0.5367,{"v":0,"d":"0.0000"},1.4497,{"v":0,"d":"0.0000"},{"v":0,"d":"0.0000"},4.5958,3.1461]
["E9556","Compactador manual de placa vibratória - 3,00 kW",{"v":9598.0234,"d":"9,598.0234"},0.6399,0.1727,{"v":0,"d":"0.0000"},0.6399,5.9481,{"v":0,"d":"0.0000"},7.4006,0.8126]
["E9558","Tanque de estocagem de asfalto com capacidade de 30.000 l",{"v":663298.1004,"d":"663,298.1004"},27.6374,9.5919,{"v":0,"d":"0.0000"},17.2734,{"v":0,"d":"0.0000"},{"v":0,"d":"0.0000"},54.5027,37.2293]
["E9559","Aquecedor de fluido térmico - 12 kW",{"v":732547.1984,"d":"732,547.1984"},32.9646,10.1696,{"v":0,"d":"0.0000"},21.9764,12.5323,{"v":0,"d":"0.0000"},77.6429,43.1342]
["E9560","Ônibus com capacidade para 80 passageiros - 175 kW",{"v":820703.4339,"d":"820,703.4339"},{"v":35.173,"d":"35.1730"},14.4678,5.8622,52.7595,231.4998,22.4242,362.1865,77.9272]
["E9561","GPS geodésico de simples frequência (L1)",{"v":26264.4873,"d":"26,264.4873"},2.1012,0.4862,{"v":0,"d":"0.0000"},1.3132,{"v":0,"d":"0.0000"},{"v":0,"d":"0.0000"},3.9006,2.5874]
["E9562","GPS geodésico de dupla frequência (L1/L2)",{"v":60181.8116,"d":"60,181.8116"},4.8145,{"v":1.114,"d":"1.1140"},{"v":0,"d":"0.0000"},3.0091,{"v":0,"d":"0.0000"},{"v":0,"d":"0.0000"},8.9376,5.9285]
["E9563","Perfuratriz hidráulica sobre esteiras com clamshell - 220 kW",{"v":2979451.65,"d":"2,979,451.6500"},198.6301,53.6177,{"v":0,"d":"0.0000"},198.6301,153.1728,25.3797,629.4304,277.6275]
["E9565","Trator sobre esteiras com lâmina e escarificador - 259 kW",{"v":4841747.483,"d":"4,841,747.4830"},188.2902,82.9822,{"v":0,"d":"0.0000"},{"v":268.986,"d":"268.9860"},252.4566,25.3797,818.0947,296.6521]
["E9566","Guindaste móvel sobre esteiras com clamshell de 1,9 m³ - 220 kW",{"v":3877211.359,"d":"3,877,211.3590"},135.7024,65.7866,{"v":0,"d":"0.0000"},193.8606,76.5864,33.1764,505.1124,234.6654]
["E9567","Fresadora de piso de concreto - 6,7 kW",{"v":17763.4107,"d":"17,763.4107"},1.4211,0.3288,{"v":0,"d":"0.0000"},1.4211,13.2842,{"v":0,"d":"0.0000"},16.4552,1.7499]
["E9568","Furadeira de impacto de 12,5 mm - 0,80 kW",{"v":1382.9266,"d":"1,382.9266"},0.1106,0.0256,{"v":0,"d":"0.0000"},0.0691,{"v":0,"d":"0.0000"},{"v":0,"d":"0.0000"},0.2053,0.1362]
["E9569","Guindaste móvel sobre esteiras com clamshell de 4,6 m³ - 403 kW",{"v":5806799.487,"d":"5,806,799.4870"},70.5687,34.2107,{"v":0,"d":"0.0000"},100.8125,140.2924,66.3528,412.2371,171.1322]
["E9570","Furadeira com base magnética - 1,20 kW",{"v":7485.6507,"d":"7,485.6507"},0.4278,{"v":0.132,"d":"0.1320"},{"v":0,"d":"0.0000"},0.3208,{"v":0,"d":"0.0000"},{"v":0,"d":"0.0000"},0.8806,0.5598]
["E9574","Perfuratriz sobre esteiras - 145 kW",{"v":2330984.446,"d":"2,330,984.4460"},{"v":155.399,"d":"155.3990"},{"v":41.948,"d":"41.9480"},{"v":0,"d":"0.0000"},{"v":155.399,"d":"155.3990"},151.4322,25.3797,529.5579,222.7267]
["E9576","Escavadeira hidráulica de longo alcance sobre esteiras - 103 kW",{"v":1165283.568,"d":"1,165,283.5680"},81.5698,21.5694,{"v":0,"d":"0.0000"},81.5698,93.2265,25.3797,303.3152,128.5189]
["E9577","Trator agrícola sobre pneus - 77 kW",{"v":175671.0957,"d":"175,671.0957"},11.7114,3.1613,{"v":0,"d":"0.0000"},10.2475,96.4989,19.8648,141.4839,34.7375]
["E9578","Conjunto vibratório para meio tubo de concreto com encaixe PB e 3 jogos de fôrmas - D = 0,40 m - 2,20 kW",{"v":15280.6305,"d":"15,280.6305"},2.0374,0.4714,{"v":0,"d":"0.0000"},1.5281,{"v":0,"d":"0.0000"},{"v":0,"d":"0.0000"},4.0369,2.5088]
["E9580","Fresadora e distribuidora com controle de greide - 287 kW",{"v":2601717.653,"d":"2,601,717.6530"},151.7669,46.8201,{"v":0,"d":"0.0000"},216.8098,359.6776,33.1764,808.2508,231.7634]
["E9581","Carregadeira de pneus para rocha com capacidade de 1,72 m³ - 113 kW",{"v":691522.6454,"d":"691,522.6454"},69.1523,13.7144,{"v":0,"d":"0.0000"},69.1523,149.4827,25.3797,326.8814,108.2464]
["E9583","Distribuidor de agregados rebocável com capacidade de 1,9 m³",{"v":82725.7112,"d":"82,725.7112"},7.4453,1.5313,{"v":0,"d":"0.0000"},4.9635,{"v":0,"d":"0.0000"},{"v":0,"d":"0.0000"},13.9401,8.9766]
["E9584","Carregadeira de pneus com capacidade de 1,72 m³ - 113 kW",{"v":691522.6454,"d":"691,522.6454"},48.4066,12.8001,{"v":0,"d":"0.0000"},48.4066,62.9401,25.3797,197.9331,86.5864]
["E9585","Motosserra com motor a gasolina - 2,30 kW",{"v":1466.9024,"d":"1,466.9024"},1.1002,0.1508,{"v":0,"d":"0.0000"},1.1002,4.5602,19.8648,26.7762,21.1158]
["E9586","Régua vibratória dupla com 4 m - 4,10 kW",{"v":5226.7697,"d":"5,226.7697"},0.4704,0.0967,{"v":0,"d":"0.0000"},0.3659,8.1291,{"v":0,"d":"0.0000"},9.0621,0.5671]
["E9587","Serra para corte de concreto - 4 kW",{"v":12987.2752,"d":"12,987.2752"},{"v":1.039,"d":"1.0390"},0.2404,{"v":0,"d":"0.0000"},0.9091,7.9309,{"v":0,"d":"0.0000"},10.1194,1.2794]
["E9588","Vibroacabadora de concreto sobre esteiras com fôrmas deslizantes - 205 kW",{"v":4187159.362,"d":"4,187,159.3620"},{"v":209.358,"d":"209.3580"},73.8136,{"v":0,"d":"0.0000"},269.1745,271.1855,33.1764,{"v":856.708,"d":"856.7080"},{"v":316.348,"d":"316.3480"}]
["E9589","Máquina texturizadora e aplicadora de cura química em pavimento de concreto - 44,80 kW",{"v":1067419.225,"d":"1,067,419.2250"},{"v":53.371,"d":"53.3710"},18.8171,{"v":0,"d":"0.0000"},{"v":53.371,"d":"53.3710"},46.7873,25.3797,197.7261,97.5678]
["E9590","Central de concreto com capacidade de 40 m³/h - dosadora fixa",{"v":441102.2938,"d":"441,102.2938"},25.2058,{"v":7.776,"d":"7.7760"},{"v":0,"d":"0.0000"},22.0551,{"v":0,"d":"0.0000"},33.1764,88.2133,66.1582]
["E9591","Serra para corte de concreto e asfalto - 10 kW",{"v":18027.2873,"d":"18,027.2873"},1.4422,0.3337,{"v":0,"d":"0.0000"},1.2619,19.8272,{"v":0,"d":"0.0000"},{"v":22.865,"d":"22.8650"},1.7759]
["E9593","Draga hopper com capacidade de 750 m³",{"v":86365315.67,"d":"86,365,315.6700"},{"v":674.729,"d":"674.7290"},485.6924,{"v":0,"d":"0.0000"},{"v":1499.3978,"d":"1,499.3978"},{"v":835.488,"d":"835.4880"},136.7042,{"v":3632.0114,"d":"3,632.0114"},{"v":1297.1256,"d":"1,297.1256"}]
["E9594","Draga hopper com capacidade de 1.000 m³",{"v":102584154,"d":"102,584,154.0000"},801.4387,576.9023,{"v":0,"d":"0.0000"},{"v":1780.9749,"d":"1,780.9749"},{"v":1002.5856,"d":"1,002.5856"},157.4588,{"v":4319.3603,"d":"4,319.3603"},{"v":1535.7998,"d":"1,535.7998"}]
["E9595","Draga hopper com capacidade de 2.000 m³",{"v":209628488.8,"d":"209,628,488.8000"},{"v":1637.7226,"d":"1,637.7226"},{"v":1178.8873,"d":"1,178.8873"},{"v":0,"d":"0.0000"},{"v":3639.3835,"d":"3,639.3835"},{"v":1754.5248,"d":"1,754.5248"},157.4588,{"v":8367.977,"d":"8,367.9770"},{"v":2974.0687,"d":"2,974.0687"}]
["E9596","Draga hopper com capacidade de 3.000 m³",{"v":270449133.7,"d":"270,449,133.7000"},{"v":2112.8839,"d":"2,112.8839"},{"v":1520.9242,"d":"1,520.9242"},{"v":0,"d":"0.0000"},{"v":4695.2975,"d":"4,695.2975"},{"v":2506.464,"d":"2,506.4640"},276.0079,{"v":11111.5775,"d":"11,111.5775"},{"v":3909.816,"d":"3,909.8160"}]
["E9597","Draga hopper com capacidade de 4.000 m³",{"v":304103224.5,"d":"304,103,224.5000"},{"v":2375.8064,"d":"2,375.8064"},{"v":1710.1847,"d":"1,710.1847"},{"v":0,"d":"0.0000"},{"v":5279.5699,"d":"5,279.5699"},{"v":3258.4032,"d":"3,258.4032"},{"v":319.093,"d":"319.0930"},{"v":12943.0572,"d":"12,943.0572"},{"v":4405.0841,"d":"4,405.0841"}]
["E9598","Draga hopper com capacidade de 5.000 m³",{"v":362491044.3,"d":"362,491,044.3000"},{"v":2831.9613,"d":"2,831.9613"},{"v":2038.5401,"d":"2,038.5401"},{"v":0,"d":"0.0000"},{"v":6293.2473,"d":"6,293.2473"},{"v":4010.3424,"d":"4,010.3424"},{"v":319.093,"d":"319.0930"},{"v":15493.1841,"d":"15,493.1841"},{"v":5189.5944,"d":"5,189.5944"}]
["E9599","Central de concreto com capacidade de 30 m³/h - dosadora RS",{"v":248736.2211,"d":"248,736.2211"},14.2135,4.3849,{"v":0,"d":"0.0000"},12.4368,{"v":0,"d":"0.0000"},33.1764,64.2116,51.7748]
["E9601","Embarcação de transporte de pessoal e apoio logístico - 130 kW",{"v":480714.9002,"d":"480,714.9002"},7.5112,2.8321,{"v":0,"d":"0.0000"},8.3457,294.5748,30.9284,344.1922,41.2717]
["E9603","Embarcação empurradora multipropósito com guindaste hidráulico de 74 kN.m - 165 kW",{"v":2134124.728,"d":"2,134,124.7280"},27.7881,12.3827,{"v":0,"d":"0.0000"},61.7513,218.2712,113.7968,433.9901,153.9676]
["E9606","Embarcação rebocadora - 2 x 268 kW",{"v":1214569.908,"d":"1,214,569.9080"},15.8147,7.0472,{"v":0,"d":"0.0000"},35.1438,710.3737,113.7968,882.1762,136.6587]
["E9607","Conjunto de britagem para rachão com capacidade de 80 m³/h - 224 kW",{"v":2531597.266,"d":"2,531,597.2660"},144.6627,44.6284,{"v":0,"d":"0.0000"},{"v":108.497,"d":"108.4970"},{"v":0,"d":"0.0000"},33.1764,330.9645,222.4675]
["E9609","Draga de sucção para extração de areia com tubo de descarga de 150 mm - 100 kW",{"v":577911.3729,"d":"577,911.3729"},4.5149,{"v":3.25,"d":"3.2500"},{"v":0,"d":"0.0000"},10.0332,{"v":104.436,"d":"104.4360"},35.4039,{"v":157.638,"d":"157.6380"},43.1688]
["E9610","Compressor de ar portátil de 42,48 l/s (90 PCM) - 18,50 kW",{"v":100978.5383,"d":"100,978.5383"},6.7319,1.8172,{"v":0,"d":"0.0000"},6.7319,21.8967,{"v":0,"d":"0.0000"},37.1777,8.5491]
["E9611","Conjunto de britagem com capacidade de 80 m³/h - 313 kW",{"v":8366886.106,"d":"8,366,886.1060"},478.1078,147.4962,{"v":0,"d":"0.0000"},358.5808,{"v":0,"d":"0.0000"},33.1764,{"v":1017.3612,"d":"1,017.3612"},658.7804]
["E9612","Plataforma flutuante montada na obra de 12 x 24 x 1,8 m com capacidade de 150 t",{"v":758996.7823,"d":"758,996.7823"},5.9297,4.2684,{"v":0,"d":"0.0000"},9.8828,{"v":0,"d":"0.0000"},41.5092,61.5901,51.7073]
["E9613","Guindaste móvel sobre esteiras com pinça com capacidade de 40 t - 186 kW",{"v":6822870.174,"d":"6,822,870.1740"},238.8005,{"v":115.767,"d":"115.7670"},{"v":0,"d":"0.0000"},341.1435,64.7503,33.1764,793.6377,387.7439]
["E9614","Bomba com capacidade de 136 m³/h e câmara de vácuo - 5,60 kW",{"v":9772.7726,"d":"9,772.7726"},0.7818,0.1809,{"v":0,"d":"0.0000"},0.6841,{"v":0,"d":"0.0000"},{"v":0,"d":"0.0000"},1.6468,0.9627]
["E9615","Usina misturadora de solos com capacidade de 300 t/h - 44 kW",{"v":1492363.059,"d":"1,492,363.0590"},85.2779,26.3082,{"v":0,"d":"0.0000"},74.6182,{"v":0,"d":"0.0000"},25.3797,{"v":211.584,"d":"211.5840"},136.9658]
["E9617","Usina misturadora de pré-misturado a frio com capacidade de 60 t/h - 23,50 kW",{"v":208330.8725,"d":"208,330.8725"},11.9046,3.6726,{"v":0,"d":"0.0000"},10.4165,{"v":0,"d":"0.0000"},25.3797,51.3734,40.9569]
["E9618","Batelão autopropelido com capacidade de 300 m³ - 224 kW",{"v":20887118.18,"d":"20,887,118.1800"},163.1806,117.4628,{"v":0,"d":"0.0000"},362.6236,93.5747,91.4663,{"v":828.308,"d":"828.3080"},372.1097]
["E9619","Batelão autopropelido com capacidade de 500 m³ - 373 kW",{"v":25623603.12,"d":"25,623,603.1200"},200.1844,144.0994,{"v":0,"d":"0.0000"},444.8542,155.8185,91.4663,{"v":1036.4228,"d":"1,036.4228"},435.7501]
["E9620","Pontão flutuante de 15 x 30 x 1,8 m com capacidade de 500 t",{"v":3746016.676,"d":"3,746,016.6760"},29.2658,21.0665,{"v":0,"d":"0.0000"},48.7763,{"v":0,"d":"0.0000"},20.7546,119.8632,71.0869]
["E9621","Bomba de injeção de argamassa e nata com capacidade de 1,08 m³/h (18 l/min) e misturador com tambor de 0,100 m³ - 6,20 kW",{"v":44735.2164,"d":"44,735.2164"},3.5788,{"v":0.828,"d":"0.8280"},{"v":0,"d":"0.0000"},3.5788,8.2017,19.8648,36.0521,24.2716]
["E9622","Máquina de bancada universal para corte de chapa - 1,50 kW",{"v":68047.6229,"d":"68,047.6229"},3.8884,1.1996,{"v":0,"d":"0.0000"},2.9163,{"v":0,"d":"0.0000"},{"v":0,"d":"0.0000"},8.0043,{"v":5.088,"d":"5.0880"}]
["E9623","Máquina de bancada guilhotina - 4,00 kW",{"v":126744.7457,"d":"126,744.7457"},7.2426,2.2343,{"v":0,"d":"0.0000"},5.4319,{"v":0,"d":"0.0000"},{"v":0,"d":"0.0000"},14.9088,9.4769]
["E9624","Draga hopper com capacidade de 10.000 m³",{"v":569082922.3,"d":"569,082,922.3000"},{"v":4445.9603,"d":"4,445.9603"},{"v":3200.3504,"d":"3,200.3504"},{"v":0,"d":"0.0000"},{"v":9879.9118,"d":"9,879.9118"},{"v":6851.0016,"d":"6,851.0016"},431.3139,{"v":24808.538,"d":"24,808.5380"},{"v":8077.6246,"d":"8,077.6246"}]
["E9625","Draga hopper com capacidade de 15.000 m³",{"v":825090272.8,"d":"825,090,272.8000"},{"v":6446.0178,"d":"6,446.0178"},{"v":4640.0584,"d":"4,640.0584"},{"v":0,"d":"0.0000"},{"v":14324.4839,"d":"14,324.4839"},{"v":9858.7584,"d":"9,858.7584"},452.4759,{"v":35721.7944,"d":"35,721.7944"},{"v":11538.5521,"d":"11,538.5521"}]
["E9626","Draga hopper com capacidade de 20.000 m³",{"v":1081097624,"d":"1,081,097,624.0000"},{"v":8446.0752,"d":"8,446.0752"},{"v":6079.7665,"d":"6,079.7665"},{"v":0,"d":"0.0000"},{"v":18769.056,"d":"18,769.0560"},{"v":12950.064,"d":"12,950.0640"},473.2305,{"v":46718.1922,"d":"46,718.1922"},{"v":14999.0722,"d":"14,999.0722"}]
["E9627","Embarcação hotel com capacidade para 15 pessoas - 199 kW",{"v":2566103.117,"d":"2,566,103.1170"},26.7302,11.9113,{"v":0,"d":"0.0000"},59.4005,263.2483,43.0851,404.3754,81.7266]
["E9628","Fábrica de pré-moldado de concreto para balizador - 2,20 kW",{"v":12842.6463,"d":"12,842.6463"},1.7124,0.3962,{"v":0,"d":"0.0000"},1.2843,{"v":0,"d":"0.0000"},{"v":0,"d":"0.0000"},3.3929,2.1086]
["E9629","Compressor de ar portátil de 185,95 l/s (394 PCM) - 81,50 kW",{"v":256598.6588,"d":"256,598.6588"},17.1066,4.6177,{"v":0,"d":"0.0000"},17.1066,96.4641,{"v":0,"d":"0.0000"},{"v":135.295,"d":"135.2950"},21.7243]
["E9630","Bomba submersível com capacidade de 75 m³/h - 3,6 kW",{"v":4475.1782,"d":"4,475.1782"},{"v":0.358,"d":"0.3580"},0.0828,{"v":0,"d":"0.0000"},0.3133,{"v":0,"d":"0.0000"},{"v":0,"d":"0.0000"},0.7541,0.4408]
["E9631","Bomba para concreto projetado via seca com capacidade de 6 m³/h - 7,5 kW",{"v":209553.8805,"d":"209,553.8805"},16.7643,3.8788,{"v":0,"d":"0.0000"},14.6688,{"v":0,"d":"0.0000"},33.1764,68.4883,53.8195]
["E9632","Conjunto vibratório para tubos de concreto com encaixe PB e 3 jogos de fôrmas - D = 0,20 m - 2,20 kW",{"v":40712.769,"d":"40,712.7690"},5.4284,{"v":1.256,"d":"1.2560"},{"v":0,"d":"0.0000"},4.0713,{"v":0,"d":"0.0000"},{"v":0,"d":"0.0000"},10.7557,6.6844]
["E9633","Conjunto vibratório para tubos de concreto com encaixe PB e 3 jogos de fôrmas - D = 0,30 m - 2,20 kW",{"v":46309.509,"d":"46,309.5090"},6.1746,1.4286,{"v":0,"d":"0.0000"},{"v":4.631,"d":"4.6310"},{"v":0,"d":"0.0000"},{"v":0,"d":"0.0000"},12.2342,7.6032]
["E9634","Conjunto vibratório para tubos de concreto com encaixe PB e 3 jogos de fôrmas - D = 0,40 m - 2,20 kW",{"v":50672.559,"d":"50,672.5590"},6.7563,1.5632,{"v":0,"d":"0.0000"},5.0673,{"v":0,"d":"0.0000"},{"v":0,"d":"0.0000"},13.3868,8.3195]
["E9635","Draga de sucção e recalque com potência da bomba de 294 kW e cortador de 30 kW",{"v":8043103.194,"d":"8,043,103.1940"},62.8367,{"v":45.232,"d":"45.2320"},{"v":0,"d":"0.0000"},139.6372,307.0418,56.1585,610.9062,164.2272]
["E9636","Draga de sucção e recalque com potência da bomba de 483 kW e cortador de 55 kW",{"v":9285283.985,"d":"9,285,283.9850"},72.5413,52.2176,{"v":0,"d":"0.0000"},161.2028,504.4259,56.1585,846.5461,180.9174]
["E9637","Draga de sucção e recalque com potência da bomba de 746 kW e cortador de 110 kW",{"v":15707076.28,"d":"15,707,076.2800"},122.7115,88.3319,{"v":0,"d":"0.0000"},272.6923,779.0926,76.9131,{"v":1339.7414,"d":"1,339.7414"},287.9565]
["E9638","Draga de sucção e recalque com potência da bomba de 1.350 kW e cortador de 170 kW",{"v":23882238.93,"d":"23,882,238.9300"},{"v":186.58,"d":"186.5800"},134.3065,{"v":0,"d":"0.0000"},414.6222,{"v":1409.886,"d":"1,409.8860"},76.9131,{"v":2222.3078,"d":"2,222.3078"},397.7996]
["E9639","Embarcação hotel com capacidade para 30 pessoas - 2 x 112 kW",{"v":4103179.338,"d":"4,103,179.3380"},42.7415,19.0461,{"v":0,"d":"0.0000"},{"v":94.981,"d":"94.9810"},296.3197,113.7968,566.8851,175.5844]
["E9640","Compressor de ar portátil de 33,51 l/s (71 PCM) - 14 kW",{"v":85146.2639,"d":"85,146.2639"},5.6764,1.5323,{"v":0,"d":"0.0000"},5.6764,16.5705,{"v":0,"d":"0.0000"},29.4556,7.2087]
["E9641","Compressor de ar portátil de 75,04 l/s (159 PCM) - 33 kW",{"v":122732.7457,"d":"122,732.7457"},8.1822,2.2087,{"v":0,"d":"0.0000"},8.1822,39.0591,{"v":0,"d":"0.0000"},57.6322,10.3909]
["E9642","Perfuratriz hidráulica sobre esteiras para estaca raiz - 56 kW",{"v":1369005.494,"d":"1,369,005.4940"},{"v":91.267,"d":"91.2670"},24.6364,{"v":0,"d":"0.0000"},{"v":91.267,"d":"91.2670"},38.9894,25.3797,271.5395,141.2831]
["E9643","Equipamento para pintura a ar comprimido de pistola com caneca com capacidade de 1.000 ml e compressor de 1,50 kW",{"v":2972.0532,"d":"2,972.0532"},0.2675,{"v":0.055,"d":"0.0550"},{"v":0,"d":"0.0000"},0.1486,{"v":0,"d":"0.0000"},{"v":0,"d":"0.0000"},0.4711,0.3225]
["E9646","Compressor de ar portátil de 58,52 l/s (124 PCM) - 27 kW",{"v":115805.7469,"d":"115,805.7469"},7.7204,{"v":2.084,"d":"2.0840"},{"v":0,"d":"0.0000"},7.7204,31.9574,{"v":0,"d":"0.0000"},49.4822,9.8044]
["E9647","Compactador manual com soquete vibratório - 4,10 kW",{"v":13527.9298,"d":"13,527.9298"},0.9019,0.2434,{"v":0,"d":"0.0000"},0.9019,8.1291,{"v":0,"d":"0.0000"},10.1763,1.1453]
["E9648","Compressor de ar portátil de 422,86 l/s (896 PCM) - 213 kW",{"v":599558.8573,"d":"599,558.8573"},39.9706,10.7896,{"v":0,"d":"0.0000"},39.9706,252.1085,{"v":0,"d":"0.0000"},342.8393,50.7602]
["E9649","Compressor de ar portátil de 94,39 l/s (200 PCM) - 36 kW",{"v":163748.891,"d":"163,748.8910"},10.9166,2.9468,{"v":0,"d":"0.0000"},10.9166,42.6099,{"v":0,"d":"0.0000"},67.3899,13.8634]
["E9651","Guindaste móvel sobre esteiras com Hammer Grab - 186 kW",{"v":3875034.86,"d":"3,875,034.8600"},135.6262,65.7497,{"v":0,"d":"0.0000"},193.7517,64.7503,33.1764,493.0543,234.5523]
["E9652","Compressor de ar portátil de 540,85 l/s (1.146 PCM) - 331,10 kW",{"v":801321.9662,"d":"801,321.9662"},53.4215,14.4205,{"v":0,"d":"0.0000"},53.4215,391.8926,{"v":0,"d":"0.0000"},513.1561,{"v":67.842,"d":"67.8420"}]
["E9653","Guindaste móvel sobre esteiras com trado para escavação em solos - 186 kW",{"v":5226010.691,"d":"5,226,010.6910"},182.9104,88.6723,{"v":0,"d":"0.0000"},261.3005,64.7503,33.1764,630.8099,304.7591]
["E9654","Guindaste móvel sobre esteiras com trado com bits escavação em rocha - 186 kW",{"v":5226010.691,"d":"5,226,010.6910"},182.9104,88.6723,{"v":0,"d":"0.0000"},261.3005,64.7503,33.1764,630.8099,304.7591]
["E9656","Guindaste móvel sobre esteiras com caçamba para escavação em solos - 186 kW",{"v":5210038.887,"d":"5,210,038.8870"},182.3514,88.4013,{"v":0,"d":"0.0000"},260.5019,64.7503,33.1764,629.1813,303.9291]
["E9657","Guindaste móvel sobre esteiras com caçamba para escavação em rocha - 186 kW",{"v":5210038.887,"d":"5,210,038.8870"},182.3514,88.4013,{"v":0,"d":"0.0000"},260.5019,64.7503,33.1764,629.1813,303.9291]
["E9659","Campânula de ar comprimido com capacidade de 3 m³",{"v":60409.8892,"d":"60,409.8892"},3.7344,1.6265,{"v":0,"d":"0.0000"},2.1967,{"v":0,"d":"0.0000"},19.8648,27.4224,25.2257]
["E9660","Guindaste móvel sobre esteiras com capacidade de 40 t - 186 kW",{"v":3184290.156,"d":"3,184,290.1560"},111.4502,54.0294,{"v":0,"d":"0.0000"},159.2145,64.7503,33.1764,422.6208,{"v":198.656,"d":"198.6560"}]
["E9661","Compressor de ar portátil de 89,67 l/s (190 PCM) - 36 kW",{"v":134199.9132,"d":"134,199.9132"},8.9467,{"v":2.415,"d":"2.4150"},{"v":0,"d":"0.0000"},8.9467,42.6099,{"v":0,"d":"0.0000"},62.9183,11.3617]
["E9662","Equipamento para solda e corte com oxiacetileno",{"v":5951.9449,"d":"5,951.9449"},0.4762,0.1102,{"v":0,"d":"0.0000"},0.4762,{"v":0,"d":"0.0000"},{"v":0,"d":"0.0000"},1.0626,0.5864]
["E9664","Guindaste móvel sobre esteiras com capacidade de 80 t - 212 kW",{"v":5606226.218,"d":"5,606,226.2180"},196.2179,95.1236,{"v":0,"d":"0.0000"},280.3113,73.8014,33.1764,678.6306,324.5179]
["E9668","Mesa vibratória - 2,20 kW",{"v":12397.6617,"d":"12,397.6617"},{"v":1.653,"d":"1.6530"},0.3825,{"v":0,"d":"0.0000"},1.2398,{"v":0,"d":"0.0000"},{"v":0,"d":"0.0000"},3.2753,2.0355]
["E9671","Compressor de ar portátil de 363,87 l/s (771 PCM) - 158,13 kW",{"v":462307.9662,"d":"462,307.9662"},30.8205,8.3196,{"v":0,"d":"0.0000"},30.8205,187.1639,{"v":0,"d":"0.0000"},257.1245,39.1401]
["E9673","Equipamento de batimetria multifeixe",{"v":1906372.725,"d":"1,906,372.7250"},61.2763,16.8033,{"v":0,"d":"0.0000"},68.0847,{"v":0,"d":"0.0000"},48.9314,195.0957,{"v":127.011,"d":"127.0110"}]
["E9674","Equipamento de medição de descarga líquida com ADCP",{"v":391842.7248,"d":"391,842.7248"},12.5949,3.4538,{"v":0,"d":"0.0000"},13.9944,{"v":0,"d":"0.0000"},48.9314,78.9745,64.9801]
["E9675","Martelete perfurador/rompedor elétrico - 1,50 kW",{"v":4892.7994,"d":"4,892.7994"},0.3914,0.0906,{"v":0,"d":"0.0000"},0.3914,{"v":0,"d":"0.0000"},{"v":0,"d":"0.0000"},0.8734,{"v":0.482,"d":"0.4820"}]
["E9676","Embarcação de transporte de pessoal e apoio logístico - 90 kW",{"v":486090.0992,"d":"486,090.0992"},7.5952,2.8638,{"v":0,"d":"0.0000"},8.4391,203.9364,30.9284,253.7629,41.3874]
["E9677","Martelete perfurador/rompedor a ar comprimido de 10 kg com capacidade de 1.800 gpm",{"v":10361.2038,"d":"10,361.2038"},0.8289,0.1918,{"v":0,"d":"0.0000"},0.8289,{"v":0,"d":"0.0000"},19.8648,21.7144,20.8855]
["E9678","Fresadora a frio - 410 kW",{"v":5739414.635,"d":"5,739,414.6350"},334.7992,103.2855,{"v":0,"d":"0.0000"},478.2846,513.8251,33.1764,{"v":1463.3708,"d":"1,463.3708"},471.2611]
["E9681","Rolo compactador liso tandem vibratório autopropelido de 10,4 t - 82 kW",{"v":719066.6157,"d":"719,066.6157"},47.9378,12.9402,{"v":0,"d":"0.0000"},47.9378,154.1475,25.3797,{"v":288.343,"d":"288.3430"},86.2577]
["E9682","Rolo compactador liso tandem vibratório autopropelido de 1,6 t - 18 kW",{"v":249145.5474,"d":"249,145.5474"},16.6097,4.4836,{"v":0,"d":"0.0000"},16.6097,33.8373,25.3797,{"v":96.92,"d":"96.9200"},{"v":46.473,"d":"46.4730"}]
["E9683","Martelete perfurador/rompedor elétrico - 0,90 kW",{"v":4812.5153,"d":"4,812.5153"},{"v":0.385,"d":"0.3850"},0.0891,{"v":0,"d":"0.0000"},{"v":0.385,"d":"0.3850"},{"v":0,"d":"0.0000"},{"v":0,"d":"0.0000"},0.8591,0.4741]
["E9684","Veículo leve picape 4 x 4 com capacidade de 1,10 t - 147 kW",{"v":267915.7895,"d":"267,915.7895"},16.0749,4.9591,2.0094,16.0749,51.1736,21.2401,{"v":111.532,"d":"111.5320"},44.2835]
["E9685","Rolo compactador pé de carneiro vibratório autopropelido por pneus de 11,6 t - 82 kW",{"v":491614.0086,"d":"491,614.0086"},32.7743,{"v":8.847,"d":"8.8470"},{"v":0,"d":"0.0000"},32.7743,91.3467,25.3797,{"v":191.122,"d":"191.1220"},{"v":67.001,"d":"67.0010"}]
["E9689","Usina de asfalto a quente gravimétrica com capacidade de 100/140 t/h - 260 kW",{"v":8197556.025,"d":"8,197,556.0250"},409.8778,144.5112,{"v":0,"d":"0.0000"},526.9857,{"v":0,"d":"0.0000"},33.1764,{"v":1114.5511,"d":"1,114.5511"},587.5654]
["E9691","Guincho tracionador de cordoalhas - 7,50 kW",{"v":310774.275,"d":"310,774.2750"},24.8619,5.7524,{"v":0,"d":"0.0000"},15.5387,{"v":0,"d":"0.0000"},19.8648,66.0178,50.4791]
["E9692","Caldeira para aquecimento e injeção de cera - 1 kW",{"v":92070.9352,"d":"92,070.9352"},5.9188,1.6231,{"v":0,"d":"0.0000"},1.9729,{"v":0,"d":"0.0000"},19.8648,29.3796,27.4067]
["E9694","Misturador de argamassa de alta turbulência com capacidade de 220 l - 13 kW",{"v":24198.9795,"d":"24,198.9795"},1.9359,0.4479,{"v":0,"d":"0.0000"},1.6939,{"v":0,"d":"0.0000"},19.8648,23.9425,22.2486]
["E9697","Minicarregadeira de pneus com vassoura de 1,8 m - 45,50 kW",{"v":296935.499,"d":"296,935.4990"},20.7855,5.4963,{"v":0,"d":"0.0000"},20.7855,79.1973,25.3797,151.6443,51.6615]
["E9699","Trituradora de galhos e troncos rebocável com capacidade de até 350 mm de diâmetro com guincho - 96,94 kW",{"v":317890.2286,"d":"317,890.2286"},35.7627,11.0328,{"v":0,"d":"0.0000"},39.7363,101.2403,19.8648,207.6369,66.6603]
["E9700","Fresadora a frio - 155 kW",{"v":2411732.4483,"d":"2,411,732.4483"},140.6844,43.4011,{"v":0,"d":"0.0000"},200.9777,{"v":194.251,"d":"194.2510"},33.1764,612.4906,217.2619]
["E9701","Jateador pressurizado multiabrasivo com capacidade de 280 l",{"v":24253.1065,"d":"24,253.1065"},2.1828,0.4489,{"v":0,"d":"0.0000"},2.1828,{"v":0,"d":"0.0000"},19.8648,24.6793,22.4965]
["E9703","Fábrica de pré-moldado de concreto para mourão - 2,20 kW",{"v":12842.6463,"d":"12,842.6463"},1.7124,0.3962,{"v":0,"d":"0.0000"},1.2843,{"v":0,"d":"0.0000"},{"v":0,"d":"0.0000"},3.3929,2.1086]
["E9704","Batelão sem propulsão montado na obra com capacidade de 66 m³",{"v":253774.6429,"d":"253,774.6429"},1.9826,1.4272,{"v":0,"d":"0.0000"},3.3044,{"v":0,"d":"0.0000"},20.7546,27.4688,24.1644]
["E9705","Misturador de lama bentonítica - 4 kW",{"v":15388.6275,"d":"15,388.6275"},1.2311,0.2848,{"v":0,"d":"0.0000"},1.0772,{"v":0,"d":"0.0000"},19.8648,22.4579,21.3807]
["E9706","Martelete perfurador/rompedor a ar comprimido de 28 kg para concreto com capacidade de 1.230 gpm",{"v":15491.9691,"d":"15,491.9691"},1.2394,0.2868,{"v":0,"d":"0.0000"},1.2394,{"v":0,"d":"0.0000"},19.8648,22.6304,{"v":21.391,"d":"21.3910"}]
["E9707","Desarenador - 15 kW",{"v":11018.761,"d":"11,018.7610"},0.8815,{"v":0.204,"d":"0.2040"},{"v":0,"d":"0.0000"},0.8815,{"v":0,"d":"0.0000"},19.8648,21.8318,20.9503]
["E9708","Microtrator com roçadeira - 10 kW",{"v":50495.8337,"d":"50,495.8337"},3.3664,0.9087,{"v":0,"d":"0.0000"},2.9456,10.4436,19.8648,37.5291,24.1399]
["E9710","Socadora automática de linha - 253 kW",{"v":31363889.18,"d":"31,363,889.1800"},{"v":1254.5556,"d":"1,254.5556"},532.1668,{"v":0,"d":"0.0000"},{"v":1254.5556,"d":"1,254.5556"},211.3785,66.3528,{"v":3319.0093,"d":"3,319.0093"},{"v":1853.0752,"d":"1,853.0752"}]
["E9712","Reguladora e distribuidora de lastro - 300 kW",{"v":15000356.66,"d":"15,000,356.6600"},600.0143,254.5186,{"v":0,"d":"0.0000"},600.0143,250.6464,66.3528,{"v":1771.5464,"d":"1,771.5464"},920.8857]
["E9714","Bate-estaca com martelo hidráulico - 450 kW",{"v":3284770.369,"d":"3,284,770.3690"},187.7012,57.9058,{"v":0,"d":"0.0000"},140.7759,407.3004,25.3797,{"v":819.063,"d":"819.0630"},270.9867]
["E9716","Conjunto bomba e macaco hidráulico para protensão com capacidade de 590 kN - 3,70 kW",{"v":17004.3343,"d":"17,004.3343"},0.9717,0.2998,{"v":0,"d":"0.0000"},0.9717,{"v":0,"d":"0.0000"},33.1764,35.4196,34.4479]
["E9717","Máquina policorte - 2,20 kW",960.3766,0.0864,0.0178,{"v":0,"d":"0.0000"},{"v":0.048,"d":"0.0480"},{"v":0,"d":"0.0000"},{"v":0,"d":"0.0000"},0.1522,0.1042]
["E9718","Pórtico duplo de descarga e posicionamento de dormente - 89 kW",{"v":9285350.792,"d":"9,285,350.7920"},{"v":371.414,"d":"371.4140"},157.5492,{"v":0,"d":"0.0000"},278.5605,74.3584,66.3528,948.2349,{"v":595.316,"d":"595.3160"}]
["E9719","Talha manual com capacidade de 3 t",{"v":5473.6266,"d":"5,473.6266"},0.2189,0.0929,{"v":0,"d":"0.0000"},0.1368,{"v":0,"d":"0.0000"},{"v":0,"d":"0.0000"},0.4486,0.3118]
["E9720","Conjunto bomba e macaco hidráulico para protensão com capacidade de 250 kN - 3,70 kW",{"v":13438.9161,"d":"13,438.9161"},0.7679,0.2369,{"v":0,"d":"0.0000"},0.7679,{"v":0,"d":"0.0000"},33.1764,34.9491,34.1812]
["E9721","Conjunto bomba e macaco hidráulico para protensão com capacidade de 1.150 kN - 5 kW",{"v":27974.8154,"d":"27,974.8154"},1.5986,0.4932,{"v":0,"d":"0.0000"},1.5986,{"v":0,"d":"0.0000"},33.1764,36.8668,35.2682]
["E9722","Conjunto bomba e macaco hidráulico para protensão com capacidade de 2.000 kN - 5 kW",{"v":44613.5293,"d":"44,613.5293"},2.5493,0.7865,{"v":0,"d":"0.0000"},2.5493,{"v":0,"d":"0.0000"},33.1764,39.0615,36.5122]
["E9723","Conjunto bomba e macaco hidráulico para protensão com capacidade de 2.500 kN - 7 kW",{"v":52658.5936,"d":"52,658.5936"},3.0091,0.9283,{"v":0,"d":"0.0000"},3.0091,{"v":0,"d":"0.0000"},33.1764,40.1229,37.1138]
["E9724","Conjunto bomba e macaco hidráulico para protensão com capacidade de 4.000 kN - 10 kW",{"v":56315.428,"d":"56,315.4280"},{"v":3.218,"d":"3.2180"},0.9928,{"v":0,"d":"0.0000"},{"v":3.218,"d":"3.2180"},{"v":0,"d":"0.0000"},33.1764,40.6052,37.3872]
["E9725","Conjunto bomba e macaco hidráulico para protensão com capacidade de 5.400 kN - 10 kW",{"v":60155.1278,"d":"60,155.1278"},3.4374,1.0604,{"v":0,"d":"0.0000"},3.4374,{"v":0,"d":"0.0000"},33.1764,41.1116,37.6742]
["E9726","Bate-estaca Strauss - 15 kW",{"v":129092.1677,"d":"129,092.1677"},7.3767,2.2757,{"v":0,"d":"0.0000"},5.5325,13.5767,25.3797,54.1413,35.0321]
["E9727","Posicionadora de trilhos - 7,40 kW",{"v":530775.9681,"d":"530,775.9681"},30.3301,9.3568,{"v":0,"d":"0.0000"},26.5388,6.1826,{"v":0,"d":"0.0000"},72.4083,39.6869]
["E9728","Tirefonadora/parafusadora portátil - 3,10 kW",{"v":48890.0678,"d":"48,890.0678"},3.9112,{"v":0.905,"d":"0.9050"},{"v":0,"d":"0.0000"},3.9112,4.9171,{"v":0,"d":"0.0000"},13.6445,4.8162]
["E9729","Equipamento para pintura eletrostática com cabine simples de 5,50 kW e estufa de 2x120.000 kCal",{"v":128800,"d":"128,800.0000"},9.8133,{"v":2.649,"d":"2.6490"},{"v":0,"d":"0.0000"},9.8133,{"v":0,"d":"0.0000"},{"v":0,"d":"0.0000"},22.2756,12.4623]
["E9730","Grupo vibrador com gerador - 2,80 kW",{"v":60658.8221,"d":"60,658.8221"},3.0329,1.0693,{"v":0,"d":"0.0000"},2.1664,4.4413,{"v":0,"d":"0.0000"},10.7099,4.1022]
["E9731","Máquina de furar dormente portátil - 1,50 kW",{"v":60231.6318,"d":"60,231.6318"},4.8185,1.1149,{"v":0,"d":"0.0000"},4.8185,2.3793,{"v":0,"d":"0.0000"},13.1312,5.9334]
["E9732","Máquina para furar dormente - 6,70 kW",{"v":74252.7474,"d":"74,252.7474"},5.9402,1.3744,{"v":0,"d":"0.0000"},5.9402,10.6274,{"v":0,"d":"0.0000"},23.8822,7.3146]
["E9733","Máquina tirefonadora e parafusadora - 6,70 kW",{"v":77168.3353,"d":"77,168.3353"},6.1735,1.4284,{"v":0,"d":"0.0000"},6.1735,10.6274,{"v":0,"d":"0.0000"},24.4028,7.6019]
["E9734","Bomba projetora de argamassa com capacidade de 2 m³/h - 5,50 kW",{"v":151153.0357,"d":"151,153.0357"},12.0922,2.7978,{"v":0,"d":"0.0000"},10.5807,{"v":0,"d":"0.0000"},19.8648,45.3355,34.7548]
["E9735","Máquina para serrar trilho - 5,00 kW",{"v":24190.5428,"d":"24,190.5428"},1.9352,0.4478,{"v":0,"d":"0.0000"},1.9352,7.9309,{"v":0,"d":"0.0000"},12.2491,{"v":2.383,"d":"2.3830"}]
["E9736","Máquina para furar trilho - 1,20 kW",{"v":43837.7917,"d":"43,837.7917"},{"v":3.507,"d":"3.5070"},0.8114,{"v":0,"d":"0.0000"},{"v":3.507,"d":"3.5070"},1.9034,{"v":0,"d":"0.0000"},9.7288,4.3184]
["E9737","Conjunto para pré-aquecimento de trilho em solda aluminotérmica",{"v":3646.1227,"d":"3,646.1227"},0.2917,0.0675,{"v":0,"d":"0.0000"},0.2917,{"v":0,"d":"0.0000"},{"v":0,"d":"0.0000"},0.6509,0.3592]
["E9738","Máquina de esmerilhar topo e lateral de boleto - 5,20 kW",{"v":79583.2655,"d":"79,583.2655"},6.3667,1.4731,{"v":0,"d":"0.0000"},6.3667,8.2481,{"v":0,"d":"0.0000"},22.4546,7.8398]
["E9740","Quadro tubular contraventado para andaime de 1 x 1 x 1 m com capacidade de 2 t",542.1886,0.0976,0.0201,{"v":0,"d":"0.0000"},0.0325,{"v":0,"d":"0.0000"},{"v":0,"d":"0.0000"},0.1502,0.1177]
["E9745","Trator agrícola sobre pneus com roçadeira - 77 kW",{"v":177223.728,"d":"177,223.7280"},11.8149,3.1893,{"v":0,"d":"0.0000"},10.3381,96.4989,19.8648,{"v":141.706,"d":"141.7060"},{"v":34.869,"d":"34.8690"}]
["E9746","Conjunto bomba e prensa para luva de emenda de 25 mm",{"v":27119.4514,"d":"27,119.4514"},2.1696,{"v":0.502,"d":"0.5020"},{"v":0,"d":"0.0000"},{"v":1.356,"d":"1.3560"},{"v":0,"d":"0.0000"},19.8648,23.8924,22.5364]
["E9747","Conjunto bomba e prensa para luva de emenda de 32 mm",{"v":28475.4144,"d":"28,475.4144"},{"v":2.278,"d":"2.2780"},0.5271,{"v":0,"d":"0.0000"},1.4238,{"v":0,"d":"0.0000"},19.8648,24.0937,22.6699]
["E9748","Rosqueadeira para rosca cônica - 0,75 kW",{"v":5545.1269,"d":"5,545.1269"},0.3169,0.0978,{"v":0,"d":"0.0000"},0.3169,{"v":0,"d":"0.0000"},19.8648,20.5964,20.2795]
["E9749","Jateador portátil multiabrasivo com capacidade de 300 kg",{"v":7227.2267,"d":"7,227.2267"},0.6505,0.1338,{"v":0,"d":"0.0000"},0.6505,{"v":0,"d":"0.0000"},19.8648,21.2996,20.6491]
["E9750","Bomba de injeção de argamassa com capacidade de 50 l/min",{"v":37673.2312,"d":"37,673.2312"},3.0139,0.6973,{"v":0,"d":"0.0000"},2.6371,{"v":0,"d":"0.0000"},{"v":0,"d":"0.0000"},6.3483,3.7112]
["E9755","Bomba de alta pressão para jet grouting de até 45 MPa - 150 kW",{"v":1404127.802,"d":"1,404,127.8020"},112.3302,25.9904,{"v":0,"d":"0.0000"},112.3302,198.4284,19.8648,{"v":468.944,"d":"468.9440"},158.1854]
["E9756","Calandra para chapas de aço até 25 mm - 22 kW",{"v":824649.3728,"d":"824,649.3728"},{"v":32.986,"d":"32.9860"},13.9922,{"v":0,"d":"0.0000"},28.8627,{"v":0,"d":"0.0000"},19.8648,95.7057,{"v":66.843,"d":"66.8430"}]
["E9758","Vibroacabadora de asfalto sobre pneus - 82 kW",{"v":1325380.061,"d":"1,325,380.0610"},{"v":75.736,"d":"75.7360"},23.3646,{"v":0,"d":"0.0000"},{"v":85.203,"d":"85.2030"},108.4742,33.1764,325.9542,{"v":132.277,"d":"132.2770"}]
["E9760","Perfuratriz manual para coroa diamantada - 1,60 kW",{"v":15618.7454,"d":"15,618.7454"},1.2495,0.2891,{"v":0,"d":"0.0000"},1.2495,{"v":0,"d":"0.0000"},{"v":0,"d":"0.0000"},2.7881,1.5386]
["E9761","Guincho de coluna com capacidade de 200 kg - 0,92 kW",{"v":4021.2231,"d":"4,021.2231"},0.3217,0.0744,{"v":0,"d":"0.0000"},0.2413,{"v":0,"d":"0.0000"},{"v":0,"d":"0.0000"},0.6374,0.3961]
["E9762","Rolo compactador de pneus autopropelido de 27 t - 85 kW",{"v":876145.7662,"d":"876,145.7662"},58.4097,{"v":15.767,"d":"15.7670"},{"v":0,"d":"0.0000"},58.4097,76.9345,25.3797,234.9006,99.5564]
["E9763","Grupo gerador - 36/40 kVA",{"v":54300.7587,"d":"54,300.7587"},{"v":2.715,"d":"2.7150"},0.9572,{"v":0,"d":"0.0000"},1.9393,39.6857,{"v":0,"d":"0.0000"},45.2972,3.6722]
["E9766","Prensa hidráulica para fabricação de blocos pré-moldados - 20 kW",{"v":221348.1405,"d":"221,348.1405"},15.0201,3.9021,{"v":0,"d":"0.0000"},12.6485,{"v":0,"d":"0.0000"},19.8648,51.4355,{"v":38.787,"d":"38.7870"}]
["E9767","Compressor de ar portátil de 9,44 l/s (20 PCM) a gasolina - 5,22 kW",{"v":8961.2796,"d":"8,961.2796"},0.5974,0.1613,{"v":0,"d":"0.0000"},0.5974,10.3498,{"v":0,"d":"0.0000"},11.7059,0.7587]
["E9768","Compressor de ar portátil de 373,78 l/s (792 PCM) - 213,30 kW",{"v":482177.1555,"d":"482,177.1555"},32.1451,8.6772,{"v":0,"d":"0.0000"},32.1451,252.4636,{"v":0,"d":"0.0000"},{"v":325.431,"d":"325.4310"},40.8223]
["E9769","Cunha hidráulica com três cilindros e acessórios com capacidade de 3.000 kN - 5,60 kW",{"v":268396.1777,"d":"268,396.1777"},21.4717,{"v":4.968,"d":"4.9680"},{"v":0,"d":"0.0000"},21.4717,{"v":7.408,"d":"7.4080"},19.8648,75.1842,46.3045]
["E9770","Retroescavadeira de pneus com caçamba de escavação trapezoidal ou triangular com seção de corte inferior a 0,10 m² - 58 kW",{"v":515116.8097,"d":"515,116.8097"},36.0582,9.5348,{"v":0,"d":"0.0000"},36.0582,52.4965,25.3797,159.5274,70.9727]
["E9771","Retroescavadeira de pneus com caçamba de escavação trapezoidal ou triangular com seção de corte de 0,10 a 0,15 m² - 58 kW",{"v":515116.8097,"d":"515,116.8097"},36.0582,9.5348,{"v":0,"d":"0.0000"},36.0582,52.4965,25.3797,159.5274,70.9727]
["E9772","Retroescavadeira de pneus com caçamba de escavação trapezoidal ou triangular com seção de corte de 0,15 a 0,20 m² - 58 kW",{"v":515116.8097,"d":"515,116.8097"},36.0582,9.5348,{"v":0,"d":"0.0000"},36.0582,52.4965,25.3797,159.5274,70.9727]
["E9773","Retroescavadeira de pneus com caçamba de escavação trapezoidal ou triangular com seção de corte de 0,20 a 0,30 m² - 58 kW",{"v":515116.8097,"d":"515,116.8097"},36.0582,9.5348,{"v":0,"d":"0.0000"},36.0582,52.4965,25.3797,159.5274,70.9727]
["E9774","Retroescavadeira de pneus com caçamba de escavação trapezoidal ou triangular com seção de corte de 0,30 a 0,50 m² - 58 kW",{"v":515116.8097,"d":"515,116.8097"},36.0582,9.5348,{"v":0,"d":"0.0000"},36.0582,52.4965,25.3797,159.5274,70.9727]
["E9775","Escavadeira hidráulica com martelo hidráulico de 1.700 kg - 103 kW",{"v":1725413.006,"d":"1,725,413.0060"},197.1901,34.2186,{"v":0,"d":"0.0000"},246.4876,93.2265,25.3797,596.5025,256.7884]
["E9776","Grupo gerador - 145/160 kVA",{"v":106214.3387,"d":"106,214.3387"},5.3107,1.8724,{"v":0,"d":"0.0000"},3.7934,153.4513,{"v":0,"d":"0.0000"},164.4278,7.1831]
["E9777","Extrusora de barreira de concreto - 74 kW",{"v":4008157.879,"d":"4,008,157.8790"},280.5711,{"v":74.191,"d":"74.1910"},{"v":0,"d":"0.0000"},360.7342,77.2826,25.3797,818.1586,380.1418]
["E9778","Grupo gerador - 310/340 kVA",{"v":201512.0255,"d":"201,512.0255"},10.0756,3.5524,{"v":0,"d":"0.0000"},7.1969,343.9426,{"v":0,"d":"0.0000"},364.7675,{"v":13.628,"d":"13.6280"}]
["E9779","Grupo gerador - 100/110 kVA",{"v":81063.7615,"d":"81,063.7615"},4.0532,{"v":1.429,"d":"1.4290"},{"v":0,"d":"0.0000"},2.8951,111.1199,{"v":0,"d":"0.0000"},119.4972,5.4822]
["E9780","Misturador automático para grauteamento com capacidade de 20 m³/h - 7 kW",{"v":224749.8281,"d":"224,749.8281"},{"v":17.98,"d":"17.9800"},4.1601,{"v":0,"d":"0.0000"},{"v":17.98,"d":"17.9800"},{"v":9.26,"d":"9.2600"},19.8648,69.2449,42.0049]
["E9781","Misturador com bomba para grauteamento tipo Flex E ou similar - 25 kW",{"v":448735.3838,"d":"448,735.3838"},35.8988,8.3061,{"v":0,"d":"0.0000"},35.8988,{"v":0,"d":"0.0000"},19.8648,99.9685,64.0697]
["E9782","Perfuratriz pneumática com avanço de coluna de 33,5 kg com capacidade de 2.280 gpm",{"v":40926.524,"d":"40,926.5240"},3.2741,0.7575,{"v":0,"d":"0.0000"},3.2741,{"v":0,"d":"0.0000"},19.8648,27.1705,23.8964]
["E9784","Plataforma autopropelida com alcance de 12 m com capacidade de 700 kg - 24 kW",{"v":542768.225,"d":"542,768.2250"},36.1845,9.7676,{"v":0,"d":"0.0000"},36.1845,25.0646,19.8648,{"v":127.066,"d":"127.0660"},65.8169]
["E9785","Guindaste móvel sobre pneus com 2 eixos com capacidade máxima de 55 t - 186 kW",{"v":2143775.28,"d":"2,143,775.2800"},107.1888,37.7917,15.3127,137.8141,64.7503,26.1962,389.0538,186.4894]
["E9788","Misturador de argamassa com capacidade de 0,250 m³ - 3,70 kW",{"v":15293.5678,"d":"15,293.5678"},1.2235,0.2831,{"v":0,"d":"0.0000"},1.2235,4.8946,19.8648,27.4895,21.3714]
["E9789","Carro manual modelo plataforma de 150 x 80 cm com capacidade de 800 kg",{"v":1872.1692,"d":"1,872.1692"},{"v":0.337,"d":"0.3370"},0.0693,{"v":0,"d":"0.0000"},0.1872,{"v":0,"d":"0.0000"},{"v":0,"d":"0.0000"},0.5935,0.4063]
["E9790","Bomba para concreto projetado via úmida com capacidade de 10 m³/h - 14,70 kW",{"v":254520.9277,"d":"254,520.9277"},20.3617,4.7112,{"v":0,"d":"0.0000"},20.3617,{"v":19.446,"d":"19.4460"},33.1764,{"v":98.057,"d":"98.0570"},58.2493]
["E9791","Bomba pneumática para injeção de resina com capacidade de 0,18 m³/h",{"v":37137.5365,"d":"37,137.5365"},{"v":2.971,"d":"2.9710"},0.6874,{"v":0,"d":"0.0000"},2.5996,{"v":0,"d":"0.0000"},{"v":0,"d":"0.0000"},{"v":6.258,"d":"6.2580"},3.6584]
["E9793","Robot para concreto projetado com capacidade de 30 m³/h - 70 kW - com compressor diesel",{"v":7240581.966,"d":"7,240,581.9660"},579.2466,134.0232,{"v":0,"d":"0.0000"},579.2466,92.5999,33.1764,{"v":1418.2927,"d":"1,418.2927"},746.4462]
["E9795","Perfuratriz de superfície sobre pneus com martelo de topo e controle remoto via rádio - 60 kW",{"v":1444829.359,"d":"1,444,829.3590"},{"v":96.322,"d":"96.3220"},26.0009,{"v":0,"d":"0.0000"},{"v":96.322,"d":"96.3220"},62.6616,25.3797,306.6862,147.7026]
["E9797","Jumbo eletro-hidráulico com 3 braços - 155 kW/237 kW",{"v":9733842.256,"d":"9,733,842.2560"},648.9228,175.1686,{"v":0,"d":"0.0000"},811.1535,226.6261,33.1764,{"v":1895.0474,"d":"1,895.0474"},857.2678]
["E9798","Perfuratriz hidráulica rotopercussiva - 123 kW",{"v":1456499.799,"d":"1,456,499.7990"},{"v":97.1,"d":"97.1000"},26.2109,{"v":0,"d":"0.0000"},{"v":97.1,"d":"97.1000"},128.4563,25.3797,374.2469,148.6906]
["E9013","Caminhão tanque de asfalto com capacidade de 31.000 l - 265 kW",{"$nulls":7},501.4878,89.7653]
["A9335","Cavalo mecânico estradeiro 6 x 2, PBT 23.000 kg - 265 kW - condição de trabalho severa - motorista de caminhão",{"v":793580.7341,"d":"793,580.7341"},34.0106,13.9897,5.6684,51.0159,350.5568,22.4242,477.6656,76.0929]
["A9364","Tanque isotérmico de asfalto com capacidade de 31.000 l",{"v":253743.955,"d":"253,743.9550"},10.1498,3.5226,{"v":0,"d":"0.0000"},10.1498,{"v":0,"d":"0.0000"},{"v":0,"d":"0.0000"},23.8222,13.6724]
["E9018","Cavalo mecânico com dolly intermediário e semirreboque de 4 eixos com capacidade de 53 t - 323 kW",{"$nulls":7},570.8863,150.4455]
["A9324","Cavalo mecânico estradeiro 6 x 4, PBT 23.000 kg - 323 kW - motorista de veículo especial",{"v":918210.9554,"d":"918,210.9554"},39.3519,16.1867,6.5586,59.0278,314.8397,26.1962,462.1609,88.2934]
["A9355","Semirreboque com 4 eixos",{"v":516545,"d":"516,545.0000"},34.4363,17.2634,{"v":0,"d":"0.0000"},38.7409,{"v":0,"d":"0.0000"},{"v":0,"d":"0.0000"},90.4406,51.6997]
["A9382","Dolly intermediário com 2 eixos para semirreboque",{"v":104432.36,"d":"104,432.3600"},6.9622,3.4902,{"v":0,"d":"0.0000"},7.8324,{"v":0,"d":"0.0000"},{"v":0,"d":"0.0000"},18.2848,10.4524]
["E9027","Caminhão distribuidor de cimento e cal com capacidade de 17 m³ - 210 kW",{"$nulls":7},480.9419,116.0894]
["A9333","Caminhão plataforma 8 x 2, PBTC 36.000 kg e distância entre eixos 4,8 m - 210 kW - motorista de caminhão",{"v":740068.3822,"d":"740,068.3822"},31.7172,13.0463,5.2862,47.5758,277.7998,22.4242,397.8495,72.4739]
["A9365","Distribuidor de cimento montado sobre chassi com capacidade de 17 m³",{"v":464949.677,"d":"464,949.6770"},35.0905,{"v":8.525,"d":"8.5250"},{"v":0,"d":"0.0000"},39.4769,{"v":0,"d":"0.0000"},{"v":0,"d":"0.0000"},83.0924,43.6155]
["E9037","Plataforma de inspeção sob pontes montada em caminhão com capacidade de 500 kg e alcance de 15 m - 188 kW",{"$nulls":7},673.6278,247.4326]
["A9334","Caminhão plataforma 8 x 2, PBT 29.000 kg e distância entre eixos 4,8 m - 188 kW - condição de trabalho severa - motorista de veículo especial",{"v":711001.9349,"d":"711,001.9349"},30.4715,12.5339,5.0786,45.7073,248.6969,26.1962,368.6844,74.2802]
["A9378","Plataforma telescópica para inspeção de pontes montada sobre chassi com capacidade de 500 kg",{"v":2050082.853,"d":"2,050,082.8530"},117.1476,{"v":36.14,"d":"36.1400"},{"v":0,"d":"0.0000"},{"v":131.791,"d":"131.7910"},{"v":0,"d":"0.0000"},19.8648,304.9434,173.1524]
["E9041","Caminhão carroceria com guindauto com capacidade de 45 t.m - 188 kW",{"$nulls":7},439.1725,122.7628]
["A9313","Caminhão plataforma 6 x 2, PBT 23.000 kg e distância entre eixos 5,4 m - 188 kW - motorista de veículo especial",{"v":648705.3765,"d":"648,705.3765"},27.8017,11.4357,4.6336,41.7025,248.6969,26.1962,360.4666,70.0672]
["A9351","Carroceria de madeira com capacidade de 11 t",{"v":40141.7851,"d":"40,141.7851"},2.7684,0.7259,{"v":0,"d":"0.0000"},2.7684,{"v":0,"d":"0.0000"},{"v":0,"d":"0.0000"},6.2627,3.4943]
["A9373","Guindaste articulado montado sobre chassi com capacidade de 45 t.m",{"v":337008,"d":"337,008.0000"},23.2419,6.0946,{"v":0,"d":"0.0000"},23.2419,{"v":0,"d":"0.0000"},19.8648,72.4432,49.2013]
["E9082","Bate-estaca hidráulico para defensas montado em caminhão guindauto com capacidade de 20 t.m e carroceria de 4 t - 136 kW",{"$nulls":7},370.4054,131.8843]
["A9323","Caminhão plataforma 4 x 2, PBT 14.300 kg e distância entre eixos 4,8 m - 136 kW - condição de trabalho severa - motorista de caminhão",{"v":496764.178,"d":"496,764.1780"},21.2899,8.7572,3.5483,31.9348,179.9084,22.4242,267.8628,56.0196]
["A9347","Carroceria de madeira com capacidade de 4 t",{"v":17692.92,"d":"17,692.9200"},1.2202,{"v":0.32,"d":"0.3200"},{"v":0,"d":"0.0000"},1.2202,{"v":0,"d":"0.0000"},{"v":0,"d":"0.0000"},2.7604,1.5402]
["A9372","Guindaste articulado montado sobre chassi com capacidade de 20 t.m",{"v":210128.5,"d":"210,128.5000"},14.4916,3.8001,{"v":0,"d":"0.0000"},14.4916,{"v":0,"d":"0.0000"},19.8648,52.6481,38.1565]
["A9379","Bate-estaca hidráulico para defensas metálicas montada sobre chassi",{"v":205615,"d":"205,615.0000"},11.6515,4.6517,{"v":0,"d":"0.0000"},10.9661,{"v":0,"d":"0.0000"},19.8648,47.1341,{"v":36.168,"d":"36.1680"}]
["E9097","Caminhão de resgate de veículos leves com plataforma com capacidade de 4 t - 115 kW",{"$nulls":7},239.0984,57.6045]
["A9326","Caminhão plataforma 4 x 2 PBT 9.600 kg e distância entre eixos 3,7 m - 115 kW - motorista de veículo especial",{"v":384580.7203,"d":"384,580.7203"},{"v":16.482,"d":"16.4820"},6.7796,{"v":2.747,"d":"2.7470"},{"v":24.723,"d":"24.7230"},152.1284,26.1962,229.0562,52.2048]
["A9374","Plataforma hidráulica para resgate de veículos montada sobre chassi com capacidade de 4 t",{"v":72216,"d":"72,216.0000"},4.1266,1.2731,{"v":0,"d":"0.0000"},4.6425,{"v":0,"d":"0.0000"},{"v":0,"d":"0.0000"},10.0422,5.3997]
["E9098","Caminhão de resgate de veículos de porte médio com capacidade do guincho de 20 t - 136 kW",{"$nulls":7},314.0965,91.7125]
["A9306","Caminhão plataforma 4 x 2, PBT 16.000 kg e distância entre eixos 3,6 m - 136 kW - motorista de veículo especial",{"v":525326.6428,"d":"525,326.6428"},{"v":22.514,"d":"22.5140"},9.2608,3.7523,{"v":33.771,"d":"33.7710"},179.9084,26.1962,275.4027,61.7233]
["A9375","Guincho rebocador para resgate de veículos montada sobre chassi com capacidade de 20 t",{"v":135405,"d":"135,405.0000"},7.7374,{"v":2.387,"d":"2.3870"},{"v":0,"d":"0.0000"},8.7046,{"v":0,"d":"0.0000"},19.8648,38.6938,29.9892]
["E9099","Caminhão de resgate de veículos pesados com dois guinchos com capacidade de 35 t - 240 kW",{"$nulls":7},535.6642,135.9578]
["A9320","Caminhão plataforma 6 x 2, PBT 23.000 kg e distância entre eixos 4,8 m - 240 kW - motorista de veículo especial",{"v":802960.796,"d":"802,960.7960"},34.4126,14.1551,5.7354,51.6189,317.4854,26.1962,449.6036,80.4993]
["A9376","Guincho rebocador para resgate de veículos montada sobre chassi com capacidade de 35 t",{"v":476033.2031,"d":"476,033.2031"},27.2019,8.3918,{"v":0,"d":"0.0000"},30.6021,{"v":0,"d":"0.0000"},19.8648,86.0606,55.4585]
["E9100","Cavalo mecânico sem reboque - 210 kW",{"$nulls":7},{"v":299.216,"d":"299.2160"},59.3863]
["A9310","Cavalo mecânico 4 x 2, PBT 16.000 kg - 210 kW - motorista de caminhão",{"v":546546.3508,"d":"546,546.3508"},23.4234,9.6348,3.9039,35.1351,204.6946,22.4242,{"v":299.216,"d":"299.2160"},59.3863]
["E9114","Painel com seta luminosa para montagem em caminhão",{"$nulls":7},5.4526,3.7326]
["A9380","Painel com seta luminosa montado sobre chassi",{"v":34399.1483,"d":"34,399.1483"},3.0959,0.6367,{"v":0,"d":"0.0000"},{"v":1.72,"d":"1.7200"},{"v":0,"d":"0.0000"},{"v":0,"d":"0.0000"},5.4526,3.7326]
["E9115","Amortecedor retrátil (AMC) para montagem em caminhão",{"$nulls":7},54.7524,29.9289]
["A9381","Amortecedor retrátil montado em caminhão",{"v":275817.2211,"d":"275,817.2211"},24.8235,5.1054,{"v":0,"d":"0.0000"},24.8235,{"v":0,"d":"0.0000"},{"v":0,"d":"0.0000"},54.7524,29.9289]
["E9145","Caminhão basculante para concreto com capacidade de 7 m³ - 188 kW",{"$nulls":7},307.5478,74.7605]
["A9316","Caminhão plataforma 8 x 2, PBT 29.000 kg e distância entre eixos 4,8 m - 188 kW - motorista de caminhão",{"v":704781.7822,"d":"704,781.7822"},30.2049,12.4243,5.0342,45.3074,183.2504,22.4242,298.6454,70.0876]
["A9340","Caçamba basculante para concreto com capacidade de 7 m³",{"v":49813.995,"d":"49,813.9950"},3.7595,0.9134,{"v":0,"d":"0.0000"},4.2295,{"v":0,"d":"0.0000"},{"v":0,"d":"0.0000"},8.9024,4.6729]
["E9146","Caminhão silo com capacidade de 30 m³ - 265 kW",{"$nulls":7},520.6986,100.1035]
["A9335","Cavalo mecânico estradeiro 6 x 2, PBT 23.000 kg - 265 kW - condição de trabalho severa - motorista de caminhão",{"v":793580.7341,"d":"793,580.7341"},34.0106,13.9897,5.6684,51.0159,350.5568,22.4242,477.6656,76.0929]
["A9357","Semirreboque silo para cimento com capacidade de 30 m³",{"v":275825,"d":"275,825.0000"},19.0224,4.9882,{"v":0,"d":"0.0000"},19.0224,{"v":0,"d":"0.0000"},{"v":0,"d":"0.0000"},{"v":43.033,"d":"43.0330"},24.0106]
["E9169","Cavalo mecânico com dolly pneumático de 4 eixos e mesas de giro com capacidade de 57 t - 323 kW",{"$nulls":7},606.8429,170.9998]
["A9324","Cavalo mecânico estradeiro 6 x 4, PBT 23.000 kg - 323 kW - motorista de veículo especial",{"v":918210.9554,"d":"918,210.9554"},39.3519,16.1867,6.5586,59.0278,314.8397,26.1962,462.1609,88.2934]
["A9385","Conjunto de duas mesas de giro para quinta roda ou reboque com capacidade de 100 t cada",{"v":305935.4411,"d":"305,935.4411"},20.3957,10.2246,{"v":0,"d":"0.0000"},22.9452,{"v":0,"d":"0.0000"},{"v":0,"d":"0.0000"},53.5655,30.6203]
["A9389","Dolly pneumático com capacidade de 48 t e 4 eixos",{"v":520405.6473,"d":"520,405.6473"},34.6937,17.3924,{"v":0,"d":"0.0000"},39.0304,{"v":0,"d":"0.0000"},{"v":0,"d":"0.0000"},91.1165,52.0861]
["E9170","Cavalo mecânico com dois dollys pneumáticos de 3 e 4 eixos e mesas de giro com capacidade de 77 t - 323 kW",{"$nulls":7},702.9527,224.3975]
["A9385","Conjunto de duas mesas de giro para quinta roda ou reboque com capacidade de 100 t cada",{"v":305935.4411,"d":"305,935.4411"},20.3957,10.2246,{"v":0,"d":"0.0000"},22.9452,{"v":0,"d":"0.0000"},{"v":0,"d":"0.0000"},53.5655,30.6203]
["A9386","Cavalo mecânico estradeiro 6 x 4, CMT 123.000 kg - 323 kW - motorista de veículo especial",{"v":1116534.149,"d":"1,116,534.1490"},47.8515,19.6829,7.9752,71.7772,314.8397,26.1962,488.3227,101.7058]
["A9387","Dolly pneumático com capacidade de 28,5 t e 3 eixos",{"v":399503.3252,"d":"399,503.3252"},26.6336,13.3517,{"v":0,"d":"0.0000"},29.9627,{"v":0,"d":"0.0000"},{"v":0,"d":"0.0000"},{"v":69.948,"d":"69.9480"},39.9853]
["A9389","Dolly pneumático com capacidade de 48 t e 4 eixos",{"v":520405.6473,"d":"520,405.6473"},34.6937,17.3924,{"v":0,"d":"0.0000"},39.0304,{"v":0,"d":"0.0000"},{"v":0,"d":"0.0000"},91.1165,52.0861]
["E9171","Cavalo mecânico com dois dollys pneumáticos de 4 e 5 eixos e mesas de giro com capacidade de 111 t - 440 kW",{"$nulls":7},{"v":1330.8873,"d":"1,330.8873"},490.3507]
["A9325","Cavalo mecânico 8 x 8, PBT 26.000 kg - 440 kW -  motorista de veículo especial",{"v":4691229.792,"d":"4,691,229.7920"},201.0527,82.6997,33.5088,301.5791,428.8838,26.1962,{"v":1073.9203,"d":"1,073.9203"},343.4574]
["A9385","Conjunto de duas mesas de giro para quinta roda ou reboque com capacidade de 100 t cada",{"v":305935.4411,"d":"305,935.4411"},20.3957,10.2246,{"v":0,"d":"0.0000"},22.9452,{"v":0,"d":"0.0000"},{"v":0,"d":"0.0000"},53.5655,30.6203]
["A9388","Dolly pneumático com capacidade de 60 t e 5 eixos",{"v":641307.9694,"d":"641,307.9694"},42.7539,{"v":21.433,"d":"21.4330"},{"v":0,"d":"0.0000"},48.0981,{"v":0,"d":"0.0000"},{"v":0,"d":"0.0000"},{"v":112.285,"d":"112.2850"},64.1869]
["A9389","Dolly pneumático com capacidade de 48 t e 4 eixos",{"v":520405.6473,"d":"520,405.6473"},34.6937,17.3924,{"v":0,"d":"0.0000"},39.0304,{"v":0,"d":"0.0000"},{"v":0,"d":"0.0000"},91.1165,52.0861]
["E9199","Caminhão com sistema de hidrojateamento de alta pressão e vácuo para limpeza e desobstrução de bueiros com capacidade total de 15.600 l - 188 kW",{"$nulls":7},399.8252,{"v":93.19,"d":"93.1900"}]
["A9299","Equipamento com sistema de hidrojateamento de alta pressão e vácuo para limpeza e desobstrução de bueiros com diâmetro de até 1.500 mm com capacidade total de 15.600 l",{"v":405894.6561,"d":"405,894.6561"},16.2358,{"v":6.887,"d":"6.8870"},{"v":0,"d":"0.0000"},16.2358,{"v":0,"d":"0.0000"},{"v":0,"d":"0.0000"},39.3586,23.1228]
["A9313","Caminhão plataforma 6 x 2, PBT 23.000 kg e distância entre eixos 5,4 m - 188 kW - motorista de veículo especial",{"v":648705.3765,"d":"648,705.3765"},27.8017,11.4357,4.6336,41.7025,248.6969,26.1962,360.4666,70.0672]
["E9201","Caminhão basculante para rocha com capacidade de 12 m³ - 188 kW com periculosidade",{"$nulls":7},341.9887,97.5023]
["A9327","Caminhão plataforma 8 x 2 PBT 29.000 kg e distância entre eixos 4,8 m - 188 kW - motorista de veículo especial com periculosidade",{"v":711001.9349,"d":"711,001.9349"},30.4715,12.5339,5.0786,45.7073,183.2504,32.2616,309.3033,80.3456]
["A9343","Caçamba basculante para rocha com capacidade de 12 m³",{"v":182894.041,"d":"182,894.0410"},13.8033,3.3534,{"v":0,"d":"0.0000"},15.5287,{"v":0,"d":"0.0000"},{"v":0,"d":"0.0000"},32.6854,17.1567]
["E9202","Plataforma pantográfica montada em caminhão - 115 kW com periculosidade",{"$nulls":7},330.8757,122.5483]
["A9300","Caminhão plataforma 4 x 2, PBT 8.300 kg e distância entre eixos 3,7 m - 115 kW - motorista de veículo especial com periculosidade",{"v":360518.0682,"d":"360,518.0682"},15.4508,6.3554,2.5751,23.1762,152.1284,32.2616,231.9475,56.6429]
["A9383","Plataforma pantográfica hidráulica montada sobre chassi com capacidade de 600 kg - com periculosidade",{"v":495341.58,"d":"495,341.5800"},33.0228,8.9141,{"v":0,"d":"0.0000"},33.0228,{"v":0,"d":"0.0000"},23.9685,98.9282,65.9054]
["E9506","Caminhão basculante com capacidade de 6 m³ - 136 kW",{"$nulls":7},197.3988,63.7189]
["A9307","Caminhão plataforma 4 x 2, PBT 16.000 kg e distância entre eixos 3,6 m - 136 kW - motorista de caminhão",{"v":525326.6428,"d":"525,326.6428"},{"v":22.514,"d":"22.5140"},9.2608,3.7523,{"v":33.771,"d":"33.7710"},94.6886,22.4242,186.4109,57.9513]
["A9338","Caçamba basculante com capacidade de 6 m³",{"v":61483.9,"d":"61,483.9000"},4.6403,1.1273,{"v":0,"d":"0.0000"},5.2203,{"v":0,"d":"0.0000"},{"v":0,"d":"0.0000"},10.9879,5.7676]
["E9508","Caminhão carroceria com capacidade de 9 t - 136 kW",{"$nulls":7},193.6273,61.9135]
["A9309","Caminhão plataforma 4 x 2, PBT 16.000 kg e distância entre eixos 4,8 m - 136 kW - motorista de caminhão",{"v":536083.5759,"d":"536,083.5759"},{"v":22.975,"d":"22.9750"},9.4504,3.8292,34.4625,94.6886,22.4242,187.8299,58.6788]
["A9350","Carroceria de madeira com capacidade de 9 t",{"v":37159.816,"d":"37,159.8160"},2.5627,{"v":0.672,"d":"0.6720"},{"v":0,"d":"0.0000"},2.5627,{"v":0,"d":"0.0000"},{"v":0,"d":"0.0000"},5.7974,3.2347]
["E9509","Caminhão tanque distribuidor de asfalto com capacidade de 6.000 l - 7 kW/136 kW",{"$nulls":7},295.5014,{"v":66.288,"d":"66.2880"}]
["A9323","Caminhão plataforma 4 x 2, PBT 14.300 kg e distância entre eixos 4,8 m - 136 kW - condição de trabalho severa - motorista de caminhão",{"v":496764.178,"d":"496,764.1780"},21.2899,8.7572,3.5483,31.9348,179.9084,22.4242,267.8628,56.0196]
["A9363","Tanque espargidor de asfalto com capacidade de 6.000 l - 7 kW",{"v":190570,"d":"190,570.0000"},7.6228,2.6456,{"v":0,"d":"0.0000"},7.6228,9.7474,{"v":0,"d":"0.0000"},27.6386,10.2684]
["E9520","Caminhão com caçamba térmica com capacidade de 6 m³ - 188 kW",{"$nulls":7},{"v":304.309,"d":"304.3090"},73.4517]
["A9311","Caminhão plataforma 6 x 2, PBT 23.000 kg e distância entre eixos 4,8 m - 188 kW - motorista de caminhão",{"v":639450.0502,"d":"639,450.0502"},{"v":27.405,"d":"27.4050"},11.2726,4.5675,41.1075,183.2504,22.4242,290.0272,65.6693]
["A9339","Caçamba térmica com capacidade de 6 m³",{"v":115545.6,"d":"115,545.6000"},5.7773,2.0051,{"v":0,"d":"0.0000"},6.4994,{"v":0,"d":"0.0000"},{"v":0,"d":"0.0000"},14.2818,7.7824]
["E9571","Caminhão tanque com capacidade de 10.000 l - 188 kW",{"$nulls":7},372.2173,75.0115]
["A9332","Caminhão plataforma 6 x 2, PBT 23.000 kg e distância entre eixos 4,8 m - 188 kW - condição de trabalho severa - motorista de caminhão",{"v":639450.0502,"d":"639,450.0502"},{"v":27.405,"d":"27.4050"},11.2726,4.5675,41.1075,248.6969,22.4242,355.4737,65.6693]
["A9360","Tanque para transporte de água com capacidade de 10.000 l",{"v":107321,"d":"107,321.0000"},7.4014,1.9408,{"v":0,"d":"0.0000"},7.4014,{"v":0,"d":"0.0000"},{"v":0,"d":"0.0000"},16.7436,9.3422]
["E9575","Caminhão basculante com caçamba estanque com capacidade de 14 m³ - 188 kW",{"$nulls":7},318.0671,82.0641]
["A9317","Caminhão plataforma 8 x 2, PBT 29.000 kg e distância entre eixos 4,8 m - 188 kW - motorista de veículo especial",{"v":711001.9349,"d":"711,001.9349"},30.4715,12.5339,5.0786,45.7073,183.2504,26.1962,303.2379,74.2802]
["A9345","Caçamba basculante estanque com capacidade de 14 m³",{"v":82978.4216,"d":"82,978.4216"},6.2625,1.5214,{"v":0,"d":"0.0000"},7.0453,{"v":0,"d":"0.0000"},{"v":0,"d":"0.0000"},14.8292,7.7839]
["E9579","Caminhão basculante com capacidade de 10 m³ - 188 kW",{"$nulls":7},312.3195,77.2652]
["A9316","Caminhão plataforma 8 x 2, PBT 29.000 kg e distância entre eixos 4,8 m - 188 kW - motorista de caminhão",{"v":704781.7822,"d":"704,781.7822"},30.2049,12.4243,5.0342,45.3074,183.2504,22.4242,298.6454,70.0876]
["A9342","Caçamba basculante com capacidade de 10 m³",{"v":76514.3425,"d":"76,514.3425"},5.7747,1.4029,{"v":0,"d":"0.0000"},6.4965,{"v":0,"d":"0.0000"},{"v":0,"d":"0.0000"},13.6741,7.1776]
["E9592","Caminhão carroceria com capacidade de 15 t - 188 kW",{"$nulls":7},{"v":297.664,"d":"297.6640"},{"v":69.875,"d":"69.8750"}]
["A9314","Caminhão plataforma 6 x 2, PBT 23.000 kg e distância entre eixos 5,4 m - 188 kW - motorista de caminhão",{"v":648705.3765,"d":"648,705.3765"},27.8017,11.4357,4.6336,41.7025,183.2504,22.4242,291.2481,66.2952]
["A9352","Carroceria de madeira com capacidade de 15 t",{"v":41123,"d":"41,123.0000"},2.8361,0.7437,{"v":0,"d":"0.0000"},2.8361,{"v":0,"d":"0.0000"},{"v":0,"d":"0.0000"},6.4159,3.5798]
["E9600","Caminhão betoneira com capacidade de 8 m³ - 188 kW",{"$nulls":7},{"v":332.814,"d":"332.8140"},89.8048]
["A9317","Caminhão plataforma 8 x 2, PBT 29.000 kg e distância entre eixos 4,8 m - 188 kW - motorista de veículo especial",{"v":711001.9349,"d":"711,001.9349"},30.4715,12.5339,5.0786,45.7073,183.2504,26.1962,303.2379,74.2802]
["A9346","Misturador de concreto para montagem em chassi de caminhão com capacidade de 8 m³",{"v":165495,"d":"165,495.0000"},12.4902,3.0344,{"v":0,"d":"0.0000"},14.0515,{"v":0,"d":"0.0000"},{"v":0,"d":"0.0000"},29.5761,15.5246]
["E9604","Caminhão basculante para rocha com capacidade de 8 m³ - 210 kW",{"$nulls":7},{"v":340.352,"d":"340.3520"},80.6381]
["A9315","Caminhão basculante 6 x 4, PBT 23.000 kg e distância entre eixos 3,6 m - 210 kW -  motorista de caminhão",{"v":757606.4149,"d":"757,606.4149"},32.4688,13.3555,5.4115,48.7033,204.6946,22.4242,327.0579,{"v":73.66,"d":"73.6600"}]
["A9341","Caçamba basculante para rocha com capacidade de 8 m³",{"v":74387.9778,"d":"74,387.9778"},5.6142,1.3639,{"v":0,"d":"0.0000"},{"v":6.316,"d":"6.3160"},{"v":0,"d":"0.0000"},{"v":0,"d":"0.0000"},13.2941,6.9781]
["E9605","Caminhão tanque com capacidade de 6.000 l - 136 kW",{"$nulls":7},282.5722,64.2268]
["A9323","Caminhão plataforma 4 x 2, PBT 14.300 kg e distância entre eixos 4,8 m - 136 kW - condição de trabalho severa - motorista de caminhão",{"v":496764.178,"d":"496,764.1780"},21.2899,8.7572,3.5483,31.9348,179.9084,22.4242,267.8628,56.0196]
["A9358","Tanque para transporte de água com capacidade de 6.000 l",{"v":94282,"d":"94,282.0000"},6.5022,{"v":1.705,"d":"1.7050"},{"v":0,"d":"0.0000"},6.5022,{"v":0,"d":"0.0000"},{"v":0,"d":"0.0000"},14.7094,8.2072]
["E9644","Caminhão demarcador de faixas com sistema de pintura a frio - 28 kW/115 kW",{"$nulls":7},400.4693,142.3427]
["A9302","Caminhão plataforma 4 x 2, PBT 8.300 kg e distância entre eixos 4,4 m - 115 kW - motorista de veículo especial",{"v":362236.8641,"d":"362,236.8641"},15.5244,6.3857,2.5874,23.2867,152.1284,26.1962,226.1088,50.6937]
["A9368","Equipamento demarcador de faixas a frio montado sobre chassi com capacidade de 800 l - 28 kW",{"v":697085,"d":"697,085.0000"},52.6686,19.1156,{"v":0,"d":"0.0000"},49.5705,{"v":33.141,"d":"33.1410"},19.8648,174.3605,{"v":91.649,"d":"91.6490"}]
["E9645","Caminhão demarcador de faixas com sistema de pintura a quente - 5 kW/30,10 kW/136 kW",{"$nulls":7},555.7332,{"v":210.403,"d":"210.4030"}]
["A9305","Caminhão plataforma 4 x 2, PBT 14.300 kg e distância entre eixos 4,8 m - 136 kW - motorista de veículo especial",{"v":496764.178,"d":"496,764.1780"},21.2899,8.7572,3.5483,31.9348,179.9084,26.1962,271.6348,59.7916]
["A9328","Compressor de ar portátil de 70,79 l/s (150 PCM) sem reboque - 30,10 kW",{"v":116947.326,"d":"116,947.3260"},7.7965,2.1046,{"v":0,"d":"0.0000"},7.7965,35.6266,{"v":0,"d":"0.0000"},53.3242,9.9011]
["A9369","Equipamento demarcador de faixas a quente montado sobre chassi com capacidade de 500 l - 5,0 kW",{"v":1173510,"d":"1,173,510.0000"},88.6652,32.1803,{"v":0,"d":"0.0000"},83.4496,6.6143,19.8648,230.7742,140.7103]
["E9663","Caminhão basculante com capacidade de 4 m³ - 136 kW",{"$nulls":7},191.5158,{"v":60.677,"d":"60.6770"}]
["A9304","Caminhão plataforma 4 x 2, PBT 14.300 kg e distância entre eixos 4,8 m - 136 kW - motorista de caminhão",{"v":496764.178,"d":"496,764.1780"},21.2899,8.7572,3.5483,31.9348,94.6886,22.4242,{"v":182.643,"d":"182.6430"},56.0196]
["A9336","Caçamba basculante com capacidade de 4 m³",{"v":49648.5,"d":"49,648.5000"},3.7471,0.9103,{"v":0,"d":"0.0000"},4.2154,{"v":0,"d":"0.0000"},{"v":0,"d":"0.0000"},8.8728,4.6574]
["E9665","Cavalo mecânico com semirreboque com capacidade de 22 t - 240 kW",{"$nulls":7},423.3389,113.6472]
["A9318","Cavalo mecânico 4 x 2, PBT 16.000 kg - 240 kW - motorista de veículo especial",{"v":751302.6424,"d":"751,302.6424"},32.1987,13.2444,5.3664,{"v":48.298,"d":"48.2980"},233.9366,26.1962,359.2403,77.0057]
["A9353","Semirreboque com 2 eixos",{"v":366095,"d":"366,095.0000"},24.4063,12.2352,{"v":0,"d":"0.0000"},27.4571,{"v":0,"d":"0.0000"},{"v":0,"d":"0.0000"},64.0986,36.6415]
["E9666","Cavalo mecânico com semirreboque com capacidade de 30 t - 265 kW",{"$nulls":7},{"v":457.415,"d":"457.4150"},117.2518]
["A9321","Cavalo mecânico estradeiro 6 x 2, PBT 23.000 kg - 265 kW - motorista de caminhão",{"v":793580.7341,"d":"793,580.7341"},34.0106,13.9897,5.6684,51.0159,{"v":258.305,"d":"258.3050"},22.4242,385.4138,76.0929]
["A9354","Semirreboque com 3 eixos",{"v":411230,"d":"411,230.0000"},27.4153,13.7436,{"v":0,"d":"0.0000"},30.8423,{"v":0,"d":"0.0000"},{"v":0,"d":"0.0000"},72.0012,41.1589]
["E9667","Caminhão basculante com capacidade de 14 m³ - 188 kW",{"$nulls":7},317.5298,81.7821]
["A9317","Caminhão plataforma 8 x 2, PBT 29.000 kg e distância entre eixos 4,8 m - 188 kW - motorista de veículo especial",{"v":711001.9349,"d":"711,001.9349"},30.4715,12.5339,5.0786,45.7073,183.2504,26.1962,303.2379,74.2802]
["A9344","Caçamba basculante com capacidade de 14 m³",{"v":79971.4944,"d":"79,971.4944"},6.0356,1.4663,{"v":0,"d":"0.0000"},{"v":6.79,"d":"6.7900"},{"v":0,"d":"0.0000"},{"v":0,"d":"0.0000"},14.2919,7.5019]
["E9669","Caminhão tanque com capacidade de 8.000 l - 136 kW",{"$nulls":7},288.7629,67.4461]
["A9331","Caminhão plataforma 4 x 2, PBT 16.000 kg e distância entre eixos 4,8 m - 136 kW - condição de trabalho severa - motorista de caminhão",{"v":536083.5759,"d":"536,083.5759"},{"v":22.975,"d":"22.9750"},9.4504,3.8292,34.4625,179.9084,22.4242,273.0497,58.6788]
["A9359","Tanque para transporte de água com capacidade de 8.000 l",{"v":100715.9733,"d":"100,715.9733"},6.9459,1.8214,{"v":0,"d":"0.0000"},6.9459,{"v":0,"d":"0.0000"},{"v":0,"d":"0.0000"},15.7132,8.7673]
["E9670","Usina móvel de lama asfáltica ou microrrevestimento com cavalo mecânico com capacidade de 12 m³ - 95,6 kW/240 kW",{"$nulls":7},804.8506,221.1447]
["A9319","Cavalo mecânico 4 x 2, PBT 16.000 kg - 240 kW - condição de trabalho severa - motorista de veículo especial",{"v":751302.6424,"d":"751,302.6424"},32.1987,13.2444,5.3664,{"v":48.298,"d":"48.2980"},317.4854,26.1962,442.7891,77.0057]
["A9367","Usina de lama asfáltica ou microrrevestimento asfáltico rebocável com capacidade de 12 m³ - 95,6 kW",{"v":1319133.564,"d":"1,319,133.5640"},84.8014,26.1612,{"v":0,"d":"0.0000"},84.8014,133.1211,33.1764,362.0615,{"v":144.139,"d":"144.1390"}]
["E9672","Caminhão basculante para rocha com capacidade de 12 m³ - 188 kW",{"$nulls":7},335.9233,91.4369]
["A9317","Caminhão plataforma 8 x 2, PBT 29.000 kg e distância entre eixos 4,8 m - 188 kW - motorista de veículo especial",{"v":711001.9349,"d":"711,001.9349"},30.4715,12.5339,5.0786,45.7073,183.2504,26.1962,303.2379,74.2802]
["A9343","Caçamba basculante para rocha com capacidade de 12 m³",{"v":182894.041,"d":"182,894.0410"},13.8033,3.3534,{"v":0,"d":"0.0000"},15.5287,{"v":0,"d":"0.0000"},{"v":0,"d":"0.0000"},32.6854,17.1567]
["E9679","Cavalo mecânico com dois reboques hidropneumáticos de 5 e 4 eixos e mesas de giro com capacidade de 130 t - 440 kW",{"$nulls":7},{"v":1492.4121,"d":"1,492.4121"},582.6851]
["A9325","Cavalo mecânico 8 x 8, PBT 26.000 kg - 440 kW -  motorista de veículo especial",{"v":4691229.792,"d":"4,691,229.7920"},201.0527,82.6997,33.5088,301.5791,428.8838,26.1962,{"v":1073.9203,"d":"1,073.9203"},343.4574]
["A9384","Reboque hidropneumático com capacidade de 166 t e 4 eixos",{"v":951448.7087,"d":"951,448.7087"},63.4299,31.7982,{"v":0,"d":"0.0000"},71.3587,{"v":0,"d":"0.0000"},{"v":0,"d":"0.0000"},166.5868,95.2281]
["A9385","Conjunto de duas mesas de giro para quinta roda ou reboque com capacidade de 100 t cada",{"v":305935.4411,"d":"305,935.4411"},20.3957,10.2246,{"v":0,"d":"0.0000"},22.9452,{"v":0,"d":"0.0000"},{"v":0,"d":"0.0000"},53.5655,30.6203]
["A9390","Reboque hidropneumático com capacidade de 117 t e 5 eixos",{"v":1132802.192,"d":"1,132,802.1920"},75.5201,37.8592,{"v":0,"d":"0.0000"},84.9602,{"v":0,"d":"0.0000"},{"v":0,"d":"0.0000"},198.3395,113.3793]
["E9680","Caminhão tanque com capacidade de 13.000 l - 188 kW",{"$nulls":7},374.7212,76.4086]
["A9332","Caminhão plataforma 6 x 2, PBT 23.000 kg e distância entre eixos 4,8 m - 188 kW - condição de trabalho severa - motorista de caminhão",{"v":639450.0502,"d":"639,450.0502"},{"v":27.405,"d":"27.4050"},11.2726,4.5675,41.1075,248.6969,22.4242,355.4737,65.6693]
["A9361","Tanque para transporte de água com capacidade de 13.000 l",{"v":123369,"d":"123,369.0000"},8.5082,2.2311,{"v":0,"d":"0.0000"},8.5082,{"v":0,"d":"0.0000"},{"v":0,"d":"0.0000"},19.2475,10.7393]
["E9686","Caminhão carroceria com guindauto com capacidade de 20 t.m - 136 kW",{"$nulls":7},333.1541,{"v":102.663,"d":"102.6630"}]
["A9308","Caminhão plataforma 4 x 2, PBT 16.000 kg e distância entre eixos 4,8 m - 136 kW - motorista de veículo especial",{"v":536083.5759,"d":"536,083.5759"},{"v":22.975,"d":"22.9750"},9.4504,3.8292,34.4625,179.9084,26.1962,276.8217,62.4508]
["A9349","Carroceria de madeira com capacidade de 7 t",{"v":23614.5975,"d":"23,614.5975"},1.6286,0.4271,{"v":0,"d":"0.0000"},1.6286,{"v":0,"d":"0.0000"},{"v":0,"d":"0.0000"},3.6843,2.0557]
["A9372","Guindaste articulado montado sobre chassi com capacidade de 20 t.m",{"v":210128.5,"d":"210,128.5000"},14.4916,3.8001,{"v":0,"d":"0.0000"},14.4916,{"v":0,"d":"0.0000"},19.8648,52.6481,38.1565]
["E9687","Caminhão carroceria com capacidade de 5 t - 115 kW",{"$nulls":7},156.3858,50.1973]
["A9303","Caminhão plataforma 4 x 2, PBT 9.600 kg e distância entre eixos 3,7 m - 115 kW - motorista de caminhão",{"v":384580.7203,"d":"384,580.7203"},{"v":16.482,"d":"16.4820"},6.7796,{"v":2.747,"d":"2.7470"},{"v":24.723,"d":"24.7230"},80.0676,22.4242,153.2234,48.4328]
["A9348","Carroceria de madeira com capacidade de 5 t",{"v":20270.2288,"d":"20,270.2288"},1.3979,0.3666,{"v":0,"d":"0.0000"},1.3979,{"v":0,"d":"0.0000"},{"v":0,"d":"0.0000"},3.1624,1.7645]
["E9690","Caminhão carroceria com guindauto e cesto aéreo com capacidade de 10 t.m - 136 kW",{"$nulls":7},352.7465,122.3758]
["A9308","Caminhão plataforma 4 x 2, PBT 16.000 kg e distância entre eixos 4,8 m - 136 kW - motorista de veículo especial",{"v":536083.5759,"d":"536,083.5759"},{"v":22.975,"d":"22.9750"},9.4504,3.8292,34.4625,179.9084,26.1962,276.8217,62.4508]
["A9329","Cesto aéreo simples isolado com capacidade para 135 kg",{"v":24327.765,"d":"24,327.7650"},1.6778,{"v":0.44,"d":"0.4400"},{"v":0,"d":"0.0000"},1.6778,{"v":0,"d":"0.0000"},{"v":0,"d":"0.0000"},3.7956,2.1178]
["A9330","Guindaste articulado montado sobre chassi com capacidade de 10 t.m",{"v":170510,"d":"170,510.0000"},11.7593,3.0836,{"v":0,"d":"0.0000"},11.7593,{"v":0,"d":"0.0000"},39.7296,66.3318,54.5725]
["A9350","Carroceria de madeira com capacidade de 9 t",{"v":37159.816,"d":"37,159.8160"},2.5627,{"v":0.672,"d":"0.6720"},{"v":0,"d":"0.0000"},2.5627,{"v":0,"d":"0.0000"},{"v":0,"d":"0.0000"},5.7974,3.2347]
["E9693","Caminhão demarcador de faixas com sistema de pintura Spray - 115 kW",{"$nulls":7},806.7421,400.4935]
["A9322","Caminhão plataforma 4 x 2, PBT 9.600 kg e distância entre eixos 3,7 m - 115 kW - condição de trabalho severa - motorista de caminhão",{"v":384580.7203,"d":"384,580.7203"},{"v":16.482,"d":"16.4820"},6.7796,{"v":2.747,"d":"2.7470"},{"v":24.723,"d":"24.7230"},152.1284,22.4242,225.2842,48.4328]
["A9370","Equipamento demarcador de faixas sistema spray montado sobre chassi com capacidade 1.080 l",{"v":3225898.75,"d":"3,225,898.7500"},243.7346,88.4613,{"v":0,"d":"0.0000"},229.3972,{"v":0,"d":"0.0000"},19.8648,581.4579,352.0607]
["E9783","Plataforma pantográfica montada em caminhão - 115 kW",{"$nulls":7},320.7066,112.3792]
["A9301","Caminhão plataforma 4 x 2, PBT 8.300 kg e distância entre eixos 3,7 m - 115 kW - motorista de veículo especial",{"v":360518.0682,"d":"360,518.0682"},15.4508,6.3554,2.5751,23.1762,152.1284,26.1962,225.8821,50.5775]
["A9377","Plataforma pantográfica hidráulica montada sobre chassi com capacidade de 600 kg",{"v":495341.58,"d":"495,341.5800"},33.0228,8.9141,{"v":0,"d":"0.0000"},33.0228,{"v":0,"d":"0.0000"},19.8648,94.8245,61.8017]
["E9787","Bomba para concreto com lança montada sobre chassi com capacidade de 50 m³/h - 136 kW",{"$nulls":7},613.7947,263.2761]
["A9308","Caminhão plataforma 4 x 2, PBT 16.000 kg e distância entre eixos 4,8 m - 136 kW - motorista de veículo especial",{"v":536083.5759,"d":"536,083.5759"},{"v":22.975,"d":"22.9750"},9.4504,3.8292,34.4625,179.9084,26.1962,276.8217,62.4508]
["A9371","Bomba para concreto com lança montada sobre chassi com capacidade de 50 m³/h",{"v":1701845.826,"d":"1,701,845.8260"},136.1477,31.5012,{"v":0,"d":"0.0000"},136.1477,{"v":0,"d":"0.0000"},33.1764,{"v":336.973,"d":"336.9730"},200.8253]
["E9792","Caminhão para hidrossemeadura com capacidade de 7.500 l - 136 kW",{"$nulls":7},354.1276,{"v":110.738,"d":"110.7380"}]
["A9323","Caminhão plataforma 4 x 2, PBT 14.300 kg e distância entre eixos 4,8 m - 136 kW - condição de trabalho severa - motorista de caminhão",{"v":496764.178,"d":"496,764.1780"},21.2899,8.7572,3.5483,31.9348,179.9084,22.4242,267.8628,56.0196]
["A9362","Tanque para hidrossemeadura com capacidade de 7.500 l",{"v":371546.305,"d":"371,546.3050"},28.0412,6.8124,{"v":0,"d":"0.0000"},31.5464,{"v":0,"d":"0.0000"},19.8648,86.2648,54.7184]

{"sheet":"INSUMO SICRO","index":26,"n_rows":1659,"n_cols":4,"rows_kept":1659,"hidden":true,"merged":[[0,1,0,2]],"flags":["formulas_cached_only"]}
["CGCIT","SISTEMA DE CUSTOS REFERENCIAIS DE OBRAS - SICRO",null,"DNIT"]
[null,"Mato Grosso - Julho/2022"]
["Código","Descrição","Unidade","Preço Unitário (R$)"]
["M0003","Aço CA 25","kg",11.0877]
["M0004","Aço CA 50","kg",9.5383]
["M0005","Brita 0","m³",197.9555]
["M0006","Fibra de poliamida para concreto","kg",18.6582]
["M0007","Fibra de aço para concreto","kg",14.1479]
["M0008","Detergente líquido neutro","l",3.7311]
["M0009","Aço CP 175 RB","kg",11.6056]
["M0010","Aditivo superplastificante para concreto e argamassa","kg",12.3939]
["M0011","Aditivo modificador de viscosidade para concreto e argamassa","kg",7.8836]
["M0012","Silicato de alumínio","kg",1.7177]
["M0013","Grampo de ancoragem em aço CA 50 - D = 12,5 mm","kg",9.5383]
["M0014","Aço CA 60","kg",11.6717]
["M0015","Espoleta elétrica Nº 8 - D = 6,0 mm","un",20.0628]
["M0016","Grampo sargento em ferro fundido tipo C com abertura útil de 105 mm (4\")","un",54.3025]
["M0017","Saco de aniagem ou de ráfia de 50 kg - C = 95 cm e L = 65 cm","un",2.5187]
["M0018","Grampo pesado em aço-carbono para cabo de aço - D = 13 mm (1/2\")","un",{"v":18.475,"d":"18.4750"}]
["M0019","Esticador em aço tipo olhal x olhal para cabo de aço - D = 13 mm","un",182.8101]
["M0020","Grampo de ancoragem em aço CA 50 - D = 6,3 mm","kg",9.9251]
["M0021","Herbicida glifosato para áreas contínuas","l",{"v":28.068,"d":"28.0680"}]
["M0025","Adesivo plástico para tubos de PVC","kg",54.4167]
["M0026","Aditivo aglutinante para argamassa","l",6.1504]
["M0028","Areia média","m³",87.6395]
["M0029","Sílica ativa para concreto e argamassa (microssílica)","kg",1.6751]
["M0030","Aditivo plastificante e retardador de pega para concreto e argamassa","kg",{"v":6.18,"d":"6.1800"}]
["M0032","Adesivo de contato para laminado elastoplástico","kg",{"v":33.751,"d":"33.7510"}]
["M0035","Diluente tipo aguarrás para tintas e vernizes","l",{"v":11.252,"d":"11.2520"}]
["M0039","Gasolina comum","l",5.6649]
["M0041","Container com 2 banheiros - L = 2,44 m e C = 6,09 m (1 TEU)","un",{"v":65458.3831,"d":"65,458.3831"}]
["M0042","Container com janela - L = 2,44 m e C = 6,09 m (1 TEU)","un",{"v":50247.2697,"d":"50,247.2697"}]
["M0043","Óleo diesel","l",6.9624]
["M0044","Abrasivo de vidro com granulometria de 210 a 420 micra","kg",7.8815]
["M0045","Barreira plástica monobloco para canalização de trânsito - C = 100 cm, L = 50 cm e H = 55 cm","un",765.6386]
["M0046","Barreira plástica para canalização de trânsito - C = 60 cm, L = 45 cm e H = 60 cm","un",339.4828]
["M0047","Cone de sinalização em polietileno - H = 75 cm e base quadrada de 40 x 40 cm","un",81.7807]
["M0048","Balizador cônico refletivo em polietileno semiflexível - H = 114 cm e base octogonal de D = 40 cm","un",143.2434]
["M0049","Delimitador de tráfego flexível com chumbador e duas faixas refletivas - H = 77 cm e D = 21 cm","un",200.3421]
["M0050","Aditivo natural tipo goma xantana para hidrossemeadura","kg",97.3599]
["M0051","Cilindro canalizador de tráfego em polietileno - H = 117 cm e base quadrada de 60 x 60 cm","un",230.3012]
["M0052","Fita adesiva de PVC - L = 50 mm e C = 50 m","m",{"v":0.104,"d":"0.1040"}]
["M0053","Tela plástica em polipropileno na cor laranja para tapume - L = 1,2 m","m",1.8747]
["M0054","Fita zebrada de cor laranja e branca - L = 7 a 8 cm","m",{"v":0.07,"d":"0.0700"}]
["M0055","Barreira plástica articulável modular - C = 240 cm e H = 100 cm","un",{"v":1501.1451,"d":"1,501.1451"}]
["M0056","Ferramenta de corte para removedora de faixa de sinalização (Smith Cutter)","un",{"v":5251.45,"d":"5,251.4500"}]
["M0057","Container com janela - L = 4,88 m e C = 6,09 m (1 TEU duplo)","un",{"v":96250.4831,"d":"96,250.4831"}]
["M0058","Container com janela e 2 banheiros - L = 4,88 m e C = 6,09 m (1 TEU duplo)","un",{"v":100061.8831,"d":"100,061.8831"}]
["M0059","Container com revestimento térmico, janela e banheiro - L = 2,44 m e C = 6,09 m (1 TEU)","un",{"v":63945.228,"d":"63,945.2280"}]
["M0060","Container com janela - L = 2,44 m e C = 4,58 m (3/4 TEU)","un",{"v":45623.1084,"d":"45,623.1084"}]
["M0065","Container com janela e banheiro - L = 2,44 m e 4,58 m (3/4 TEU)","un",{"v":46175.9882,"d":"46,175.9882"}]
["M0066","Container com revestimento térmico, janela e banheiro - L = 2,44 m e C = 12,90 m (2 TEU)","un",{"v":78715.1885,"d":"78,715.1885"}]
["M0067","Tubo PEAD PE 100 PN 10 com flanges - D = 160 mm","m",{"v":178.649,"d":"178.6490"}]
["M0068","Caibro de pinho - L = 7,5 cm e E = 10,0 cm","m",22.7182]
["M0069","Arame farpado em aço galvanizado - D = 1,60 mm","m",0.7678]
["M0071","Container com 3 janelas para guarita - L = 2,44 m e C = 3,05 m (1/2 TEU)","un",{"v":26068.9101,"d":"26,068.9101"}]
["M0072","Arame liso em aço galvanizado - D = 2,10 mm (14 BWG)","kg",14.1774]
["M0073","Muda de árvore com altura de 0,30 a 0,80 m","un",8.2283]
["M0074","Muda de arbusto com altura até 0,50 m","un",14.6771]
["M0075","Arame liso recozido em aço-carbono - D = 1,24 mm (18 BWG)","kg",8.0124]
["M0076","Disco de corte abrasivo para policorte - D = 300 mm","un",15.3592]
["M0080","Areia fina","m³",88.4316]
["M0081","Areia grossa","m³",{"v":82.199,"d":"82.1990"}]
["M0082","Areia média lavada","m³",118.4521]
["M0083","Argamassa pré-dosada para grauteamento","kg",1.5739]
["M0084","Argamassa pré-dosada autoadensável para grauteamento","kg",1.5161]
["M0085","Ancoragem ativa para 4 cordoalhas - D = 12,7 mm","un",{"v":340.898,"d":"340.8980"}]
["M0086","Ancoragem ativa para 6 cordoalhas - D = 12,7 mm","un",511.7616]
["M0087","Ancoragem ativa para 7 cordoalhas - D = 12,7 mm","un",592.3381]
["M0088","Ancoragem ativa para 8 cordoalhas - D = 12,7 mm","un",693.3984]
["M0089","Ancoragem ativa para 9 cordoalhas - D = 12,7 mm","un",784.1799]
["M0091","Ancoragem ativa para 10 cordoalhas - D = 12,7 mm","un",861.9871]
["M0092","Ancoragem ativa para 12 cordoalhas - D = 12,7 mm","un",{"v":1094.1645,"d":"1,094.1645"}]
["M0093","Ancoragem ativa para 15 cordoalhas - D = 12,7 mm","un",{"v":1515.2424,"d":"1,515.2424"}]
["M0094","Ancoragem ativa para 19 cordoalhas - D = 12,7 mm","un",{"v":1930.1798,"d":"1,930.1798"}]
["M0098","Bambu com diâmetro médio de 10 cm","m",14.8197]
["M0099","Equipamentos para a fábrica de dormentes de concreto protendido","ISF",{"v":513.145,"d":"513.1450"}]
["M0100","Ancoragem ativa para 22 cordoalhas - D = 12,7 mm","un",{"v":2493.1876,"d":"2,493.1876"}]
["M0101","Ancoragem ativa para 27 cordoalhas - D = 12,7 mm","un",{"v":3016.836,"d":"3,016.8360"}]
["M0102","Ancoragem ativa para 31 cordoalhas - D = 12,7 mm","un",{"v":4129.0726,"d":"4,129.0726"}]
["M0103","Aditivo acelerador de pega para concreto e argamassa projetados","kg",5.8695]
["M0104","Asfalto diluído de petróleo - CM-30","t","-"]
["M0105","Ancoragem ativa para 4 cordoalhas - D = 15,2 mm","un",419.2291]
["M0106","Ancoragem ativa para 6 cordoalhas - D = 15,2 mm","un",647.6978]
["M0107","Geocomposto para drenagem","m²",30.3076]
["M0108","Ancoragem ativa para 7 cordoalhas - D = 15,2 mm","un",{"v":764.808,"d":"764.8080"}]
["M0109","Geodreno vertical - L = 10 cm e E = 5 mm","m",4.4232]
["M0110","Ancoragem ativa para 10 cordoalhas - D = 15,2 mm","un",{"v":1176.76,"d":"1,176.7600"}]
["M0111","Ancoragem ativa para 9 cordoalhas - D = 15,2 mm","un",{"v":1045.9798,"d":"1,045.9798"}]
["M0112","Disco diamantado segmentado para corte de pavimento - D = 1.000 mm","un",{"v":5336.8153,"d":"5,336.8153"}]
["M0113","Ancoragem ativa para 12 cordoalhas - D = 15,2 mm","un",{"v":1443.744,"d":"1,443.7440"}]
["M0114","Disco diamantado segmentado para corte de pavimento - D = 1.500 mm","un",{"v":23742.573,"d":"23,742.5730"}]
["M0115","Biomanta vegetal de fibras de coco entrelaçadas com fios de polipropileno biodegradáveis - densidade 0,4 kg/m²","m²",6.3018]
["M0116","Mangote flangeado de borracha reforçada com lonas sintéticas - C = 1,80 m e D = 0,30 m","un",{"v":15132.616,"d":"15,132.6160"}]
["M0117","Mangote flangeado de borracha reforçada com lonas sintéticas - C = 1,80 m e D = 0,40 m","un",{"v":15506.3396,"d":"15,506.3396"}]
["M0118","Mangote flangeado de borracha reforçada com lonas sintéticas - C = 1,80 m e D = 0,45 m","un",{"v":20575.1924,"d":"20,575.1924"}]
["M0119","Mangote flangeado de borracha reforçada com lonas sintéticas - C = 1,80 m e D = 0,50 m","un",{"v":21254.1794,"d":"21,254.1794"}]
["M0120","Tubo PEAD PE 100 PN 8 com flanges - D = 250 mm","m",366.9713]
["M0121","Tubo PEAD PE 100 PN 8 com flanges - D = 400 mm","m",{"v":2359.6429,"d":"2,359.6429"}]
["M0122","Tubo PEAD PE 100 PN 8 com flanges - D = 450 mm","m",{"v":2962.1569,"d":"2,962.1569"}]
["M0123","Tubo PEAD PE 100 PN 8 com flanges - D = 500 mm","m",{"v":3316.6805,"d":"3,316.6805"}]
["M0124","Flutuador bipartido em polietileno com núcleo de espuma em poliuretano para tubos - D = 0,30 m","un",{"v":3277.9037,"d":"3,277.9037"}]
["M0125","Flutuador bipartido em polietileno com núcleo de espuma em poliuretano para tubos - D = 0,40 m","un",{"v":4516.2459,"d":"4,516.2459"}]
["M0126","Flutuador bipartido em polietileno com núcleo de espuma em poliuretano para tubos - D = 0,45 m","un",{"v":5142.6435,"d":"5,142.6435"}]
["M0127","Flutuador bipartido em polietileno com núcleo de espuma em poliuretano para tubos - D = 0,50 m","un",{"v":5559.671,"d":"5,559.6710"}]
["M0128","Biomanta vegetal de fibras de palha entrelaçadas com fios de polipropileno biodegradáveis - densidade 0,6 kg/m²","m²",{"v":4.9,"d":"4.9000"}]
["M0129","Retentor de sedimento em fibras vegetais - D = 20 cm","m",46.1616]
["M0130","Ancoragem ativa para 15 cordoalhas - D = 15,2 mm","un",{"v":1891.0912,"d":"1,891.0912"}]
["M0131","Tubo PEAD corrugado com paredes estruturadas para drenagem - D = 400 mm","m",207.1266]
["M0132","Tubo PEAD corrugado com paredes estruturadas para drenagem - D = 450 mm","m",224.7375]
["M0133","Tubo PEAD corrugado com paredes estruturadas para drenagem - D = 500 mm","m",339.8733]
["M0134","Tubo PEAD corrugado com paredes estruturadas para drenagem - D = 600 mm","m",496.3001]
["M0135","Tubo PEAD corrugado com paredes estruturadas para drenagem - D = 750 mm","m",655.9927]
["M0136","Tubo PEAD corrugado com paredes estruturadas para drenagem - D = 800 mm","m",725.4589]
["M0137","Tubo PEAD corrugado com paredes estruturadas para drenagem - D = 900 mm","m",863.9265]
["M0138","Ancoragem ativa para 19 cordoalhas - D = 15,2 mm","un",{"v":2467.2082,"d":"2,467.2082"}]
["M0139","Tubo PEAD corrugado com paredes estruturadas para drenagem - D = 1.000 mm","m",{"v":1163.0934,"d":"1,163.0934"}]
["M0140","Bentonita","kg",2.6061]
["M0141","Tubo PEAD corrugado com paredes estruturadas para drenagem - D = 1.050 mm","m",{"v":1203.1535,"d":"1,203.1535"}]
["M0142","Tubo PEAD corrugado com paredes estruturadas para drenagem - D = 1.200 mm","m",{"v":1715.7104,"d":"1,715.7104"}]
["M0143","Tubo PEAD corrugado com paredes estruturadas para drenagem - D = 1.500 mm","m",{"v":2288.7953,"d":"2,288.7953"}]
["M0144","Tubo PEAD corrugado com paredes estruturadas para drenagem - D = 1.800 mm","m",{"v":6956.0968,"d":"6,956.0968"}]
["M0145","Ancoragem ativa para 22 cordoalhas - D = 15,2 mm","un",{"v":3179.5582,"d":"3,179.5582"}]
["M0146","Ancoragem ativa para 27 cordoalhas - D = 15,2 mm","un",{"v":4175.27,"d":"4,175.2700"}]
["M0147","Tubo PEAD corrugado com paredes estruturadas para drenagem - D = 2.000 mm","m",{"v":8379.6417,"d":"8,379.6417"}]
["M0148","Ancoragem ativa para lajes para 1 cordoalha - D = 12,7 mm","un",221.6282]
["M0149","Tubo PEAD corrugado com paredes estruturadas para drenagem - D = 2.500 mm","m",{"v":13866.2292,"d":"13,866.2292"}]
["M0150","Tubo PEAD corrugado com paredes estruturadas para drenagem - D = 3.000 mm","m",{"v":19280.214,"d":"19,280.2140"}]
["M0151","Ancoragem ativa para lajes para 2 cordoalhas - D = 12,7 mm","un",505.8748]
["M0152","Ancoragem ativa para lajes para 3 cordoalhas - D = 12,7 mm","un",{"v":1010.8839,"d":"1,010.8839"}]
["M0153","Ancoragem ativa para lajes para 4 cordoalhas - D = 12,7 mm","un",{"v":1106.3801,"d":"1,106.3801"}]
["M0156","Bloco de concreto - L = 19 cm, A = 19 cm e C = 39 cm","un",4.1793]
["M0158","Tela metálica galvanizada dobrada em L - C = 2,0 m, L = 0,4 m e H = 0,4 m","un",311.3229]
["M0160","Extintor de incêndio tipo espuma mecânica - V = 10 l","un",516.6831]
["M0161","Barra de fibra de vidro (vergalhão) - D = 25,0 mm","m",56.5917]
["M0162","Corrente de elo soldado em aço galvanizado com acabamento polido - D = 3,18 mm (1/8\")","m",6.1899]
["M0163","Gonzo com aba em aço galvanizado - D = 12,7 mm (1/2\")","un",2.9297]
["M0164","Tubo em aço galvanizado - E = 1,50 mm e seção de 20 x 20 mm","m",15.8125]
["M0166","Tubo em aço galvanizado - E = 2,25 mm e D = 20 mm (3/4\")","m",39.9363]
["M0167","Tela de poliamida industrial - E = 0,40 mm e malha de 1,6 mm","m²",13.4662]
["M0168","Abraçadeira de poliamida - E = 3,6 mm e C = 200 mm","un",0.1873]
["M0169","Roda em aço e pneu com câmara de ar 83/203 mm (3,25\"/8\") para carrinho de mão","un",{"v":62,"d":"62.0000"}]
["M0173","Ancoragem ativa para lajes para 1 cordoalha - D = 15,2 mm","un",285.1473]
["M0178","Ancoragem ativa para lajes para 2 cordoalhas - D = 15,2 mm","un",664.4146]
["M0181","Ancoragem ativa para lajes para 3 cordoalhas - D = 15,2 mm","un",{"v":1264.5046,"d":"1,264.5046"}]
["M0184","Ancoragem ativa para lajes para 4 cordoalhas - D = 15,2 mm","un",{"v":1359.5352,"d":"1,359.5352"}]
["M0191","Brita 1","m³",160.9884]
["M0192","Brita 2","m³",157.7838]
["M0193","Brita 3","m³",154.8279]
["M0194","Escória de aciaria","m³",12.6319]
["M0198","Parafuso de cabeça chata em aço - D = 4,5 mm e bucha plástica - D = 8 mm (S8)","un",0.4352]
["M0199","Coroa de botões cruzados linha R32 - D = 43 mm (1 11/16’’)","un",356.2977]
["M0201","Coroa de botões esféricos linha T38 - D = 89 mm (3 1/2\")","un",{"v":1311.0801,"d":"1,311.0801"}]
["M0202","Coroa de botões esféricos linha T45 - D = 76 mm (3\")","un",674.1422]
["M0204","Instalações físicas para a central de pré-moldagem de dormentes de concreto protendido","CMCC",{"v":1721.85,"d":"1,721.8500"}]
["M0217","Enxofre","kg",4.4927]
["M0220","Adubo à base de nitrogênio, fósforo e potássio (NPK)","kg",{"v":4.573,"d":"4.5730"}]
["M0222","Filer calcário","kg",{"v":0.221,"d":"0.2210"}]
["M0223","Sementes para hidrossemeadura","kg",{"v":32.9,"d":"32.9000"}]
["M0224","Guia-chapéu pré-moldada - C = 120 cm","un",49.8808]
["M0225","Adubo orgânico composto","kg",0.2459]
["M0229","Gabião tipo colchão em liga de zinco e alumínio revestido com polímero de malha hexagonal - E = 0,17 m","m²",203.6481]
["M0230","Gabião tipo caixa em liga de zinco e alumínio de malha hexagonal - C = 2,00 m, L = 1,00 m e H = 0,50 m","un",529.7365]
["M0231","Gabião tipo caixa em liga de zinco e alumínio de malha hexagonal - C = 2,00 m, L = 1,00 m e H = 1,00 m","un",{"v":1008.0328,"d":"1,008.0328"}]
["M0232","Gabião tipo caixa em liga de zinco e alumínio revestido com polímero de malha hexagonal - C = 2,00 m, L = 1,00 m e H = 0,50 m","un",660.8457]
["M0233","Gabião tipo caixa em liga de zinco e alumínio revestido com polímero de malha hexagonal - C = 2,00 m, L = 1,00 m e H = 1,00 m","un",924.9207]
["M0234","Gabião tipo saco em liga de zinco e alumínio revestido com polímero de malha hexagonal - D = 0,65 m","m³",567.2669]
["M0235","Gabião tipo colchão em liga de zinco e alumínio revestido com polímero de malha hexagonal - E = 0,23 m","m²",217.4533]
["M0236","Gabião tipo colchão em liga de zinco e alumínio revestido com polímero de malha hexagonal - E = 0,30 m","m²",238.0701]
["M0237","Energia elétrica","kWh",1.0787]
["M0253","Cabo de cobre flexível antichama isolado em PVC - tensão de 450/750 V e seção de 16 mm²","m",12.7432]
["M0254","Mistura gasosa de argônio e dióxido de carbono para solda MIG/MAG","m³",40.9997]
["M0256","Tinta à base de etil silicato de zinco bicomponente para fundo preparador de pintura","l",68.3177]
["M0257","Diluente para tinta à base de etil silicato de zinco","l",23.6292]
["M0260","Cabo de cobre PP flexível isolado em PVC - tensão de 300/500 V e seção de 3 x 1,5 mm²","m",4.2344]
["M0264","Bomba de combustível industrial eletrônica simples","un",{"v":29513.6969,"d":"29,513.6969"}]
["M0265","Tanque de combustível aéreo horizontal com escada para visita - capacidade de 5.000 l","un",{"v":21547.3762,"d":"21,547.3762"}]
["M0266","Cabo de cobre flexível antichama isolado em PVC - tensão de 0,6/1,0 kV e seção de 240 mm²","m",{"v":142.187,"d":"142.1870"}]
["M0267","Módulo de torre de elevador de cremalheira","un",{"v":3650,"d":"3,650.0000"}]
["M0268","Módulo de ancoragem de torre de elevador de cremalheira","un",{"v":2745,"d":"2,745.0000"}]
["M0269","Cabo de cobre flexível antichama isolado em PVC - tensão de 0,6/1,0 kV e seção de 50 mm²","m",34.1453]
["M0284","Caibro de pinho - L = 7,5 cm e E = 7,5 cm","m",16.9044]
["M0285","Pontalete para escoramento - D = 15 cm","m",10.6972]
["M0286","Tábua - E = 2,5 cm e L = 30 cm","m",13.3641]
["M0289","Tábua - E = 2,5 cm e L = 15 cm","m",4.4098]
["M0290","Tábua - E = 2,5 cm e L = 10 cm","m",4.0806]
["M0301","Pontalete para escoramento - D = 10 cm","m",6.5041]
["M0310","Peça de madeira - L = 7,5 cm e E = 2,5 cm","m",3.5966]
["M0311","Filtro de aspiração de ar externo com capacidade 3,58 l/s para compressor de ar respirável ","un",{"v":182.828,"d":"182.8280"}]
["M0312","Filtro de purificação de ar comprimido com capacidade de 35 MPa para compressor de ar respirável ","un",170.6679]
["M0344","Cal hidratada - a granel","kg",0.4026]
["M0345","Cal hidratada - saco","kg",0.4581]
["M0346","Disco de aço para bomba de projeção via seca","un",256.9966]
["M0347","Disco de aço para bomba de projeção via úmida","un",810.1198]
["M0348","Disco de borracha para bomba de projeção via seca","un",214.1666]
["M0349","Disco de borracha para bomba de projeção via úmida","un",539.8935]
["M0350","Bico para bomba de projeção","un",{"v":290,"d":"290.0000"}]
["M0351","Mangote para bomba de projeção","m",{"v":229.543,"d":"229.5430"}]
["M0365","Cantoneira em ferro de abas iguais - L = 25,4 mm e E = 4,76 mm","kg",9.9502]
["M0366","Cantoneira em aço ASTM A36 galvanizado","kg",9.7863]
["M0395","Chapa de alumínio - E = 1,5 mm","m²",194.1948]
["M0408","Chumbador de expansão controlada por torque em aço zincado para concreto - D = 12,5 mm","un",12.6083]
["M0409","Chumbador de expansão controlada por torque em aço zincado para concreto - D = 6,3 mm","un",2.0536]
["M0410","Chumbador de expansão controlada por torque em aço zincado para concreto - D = 20,0 mm","un",37.1839]
["M0411","Chumbador de expansão controlada por torque em aço zincado para concreto - D = 10,0 mm","un",5.4461]
["M0412","Chumbador de expansão controlada por torque em aço zincado para concreto - D = 16,0 mm","un",19.5514]
["M0413","Chumbador de expansão controlada por torque em aço zincado para concreto - D = 25,0 mm","un",54.0484]
["M0421","Argamassa expansiva para desmonte de rocha e demolição de concreto","kg",9.8685]
["M0424","Cimento Portland CP II - 32 - saco","kg",0.5943]
["M0427","Cordoalha nua tipo CP 190 RB - D = 12,7 mm","kg",13.1379]
["M0428","Cordoalha nua tipo CP 190 RB - D = 15,2 mm","kg",13.6138]
["M0429","Perfil de alumínio tipo L421 para placa de sinalização - seção de 33 x 40 mm","m",16.3768]
["M0434","Tirante de barra de aço - tensão de escoamento = 950 MPa, tensão de ruptura = 1.050 MPa e D = 32 mm","m",245.7474]
["M0442","Compensado plastificado - E = 10 mm","m²",43.0999]
["M0443","Compensado plastificado - E = 12 mm","m²",{"v":53.446,"d":"53.4460"}]
["M0444","Luva em aço para emenda tipo prensada - D = 12,5 mm","un",22.7887]
["M0445","Luva em aço para emenda tipo prensada - D = 16,0 mm","un",{"v":33.648,"d":"33.6480"}]
["M0446","Compensado resinado - E = 10 mm","m²",30.3873]
["M0447","Compensado resinado - E = 12 mm","m²",36.9194]
["M0448","Compensado resinado - E = 14 mm","m²",38.7295]
["M0450","Compensado de virola - E = 6 mm","m²",34.6241]
["M0451","Concreto usinado - fck = 20 MPa (comercial)","m³","-"]
["M0452","Concreto usinado - fck = 25 MPa (comercial)","m³","-"]
["M0453","Concreto usinado - fck = 30 MPa (comercial)","m³","-"]
["M0454","Concreto usinado - fck = 35 MPa (comercial)","m³","-"]
["M0459","Compensado plastificado - E = 14 mm","m²",62.5794]
["M0467","Luva em aço para emenda tipo prensada - D = 20,0 mm","un",{"v":49.61,"d":"49.6100"}]
["M0468","Luva em aço para emenda tipo prensada - D = 25,0 mm","un",86.6041]
["M0469","Luva em aço para emenda tipo prensada - D = 32,0 mm","un",183.7999]
["M0470","Luva em aço para emenda com rosca cônica - D = 12,5 mm","un",21.8646]
["M0471","Luva em aço para emenda com rosca cônica - D = 16,0 mm","un",32.5477]
["M0472","Luva em aço para emenda com rosca cônica - D = 20,0 mm","un",44.4072]
["M0481","Luva em aço para emenda com rosca cônica - D = 25,0 mm","un",66.8477]
["M0502","Luva em aço para emenda com rosca cônica - D = 32,0 mm","un",102.7662]
["M0505","Broca de widia - D = 6,5 mm e C = 100 mm","un",{"v":5.189,"d":"5.1890"}]
["M0506","Broca de widia - D = 8 mm e C = 120 mm","un",8.1466]
["M0511","Abrasivo tipo granalha de aço","kg",13.7219]
["M0512","Bico venturi longo - D = 7,9 mm (5/16\")","un",505.2747]
["M0521","Laminado elastoplástico - E = 1,5 mm","m²",260.8246]
["M0532","Escora tubular galvanizada regulável telescópica para tunnel liner - L = 2,42 a 4,00 m e capacidade de 1.750 a 625 kg","kg",18.0498]
["M0533","Escora tubular galvanizada regulável - L = 3,00 a 4,50 m e capacidade de 2.100 a 750 kg","un",166.7814]
["M0534","Escora tubular galvanizada regulável - L = 2,00 a 3,10 m e capacidade de 3.200 a 1.500 kg","un",119.7424]
["M0536","Quadro tubular contraventado com acessórios - C = 1,00 m, L = 1,00 m e H = 1,25 m","un",454.8722]
["M0537","Sapata ajustável para andaime - base quadrada de 15 x 15 cm","un",{"v":68.49,"d":"68.4900"}]
["M0538","Escada metálica tipo marinheiro para andaime","m",106.9115]
["M0539","Quadro tubular contraventado para andaime - H = 100 cm e L = 100 cm","un",165.5705]
["M0540","Quadro tubular contraventado para andaime - H = 100 cm e L = 150 cm","un",222.5223]
["M0541","Quadro tubular contraventado para andaime - H = 100 cm e L = 200 cm","un",253.0874]
["M0542","Diagonal tubular para andaime - C = 141 cm","un",55.6861]
["M0543","Diagonal tubular para andaime - C = 212 cm","un",{"v":60.059,"d":"60.0590"}]
["M0544","Diagonal tubular para andaime - C = 283 cm","un",60.2508]
["M0545","Plataforma metálica de piso para andaime - C = 100 e L = 33 cm","un",198.0124]
["M0546","Plataforma metálica de piso para andaime - C = 150 e L = 37 cm","un",209.8692]
["M0547","Plataforma metálica de piso para andaime - C = 200 e L = 39 cm","un",{"v":247.969,"d":"247.9690"}]
["M0548","Quadro tubular tipo guarda-corpo para andaime - H = 120 cm e L = 100 cm","un",{"v":152.98,"d":"152.9800"}]
["M0549","Quadro tubular tipo guarda-corpo com acessórios para andaime - H = 120 cm e L = 150 cm","un",268.7028]
["M0550","Quadro tubular tipo guarda-corpo com acessórios para andaime - H = 120 cm e L = 200 cm","un",321.3606]
["M0560","Desmoldante para fôrmas de madeira","l",13.1784]
["M0562","Abraçadeira giratória em aço galvanizado para escada multidirecional - D = 48 mm","un",62.9416]
["M0563","Tubo em aço galvanizado para escada multidirecional - C = 100 cm","un",106.5527]
["M0564","Peça base em aço galvanizado para escada multidirecional - C = 33 cm","un",159.2993]
["M0565","Poste vertical em aço galvanizado para escada multidirecional - C = 100 cm","un",{"v":287.452,"d":"287.4520"}]
["M0566","Poste vertical em aço galvanizado para escada multidirecional - C = 200 cm","un",470.7013]
["M0567","Travessa em aço galvanizado para escada multidirecional - C = 75 cm","un",220.9454]
["M0568","Travessa em aço galvanizado para escada multidirecional - C = 150 cm","un",315.6191]
["M0569","Travessa em aço galvanizado para escada multidirecional - C = 250 cm","un",394.5337]
["M0570","Diagonal em aço galvanizado para escada multidirecional - C = 150 cm para módulos de H = 200 cm","un",375.9272]
["M0571","Diagonal em aço galvanizado para escada multidirecional - C = 250 cm para módulos de H = 200 cm","un",418.1603]
["M0572","Piso em aço galvanizado para escada multidirecional - L = 32 cm e C = 150 cm","un",778.5113]
["M0573","Escada de alumínio para escada multidirecional - H = 200 cm e C = 250 cm","un",{"v":5165.3613,"d":"5,165.3613"}]
["M0574","Corrimão externo em alumínio para escada multidirecional - C = 250 cm","un",854.7397]
["M0575","Corrimão interno em alumínio para escada multidirecional - C = 250 cm","un",{"v":1291.3369,"d":"1,291.3369"}]
["M0576","Conexão tubular em aço galvanizado com semiabraçadeira para travessas - C = 30 cm e D = 48,3 mm","un",277.9244]
["M0601","Ponteiro para martelete - D = 32 mm e C = 1,00 m","un",{"v":596.293,"d":"596.2930"}]
["M0602","Ponteiro para rompedor hidráulico de 1.700 kg","un",{"v":6531.9623,"d":"6,531.9623"}]
["M0603","Ponteiro para rompedor hidráulico de 520 kg","un",{"v":5421.5871,"d":"5,421.5871"}]
["M0614","Concreto usinado - fctM,k = 4,5 MPa (comercial)","m³","-"]
["M0615","Aditivo incorporador de ar para concreto e argamassa","kg",5.4415]
["M0639","Bico para corte a plasma CNC - 130A","un",152.6824]
["M0640","Bocal para corte a plasma CNC - 130A","un",{"v":109.09,"d":"109.0900"}]
["M0641","Capa do bico para corte a plasma CNC - 130A","un",{"v":1252.1817,"d":"1,252.1817"}]
["M0642","Capa do bocal para corte a plasma CNC - 130A","un",609.7614]
["M0643","Distribuidor de gás para corte a plasma CNC - 130A","un",{"v":184.42,"d":"184.4200"}]
["M0644","Eletrodo para corte a plasma CNC - 130A","un",113.3251]
["M0645","Tubo de água para corte a plasma CNC - 130A","un",177.5658]
["M0646","Estaca pré-moldada de concreto protendido com compressão admissível de 100 t","m",171.7357]
["M0647","Estaca pré-moldada de concreto protendido com compressão admissível de 25 t","m",60.7032]
["M0648","Estaca pré-moldada de concreto protendido com compressão admissível de 35 t","m",{"v":77.494,"d":"77.4940"}]
["M0649","Estaca pré-moldada de concreto protendido com compressão admissível de 60 t","m",{"v":107,"d":"107.0000"}]
["M0650","Estaca pré-moldada de concreto protendido com compressão admissível de 75 t","m",136.9421]
["M0666","Martelo de fundo DTH - DN = 76 mm (3\")","un",{"v":8646.8412,"d":"8,646.8412"}]
["M0667","Martelo de fundo DTH - DN = 127 mm (5\")","un",{"v":12369.0756,"d":"12,369.0756"}]
["M0668","Martelo de fundo DTH - DN = 152 mm (6\")","un",{"v":17586.7326,"d":"17,586.7326"}]
["M0669","Martelo de fundo DTH - DN = 203 mm (8\")","un",{"v":30918.4815,"d":"30,918.4815"}]
["M0673","Estaca pré-moldada de concreto armado centrifugado com compressão admissível de 55 t","m",162.7174]
["M0677","Estaca pré-moldada de concreto armado centrifugado com compressão admissível de 80 t","m",234.3131]
["M0682","Aço em perfis ASTM A36","kg",13.5733]
["M0686","Estaca pré-moldada de concreto armado centrifugado com compressão admissível de 100 t","m",240.8005]
["M0717","Tinta à base de resina epóxi bicomponente para fundo preparador de pintura","l",179.8003]
["M0718","Tinta esmalte à base de resina epóxi bicomponente","l",52.3356]
["M0719","Diluente epóxi","l",35.9541]
["M0721","Tinta anticorrosiva zarcão para fundo preparador de pintura","l",41.3833]
["M0722","Estaca pré-moldada de concreto armado centrifugado com compressão admissível de 125 t","m",294.3663]
["M0729","Fixador de cal para pintura","l",3.8805]
["M0734","Estaca pré-moldada de concreto armado centrifugado com compressão admissível de 170 t","m",449.5903]
["M0741","Grama tipo batatais","m²",{"v":2.5,"d":"2.5000"}]
["M0745","Grampo em aço galvanizado para cerca - C = 25,4 mm e E = 3,76 mm (1\" x 9 BWG)","kg",10.4599]
["M0755","Estaca pré-moldada de concreto armado centrifugado com compressão admissível de 230 t","m",535.8227]
["M0756","Estaca pré-moldada de concreto armado centrifugado com compressão admissível de 300 t","m",741.2225]
["M0767","Sinalizador a LED com bateria","un",199.9666]
["M0769","Lona plástica - E = 200 micra","m²",{"v":1.618,"d":"1.6180"}]
["M0771","Cavalete em polietileno zebrado com faixa refletiva","un",342.6894]
["M0773","Perfil de alumínio tipo L463 para placa de sinalização - seção de 50 x 50 mm","m",65.0264]
["M0783","Massa asfáltica comercial - capa de rolamento","t","-"]
["M0784","Massa asfáltica comercial - binder","t","-"]
["M0786","Placa de poliestireno expandido (EPS)","m³",{"v":315,"d":"315.0000"}]
["M0787","Suporte em aço-carbono galvanizado tipo perfil C para placa de sinalização","kg",28.9719]
["M0789","Conjunto para fixação de placas em aço galvanizado composto por barra chata, abraçadeira, parafusos, porcas e arruelas","kg",24.2156]
["M0796","Semipórtico metálico para vão de 8,3 m e vento de 35 m/s","un",{"v":39290.7919,"d":"39,290.7919"}]
["M0798","Apoio de neoprene fretado","dm³",82.8317]
["M0804","Cabo de aço - D = 12,70 mm (1/2\")","m",28.6827]
["M0805","Semipórtico duplo metálico para vão de 2 x 8,3 m e vento de 35 m/s","un",{"v":65831.6072,"d":"65,831.6072"}]
["M0808","Brita 4","m³",153.8833]
["M0809","Cabo de aço - D = 6,35 mm (1/4\")","m",12.5452]
["M0810","Cabo de aço - D = 52,00 mm (2\")","m",943.1798]
["M0812","Sapatilha em aço inox - D = 6,35 mm (1/4\")","un",2.4115]
["M0818","Semipórtico metálico para vão de 8,3 m e vento de 40 m/s","un",{"v":43791.6093,"d":"43,791.6093"}]
["M0824","Semipórtico duplo metálico para vão de 2 x 8,3 m e vento de 40 m/s","un",{"v":73054.47,"d":"73,054.4700"}]
["M0831","Pórtico metálico para vão de 15,9 m e vento de 40 m/s","un",{"v":94790.6552,"d":"94,790.6552"}]
["M0848","Semipórtico metálico para vão de 8,3 m e vento de 45 m/s","un",{"v":47838.5585,"d":"47,838.5585"}]
["M0849","Corda de sisal - D = 12,0 mm","m",2.3231]
["M0851","Grampo leve em aço-carbono para cabo de aço - D = 6,3 mm (1/4\")","un",1.2615]
["M0852","Poste de concreto - carga nominal de 800 daN, H = 15 m e D = 520 mm","un",{"v":6239.8666,"d":"6,239.8666"}]
["M0858","Semipórtico duplo metálico para vão de 2 x 8,3 m e vento de 45 m/s","un",{"v":80277.3328,"d":"80,277.3328"}]
["M0865","Pórtico metálico para vão de 15,9 m e vento de 45 m/s","un",{"v":104104.5523,"d":"104,104.5523"}]
["M0868","Lâmpada fluorescente compacta eletrônica - potência de 20 W","un",{"v":11.98,"d":"11.9800"}]
["M0875","Manta asfáltica não-tecido em poliéster - E = 3 mm","m²",30.1098]
["M0876","Manta asfáltica não-tecido em poliéster - E = 4 mm","m²",{"v":34.657,"d":"34.6570"}]
["M0879","Lixa para ferro Nº 150","un",2.7926]
["M0942","Estaca prancha metálica","kg",14.5747]
["M0945","Parafuso de cabeça sextavada em aço galvanizado com porca e arruela de pressão - D = 6,35 mm (1/4\")","cj",0.6668]
["M0946","Aço em perfis ASTM A572 grau 50","kg",15.2755]
["M0947","Parafuso de cabeça sextavada em aço galvanizado com porca e arruela de pressão - D = 9,525 mm (3/8\")","cj",2.0022]
["M0948","Arruela lisa em aço ASTM F436 para parafuso - D = 12,7 mm","un",0.9387]
["M0949","Arruela lisa em aço ASTM F436 para parafuso - D = 16,0 mm","un",1.9891]
["M0950","Arruela lisa em aço ASTM F436 para parafuso - D = 20,0 mm","un",2.4279]
["M0951","Parafuso de cabeça sextavada em aço ASTM A325 de alta resistência com rosca parcial - D = 12,7 mm e C = 38,10 mm","un",3.1074]
["M0952","Parafuso de cabeça sextavada em aço ASTM A325 de alta resistência com rosca parcial - D = 12,7 mm e C = 44,45 mm","un",3.4636]
["M0953","Parafuso de cabeça sextavada em aço ASTM A325 de alta resistência com rosca parcial - D = 12,7 mm e C = 50,80 mm","un",{"v":3.667,"d":"3.6670"}]
["M0954","Parafuso de cabeça sextavada em aço ASTM A325 de alta resistência com rosca parcial - D = 12,7 mm e C = 57,15 mm","un",3.6387]
["M0955","Parafuso de cabeça sextavada em aço ASTM A325 de alta resistência com rosca parcial - D = 16 mm e C = 44,45 mm","un",4.9145]
["M0956","Parafuso de cabeça sextavada em aço ASTM A325 de alta resistência com rosca parcial - D = 16 mm e C = 50,80 mm","un",5.5793]
["M0957","Parafuso de cabeça sextavada em aço ASTM A325 de alta resistência com rosca parcial - D = 16 mm e C = 63,50 mm","un",6.0679]
["M0958","Parafuso de cabeça sextavada em aço ASTM A325 de alta resistência com rosca parcial - D = 20 mm e C = 50,80 mm","un",6.5375]
["M0959","Parafuso de cabeça sextavada em aço ASTM A325 de alta resistência com rosca parcial - D = 20 mm e C = 57,15 mm","un",7.1311]
["M0960","Parafuso de cabeça sextavada em aço ASTM A325 de alta resistência com rosca parcial - D = 20 mm e C = 63,50 mm","un",10.5263]
["M0961","Parafuso de cabeça sextavada em aço ASTM A325 de alta resistência com rosca parcial - D = 20 mm e C = 76,20 mm","un",9.9445]
["M0962","Tubo em aço galvanizado - E = 2,00 mm e D = 50,80 mm (2\")","m",25.4479]
["M0963","Tubo em aço galvanizado - E = 3,00 mm e seção de 80 x 80 mm","m",76.5388]
["M0964","Aço em perfis ASTM A572 grau 50 perfurado","kg",{"v":15.989,"d":"15.9890"}]
["M0965","Pino conector de cisalhamento para laje steel deck - D = 19 mm e C = 80 mm","un",7.5938]
["M0966","Porca sextavada pesada em aço ASTM A194 grau 2H para parafuso - D = 12,7 mm","un",1.2444]
["M0967","Porca sextavada pesada em aço ASTM A194 grau 2H para parafuso - D = 16 mm","un",3.4695]
["M0968","Porca sextavada pesada em aço ASTM A194 grau 2H para parafuso - D = 20 mm","un",{"v":4.891,"d":"4.8910"}]
["M0969","Steel deck em aço galvanizado ASTM A653 grau 40","m²",214.7471]
["M0970","Chapa de aço ASTM A572 grau 50 cortada e perfurada","kg",14.9775]
["M0971","Suporte em aço-carbono para corrimão de guarda-corpo metálico","un",23.5318]
["M0972","Fluido de resfriamento para usinagem de metais","l",17.1632]
["M0998","Madeira estrutural de eucalipto","m³",{"v":1470.3946,"d":"1,470.3946"}]
["M0999","Tela em aço CA 60 soldada nervurada","kg",{"v":14.064,"d":"14.0640"}]
["M1000","Tela em aço galvanizado para alambrado - E = 1,64 mm (BWG 16) e malha de 50 mm","m²",22.3922]
["M1001","Tela em aço galvanizado para passarelas rodoviárias - E = 2,75 mm e malha de 50 mm","m²",76.8745]
["M1010","Manta de PVC reforçada com tela de poliéster - E = 1,2 mm","m²",100.8278]
["M1011","Manta de PVC reforçada com tela de poliéster - E = 1,5 mm","m²",125.4291]
["M1022","Massa para vidro","kg",3.8361]
["M1066","Cera de proteção para ancoragem de estais","kg",31.4987]
["M1078","Parafuso de cabeça sextavada em aço inox - D = 12,7 mm (1/2\") e C = 127,0 mm (5\")","un",4.8521]
["M1079","Parafuso de cabeça sextavada em aço galvanizado tipo autoatarrachante com arruela de vedação - D = 6,3 mm e C = 19 mm","un",0.5785]
["M1097","Pedra de mão ou rachão","m³",142.3177]
["M1103","Pedrisco","m³",178.1352]
["M1118","Cruzeta de madeira para poste - H = 240 cm","un",{"v":141.197,"d":"141.1970"}]
["M1129","Junta de dilatação em perfil extrudado de borracha vulcanizada","m","-"]
["M1130","Selante elástico à base de poliuretano","kg",85.4237]
["M1131","Cordão de polietileno expandido de baixa densidade - D = 15,0 mm","m",0.1625]
["M1132","Junta de dilatação em elastômero e perfil VV - L = 20 mm e H = 40 mm","m",305.4443]
["M1134","Junta de dilatação em elastômero e perfil VV - L = 25 mm e H = 50 mm","m",403.2736]
["M1135","Pó de pedra","m³",138.9641]
["M1136","Cordão de polietileno expandido de baixa densidade - D = 10,0 mm","m",0.1882]
["M1142","Junta de dilatação em elastômero e perfil VV - L = 35 mm e H = 60 mm","m",716.2456]
["M1150","Adesivo estrutural à base de resina epóxi bicomponente tipo ADE-52 ou similar","kg",{"v":128.33,"d":"128.3300"}]
["M1151","Junta de dilatação em elastômero e perfil VV - L = 40 mm e H = 70 mm","m",968.4352]
["M1152","Junta de dilatação em elastômero e perfil VV - L = 50 mm e H = 80 mm","m",{"v":1211.3119,"d":"1,211.3119"}]
["M1176","Arame liso em aço galvanizado - D = 1,65 mm (16 BWG)","kg",17.1818]
["M1205","Prego de ferro","kg",18.0612]
["M1210","Pórtico metálico para vão de 15,9 m e vento de 35 m/s","un",{"v":85476.7581,"d":"85,476.7581"}]
["M1218","Projetor externo em alumínio fundido para lâmpada de até 2.000 W","un",488.4076]
["M1242","Coroa diamantada - D = 15,87 mm (5/8\")","un",540.5216]
["M1243","Coroa diamantada - D = 19,50 mm (3/4\")","un",551.9346]
["M1244","Coroa diamantada - D = 25,40 mm (1\")","un",691.0423]
["M1245","Barra em aço SAE 1010/1020 roscada - D = 9,5 mm (3/8\")","m",17.3463]
["M1300","Roller bit - Tooth cutter - série 8 - D = 700 mm","un",{"v":218716.6249,"d":"218,716.6249"}]
["M1301","Roller bit - Tooth cutter - série 8 - D = 800 mm","un",{"v":235028.3307,"d":"235,028.3307"}]
["M1302","Roller bit - Tooth cutter - série 8 - D = 900 mm","un",{"v":251386.6414,"d":"251,386.6414"}]
["M1303","Roller bit - Tooth cutter - série 8 - D = 1.000 mm","un",{"v":280281.663,"d":"280,281.6630"}]
["M1304","Roller bit - Tooth cutter - série 8 - D = 1.100 mm","un",{"v":310155.3871,"d":"310,155.3871"}]
["M1305","Roller bit - Tooth cutter - série 8 - D = 1.200 mm","un",{"v":314815.8744,"d":"314,815.8744"}]
["M1306","Roller bit - Tooth cutter - série 8 - D = 1.300 mm","un",{"v":405182.7244,"d":"405,182.7244"}]
["M1307","Roller bit - Tooth cutter - série 13 - D = 1.400 mm","un",{"v":411707.4066,"d":"411,707.4066"}]
["M1308","Roller bit - Tooth cutter - série 13 - D = 1.500 mm","un",{"v":461341.597,"d":"461,341.5970"}]
["M1309","Roller bit - Tooth cutter - série 13 - D = 1.600 mm","un",{"v":505429.8074,"d":"505,429.8074"}]
["M1310","Roller bit - Tooth cutter - série 13 - D = 1.700 mm","un",{"v":518712.1966,"d":"518,712.1966"}]
["M1311","Roller bit - Tooth cutter - série 13 - D = 1.800 mm","un",{"v":561402.2609,"d":"561,402.2609"}]
["M1312","Roller bit - Tooth cutter - cantilever - D = 600 mm","un",{"v":186534.2235,"d":"186,534.2235"}]
["M1313","Roller bit - TCI button cutter - cantilever - D = 600 mm","un",{"v":191431.6889,"d":"191,431.6889"}]
["M1314","Roller bit - TCI button cutter - série 8 - D = 700 mm","un",{"v":205995.1556,"d":"205,995.1556"}]
["M1315","Roller bit - TCI button cutter - série 8 - D = 800 mm","un",{"v":220558.6228,"d":"220,558.6228"}]
["M1316","Roller bit - TCI button cutter - série 8 - D = 900 mm","un",{"v":235122.0895,"d":"235,122.0895"}]
["M1317","Roller bit - TCI button cutter - série 8 - D = 1.000 mm","un",{"v":260539.4611,"d":"260,539.4611"}]
["M1318","Roller bit - TCI button cutter - série 8 - D = 1.100 mm","un",{"v":286918.5709,"d":"286,918.5709"}]
["M1319","Roller bit - TCI button cutter - série 8 - D = 1.200 mm","un",{"v":291498.2774,"d":"291,498.2774"}]
["M1320","Roller bit - TCI button cutter - série 8 - D = 1.300 mm","un",{"v":312702.319,"d":"312,702.3190"}]
["M1321","Roller bit - TCI button cutter - série 13 - D = 1.400 mm","un",{"v":319113.9083,"d":"319,113.9083"}]
["M1322","Roller bit - TCI button cutter - série 13 - D = 1.500 mm","un",{"v":340180.5585,"d":"340,180.5585"}]
["M1323","Roller bit - TCI button cutter - série 13 - D = 1.600 mm","un",{"v":389824.5778,"d":"389,824.5778"}]
["M1324","Roller bit - TCI button cutter - série 13 - D = 1.700 mm","un",{"v":402876.7415,"d":"402,876.7415"}]
["M1325","Roller bit - TCI button cutter - série 13 - D = 1.800 mm","un",{"v":434156.1377,"d":"434,156.1377"}]
["M1328","Ripa de madeira - E = 4,0 cm e L = 1,5 cm","m",2.4406]
["M1337","Série de brocas integrais S11","un",677.9791]
["M1341","Parafuso de cabeça sextavada em aço galvanizado - D = 15,875 mm (5/8\") e C = 101,600 mm (4\")","un",5.6115]
["M1350","Muda de árvore ornamental com altura de 2,00 a 3,00 m","un",84.0237]
["M1351","Muda de árvore ornamental com altura de 1,00 a 2,00 m","un",68.5126]
["M1356","Muda de árvore ornamental com altura até 1,00 m","un",34.1652]
["M1358","Sarrafo em madeira de terceira - E = 2,5 cm e L = 5 cm","m",2.3138]
["M1359","Muda de árvore frutífera com altura de 2,00 a 3,00 m","un",136.5863]
["M1360","Muda de árvore frutífera com altura de 1,00 a 2,00 m","un",85.5124]
["M1361","Muda de árvore frutífera com altura até 1,00 m","un",45.3254]
["M1362","Tapete de floríferas com altura até 0,50 m","m²",57.3476]
["M1364","Herbicida glifosato para aplicação localizada","l",32.1454]
["M1366","Desengraxante líquido biodegradável","l",24.3634]
["M1367","Chapa fina em aço galvanizado","kg",16.6607]
["M1368","Pingadeira de elastômero com aba inclinada - L = 40 mm e H = 40 mm","m",166.4481]
["M1369","Selador acrílico para pintura","l",7.5165]
["M1370","Aditivo látex de polímero SBR para concreto e argamassa","l",7.0873]
["M1376","Chapa fina em aço ASTM A36","kg",18.3265]
["M1377","Treliça nervurada eletrossoldada em aço CA 60","kg",17.5873]
["M1378","Chapa grossa em aço ASTM A36","kg",15.3858]
["M1379","Argamassa polimérica monocomponente para reparos estruturais","kg",4.6184]
["M1382","Areia grossa lavada","m³",107.1788]
["M1383","Areia fina lavada","m³",126.0576]
["M1384","Tubo em aço-carbono com funil cônico tremonha para lançamento de concreto","kg",11.9059]
["M1385","Disco de corte diamantado para concreto e asfalto - D = 350 mm","un",428.3987]
["M1387","Adesivo estrutural à base de resina epóxi de média viscosidade","kg",52.9507]
["M1388","Cordoalha tipo CP 177 RB para estais - D = 15,7 mm","kg",{"v":24.52,"d":"24.5200"}]
["M1390","Adesivo estrutural à base de resina epóxi de baixa viscosidade","kg",232.3964]
["M1391","Ponteiro para martelete - D = 22 mm e C = 1,00 m","un",{"v":311.262,"d":"311.2620"}]
["M1397","Eletrodo revestido E60XX","kg",26.3663]
["M1398","Vareta em aço-carbono para solda oxiacetileno AWS A 5.2 R45","kg",31.9537]
["M1399","Broca de widia - D = 14 mm e C = 150 mm","un",{"v":29.46,"d":"29.4600"}]
["M1400","Adesivo estrutural à base de resina epóxi de alta viscosidade","kg",55.1564]
["M1401","Bico de adesão para injeção de adesivo estrutural à base de resina epóxi","un",6.6866]
["M1402","Bico de perfuração para injeção de adesivo estrutural à base de resina epóxi","un",{"v":5.1,"d":"5.1000"}]
["M1404","Aplicador manual de adesivo estrutural","un",{"v":2707.8216,"d":"2,707.8216"}]
["M1405","Disco diamantado para desbaste - D = 180 mm","un",383.2486]
["M1406","Broca de aço rápido - D = 12,5 mm e C = 151 mm","un",42.2848]
["M1408","Grelha metálica para canaletas - C = 1,00 m e L = 0,30 m","un",335.1937]
["M1409","Porta-grelha metálica - C = 1,00 m e L = 0,30 m","m",90.2338]
["M1429","Tábua de pinho de terceira - E = 2,5 cm","m²",40.8587]
["M1432","Tampão de ferro fundido articulado para águas pluviais - DN 600 classe 400","un",573.4544]
["M1433","Grelha metálica para canaletas - C = 0,50 m e L = 0,50 m","un",233.3506]
["M1434","Porta-grelha metálica - C = 0,50 m e L = 0,50 m","m",139.4054]
["M1446","Geogrelha bidirecional em polipropileno extrudado - resistência à tração de 30 kN/m, deformação inferior a 5% e malha de 36 x 34 mm","m²",35.2067]
["M1447","Geogrelha unidirecional em poliéster - resistência à tração longitudinal de 50 kN/m","m²",20.0747]
["M1448","Geogrelha unidirecional em poliéster - resistência à tração longitudinal de 90 kN/m","m²",26.2547]
["M1449","Geogrelha unidirecional em poliéster - resistência à tração longitudinal de 100 kN/m","m²",27.2332]
["M1450","Geogrelha unidirecional em poliéster - resistência à tração longitudinal de 150 kN/m","m²",34.4899]
["M1451","Geogrelha unidirecional em poliéster - resistência à tração longitudinal de 200 kN/m","m²",44.2939]
["M1452","Geogrelha unidirecional em poliéster - resistência à tração longitudinal de 300 kN/m","m²",63.8813]
["M1453","Geogrelha unidirecional em poliéster - resistência à tração longitudinal de 400 kN/m","m²",83.4584]
["M1454","Geocélula em PEAD - H = 75 mm e célula de 289 cm²","m²",40.6311]
["M1455","Geocélula em PEAD - H = 100 mm e célula de 289 cm²","m²",50.9311]
["M1456","Geocélula em PEAD - H = 150 mm e célula de 289 cm²","m²",61.1464]
["M1457","Geocélula em PEAD - H = 200 mm e célula de 289 cm²","m²",72.0732]
["M1458","Geocélula em PEAD - H = 75 mm e célula de 460 cm²","m²",33.5332]
["M1459","Geocélula em PEAD - H = 100 mm e célula de 460 cm²","m²",41.9396]
["M1460","Geocélula em PEAD - H = 150 mm e célula de 460 cm²","m²",{"v":49.837,"d":"49.8370"}]
["M1461","Geocélula em PEAD - H = 200 mm e célula de 460 cm²","m²",58.4034]
["M1462","Geocélula em PEAD - H = 75 mm e célula de 1.206 cm²","m²",30.2846]
["M1463","Geocélula em PEAD - H = 100 mm e célula de 1.206 cm²","m²",39.5133]
["M1464","Geocélula em PEAD - H = 150 mm e célula de 1.206 cm²","m²",46.9693]
["M1465","Geocélula em PEAD - H = 200 mm e célula de 1.206 cm²","m²",54.6983]
["M1472","Tubo de PVC rosqueável para água fria - D = 75 mm (3\")","m",58.2999]
["M1481","Coroa diamantada - D = 31,80 mm (1 1/4\")","un",867.6887]
["M1496","Coroa diamantada - D = 38,10 mm (1 1/2\")","un",868.3845]
["M1498","Coroa diamantada - D = 44,50 mm (1 3/4\")","un",899.4633]
["M1518","Coroa diamantada - D = 50,80 mm (2\")","un",976.9707]
["M1519","Coroa diamantada - D = 63,50 mm (2 1/2\")","un",{"v":1016.5336,"d":"1,016.5336"}]
["M1520","Coroa diamantada - D = 76,20 mm (3\")","un",{"v":1461.6564,"d":"1,461.6564"}]
["M1526","Coroa diamantada - D = 101,60 mm (4\")","un",{"v":1792.8054,"d":"1,792.8054"}]
["M1527","Broca de widia - D = 10 mm e C = 150 mm","un",11.1891]
["M1528","Broca de widia - D = 13 mm e C = 150 mm","un",22.0704]
["M1546","Telha trapezoidal em aço zincado - E = 0,43 mm","m²",58.8517]
["M1553","Geotêxtil não-tecido agulhado em poliéster - resistência à tração longitudinal de 31 kN/m","m²",{"v":17.612,"d":"17.6120"}]
["M1556","Terra vegetal produzida","m³","-"]
["M1575","Tinta látex à base de resina acrílica","l",12.7088]
["M1577","Tinta plástica à base de resina metacrílica aplicada a frio por dispersão ou extrusão","kg",{"v":39,"d":"39.0000"}]
["M1585","Massa termoplástica aplicada por extrusão","kg",10.7675]
["M1591","Suporte polimérico ecológico maciço colapsível para placa de sinalização - D = 6,4 cm","m",174.7774]
["M1600","Trilho TR25 em aço-carbono usado","kg",5.2828]
["M1602","Trilho TR37 em aço-carbono usado","kg",5.2829]
["M1603","Trilho TR45 em aço-carbono usado","kg",5.2828]
["M1605","Trilho TR57 em aço-carbono usado","kg",5.2828]
["M1606","Trilho TR68 em aço-carbono usado","kg",{"v":5.283,"d":"5.2830"}]
["M1614","Tubo em aço galvanizado com rosca BSP classe leve - D = 50 mm (2\")","m",59.1261]
["M1616","Tubo em aço galvanizado com rosca BSP classe leve - D = 20 mm (3/4\")","m",11.8059]
["M1617","Tubo em aço galvanizado com rosca BSP classe leve - D = 80 mm (3\")","m",103.2448]
["M1618","Tubo em aço galvanizado com rosca BSP classe leve - D = 100 mm (4\")","m",{"v":152.837,"d":"152.8370"}]
["M1624","Suporte polimérico ecológico maciço colapsível para placa de sinalização - seção de 8 x 8 cm","m",221.0747]
["M1636","Suporte polimérico ecológico maciço colapsível para placa de sinalização - seção de 7 x 15 cm","m",440.5788]
["M1638","Mourão de madeira - H = 2,10 m e D = 0,10 m","un",21.8198]
["M1639","Mourão de madeira - H = 2,20 m e D = 0,15 m","un",44.8863]
["M1640","Nonel iniciador - C = 300,0 m","un",220.3021]
["M1642","Coroa de botões esféricos - D = 130 mm (5 1/8\")","un",{"v":3340.4373,"d":"3,340.4373"}]
["M1643","Coroa de botões esféricos - D = 194 mm (7 5/8\")","un",{"v":7711.9157,"d":"7,711.9157"}]
["M1644","Coroa de botões esféricos - D = 251 mm (9 7/8\")","un",{"v":9262.1594,"d":"9,262.1594"}]
["M1645","Coroa de botões esféricos - D = 305 mm (12\")","un",{"v":13844.7899,"d":"13,844.7899"}]
["M1646","Coroa de botões esféricos - D = 355 mm (14\")","un",{"v":6798.87,"d":"6,798.8700"}]
["M1648","Dente de corte para trado ou caçamba de perfuração","un",32.7773]
["M1649","Coroa de botões esféricos linha ST68 - D = 102 mm (4\")","un",{"v":3172.768,"d":"3,172.7680"}]
["M1650","Coroa de botões esféricos para tirante autoinjetável - D = 87 mm (3 7/16\")","un",569.9571]
["M1651","Tricone para tirante autoinjetável - D = 120 mm","un",213.2868]
["M1653","Coroa piloto de botões esféricos para sistema autoperfurante - D = 76,2 mm (3\")","un",{"v":1224.404,"d":"1,224.4040"}]
["M1655","Tubo de PVC ponta e bolsa para esgoto - D = 50 mm (2\")","m",7.4847]
["M1656","Tubo de PVC ponta e bolsa para esgoto - D = 75 mm (3\")","m",{"v":12.892,"d":"12.8920"}]
["M1657","Tubo PEAD corrugado perfurado para drenagem - D = 170 mm","m",24.8054]
["M1658","Tubo PEAD corrugado perfurado para drenagem - D = 230 mm","m",38.8741]
["M1662","Suporte em madeira de eucalipto tratado - seção de 8 x 8 cm","m",16.2412]
["M1665","Tubo de PVC rosqueável para água fria - D = 40 mm (1 1/2\")","m",26.3676]
["M1673","Tubo de PVC rosqueável para água fria - D = 100 mm (4\")","m",82.1421]
["M1675","Tubo de PVC rosqueável para água fria - D = 150 mm (6\")","m",83.7051]
["M1702","Duto flexível de ventilação em PVC - D = 1,20 m","m",115.7672]
["M1719","Broca integral série H19 - D = 24 mm e C = 0,4 m","un",460.7338]
["M1720","Geotêxtil não-tecido agulhado em poliéster - resistência à tração longitudinal de 10 kN/m","m²",5.4519]
["M1731","Haste de perfuração simples para jet grouting - D = 88,9 mm (3 1/2\") e C = 3,00 m","un",{"v":2319.9738,"d":"2,319.9738"}]
["M1732","Luva em aço galvanizado com rosca BSP classe leve - D = 50 mm (2\")","un",12.5645]
["M1733","Manta drenante em malha de polietileno e geotêxtil de polipropileno em uma das faces","m²",45.5401]
["M1735","Punho linha ST68 para perfuração - D = 80 mm (3 5/32\")","un",{"v":6310.9648,"d":"6,310.9648"}]
["M1736","Adesivo à base de resina poliéster bicomponente para ancoragem","kg",54.3112]
["M1737","Tubo em aço-carbono para ar comprimido - D = 150 mm (6\")","m",{"v":124.019,"d":"124.0190"}]
["M1739","Haste linha T45 para perfuratriz sobre esteiras - D = 45,0 mm (1 3/4\") e C = 3,60 m","un",{"v":4244.1411,"d":"4,244.1411"}]
["M1740","Punho linha T45 para perfuratriz sobre esteiras - D = 45 mm (1 3/4\")","un",{"v":2210.1526,"d":"2,210.1526"}]
["M1741","Luva em aço linha T45 para perfuratriz sobre esteiras - D = 45,0 mm (1 3/4\")","un",519.8825]
["M1742","Coroa de botões esféricos linha T45 - D = 89 mm (3 1/2\")","un",{"v":1503.6879,"d":"1,503.6879"}]
["M1747","Tubo em aço-carbono para sistema autoperfurante - D = 76,2 mm","m",146.2713]
["M1748","Tubo em aço-carbono iniciador para sistema autoperfurante com anel da coroa piloto - D = 76,2 mm (3\") e C = 3 m","un",{"v":1131.7721,"d":"1,131.7721"}]
["M1749","Haste linha ST68 para perfuração - D = 87,0 mm (3 7/16\") e C = 1,83 m","un",{"v":9453.9562,"d":"9,453.9562"}]
["M1750","Hidromonitor com bico de injeção para jet grouting - D = 88,9 mm (3 1/2\")","un",{"v":9051.4163,"d":"9,051.4163"}]
["M1751","Válvula manchete - D = 73 mm","un",5.0001]
["M1752","Borracha para obturador mecânico","un",384.0133]
["M1753","Disco de corte diamantado segmentado para concreto - D = 110 mm","un",{"v":39.205,"d":"39.2050"}]
["M1754","Conjunto de lâminas de corte para trituradora de galhos e troncos","un",{"v":3822.7642,"d":"3,822.7642"}]
["M1755","Pó calcário dolomítico","kg",0.0995]
["M1756","Material formador de camada protetora para hidrossemeadura","kg",2.2845]
["M1765","Tubo em aço-carbono schedule 40 - D = 65 mm (2 1/2\")","m",129.4694]
["M1773","Ancoragem regulável para estais de 19 cordoalhas - D = 15,7 mm","un",{"v":19269.4849,"d":"19,269.4849"}]
["M1774","Ancoragem regulável para estais de 31 cordoalhas - D = 15,7 mm","un",{"v":31502.1764,"d":"31,502.1764"}]
["M1775","Ancoragem regulável para estais de 37 cordoalhas - D = 15,7 mm","un",{"v":37605.1458,"d":"37,605.1458"}]
["M1776","Ancoragem regulável para estais de 55 cordoalhas - D = 15,7 mm","un",{"v":55941.9602,"d":"55,941.9602"}]
["M1777","Ancoragem regulável para estais de 61 cordoalhas - D = 15,7 mm","un",{"v":64118.7379,"d":"64,118.7379"}]
["M1778","Ancoragem regulável para estais de 73 cordoalhas - D = 15,7 mm","un",{"v":79674.1101,"d":"79,674.1101"}]
["M1779","Ancoragem regulável para estais de 91 cordoalhas - D = 15,7 mm","un",{"v":113010.7134,"d":"113,010.7134"}]
["M1780","Ancoragem fixa para estais de 19 cordoalhas - D = 15,7 mm","un",{"v":16605.4614,"d":"16,605.4614"}]
["M1781","Ancoragem fixa para estais de 31 cordoalhas - D = 15,7 mm","un",{"v":27111.9049,"d":"27,111.9049"}]
["M1782","Ancoragem fixa para estais de 37 cordoalhas - D = 15,7 mm","un",{"v":32352.1923,"d":"32,352.1923"}]
["M1783","Ancoragem fixa para estais de 55 cordoalhas - D = 15,7 mm","un",{"v":48121.2079,"d":"48,121.2079"}]
["M1784","Ancoragem fixa para estais de 61 cordoalhas - D = 15,7 mm","un",{"v":53886.3001,"d":"53,886.3001"}]
["M1785","Ancoragem fixa para estais de 73 cordoalhas - D = 15,7 mm","un",{"v":70233.3245,"d":"70,233.3245"}]
["M1786","Ancoragem fixa para estais de 91 cordoalhas - D = 15,7 mm","un",{"v":94738.217,"d":"94,738.2170"}]
["M1787","Estaca de tutoramento - D = 5 cm e H = 2 m","un",11.5368]
["M1789","Ancoragem ativa para 31 cordoalhas - D = 15,2 mm","un",{"v":5492.5712,"d":"5,492.5712"}]
["M1790","Gás liquefeito de petróleo (GLP)","kg",9.5384]
["M1795","Gás oxigênio","m³",11.4788]
["M1796","Gás acetileno","kg",43.4988]
["M1797","Fita de espuma EPDM para vedação com adesivo em uma face - E = 4 mm e L = 40 mm","m",3.1626]
["M1800","Manta asfáltica não-tecido em poliéster - antirraíz - E = 3 mm","m²",{"v":32.535,"d":"32.5350"}]
["M1811","Longarina de madeira de primeira - L = 16 cm e E = 6 cm","m",39.6409]
["M1812","Estronca de madeira - D = 20 cm","m",{"v":25.756,"d":"25.7560"}]
["M1814","Tela metálica galvanizada dobrada em L - C = 2,0 m, L = 0,5 m e H = 0,5 m","un",565.3164]
["M1815","Tela metálica de dupla torção em liga de zinco e alumínio - malha de 8 x 10 cm","m²",74.7209]
["M1819","Cartucho de cimento - D = 25 mm e C = 320 mm","un",2.7502]
["M1820","Cartucho de resina poliéster - D = 38 mm e C = 500 mm","un",10.0844]
["M1844","Ancoragem ativa para 8 cordoalhas - D = 15,2 mm","un",881.6972]
["M1845","Ancoragem passiva aderente para 10 cordoalhas - D = 15,2 mm","un",456.9943]
["M1868","Tinta em pó à base de resina epóxi","kg",83.1034]
["M1869","Coroa de botões esféricos para martelo de fundo - D = 120 mm (4 3/4\")","un",{"v":1668.6583,"d":"1,668.6583"}]
["M1870","Cunha metálica para cordoalha - D = 12,7 mm","un",10.1425]
["M1874","Martelo de fundo DTH - DN = 102 mm (4\")","un",{"v":9927.6059,"d":"9,927.6059"}]
["M1875","Haste de perfuração com rosca API 2 3/8\" - D = 73 mm (2 7/8\")","m",{"v":1413.8721,"d":"1,413.8721"}]
["M1876","Válvula manchete - D = 32 mm","un",2.4502]
["M1877","Válvula manchete - D = 40 mm","un",3.2811]
["M1879","Tubo PEAD PE 80 PN 6 - D = 40 mm","m",13.6218]
["M1880","Tubo PEAD PE 80 PN 16 - D = 20 mm","m",4.1638]
["M1907","Tubo PEAD PE 80 PN 8 - D = 32 mm","m",5.0033]
["M1909","Tubo PEAD PE 80 PN 8 - D = 40 mm","m",9.4709]
["M1911","Tubo PEAD PE 80 PN 8 - D = 50 mm","m",14.4618]
["M1912","Tubo PEAD PE 80 PN 8 - D = 63 mm","m",18.5886]
["M1913","Tubo PEAD PE 80 PN 8 - D = 75 mm","m",24.4232]
["M1919","Tubo PEAD PE 80 PN 8 - D = 110 mm","m",74.9228]
["M1922","Tubo de PVC espaguete - D = 14 mm","m",1.0885]
["M1924","Tirante de barra de aço - tensão de escoamento = 500 MPa, tensão de ruptura = 750 MPa e D = 25 mm","kg",17.9618]
["M1926","Espaçador plástico tipo disco separador para tirante com 6 cordoalhas - D = 12,7 mm","un",0.9247]
["M1927","Espaçador plástico tipo disco separador para tirante com 8 cordoalhas - D = 12,7 mm","un",0.9247]
["M1928","Espaçador plástico tipo disco separador para tirante com 10 cordoalhas - D = 12,7 mm","un",0.9247]
["M1931","Espaçador plástico tipo disco separador para tirante com 12 cordoalhas - D = 12,7 mm","un",0.9247]
["M1935","Espaçador plástico tipo centralizador carambola para tirante de barra de aço - D = 32,0 mm","un",{"v":9.497,"d":"9.4970"}]
["M1936","Espaçador plástico tipo centralizador carambola para tirante de barra de aço - D = 30,0 mm","un",9.4935]
["M1937","Espaçador plástico tipo centralizador carambola para tirante de barra de aço - D = 40,0 mm","un",9.5108]
["M1941","Óleo tipo A1","l",7.0151]
["M1942","Espaçador plástico tipo centralizador carambola para tirante de barra de aço - D = 47,0 mm","un",10.3363]
["M1943","Cimento asfáltico de petróleo - CAP 50/70","t","-"]
["M1944","Cimento asfáltico de petróleo - CAP 150/200","t","-"]
["M1945","Cimento asfáltico de petróleo - CAP 85/100","t","-"]
["M1946","Emulsão asfáltica - RR-1C","t","-"]
["M1947","Emulsão asfáltica - RM-1C","t","-"]
["M1948","Espaçador plástico tipo centralizador carambola para tirante de barra de aço - D = 50,0 mm","un",10.3415]
["M1949","Emulsão asfáltica - RL-1C","t","-"]
["M1950","Emulsão asfáltica com polímero - RC-1C-E","t","-"]
["M1952","Cimento asfáltico de petróleo com polímero - CAP 150/200-E","t","-"]
["M1953","Aditivo asfáltico de reciclagem para misturas a quente","t",{"v":7658.8144,"d":"7,658.8144"}]
["M1954","Cimento Portland CP II - 32 - a granel","kg",0.4994]
["M1955","Cimento asfáltico de petróleo com polímero - CAP 55/75-E","t","-"]
["M1956","Emulsão asfáltica com polímero - RR-2C-E","t","-"]
["M1958","Emulsão asfáltica com polímero - RM-1C-E","t","-"]
["M1959","Espaçador plástico tipo centralizador carambola para tirante de barra de aço - D = 53,0 mm","un",12.2816]
["M1960","Espaçador plástico tipo centralizador carambola para tirante de barra de aço - D = 57,0 mm","un",{"v":25.517,"d":"25.5170"}]
["M1961","Espaçador plástico tipo centralizador carambola para tirante de barra de aço - D = 63,0 mm","un",26.1882]
["M1962","Espaçador plástico tipo centralizador carambola para tirante de barra de aço - D = 69,0 mm","un",26.1951]
["M1965","Cantoneira em ferro de abas iguais - L = 63,5 mm e E = 9,53 mm","kg",10.2683]
["M1966","Defensa metálica maleável simples","un",{"v":2983.9982,"d":"2,983.9982"}]
["M1967","Defensa metálica maleável dupla","un",{"v":3695.4862,"d":"3,695.4862"}]
["M1968","Defensa metálica semimaleável simples","un",{"v":1958.1298,"d":"1,958.1298"}]
["M1969","Defensa metálica semimaleável dupla","un",{"v":2698.5444,"d":"2,698.5444"}]
["M1970","Dente de corte para fresadora de 155 kW","un",37.9279]
["M1971","Módulo de transição de defensa metálica tipo dupla onda com lâmina adicional para barreira rígida","un",{"v":6710.6427,"d":"6,710.6427"}]
["M1974","Dente de corte para fresadora de 410 kW","un",39.6833]
["M1976","Terminal aéreo de defensa metálica (tipo A)","un",399.8408]
["M1977","Terminal de ancoragem de defensa metálica em barreira rígida (tipo D)","un",399.8408]
["M1979","Luva em aço para emenda de tirantes - D = 38 mm e C = 115 mm","un",62.4864]
["M1980","Luva em aço para emenda de tirantes - D = 48 mm e C = 120 mm","un",83.0888]
["M1981","Luva em aço para emenda de tirantes - D = 60 mm e C = 160 mm","un",116.3238]
["M1982","Luva em aço para emenda de tirantes - D = 50 mm e C = 130 mm","un",91.4931]
["M1983","Luva em aço para emenda de tirantes - D = 63 mm e C = 180 mm","un",118.7832]
["M1984","Luva em aço para emenda de tirantes - D = 73 mm e C = 180 mm","un",176.7895]
["M1985","Luva em aço para emenda de tirantes - D = 73 mm e C = 200 mm","un",{"v":189.435,"d":"189.4350"}]
["M1986","Luva em aço para emenda de tirantes - D = 82 mm e C = 200 mm","un",221.6373]
["M1987","Luva em aço para emenda de tirantes - D = 89 mm e C = 210 mm","un",246.9047]
["M1988","Luva em aço para emenda de tirantes - D = 97 mm e C = 210 mm","un",331.3151]
["M1990","Placa de ancoragem para tirante de barra de aço - E = 16,0 mm e seção de 160 x 160 mm","un",103.4328]
["M1991","Placa de ancoragem para tirante de barra de aço - E = 16,0 mm e seção de 200 x 200 mm","un",151.8362]
["M1994","Placa de ancoragem para tirante de barra de aço - E = 22,0 mm e seção de 200 x 200 mm","un",209.5113]
["M1996","Amortecedor retrátil tipo TAU II paralelo PCB ou similar para velocidade de projeto de 100 km/h","un",{"v":128809.2029,"d":"128,809.2029"}]
["M1997","Amortecedor retrátil tipo TAU II combinado PCB ou similar para velocidade de projeto de 100 km/h e âncora traseira de 900 mm","un",{"v":162506.4541,"d":"162,506.4541"}]
["M1998","Amortecedor retrátil tipo TAU II combinado PCB ou similar para velocidade de projeto de 100 km/h e âncora traseira de 1.060 mm","un",{"v":174532.6031,"d":"174,532.6031"}]
["M1999","Amortecedor retrátil tipo TAU II combinado PCB ou similar para velocidade de projeto de 100 km/h e âncora traseira de 1.220 mm","un",{"v":178997.2517,"d":"178,997.2517"}]
["M2000","Amortecedor retrátil tipo TAU II combinado PCB ou similar para velocidade de projeto de 100 km/h e âncora traseira de 1.370 mm","un",{"v":189311.1678,"d":"189,311.1678"}]
["M2001","Dispositivo de ancoragem de fixação elástica Pandrol","un",14.5358]
["M2002","Amortecedor retrátil tipo TAU II combinado PCB ou similar para velocidade de projeto de 100 km/h e âncora traseira de 1.520 mm","un",{"v":208001.9809,"d":"208,001.9809"}]
["M2003","Amortecedor retrátil tipo TAU II afunilado PCB ou similar para velocidade de projeto velocidade de 100 km/h e âncora traseira de 1.680 mm","un",{"v":194589.7298,"d":"194,589.7298"}]
["M2004","Amortecedor retrátil tipo TAU II afunilado PCB ou similar para velocidade de projeto de 100 km/h e âncora traseira de 1.830 mm","un",{"v":205888.387,"d":"205,888.3870"}]
["M2005","Placa de ancoragem para tirante de barra de aço - E = 32,0 mm e seção de 250 x 250 mm","un",484.0335]
["M2006","Placa de ancoragem para tirante de barra de aço - E = 38,0 mm e seção de 250 x 250 mm","un",636.4354]
["M2007","Placa de ancoragem para tirante de barra de aço - E = 51,0 mm e seção de 300 x 300 mm","un",{"v":1221.4715,"d":"1,221.4715"}]
["M2008","Placa de ancoragem para tirante de barra de aço - E = 64,0 mm e seção de 350 x 350 mm","un",{"v":2079.0526,"d":"2,079.0526"}]
["M2009","Placa de ancoragem para tirante com 6 cordoalhas de D = 12,7 mm","un",170.7033]
["M2010","Placa de ancoragem para tirante com 8 cordoalhas de D = 12,7 mm","un",224.4881]
["M2011","Placa de ancoragem para tirante com 10 cordoalhas de D = 12,7 mm","un",272.5043]
["M2012","Placa de ancoragem para tirante com 12 cordoalhas de D = 12,7 mm","un",347.4992]
["M2014","Mourão de madeira - H = 2,20 m e D = 0,10 m","un",24.3962]
["M2016","Amortecedor retrátil tipo TAU II afunilado PCB ou similar para velocidade de projeto de 100 km/h e âncora traseira de 1.980 mm","un",{"v":212432.0413,"d":"212,432.0413"}]
["M2017","Porca em aço para ancoragem de tirantes - D = 38 mm e E = 55 mm","un",36.2488]
["M2018","Gastalho - L = 10 cm e E = 2 cm","m",4.1888]
["M2019","Porca em aço para ancoragem de tirantes - D = 38 mm e E = 60 mm","un",54.7844]
["M2020","Porca em aço para ancoragem de tirantes - D = 48 mm e E = 65 mm","un",{"v":61.84,"d":"61.8400"}]
["M2021","Amortecedor retrátil tipo TAU II afunilado PCB ou similar para velocidade de projeto de 100 km/h e âncora traseira de 2.130 mm","un",{"v":214173.7505,"d":"214,173.7505"}]
["M2024","Cordel detonante NP 10","m",1.8216]
["M2025","Retardo de cordel","un",28.8824]
["M2026","Estopim","m",{"v":2.093,"d":"2.0930"}]
["M2027","Tinta à base de resina acrílica estirenada para demarcação viária","l",49.4315]
["M2028","Coroa de botões cônicos - TCI tricone - D = 75 mm (2 15/16\")","un",{"v":1152.2253,"d":"1,152.2253"}]
["M2029","Porca em aço para ancoragem de tirantes - D = 60 mm e E = 65 mm","un",78.7015]
["M2030","Porca em aço para ancoragem de tirantes - D = 73 mm e E = 80 mm","un",124.9868]
["M2031","Porca em aço para ancoragem de tirantes - D = 73 mm e E = 100 mm","un",145.5461]
["M2032","Porca em aço para ancoragem de tirantes - D = 82 mm e E = 100 mm","un",170.4124]
["M2033","Porca em aço para ancoragem de tirantes - D = 89 mm e E = 100 mm","un",184.4443]
["M2034","Solvente para tinta à base de resina acrílica","l",12.4625]
["M2035","Porca em aço para ancoragem de tirantes - D = 97 mm e E = 100 mm","un",255.6417]
["M2036","Tinta à base de resina acrílica emulsionada em água para demarcação viária","l",19.4801]
["M2037","Microesferas refletivas de vidro tipo I-B","kg",9.2093]
["M2038","Microesferas refletivas de vidro tipo II-A","kg",9.7619]
["M2040","Massa termoplástica para aspersão","kg",10.0308]
["M2041","Adesivo à base de resina poliéster","kg",{"v":28.985,"d":"28.9850"}]
["M2042","Emulsão explosiva encartuchada","kg",9.7087]
["M2044","Tinta à base de resina acrílica emulsionada em água para pré-marcação viária","l",19.4801]
["M2045","Microesferas refletivas de vidro tipo II-C","kg",8.9824]
["M2046","Coroa de botões cônicos - TCI tricone - D = 121 mm (4 3/4\")","un",{"v":1627.6777,"d":"1,627.6777"}]
["M2047","Tirante autoinjetável de aço - tensão de escoamento = 440 MPa, tensão de ruptura = 580 MPa, seção de 684 mm² e D = 40 mm","m",130.9693]
["M2048","Tirante autoinjetável de aço - tensão de escoamento = 470 MPa, tensão de ruptura = 600 MPa, seção de 822 mm² e D = 40 mm","m",155.1003]
["M2049","Tirante autoinjetável de aço - tensão de escoamento = 700 MPa, tensão de ruptura = 830 MPa, seção de 936 mm² e D = 40 mm","m",190.6078]
["M2050","Geotêxtil não-tecido agulhado em poliéster - resistência à tração longitudinal de 9 kN/m","m²",5.0027]
["M2051","Geotêxtil não-tecido agulhado em poliéster - resistência à tração longitudinal de 14 kN/m","m²",7.4817]
["M2052","Tirante autoinjetável de aço - tensão de escoamento = 630 MPa, tensão de ruptura = 740 MPa, seção de 1.330 mm² e D = 50 mm","m",215.2248]
["M2053","Tirante autoinjetável de aço - tensão de escoamento = 630 MPa, tensão de ruptura = 740 MPa, seção de 1.569 mm² e D = 50 mm","m",{"v":328.096,"d":"328.0960"}]
["M2054","Tirante de barra de aço - tensão de escoamento = 600 MPa, tensão de ruptura = 720 MPa e D = 30 mm","m",116.6014]
["M2055","Tirante de barra de aço - tensão de escoamento = 600 MPa, tensão de ruptura = 720 MPa e D = 40 mm","m",193.1388]
["M2056","Tirante de barra de aço - tensão de escoamento = 680 MPa, tensão de ruptura = 870 MPa e D = 44 mm","m",215.6469]
["M2057","Tirante de barra de aço - tensão de escoamento = 600 MPa, tensão de ruptura = 720 MPa e D = 50 mm","m",246.7614]
["M2058","Tirante de barra de aço - tensão de escoamento = 600 MPa, tensão de ruptura = 720 MPa e D = 53 mm","m",343.0363]
["M2059","Tirante de barra de aço - tensão de escoamento = 600 MPa, tensão de ruptura = 720 MPa e D = 57 mm","m",386.0713]
["M2060","Amortecedor retrátil tipo TAU II afunilado PCB ou similar para velocidade de projeto de 100 km/h e âncora traseira de 2.290 mm","un",{"v":218427.9031,"d":"218,427.9031"}]
["M2061","Amortecedor retrátil tipo TAU II afunilado PCB ou similar para velocidade de projeto de 100 km/h e âncora traseira de 2.440 mm","un",{"v":221982.4552,"d":"221,982.4552"}]
["M2062","Coroa de botões esféricos linha T38 - D = 64 mm (2 1/2\")","un",721.6678]
["M2063","Tirante de barra de aço - tensão de escoamento = 600 MPa, tensão de ruptura = 720 MPa e D = 63 mm","m",480.8031]
["M2064","Termoplástico pré-formado - E = 2,00 mm","m²",305.3729]
["M2065","Haste linha T38 para perfuratriz sobre esteiras - D = 38,0 mm (1 1/2\") e C = 3,05 m","un",{"v":1622.7921,"d":"1,622.7921"}]
["M2066","Luva em aço linha T38 para perfuratriz sobre esteiras - D = 38,0 mm (1 1/2\")","un",293.3556]
["M2067","Punho linha T38 para perfuratriz sobre esteiras - D = 38 mm (1 1/2\")","un",{"v":1073.3774,"d":"1,073.3774"}]
["M2069","Tirante de barra de aço - tensão de escoamento = 600 MPa, tensão de ruptura = 720 MPa e D = 69 mm","m",518.8521]
["M2070","Haste linha R/T38 - R32 para jumbo hidráulico - D = 38 mm (1 1/2\") e C = 4,50 m","un",{"v":3586.0984,"d":"3,586.0984"}]
["M2071","Coroa de botões esféricos linha R32 - D = 51 mm (2\")","un",613.8478]
["M2072","Luva de acoplamento linha T38 para jumbo hidráulico - D = 38,0 mm (1 1/2\")","un",230.2023]
["M2073","Punho linha T38 para jumbo hidráulico - D = 38 mm (1 1/2\")","un",{"v":1476.5623,"d":"1,476.5623"}]
["M2074","Cartucho de absorção de energia para amortecedor retrátil - tipo A","un",{"v":4530.5631,"d":"4,530.5631"}]
["M2075","Cartucho de absorção de energia para amortecedor retrátil - tipo B","un",{"v":4358.621,"d":"4,358.6210"}]
["M2079","Fio de poliamida Nº 40 - E = 0,40 mm","m",0.0747]
["M2087","Placa de ancoragem para tirante de barra de aço - E = 25,4 mm e seção de 225 x 225 mm","un",210.6507]
["M2088","Placa de ancoragem para tirante de barra de aço - E = 20,0 mm e seção de 200 x 200 mm","un",{"v":134.394,"d":"134.3940"}]
["M2089","Porca sextavada em aço para ancoragem de tirantes - D = 50 mm e E = 85 mm","un",76.5836]
["M2090","Porca em aço para ancoragem de tirantes - D = 73 mm e E = 60 mm","un",76.7918]
["M2091","Porca sextavada em aço para ancoragem de tirantes - D = 50 mm e E = 50 mm","un",54.8003]
["M2092","Emulsão asfáltica para imprimação","t","-"]
["M2093","Material fresado","m³","-"]
["M2094","Porca em aço para ancoragem de tirantes - D = 49 mm e E = 60 mm","un",45.9921]
["M2095","Porca em aço para ancoragem de tirantes - D = 61 mm e E = 70 mm","un",66.4008]
["M2096","Porca em aço para ancoragem de tirantes - D = 73 mm e E = 110 mm","un",123.5051]
["M2097","Emulsão asfáltica - RR-2C","t","-"]
["M2100","Placa de ancoragem para tirante de barra de aço - E = 16,0 mm e seção de 140 x 140 mm","un",58.0549]
["M2101","Porca sextavada em aço para ancoragem de tirantes - D = 50 mm e E = 41 mm","un",{"v":47.355,"d":"47.3550"}]
["M2102","Adesivo à base de PVA","kg",12.8741]
["M2103","Tirante de barra de aço - tensão de escoamento = 686 MPa, tensão de ruptura = 789 MPa e D = 19 mm","kg",12.8627]
["M2104","Tirante de barra de aço - tensão de escoamento = 686 MPa, tensão de ruptura = 789 MPa e D = 22 mm","kg",12.9809]
["M2105","Tirante de barra de aço - tensão de escoamento = 686 MPa, tensão de ruptura = 789 MPa e D = 25 mm","kg",13.2183]
["M2106","Tirante de barra de aço - tensão de escoamento = 686 MPa, tensão de ruptura = 789 MPa e D = 32 mm","kg",13.2928]
["M2107","Tirante de barra de aço - tensão de escoamento = 686 MPa, tensão de ruptura = 789 MPa e D = 36 mm","kg",13.5047]
["M2110","Mandíbula móvel para britador - abertura de alimentação com L = 930 mm","un",{"v":22732.8277,"d":"22,732.8277"}]
["M2111","Mandíbula fixa para britador - abertura de alimentação com L = 930 mm","un",{"v":28594.8158,"d":"28,594.8158"}]
["M2112","Manta do britador cônico HP200 ou similar","un",{"v":20212.3098,"d":"20,212.3098"}]
["M2113","Revestimento do bojo interno do britador cônico HP200 ou similar","un",{"v":22651.6173,"d":"22,651.6173"}]
["M2114","Cunha lateral superior para britador","un",{"v":3276.4664,"d":"3,276.4664"}]
["M2115","Cunha lateral inferior para britador","un",{"v":2396.1533,"d":"2,396.1533"}]
["M2117","Meio tubo de concreto simples - D = 0,40 m","m",38.6032]
["M2118","Calha metálica semicircular corrugada e galvanizada, incluindo fixações - D = 400 mm","m",{"v":592.93,"d":"592.9300"}]
["M2119","Mourão de madeira - H = 2,80 m e D = 0,15 m","un",63.6201]
["M2128","Tinta esmalte sintético acetinado","l",27.9592]
["M2130","Eletrodo revestido E70XX","kg",29.9169]
["M2135","Nonel de coluna (túnel) - C = 4,8 m","un",18.8072]
["M2137","Tubo de PVC soldável para água fria - D = 50 mm (2\")","m",13.3836]
["M2138","Nonel de coluna - C = 12,0 m","un",16.4448]
["M2140","Coroa de diamante linha AWG","un",{"v":1002.527,"d":"1,002.5270"}]
["M2141","Nonel de iniciação para fogacho - C = 6,0 m","un",13.6531]
["M2142","Nonel de coluna - C = 4,8 m","un",13.7452]
["M2143","Nonel de ligação - C = 6,0 m","un",13.4874]
["M2144","Nonel de coluna - C = 6,0 m","un",13.3257]
["M2145","Série de brocas integrais S12","un",846.4045]
["M2146","Nonel iniciador - C = 150,0 m","un",186.3712]
["M2147","Dente de corte para recicladora","un",49.9272]
["M2148","Porta-dente de corte para fresadora e recicladora a frio","un",354.7301]
["M2150","Selante elástico à base de poliuretano e asfalto","kg",43.7687]
["M2152","Aditivo de cura para concreto","kg",9.5882]
["M2153","Coroa de diamante linha HWG","un",{"v":2077.2962,"d":"2,077.2962"}]
["M2156","Coroa de diamante linha NWG","un",{"v":1607.5344,"d":"1,607.5344"}]
["M2158","Argamassa asfáltica","kg",{"v":20.933,"d":"20.9330"}]
["M2160","Tubo PEAD corrugado perfurado para drenagem - D = 100 mm","m",20.2188]
["M2162","Coroa de widia linha AWG","un",{"v":442.78,"d":"442.7800"}]
["M2163","Tubo de concreto armado PA1 - D = 0,40 m","m",100.9651]
["M2164","Tubo de concreto armado PA2 - D = 0,40 m","m",{"v":120.665,"d":"120.6650"}]
["M2165","Tubo de concreto armado PA3 - D = 0,40 m","m",134.5775]
["M2166","Tubo de concreto armado PA4 - D = 0,40 m","m",181.8832]
["M2167","Tubo de concreto armado PA1 - D = 0,60 m","m",179.5665]
["M2168","Tubo de concreto armado PA2 - D = 0,60 m","m",197.1466]
["M2169","Tubo de concreto armado PA3 - D = 0,60 m","m",235.9796]
["M2170","Tubo de concreto armado PA4 - D = 0,60 m","m",314.6059]
["M2171","Tubo de concreto armado PA1 - D = 0,80 m","m",250.7523]
["M2172","Tubo de concreto armado PA2 - D = 0,80 m","m",315.8836]
["M2173","Tubo de concreto armado PA3 - D = 0,80 m","m",371.8808]
["M2174","Tubo de concreto armado PA4 - D = 0,80 m","m",406.7304]
["M2175","Tubo de concreto armado PA1 - D = 1,00 m","m",443.5625]
["M2176","Tubo de concreto armado PA2 - D = 1,00 m","m",466.7506]
["M2177","Tubo de concreto armado PA3 - D = 1,00 m","m",528.8615]
["M2178","Tubo de concreto armado PA4 - D = 1,00 m","m",{"v":591.766,"d":"591.7660"}]
["M2179","Tubo de concreto armado PA1 - D = 1,20 m","m",{"v":533.325,"d":"533.3250"}]
["M2180","Tubo de concreto armado PA2 - D = 1,20 m","m",589.2599]
["M2181","Tubo de concreto armado PA3 - D = 1,20 m","m",{"v":726.776,"d":"726.7760"}]
["M2182","Tubo de concreto armado PA4 - D = 1,20 m","m",790.9019]
["M2183","Tubo de concreto armado PA1 - D = 1,50 m","m",807.1071]
["M2184","Tubo de concreto armado PA2 - D = 1,50 m","m",890.9962]
["M2185","Tubo de concreto armado PA3 - D = 1,50 m","m",{"v":1074.0537,"d":"1,074.0537"}]
["M2186","Tubo de concreto armado PA4 - D = 1,50 m","m",{"v":1161.8352,"d":"1,161.8352"}]
["M2187","Tubo de concreto armado PA1 - D = 0,50 m","m",{"v":120.815,"d":"120.8150"}]
["M2188","Tubo de concreto armado PA2 - D = 0,50 m","m",137.5629]
["M2189","Tubo de concreto armado PA3 - D = 0,50 m","m",169.0628]
["M2190","Tubo de concreto armado PA4 - D = 0,50 m","m",269.4694]
["M2192","Coroa de widia linha HWG","un",796.4753]
["M2193","Coroa de widia linha NWG","un",761.6694]
["M2197","Haste de paredes paralelas com niple linha NW","m",567.1892]
["M2198","Trilho UIC60 em aço-carbono - C = 12 m","t",{"v":15185.397,"d":"15,185.3970"}]
["M2200","Trilho TR45 em aço-carbono - C = 12 m","t",{"v":12313.4679,"d":"12,313.4679"}]
["M2202","Trilho TR57 em aço-carbono - C = 12 m","t",{"v":12361.4673,"d":"12,361.4673"}]
["M2204","Trilho TR68 em aço-carbono - C = 12 m","t",{"v":12413.283,"d":"12,413.2830"}]
["M2206","Lubrificador de trilhos e de flanges de rodas","un",{"v":90436.9714,"d":"90,436.9714"}]
["M2207","Tirefão - D = 24 mm e C = 188 mm","un",12.6701]
["M2208","Tirefão - D = 22 mm e C = 155 mm","un",7.2374]
["M2209","Retensor para via férrea de TR45","un",30.4548]
["M2210","Retensor para via férrea de TR57","un",31.8624]
["M2211","Retensor para via férrea de TR68","un",31.9036]
["M2213","Placa de apoio em aço laminado para UIC60 com fixação rígida","un",145.7881]
["M2214","Grampo elástico Pandrol para fixação elástica","un",13.7426]
["M2215","Placa de apoio em aço laminado para TR45 com fixação elástica","un",82.3462]
["M2216","Placa de apoio em aço laminado para TR57 com fixação elástica","un",100.6939]
["M2217","Placa de apoio em aço laminado para TR68 com fixação elástica","un",153.0561]
["M2218","Placa de apoio em aço laminado para TR45 com fixação rígida","un",66.8867]
["M2219","Placa de apoio em aço laminado para TR57 com fixação rígida","un",134.3013]
["M2220","Placa de apoio em aço laminado para TR68 com fixação rígida","un",143.6713]
["M2221","Retensor para via férrea de UIC60","un",32.2393]
["M2222","Placa de apoio em aço laminado para UIC60 com fixação elástica","un",128.4572]
["M2225","Tala de junção TJ 45 não isolada com 6 furos","par",682.2712]
["M2227","Tala de junção TJ 57 não isolada com 6 furos","par",680.1441]
["M2229","Tala de junção TJ 68 não isolada com 6 furos","par",{"v":990.041,"d":"990.0410"}]
["M2233","Parafuso de cabeça abaulada em aço inox com porca e arruela de pressão para tala de junção - D = 25,4 mm","un",39.2129]
["M2234","Tala de junção TJ 60 não isolada com 6 furos","par",744.7254]
["M2236","AMV tipo TR45, abertura 1:8, bitola métrica","un",{"v":114007.8222,"d":"114,007.8222"}]
["M2237","AMV tipo TR45, abertura 1:10, bitola métrica","un",{"v":124747.8989,"d":"124,747.8989"}]
["M2238","AMV tipo TR45, abertura 1:12, bitola métrica","un",{"v":136562.0946,"d":"136,562.0946"}]
["M2239","AMV tipo TR45, abertura 1:14, bitola métrica","un",{"v":149557.5825,"d":"149,557.5825"}]
["M2240","AMV tipo TR57, abertura 1:8, bitola métrica","un",{"v":142620.2527,"d":"142,620.2527"}]
["M2241","AMV tipo TR57, abertura 1:10, bitola métrica","un",{"v":156221.5724,"d":"156,221.5724"}]
["M2242","AMV tipo TR57, abertura 1:12, bitola métrica","un",{"v":171183.0717,"d":"171,183.0717"}]
["M2243","AMV tipo TR57, abertura 1:14, bitola métrica","un",{"v":187640.7052,"d":"187,640.7052"}]
["M2244","AMV tipo TR57, abertura 1:20, bitola métrica","un",{"v":227150.8676,"d":"227,150.8676"}]
["M2245","AMV tipo TR68, abertura 1:10, bitola métrica","un",{"v":185099.7896,"d":"185,099.7896"}]
["M2246","AMV tipo TR68, abertura 1:12, bitola métrica","un",{"v":206252.5354,"d":"206,252.5354"}]
["M2247","AMV tipo TR68, abertura 1:14, bitola métrica","un",{"v":225886.7307,"d":"225,886.7307"}]
["M2248","AMV tipo UIC60, abertura 1:10, bitola métrica","un",{"v":164106.4485,"d":"164,106.4485"}]
["M2249","AMV tipo TR68, abertura 1:20, bitola métrica","un",{"v":269082.0554,"d":"269,082.0554"}]
["M2250","AMV tipo TR45, abertura 1:8, bitola larga","un",{"v":130094.0855,"d":"130,094.0855"}]
["M2251","AMV tipo TR45, abertura 1:10, bitola larga","un",{"v":142442.7965,"d":"142,442.7965"}]
["M2252","AMV tipo TR45, abertura 1:12, bitola larga","un",{"v":156026.466,"d":"156,026.4660"}]
["M2253","AMV tipo TR45, abertura 1:14, bitola larga","un",{"v":170968.407,"d":"170,968.4070"}]
["M2254","AMV tipo TR57, abertura 1:8, bitola larga","un",{"v":163008.1597,"d":"163,008.1597"}]
["M2255","AMV tipo TR57, abertura 1:10, bitola larga","un",{"v":178660.5617,"d":"178,660.5617"}]
["M2256","AMV tipo TR57, abertura 1:12, bitola larga","un",{"v":195865.9442,"d":"195,865.9442"}]
["M2257","AMV tipo TR57, abertura 1:14, bitola larga","un",{"v":218095.194,"d":"218,095.1940"}]
["M2258","AMV tipo TR57, abertura 1:20, bitola larga","un",{"v":259732.2115,"d":"259,732.2115"}]
["M2259","AMV tipo TR68, abertura 1:10, bitola larga","un",{"v":215178.7742,"d":"215,178.7742"}]
["M2260","AMV tipo TR68, abertura 1:12, bitola larga","un",{"v":235705.6568,"d":"235,705.6568"}]
["M2261","AMV tipo TR68, abertura 1:14, bitola larga","un",{"v":258285.2118,"d":"258,285.2118"}]
["M2262","AMV tipo UIC60, abertura 1:10, bitola larga","un",{"v":187721.5621,"d":"187,721.5621"}]
["M2263","AMV tipo TR68, abertura 1:20, bitola larga","un",{"v":317870.3402,"d":"317,870.3402"}]
["M2264","AMV tipo TR45, abertura 1:8, bitola mista","un",{"v":154746.1893,"d":"154,746.1893"}]
["M2265","AMV tipo TR45, abertura 1:10, bitola mista","un",{"v":169560.1266,"d":"169,560.1266"}]
["M2266","AMV tipo TR45, abertura 1:12, bitola mista","un",{"v":185855.4892,"d":"185,855.4892"}]
["M2267","AMV tipo TR45, abertura 1:14, bitola mista","un",{"v":207083.6857,"d":"207,083.6857"}]
["M2268","AMV tipo TR57, abertura 1:8, bitola mista","un",{"v":194319.7215,"d":"194,319.7215"}]
["M2269","AMV tipo TR57, abertura 1:10, bitola mista","un",{"v":216394.3335,"d":"216,394.3335"}]
["M2270","AMV tipo TR57, abertura 1:12, bitola mista","un",{"v":237042.7797,"d":"237,042.7797"}]
["M2271","AMV tipo TR57, abertura 1:14, bitola mista","un",{"v":259756.0631,"d":"259,756.0631"}]
["M2272","AMV tipo TR57, abertura 1:20, bitola mista","un",{"v":319635.3616,"d":"319,635.3616"}]
["M2273","AMV tipo TR68, abertura 1:10, bitola mista","un",{"v":256245.6578,"d":"256,245.6578"}]
["M2274","AMV tipo TR68, abertura 1:12, bitola mista","un",{"v":280879.2367,"d":"280,879.2367"}]
["M2275","AMV tipo TR68, abertura 1:14, bitola mista","un",{"v":317886.2412,"d":"317,886.2412"}]
["M2276","Revestimento com conector linha AW","m",263.1131]
["M2277","AMV tipo TR68, abertura 1:20, bitola mista","un",{"v":377499.4466,"d":"377,499.4466"}]
["M2281","Dormente de madeira bitola larga - C = 280 cm, L = 24 cm e H = 17 cm","un",413.2238]
["M2282","Dormente de madeira bitola métrica - C = 200 cm, L = 22 cm e H = 16 cm","un",283.7072]
["M2284","Revestimento com conector linha HW","m",513.0342]
["M2285","Revestimento com conector linha NW","m",414.7513]
["M2292","AMV tipo UIC60, abertura 1:12, bitola métrica","un",{"v":179856.4036,"d":"179,856.4036"}]
["M2293","AMV tipo UIC60, abertura 1:14, bitola métrica","un",{"v":197181.3622,"d":"197,181.3622"}]
["M2294","AMV tipo UIC60, abertura 1:20, bitola métrica","un",{"v":238599.6561,"d":"238,599.6561"}]
["M2298","AMV tipo UIC60, abertura 1:10, bitola mista","un",{"v":227268.8538,"d":"227,268.8538"}]
["M2299","AMV tipo UIC60, abertura 1:12, bitola mista","un",{"v":249004.7761,"d":"249,004.7761"}]
["M2300","AMV tipo UIC60, abertura 1:14, bitola mista","un",{"v":272914.2191,"d":"272,914.2191"}]
["M2301","AMV tipo UIC60, abertura 1:20, bitola mista","un",{"v":335425.1491,"d":"335,425.1491"}]
["M2303","Sapata de widia linha NW","un",495.9684]
["M2304","Broca de arraste com três asas linha NW","un",{"v":1625.3543,"d":"1,625.3543"}]
["M2308","Dormente de madeira para pontes - C = 300 cm, L = 25 cm e H = 20 cm","un",{"v":539.298,"d":"539.2980"}]
["M2313","AMV tipo UIC60, abertura 1:12, bitola larga","un",{"v":209136.3581,"d":"209,136.3581"}]
["M2314","AMV tipo UIC60, abertura 1:14, bitola larga","un",{"v":229058.9991,"d":"229,058.9991"}]
["M2316","AMV tipo UIC60, abertura 1:20, bitola larga","un",{"v":272888.7774,"d":"272,888.7774"}]
["M2317","Tubo de revestimento em aço-carbono schedule 40 para estaca raiz - ponteira schedule 80, D = 141,3 mm, peso 24 kg/m","m",579.1697]
["M2318","Tubo de revestimento em aço-carbono schedule 40 para estaca raiz - ponteira schedule 80, D = 168,3 mm, peso 31 kg/m","m",{"v":1242.2828,"d":"1,242.2828"}]
["M2319","Tubo de revestimento em aço-carbono schedule 40 para estaca raiz - ponteira schedule 80, D = 219,1 mm, peso 47 kg/m","m",{"v":1883.4797,"d":"1,883.4797"}]
["M2320","Tubo de revestimento em aço-carbono schedule 40 para estaca raiz - ponteira schedule 80, D = 273,0 mm, peso 67 kg/m","m",{"v":2329.5468,"d":"2,329.5468"}]
["M2321","Tubo de revestimento em aço-carbono schedule 40 para estaca raiz - ponteira schedule 80, D = 323,8 mm, peso 90 kg/m","m",{"v":2690.701,"d":"2,690.7010"}]
["M2322","Tubo de revestimento em aço-carbono schedule 40 para estaca raiz - ponteira schedule 80, D = 406,0 mm, peso 143 kg/m","m",{"v":2955.6139,"d":"2,955.6139"}]
["M2325","Anel de compensação angular para tirantes de D = 30 mm","un",42.8143]
["M2326","Anel de compensação angular para tirantes de D = 32 mm","un",61.9818]
["M2327","Anel de compensação angular para tirantes de D = 40 mm","un",66.2762]
["M2328","Anel de compensação angular para tirantes de D = 44 mm","un",76.0285]
["M2329","Anel de compensação angular para tirantes de D = 50 mm","un",83.8239]
["M2330","Anel de compensação angular para tirantes de D = 53 mm","un",{"v":85.815,"d":"85.8150"}]
["M2331","Anel de compensação angular para tirantes de D = 57 mm","un",86.5262]
["M2332","Anel de compensação angular para tirantes de D = 63 mm","un",100.3059]
["M2333","Anel de compensação angular para tirantes de D = 69 mm","un",126.4316]
["M2334","Coroa de widia linha BWG","un",619.4785]
["M2352","Conjunto para solda aluminotérmica de TR45 - porção, fôrmas, acendedor, pasta de vedação e cadinho descartável","un",{"v":1298.4597,"d":"1,298.4597"}]
["M2353","Conjunto para solda aluminotérmica de TR57 - porção, fôrmas, acendedor, pasta de vedação e cadinho descartável","un",{"v":1299.2599,"d":"1,299.2599"}]
["M2354","Conjunto para solda aluminotérmica de TR68 - porção, fôrmas, acendedor, pasta de vedação e cadinho descartável","un",{"v":1377.9528,"d":"1,377.9528"}]
["M2355","Conjunto para solda aluminotérmica de UIC60 - porção, fôrmas, acendedor, pasta de vedação e cadinho descartável","un",{"v":1313.1251,"d":"1,313.1251"}]
["M2356","Brita padrão para lastro ferroviário","m³",{"v":156.003,"d":"156.0030"}]
["M2358","Palmilha de borracha para dormente de concreto","un",16.6578]
["M2364","Broca para furar trilho - D = 29 mm (1 1/8\")","un",941.7052]
["M2365","Disco de corte abrasivo para máquina para serrar trilho - D = 350 mm","un",22.5368]
["M2370","Dormentes de madeira para AMV","m³",{"v":3595.3201,"d":"3,595.3201"}]
["M2379","Coroa de diamante linha BWG","un",{"v":1252.1551,"d":"1,252.1551"}]
["M2383","Revestimento com conector linha BW","m",387.4322]
["M2386","Corda de poliamida - D = 12,0 mm e capacidade de carga de 2.200 kg","m",8.6402]
["M2388","Broca de widia - D = 16 mm e C = 150 mm","un",45.2579]
["M2389","Broca de widia - D = 19 mm e C = 160 mm","un",70.3779]
["M2419","Parafuso de cabeça abaulada em aço inox com porca e arruela - D = 6 mm (M6) e C = 30 mm","un",1.5018]
["M2420","Parafuso de cabeça abaulada em aço inox com porca e arruela - D = 8 mm (M8) e C = 50 mm","un",3.0429]
["M2421","Mangueira cristal trançada de PVC com pressão de trabalho de 1,50 MPa (250 psi) - D = 9,5 mm (3/8\")","m",3.7873]
["M2423","Fôrma plástica para nicho de protensão de cordoalha - D = 15,2 mm","un",2.0601]
["M2424","Fôrma plástica para nicho de protensão de cordoalha - D = 12,7 mm","un",0.9646]
["M2425","Cordoalha engraxada tipo CP 190 RB - D = 15,2 mm","kg",14.5991]
["M2426","Cordoalha engraxada tipo CP 190 RB - D = 12,7 mm","kg",14.4629]
["M2427","Bainha metálica para protensão - D = 35 mm","m",29.8931]
["M2428","Bainha metálica para protensão - D = 30 mm","m",26.3173]
["M2429","Ancoragem passiva aderente para 8 cordoalhas - D = 15,2 mm","un",400.8114]
["M2430","Ancoragem passiva aderente para 31 cordoalhas - D = 15,2 mm","un",{"v":1615.8102,"d":"1,615.8102"}]
["M2431","Ancoragem ativa para cordoalha engraxada - D = 12,7 mm","un",66.6853]
["M2432","Ancoragem ativa para cordoalha engraxada - D = 15,2 mm","un",92.5233]
["M2433","Ancoragem passiva aderente para 10 cordoalhas - D = 12,7 mm","un",324.4677]
["M2434","Ancoragem passiva aderente para 12 cordoalhas - D = 12,7 mm","un",387.5216]
["M2435","Ancoragem passiva aderente para 12 cordoalhas - D = 15,2 mm","un",551.5897]
["M2436","Ancoragem passiva aderente para 15 cordoalhas - D = 12,7 mm","un",583.9317]
["M2437","Ancoragem passiva aderente para 15 cordoalhas - D = 15,2 mm","un",723.2585]
["M2438","Ancoragem passiva aderente para 19 cordoalhas - D = 12,7 mm","un",743.9191]
["M2439","Ancoragem passiva aderente para 19 cordoalhas - D = 15,2 mm","un",918.3433]
["M2440","Ancoragem passiva aderente para 22 cordoalhas - D = 12,7 mm","un",886.8662]
["M2441","Ancoragem passiva aderente para 22 cordoalhas - D = 15,2 mm","un",{"v":1083.8891,"d":"1,083.8891"}]
["M2442","Ancoragem passiva aderente para 27 cordoalhas - D = 12,7 mm","un",{"v":1132.6588,"d":"1,132.6588"}]
["M2443","Ancoragem passiva aderente para 27 cordoalhas - D = 15,2 mm","un",{"v":1381.5438,"d":"1,381.5438"}]
["M2444","Ancoragem passiva aderente para 31 cordoalhas - D = 12,7 mm","un",{"v":1304.2178,"d":"1,304.2178"}]
["M2445","Ancoragem passiva aderente para 4 cordoalhas - D = 12,7 mm","un",157.9041]
["M2446","Ancoragem passiva aderente para 4 cordoalhas - D = 15,2 mm","un",222.7903]
["M2447","Ancoragem passiva aderente para 6 cordoalhas - D = 12,7 mm","un",242.0502]
["M2448","Ancoragem passiva aderente para 6 cordoalhas - D = 15,2 mm","un",337.7428]
["M2449","Ancoragem passiva aderente para 7 cordoalhas - D = 12,7 mm","un",256.4501]
["M2450","Ancoragem passiva aderente para 7 cordoalhas - D = 15,2 mm","un",353.4764]
["M2451","Ancoragem passiva aderente para 8 cordoalhas - D = 12,7 mm","un",287.9969]
["M2452","Ancoragem passiva aderente para 9 cordoalhas - D = 12,7 mm","un",321.4661]
["M2453","Ancoragem passiva aderente para 9 cordoalhas - D = 15,2 mm","un",{"v":451.52,"d":"451.5200"}]
["M2454","Ancoragem passiva aderente para lajes para 1 cordoalha - D = 12,7 mm","un",18.5351]
["M2455","Ancoragem passiva aderente para lajes para 1 cordoalha - D = 15,2 mm","un",24.9929]
["M2456","Ancoragem passiva aderente para lajes para 2 cordoalhas - D = 12,7 mm","un",23.4402]
["M2457","Ancoragem passiva aderente para lajes para 2 cordoalhas - D = 15,2 mm","un",32.3372]
["M2458","Ancoragem passiva aderente para lajes para 3 cordoalhas - D = 12,7 mm","un",40.3515]
["M2459","Ancoragem passiva aderente para lajes para 3 cordoalhas - D = 15,2 mm","un",42.5794]
["M2460","Ancoragem passiva aderente para lajes para 4 cordoalhas - D = 12,7 mm","un",52.3449]
["M2461","Ancoragem passiva aderente para lajes para 4 cordoalhas - D = 15,2 mm","un",72.4896]
["M2462","Mangueira cristal trançada de PVC com pressão de trabalho de 1,50 MPa (250 psi) - D = 19,0 mm (3/4\")","m",9.6693]
["M2465","Bainha metálica para protensão - D = 40 mm","m",{"v":35.656,"d":"35.6560"}]
["M2466","Bainha metálica para protensão - D = 45 mm","m",37.8033]
["M2467","Bainha metálica para protensão - D = 50 mm","m",41.4662]
["M2468","Bainha metálica para protensão - D = 55 mm","m",45.4239]
["M2469","Bainha metálica para protensão - D = 60 mm","m",62.3945]
["M2470","Bainha metálica para protensão - D = 65 mm","m",70.4571]
["M2471","Bainha metálica para protensão - D = 70 mm","m",74.3792]
["M2472","Bainha metálica para protensão - D = 75 mm","m",77.3508]
["M2473","Bainha metálica para protensão - D = 80 mm","m",{"v":79.548,"d":"79.5480"}]
["M2474","Bainha metálica para protensão - D = 85 mm","m",103.1099]
["M2475","Bainha metálica para protensão - D = 90 mm","m",109.7863]
["M2476","Bainha metálica para protensão - D = 95 mm","m",118.0502]
["M2477","Bainha metálica para protensão - D = 100 mm","m",{"v":128.757,"d":"128.7570"}]
["M2478","Bainha metálica para protensão - D = 110 mm","m",137.3118]
["M2479","Bainha metálica para protensão - D = 120 mm","m",144.4681]
["M2480","Bainha metálica para protensão - D = 130 mm","m",145.3026]
["M2481","Bainha metálica ovalizada para protensão - seção de 19 x 36 mm","m",{"v":30.241,"d":"30.2410"}]
["M2482","Bainha metálica ovalizada para protensão - seção de 19 x 48 mm","m",35.3908]
["M2483","Bainha metálica ovalizada para protensão - seção de 19 x 62 mm","m",40.6461]
["M2484","Bainha metálica ovalizada para protensão - seção de 22 x 32 mm","m",30.2554]
["M2485","Bainha metálica ovalizada para protensão - seção de 22 x 55 mm","m",37.4148]
["M2486","Bainha metálica ovalizada para protensão - seção de 22 x 73 mm","m",44.4211]
["M2487","Espaçador plástico tipo centralizador carambola para grampo de barra de aço - D ≤ 25,4 mm","un",0.4557]
["M2488","Cinta para elevação de cargas tipo Grab com 1 ramal, anel de suspensão e gancho - C = 3 m a 5 m, capacidade de carga de 5.000 kg, F. S. = 4:1","un",795.1755]
["M2489","Cinta para elevação de cargas tipo Grab com 2 ramais, anel de suspensão e ganchos - C = 3 m a 5 m, capacidade de carga de 5.000 kg, F. S. = 4:1","un",{"v":2125.3195,"d":"2,125.3195"}]
["M2500","Chapa metálica corrugada galvanizada para tunnel liner - E = 2,2 mm e D = 1,2 m","m",{"v":4142.5058,"d":"4,142.5058"}]
["M2501","Chapa metálica corrugada galvanizada para tunnel liner - E = 2,2 mm e D = 1,4 m","m",{"v":4703.502,"d":"4,703.5020"}]
["M2502","Chapa metálica corrugada galvanizada para tunnel liner - E = 2,2 mm e D = 1,6 m","m",{"v":5566.5467,"d":"5,566.5467"}]
["M2503","Chapa metálica corrugada galvanizada para tunnel liner - E = 2,2 mm e D = 1,8 m","m",{"v":6360.0204,"d":"6,360.0204"}]
["M2504","Chapa metálica corrugada galvanizada para tunnel liner - E = 2,2 mm e D = 2,0 m","m",{"v":7009.2274,"d":"7,009.2274"}]
["M2505","Chapa metálica corrugada galvanizada para tunnel liner - E = 2,2 mm e D = 2,2 m","m",{"v":7745.441,"d":"7,745.4410"}]
["M2506","Chapa metálica corrugada galvanizada para tunnel liner - E = 2,2 mm e D = 2,4 m","m",{"v":8351.2227,"d":"8,351.2227"}]
["M2507","Chapa metálica corrugada galvanizada para tunnel liner - E = 2,2 mm e D = 2,6 m","m",{"v":9086.381,"d":"9,086.3810"}]
["M2508","Chapa metálica corrugada galvanizada para tunnel liner - E = 2,2 mm e D = 2,8 m","m",{"v":9734.6686,"d":"9,734.6686"}]
["M2509","Chapa metálica corrugada galvanizada para tunnel liner - E = 2,2 mm e D = 3,0 m","m",{"v":10514.1972,"d":"10,514.1972"}]
["M2510","Chapa metálica corrugada galvanizada para tunnel liner - E = 2,7 mm e D = 3,2 m","m",{"v":13138.8004,"d":"13,138.8004"}]
["M2511","Chapa metálica corrugada galvanizada para tunnel liner - E = 2,7 mm e D = 3,4 m","m",{"v":14067.5218,"d":"14,067.5218"}]
["M2512","Chapa metálica corrugada galvanizada para tunnel liner - E = 2,7 mm e D = 3,6 m","m",{"v":14786.3661,"d":"14,786.3661"}]
["M2513","Chapa metálica corrugada galvanizada para tunnel liner - E = 2,7 mm e D = 3,8 m","m",{"v":15631.4388,"d":"15,631.4388"}]
["M2514","Chapa metálica corrugada galvanizada para tunnel liner - E = 2,7 mm e D = 4,0 m","m",{"v":16402.9177,"d":"16,402.9177"}]
["M2515","Chapa metálica corrugada galvanizada para tunnel liner - E = 3,4 mm e D = 4,2 m","m",{"v":20438.724,"d":"20,438.7240"}]
["M2516","Chapa metálica corrugada galvanizada para tunnel liner - E = 3,4 mm e D = 4,4 m","m",{"v":21325.3858,"d":"21,325.3858"}]
["M2517","Chapa metálica corrugada galvanizada para tunnel liner - E = 3,4 mm e D = 4,6 m","m",{"v":22371.5274,"d":"22,371.5274"}]
["M2518","Chapa metálica corrugada galvanizada para tunnel liner - E = 3,9 mm e D = 4,8 m","m",{"v":27511.7937,"d":"27,511.7937"}]
["M2519","Chapa metálica corrugada galvanizada para tunnel liner - E = 3,9 mm e D = 5,0 m","m",{"v":28862.0867,"d":"28,862.0867"}]
["M2520","Chapa metálica corrugada galvanizada revestida com epóxi para tunnel liner - E = 2,2 mm e D = 1,2 m","m",{"v":4431.0038,"d":"4,431.0038"}]
["M2521","Chapa metálica corrugada galvanizada revestida com epóxi para tunnel liner - E = 2,2 mm e D = 1,4 m","m",{"v":5031.0569,"d":"5,031.0569"}]
["M2522","Chapa metálica corrugada galvanizada revestida com epóxi para tunnel liner - E = 2,2 mm e D = 1,6 m","m",{"v":5954.2187,"d":"5,954.2187"}]
["M2523","Chapa metálica corrugada galvanizada revestida com epóxi para tunnel liner - E = 2,2 mm e D = 1,8 m","m",{"v":6801.7763,"d":"6,801.7763"}]
["M2524","Chapa metálica corrugada galvanizada revestida com epóxi para tunnel liner - E = 2,2 mm e D = 2,0 m","m",{"v":7496.0569,"d":"7,496.0569"}]
["M2525","Chapa metálica corrugada galvanizada revestida com epóxi para tunnel liner - E = 2,2 mm e D = 2,2 m","m",{"v":8283.5236,"d":"8,283.5236"}]
["M2526","Chapa metálica corrugada galvanizada revestida com epóxi para tunnel liner - E = 2,2 mm e D = 2,4 m","m",{"v":8931.2115,"d":"8,931.2115"}]
["M2527","Chapa metálica corrugada galvanizada revestida com epóxi para tunnel liner - E = 2,2 mm e D = 2,6 m","m",{"v":9717.4591,"d":"9,717.4591"}]
["M2528","Chapa metálica corrugada galvanizada revestida com epóxi para tunnel liner - E = 2,2 mm e D = 2,8 m","m",{"v":10410.8284,"d":"10,410.8284"}]
["M2529","Chapa metálica corrugada galvanizada revestida com epóxi para tunnel liner - E = 2,2 mm e D = 3,0 m","m",{"v":11244.4489,"d":"11,244.4489"}]
["M2530","Chapa metálica corrugada galvanizada revestida com epóxi para tunnel liner - E = 2,7 mm e D = 3,2 m","m",{"v":13776.0259,"d":"13,776.0259"}]
["M2531","Chapa múltipla metálica corrugada galvanizada tipo MP 100 ou similar - E = 1,60 mm e D = 0,60 m","m",{"v":1392.3281,"d":"1,392.3281"}]
["M2532","Chapa múltipla metálica corrugada galvanizada tipo MP 100 ou similar - E = 1,60 mm e D = 0,70 m","m",{"v":1609.8804,"d":"1,609.8804"}]
["M2533","Chapa múltipla metálica corrugada galvanizada tipo MP 100 ou similar - E = 1,60 mm e D = 0,80 m","m",{"v":1827.4383,"d":"1,827.4383"}]
["M2534","Chapa múltipla metálica corrugada galvanizada tipo MP 100 ou similar - E = 1,60 mm e D = 0,90 m","m",{"v":2001.4808,"d":"2,001.4808"}]
["M2535","Chapa múltipla metálica corrugada galvanizada tipo MP 100 ou similar - E = 1,60 mm e D = 1,00 m","m",{"v":2219.0375,"d":"2,219.0375"}]
["M2536","Chapa múltipla metálica corrugada galvanizada tipo MP 100 ou similar - E = 1,60 mm e D = 1,10 m","m",{"v":2523.6274,"d":"2,523.6274"}]
["M2537","Chapa múltipla metálica corrugada galvanizada tipo MP 100 ou similar - E = 1,60 mm e D = 1,20 m","m",{"v":2697.6753,"d":"2,697.6753"}]
["M2538","Chapa múltipla metálica corrugada galvanizada tipo MP 100 ou similar - E = 1,60 mm e D = 1,30 m","m",{"v":2915.2244,"d":"2,915.2244"}]
["M2539","Chapa múltipla metálica corrugada galvanizada tipo MP 100 ou similar - E = 1,60 mm e D = 1,40 m","m",{"v":3080.9399,"d":"3,080.9399"}]
["M2540","Chapa múltipla metálica corrugada galvanizada tipo MP 100 ou similar - E = 1,60 mm e D = 1,50 m","m",{"v":3306.784,"d":"3,306.7840"}]
["M2541","Chapa múltipla metálica corrugada galvanizada tipo MP 100 ou similar - E = 1,60 mm e D = 1,60 m","m",{"v":3524.374,"d":"3,524.3740"}]
["M2542","Chapa múltipla metálica corrugada galvanizada tipo MP 100 ou similar - E = 1,60 mm e D = 1,70 m","m",{"v":3698.4238,"d":"3,698.4238"}]
["M2543","Chapa múltipla metálica corrugada galvanizada tipo MP 100 ou similar - E = 1,60 mm e D = 1,80 m","m",{"v":3915.9248,"d":"3,915.9248"}]
["M2544","Chapa múltipla metálica corrugada galvanizada tipo MP 100 ou similar - E = 2,00 mm e D = 1,90 m","m",{"v":4604.6059,"d":"4,604.6059"}]
["M2545","Chapa múltipla metálica corrugada galvanizada tipo MP 100 ou similar - E = 2,00 mm e D = 2,00 m","m",{"v":4853.544,"d":"4,853.5440"}]
["M2546","Chapa múltipla metálica corrugada galvanizada tipo MP 100 ou similar - E = 2,00 mm e D = 2,10 m","m",{"v":5185.2992,"d":"5,185.2992"}]
["M2547","Chapa múltipla metálica corrugada galvanizada tipo MP 100 ou similar - E = 2,00 mm e D = 2,20 m","m",{"v":5309.8581,"d":"5,309.8581"}]
["M2548","Chapa múltipla metálica corrugada galvanizada tipo MP 100 ou similar - E = 2,00 mm e D = 2,30 m","m",{"v":5517.2363,"d":"5,517.2363"}]
["M2549","Chapa múltipla metálica corrugada galvanizada tipo MP 100 ou similar - E = 2,70 mm e D = 2,40 m","m",{"v":7349.1427,"d":"7,349.1427"}]
["M2550","Chapa múltipla metálica corrugada galvanizada tipo MP 100 ou similar - E = 3,40 mm e D = 2,50 m","m",{"v":9319.256,"d":"9,319.2560"}]
["M2551","Chapa múltipla metálica corrugada galvanizada tipo MP 100 ou similar - E = 3,40 mm e D = 2,60 m","m",{"v":9848.9424,"d":"9,848.9424"}]
["M2552","Chapa múltipla metálica corrugada galvanizada tipo MP 100 ou similar - E = 3,40 mm e D = 2,70 m","m",{"v":10038.9859,"d":"10,038.9859"}]
["M2553","Chapa múltipla metálica corrugada galvanizada tipo MP 100 ou similar - E = 3,40 mm e D = 2,80 m","m",{"v":10531.5663,"d":"10,531.5663"}]
["M2554","Chapa múltipla metálica corrugada galvanizada tipo MP 152 ou similar - E = 2,70 mm e D = 1,50 m","m",{"v":6930.7147,"d":"6,930.7147"}]
["M2555","Chapa múltipla metálica corrugada galvanizada tipo MP 152 ou similar - E = 2,70 mm e D = 1,80 m","m",{"v":8380.3393,"d":"8,380.3393"}]
["M2556","Chapa múltipla metálica corrugada galvanizada tipo MP 152 ou similar - E = 2,70 mm e D = 1,90 m","m",{"v":8652.2984,"d":"8,652.2984"}]
["M2557","Chapa múltipla metálica corrugada galvanizada tipo MP 152 ou similar - E = 2,70 mm e D = 2,15 m","m",{"v":9830.0099,"d":"9,830.0099"}]
["M2558","Chapa múltipla metálica corrugada galvanizada tipo MP 152 ou similar - E = 2,70 mm e D = 2,30 m","m",{"v":10373.6995,"d":"10,373.6995"}]
["M2559","Chapa múltipla metálica corrugada galvanizada tipo MP 152 ou similar - E = 2,70 mm e D = 2,65 m","m",{"v":12140.8375,"d":"12,140.8375"}]
["M2560","Chapa múltipla metálica corrugada galvanizada tipo MP 152 ou similar - E = 2,70 mm e D = 3,05 m","m",{"v":13861.4292,"d":"13,861.4292"}]
["M2561","Chapa múltipla metálica corrugada galvanizada tipo MP 152 ou similar - E = 2,70 mm e D = 3,20 m","m",{"v":14722.6427,"d":"14,722.6427"}]
["M2562","Chapa múltipla metálica corrugada galvanizada tipo MP 152 ou similar - E = 2,70 mm e D = 3,40 m","m",{"v":15583.9121,"d":"15,583.9121"}]
["M2563","Chapa múltipla metálica corrugada galvanizada tipo MP 152 ou similar - E = 2,70 mm e D = 3,65 m","m",{"v":16716.8014,"d":"16,716.8014"}]
["M2564","Chapa múltipla metálica corrugada galvanizada tipo MP 152 ou similar - E = 2,70 mm e D = 3,80 m","m",{"v":17305.5154,"d":"17,305.5154"}]
["M2565","Chapa múltipla metálica corrugada galvanizada tipo MP 152 ou similar - E = 2,70 mm e D = 4,20 m","m",{"v":19072.6782,"d":"19,072.6782"}]
["M2566","Chapa múltipla metálica corrugada galvanizada tipo MP 152 ou similar - E = 2,70 mm e D = 4,60 m","m",{"v":20787.6701,"d":"20,787.6701"}]
["M2567","Chapa múltipla metálica corrugada galvanizada tipo MP 152 ou similar - E = 3,40 mm e D = 4,80 m","m",{"v":23799.5753,"d":"23,799.5753"}]
["M2568","Chapa múltipla metálica corrugada galvanizada tipo MP 152 ou similar - E = 3,40 mm e D = 5,00 m","m",{"v":24471.4933,"d":"24,471.4933"}]
["M2569","Chapa múltipla metálica corrugada galvanizada tipo MP 152 ou similar - E = 3,90 mm e D = 5,35 m","m",{"v":30884.5313,"d":"30,884.5313"}]
["M2570","Chapa múltipla metálica corrugada galvanizada tipo MP 152 ou similar - E = 3,90 mm e D = 5,70 m","m",{"v":33094.5507,"d":"33,094.5507"}]
["M2571","Chapa múltipla metálica corrugada galvanizada tipo MP 152 ou similar - E = 4,70 mm e D = 6,10 m","m",{"v":40775.2309,"d":"40,775.2309"}]
["M2572","Chapa múltipla metálica corrugada galvanizada tipo MP 152 ou similar - E = 6,40 mm e D = 6,50 m","m",{"v":48905.153,"d":"48,905.1530"}]
["M2573","Chapa múltipla metálica corrugada galvanizada tipo MP 152 ou similar - E = 6,40 mm e D = 6,85 m","m",{"v":51784.048,"d":"51,784.0480"}]
["M2574","Chapa múltipla metálica corrugada galvanizada tipo MP 152 ou similar - E = 6,40 mm e D = 7,25 m","m",{"v":54634.404,"d":"54,634.4040"}]
["M2580","Parafuso de cabeça sextavada em aço galvanizado com porca e arruela de pressão - D = 7,938 mm (5/16\")","cj",{"v":0.756,"d":"0.7560"}]
["M2597","Concreto usinado - fck = 40 MPa (comercial)","m³","-"]
["M2598","Concreto usinado - fck = 45 MPa (comercial)","m³","-"]
["M2599","Concreto usinado - fck = 50 MPa (comercial)","m³","-"]
["M2601","Aparelho de apoio metálico esférico fixo com 4 chumbadores e capacidade de 1.000 kN","un",{"v":4192.0577,"d":"4,192.0577"}]
["M2602","Aparelho de apoio metálico esférico unidirecional com 4 chumbadores e capacidade de 1.500 kN","un",{"v":8063.5339,"d":"8,063.5339"}]
["M2603","Aparelho de apoio metálico esférico fixo com 4 chumbadores e capacidade de 1.500 kN","un",{"v":6314.2182,"d":"6,314.2182"}]
["M2604","Aparelho de apoio metálico esférico fixo com 4 chumbadores e capacidade de 2.000 kN","un",{"v":8028.0674,"d":"8,028.0674"}]
["M2605","Aparelho de apoio metálico esférico fixo com 4 chumbadores e capacidade de 2.500 kN","un",{"v":10168.2916,"d":"10,168.2916"}]
["M2606","Aparelho de apoio metálico esférico fixo com 4 chumbadores e capacidade de 3.000 kN","un",{"v":11703.3603,"d":"11,703.3603"}]
["M2607","Aparelho de apoio metálico esférico fixo com 4 chumbadores e capacidade de 3.500 kN","un",{"v":14171.3524,"d":"14,171.3524"}]
["M2608","Aparelho de apoio metálico esférico fixo com 4 chumbadores e capacidade de 4.000 kN","un",{"v":16737.1809,"d":"16,737.1809"}]
["M2609","Aparelho de apoio metálico esférico unidirecional com 4 chumbadores e capacidade de 1.000 kN","un",{"v":5182.6216,"d":"5,182.6216"}]
["M2610","Aparelho de apoio metálico esférico unidirecional com 4 chumbadores e capacidade de 2.000 kN","un",{"v":9838.2584,"d":"9,838.2584"}]
["M2611","Aparelho de apoio metálico esférico unidirecional com 4 chumbadores e capacidade de 2.500 kN","un",{"v":12288.9284,"d":"12,288.9284"}]
["M2612","Aparelho de apoio metálico esférico unidirecional com 4 chumbadores e capacidade de 3.000 kN","un",{"v":15171.9554,"d":"15,171.9554"}]
["M2613","Aparelho de apoio metálico esférico unidirecional com 4 chumbadores e capacidade de 3.500 kN","un",{"v":17214.629,"d":"17,214.6290"}]
["M2614","Aparelho de apoio metálico esférico unidirecional com 4 chumbadores e capacidade de 4.000 kN","un",{"v":25917.237,"d":"25,917.2370"}]
["M2615","Aparelho de apoio metálico esférico fixo com 4 chumbadores e capacidade de 4.500 kN","un",{"v":62839.7078,"d":"62,839.7078"}]
["M2616","Aparelho de apoio metálico esférico fixo com 4 chumbadores e capacidade de 5.000 kN","un",{"v":69894.7895,"d":"69,894.7895"}]
["M2617","Aparelho de apoio metálico esférico fixo com 4 chumbadores e capacidade de 5.500 kN","un",{"v":75825.2019,"d":"75,825.2019"}]
["M2618","Aparelho de apoio metálico esférico fixo com 4 chumbadores e capacidade de 6.000 kN","un",{"v":81802.0285,"d":"81,802.0285"}]
["M2619","Aparelho de apoio metálico esférico fixo com 4 chumbadores e capacidade de 6.500 kN","un",{"v":93003.7298,"d":"93,003.7298"}]
["M2620","Aparelho de apoio metálico esférico fixo com 4 chumbadores e capacidade de 7.000 kN","un",{"v":95972.0754,"d":"95,972.0754"}]
["M2621","Aparelho de apoio metálico esférico fixo com 4 chumbadores e capacidade de 7.500 kN","un",{"v":107260.063,"d":"107,260.0630"}]
["M2622","Aparelho de apoio metálico esférico fixo com 4 chumbadores e capacidade de 8.000 kN","un",{"v":114672.2785,"d":"114,672.2785"}]
["M2623","Grelha metálica para boca de lobo com capacidade de até 300 kN - C = 0,90 m e L = 0,30 m","un",477.7383]
["M2624","Grelha de piso em PVC para passagem de pedestres - C = 50 cm e L = 13 cm","un",77.5564]
["M2625","Marco em PVC para grelha de piso - L = 2,50 m","un",70.6363]
["M2626","Grelha de piso em PVC para passagem de veículos de até 3 t - C = 50 cm e L = 13 cm","un",99.2192]
["M2627","Grelha de piso em PVC para passagem de veículos de até 10 t - C = 50 cm e L = 13 cm","un",110.6774]
["M2628","Grelha de piso em PVC para passagem de pedestres - C = 50 cm e L = 20 cm","un",124.0574]
["M2629","Grelha de piso em PVC para passagem de veículos de até 3 t - C = 50 cm e L = 20 cm","un",154.8295]
["M2631","Grelha metálica para canaletas - C = 1,00 m e L = 0,10 m","un",55.8766]
["M2632","Grelha metálica para canaletas - C = 1,00 m e L = 0,15 m","un",112.1331]
["M2633","Porta-grelha metálica - C = 1,00 m e L = 0,15 m","m",76.5921]
["M2634","Grelha metálica para canaletas - C = 1,00 m e L = 0,20 m","un",{"v":248.561,"d":"248.5610"}]
["M2635","Porta-grelha metálica - C = 1,00 m e L = 0,20 m","m",75.7976]
["M2636","Porta-grelha metálica - C = 1,00 m e L = 0,10 m","m",66.4289]
["M2637","Aparelho de apoio metálico esférico fixo com 4 chumbadores e capacidade de 8.500 kN","un",{"v":116156.393,"d":"116,156.3930"}]
["M2638","Aparelho de apoio metálico esférico fixo com 4 chumbadores e capacidade de 9.000 kN","un",{"v":126658.8573,"d":"126,658.8573"}]
["M2639","Aparelho de apoio metálico esférico fixo com 4 chumbadores e capacidade de 9.500 kN","un",{"v":133468.9829,"d":"133,468.9829"}]
["M2640","Aparelho de apoio metálico esférico fixo com 4 chumbadores e capacidade de 10.000 kN","un",{"v":142337.0482,"d":"142,337.0482"}]
["M2641","Aparelho de apoio metálico esférico unidirecional com 4 chumbadores e capacidade de 4.500 kN","un",{"v":42980.5607,"d":"42,980.5607"}]
["M2642","Aparelho de apoio metálico esférico unidirecional com 4 chumbadores e capacidade de 5.000 kN","un",{"v":47448.0832,"d":"47,448.0832"}]
["M2643","Aparelho de apoio metálico esférico unidirecional com 4 chumbadores e capacidade de 5.500 kN","un",{"v":51917.9071,"d":"51,917.9071"}]
["M2644","Aparelho de apoio metálico esférico unidirecional com 4 chumbadores e capacidade de 6.000 kN","un",{"v":55887.3652,"d":"55,887.3652"}]
["M2645","Aparelho de apoio metálico esférico unidirecional com 4 chumbadores e capacidade de 6.500 kN","un",{"v":61664.1325,"d":"61,664.1325"}]
["M2646","Aparelho de apoio metálico esférico unidirecional com 4 chumbadores e capacidade de 7.000 kN","un",{"v":66515.0255,"d":"66,515.0255"}]
["M2647","Aparelho de apoio metálico esférico unidirecional com 4 chumbadores e capacidade de 7.500 kN","un",{"v":72942.7757,"d":"72,942.7757"}]
["M2648","Fincapino de ação direta e pino com furo - D = 6,35 mm (1/4\")","un",2.2817]
["M2649","Aparelho de apoio metálico esférico unidirecional com 4 chumbadores e capacidade de 8.000 kN","un",{"v":75838.4558,"d":"75,838.4558"}]
["M2650","Aparelho de apoio metálico esférico unidirecional com 4 chumbadores e capacidade de 8.500 kN","un",{"v":81973.4176,"d":"81,973.4176"}]
["M2651","Chapa múltipla metálica corrugada revestida em epóxi tipo MP 100 ou similar - E = 1,60 mm e D = 0,60 m","m",{"v":1476.403,"d":"1,476.4030"}]
["M2652","Chapa múltipla metálica corrugada revestida em epóxi tipo MP 100 ou similar - E = 1,60 mm e D = 0,70 m","m",{"v":1707.0893,"d":"1,707.0893"}]
["M2653","Chapa múltipla metálica corrugada revestida em epóxi tipo MP 100 ou similar - E = 1,60 mm e D = 0,80 m","m",{"v":1937.7811,"d":"1,937.7811"}]
["M2654","Chapa múltipla metálica corrugada revestida em epóxi tipo MP 100 ou similar - E = 1,60 mm e D = 0,90 m","m",{"v":2122.3275,"d":"2,122.3275"}]
["M2655","Chapa múltipla metálica corrugada revestida em epóxi tipo MP 100 ou similar - E = 1,60 mm e D = 1,00 m","m",{"v":2353.0274,"d":"2,353.0274"}]
["M2656","Chapa múltipla metálica corrugada revestida em epóxi tipo MP 100 ou similar - E = 1,60 mm e D = 1,10 m","m",{"v":2676.0123,"d":"2,676.0123"}]
["M2657","Chapa múltipla metálica corrugada revestida em epóxi tipo MP 100 ou similar - E = 1,60 mm e D = 1,20 m","m",{"v":2860.5635,"d":"2,860.5635"}]
["M2658","Chapa múltipla metálica corrugada revestida em epóxi tipo MP 100 ou similar - E = 1,60 mm e D = 1,30 m","m",{"v":3091.2471,"d":"3,091.2471"}]
["M2659","Chapa múltipla metálica corrugada revestida em epóxi tipo MP 100 ou similar - E = 1,60 mm e D = 1,40 m","m",{"v":3275.2241,"d":"3,275.2241"}]
["M2660","Chapa múltipla metálica corrugada revestida em epóxi tipo MP 100 ou similar - E = 1,60 mm e D = 1,50 m","m",{"v":3506.4533,"d":"3,506.4533"}]
["M2661","Chapa múltipla metálica corrugada revestida em epóxi tipo MP 100 ou similar - E = 1,60 mm e D = 1,60 m","m",{"v":3737.1775,"d":"3,737.1775"}]
["M2662","Chapa múltipla metálica corrugada revestida em epóxi tipo MP 100 ou similar - E = 1,60 mm e D = 1,70 m","m",{"v":3921.7272,"d":"3,921.7272"}]
["M2663","Chapa múltipla metálica corrugada revestida em epóxi tipo MP 100 ou similar - E = 1,60 mm e D = 1,80 m","m",{"v":4152.376,"d":"4,152.3760"}]
["M2664","Chapa múltipla metálica corrugada revestida em epóxi tipo MP 100 ou similar - E = 2,00 mm e D = 1,90 m","m",{"v":4889.2929,"d":"4,889.2929"}]
["M2665","Chapa múltipla metálica corrugada revestida em epóxi tipo MP 100 ou similar - E = 2,00 mm e D = 2,00 m","m",{"v":5153.6137,"d":"5,153.6137"}]
["M2666","Chapa múltipla metálica corrugada revestida em epóxi tipo MP 100 ou similar - E = 2,00 mm e D = 2,10 m","m",{"v":5505.8848,"d":"5,505.8848"}]
["M2667","Chapa múltipla metálica corrugada revestida em epóxi tipo MP 100 ou similar - E = 2,00 mm e D = 2,20 m","m",{"v":5638.1437,"d":"5,638.1437"}]
["M2668","Chapa múltipla metálica corrugada revestida em epóxi tipo MP 100 ou similar - E = 2,00 mm e D = 2,30 m","m",{"v":5858.3383,"d":"5,858.3383"}]
["M2669","Chapa múltipla metálica corrugada revestida em epóxi tipo MP 100 ou similar - E = 2,70 mm e D = 2,40 m","m",{"v":7979.5866,"d":"7,979.5866"}]
["M2670","Chapa múltipla metálica corrugada revestida em epóxi tipo MP 100 ou similar - E = 3,40 mm e D = 2,50 m","m",{"v":10116.1783,"d":"10,116.1783"}]
["M2671","Chapa múltipla metálica corrugada revestida em epóxi tipo MP 100 ou similar - E = 3,40 mm e D = 2,60 m","m",{"v":10691.2231,"d":"10,691.2231"}]
["M2672","Chapa múltipla metálica corrugada revestida em epóxi tipo MP 100 ou similar - E = 3,40 mm e D = 2,70 m","m",{"v":10897.474,"d":"10,897.4740"}]
["M2673","Chapa múltipla metálica corrugada revestida em epóxi tipo MP 100 ou similar - E = 3,40 mm e D = 2,80 m","m",{"v":11432.1552,"d":"11,432.1552"}]
["M2674","Chapa múltipla metálica corrugada revestida em epóxi tipo MP 152 ou similar - E = 2,70 mm e D = 1,50 m","m",{"v":7396.8179,"d":"7,396.8179"}]
["M2675","Chapa múltipla metálica corrugada revestida em epóxi tipo MP 152 ou similar - E = 2,70 mm e D = 1,80 m","m",{"v":8943.9284,"d":"8,943.9284"}]
["M2676","Chapa múltipla metálica corrugada revestida em epóxi tipo MP 152 ou similar - E = 2,70 mm e D = 1,90 m","m",{"v":9234.1656,"d":"9,234.1656"}]
["M2677","Chapa múltipla metálica corrugada revestida em epóxi tipo MP 152 ou similar - E = 2,70 mm e D = 2,15 m","m",{"v":10491.085,"d":"10,491.0850"}]
["M2678","Chapa múltipla metálica corrugada revestida em epóxi tipo MP 152 ou similar - E = 2,70 mm e D = 2,30 m","m",{"v":11071.3404,"d":"11,071.3404"}]
["M2679","Chapa múltipla metálica corrugada revestida em epóxi tipo MP 152 ou similar - E = 2,70 mm e D = 2,65 m","m",{"v":12957.2802,"d":"12,957.2802"}]
["M2680","Chapa múltipla metálica corrugada revestida em epóxi tipo MP 152 ou similar - E = 2,70 mm e D = 3,05 m","m",{"v":14793.6359,"d":"14,793.6359"}]
["M2681","Chapa múltipla metálica corrugada revestida em epóxi tipo MP 152 ou similar - E = 2,70 mm e D = 3,20 m","m",{"v":15712.7311,"d":"15,712.7311"}]
["M2682","Chapa múltipla metálica corrugada revestida em epóxi tipo MP 152 ou similar - E = 2,70 mm e D = 3,40 m","m",{"v":16631.8837,"d":"16,631.8837"}]
["M2683","Chapa múltipla metálica corrugada revestida em epóxi tipo MP 152 ou similar - E = 2,70 mm e D = 3,65 m","m",{"v":17840.9332,"d":"17,840.9332"}]
["M2684","Chapa múltipla metálica corrugada revestida em epóxi tipo MP 152 ou similar - E = 2,70 mm e D = 3,80 m","m",{"v":18469.2602,"d":"18,469.2602"}]
["M2685","Chapa múltipla metálica corrugada revestida em epóxi tipo MP 152 ou similar - E = 2,70 mm e D = 4,20 m","m",{"v":20355.2245,"d":"20,355.2245"}]
["M2686","Chapa múltipla metálica corrugada revestida em epóxi tipo MP 152 ou similar - E = 2,70 mm e D = 4,60 m","m",{"v":22190.4538,"d":"22,190.4538"}]
["M2687","Chapa múltipla metálica corrugada revestida em epóxi tipo MP 152 ou similar - E = 3,40 mm e D = 4,80 m","m",{"v":28296.3348,"d":"28,296.3348"}]
["M2688","Chapa múltipla metálica corrugada revestida em epóxi tipo MP 152 ou similar - E = 3,40 mm e D = 5,00 m","m",{"v":29095.2404,"d":"29,095.2404"}]
["M2689","Chapa múltipla metálica corrugada revestida em epóxi tipo MP 152 ou similar - E = 3,90 mm e D = 5,35 m","m",{"v":35579.6783,"d":"35,579.6783"}]
["M2690","Chapa múltipla metálica corrugada revestida em epóxi tipo MP 152 ou similar - E = 3,90 mm e D = 5,70 m","m",{"v":38125.4954,"d":"38,125.4954"}]
["M2691","Chapa múltipla metálica corrugada revestida em epóxi tipo MP 152 ou similar - E = 4,70 mm e D = 6,10 m","m",{"v":47132.7238,"d":"47,132.7238"}]
["M2692","Chapa múltipla metálica corrugada revestida em epóxi tipo MP 152 ou similar - E = 6,40 mm e D = 6,50 m","m",{"v":56940.0061,"d":"56,940.0061"}]
["M2693","Chapa múltipla metálica corrugada revestida em epóxi tipo MP 152 ou similar - E = 6,40 mm e D = 6,85 m","m",{"v":64006.0459,"d":"64,006.0459"}]
["M2694","Chapa múltipla metálica corrugada revestida em epóxi tipo MP 152 ou similar - E = 6,40 mm e D = 7,25 m","m",{"v":67532.8594,"d":"67,532.8594"}]
["M2695","Aparelho de apoio metálico esférico unidirecional com 4 chumbadores e capacidade de 9.000 kN","un",{"v":86627.9844,"d":"86,627.9844"}]
["M2696","Aparelho de apoio metálico esférico unidirecional com 4 chumbadores e capacidade de 9.500 kN","un",{"v":90996.3565,"d":"90,996.3565"}]
["M2697","Aparelho de apoio metálico esférico unidirecional com 4 chumbadores e capacidade de 10.000 kN","un",{"v":92749.5782,"d":"92,749.5782"}]
["M2698","Fincapino de ação indireta e pino liso - D = 6,35 mm (1/4\")","un",0.5665]
["M2700","Corpo de BSCC pré-moldado comercial - seção de 1,5 m x 1,5 m - tipo I","m",{"v":2046.9964,"d":"2,046.9964"}]
["M2701","Corpo de BSCC pré-moldado comercial - seção de 1,5 m x 1,5 m - tipo II","m",{"v":2109.9889,"d":"2,109.9889"}]
["M2702","Corpo de BSCC pré-moldado comercial - seção de 1,5 m x 1,5 m - tipo III","m",{"v":2172.5577,"d":"2,172.5577"}]
["M2703","Corpo de BSCC pré-moldado comercial - seção de 1,5 m x 1,5 m - tipo IV","m",{"v":2314.4406,"d":"2,314.4406"}]
["M2704","Corpo de BSCC pré-moldado comercial - seção de 1,5 m x 1,5 m - tipo V","m",{"v":2508.6528,"d":"2,508.6528"}]
["M2705","Corpo de BSCC pré-moldado comercial - seção de 1,5 m x 1,5 m - tipo VI","m",{"v":2584.0978,"d":"2,584.0978"}]
["M2706","Corpo de BSCC pré-moldado comercial - seção de 1,5 m x 1,5 m - tipo VII","m",{"v":2650.3485,"d":"2,650.3485"}]
["M2707","Corpo de BSCC pré-moldado comercial - seção de 2,0 m x 2,0 m - tipo I","m",{"v":2958.3092,"d":"2,958.3092"}]
["M2708","Corpo de BSCC pré-moldado comercial - seção de 2,0 m x 2,0 m - tipo II","m",{"v":2988.4647,"d":"2,988.4647"}]
["M2709","Corpo de BSCC pré-moldado comercial - seção de 2,0 m x 2,0 m - tipo III","m",{"v":3019.1972,"d":"3,019.1972"}]
["M2710","Corpo de BSCC pré-moldado comercial - seção de 2,0 m x 2,0 m - tipo IV","m",{"v":3284.2497,"d":"3,284.2497"}]
["M2711","Corpo de BSCC pré-moldado comercial - seção de 2,0 m x 2,0 m - tipo V","m",{"v":3349.6089,"d":"3,349.6089"}]
["M2712","Corpo de BSCC pré-moldado comercial - seção de 2,0 m x 2,0 m - tipo VI","m",{"v":3393.2377,"d":"3,393.2377"}]
["M2713","Corpo de BSCC pré-moldado comercial - seção de 2,0 m x 2,0 m - tipo VII","m",{"v":3553.2829,"d":"3,553.2829"}]
["M2714","Corpo de BSCC pré-moldado comercial - seção de 2,5 m x 2,5 m - tipo I","m",{"v":3533.0377,"d":"3,533.0377"}]
["M2715","Corpo de BSCC pré-moldado comercial - seção de 2,5 m x 2,5 m - tipo II","m",{"v":3656.1732,"d":"3,656.1732"}]
["M2716","Corpo de BSCC pré-moldado comercial - seção de 2,5 m x 2,5 m - tipo III","m",{"v":4061.3534,"d":"4,061.3534"}]
["M2717","Corpo de BSCC pré-moldado comercial - seção de 2,5 m x 2,5 m - tipo IV","m",{"v":4352.2454,"d":"4,352.2454"}]
["M2718","Corpo de BSCC pré-moldado comercial - seção de 2,5 m x 2,5 m - tipo V","m",{"v":4412.3746,"d":"4,412.3746"}]
["M2719","Corpo de BSCC pré-moldado comercial - seção de 2,5 m x 2,5 m - tipo VI","m",{"v":4827.827,"d":"4,827.8270"}]
["M2720","Corpo de BSCC pré-moldado comercial - seção de 2,5 m x 2,5 m - tipo VII","m",{"v":4915.0103,"d":"4,915.0103"}]
["M2721","Corpo de BSCC pré-moldado comercial - seção de 3,0 m x 3,0 m - tipo I","m",{"v":4890.2652,"d":"4,890.2652"}]
["M2722","Corpo de BSCC pré-moldado comercial - seção de 3,0 m x 3,0 m - tipo II","m",{"v":5775.2549,"d":"5,775.2549"}]
["M2723","Corpo de BSCC pré-moldado comercial - seção de 3,0 m x 3,0 m - tipo III","m",{"v":5913.6153,"d":"5,913.6153"}]
["M2724","Corpo de BSCC pré-moldado comercial - seção de 3,0 m x 3,0 m - tipo IV","m",{"v":6267.4479,"d":"6,267.4479"}]
["M2725","Corpo de BSCC pré-moldado comercial - seção de 3,0 m x 3,0 m - tipo V","m",{"v":6448.0048,"d":"6,448.0048"}]
["M2726","Corpo de BSCC pré-moldado comercial - seção de 3,0 m x 3,0 m - tipo VI","m",{"v":6568.0655,"d":"6,568.0655"}]
["M2727","Corpo de BSCC pré-moldado comercial - seção de 3,0 m x 3,0 m - tipo VII","m",{"v":6899.6753,"d":"6,899.6753"}]
["M2728","Corpo de BSCC pré-moldado comercial - seção canal de 1,5 m x 1,5 m","m",{"v":1945.4736,"d":"1,945.4736"}]
["M2729","Corpo de BSCC pré-moldado comercial - seção canal de 2,0 m x 1,5 m","m",{"v":2124.0754,"d":"2,124.0754"}]
["M2730","Corpo de BSCC pré-moldado comercial - seção canal de 2,0 m x 2,0 m - tipo I","m",{"v":2782.7318,"d":"2,782.7318"}]
["M2731","Corpo de BSCC pré-moldado comercial - seção canal de 2,0 m x 2,0 m - tipo II","m",{"v":2938.7492,"d":"2,938.7492"}]
["M2732","Corpo de BSCC pré-moldado comercial - seção canal de 2,5 m x 1,5 m","m",{"v":2500.2515,"d":"2,500.2515"}]
["M2733","Corpo de BSCC pré-moldado comercial - seção canal de 2,5 m x 2,0 m - tipo I","m",{"v":3298.3279,"d":"3,298.3279"}]
["M2734","Corpo de BSCC pré-moldado comercial - seção canal de 2,5 m x 2,0 m - tipo II","m",{"v":3828.8707,"d":"3,828.8707"}]
["M2735","Corpo de BSCC pré-moldado comercial - seção canal de 3,0 m x 1,5 m","m",{"v":3050.1892,"d":"3,050.1892"}]
["M2736","Corpo de BSCC pré-moldado comercial - seção canal de 3,0 m x 2,0 m - tipo I","m",{"v":3812.7822,"d":"3,812.7822"}]
["M2737","Corpo de BSCC pré-moldado comercial - seção canal de 3,0 m x 2,0 m - tipo II","m",{"v":4203.0318,"d":"4,203.0318"}]
["M2738","Aparelho de apoio metálico esférico multidirecional com 4 chumbadores e capacidade de 1.000 kN","un",{"v":9686.5408,"d":"9,686.5408"}]
["M2739","Aparelho de apoio metálico esférico multidirecional com 4 chumbadores e capacidade de 1.500 kN","un",{"v":12777.3542,"d":"12,777.3542"}]
["M2740","Aparelho de apoio metálico esférico multidirecional com 4 chumbadores e capacidade de 2.000 kN","un",{"v":16309.0742,"d":"16,309.0742"}]
["M2741","Aparelho de apoio metálico esférico multidirecional com 4 chumbadores e capacidade de 2.500 kN","un",{"v":21344.8359,"d":"21,344.8359"}]
["M2742","Aparelho de apoio metálico esférico multidirecional com 4 chumbadores e capacidade de 3.000 kN","un",{"v":24477.0526,"d":"24,477.0526"}]
["M2743","Aparelho de apoio metálico esférico multidirecional com 4 chumbadores e capacidade de 3.500 kN","un",{"v":28544.2886,"d":"28,544.2886"}]
["M2744","Aparelho de apoio metálico esférico multidirecional com 4 chumbadores e capacidade de 4.000 kN","un",{"v":33303.0816,"d":"33,303.0816"}]
["M2745","Aparelho de apoio metálico esférico multidirecional com 4 chumbadores e capacidade de 4.500 kN","un",{"v":37088.5138,"d":"37,088.5138"}]
["M2746","Aparelho de apoio metálico esférico multidirecional com 4 chumbadores e capacidade de 5.000 kN","un",{"v":42195.036,"d":"42,195.0360"}]
["M2747","Aparelho de apoio metálico esférico multidirecional com 4 chumbadores e capacidade de 5.500 kN","un",{"v":45542.8692,"d":"45,542.8692"}]
["M2748","Aparelho de apoio metálico esférico multidirecional com 4 chumbadores e capacidade de 6.000 kN","un",{"v":52187.3156,"d":"52,187.3156"}]
["M2749","Aparelho de apoio metálico esférico multidirecional com 4 chumbadores e capacidade de 6.500 kN","un",{"v":56170.2335,"d":"56,170.2335"}]
["M2750","Aparelho de apoio metálico esférico multidirecional com 4 chumbadores e capacidade de 7.000 kN","un",{"v":60021.2444,"d":"60,021.2444"}]
["M2751","Aparelho de apoio metálico esférico multidirecional com 4 chumbadores e capacidade de 7.500 kN","un",{"v":62108.7348,"d":"62,108.7348"}]
["M2752","Aparelho de apoio metálico esférico multidirecional com 4 chumbadores e capacidade de 8.000 kN","un",{"v":68530.5057,"d":"68,530.5057"}]
["M2753","Aparelho de apoio metálico esférico multidirecional com 4 chumbadores e capacidade de 8.500 kN","un",{"v":71270.331,"d":"71,270.3310"}]
["M2754","Aparelho de apoio metálico esférico multidirecional com 4 chumbadores e capacidade de 9.000 kN","un",{"v":75144.8392,"d":"75,144.8392"}]
["M2755","Aparelho de apoio metálico esférico multidirecional com 4 chumbadores e capacidade de 9.500 kN","un",{"v":81112.0262,"d":"81,112.0262"}]
["M2756","Aparelho de apoio metálico esférico multidirecional com 4 chumbadores e capacidade de 10.000 kN","un",{"v":86098.658,"d":"86,098.6580"}]
["M2757","Aparelho de apoio metálico elastomérico fixo com 4 chumbadores e capacidade de 700 kN","un",{"v":10036.3812,"d":"10,036.3812"}]
["M2758","Aparelho de apoio metálico elastomérico fixo com 4 chumbadores e capacidade de 1.500 kN","un",{"v":15085.6419,"d":"15,085.6419"}]
["M2759","Aparelho de apoio metálico elastomérico fixo com 4 chumbadores e capacidade de 2.500 kN","un",{"v":24773.2056,"d":"24,773.2056"}]
["M2760","Aparelho de apoio metálico elastomérico fixo com 4 chumbadores e capacidade de 4.000 kN","un",{"v":40046.2156,"d":"40,046.2156"}]
["M2761","Aparelho de apoio metálico elastomérico fixo com 4 chumbadores e capacidade de 5.500 kN","un",{"v":53818.5008,"d":"53,818.5008"}]
["M2762","Aparelho de apoio metálico elastomérico fixo com 4 chumbadores e capacidade de 7.500 kN","un",{"v":73911.1141,"d":"73,911.1141"}]
["M2763","Aparelho de apoio metálico elastomérico fixo com 4 chumbadores e capacidade de 10.000 kN","un",{"v":100069.3174,"d":"100,069.3174"}]
["M2764","Aparelho de apoio metálico elastomérico unidirecional com 4 chumbadores e capacidade de 700 kN","un",{"v":7586.7607,"d":"7,586.7607"}]
["M2765","Aparelho de apoio metálico elastomérico unidirecional com 4 chumbadores e capacidade de 1.500 kN","un",{"v":10357.1106,"d":"10,357.1106"}]
["M2766","Aparelho de apoio metálico elastomérico unidirecional com 4 chumbadores e capacidade de 2.500 kN","un",{"v":16459.6286,"d":"16,459.6286"}]
["M2767","Aparelho de apoio metálico elastomérico unidirecional com 4 chumbadores e capacidade de 4.000 kN","un",{"v":25291.6448,"d":"25,291.6448"}]
["M2768","Aparelho de apoio metálico elastomérico unidirecional com 4 chumbadores e capacidade de 5.500 kN","un",{"v":31757.2297,"d":"31,757.2297"}]
["M2769","Aparelho de apoio metálico elastomérico unidirecional com 4 chumbadores e capacidade de 7.500 kN","un",{"v":43357.122,"d":"43,357.1220"}]
["M2770","Aparelho de apoio metálico elastomérico unidirecional com 4 chumbadores e capacidade de 10.000 kN","un",{"v":55054.5811,"d":"55,054.5811"}]
["M2771","Aparelho de apoio metálico elastomérico multidirecional com 4 chumbadores e capacidade de 700 kN","un",{"v":5039.8373,"d":"5,039.8373"}]
["M2772","Aparelho de apoio metálico elastomérico multidirecional com 4 chumbadores e capacidade de 1.500 kN","un",{"v":8025.8949,"d":"8,025.8949"}]
["M2773","Aparelho de apoio metálico elastomérico multidirecional com 4 chumbadores e capacidade de 2.500 kN","un",{"v":12466.6445,"d":"12,466.6445"}]
["M2774","Aparelho de apoio metálico elastomérico multidirecional com 4 chumbadores e capacidade de 4.000 kN","un",{"v":20769.8269,"d":"20,769.8269"}]
["M2775","Aparelho de apoio metálico elastomérico multidirecional com 4 chumbadores e capacidade de 5.500 kN","un",{"v":29220.5623,"d":"29,220.5623"}]
["M2776","Aparelho de apoio metálico elastomérico multidirecional com 4 chumbadores e capacidade de 7.500 kN","un",{"v":35480.87,"d":"35,480.8700"}]
["M2777","Aparelho de apoio metálico elastomérico multidirecional com 4 chumbadores e capacidade de 10.000 kN","un",{"v":49204.2653,"d":"49,204.2653"}]
["M2780","Chapa metálica corrugada galvanizada para tunnel liner - E = 2,7 mm e D = 1,2 m","m",{"v":4984.8803,"d":"4,984.8803"}]
["M2781","Chapa metálica corrugada galvanizada para tunnel liner - E = 2,7 mm e D = 1,4 m","m",{"v":5618.5633,"d":"5,618.5633"}]
["M2782","Chapa metálica corrugada galvanizada para tunnel liner - E = 2,7 mm e D = 1,6 m","m",{"v":6547.9524,"d":"6,547.9524"}]
["M2783","Chapa metálica corrugada galvanizada para tunnel liner - E = 2,7 mm e D = 1,8 m","m",{"v":7477.3255,"d":"7,477.3255"}]
["M2784","Chapa metálica corrugada galvanizada para tunnel liner - E = 2,7 mm e D = 2,0 m","m",{"v":8237.9986,"d":"8,237.9986"}]
["M2785","Chapa metálica corrugada galvanizada para tunnel liner - E = 3,4 mm e D = 2,2 m","m",{"v":10742.0228,"d":"10,742.0228"}]
["M2786","Chapa metálica corrugada galvanizada para tunnel liner - E = 3,4 mm e D = 2,4 m","m",{"v":11627.2046,"d":"11,627.2046"}]
["M2787","Chapa metálica corrugada galvanizada para tunnel liner - E = 3,4 mm e D = 2,6 m","m",{"v":12673.5144,"d":"12,673.5144"}]
["M2788","Chapa metálica corrugada galvanizada para tunnel liner - E = 3,4 mm e D = 2,8 m","m",{"v":13558.2598,"d":"13,558.2598"}]
["M2789","Chapa metálica corrugada galvanizada para tunnel liner - E = 3,4 mm e D = 3,0 m","m",{"v":14605.0174,"d":"14,605.0174"}]
["M2790","Chapa metálica corrugada galvanizada para tunnel liner - E = 3,4 mm e D = 3,2 m","m",{"v":15490.1916,"d":"15,490.1916"}]
["M2791","Chapa metálica corrugada galvanizada para tunnel liner - E = 3,9 mm e D = 3,4 m","m",{"v":18477.0405,"d":"18,477.0405"}]
["M2792","Chapa metálica corrugada galvanizada para tunnel liner - E = 3,9 mm e D = 3,6 m","m",{"v":19488.803,"d":"19,488.8030"}]
["M2793","Chapa metálica corrugada galvanizada para tunnel liner - E = 3,9 mm e D = 3,8 m","m",{"v":20693.0016,"d":"20,693.0016"}]
["M2794","Chapa metálica corrugada galvanizada para tunnel liner - E = 3,9 mm e D = 4,0 m","m",{"v":21629.0682,"d":"21,629.0682"}]
["M2795","Chapa metálica corrugada galvanizada para tunnel liner - E = 3,9 mm e D = 4,2 m","m",{"v":22805.8816,"d":"22,805.8816"}]
["M2796","Chapa metálica corrugada galvanizada para tunnel liner - E = 3,9 mm e D = 4,4 m","m",{"v":23844.3398,"d":"23,844.3398"}]
["M2797","Chapa metálica corrugada galvanizada para tunnel liner - E = 3,9 mm e D = 4,6 m","m",{"v":24932.4971,"d":"24,932.4971"}]
["M2798","Chapa metálica corrugada galvanizada para tunnel liner - E = 4,7 mm e D = 4,8 m","m",{"v":28175.4607,"d":"28,175.4607"}]
["M2799","Chapa metálica corrugada galvanizada para tunnel liner - E = 4,7 mm e D = 5,0 m","m",{"v":31633.0284,"d":"31,633.0284"}]
["M2800","Chapa metálica corrugada galvanizada revestida com epóxi para tunnel liner - E = 2,7 mm e D = 1,2 m","m",{"v":5226.6607,"d":"5,226.6607"}]
["M2801","Chapa metálica corrugada galvanizada revestida com epóxi para tunnel liner - E = 2,7 mm e D = 1,4 m","m",{"v":5891.0736,"d":"5,891.0736"}]
["M2802","Chapa metálica corrugada galvanizada revestida com epóxi para tunnel liner - E = 2,7 mm e D = 1,6 m","m",{"v":6865.5409,"d":"6,865.5409"}]
["M2803","Chapa metálica corrugada galvanizada revestida com epóxi para tunnel liner - E = 2,7 mm e D = 1,8 m","m",{"v":7839.9914,"d":"7,839.9914"}]
["M2804","Chapa metálica corrugada galvanizada revestida com epóxi para tunnel liner - E = 2,7 mm e D = 2,0 m","m",{"v":8637.5394,"d":"8,637.5394"}]
["M2805","Chapa metálica corrugada galvanizada revestida com epóxi para tunnel liner - E = 3,4 mm e D = 2,2 m","m",{"v":11584.5832,"d":"11,584.5832"}]
["M2806","Chapa metálica corrugada galvanizada revestida com epóxi para tunnel liner - E = 3,4 mm e D = 2,4 m","m",{"v":12542.4448,"d":"12,542.4448"}]
["M2807","Chapa metálica corrugada galvanizada revestida com epóxi para tunnel liner - E = 3,4 mm e D = 2,6 m","m",{"v":13671.0908,"d":"13,671.0908"}]
["M2808","Chapa metálica corrugada galvanizada revestida com epóxi para tunnel liner - E = 3,4 mm e D = 2,8 m","m",{"v":14625.511,"d":"14,625.5110"}]
["M2809","Chapa metálica corrugada galvanizada revestida com epóxi para tunnel liner - E = 3,4 mm e D = 3,0 m","m",{"v":15754.6783,"d":"15,754.6783"}]
["M2810","Chapa metálica corrugada galvanizada revestida com epóxi para tunnel liner - E = 3,4 mm e D = 3,2 m","m",{"v":16709.4541,"d":"16,709.4541"}]
["M2811","Chapa múltipla metálica corrugada galvanizada tipo MP 152 lenticular ou similar - E = 2,70 mm, H = 1,40 m e vão = 1,95 m","m",{"v":8297.1448,"d":"8,297.1448"}]
["M2812","Chapa múltipla metálica corrugada galvanizada tipo MP 152 lenticular ou similar - E = 2,70 mm, H = 1,50 m e vão = 2,15 m","m",{"v":9168.0332,"d":"9,168.0332"}]
["M2813","Chapa múltipla metálica corrugada galvanizada tipo MP 152 lenticular ou similar - E = 2,70 mm, H = 1,60 m e vão = 2,30 m","m",{"v":9779.0986,"d":"9,779.0986"}]
["M2814","Chapa múltipla metálica corrugada galvanizada tipo MP 152 lenticular ou similar - E = 2,70 mm, H = 1,65 m e vão = 2,55 m","m",{"v":10375.4524,"d":"10,375.4524"}]
["M2815","Chapa múltipla metálica corrugada galvanizada tipo MP 152 lenticular ou similar - E = 2,70 mm, H = 1,85 m e vão = 2,70 m","m",{"v":11246.028,"d":"11,246.0280"}]
["M2816","Chapa múltipla metálica corrugada galvanizada tipo MP 152 lenticular ou similar - E = 2,70 mm, H = 1,90 m e vão = 2,75 m","m",{"v":11551.6882,"d":"11,551.6882"}]
["M2817","Chapa múltipla metálica corrugada galvanizada tipo MP 152 lenticular ou similar - E = 2,70 mm, H = 2,00 m e vão = 3,00 m","m",{"v":12147.7101,"d":"12,147.7101"}]
["M2818","Chapa múltipla metálica corrugada galvanizada tipo MP 152 lenticular ou similar - E = 2,70 mm, H = 2,10 m e vão = 3,20 m","m",{"v":12743.5844,"d":"12,743.5844"}]
["M2819","Chapa múltipla metálica corrugada galvanizada tipo MP 152 lenticular ou similar - E = 2,70 mm, H = 2,15 m e vão = 3,35 m","m",{"v":13339.1888,"d":"13,339.1888"}]
["M2820","Chapa múltipla metálica corrugada galvanizada tipo MP 152 lenticular ou similar - E = 2,70 mm, H = 2,25 m e vão = 3,55 m","m",{"v":13935.4165,"d":"13,935.4165"}]
["M2821","Chapa múltipla metálica corrugada galvanizada tipo MP 152 lenticular ou similar - E = 2,70 mm, H = 2,35 m e vão = 3,70 m","m",{"v":14806.5982,"d":"14,806.5982"}]
["M2822","Chapa múltipla metálica corrugada galvanizada tipo MP 152 lenticular ou similar - E = 2,70 mm, H = 2,45 m e vão = 3,90 m","m",{"v":15418.3761,"d":"15,418.3761"}]
["M2823","Chapa múltipla metálica corrugada galvanizada tipo MP 152 lenticular ou similar - E = 2,70 mm, H = 2,55 m e vão = 4,00 m","m",{"v":16014.292,"d":"16,014.2920"}]
["M2824","Chapa múltipla metálica corrugada galvanizada tipo MP 152 lenticular ou similar - E = 2,70 mm, H = 2,80 m e vão = 4,15 m","m",{"v":16609.189,"d":"16,609.1890"}]
["M2825","Chapa múltipla metálica corrugada galvanizada tipo MP 152 lenticular ou similar - E = 2,70 mm, H = 2,90 m e vão = 4,40 m","m",{"v":17206.1932,"d":"17,206.1932"}]
["M2826","Chapa múltipla metálica corrugada galvanizada tipo MP 152 lenticular ou similar - E = 2,70 mm, H = 3,00 m e vão = 4,60 m","m",{"v":18092.6161,"d":"18,092.6161"}]
["M2827","Chapa múltipla metálica corrugada galvanizada tipo MP 152 lenticular ou similar - E = 3,40 mm, H = 3,05 m e vão = 4,80 m","m",{"v":22496.4937,"d":"22,496.4937"}]
["M2828","Chapa múltipla metálica corrugada galvanizada tipo MP 152 lenticular ou similar - E = 3,40 mm, H = 3,15 m e vão = 5,05 m","m",{"v":23546.5749,"d":"23,546.5749"}]
["M2829","Chapa múltipla metálica corrugada galvanizada tipo MP 152 lenticular ou similar - E = 3,40 mm, H = 3,25 m e vão = 5,25 m","m",{"v":24287.4987,"d":"24,287.4987"}]
["M2830","Chapa múltipla metálica corrugada galvanizada tipo MP 152 lenticular ou similar - E = 3,90 mm, H = 3,35 m e vão = 5,45 m","m",{"v":27811.6531,"d":"27,811.6531"}]
["M2831","Chapa múltipla metálica corrugada galvanizada tipo MP 152 lenticular ou similar - E = 3,90 mm, H = 3,40 m e vão = 5,60 m","m",{"v":28224.6997,"d":"28,224.6997"}]
["M2832","Chapa múltipla metálica corrugada galvanizada tipo MP 152 lenticular ou similar - E = 4,70 mm, H = 3,50 m e vão = 5,80 m","m",{"v":33807.0299,"d":"33,807.0299"}]
["M2833","Chapa múltipla metálica corrugada galvanizada tipo MP 152 lenticular ou similar - E = 4,70 mm, H = 3,55 m e vão = 5,90 m","m",{"v":34360.1278,"d":"34,360.1278"}]
["M2834","Chapa múltipla metálica corrugada galvanizada tipo MP 152 lenticular ou similar - E = 4,70 mm, H = 3,65 m e vão = 6,10 m","m",{"v":35739.5616,"d":"35,739.5616"}]
["M2835","Chapa múltipla metálica corrugada galvanizada tipo MP 152 lenticular ou similar - E = 4,70 mm, H = 3,65 m e vão = 6,25 m","m",{"v":36215.9675,"d":"36,215.9675"}]
["M2836","Chapa múltipla metálica corrugada galvanizada tipo MP 152 lenticular ou similar - E = 6,40 mm, H = 3,75 m e vão = 6,40 m","m",{"v":49639.3327,"d":"49,639.3327"}]
["M2837","Chapa múltipla metálica corrugada galvanizada tipo MP 152 lenticular ou similar - E = 6,40 mm, H = 3,85 m e vão = 6,60 m","m",{"v":51381.3029,"d":"51,381.3029"}]
["M2838","Chapa múltipla metálica corrugada galvanizada tipo MP 152 ou similar para passagem de gado - E = 2,70 mm, H = 2,25 m e vão = 2,20 m","m",{"v":11289.2871,"d":"11,289.2871"}]
["M2839","Chapa múltipla metálica corrugada galvanizada tipo MP 152 ou similar para passagem de gado - E = 2,70 mm, H = 3,10 m e vão = 2,90 m","m",{"v":14827.3243,"d":"14,827.3243"}]
["M2840","Chapa múltipla metálica corrugada galvanizada tipo MP 152 ou similar para passagem inferior - E = 2,70 mm, H = 3,50 m e vão = 3,70 m","m",{"v":17215.157,"d":"17,215.1570"}]
["M2841","Chapa múltipla metálica corrugada galvanizada tipo MP 152 ou similar para passagem inferior - E = 2,70 mm, H = 3,60 m e vão = 3,90 m","m",{"v":18102.8301,"d":"18,102.8301"}]
["M2842","Chapa múltipla metálica corrugada galvanizada tipo MP 152 ou similar para passagem inferior - E = 2,70 mm, H = 3,75 m e vão = 4,00 m","m",{"v":18698.267,"d":"18,698.2670"}]
["M2843","Chapa múltipla metálica corrugada galvanizada tipo MP 152 ou similar para passagem inferior - E = 2,70 mm, H = 3,90 m e vão = 4,20 m","m",{"v":19296.1741,"d":"19,296.1741"}]
["M2844","Chapa múltipla metálica corrugada galvanizada tipo MP 152 ou similar para passagem inferior - E = 2,70 mm, H = 4,10 m e vão = 4,25 m","m",{"v":19892.41,"d":"19,892.4100"}]
["M2845","Chapa múltipla metálica corrugada galvanizada tipo MP 152 ou similar para passagem inferior - E = 2,70 mm, H = 4,25 m e vão = 4,40 m","m",{"v":20781.2172,"d":"20,781.2172"}]
["M2846","Chapa múltipla metálica corrugada galvanizada tipo MP 152 ou similar para passagem inferior - E = 2,70 mm, H = 4,40 m e vão = 4,50 m","m",{"v":21375.9254,"d":"21,375.9254"}]
["M2847","Chapa múltipla metálica corrugada galvanizada tipo MP 152 ou similar para passagem inferior - E = 3,40 mm, H = 4,50 m e vão = 4,70 m","m",{"v":26468.7841,"d":"26,468.7841"}]
["M2848","Chapa múltipla metálica corrugada galvanizada tipo MP 152 ou similar para passagem inferior - E = 3,40 mm, H = 4,75 m e vão = 4,80 m","m",{"v":27813.3985,"d":"27,813.3985"}]
["M2849","Chapa múltipla metálica corrugada galvanizada tipo MP 152 ou similar para passagem inferior - E = 3,40 mm, H = 4,85 m e vão = 5,00 m","m",{"v":28554.4307,"d":"28,554.4307"}]
["M2850","Chapa múltipla metálica corrugada galvanizada tipo MP 152 ou similar para passagem inferior - E = 3,40 mm, H = 4,90 m e vão = 5,15 m","m",{"v":29288.7897,"d":"29,288.7897"}]
["M2851","Chapa múltipla metálica corrugada galvanizada tipo MP 152 ou similar para passagem inferior - E = 3,40 mm, H = 5,00 m e vão = 5,25 m","m",{"v":29648.9695,"d":"29,648.9695"}]
["M2852","Chapa múltipla metálica corrugada galvanizada tipo MP 152 ou similar para passagem inferior - E = 3,40 mm, H = 5,30 m e vão = 5,30 m","m",{"v":31015.1682,"d":"31,015.1682"}]
["M2853","Chapa múltipla metálica corrugada galvanizada tipo MP 152 ou similar para passagem inferior - E = 3,90 mm, H = 5,25 m e vão = 5,65 m","m",{"v":35601.2565,"d":"35,601.2565"}]
["M2854","Chapa múltipla metálica corrugada galvanizada tipo MP 152 ou similar para passagem inferior - E = 4,70 mm, H = 5,30 m e vão = 5,85 m","m",{"v":42338.1864,"d":"42,338.1864"}]
["M2855","Chapa múltipla metálica corrugada galvanizada tipo MP 152 ou similar para passagem inferior - E = 4,70 mm, H = 5,45 m e vão = 6,00 m","m",{"v":43292.6707,"d":"43,292.6707"}]
["M2856","Chapa múltipla metálica corrugada galvanizada tipo MP 152 ou similar para passagem inferior - E = 4,70 mm, H = 5,50 m e vão = 6,25 m","m",{"v":44247.0001,"d":"44,247.0001"}]
["M2857","Chapa múltipla metálica corrugada galvanizada de arco alto tipo MP 152S ou similar - E = 4,70 mm, H = 2,77 m e vão = 6,12 m","m",{"v":25840.7867,"d":"25,840.7867"}]
["M2858","Chapa múltipla metálica corrugada galvanizada de arco alto tipo MP 152S ou similar - E = 4,70 mm, H = 3,68 m e vão = 6,30 m","m",{"v":29625.5307,"d":"29,625.5307"}]
["M2859","Chapa múltipla metálica corrugada galvanizada de arco alto tipo MP 152S ou similar - E = 4,70 mm, H = 3,56 m e vão = 6,55 m","m",{"v":30158.7866,"d":"30,158.7866"}]
["M2860","Chapa múltipla metálica corrugada galvanizada de arco alto tipo MP 152S ou similar - E = 4,70 mm, H = 4,42 m e vão = 6,96 m","m",{"v":35992.7015,"d":"35,992.7015"}]
["M2861","Chapa múltipla metálica corrugada galvanizada de arco alto tipo MP 152S ou similar - E = 4,70 mm, H = 3,61 m e vão = 6,78 m","m",{"v":31851.7334,"d":"31,851.7334"}]
["M2862","Chapa múltipla metálica corrugada galvanizada de arco alto tipo MP 152S ou similar - E = 4,70 mm, H = 4,27 m e vão = 6,99 m","m",{"v":35869.9896,"d":"35,869.9896"}]
["M2863","Chapa múltipla metálica corrugada galvanizada de arco alto tipo MP 152S ou similar - E = 4,70 mm, H = 3,63 m e vão = 7,01 m","m",{"v":32394.4907,"d":"32,394.4907"}]
["M2864","Chapa múltipla metálica corrugada galvanizada de arco alto tipo MP 152S ou similar - E = 4,70 mm, H = 4,52 m e vão = 7,42 m","m",{"v":37472.8582,"d":"37,472.8582"}]
["M2865","Chapa múltipla metálica corrugada galvanizada de arco alto tipo MP 152S ou similar - E = 4,70 mm, H = 3,68 m e vão = 7,24 m","m",{"v":32922.0939,"d":"32,922.0939"}]
["M2866","Chapa múltipla metálica corrugada galvanizada de arco alto tipo MP 152S ou similar - E = 4,70 mm, H = 4,19 m e vão = 7,47 m","m",{"v":35593.8839,"d":"35,593.8839"}]
["M2867","Chapa múltipla metálica corrugada galvanizada de arco alto tipo MP 152S ou similar - E = 4,70 mm, H = 4,60 m e vão = 7,85 m","m",{"v":38539.4588,"d":"38,539.4588"}]
["M2868","Chapa múltipla metálica corrugada galvanizada de arco alto tipo MP 152S ou similar - E = 4,70 mm, H = 3,99 m e vão = 7,67 m","m",{"v":35066.1859,"d":"35,066.1859"}]
["M2869","Chapa múltipla metálica corrugada galvanizada de arco alto tipo MP 152S ou similar - E = 4,70 mm, H = 4,65 m e vão = 8,08 m","m",{"v":39069.4955,"d":"39,069.4955"}]
["M2870","Chapa múltipla metálica corrugada galvanizada de arco alto tipo MP 152S ou similar - E = 4,70 mm, H = 4,04 m e vão = 7,90 m","m",{"v":35992.7015,"d":"35,992.7015"}]
["M2871","Chapa múltipla metálica corrugada galvanizada de arco alto tipo MP 152S ou similar - E = 4,70 mm, H = 4,70 m e vão = 8,31 m","m",{"v":40014.009,"d":"40,014.0090"}]
["M2872","Chapa múltipla metálica corrugada galvanizada de arco alto tipo MP 152S ou similar - E = 4,70 mm, H = 4,11 m e vão = 8,36 m","m",{"v":37066.125,"d":"37,066.1250"}]
["M2873","Chapa múltipla metálica corrugada galvanizada de arco alto tipo MP 152S ou similar - E = 4,70 mm, H = 5,00 m e vão = 8,97 m","m",{"v":42144.0725,"d":"42,144.0725"}]
["M2874","Chapa múltipla metálica corrugada galvanizada de arco alto tipo MP 152S ou similar - E = 4,70 mm, H = 4,39 m e vão = 8,59 m","m",{"v":38662.1703,"d":"38,662.1703"}]
["M2875","Chapa múltipla metálica corrugada galvanizada de arco alto tipo MP 152S ou similar - E = 4,70 mm, H = 5,49 m e vão = 9,17 m","m",{"v":44814.6664,"d":"44,814.6664"}]
["M2876","Chapa múltipla metálica corrugada galvanizada de arco alto tipo MP 152S ou similar - E = 4,70 mm, H = 4,70 m e vão = 9,22 m","m",{"v":42021.3664,"d":"42,021.3664"}]
["M2877","Chapa múltipla metálica corrugada galvanizada de arco alto tipo MP 152S ou similar - E = 4,70 mm, H = 5,59 m e vão = 9,63 m","m",{"v":46283.5682,"d":"46,283.5682"}]
["M2878","Chapa múltipla metálica corrugada galvanizada de arco alto tipo MP 152S ou similar - E = 4,70 mm, H = 4,75 m e vão = 9,45 m","m",{"v":42542.8931,"d":"42,542.8931"}]
["M2879","Chapa múltipla metálica corrugada galvanizada de arco alto tipo MP 152S ou similar - E = 4,70 mm, H = 5,41 m e vão = 9,65 m","m",{"v":45762.0387,"d":"45,762.0387"}]
["M2880","Chapa múltipla metálica corrugada galvanizada de arco alto tipo MP 152S ou similar - E = 4,70 mm, H = 6,07 m e vão = 9,86 m","m",{"v":49771.8455,"d":"49,771.8455"}]
["M2881","Chapa múltipla metálica corrugada galvanizada de arco alto tipo MP 152S ou similar - E = 4,70 mm, H = 5,23 m e vão = 9,68 m","m",{"v":45213.4843,"d":"45,213.4843"}]
["M2882","Chapa múltipla metálica corrugada galvanizada de arco alto tipo MP 152S ou similar - E = 4,70 mm, H = 6,12 m e vão = 10,08 m","m",{"v":50293.375,"d":"50,293.3750"}]
["M2883","Chapa múltipla metálica corrugada galvanizada de arco alto tipo MP 152S ou similar - E = 4,70 mm, H = 5,28 m e vão = 9,91 m","m",{"v":45762.0387,"d":"45,762.0387"}]
["M2884","Chapa múltipla metálica corrugada galvanizada de arco alto tipo MP 152S ou similar - E = 4,70 mm, H = 6,17 m e vão = 10,31 m","m",{"v":50844.9184,"d":"50,844.9184"}]
["M2885","Chapa múltipla metálica corrugada galvanizada de arco alto tipo MP 152S ou similar - E = 4,70 mm, H = 5,38 m e vão = 10,36 m","m",{"v":47216.1184,"d":"47,216.1184"}]
["M2886","Chapa múltipla metálica corrugada galvanizada de arco alto tipo MP 152S ou similar - E = 4,70 mm, H = 6,05 m e vão = 10,54 m","m",{"v":51243.7332,"d":"51,243.7332"}]
["M2887","Chapa múltipla metálica corrugada galvanizada de arco alto tipo MP 152S ou similar - E = 4,70 mm, H = 6,48 m e vão = 10,74 m","m",{"v":53376.7923,"d":"53,376.7923"}]
["M2888","Chapa múltipla metálica corrugada galvanizada de arco alto tipo MP 152S ou similar - E = 4,70 mm, H = 7,12 m e vão = 11,35 m","m",{"v":57384.6478,"d":"57,384.6478"}]
["M2889","Chapa múltipla metálica corrugada galvanizada de arco alto tipo MP 152S ou similar - E = 6,40 mm, H = 5,41 m e vão = 10,57 m","m",{"v":63233.6491,"d":"63,233.6491"}]
["M2890","Chapa múltipla metálica corrugada galvanizada de arco alto tipo MP 152S ou similar - E = 6,40 mm, H = 6,10 m e vão = 10,77 m","m",{"v":68545.1581,"d":"68,545.1581"}]
["M2891","Chapa múltipla metálica corrugada galvanizada de arco alto tipo MP 152S ou similar - E = 6,40 mm, H = 6,53 m e vão = 10,97 m","m",{"v":71450.7541,"d":"71,450.7541"}]
["M2892","Chapa múltipla metálica corrugada galvanizada de arco alto tipo MP 152S ou similar - E = 6,40 mm, H = 7,16 m e vão = 11,58 m","m",{"v":76781.1755,"d":"76,781.1755"}]
["M2893","Chapa múltipla metálica corrugada galvanizada tipo MP 152S ovoide ou similar - E = 4,70 mm, H = 7,82 m e vão = 7,21 m","m",{"v":60772.5542,"d":"60,772.5542"}]
["M2894","Chapa múltipla metálica corrugada galvanizada tipo MP 152S ovoide ou similar - E = 4,70 mm, H = 7,87 m e vão = 7,31 m","m",{"v":63195.9717,"d":"63,195.9717"}]
["M2895","Chapa múltipla metálica corrugada galvanizada tipo MP 152S ovoide ou similar - E = 4,70 mm, H = 7,90 m e vão = 7,77 m","m",{"v":64254.3718,"d":"64,254.3718"}]
["M2896","Chapa múltipla metálica corrugada galvanizada tipo MP 152S ovoide ou similar - E = 4,70 mm, H = 8,44 m e vão = 7,57 m","m",{"v":65474.7487,"d":"65,474.7487"}]
["M2897","Chapa múltipla metálica corrugada galvanizada tipo MP 152S ovoide ou similar - E = 4,70 mm, H = 8,23 m e vão = 8,36 m","m",{"v":69743.4956,"d":"69,743.4956"}]
["M2898","Chapa múltipla metálica corrugada galvanizada tipo MP 152S ovoide ou similar - E = 4,70 mm, H = 8,01 m e vão = 8,13 m","m",{"v":68530.0411,"d":"68,530.0411"}]
["M2899","Chapa múltipla metálica corrugada galvanizada tipo MP 152S ovoide ou similar - E = 4,70 mm, H = 8,48 m e vão = 8,56 m","m",{"v":69745.3876,"d":"69,745.3876"}]
["M2900","Chapa múltipla metálica corrugada galvanizada tipo MP 152S ovoide ou similar - E = 4,70 mm, H = 9,32 m e vão = 8,71 m","m",{"v":74039.3962,"d":"74,039.3962"}]
["M2901","Chapa múltipla metálica corrugada galvanizada tipo MP 152S ovoide ou similar - E = 4,70 mm, H = 9,04 m e vão = 9,15 m","m",{"v":74560.9257,"d":"74,560.9257"}]
["M2902","Chapa múltipla metálica corrugada galvanizada tipo MP 152S ovoide ou similar - E = 4,70 mm, H = 9,50 m e vão = 9,15 m","m",{"v":74657.3242,"d":"74,657.3242"}]
["M2908","Terminal absorvedor de energia de abertura com nível de contenção TL3 para defensa metálica","un",{"v":21499.99,"d":"21,499.9900"}]
["M2909","Terminal absorvedor de energia de não abertura com nível de contenção TL3 para defensa metálica","un",{"v":47150,"d":"47,150.0000"}]
["M2979","Chumbador em aço CA 25","kg",10.2477]
["M3089","Arame liso em aço galvanizado - D = 1,24 mm (18 BWG)","kg",{"v":20.399,"d":"20.3990"}]
["M3091","Porca sextavada em aço para ancoragem de tirantes - 20 mm ≤ D ≤ 40 mm","un",45.8717]
["M3093","Tela de poliamida - malha de 60 fios/cm","m²",{"v":18.9,"d":"18.9000"}]
["M3094","Tirante de barra de aço - tensão de escoamento = 500 MPa, tensão de ruptura = 550 MPa e D = 32 mm","m",{"v":103.95,"d":"103.9500"}]
["M3095","Válvula manchete - D = 20 mm","un",2.3068]
["M3126","Barra chata em aço galvanizado","kg",14.9119]
["M3127","Luva para bainha metálica - D = 30 mm","un",3.0406]
["M3128","Luva para bainha metálica - D = 35 mm","un",3.2108]
["M3129","Luva para bainha metálica - D = 40 mm","un",3.5214]
["M3130","Luva para bainha metálica - D = 45 mm","un",3.9278]
["M3131","Luva para bainha metálica - D = 50 mm","un",4.1971]
["M3132","Luva para bainha metálica - D = 55 mm","un",4.7842]
["M3133","Luva para bainha metálica - D = 60 mm","un",5.0725]
["M3134","Luva para bainha metálica - D = 65 mm","un",5.4798]
["M3135","Luva para bainha metálica - D = 70 mm","un",{"v":5.537,"d":"5.5370"}]
["M3136","Luva para bainha metálica - D = 75 mm","un",6.1316]
["M3137","Luva para bainha metálica - D = 80 mm","un",6.3036]
["M3138","Luva para bainha metálica - D = 85 mm","un",6.6716]
["M3139","Luva para bainha metálica - D = 90 mm","un",7.1521]
["M3140","Luva para bainha metálica - D = 95 mm","un",7.5225]
["M3141","Luva para bainha metálica - D = 100 mm","un",7.8556]
["M3142","Luva para bainha metálica - D = 110 mm","un",8.6523]
["M3143","Luva para bainha metálica - D = 120 mm","un",9.4226]
["M3144","Luva para bainha metálica - D = 130 mm","un",10.8522]
["M3145","Luva para bainha metálica ovalizada de 19 x 36 mm","un",6.6515]
["M3146","Luva para bainha metálica ovalizada de 19 x 48 mm","un",7.0732]
["M3147","Luva para bainha metálica ovalizada de 19 x 62 mm","un",7.3898]
["M3148","Luva para bainha metálica ovalizada de 22 x 32 mm","un",7.8744]
["M3149","Luva para bainha metálica ovalizada de 22 x 55 mm","un",8.1472]
["M3150","Luva para bainha metálica ovalizada de 22 x 73 mm","un",8.6087]
["M3153","Tinta em pó à base de resina poliéster","kg",67.6608]
["M3170","Apoio de neoprene não fretado - C = 100 mm, L = 100 mm e E = 20 mm","un",21.9843]
["M3171","Porca sextavada em aço galvanizado para parafuso - D = 9,525 mm (3/8\")","un",0.3481]
["M3172","Porca sextavada em aço galvanizado para parafuso - D = 12 mm (M12)","un",0.8172]
["M3173","Parafuso de cabeça sextavada em aço galvanizado, classe 8.8 - D = 12 mm (M12) e C = 30 mm","un",2.0999]
["M3174","Ligação tipo barra chata em aço galvanizado para contenção - L = 45 mm e E = 4 mm","kg",17.0057]
["M3177","Fita metálica SAE 1010/1020 para solo reforçado - L = 50 mm e E = 4 mm","kg",20.0901]
["M3178","Material para aterro reforçado com fitas metálicas","m³","-"]
["M3179","Tubo PEAD PE 100 PN 5 para estais - D = 140 mm","m",477.9931]
["M3180","Tubo PEAD PE 100 PN 5 para estais - D = 160 mm","m",637.3551]
["M3181","Tubo PEAD PE 100 PN 5 para estais - D = 180 mm","m",828.3633]
["M3182","Tubo PEAD PE 100 PN 5 para estais - D = 200 mm","m",956.1505]
["M3183","Tubo PEAD PE 100 PN 5 para estais - D = 225 mm","m",{"v":1211.1792,"d":"1,211.1792"}]
["M3184","Tubo PEAD PE 100 PN 5 para estais - D = 250 mm","m",{"v":1355.0296,"d":"1,355.0296"}]
["M3185","Tubo PEAD PE 100 PN 5 para estais - D = 280 mm","m",{"v":1578.4518,"d":"1,578.4518"}]
["M3186","Tubo PEAD PE 100 PN 5 para estais - D = 315 mm","m",{"v":1835.5976,"d":"1,835.5976"}]
["M3187","Tubo antivandalismo em aço galvanizado para estais de 12 cordoalhas - D = 15,7 mm","m",{"v":8948.554,"d":"8,948.5540"}]
["M3188","Tubo antivandalismo em aço galvanizado para estais de 19 cordoalhas - D = 15,7 mm","m",{"v":10609.658,"d":"10,609.6580"}]
["M3189","Tubo antivandalismo em aço galvanizado para estais de 22 cordoalhas - D = 15,7 mm","m",{"v":12401.2534,"d":"12,401.2534"}]
["M3190","Tubo antivandalismo em aço galvanizado para estais de 31 cordoalhas - D = 15,7 mm","m",{"v":15538.9455,"d":"15,538.9455"}]
["M3191","Tubo antivandalismo em aço galvanizado para estais de 37 cordoalhas - D = 15,7 mm","m",{"v":17931.3272,"d":"17,931.3272"}]
["M3192","Tubo antivandalismo em aço galvanizado para estais de 43 cordoalhas - D = 15,7 mm","m",{"v":23459.0133,"d":"23,459.0133"}]
["M3193","Tubo antivandalismo em aço galvanizado para estais de 55 cordoalhas - D = 15,7 mm","m",{"v":26452.7994,"d":"26,452.7994"}]
["M3194","Tubo antivandalismo em aço galvanizado para estais de 61 cordoalhas - D = 15,7 mm","m",{"v":30334.4847,"d":"30,334.4847"}]
["M3195","Tubo antivandalismo em aço galvanizado para estais de 73 cordoalhas - D = 15,7 mm","m",{"v":38491.8459,"d":"38,491.8459"}]
["M3196","Tubo antivandalismo em aço galvanizado para estais de 85 cordoalhas - D = 15,7 mm","m",{"v":44821.9649,"d":"44,821.9649"}]
["M3197","Tubo antivandalismo em aço galvanizado para estais de 91 cordoalhas - D = 15,7 mm","m",{"v":59430.9719,"d":"59,430.9719"}]
["M3198","Tubo fôrma lado fixo em aço galvanizado para estais de 12 cordoalhas - D = 15,7 mm","m",{"v":8378.8887,"d":"8,378.8887"}]
["M3199","Tubo fôrma lado fixo em aço galvanizado para estais de 19 cordoalhas - D = 15,7 mm","m",{"v":9881.0185,"d":"9,881.0185"}]
["M3200","Tubo fôrma lado fixo em aço galvanizado para estais de 22 cordoalhas - D = 15,7 mm","m",{"v":12126.3002,"d":"12,126.3002"}]
["M3201","Tubo fôrma lado fixo em aço galvanizado para estais de 31 cordoalhas - D = 15,7 mm","m",{"v":14970.8302,"d":"14,970.8302"}]
["M3202","Tubo fôrma lado fixo em aço galvanizado para estais de 37 cordoalhas - D = 15,7 mm","m",{"v":17519.9595,"d":"17,519.9595"}]
["M3203","Tubo fôrma lado fixo em aço galvanizado para estais de 43 cordoalhas - D = 15,7 mm","m",{"v":23060.3102,"d":"23,060.3102"}]
["M3204","Tubo fôrma lado fixo em aço galvanizado para estais de 55 cordoalhas - D = 15,7 mm","m",{"v":25757.4678,"d":"25,757.4678"}]
["M3205","Tubo fôrma lado fixo em aço galvanizado para estais de 61 cordoalhas - D = 15,7 mm","m",{"v":29788.4221,"d":"29,788.4221"}]
["M3206","Tubo fôrma lado fixo em aço galvanizado para estais de 73 cordoalhas - D = 15,7 mm","m",{"v":37881.8279,"d":"37,881.8279"}]
["M3207","Tubo fôrma lado fixo em aço galvanizado para estais de 85 cordoalhas - D = 15,7 mm","m",{"v":44300.7399,"d":"44,300.7399"}]
["M3208","Tubo fôrma lado fixo em aço galvanizado para estais de 91 cordoalhas - D = 15,7 mm","m",{"v":58688.9082,"d":"58,688.9082"}]
["M3209","Tubo fôrma lado regulável em aço galvanizado para estais de 12 cordoalhas - D = 15,7 mm","m",{"v":8366.3507,"d":"8,366.3507"}]
["M3210","Tubo fôrma lado regulável em aço galvanizado para estais de 19 cordoalhas - D = 15,7 mm","m",{"v":9881.0185,"d":"9,881.0185"}]
["M3211","Tubo fôrma lado regulável em aço galvanizado para estais de 22 cordoalhas - D = 15,7 mm","m",{"v":12126.3002,"d":"12,126.3002"}]
["M3212","Tubo fôrma lado regulável em aço galvanizado para estais de 31 cordoalhas - D = 15,7 mm","m",{"v":14970.8302,"d":"14,970.8302"}]
["M3213","Tubo fôrma lado regulável em aço galvanizado para estais de 37 cordoalhas - D = 15,7 mm","m",{"v":17519.9595,"d":"17,519.9595"}]
["M3214","Tubo fôrma lado regulável em aço galvanizado para estais de 43 cordoalhas - D = 15,7 mm","m",{"v":23060.3102,"d":"23,060.3102"}]
["M3215","Tubo fôrma lado regulável em aço galvanizado para estais de 55 cordoalhas - D = 15,7 mm","m",{"v":25757.4678,"d":"25,757.4678"}]
["M3216","Tubo fôrma lado regulável em aço galvanizado para estais de 61 cordoalhas - D = 15,7 mm","m",{"v":29788.4221,"d":"29,788.4221"}]
["M3217","Tubo fôrma lado regulável em aço galvanizado para estais de 73 cordoalhas - D = 15,7 mm","m",{"v":37881.8279,"d":"37,881.8279"}]
["M3218","Tubo fôrma lado regulável em aço galvanizado para estais de 85 cordoalhas - D = 15,7 mm","m",{"v":44301.5236,"d":"44,301.5236"}]
["M3219","Tubo fôrma lado regulável em aço galvanizado para estais de 91 cordoalhas - D = 15,7 mm","m",{"v":58688.9082,"d":"58,688.9082"}]
["M3220","Coroa de botões esféricos - Ring bit - D = 104 mm (4 3/32\")","un",{"v":1036.3349,"d":"1,036.3349"}]
["M3225","Película retrorrefletiva tipo III + SI (sinal impresso com película de sobreposição tipo V)","m²",{"v":415.537,"d":"415.5370"}]
["M3227","Tubo de revestimento em aço-carbono schedule 40 - DN = 101,6 mm (4\")","m",289.6052]
["M3228","Cimento asfáltico de petróleo com borracha - CAP 50/70 com 15% de borracha de pneu","t","-"]
["M3229","Película retrorrefletiva tipo I + SI (sinal impresso com película de sobreposição tipo V)","m²",{"v":211.457,"d":"211.4570"}]
["M3230","Chapa de poliéster reforçada com fibra de vidro - E = 2,0 mm","m²",113.9928]
["M3231","Chapa de alumínio composto (ACM) - E = 3,0 mm","m²",156.1818]
["M3232","Película retrorrefletiva tipo X + SI (sinal impresso com película de sobreposição tipo V)","m²",509.0469]
["M3233","Fita adesiva estrutural dupla-face - E = 2 mm e L = 25 mm","m",10.1974]
["M3235","Película retrorrefletiva tipo I","m²",131.3982]
["M3236","Película retrorrefletiva tipo III + SI","m²",384.2795]
["M3237","Película retrorrefletiva tipo III","m²",231.2892]
["M3238","Película não retrorrefletiva tipo IV","m²",123.9751]
["M3239","Película retrorrefletiva tipo X","m²",442.1358]
["M3240","Duto flexível de ventilação de poliéster aluminizado sem isolamento - D = 200 mm","m",11.4766]
["M3241","Cabo de cobre flexível antichama isolado em HEPR - tensão de 0,6/1,0 kV e seção de 2 x 6 mm²","m",14.3523]
["M3242","Cabo de cobre flexível antichama isolado em HEPR - tensão de 0,6/1,0 kV e seção de 4 x 6 mm²","m",25.4602]
["M3245","Tinta plástica à base de resina metacrílica aplicada a frio por aspersão (spray)","kg",48.8824]
["M3270","Ancoragem fixa para estais de 12 cordoalhas - D = 15,7 mm","un",{"v":11847.7657,"d":"11,847.7657"}]
["M3271","Ancoragem fixa para estais de 22 cordoalhas - D = 15,7 mm","un",{"v":17899.4742,"d":"17,899.4742"}]
["M3272","Ancoragem fixa para estais de 43 cordoalhas - D = 15,7 mm","un",{"v":37609.4531,"d":"37,609.4531"}]
["M3273","Ancoragem fixa para estais de 85 cordoalhas - D = 15,7 mm","un",{"v":74493.513,"d":"74,493.5130"}]
["M3274","Ancoragem regulável para estais de 12 cordoalhas - D = 15,7 mm","un",{"v":12190.3003,"d":"12,190.3003"}]
["M3275","Ancoragem regulável para estais de 22 cordoalhas - D = 15,7 mm","un",{"v":22354.2669,"d":"22,354.2669"}]
["M3276","Ancoragem regulável para estais de 43 cordoalhas - D = 15,7 mm","un",{"v":43699.0666,"d":"43,699.0666"}]
["M3277","Ancoragem regulável para estais de 85 cordoalhas - D = 15,7 mm","un",{"v":87124.6834,"d":"87,124.6834"}]
["M3278","Tubo PEAD PE 100 PN 5 para estais - D = 110 mm","m",286.8283]
["M3279","Arruela lisa em aço zincado branco para parafuso - D = 9,525 mm (3/8\")","un",0.1836]
["M3280","Viga de madeira - E = 5 cm e L = 11 cm","m",{"v":23.819,"d":"23.8190"}]
["M3353","Purgador plástico","un",1.1585]
["M3360","Chumbador de expansão controlada por torque em aço zincado para concreto - D = 8,0 mm","un",3.1804]
["M3361","Corrente de elo soldado em aço SAE 1010/1020 com acabamento polido - E = 25,00 mm (1\")","m",333.1049]
["M3362","Corrente de elo soldado em aço SAE 1010/1020 com acabamento polido - E = 12,50 mm (1/2\")","m",77.3471]
["M3363","Corrente de elo soldado em aço SAE 1010/1020 com acabamento polido - E = 19,00 mm (3/4\")","m",226.7952]
["M3364","Lanterna de sinalização náutica com acessórios de fixação - alcance 2 mn","un",{"v":3453.8906,"d":"3,453.8906"}]
["M3365","Lanterna de sinalização náutica com acessórios de fixação - alcance 3 mn","un",{"v":3839.4524,"d":"3,839.4524"}]
["M3366","Lanterna de sinalização náutica com acessórios de fixação - alcance 4 mn","un",{"v":6313.8831,"d":"6,313.8831"}]
["M3367","Lanterna de sinalização náutica com acessórios de fixação - alcance 6 mn","un",{"v":7752.1238,"d":"7,752.1238"}]
["M3368","Lanterna de sinalização náutica com acessórios de fixação - alcance 8 mn","un",{"v":8528.9982,"d":"8,528.9982"}]
["M3369","Manilha âncora em aço forjado com porca e cupilha - DN = 16,0 mm (5/8\")","un",51.5504]
["M3370","Manilha reta em aço forjado com porca e cupilha - DN = 38,1 mm (1 1/2\")","un",556.1753]
["M3371","Manilha reta em aço forjado com porca e cupilha - DN = 25,4 mm (1\")","un",132.6414]
["M3372","Suporte polimérico ecológico maciço colapsível para placa de sinalização - seção de 10 x 10 cm","m",367.2754]
["M3501","Placa de ancoragem para tirante de barra de aço - E = 12,7 mm e seção de 160 x 160 mm","un",81.6864]
["M3502","Mistura betuminosa","m³","-"]
["M3503","Material de base","m³","-"]
["M3504","Concreto","m³","-"]
["M3505","Material demolido - concreto simples","m³","-"]
["M3506","Material demolido - madeira","m³","-"]
["M3507","Revestimento asfáltico","m³","-"]
["M3508","Camada granular (base ou sub-base)","m³","-"]
["M3509","Remendo profundo","m³","-"]
["M3510","Material demolido - alvenaria","m³","-"]
["M3511","Acessórios e materiais metálicos","t","-"]
["M3512","Material demolido - concreto armado","m³","-"]
["M3513","Material de 3ª categoria","m³","-"]
["M3514","Solo","m³","-"]
["M3515","Grãos, agregados e solos derramados na pista","t","-"]
["M3516","Veículos de pequeno porte incendiados em rodovia","un","-"]
["M3518","Tinta à base de resina epóxi bicomponente","l",49.4506]
["M3519","Tinta à base de resina epóxi poliamida bicomponente para fundo preparador de pintura","l",89.9415]
["M3520","Tinta anticorrosiva à base de resina epóxi poliamida bicomponente","l",88.2512]
["M3521","Guincho manual com capacidade de tração de 100 kN com cabo de aço","un",{"v":109128.989,"d":"109,128.9890"}]
["M3522","Guincho manual com capacidade de tração de 200 kN com cabo de aço","un",{"v":148860.1603,"d":"148,860.1603"}]
["M3523","Pneu reaproveitado","un",51.6313]
["M3524","Sapatilha em aço inox - D = 13 mm (1/2\")","un",12.7134]
["M3525","Molinete manual com capacidade de tração de 70 kN","un",{"v":189542.5652,"d":"189,542.5652"}]
["M3526","Ânodo de sacrifício em liga de zinco - peso = 20 kg","un",{"v":1656.7106,"d":"1,656.7106"}]
["M3527","Cabo de aço - D = 42,00 mm (1 5/8\")","m",290.2007]
["M3528","Terminal soquete fechado em aço galvanizado compatível com cabo de aço de D = 42 mm","un",{"v":3831.7294,"d":"3,831.7294"}]
["M3529","Manilha reta em aço forjado com porca e cupilha - D = 57,2 mm (2 1/4\")","un",{"v":2050.2333,"d":"2,050.2333"}]
["M3530","Tubo mecânico em aço-carbono","kg",41.1213]
["M3718","Material combustível removido","t","-"]
["M3719","Blocos de rocha ou matacões","m³","-"]
["M3720","Material asfáltico removido","t","-"]
["M3721","Estrutura de pórtico metálico removida","un","-"]
["M3722","Estrutura de semipórtico duplo metálico removida","un","-"]
["M3723","Estrutura de semipórtico metálico removida","un","-"]
["M3727","Mangueira para hidrojateamento com pressão de trabalho de até 17,5 MPa (2.538 psi) - D = 25 mm (1\")","m",151.3869]
["M3728","Mangueira para sistema de sucção a vácuo com vazão de entrada de até 3,6 m³/h (60 l/min) - D = 72,5 mm (3\")","m",{"v":148.785,"d":"148.7850"}]
["M3729","Detritos removidos de bueiros","m³","-"]
["M3730","Material triturado - galhos e troncos","m³","-"]
["M3772","Canal monobloco com corpo e grelha em concreto polímero com efeito autolimpante - carga de controle de 400 kN - C = 100,0 cm, L = 15,0 cm e H = 23,0 cm","m",312.5247]
["M3773","Canal monobloco com corpo e grelha em concreto polímero com efeito autolimpante - carga de controle de 400 kN - C = 100,0 cm, L = 25,0 cm e H = 32,0 cm","m",529.8094]
["M3774","Canal monobloco com corpo e grelha em concreto polímero com efeito autolimpante - carga de controle de 900 kN - C = 100,0 cm, L = 16,0 cm e H = 26,5 cm","m",{"v":584.58,"d":"584.5800"}]
["M3775","Canal monobloco com corpo e grelha em concreto polímero com efeito autolimpante - carga de controle de 900 kN - C = 100,0 cm, L = 21,0 cm e H = 28,0 cm","m",589.8941]
["M3776","Canal monobloco com corpo e grelha em concreto polímero com efeito autolimpante - carga de controle de 900 kN - C = 100,0 cm, L = 21,0 cm e H = 38,0 cm","m",657.1653]
["M3777","Canal monobloco com corpo e grelha em concreto polímero com efeito autolimpante - carga de controle de 900 kN - C = 100,0 cm, L = 21,0 cm e H = 48,0 cm","m",856.0866]
["M3778","Canal monobloco com corpo e grelha em concreto polímero com efeito autolimpante - carga de controle de 900 kN - C = 100,0 cm, L = 26,0 cm e H = 33,0 cm","m",732.6442]
["M3779","Canal monobloco com corpo e grelha em concreto polímero com efeito autolimpante - carga de controle de 900 kN - C = 100,0 cm, L = 26,0 cm e H = 53,0 cm","m",956.8112]
["M3780","Canal monobloco com corpo e grelha em concreto polímero com efeito autolimpante - carga de controle de 900 kN - C = 200,0 cm, L = 40,0 cm e H = 59,5 cm","m",{"v":3902.5868,"d":"3,902.5868"}]
["M3781","Canal em polietileno e polipropileno com efeito autolimpante e grelha de encaixe em poliamida reforçada - carga de controle de 250 kN - C = 100,0 cm, L = 16,0 cm e H = 12,2 cm","m",252.8224]
["M3782","Canal em polietileno e polipropileno com efeito autolimpante e grelha de encaixe em poliamida reforçada - carga de controle de 250 kN - C = 100,0 cm, L = 16,0 cm e H = 17,2 cm","m",268.2577]
["M3783","Canal em polietileno e polipropileno com efeito autolimpante e grelha de encaixe em poliamida reforçada - carga de controle de 250 kN - C = 100,0 cm, L = 16,0 cm e H = 5,5 cm","m",{"v":238.058,"d":"238.0580"}]
["M3784","Canal em polietileno e polipropileno com efeito autolimpante e grelha de encaixe em ferro fundido dúctil - carga de controle de 400 kN - C = 100,0 cm, L = 14,7 cm e H = 15,7 cm","m",397.6262]
["M3785","Canal em polietileno e polipropileno com efeito autolimpante e grelha de encaixe em ferro fundido dúctil - carga de controle de 400 kN - C = 100,0 cm, L = 24,7 cm e H = 20,8 cm","m",898.1737]
["M3786","Canal em polietileno e polipropileno com efeito autolimpante e grelha de encaixe em ferro fundido dúctil - carga de controle de 400 kN - C = 100,0 cm, L = 34,9 cm e H = 25,8 cm","m",{"v":1803.1417,"d":"1,803.1417"}]
["M3787","Canal em polietileno e polipropileno com efeito autolimpante e grelha de encaixe em ferro fundido dúctil - carga de controle de 600 kN - C = 100,0 cm, L = 16,0 cm e H = 12,2 cm","m",509.2251]
["M3788","Canal em polietileno e polipropileno com efeito autolimpante e grelha de encaixe em ferro fundido dúctil - carga de controle de 600 kN - C = 100,0 cm, L = 21,2 cm e H = 18,0 cm","m",620.7695]
["M3789","Canal em polietileno e polipropileno com efeito autolimpante e grelha de encaixe em ferro fundido dúctil - carga de controle de 600 kN - C = 100,0 cm, L = 26,2 cm e H = 17,2 cm","m",795.8055]
["M3790","Canal em polietileno e polipropileno com efeito autolimpante e abertura de captação em ferro fundido dúctil - carga de controle de 900 kN - C = 100,0 cm, L = 21,0 cm e H = 57,9 cm","m",691.4184]
["M3791","Canal em polietileno e polipropileno com efeito autolimpante e abertura de captação em ferro fundido dúctil - carga de controle de 900 kN - C = 100,0 cm, L = 25,2 cm e H = 57,8 cm","m",{"v":1130.5025,"d":"1,130.5025"}]
["M3792","Canal em polietileno e polipropileno com efeito autolimpante e abertura de captação em ferro fundido dúctil - carga de controle de 900 kN - C = 100,0 cm, L = 42,0 cm e H = 95,0 cm","m",{"v":1410.4131,"d":"1,410.4131"}]
["M3793","Canal em polietileno e polipropileno com efeito autolimpante e abertura de captação em ferro fundido dúctil - carga de controle de 900 kN - C = 114,2 cm, L = 78,0 cm e H = 106,0 cm","m",{"v":1848.7038,"d":"1,848.7038"}]
["M3795","Custo equivalente da construção civil para construção do Estaleiro Padrão","m²",{"v":1721.85,"d":"1,721.8500"}]
["M3801","Animais de grande porte mortos em rodovia","t","-"]
["M3802","Animais de pequeno porte mortos em rodovia","t","-"]
["M3803","Emborrachados de pneus espalhados em rodovia","t","-"]
["M3804","Espécimes arbóreos de até 20 m tombados na pista","t","-"]
["M3805","Espécimes arbóreos de 20 a 40 m tombados na pista","t","-"]
["M3806","Sucatas derramadas em rodovia","t","-"]
["M3807","Veículos de grande porte incendiados em rodovia","un","-"]
["M3808","Veículos de médio porte incendiados em rodovia","un","-"]
["M3809","Veículos de grande porte tombados em rodovia","un","-"]
["M3810","Veículos de médio porte tombados em rodovia","un","-"]
["M3811","Veículos de pequeno porte tombados em rodovia","un","-"]
["M3813","Vidros, caixas e engradados derramados na pista","t","-"]
["M3821","Tacha refletiva em plástico injetado bidirecional com um pino - tipo I","un",13.8084]
["M3822","Tacha refletiva em plástico injetado bidirecional com um pino - tipo II","un",24.0728]
["M3823","Tacha refletiva em plástico injetado bidirecional com um pino - tipo III","un",24.6326]
["M3824","Tacha refletiva em plástico injetado bidirecional com um pino - tipo IV","un",24.4795]
["M3825","Tacha refletiva em plástico injetado bidirecional sem pino - tipo I","un",14.1509]
["M3826","Tacha refletiva em plástico injetado bidirecional sem pino - tipo II","un",20.7069]
["M3827","Tacha refletiva em plástico injetado bidirecional sem pino - tipo III","un",20.4892]
["M3828","Tacha refletiva em plástico injetado bidirecional sem pino - tipo IV","un",23.7842]
["M3829","Tacha refletiva em plástico injetado monodirecional com um pino - tipo I","un",11.3658]
["M3830","Tacha refletiva em plástico injetado monodirecional com um pino - tipo II","un",18.6771]
["M3831","Tacha refletiva em plástico injetado monodirecional com um pino - tipo III","un",19.8194]
["M3832","Tacha refletiva em plástico injetado monodirecional com um pino - tipo IV","un",29.1936]
["M3833","Tacha refletiva em plástico injetado monodirecional sem pino - tipo I","un",10.9212]
["M3834","Tacha refletiva em plástico injetado monodirecional sem pino - tipo II","un",17.6896]
["M3835","Tacha refletiva em plástico injetado monodirecional sem pino - tipo III","un",18.1671]
["M3836","Tacha refletiva em plástico injetado monodirecional sem pino - tipo IV","un",19.7087]
["M3837","Tacha refletiva em resina sintética bidirecional com um pino - tipo I","un",30.6642]
["M3838","Tacha refletiva em resina sintética bidirecional com um pino - tipo II","un",37.7754]
["M3839","Tacha refletiva em resina sintética bidirecional com um pino - tipo III","un",42.0382]
["M3840","Tacha refletiva em resina sintética bidirecional com um pino - tipo IV","un",{"v":30.347,"d":"30.3470"}]
["M3841","Tacha refletiva em resina sintética bidirecional sem pino - tipo I","un",30.1025]
["M3842","Tacha refletiva em resina sintética bidirecional sem pino - tipo II","un",37.1235]
["M3843","Tacha refletiva em resina sintética bidirecional sem pino - tipo III","un",41.2358]
["M3844","Tacha refletiva em resina sintética bidirecional sem pino - tipo IV","un",59.7913]
["M3845","Tacha refletiva em resina sintética monodirecional com um pino - tipo I","un",30.6642]
["M3846","Tacha refletiva em resina sintética monodirecional com um pino - tipo II","un",37.7754]
["M3847","Tacha refletiva em resina sintética monodirecional com um pino - tipo III","un",42.0382]
["M3848","Tacha refletiva em resina sintética monodirecional com um pino - tipo IV","un",29.6891]
["M3851","Tacha refletiva em resina sintética monodirecional sem pino - tipo I","un",29.9621]
["M3852","Tacha refletiva em resina sintética monodirecional sem pino - tipo II","un",37.0633]
["M3853","Tacha refletiva em resina sintética monodirecional sem pino - tipo III","un",41.2358]
["M3854","Tacha refletiva em resina sintética monodirecional sem pino - tipo IV","un",59.7913]
["M3855","Tacha refletiva metálica bidirecional com dois pinos - tipo II","un",26.1347]
["M3856","Tacha refletiva metálica bidirecional com dois pinos - tipo III","un",21.1498]
["M3857","Tacha refletiva metálica bidirecional com dois pinos - tipo IV","un",32.6012]
["M3858","Tacha refletiva metálica bidirecional com um pino - tipo II","un",23.4366]
["M3859","Tacha refletiva metálica bidirecional com um pino - tipo III","un",17.6092]
["M3860","Tacha refletiva metálica bidirecional com um pino - tipo IV","un",59.9406]
["M3861","Tacha refletiva metálica monodirecional com dois pinos - tipo II","un",20.9692]
["M3862","Tacha refletiva metálica monodirecional com dois pinos - tipo III","un",17.7496]
["M3863","Tacha refletiva metálica monodirecional com dois pinos - tipo IV","un",29.3077]
["M3864","Tacha refletiva metálica monodirecional com um pino - tipo II","un",17.3283]
["M3865","Tacha refletiva metálica monodirecional com um pino - tipo III","un",14.6904]
["M3866","Tacha refletiva metálica monodirecional com um pino - tipo IV","un",51.2145]
["M3867","Tachão refletivo em plástico injetado bidirecional","un",72.7614]
["M3868","Tachão refletivo em plástico injetado monodirecional","un",71.3071]
["M3869","Tachão refletivo em resina sintética bidirecional","un",54.8809]
["M3870","Tachão refletivo em resina sintética monodirecional","un",52.9251]
["M3900","Emulsão asfáltica com polímero - RR-1C-E","t","-"]
["M3901","Reservatório metálico tipo taça - capacidade de 5.000 l","un",{"v":13827.0992,"d":"13,827.0992"}]
["M3902","Reservatório metálico tipo taça - capacidade de 10.000 l","un",{"v":19791.736,"d":"19,791.7360"}]
["M3903","Reservatório metálico tipo taça - capacidade de 20.000 l","un",{"v":32787.7863,"d":"32,787.7863"}]
["M3904","Reservatório metálico tipo taça - capacidade de 30.000 l","un",{"v":46271.4898,"d":"46,271.4898"}]
["M3905","AMV tipo TR37, abertura 1:8, bitola métrica","un","-"]
["M3906","AMV tipo TR37, abertura 1:10, bitola métrica","un","-"]
["M3907","AMV tipo TR37, abertura 1:12, bitola métrica","un","-"]
["M3908","AMV tipo TR37, abertura 1:14, bitola métrica","un","-"]
["M3909","Bico para corte a plasma manual - 65A","un",57.5002]
["M3910","Bico para corte a plasma manual - 45A","un",55.6948]
["M3911","Bocal para corte a plasma manual - 45A/65A","un",143.0707]
["M3912","Capa de retenção para corte a plasma manual - 45A/65A","un",271.7494]
["M3913","Eletrodo para corte a plasma manual - 45A/65A","un",76.1141]
["M3914","Distribuidor de gás para corte a plasma manual - 45A/65A","un",173.0741]
["M3915","Parafuso de cabeça sextavada em aço inox - D = 12,7 mm (1/2\") e C = 38,1 mm (1.1/2\")","un",3.5258]
["M3916","Porca sextavada em aço inox para parafuso - D = 12,7 mm (1/2\")","un",1.4123]
["M3917","Arruela lisa em aço inox - D = 12,7 mm (1/2\")","un",{"v":0.867,"d":"0.8670"}]
["M3918","Disco de corte com 80 dentes multimaterial - D = 250 mm","un",340.9945]
["M3919","Lixa d'água Nº 360","un",1.1214]
["M3920","Diluente para tinta epóxi bicomponente ou tricomponente","l",54.9783]
["M3921","Tinta à base de resina epóxi óxido de ferro","l",139.0822]
["M3922","Diluente para esmalte poliuretano de dois componentes","l",82.4728]
["M3923","Tinta esmalte poliuretano bicomponente","l",169.1583]
["M3924","Catalisador para tinta fosfatizante","l",52.1675]
["M3925","Tinta fosfatizante para fundo preparador de pintura","l",70.0432]
["M3926","Luva em aço galvanizado com rosca BSP classe leve - D = 12,5 mm (1/2\")","un",2.7971]
["M3927","Plug tipo bujão em aço galvanizado com rosca BSP - D = 15 mm (1/2\")","un",4.1573]
["M3928","Tubo em aço-carbono - E = 3,35 mm e D = 80 mm (3\")","m",43.7983]
["M3929","Tubo em aço-carbono - E = 3,00 mm e D = 150 mm (6\")","m",140.5365]
["M3931","Cantoneira em alumínio de abas iguais - L = 38,1 mm e E = 4,76 mm","kg",34.7854]
["M3932","Parafuso de cabeça sextavada em aço inox - D = 8 mm (M8) e C = 20 mm","un",1.5346]
["M3933","Porca sextavada em aço inox para parafuso - D = 8 mm (M8)","un",0.5113]
["M3934","Arruela lisa em aço inox para parafuso - D = 8,4 mm (M8)","un",0.2615]
["M3935","Arruela de pressão em aço inox para parafuso - D = 8,1 mm (M8)","un",0.2777]
["M3936","Parafuso de cabeça sextavada em aço inox - D = 12,7 mm (1/2\") e C = 19,05 mm (3/4\")","un",4.5913]
["M3939","Barra redonda em aço SAE 1020 - D = 25,4 mm (1\")","m",41.3333]
["M3947","Tubo em aço - E = 3,00 mm e seção de 40 x 40 mm","m",{"v":20.632,"d":"20.6320"}]
["M3949","Desmoldante para fôrmas metálicas","l",15.2157]
["M4413","Arame E70S6 para solda MIG/MAG - D = 0,9 mm","kg",{"v":27.182,"d":"27.1820"}]

{"sheet":"SINAPI NAO DES","index":27,"n_rows":12562,"n_cols":4,"rows_kept":12562,"flags":["formulas_cached_only"]}
["        PRECOS DE INSUMOS"]
[""]
["MES DE COLETA: 10/2022"]
["LOCALIDADE: 4160 - CUIABA"]
["ENCARGOS SOCIAIS (%) HORISTA 114,45  MENSALISTA  72,21"]
[""]
["CODIGO  ","DESCRICAO DO INSUMO","UNIDADE","  PRECO MEDIANO R$"]
[97141,"ASSENTAMENTO DE TUBO DE FERRO FUNDIDO PARA REDE DE ÁGUA, DN 80 MM, JUNTA ELÁSTICA, INSTALADO EM LOCAL COM NÍVEL ALTO DE INTERFERÊNCIAS (NÃO INCLUI FORNECIMENTO). AF_05/2024","M","4,00"]
[97142,"ASSENTAMENTO DE TUBO DE FERRO FUNDIDO PARA REDE DE ÁGUA, DN 100 MM, JUNTA ELÁSTICA, INSTALADO EM LOCAL COM NÍVEL ALTO DE INTERFERÊNCIAS (NÃO INCLUI FORNECIMENTO). AF_05/2024","M","4,60"]
[97143,"ASSENTAMENTO DE TUBO DE FERRO FUNDIDO PARA REDE DE ÁGUA, DN 150 MM, JUNTA ELÁSTICA, INSTALADO EM LOCAL COM NÍVEL ALTO DE INTERFERÊNCIAS (NÃO INCLUI FORNECIMENTO). AF_05/2024","M","6,04"]
[97144,"ASSENTAMENTO DE TUBO DE FERRO FUNDIDO PARA REDE DE ÁGUA, DN 200 MM, JUNTA ELÁSTICA, INSTALADO EM LOCAL COM NÍVEL ALTO DE INTERFERÊNCIAS (NÃO INCLUI FORNECIMENTO). AF_05/2024","M","7,50"]
[97145,"ASSENTAMENTO DE TUBO DE FERRO FUNDIDO PARA REDE DE ÁGUA, DN 250 MM, JUNTA ELÁSTICA, INSTALADO EM LOCAL COM NÍVEL ALTO DE INTERFERÊNCIAS (NÃO INCLUI FORNECIMENTO). AF_05/2024","M","8,97"]
[97146,"ASSENTAMENTO DE TUBO DE FERRO FUNDIDO PARA REDE DE ÁGUA, DN 300 MM, JUNTA ELÁSTICA, INSTALADO EM LOCAL COM NÍVEL ALTO DE INTERFERÊNCIAS (NÃO INCLUI FORNECIMENTO). AF_05/2024","M","10,44"]
[97147,"ASSENTAMENTO DE TUBO DE FERRO FUNDIDO PARA REDE DE ÁGUA, DN 350 MM, JUNTA ELÁSTICA, INSTALADO EM LOCAL COM NÍVEL ALTO DE INTERFERÊNCIAS (NÃO INCLUI FORNECIMENTO). AF_05/2024","M","11,93"]
[97148,"ASSENTAMENTO DE TUBO DE FERRO FUNDIDO PARA REDE DE ÁGUA, DN 400 MM, JUNTA ELÁSTICA, INSTALADO EM LOCAL COM NÍVEL ALTO DE INTERFERÊNCIAS (NÃO INCLUI FORNECIMENTO). AF_05/2024","M","13,40"]
[97149,"ASSENTAMENTO DE TUBO DE FERRO FUNDIDO PARA REDE DE ÁGUA, DN 450 MM, JUNTA ELÁSTICA, INSTALADO EM LOCAL COM NÍVEL ALTO DE INTERFERÊNCIAS (NÃO INCLUI FORNECIMENTO). AF_05/2024","M","14,91"]
[97150,"ASSENTAMENTO DE TUBO DE FERRO FUNDIDO PARA REDE DE ÁGUA, DN 500 MM, JUNTA ELÁSTICA, INSTALADO EM LOCAL COM NÍVEL ALTO DE INTERFERÊNCIAS (NÃO INCLUI FORNECIMENTO). AF_05/2024","M","19,73"]
[97151,"ASSENTAMENTO DE TUBO DE FERRO FUNDIDO PARA REDE DE ÁGUA, DN 600 MM, JUNTA ELÁSTICA, INSTALADO EM LOCAL COM NÍVEL ALTO DE INTERFERÊNCIAS (NÃO INCLUI FORNECIMENTO). AF_05/2024","M","23,24"]
[97152,"ASSENTAMENTO DE TUBO DE FERRO FUNDIDO PARA REDE DE ÁGUA, DN 700 MM, JUNTA ELÁSTICA, INSTALADO EM LOCAL COM NÍVEL ALTO DE INTERFERÊNCIAS (NÃO INCLUI FORNECIMENTO). AF_05/2024","M","26,44"]
[97153,"ASSENTAMENTO DE TUBO DE FERRO FUNDIDO PARA REDE DE ÁGUA, DN 800 MM, JUNTA ELÁSTICA, INSTALADO EM LOCAL COM NÍVEL ALTO DE INTERFERÊNCIAS (NÃO INCLUI FORNECIMENTO). AF_05/2024","M","29,84"]
[97154,"ASSENTAMENTO DE TUBO DE FERRO FUNDIDO PARA REDE DE ÁGUA, DN 900 MM, JUNTA ELÁSTICA, INSTALADO EM LOCAL COM NÍVEL ALTO DE INTERFERÊNCIAS (NÃO INCLUI FORNECIMENTO). AF_05/2024","M","33,27"]
[97155,"ASSENTAMENTO DE TUBO DE FERRO FUNDIDO PARA REDE DE ÁGUA, DN 1000 MM, JUNTA ELÁSTICA, INSTALADO EM LOCAL COM NÍVEL ALTO DE INTERFERÊNCIAS (NÃO INCLUI FORNECIMENTO). AF_05/2024","M","36,72"]
[97156,"ASSENTAMENTO DE TUBO DE FERRO FUNDIDO PARA REDE DE ÁGUA, DN 1200 MM, JUNTA ELÁSTICA, INSTALADO EM LOCAL COM NÍVEL ALTO DE INTERFERÊNCIAS (NÃO INCLUI FORNECIMENTO). AF_05/2024","M","44,09"]
[97157,"ASSENTAMENTO DE TUBO DE FERRO FUNDIDO PARA REDE DE ÁGUA, DN 80 MM, JUNTA ELÁSTICA, INSTALADO EM LOCAL COM NÍVEL BAIXO DE INTERFERÊNCIAS (NÃO INCLUI FORNECIMENTO). AF_05/2024","M","3,04"]
[97158,"ASSENTAMENTO DE TUBO DE FERRO FUNDIDO PARA REDE DE ÁGUA, DN 100 MM, JUNTA ELÁSTICA, INSTALADO EM LOCAL COM NÍVEL BAIXO DE INTERFERÊNCIAS (NÃO INCLUI FORNECIMENTO). AF_05/2024","M","3,54"]
[97159,"ASSENTAMENTO DE TUBO DE FERRO FUNDIDO PARA REDE DE ÁGUA, DN 150 MM, JUNTA ELÁSTICA, INSTALADO EM LOCAL COM NÍVEL BAIXO DE INTERFERÊNCIAS (NÃO INCLUI FORNECIMENTO). AF_05/2024","M","4,73"]
[97160,"ASSENTAMENTO DE TUBO DE FERRO FUNDIDO PARA REDE DE ÁGUA, DN 200 MM, JUNTA ELÁSTICA, INSTALADO EM LOCAL COM NÍVEL BAIXO DE INTERFERÊNCIAS (NÃO INCLUI FORNECIMENTO). AF_05/2024","M","5,93"]
[97161,"ASSENTAMENTO DE TUBO DE FERRO FUNDIDO PARA REDE DE ÁGUA, DN 250 MM, JUNTA ELÁSTICA, INSTALADO EM LOCAL COM NÍVEL BAIXO DE INTERFERÊNCIAS (NÃO INCLUI FORNECIMENTO). AF_05/2024","M","7,15"]
[97162,"ASSENTAMENTO DE TUBO DE FERRO FUNDIDO PARA REDE DE ÁGUA, DN 300 MM, JUNTA ELÁSTICA, INSTALADO EM LOCAL COM NÍVEL BAIXO DE INTERFERÊNCIAS (NÃO INCLUI FORNECIMENTO). AF_05/2024","M","8,36"]
[97163,"ASSENTAMENTO DE TUBO DE FERRO FUNDIDO PARA REDE DE ÁGUA, DN 350 MM, JUNTA ELÁSTICA, INSTALADO EM LOCAL COM NÍVEL BAIXO DE INTERFERÊNCIAS (NÃO INCLUI FORNECIMENTO). AF_05/2024","M","9,58"]
[97164,"ASSENTAMENTO DE TUBO DE FERRO FUNDIDO PARA REDE DE ÁGUA, DN 400 MM, JUNTA ELÁSTICA, INSTALADO EM LOCAL COM NÍVEL BAIXO DE INTERFERÊNCIAS (NÃO INCLUI FORNECIMENTO). AF_05/2024","M","10,82"]
[97165,"ASSENTAMENTO DE TUBO DE FERRO FUNDIDO PARA REDE DE ÁGUA, DN 450 MM, JUNTA ELÁSTICA, INSTALADO EM LOCAL COM NÍVEL BAIXO DE INTERFERÊNCIAS (NÃO INCLUI FORNECIMENTO). AF_05/2024","M","12,07"]
[97166,"ASSENTAMENTO DE TUBO DE FERRO FUNDIDO PARA REDE DE ÁGUA, DN 500 MM, JUNTA ELÁSTICA, INSTALADO EM LOCAL COM NÍVEL BAIXO DE INTERFERÊNCIAS (NÃO INCLUI FORNECIMENTO). AF_05/2024","M","15,54"]
[97167,"ASSENTAMENTO DE TUBO DE FERRO FUNDIDO PARA REDE DE ÁGUA, DN 600 MM, JUNTA ELÁSTICA, INSTALADO EM LOCAL COM NÍVEL BAIXO DE INTERFERÊNCIAS (NÃO INCLUI FORNECIMENTO). AF_05/2024","M","18,38"]
[97168,"ASSENTAMENTO DE TUBO DE FERRO FUNDIDO PARA REDE DE ÁGUA, DN 700 MM, JUNTA ELÁSTICA, INSTALADO EM LOCAL COM NÍVEL BAIXO DE INTERFERÊNCIAS (NÃO INCLUI FORNECIMENTO). AF_05/2024","M","20,91"]
[97169,"ASSENTAMENTO DE TUBO DE FERRO FUNDIDO PARA REDE DE ÁGUA, DN 800 MM, JUNTA ELÁSTICA, INSTALADO EM LOCAL COM NÍVEL BAIXO DE INTERFERÊNCIAS (NÃO INCLUI FORNECIMENTO). AF_05/2024","M","23,63"]
[97170,"ASSENTAMENTO DE TUBO DE FERRO FUNDIDO PARA REDE DE ÁGUA, DN 900 MM, JUNTA ELÁSTICA, INSTALADO EM LOCAL COM NÍVEL BAIXO DE INTERFERÊNCIAS (NÃO INCLUI FORNECIMENTO). AF_05/2024","M","26,38"]
[97171,"ASSENTAMENTO DE TUBO DE FERRO FUNDIDO PARA REDE DE ÁGUA, DN 1000 MM, JUNTA ELÁSTICA, INSTALADO EM LOCAL COM NÍVEL BAIXO DE INTERFERÊNCIAS (NÃO INCLUI FORNECIMENTO). AF_05/2024","M","29,15"]
[97172,"ASSENTAMENTO DE TUBO DE FERRO FUNDIDO PARA REDE DE ÁGUA, DN 1200 MM, JUNTA ELÁSTICA, INSTALADO EM LOCAL COM NÍVEL BAIXO DE INTERFERÊNCIAS (NÃO INCLUI FORNECIMENTO). AF_05/2024","M","35,19"]
[105249,"ASSENTAMENTO DE CONEXÃO 2 ACESSOS ALINHADOS DE FERRO FUNDIDO PARA REDE DE ÁGUA, DN 1200, JUNTA ELÁSTICA, INSTALADO EM LOCAL COM NÍVEL ALTO DE INTERFERÊNCIAS (NÃO INCLUI FORNECIMENTO). AF_05/2024","UN","100,63"]
[105250,"ASSENTAMENTO DE CONEXÃO 2 ACESSOS INCLINADOS DE FERRO FUNDIDO PARA REDE DE ÁGUA, DN 80, JUNTA ELÁSTICA, INSTALADO EM LOCAL COM NÍVEL ALTO DE INTERFERÊNCIAS (NÃO INCLUI FORNECIMENTO). AF_05/2024","UN","12,80"]
[105251,"ASSENTAMENTO DE CONEXÃO 2 ACESSOS INCLINADOS DE FERRO FUNDIDO PARA REDE DE ÁGUA, DN 100, JUNTA ELÁSTICA, INSTALADO EM LOCAL COM NÍVEL ALTO DE INTERFERÊNCIAS (NÃO INCLUI FORNECIMENTO). AF_05/2024","UN","14,68"]
[105252,"ASSENTAMENTO DE CONEXÃO 2 ACESSOS INCLINADOS DE FERRO FUNDIDO PARA REDE DE ÁGUA, DN 150, JUNTA ELÁSTICA, INSTALADO EM LOCAL COM NÍVEL ALTO DE INTERFERÊNCIAS (NÃO INCLUI FORNECIMENTO). AF_05/2024","UN","19,29"]
[105253,"ASSENTAMENTO DE CONEXÃO 2 ACESSOS INCLINADOS DE FERRO FUNDIDO PARA REDE DE ÁGUA, DN 200, JUNTA ELÁSTICA, INSTALADO EM LOCAL COM NÍVEL ALTO DE INTERFERÊNCIAS (NÃO INCLUI FORNECIMENTO). AF_05/2024","UN","23,90"]
[105254,"ASSENTAMENTO DE CONEXÃO 2 ACESSOS INCLINADOS DE FERRO FUNDIDO PARA REDE DE ÁGUA, DN 250, JUNTA ELÁSTICA, INSTALADO EM LOCAL COM NÍVEL ALTO DE INTERFERÊNCIAS (NÃO INCLUI FORNECIMENTO). AF_05/2024","UN","28,71"]
[105255,"ASSENTAMENTO DE CONEXÃO 2 ACESSOS INCLINADOS DE FERRO FUNDIDO PARA REDE DE ÁGUA, DN 300, JUNTA ELÁSTICA, INSTALADO EM LOCAL COM NÍVEL ALTO DE INTERFERÊNCIAS (NÃO INCLUI FORNECIMENTO). AF_05/2024","UN","33,50"]
[105256,"ASSENTAMENTO DE CONEXÃO 2 ACESSOS INCLINADOS DE FERRO FUNDIDO PARA REDE DE ÁGUA, DN 350, JUNTA ELÁSTICA, INSTALADO EM LOCAL COM NÍVEL ALTO DE INTERFERÊNCIAS (NÃO INCLUI FORNECIMENTO). AF_05/2024","UN","38,26"]
[105257,"ASSENTAMENTO DE CONEXÃO 2 ACESSOS INCLINADOS DE FERRO FUNDIDO PARA REDE DE ÁGUA, DN 400, JUNTA ELÁSTICA, INSTALADO EM LOCAL COM NÍVEL ALTO DE INTERFERÊNCIAS (NÃO INCLUI FORNECIMENTO). AF_05/2024","UN","43,04"]
[105258,"ASSENTAMENTO DE CONEXÃO 2 ACESSOS ALINHADOS DE FERRO FUNDIDO PARA REDE DE ÁGUA, DN 400, JUNTA ELÁSTICA, INSTALADO EM LOCAL COM NÍVEL BAIXO DE INTERFERÊNCIAS (NÃO INCLUI FORNECIMENTO). AF_05/2024","UN","24,57"]
[105259,"ASSENTAMENTO DE CONEXÃO 3 ACESSOS DE FERRO FUNDIDO PARA REDE DE ÁGUA, DN 100, JUNTA ELÁSTICA, INSTALADO EM LOCAL COM NÍVEL BAIXO DE INTERFERÊNCIAS (NÃO INCLUI FORNECIMENTO). AF_05/2024","UN","15,92"]
[105261,"ASSENTAMENTO DE CONEXÃO 2 ACESSOS ALINHADOS DE FERRO FUNDIDO PARA REDE DE ÁGUA, DN 450, JUNTA ELÁSTICA, INSTALADO EM LOCAL COM NÍVEL BAIXO DE INTERFERÊNCIAS (NÃO INCLUI FORNECIMENTO). AF_05/2024","UN","27,53"]
[105262,"ASSENTAMENTO DE CONEXÃO 2 ACESSOS ALINHADOS DE FERRO FUNDIDO PARA REDE DE ÁGUA, DN 500, JUNTA ELÁSTICA, INSTALADO EM LOCAL COM NÍVEL BAIXO DE INTERFERÊNCIAS (NÃO INCLUI FORNECIMENTO). AF_05/2024","UN","35,01"]
[105263,"ASSENTAMENTO DE CONEXÃO 2 ACESSOS ALINHADOS DE FERRO FUNDIDO PARA REDE DE ÁGUA, DN 600, JUNTA ELÁSTICA, INSTALADO EM LOCAL COM NÍVEL BAIXO DE INTERFERÊNCIAS (NÃO INCLUI FORNECIMENTO). AF_05/2024","UN","41,62"]
[105264,"ASSENTAMENTO DE CONEXÃO 2 ACESSOS ALINHADOS DE FERRO FUNDIDO PARA REDE DE ÁGUA, DN 700, JUNTA ELÁSTICA, INSTALADO EM LOCAL COM NÍVEL BAIXO DE INTERFERÊNCIAS (NÃO INCLUI FORNECIMENTO). AF_05/2024","UN","47,37"]
[105265,"ASSENTAMENTO DE CONEXÃO 2 ACESSOS ALINHADOS DE FERRO FUNDIDO PARA REDE DE ÁGUA, DN 800, JUNTA ELÁSTICA, INSTALADO EM LOCAL COM NÍVEL BAIXO DE INTERFERÊNCIAS (NÃO INCLUI FORNECIMENTO). AF_05/2024","UN","53,43"]
[105266,"ASSENTAMENTO DE CONEXÃO 2 ACESSOS ALINHADOS DE FERRO FUNDIDO PARA REDE DE ÁGUA, DN 900, JUNTA ELÁSTICA, INSTALADO EM LOCAL COM NÍVEL BAIXO DE INTERFERÊNCIAS (NÃO INCLUI FORNECIMENTO). AF_05/2024","UN","59,74"]
[105267,"ASSENTAMENTO DE CONEXÃO 2 ACESSOS ALINHADOS DE FERRO FUNDIDO PARA REDE DE ÁGUA, DN 1000, JUNTA ELÁSTICA, INSTALADO EM LOCAL COM NÍVEL BAIXO DE INTERFERÊNCIAS (NÃO INCLUI FORNECIMENTO). AF_05/2024","UN","66,16"]
[105268,"ASSENTAMENTO DE CONEXÃO 2 ACESSOS ALINHADOS DE FERRO FUNDIDO PARA REDE DE ÁGUA, DN 1200, JUNTA ELÁSTICA, INSTALADO EM LOCAL COM NÍVEL BAIXO DE INTERFERÊNCIAS (NÃO INCLUI FORNECIMENTO). AF_05/2024","UN","82,36"]
[105269,"ASSENTAMENTO DE CONEXÃO 2 ACESSOS INCLINADOS DE FERRO FUNDIDO PARA REDE DE ÁGUA, DN 80, JUNTA ELÁSTICA, INSTALADO EM LOCAL COM NÍVEL BAIXO DE INTERFERÊNCIAS (NÃO INCLUI FORNECIMENTO). AF_05/2024","UN","9,85"]
[105270,"ASSENTAMENTO DE CONEXÃO 2 ACESSOS INCLINADOS DE FERRO FUNDIDO PARA REDE DE ÁGUA, DN 450, JUNTA ELÁSTICA, INSTALADO EM LOCAL COM NÍVEL ALTO DE INTERFERÊNCIAS (NÃO INCLUI FORNECIMENTO). AF_05/2024","UN","47,95"]
[105271,"ASSENTAMENTO DE CONEXÃO 2 ACESSOS INCLINADOS DE FERRO FUNDIDO PARA REDE DE ÁGUA, DN 500, JUNTA ELÁSTICA, INSTALADO EM LOCAL COM NÍVEL ALTO DE INTERFERÊNCIAS (NÃO INCLUI FORNECIMENTO). AF_05/2024","UN","63,03"]
[105272,"ASSENTAMENTO DE CONEXÃO 2 ACESSOS INCLINADOS DE FERRO FUNDIDO PARA REDE DE ÁGUA, DN 600, JUNTA ELÁSTICA, INSTALADO EM LOCAL COM NÍVEL ALTO DE INTERFERÊNCIAS (NÃO INCLUI FORNECIMENTO). AF_05/2024","UN","74,43"]
[105273,"ASSENTAMENTO DE CONEXÃO 2 ACESSOS INCLINADOS DE FERRO FUNDIDO PARA REDE DE ÁGUA, DN 700, JUNTA ELÁSTICA, INSTALADO EM LOCAL COM NÍVEL ALTO DE INTERFERÊNCIAS (NÃO INCLUI FORNECIMENTO). AF_05/2024","UN","84,93"]
[105274,"ASSENTAMENTO DE CONEXÃO 2 ACESSOS INCLINADOS DE FERRO FUNDIDO PARA REDE DE ÁGUA, DN 800, JUNTA ELÁSTICA, INSTALADO EM LOCAL COM NÍVEL ALTO DE INTERFERÊNCIAS (NÃO INCLUI FORNECIMENTO). AF_05/2024","UN","95,76"]
[105275,"ASSENTAMENTO DE CONEXÃO 2 ACESSOS INCLINADOS DE FERRO FUNDIDO PARA REDE DE ÁGUA, DN 900, JUNTA ELÁSTICA, INSTALADO EM LOCAL COM NÍVEL ALTO DE INTERFERÊNCIAS (NÃO INCLUI FORNECIMENTO). AF_05/2024","UN","106,82"]
[105276,"ASSENTAMENTO DE CONEXÃO 2 ACESSOS INCLINADOS DE FERRO FUNDIDO PARA REDE DE ÁGUA, DN 1000, JUNTA ELÁSTICA, INSTALADO EM LOCAL COM NÍVEL ALTO DE INTERFERÊNCIAS (NÃO INCLUI FORNECIMENTO). AF_05/2024","UN","118,02"]
[105277,"ASSENTAMENTO DE CONEXÃO 2 ACESSOS INCLINADOS DE FERRO FUNDIDO PARA REDE DE ÁGUA, DN 1200, JUNTA ELÁSTICA, INSTALADO EM LOCAL COM NÍVEL ALTO DE INTERFERÊNCIAS (NÃO INCLUI FORNECIMENTO). AF_05/2024","UN","143,74"]
[105278,"ASSENTAMENTO DE CONEXÃO 3 ACESSOS DE FERRO FUNDIDO PARA REDE DE ÁGUA, DN 80, JUNTA ELÁSTICA, INSTALADO EM LOCAL COM NÍVEL ALTO DE INTERFERÊNCIAS (NÃO INCLUI FORNECIMENTO). AF_05/2024","UN","17,64"]
[105279,"ASSENTAMENTO DE CONEXÃO 3 ACESSOS DE FERRO FUNDIDO PARA REDE DE ÁGUA, DN 100, JUNTA ELÁSTICA, INSTALADO EM LOCAL COM NÍVEL ALTO DE INTERFERÊNCIAS (NÃO INCLUI FORNECIMENTO). AF_05/2024","UN","20,26"]
[105280,"ASSENTAMENTO DE CONEXÃO 3 ACESSOS DE FERRO FUNDIDO PARA REDE DE ÁGUA, DN 150, JUNTA ELÁSTICA, INSTALADO EM LOCAL COM NÍVEL ALTO DE INTERFERÊNCIAS (NÃO INCLUI FORNECIMENTO). AF_05/2024","UN","26,63"]
[105281,"ASSENTAMENTO DE CONEXÃO 3 ACESSOS DE FERRO FUNDIDO PARA REDE DE ÁGUA, DN 200, JUNTA ELÁSTICA, INSTALADO EM LOCAL COM NÍVEL ALTO DE INTERFERÊNCIAS (NÃO INCLUI FORNECIMENTO). AF_05/2024","UN","32,99"]
[105282,"ASSENTAMENTO DE CONEXÃO 2 ACESSOS INCLINADOS DE FERRO FUNDIDO PARA REDE DE ÁGUA, DN 100, JUNTA ELÁSTICA, INSTALADO EM LOCAL COM NÍVEL BAIXO DE INTERFERÊNCIAS (NÃO INCLUI FORNECIMENTO). AF_05/2024","UN","11,42"]
[105283,"ASSENTAMENTO DE CONEXÃO 3 ACESSOS DE FERRO FUNDIDO PARA REDE DE ÁGUA, DN 150, JUNTA ELÁSTICA, INSTALADO EM LOCAL COM NÍVEL BAIXO DE INTERFERÊNCIAS (NÃO INCLUI FORNECIMENTO). AF_05/2024","UN","21,24"]
[105284,"ASSENTAMENTO DE CONEXÃO 3 ACESSOS DE FERRO FUNDIDO PARA REDE DE ÁGUA, DN 250, JUNTA ELÁSTICA, INSTALADO EM LOCAL COM NÍVEL ALTO DE INTERFERÊNCIAS (NÃO INCLUI FORNECIMENTO). AF_05/2024","UN","39,71"]
[105297,"ASSENTAMENTO DE CONEXÃO 2 ACESSOS ALINHADOS DE FERRO FUNDIDO PARA REDE DE ÁGUA, DN 80, JUNTA ELÁSTICA, INSTALADO EM LOCAL COM NÍVEL ALTO DE INTERFERÊNCIAS (NÃO INCLUI FORNECIMENTO). AF_05/2024","UN","8,81"]
[105298,"ASSENTAMENTO DE CONEXÃO 2 ACESSOS INCLINADOS DE FERRO FUNDIDO PARA REDE DE ÁGUA, DN 150, JUNTA ELÁSTICA, INSTALADO EM LOCAL COM NÍVEL BAIXO DE INTERFERÊNCIAS (NÃO INCLUI FORNECIMENTO). AF_05/2024","UN","15,24"]
[105299,"ASSENTAMENTO DE CONEXÃO 2 ACESSOS INCLINADOS DE FERRO FUNDIDO PARA REDE DE ÁGUA, DN 200, JUNTA ELÁSTICA, INSTALADO EM LOCAL COM NÍVEL BAIXO DE INTERFERÊNCIAS (NÃO INCLUI FORNECIMENTO). AF_05/2024","UN","19,07"]
[105300,"ASSENTAMENTO DE CONEXÃO 2 ACESSOS INCLINADOS DE FERRO FUNDIDO PARA REDE DE ÁGUA, DN 250, JUNTA ELÁSTICA, INSTALADO EM LOCAL COM NÍVEL BAIXO DE INTERFERÊNCIAS (NÃO INCLUI FORNECIMENTO). AF_05/2024","UN","23,08"]
[105301,"ASSENTAMENTO DE CONEXÃO 2 ACESSOS INCLINADOS DE FERRO FUNDIDO PARA REDE DE ÁGUA, DN 300, JUNTA ELÁSTICA, INSTALADO EM LOCAL COM NÍVEL BAIXO DE INTERFERÊNCIAS (NÃO INCLUI FORNECIMENTO). AF_05/2024","UN","27,08"]
[105302,"ASSENTAMENTO DE CONEXÃO 2 ACESSOS INCLINADOS DE FERRO FUNDIDO PARA REDE DE ÁGUA, DN 350, JUNTA ELÁSTICA, INSTALADO EM LOCAL COM NÍVEL BAIXO DE INTERFERÊNCIAS (NÃO INCLUI FORNECIMENTO). AF_05/2024","UN","31,08"]
[105303,"ASSENTAMENTO DE CONEXÃO 2 ACESSOS INCLINADOS DE FERRO FUNDIDO PARA REDE DE ÁGUA, DN 400, JUNTA ELÁSTICA, INSTALADO EM LOCAL COM NÍVEL BAIXO DE INTERFERÊNCIAS (NÃO INCLUI FORNECIMENTO). AF_05/2024","UN","35,07"]
[105304,"ASSENTAMENTO DE CONEXÃO 2 ACESSOS INCLINADOS DE FERRO FUNDIDO PARA REDE DE ÁGUA, DN 450, JUNTA ELÁSTICA, INSTALADO EM LOCAL COM NÍVEL BAIXO DE INTERFERÊNCIAS (NÃO INCLUI FORNECIMENTO). AF_05/2024","UN","39,20"]
[105305,"ASSENTAMENTO DE CONEXÃO 2 ACESSOS INCLINADOS DE FERRO FUNDIDO PARA REDE DE ÁGUA, DN 500, JUNTA ELÁSTICA, INSTALADO EM LOCAL COM NÍVEL BAIXO DE INTERFERÊNCIAS (NÃO INCLUI FORNECIMENTO). AF_05/2024","UN","50,15"]
[105306,"ASSENTAMENTO DE CONEXÃO 2 ACESSOS INCLINADOS DE FERRO FUNDIDO PARA REDE DE ÁGUA, DN 600, JUNTA ELÁSTICA, INSTALADO EM LOCAL COM NÍVEL BAIXO DE INTERFERÊNCIAS (NÃO INCLUI FORNECIMENTO). AF_05/2024","UN","59,46"]
[105307,"ASSENTAMENTO DE CONEXÃO 2 ACESSOS INCLINADOS DE FERRO FUNDIDO PARA REDE DE ÁGUA, DN 700, JUNTA ELÁSTICA, INSTALADO EM LOCAL COM NÍVEL BAIXO DE INTERFERÊNCIAS (NÃO INCLUI FORNECIMENTO). AF_05/2024","UN","67,90"]
[105317,"ASSENTAMENTO DE CONEXÃO 2 ACESSOS ALINHADOS DE FERRO FUNDIDO PARA REDE DE ÁGUA, DN 300, JUNTA ELÁSTICA, INSTALADO EM LOCAL COM NÍVEL BAIXO DE INTERFERÊNCIAS (NÃO INCLUI FORNECIMENTO). AF_05/2024","UN","18,92"]
[105318,"ASSENTAMENTO DE CONEXÃO 2 ACESSOS ALINHADOS DE FERRO FUNDIDO PARA REDE DE ÁGUA, DN 350, JUNTA ELÁSTICA, INSTALADO EM LOCAL COM NÍVEL BAIXO DE INTERFERÊNCIAS (NÃO INCLUI FORNECIMENTO). AF_05/2024","UN","21,74"]
[105319,"ASSENTAMENTO DE CONEXÃO 3 ACESSOS DE FERRO FUNDIDO PARA REDE DE ÁGUA, DN 200, JUNTA ELÁSTICA, INSTALADO EM LOCAL COM NÍVEL BAIXO DE INTERFERÊNCIAS (NÃO INCLUI FORNECIMENTO). AF_05/2024","UN","26,55"]
[105320,"ASSENTAMENTO DE CONEXÃO 3 ACESSOS DE FERRO FUNDIDO PARA REDE DE ÁGUA, DN 250, JUNTA ELÁSTICA, INSTALADO EM LOCAL COM NÍVEL BAIXO DE INTERFERÊNCIAS (NÃO INCLUI FORNECIMENTO). AF_05/2024","UN","32,23"]
[105321,"ASSENTAMENTO DE CONEXÃO 3 ACESSOS DE FERRO FUNDIDO PARA REDE DE ÁGUA, DN 300, JUNTA ELÁSTICA, INSTALADO EM LOCAL COM NÍVEL BAIXO DE INTERFERÊNCIAS (NÃO INCLUI FORNECIMENTO). AF_05/2024","UN","37,88"]
[105322,"ASSENTAMENTO DE CONEXÃO 3 ACESSOS DE FERRO FUNDIDO PARA REDE DE ÁGUA, DN 350, JUNTA ELÁSTICA, INSTALADO EM LOCAL COM NÍVEL BAIXO DE INTERFERÊNCIAS (NÃO INCLUI FORNECIMENTO). AF_05/2024","UN","43,51"]
[105323,"ASSENTAMENTO DE CONEXÃO 3 ACESSOS DE FERRO FUNDIDO PARA REDE DE ÁGUA, DN 400, JUNTA ELÁSTICA, INSTALADO EM LOCAL COM NÍVEL BAIXO DE INTERFERÊNCIAS (NÃO INCLUI FORNECIMENTO). AF_05/2024","UN","49,14"]
[105324,"ASSENTAMENTO DE CONEXÃO 3 ACESSOS DE FERRO FUNDIDO PARA REDE DE ÁGUA, DN 450, JUNTA ELÁSTICA, INSTALADO EM LOCAL COM NÍVEL BAIXO DE INTERFERÊNCIAS (NÃO INCLUI FORNECIMENTO). AF_05/2024","UN","55,08"]
[105325,"ASSENTAMENTO DE CONEXÃO 3 ACESSOS DE FERRO FUNDIDO PARA REDE DE ÁGUA, DN 500, JUNTA ELÁSTICA, INSTALADO EM LOCAL COM NÍVEL BAIXO DE INTERFERÊNCIAS (NÃO INCLUI FORNECIMENTO). AF_05/2024","UN","70,02"]
[105326,"ASSENTAMENTO DE CONEXÃO 3 ACESSOS DE FERRO FUNDIDO PARA REDE DE ÁGUA, DN 600, JUNTA ELÁSTICA, INSTALADO EM LOCAL COM NÍVEL BAIXO DE INTERFERÊNCIAS (NÃO INCLUI FORNECIMENTO). AF_05/2024","UN","83,26"]
[105340,"ASSENTAMENTO DE CONEXÃO 2 ACESSOS INCLINADOS DE FERRO FUNDIDO PARA REDE DE ÁGUA, DN 800, JUNTA ELÁSTICA, INSTALADO EM LOCAL COM NÍVEL BAIXO DE INTERFERÊNCIAS (NÃO INCLUI FORNECIMENTO). AF_05/2024","UN","76,65"]
[105341,"ASSENTAMENTO DE CONEXÃO 2 ACESSOS INCLINADOS DE FERRO FUNDIDO PARA REDE DE ÁGUA, DN 1000, JUNTA ELÁSTICA, INSTALADO EM LOCAL COM NÍVEL BAIXO DE INTERFERÊNCIAS (NÃO INCLUI FORNECIMENTO). AF_05/2024","UN","94,78"]
[105342,"ASSENTAMENTO DE CONEXÃO 2 ACESSOS INCLINADOS DE FERRO FUNDIDO PARA REDE DE ÁGUA, DN 1200, JUNTA ELÁSTICA, INSTALADO EM LOCAL COM NÍVEL BAIXO DE INTERFERÊNCIAS (NÃO INCLUI FORNECIMENTO). AF_05/2024","UN","116,34"]
[105343,"ASSENTAMENTO DE CONEXÃO 3 ACESSOS DE FERRO FUNDIDO PARA REDE DE ÁGUA, DN 80, JUNTA ELÁSTICA, INSTALADO EM LOCAL COM NÍVEL BAIXO DE INTERFERÊNCIAS (NÃO INCLUI FORNECIMENTO). AF_05/2024","UN","13,70"]
[105344,"ASSENTAMENTO DE CONEXÃO 3 ACESSOS DE FERRO FUNDIDO PARA REDE DE ÁGUA, DN 700, JUNTA ELÁSTICA, INSTALADO EM LOCAL COM NÍVEL BAIXO DE INTERFERÊNCIAS (NÃO INCLUI FORNECIMENTO). AF_05/2024","UN","94,74"]
[105345,"ASSENTAMENTO DE CONEXÃO 3 ACESSOS DE FERRO FUNDIDO PARA REDE DE ÁGUA, DN 900, JUNTA ELÁSTICA, INSTALADO EM LOCAL COM NÍVEL BAIXO DE INTERFERÊNCIAS (NÃO INCLUI FORNECIMENTO). AF_05/2024","UN","119,48"]
[105346,"ASSENTAMENTO DE CONEXÃO 3 ACESSOS DE FERRO FUNDIDO PARA REDE DE ÁGUA, DN 1000, JUNTA ELÁSTICA, INSTALADO EM LOCAL COM NÍVEL BAIXO DE INTERFERÊNCIAS (NÃO INCLUI FORNECIMENTO). AF_05/2024","UN","132,35"]
[105347,"ASSENTAMENTO DE CONEXÃO 3 ACESSOS DE FERRO FUNDIDO PARA REDE DE ÁGUA, DN 1200, JUNTA ELÁSTICA, INSTALADO EM LOCAL COM NÍVEL BAIXO DE INTERFERÊNCIAS (NÃO INCLUI FORNECIMENTO). AF_05/2024","UN","164,72"]
[105348,"ASSENTAMENTO DE CONEXÃO 3 ACESSOS DE FERRO FUNDIDO PARA REDE DE ÁGUA, DN 300, JUNTA ELÁSTICA, INSTALADO EM LOCAL COM NÍVEL ALTO DE INTERFERÊNCIAS (NÃO INCLUI FORNECIMENTO). AF_05/2024","UN","46,41"]
[105349,"ASSENTAMENTO DE CONEXÃO 3 ACESSOS DE FERRO FUNDIDO PARA REDE DE ÁGUA, DN 350, JUNTA ELÁSTICA, INSTALADO EM LOCAL COM NÍVEL ALTO DE INTERFERÊNCIAS (NÃO INCLUI FORNECIMENTO). AF_05/2024","UN","53,10"]
[105350,"ASSENTAMENTO DE CONEXÃO 3 ACESSOS DE FERRO FUNDIDO PARA REDE DE ÁGUA, DN 400, JUNTA ELÁSTICA, INSTALADO EM LOCAL COM NÍVEL ALTO DE INTERFERÊNCIAS (NÃO INCLUI FORNECIMENTO). AF_05/2024","UN","59,78"]
[105351,"ASSENTAMENTO DE CONEXÃO 3 ACESSOS DE FERRO FUNDIDO PARA REDE DE ÁGUA, DN 450, JUNTA ELÁSTICA, INSTALADO EM LOCAL COM NÍVEL ALTO DE INTERFERÊNCIAS (NÃO INCLUI FORNECIMENTO). AF_05/2024","UN","66,76"]
[105352,"ASSENTAMENTO DE CONEXÃO 3 ACESSOS DE FERRO FUNDIDO PARA REDE DE ÁGUA, DN 500, JUNTA ELÁSTICA, INSTALADO EM LOCAL COM NÍVEL ALTO DE INTERFERÊNCIAS (NÃO INCLUI FORNECIMENTO). AF_05/2024","UN","87,21"]
[105353,"ASSENTAMENTO DE CONEXÃO 3 ACESSOS DE FERRO FUNDIDO PARA REDE DE ÁGUA, DN 600, JUNTA ELÁSTICA, INSTALADO EM LOCAL COM NÍVEL ALTO DE INTERFERÊNCIAS (NÃO INCLUI FORNECIMENTO). AF_05/2024","UN","103,21"]
[105354,"ASSENTAMENTO DE CONEXÃO 3 ACESSOS DE FERRO FUNDIDO PARA REDE DE ÁGUA, DN 700, JUNTA ELÁSTICA, INSTALADO EM LOCAL COM NÍVEL ALTO DE INTERFERÊNCIAS (NÃO INCLUI FORNECIMENTO). AF_05/2024","UN","117,45"]
[105355,"ASSENTAMENTO DE CONEXÃO 3 ACESSOS DE FERRO FUNDIDO PARA REDE DE ÁGUA, DN 800, JUNTA ELÁSTICA, INSTALADO EM LOCAL COM NÍVEL ALTO DE INTERFERÊNCIAS (NÃO INCLUI FORNECIMENTO). AF_05/2024","UN","132,34"]
[105356,"ASSENTAMENTO DE CONEXÃO 3 ACESSOS DE FERRO FUNDIDO PARA REDE DE ÁGUA, DN 900, JUNTA ELÁSTICA, INSTALADO EM LOCAL COM NÍVEL ALTO DE INTERFERÊNCIAS (NÃO INCLUI FORNECIMENTO). AF_05/2024","UN","147,71"]
[105357,"ASSENTAMENTO DE CONEXÃO 3 ACESSOS DE FERRO FUNDIDO PARA REDE DE ÁGUA, DN 1000, JUNTA ELÁSTICA, INSTALADO EM LOCAL COM NÍVEL ALTO DE INTERFERÊNCIAS (NÃO INCLUI FORNECIMENTO). AF_05/2024","UN","163,36"]
[105358,"ASSENTAMENTO DE CONEXÃO 3 ACESSOS DE FERRO FUNDIDO PARA REDE DE ÁGUA, DN 1200, JUNTA ELÁSTICA, INSTALADO EM LOCAL COM NÍVEL ALTO DE INTERFERÊNCIAS (NÃO INCLUI FORNECIMENTO). AF_05/2024","UN","201,26"]
[105369,"FORNECIMENTO E ASSENTAMENTO DE TE RANHURADO EM FERRO FUNDIDO, DN 80 (3\") PARA REDE DE ÁGUA, INSTALADO EM LOCAL COM NÍVEL ALTO DE INTERFERÊNCIAS (INCLUI FORNECIMENTO). AF_05/2024","UN","66,03"]
[105377,"FORNECIMENTO E ASSENTAMENTO DE CURVA 45 GRAUS RANHURADA EM FERRO FUNDIDO, DN 80 MM (3\") PARA REDE DE ÁGUA, INSTALADO EM LOCAL COM NÍVEL ALTO DE INTERFERÊNCIAS (INCLUI FORNECIMENTO). AF_05/2024","UN","41,67"]
[105378,"ASSENTAMENTO DE CONEXÃO 2 ACESSOS ALINHADOS DE FERRO FUNDIDO PARA REDE DE ÁGUA, DN 100, JUNTA ELÁSTICA, INSTALADO EM LOCAL COM NÍVEL ALTO DE INTERFERÊNCIAS (NÃO INCLUI FORNECIMENTO). AF_05/2024","UN","10,12"]
[105379,"ASSENTAMENTO DE CONEXÃO 2 ACESSOS ALINHADOS DE FERRO FUNDIDO PARA REDE DE ÁGUA, DN 150, JUNTA ELÁSTICA, INSTALADO EM LOCAL COM NÍVEL ALTO DE INTERFERÊNCIAS (NÃO INCLUI FORNECIMENTO). AF_05/2024","UN","13,29"]
[105380,"ASSENTAMENTO DE CONEXÃO 2 ACESSOS ALINHADOS DE FERRO FUNDIDO PARA REDE DE ÁGUA, DN 1000, JUNTA ELÁSTICA, INSTALADO EM LOCAL COM NÍVEL ALTO DE INTERFERÊNCIAS (NÃO INCLUI FORNECIMENTO). AF_05/2024","UN","81,66"]
[105388,"ASSENTAMENTO DE CONEXÃO 2 ACESSOS ALINHADOS DE FERRO FUNDIDO PARA REDE DE ÁGUA, DN 150, JUNTA ELÁSTICA, INSTALADO EM LOCAL COM NÍVEL BAIXO DE INTERFERÊNCIAS (NÃO INCLUI FORNECIMENTO). AF_05/2024","UN","10,60"]
[105389,"ASSENTAMENTO DE CONEXÃO 2 ACESSOS ALINHADOS DE FERRO FUNDIDO PARA REDE DE ÁGUA, DN 200, JUNTA ELÁSTICA, INSTALADO EM LOCAL COM NÍVEL BAIXO DE INTERFERÊNCIAS (NÃO INCLUI FORNECIMENTO). AF_05/2024","UN","13,26"]
[105390,"ASSENTAMENTO DE CONEXÃO 2 ACESSOS INCLINADOS DE FERRO FUNDIDO PARA REDE DE ÁGUA, DN 900, JUNTA ELÁSTICA, INSTALADO EM LOCAL COM NÍVEL BAIXO DE INTERFERÊNCIAS (NÃO INCLUI FORNECIMENTO). AF_05/2024","UN","85,65"]
[105391,"ASSENTAMENTO DE CONEXÃO 3 ACESSOS DE FERRO FUNDIDO PARA REDE DE ÁGUA, DN 800, JUNTA ELÁSTICA, INSTALADO EM LOCAL COM NÍVEL BAIXO DE INTERFERÊNCIAS (NÃO INCLUI FORNECIMENTO). AF_05/2024","UN","106,87"]
[105392,"ASSENTAMENTO DE CONEXÃO 2 ACESSOS ALINHADOS DE FERRO FUNDIDO PARA REDE DE ÁGUA, DN 200, JUNTA ELÁSTICA, INSTALADO EM LOCAL COM NÍVEL ALTO DE INTERFERÊNCIAS (NÃO INCLUI FORNECIMENTO). AF_05/2024","UN","16,48"]
[105393,"ASSENTAMENTO DE CONEXÃO 2 ACESSOS ALINHADOS DE FERRO FUNDIDO PARA REDE DE ÁGUA, DN 250, JUNTA ELÁSTICA, INSTALADO EM LOCAL COM NÍVEL ALTO DE INTERFERÊNCIAS (NÃO INCLUI FORNECIMENTO). AF_05/2024","UN","19,85"]
[105394,"ASSENTAMENTO DE CONEXÃO 2 ACESSOS ALINHADOS DE FERRO FUNDIDO PARA REDE DE ÁGUA, DN 300, JUNTA ELÁSTICA, INSTALADO EM LOCAL COM NÍVEL ALTO DE INTERFERÊNCIAS (NÃO INCLUI FORNECIMENTO). AF_05/2024","UN","23,19"]
[105395,"ASSENTAMENTO DE CONEXÃO 2 ACESSOS ALINHADOS DE FERRO FUNDIDO PARA REDE DE ÁGUA, DN 350, JUNTA ELÁSTICA, INSTALADO EM LOCAL COM NÍVEL ALTO DE INTERFERÊNCIAS (NÃO INCLUI FORNECIMENTO). AF_05/2024","UN","26,53"]
[105396,"ASSENTAMENTO DE CONEXÃO 2 ACESSOS ALINHADOS DE FERRO FUNDIDO PARA REDE DE ÁGUA, DN 400, JUNTA ELÁSTICA, INSTALADO EM LOCAL COM NÍVEL ALTO DE INTERFERÊNCIAS (NÃO INCLUI FORNECIMENTO). AF_05/2024","UN","29,88"]
[105397,"ASSENTAMENTO DE CONEXÃO 2 ACESSOS ALINHADOS DE FERRO FUNDIDO PARA REDE DE ÁGUA, DN 450, JUNTA ELÁSTICA, INSTALADO EM LOCAL COM NÍVEL ALTO DE INTERFERÊNCIAS (NÃO INCLUI FORNECIMENTO). AF_05/2024","UN","33,37"]
[105398,"ASSENTAMENTO DE CONEXÃO 2 ACESSOS ALINHADOS DE FERRO FUNDIDO PARA REDE DE ÁGUA, DN 500, JUNTA ELÁSTICA, INSTALADO EM LOCAL COM NÍVEL ALTO DE INTERFERÊNCIAS (NÃO INCLUI FORNECIMENTO). AF_05/2024","UN","43,60"]
[105399,"ASSENTAMENTO DE CONEXÃO 2 ACESSOS ALINHADOS DE FERRO FUNDIDO PARA REDE DE ÁGUA, DN 600, JUNTA ELÁSTICA, INSTALADO EM LOCAL COM NÍVEL ALTO DE INTERFERÊNCIAS (NÃO INCLUI FORNECIMENTO). AF_05/2024","UN","51,58"]
[105400,"ASSENTAMENTO DE CONEXÃO 2 ACESSOS ALINHADOS DE FERRO FUNDIDO PARA REDE DE ÁGUA, DN 700, JUNTA ELÁSTICA, INSTALADO EM LOCAL COM NÍVEL ALTO DE INTERFERÊNCIAS (NÃO INCLUI FORNECIMENTO). AF_05/2024","UN","58,72"]
[105401,"ASSENTAMENTO DE CONEXÃO 2 ACESSOS ALINHADOS DE FERRO FUNDIDO PARA REDE DE ÁGUA, DN 800, JUNTA ELÁSTICA, INSTALADO EM LOCAL COM NÍVEL ALTO DE INTERFERÊNCIAS (NÃO INCLUI FORNECIMENTO). AF_05/2024","UN","66,16"]
[105402,"ASSENTAMENTO DE CONEXÃO 2 ACESSOS ALINHADOS DE FERRO FUNDIDO PARA REDE DE ÁGUA, DN 900, JUNTA ELÁSTICA, INSTALADO EM LOCAL COM NÍVEL ALTO DE INTERFERÊNCIAS (NÃO INCLUI FORNECIMENTO). AF_05/2024","UN","73,85"]
[97173,"ASSENTAMENTO DE TUBO DE AÇO CARBONO PARA REDE DE ÁGUA, DN 600 MM (24\"), JUNTA SOLDADA, INSTALADO EM LOCAL COM NÍVEL ALTO DE INTERFERÊNCIAS (NÃO INCLUI FORNECIMENTO). AF_05/2024","M","36,95"]
[97174,"ASSENTAMENTO DE TUBO DE AÇO CARBONO PARA REDE DE ÁGUA, DN 700 MM (28\"), JUNTA SOLDADA, INSTALADO EM LOCAL COM NÍVEL ALTO DE INTERFERÊNCIAS (NÃO INCLUI FORNECIMENTO). AF_05/2024","M","43,83"]
[97175,"ASSENTAMENTO DE TUBO DE AÇO CARBONO PARA REDE DE ÁGUA, DN 800 MM (32\"), JUNTA SOLDADA, INSTALADO EM LOCAL COM NÍVEL ALTO DE INTERFERÊNCIAS (NÃO INCLUI FORNECIMENTO). AF_05/2024","M","50,73"]
[97176,"ASSENTAMENTO DE TUBO DE AÇO CARBONO PARA REDE DE ÁGUA, DN 900 MM (36\"), JUNTA SOLDADA, INSTALADO EM LOCAL COM NÍVEL ALTO DE INTERFERÊNCIAS (NÃO INCLUI FORNECIMENTO). AF_05/2024","M","57,64"]
[97177,"ASSENTAMENTO DE TUBO DE AÇO CARBONO PARA REDE DE ÁGUA, DN 1000 MM (40\") OU DN 1100 MM (44\"), JUNTA SOLDADA, INSTALADO EM LOCAL COM NÍVEL ALTO DE INTERFERÊNCIAS (NÃO INCLUI FORNECIMENTO). AF_05/2024","M","64,53"]
[97178,"ASSENTAMENTO DE TUBO DE AÇO CARBONO PARA REDE DE ÁGUA, DN 1200 MM (48\") OU DN 1300 MM (52\"), JUNTA SOLDADA, INSTALADO EM LOCAL COM NÍVEL ALTO DE INTERFERÊNCIAS (NÃO INCLUI FORNECIMENTO). AF_05/2024","M","78,30"]
[97179,"ASSENTAMENTO DE TUBO DE AÇO CARBONO PARA REDE DE ÁGUA, DN 1400 MM (56'') OU DN 1500 MM (60\"), JUNTA SOLDADA, INSTALADO EM LOCAL COM NÍVEL ALTO DE INTERFERÊNCIAS (NÃO INCLUI FORNECIMENTO). AF_05/2024","M","92,10"]
[97180,"ASSENTAMENTO DE TUBO DE AÇO CARBONO PARA REDE DE ÁGUA, DN 1600 MM (64\") OU DN 1700 MM (68\"), JUNTA SOLDADA, INSTALADO EM LOCAL COM NÍVEL ALTO DE INTERFERÊNCIAS (NÃO INCLUI FORNECIMENTO). AF_05/2024","M","105,89"]
[97181,"ASSENTAMENTO DE TUBO DE AÇO CARBONO PARA REDE DE ÁGUA, DN 1800 MM (72\") OU DN 1900 MM (76\"), JUNTA SOLDADA, INSTALADO EM LOCAL COM NÍVEL ALTO DE INTERFERÊNCIAS (NÃO INCLUI FORNECIMENTO). AF_05/2024","M","119,68"]
[97182,"ASSENTAMENTO DE TUBO DE AÇO CARBONO PARA REDE DE ÁGUA, DN 2000 MM (80\") OU DN 2100 MM (84\"), JUNTA SOLDADA, INSTALADO EM LOCAL COM NÍVEL ALTO DE INTERFERÊNCIAS (NÃO INCLUI FORNECIMENTO). AF_05/2024","M","137,27"]
[97183,"ASSENTAMENTO DE TUBO DE AÇO CARBONO PARA REDE DE ÁGUA, DN 600 MM (24\"), JUNTA SOLDADA, INSTALADO EM LOCAL COM NÍVEL BAIXO DE INTERFERÊNCIAS (NÃO INCLUI FORNECIMENTO). AF_05/2024","M","32,95"]
[97184,"ASSENTAMENTO DE TUBO DE AÇO CARBONO PARA REDE DE ÁGUA, DN 700 MM (28\"), JUNTA SOLDADA, INSTALADO EM LOCAL COM NÍVEL BAIXO DE INTERFERÊNCIAS (NÃO INCLUI FORNECIMENTO). AF_05/2024","M","39,16"]
[97185,"ASSENTAMENTO DE TUBO DE AÇO CARBONO PARA REDE DE ÁGUA, DN 800 MM (32\"), JUNTA SOLDADA, INSTALADO EM LOCAL COM NÍVEL BAIXO DE INTERFERÊNCIAS (NÃO INCLUI FORNECIMENTO). AF_05/2024","M","45,39"]
[97186,"ASSENTAMENTO DE TUBO DE AÇO CARBONO PARA REDE DE ÁGUA, DN 900 MM (36\"), JUNTA SOLDADA, INSTALADO EM LOCAL COM NÍVEL BAIXO DE INTERFERÊNCIAS (NÃO INCLUI FORNECIMENTO). AF_05/2024","M","51,62"]
[97187,"ASSENTAMENTO DE TUBO DE AÇO CARBONO PARA REDE DE ÁGUA, DN 1000 MM (40\") OU DN 1100 MM (44\"), JUNTA SOLDADA, INSTALADO EM LOCAL COM NÍVEL BAIXO DE INTERFERÊNCIAS (NÃO INCLUI FORNECIMENTO). AF_05/2024","M","57,83"]
[97188,"ASSENTAMENTO DE TUBO DE AÇO CARBONO PARA REDE DE ÁGUA, DN 1200 MM (48\") OU DN 1300 MM (52\"), JUNTA SOLDADA, INSTALADO EM LOCAL COM NÍVEL BAIXO DE INTERFERÊNCIAS (NÃO INCLUI FORNECIMENTO). AF_05/2024","M","70,27"]
[97189,"ASSENTAMENTO DE TUBO DE AÇO CARBONO PARA REDE DE ÁGUA, DN 1400 MM (56'') OU DN 1500 MM (60\"), JUNTA SOLDADA, INSTALADO EM LOCAL COM NÍVEL BAIXO DE INTERFERÊNCIAS (NÃO INCLUI FORNECIMENTO). AF_05/2024","M","82,72"]
[97190,"ASSENTAMENTO DE TUBO DE AÇO CARBONO PARA REDE DE ÁGUA, DN 1600 MM (64\") OU DN 1700 MM (68\"), JUNTA SOLDADA, INSTALADO EM LOCAL COM NÍVEL BAIXO DE INTERFERÊNCIAS (NÃO INCLUI FORNECIMENTO). AF_05/2024","M","95,16"]
[97191,"ASSENTAMENTO DE TUBO DE AÇO CARBONO PARA REDE DE ÁGUA, DN 1800 MM (72\") OU DN 1900 MM (76\"), JUNTA SOLDADA, INSTALADO EM LOCAL COM NÍVEL BAIXO DE INTERFERÊNCIAS (NÃO INCLUI FORNECIMENTO). AF_05/2024","M","107,59"]
[97192,"ASSENTAMENTO DE TUBO DE AÇO CARBONO PARA REDE DE ÁGUA, DN 2000 MM (80\") OU DN 2100 MM (84\"), JUNTA SOLDADA, INSTALADO EM LOCAL COM NÍVEL BAIXO DE INTERFERÊNCIAS (NÃO INCLUI FORNECIMENTO). AF_05/2024","M","123,01"]
[90694,"TUBO DE PVC PARA REDE COLETORA DE ESGOTO DE PAREDE MACIÇA, DN 100 MM, JUNTA ELÁSTICA - FORNECIMENTO E ASSENTAMENTO. AF_01/2021","M","45,31"]
[90695,"TUBO DE PVC PARA REDE COLETORA DE ESGOTO DE PAREDE MACIÇA, DN 150 MM, JUNTA ELÁSTICA  - FORNECIMENTO E ASSENTAMENTO. AF_01/2021","M","86,67"]
[90696,"TUBO DE PVC PARA REDE COLETORA DE ESGOTO DE PAREDE MACIÇA, DN 200 MM, JUNTA ELÁSTICA - FORNECIMENTO E ASSENTAMENTO. AF_01/2021","M","145,27"]
[90697,"TUBO DE PVC PARA REDE COLETORA DE ESGOTO DE PAREDE MACIÇA, DN 250 MM, JUNTA ELÁSTICA  - FORNECIMENTO E ASSENTAMENTO. AF_01/2021","M","225,83"]
[90698,"TUBO DE PVC PARA REDE COLETORA DE ESGOTO DE PAREDE MACIÇA, DN 300 MM, JUNTA ELÁSTICA,  FORNECIMENTO E ASSENTAMENTO. AF_01/2021","M","345,66"]
[90699,"TUBO DE PVC PARA REDE COLETORA DE ESGOTO DE PAREDE MACIÇA, DN 350 MM, JUNTA ELÁSTICA  - FORNECIMENTO E ASSENTAMENTO. AF_01/2021","M","486,93"]
[90700,"TUBO DE PVC PARA REDE COLETORA DE ESGOTO DE PAREDE MACIÇA, DN 400 MM, JUNTA ELÁSTICA  FORNECIMENTO E ASSENTAMENTO. AF_01/2021","M","569,07"]
[90701,"TUBO DE PVC CORRUGADO DE DUPLA PAREDE PARA REDE COLETORA DE ESGOTO, DN 150 MM, JUNTA ELÁSTICA - FORNECIMENTO E ASSENTAMENTO. AF_01/2021","M","67,96"]
[90702,"TUBO DE PVC CORRUGADO DE DUPLA PAREDE PARA REDE COLETORA DE ESGOTO, DN 200 MM, JUNTA ELÁSTICA - FORNECIMENTO E ASSENTAMENTO. AF_01/2021","M","113,02"]
[90703,"TUBO DE PVC CORRUGADO DE DUPLA PAREDE PARA REDE COLETORA DE ESGOTO, DN 250 MM, JUNTA ELÁSTICA - FORNECIMENTO E ASSENTAMENTO. AF_01/2021","M","177,81"]
[90704,"TUBO DE PVC CORRUGADO DE DUPLA PAREDE PARA REDE COLETORA DE ESGOTO, DN 300 MM, JUNTA ELÁSTICA - FORNECIMENTO E ASSENTAMENTO. AF_01/2021","M","265,30"]
[90705,"TUBO DE PVC CORRUGADO DE DUPLA PAREDE PARA REDE COLETORA DE ESGOTO, DN 350 MM, JUNTA ELÁSTICA - FORNECIMENTO E ASSENTAMENTO. AF_01/2021","M","346,12"]
[90706,"TUBO DE PVC CORRUGADO DE DUPLA PAREDE PARA REDE COLETORA DE ESGOTO, DN 400 MM, JUNTA ELÁSTICA - FORNECIMENTO E ASSENTAMENTO. AF_01/2021","M","459,50"]
[90708,"TUBO DE PEAD CORRUGADO DE DUPLA PAREDE PARA REDE COLETORA DE ESGOTO, DN 600 MM, JUNTA ELÁSTICA INTEGRADA - FORNECIMENTO E ASSENTAMENTO. AF_01/2021","M","667,06"]
[90724,"JUNTA ARGAMASSADA ENTRE TUBO DN 100 MM E O POÇO DE VISITA/ CAIXA DE CONCRETO OU ALVENARIA EM REDES DE ESGOTO. AF_01/2021","UN","18,96"]
[90725,"JUNTA ARGAMASSADA ENTRE TUBO DN 150 MM E O POÇO DE VISITA/ CAIXA DE CONCRETO OU ALVENARIA EM REDES DE ESGOTO. AF_01/2021","UN","23,42"]
[90726,"JUNTA ARGAMASSADA ENTRE TUBO DN 200 MM E O POÇO/ CAIXA DE CONCRETO OU ALVENARIA EM REDES DE ESGOTO. AF_01/2021","UN","27,94"]
[90727,"JUNTA ARGAMASSADA ENTRE TUBO DN 250 MM E O POÇO DE VISITA/ CAIXA DE CONCRETO OU ALVENARIA EM REDES DE ESGOTO. AF_01/2021","UN","32,39"]
[90728,"JUNTA ARGAMASSADA ENTRE TUBO DN 300 MM E O POÇO DE VISITA/ CAIXA DE CONCRETO OU ALVENARIA EM REDES DE ESGOTO. AF_01/2021","UN","36,84"]
[90729,"JUNTA ARGAMASSADA ENTRE TUBO DN 350 MM E O POÇO DE VISITA/ CAIXA DE CONCRETO OU ALVENARIA EM REDES DE ESGOTO. AF_01/2021","UN","41,29"]
[90730,"JUNTA ARGAMASSADA ENTRE TUBO DN 400 MM E O POÇO DE VISITA/ CAIXA DE CONCRETO OU ALVENARIA EM REDES DE ESGOTO. AF_01/2021","UN","45,73"]
[90731,"JUNTA ARGAMASSADA ENTRE TUBO DN 450 MM E O POÇO DE VISITA/ CAIXA DE CONCRETO OU ALVENARIA EM REDES DE ESGOTO. AF_01/2021","UN","50,18"]
[90732,"JUNTA ARGAMASSADA ENTRE TUBO DN 600 MM E O POÇO DE VISITA/ CAIXA DE CONCRETO OU ALVENARIA EM REDES DE ESGOTO. AF_01/2021","UN","63,53"]
[90733,"ASSENTAMENTO DE TUBO DE PVC PARA REDE COLETORA DE ESGOTO DE PAREDE MACIÇA, DN 100 MM, JUNTA ELÁSTICA (NÃO INCLUI FORNECIMENTO). AF_01/2021","M","2,60"]
[90734,"ASSENTAMENTO DE TUBO DE PVC PARA REDE COLETORA DE ESGOTO DE PAREDE MACIÇA, DN 150 MM, JUNTA ELÁSTICA,  (NÃO INCLUI FORNECIMENTO). AF_01/2021","M","3,08"]
[90735,"ASSENTAMENTO DE TUBO DE PVC PARA REDE COLETORA DE ESGOTO DE PAREDE MACIÇA, DN 200 MM, JUNTA ELÁSTICA (NÃO INCLUI FORNECIMENTO). AF_01/2021","M","3,56"]
[90736,"ASSENTAMENTO DE TUBO DE PVC PARA REDE COLETORA DE ESGOTO DE PAREDE MACIÇA, DN 250 MM, JUNTA ELÁSTICA (NÃO INCLUI FORNECIMENTO). AF_01/2021","M","4,04"]
[90737,"ASSENTAMENTO DE TUBO DE PVC PARA REDE COLETORA DE ESGOTO DE PAREDE MACIÇA, DN 300 MM, JUNTA ELÁSTICA  (NÃO INCLUI FORNECIMENTO). AF_01/2021","M","4,52"]
[90738,"ASSENTAMENTO DE TUBO DE PVC PARA REDE COLETORA DE ESGOTO DE PAREDE MACIÇA, DN 350 MM, JUNTA ELÁSTICA (NÃO INCLUI FORNECIMENTO). AF_01/2021","M","5,01"]
[90739,"ASSENTAMENTO DE TUBO DE PVC PARA REDE COLETORA DE ESGOTO DE PAREDE MACIÇA, DN 400 MM, JUNTA ELÁSTICA (NÃO INCLUI FORNECIMENTO). AF_01/2021","M","7,84"]
[90740,"ASSENTAMENTO DE TUBO DE PVC CORRUGADO DE DUPLA PAREDE PARA REDE COLETORA DE ESGOTO, DN 150 MM, JUNTA ELÁSTICA (NÃO INCLUI FORNECIMENTO). AF_01/2021","M","3,43"]
[90741,"ASSENTAMENTO DE TUBO DE PVC CORRUGADO DE DUPLA PAREDE PARA REDE COLETORA DE ESGOTO, DN 200 MM, JUNTA ELÁSTICA (NÃO INCLUI FORNECIMENTO). AF_01/2021","M","3,91"]
[90742,"ASSENTAMENTO DE TUBO DE PVC CORRUGADO DE DUPLA PAREDE PARA REDE COLETORA DE ESGOTO, DN 250 MM, JUNTA ELÁSTICA (NÃO INCLUI FORNECIMENTO). AF_01/2021","M","4,39"]
[90743,"ASSENTAMENTO DE TUBO DE PVC CORRUGADO DE DUPLA PAREDE PARA REDE COLETORA DE ESGOTO, DN 300 MM, JUNTA ELÁSTICA (NÃO INCLUI FORNECIMENTO). AF_01/2021","M","4,87"]
[90744,"ASSENTAMENTO DE TUBO DE PVC CORRUGADO DE DUPLA PAREDE PARA REDE COLETORA DE ESGOTO, DN 350 MM, JUNTA ELÁSTICA (NÃO INCLUI FORNECIMENTO). AF_01/2021","M","5,35"]
[90745,"ASSENTAMENTO DE TUBO DE PVC CORRUGADO DE DUPLA PAREDE PARA REDE COLETORA DE ESGOTO, DN 400 MM, JUNTA ELÁSTICA  (NÃO INCLUI FORNECIMENTO). AF_01/2021","M","8,77"]
[90746,"ASSENTAMENTO DE TUBO DE PEAD CORRUGADO DE DUPLA PAREDE PARA REDE COLETORA DE ESGOTO, DN 450 MM, JUNTA ELÁSTICA INTEGRADA (NÃO INCLUI FORNECIMENTO). AF_01/2021","M","2,81"]
[90747,"ASSENTAMENTO DE TUBO DE PEAD CORRUGADO DE DUPLA PAREDE PARA REDE COLETORA DE ESGOTO, DN 600 MM, JUNTA ELÁSTICA INTEGRADA (NÃO INCLUI FORNECIMENTO). AF_01/2021","M","15,20"]
[94869,"TUBO DE PEAD CORRUGADO DE DUPLA PAREDE PARA REDE COLETORA DE ESGOTO, DN 250 MM, JUNTA ELÁSTICA INTEGRADA - FORNECIMENTO E ASSENTAMENTO. AF_01/2021","M","117,64"]
[94870,"ASSENTAMENTO DE TUBO DE PEAD CORRUGADO DE DUPLA PAREDE PARA REDE COLETORA DE ESGOTO, DN 250 MM, JUNTA ELÁSTICA INTEGRADA (NÃO INCLUI FORNECIMENTO). AF_01/2021","M","1,88"]
[94871,"TUBO DE PEAD CORRUGADO DE DUPLA PAREDE PARA REDE COLETORA DE ESGOTO, DN 300 MM, JUNTA ELÁSTICA INTEGRADA - FORNECIMENTO E ASSENTAMENTO. AF_01/2021","M","183,86"]
[94872,"ASSENTAMENTO DE TUBO DE PEAD CORRUGADO DE DUPLA PAREDE PARA REDE COLETORA DE ESGOTO, DN 300 MM, JUNTA ELÁSTICA INTEGRADA  (NÃO INCLUI FORNECIMENTO). AF_01/2021","M","2,51"]
[94875,"TUBO DE PEAD CORRUGADO DE DUPLA PAREDE PARA REDE COLETORA DE ESGOTO, DN 800 MM, JUNTA ELÁSTICA INTEGRADA - FORNECIMENTO E ASSENTAMENTO. AF_01/2021","M","1.083,00"]
[94876,"ASSENTAMENTO DE TUBO DE PEAD CORRUGADO DE DUPLA PAREDE PARA REDE COLETORA DE ESGOTO, DN 800 MM, JUNTA ELÁSTICA INTEGRADA  (NÃO INCLUI FORNECIMENTO). AF_01/2021","M","26,30"]
[94878,"ASSENTAMENTO DE TUBO DE PEAD CORRUGADO DE DUPLA PAREDE PARA REDE COLETORA DE ESGOTO, DN 900 MM, JUNTA ELÁSTICA INTEGRADA (NÃO INCLUI FORNECIMENTO). AF_01/2021","M","30,30"]
[94879,"TUBO DE PEAD CORRUGADO DE DUPLA PAREDE PARA REDE COLETORA DE ESGOTO, DN 1000 MM, JUNTA ELÁSTICA INTEGRADA - FORNECIMENTO E ASSENTAMENTO. AF_01/2021","M","1.667,51"]
[94880,"ASSENTAMENTO DE TUBO DE PEAD CORRUGADO DE DUPLA PAREDE PARA REDE COLETORA DE ESGOTO, DN 1000 MM, JUNTA ELÁSTICA INTEGRADA (NÃO INCLUI FORNECIMENTO). AF_01/2021","M","39,67"]
[94881,"TUBO DE PEAD CORRUGADO DE DUPLA PAREDE PARA REDE COLETORA DE ESGOTO, DN 1200 MM, JUNTA ELÁSTICA INTEGRADA - FORNECIMENTO E ASSENTAMENTO. AF_01/2021","M","2.295,61"]
[94882,"ASSENTAMENTO DE TUBO DE PEAD CORRUGADO DE DUPLA PAREDE PARA REDE COLETORA DE ESGOTO, DN 1200 MM, JUNTA ELÁSTICA INTEGRADA (NÃO INCLUI FORNECIMENTO). AF_01/2021","M","45,83"]
[94884,"ASSENTAMENTO DE TUBO DE PEAD CORRUGADO DE DUPLA PAREDE PARA REDE COLETORA DE ESGOTO, DN 1500 MM, JUNTA ELÁSTICA INTEGRADA (NÃO INCLUI FORNECIMENTO). AF_01/2021","M","58,31"]
[97121,"ASSENTAMENTO DE TUBO DE PVC PBA PARA REDE DE ÁGUA, DN 50 MM, JUNTA ELÁSTICA INTEGRADA, INSTALADO EM LOCAL COM NÍVEL ALTO DE INTERFERÊNCIAS (NÃO INCLUI FORNECIMENTO). AF_05/2024","M","2,34"]
[97122,"ASSENTAMENTO DE TUBO DE PVC PBA PARA REDE DE ÁGUA, DN 75 MM, JUNTA ELÁSTICA INTEGRADA, INSTALADO EM LOCAL COM NÍVEL ALTO DE INTERFERÊNCIAS (NÃO INCLUI FORNECIMENTO). AF_05/2024","M","2,84"]
[97123,"ASSENTAMENTO DE TUBO DE PVC PBA PARA REDE DE ÁGUA, DN 100 MM, JUNTA ELÁSTICA INTEGRADA, INSTALADO EM LOCAL COM NÍVEL ALTO DE INTERFERÊNCIAS (NÃO INCLUI FORNECIMENTO). AF_05/2024","M","3,30"]
[97124,"ASSENTAMENTO DE TUBO DE PVC PBA PARA REDE DE ÁGUA, DN 50 MM, JUNTA ELÁSTICA INTEGRADA, INSTALADO EM LOCAL COM NÍVEL BAIXO DE INTERFERÊNCIAS (NÃO INCLUI FORNECIMENTO). AF_05/2024","M","1,92"]
[97125,"ASSENTAMENTO DE TUBO DE PVC PBA PARA REDE DE ÁGUA, DN 75 MM, JUNTA ELÁSTICA INTEGRADA, INSTALADO EM LOCAL COM NÍVEL BAIXO DE INTERFERÊNCIAS (NÃO INCLUI FORNECIMENTO). AF_05/2024","M","2,34"]
[97126,"ASSENTAMENTO DE TUBO DE PVC PBA PARA REDE DE ÁGUA, DN 100 MM, JUNTA ELÁSTICA INTEGRADA, INSTALADO EM LOCAL COM NÍVEL BAIXO DE INTERFERÊNCIAS (NÃO INCLUI FORNECIMENTO). AF_05/2024","M","2,73"]
[102264,"TUBO DE PVC BRANCO PARA REDE COLETORA DE ESGOTO CONDOMINIAL DE PAREDE MACIÇA, DN 100 MM, JUNTA ELÁSTICA - FORNECIMENTO E ASSENTAMENTO. AF_01/2021","M","19,25"]
[102265,"JUNTA ARGAMASSADA ENTRE TUBO DN 800 MM E O POÇO DE VISITA/ CAIXA DE CONCRETO OU ALVENARIA EM REDES DE ESGOTO. AF_01/2021","UN","81,32"]
[102266,"JUNTA ARGAMASSADA ENTRE TUBO DN 900 MM E O POÇO DE VISITA/ CAIXA DE CONCRETO OU ALVENARIA EM REDES DE ESGOTO. AF_01/2021","UN","90,22"]
[102267,"JUNTA ARGAMASSADA ENTRE TUBO DN 1000 MM E O POÇO DE VISITA/ CAIXA DE CONCRETO OU ALVENARIA EM REDES DE ESGOTO. AF_01/2021","UN","103,65"]
[102268,"JUNTA ARGAMASSADA ENTRE TUBO DN 1200 MM E O POÇO DE VISITA/ CAIXA DE CONCRETO OU ALVENARIA EM REDES DE ESGOTO. AF_01/2021","UN","116,99"]
[102269,"JUNTA ARGAMASSADA ENTRE TUBO DN 1500 MM E O POÇO DE VISITA/ CAIXA DE CONCRETO OU ALVENARIA EM REDES DE ESGOTO. AF_01/2021","UN","143,69"]
[105260,"ASSENTAMENTO E FORNECIMENTO DE TUBO DE PVC PBA PARA REDE DE ÁGUA, DN 50, JUNTA ELÁSTICA INTEGRADA, INSTALADO EM LOCAL COM NÍVEL ALTO DE INTERFERÊNCIAS (INCLUI FORNECIMENTO). AF_05/2024","UN","16,65"]
[105285,"ASSENTAMENTO E FORNECIMENTO DE TUBO DE PVC PBA PARA REDE DE ÁGUA, DN 50, JUNTA ELÁSTICA INTEGRADA, INSTALADO EM LOCAL COM NÍVEL BAIXO DE INTERFERÊNCIAS (INCLUI FORNECIMENTO). AF_05/2024","UN","16,23"]
[105286,"ASSENTAMENTO E FORNECIMENTO DE LUVA SIMPLES, PVC PBA, JE, DN 50 / DE 60 MM, PARA REDE AGUA, JUNTA ELÁSTICA INTEGRADA, INSTALADO EM LOCAL COM NÍVEL ALTO DE INTERFERÊNCIAS (INCLUI FORNECIMENTO). AF_05/2024","UN","20,96"]
[105287,"ASSENTAMENTO E FORNECIMENTO DE LUVA SIMPLES, PVC PBA, JE, DN 50 / DE 60 MM, PARA REDE AGUA, JUNTA ELÁSTICA INTEGRADA, INSTALADO EM LOCAL COM NÍVEL BAIXO DE INTERFERÊNCIAS (INCLUI FORNECIMENTO). AF_05/2024","UN","19,28"]
[105288,"ASSENTAMENTO E FORNECIMENTO DE LUVA SIMPLES, PVC PBA, JE, DN 75 / DE 85 MM, PARA REDE AGUA, JUNTA ELÁSTICA INTEGRADA, INSTALADO EM LOCAL COM NÍVEL ALTO DE INTERFERÊNCIAS (INCLUI FORNECIMENTO). AF_05/2024","UN","33,63"]
[105289,"ASSENTAMENTO E FORNECIMENTO DE LUVA SIMPLES, PVC PBA, JE, DN 75 / DE 85 MM, PARA REDE AGUA, JUNTA ELÁSTICA INTEGRADA, INSTALADO EM LOCAL COM NÍVEL BAIXO DE INTERFERÊNCIAS (INCLUI FORNECIMENTO). AF_05/2024","UN","31,63"]
[105290,"ASSENTAMENTO E FORNECIMENTO DE LUVA SIMPLES, PVC PBA, JE, DN 100 / DE 110 MM, PARA REDE AGUA, JUNTA ELÁSTICA INTEGRADA, INSTALADO EM LOCAL COM NÍVEL ALTO DE INTERFERÊNCIAS (INCLUI FORNECIMENTO). AF_05/2024","UN","44,72"]
[105291,"ASSENTAMENTO E FORNECIMENTO DE LUVA SIMPLES, PVC PBA, JE, DN 100 / DE 110 MM, PARA REDE AGUA, JUNTA ELÁSTICA INTEGRADA, INSTALADO EM LOCAL COM NÍVEL BAIXO DE INTERFERÊNCIAS (INCLUI FORNECIMENTO). AF_05/2024","UN","42,41"]
[105292,"ASSENTAMENTO E FORNECIMENTO DE CURVA PVC PBA, JE, PB, 45 GRAUS, DN 50 / DE 60 MM, PARA REDE AGUA, JUNTA ELÁSTICA INTEGRADA, INSTALADO EM LOCAL COM NÍVEL ALTO DE INTERFERÊNCIAS (INCLUI FORNECIMENTO). AF_05/2024","UN","34,35"]
[105293,"ASSENTAMENTO E FORNECIMENTO DE CURVA PVC PBA, JE, PB, 45 GRAUS, DN 50 / DE 60 MM, PARA REDE AGUA, JUNTA ELÁSTICA INTEGRADA, INSTALADO EM LOCAL COM NÍVEL BAIXO DE INTERFERÊNCIAS (INCLUI FORNECIMENTO). AF_05/2024","UN","31,83"]
[105294,"ASSENTAMENTO E FORNECIMENTO DE CURVA PVC PBA, JE, PB, 45 GRAUS, DN 75 / DE 85 MM, PARA REDE AGUA, JUNTA ELÁSTICA INTEGRADA, INSTALADO EM LOCAL COM NÍVEL ALTO DE INTERFERÊNCIAS (INCLUI FORNECIMENTO). AF_05/2024","UN","66,98"]
[105295,"ASSENTAMENTO E FORNECIMENTO DE CURVA PVC PBA, JE, PB, 45 GRAUS, DN 75 / DE 85 MM, PARA REDE AGUA, JUNTA ELÁSTICA INTEGRADA, INSTALADO EM LOCAL COM NÍVEL BAIXO DE INTERFERÊNCIAS (INCLUI FORNECIMENTO). AF_05/2024","UN","63,99"]
[105296,"ASSENTAMENTO E FORNECIMENTO DE CURVA PVC PBA, JE, PB, 45 GRAUS, DN 100 / DE 110 MM, PARA REDE AGUA, JUNTA ELÁSTICA INTEGRADA, INSTALADO EM LOCAL COM NÍVEL ALTO DE INTERFERÊNCIAS (INCLUI FORNECIMENTO). AF_05/2024","UN","112,40"]
[105308,"ASSENTAMENTO DE TUBO DE PVC PBA PARA REDE DE ÁGUA, DN 125, JUNTA ELÁSTICA INTEGRADA, INSTALADO EM LOCAL COM NÍVEL ALTO DE INTERFERÊNCIAS (NÃO INCLUI FORNECIMENTO). AF_05/2024","M","3,84"]
[105309,"ASSENTAMENTO DE TUBO DE PVC PBA PARA REDE DE ÁGUA, DN 140, JUNTA ELÁSTICA INTEGRADA, INSTALADO EM LOCAL COM NÍVEL ALTO DE INTERFERÊNCIAS (NÃO INCLUI FORNECIMENTO). AF_05/2024","M","4,14"]
[105310,"ASSENTAMENTO DE TUBO DE PVC PBA PARA REDE DE ÁGUA, DN 180, JUNTA ELÁSTICA INTEGRADA, INSTALADO EM LOCAL COM NÍVEL ALTO DE INTERFERÊNCIAS (NÃO INCLUI FORNECIMENTO). AF_05/2024","M","4,88"]
[105311,"ASSENTAMENTO DE TUBO DE PVC DEFOFO OU PRFV OU RPVC PARA REDE DE ÁGUA, DN 100, JUNTA ELÁSTICA INTEGRADA, INSTALADO EM LOCAL COM NÍVEL ALTO DE INTERFERÊNCIAS (NÃO INCLUI FORNECIMENTO). AF_05/2024","M","3,07"]
[105312,"ASSENTAMENTO DE TUBO DE PVC PBA PARA REDE DE ÁGUA, DN 125, JUNTA ELÁSTICA INTEGRADA, INSTALADO EM LOCAL COM NÍVEL BAIXO DE INTERFERÊNCIAS (NÃO INCLUI FORNECIMENTO). AF_05/2024","M","3,19"]
[105313,"ASSENTAMENTO DE TUBO DE PVC PBA PARA REDE DE ÁGUA, DN 140, JUNTA ELÁSTICA INTEGRADA, INSTALADO EM LOCAL COM NÍVEL BAIXO DE INTERFERÊNCIAS (NÃO INCLUI FORNECIMENTO). AF_05/2024","M","3,45"]
[105314,"ASSENTAMENTO DE TUBO DE PVC PBA PARA REDE DE ÁGUA, DN 180, JUNTA ELÁSTICA INTEGRADA, INSTALADO EM LOCAL COM NÍVEL BAIXO DE INTERFERÊNCIAS (NÃO INCLUI FORNECIMENTO). AF_05/2024","M","4,08"]
[105315,"ASSENTAMENTO DE CONEXÃO 2 ACESSOS ALINHADOS DE PVC PBA PARA REDE DE ÁGUA, DN 50, JUNTA ELÁSTICA INTEGRADA, INSTALADO EM LOCAL COM NÍVEL BAIXO DE INTERFERÊNCIAS (NÃO INCLUI FORNECIMENTO). AF_05/2024","UN","8,05"]
[105316,"ASSENTAMENTO DE CONEXÃO 2 ACESSOS ALINHADOS DE FERRO FUNDIDO PARA REDE DE ÁGUA, DN 250, JUNTA ELÁSTICA, INSTALADO EM LOCAL COM NÍVEL BAIXO DE INTERFERÊNCIAS (NÃO INCLUI FORNECIMENTO). AF_05/2024","UN","16,11"]
[105327,"ASSENTAMENTO E FORNECIMENTO DE TUBO DE PVC PBA PARA REDE DE ÁGUA, DN 75, JUNTA ELÁSTICA INTEGRADA, INSTALADO EM LOCAL COM NÍVEL ALTO DE INTERFERÊNCIAS (INCLUI FORNECIMENTO). AF_05/2024","UN","30,95"]
[105328,"ASSENTAMENTO E FORNECIMENTO DE TUBO DE PVC PBA PARA REDE DE ÁGUA, DN 75, JUNTA ELÁSTICA INTEGRADA, INSTALADO EM LOCAL COM NÍVEL BAIXO DE INTERFERÊNCIAS (INCLUI FORNECIMENTO). AF_05/2024","UN","30,45"]
[105329,"ASSENTAMENTO E FORNECIMENTO DE TUBO DE PVC PBA PARA REDE DE ÁGUA, DN 100, JUNTA ELÁSTICA INTEGRADA, INSTALADO EM LOCAL COM NÍVEL ALTO DE INTERFERÊNCIAS (INCLUI FORNECIMENTO). AF_05/2024","UN","50,27"]
[105330,"ASSENTAMENTO E FORNECIMENTO DE TUBO DE PVC PBA PARA REDE DE ÁGUA, DN 100, JUNTA ELÁSTICA INTEGRADA, INSTALADO EM LOCAL COM NÍVEL BAIXO DE INTERFERÊNCIAS (INCLUI FORNECIMENTO). AF_05/2024","UN","49,70"]
[105331,"ASSENTAMENTO E FORNECIMENTO DE TUBO DE PVC DEFOFO OU PRFV OU RPVC PARA REDE DE ÁGUA, DN 100, JUNTA ELÁSTICA INTEGRADA, INSTALADO EM LOCAL COM NÍVEL ALTO DE INTERFERÊNCIAS (INCLUI FORNECIMENTO). AF_05/2024","M","35,74"]
[105332,"ASSENTAMENTO E FORNECIMENTO DE TUBO DE PVC DEFOFO OU PRFV OU RPVC PARA REDE DE ÁGUA, DN 100, JUNTA ELÁSTICA INTEGRADA, INSTALADO EM LOCAL COM NÍVEL BAIXO DE INTERFERÊNCIAS (INCLUI FORNECIMENTO). AF_05/2024","M","35,21"]
[105333,"ASSENTAMENTO E FORNECIMENTO DE TUBO DE PVC DEFOFO PARA REDE DE ÁGUA, DN 200, JUNTA ELÁSTICA INTEGRADA, INSTALADO EM LOCAL COM NÍVEL ALTO DE INTERFERÊNCIAS (INCLUI FORNECIMENTO). AF_05/2024","M","157,25"]
[105334,"ASSENTAMENTO E FORNECIMENTO DE TUBO DE PVC DEFOFO PARA REDE DE ÁGUA, DN 200, JUNTA ELÁSTICA INTEGRADA, INSTALADO EM LOCAL COM NÍVEL BAIXO DE INTERFERÊNCIAS (INCLUI FORNECIMENTO). AF_05/2024","M","155,36"]
[105335,"ASSENTAMENTO E FORNECIMENTO DE TUBO DE PVC DEFOFO PARA REDE DE ÁGUA, DN 250, JUNTA ELÁSTICA INTEGRADA, INSTALADO EM LOCAL COM NÍVEL ALTO DE INTERFERÊNCIAS (INCLUI FORNECIMENTO). AF_05/2024","M","236,62"]
[105336,"ASSENTAMENTO E FORNECIMENTO DE TUBO DE PVC DEFOFO PARA REDE DE ÁGUA, DN 250, JUNTA ELÁSTICA INTEGRADA, INSTALADO EM LOCAL COM NÍVEL BAIXO DE INTERFERÊNCIAS (INCLUI FORNECIMENTO). AF_05/2024","M","234,39"]
[105337,"ASSENTAMENTO E FORNECIMENTO DE TUBO DE PVC DEFOFO PARA REDE DE ÁGUA, DN 300, JUNTA ELÁSTICA INTEGRADA, INSTALADO EM LOCAL COM NÍVEL ALTO DE INTERFERÊNCIAS (INCLUI FORNECIMENTO). AF_05/2024","M","333,45"]
[105338,"ASSENTAMENTO E FORNECIMENTO DE TUBO DE PVC DEFOFO PARA REDE DE ÁGUA, DN 300, JUNTA ELÁSTICA INTEGRADA, INSTALADO EM LOCAL COM NÍVEL BAIXO DE INTERFERÊNCIAS (INCLUI FORNECIMENTO). AF_05/2024","M","330,87"]
[105339,"ASSENTAMENTO DE TUBO DE PVC DEFOFO OU PRFV OU RPVC PARA REDE DE ÁGUA, DN 100, JUNTA ELÁSTICA INTEGRADA, INSTALADO EM LOCAL COM NÍVEL BAIXO DE INTERFERÊNCIAS (NÃO INCLUI FORNECIMENTO). AF_05/2024","M","2,54"]
[105359,"ASSENTAMENTO DE CONEXÃO 2 ACESSOS ALINHADOS DE PVC PBA PARA REDE DE ÁGUA, DN 50, JUNTA ELÁSTICA INTEGRADA, INSTALADO EM LOCAL COM NÍVEL ALTO DE INTERFERÊNCIAS (NÃO INCLUI FORNECIMENTO). AF_05/2024","UN","9,73"]
[105360,"ASSENTAMENTO DE CONEXÃO 2 ACESSOS ALINHADOS DE PVC PBA PARA REDE DE ÁGUA, DN 75, JUNTA ELÁSTICA INTEGRADA, INSTALADO EM LOCAL COM NÍVEL ALTO DE INTERFERÊNCIAS (NÃO INCLUI FORNECIMENTO). AF_05/2024","UN","11,96"]
[105361,"ASSENTAMENTO DE CONEXÃO 2 ACESSOS ALINHADOS DE PVC PBA PARA REDE DE ÁGUA, DN 100, JUNTA ELÁSTICA INTEGRADA, INSTALADO EM LOCAL COM NÍVEL ALTO DE INTERFERÊNCIAS (NÃO INCLUI FORNECIMENTO). AF_05/2024","UN","13,97"]
[105362,"ASSENTAMENTO DE CONEXÃO 2 ACESSOS INCLINADOS DE PVC PBA PARA REDE DE ÁGUA, DN 50, JUNTA ELÁSTICA INTEGRADA, INSTALADO EM LOCAL COM NÍVEL ALTO DE INTERFERÊNCIAS (NÃO INCLUI FORNECIMENTO). AF_05/2024","UN","14,20"]
[105363,"ASSENTAMENTO DE CONEXÃO 2 ACESSOS INCLINADOS DE PVC PBA PARA REDE DE ÁGUA, DN 75, JUNTA ELÁSTICA INTEGRADA, INSTALADO EM LOCAL COM NÍVEL ALTO DE INTERFERÊNCIAS (NÃO INCLUI FORNECIMENTO). AF_05/2024","UN","17,24"]
[105364,"ASSENTAMENTO DE CONEXÃO 2 ACESSOS INCLINADOS DE PVC PBA PARA REDE DE ÁGUA, DN 100, JUNTA ELÁSTICA INTEGRADA, INSTALADO EM LOCAL COM NÍVEL ALTO DE INTERFERÊNCIAS (NÃO INCLUI FORNECIMENTO). AF_05/2024","UN","20,07"]
[105365,"ASSENTAMENTO DE CONEXÃO 3 ACESSOS DE PVC PBA PARA REDE DE ÁGUA, DN 50, JUNTA ELÁSTICA INTEGRADA, INSTALADO EM LOCAL COM NÍVEL ALTO DE INTERFERÊNCIAS (NÃO INCLUI FORNECIMENTO). AF_05/2024","UN","19,47"]
[105366,"ASSENTAMENTO DE CONEXÃO 3 ACESSOS DE PVC PBA PARA REDE DE ÁGUA, DN 75, JUNTA ELÁSTICA INTEGRADA, INSTALADO EM LOCAL COM NÍVEL ALTO DE INTERFERÊNCIAS (NÃO INCLUI FORNECIMENTO). AF_05/2024","UN","23,90"]
[105367,"ASSENTAMENTO DE CONEXÃO 3 ACESSOS DE PVC PBA PARA REDE DE ÁGUA, DN 100, JUNTA ELÁSTICA INTEGRADA, INSTALADO EM LOCAL COM NÍVEL ALTO DE INTERFERÊNCIAS (NÃO INCLUI FORNECIMENTO). AF_05/2024","UN","27,96"]
[105368,"FORNECIMENTO E ASSENTAMENTO DE CURVA 45 GRAUS RANHURADA EM FERRO FUNDIDO, DN 80 MM (3\") PARA REDE DE ÁGUA, INSTALADO EM LOCAL COM NÍVEL BAIXO DE INTERFERÊNCIAS (INCLUI FORNECIMENTO). AF_05/2024","UN","38,72"]
[105370,"FORNECIMENTO E ASSENTAMENTO DE TE RANHURADO EM FERRO FUNDIDO, DN 80 (3\") PARA REDE DE ÁGUA, INSTALADO EM LOCAL COM NÍVEL BAIXO DE INTERFERÊNCIAS (INCLUI FORNECIMENTO). AF_05/2024","UN","62,09"]
[105371,"ASSENTAMENTO DE CONEXÃO 3 ACESSOS DE PVC PBA PARA REDE DE ÁGUA, DN 100, JUNTA ELÁSTICA INTEGRADA, INSTALADO EM LOCAL COM NÍVEL BAIXO DE INTERFERÊNCIAS (NÃO INCLUI FORNECIMENTO). AF_05/2024","UN","23,35"]
[105372,"ASSENTAMENTO DE CONEXÃO 2 ACESSOS ALINHADOS DE FERRO FUNDIDO PARA REDE DE ÁGUA, DN 80, JUNTA ELÁSTICA, INSTALADO EM LOCAL COM NÍVEL BAIXO DE INTERFERÊNCIAS (NÃO INCLUI FORNECIMENTO). AF_05/2024","UN","6,85"]
[105373,"ASSENTAMENTO DE CONEXÃO 2 ACESSOS ALINHADOS DE FERRO FUNDIDO PARA REDE DE ÁGUA, DN 100, JUNTA ELÁSTICA, INSTALADO EM LOCAL COM NÍVEL BAIXO DE INTERFERÊNCIAS (NÃO INCLUI FORNECIMENTO). AF_05/2024","UN","7,95"]
[105374,"ASSENTAMENTO E FORNECIMENTO DE CURVA PVC PBA, JE, PB, 45 GRAUS, DN 100 / DE 110 MM, PARA REDE AGUA, JUNTA ELÁSTICA INTEGRADA, INSTALADO EM LOCAL COM NÍVEL BAIXO DE INTERFERÊNCIAS (INCLUI FORNECIMENTO). AF_05/2024","UN","108,95"]
[105375,"ASSENTAMENTO E FORNECIMENTO DE TE DE REDUCAO, PVC PBA, BBB, JE, DN 100 X 50 / DE 110 X 60 MM, PARA REDE AGUA, JUNTA ELÁSTICA INTEGRADA, INSTALADO EM LOCAL COM NÍVEL ALTO DE INTERFERÊNCIAS (INCLUI FORNECIMENTO). AF_05/2024","UN","90,47"]
[105376,"ASSENTAMENTO E FORNECIMENTO DE TE DE REDUCAO, PVC PBA, BBB, JE, DN 100 X 50 / DE 110 X 60 MM, PARA REDE AGUA, JUNTA ELÁSTICA INTEGRADA, INSTALADO EM LOCAL COM NÍVEL BAIXO DE INTERFERÊNCIAS (INCLUI FORNECIMENTO). AF_05/2024","UN","85,86"]
[105381,"ASSENTAMENTO DE CONEXÃO 2 ACESSOS ALINHADOS DE PVC PBA PARA REDE DE ÁGUA, DN 75, JUNTA ELÁSTICA INTEGRADA, INSTALADO EM LOCAL COM NÍVEL BAIXO DE INTERFERÊNCIAS (NÃO INCLUI FORNECIMENTO). AF_05/2024","UN","9,96"]
[105382,"ASSENTAMENTO DE CONEXÃO 2 ACESSOS ALINHADOS DE PVC PBA PARA REDE DE ÁGUA, DN 100, JUNTA ELÁSTICA INTEGRADA, INSTALADO EM LOCAL COM NÍVEL BAIXO DE INTERFERÊNCIAS (NÃO INCLUI FORNECIMENTO). AF_05/2024","UN","11,66"]
[105383,"ASSENTAMENTO DE CONEXÃO 2 ACESSOS INCLINADOS DE PVC PBA PARA REDE DE ÁGUA, DN 50, JUNTA ELÁSTICA INTEGRADA, INSTALADO EM LOCAL COM NÍVEL BAIXO DE INTERFERÊNCIAS (NÃO INCLUI FORNECIMENTO). AF_05/2024","UN","11,68"]
[105384,"ASSENTAMENTO DE CONEXÃO 2 ACESSOS INCLINADOS DE PVC PBA PARA REDE DE ÁGUA, DN 75, JUNTA ELÁSTICA INTEGRADA, INSTALADO EM LOCAL COM NÍVEL BAIXO DE INTERFERÊNCIAS (NÃO INCLUI FORNECIMENTO). AF_05/2024","UN","14,25"]
[105385,"ASSENTAMENTO DE CONEXÃO 2 ACESSOS INCLINADOS DE PVC PBA PARA REDE DE ÁGUA, DN 100, JUNTA ELÁSTICA INTEGRADA, INSTALADO EM LOCAL COM NÍVEL BAIXO DE INTERFERÊNCIAS (NÃO INCLUI FORNECIMENTO). AF_05/2024","UN","16,62"]
[105386,"ASSENTAMENTO DE CONEXÃO 3 ACESSOS DE PVC PBA PARA REDE DE ÁGUA, DN 50, JUNTA ELÁSTICA INTEGRADA, INSTALADO EM LOCAL COM NÍVEL BAIXO DE INTERFERÊNCIAS (NÃO INCLUI FORNECIMENTO). AF_05/2024","UN","16,10"]
[105387,"ASSENTAMENTO DE CONEXÃO 3 ACESSOS DE PVC PBA PARA REDE DE ÁGUA, DN 75, JUNTA ELÁSTICA INTEGRADA, INSTALADO EM LOCAL COM NÍVEL BAIXO DE INTERFERÊNCIAS (NÃO INCLUI FORNECIMENTO). AF_05/2024","UN","19,92"]
[92833,"TUBO DE CONCRETO PARA REDES COLETORAS DE ESGOTO SANITÁRIO, DIÂMETRO DE 300 MM, JUNTA ELÁSTICA, INSTALADO EM LOCAL COM BAIXO NÍVEL DE INTERFERÊNCIAS - FORNECIMENTO E ASSENTAMENTO. AF_03/2024","M","225,16"]
[92834,"ASSENTAMENTO DE TUBO DE CONCRETO PARA REDES COLETORAS DE ESGOTO SANITÁRIO, DIÂMETRO DE 300 MM, JUNTA ELÁSTICA, INSTALADO EM LOCAL COM BAIXO NÍVEL DE INTERFERÊNCIAS (NÃO INCLUI FORNECIMENTO). AF_03/2024","M","19,26"]
[92835,"TUBO DE CONCRETO PARA REDES COLETORAS DE ESGOTO SANITÁRIO, DIÂMETRO DE 400 MM, JUNTA ELÁSTICA, INSTALADO EM LOCAL COM BAIXO NÍVEL DE INTERFERÊNCIAS - FORNECIMENTO E ASSENTAMENTO. AF_03/2024","M","236,44"]
[92836,"ASSENTAMENTO DE TUBO DE CONCRETO PARA REDES COLETORAS DE ESGOTO SANITÁRIO, DIÂMETRO DE 400 MM, JUNTA ELÁSTICA, INSTALADO EM LOCAL COM BAIXO NÍVEL DE INTERFERÊNCIAS (NÃO INCLUI FORNECIMENTO). AF_03/2024","M","25,25"]
[92837,"TUBO DE CONCRETO PARA REDES COLETORAS DE ESGOTO SANITÁRIO, DIÂMETRO DE 500 MM, JUNTA ELÁSTICA, INSTALADO EM LOCAL COM BAIXO NÍVEL DE INTERFERÊNCIAS - FORNECIMENTO E ASSENTAMENTO. AF_03/2024","M","422,29"]
[92838,"ASSENTAMENTO DE TUBO DE CONCRETO PARA REDES COLETORAS DE ESGOTO SANITÁRIO, DIÂMETRO DE 500 MM, JUNTA ELÁSTICA, INSTALADO EM LOCAL COM BAIXO NÍVEL DE INTERFERÊNCIAS (NÃO INCLUI FORNECIMENTO). AF_03/2024","M","31,60"]
[92839,"TUBO DE CONCRETO PARA REDES COLETORAS DE ESGOTO SANITÁRIO, DIÂMETRO DE 600 MM, JUNTA ELÁSTICA, INSTALADO EM LOCAL COM BAIXO NÍVEL DE INTERFERÊNCIAS - FORNECIMENTO E ASSENTAMENTO. AF_03/2024","M","517,67"]
[92840,"ASSENTAMENTO DE TUBO DE CONCRETO PARA REDES COLETORAS DE ESGOTO SANITÁRIO, DIÂMETRO DE 600 MM, JUNTA ELÁSTICA, INSTALADO EM LOCAL COM BAIXO NÍVEL DE INTERFERÊNCIAS (NÃO INCLUI FORNECIMENTO). AF_03/2024","M","38,27"]
[92841,"TUBO DE CONCRETO PARA REDES COLETORAS DE ESGOTO SANITÁRIO, DIÂMETRO DE 700 MM, JUNTA ELÁSTICA, INSTALADO EM LOCAL COM BAIXO NÍVEL DE INTERFERÊNCIAS - FORNECIMENTO E ASSENTAMENTO. AF_03/2024","M","674,44"]
[92842,"ASSENTAMENTO DE TUBO DE CONCRETO PARA REDES COLETORAS DE ESGOTO SANITÁRIO, DIÂMETRO DE 700 MM, JUNTA ELÁSTICA, INSTALADO EM LOCAL COM BAIXO NÍVEL DE INTERFERÊNCIAS (NÃO INCLUI FORNECIMENTO). AF_03/2024","M","48,27"]
[92843,"TUBO DE CONCRETO PARA REDES COLETORAS DE ESGOTO SANITÁRIO, DIÂMETRO DE 800 MM, JUNTA ELÁSTICA, INSTALADO EM LOCAL COM BAIXO NÍVEL DE INTERFERÊNCIAS - FORNECIMENTO E ASSENTAMENTO. AF_03/2024","M","697,53"]
[92844,"ASSENTAMENTO DE TUBO DE CONCRETO PARA REDES COLETORAS DE ESGOTO SANITÁRIO, DIÂMETRO DE 800 MM, JUNTA ELÁSTICA, INSTALADO EM LOCAL COM BAIXO NÍVEL DE INTERFERÊNCIAS (NÃO INCLUI FORNECIMENTO). AF_03/2024","M","57,52"]
[92845,"TUBO DE CONCRETO PARA REDES COLETORAS DE ESGOTO SANITÁRIO, DIÂMETRO DE 900 MM, JUNTA ELÁSTICA, INSTALADO EM LOCAL COM BAIXO NÍVEL DE INTERFERÊNCIAS - FORNECIMENTO E ASSENTAMENTO. AF_03/2024","M","1.036,45"]
[92846,"ASSENTAMENTO DE TUBO DE CONCRETO PARA REDES COLETORAS DE ESGOTO SANITÁRIO, DIÂMETRO DE 900 MM, JUNTA ELÁSTICA, INSTALADO EM LOCAL COM BAIXO NÍVEL DE INTERFERÊNCIAS (NÃO INCLUI FORNECIMENTO). AF_03/2024","M","66,03"]
[92847,"TUBO DE CONCRETO PARA REDES COLETORAS DE ESGOTO SANITÁRIO, DIÂMETRO DE 1000 MM, JUNTA ELÁSTICA, INSTALADO EM LOCAL COM BAIXO NÍVEL DE INTERFERÊNCIAS - FORNECIMENTO E ASSENTAMENTO. AF_03/2024","M","1.062,37"]
[92848,"ASSENTAMENTO DE TUBO DE CONCRETO PARA REDES COLETORAS DE ESGOTO SANITÁRIO, DIÂMETRO DE 1000 MM, JUNTA ELÁSTICA, INSTALADO EM LOCAL COM BAIXO NÍVEL DE INTERFERÊNCIAS (NÃO INCLUI FORNECIMENTO). AF_03/2024","M","78,22"]
[92849,"TUBO DE CONCRETO PARA REDES COLETORAS DE ESGOTO SANITÁRIO, DIÂMETRO DE 300 MM, JUNTA ELÁSTICA, INSTALADO EM LOCAL COM ALTO NÍVEL DE INTERFERÊNCIAS - FORNECIMENTO E ASSENTAMENTO. AF_03/2024","M","227,33"]
[92850,"ASSENTAMENTO DE TUBO DE CONCRETO PARA REDES COLETORAS DE ESGOTO SANITÁRIO, DIÂMETRO DE 300 MM, JUNTA ELÁSTICA, INSTALADO EM LOCAL COM ALTO NÍVEL DE INTERFERÊNCIAS (NÃO INCLUI FORNECIMENTO). AF_03/2024","M","21,43"]
[92851,"TUBO DE CONCRETO PARA REDES COLETORAS DE ESGOTO SANITÁRIO, DIÂMETRO DE 400 MM, JUNTA ELÁSTICA, INSTALADO EM LOCAL COM ALTO NÍVEL DE INTERFERÊNCIAS - FORNECIMENTO E ASSENTAMENTO. AF_03/2024","M","239,53"]
[92852,"ASSENTAMENTO DE TUBO DE CONCRETO PARA REDES COLETORAS DE ESGOTO SANITÁRIO, DIÂMETRO DE 400 MM, JUNTA ELÁSTICA, INSTALADO EM LOCAL COM ALTO NÍVEL DE INTERFERÊNCIAS (NÃO INCLUI FORNECIMENTO). AF_03/2024","M","28,34"]
[92853,"TUBO DE CONCRETO PARA REDES COLETORAS DE ESGOTO SANITÁRIO, DIÂMETRO DE 500 MM, JUNTA ELÁSTICA, INSTALADO EM LOCAL COM ALTO NÍVEL DE INTERFERÊNCIAS - FORNECIMENTO E ASSENTAMENTO. AF_03/2024","M","426,31"]
[92854,"ASSENTAMENTO DE TUBO DE CONCRETO PARA REDES COLETORAS DE ESGOTO SANITÁRIO, DIÂMETRO DE 500 MM, JUNTA ELÁSTICA, INSTALADO EM LOCAL COM ALTO NÍVEL DE INTERFERÊNCIAS (NÃO INCLUI FORNECIMENTO). AF_03/2024","M","35,62"]
[92855,"TUBO DE CONCRETO PARA REDES COLETORAS DE ESGOTO SANITÁRIO, DIÂMETRO DE 600 MM, JUNTA ELÁSTICA, INSTALADO EM LOCAL COM ALTO NÍVEL DE INTERFERÊNCIAS - FORNECIMENTO E ASSENTAMENTO. AF_03/2024","M","522,61"]
[92856,"ASSENTAMENTO DE TUBO DE CONCRETO PARA REDES COLETORAS DE ESGOTO SANITÁRIO, DIÂMETRO DE 600 MM, JUNTA ELÁSTICA, INSTALADO EM LOCAL COM ALTO NÍVEL DE INTERFERÊNCIAS (NÃO INCLUI FORNECIMENTO). AF_03/2024","M","43,21"]
[92857,"TUBO DE CONCRETO PARA REDES COLETORAS DE ESGOTO SANITÁRIO, DIÂMETRO DE 700 MM, JUNTA ELÁSTICA, INSTALADO EM LOCAL COM ALTO NÍVEL DE INTERFERÊNCIAS - FORNECIMENTO E ASSENTAMENTO. AF_03/2024","M","680,32"]
[92858,"ASSENTAMENTO DE TUBO DE CONCRETO PARA REDES COLETORAS DE ESGOTO SANITÁRIO, DIÂMETRO DE 700 MM, JUNTA ELÁSTICA, INSTALADO EM LOCAL COM ALTO NÍVEL DE INTERFERÊNCIAS (NÃO INCLUI FORNECIMENTO). AF_03/2024","M","54,15"]
[92859,"TUBO DE CONCRETO PARA REDES COLETORAS DE ESGOTO SANITÁRIO, DIÂMETRO DE 800 MM, JUNTA ELÁSTICA, INSTALADO EM LOCAL COM ALTO NÍVEL DE INTERFERÊNCIAS - FORNECIMENTO E ASSENTAMENTO. AF_03/2024","M","704,35"]
[92860,"ASSENTAMENTO DE TUBO DE CONCRETO PARA REDES COLETORAS DE ESGOTO SANITÁRIO, DIÂMETRO DE 800 MM, JUNTA ELÁSTICA, INSTALADO EM LOCAL COM ALTO NÍVEL DE INTERFERÊNCIAS (NÃO INCLUI FORNECIMENTO). AF_03/2024","M","64,34"]
[92861,"TUBO DE CONCRETO PARA REDES COLETORAS DE ESGOTO SANITÁRIO, DIÂMETRO DE 900 MM, JUNTA ELÁSTICA, INSTALADO EM LOCAL COM ALTO NÍVEL DE INTERFERÊNCIAS - FORNECIMENTO E ASSENTAMENTO. AF_03/2024","M","1.044,17"]
[92862,"ASSENTAMENTO DE TUBO DE CONCRETO PARA REDES COLETORAS DE ESGOTO SANITÁRIO, DIÂMETRO DE 900 MM, JUNTA ELÁSTICA, INSTALADO EM LOCAL COM ALTO NÍVEL DE INTERFERÊNCIAS (NÃO INCLUI FORNECIMENTO). AF_03/2024","M","73,75"]
[92863,"TUBO DE CONCRETO PARA REDES COLETORAS DE ESGOTO SANITÁRIO, DIÂMETRO DE 1000 MM, JUNTA ELÁSTICA, INSTALADO EM LOCAL COM ALTO NÍVEL DE INTERFERÊNCIAS - FORNECIMENTO E ASSENTAMENTO. AF_03/2024","M","1.071,02"]
[92864,"ASSENTAMENTO DE TUBO DE CONCRETO PARA REDES COLETORAS DE ESGOTO SANITÁRIO, DIÂMETRO DE 1000 MM, JUNTA ELÁSTICA, INSTALADO EM LOCAL COM ALTO NÍVEL DE INTERFERÊNCIAS (NÃO INCLUI FORNECIMENTO). AF_03/2024","M","86,87"]
[92210,"TUBO DE CONCRETO PARA REDES COLETORAS DE ÁGUAS PLUVIAIS, DIÂMETRO DE 400 MM, JUNTA RÍGIDA, INSTALADO EM LOCAL COM BAIXO NÍVEL DE INTERFERÊNCIAS - FORNECIMENTO E ASSENTAMENTO. AF_03/2024","M","160,28"]
[92211,"TUBO DE CONCRETO PARA REDES COLETORAS DE ÁGUAS PLUVIAIS, DIÂMETRO DE 500 MM, JUNTA RÍGIDA, INSTALADO EM LOCAL COM BAIXO NÍVEL DE INTERFERÊNCIAS - FORNECIMENTO E ASSENTAMENTO. AF_03/2024","M","194,63"]
[92212,"TUBO DE CONCRETO PARA REDES COLETORAS DE ÁGUAS PLUVIAIS, DIÂMETRO DE 600 MM, JUNTA RÍGIDA, INSTALADO EM LOCAL COM BAIXO NÍVEL DE INTERFERÊNCIAS - FORNECIMENTO E ASSENTAMENTO. AF_03/2024","M","299,97"]
[92213,"TUBO DE CONCRETO PARA REDES COLETORAS DE ÁGUAS PLUVIAIS, DIÂMETRO DE 700 MM, JUNTA RÍGIDA, INSTALADO EM LOCAL COM BAIXO NÍVEL DE INTERFERÊNCIAS - FORNECIMENTO E ASSENTAMENTO. AF_03/2024","M","400,72"]
[92214,"TUBO DE CONCRETO PARA REDES COLETORAS DE ÁGUAS PLUVIAIS, DIÂMETRO DE 800 MM, JUNTA RÍGIDA, INSTALADO EM LOCAL COM BAIXO NÍVEL DE INTERFERÊNCIAS - FORNECIMENTO E ASSENTAMENTO. AF_03/2024","M","486,20"]
[92215,"TUBO DE CONCRETO PARA REDES COLETORAS DE ÁGUAS PLUVIAIS, DIÂMETRO DE 900 MM, JUNTA RÍGIDA, INSTALADO EM LOCAL COM BAIXO NÍVEL DE INTERFERÊNCIAS - FORNECIMENTO E ASSENTAMENTO. AF_03/2024","M","558,64"]
[92216,"TUBO DE CONCRETO PARA REDES COLETORAS DE ÁGUAS PLUVIAIS, DIÂMETRO DE 1000 MM, JUNTA RÍGIDA, INSTALADO EM LOCAL COM BAIXO NÍVEL DE INTERFERÊNCIAS - FORNECIMENTO E ASSENTAMENTO. AF_03/2024","M","578,50"]
[92219,"TUBO DE CONCRETO PARA REDES COLETORAS DE ÁGUAS PLUVIAIS, DIÂMETRO DE 400 MM, JUNTA RÍGIDA, INSTALADO EM LOCAL COM ALTO NÍVEL DE INTERFERÊNCIAS - FORNECIMENTO E ASSENTAMENTO. AF_03/2024","M","163,37"]
[92220,"TUBO DE CONCRETO PARA REDES COLETORAS DE ÁGUAS PLUVIAIS, DIÂMETRO DE 500 MM, JUNTA RÍGIDA, INSTALADO EM LOCAL COM ALTO NÍVEL DE INTERFERÊNCIAS - FORNECIMENTO E ASSENTAMENTO. AF_03/2024","M","198,66"]
[92221,"TUBO DE CONCRETO PARA REDES COLETORAS DE ÁGUAS PLUVIAIS, DIÂMETRO DE 600 MM, JUNTA RÍGIDA, INSTALADO EM LOCAL COM ALTO NÍVEL DE INTERFERÊNCIAS - FORNECIMENTO E ASSENTAMENTO. AF_03/2024","M","304,91"]
[92222,"TUBO DE CONCRETO PARA REDES COLETORAS DE ÁGUAS PLUVIAIS, DIÂMETRO DE 700 MM, JUNTA RÍGIDA, INSTALADO EM LOCAL COM ALTO NÍVEL DE INTERFERÊNCIAS - FORNECIMENTO E ASSENTAMENTO. AF_03/2024","M","406,58"]
[92223,"TUBO DE CONCRETO PARA REDES COLETORAS DE ÁGUAS PLUVIAIS, DIÂMETRO DE 800 MM, JUNTA RÍGIDA, INSTALADO EM LOCAL COM ALTO NÍVEL DE INTERFERÊNCIAS - FORNECIMENTO E ASSENTAMENTO. AF_03/2024","M","492,97"]
[92224,"TUBO DE CONCRETO PARA REDES COLETORAS DE ÁGUAS PLUVIAIS, DIÂMETRO DE 900 MM, JUNTA RÍGIDA, INSTALADO EM LOCAL COM ALTO NÍVEL DE INTERFERÊNCIAS - FORNECIMENTO E ASSENTAMENTO. AF_03/2024","M","566,37"]
[92226,"TUBO DE CONCRETO PARA REDES COLETORAS DE ÁGUAS PLUVIAIS, DIÂMETRO DE 1000 MM, JUNTA RÍGIDA, INSTALADO EM LOCAL COM ALTO NÍVEL DE INTERFERÊNCIAS - FORNECIMENTO E ASSENTAMENTO. AF_03/2024","M","587,15"]
[92808,"ASSENTAMENTO DE TUBO DE CONCRETO PARA REDES COLETORAS DE ÁGUAS PLUVIAIS, DIÂMETRO DE 300 MM, JUNTA RÍGIDA, INSTALADO EM LOCAL COM BAIXO NÍVEL DE INTERFERÊNCIAS (NÃO INCLUI FORNECIMENTO). AF_03/2024","M","21,78"]
[92809,"ASSENTAMENTO DE TUBO DE CONCRETO PARA REDES COLETORAS DE ÁGUAS PLUVIAIS, DIÂMETRO DE 400 MM, JUNTA RÍGIDA, INSTALADO EM LOCAL COM BAIXO NÍVEL DE INTERFERÊNCIAS (NÃO INCLUI FORNECIMENTO). AF_03/2024","M","30,40"]
[92810,"ASSENTAMENTO DE TUBO DE CONCRETO PARA REDES COLETORAS DE ÁGUAS PLUVIAIS, DIÂMETRO DE 500 MM, JUNTA RÍGIDA, INSTALADO EM LOCAL COM BAIXO NÍVEL DE INTERFERÊNCIAS (NÃO INCLUI FORNECIMENTO). AF_03/2024","M","39,41"]
[92811,"ASSENTAMENTO DE TUBO DE CONCRETO PARA REDES COLETORAS DE ÁGUAS PLUVIAIS, DIÂMETRO DE 600 MM, JUNTA RÍGIDA, INSTALADO EM LOCAL COM BAIXO NÍVEL DE INTERFERÊNCIAS (NÃO INCLUI FORNECIMENTO). AF_03/2024","M","48,65"]
[92812,"ASSENTAMENTO DE TUBO DE CONCRETO PARA REDES COLETORAS DE ÁGUAS PLUVIAIS, DIÂMETRO DE 700 MM, JUNTA RÍGIDA, INSTALADO EM LOCAL COM BAIXO NÍVEL DE INTERFERÊNCIAS (NÃO INCLUI FORNECIMENTO). AF_03/2024","M","58,18"]
[92813,"ASSENTAMENTO DE TUBO DE CONCRETO PARA REDES COLETORAS DE ÁGUAS PLUVIAIS, DIÂMETRO DE 800 MM, JUNTA RÍGIDA, INSTALADO EM LOCAL COM BAIXO NÍVEL DE INTERFERÊNCIAS (NÃO INCLUI FORNECIMENTO). AF_03/2024","M","68,05"]
[92814,"ASSENTAMENTO DE TUBO DE CONCRETO PARA REDES COLETORAS DE ÁGUAS PLUVIAIS, DIÂMETRO DE 900 MM, JUNTA RÍGIDA, INSTALADO EM LOCAL COM BAIXO NÍVEL DE INTERFERÊNCIAS (NÃO INCLUI FORNECIMENTO). AF_03/2024","M","78,18"]
[92815,"ASSENTAMENTO DE TUBO DE CONCRETO PARA REDES COLETORAS DE ÁGUAS PLUVIAIS, DIÂMETRO DE 1000 MM, JUNTA RÍGIDA, INSTALADO EM LOCAL COM BAIXO NÍVEL DE INTERFERÊNCIAS (NÃO INCLUI FORNECIMENTO). AF_03/2024","M","88,54"]
[92816,"TUBO DE CONCRETO PARA REDES COLETORAS DE ÁGUAS PLUVIAIS, DIÂMETRO DE 1200 MM, JUNTA RÍGIDA, INSTALADO EM LOCAL COM BAIXO NÍVEL DE INTERFERÊNCIAS - FORNECIMENTO E ASSENTAMENTO. AF_03/2024","M","841,99"]
[92817,"ASSENTAMENTO DE TUBO DE CONCRETO PARA REDES COLETORAS DE ÁGUAS PLUVIAIS, DIÂMETRO DE 1200 MM, JUNTA RÍGIDA, INSTALADO EM LOCAL COM BAIXO NÍVEL DE INTERFERÊNCIAS (NÃO INCLUI FORNECIMENTO). AF_03/2024","M","110,21"]
[92818,"TUBO DE CONCRETO PARA REDES COLETORAS DE ÁGUAS PLUVIAIS, DIÂMETRO DE 1500 MM, JUNTA RÍGIDA, INSTALADO EM LOCAL COM BAIXO NÍVEL DE INTERFERÊNCIAS - FORNECIMENTO E ASSENTAMENTO. AF_03/2024","M","1.205,02"]
[92819,"ASSENTAMENTO DE TUBO DE CONCRETO PARA REDES COLETORAS DE ÁGUAS PLUVIAIS, DIÂMETRO DE 1500 MM, JUNTA RÍGIDA, INSTALADO EM LOCAL COM BAIXO NÍVEL DE INTERFERÊNCIAS (NÃO INCLUI FORNECIMENTO). AF_03/2024","M","144,84"]
[92820,"ASSENTAMENTO DE TUBO DE CONCRETO PARA REDES COLETORAS DE ÁGUAS PLUVIAIS, DIÂMETRO DE 300 MM, JUNTA RÍGIDA, INSTALADO EM LOCAL COM ALTO NÍVEL DE INTERFERÊNCIAS (NÃO INCLUI FORNECIMENTO). AF_03/2024","M","23,95"]
[92821,"ASSENTAMENTO DE TUBO DE CONCRETO PARA REDES COLETORAS DE ÁGUAS PLUVIAIS, DIÂMETRO DE 400 MM, JUNTA RÍGIDA, INSTALADO EM LOCAL COM ALTO NÍVEL DE INTERFERÊNCIAS (NÃO INCLUI FORNECIMENTO). AF_03/2024","M","33,49"]
[92822,"ASSENTAMENTO DE TUBO DE CONCRETO PARA REDES COLETORAS DE ÁGUAS PLUVIAIS, DIÂMETRO DE 500 MM, JUNTA RÍGIDA, INSTALADO EM LOCAL COM ALTO NÍVEL DE INTERFERÊNCIAS (NÃO INCLUI FORNECIMENTO). AF_03/2024","M","43,44"]
[92824,"ASSENTAMENTO DE TUBO DE CONCRETO PARA REDES COLETORAS DE ÁGUAS PLUVIAIS, DIÂMETRO DE 600 MM, JUNTA RÍGIDA, INSTALADO EM LOCAL COM ALTO NÍVEL DE INTERFERÊNCIAS (NÃO INCLUI FORNECIMENTO). AF_03/2024","M","53,59"]
[92825,"ASSENTAMENTO DE TUBO DE CONCRETO PARA REDES COLETORAS DE ÁGUAS PLUVIAIS, DIÂMETRO DE 700 MM, JUNTA RÍGIDA, INSTALADO EM LOCAL COM ALTO NÍVEL DE INTERFERÊNCIAS (NÃO INCLUI FORNECIMENTO). AF_03/2024","M","64,04"]
[92826,"ASSENTAMENTO DE TUBO DE CONCRETO PARA REDES COLETORAS DE ÁGUAS PLUVIAIS, DIÂMETRO DE 800 MM, JUNTA RÍGIDA, INSTALADO EM LOCAL COM ALTO NÍVEL DE INTERFERÊNCIAS (NÃO INCLUI FORNECIMENTO). AF_03/2024","M","74,82"]
[92827,"ASSENTAMENTO DE TUBO DE CONCRETO PARA REDES COLETORAS DE ÁGUAS PLUVIAIS, DIÂMETRO DE 900 MM, JUNTA RÍGIDA, INSTALADO EM LOCAL COM ALTO NÍVEL DE INTERFERÊNCIAS (NÃO INCLUI FORNECIMENTO). AF_03/2024","M","85,91"]
[92828,"ASSENTAMENTO DE TUBO DE CONCRETO PARA REDES COLETORAS DE ÁGUAS PLUVIAIS, DIÂMETRO DE 1000 MM, JUNTA RÍGIDA, INSTALADO EM LOCAL COM ALTO NÍVEL DE INTERFERÊNCIAS (NÃO INCLUI FORNECIMENTO). AF_03/2024","M","97,19"]
[92829,"TUBO DE CONCRETO PARA REDES COLETORAS DE ÁGUAS PLUVIAIS, DIÂMETRO DE 1200 MM, JUNTA RÍGIDA, INSTALADO EM LOCAL COM ALTO NÍVEL DE INTERFERÊNCIAS - FORNECIMENTO E ASSENTAMENTO. AF_03/2024","M","852,49"]
[92830,"ASSENTAMENTO DE TUBO DE CONCRETO PARA REDES COLETORAS DE ÁGUAS PLUVIAIS, DIÂMETRO DE 1200 MM, JUNTA RÍGIDA, INSTALADO EM LOCAL COM ALTO NÍVEL DE INTERFERÊNCIAS (NÃO INCLUI FORNECIMENTO). AF_03/2024","M","120,71"]
[92831,"TUBO DE CONCRETO PARA REDES COLETORAS DE ÁGUAS PLUVIAIS, DIÂMETRO DE 1500 MM, JUNTA RÍGIDA, INSTALADO EM LOCAL COM ALTO NÍVEL DE INTERFERÊNCIAS - FORNECIMENTO E ASSENTAMENTO. AF_03/2024","M","1.218,28"]
[92832,"ASSENTAMENTO DE TUBO DE CONCRETO PARA REDES COLETORAS DE ÁGUAS PLUVIAIS, DIÂMETRO DE 1500 MM, JUNTA RÍGIDA, INSTALADO EM LOCAL COM ALTO NÍVEL DE INTERFERÊNCIAS (NÃO INCLUI FORNECIMENTO). AF_03/2024","M","158,10"]
[95565,"TUBO DE CONCRETO PARA REDES COLETORAS DE ÁGUAS PLUVIAIS, DIÂMETRO DE 300MM, JUNTA RÍGIDA, INSTALADO EM LOCAL COM BAIXO NÍVEL DE INTERFERÊNCIAS - FORNECIMENTO E ASSENTAMENTO. AF_03/2024","M","136,87"]
[95566,"TUBO DE CONCRETO PARA REDES COLETORAS DE ÁGUAS PLUVIAIS, DIÂMETRO DE 300MM, JUNTA RÍGIDA, INSTALADO EM LOCAL COM ALTO NÍVEL DE INTERFERÊNCIAS - FORNECIMENTO E ASSENTAMENTO. AF_03/2024","M","139,04"]
[95567,"TUBO DE CONCRETO (SIMPLES) PARA REDES COLETORAS DE ÁGUAS PLUVIAIS, DIÂMETRO DE 300 MM, JUNTA RÍGIDA, INSTALADO EM LOCAL COM BAIXO NÍVEL DE INTERFERÊNCIAS - FORNECIMENTO E ASSENTAMENTO. AF_03/2024","M","85,64"]
[95568,"TUBO DE CONCRETO (SIMPLES) PARA REDES COLETORAS DE ÁGUAS PLUVIAIS, DIÂMETRO DE 400 MM, JUNTA RÍGIDA, INSTALADO EM LOCAL COM BAIXO NÍVEL DE INTERFERÊNCIAS - FORNECIMENTO E ASSENTAMENTO. AF_03/2024","M","105,85"]
[95569,"TUBO DE CONCRETO (SIMPLES) PARA REDES COLETORAS DE ÁGUAS PLUVIAIS, DIÂMETRO DE 500 MM, JUNTA RÍGIDA, INSTALADO EM LOCAL COM BAIXO NÍVEL DE INTERFERÊNCIAS - FORNECIMENTO E ASSENTAMENTO. AF_03/2024","M","151,72"]
[95570,"TUBO DE CONCRETO (SIMPLES) PARA REDES COLETORAS DE ÁGUAS PLUVIAIS, DIÂMETRO DE 300 MM, JUNTA RÍGIDA, INSTALADO EM LOCAL COM ALTO NÍVEL DE INTERFERÊNCIAS - FORNECIMENTO E ASSENTAMENTO. AF_03/2024","M","87,81"]
[95571,"TUBO DE CONCRETO (SIMPLES) PARA REDES COLETORAS DE ÁGUAS PLUVIAIS, DIÂMETRO DE 400 MM, JUNTA RÍGIDA, INSTALADO EM LOCAL COM ALTO NÍVEL DE INTERFERÊNCIAS - FORNECIMENTO E ASSENTAMENTO. AF_03/2024","M","108,94"]
[95572,"TUBO DE CONCRETO (SIMPLES) PARA REDES COLETORAS DE ÁGUAS PLUVIAIS, DIÂMETRO DE 500 MM, JUNTA RÍGIDA, INSTALADO EM LOCAL COM ALTO NÍVEL DE INTERFERÊNCIAS - FORNECIMENTO E ASSENTAMENTO. AF_03/2024","M","155,75"]
[97127,"ASSENTAMENTO DE TUBO DE PVC DEFOFO OU PRFV OU RPVC PARA REDE DE ÁGUA, DN 150 MM, JUNTA ELÁSTICA INTEGRADA, INSTALADO EM LOCAL COM NÍVEL ALTO DE INTERFERÊNCIAS (NÃO INCLUI FORNECIMENTO). AF_05/2024","M","4,04"]
[97128,"ASSENTAMENTO DE TUBO DE PVC DEFOFO OU PRFV OU RPVC PARA REDE DE ÁGUA, DN 200 MM, JUNTA ELÁSTICA INTEGRADA, INSTALADO EM LOCAL COM NÍVEL ALTO DE INTERFERÊNCIAS (NÃO INCLUI FORNECIMENTO). AF_05/2024","M","8,22"]
[97129,"ASSENTAMENTO DE TUBO DE PVC DEFOFO OU PRFV OU RPVC PARA REDE DE ÁGUA, DN 250 MM, JUNTA ELÁSTICA INTEGRADA, INSTALADO EM LOCAL COM NÍVEL ALTO DE INTERFERÊNCIAS (NÃO INCLUI FORNECIMENTO). AF_05/2024","M","9,73"]
[97130,"ASSENTAMENTO DE TUBO DE PVC DEFOFO OU PRFV OU RPVC PARA REDE DE ÁGUA, DN 300 MM, JUNTA ELÁSTICA INTEGRADA, INSTALADO EM LOCAL COM NÍVEL ALTO DE INTERFERÊNCIAS (NÃO INCLUI FORNECIMENTO). AF_05/2024","M","11,27"]
[97131,"ASSENTAMENTO DE TUBO DE PVC DEFOFO OU PRFV OU RPVC PARA REDE DE ÁGUA, DN 350 MM, JUNTA ELÁSTICA INTEGRADA, INSTALADO EM LOCAL COM NÍVEL ALTO DE INTERFERÊNCIAS (NÃO INCLUI FORNECIMENTO). AF_05/2024","M","12,79"]
[97132,"ASSENTAMENTO DE TUBO DE PVC DEFOFO OU PRFV OU RPVC PARA REDE DE ÁGUA, DN 400 MM, JUNTA ELÁSTICA INTEGRADA, INSTALADO EM LOCAL COM NÍVEL ALTO DE INTERFERÊNCIAS (NÃO INCLUI FORNECIMENTO). AF_05/2024","M","14,32"]
[97133,"ASSENTAMENTO DE TUBO DE PVC DEFOFO OU PRFV OU RPVC PARA REDE DE ÁGUA, DN 500 MM, JUNTA ELÁSTICA INTEGRADA, INSTALADO EM LOCAL COM NÍVEL ALTO DE INTERFERÊNCIAS (NÃO INCLUI FORNECIMENTO). AF_05/2024","M","17,39"]
[97134,"ASSENTAMENTO DE TUBO DE PVC DEFOFO OU PRFV OU RPVC PARA REDE DE ÁGUA, DN 150 MM, JUNTA ELÁSTICA INTEGRADA, INSTALADO EM LOCAL COM NÍVEL BAIXO DE INTERFERÊNCIAS (NÃO INCLUI FORNECIMENTO). AF_05/2024","M","3,37"]
[97135,"ASSENTAMENTO DE TUBO DE PVC DEFOFO OU PRFV OU RPVC PARA REDE DE ÁGUA, DN 200 MM, JUNTA ELÁSTICA INTEGRADA, INSTALADO EM LOCAL COM NÍVEL BAIXO DE INTERFERÊNCIAS (NÃO INCLUI FORNECIMENTO). AF_05/2024","M","6,33"]
[97136,"ASSENTAMENTO DE TUBO DE PVC DEFOFO OU PRFV OU RPVC PARA REDE DE ÁGUA, DN 250 MM, JUNTA ELÁSTICA INTEGRADA, INSTALADO EM LOCAL COM NÍVEL BAIXO DE INTERFERÊNCIAS (NÃO INCLUI FORNECIMENTO). AF_05/2024","M","7,50"]
[97137,"ASSENTAMENTO DE TUBO DE PVC DEFOFO OU PRFV OU RPVC PARA REDE DE ÁGUA, DN 300 MM, JUNTA ELÁSTICA INTEGRADA, INSTALADO EM LOCAL COM NÍVEL BAIXO DE INTERFERÊNCIAS (NÃO INCLUI FORNECIMENTO). AF_05/2024","M","8,69"]
[97138,"ASSENTAMENTO DE TUBO DE PVC DEFOFO OU PRFV OU RPVC PARA REDE DE ÁGUA, DN 350 MM, JUNTA ELÁSTICA INTEGRADA, INSTALADO EM LOCAL COM NÍVEL BAIXO DE INTERFERÊNCIAS (NÃO INCLUI FORNECIMENTO). AF_05/2024","M","9,88"]
[97139,"ASSENTAMENTO DE TUBO DE PVC DEFOFO OU PRFV OU RPVC PARA REDE DE ÁGUA, DN 400 MM, JUNTA ELÁSTICA INTEGRADA, INSTALADO EM LOCAL COM NÍVEL BAIXO DE INTERFERÊNCIAS (NÃO INCLUI FORNECIMENTO). AF_05/2024","M","11,06"]
[97140,"ASSENTAMENTO DE TUBO DE PVC DEFOFO OU PRFV OU RPVC PARA REDE DE ÁGUA, DN 500 MM, JUNTA ELÁSTICA INTEGRADA, INSTALADO EM LOCAL COM NÍVEL BAIXO DE INTERFERÊNCIAS (NÃO INCLUI FORNECIMENTO). AF_05/2024","M","13,42"]
[103089,"ASSENTAMENTO DE TUBO DE FERRO FUNDIDO PARA REDE DE ÁGUA, DN 80 MM, JUNTA FLANGEADA (NÃO INCLUI O FORNECIMENTO). AF_09/2021","M","11,59"]
[103090,"ASSENTAMENTO DE TUBO DE FERRO FUNDIDO PARA REDE DE ÁGUA, DN 100 MM, JUNTA FLANGEADA (NÃO INCLUI O FORNECIMENTO). AF_09/2021","M","13,85"]
[103091,"ASSENTAMENTO DE TUBO DE FERRO FUNDIDO PARA REDE DE ÁGUA, DN 150 MM, JUNTA FLANGEADA (NÃO INCLUI O FORNECIMENTO). AF_09/2021","M","19,44"]
[103092,"ASSENTAMENTO DE TUBO DE FERRO FUNDIDO PARA REDE DE ÁGUA, DN 200 MM, JUNTA FLANGEADA (NÃO INCLUI O FORNECIMENTO). AF_09/2021","M","25,04"]
[103093,"ASSENTAMENTO DE TUBO DE FERRO FUNDIDO PARA REDE DE ÁGUA, DN 250 MM, JUNTA FLANGEADA (NÃO INCLUI O FORNECIMENTO). AF_09/2021","M","38,27"]
[103094,"ASSENTAMENTO DE TUBO DE FERRO FUNDIDO PARA REDE DE ÁGUA, DN 300 MM, JUNTA FLANGEADA (NÃO INCLUI O FORNECIMENTO). AF_09/2021","M","43,90"]
[103095,"ASSENTAMENTO DE TUBO DE FERRO FUNDIDO PARA REDE DE ÁGUA, DN 350 MM, JUNTA FLANGEADA (NÃO INCLUI O FORNECIMENTO). AF_09/2021","M","57,11"]
[103096,"ASSENTAMENTO DE TUBO DE FERRO FUNDIDO PARA REDE DE ÁGUA, DN 400 MM, JUNTA FLANGEADA (NÃO INCLUI O FORNECIMENTO). AF_09/2021","M","62,72"]
[103097,"ASSENTAMENTO DE TUBO DE FERRO FUNDIDO PARA REDE DE ÁGUA, DN 450 MM, JUNTA FLANGEADA (NÃO INCLUI O FORNECIMENTO). AF_09/2021","M","75,94"]
[103098,"ASSENTAMENTO DE TUBO DE FERRO FUNDIDO PARA REDE DE ÁGUA, DN 500 MM, JUNTA FLANGEADA (NÃO INCLUI O FORNECIMENTO). AF_09/2021","M","81,56"]
[103099,"ASSENTAMENTO DE TUBO DE FERRO FUNDIDO PARA REDE DE ÁGUA, DN 600 MM, JUNTA FLANGEADA (NÃO INCLUI O FORNECIMENTO). AF_09/2021","M","92,76"]
[103100,"ASSENTAMENTO DE TUBO DE FERRO FUNDIDO PARA REDE DE ÁGUA, DN 700 MM, JUNTA FLANGEADA (NÃO INCLUI O FORNECIMENTO). AF_09/2021","M","98,96"]
[103101,"ASSENTAMENTO DE TUBO DE FERRO FUNDIDO PARA REDE DE ÁGUA, DN 800 MM, JUNTA FLANGEADA (NÃO INCLUI O FORNECIMENTO). AF_09/2021","M","108,96"]
[103102,"ASSENTAMENTO DE TUBO DE FERRO FUNDIDO PARA REDE DE ÁGUA, DN 900 MM, JUNTA FLANGEADA (NÃO INCLUI O FORNECIMENTO). AF_09/2021","M","125,49"]
[103103,"ASSENTAMENTO DE TUBO DE FERRO FUNDIDO PARA REDE DE ÁGUA, DN 1000 MM, JUNTA FLANGEADA (NÃO INCLUI O FORNECIMENTO). AF_09/2021","M","135,50"]
[103104,"ASSENTAMENTO DE TUBO DE FERRO FUNDIDO PARA REDE DE ÁGUA, DN 1200 MM, JUNTA FLANGEADA (NÃO INCLUI O FORNECIMENTO). AF_09/2021","M","162,04"]
[103105,"ASSENTAMENTO DE CONEXÃO COM 2 ACESSOS, FERRO FUNDIDO PARA REDE DE ÁGUA, DN  80 MM, JUNTA FLANGEADA (NÃO INCLUI O FORNECIMENTO). AF_09/2021","UN","49,31"]
[103106,"ASSENTAMENTO DE CONEXÃO COM 2 ACESSOS, FERRO FUNDIDO PARA REDE DE ÁGUA, DN  100 MM, JUNTA FLANGEADA (NÃO INCLUI O FORNECIMENTO). AF_09/2021","UN","58,74"]
[103107,"ASSENTAMENTO DE CONEXÃO COM 2 ACESSOS, FERRO FUNDIDO PARA REDE DE ÁGUA, DN  150 MM, JUNTA FLANGEADA (NÃO INCLUI O FORNECIMENTO). AF_09/2021","UN","82,28"]
[103108,"ASSENTAMENTO DE CONEXÃO COM 2 ACESSOS, FERRO FUNDIDO PARA REDE DE ÁGUA, DN  200 MM, JUNTA FLANGEADA (NÃO INCLUI O FORNECIMENTO). AF_09/2021","UN","105,82"]
[103109,"ASSENTAMENTO DE CONEXÃO COM 2 ACESSOS, FERRO FUNDIDO PARA REDE DE ÁGUA, DN  250 MM, JUNTA FLANGEADA (NÃO INCLUI O FORNECIMENTO). AF_09/2021","UN","173,58"]
[103110,"ASSENTAMENTO DE CONEXÃO COM 2 ACESSOS, FERRO FUNDIDO PARA REDE DE ÁGUA, DN  300 MM, JUNTA FLANGEADA (NÃO INCLUI O FORNECIMENTO). AF_09/2021","UN","197,13"]
[103111,"ASSENTAMENTO DE CONEXÃO COM 2 ACESSOS, FERRO FUNDIDO PARA REDE DE ÁGUA, DN  350 MM, JUNTA FLANGEADA (NÃO INCLUI O FORNECIMENTO). AF_09/2021","UN","264,90"]
[103112,"ASSENTAMENTO DE CONEXÃO COM 2 ACESSOS, FERRO FUNDIDO PARA REDE DE ÁGUA, DN  400 MM, JUNTA FLANGEADA (NÃO INCLUI O FORNECIMENTO). AF_09/2021","UN","288,43"]
[103113,"ASSENTAMENTO DE CONEXÃO COM 2 ACESSOS, FERRO FUNDIDO PARA REDE DE ÁGUA, DN  450 MM, JUNTA FLANGEADA (NÃO INCLUI O FORNECIMENTO). AF_09/2021","UN","356,20"]
[103114,"ASSENTAMENTO DE CONEXÃO COM 2 ACESSOS, FERRO FUNDIDO PARA REDE DE ÁGUA, DN  500 MM, JUNTA FLANGEADA (NÃO INCLUI O FORNECIMENTO). AF_09/2021","UN","379,73"]
[103115,"ASSENTAMENTO DE CONEXÃO COM 2 ACESSOS, FERRO FUNDIDO PARA REDE DE ÁGUA, DN  600 MM, JUNTA FLANGEADA (NÃO INCLUI O FORNECIMENTO). AF_09/2021","UN","426,82"]
[103116,"ASSENTAMENTO DE CONEXÃO COM 2 ACESSOS, FERRO FUNDIDO PARA REDE DE ÁGUA, DN  700 MM, JUNTA FLANGEADA (NÃO INCLUI O FORNECIMENTO). AF_09/2021","UN","518,12"]
[103117,"ASSENTAMENTO DE CONEXÃO COM 2 ACESSOS, FERRO FUNDIDO PARA REDE DE ÁGUA, DN  800 MM, JUNTA FLANGEADA (NÃO INCLUI O FORNECIMENTO). AF_09/2021","UN","565,20"]
[103118,"ASSENTAMENTO DE CONEXÃO COM 2 ACESSOS, FERRO FUNDIDO PARA REDE DE ÁGUA, DN  900 MM, JUNTA FLANGEADA (NÃO INCLUI O FORNECIMENTO). AF_09/2021","UN","656,51"]
[103119,"ASSENTAMENTO DE CONEXÃO COM 2 ACESSOS, FERRO FUNDIDO PARA REDE DE ÁGUA, DN  1000 MM, JUNTA FLANGEADA (NÃO INCLUI O FORNECIMENTO). AF_09/2021","UN","703,58"]
[103120,"ASSENTAMENTO DE CONEXÃO COM 2 ACESSOS, FERRO FUNDIDO PARA REDE DE ÁGUA, DN  1200 MM, JUNTA FLANGEADA (NÃO INCLUI O FORNECIMENTO). AF_09/2021","UN","841,97"]
[103121,"ASSENTAMENTO DE CONEXÃO COM 3 ACESSOS, FERRO FUNDIDO PARA REDE DE ÁGUA, DN  80 MM, JUNTA FLANGEADA (NÃO INCLUI O FORNECIMENTO). AF_09/2021","UN","64,57"]
[103122,"ASSENTAMENTO DE CONEXÃO COM 3 ACESSOS, FERRO FUNDIDO PARA REDE DE ÁGUA, DN  100 MM, JUNTA FLANGEADA (NÃO INCLUI O FORNECIMENTO). AF_09/2021","UN","78,68"]
[103123,"ASSENTAMENTO DE CONEXÃO COM 3 ACESSOS, FERRO FUNDIDO PARA REDE DE ÁGUA, DN  150 MM, JUNTA FLANGEADA (NÃO INCLUI O FORNECIMENTO). AF_09/2021","UN","114,01"]
[103124,"ASSENTAMENTO DE CONEXÃO COM 3 ACESSOS, FERRO FUNDIDO PARA REDE DE ÁGUA, DN  200 MM, JUNTA FLANGEADA (NÃO INCLUI O FORNECIMENTO). AF_09/2021","UN","149,29"]
[103125,"ASSENTAMENTO DE CONEXÃO COM 3 ACESSOS, FERRO FUNDIDO PARA REDE DE ÁGUA, DN  250 MM, JUNTA FLANGEADA (NÃO INCLUI O FORNECIMENTO). AF_09/2021","UN","250,96"]
[103126,"ASSENTAMENTO DE CONEXÃO COM 3 ACESSOS, FERRO FUNDIDO PARA REDE DE ÁGUA, DN  300 MM, JUNTA FLANGEADA (NÃO INCLUI O FORNECIMENTO). AF_09/2021","UN","286,26"]
[103127,"ASSENTAMENTO DE CONEXÃO COM 3 ACESSOS, FERRO FUNDIDO PARA REDE DE ÁGUA, DN  350 MM, JUNTA FLANGEADA (NÃO INCLUI O FORNECIMENTO). AF_09/2021","UN","387,93"]
[103128,"ASSENTAMENTO DE CONEXÃO COM 3 ACESSOS, FERRO FUNDIDO PARA REDE DE ÁGUA, DN  400 MM, JUNTA FLANGEADA (NÃO INCLUI O FORNECIMENTO). AF_09/2021","UN","423,23"]
[103129,"ASSENTAMENTO DE CONEXÃO COM 3 ACESSOS, FERRO FUNDIDO PARA REDE DE ÁGUA, DN  450 MM, JUNTA FLANGEADA (NÃO INCLUI O FORNECIMENTO). AF_09/2021","UN","524,89"]
[103130,"ASSENTAMENTO DE CONEXÃO COM 3 ACESSOS, FERRO FUNDIDO PARA REDE DE ÁGUA, DN  500 MM, JUNTA FLANGEADA (NÃO INCLUI O FORNECIMENTO). AF_09/2021","UN","560,19"]
[103131,"ASSENTAMENTO DE CONEXÃO COM 3 ACESSOS, FERRO FUNDIDO PARA REDE DE ÁGUA, DN  600 MM, JUNTA FLANGEADA (NÃO INCLUI O FORNECIMENTO). AF_09/2021","UN","630,80"]
[103132,"ASSENTAMENTO DE CONEXÃO COM 3 ACESSOS, FERRO FUNDIDO PARA REDE DE ÁGUA, DN  700 MM, JUNTA FLANGEADA (NÃO INCLUI O FORNECIMENTO). AF_09/2021","UN","767,76"]
[103133,"ASSENTAMENTO DE CONEXÃO COM 3 ACESSOS, FERRO FUNDIDO PARA REDE DE ÁGUA, DN  800 MM, JUNTA FLANGEADA (NÃO INCLUI O FORNECIMENTO). AF_09/2021","UN","838,39"]
[103134,"ASSENTAMENTO DE CONEXÃO COM 3 ACESSOS, FERRO FUNDIDO PARA REDE DE ÁGUA, DN  900 MM, JUNTA FLANGEADA (NÃO INCLUI O FORNECIMENTO). AF_09/2021","UN","975,34"]
[103135,"ASSENTAMENTO DE CONEXÃO COM 3 ACESSOS, FERRO FUNDIDO PARA REDE DE ÁGUA, DN  1000 MM, JUNTA FLANGEADA (NÃO INCLUI O FORNECIMENTO). AF_09/2021","UN","1.045,96"]
[103136,"ASSENTAMENTO DE CONEXÃO COM 3 ACESSOS, FERRO FUNDIDO PARA REDE DE ÁGUA, DN  1200 MM, JUNTA FLANGEADA (NÃO INCLUI O FORNECIMENTO). AF_09/2021","UN","1.253,55"]
[103137,"ASSENTAMENTO DE CONEXÃO COM 1 ACESSO, FERRO FUNDIDO PARA REDE DE ÁGUA, DN  80 MM, JUNTA FLANGEADA (NÃO INCLUI O FORNECIMENTO). AF_09/2021","UN","34,09"]
[103138,"ASSENTAMENTO DE CONEXÃO COM 1 ACESSO, FERRO FUNDIDO PARA REDE DE ÁGUA, DN  100 MM, JUNTA FLANGEADA (NÃO INCLUI O FORNECIMENTO). AF_09/2021","UN","38,79"]
[103139,"ASSENTAMENTO DE CONEXÃO COM 1 ACESSO, FERRO FUNDIDO PARA REDE DE ÁGUA, DN  150 MM, JUNTA FLANGEADA (NÃO INCLUI O FORNECIMENTO). AF_09/2021","UN","50,58"]
[103140,"ASSENTAMENTO DE CONEXÃO COM 1 ACESSO, FERRO FUNDIDO PARA REDE DE ÁGUA, DN  200 MM, JUNTA FLANGEADA (NÃO INCLUI O FORNECIMENTO). AF_09/2021","UN","62,34"]
[103141,"ASSENTAMENTO DE CONEXÃO COM 1 ACESSO, FERRO FUNDIDO PARA REDE DE ÁGUA, DN  250 MM, JUNTA FLANGEADA (NÃO INCLUI O FORNECIMENTO). AF_09/2021","UN","96,24"]
[103142,"ASSENTAMENTO DE CONEXÃO COM 1 ACESSO, FERRO FUNDIDO PARA REDE DE ÁGUA, DN  300 MM, JUNTA FLANGEADA (NÃO INCLUI O FORNECIMENTO). AF_09/2021","UN","107,99"]
[103143,"ASSENTAMENTO DE CONEXÃO COM 1 ACESSO, FERRO FUNDIDO PARA REDE DE ÁGUA, DN  350 MM, JUNTA FLANGEADA (NÃO INCLUI O FORNECIMENTO). AF_09/2021","UN","141,89"]
[103144,"ASSENTAMENTO DE CONEXÃO COM 1 ACESSO, FERRO FUNDIDO PARA REDE DE ÁGUA, DN  400 MM, JUNTA FLANGEADA (NÃO INCLUI O FORNECIMENTO). AF_09/2021","UN","153,64"]
[103145,"ASSENTAMENTO DE CONEXÃO COM 1 ACESSO, FERRO FUNDIDO PARA REDE DE ÁGUA, DN  450 MM, JUNTA FLANGEADA (NÃO INCLUI O FORNECIMENTO). AF_09/2021","UN","187,53"]
[103146,"ASSENTAMENTO DE CONEXÃO COM 1 ACESSO, FERRO FUNDIDO PARA REDE DE ÁGUA, DN  500 MM, JUNTA FLANGEADA (NÃO INCLUI O FORNECIMENTO). AF_09/2021","UN","199,30"]
[103147,"ASSENTAMENTO DE CONEXÃO COM 1 ACESSO, FERRO FUNDIDO PARA REDE DE ÁGUA, DN  600 MM, JUNTA FLANGEADA (NÃO INCLUI O FORNECIMENTO). AF_09/2021","UN","222,83"]
[103148,"ASSENTAMENTO DE CONEXÃO COM 1 ACESSO, FERRO FUNDIDO PARA REDE DE ÁGUA, DN  700 MM, JUNTA FLANGEADA (NÃO INCLUI O FORNECIMENTO). AF_09/2021","UN","268,49"]
[103149,"ASSENTAMENTO DE CONEXÃO COM 1 ACESSO, FERRO FUNDIDO PARA REDE DE ÁGUA, DN  800 MM, JUNTA FLANGEADA (NÃO INCLUI O FORNECIMENTO). AF_09/2021","UN","292,03"]
[103150,"ASSENTAMENTO DE CONEXÃO COM 1 ACESSO, FERRO FUNDIDO PARA REDE DE ÁGUA, DN  900 MM, JUNTA FLANGEADA (NÃO INCLUI O FORNECIMENTO). AF_09/2021","UN","337,64"]
[103151,"ASSENTAMENTO DE CONEXÃO COM 1 ACESSO, FERRO FUNDIDO PARA REDE DE ÁGUA, DN  1000 MM, JUNTA FLANGEADA (NÃO INCLUI O FORNECIMENTO). AF_09/2021","UN","361,22"]
[103152,"ASSENTAMENTO DE CONEXÃO COM 1 ACESSO, FERRO FUNDIDO PARA REDE DE ÁGUA, DN  1200 MM, JUNTA FLANGEADA (NÃO INCLUI O FORNECIMENTO). AF_09/2021","UN","430,42"]
[103372,"TUBO PEAD LISO PARA REDE DE ÁGUA OU ESGOTO, DIÂMETRO DE 20 MM, JUNTA SOLDADA (NÃO INCLUI A EXECUÇÃO DE SOLDA) - FORNECIMENTO E ASSENTAMENTO. AF_12/2021","M","5,08"]
[103373,"TUBO PEAD LISO PARA REDE DE ÁGUA OU ESGOTO, DIÂMETRO DE 32 MM, JUNTA SOLDADA (NÃO INCLUI A EXECUÇÃO DE SOLDA) - FORNECIMENTO E ASSENTAMENTO. AF_12/2021","M","9,97"]
[103376,"TUBO PEAD LISO PARA REDE DE ÁGUA OU ESGOTO, DIÂMETRO DE 110 MM, JUNTA SOLDADA (NÃO INCLUI A EXECUÇÃO DE SOLDA) - FORNECIMENTO E ASSENTAMENTO. AF_12/2021","M","119,26"]
[103377,"TUBO PEAD LISO PARA REDE DE ÁGUA OU ESGOTO, DIÂMETRO DE 160 MM, JUNTA SOLDADA (NÃO INCLUI A EXECUÇÃO DE SOLDA) - FORNECIMENTO E ASSENTAMENTO. AF_12/2021","M","255,30"]
[103379,"TUBO PEAD LISO PARA REDE DE ÁGUA OU ESGOTO, DIÂMETRO DE 200 MM, JUNTA SOLDADA (NÃO INCLUI A EXECUÇÃO DE SOLDA) - FORNECIMENTO E ASSENTAMENTO. AF_12/2021","M","397,53"]
[103383,"TUBO PEAD LISO PARA REDE DE ÁGUA OU ESGOTO, DIÂMETRO DE 315 MM, JUNTA SOLDADA (NÃO INCLUI A EXECUÇÃO DE SOLDA) - FORNECIMENTO E ASSENTAMENTO. AF_12/2021","M","975,70"]
[103385,"TUBO PEAD LISO PARA REDE DE ÁGUA OU ESGOTO, DIÂMETRO DE 400 MM, JUNTA SOLDADA (NÃO INCLUI A EXECUÇÃO DE SOLDA) - FORNECIMENTO E ASSENTAMENTO. AF_12/2021","M","1.573,41"]
[103387,"TUBO PEAD LISO PARA REDE DE ÁGUA OU ESGOTO, DIÂMETRO DE 500 MM, JUNTA SOLDADA (NÃO INCLUI A EXECUÇÃO DE SOLDA) - FORNECIMENTO E ASSENTAMENTO. AF_12/2021","M","2.760,05"]
[103389,"TUBO PEAD LISO PARA REDE DE ÁGUA OU ESGOTO, DIÂMETRO DE 630 MM, JUNTA SOLDADA (NÃO INCLUI A EXECUÇÃO DE SOLDA) - FORNECIMENTO E ASSENTAMENTO. AF_12/2021","M","4.104,62"]
[103391,"TUBO PEAD LISO PARA REDE DE ÁGUA OU ESGOTO, DIÂMETRO DE 800 MM, JUNTA SOLDADA (NÃO INCLUI A EXECUÇÃO DE SOLDA) - FORNECIMENTO E ASSENTAMENTO. AF_12/2021","M","2.706,21"]
[103392,"TUBO PEAD LISO PARA REDE DE ÁGUA OU ESGOTO, DIÂMETRO DE 900 MM, JUNTA SOLDADA (NÃO INCLUI A EXECUÇÃO DE SOLDA) - FORNECIMENTO E ASSENTAMENTO. AF_12/2021","M","4.421,31"]
[103393,"TUBO PEAD LISO PARA REDE DE ÁGUA OU ESGOTO, DIÂMETRO DE 1000 MM, JUNTA SOLDADA (NÃO INCLUI A EXECUÇÃO DE SOLDA) - FORNECIMENTO E ASSENTAMENTO. AF_12/2021","M","4.876,73"]
[103397,"ASSENTAMENTO DE CONEXÃO COM 2 ACESSOS, EM PEAD LISO PARA REDE DE ÁGUA OU ESGOTO, DIÂMETRO DE 20 MM, JUNTA SOLDADA (NÃO INCLUI O FORNECIMENTO E EXECUÇÃO DE SOLDA). AF_12/2021","UN","3,16"]
[103398,"ASSENTAMENTO DE CONEXÃO COM 2 ACESSOS, EM PEAD LISO PARA REDE DE ÁGUA OU ESGOTO, DIÂMETRO DE 32 MM, JUNTA SOLDADA (NÃO INCLUI O FORNECIMENTO E EXECUÇÃO DE SOLDA). AF_12/2021","UN","5,07"]
[103399,"ASSENTAMENTO DE CONEXÃO COM 2 ACESSOS, EM PEAD LISO PARA REDE DE ÁGUA OU ESGOTO, DIÂMETRO DE 63 MM, JUNTA SOLDADA (NÃO INCLUI O FORNECIMENTO E EXECUÇÃO DE SOLDA). AF_12/2021","UN","9,99"]
[103400,"ASSENTAMENTO DE CONEXÃO COM 2 ACESSOS, EM PEAD LISO PARA REDE DE ÁGUA OU ESGOTO, DIÂMETRO DE 90 MM, JUNTA SOLDADA (NÃO INCLUI O FORNECIMENTO E EXECUÇÃO DE SOLDA). AF_12/2021","UN","14,26"]
[103401,"ASSENTAMENTO DE CONEXÃO COM 2 ACESSOS, EM PEAD LISO PARA REDE DE ÁGUA OU ESGOTO, DIÂMETRO DE 110 MM, JUNTA SOLDADA (NÃO INCLUI O FORNECIMENTO E EXECUÇÃO DE SOLDA). AF_12/2021","UN","17,44"]
[103402,"ASSENTAMENTO DE CONEXÃO COM 2 ACESSOS, EM PEAD LISO PARA REDE DE ÁGUA OU ESGOTO, DIÂMETRO DE 160 MM, JUNTA SOLDADA (NÃO INCLUI O FORNECIMENTO E EXECUÇÃO DE SOLDA). AF_12/2021","UN","25,37"]
[103403,"ASSENTAMENTO DE CONEXÃO COM 2 ACESSOS, EM PEAD LISO PARA REDE DE ÁGUA OU ESGOTO, DIÂMETRO DE 180 MM, JUNTA SOLDADA (NÃO INCLUI O FORNECIMENTO E EXECUÇÃO DE SOLDA). AF_12/2021","UN","28,54"]
[103404,"ASSENTAMENTO DE CONEXÃO COM 2 ACESSOS, EM PEAD LISO PARA REDE DE ÁGUA OU ESGOTO, DIÂMETRO DE 200 MM, JUNTA SOLDADA (NÃO INCLUI O FORNECIMENTO E EXECUÇÃO DE SOLDA). AF_12/2021","UN","31,72"]
[103405,"ASSENTAMENTO DE CONEXÃO COM 2 ACESSOS, EM PEAD LISO PARA REDE DE ÁGUA OU ESGOTO, DIÂMETRO DE 225 MM, JUNTA SOLDADA (NÃO INCLUI O FORNECIMENTO E EXECUÇÃO DE SOLDA). AF_12/2021","UN","35,68"]
[103406,"ASSENTAMENTO DE CONEXÃO COM 2 ACESSOS, EM PEAD LISO PARA REDE DE ÁGUA OU ESGOTO, DIÂMETRO DE 250 MM, JUNTA SOLDADA (NÃO INCLUI O FORNECIMENTO E EXECUÇÃO DE SOLDA). AF_12/2021","UN","39,64"]
[103407,"ASSENTAMENTO DE CONEXÃO COM 2 ACESSOS, EM PEAD LISO PARA REDE DE ÁGUA OU ESGOTO, DIÂMETRO DE 280 MM, JUNTA SOLDADA (NÃO INCLUI O FORNECIMENTO E EXECUÇÃO DE SOLDA). AF_12/2021","UN","44,40"]
[103408,"ASSENTAMENTO DE CONEXÃO COM 2 ACESSOS, EM PEAD LISO PARA REDE DE ÁGUA OU ESGOTO, DIÂMETRO DE 315 MM, JUNTA SOLDADA (NÃO INCLUI O FORNECIMENTO E EXECUÇÃO DE SOLDA). AF_12/2021","UN","49,96"]
[103409,"ASSENTAMENTO DE CONEXÃO COM 2 ACESSOS, EM PEAD LISO PARA REDE DE ÁGUA OU ESGOTO, DIÂMETRO DE 355 MM, JUNTA SOLDADA (NÃO INCLUI O FORNECIMENTO E EXECUÇÃO DE SOLDA). AF_12/2021","UN","56,30"]
[103410,"ASSENTAMENTO DE CONEXÃO COM 2 ACESSOS, EM PEAD LISO PARA REDE DE ÁGUA OU ESGOTO, DIÂMETRO DE 400 MM, JUNTA SOLDADA (NÃO INCLUI O FORNECIMENTO E EXECUÇÃO DE SOLDA). AF_12/2021","UN","63,44"]
[103411,"ASSENTAMENTO DE CONEXÃO COM 3 ACESSOS, EM PEAD LISO PARA REDE DE ÁGUA OU ESGOTO, DIÂMETRO DE 20 MM, JUNTA SOLDADA (NÃO INCLUI O FORNECIMENTO E EXECUÇÃO DE SOLDA). AF_12/2021","UN","6,34"]
[103412,"ASSENTAMENTO DE CONEXÃO COM 3 ACESSOS, EM PEAD LISO PARA REDE DE ÁGUA OU ESGOTO, DIÂMETRO DE 32 MM, JUNTA SOLDADA (NÃO INCLUI O FORNECIMENTO E EXECUÇÃO DE SOLDA). AF_12/2021","UN","10,14"]
[103413,"ASSENTAMENTO DE CONEXÃO COM 3 ACESSOS, EM PEAD LISO PARA REDE DE ÁGUA OU ESGOTO, DIÂMETRO DE 63 MM, JUNTA SOLDADA (NÃO INCLUI O FORNECIMENTO E EXECUÇÃO DE SOLDA). AF_12/2021","UN","19,98"]
[103414,"ASSENTAMENTO DE CONEXÃO COM 3 ACESSOS, EM PEAD LISO PARA REDE DE ÁGUA OU ESGOTO, DIÂMETRO DE 90 MM, JUNTA SOLDADA (NÃO INCLUI O FORNECIMENTO E EXECUÇÃO DE SOLDA). AF_12/2021","UN","28,54"]
[103415,"ASSENTAMENTO DE CONEXÃO COM 3 ACESSOS, EM PEAD LISO PARA REDE DE ÁGUA OU ESGOTO, DIÂMETRO DE 110 MM, JUNTA SOLDADA (NÃO INCLUI O FORNECIMENTO E EXECUÇÃO DE SOLDA). AF_12/2021","UN","34,89"]
[103416,"ASSENTAMENTO DE CONEXÃO COM 3 ACESSOS, EM PEAD LISO PARA REDE DE ÁGUA OU ESGOTO, DIÂMETRO DE 160 MM, JUNTA SOLDADA (NÃO INCLUI O FORNECIMENTO E EXECUÇÃO DE SOLDA). AF_12/2021","UN","50,75"]
[103417,"ASSENTAMENTO DE CONEXÃO COM 3 ACESSOS, EM PEAD LISO PARA REDE DE ÁGUA OU ESGOTO, DIÂMETRO DE 180 MM, JUNTA SOLDADA (NÃO INCLUI O FORNECIMENTO E EXECUÇÃO DE SOLDA). AF_12/2021","UN","57,10"]
[103418,"ASSENTAMENTO DE CONEXÃO COM 3 ACESSOS, EM PEAD LISO PARA REDE DE ÁGUA OU ESGOTO, DIÂMETRO DE 200 MM, JUNTA SOLDADA (NÃO INCLUI O FORNECIMENTO E EXECUÇÃO DE SOLDA). AF_12/2021","UN","63,44"]
[103419,"ASSENTAMENTO DE CONEXÃO COM 3 ACESSOS, EM PEAD LISO PARA REDE DE ÁGUA OU ESGOTO, DIÂMETRO DE 225 MM, JUNTA SOLDADA (NÃO INCLUI O FORNECIMENTO E EXECUÇÃO DE SOLDA). AF_12/2021","UN","71,38"]
[103420,"ASSENTAMENTO DE CONEXÃO COM 3 ACESSOS, EM PEAD LISO PARA REDE DE ÁGUA OU ESGOTO, DIÂMETRO DE 250 MM, JUNTA SOLDADA (NÃO INCLUI O FORNECIMENTO E EXECUÇÃO DE SOLDA). AF_12/2021","UN","79,30"]
[103421,"ASSENTAMENTO DE CONEXÃO COM 3 ACESSOS, EM PEAD LISO PARA REDE DE ÁGUA OU ESGOTO, DIÂMETRO DE 280 MM, JUNTA SOLDADA (NÃO INCLUI O FORNECIMENTO E EXECUÇÃO DE SOLDA). AF_12/2021","UN","88,83"]
[103422,"ASSENTAMENTO DE CONEXÃO COM 3 ACESSOS, EM PEAD LISO PARA REDE DE ÁGUA OU ESGOTO, DIÂMETRO DE 315 MM, JUNTA SOLDADA (NÃO INCLUI O FORNECIMENTO E EXECUÇÃO DE SOLDA). AF_12/2021","UN","99,93"]
[103423,"ASSENTAMENTO DE CONEXÃO COM 3 ACESSOS, EM PEAD LISO PARA REDE DE ÁGUA OU ESGOTO, DIÂMETRO DE 355 MM, JUNTA SOLDADA (NÃO INCLUI O FORNECIMENTO E EXECUÇÃO DE SOLDA). AF_12/2021","UN","112,62"]
[103424,"ASSENTAMENTO DE CONEXÃO COM 3 ACESSOS, EM PEAD LISO PARA REDE DE ÁGUA OU ESGOTO, DIÂMETRO DE 400 MM, JUNTA SOLDADA (NÃO INCLUI O FORNECIMENTO E EXECUÇÃO DE SOLDA). AF_12/2021","UN","126,89"]
[103425,"LUVA, EM PEAD LISO PARA REDE DE ÁGUA OU ESGOTO, DIÂMETRO DE 20 MM, JUNTA SOLDADA POR ELETROFUSÃO (NÃO INCLUI A EXECUÇÃO DE SOLDA). AF_12/2021","UN","14,29"]
[103426,"LUVA, EM PEAD LISO PARA REDE DE ÁGUA OU ESGOTO, DIÂMETRO DE 32 MM, JUNTA SOLDADA POR ELETROFUSÃO (NÃO INCLUI A EXECUÇÃO DE SOLDA). AF_12/2021","UN","17,06"]
[103427,"LUVA, EM PEAD LISO PARA REDE DE ÁGUA OU ESGOTO, DIÂMETRO DE 63 MM, JUNTA SOLDADA POR ELETROFUSÃO (NÃO INCLUI A EXECUÇÃO DE SOLDA). AF_12/2021","UN","34,20"]
[103428,"LUVA, EM PEAD LISO PARA REDE DE ÁGUA OU ESGOTO, DIÂMETRO DE 200 MM, JUNTA SOLDADA POR ELETROFUSÃO (NÃO INCLUI A EXECUÇÃO DE SOLDA). AF_12/2021","UN","230,78"]
[103429,"LUVA, EM PEAD LISO PARA REDE DE ÁGUA OU ESGOTO, DIÂMETRO DE 400 MM, JUNTA SOLDADA POR ELETROFUSÃO (NÃO INCLUI A EXECUÇÃO DE SOLDA). AF_12/2021","UN","2.580,72"]
[103430,"COTOVELO 45 GRAUS, EM PEAD LISO PARA REDE DE ÁGUA OU ESGOTO, DIÂMETRO DE 32 MM, JUNTA SOLDADA POR ELETROFUSÃO (NÃO INCLUI A EXECUÇÃO DE SOLDA). AF_12/2021","UN","30,84"]
[103431,"COTOVELO 45 GRAUS, EM PEAD LISO PARA REDE DE ÁGUA OU ESGOTO, DIÂMETRO DE 63 MM, JUNTA SOLDADA POR ELETROFUSÃO (NÃO INCLUI A EXECUÇÃO DE SOLDA). AF_12/2021","UN","53,98"]
[103432,"COTOVELO 45 GRAUS, EM PEAD LISO PARA REDE DE ÁGUA OU ESGOTO, DIÂMETRO DE 200 MM, JUNTA SOLDADA POR ELETROFUSÃO (NÃO INCLUI A EXECUÇÃO DE SOLDA). AF_12/2021","UN","1.465,37"]
[103433,"COTOVELO 90 GRAUS, EM PEAD LISO PARA REDE DE ÁGUA OU ESGOTO, DIÂMETRO DE 20 MM, JUNTA SOLDADA POR ELETROFUSÃO (NÃO INCLUI A EXECUÇÃO DE SOLDA). AF_12/2021","UN","30,64"]
[103434,"COTOVELO 90 GRAUS, EM PEAD LISO PARA REDE DE ÁGUA OU ESGOTO, DIÂMETRO DE 32 MM, JUNTA SOLDADA POR ELETROFUSÃO (NÃO INCLUI A EXECUÇÃO DE SOLDA). AF_12/2021","UN","42,35"]
[103435,"COTOVELO 90 GRAUS, EM PEAD LISO PARA REDE DE ÁGUA OU ESGOTO, DIÂMETRO DE 63 MM, JUNTA SOLDADA POR ELETROFUSÃO (NÃO INCLUI A EXECUÇÃO DE SOLDA). AF_12/2021","UN","78,75"]
[103436,"COTOVELO 90 GRAUS, POLIETILENO DE ALTA DENSIDADE (PEAD) PARA REDE DE ÁGUA OU ESGOTO, DIÂMETRO DE 200 MM, JUNTA SOLDADA POR ELETROFUSÃO (NÃO INCLUI A EXECUÇÃO DE SOLDA). AF_12/2021","UN","2.076,30"]
[103437,"TÊ DE SERVIÇO, EM PEAD LISO PARA REDE DE ÁGUA OU ESGOTO, DIÂMETRO DE 63 X 20 MM, JUNTA SOLDADA POR ELETROFUSÃO (NÃO INCLUI A EXECUÇÃO DE SOLDA). AF_12/2021","UN","163,43"]
[103438,"TÊ DE SERVIÇO, EM PEAD LISO PARA REDE DE ÁGUA OU ESGOTO, DIÂMETRO DE 63 X 32 MM, JUNTA SOLDADA POR ELETROFUSÃO (NÃO INCLUI A EXECUÇÃO DE SOLDA). AF_12/2021","UN","163,43"]
[103439,"TÊ DE SERVIÇO, EM PEAD LISO PARA REDE DE ÁGUA OU ESGOTO, DIÂMETRO DE 63 X 63 MM, JUNTA SOLDADA POR ELETROFUSÃO (NÃO INCLUI A EXECUÇÃO DE SOLDA). AF_12/2021","UN","192,76"]
[103440,"TÊ DE SERVIÇO, EM PEAD LISO PARA REDE DE ÁGUA OU ESGOTO, DIÂMETRO DE 200 X 20 MM, JUNTA SOLDADA POR ELETROFUSÃO (NÃO INCLUI A EXECUÇÃO DE SOLDA). AF_12/2021","UN","367,14"]
[103441,"TÊ DE SERVIÇO, EM PEAD LISO PARA REDE DE ÁGUA OU ESGOTO, DIÂMETRO DE 200 X 32 MM, JUNTA SOLDADA POR ELETROFUSÃO (NÃO INCLUI A EXECUÇÃO DE SOLDA). AF_12/2021","UN","371,90"]
[103442,"TÊ DE SERVIÇO, EM PEAD LISO PARA REDE DE ÁGUA OU ESGOTO, DIÂMETRO DE 200 X 63 MM, JUNTA SOLDADA POR ELETROFUSÃO (NÃO INCLUI A EXECUÇÃO DE SOLDA). AF_12/2021","UN","486,54"]
[98441,"PAREDE DE MADEIRA COMPENSADA PARA CONSTRUÇÃO TEMPORÁRIA EM CHAPA SIMPLES, EXTERNA, SEM VÃO. AF_03/2024","M2","112,98"]
[98443,"PAREDE DE MADEIRA COMPENSADA PARA CONSTRUÇÃO TEMPORÁRIA EM CHAPA SIMPLES, INTERNA, SEM VÃO. AF_03/2024","M2","93,38"]
[98445,"PAREDE DE MADEIRA COMPENSADA PARA CONSTRUÇÃO TEMPORÁRIA EM CHAPA SIMPLES, EXTERNA, COM ÁREA LÍQUIDA MAIOR OU IGUAL A 6 M², COM VÃO. AF_03/2024","M2","130,39"]
[98446,"PAREDE DE MADEIRA COMPENSADA PARA CONSTRUÇÃO TEMPORÁRIA EM CHAPA SIMPLES, EXTERNA, COM ÁREA LÍQUIDA MENOR QUE 6 M², COM VÃO. AF_03/2024","M2","161,45"]
[98447,"PAREDE DE MADEIRA COMPENSADA PARA CONSTRUÇÃO TEMPORÁRIA EM CHAPA SIMPLES, INTERNA, COM ÁREA LÍQUIDA MAIOR OU IGUAL A 6 M², COM VÃO. AF_03/2024","M2","107,67"]
[98448,"PAREDE DE MADEIRA COMPENSADA PARA CONSTRUÇÃO TEMPORÁRIA EM CHAPA SIMPLES, INTERNA, COM ÁREA LÍQUIDA MENOR QUE 6 M², COM VÃO. AF_03/2024","M2","133,53"]
[98449,"PAREDE DE MADEIRA COMPENSADA PARA CONSTRUÇÃO TEMPORÁRIA EM CHAPA DUPLA, EXTERNA, SEM VÃO. AF_03/2024","M2","165,86"]
[98451,"PAREDE DE MADEIRA COMPENSADA PARA CONSTRUÇÃO TEMPORÁRIA EM CHAPA DUPLA, INTERNA, SEM VÃO. AF_03/2024","M2","143,73"]
[98453,"PAREDE DE MADEIRA COMPENSADA PARA CONSTRUÇÃO TEMPORÁRIA EM CHAPA DUPLA, EXTERNA, COM ÁREA LÍQUIDA MAIOR OU IGUAL A QUE 6 M², COM VÃO. AF_03/2024","M2","186,94"]
[98454,"PAREDE DE MADEIRA COMPENSADA PARA CONSTRUÇÃO TEMPORÁRIA EM CHAPA DUPLA, EXTERNA, COM ÁREA LÍQUIDA MENOR QUE 6 M², COM VÃO. AF_03/2024","M2","224,99"]
[98455,"PAREDE DE MADEIRA COMPENSADA PARA CONSTRUÇÃO TEMPORÁRIA EM CHAPA DUPLA, INTERNA, COM ÁREA LÍQUIDA MAIOR OU IGUAL A 6 M², COM VÃO. AF_03/2024","M2","160,97"]
[98456,"PAREDE DE MADEIRA COMPENSADA PARA CONSTRUÇÃO TEMPORÁRIA EM CHAPA DUPLA, INTERNA, COM ÁREA LÍQUIDA MENOR QUE 6 M², COM VÃO. AF_03/2024","M2","194,21"]
[98458,"TAPUME COM COMPENSADO DE MADEIRA. AF_03/2024","M2","114,95"]
[98459,"TAPUME COM TELHA METÁLICA. AF_03/2024","M2","85,63"]
[98460,"PISO PARA CONSTRUÇÃO TEMPORÁRIA EM MADEIRA, SEM REAPROVEITAMENTO. AF_03/2024","M2","80,22"]
[98461,"ESTRUTURA DE MADEIRA PROVISÓRIA PARA SUPORTE DE CAIXA DÁGUA ELEVADA DE 1000 LITROS. AF_03/2024","UN","6.897,91"]
[98462,"ESTRUTURA DE MADEIRA PROVISÓRIA PARA SUPORTE DE CAIXA DÁGUA ELEVADA DE 3000 LITROS. AF_03/2024","UN","11.696,15"]
[105113,"ESTRUTURA DE MADEIRA PROVISÓRIA PARA SUPORTE DE CAIXA D'ÁGUA ELEVADA DE 2000 LITROS. AF_03/2024","UN","9.098,09"]
[105114,"EXECUÇÃO DOS APOIOS PARA CONTÊINER OU MÓDULO HABITÁVEL. AF_03/2024","M3","1.887,89"]
[105115,"INSTALAÇÃO E DESINSTALAÇÃO MECANIZADA DE CONTÊINER OU MÓDULO HABITÁVEL DE USOS DIVERSOS. AF_03/2024","UN","125,13"]
[105116,"INSTALAÇÃO E DESINSTALAÇÃO MANUAL DE CONTÊINER OU MÓDULO HABITÁVEL PEQUENO. AF_03/2024","UN","10,64"]
[105126,"INSTALAÇÃO DE CONCERTINA SIMPLES, ESPIRAL DE 300 MM. AF_03/2024","M","36,08"]
[105127,"INSTALAÇÃO DE CONCERTINA DUPLA CLIPADA, ESPIRAL DE 300 MM. AF_03/2024","M","32,58"]
[105128,"INSTALAÇÃO DE CONCERTINA FLAT, ESPIRAL DE 300 MM. AF_03/2024","M","104,03"]
[105130,"EXECUÇÃO DE PILARETES PARA TAPUMES E CONSTRUÇÕES TEMPORÁRIAS. AF_03/2024","M","30,39"]
[5631,"ESCAVADEIRA HIDRÁULICA SOBRE ESTEIRAS, CAÇAMBA 0,80 M3, PESO OPERACIONAL 17 T, POTENCIA BRUTA 111 HP - CHP DIURNO. AF_06/2014","CHP","203,19"]
[5678,"RETROESCAVADEIRA SOBRE RODAS COM CARREGADEIRA, TRAÇÃO 4X4, POTÊNCIA LÍQ. 88 HP, CAÇAMBA CARREG. CAP. MÍN. 1 M3, CAÇAMBA RETRO CAP. 0,26 M3, PESO OPERACIONAL MÍN. 6.674 KG, PROFUNDIDADE ESCAVAÇÃO MÁX. 4,37 M - CHP DIURNO. AF_06/2014","CHP","137,06"]
[5680,"RETROESCAVADEIRA SOBRE RODAS COM CARREGADEIRA, TRAÇÃO 4X2, POTÊNCIA LÍQ. 79 HP, CAÇAMBA CARREG. CAP. MÍN. 1 M3, CAÇAMBA RETRO CAP. 0,20 M3, PESO OPERACIONAL MÍN. 6.570 KG, PROFUNDIDADE ESCAVAÇÃO MÁX. 4,37 M - CHP DIURNO. AF_06/2014","CHP","125,02"]
[5684,"ROLO COMPACTADOR VIBRATÓRIO DE UM CILINDRO AÇO LISO, POTÊNCIA 80 HP, PESO OPERACIONAL MÁXIMO 8,1 T, IMPACTO DINÂMICO 16,15 / 9,5 T, LARGURA DE TRABALHO 1,68 M - CHP DIURNO. AF_06/2014","CHP","159,55"]
[5689,"GRADE DE DISCO CONTROLE REMOTO REBOCÁVEL, COM 24 DISCOS 24 X 6 MM COM PNEUS PARA TRANSPORTE - CHP DIURNO. AF_06/2014","CHP","6,32"]
[5795,"MARTELETE OU ROMPEDOR PNEUMÁTICO MANUAL, 28 KG, COM SILENCIADOR - CHP DIURNO. AF_07/2016","CHP","23,61"]
[5811,"CAMINHÃO BASCULANTE 6 M3, PESO BRUTO TOTAL 16.000 KG, CARGA ÚTIL MÁXIMA 13.071 KG, DISTÂNCIA ENTRE EIXOS 4,80 M, POTÊNCIA 230 CV INCLUSIVE CAÇAMBA METÁLICA - CHP DIURNO. AF_06/2014","CHP","208,68"]
[5823,"USINA DE CONCRETO FIXA, CAPACIDADE NOMINAL DE 90 A 120 M3/H, SEM SILO - CHP DIURNO. AF_07/2016","CHP","213,74"]
[5824,"CAMINHÃO TOCO, PBT 16.000 KG, CARGA ÚTIL MÁX. 10.685 KG, DIST. ENTRE EIXOS 4,8 M, POTÊNCIA 189 CV, INCLUSIVE CARROCERIA FIXA ABERTA DE MADEIRA P/ TRANSPORTE GERAL DE CARGA SECA, DIMEN. APROX. 2,5 X 7,00 X 0,50 M - CHP DIURNO. AF_06/2014","CHP","220,21"]
[5835,"VIBROACABADORA DE ASFALTO SOBRE ESTEIRAS, LARGURA DE PAVIMENTAÇÃO 1,90 M A 5,30 M, POTÊNCIA 105 HP CAPACIDADE 450 T/H - CHP DIURNO. AF_11/2014","CHP","371,05"]
[5839,"VASSOURA MECÂNICA REBOCÁVEL COM ESCOVA CILÍNDRICA, LARGURA ÚTIL DE VARRIMENTO DE 2,44 M - CHP DIURNO. AF_06/2014","CHP","9,31"]
[5843,"TRATOR DE PNEUS, POTÊNCIA 122 CV, TRAÇÃO 4X4, PESO COM LASTRO DE 4.510 KG - CHP DIURNO. AF_06/2014","CHP","166,42"]
[5847,"TRATOR DE ESTEIRAS, POTÊNCIA 170 HP, PESO OPERACIONAL 19 T, CAÇAMBA 5,2 M3 - CHP DIURNO. AF_06/2014","CHP","259,52"]
[5851,"TRATOR DE ESTEIRAS, POTÊNCIA 150 HP, PESO OPERACIONAL 16,7 T, COM RODA MOTRIZ ELEVADA E LÂMINA 3,18 M3 - CHP DIURNO. AF_06/2014","CHP","247,72"]
[5855,"TRATOR DE ESTEIRAS, POTÊNCIA 347 HP, PESO OPERACIONAL 38,5 T, COM LÂMINA 8,70 M3 - CHP DIURNO. AF_06/2014","CHP","671,03"]
[5863,"ROLO COMPACTADOR VIBRATÓRIO REBOCÁVEL, CILINDRO DE AÇO LISO, POTÊNCIA DE TRAÇÃO DE 65 CV, PESO 4,7 T, IMPACTO DINÂMICO 18,3 T, LARGURA DE TRABALHO 1,67 M - CHP DIURNO. AF_02/2016","CHP","24,36"]
[5867,"ROLO COMPACTADOR VIBRATÓRIO TANDEM AÇO LISO, POTÊNCIA 58 HP, PESO SEM/COM LASTRO 6,5 / 9,4 T, LARGURA DE TRABALHO 1,2 M - CHP DIURNO. AF_06/2014","CHP","161,57"]
[5875,"RETROESCAVADEIRA SOBRE RODAS COM CARREGADEIRA, TRAÇÃO 4X4, POTÊNCIA LÍQ. 72 HP, CAÇAMBA CARREG. CAP. MÍN. 0,79 M3, CAÇAMBA RETRO CAP. 0,18 M3, PESO OPERACIONAL MÍN. 7.140 KG, PROFUNDIDADE ESCAVAÇÃO MÁX. 4,50 M - CHP DIURNO. AF_06/2014","CHP","125,56"]
[5879,"ROLO COMPACTADOR VIBRATÓRIO PÉ DE CARNEIRO, OPERADO POR CONTROLE REMOTO, POTÊNCIA 12,5 KW, PESO OPERACIONAL 1,675 T, LARGURA DE TRABALHO 0,85 M - CHP DIURNO. AF_02/2016","CHP","143,63"]
[5882,"USINA DE LAMA ASFÁLTICA, PROD 30 A 50 T/H, SILO DE AGREGADO 7 M3, RESERVATÓRIOS PARA EMULSÃO E ÁGUA DE 2,3 M3 CADA, MISTURADOR TIPO PUG MILL A SER MONTADO SOBRE CAMINHÃO - CHP DIURNO. AF_10/2014","CHP","123,09"]
[5890,"CAMINHÃO TOCO, PESO BRUTO TOTAL 14.300 KG, CARGA ÚTIL MÁXIMA 9590 KG, DISTÂNCIA ENTRE EIXOS 4,76 M, POTÊNCIA 185 CV (NÃO INCLUI CARROCERIA) - CHP DIURNO. AF_06/2014","CHP","207,22"]
[5894,"CAMINHÃO TOCO, PESO BRUTO TOTAL 16.000 KG, CARGA ÚTIL MÁXIMA DE 10.685 KG, DISTÂNCIA ENTRE EIXOS 4,80 M, POTÊNCIA 189 CV EXCLUSIVE CARROCERIA - CHP DIURNO. AF_06/2014","CHP","215,66"]
[5901,"CAMINHÃO PIPA 10.000 L TRUCADO, PESO BRUTO TOTAL 23.000 KG, CARGA ÚTIL MÁXIMA 15.935 KG, DISTÂNCIA ENTRE EIXOS 4,8 M, POTÊNCIA 230 CV, INCLUSIVE TANQUE DE AÇO PARA TRANSPORTE DE ÁGUA - CHP DIURNO. AF_06/2014","CHP","321,94"]
[5909,"ESPARGIDOR DE ASFALTO PRESSURIZADO COM TANQUE DE 2500 L, REBOCÁVEL COM MOTOR A GASOLINA POTÊNCIA 3,4 HP - CHP DIURNO. AF_07/2014","CHP","33,12"]
[5921,"GRADE DE DISCO REBOCÁVEL COM 20 DISCOS 24\" X 6 MM COM PNEUS PARA TRANSPORTE - CHP DIURNO. AF_06/2014","CHP","4,94"]
[5928,"GUINDAUTO HIDRÁULICO, CAPACIDADE MÁXIMA DE CARGA 6200 KG, MOMENTO MÁXIMO DE CARGA 11,7 TM, ALCANCE MÁXIMO HORIZONTAL 9,70 M, INCLUSIVE CAMINHÃO TOCO PBT 16.000 KG, POTÊNCIA DE 189 CV - CHP DIURNO. AF_06/2014","CHP","282,35"]
[5932,"MOTONIVELADORA POTÊNCIA BÁSICA LÍQUIDA (PRIMEIRA MARCHA) 125 HP, PESO BRUTO 13032 KG, LARGURA DA LÂMINA DE 3,7 M - CHP DIURNO. AF_06/2014","CHP","246,33"]
[5940,"PÁ CARREGADEIRA SOBRE RODAS, POTÊNCIA LÍQUIDA 128 HP, CAPACIDADE DA CAÇAMBA 1,7 A 2,8 M3, PESO OPERACIONAL 11632 KG - CHP DIURNO. AF_06/2014","CHP","172,05"]
[5944,"PÁ CARREGADEIRA SOBRE RODAS, POTÊNCIA 197 HP, CAPACIDADE DA CAÇAMBA 2,5 A 3,5 M3, PESO OPERACIONAL 18338 KG - CHP DIURNO. AF_06/2014","CHP","211,87"]
[5953,"COMPRESSOR DE AR REBOCÁVEL, VAZÃO 189 PCM, PRESSÃO EFETIVA DE TRABALHO 102 PSI, MOTOR DIESEL, POTÊNCIA 63 CV - CHP DIURNO. AF_06/2015","CHP","60,63"]
[6259,"CAMINHÃO PIPA 6.000 L, PESO BRUTO TOTAL 13.000 KG, DISTÂNCIA ENTRE EIXOS 4,80 M, POTÊNCIA 189 CV INCLUSIVE TANQUE DE AÇO PARA TRANSPORTE DE ÁGUA, CAPACIDADE 6 M3 - CHP DIURNO. AF_06/2014","CHP","260,01"]
[6879,"ROLO COMPACTADOR DE PNEUS ESTÁTICO, PRESSÃO VARIÁVEL, POTÊNCIA 111 HP, PESO SEM/COM LASTRO 9,5 / 26 T, LARGURA DE TRABALHO 1,90 M - CHP DIURNO. AF_07/2014","CHP","212,38"]
[7030,"TANQUE DE ASFALTO ESTACIONÁRIO COM SERPENTINA, CAPACIDADE 30.000 L - CHP DIURNO. AF_05/2023","CHP","270,37"]
[7042,"MOTOBOMBA TRASH (PARA ÁGUA SUJA) AUTO ESCORVANTE, MOTOR GASOLINA DE 6,41 HP, DIÂMETROS DE SUCÇÃO X RECALQUE: 3\" X 3\", HM/Q = 10 MCA / 60 M3/H A 23 MCA / 0 M3/H - CHP DIURNO. AF_10/2014","CHP","25,33"]
[7049,"ROLO COMPACTADOR PE DE CARNEIRO VIBRATORIO, POTENCIA 125 HP, PESO OPERACIONAL SEM/COM LASTRO 11,95 / 13,30 T, IMPACTO DINAMICO 38,5 / 22,5 T, LARGURA DE TRABALHO 2,15 M - CHP DIURNO. AF_06/2014","CHP","223,21"]
[67826,"CAMINHÃO BASCULANTE 6 M3 TOCO, PESO BRUTO TOTAL 16.000 KG, CARGA ÚTIL MÁXIMA 11.130 KG, DISTÂNCIA ENTRE EIXOS 5,36 M, POTÊNCIA 185 CV, INCLUSIVE CAÇAMBA METÁLICA - CHP DIURNO. AF_06/2014","CHP","191,31"]
[73417,"GRUPO GERADOR ESTACIONÁRIO, MOTOR DIESEL POTÊNCIA 170 KVA - CHP DIURNO. AF_02/2016","CHP","193,04"]
[73436,"ROLO COMPACTADOR VIBRATÓRIO PÉ DE CARNEIRO PARA SOLOS, POTÊNCIA 80 HP, PESO OPERACIONAL SEM/COM LASTRO 7,4 / 8,8 T, LARGURA DE TRABALHO 1,68 M - CHP DIURNO. AF_02/2016","CHP","162,83"]
[73467,"CAMINHÃO TOCO, PBT 14.300 KG, CARGA ÚTIL MÁX. 9.710 KG, DIST. ENTRE EIXOS 3,56 M, POTÊNCIA 185 CV, INCLUSIVE CARROCERIA FIXA ABERTA DE MADEIRA P/ TRANSPORTE GERAL DE CARGA SECA, DIMEN. APROX. 2,50 X 6,50 X 0,50 M - CHP DIURNO. AF_06/2014","CHP","252,54"]
[73536,"MOTOBOMBA CENTRÍFUGA, MOTOR A GASOLINA, POTÊNCIA 5,42 HP, BOCAIS 1 1/2\" X 1\", DIÂMETRO ROTOR 143 MM HM/Q = 6 MCA / 16,8 M3/H A 38 MCA / 6,6 M3/H - CHP DIURNO. AF_06/2014","CHP","21,42"]
[83362,"ESPARGIDOR DE ASFALTO PRESSURIZADO, TANQUE 6 M3 COM ISOLAÇÃO TÉRMICA, AQUECIDO COM 2 MAÇARICOS, COM BARRA ESPARGIDORA 3,60 M, MONTADO SOBRE CAMINHÃO  TOCO, PBT 14.300 KG, POTÊNCIA 185 CV - CHP DIURNO. AF_05/2023","CHP","279,09"]
[83765,"GRUPO DE SOLDAGEM COM GERADOR A DIESEL 60 CV PARA SOLDA ELÉTRICA, SOBRE 04 RODAS, COM MOTOR 4 CILINDROS 600 A - CHP DIURNO. AF_02/2016","CHP","98,32"]
[87445,"BETONEIRA CAPACIDADE NOMINAL 400 L, CAPACIDADE DE MISTURA 310 L, MOTOR A DIESEL POTÊNCIA 5,0 HP, SEM CARREGADOR - CHP DIURNO. AF_05/2023","CHP","5,31"]
[88386,"MISTURADOR DE ARGAMASSA, EIXO HORIZONTAL, CAPACIDADE DE MISTURA 300 KG, MOTOR ELÉTRICO POTÊNCIA 5 CV - CHP DIURNO. AF_05/2023","CHP","5,24"]
[88393,"MISTURADOR DE ARGAMASSA, EIXO HORIZONTAL, CAPACIDADE DE MISTURA 600 KG, MOTOR ELÉTRICO POTÊNCIA 7,5 CV - CHP DIURNO. AF_05/2023","CHP","7,29"]
[88399,"MISTURADOR DE ARGAMASSA, EIXO HORIZONTAL, CAPACIDADE DE MISTURA 160 KG, MOTOR ELÉTRICO POTÊNCIA 3 CV - CHP DIURNO. AF_05/2023","CHP","3,80"]
[88418,"PROJETOR DE ARGAMASSA, CAPACIDADE DE PROJEÇÃO 1,5 M3/H, ALCANCE DE 30 ATÉ 60 M, MOTOR ELÉTRICO POTÊNCIA 7,5 HP - CHP DIURNO. AF_06/2014","CHP","14,06"]
[88433,"PROJETOR DE ARGAMASSA, CAPACIDADE DE PROJEÇÃO 2 M3/H, ALCANCE ATÉ 50 M, MOTOR ELÉTRICO POTÊNCIA 7,5 HP - CHP DIURNO. AF_06/2014","CHP","18,27"]
[88830,"BETONEIRA CAPACIDADE NOMINAL DE 400 L, CAPACIDADE DE MISTURA 280 L, MOTOR ELÉTRICO TRIFÁSICO POTÊNCIA DE 2 CV, SEM CARREGADOR - CHP DIURNO. AF_05/2023","CHP","2,03"]
[88843,"TRATOR DE ESTEIRAS, POTÊNCIA 125 HP, PESO OPERACIONAL 12,9 T, COM LÂMINA 2,7 M3 - CHP DIURNO. AF_10/2014","CHP","206,64"]
[88907,"ESCAVADEIRA HIDRÁULICA SOBRE ESTEIRAS, CAÇAMBA 1,20 M3, PESO OPERACIONAL 21 T, POTÊNCIA BRUTA 155 HP - CHP DIURNO. AF_06/2014","CHP","241,70"]
[89021,"BOMBA SUBMERSÍVEL ELÉTRICA TRIFÁSICA, POTÊNCIA 2,96 HP, Ø ROTOR 144 MM SEMI-ABERTO, BOCAL DE SAÍDA Ø 2\", HM/Q = 2 MCA / 38,8 M3/H A 28 MCA / 5 M3/H - CHP DIURNO. AF_06/2014","CHP","2,70"]
[89028,"TANQUE DE ASFALTO ESTACIONÁRIO COM MAÇARICO, CAPACIDADE 20.000 L - CHP DIURNO. AF_05/2023","CHP","181,98"]
[89032,"TRATOR DE ESTEIRAS, POTÊNCIA 100 HP, PESO OPERACIONAL 9,4 T, COM LÂMINA 2,19 M3 - CHP DIURNO. AF_06/2014","CHP","186,11"]
[89035,"TRATOR DE PNEUS, POTÊNCIA 85 CV, TRAÇÃO 4X4, PESO COM LASTRO DE 4.675 KG - CHP DIURNO. AF_06/2014","CHP","124,22"]
[89225,"BETONEIRA CAPACIDADE NOMINAL DE 600 L, CAPACIDADE DE MISTURA 360 L, MOTOR ELÉTRICO TRIFÁSICO POTÊNCIA DE 4 CV, SEM CARREGADOR - CHP DIURNO. AF_05/2023","CHP","5,61"]
[89234,"FRESADORA DE ASFALTO A FRIO SOBRE RODAS, LARGURA FRESAGEM DE 1,0 M, POTÊNCIA 208 HP - CHP DIURNO. AF_11/2014","CHP","568,33"]
[89242,"FRESADORA DE ASFALTO A FRIO SOBRE RODAS, LARGURA FRESAGEM DE 2,0 M, POTÊNCIA 550 HP - CHP DIURNO. AF_11/2014","CHP","1.351,03"]
[89250,"RECICLADORA DE ASFALTO A FRIO SOBRE RODAS, LARGURA FRESAGEM DE 2,0 M, POTÊNCIA 422 HP - CHP DIURNO. AF_11/2014","CHP","1.169,39"]
[89257,"VIBROACABADORA DE ASFALTO SOBRE ESTEIRAS, LARGURA DE PAVIMENTAÇÃO 2,13 M A 4,55 M, POTÊNCIA 100 HP CAPACIDADE 400 T/H - CHP DIURNO. AF_11/2014","CHP","319,85"]
[89272,"GUINDASTE HIDRÁULICO AUTOPROPELIDO, COM LANÇA TELESCÓPICA 28,80 M, CAPACIDADE MÁXIMA 30 T, POTÊNCIA 97 KW, TRAÇÃO 4 X 4 - CHP DIURNO. AF_11/2014","CHP","216,30"]
[89278,"BETONEIRA CAPACIDADE NOMINAL DE 600 L, CAPACIDADE DE MISTURA 440 L, MOTOR A DIESEL POTÊNCIA 10 HP, COM CARREGADOR - CHP DIURNO. AF_05/2023","CHP","12,35"]
[89843,"BATE-ESTACAS POR GRAVIDADE, POTÊNCIA DE 160 HP, PESO DO MARTELO ATÉ 3 TONELADAS - CHP DIURNO. AF_11/2014","CHP","202,37"]
[89876,"CAMINHÃO BASCULANTE 14 M3, COM CAVALO MECÂNICO DE CAPACIDADE MÁXIMA DE TRAÇÃO COMBINADO DE 36000 KG, POTÊNCIA 286 CV, INCLUSIVE SEMIREBOQUE COM CAÇAMBA METÁLICA - CHP DIURNO. AF_12/2014","CHP","337,07"]
[89883,"CAMINHÃO BASCULANTE 18 M3, COM CAVALO MECÂNICO DE CAPACIDADE MÁXIMA DE TRAÇÃO COMBINADO DE 45000 KG, POTÊNCIA 330 CV, INCLUSIVE SEMIREBOQUE COM CAÇAMBA METÁLICA - CHP DIURNO. AF_12/2014","CHP","372,28"]
[90586,"VIBRADOR DE IMERSÃO, DIÂMETRO DE PONTEIRA 45MM, MOTOR ELÉTRICO TRIFÁSICO POTÊNCIA DE 2 CV - CHP DIURNO. AF_06/2015","CHP","1,41"]
[90625,"PERFURATRIZ MANUAL, TORQUE MÁXIMO 83 N.M, POTÊNCIA 5 CV, COM DIÂMETRO MÁXIMO 4\" - CHP DIURNO. AF_06/2015","CHP","9,35"]
[90631,"PERFURATRIZ SOBRE ESTEIRA, TORQUE MÁXIMO 600 KGF, PESO MÉDIO 1000 KG, POTÊNCIA 20 HP, DIÂMETRO MÁXIMO 10\" - CHP DIURNO. AF_06/2015","CHP","139,63"]
[90637,"MISTURADOR DUPLO HORIZONTAL DE ALTA TURBULÊNCIA, CAPACIDADE / VOLUME 2 X 500 LITROS, MOTORES ELÉTRICOS MÍNIMO 5 CV CADA, PARA NATA CIMENTO, ARGAMASSA E OUTROS - CHP DIURNO. AF_06/2015","CHP","16,00"]
[90643,"BOMBA TRIPLEX, PARA INJEÇÃO DE NATA DE CIMENTO, VAZÃO MÁXIMA DE 100 LITROS/MINUTO, PRESSÃO MÁXIMA DE 70 BAR - CHP DIURNO. AF_06/2015","CHP","26,58"]
[90650,"BOMBA CENTRÍFUGA MONOESTÁGIO COM MOTOR ELÉTRICO MONOFÁSICO, POTÊNCIA 15 HP, DIÂMETRO DO ROTOR 173 MM, HM/Q = 30 MCA / 90 M3/H A 45 MCA / 55 M3/H - CHP DIURNO. AF_06/2015","CHP","12,10"]
[90656,"BOMBA DE PROJEÇÃO DE CONCRETO SECO, POTÊNCIA 10 CV, VAZÃO 3 M3/H - CHP DIURNO. AF_06/2015","CHP","15,88"]
[90662,"BOMBA DE PROJEÇÃO DE CONCRETO SECO, POTÊNCIA 10 CV, VAZÃO 6 M3/H - CHP DIURNO. AF_06/2015","CHP","16,52"]
[90668,"PROJETOR PNEUMÁTICO DE ARGAMASSA PARA CHAPISCO E REBOCO COM RECIPIENTE ACOPLADO, TIPO CANEQUINHA, COM COMPRESSOR DE AR REBOCÁVEL VAZÃO 89 PCM E MOTOR DIESEL DE 20 CV - CHP DIURNO. AF_05/2023","CHP","33,13"]
[90674,"PERFURATRIZ COM TORRE METÁLICA PARA EXECUÇÃO DE ESTACA HÉLICE CONTÍNUA, PROFUNDIDADE MÁXIMA DE 30 M, DIÂMETRO MÁXIMO DE 800 MM, POTÊNCIA INSTALADA DE 268 HP, MESA ROTATIVA COM TORQUE MÁXIMO DE 170 KNM - CHP DIURNO. AF_06/2015","CHP","676,12"]
[90680,"PERFURATRIZ HIDRÁULICA SOBRE CAMINHÃO COM TRADO CURTO ACOPLADO, PROFUNDIDADE MÁXIMA DE 20 M, DIÂMETRO MÁXIMO DE 1500 MM, POTÊNCIA INSTALADA DE 137 HP, MESA ROTATIVA COM TORQUE MÁXIMO DE 30 KNM - CHP DIURNO. AF_06/2015","CHP","405,82"]
[90686,"MANIPULADOR TELESCÓPICO, POTÊNCIA DE 85 HP, CAPACIDADE DE CARGA DE 3.500 KG, ALTURA MÁXIMA DE ELEVAÇÃO DE 12,3 M - CHP DIURNO. AF_05/2023","CHP","144,10"]
[90692,"MINICARREGADEIRA SOBRE RODAS, POTÊNCIA LÍQUIDA DE 47 HP, CAPACIDADE NOMINAL DE OPERAÇÃO DE 646 KG - CHP DIURNO. AF_06/2015","CHP","121,24"]
[90964,"COMPRESSOR DE AR REBOCÁVEL, VAZÃO 89 PCM, PRESSÃO EFETIVA DE TRABALHO 102 PSI, MOTOR DIESEL, POTÊNCIA 20 CV - CHP DIURNO. AF_06/2015","CHP","32,60"]
[90972,"COMPRESSOR DE AR REBOCAVEL, VAZÃO 250 PCM, PRESSAO DE TRABALHO 102 PSI, MOTOR A DIESEL POTÊNCIA 81 CV - CHP DIURNO. AF_06/2015","CHP","78,67"]
[90979,"COMPRESSOR DE AR REBOCÁVEL, VAZÃO 748 PCM, PRESSÃO EFETIVA DE TRABALHO 102 PSI, MOTOR DIESEL, POTÊNCIA 210 CV - CHP DIURNO. AF_06/2015","CHP","203,13"]
[90999,"COMPRESSOR DE AR REBOCAVEL, VAZÃO 400 PCM, PRESSAO DE TRABALHO 102 PSI, MOTOR A DIESEL POTÊNCIA 110 CV - CHP DIURNO. AF_06/2015","CHP","103,83"]
[91031,"CAMINHÃO TRUCADO (C/ TERCEIRO EIXO) ELETRÔNICO - POTÊNCIA 231CV - PBT = 22000KG - DIST. ENTRE EIXOS 5170 MM - INCLUI CARROCERIA FIXA ABERTA DE MADEIRA - CHP DIURNO. AF_06/2015","CHP","263,41"]
[91277,"PLACA VIBRATÓRIA REVERSÍVEL COM MOTOR 4 TEMPOS A GASOLINA, FORÇA CENTRÍFUGA DE 25 KN (2500 KGF), POTÊNCIA 5,5 CV - CHP DIURNO. AF_08/2015","CHP","10,17"]
[91283,"CORTADORA DE PISO COM MOTOR 4 TEMPOS A GASOLINA, POTÊNCIA DE 13 HP, COM DISCO DE CORTE DIAMANTADO SEGMENTADO PARA CONCRETO, DIÂMETRO DE 350 MM, FURO DE 1\" (14 X 1\") - CHP DIURNO. AF_08/2015","CHP","11,24"]
[91386,"CAMINHÃO BASCULANTE 10 M3, TRUCADO CABINE SIMPLES, PESO BRUTO TOTAL 23.000 KG, CARGA ÚTIL MÁXIMA 15.935 KG, DISTÂNCIA ENTRE EIXOS 4,80 M, POTÊNCIA 230 CV INCLUSIVE CAÇAMBA METÁLICA - CHP DIURNO. AF_06/2014","CHP","272,80"]
[91533,"COMPACTADOR DE SOLOS DE PERCUSSÃO (SOQUETE) COM MOTOR A GASOLINA 4 TEMPOS, POTÊNCIA 4 CV - CHP DIURNO. AF_08/2015","CHP","30,06"]
[91634,"GUINDAUTO HIDRÁULICO, CAPACIDADE MÁXIMA DE CARGA 6500 KG, MOMENTO MÁXIMO DE CARGA 5,8 TM, ALCANCE MÁXIMO HORIZONTAL 7,60 M, INCLUSIVE CAMINHÃO TOCO PBT 9.700 KG, POTÊNCIA DE 160 CV - CHP DIURNO. AF_08/2015","CHP","240,16"]
[91645,"CAMINHÃO DE TRANSPORTE DE MATERIAL ASFÁLTICO 30.000 L, COM CAVALO MECÂNICO DE CAPACIDADE MÁXIMA DE TRAÇÃO COMBINADO DE 66.000 KG, POTÊNCIA 360 CV, INCLUSIVE TANQUE DE ASFALTO COM SERPENTINA - CHP DIURNO. AF_08/2015","CHP","478,97"]
[91692,"SERRA CIRCULAR DE BANCADA COM MOTOR ELÉTRICO POTÊNCIA DE 5HP, COM COIFA PARA DISCO 10\" - CHP DIURNO. AF_08/2015","CHP","23,37"]
[92043,"DISTRIBUIDOR DE AGREGADOS REBOCAVEL, CAPACIDADE 1,9 M³, LARGURA DE TRABALHO 3,66 M - CHP DIURNO. AF_11/2015","CHP","13,19"]
[92106,"CAMINHÃO PARA EQUIPAMENTO DE LIMPEZA A SUCÇÃO, COM CAMINHÃO TRUCADO DE PESO BRUTO TOTAL 23000 KG, CARGA ÚTIL MÁXIMA 15935 KG, DISTÂNCIA ENTRE EIXOS 4,80 M, POTÊNCIA 230 CV, INCLUSIVE LIMPADORA A SUCÇÃO, TANQUE 12000 L - CHP DIURNO. AF_05/2023","CHP","342,13"]
[92112,"PENEIRA ROTATIVA COM MOTOR ELÉTRICO TRIFÁSICO DE 2 CV, CILINDRO DE 1 M X 0,60 M, COM FUROS DE 3,17 MM - CHP DIURNO. AF_05/2023","CHP","3,59"]
[92118,"DOSADOR DE AREIA, CAPACIDADE DE 26 LITROS - CHP DIURNO. AF_05/2023","CHP","0,43"]
[92138,"CAMINHONETE COM MOTOR A DIESEL, POTÊNCIA 180 CV, CABINE DUPLA, 4X4 - CHP DIURNO. AF_11/2015","CHP","95,79"]
[92145,"CAMINHONETE CABINE SIMPLES COM MOTOR 1.6 FLEX, CÂMBIO MANUAL, POTÊNCIA 101/104 CV, 2 PORTAS - CHP DIURNO. AF_11/2015","CHP","79,87"]
[92242,"CAMINHÃO DE TRANSPORTE DE MATERIAL ASFÁLTICO 20.000 L, COM CAVALO MECÂNICO DE CAPACIDADE MÁXIMA DE TRAÇÃO COMBINADO DE 45.000 KG, POTÊNCIA 330 CV, INCLUSIVE TANQUE DE ASFALTO COM MAÇARICO - CHP DIURNO. AF_12/2015","CHP","416,11"]
[92716,"APARELHO PARA CORTE E SOLDA OXI-ACETILENO SOBRE RODAS, INCLUSIVE CILINDROS E MAÇARICOS - CHP DIURNO. AF_05/2023","CHP","136,14"]
[92960,"MÁQUINA EXTRUSORA DE CONCRETO PARA GUIAS E SARJETAS, MOTOR A DIESEL, POTÊNCIA 14 CV - CHP DIURNO. AF_12/2015","CHP","19,33"]
[92966,"MARTELO PERFURADOR PNEUMÁTICO MANUAL, HASTE 25 X 75 MM, 21 KG - CHP DIURNO. AF_12/2015","CHP","23,74"]
[93224,"PERFURATRIZ COM TORRE METÁLICA PARA EXECUÇÃO DE ESTACA HÉLICE CONTÍNUA, PROFUNDIDADE MÁXIMA DE 32 M, DIÂMETRO MÁXIMO DE 1000 MM, POTÊNCIA INSTALADA DE 350 HP, MESA ROTATIVA COM TORQUE MÁXIMO DE 263 KNM - CHP DIURNO. AF_01/2016","CHP","1.009,33"]
[93233,"BETONEIRA CAPACIDADE NOMINAL 400 L, CAPACIDADE DE MISTURA 310 L, MOTOR A GASOLINA POTÊNCIA 5,5 HP, SEM CARREGADOR - CHP DIURNO. AF_02/2016","CHP","5,67"]
[93272,"GRUA ASCENSIONAL, LANCA DE 30 M, CAPACIDADE DE 1,0 T A 30 M, ALTURA ATE 39 M - CHP DIURNO. AF_05/2023","CHP","104,86"]
[93281,"GUINCHO ELÉTRICO DE COLUNA, CAPACIDADE 400 KG, COM MOTO FREIO, MOTOR TRIFÁSICO DE 1,25 CV - CHP DIURNO. AF_03/2016","CHP","22,43"]
[93287,"GUINDASTE HIDRÁULICO AUTOPROPELIDO, COM LANÇA TELESCÓPICA 40 M, CAPACIDADE MÁXIMA 60 T, POTÊNCIA 260 KW - CHP DIURNO. AF_03/2016","CHP","350,51"]
[93402,"GUINDAUTO HIDRÁULICO, CAPACIDADE MÁXIMA DE CARGA 3300 KG, MOMENTO MÁXIMO DE CARGA 5,8 TM, ALCANCE MÁXIMO HORIZONTAL 7,60 M, INCLUSIVE CAMINHÃO TOCO PBT 16.000 KG, POTÊNCIA DE 189 CV - CHP DIURNO. AF_03/2016","CHP","276,30"]
[93408,"MÁQUINA JATO DE PRESSAO PORTÁTIL, CAMARA DE 1 SAIDA, CAPACIDADE 280 L, DIAMETRO 670 MM, BICO DE JATO CURTO VENTURI DE 5/16\" , MANGUEIRA DE 1\" COM COMPRESSOR DE AR REBOCÁVEL 189 PCM E MOTOR DIESEL 63 CV - CHP DIURNO. AF_05/2023","CHP","85,02"]
[93415,"GERADOR PORTÁTIL MONOFÁSICO, POTÊNCIA 5500 VA, MOTOR A GASOLINA, POTÊNCIA DO MOTOR 13 CV - CHP DIURNO. AF_03/2016","CHP","15,92"]
[93421,"GRUPO GERADOR REBOCÁVEL, POTÊNCIA 66 KVA, MOTOR A DIESEL - CHP DIURNO. AF_03/2016","CHP","77,67"]
[93427,"GRUPO GERADOR ESTACIONÁRIO, POTÊNCIA 150 KVA, MOTOR A DIESEL- CHP DIURNO. AF_03/2016","CHP","175,82"]
[93433,"USINA DE MISTURA ASFÁLTICA À QUENTE, TIPO CONTRA FLUXO, PROD 40 A 80 TON/HORA - CHP DIURNO. AF_05/2023","CHP","2.708,59"]
[93439,"USINA DE ASFALTO À FRIO, CAPACIDADE DE 40 A 60 TON/HORA, ELÉTRICA POTÊNCIA 30 CV - CHP DIURNO. AF_05/2023","CHP","247,73"]
[95121,"USINA MISTURADORA DE SOLOS, CAPACIDADE DE 200 A 500 TON/H, POTENCIA 75KW - CHP DIURNO. AF_07/2016","CHP","370,84"]
[95127,"DISTRIBUIDOR DE AGREGADOS AUTOPROPELIDO, CAP 3 M3, A DIESEL, POTÊNCIA 176CV - CHP DIURNO. AF_07/2016","CHP","213,05"]
[95133,"MÁQUINA DEMARCADORA DE FAIXA DE TRÁFEGO À FRIO, AUTOPROPELIDA, POTÊNCIA 38 HP - CHP DIURNO. AF_07/2016","CHP","175,52"]
[95139,"TALHA MANUAL DE CORRENTE, CAPACIDADE DE 2 TON. COM ELEVAÇÃO DE 3 M - CHP DIURNO. AF_07/2016","CHP","0,06"]
[95212,"GRUA ASCENCIONAL, LANCA DE 42 M, CAPACIDADE DE 1,5 T A 30 M, ALTURA ATE 39 M - CHP DIURNO. AF_05/2023","CHP","115,24"]
[95258,"MARTELO DEMOLIDOR PNEUMÁTICO MANUAL, 32 KG - CHP DIURNO. AF_09/2016","CHP","23,10"]
[95264,"COMPACTADOR DE SOLOS DE PERCUSÃO (SOQUETE) COM MOTOR A GASOLINA, POTÊNCIA 3 CV - CHP DIURNO. AF_09/2016","CHP","6,41"]
[95270,"RÉGUA VIBRATÓRIA DUPLA PARA CONCRETO, PESO DE 60KG, COMPRIMENTO 4 M, COM MOTOR A GASOLINA, POTÊNCIA 5,5 HP - CHP DIURNO. AF_09/2016","CHP","9,76"]
[95276,"POLIDORA DE PISO (POLITRIZ), PESO DE 100KG, DIÂMETRO 450 MM, MOTOR ELÉTRICO, POTÊNCIA 4 HP - CHP DIURNO. AF_05/2023","CHP","3,58"]
[95282,"DESEMPENADEIRA DE CONCRETO, PESO DE 78 KG, 4 PÁS, MOTOR A GASOLINA, POTÊNCIA 5,5 HP - CHP DIURNO. AF_05/2023","CHP","9,91"]
[95620,"PERFURATRIZ PNEUMATICA MANUAL DE PESO MEDIO, MARTELETE, 18KG, COMPRIMENTO MÁXIMO DE CURSO DE 6 M, DIAMETRO DO PISTAO DE 5,5 CM - CHP DIURNO. AF_11/2016","CHP","22,38"]
[95631,"ROLO COMPACTADOR VIBRATORIO TANDEM, ACO LISO, POTENCIA 125 HP, PESO SEM/COM LASTRO 10,20/11,65 T, LARGURA DE TRABALHO 1,73 M - CHP DIURNO. AF_11/2016","CHP","231,99"]
[95702,"PERFURATRIZ MANUAL, TORQUE MAXIMO 55 KGF.M, POTENCIA 5 CV, COM DIAMETRO MAXIMO 8 1/2\" - CHP DIURNO. AF_11/2016","CHP","38,40"]
[95708,"PERFURATRIZ SOBRE ESTEIRA, TORQUE MÁXIMO 600 KGF, POTÊNCIA ENTRE 50 E 60 HP, DIÂMETRO MÁXIMO 10\" - CHP DIURNO. AF_11/2016","CHP","137,59"]
[95720,"ESCAVADEIRA HIDRAULICA SOBRE ESTEIRA, EQUIPADA COM CLAMSHELL, COM CAPACIDADE DA CAÇAMBA ENTRE 1,20 E 1,50 M3, PESO OPERACIONAL ENTRE 20,00 E 22,00 TON, POTENCIA LIQUIDA ENTRE 150 E 160 HP - CHP DIURNO. AF_11/2016","CHP","243,57"]
[95872,"GRUPO GERADOR COM CARENAGEM, MOTOR DIESEL POTÊNCIA STANDART ENTRE 250 E 260 KVA - CHP DIURNO. AF_12/2016","CHP","298,03"]
[96013,"TRATOR DE PNEUS COM POTÊNCIA DE 122 CV, TRAÇÃO 4X4, COM VASSOURA MECÂNICA ACOPLADA - CHP DIURNO. AF_02/2017","CHP","174,71"]
[96020,"TRATOR DE PNEUS COM POTÊNCIA DE 122 CV, TRAÇÃO 4X4, COM GRADE DE DISCOS ACOPLADA - CHP DIURNO. AF_02/2017","CHP","174,24"]
[96028,"TRATOR DE PNEUS COM POTÊNCIA DE 85 CV, TRAÇÃO 4X4, COM GRADE DE DISCOS ACOPLADA - CHP DIURNO. AF_02/2017","CHP","132,08"]
[96035,"CAMINHÃO BASCULANTE 10 M3, TRUCADO, POTÊNCIA 230 CV, INCLUSIVE CAÇAMBA METÁLICA, COM DISTRIBUIDOR DE AGREGADOS ACOPLADO - CHP DIURNO. AF_02/2017","CHP","283,24"]
[96157,"TRATOR DE PNEUS COM POTÊNCIA DE 85 CV, TRAÇÃO 4X4, COM VASSOURA MECÂNICA ACOPLADA - CHP DIURNO. AF_03/2017","CHP","132,55"]
[96158,"MINICARREGADEIRA SOBRE RODAS POTENCIA 47HP CAPACIDADE OPERACAO 646 KG, COM VASSOURA MECÂNICA ACOPLADA - CHP DIURNO. AF_03/2017","CHP","134,13"]
[96245,"MINIESCAVADEIRA SOBRE ESTEIRAS, POTENCIA LIQUIDA DE *30* HP, PESO OPERACIONAL DE *3.500* KG - CHP DIURNO. AF_04/2017","CHP","106,92"]
[96463,"ROLO COMPACTADOR DE PNEUS, ESTATICO, PRESSAO VARIAVEL, POTENCIA 110 HP, PESO SEM/COM LASTRO 10,8/27 T, LARGURA DE ROLAGEM 2,30 M - CHP DIURNO. AF_06/2017","CHP","219,54"]
[98764,"INVERSOR DE SOLDA MONOFÁSICO DE 160 A, POTÊNCIA DE 5400 W, TENSÃO DE 220 V, PARA SOLDA COM ELETRODOS DE 2,0 A 4,0 MM E PROCESSO TIG - CHP DIURNO. AF_06/2018","CHP","5,10"]
[99833,"LAVADORA DE ALTA PRESSAO (LAVA-JATO) PARA AGUA FRIA, PRESSAO DE OPERACAO ENTRE 1400 E 1900 LIB/POL2, VAZAO MAXIMA ENTRE 400 E 700 L/H - CHP DIURNO. AF_05/2023","CHP","2,37"]
[100641,"USINA DE MISTURA ASFÁLTICA À QUENTE, TIPO CONTRA FLUXO, PROD 100 A 140 TON/HORA - CHP DIURNO. AF_12/2019","CHP","4.919,56"]
[100647,"USINA DE ASFALTO, TIPO GRAVIMÉTRICA, PROD 150 TON/HORA - CHP DIURNO. AF_12/2019","CHP","6.757,72"]
[102275,"MARTELO DEMOLIDOR ELÉTRICO, COM POTÊNCIA DE 2.000 W, 1.000 IMPACTOS POR MINUTO, PESO DE 30 KG - CHP DIURNO. AF_01/2021","CHP","22,87"]
[104091,"TERMOFUSORA PARA TUBOS E CONEXÕES EM PPR COM DIÂMETROS DE 20 A 63 MM, POTÊNCIA DE 800 W, TENSAO 220 V - CHP DIURNO. AF_05/2022","CHP","0,89"]
[104097,"TERMOFUSORA PARA TUBOS E CONEXÕES EM PPR COM DIÂMETROS DE 75 A 110 MM, POTÊNCIA DE *1100* W, TENSÃO 220 V - CHP DIURNO. AF_05/2022","CHP","1,25"]
[5632,"ESCAVADEIRA HIDRÁULICA SOBRE ESTEIRAS, CAÇAMBA 0,80 M3, PESO OPERACIONAL 17 T, POTENCIA BRUTA 111 HP - CHI DIURNO. AF_06/2014","CHI","81,55"]
[5679,"RETROESCAVADEIRA SOBRE RODAS COM CARREGADEIRA, TRAÇÃO 4X4, POTÊNCIA LÍQ. 88 HP, CAÇAMBA CARREG. CAP. MÍN. 1 M3, CAÇAMBA RETRO CAP. 0,26 M3, PESO OPERACIONAL MÍN. 6.674 KG, PROFUNDIDADE ESCAVAÇÃO MÁX. 4,37 M - CHI DIURNO. AF_06/2014","CHI","55,09"]
[5681,"RETROESCAVADEIRA SOBRE RODAS COM CARREGADEIRA, TRAÇÃO 4X2, POTÊNCIA LÍQ. 79 HP, CAÇAMBA CARREG. CAP. MÍN. 1 M3, CAÇAMBA RETRO CAP. 0,20 M3, PESO OPERACIONAL MÍN. 6.570 KG, PROFUNDIDADE ESCAVAÇÃO MÁX. 4,37 M - CHI DIURNO. AF_06/2014","CHI","51,68"]
[5685,"ROLO COMPACTADOR VIBRATÓRIO DE UM CILINDRO AÇO LISO, POTÊNCIA 80 HP, PESO OPERACIONAL MÁXIMO 8,1 T, IMPACTO DINÂMICO 16,15 / 9,5 T, LARGURA DE TRABALHO 1,68 M - CHI DIURNO. AF_06/2014","CHI","61,86"]
[5690,"GRADE DE DISCO CONTROLE REMOTO REBOCÁVEL, COM 24 DISCOS 24\" X 6 MM COM PNEUS PARA TRANSPORTE - CHI DIURNO. AF_06/2014","CHI","4,09"]
[5806,"MOTOBOMBA CENTRÍFUGA, MOTOR A GASOLINA, POTÊNCIA 5,42 HP, BOCAIS 1 1/2\" X 1\", DIÂMETRO ROTOR 143 MM HM/Q = 6 MCA / 16,8 M3/H A 38 MCA / 6,6 M3/H - CHI DIURNO. AF_06/2014","CHI","0,25"]
[5826,"CAMINHÃO TOCO, PBT 16.000 KG, CARGA ÚTIL MÁX. 10.685 KG, DIST. ENTRE EIXOS 4,8 M, POTÊNCIA 189 CV, INCLUSIVE CARROCERIA FIXA ABERTA DE MADEIRA P/ TRANSPORTE GERAL DE CARGA SECA, DIMEN. APROX. 2,5 X 7,00 X 0,50 M - CHI DIURNO. AF_06/2014","CHI","64,37"]
[5829,"USINA DE CONCRETO FIXA, CAPACIDADE NOMINAL DE 90 A 120 M3/H, SEM SILO - CHI DIURNO. AF_07/2016","CHI","152,66"]
[5837,"VIBROACABADORA DE ASFALTO SOBRE ESTEIRAS, LARGURA DE PAVIMENTAÇÃO 1,90 M A 5,30 M, POTÊNCIA 105 HP CAPACIDADE 450 T/H - CHI DIURNO. AF_11/2014","CHI","140,15"]
[5841,"VASSOURA MECÂNICA REBOCÁVEL COM ESCOVA CILÍNDRICA, LARGURA ÚTIL DE VARRIMENTO DE 2,44 M - CHI DIURNO. AF_06/2014","CHI","4,68"]
[5845,"TRATOR DE PNEUS, POTÊNCIA 122 CV, TRAÇÃO 4X4, PESO COM LASTRO DE 4.510 KG - CHI DIURNO. AF_06/2014","CHI","47,11"]
[5849,"TRATOR DE ESTEIRAS, POTÊNCIA 170 HP, PESO OPERACIONAL 19 T, CAÇAMBA 5,2 M3 - CHI DIURNO. AF_06/2014","CHI","80,04"]
[5853,"TRATOR DE ESTEIRAS, POTÊNCIA 150 HP, PESO OPERACIONAL 16,7 T, COM RODA MOTRIZ ELEVADA E LÂMINA 3,18 M3 - CHI DIURNO. AF_06/2014","CHI","80,40"]
[5857,"TRATOR DE ESTEIRAS, POTÊNCIA 347 HP, PESO OPERACIONAL 38,5 T, COM LÂMINA 8,70 M3 - CHI DIURNO. AF_06/2014","CHI","213,94"]
[5865,"ROLO COMPACTADOR VIBRATÓRIO REBOCÁVEL, CILINDRO DE AÇO LISO, POTÊNCIA DE TRAÇÃO DE 65 CV, PESO 4,7 T, IMPACTO DINÂMICO 18,3 T, LARGURA DE TRABALHO 1,67 M - CHI DIURNO. AF_02/2016","CHI","12,26"]
[5869,"ROLO COMPACTADOR VIBRATÓRIO TANDEM AÇO LISO, POTÊNCIA 58 HP, PESO SEM/COM LASTRO 6,5 / 9,4 T, LARGURA DE TRABALHO 1,2 M - CHI DIURNO. AF_06/2014","CHI","71,13"]
[5877,"RETROESCAVADEIRA SOBRE RODAS COM CARREGADEIRA, TRAÇÃO 4X4, POTÊNCIA LÍQ. 72 HP, CAÇAMBA CARREG. CAP. MÍN. 0,79 M3, CAÇAMBA RETRO CAP. 0,18 M3, PESO OPERACIONAL MÍN. 7.140 KG, PROFUNDIDADE ESCAVAÇÃO MÁX. 4,50 M - CHI DIURNO. AF_06/2014","CHI","54,01"]
[5881,"ROLO COMPACTADOR VIBRATÓRIO PÉ DE CARNEIRO, OPERADO POR CONTROLE REMOTO, POTÊNCIA 12,5 KW, PESO OPERACIONAL 1,675 T, LARGURA DE TRABALHO 0,85 M - CHI DIURNO. AF_02/2016","CHI","76,76"]
[5884,"USINA DE LAMA ASFÁLTICA, PROD 30 A 50 T/H, SILO DE AGREGADO 7 M3, RESERVATÓRIOS PARA EMULSÃO E ÁGUA DE 2,3 M3 CADA, MISTURADOR TIPO PUG MILL A SER MONTADO SOBRE CAMINHÃO - CHI DIURNO. AF_10/2014","CHI","52,52"]
[5892,"CAMINHÃO TOCO, PESO BRUTO TOTAL 14.300 KG, CARGA ÚTIL MÁXIMA 9590 KG, DISTÂNCIA ENTRE EIXOS 4,76 M, POTÊNCIA 185 CV (NÃO INCLUI CARROCERIA) - CHI DIURNO. AF_06/2014","CHI","59,27"]
[5896,"CAMINHÃO TOCO, PESO BRUTO TOTAL 16.000 KG, CARGA ÚTIL MÁXIMA DE 10.685 KG, DISTÂNCIA ENTRE EIXOS 4,80 M, POTÊNCIA 189 CV EXCLUSIVE CARROCERIA - CHI DIURNO. AF_06/2014","CHI","62,00"]
[5903,"CAMINHÃO PIPA 10.000 L TRUCADO, PESO BRUTO TOTAL 23.000 KG, CARGA ÚTIL MÁXIMA 15.935 KG, DISTÂNCIA ENTRE EIXOS 4,8 M, POTÊNCIA 230 CV, INCLUSIVE TANQUE DE AÇO PARA TRANSPORTE DE ÁGUA - CHI DIURNO. AF_06/2014","CHI","76,40"]
[5911,"ESPARGIDOR DE ASFALTO PRESSURIZADO COM TANQUE DE 2500 L, REBOCÁVEL COM MOTOR A GASOLINA POTÊNCIA 3,4 HP - CHI DIURNO. AF_07/2014","CHI","25,56"]
[5923,"GRADE DE DISCO REBOCÁVEL COM 20 DISCOS 24\" X 6 MM COM PNEUS PARA TRANSPORTE - CHI DIURNO. AF_06/2014","CHI","3,20"]
[5930,"GUINDAUTO HIDRÁULICO, CAPACIDADE MÁXIMA DE CARGA 6200 KG, MOMENTO MÁXIMO DE CARGA 11,7 TM, ALCANCE MÁXIMO HORIZONTAL 9,70 M, INCLUSIVE CAMINHÃO TOCO PBT 16.000 KG, POTÊNCIA DE 189 CV - CHI DIURNO. AF_06/2014","CHI","76,74"]
[5934,"MOTONIVELADORA POTÊNCIA BÁSICA LÍQUIDA (PRIMEIRA MARCHA) 125 HP, PESO BRUTO 13032 KG, LARGURA DA LÂMINA DE 3,7 M - CHI DIURNO. AF_06/2014","CHI","89,65"]
[5942,"PÁ CARREGADEIRA SOBRE RODAS, POTÊNCIA LÍQUIDA 128 HP, CAPACIDADE DA CAÇAMBA 1,7 A 2,8 M3, PESO OPERACIONAL 11632 KG - CHI DIURNO. AF_06/2014","CHI","64,74"]
[5946,"PÁ CARREGADEIRA SOBRE RODAS, POTÊNCIA 197 HP, CAPACIDADE DA CAÇAMBA 2,5 A 3,5 M3, PESO OPERACIONAL 18338 KG - CHI DIURNO. AF_06/2014","CHI","81,51"]
[5952,"MARTELETE OU ROMPEDOR PNEUMÁTICO MANUAL, 28 KG, COM SILENCIADOR - CHI DIURNO. AF_07/2016","CHI","21,34"]
[5954,"COMPRESSOR DE AR REBOCÁVEL, VAZÃO 189 PCM, PRESSÃO EFETIVA DE TRABALHO 102 PSI, MOTOR DIESEL, POTÊNCIA 63 CV - CHI DIURNO. AF_06/2015","CHI","6,60"]
[5961,"CAMINHÃO BASCULANTE 6 M3, PESO BRUTO TOTAL 16.000 KG, CARGA ÚTIL MÁXIMA 13.071 KG, DISTÂNCIA ENTRE EIXOS 4,80 M, POTÊNCIA 230 CV INCLUSIVE CAÇAMBA METÁLICA - CHI DIURNO. AF_06/2014","CHI","66,66"]
[6260,"CAMINHÃO PIPA 6.000 L, PESO BRUTO TOTAL 13.000 KG, DISTÂNCIA ENTRE EIXOS 4,80 M, POTÊNCIA 189 CV INCLUSIVE TANQUE DE AÇO PARA TRANSPORTE DE ÁGUA, CAPACIDADE 6 M3 - CHI DIURNO. AF_06/2014","CHI","63,76"]
[6880,"ROLO COMPACTADOR DE PNEUS ESTÁTICO, PRESSÃO VARIÁVEL, POTÊNCIA 111 HP, PESO SEM/COM LASTRO 9,5 / 26 T, LARGURA DE TRABALHO 1,90 M - CHI DIURNO. AF_07/2014","CHI","84,75"]
[7031,"TANQUE DE ASFALTO ESTACIONÁRIO COM SERPENTINA, CAPACIDADE 30.000 L - CHI DIURNO. AF_05/2023","CHI","6,04"]
[7043,"MOTOBOMBA TRASH (PARA ÁGUA SUJA) AUTO ESCORVANTE, MOTOR GASOLINA DE 6,41 HP, DIÂMETROS DE SUCÇÃO X RECALQUE: 3\" X 3\", HM/Q = 10 MCA / 60 M3/H A 23 MCA / 0 M3/H - CHI DIURNO. AF_10/2014","CHI","0,32"]
[7050,"ROLO COMPACTADOR PE DE CARNEIRO VIBRATORIO, POTENCIA 125 HP, PESO OPERACIONAL SEM/COM LASTRO 11,95 / 13,30 T, IMPACTO DINAMICO 38,5 / 22,5 T, LARGURA DE TRABALHO 2,15 M - CHI DIURNO. AF_06/2014","CHI","77,64"]
[67827,"CAMINHÃO BASCULANTE 6 M3 TOCO, PESO BRUTO TOTAL 16.000 KG, CARGA ÚTIL MÁXIMA 11.130 KG, DISTÂNCIA ENTRE EIXOS 5,36 M, POTÊNCIA 185 CV, INCLUSIVE CAÇAMBA METÁLICA - CHI DIURNO. AF_06/2014","CHI","67,87"]
[73395,"GRUPO GERADOR ESTACIONÁRIO, MOTOR DIESEL POTÊNCIA 170 KVA - CHI DIURNO. AF_02/2016","CHI","9,67"]
[83766,"GRUPO DE SOLDAGEM COM GERADOR A DIESEL 60 CV PARA SOLDA ELÉTRICA, SOBRE 04 RODAS, COM MOTOR 4 CILINDROS 600 A - CHI DIURNO. AF_02/2016","CHI","39,23"]
[87446,"BETONEIRA CAPACIDADE NOMINAL 400 L, CAPACIDADE DE MISTURA 310 L, MOTOR A DIESEL POTÊNCIA 5,0 HP, SEM CARREGADOR - CHI DIURNO. AF_05/2023","CHI","0,50"]
[88392,"MISTURADOR DE ARGAMASSA, EIXO HORIZONTAL, CAPACIDADE DE MISTURA 300 KG, MOTOR ELÉTRICO POTÊNCIA 5 CV - CHI DIURNO. AF_05/2023","CHI","0,98"]
[88398,"MISTURADOR DE ARGAMASSA, EIXO HORIZONTAL, CAPACIDADE DE MISTURA 600 KG, MOTOR ELÉTRICO POTÊNCIA 7,5 CV - CHI DIURNO. AF_05/2023","CHI","1,17"]
[88404,"MISTURADOR DE ARGAMASSA, EIXO HORIZONTAL, CAPACIDADE DE MISTURA 160 KG, MOTOR ELÉTRICO POTÊNCIA 3 CV - CHI DIURNO. AF_05/2023","CHI","0,93"]
[88430,"PROJETOR DE ARGAMASSA, CAPACIDADE DE PROJEÇÃO 1,5 M3/H, ALCANCE DE 30 ATÉ 60 M, MOTOR ELÉTRICO POTÊNCIA 7,5 HP - CHI DIURNO. AF_06/2014","CHI","6,41"]
[88438,"PROJETOR DE ARGAMASSA, CAPACIDADE DE PROJEÇÃO 2 M3/H, ALCANCE ATÉ 50 M, MOTOR ELÉTRICO POTÊNCIA 7,5 HP - CHI DIURNO. AF_06/2014","CHI","8,50"]
[88831,"BETONEIRA CAPACIDADE NOMINAL DE 400 L, CAPACIDADE DE MISTURA 280 L, MOTOR ELÉTRICO TRIFÁSICO POTÊNCIA DE 2 CV, SEM CARREGADOR - CHI DIURNO. AF_05/2023","CHI","0,36"]
[88844,"TRATOR DE ESTEIRAS, POTÊNCIA 125 HP, PESO OPERACIONAL 12,9 T, COM LÂMINA 2,7 M3 - CHI DIURNO. AF_10/2014","CHI","69,09"]
[88908,"ESCAVADEIRA HIDRÁULICA SOBRE ESTEIRAS, CAÇAMBA 1,20 M3, PESO OPERACIONAL 21 T, POTÊNCIA BRUTA 155 HP - CHI DIURNO. AF_06/2014","CHI","88,00"]
[89022,"BOMBA SUBMERSÍVEL ELÉTRICA TRIFÁSICA, POTÊNCIA 2,96 HP, Ø ROTOR 144 MM SEMI-ABERTO, BOCAL DE SAÍDA Ø 2\", HM/Q = 2 MCA / 38,8 M3/H A 28 MCA / 5 M3/H - CHI DIURNO. AF_06/2014","CHI","0,35"]
[89027,"TANQUE DE ASFALTO ESTACIONÁRIO COM MAÇARICO, CAPACIDADE 20.000 L - CHI DIURNO. AF_05/2023","CHI","4,90"]
[89031,"TRATOR DE ESTEIRAS, POTÊNCIA 100 HP, PESO OPERACIONAL 9,4 T, COM LÂMINA 2,19 M3 - CHI DIURNO. AF_06/2014","CHI","66,98"]
[89036,"TRATOR DE PNEUS, POTÊNCIA 85 CV, TRAÇÃO 4X4, PESO COM LASTRO DE 4.675 KG - CHI DIURNO. AF_06/2014","CHI","40,30"]
[89218,"BATE-ESTACAS POR GRAVIDADE, POTÊNCIA DE 160 HP, PESO DO MARTELO ATÉ 3 TONELADAS - CHI DIURNO. AF_11/2014","CHI","80,63"]
[89226,"BETONEIRA CAPACIDADE NOMINAL DE 600 L, CAPACIDADE DE MISTURA 360 L, MOTOR ELÉTRICO TRIFÁSICO POTÊNCIA DE 4 CV, SEM CARREGADOR - CHI DIURNO. AF_05/2023","CHI","1,52"]
[89235,"FRESADORA DE ASFALTO A FRIO SOBRE RODAS, LARGURA FRESAGEM DE 1,0 M, POTÊNCIA 208 HP - CHI DIURNO. AF_11/2014","CHI","181,40"]
[89243,"FRESADORA DE ASFALTO A FRIO SOBRE RODAS, LARGURA FRESAGEM DE 2,0 M, POTÊNCIA 550 HP - CHI DIURNO. AF_11/2014","CHI","395,19"]
[89251,"RECICLADORA DE ASFALTO A FRIO SOBRE RODAS, LARGURA FRESAGEM DE 2,0 M, POTÊNCIA 422 HP - CHI DIURNO. AF_11/2014","CHI","346,19"]
[89258,"VIBROACABADORA DE ASFALTO SOBRE ESTEIRAS, LARGURA DE PAVIMENTAÇÃO 2,13 M A 4,55 M, POTÊNCIA 100 HP, CAPACIDADE 400 T/H - CHI DIURNO. AF_11/2014","CHI","118,72"]
[89273,"GUINDASTE HIDRÁULICO AUTOPROPELIDO, COM LANÇA TELESCÓPICA 28,80 M, CAPACIDADE MÁXIMA 30 T, POTÊNCIA 97 KW, TRAÇÃO 4 X 4 - CHI DIURNO. AF_11/2014","CHI","103,12"]
[89279,"BETONEIRA CAPACIDADE NOMINAL DE 600 L, CAPACIDADE DE MISTURA 440 L, MOTOR A DIESEL POTÊNCIA 10 HP, COM CARREGADOR - CHI DIURNO. AF_05/2023","CHI","1,84"]
[89877,"CAMINHÃO BASCULANTE 14 M3, COM CAVALO MECÂNICO DE CAPACIDADE MÁXIMA DE TRAÇÃO COMBINADO DE 36000 KG, POTÊNCIA 286 CV, INCLUSIVE SEMIREBOQUE COM CAÇAMBA METÁLICA - CHI DIURNO. AF_12/2014","CHI","91,68"]
[89884,"CAMINHÃO BASCULANTE 18 M3, COM CAVALO MECÂNICO DE CAPACIDADE MÁXIMA DE TRAÇÃO COMBINADO DE 45000 KG, POTÊNCIA 330 CV, INCLUSIVE SEMIREBOQUE COM CAÇAMBA METÁLICA - CHI DIURNO. AF_12/2014","CHI","95,49"]
[90587,"VIBRADOR DE IMERSÃO, DIÂMETRO DE PONTEIRA 45MM, MOTOR ELÉTRICO TRIFÁSICO POTÊNCIA DE 2 CV - CHI DIURNO. AF_06/2015","CHI","0,53"]
[90626,"PERFURATRIZ MANUAL, TORQUE MÁXIMO 83 N.M, POTÊNCIA 5 CV, COM DIÂMETRO MÁXIMO 4\" - CHI DIURNO. AF_06/2015","CHI","2,98"]
[90632,"PERFURATRIZ SOBRE ESTEIRA, TORQUE MÁXIMO 600 KGF, PESO MÉDIO 1000 KG, POTÊNCIA 20 HP, DIÂMETRO MÁXIMO 10\" - CHI DIURNO. AF_06/2015","CHI","80,27"]
[90638,"MISTURADOR DUPLO HORIZONTAL DE ALTA TURBULÊNCIA, CAPACIDADE / VOLUME 2 X 500 LITROS, MOTORES ELÉTRICOS MÍNIMO 5 CV CADA, PARA NATA CIMENTO, ARGAMASSA E OUTROS - CHI DIURNO. AF_06/2015","CHI","4,93"]
[90644,"BOMBA TRIPLEX, PARA INJEÇÃO DE NATA DE CIMENTO, VAZÃO MÁXIMA DE 100 LITROS/MINUTO, PRESSÃO MÁXIMA DE 70 BAR - CHI DIURNO. AF_06/2015","CHI","7,37"]
[90651,"BOMBA CENTRÍFUGA MONOESTÁGIO COM MOTOR ELÉTRICO MONOFÁSICO, POTÊNCIA 15 HP, DIÂMETRO DO ROTOR 173 MM, HM/Q = 30 MCA / 90 M3/H A 45 MCA / 55 M3/H - CHI DIURNO. AF_06/2015","CHI","0,92"]
[90657,"BOMBA DE PROJEÇÃO DE CONCRETO SECO, POTÊNCIA 10 CV, VAZÃO 3 M3/H - CHI DIURNO. AF_06/2015","CHI","4,80"]
[90663,"BOMBA DE PROJEÇÃO DE CONCRETO SECO, POTÊNCIA 10 CV, VAZÃO 6 M3/H - CHI DIURNO. AF_06/2015","CHI","5,13"]
[90669,"PROJETOR PNEUMÁTICO DE ARGAMASSA PARA CHAPISCO E REBOCO COM RECIPIENTE ACOPLADO, TIPO CANEQUINHA, COM COMPRESSOR DE AR REBOCÁVEL VAZÃO 89 PCM E MOTOR DIESEL DE 20 CV - CHI DIURNO. AF_05/2023","CHI","8,86"]
[90675,"PERFURATRIZ COM TORRE METÁLICA PARA EXECUÇÃO DE ESTACA HÉLICE CONTÍNUA, PROFUNDIDADE MÁXIMA DE 30 M, DIÂMETRO MÁXIMO DE 800 MM, POTÊNCIA INSTALADA DE 268 HP, MESA ROTATIVA COM TORQUE MÁXIMO DE 170 KNM - CHI DIURNO. AF_06/2015","CHI","290,44"]
[90681,"PERFURATRIZ HIDRÁULICA SOBRE CAMINHÃO COM TRADO CURTO ACOPLADO, PROFUNDIDADE MÁXIMA DE 20 M, DIÂMETRO MÁXIMO DE 1500 MM, POTÊNCIA INSTALADA DE 137 HP, MESA ROTATIVA COM TORQUE MÁXIMO DE 30 KNM - CHI DIURNO. AF_06/2015","CHI","169,18"]
[90687,"MANIPULADOR TELESCÓPICO, POTÊNCIA DE 85 HP, CAPACIDADE DE CARGA DE 3.500 KG, ALTURA MÁXIMA DE ELEVAÇÃO DE 12,3 M - CHI DIURNO. AF_05/2023","CHI","55,15"]
[90693,"MINICARREGADEIRA SOBRE RODAS, POTÊNCIA LÍQUIDA DE 47 HP, CAPACIDADE NOMINAL DE OPERAÇÃO DE 646 KG - CHI DIURNO. AF_06/2015","CHI","50,59"]
[90965,"COMPRESSOR DE AR REBOCÁVEL, VAZÃO 89 PCM, PRESSÃO EFETIVA DE TRABALHO 102 PSI, MOTOR DIESEL, POTÊNCIA 20 CV - CHI DIURNO. AF_06/2015","CHI","8,82"]
[90973,"COMPRESSOR DE AR REBOCAVEL, VAZÃO 250 PCM, PRESSAO DE TRABALHO 102 PSI, MOTOR A DIESEL POTÊNCIA 81 CV - CHI DIURNO. AF_06/2015","CHI","8,85"]
[90982,"COMPRESSOR DE AR REBOCÁVEL, VAZÃO 748 PCM, PRESSÃO EFETIVA DE TRABALHO 102 PSI, MOTOR DIESEL, POTÊNCIA 210 CV - CHI DIURNO. AF_06/2015","CHI","22,48"]
[91001,"COMPRESSOR DE AR REBOCAVEL, VAZÃO 400 PCM, PRESSAO DE TRABALHO 102 PSI, MOTOR A DIESEL POTÊNCIA 110 CV - CHI DIURNO. AF_06/2015","CHI","10,50"]
[91032,"CAMINHÃO TRUCADO (C/ TERCEIRO EIXO) ELETRÔNICO - POTÊNCIA 231CV - PBT = 22000KG - DIST. ENTRE EIXOS 5170 MM - INCLUI CARROCERIA FIXA ABERTA DE MADEIRA - CHI DIURNO. AF_06/2015","CHI","70,18"]
[91278,"PLACA VIBRATÓRIA REVERSÍVEL COM MOTOR 4 TEMPOS A GASOLINA, FORÇA CENTRÍFUGA DE 25 KN (2500 KGF), POTÊNCIA 5,5 CV - CHI DIURNO. AF_08/2015","CHI","0,71"]
[91285,"CORTADORA DE PISO COM MOTOR 4 TEMPOS A GASOLINA, POTÊNCIA DE 13 HP, COM DISCO DE CORTE DIAMANTADO SEGMENTADO PARA CONCRETO, DIÂMETRO DE 350 MM, FURO DE 1\" (14 X 1\") - CHI DIURNO. AF_08/2015","CHI","1,18"]
[91387,"CAMINHÃO BASCULANTE 10 M3, TRUCADO CABINE SIMPLES, PESO BRUTO TOTAL 23.000 KG, CARGA ÚTIL MÁXIMA 15.935 KG, DISTÂNCIA ENTRE EIXOS 4,80 M, POTÊNCIA 230 CV INCLUSIVE CAÇAMBA METÁLICA - CHI DIURNO. AF_06/2014","CHI","77,43"]
[91395,"CAMINHÃO TOCO, PBT 14.300 KG, CARGA ÚTIL MÁX. 9.710 KG, DIST. ENTRE EIXOS 3,56 M, POTÊNCIA 185 CV, INCLUSIVE CARROCERIA FIXA ABERTA DE MADEIRA P/ TRANSPORTE GERAL DE CARGA SECA, DIMEN. APROX. 2,50 X 6,50 X 0,50 M - CHI DIURNO. AF_06/2014","CHI","61,49"]
[91486,"ESPARGIDOR DE ASFALTO PRESSURIZADO, TANQUE 6 M3 COM ISOLAÇÃO TÉRMICA, AQUECIDO COM 2 MAÇARICOS, COM BARRA ESPARGIDORA 3,60 M, MONTADO SOBRE CAMINHÃO  TOCO, PBT 14.300 KG, POTÊNCIA 185 CV - CHI DIURNO. AF_05/2023","CHI","71,85"]
[91534,"COMPACTADOR DE SOLOS DE PERCUSSÃO (SOQUETE) COM MOTOR A GASOLINA 4 TEMPOS, POTÊNCIA 4 CV - CHI DIURNO. AF_08/2015","CHI","22,76"]
[91635,"GUINDAUTO HIDRÁULICO, CAPACIDADE MÁXIMA DE CARGA 6500 KG, MOMENTO MÁXIMO DE CARGA 5,8 TM, ALCANCE MÁXIMO HORIZONTAL 7,60 M, INCLUSIVE CAMINHÃO TOCO PBT 9.700 KG, POTÊNCIA DE 160 CV - CHI DIURNO. AF_08/2015","CHI","68,25"]
[91646,"CAMINHÃO DE TRANSPORTE DE MATERIAL ASFÁLTICO 30.000 L, COM CAVALO MECÂNICO DE CAPACIDADE MÁXIMA DE TRAÇÃO COMBINADO DE 66.000 KG, POTÊNCIA 360 CV, INCLUSIVE TANQUE DE ASFALTO COM SERPENTINA - CHI DIURNO. AF_08/2015","CHI","101,98"]
[91693,"SERRA CIRCULAR DE BANCADA COM MOTOR ELÉTRICO POTÊNCIA DE 5HP, COM COIFA PARA DISCO 10\" - CHI DIURNO. AF_08/2015","CHI","21,85"]
[92044,"DISTRIBUIDOR DE AGREGADOS REBOCAVEL, CAPACIDADE 1,9 M³, LARGURA DE TRABALHO 3,66 M - CHI DIURNO. AF_11/2015","CHI","7,80"]
[92107,"CAMINHÃO PARA EQUIPAMENTO DE LIMPEZA A SUCÇÃO COM CAMINHÃO TRUCADO DE PESO BRUTO TOTAL 23000 KG, CARGA ÚTIL MÁXIMA 15935 KG, DISTÂNCIA ENTRE EIXOS 4,80 M, POTÊNCIA 230 CV, INCLUSIVE LIMPADORA A SUCÇÃO, TANQUE 12000 L - CHI DIURNO. AF_05/2023","CHI","96,64"]
[92113,"PENEIRA ROTATIVA COM MOTOR ELÉTRICO TRIFÁSICO DE 2 CV, CILINDRO DE 1 M X 0,60 M, COM FUROS DE 3,17 MM - CHI DIURNO. AF_05/2023","CHI","1,09"]
[92119,"DOSADOR DE AREIA, CAPACIDADE DE 26 LITROS - CHI DIURNO. AF_05/2023","CHI","0,27"]
[92139,"CAMINHONETE COM MOTOR A DIESEL, POTÊNCIA 180 CV, CABINE DUPLA, 4X4 - CHI DIURNO. AF_11/2015","CHI","44,74"]
[92146,"CAMINHONETE CABINE SIMPLES COM MOTOR 1.6 FLEX, CÂMBIO MANUAL, POTÊNCIA 101/104 CV, 2 PORTAS - CHI DIURNO. AF_11/2015","CHI","33,44"]
[92243,"CAMINHÃO DE TRANSPORTE DE MATERIAL ASFÁLTICO 20.000 L, COM CAVALO MECÂNICO DE CAPACIDADE MÁXIMA DE TRAÇÃO COMBINADO DE 45.000 KG, POTÊNCIA 330 CV, INCLUSIVE TANQUE DE ASFALTO COM MAÇARICO - CHI DIURNO. AF_12/2015","CHI","84,59"]
[92717,"APARELHO PARA CORTE E SOLDA OXI-ACETILENO SOBRE RODAS, INCLUSIVE CILINDROS E MAÇARICOS - CHI DIURNO. AF_05/2023","CHI","0,26"]
[92961,"MÁQUINA EXTRUSORA DE CONCRETO PARA GUIAS E SARJETAS, MOTOR A DIESEL, POTÊNCIA 14 CV - CHI DIURNO. AF_12/2015","CHI","5,29"]
[92967,"MARTELO PERFURADOR PNEUMÁTICO MANUAL, HASTE 25 X 75 MM, 21 KG - CHI DIURNO. AF_12/2015","CHI","21,40"]
[93225,"PERFURATRIZ COM TORRE METÁLICA PARA EXECUÇÃO DE ESTACA HÉLICE CONTÍNUA, PROFUNDIDADE MÁXIMA DE 32 M, DIÂMETRO MÁXIMO DE 1000 MM, POTÊNCIA INSTALADA DE 350 HP, MESA ROTATIVA COM TORQUE MÁXIMO DE 263 KNM - CHI DIURNO. AF_01/2016","CHI","439,58"]
[93234,"BETONEIRA CAPACIDADE NOMINAL 400 L, CAPACIDADE DE MISTURA 310 L, MOTOR A GASOLINA POTÊNCIA 5,5 HP, SEM CARREGADOR - CHI DIURNO. AF_02/2016","CHI","0,49"]
[93244,"ROLO COMPACTADOR VIBRATÓRIO PÉ DE CARNEIRO PARA SOLOS, POTÊNCIA 80 HP, PESO OPERACIONAL SEM/COM LASTRO 7,4 / 8,8 T, LARGURA DE TRABALHO 1,68 M - CHI DIURNO. AF_02/2016","CHI","63,54"]
[93274,"GRUA ASCENSIONAL, LANÇA DE 30 M, CAPACIDADE DE 1,0 T A 30 M, ALTURA ATÉ 39 M - CHI DIURNO. AF_05/2023","CHI","65,00"]
[93282,"GUINCHO ELÉTRICO DE COLUNA, CAPACIDADE 400 KG, COM MOTO FREIO, MOTOR TRIFÁSICO DE 1,25 CV - CHI DIURNO. AF_03/2016","CHI","21,33"]
[93288,"GUINDASTE HIDRÁULICO AUTOPROPELIDO, COM LANÇA TELESCÓPICA 40 M, CAPACIDADE MÁXIMA 60 T, POTÊNCIA 260 KW - CHI DIURNO. AF_03/2016","CHI","175,18"]
[93403,"GUINDAUTO HIDRÁULICO, CAPACIDADE MÁXIMA DE CARGA 3300 KG, MOMENTO MÁXIMO DE CARGA 5,8 TM, ALCANCE MÁXIMO HORIZONTAL 7,60 M, INCLUSIVE CAMINHÃO TOCO PBT 16.000 KG, POTÊNCIA DE 189 CV - CHI DIURNO. AF_03/2016","CHI","73,58"]
[93409,"MÁQUINA JATO DE PRESSAO PORTÁTIL, CAMARA DE 1 SAIDA, CAPACIDADE 280 L, DIAMETRO 670 MM, BICO DE JATO CURTO VENTURI DE 5/16\" , MANGUEIRA DE 1\" COM COMPRESSOR DE AR REBOCÁVEL 189 PCM E MOTOR DIESEL 63 CV - CHI DIURNO. AF_05/2023","CHI","27,94"]
[93416,"GERADOR PORTÁTIL MONOFÁSICO, POTÊNCIA 5500 VA, MOTOR A GASOLINA, POTÊNCIA DO MOTOR 13 CV - CHI DIURNO. AF_03/2016","CHI","0,46"]
[93422,"GRUPO GERADOR REBOCÁVEL, POTÊNCIA 66 KVA, MOTOR A DIESEL - CHI DIURNO. AF_03/2016","CHI","6,07"]
[93428,"GRUPO GERADOR ESTACIONÁRIO, POTÊNCIA 150 KVA, MOTOR A DIESEL- CHI DIURNO. AF_03/2016","CHI","8,60"]
[93434,"USINA DE MISTURA ASFÁLTICA À QUENTE, TIPO CONTRA FLUXO, PROD 40 A 80 TON/HORA - CHI DIURNO. AF_05/2023","CHI","333,79"]
[93440,"USINA DE ASFALTO À FRIO, CAPACIDADE DE 40 A 60 TON/HORA, ELÉTRICA POTÊNCIA 30 CV - CHI DIURNO. AF_05/2023","CHI","123,82"]
[95122,"USINA MISTURADORA DE SOLOS, CAPACIDADE DE 200 A 500 TON/H, POTENCIA 75KW - CHI DIURNO. AF_07/2016","CHI","214,94"]
[95128,"DISTRIBUIDOR DE AGREGADOS AUTOPROPELIDO, CAP 3 M3, A DIESEL, POTÊNCIA 176CV - CHI DIURNO. AF_07/2016","CHI","45,10"]
[95140,"TALHA MANUAL DE CORRENTE, CAPACIDADE DE 2 TON. COM ELEVAÇÃO DE 3 M - CHI DIURNO. AF_07/2016","CHI","0,04"]
[95213,"GRUA ASCENCIONAL, LANÇA DE 42 M, CAPACIDADE DE 1,5 T A 30 M, ALTURA ATÉ 39 M - CHI DIURNO. AF_05/2023","CHI","71,41"]
[95259,"MARTELO DEMOLIDOR PNEUMÁTICO MANUAL, 32 KG - CHI DIURNO. AF_09/2016","CHI","21,08"]
[95265,"COMPACTADOR DE SOLOS DE PERCUSÃO (SOQUETE) COM MOTOR A GASOLINA, POTÊNCIA 3 CV - CHI DIURNO. AF_09/2016","CHI","0,83"]
[95271,"RÉGUA VIBRATÓRIA DUPLA PARA CONCRETO, PESO DE 60KG, COMPRIMENTO 4 M, COM MOTOR A GASOLINA, POTÊNCIA 5,5 HP - CHI DIURNO. AF_09/2016","CHI","0,55"]
[95277,"POLIDORA DE PISO (POLITRIZ), PESO DE 100KG, DIÂMETRO 450 MM, MOTOR ELÉTRICO, POTÊNCIA 4 HP - CHI DIURNO. AF_05/2023","CHI","0,52"]
[95283,"DESEMPENADEIRA DE CONCRETO, PESO DE 78 KG, 4 PÁS, MOTOR A GASOLINA, POTÊNCIA 5,5 HP - CHI DIURNO. AF_05/2023","CHI","0,64"]
[95621,"PERFURATRIZ PNEUMATICA MANUAL DE PESO MEDIO, MARTELETE, 18KG, COMPRIMENTO MÁXIMO DE CURSO DE 6 M, DIAMETRO DO PISTAO DE 5,5 CM - CHI DIURNO. AF_11/2016","CHI","20,72"]
[95632,"ROLO COMPACTADOR VIBRATORIO TANDEM, ACO LISO, POTENCIA 125 HP, PESO SEM/COM LASTRO 10,20/11,65 T, LARGURA DE TRABALHO 1,73 M - CHI DIURNO. AF_11/2016","CHI","82,02"]
[95703,"PERFURATRIZ MANUAL, TORQUE MAXIMO 55 KGF.M, POTENCIA 5 CV, COM DIAMETRO MAXIMO 8 1/2\" - CHI DIURNO. AF_11/2016","CHI","28,34"]
[95709,"PERFURATRIZ SOBRE ESTEIRA, TORQUE MÁXIMO 600 KGF, POTÊNCIA ENTRE 50 E 60 HP, DIÂMETRO MÁXIMO 10\" - CHI DIURNO. AF_11/2016","CHI","77,84"]
[95721,"ESCAVADEIRA HIDRAULICA SOBRE ESTEIRA, EQUIPADA COM CLAMSHELL, COM CAPACIDADE DA CAÇAMBA ENTRE 1,20 E 1,50 M3, PESO OPERACIONAL ENTRE 20,00 E 22,00 TON, POTENCIA LIQUIDA ENTRE 150 E 160 HP - CHI DIURNO. AF_11/2016","CHI","88,94"]
[95873,"GRUPO GERADOR COM CARENAGEM, MOTOR DIESEL POTÊNCIA STANDART ENTRE 250 E 260 KVA - CHI DIURNO. AF_12/2016","CHI","13,75"]
[96014,"TRATOR DE PNEUS COM POTÊNCIA DE 122 CV, TRAÇÃO 4X4, COM VASSOURA MECÂNICA ACOPLADA - CHI DIURNO. AF_02/2017","CHI","51,54"]
[96021,"TRATOR DE PNEUS COM POTÊNCIA DE 122 CV, TRAÇÃO 4X4, COM GRADE DE DISCOS ACOPLADA - CHI DIURNO. AF_02/2017","CHI","51,29"]
[96029,"TRATOR DE PNEUS COM POTÊNCIA DE 85 CV, TRAÇÃO 4X4, COM GRADE DE DISCOS ACOPLADA - CHI DIURNO. AF_02/2017","CHI","44,52"]
[96036,"CAMINHÃO BASCULANTE 10 M3, TRUCADO, POTÊNCIA 230 CV, INCLUSIVE CAÇAMBA METÁLICA, COM DISTRIBUIDOR DE AGREGADOS ACOPLADO - CHI DIURNO. AF_02/2017","CHI","83,38"]
[96155,"TRATOR DE PNEUS COM POTÊNCIA DE 85 CV, TRAÇÃO 4X4, COM VASSOURA MECÂNICA ACOPLADA - CHI DIURNO. AF_02/2017","CHI","44,77"]
[96156,"MINICARREGADEIRA SOBRE RODAS POTENCIA 47HP CAPACIDADE OPERACAO 646 KG, COM VASSOURA MECÂNICA ACOPLADA - CHI DIURNO. AF_03/2017","CHI","56,86"]
[96159,"MÁQUINA DEMARCADORA DE FAIXA DE TRÁFEGO À FRIO, AUTOPROPELIDA, POTÊNCIA 38 HP - CHI DIURNO. AF_07/2016","CHI","86,64"]
[96246,"MINIESCAVADEIRA SOBRE ESTEIRAS, POTENCIA LIQUIDA DE *30* HP, PESO OPERACIONAL DE *3.500* KG - CHI DIURNO. AF_04/2017","CHI","56,98"]
[96464,"ROLO COMPACTADOR DE PNEUS, ESTATICO, PRESSAO VARIAVEL, POTENCIA 110 HP, PESO SEM/COM LASTRO 10,8/27 T, LARGURA DE ROLAGEM 2,30 M - CHI DIURNO. AF_06/2017","CHI","88,65"]
[98765,"INVERSOR DE SOLDA MONOFÁSICO DE 160 A, POTÊNCIA DE 5400 W, TENSÃO DE 220 V, PARA SOLDA COM ELETRODOS DE 2,0 A 4,0 MM E PROCESSO TIG - CHI DIURNO. AF_06/2018","CHI","0,09"]
[99834,"LAVADORA DE ALTA PRESSAO (LAVA-JATO) PARA AGUA FRIA, PRESSAO DE OPERACAO ENTRE 1400 E 1900 LIB/POL2, VAZAO MAXIMA ENTRE 400 E 700 L/H - CHI DIURNO. AF_05/2023","CHI","0,23"]
[100642,"USINA DE MISTURA ASFÁLTICA À QUENTE, TIPO CONTRA FLUXO, PROD 100 A 140 TON/HORA - CHI DIURNO. AF_12/2019","CHI","309,43"]
[100648,"USINA DE ASFALTO, TIPO GRAVIMÉTRICA, PROD 150 TON/HORA - CHI DIURNO. AF_12/2019","CHI","623,67"]
[102274,"MARTELO DEMOLIDOR ELÉTRICO, COM POTÊNCIA DE 2.000 W, 1.000 IMPACTOS POR MINUTO, PESO DE 30 KG -  CHI DIURNO. AF_01/2021","CHI","20,07"]
[104092,"TERMOFUSORA PARA TUBOS E CONEXÕES EM PPR COM DIÂMETROS DE 20 A 63 MM, POTÊNCIA DE 800 W, TENSAO 220 V - CHI DIURNO. AF_05/2022","CHI","0,08"]
[104098,"TERMOFUSORA PARA TUBOS E CONEXÕES EM PPR COM DIÂMETROS DE 75 A 110 MM, POTÊNCIA DE *1100* W, TENSÃO 220 V - CHI DIURNO. AF_05/2022","CHI","0,12"]
[5089,"ROLO COMPACTADOR VIBRATÓRIO PÉ DE CARNEIRO PARA SOLOS, POTÊNCIA 80 HP, PESO OPERACIONAL SEM/COM LASTRO 7,4 / 8,8 T, LARGURA DE TRABALHO 1,68 M - MANUTENÇÃO. AF_02/2016","H","41,71"]
[5627,"ESCAVADEIRA HIDRÁULICA SOBRE ESTEIRAS, CAÇAMBA 0,80 M3, PESO OPERACIONAL 17 T, POTENCIA BRUTA 111 HP - DEPRECIAÇÃO. AF_06/2014","H","45,36"]
[5628,"ESCAVADEIRA HIDRÁULICA SOBRE ESTEIRAS, CAÇAMBA 0,80 M3, PESO OPERACIONAL 17 T, POTENCIA BRUTA 111 HP - JUROS. AF_06/2014","H","11,98"]
[5629,"ESCAVADEIRA HIDRÁULICA SOBRE ESTEIRAS, CAÇAMBA 0,80 M3, PESO OPERACIONAL 17 T, POTENCIA BRUTA 111 HP - MANUTENÇÃO. AF_06/2014","H","56,70"]
[5630,"ESCAVADEIRA HIDRÁULICA SOBRE ESTEIRAS, CAÇAMBA 0,80 M3, PESO OPERACIONAL 17 T, POTENCIA BRUTA 111 HP - MATERIAIS NA OPERAÇÃO. AF_06/2014","H","64,94"]
[5658,"GRADE DE DISCO CONTROLE REMOTO REBOCÁVEL, COM 24 DISCOS 24\" X 6 MM COM PNEUS PARA TRANSPORTE - MANUTENÇÃO. AF_06/2014","H","2,23"]
[5664,"RETROESCAVADEIRA SOBRE RODAS COM CARREGADEIRA, TRAÇÃO 4X4, POTÊNCIA LÍQ. 88 HP, CAÇAMBA CARREG. CAP. MÍN. 1 M3, CAÇAMBA RETRO CAP. 0,26 M3, PESO OPERACIONAL MÍN. 6.674 KG, PROFUNDIDADE ESCAVAÇÃO MÁX. 4,37 M - MANUTENÇÃO. AF_06/2014","H","30,54"]
[5667,"RETROESCAVADEIRA SOBRE RODAS COM CARREGADEIRA, TRAÇÃO 4X2, POTÊNCIA LÍQ. 79 HP, CAÇAMBA CARREG. CAP. MÍN. 1 M3, CAÇAMBA RETRO CAP. 0,20 M3, PESO OPERACIONAL MÍN. 6.570 KG, PROFUNDIDADE ESCAVAÇÃO MÁX. 4,37 M - MANUTENÇÃO. AF_06/2014","H","27,16"]
[5668,"RETROESCAVADEIRA SOBRE RODAS COM CARREGADEIRA, TRAÇÃO 4X2, POTÊNCIA LÍQ. 79 HP, CAÇAMBA CARREG. CAP. MÍN. 1 M3, CAÇAMBA RETRO CAP. 0,20 M3, PESO OPERACIONAL MÍN. 6.570 KG, PROFUNDIDADE ESCAVAÇÃO MÁX. 4,37 M - MATERIAIS NA OPERAÇÃO. AF_06/2014","H","46,18"]
[5674,"ROLO COMPACTADOR VIBRATÓRIO DE UM CILINDRO AÇO LISO, POTÊNCIA 80 HP, PESO OPERACIONAL MÁXIMO 8,1 T, IMPACTO DINÂMICO 16,15 / 9,5 T, LARGURA DE TRABALHO 1,68 M - MANUTENÇÃO. AF_06/2014","H","40,11"]
[5692,"MOTOBOMBA CENTRÍFUGA, MOTOR A GASOLINA, POTÊNCIA 5,42 HP, BOCAIS 1 1/2\" X 1\", DIÂMETRO ROTOR 143 MM HM/Q = 6 MCA / 16,8 M3/H A 38 MCA / 6,6 M3/H - MANUTENÇÃO. AF_06/2014","H","0,23"]
[5693,"MOTOBOMBA CENTRÍFUGA, MOTOR A GASOLINA, POTÊNCIA 5,42 HP, BOCAIS 1 1/2\" X 1\", DIÂMETRO ROTOR 143 MM HM/Q = 6 MCA / 16,8 M3/H A 38 MCA / 6,6 M3/H - MATERIAIS NA OPERAÇÃO. AF_06/2014","H","20,94"]
[5695,"CAMINHÃO BASCULANTE 6 M3, PESO BRUTO TOTAL 16.000 KG, CARGA ÚTIL MÁXIMA 13.071 KG, DISTÂNCIA ENTRE EIXOS 4,80 M, POTÊNCIA 230 CV INCLUSIVE CAÇAMBA METÁLICA - MANUTENÇÃO. AF_06/2014","H","39,94"]
[5703,"USINA DE CONCRETO FIXA, CAPACIDADE NOMINAL DE 90 A 120 M3/H, SEM SILO - MATERIAIS NA OPERAÇÃO. AF_07/2016","H","25,46"]
[5705,"CAMINHÃO TOCO, PBT 16.000 KG, CARGA ÚTIL MÁX. 10.685 KG, DIST. ENTRE EIXOS 4,8 M, POTÊNCIA 189 CV, INCLUSIVE CARROCERIA FIXA ABERTA DE MADEIRA P/ TRANSPORTE GERAL DE CARGA SECA, DIMEN. APROX. 2,5 X 7,00 X 0,50 M - MANUTENÇÃO. AF_06/2014","H","38,44"]
[5707,"USINA MISTURADORA DE SOLOS, CAPACIDADE DE 200 A 500 TON/H, POTENCIA 75KW - MANUTENÇÃO. AF_07/2016","H","87,69"]
[5710,"VIBROACABADORA DE ASFALTO SOBRE ESTEIRAS, LARGURA DE PAVIMENTAÇÃO 1,90 M A 5,30 M, POTÊNCIA 105 HP CAPACIDADE 450 T/H - MANUTENÇÃO. AF_11/2014","H","141,18"]
[5711,"VIBROACABADORA DE ASFALTO SOBRE ESTEIRAS, LARGURA DE PAVIMENTAÇÃO 1,90 M A 5,30 M, POTÊNCIA 105 HP CAPACIDADE 450 T/H - MATERIAIS NA OPERAÇÃO. AF_11/2014","H","89,72"]
[5714,"TRATOR DE PNEUS, POTÊNCIA 85 CV, TRAÇÃO 4X4, PESO COM LASTRO DE 4.675 KG - MANUTENÇÃO. AF_06/2014","H","16,03"]
[5715,"TRATOR DE PNEUS, POTÊNCIA 85 CV, TRAÇÃO 4X4, PESO COM LASTRO DE 4.675 KG - MATERIAIS NA OPERAÇÃO. AF_06/2014","H","67,89"]
[5718,"TRATOR DE ESTEIRAS, POTÊNCIA 170 HP, PESO OPERACIONAL 19 T, CAÇAMBA 5,2 M3 - MATERIAIS NA OPERAÇÃO. AF_06/2014","H","107,09"]
[5721,"TRATOR DE ESTEIRAS, POTÊNCIA 150 HP, PESO OPERACIONAL 16,7 T, COM RODA MOTRIZ ELEVADA E LÂMINA 3,18 M3 - MATERIAIS NA OPERAÇÃO. AF_06/2014","H","94,49"]
[5722,"TRATOR DE ESTEIRAS, POTÊNCIA 347 HP, PESO OPERACIONAL 38,5 T, COM LÂMINA 8,70 M3 - MATERIAIS NA OPERAÇÃO. AF_06/2014","H","218,52"]
[5724,"TRATOR DE ESTEIRAS, POTÊNCIA 100 HP, PESO OPERACIONAL 9,4 T, COM LÂMINA 2,19 M3 - MANUTENÇÃO. AF_06/2014","H","56,18"]
[5727,"ROLO COMPACTADOR VIBRATÓRIO REBOCÁVEL, CILINDRO DE AÇO LISO, POTÊNCIA DE TRAÇÃO DE 65 CV, PESO 4,7 T, IMPACTO DINÂMICO 18,3 T, LARGURA DE TRABALHO 1,67 M - MANUTENÇÃO. AF_02/2016","H","12,10"]
[5729,"ROLO COMPACTADOR VIBRATÓRIO TANDEM AÇO LISO, POTÊNCIA 58 HP, PESO SEM/COM LASTRO 6,5 / 9,4 T, LARGURA DE TRABALHO 1,2 M - MANUTENÇÃO. AF_06/2014","H","49,26"]
[5730,"ROLO COMPACTADOR VIBRATÓRIO TANDEM AÇO LISO, POTÊNCIA 58 HP, PESO SEM/COM LASTRO 6,5 / 9,4 T, LARGURA DE TRABALHO 1,2 M - MATERIAIS NA OPERAÇÃO. AF_06/2014","H","41,18"]
[5735,"RETROESCAVADEIRA SOBRE RODAS COM CARREGADEIRA, TRAÇÃO 4X4, POTÊNCIA LÍQ. 72 HP, CAÇAMBA CARREG. CAP. MÍN. 0,79 M3, CAÇAMBA RETRO CAP. 0,18 M3, PESO OPERACIONAL MÍN. 7.140 KG, PROFUNDIDADE ESCAVAÇÃO MÁX. 4,50 M - MANUTENÇÃO. AF_06/2014","H","29,47"]
[5736,"RETROESCAVADEIRA SOBRE RODAS COM CARREGADEIRA, TRAÇÃO 4X4, POTÊNCIA LÍQ. 72 HP, CAÇAMBA CARREG. CAP. MÍN. 0,79 M3, CAÇAMBA RETRO CAP. 0,18 M3, PESO OPERACIONAL MÍN. 7.140 KG, PROFUNDIDADE ESCAVAÇÃO MÁX. 4,50 M - MATERIAIS NA OPERAÇÃO. AF_06/2014","H","42,08"]
[5738,"ROLO COMPACTADOR VIBRATÓRIO PÉ DE CARNEIRO, OPERADO POR CONTROLE REMOTO, POTÊNCIA 12,5 KW, PESO OPERACIONAL 1,675 T, LARGURA DE TRABALHO 0,85 M - DEPRECIAÇÃO. AF_02/2016","H","43,80"]
[5739,"ROLO COMPACTADOR VIBRATÓRIO PÉ DE CARNEIRO, OPERADO POR CONTROLE REMOTO, POTÊNCIA 12,5 KW, PESO OPERACIONAL 1,675 T, LARGURA DE TRABALHO 0,85 M - MANUTENÇÃO. AF_02/2016","H","54,81"]
[5741,"USINA DE LAMA ASFÁLTICA, PROD 30 A 50 T/H, SILO DE AGREGADO 7 M3, RESERVATÓRIOS PARA EMULSÃO E ÁGUA DE 2,3 M3 CADA, MISTURADOR TIPO PUG MILL A SER MONTADO SOBRE CAMINHÃO - MANUTENÇÃO. AF_10/2014","H","42,78"]
[5742,"USINA DE LAMA ASFÁLTICA, PROD 30 A 50 T/H, SILO DE AGREGADO 7 M3, RESERVATÓRIOS PARA EMULSÃO E ÁGUA DE 2,3 M3 CADA, MISTURADOR TIPO PUG MILL A SER MONTADO SOBRE CAMINHÃO - MATERIAIS NA OPERAÇÃO. AF_10/2014","H","27,79"]
[5747,"CAMINHÃO PIPA 6.000 L, PESO BRUTO TOTAL 13.000 KG, DISTÂNCIA ENTRE EIXOS 4,80 M, POTÊNCIA 189 CV INCLUSIVE TANQUE DE AÇO PARA TRANSPORTE DE ÁGUA, CAPACIDADE 6 M3 - MATERIAIS NA OPERAÇÃO. AF_06/2014","H","159,37"]
[5751,"CAMINHÃO TOCO, PESO BRUTO TOTAL 14.300 KG, CARGA ÚTIL MÁXIMA 9590 KG, DISTÂNCIA ENTRE EIXOS 4,76 M, POTÊNCIA 185 CV (NÃO INCLUI CARROCERIA) - MANUTENÇÃO. AF_06/2014","H","33,02"]
[5754,"CAMINHÃO TOCO, PESO BRUTO TOTAL 16.000 KG, CARGA ÚTIL MÁXIMA DE 10.685 KG, DISTÂNCIA ENTRE EIXOS 4,80 M, POTÊNCIA 189 CV EXCLUSIVE CARROCERIA - MANUTENÇÃO. AF_06/2014","H","36,26"]
[5763,"CAMINHÃO PIPA 10.000 L TRUCADO, PESO BRUTO TOTAL 23.000 KG, CARGA ÚTIL MÁXIMA 15.935 KG, DISTÂNCIA ENTRE EIXOS 4,8 M, POTÊNCIA 230 CV, INCLUSIVE TANQUE DE AÇO PARA TRANSPORTE DE ÁGUA - MANUTENÇÃO. AF_06/2014","H","51,62"]
[5765,"ESPARGIDOR DE ASFALTO PRESSURIZADO COM TANQUE DE 2500 L, REBOCÁVEL COM MOTOR A GASOLINA POTÊNCIA 3,4 HP - MANUTENÇÃO. AF_07/2014","H","4,64"]
[5766,"ESPARGIDOR DE ASFALTO PRESSURIZADO COM TANQUE DE 2500 L, REBOCÁVEL COM MOTOR A GASOLINA POTÊNCIA 3,4 HP - MATERIAIS NA OPERAÇÃO. AF_07/2014","H","2,92"]
[5779,"MOTONIVELADORA POTÊNCIA BÁSICA LÍQUIDA (PRIMEIRA MARCHA) 125 HP, PESO BRUTO 13032 KG, LARGURA DA LÂMINA DE 3,7 M - MANUTENÇÃO. AF_06/2014","H","72,33"]
[5787,"PÁ CARREGADEIRA SOBRE RODAS, POTÊNCIA 197 HP, CAPACIDADE DA CAÇAMBA 2,5 A 3,5 M3, PESO OPERACIONAL 18338 KG - MATERIAIS NA OPERAÇÃO. AF_06/2014","H","70,91"]
[5797,"COMPRESSOR DE AR REBOCÁVEL, VAZÃO 189 PCM, PRESSÃO EFETIVA DE TRABALHO 102 PSI, MOTOR DIESEL, POTÊNCIA 63 CV - MANUTENÇÃO. AF_06/2015","H","6,52"]
[5800,"BOMBA SUBMERSÍVEL ELÉTRICA TRIFÁSICA, POTÊNCIA 2,96 HP, Ø ROTOR 144 MM SEMI-ABERTO, BOCAL DE SAÍDA Ø 2\", HM/Q = 2 MCA / 38,8 M3/H A 28 MCA / 5 M3/H - MANUTENÇÃO. AF_06/2014","H","0,31"]
[7032,"TANQUE DE ASFALTO ESTACIONÁRIO COM SERPENTINA, CAPACIDADE 30.000 L - DEPRECIAÇÃO. AF_05/2023","H","4,41"]
[7033,"TANQUE DE ASFALTO ESTACIONÁRIO COM SERPENTINA, CAPACIDADE 30.000 L - JUROS. AF_05/2023","H","1,63"]
[7034,"TANQUE DE ASFALTO ESTACIONÁRIO COM SERPENTINA, CAPACIDADE 30.000 L - MANUTENÇÃO. AF_05/2023","H","5,88"]
[7035,"TANQUE DE ASFALTO ESTACIONÁRIO COM SERPENTINA, CAPACIDADE 30.000 L - MATERIAIS NA OPERAÇÃO. AF_05/2023","H","258,45"]
[7038,"ROLO COMPACTADOR DE PNEUS ESTÁTICO, PRESSÃO VARIÁVEL, POTÊNCIA 111 HP, PESO SEM/COM LASTRO 9,5 / 26 T, LARGURA DE TRABALHO 1,90 M - DEPRECIAÇÃO. AF_07/2014","H","50,10"]
[7039,"ROLO COMPACTADOR DE PNEUS ESTÁTICO, PRESSÃO VARIÁVEL, POTÊNCIA 111 HP, PESO SEM/COM LASTRO 9,5 / 26 T, LARGURA DE TRABALHO 1,90 M - JUROS. AF_07/2014","H","13,44"]
[7040,"ROLO COMPACTADOR DE PNEUS ESTÁTICO, PRESSÃO VARIÁVEL, POTÊNCIA 111 HP, PESO SEM/COM LASTRO 9,5 / 26 T, LARGURA DE TRABALHO 1,90 M - MANUTENÇÃO. AF_07/2014","H","62,69"]
[7044,"MOTOBOMBA TRASH (PARA ÁGUA SUJA) AUTO ESCORVANTE, MOTOR GASOLINA DE 6,41 HP, DIÂMETROS DE SUCÇÃO X RECALQUE: 3\" X 3\", HM/Q = 10 MCA / 60 M3/H A 23 MCA / 0 M3/H - DEPRECIAÇÃO. AF_10/2014","H","0,26"]
[7045,"MOTOBOMBA TRASH (PARA ÁGUA SUJA) AUTO ESCORVANTE, MOTOR GASOLINA DE 6,41 HP, DIÂMETROS DE SUCÇÃO X RECALQUE: 3\" X 3\", HM/Q = 10 MCA / 60 M3/H A 23 MCA / 0 M3/H - JUROS. AF_10/2014","H","0,06"]
[7046,"MOTOBOMBA TRASH (PARA ÁGUA SUJA) AUTO ESCORVANTE, MOTOR GASOLINA DE 6,41 HP, DIÂMETROS DE SUCÇÃO X RECALQUE: 3\" X 3\", HM/Q = 10 MCA / 60 M3/H A 23 MCA / 0 M3/H - MANUTENÇÃO. AF_10/2014","H","0,29"]
[7047,"MOTOBOMBA TRASH (PARA ÁGUA SUJA) AUTO ESCORVANTE, MOTOR GASOLINA DE 6,41 HP, DIÂMETROS DE SUCÇÃO X RECALQUE: 3\" X 3\", HM/Q = 10 MCA / 60 M3/H A 23 MCA / 0 M3/H - MATERIAIS NA OPERAÇÃO. AF_10/2014","H","24,72"]
[7051,"ROLO COMPACTADOR PE DE CARNEIRO VIBRATORIO, POTENCIA 125 HP, PESO OPERACIONAL SEM/COM LASTRO 11,95 / 13,30 T, IMPACTO DINAMICO 38,5 / 22,5 T, LARGURA DE TRABALHO 2,15 M - DEPRECIAÇÃO. AF_06/2014","H","44,43"]
[7052,"ROLO COMPACTADOR PE DE CARNEIRO VIBRATORIO, POTENCIA 125 HP, PESO OPERACIONAL SEM/COM LASTRO 11,95 / 13,30 T, IMPACTO DINAMICO 38,5 / 22,5 T, LARGURA DE TRABALHO 2,15 M - JUROS. AF_06/2014","H","12,00"]
[7053,"ROLO COMPACTADOR PE DE CARNEIRO VIBRATORIO, POTENCIA 125 HP, PESO OPERACIONAL SEM/COM LASTRO 11,95 / 13,30 T, IMPACTO DINAMICO 38,5 / 22,5 T, LARGURA DE TRABALHO 2,15 M - MANUTENÇÃO. AF_06/2014","H","55,61"]
[7054,"ROLO COMPACTADOR PE DE CARNEIRO VIBRATORIO, POTENCIA 125 HP, PESO OPERACIONAL SEM/COM LASTRO 11,95 / 13,30 T, IMPACTO DINAMICO 38,5 / 22,5 T, LARGURA DE TRABALHO 2,15 M - MATERIAIS NA OPERAÇÃO. AF_06/2014","H","89,96"]
[7058,"CAMINHÃO BASCULANTE 6 M3 TOCO, PESO BRUTO TOTAL 16.000 KG, CARGA ÚTIL MÁXIMA 11.130 KG, DISTÂNCIA ENTRE EIXOS 5,36 M, POTÊNCIA 185 CV, INCLUSIVE CAÇAMBA METÁLICA - DEPRECIAÇÃO. AF_06/2014","H","22,91"]
[7059,"CAMINHÃO BASCULANTE 6 M3 TOCO, PESO BRUTO TOTAL 16.000 KG, CARGA ÚTIL MÁXIMA 11.130 KG, DISTÂNCIA ENTRE EIXOS 5,36 M, POTÊNCIA 185 CV, INCLUSIVE CAÇAMBA METÁLICA - JUROS. AF_06/2014","H","8,83"]
[7060,"CAMINHÃO BASCULANTE 6 M3 TOCO, PESO BRUTO TOTAL 16.000 KG, CARGA ÚTIL MÁXIMA 11.130 KG, DISTÂNCIA ENTRE EIXOS 5,36 M, POTÊNCIA 185 CV, INCLUSIVE CAÇAMBA METÁLICA - MANUTENÇÃO. AF_06/2014","H","41,32"]
[7061,"CAMINHÃO BASCULANTE 6 M3 TOCO, PESO BRUTO TOTAL 16.000 KG, CARGA ÚTIL MÁXIMA 11.130 KG, DISTÂNCIA ENTRE EIXOS 5,36 M, POTÊNCIA 185 CV, INCLUSIVE CAÇAMBA METÁLICA - MATERIAIS NA OPERAÇÃO. AF_06/2014","H","82,12"]
[7063,"TRATOR DE PNEUS, POTÊNCIA 122 CV, TRAÇÃO 4X4, PESO COM LASTRO DE 4.510 KG - DEPRECIAÇÃO. AF_06/2014","H","19,99"]
[7064,"TRATOR DE PNEUS, POTÊNCIA 122 CV, TRAÇÃO 4X4, PESO COM LASTRO DE 4.510 KG - JUROS. AF_06/2014","H","5,40"]
[7065,"TRATOR DE PNEUS, POTÊNCIA 122 CV, TRAÇÃO 4X4, PESO COM LASTRO DE 4.510 KG - MANUTENÇÃO. AF_06/2014","H","21,87"]
[7066,"TRATOR DE PNEUS, POTÊNCIA 122 CV, TRAÇÃO 4X4, PESO COM LASTRO DE 4.510 KG - MATERIAIS NA OPERAÇÃO. AF_06/2014","H","97,44"]
[53786,"RETROESCAVADEIRA SOBRE RODAS COM CARREGADEIRA, TRAÇÃO 4X4, POTÊNCIA LÍQ. 88 HP, CAÇAMBA CARREG. CAP. MÍN. 1 M3, CAÇAMBA RETRO CAP. 0,26 M3, PESO OPERACIONAL MÍN. 6.674 KG, PROFUNDIDADE ESCAVAÇÃO MÁX. 4,37 M - MATERIAIS NA OPERAÇÃO. AF_06/2014","H","51,43"]
[53788,"ROLO COMPACTADOR VIBRATÓRIO DE UM CILINDRO AÇO LISO, POTÊNCIA 80 HP, PESO OPERACIONAL MÁXIMO 8,1 T, IMPACTO DINÂMICO 16,15 / 9,5 T, LARGURA DE TRABALHO 1,68 M - MATERIAIS NA OPERAÇÃO. AF_06/2014","H","57,58"]
[53792,"CAMINHÃO BASCULANTE 6 M3, PESO BRUTO TOTAL 16.000 KG, CARGA ÚTIL MÁXIMA 13.071 KG, DISTÂNCIA ENTRE EIXOS 4,80 M, POTÊNCIA 230 CV INCLUSIVE CAÇAMBA METÁLICA - MATERIAIS NA OPERAÇÃO. AF_06/2014","H","102,08"]
[53794,"USINA DE CONCRETO FIXA, CAPACIDADE NOMINAL DE 90 A 120 M3/H, SEM SILO - MANUTENÇÃO. AF_07/2016","H","35,62"]
[53797,"CAMINHÃO TOCO, PBT 16.000 KG, CARGA ÚTIL MÁX. 10.685 KG, DIST. ENTRE EIXOS 4,8 M, POTÊNCIA 189 CV, INCLUSIVE CARROCERIA FIXA ABERTA DE MADEIRA P/ TRANSPORTE GERAL DE CARGA SECA, DIMEN. APROX. 2,5 X 7,00 X 0,50 M - MATERIAIS NA OPERAÇÃO. AF_06/2014","H","117,40"]
[53804,"VASSOURA MECÂNICA REBOCÁVEL COM ESCOVA CILÍNDRICA, LARGURA ÚTIL DE VARRIMENTO DE 2,44 M - MANUTENÇÃO. AF_06/2014","H","4,63"]
[53806,"TRATOR DE ESTEIRAS, POTÊNCIA 170 HP, PESO OPERACIONAL 19 T, CAÇAMBA 5,2 M3 - MANUTENÇÃO. AF_06/2014","H","72,39"]
[53810,"TRATOR DE ESTEIRAS, POTÊNCIA 150 HP, PESO OPERACIONAL 16,7 T, COM RODA MOTRIZ ELEVADA E LÂMINA 3,18 M3 - MANUTENÇÃO. AF_06/2014","H","72,83"]
[53814,"TRATOR DE ESTEIRAS, POTÊNCIA 347 HP, PESO OPERACIONAL 38,5 T, COM LÂMINA 8,70 M3 - MANUTENÇÃO. AF_06/2014","H","238,57"]
[53817,"TRATOR DE ESTEIRAS, POTÊNCIA 100 HP, PESO OPERACIONAL 9,4 T, COM LÂMINA 2,19 M3 - MATERIAIS NA OPERAÇÃO. AF_06/2014","H","62,95"]
[53818,"ROLO COMPACTADOR VIBRATÓRIO REBOCÁVEL, CILINDRO DE AÇO LISO, POTÊNCIA DE TRAÇÃO DE 65 CV, PESO 4,7 T, IMPACTO DINÂMICO 18,3 T, LARGURA DE TRABALHO 1,67 M - DEPRECIAÇÃO. AF_02/2016","H","9,67"]
[53827,"CAMINHÃO TOCO, PESO BRUTO TOTAL 14.300 KG, CARGA ÚTIL MÁXIMA 9590 KG, DISTÂNCIA ENTRE EIXOS 4,76 M, POTÊNCIA 185 CV (NÃO INCLUI CARROCERIA) - MATERIAIS NA OPERAÇÃO. AF_06/2014","H","114,93"]
[53829,"CAMINHÃO TOCO, PESO BRUTO TOTAL 16.000 KG, CARGA ÚTIL MÁXIMA DE 10.685 KG, DISTÂNCIA ENTRE EIXOS 4,80 M, POTÊNCIA 189 CV EXCLUSIVE CARROCERIA - MATERIAIS NA OPERAÇÃO. AF_06/2014","H","117,40"]
[53831,"CAMINHÃO PIPA 10.000 L TRUCADO, PESO BRUTO TOTAL 23.000 KG, CARGA ÚTIL MÁXIMA 15.935 KG, DISTÂNCIA ENTRE EIXOS 4,8 M, POTÊNCIA 230 CV, INCLUSIVE TANQUE DE AÇO PARA TRANSPORTE DE ÁGUA - MATERIAIS NA OPERAÇÃO. AF_06/2014","H","193,92"]
[53840,"GRADE DE DISCO REBOCÁVEL COM 20 DISCOS 24\" X 6 MM COM PNEUS PARA TRANSPORTE - DEPRECIAÇÃO. AF_06/2014","H","2,51"]
[53841,"GRADE DE DISCO REBOCÁVEL COM 20 DISCOS 24\" X 6 MM COM PNEUS PARA TRANSPORTE - MANUTENÇÃO. AF_06/2014","H","1,74"]
[53849,"MOTONIVELADORA POTÊNCIA BÁSICA LÍQUIDA (PRIMEIRA MARCHA) 125 HP, PESO BRUTO 13032 KG, LARGURA DA LÂMINA DE 3,7 M - MATERIAIS NA OPERAÇÃO. AF_06/2014","H","84,35"]
[53857,"PÁ CARREGADEIRA SOBRE RODAS, POTÊNCIA LÍQUIDA 128 HP, CAPACIDADE DA CAÇAMBA 1,7 A 2,8 M3, PESO OPERACIONAL 11632 KG - MANUTENÇÃO. AF_06/2014","H","61,25"]
[53858,"PÁ CARREGADEIRA SOBRE RODAS, POTÊNCIA LÍQUIDA 128 HP, CAPACIDADE DA CAÇAMBA 1,7 A 2,8 M3, PESO OPERACIONAL 11632 KG - MATERIAIS NA OPERAÇÃO. AF_06/2014","H","46,06"]
[53861,"PÁ CARREGADEIRA SOBRE RODAS, POTÊNCIA 197 HP, CAPACIDADE DA CAÇAMBA 2,5 A 3,5 M3, PESO OPERACIONAL 18338 KG - MANUTENÇÃO. AF_06/2014","H","59,45"]
[53863,"MARTELETE OU ROMPEDOR PNEUMÁTICO MANUAL, 28 KG, COM SILENCIADOR - MANUTENÇÃO. AF_07/2016","H","2,27"]
[53865,"COMPRESSOR DE AR REBOCÁVEL, VAZÃO 189 PCM, PRESSÃO EFETIVA DE TRABALHO 102 PSI, MOTOR DIESEL, POTÊNCIA 63 CV - MATERIAIS NA OPERAÇÃO. AF_06/2015","H","47,51"]
[53866,"BOMBA SUBMERSÍVEL ELÉTRICA TRIFÁSICA, POTÊNCIA 2,96 HP, Ø ROTOR 144 MM SEMI-ABERTO, BOCAL DE SAÍDA Ø 2\", HM/Q = 2 MCA / 38,8 M3/H A 28 MCA / 5 M3/H - MATERIAIS NA OPERAÇÃO. AF_06/2014","H","2,04"]
[53882,"CAMINHÃO PIPA 6.000 L, PESO BRUTO TOTAL 13.000 KG, DISTÂNCIA ENTRE EIXOS 4,80 M, POTÊNCIA 189 CV INCLUSIVE TANQUE DE AÇO PARA TRANSPORTE DE ÁGUA, CAPACIDADE 6 M3 - MANUTENÇÃO. AF_06/2014","H","36,88"]
[55263,"ROLO COMPACTADOR DE PNEUS ESTÁTICO, PRESSÃO VARIÁVEL, POTÊNCIA 111 HP, PESO SEM/COM LASTRO 9,5 / 26 T, LARGURA DE TRABALHO 1,90 M - MATERIAIS NA OPERAÇÃO. AF_07/2014","H","64,94"]
[73303,"GRUPO GERADOR ESTACIONÁRIO, MOTOR DIESEL POTÊNCIA 170 KVA - DEPRECIAÇÃO. AF_02/2016","H","7,15"]
[73307,"GRUPO GERADOR ESTACIONÁRIO, MOTOR DIESEL POTÊNCIA 170 KVA - MANUTENÇÃO. AF_02/2016","H","6,38"]
[73309,"ROLO COMPACTADOR VIBRATÓRIO PÉ DE CARNEIRO PARA SOLOS, POTÊNCIA 80 HP, PESO OPERACIONAL SEM/COM LASTRO 7,4 / 8,8 T, LARGURA DE TRABALHO 1,68 M - DEPRECIAÇÃO. AF_02/2016","H","33,33"]
[73311,"GRUPO GERADOR ESTACIONÁRIO, MOTOR DIESEL POTÊNCIA 170 KVA - MATERIAIS NA OPERAÇÃO. AF_02/2016","H","179,51"]
[73313,"ROLO COMPACTADOR VIBRATÓRIO PÉ DE CARNEIRO PARA SOLOS, POTÊNCIA 80 HP, PESO OPERACIONAL SEM/COM LASTRO 7,4 / 8,8 T, LARGURA DE TRABALHO 1,68 M - JUROS. AF_02/2016","H","9,00"]
[73315,"ROLO COMPACTADOR VIBRATÓRIO PÉ DE CARNEIRO PARA SOLOS, POTÊNCIA 80 HP, PESO OPERACIONAL SEM/COM LASTRO 7,4 / 8,8 T, LARGURA DE TRABALHO 1,68 M - MATERIAIS NA OPERAÇÃO. AF_02/2016","H","57,58"]
[73335,"CAMINHÃO TOCO, PBT 14.300 KG, CARGA ÚTIL MÁX. 9.710 KG, DIST. ENTRE EIXOS 3,56 M, POTÊNCIA 185 CV, INCLUSIVE CARROCERIA FIXA ABERTA DE MADEIRA P/ TRANSPORTE GERAL DE CARGA SECA, DIMEN. APROX. 2,50 X 6,50 X 0,50 M - MANUTENÇÃO. AF_06/2014","H","35,06"]
[73340,"CAMINHÃO TOCO, PBT 14.300 KG, CARGA ÚTIL MÁX. 9.710 KG, DIST. ENTRE EIXOS 3,56 M, POTÊNCIA 185 CV, INCLUSIVE CARROCERIA FIXA ABERTA DE MADEIRA P/ TRANSPORTE GERAL DE CARGA SECA, DIMEN. APROX. 2,50 X 6,50 X 0,50 M - MATERIAIS NA OPERAÇÃO. AF_06/2014","H","155,99"]
[83361,"ESPARGIDOR DE ASFALTO PRESSURIZADO, TANQUE 6 M3 COM ISOLAÇÃO TÉRMICA, AQUECIDO COM 2 MAÇARICOS, COM BARRA ESPARGIDORA 3,60 M, MONTADO SOBRE CAMINHÃO  TOCO, PBT 14.300 KG, POTÊNCIA 185 CV - MANUTENÇÃO. AF_08/2015","H","42,81"]
[83761,"GRUPO DE SOLDAGEM COM GERADOR A DIESEL 60 CV PARA SOLDA ELÉTRICA, SOBRE 04 RODAS, COM MOTOR 4 CILINDROS 600 A - DEPRECIAÇÃO. AF_02/2016","H","9,52"]
[83762,"GRUPO DE SOLDAGEM COM GERADOR A DIESEL 60 CV PARA SOLDA ELÉTRICA, SOBRE 04 RODAS, COM MOTOR 4 CILINDROS 600 A - MANUTENÇÃO. AF_02/2016","H","8,50"]
[83763,"GRUPO DE SOLDAGEM COM GERADOR A DIESEL 60 CV PARA SOLDA ELÉTRICA, SOBRE 04 RODAS, COM MOTOR 4 CILINDROS 600 A - MATERIAIS NA OPERAÇÃO. AF_02/2016","H","50,59"]
[83764,"GRUPO DE SOLDAGEM COM GERADOR A DIESEL 60 CV PARA SOLDA ELÉTRICA, SOBRE 04 RODAS, COM MOTOR 4 CILINDROS 600 A - JUROS. AF_02/2016","H","3,35"]
[87026,"GRADE DE DISCO REBOCÁVEL COM 20 DISCOS 24\" X 6 MM COM PNEUS PARA TRANSPORTE - JUROS. AF_06/2014","H","0,69"]
[87441,"BETONEIRA CAPACIDADE NOMINAL 400 L, CAPACIDADE DE MISTURA 310 L, MOTOR A DIESEL POTÊNCIA 5,0 CV, SEM CARREGADOR - DEPRECIAÇÃO. AF_05/2023","H","0,40"]
[87442,"BETONEIRA CAPACIDADE NOMINAL 400 L, CAPACIDADE DE MISTURA 310 L, MOTOR A DIESEL POTÊNCIA 5,0 CV, SEM CARREGADOR - JUROS. AF_05/2023","H","0,10"]
[87443,"BETONEIRA CAPACIDADE NOMINAL 400 L, CAPACIDADE DE MISTURA 310 L, MOTOR A DIESEL POTÊNCIA 5,0 CV, SEM CARREGADOR - MANUTENÇÃO. AF_05/2023","H","0,54"]
[87444,"BETONEIRA CAPACIDADE NOMINAL 400 L, CAPACIDADE DE MISTURA 310 L, MOTOR A DIESEL POTÊNCIA 5,0 CV, SEM CARREGADOR - MATERIAIS NA OPERAÇÃO. AF_05/2023","H","4,27"]
[88387,"MISTURADOR DE ARGAMASSA, EIXO HORIZONTAL, CAPACIDADE DE MISTURA 300 KG, MOTOR ELÉTRICO POTÊNCIA 5 CV - DEPRECIAÇÃO. AF_05/2023","H","0,79"]
[88389,"MISTURADOR DE ARGAMASSA, EIXO HORIZONTAL, CAPACIDADE DE MISTURA 300 KG, MOTOR ELÉTRICO POTÊNCIA 5 CV - JUROS. AF_05/2023","H","0,19"]
[88390,"MISTURADOR DE ARGAMASSA, EIXO HORIZONTAL, CAPACIDADE DE MISTURA 300 KG, MOTOR ELÉTRICO POTÊNCIA 5 CV - MANUTENÇÃO. AF_05/2023","H","0,92"]
[88391,"MISTURADOR DE ARGAMASSA, EIXO HORIZONTAL, CAPACIDADE DE MISTURA 300 KG, MOTOR ELÉTRICO POTÊNCIA 5 CV - MATERIAIS NA OPERAÇÃO. AF_05/2023","H","3,34"]
[88394,"MISTURADOR DE ARGAMASSA, EIXO HORIZONTAL, CAPACIDADE DE MISTURA 600 KG, MOTOR ELÉTRICO POTÊNCIA 7,5 CV - DEPRECIAÇÃO. AF_05/2023","H","0,94"]
[88395,"MISTURADOR DE ARGAMASSA, EIXO HORIZONTAL, CAPACIDADE DE MISTURA 600 KG, MOTOR ELÉTRICO POTÊNCIA 7,5 CV - JUROS. AF_05/2023","H","0,23"]
[88396,"MISTURADOR DE ARGAMASSA, EIXO HORIZONTAL, CAPACIDADE DE MISTURA 600 KG, MOTOR ELÉTRICO POTÊNCIA 7,5 CV - MANUTENÇÃO. AF_05/2023","H","1,10"]
[88397,"MISTURADOR DE ARGAMASSA, EIXO HORIZONTAL, CAPACIDADE DE MISTURA 600 KG, MOTOR ELÉTRICO POTÊNCIA 7,5 CV - MATERIAIS NA OPERAÇÃO. AF_05/2023","H","5,02"]
[88400,"MISTURADOR DE ARGAMASSA, EIXO HORIZONTAL, CAPACIDADE DE MISTURA 160 KG, MOTOR ELÉTRICO POTÊNCIA 3 CV - DEPRECIAÇÃO. AF_05/2023","H","0,75"]
[88401,"MISTURADOR DE ARGAMASSA, EIXO HORIZONTAL, CAPACIDADE DE MISTURA 160 KG, MOTOR ELÉTRICO POTÊNCIA 3 CV - JUROS. AF_05/2023","H","0,18"]
[88402,"MISTURADOR DE ARGAMASSA, EIXO HORIZONTAL, CAPACIDADE DE MISTURA 160 KG, MOTOR ELÉTRICO POTÊNCIA 3 CV - MANUTENÇÃO. AF_05/2023","H","0,87"]
[88403,"MISTURADOR DE ARGAMASSA, EIXO HORIZONTAL, CAPACIDADE DE MISTURA 160 KG, MOTOR ELÉTRICO POTÊNCIA 3 CV - MATERIAIS NA OPERAÇÃO. AF_05/2023","H","2,00"]
[88419,"PROJETOR DE ARGAMASSA, CAPACIDADE DE PROJEÇÃO 1,5 M3/H, ALCANCE DE 30 ATÉ 60 M, MOTOR ELÉTRICO POTÊNCIA 7,5 HP - DEPRECIAÇÃO. AF_06/2014","H","5,21"]
[88422,"PROJETOR DE ARGAMASSA, CAPACIDADE DE PROJEÇÃO 1,5 M3/H, ALCANCE DE 30 ATÉ 60 M, MOTOR ELÉTRICO POTÊNCIA 7,5 HP - JUROS. AF_06/2014","H","1,20"]
[88425,"PROJETOR DE ARGAMASSA, CAPACIDADE DE PROJEÇÃO 1,5 M3/H, ALCANCE DE 30 ATÉ 60 M, MOTOR ELÉTRICO POTÊNCIA 7,5 HP - MANUTENÇÃO. AF_06/2014","H","6,52"]
[88427,"PROJETOR DE ARGAMASSA, CAPACIDADE DE PROJEÇÃO 1,5 M3/H, ALCANCE DE 30 ATÉ 60 M, MOTOR ELÉTRICO POTÊNCIA 7,5 HP - MATERIAIS NA OPERAÇÃO. AF_06/2014","H","1,13"]
[88434,"PROJETOR DE ARGAMASSA, CAPACIDADE DE PROJEÇÃO 2 M3/H, ALCANCE ATÉ 50 M, MOTOR ELÉTRICO POTÊNCIA 7,5 HP - DEPRECIAÇÃO. AF_06/2014","H","6,91"]
[88435,"PROJETOR DE ARGAMASSA, CAPACIDADE DE PROJEÇÃO 2 M3/H, ALCANCE ATÉ 50 M, MOTOR ELÉTRICO POTÊNCIA 7,5 HP - JUROS. AF_06/2014","H","1,59"]
[88436,"PROJETOR DE ARGAMASSA, CAPACIDADE DE PROJEÇÃO 2 M3/H, ALCANCE ATÉ 50 M, MOTOR ELÉTRICO POTÊNCIA 7,5 HP - MANUTENÇÃO. AF_06/2014","H","8,64"]
[88437,"PROJETOR DE ARGAMASSA, CAPACIDADE DE PROJEÇÃO 2 M3/H, ALCANCE ATÉ 50 M, MOTOR ELÉTRICO POTÊNCIA 7,5 HP - MATERIAIS NA OPERAÇÃO. AF_06/2014","H","1,13"]
[88569,"ESPARGIDOR DE ASFALTO PRESSURIZADO COM TANQUE DE 2500 L, REBOCÁVEL COM MOTOR A GASOLINA POTÊNCIA 3,4 HP - DEPRECIAÇÃO. AF_07/2014","H","3,96"]
[88570,"ESPARGIDOR DE ASFALTO PRESSURIZADO COM TANQUE DE 2500 L, REBOCÁVEL COM MOTOR A GASOLINA POTÊNCIA 3,4 HP - JUROS. AF_07/2014","H","1,28"]
[88826,"BETONEIRA CAPACIDADE NOMINAL DE 400 L, CAPACIDADE DE MISTURA 280 L, MOTOR ELÉTRICO TRIFÁSICO POTÊNCIA DE 2 CV, SEM CARREGADOR - DEPRECIAÇÃO. AF_05/2023","H","0,29"]
[88827,"BETONEIRA CAPACIDADE NOMINAL DE 400 L, CAPACIDADE DE MISTURA 280 L, MOTOR ELÉTRICO TRIFÁSICO POTÊNCIA DE 2 CV, SEM CARREGADOR - JUROS. AF_05/2023","H","0,07"]
[88828,"BETONEIRA CAPACIDADE NOMINAL DE 400 L, CAPACIDADE DE MISTURA 280 L, MOTOR ELÉTRICO TRIFÁSICO POTÊNCIA DE 2 CV, SEM CARREGADOR - MANUTENÇÃO. AF_05/2023","H","0,34"]
[88829,"BETONEIRA CAPACIDADE NOMINAL DE 400 L, CAPACIDADE DE MISTURA 280 L, MOTOR ELÉTRICO TRIFÁSICO POTÊNCIA DE 2 CV, SEM CARREGADOR - MATERIAIS NA OPERAÇÃO. AF_05/2023","H","1,33"]
[88839,"TRATOR DE ESTEIRAS, POTÊNCIA 125 HP, PESO OPERACIONAL 12,9 T, COM LÂMINA 2,7 M3 - DEPRECIAÇÃO. AF_10/2014","H","32,89"]
[88840,"TRATOR DE ESTEIRAS, POTÊNCIA 125 HP, PESO OPERACIONAL 12,9 T, COM LÂMINA 2,7 M3 - JUROS. AF_10/2014","H","14,48"]
[88841,"TRATOR DE ESTEIRAS, POTÊNCIA 125 HP, PESO OPERACIONAL 12,9 T, COM LÂMINA 2,7 M3 - MANUTENÇÃO. AF_10/2014","H","58,80"]
[88842,"TRATOR DE ESTEIRAS, POTÊNCIA 125 HP, PESO OPERACIONAL 12,9 T, COM LÂMINA 2,7 M3 - MATERIAIS NA OPERAÇÃO. AF_10/2014","H","78,75"]
[88847,"USINA DE LAMA ASFÁLTICA, PROD 30 A 50 T/H, SILO DE AGREGADO 7 M3, RESERVATÓRIOS PARA EMULSÃO E ÁGUA DE 2,3 M3 CADA, MISTURADOR TIPO PUG MILL A SER MONTADO SOBRE CAMINHÃO - DEPRECIAÇÃO. AF_10/2014","H","22,82"]
[88848,"USINA DE LAMA ASFÁLTICA, PROD 30 A 50 T/H, SILO DE AGREGADO 7 M3, RESERVATÓRIOS PARA EMULSÃO E ÁGUA DE 2,3 M3 CADA, MISTURADOR TIPO PUG MILL A SER MONTADO SOBRE CAMINHÃO - JUROS. AF_10/2014","H","9,38"]
[88853,"MOTOBOMBA CENTRÍFUGA, MOTOR A GASOLINA, POTÊNCIA 5,42 HP, BOCAIS 1 1/2\" X 1\", DIÂMETRO ROTOR 143 MM HM/Q = 6 MCA / 16,8 M3/H A 38 MCA / 6,6 M3/H - DEPRECIAÇÃO. AF_06/2014","H","0,21"]
[88854,"MOTOBOMBA CENTRÍFUGA, MOTOR A GASOLINA, POTÊNCIA 5,42 HP, BOCAIS 1 1/2\" X 1\", DIÂMETRO ROTOR 143 MM HM/Q = 6 MCA / 16,8 M3/H A 38 MCA / 6,6 M3/H - JUROS. AF_06/2014","H","0,04"]
[88855,"GRADE DE DISCO CONTROLE REMOTO REBOCÁVEL, COM 24 DISCOS 24\" X 6 MM COM PNEUS PARA TRANSPORTE - DEPRECIAÇÃO. AF_06/2014","H","3,21"]
[88856,"GRADE DE DISCO CONTROLE REMOTO REBOCÁVEL, COM 24 DISCOS 24\" X 6 MM COM PNEUS PARA TRANSPORTE - JUROS. AF_06/2014","H","0,88"]
[88857,"RETROESCAVADEIRA SOBRE RODAS COM CARREGADEIRA, TRAÇÃO 4X4, POTÊNCIA LÍQ. 88 HP, CAÇAMBA CARREG. CAP. MÍN. 1 M3, CAÇAMBA RETRO CAP. 0,26 M3, PESO OPERACIONAL MÍN. 6.674 KG, PROFUNDIDADE ESCAVAÇÃO MÁX. 4,37 M - DEPRECIAÇÃO. AF_06/2014","H","24,43"]
[88858,"RETROESCAVADEIRA SOBRE RODAS COM CARREGADEIRA, TRAÇÃO 4X4, POTÊNCIA LÍQ. 88 HP, CAÇAMBA CARREG. CAP. MÍN. 1 M3, CAÇAMBA RETRO CAP. 0,26 M3, PESO OPERACIONAL MÍN. 6.674 KG, PROFUNDIDADE ESCAVAÇÃO MÁX. 4,37 M - JUROS. AF_06/2014","H","6,45"]
[88859,"RETROESCAVADEIRA SOBRE RODAS COM CARREGADEIRA, TRAÇÃO 4X2, POTÊNCIA LÍQ. 79 HP, CAÇAMBA CARREG. CAP. MÍN. 1 M3, CAÇAMBA RETRO CAP. 0,20 M3, PESO OPERACIONAL MÍN. 6.570 KG, PROFUNDIDADE ESCAVAÇÃO MÁX. 4,37 M - DEPRECIAÇÃO. AF_06/2014","H","21,73"]
[88860,"RETROESCAVADEIRA SOBRE RODAS COM CARREGADEIRA, TRAÇÃO 4X2, POTÊNCIA LÍQ. 79 HP, CAÇAMBA CARREG. CAP. MÍN. 1 M3, CAÇAMBA RETRO CAP. 0,20 M3, PESO OPERACIONAL MÍN. 6.570 KG, PROFUNDIDADE ESCAVAÇÃO MÁX. 4,37 M - JUROS. AF_06/2014","H","5,74"]
[88900,"ESCAVADEIRA HIDRÁULICA SOBRE ESTEIRAS, CAÇAMBA 1,20 M3, PESO OPERACIONAL 21 T, POTÊNCIA BRUTA 155 HP - DEPRECIAÇÃO. AF_06/2014","H","50,46"]
[88902,"ESCAVADEIRA HIDRÁULICA SOBRE ESTEIRAS, CAÇAMBA 1,20 M3, PESO OPERACIONAL 21 T, POTÊNCIA BRUTA 155 HP - JUROS. AF_06/2014","H","13,33"]
[88903,"ESCAVADEIRA HIDRÁULICA SOBRE ESTEIRAS, CAÇAMBA 1,20 M3, PESO OPERACIONAL 21 T, POTÊNCIA BRUTA 155 HP - MANUTENÇÃO. AF_06/2014","H","63,07"]
[88904,"ESCAVADEIRA HIDRÁULICA SOBRE ESTEIRAS, CAÇAMBA 1,20 M3, PESO OPERACIONAL 21 T, POTÊNCIA BRUTA 155 HP - MATERIAIS NA OPERAÇÃO. AF_06/2014","H","90,63"]
[89009,"TRATOR DE ESTEIRAS, POTÊNCIA 150 HP, PESO OPERACIONAL 16,7 T, COM RODA MOTRIZ ELEVADA E LÂMINA 3,18 M3 - DEPRECIAÇÃO. AF_06/2014","H","40,74"]
[89010,"TRATOR DE ESTEIRAS, POTÊNCIA 150 HP, PESO OPERACIONAL 16,7 T, COM RODA MOTRIZ ELEVADA E LÂMINA 3,18 M3 - JUROS. AF_06/2014","H","17,94"]
[89011,"RETROESCAVADEIRA SOBRE RODAS COM CARREGADEIRA, TRAÇÃO 4X4, POTÊNCIA LÍQ. 72 HP, CAÇAMBA CARREG. CAP. MÍN. 0,79 M3, CAÇAMBA RETRO CAP. 0,18 M3, PESO OPERACIONAL MÍN. 7.140 KG, PROFUNDIDADE ESCAVAÇÃO MÁX. 4,50 M - DEPRECIAÇÃO. AF_06/2014","H","23,57"]
[89012,"RETROESCAVADEIRA SOBRE RODAS COM CARREGADEIRA, TRAÇÃO 4X4, POTÊNCIA LÍQ. 72 HP, CAÇAMBA CARREG. CAP. MÍN. 0,79 M3, CAÇAMBA RETRO CAP. 0,18 M3, PESO OPERACIONAL MÍN. 7.140 KG, PROFUNDIDADE ESCAVAÇÃO MÁX. 4,50 M - JUROS. AF_06/2014","H","6,23"]
[89013,"TRATOR DE ESTEIRAS, POTÊNCIA 347 HP, PESO OPERACIONAL 38,5 T, COM LÂMINA 8,70 M3 - DEPRECIAÇÃO. AF_06/2014","H","133,44"]
[89014,"TRATOR DE ESTEIRAS, POTÊNCIA 347 HP, PESO OPERACIONAL 38,5 T, COM LÂMINA 8,70 M3 - JUROS. AF_06/2014","H","58,78"]
[89015,"VASSOURA MECÂNICA REBOCÁVEL COM ESCOVA CILÍNDRICA, LARGURA ÚTIL DE VARRIMENTO DE 2,44 M - DEPRECIAÇÃO. AF_06/2014","H","3,70"]
[89016,"VASSOURA MECÂNICA REBOCÁVEL COM ESCOVA CILÍNDRICA, LARGURA ÚTIL DE VARRIMENTO DE 2,44 M - JUROS. AF_06/2014","H","0,98"]
[89017,"TRATOR DE ESTEIRAS, POTÊNCIA 170 HP, PESO OPERACIONAL 19 T, CAÇAMBA 5,2 M3 - DEPRECIAÇÃO. AF_06/2014","H","40,49"]
[89018,"TRATOR DE ESTEIRAS, POTÊNCIA 170 HP, PESO OPERACIONAL 19 T, CAÇAMBA 5,2 M3 - JUROS. AF_06/2014","H","17,83"]
[89019,"BOMBA SUBMERSÍVEL ELÉTRICA TRIFÁSICA, POTÊNCIA 2,96 HP, Ø ROTOR 144 MM SEMI-ABERTO, BOCAL DE SAÍDA Ø 2\", HM/Q = 2 MCA / 38,8 M3/H A 28 MCA / 5 M3/H - DEPRECIAÇÃO. AF_06/2014","H","0,29"]
[89020,"BOMBA SUBMERSÍVEL ELÉTRICA TRIFÁSICA, POTÊNCIA 2,96 HP, Ø ROTOR 144 MM SEMI-ABERTO, BOCAL DE SAÍDA Ø 2\", HM/Q = 2 MCA / 38,8 M3/H A 28 MCA / 5 M3/H - JUROS. AF_06/2014","H","0,06"]
[89023,"TANQUE DE ASFALTO ESTACIONÁRIO COM MAÇARICO, CAPACIDADE 20.000 L - DEPRECIAÇÃO. AF_05/2023","H","3,58"]
[89024,"TANQUE DE ASFALTO ESTACIONÁRIO COM MAÇARICO, CAPACIDADE 20.000 L - JUROS. AF_05/2023","H","1,32"]
[89025,"TANQUE DE ASFALTO ESTACIONÁRIO COM MAÇARICO, CAPACIDADE 20.000 L - MANUTENÇÃO. AF_05/2023","H","4,78"]
[89026,"TANQUE DE ASFALTO ESTACIONÁRIO COM MAÇARICO, CAPACIDADE 20.000 L - MATERIAIS NA OPERAÇÃO. AF_05/2023","H","172,30"]
[89029,"TRATOR DE ESTEIRAS, POTÊNCIA 100 HP, PESO OPERACIONAL 9,4 T, COM LÂMINA 2,19 M3 - DEPRECIAÇÃO. AF_06/2014","H","31,42"]
[89030,"TRATOR DE ESTEIRAS, POTÊNCIA 100 HP, PESO OPERACIONAL 9,4 T, COM LÂMINA 2,19 M3 - JUROS. AF_06/2014","H","13,84"]
[89033,"TRATOR DE PNEUS, POTÊNCIA 85 CV, TRAÇÃO 4X4, PESO COM LASTRO DE 4.675 KG - DEPRECIAÇÃO. AF_06/2014","H","14,65"]
[89034,"TRATOR DE PNEUS, POTÊNCIA 85 CV, TRAÇÃO 4X4, PESO COM LASTRO DE 4.675 KG - JUROS. AF_06/2014","H","3,93"]
[89128,"PÁ CARREGADEIRA SOBRE RODAS, POTÊNCIA LÍQUIDA 128 HP, CAPACIDADE DA CAÇAMBA 1,7 A 2,8 M3, PESO OPERACIONAL 11632 KG - DEPRECIAÇÃO. AF_06/2014","H","34,30"]
[89129,"PÁ CARREGADEIRA SOBRE RODAS, POTÊNCIA LÍQUIDA 128 HP, CAPACIDADE DA CAÇAMBA 1,7 A 2,8 M3, PESO OPERACIONAL 11632 KG - JUROS. AF_06/2014","H","9,06"]
[89130,"PÁ CARREGADEIRA SOBRE RODAS, POTÊNCIA 197 HP, CAPACIDADE DA CAÇAMBA 2,5 A 3,5 M3, PESO OPERACIONAL 18338 KG - DEPRECIAÇÃO. AF_06/2014","H","47,56"]
[89131,"PÁ CARREGADEIRA SOBRE RODAS, POTÊNCIA 197 HP, CAPACIDADE DA CAÇAMBA 2,5 A 3,5 M3, PESO OPERACIONAL 18338 KG - JUROS. AF_06/2014","H","12,57"]
[89210,"ROLO COMPACTADOR VIBRATÓRIO DE UM CILINDRO AÇO LISO, POTÊNCIA 80 HP, PESO OPERACIONAL MÁXIMO 8,1 T, IMPACTO DINÂMICO 16,15 / 9,5 T, LARGURA DE TRABALHO 1,68 M - DEPRECIAÇÃO. AF_06/2014","H","32,05"]
[89211,"ROLO COMPACTADOR VIBRATÓRIO DE UM CILINDRO AÇO LISO, POTÊNCIA 80 HP, PESO OPERACIONAL MÁXIMO 8,1 T, IMPACTO DINÂMICO 16,15 / 9,5 T, LARGURA DE TRABALHO 1,68 M - JUROS. AF_06/2014","H","8,60"]
[89212,"BATE-ESTACAS POR GRAVIDADE, POTÊNCIA DE 160 HP, PESO DO MARTELO ATÉ 3 TONELADAS - DEPRECIAÇÃO. AF_11/2014","H","30,00"]
[89213,"BATE-ESTACAS POR GRAVIDADE, POTÊNCIA DE 160 HP, PESO DO MARTELO ATÉ 3 TONELADAS - JUROS. AF_11/2014","H","9,25"]
[89214,"BATE-ESTACAS POR GRAVIDADE, POTÊNCIA DE 160 HP, PESO DO MARTELO ATÉ 3 TONELADAS - MANUTENÇÃO. AF_11/2014","H","28,16"]
[89215,"BATE-ESTACAS POR GRAVIDADE, POTÊNCIA DE 160 HP, PESO DO MARTELO ATÉ 3 TONELADAS - MATERIAIS NA OPERAÇÃO. AF_11/2014","H","93,58"]
[89221,"BETONEIRA CAPACIDADE NOMINAL DE 600 L, CAPACIDADE DE MISTURA 360 L, MOTOR ELÉTRICO TRIFÁSICO POTÊNCIA DE 4 CV, SEM CARREGADOR - DEPRECIAÇÃO. AF_05/2023","H","1,22"]
[89222,"BETONEIRA CAPACIDADE NOMINAL DE 600 L, CAPACIDADE DE MISTURA 360 L, MOTOR ELÉTRICO TRIFÁSICO POTÊNCIA DE 4 CV, SEM CARREGADOR - JUROS. AF_05/2023","H","0,30"]
[89223,"BETONEIRA CAPACIDADE NOMINAL DE 600 L, CAPACIDADE DE MISTURA 360 L, MOTOR ELÉTRICO TRIFÁSICO POTÊNCIA DE 4 CV, SEM CARREGADOR - MANUTENÇÃO. AF_05/2023","H","1,42"]
[89224,"BETONEIRA CAPACIDADE NOMINAL DE 600 L, CAPACIDADE DE MISTURA 360 L, MOTOR ELÉTRICO TRIFÁSICO POTÊNCIA DE 4 CV, SEM CARREGADOR - MATERIAIS NA OPERAÇÃO. AF_05/2023","H","2,67"]
[89228,"MOTONIVELADORA POTÊNCIA BÁSICA LÍQUIDA (PRIMEIRA MARCHA) 125 HP, PESO BRUTO 13032 KG, LARGURA DA LÂMINA DE 3,7 M - DEPRECIAÇÃO. AF_06/2014","H","45,00"]
[89229,"MOTONIVELADORA POTÊNCIA BÁSICA LÍQUIDA (PRIMEIRA MARCHA) 125 HP, PESO BRUTO 13032 KG, LARGURA DA LÂMINA DE 3,7 M - JUROS. AF_06/2014","H","15,86"]
[89230,"FRESADORA DE ASFALTO A FRIO SOBRE RODAS, LARGURA FRESAGEM DE 1,0 M, POTÊNCIA 208 HP - DEPRECIAÇÃO. AF_11/2014","H","122,51"]
[89231,"FRESADORA DE ASFALTO A FRIO SOBRE RODAS, LARGURA FRESAGEM DE 1,0 M, POTÊNCIA 208 HP - JUROS. AF_11/2014","H","37,51"]
[89232,"FRESADORA DE ASFALTO A FRIO SOBRE RODAS, LARGURA FRESAGEM DE 1,0 M, POTÊNCIA 208 HP - MANUTENÇÃO. AF_11/2014","H","218,52"]
[89233,"FRESADORA DE ASFALTO A FRIO SOBRE RODAS, LARGURA FRESAGEM DE 1,0 M, POTÊNCIA 208 HP - MATERIAIS NA OPERAÇÃO. AF_11/2014","H","168,41"]
[89236,"FRESADORA DE ASFALTO A FRIO SOBRE RODAS, LARGURA FRESAGEM DE 2,0 M, POTÊNCIA 550 HP - DEPRECIAÇÃO. AF_11/2014","H","286,18"]
[89237,"FRESADORA DE ASFALTO A FRIO SOBRE RODAS, LARGURA FRESAGEM DE 2,0 M, POTÊNCIA 550 HP - JUROS. AF_11/2014","H","87,63"]
[89238,"FRESADORA DE ASFALTO A FRIO SOBRE RODAS, LARGURA FRESAGEM DE 2,0 M, POTÊNCIA 550 HP - MANUTENÇÃO. AF_11/2014","H","510,47"]
[89239,"FRESADORA DE ASFALTO A FRIO SOBRE RODAS, LARGURA FRESAGEM DE 2,0 M, POTÊNCIA 550 HP - MATERIAIS NA OPERAÇÃO. AF_11/2014","H","445,37"]
[89240,"VIBROACABADORA DE ASFALTO SOBRE ESTEIRAS, LARGURA DE PAVIMENTAÇÃO 1,90 M A 5,30 M, POTÊNCIA 105 HP CAPACIDADE 450 T/H - DEPRECIAÇÃO. AF_11/2014","H","87,82"]
[89241,"VIBROACABADORA DE ASFALTO SOBRE ESTEIRAS, LARGURA DE PAVIMENTAÇÃO 1,90 M A 5,30 M, POTÊNCIA 105 HP CAPACIDADE 450 T/H - JUROS. AF_11/2014","H","30,95"]
[89246,"RECICLADORA DE ASFALTO A FRIO SOBRE RODAS, LARGURA FRESAGEM DE 2,0 M, POTÊNCIA 422 HP - DEPRECIAÇÃO. AF_11/2014","H","248,67"]
[89247,"RECICLADORA DE ASFALTO A FRIO SOBRE RODAS, LARGURA FRESAGEM DE 2,0 M, POTÊNCIA 422 HP - JUROS. AF_11/2014","H","76,14"]
[89248,"RECICLADORA DE ASFALTO A FRIO SOBRE RODAS, LARGURA FRESAGEM DE 2,0 M, POTÊNCIA 422 HP - MANUTENÇÃO. AF_11/2014","H","443,56"]
[89249,"RECICLADORA DE ASFALTO A FRIO SOBRE RODAS, LARGURA FRESAGEM DE 2,0 M, POTÊNCIA 422 HP - MATERIAIS NA OPERAÇÃO. AF_11/2014","H","379,64"]
[89253,"VIBROACABADORA DE ASFALTO SOBRE ESTEIRAS, LARGURA DE PAVIMENTAÇÃO 2,13 M A 4,55 M, POTÊNCIA 100 HP, CAPACIDADE 400 T/H - DEPRECIAÇÃO. AF_11/2014","H","71,97"]
[89254,"VIBROACABADORA DE ASFALTO SOBRE ESTEIRAS, LARGURA DE PAVIMENTAÇÃO 2,13 M A 4,55 M, POTÊNCIA 100 HP, CAPACIDADE 400 T/H - JUROS. AF_11/2014","H","25,37"]
[89255,"VIBROACABADORA DE ASFALTO SOBRE ESTEIRAS, LARGURA DE PAVIMENTAÇÃO 2,13 M A 4,55 M, POTÊNCIA 100 HP, CAPACIDADE 400 T/H - MANUTENÇÃO. AF_11/2014","H","115,69"]
[89256,"VIBROACABADORA DE ASFALTO SOBRE ESTEIRAS, LARGURA DE PAVIMENTAÇÃO 2,13 M A 4,55 M, POTÊNCIA 100 HP, CAPACIDADE 400 T/H - MATERIAIS NA OPERAÇÃO. AF_11/2014","H","85,44"]
[89259,"GUINDAUTO HIDRÁULICO, CAPACIDADE MÁXIMA DE CARGA 6200 KG, MOMENTO MÁXIMO DE CARGA 11,7 TM, ALCANCE MÁXIMO HORIZONTAL 9,70 M, INCLUSIVE CAMINHÃO TOCO PBT 16.000 KG, POTÊNCIA DE 189 CV - DEPRECIAÇÃO. AF_06/2014","H","27,32"]
[89260,"GUINDAUTO HIDRÁULICO, CAPACIDADE MÁXIMA DE CARGA 6200 KG, MOMENTO MÁXIMO DE CARGA 11,7 TM, ALCANCE MÁXIMO HORIZONTAL 9,70 M, INCLUSIVE CAMINHÃO TOCO PBT 16.000 KG, POTÊNCIA DE 189 CV - JUROS. AF_06/2014","H","10,03"]
[89262,"GUINDAUTO HIDRÁULICO, CAPACIDADE MÁXIMA DE CARGA 6200 KG, MOMENTO MÁXIMO DE CARGA 11,7 TM, ALCANCE MÁXIMO HORIZONTAL 9,70 M, INCLUSIVE CAMINHÃO TOCO PBT 16.000 KG, POTÊNCIA DE 189 CV - MANUTENÇÃO. AF_06/2014","H","46,24"]
[89264,"CAMINHÃO TOCO, PBT 16.000 KG, CARGA ÚTIL MÁX. 10.685 KG, DIST. ENTRE EIXOS 4,8 M, POTÊNCIA 189 CV, INCLUSIVE CARROCERIA FIXA ABERTA DE MADEIRA P/ TRANSPORTE GERAL DE CARGA SECA, DIMEN. APROX. 2,5 X 7,00 X 0,50 M - DEPRECIAÇÃO. AF_06/2014","H","21,08"]
[89265,"CAMINHÃO TOCO, PBT 16.000 KG, CARGA ÚTIL MÁX. 10.685 KG, DIST. ENTRE EIXOS 4,8 M, POTÊNCIA 189 CV, INCLUSIVE CARROCERIA FIXA ABERTA DE MADEIRA P/ TRANSPORTE GERAL DE CARGA SECA, DIMEN. APROX. 2,5 X 7,00 X 0,50 M - JUROS. AF_06/2014","H","8,40"]
[89266,"CAMINHÃO TOCO, PBT 16.000 KG, CARGA ÚTIL MÁX. 10.685 KG, DIST. ENTRE EIXOS 4,8 M, POTÊNCIA 189 CV, INCLUSIVE CARROCERIA FIXA ABERTA DE MADEIRA P/ TRANSPORTE GERAL DE CARGA SECA, DIMEN. APROX. 2,5 X 7,00 X 0,50 M - IMPOSTOS E SEGUROS. AF_06/2014","H","3,39"]
[89267,"GUINDASTE HIDRÁULICO AUTOPROPELIDO, COM LANÇA TELESCÓPICA 28,80 M, CAPACIDADE MÁXIMA 30 T, POTÊNCIA 97 KW, TRAÇÃO 4 X 4 - DEPRECIAÇÃO. AF_11/2014","H","52,21"]
[89268,"GUINDASTE HIDRÁULICO AUTOPROPELIDO, COM LANÇA TELESCÓPICA 28,80 M, CAPACIDADE MÁXIMA 30 T, POTÊNCIA 97 KW, TRAÇÃO 4 X 4 - JUROS. AF_11/2014","H","18,40"]
[89269,"GUINDASTE HIDRÁULICO AUTOPROPELIDO, COM LANÇA TELESCÓPICA 28,80 M, CAPACIDADE MÁXIMA 30 T, POTÊNCIA 97 KW, TRAÇÃO 4 X 4 - IMPOSTOS E SEGUROS. AF_11/2014","H","7,44"]
[89270,"GUINDASTE HIDRÁULICO AUTOPROPELIDO, COM LANÇA TELESCÓPICA 28,80 M, CAPACIDADE MÁXIMA 30 T, POTÊNCIA 97 KW, TRAÇÃO 4 X 4 - MANUTENÇÃO. AF_11/2014","H","83,94"]
[89271,"GUINDASTE HIDRÁULICO AUTOPROPELIDO, COM LANÇA TELESCÓPICA 28,80 M, CAPACIDADE MÁXIMA 30 T, POTÊNCIA 97 KW, TRAÇÃO 4 X 4 - MATERIAIS NA OPERAÇÃO. AF_11/2014","H","29,24"]
[89274,"BETONEIRA CAPACIDADE NOMINAL DE 600 L, CAPACIDADE DE MISTURA 440 L, MOTOR A DIESEL POTÊNCIA 10 CV, COM CARREGADOR - DEPRECIAÇÃO. AF_05/2023","H","1,48"]
[89275,"BETONEIRA CAPACIDADE NOMINAL DE 600 L, CAPACIDADE DE MISTURA 440 L, MOTOR A DIESEL POTÊNCIA 10 CV, COM CARREGADOR - JUROS. AF_05/2023","H","0,36"]
[89276,"BETONEIRA CAPACIDADE NOMINAL DE 600 L, CAPACIDADE DE MISTURA 440 L, MOTOR A DIESEL POTÊNCIA 10 CV, COM CARREGADOR - MANUTENÇÃO. AF_05/2023","H","1,97"]
[89277,"BETONEIRA CAPACIDADE NOMINAL DE 600 L, CAPACIDADE DE MISTURA 440 L, MOTOR A DIESEL POTÊNCIA 10 CV, COM CARREGADOR - MATERIAIS NA OPERAÇÃO. AF_05/2023","H","8,54"]
[89280,"ROLO COMPACTADOR VIBRATÓRIO TANDEM AÇO LISO, POTÊNCIA 58 HP, PESO SEM/COM LASTRO 6,5 / 9,4 T, LARGURA DE TRABALHO 1,2 M - DEPRECIAÇÃO. AF_06/2014","H","39,36"]
[89281,"ROLO COMPACTADOR VIBRATÓRIO TANDEM AÇO LISO, POTÊNCIA 58 HP, PESO SEM/COM LASTRO 6,5 / 9,4 T, LARGURA DE TRABALHO 1,2 M - JUROS. AF_06/2014","H","10,56"]
[89870,"CAMINHÃO BASCULANTE 14 M3, COM CAVALO MECÂNICO DE CAPACIDADE MÁXIMA DE TRAÇÃO COMBINADO DE 36000 KG, POTÊNCIA 286 CV, INCLUSIVE SEMIREBOQUE COM CAÇAMBA METÁLICA - DEPRECIAÇÃO. AF_12/2014","H","39,58"]
[89871,"CAMINHÃO BASCULANTE 14 M3, COM CAVALO MECÂNICO DE CAPACIDADE MÁXIMA DE TRAÇÃO COMBINADO DE 36000 KG, POTÊNCIA 286 CV, INCLUSIVE SEMIREBOQUE COM CAÇAMBA METÁLICA - JUROS. AF_12/2014","H","13,91"]
[89872,"CAMINHÃO BASCULANTE 14 M3, COM CAVALO MECÂNICO DE CAPACIDADE MÁXIMA DE TRAÇÃO COMBINADO DE 36000 KG, POTÊNCIA 286 CV, INCLUSIVE SEMIREBOQUE COM CAÇAMBA METÁLICA - IMPOSTOS E SEGUROS. AF_12/2014","H","5,62"]
[89873,"CAMINHÃO BASCULANTE 14 M3, COM CAVALO MECÂNICO DE CAPACIDADE MÁXIMA DE TRAÇÃO COMBINADO DE 36000 KG, POTÊNCIA 286 CV, INCLUSIVE SEMIREBOQUE COM CAÇAMBA METÁLICA - MANUTENÇÃO. AF_12/2014","H","67,69"]
[89874,"CAMINHÃO BASCULANTE 14 M3, COM CAVALO MECÂNICO DE CAPACIDADE MÁXIMA DE TRAÇÃO COMBINADO DE 36000 KG, POTÊNCIA 286 CV, INCLUSIVE SEMIREBOQUE COM CAÇAMBA METÁLICA - MATERIAIS NA OPERAÇÃO. AF_12/2014","H","177,70"]
[89878,"CAMINHÃO BASCULANTE 18 M3, COM CAVALO MECÂNICO DE CAPACIDADE MÁXIMA DE TRAÇÃO COMBINADO DE 45000 KG, POTÊNCIA 330 CV, INCLUSIVE SEMIREBOQUE COM CAÇAMBA METÁLICA - DEPRECIAÇÃO. AF_12/2014","H","42,37"]
[89879,"CAMINHÃO BASCULANTE 18 M3, COM CAVALO MECÂNICO DE CAPACIDADE MÁXIMA DE TRAÇÃO COMBINADO DE 45000 KG, POTÊNCIA 330 CV, INCLUSIVE SEMIREBOQUE COM CAÇAMBA METÁLICA - JUROS. AF_12/2014","H","14,64"]
[89880,"CAMINHÃO BASCULANTE 18 M3, COM CAVALO MECÂNICO DE CAPACIDADE MÁXIMA DE TRAÇÃO COMBINADO DE 45000 KG, POTÊNCIA 330 CV, INCLUSIVE SEMIREBOQUE COM CAÇAMBA METÁLICA - IMPOSTOS E SEGUROS. AF_12/2014","H","5,91"]
[89881,"CAMINHÃO BASCULANTE 18 M3, COM CAVALO MECÂNICO DE CAPACIDADE MÁXIMA DE TRAÇÃO COMBINADO DE 45000 KG, POTÊNCIA 330 CV, INCLUSIVE SEMIREBOQUE COM CAÇAMBA METÁLICA - MANUTENÇÃO. AF_12/2014","H","71,77"]
[89882,"CAMINHÃO BASCULANTE 18 M3, COM CAVALO MECÂNICO DE CAPACIDADE MÁXIMA DE TRAÇÃO COMBINADO DE 45000 KG, POTÊNCIA 330 CV, INCLUSIVE SEMIREBOQUE COM CAÇAMBA METÁLICA - MATERIAIS NA OPERAÇÃO. AF_12/2014","H","205,02"]
[90582,"VIBRADOR DE IMERSÃO, DIÂMETRO DE PONTEIRA 45MM, MOTOR ELÉTRICO TRIFÁSICO POTÊNCIA DE 2 CV - DEPRECIAÇÃO. AF_06/2015","H","0,43"]
[90583,"VIBRADOR DE IMERSÃO, DIÂMETRO DE PONTEIRA 45MM, MOTOR ELÉTRICO TRIFÁSICO POTÊNCIA DE 2 CV - JUROS. AF_06/2015","H","0,10"]
[90584,"VIBRADOR DE IMERSÃO, DIÂMETRO DE PONTEIRA 45MM, MOTOR ELÉTRICO TRIFÁSICO POTÊNCIA DE 2 CV - MANUTENÇÃO. AF_06/2015","H","0,33"]
[90585,"VIBRADOR DE IMERSÃO, DIÂMETRO DE PONTEIRA 45MM, MOTOR ELÉTRICO TRIFÁSICO POTÊNCIA DE 2 CV - MATERIAIS NA OPERAÇÃO. AF_06/2015","H","0,55"]
[90621,"PERFURATRIZ MANUAL, TORQUE MÁXIMO 83 N.M, POTÊNCIA 5 CV, COM DIÂMETRO MÁXIMO 4\" - DEPRECIAÇÃO. AF_06/2015","H","2,42"]
[90622,"PERFURATRIZ MANUAL, TORQUE MÁXIMO 83 N.M, POTÊNCIA 5 CV, COM DIÂMETRO MÁXIMO 4\" - JUROS. AF_06/2015","H","0,56"]
[90623,"PERFURATRIZ MANUAL, TORQUE MÁXIMO 83 N.M, POTÊNCIA 5 CV, COM DIÂMETRO MÁXIMO 4\" - MANUTENÇÃO. AF_06/2015","H","3,03"]
[90624,"PERFURATRIZ MANUAL, TORQUE MÁXIMO 83 N.M, POTÊNCIA 5 CV, COM DIÂMETRO MÁXIMO 4\" - MATERIAIS NA OPERAÇÃO. AF_06/2015","H","3,34"]
[90627,"PERFURATRIZ SOBRE ESTEIRA, TORQUE MÁXIMO 600 KGF, PESO MÉDIO 1000 KG, POTÊNCIA 20 HP, DIÂMETRO MÁXIMO 10\" - DEPRECIAÇÃO. AF_06/2015","H","46,17"]
[90628,"PERFURATRIZ SOBRE ESTEIRA, TORQUE MÁXIMO 600 KGF, PESO MÉDIO 1000 KG, POTÊNCIA 20 HP, DIÂMETRO MÁXIMO 10\" - JUROS. AF_06/2015","H","12,38"]
[90629,"PERFURATRIZ SOBRE ESTEIRA, TORQUE MÁXIMO 600 KGF, PESO MÉDIO 1000 KG, POTÊNCIA 20 HP, DIÂMETRO MÁXIMO 10\" - MANUTENÇÃO. AF_06/2015","H","57,77"]
[90630,"PERFURATRIZ SOBRE ESTEIRA, TORQUE MÁXIMO 600 KGF, PESO MÉDIO 1000 KG, POTÊNCIA 20 HP, DIÂMETRO MÁXIMO 10\" - MATERIAIS NA OPERAÇÃO. AF_06/2015","H","1,59"]
[90633,"MISTURADOR DUPLO HORIZONTAL DE ALTA TURBULÊNCIA, CAPACIDADE / VOLUME 2 X 500 LITROS, MOTORES ELÉTRICOS MÍNIMO 5 CV CADA, PARA NATA CIMENTO, ARGAMASSA E OUTROS - DEPRECIAÇÃO. AF_06/2015","H","4,01"]
[90634,"MISTURADOR DUPLO HORIZONTAL DE ALTA TURBULÊNCIA, CAPACIDADE / VOLUME 2 X 500 LITROS, MOTORES ELÉTRICOS MÍNIMO 5 CV CADA, PARA NATA CIMENTO, ARGAMASSA E OUTROS - JUROS. AF_06/2015","H","0,92"]
[90635,"MISTURADOR DUPLO HORIZONTAL DE ALTA TURBULÊNCIA, CAPACIDADE / VOLUME 2 X 500 LITROS, MOTORES ELÉTRICOS MÍNIMO 5 CV CADA, PARA NATA CIMENTO, ARGAMASSA E OUTROS - MANUTENÇÃO. AF_06/2015","H","4,38"]
[90636,"MISTURADOR DUPLO HORIZONTAL DE ALTA TURBULÊNCIA, CAPACIDADE / VOLUME 2 X 500 LITROS, MOTORES ELÉTRICOS MÍNIMO 5 CV CADA, PARA NATA CIMENTO, ARGAMASSA E OUTROS - MATERIAIS NA OPERAÇÃO. AF_06/2015","H","6,69"]
[90639,"BOMBA TRIPLEX, PARA INJEÇÃO DE NATA DE CIMENTO, VAZÃO MÁXIMA DE 100 LITROS/MINUTO, PRESSÃO MÁXIMA DE 70 BAR - DEPRECIAÇÃO. AF_06/2015","H","5,99"]
[90640,"BOMBA TRIPLEX, PARA INJEÇÃO DE NATA DE CIMENTO, VAZÃO MÁXIMA DE 100 LITROS/MINUTO, PRESSÃO MÁXIMA DE 70 BAR - JUROS. AF_06/2015","H","1,38"]
[90641,"BOMBA TRIPLEX, PARA INJEÇÃO DE NATA DE CIMENTO, VAZÃO MÁXIMA DE 100 LITROS/MINUTO, PRESSÃO MÁXIMA DE 70 BAR - MANUTENÇÃO. AF_06/2015","H","6,55"]
[90642,"BOMBA TRIPLEX, PARA INJEÇÃO DE NATA DE CIMENTO, VAZÃO MÁXIMA DE 100 LITROS/MINUTO, PRESSÃO MÁXIMA DE 70 BAR - MATERIAIS NA OPERAÇÃO. AF_06/2015","H","12,66"]
[90646,"BOMBA CENTRÍFUGA MONOESTÁGIO COM MOTOR ELÉTRICO MONOFÁSICO, POTÊNCIA 15 HP, DIÂMETRO DO ROTOR 173 MM, HM/Q = 30 MCA / 90 M3/H A 45 MCA / 55 M3/H - DEPRECIAÇÃO. AF_06/2015","H","0,75"]
[90647,"BOMBA CENTRÍFUGA MONOESTÁGIO COM MOTOR ELÉTRICO MONOFÁSICO, POTÊNCIA 15 HP, DIÂMETRO DO ROTOR 173 MM, HM/Q = 30 MCA / 90 M3/H A 45 MCA / 55 M3/H - JUROS. AF_06/2015","H","0,17"]
[90648,"BOMBA CENTRÍFUGA MONOESTÁGIO COM MOTOR ELÉTRICO MONOFÁSICO, POTÊNCIA 15 HP, DIÂMETRO DO ROTOR 173 MM, HM/Q = 30 MCA / 90 M3/H A 45 MCA / 55 M3/H - MANUTENÇÃO. AF_06/2015","H","0,82"]
[90649,"BOMBA CENTRÍFUGA MONOESTÁGIO COM MOTOR ELÉTRICO MONOFÁSICO, POTÊNCIA 15 HP, DIÂMETRO DO ROTOR 173 MM, HM/Q = 30 MCA / 90 M3/H A 45 MCA / 55 M3/H - MATERIAIS NA OPERAÇÃO. AF_06/2015","H","10,36"]
[90652,"BOMBA DE PROJEÇÃO DE CONCRETO SECO, POTÊNCIA 10 CV, VAZÃO 3 M3/H - DEPRECIAÇÃO. AF_06/2015","H","3,90"]
[90653,"BOMBA DE PROJEÇÃO DE CONCRETO SECO, POTÊNCIA 10 CV, VAZÃO 3 M3/H - JUROS. AF_06/2015","H","0,90"]
[90654,"BOMBA DE PROJEÇÃO DE CONCRETO SECO, POTÊNCIA 10 CV, VAZÃO 3 M3/H - MANUTENÇÃO. AF_06/2015","H","4,26"]
[90655,"BOMBA DE PROJEÇÃO DE CONCRETO SECO, POTÊNCIA 10 CV, VAZÃO 3 M3/H - MATERIAIS NA OPERAÇÃO. AF_06/2015","H","6,82"]
[90658,"BOMBA DE PROJEÇÃO DE CONCRETO SECO, POTÊNCIA 10 CV, VAZÃO 6 M3/H - DEPRECIAÇÃO. AF_06/2015","H","4,17"]
[90659,"BOMBA DE PROJEÇÃO DE CONCRETO SECO, POTÊNCIA 10 CV, VAZÃO 6 M3/H - JUROS. AF_06/2015","H","0,96"]
[90660,"BOMBA DE PROJEÇÃO DE CONCRETO SECO, POTÊNCIA 10 CV, VAZÃO 6 M3/H - MANUTENÇÃO. AF_06/2015","H","4,57"]
[90661,"BOMBA DE PROJEÇÃO DE CONCRETO SECO, POTÊNCIA 10 CV, VAZÃO 6 M3/H - MATERIAIS NA OPERAÇÃO. AF_06/2015","H","6,82"]
[90664,"PROJETOR PNEUMÁTICO DE ARGAMASSA PARA CHAPISCO E REBOCO COM RECIPIENTE ACOPLADO, TIPO CANEQUINHA, COM COMPRESSOR DE AR REBOCÁVEL VAZÃO 89 PCM E MOTOR DIESEL DE 20 CV - DEPRECIAÇÃO. AF_05/2023","H","7,00"]
[90665,"PROJETOR PNEUMÁTICO DE ARGAMASSA PARA CHAPISCO E REBOCO COM RECIPIENTE ACOPLADO, TIPO CANEQUINHA, COM COMPRESSOR DE AR REBOCÁVEL VAZÃO 89 PCM E MOTOR DIESEL DE 20 CV - JUROS. AF_05/2023","H","1,86"]
[90666,"PROJETOR PNEUMÁTICO DE ARGAMASSA PARA CHAPISCO E REBOCO COM RECIPIENTE ACOPLADO, TIPO CANEQUINHA, COM COMPRESSOR DE AR REBOCÁVEL VAZÃO 89 PCM E MOTOR DIESEL DE 20 CV - MANUTENÇÃO. AF_05/2023","H","9,19"]
[90667,"PROJETOR PNEUMÁTICO DE ARGAMASSA PARA CHAPISCO E REBOCO COM RECIPIENTE ACOPLADO, TIPO CANEQUINHA, COM COMPRESSOR DE AR REBOCÁVEL VAZÃO 89 PCM E MOTOR DIESEL DE 20 CV - MATERIAIS NA OPERAÇÃO. AF_05/2023","H","15,08"]
[90670,"PERFURATRIZ COM TORRE METÁLICA PARA EXECUÇÃO DE ESTACA HÉLICE CONTÍNUA, PROFUNDIDADE MÁXIMA DE 30 M, DIÂMETRO MÁXIMO DE 800 MM, POTÊNCIA INSTALADA DE 268 HP, MESA ROTATIVA COM TORQUE MÁXIMO DE 170 KNM - DEPRECIAÇÃO. AF_06/2015","H","211,88"]
[90671,"PERFURATRIZ COM TORRE METÁLICA PARA EXECUÇÃO DE ESTACA HÉLICE CONTÍNUA, PROFUNDIDADE MÁXIMA DE 30 M, DIÂMETRO MÁXIMO DE 800 MM, POTÊNCIA INSTALADA DE 268 HP, MESA ROTATIVA COM TORQUE MÁXIMO DE 170 KNM - JUROS. AF_06/2015","H","56,84"]
[90672,"PERFURATRIZ COM TORRE METÁLICA PARA EXECUÇÃO DE ESTACA HÉLICE CONTÍNUA, PROFUNDIDADE MÁXIMA DE 30 M, DIÂMETRO MÁXIMO DE 800 MM, POTÊNCIA INSTALADA DE 268 HP, MESA ROTATIVA COM TORQUE MÁXIMO DE 170 KNM - MANUTENÇÃO. AF_06/2015","H","265,15"]
[90673,"PERFURATRIZ COM TORRE METÁLICA PARA EXECUÇÃO DE ESTACA HÉLICE CONTÍNUA, PROFUNDIDADE MÁXIMA DE 30 M, DIÂMETRO MÁXIMO DE 800 MM, POTÊNCIA INSTALADA DE 268 HP, MESA ROTATIVA COM TORQUE MÁXIMO DE 170 KNM - MATERIAIS NA OPERAÇÃO. AF_06/2015","H","120,53"]
[90676,"PERFURATRIZ HIDRÁULICA SOBRE CAMINHÃO COM TRADO CURTO ACOPLADO, PROFUNDIDADE MÁXIMA DE 20 M, DIÂMETRO MÁXIMO DE 1500 MM, POTÊNCIA INSTALADA DE 137 HP, MESA ROTATIVA COM TORQUE MÁXIMO DE 30 KNM - DEPRECIAÇÃO. AF_06/2015","H","103,71"]
[90677,"PERFURATRIZ HIDRÁULICA SOBRE CAMINHÃO COM TRADO CURTO ACOPLADO, PROFUNDIDADE MÁXIMA DE 20 M, DIÂMETRO MÁXIMO DE 1500 MM, POTÊNCIA INSTALADA DE 137 HP, MESA ROTATIVA COM TORQUE MÁXIMO DE 30 KNM - JUROS. AF_06/2015","H","31,14"]
[90678,"PERFURATRIZ HIDRÁULICA SOBRE CAMINHÃO COM TRADO CURTO ACOPLADO, PROFUNDIDADE MÁXIMA DE 20 M, DIÂMETRO MÁXIMO DE 1500 MM, POTÊNCIA INSTALADA DE 137 HP, MESA ROTATIVA COM TORQUE MÁXIMO DE 30 KNM - MANUTENÇÃO. AF_06/2015","H","144,21"]
[90679,"PERFURATRIZ HIDRÁULICA SOBRE CAMINHÃO COM TRADO CURTO ACOPLADO, PROFUNDIDADE MÁXIMA DE 20 M, DIÂMETRO MÁXIMO DE 1500 MM, POTÊNCIA INSTALADA DE 137 HP, MESA ROTATIVA COM TORQUE MÁXIMO DE 30 KNM - MATERIAIS NA OPERAÇÃO. AF_06/2015","H","92,43"]
[90682,"MANIPULADOR TELESCÓPICO, POTÊNCIA DE 85 HP, CAPACIDADE DE CARGA DE 3.500 KG, ALTURA MÁXIMA DE ELEVAÇÃO DE 12,3 M - DEPRECIAÇÃO. AF_05/2023","H","27,09"]
[90683,"MANIPULADOR TELESCÓPICO, POTÊNCIA DE 85 HP, CAPACIDADE DE CARGA DE 3.500 KG, ALTURA MÁXIMA DE ELEVAÇÃO DE 12,3 M - JUROS. AF_05/2023","H","6,68"]
[90684,"MANIPULADOR TELESCÓPICO, POTÊNCIA DE 85 HP, CAPACIDADE DE CARGA DE 3.500 KG, ALTURA MÁXIMA DE ELEVAÇÃO DE 12,3 M - MANUTENÇÃO. AF_05/2023","H","31,60"]
[90685,"MANIPULADOR TELESCÓPICO, POTÊNCIA DE 85 HP, CAPACIDADE DE CARGA DE 3.500 KG, ALTURA MÁXIMA DE ELEVAÇÃO DE 12,3 M - MATERIAIS NA OPERAÇÃO. AF_05/2023","H","57,35"]
[90688,"MINICARREGADEIRA SOBRE RODAS, POTÊNCIA LÍQUIDA DE 47 HP, CAPACIDADE NOMINAL DE OPERAÇÃO DE 646 KG - DEPRECIAÇÃO. AF_06/2015","H","24,40"]
[90689,"MINICARREGADEIRA SOBRE RODAS, POTÊNCIA LÍQUIDA DE 47 HP, CAPACIDADE NOMINAL DE OPERAÇÃO DE 646 KG - JUROS. AF_06/2015","H","4,81"]
[90690,"MINICARREGADEIRA SOBRE RODAS, POTÊNCIA LÍQUIDA DE 47 HP, CAPACIDADE NOMINAL DE OPERAÇÃO DE 646 KG - MANUTENÇÃO. AF_06/2015","H","30,50"]
[90691,"MINICARREGADEIRA SOBRE RODAS, POTÊNCIA LÍQUIDA DE 47 HP, CAPACIDADE NOMINAL DE OPERAÇÃO DE 646 KG - MATERIAIS NA OPERAÇÃO. AF_06/2015","H","40,15"]
[90957,"COMPRESSOR DE AR REBOCÁVEL, VAZÃO 189 PCM, PRESSÃO EFETIVA DE TRABALHO 102 PSI, MOTOR DIESEL, POTÊNCIA 63 CV - DEPRECIAÇÃO. AF_06/2015","H","5,21"]
[90958,"COMPRESSOR DE AR REBOCÁVEL, VAZÃO 189 PCM, PRESSÃO EFETIVA DE TRABALHO 102 PSI, MOTOR DIESEL, POTÊNCIA 63 CV - JUROS. AF_06/2015","H","1,39"]
[90960,"COMPRESSOR DE AR REBOCÁVEL, VAZÃO 89 PCM, PRESSÃO EFETIVA DE TRABALHO 102 PSI, MOTOR DIESEL, POTÊNCIA 20 CV - DEPRECIAÇÃO. AF_06/2015","H","6,96"]
[90961,"COMPRESSOR DE AR REBOCÁVEL, VAZÃO 89 PCM, PRESSÃO EFETIVA DE TRABALHO 102 PSI, MOTOR DIESEL, POTÊNCIA 20 CV - JUROS. AF_06/2015","H","1,86"]
[90962,"COMPRESSOR DE AR REBOCÁVEL, VAZÃO 89 PCM, PRESSÃO EFETIVA DE TRABALHO 102 PSI, MOTOR DIESEL, POTÊNCIA 20 CV - MANUTENÇÃO. AF_06/2015","H","8,71"]
[90963,"COMPRESSOR DE AR REBOCÁVEL, VAZÃO 89 PCM, PRESSÃO EFETIVA DE TRABALHO 102 PSI, MOTOR DIESEL, POTÊNCIA 20 CV - MATERIAIS NA OPERAÇÃO. AF_06/2015","H","15,07"]
[90968,"COMPRESSOR DE AR REBOCAVEL, VAZÃO 250 PCM, PRESSAO DE TRABALHO 102 PSI, MOTOR A DIESEL POTÊNCIA 81 CV - DEPRECIAÇÃO. AF_06/2015","H","6,98"]
[90969,"COMPRESSOR DE AR REBOCAVEL, VAZÃO 250 PCM, PRESSAO DE TRABALHO 102 PSI, MOTOR A DIESEL POTÊNCIA 81 CV - JUROS. AF_06/2015","H","1,87"]
[90970,"COMPRESSOR DE AR REBOCAVEL, VAZÃO 250 PCM, PRESSAO DE TRABALHO 102 PSI, MOTOR A DIESEL POTÊNCIA 81 CV - MANUTENÇÃO. AF_06/2015","H","8,74"]
[90971,"COMPRESSOR DE AR REBOCAVEL, VAZÃO 250 PCM, PRESSAO DE TRABALHO 102 PSI, MOTOR A DIESEL POTÊNCIA 81 CV - MATERIAIS NA OPERAÇÃO. AF_06/2015","H","61,08"]
[90975,"COMPRESSOR DE AR REBOCÁVEL, VAZÃO 748 PCM, PRESSÃO EFETIVA DE TRABALHO 102 PSI, MOTOR DIESEL, POTÊNCIA 210 CV - DEPRECIAÇÃO. AF_06/2015","H","17,73"]
[90976,"COMPRESSOR DE AR REBOCÁVEL, VAZÃO 748 PCM, PRESSÃO EFETIVA DE TRABALHO 102 PSI, MOTOR DIESEL, POTÊNCIA 210 CV - JUROS. AF_06/2015","H","4,75"]
[90977,"COMPRESSOR DE AR REBOCÁVEL, VAZÃO 748 PCM, PRESSÃO EFETIVA DE TRABALHO 102 PSI, MOTOR DIESEL, POTÊNCIA 210 CV - MANUTENÇÃO. AF_06/2015","H","22,19"]
[90978,"COMPRESSOR DE AR REBOCÁVEL, VAZÃO 748 PCM, PRESSÃO EFETIVA DE TRABALHO 102 PSI, MOTOR DIESEL, POTÊNCIA 210 CV - MATERIAIS NA OPERAÇÃO. AF_06/2015","H","158,46"]
[90992,"COMPRESSOR DE AR REBOCAVEL, VAZÃO 400 PCM, PRESSAO DE TRABALHO 102 PSI, MOTOR A DIESEL POTÊNCIA 110 CV - DEPRECIAÇÃO. AF_06/2015","H","8,28"]
[90993,"COMPRESSOR DE AR REBOCAVEL, VAZÃO 400 PCM, PRESSAO DE TRABALHO 102 PSI, MOTOR A DIESEL POTÊNCIA 110 CV - JUROS. AF_06/2015","H","2,22"]
[90994,"COMPRESSOR DE AR REBOCAVEL, VAZÃO 400 PCM, PRESSAO DE TRABALHO 102 PSI, MOTOR A DIESEL POTÊNCIA 110 CV - MANUTENÇÃO. AF_06/2015","H","10,36"]
[90995,"COMPRESSOR DE AR REBOCAVEL, VAZÃO 400 PCM, PRESSAO DE TRABALHO 102 PSI, MOTOR A DIESEL POTÊNCIA 110 CV - MATERIAIS NA OPERAÇÃO. AF_06/2015","H","82,97"]
[91021,"PERFURATRIZ HIDRÁULICA SOBRE CAMINHÃO COM TRADO CURTO ACOPLADO, PROFUNDIDADE MÁXIMA DE 20 M, DIÂMETRO MÁXIMO DE 1500 MM, POTÊNCIA INSTALADA DE 137 HP, MESA ROTATIVA COM TORQUE MÁXIMO DE 30 KNM - IMPOSTOS E SEGUROS. AF_06/2015","H","12,61"]
[91026,"CAMINHÃO TRUCADO (C/ TERCEIRO EIXO) ELETRÔNICO - POTÊNCIA 231CV - PBT = 22000KG - DIST. ENTRE EIXOS 5170 MM - INCLUI CARROCERIA FIXA ABERTA DE MADEIRA - DEPRECIAÇÃO. AF_06/2015","H","24,75"]
[91027,"CAMINHÃO TRUCADO (C/ TERCEIRO EIXO) ELETRÔNICO - POTÊNCIA 231CV - PBT = 22000KG - DIST. ENTRE EIXOS 5170 MM - INCLUI CARROCERIA FIXA ABERTA DE MADEIRA - JUROS. AF_06/2015","H","9,92"]
[91028,"CAMINHÃO TRUCADO (C/ TERCEIRO EIXO) ELETRÔNICO - POTÊNCIA 231CV - PBT = 22000KG - DIST. ENTRE EIXOS 5170 MM - INCLUI CARROCERIA FIXA ABERTA DE MADEIRA - IMPOSTOS E SEGUROS. AF_06/2015","H","4,01"]
[91029,"CAMINHÃO TRUCADO (C/ TERCEIRO EIXO) ELETRÔNICO - POTÊNCIA 231CV - PBT = 22000KG - DIST. ENTRE EIXOS 5170 MM - INCLUI CARROCERIA FIXA ABERTA DE MADEIRA - MANUTENÇÃO. AF_06/2015","H","45,38"]
[91030,"CAMINHÃO TRUCADO (C/ TERCEIRO EIXO) ELETRÔNICO - POTÊNCIA 231CV - PBT = 22000KG - DIST. ENTRE EIXOS 5170 MM - INCLUI CARROCERIA FIXA ABERTA DE MADEIRA - MATERIAIS NA OPERAÇÃO. AF_06/2015","H","147,85"]
[91273,"PLACA VIBRATÓRIA REVERSÍVEL COM MOTOR 4 TEMPOS A GASOLINA, FORÇA CENTRÍFUGA DE 25 KN (2500 KGF), POTÊNCIA 5,5 CV - DEPRECIAÇÃO. AF_08/2015","H","0,56"]
[91274,"PLACA VIBRATÓRIA REVERSÍVEL COM MOTOR 4 TEMPOS A GASOLINA, FORÇA CENTRÍFUGA DE 25 KN (2500 KGF), POTÊNCIA 5,5 CV - JUROS. AF_08/2015","H","0,15"]
[91275,"PLACA VIBRATÓRIA REVERSÍVEL COM MOTOR 4 TEMPOS A GASOLINA, FORÇA CENTRÍFUGA DE 25 KN (2500 KGF), POTÊNCIA 5,5 CV - MANUTENÇÃO. AF_08/2015","H","0,70"]
[91276,"PLACA VIBRATÓRIA REVERSÍVEL COM MOTOR 4 TEMPOS A GASOLINA, FORÇA CENTRÍFUGA DE 25 KN (2500 KGF), POTÊNCIA 5,5 CV - MATERIAIS NA OPERAÇÃO. AF_08/2015","H","8,76"]
[91279,"CORTADORA DE PISO COM MOTOR 4 TEMPOS A GASOLINA, POTÊNCIA DE 13 HP, COM DISCO DE CORTE DIAMANTADO SEGMENTADO PARA CONCRETO, DIÂMETRO DE 350 MM, FURO DE 1\" (14 X 1\") - DEPRECIAÇÃO. AF_08/2015","H","0,97"]
[91280,"CORTADORA DE PISO COM MOTOR 4 TEMPOS A GASOLINA, POTÊNCIA DE 13 HP, COM DISCO DE CORTE DIAMANTADO SEGMENTADO PARA CONCRETO, DIÂMETRO DE 350 MM, FURO DE 1\" (14 X 1\") - JUROS. AF_08/2015","H","0,21"]
[91281,"CORTADORA DE PISO COM MOTOR 4 TEMPOS A GASOLINA, POTÊNCIA DE 13 HP, COM DISCO DE CORTE DIAMANTADO SEGMENTADO PARA CONCRETO, DIÂMETRO DE 350 MM, FURO DE 1\" (14 X 1\") - MANUTENÇÃO. AF_08/2015","H","1,23"]
[91282,"CORTADORA DE PISO COM MOTOR 4 TEMPOS A GASOLINA, POTÊNCIA DE 13 HP, COM DISCO DE CORTE DIAMANTADO SEGMENTADO PARA CONCRETO, DIÂMETRO DE 350 MM, FURO DE 1\" (14 X 1\") - MATERIAIS NA OPERAÇÃO. AF_08/2015","H","8,83"]
[91354,"CAMINHÃO TOCO, PESO BRUTO TOTAL 14.300 KG, CARGA ÚTIL MÁXIMA 9590 KG, DISTÂNCIA ENTRE EIXOS 4,76 M, POTÊNCIA 185 CV (NÃO INCLUI CARROCERIA) - DEPRECIAÇÃO. AF_06/2014","H","17,61"]
[91355,"CAMINHÃO TOCO, PESO BRUTO TOTAL 14.300 KG, CARGA ÚTIL MÁXIMA 9590 KG, DISTÂNCIA ENTRE EIXOS 4,76 M, POTÊNCIA 185 CV (NÃO INCLUI CARROCERIA) - JUROS. AF_06/2014","H","7,24"]
[91356,"CAMINHÃO TOCO, PESO BRUTO TOTAL 14.300 KG, CARGA ÚTIL MÁXIMA 9590 KG, DISTÂNCIA ENTRE EIXOS 4,76 M, POTÊNCIA 185 CV (NÃO INCLUI CARROCERIA) - IMPOSTOS E SEGUROS. AF_06/2014","H","2,92"]
[91359,"CAMINHÃO PIPA 6.000 L, PESO BRUTO TOTAL 13.000 KG, DISTÂNCIA ENTRE EIXOS 4,80 M, POTÊNCIA 189 CV INCLUSIVE TANQUE DE AÇO PARA TRANSPORTE DE ÁGUA, CAPACIDADE 6 M3 - DEPRECIAÇÃO. AF_06/2014","H","20,99"]
[91360,"CAMINHÃO PIPA 6.000 L, PESO BRUTO TOTAL 13.000 KG, DISTÂNCIA ENTRE EIXOS 4,80 M, POTÊNCIA 189 CV INCLUSIVE TANQUE DE AÇO PARA TRANSPORTE DE ÁGUA, CAPACIDADE 6 M3 - JUROS. AF_06/2014","H","8,03"]
[91361,"CAMINHÃO PIPA 6.000 L, PESO BRUTO TOTAL 13.000 KG, DISTÂNCIA ENTRE EIXOS 4,80 M, POTÊNCIA 189 CV INCLUSIVE TANQUE DE AÇO PARA TRANSPORTE DE ÁGUA, CAPACIDADE 6 M3 - IMPOSTOS E SEGUROS. AF_06/2014","H","3,24"]
[91367,"CAMINHÃO BASCULANTE 6 M3, PESO BRUTO TOTAL 16.000 KG, CARGA ÚTIL MÁXIMA 13.071 KG, DISTÂNCIA ENTRE EIXOS 4,80 M, POTÊNCIA 230 CV INCLUSIVE CAÇAMBA METÁLICA - DEPRECIAÇÃO. AF_06/2014","H","22,15"]
[91368,"CAMINHÃO BASCULANTE 6 M3, PESO BRUTO TOTAL 16.000 KG, CARGA ÚTIL MÁXIMA 13.071 KG, DISTÂNCIA ENTRE EIXOS 4,80 M, POTÊNCIA 230 CV INCLUSIVE CAÇAMBA METÁLICA - JUROS. AF_06/2014","H","8,51"]
[91369,"CAMINHÃO BASCULANTE 6 M3, PESO BRUTO TOTAL 16.000 KG, CARGA ÚTIL MÁXIMA 13.071 KG, DISTÂNCIA ENTRE EIXOS 4,80 M, POTÊNCIA 230 CV INCLUSIVE CAÇAMBA METÁLICA - IMPOSTOS E SEGUROS. AF_06/2014","H","3,43"]
[91375,"CAMINHÃO TOCO, PESO BRUTO TOTAL 16.000 KG, CARGA ÚTIL MÁXIMA DE 10.685 KG, DISTÂNCIA ENTRE EIXOS 4,80 M, POTÊNCIA 189 CV EXCLUSIVE CARROCERIA - DEPRECIAÇÃO. AF_06/2014","H","19,34"]
[91376,"CAMINHÃO TOCO, PESO BRUTO TOTAL 16.000 KG, CARGA ÚTIL MÁXIMA DE 10.685 KG, DISTÂNCIA ENTRE EIXOS 4,80 M, POTÊNCIA 189 CV EXCLUSIVE CARROCERIA - JUROS. AF_06/2014","H","7,95"]
[91377,"CAMINHÃO TOCO, PESO BRUTO TOTAL 16.000 KG, CARGA ÚTIL MÁXIMA DE 10.685 KG, DISTÂNCIA ENTRE EIXOS 4,80 M, POTÊNCIA 189 CV EXCLUSIVE CARROCERIA - IMPOSTOS E SEGUROS. AF_06/2014","H","3,21"]
[91380,"CAMINHÃO BASCULANTE 10 M3, TRUCADO CABINE SIMPLES, PESO BRUTO TOTAL 23.000 KG, CARGA ÚTIL MÁXIMA 15.935 KG, DISTÂNCIA ENTRE EIXOS 4,80 M, POTÊNCIA 230 CV INCLUSIVE CAÇAMBA METÁLICA - DEPRECIAÇÃO. AF_06/2014","H","29,15"]
[91381,"CAMINHÃO BASCULANTE 10 M3, TRUCADO CABINE SIMPLES, PESO BRUTO TOTAL 23.000 KG, CARGA ÚTIL MÁXIMA 15.935 KG, DISTÂNCIA ENTRE EIXOS 4,80 M, POTÊNCIA 230 CV INCLUSIVE CAÇAMBA METÁLICA - JUROS. AF_06/2014","H","11,19"]
[91382,"CAMINHÃO BASCULANTE 10 M3, TRUCADO CABINE SIMPLES, PESO BRUTO TOTAL 23.000 KG, CARGA ÚTIL MÁXIMA 15.935 KG, DISTÂNCIA ENTRE EIXOS 4,80 M, POTÊNCIA 230 CV INCLUSIVE CAÇAMBA METÁLICA - IMPOSTOS E SEGUROS. AF_06/2014","H","4,52"]
[91383,"CAMINHÃO BASCULANTE 10 M3, TRUCADO CABINE SIMPLES, PESO BRUTO TOTAL 23.000 KG, CARGA ÚTIL MÁXIMA 15.935 KG, DISTÂNCIA ENTRE EIXOS 4,80 M, POTÊNCIA 230 CV INCLUSIVE CAÇAMBA METÁLICA - MANUTENÇÃO. AF_06/2014","H","52,46"]
[91384,"CAMINHÃO BASCULANTE 10 M3, TRUCADO CABINE SIMPLES, PESO BRUTO TOTAL 23.000 KG, CARGA ÚTIL MÁXIMA 15.935 KG, DISTÂNCIA ENTRE EIXOS 4,80 M, POTÊNCIA 230 CV INCLUSIVE CAÇAMBA METÁLICA - MATERIAIS NA OPERAÇÃO. AF_06/2014","H","142,91"]
[91390,"CAMINHÃO TOCO, PBT 14.300 KG, CARGA ÚTIL MÁX. 9.710 KG, DIST. ENTRE EIXOS 3,56 M, POTÊNCIA 185 CV, INCLUSIVE CARROCERIA FIXA ABERTA DE MADEIRA P/ TRANSPORTE GERAL DE CARGA SECA, DIMEN. APROX. 2,50 X 6,50 X 0,50 M - DEPRECIAÇÃO. AF_06/2014","H","19,24"]
[91391,"CAMINHÃO TOCO, PBT 14.300 KG, CARGA ÚTIL MÁX. 9.710 KG, DIST. ENTRE EIXOS 3,56 M, POTÊNCIA 185 CV, INCLUSIVE CARROCERIA FIXA ABERTA DE MADEIRA P/ TRANSPORTE GERAL DE CARGA SECA, DIMEN. APROX. 2,50 X 6,50 X 0,50 M - JUROS. AF_06/2014","H","7,66"]
[91392,"CAMINHÃO TOCO, PBT 14.300 KG, CARGA ÚTIL MÁX. 9.710 KG, DIST. ENTRE EIXOS 3,56 M, POTÊNCIA 185 CV, INCLUSIVE CARROCERIA FIXA ABERTA DE MADEIRA P/ TRANSPORTE GERAL DE CARGA SECA, DIMEN. APROX. 2,50 X 6,50 X 0,50 M - IMPOSTOS E SEGUROS. AF_06/2014","H","3,09"]
[91396,"CAMINHÃO PIPA 10.000 L TRUCADO, PESO BRUTO TOTAL 23.000 KG, CARGA ÚTIL MÁXIMA 15.935 KG, DISTÂNCIA ENTRE EIXOS 4,8 M, POTÊNCIA 230 CV, INCLUSIVE TANQUE DE AÇO PARA TRANSPORTE DE ÁGUA - DEPRECIAÇÃO. AF_06/2014","H","29,11"]
[91397,"CAMINHÃO PIPA 10.000 L TRUCADO, PESO BRUTO TOTAL 23.000 KG, CARGA ÚTIL MÁXIMA 15.935 KG, DISTÂNCIA ENTRE EIXOS 4,8 M, POTÊNCIA 230 CV, INCLUSIVE TANQUE DE AÇO PARA TRANSPORTE DE ÁGUA - JUROS. AF_06/2014","H","11,25"]
[91398,"CAMINHÃO PIPA 10.000 L TRUCADO, PESO BRUTO TOTAL 23.000 KG, CARGA ÚTIL MÁXIMA 15.935 KG, DISTÂNCIA ENTRE EIXOS 4,8 M, POTÊNCIA 230 CV, INCLUSIVE TANQUE DE AÇO PARA TRANSPORTE DE ÁGUA - IMPOSTOS E SEGUROS. AF_06/2014","H","4,54"]
[91402,"CAMINHÃO BASCULANTE 6 M3 TOCO, PESO BRUTO TOTAL 16.000 KG, CARGA ÚTIL MÁXIMA 11.130 KG, DISTÂNCIA ENTRE EIXOS 5,36 M, POTÊNCIA 185 CV, INCLUSIVE CAÇAMBA METÁLICA - IMPOSTOS E SEGUROS. AF_06/2014","H","3,56"]
[91466,"GUINDAUTO HIDRÁULICO, CAPACIDADE MÁXIMA DE CARGA 6200 KG, MOMENTO MÁXIMO DE CARGA 11,7 TM, ALCANCE MÁXIMO HORIZONTAL 9,70 M, INCLUSIVE CAMINHÃO TOCO PBT 16.000 KG, POTÊNCIA DE 189 CV - IMPOSTOS E SEGUROS. AF_08/2015","H","4,05"]
[91467,"GUINDAUTO HIDRÁULICO, CAPACIDADE MÁXIMA DE CARGA 6200 KG, MOMENTO MÁXIMO DE CARGA 11,7 TM, ALCANCE MÁXIMO HORIZONTAL 9,70 M, INCLUSIVE CAMINHÃO TOCO PBT 16.000 KG, POTÊNCIA DE 189 CV - MATERIAIS NA OPERAÇÃO. AF_08/2015","H","159,37"]
[91468,"ESPARGIDOR DE ASFALTO PRESSURIZADO, TANQUE 6 M3 COM ISOLAÇÃO TÉRMICA, AQUECIDO COM 2 MAÇARICOS, COM BARRA ESPARGIDORA 3,60 M, MONTADO SOBRE CAMINHÃO  TOCO, PBT 14.300 KG, POTÊNCIA 185 CV - DEPRECIAÇÃO. AF_05/2023","H","22,79"]
[91469,"ESPARGIDOR DE ASFALTO PRESSURIZADO, TANQUE 6 M3 COM ISOLAÇÃO TÉRMICA, AQUECIDO COM 2 MAÇARICOS, COM BARRA ESPARGIDORA 3,60 M, MONTADO SOBRE CAMINHÃO  TOCO, PBT 14.300 KG, POTÊNCIA 185 CV - JUROS. AF_05/2023","H","9,97"]
[91484,"ESPARGIDOR DE ASFALTO PRESSURIZADO, TANQUE 6 M3 COM ISOLAÇÃO TÉRMICA, AQUECIDO COM 2 MAÇARICOS, COM BARRA ESPARGIDORA 3,60 M, MONTADO SOBRE CAMINHÃO  TOCO, PBT 14.300 KG, POTÊNCIA 185 CV - IMPOSTOS E SEGUROS. AF_05/2023","H","7,59"]
[91485,"ESPARGIDOR DE ASFALTO PRESSURIZADO, TANQUE 6 M3 COM ISOLAÇÃO TÉRMICA, AQUECIDO COM 2 MAÇARICOS, COM BARRA ESPARGIDORA 3,60 M, MONTADO SOBRE CAMINHÃO  TOCO, PBT 14.300 KG, POTÊNCIA 185 CV - MATERIAIS NA OPERAÇÃO. AF_05/2023","H","164,43"]
[91529,"COMPACTADOR DE SOLOS DE PERCUSSÃO (SOQUETE) COM MOTOR A GASOLINA 4 TEMPOS, POTÊNCIA 4 CV - DEPRECIAÇÃO. AF_08/2015","H","0,82"]
[91530,"COMPACTADOR DE SOLOS DE PERCUSSÃO (SOQUETE) COM MOTOR A GASOLINA 4 TEMPOS, POTÊNCIA 4 CV - JUROS. AF_08/2015","H","0,22"]
[91531,"COMPACTADOR DE SOLOS DE PERCUSSÃO (SOQUETE) COM MOTOR A GASOLINA 4 TEMPOS, POTÊNCIA 4 CV - MANUTENÇÃO. AF_08/2015","H","1,03"]
[91532,"COMPACTADOR DE SOLOS DE PERCUSSÃO (SOQUETE) COM MOTOR A GASOLINA 4 TEMPOS, POTÊNCIA 4 CV - MATERIAIS NA OPERAÇÃO. AF_08/2015","H","6,27"]
[91629,"GUINDAUTO HIDRÁULICO, CAPACIDADE MÁXIMA DE CARGA 6500 KG, MOMENTO MÁXIMO DE CARGA 5,8 TM, ALCANCE MÁXIMO HORIZONTAL 7,60 M, INCLUSIVE CAMINHÃO TOCO PBT 9.700 KG, POTÊNCIA DE 160 CV - DEPRECIAÇÃO. AF_08/2015","H","21,63"]
[91630,"GUINDAUTO HIDRÁULICO, CAPACIDADE MÁXIMA DE CARGA 6500 KG, MOMENTO MÁXIMO DE CARGA 5,8 TM, ALCANCE MÁXIMO HORIZONTAL 7,60 M, INCLUSIVE CAMINHÃO TOCO PBT 9.700 KG, POTÊNCIA DE 160 CV - JUROS. AF_08/2015","H","8,04"]
[91631,"GUINDAUTO HIDRÁULICO, CAPACIDADE MÁXIMA DE CARGA 6500 KG, MOMENTO MÁXIMO DE CARGA 5,8 TM, ALCANCE MÁXIMO HORIZONTAL 7,60 M, INCLUSIVE CAMINHÃO TOCO PBT 9.700 KG, POTÊNCIA DE 160 CV - IMPOSTOS E SEGUROS. AF_08/2015","H","3,24"]
[91632,"GUINDAUTO HIDRÁULICO, CAPACIDADE MÁXIMA DE CARGA 6500 KG, MOMENTO MÁXIMO DE CARGA 5,8 TM, ALCANCE MÁXIMO HORIZONTAL 7,60 M, INCLUSIVE CAMINHÃO TOCO PBT 9.700 KG, POTÊNCIA DE 160 CV - MANUTENÇÃO. AF_08/2015","H","37,02"]
[91633,"GUINDAUTO HIDRÁULICO, CAPACIDADE MÁXIMA DE CARGA 6500 KG, MOMENTO MÁXIMO DE CARGA 5,8 TM, ALCANCE MÁXIMO HORIZONTAL 7,60 M, INCLUSIVE CAMINHÃO TOCO PBT 9.700 KG, POTÊNCIA DE 160 CV - MATERIAIS NA OPERAÇÃO. AF_08/2015","H","134,89"]
[91640,"CAMINHÃO DE TRANSPORTE DE MATERIAL ASFÁLTICO 30.000 L, COM CAVALO MECÂNICO DE CAPACIDADE MÁXIMA DE TRAÇÃO COMBINADO DE 66.000 KG, POTÊNCIA 360 CV, INCLUSIVE TANQUE DE ASFALTO COM SERPENTINA - DEPRECIAÇÃO. AF_08/2015","H","40,74"]
[91641,"CAMINHÃO DE TRANSPORTE DE MATERIAL ASFÁLTICO 30.000 L, COM CAVALO MECÂNICO DE CAPACIDADE MÁXIMA DE TRAÇÃO COMBINADO DE 66.000 KG, POTÊNCIA 360 CV, INCLUSIVE TANQUE DE ASFALTO COM SERPENTINA - JUROS. AF_08/2015","H","16,44"]
[91642,"CAMINHÃO DE TRANSPORTE DE MATERIAL ASFÁLTICO 30.000 L, COM CAVALO MECÂNICO DE CAPACIDADE MÁXIMA DE TRAÇÃO COMBINADO DE 66.000 KG, POTÊNCIA 360 CV, INCLUSIVE TANQUE DE ASFALTO COM SERPENTINA - IMPOSTOS E SEGUROS. AF_08/2015","H","6,64"]
[91643,"CAMINHÃO DE TRANSPORTE DE MATERIAL ASFÁLTICO 30.000 L, COM CAVALO MECÂNICO DE CAPACIDADE MÁXIMA DE TRAÇÃO COMBINADO DE 66.000 KG, POTÊNCIA 360 CV, INCLUSIVE TANQUE DE ASFALTO COM SERPENTINA - MANUTENÇÃO. AF_08/2015","H","73,44"]
[91644,"CAMINHÃO DE TRANSPORTE DE MATERIAL ASFÁLTICO 30.000 L, COM CAVALO MECÂNICO DE CAPACIDADE MÁXIMA DE TRAÇÃO COMBINADO DE 66.000 KG, POTÊNCIA 360 CV, INCLUSIVE TANQUE DE ASFALTO COM SERPENTINA - MATERIAIS NA OPERAÇÃO. AF_08/2015","H","303,55"]
[91688,"SERRA CIRCULAR DE BANCADA COM MOTOR ELÉTRICO POTÊNCIA DE 5HP, COM COIFA PARA DISCO 10\" - DEPRECIAÇÃO. AF_08/2015","H","0,11"]
[91689,"SERRA CIRCULAR DE BANCADA COM MOTOR ELÉTRICO POTÊNCIA DE 5HP, COM COIFA PARA DISCO 10\" - JUROS. AF_08/2015","H","0,02"]
[91690,"SERRA CIRCULAR DE BANCADA COM MOTOR ELÉTRICO POTÊNCIA DE 5HP, COM COIFA PARA DISCO 10\" - MANUTENÇÃO. AF_08/2015","H","0,07"]
[91691,"SERRA CIRCULAR DE BANCADA COM MOTOR ELÉTRICO POTÊNCIA DE 5HP, COM COIFA PARA DISCO 10\" - MATERIAIS NA OPERAÇÃO. AF_08/2015","H","1,45"]
[92040,"DISTRIBUIDOR DE AGREGADOS REBOCAVEL, CAPACIDADE 1,9 M³, LARGURA DE TRABALHO 3,66 M - DEPRECIAÇÃO. AF_11/2015","H","6,47"]
[92041,"DISTRIBUIDOR DE AGREGADOS REBOCAVEL, CAPACIDADE 1,9 M³, LARGURA DE TRABALHO 3,66 M - JUROS. AF_11/2015","H","1,33"]
[92042,"DISTRIBUIDOR DE AGREGADOS REBOCAVEL, CAPACIDADE 1,9 M³, LARGURA DE TRABALHO 3,66 M - MANUTENÇÃO. AF_11/2015","H","5,39"]
[92101,"CAMINHÃO PARA EQUIPAMENTO DE LIMPEZA A SUCÇÃO COM CAMINHÃO TRUCADO DE PESO BRUTO TOTAL 23000 KG, CARGA ÚTIL MÁXIMA 15935 KG, DISTÂNCIA ENTRE EIXOS 4,80 M, POTÊNCIA 230 CV, INCLUSIVE LIMPADORA A SUCÇÃO, TANQUE 12000 L - DEPRECIAÇÃO. AF_05/2023","H","41,27"]
[92102,"CAMINHÃO PARA EQUIPAMENTO DE LIMPEZA A SUCÇÃO COM CAMINHÃO TRUCADO DE PESO BRUTO TOTAL 23000 KG, CARGA ÚTIL MÁXIMA 15935 KG, DISTÂNCIA ENTRE EIXOS 4,80 M, POTÊNCIA 230 CV, INCLUSIVE LIMPADORA A SUCÇÃO, TANQUE 12000 L - JUROS. AF_05/2023","H","14,05"]
[92103,"CAMINHÃO PARA EQUIPAMENTO DE LIMPEZA A SUCÇÃO COM CAMINHÃO TRUCADO DE PESO BRUTO TOTAL 23000 KG, CARGA ÚTIL MÁXIMA 15935 KG, DISTÂNCIA ENTRE EIXOS 4,80 M, POTÊNCIA 230 CV, INCLUSIVE LIMPADORA A SUCÇÃO, TANQUE 12000 L - IMPOSTOS E SEGUROS. AF_05/2023","H","9,82"]
[92104,"CAMINHÃO PARA EQUIPAMENTO DE LIMPEZA A SUCÇÃO COM CAMINHÃO TRUCADO DE PESO BRUTO TOTAL 23000 KG, CARGA ÚTIL MÁXIMA 15935 KG, DISTÂNCIA ENTRE EIXOS 4,80 M, POTÊNCIA 230 CV, INCLUSIVE LIMPADORA A SUCÇÃO, TANQUE 12000 L - MANUTENÇÃO. AF_05/2023","H","67,80"]
[92105,"CAMINHÃO PARA EQUIPAMENTO DE LIMPEZA A SUCÇÃO COM CAMINHÃO TRUCADO DE PESO BRUTO TOTAL 23000 KG, CARGA ÚTIL MÁX. 15935 KG, DISTÂNCIA ENTRE EIXOS 4,80 M, POTÊNCIA 230 CV, INCLUSIVE LIMPADORA A SUCÇÃO, TANQUE 12000 L - MATERIAIS NA OPERAÇÃO. AF_05/2023","H","177,69"]
[92108,"PENEIRA ROTATIVA COM MOTOR ELÉTRICO TRIFÁSICO DE 2 CV, CILINDRO DE 1 M X 0,60 M, COM FUROS DE 3,17 MM - DEPRECIAÇÃO. AF_05/2023","H","0,88"]
[92109,"PENEIRA ROTATIVA COM MOTOR ELÉTRICO TRIFÁSICO DE 2 CV, CILINDRO DE 1 M X 0,60 M, COM FUROS DE 3,17 MM - JUROS. AF_05/2023","H","0,21"]
[92110,"PENEIRA ROTATIVA COM MOTOR ELÉTRICO TRIFÁSICO DE 2 CV, CILINDRO DE 1 M X 0,60 M, COM FUROS DE 3,17 MM - MANUTENÇÃO. AF_05/2023","H","1,17"]
[92111,"PENEIRA ROTATIVA COM MOTOR ELÉTRICO TRIFÁSICO DE 2 CV, CILINDRO DE 1 M X 0,60 M, COM FUROS DE 3,17 MM - MATERIAIS NA OPERAÇÃO. AF_05/2023","H","1,33"]
[92114,"DOSADOR DE AREIA, CAPACIDADE DE 26 LITROS - DEPRECIAÇÃO. AF_05/2023","H","0,23"]
[92115,"DOSADOR DE AREIA, CAPACIDADE DE 26 LITROS - JUROS. AF_05/2023","H","0,04"]
[92116,"DOSADOR DE AREIA, CAPACIDADE DE 26 LITROS - MANUTENÇÃO. AF_05/2023","H","0,16"]
[92133,"CAMINHONETE COM MOTOR A DIESEL, POTÊNCIA 180 CV, CABINE DUPLA, 4X4 - DEPRECIAÇÃO. AF_11/2015","H","12,43"]
[92134,"CAMINHONETE COM MOTOR A DIESEL, POTÊNCIA 180 CV, CABINE DUPLA, 4X4 - JUROS. AF_11/2015","H","3,83"]
[92135,"CAMINHONETE COM MOTOR A DIESEL, POTÊNCIA 180 CV, CABINE DUPLA, 4X4 - IMPOSTOS E SEGUROS. AF_11/2015","H","1,55"]
[92136,"CAMINHONETE COM MOTOR A DIESEL, POTÊNCIA 180 CV, CABINE DUPLA, 4X4 - MANUTENÇÃO. AF_11/2015","H","15,54"]
[92137,"CAMINHONETE COM MOTOR A DIESEL, POTÊNCIA 180 CV, CABINE DUPLA, 4X4 - MATERIAIS NA OPERAÇÃO. AF_11/2015","H","35,51"]
[92140,"CAMINHONETE CABINE SIMPLES COM MOTOR 1.6 FLEX, CÂMBIO MANUAL, POTÊNCIA 101/104 CV, 2 PORTAS - DEPRECIAÇÃO. AF_11/2015","H","4,55"]
[92141,"CAMINHONETE CABINE SIMPLES COM MOTOR 1.6 FLEX, CÂMBIO MANUAL, POTÊNCIA 101/104 CV, 2 PORTAS - JUROS. AF_11/2015","H","1,40"]
[92142,"CAMINHONETE CABINE SIMPLES COM MOTOR 1.6 FLEX, CÂMBIO MANUAL, POTÊNCIA 101/104 CV, 2 PORTAS - IMPOSTOS E SEGUROS. AF_11/2015","H","0,56"]
[92143,"CAMINHONETE CABINE SIMPLES COM MOTOR 1.6 FLEX, CÂMBIO MANUAL, POTÊNCIA 101/104 CV, 2 PORTAS - MANUTENÇÃO. AF_11/2015","H","5,69"]
[92144,"CAMINHONETE CABINE SIMPLES COM MOTOR 1.6 FLEX, CÂMBIO MANUAL, POTÊNCIA 101/104 CV, 2 PORTAS - MATERIAIS NA OPERAÇÃO. AF_11/2015","H","40,74"]
[92237,"CAMINHÃO DE TRANSPORTE DE MATERIAL ASFÁLTICO 20.000 L, COM CAVALO MECÂNICO DE CAPACIDADE MÁXIMA DE TRAÇÃO COMBINADO DE 45.000 KG, POTÊNCIA 330 CV, INCLUSIVE TANQUE DE ASFALTO COM MAÇARICO - DEPRECIAÇÃO. AF_12/2015","H","29,67"]
[92238,"CAMINHÃO DE TRANSPORTE DE MATERIAL ASFÁLTICO 20.000 L, COM CAVALO MECÂNICO DE CAPACIDADE MÁXIMA DE TRAÇÃO COMBINADO DE 45.000 KG, POTÊNCIA 330 CV, INCLUSIVE TANQUE DE ASFALTO COM MAÇARICO - JUROS. AF_12/2015","H","11,94"]
[92239,"CAMINHÃO DE TRANSPORTE DE MATERIAL ASFÁLTICO 20.000 L, COM CAVALO MECÂNICO DE CAPACIDADE MÁXIMA DE TRAÇÃO COMBINADO DE 45.000 KG, POTÊNCIA 330 CV, INCLUSIVE TANQUE DE ASFALTO COM MAÇARICO - IMPOSTOS E SEGUROS. AF_12/2015","H","4,82"]
[92240,"CAMINHÃO DE TRANSPORTE DE MATERIAL ASFÁLTICO 20.000 L, COM CAVALO MECÂNICO DE CAPACIDADE MÁXIMA DE TRAÇÃO COMBINADO DE 45.000 KG, POTÊNCIA 330 CV, INCLUSIVE TANQUE DE ASFALTO COM MAÇARICO - MANUTENÇÃO. AF_12/2015","H","53,24"]
[92241,"CAMINHÃO DE TRANSPORTE DE MATERIAL ASFÁLTICO 20.000 L, COM CAVALO MECÂNICO DE CAPACIDADE MÁXIMA DE TRAÇÃO COMBINADO DE 45.000 KG, POTÊNCIA 330 CV, INCLUSIVE TANQUE DE ASFALTO COM MAÇARICO - MATERIAIS NA OPERAÇÃO. AF_12/2015","H","278,28"]
[92712,"APARELHO PARA CORTE E SOLDA OXI-ACETILENO SOBRE RODAS, INCLUSIVE CILINDROS E MAÇARICOS - DEPRECIAÇÃO. AF_05/2023","H","0,21"]
[92713,"APARELHO PARA CORTE E SOLDA OXI-ACETILENO SOBRE RODAS, INCLUSIVE CILINDROS E MAÇARICOS - JUROS. AF_05/2023","H","0,05"]
[92714,"APARELHO PARA CORTE E SOLDA OXI-ACETILENO SOBRE RODAS, INCLUSIVE CILINDROS E MAÇARICOS - MANUTENÇÃO. AF_05/2023","H","0,28"]
[92715,"APARELHO PARA CORTE E SOLDA OXI-ACETILENO SOBRE RODAS, INCLUSIVE CILINDROS E MAÇARICOS - MATERIAIS NA OPERAÇÃO. AF_05/2023","H","135,60"]
[92956,"MÁQUINA EXTRUSORA DE CONCRETO PARA GUIAS E SARJETAS, MOTOR A DIESEL, POTÊNCIA 14 CV - DEPRECIAÇÃO. AF_12/2015","H","4,30"]
[92957,"MÁQUINA EXTRUSORA DE CONCRETO PARA GUIAS E SARJETAS, MOTOR A DIESEL, POTÊNCIA 14 CV - JUROS. AF_12/2015","H","0,99"]
[92958,"MÁQUINA EXTRUSORA DE CONCRETO PARA GUIAS E SARJETAS, MOTOR A DIESEL, POTÊNCIA 14 CV - MANUTENÇÃO. AF_12/2015","H","4,70"]
[92959,"MÁQUINA EXTRUSORA DE CONCRETO PARA GUIAS E SARJETAS, MOTOR A DIESEL, POTÊNCIA 14 CV - MATERIAIS NA OPERAÇÃO. AF_12/2015","H","9,34"]
[92963,"MARTELO PERFURADOR PNEUMÁTICO MANUAL, HASTE 25 X 75 MM, 21 KG - DEPRECIAÇÃO. AF_12/2015","H","1,87"]
[92964,"MARTELO PERFURADOR PNEUMÁTICO MANUAL, HASTE 25 X 75 MM, 21 KG - JUROS. AF_12/2015","H","0,43"]
[92965,"MARTELO PERFURADOR PNEUMÁTICO MANUAL, HASTE 25 X 75 MM, 21 KG - MANUTENÇÃO. AF_12/2015","H","2,34"]
[93220,"PERFURATRIZ COM TORRE METÁLICA PARA EXECUÇÃO DE ESTACA HÉLICE CONTÍNUA, PROFUNDIDADE MÁXIMA DE 32 M, DIÂMETRO MÁXIMO DE 1000 MM, POTÊNCIA INSTALADA DE 350 HP, MESA ROTATIVA COM TORQUE MÁXIMO DE 263 KNM - DEPRECIAÇÃO. AF_01/2016","H","329,47"]
[93221,"PERFURATRIZ COM TORRE METÁLICA PARA EXECUÇÃO DE ESTACA HÉLICE CONTÍNUA, PROFUNDIDADE MÁXIMA DE 32 M, DIÂMETRO MÁXIMO DE 1000 MM, POTÊNCIA INSTALADA DE 350 HP, MESA ROTATIVA COM TORQUE MÁXIMO DE 263 KNM - JUROS. AF_01/2016","H","88,39"]
[93222,"PERFURATRIZ COM TORRE METÁLICA PARA EXECUÇÃO DE ESTACA HÉLICE CONTÍNUA, PROFUNDIDADE MÁXIMA DE 32 M, DIÂMETRO MÁXIMO DE 1000 MM, POTÊNCIA INSTALADA DE 350 HP, MESA ROTATIVA COM TORQUE MÁXIMO DE 263 KNM - MANUTENÇÃO. AF_01/2016","H","412,31"]
[93223,"PERFURATRIZ COM TORRE METÁLICA PARA EXECUÇÃO DE ESTACA HÉLICE CONTÍNUA, PROFUNDIDADE MÁXIMA DE 32 M, DIÂMETRO MÁXIMO DE 1000 MM, POTÊNCIA INSTALADA DE 350 HP, MESA ROTATIVA COM TORQUE MÁXIMO DE 263 KNM - MATERIAIS NA OPERAÇÃO. AF_01/2016","H","157,44"]
[93229,"BETONEIRA CAPACIDADE NOMINAL 400 L, CAPACIDADE DE MISTURA 310 L, MOTOR A GASOLINA POTÊNCIA 5,5 CV, SEM CARREGADOR - DEPRECIAÇÃO. AF_02/2016","H","0,40"]
[93230,"BETONEIRA CAPACIDADE NOMINAL 400 L, CAPACIDADE DE MISTURA 310 L, MOTOR A GASOLINA POTÊNCIA 5,5 CV, SEM CARREGADOR - JUROS. AF_02/2016","H","0,09"]
[93231,"BETONEIRA CAPACIDADE NOMINAL 400 L, CAPACIDADE DE MISTURA 310 L, MOTOR A GASOLINA POTÊNCIA 5,5 CV, SEM CARREGADOR - MANUTENÇÃO. AF_02/2016","H","0,50"]
[93232,"BETONEIRA CAPACIDADE NOMINAL 400 L, CAPACIDADE DE MISTURA 310 L, MOTOR A GASOLINA POTÊNCIA 5,5 CV, SEM CARREGADOR - MATERIAIS NA OPERAÇÃO. AF_02/2016","H","4,68"]
[93235,"GRUPO GERADOR ESTACIONÁRIO, MOTOR DIESEL POTÊNCIA 170 KVA - JUROS. AF_02/2016","H","2,52"]
[93238,"ROLO COMPACTADOR VIBRATÓRIO REBOCÁVEL, CILINDRO DE AÇO LISO, POTÊNCIA DE TRAÇÃO DE 65 CV, PESO 4,7 T, IMPACTO DINÂMICO 18,3 T, LARGURA DE TRABALHO 1,67 M - JUROS. AF_02/2016","H","2,59"]
[93239,"ROLO COMPACTADOR VIBRATÓRIO PÉ DE CARNEIRO, OPERADO POR CONTROLE REMOTO, POTÊNCIA 12,5 KW, PESO OPERACIONAL 1,675 T, LARGURA DE TRABALHO 0,85 M - JUROS. AF_02/2016","H","11,75"]
[93240,"ROLO COMPACTADOR VIBRATÓRIO PÉ DE CARNEIRO, OPERADO POR CONTROLE REMOTO, POTÊNCIA 12,5 KW, PESO OPERACIONAL 1,675 T, LARGURA DE TRABALHO 0,85 M - MATERIAIS NA OPERAÇÃO. AF_02/2016","H","12,06"]
[93267,"GRUA ASCENCIONAL, LANÇA DE 30 M, CAPACIDADE DE 1,0 T A 30 M, ALTURA ATÉ 39 M   DEPRECIAÇÃO. AF_05/2023","H","29,86"]
[93269,"GRUA ASCENCIONAL, LANÇA DE 30 M, CAPACIDADE DE 1,0 T A 30 M, ALTURA ATÉ 39 M   JUROS. AF_05/2023","H","10,07"]
[93270,"GRUA ASCENCIONAL, LANÇA DE 30 M, CAPACIDADE DE 1,0 T A 30 M, ALTURA ATÉ 39 M   MANUTENÇÃO. AF_05/2023","H","29,86"]
[93271,"GRUA ASCENCIONAL, LANÇA DE 30 M, CAPACIDADE DE 1,0 T A 30 M, ALTURA ATÉ 39 M   MATERIAIS NA OPERAÇÃO. AF_05/2023","H","10,00"]
[93277,"GUINCHO ELÉTRICO DE COLUNA, CAPACIDADE 400 KG, COM MOTO FREIO, MOTOR TRIFÁSICO DE 1,25 CV - DEPRECIAÇÃO. AF_03/2016","H","0,28"]
[93278,"GUINCHO ELÉTRICO DE COLUNA, CAPACIDADE 400 KG, COM MOTO FREIO, MOTOR TRIFÁSICO DE 1,25 CV - JUROS. AF_03/2016","H","0,06"]
[93279,"GUINCHO ELÉTRICO DE COLUNA, CAPACIDADE 400 KG, COM MOTO FREIO, MOTOR TRIFÁSICO DE 1,25 CV - MANUTENÇÃO. AF_03/2016","H","0,27"]
[93280,"GUINCHO ELÉTRICO DE COLUNA, CAPACIDADE 400 KG, COM MOTO FREIO, MOTOR TRIFÁSICO DE 1,25 CV - MATERIAIS NA OPERAÇÃO. AF_03/2016","H","0,83"]
[93283,"GUINDASTE HIDRÁULICO AUTOPROPELIDO, COM LANÇA TELESCÓPICA 40 M, CAPACIDADE MÁXIMA 60 T, POTÊNCIA 260 KW - DEPRECIAÇÃO. AF_03/2016","H","100,42"]
[93284,"GUINDASTE HIDRÁULICO AUTOPROPELIDO, COM LANÇA TELESCÓPICA 40 M, CAPACIDADE MÁXIMA 60 T, POTÊNCIA 260 KW - JUROS. AF_03/2016","H","35,39"]
[93285,"GUINDASTE HIDRÁULICO AUTOPROPELIDO, COM LANÇA TELESCÓPICA 40 M, CAPACIDADE MÁXIMA 60 T, POTÊNCIA 260 KW - MANUTENÇÃO. AF_03/2016","H","161,42"]
[93286,"GUINDASTE HIDRÁULICO AUTOPROPELIDO, COM LANÇA TELESCÓPICA 40 M, CAPACIDADE MÁXIMA 60 T, POTÊNCIA 260 KW - MATERIAIS NA OPERAÇÃO. AF_03/2016","H","13,91"]
[93296,"GUINDASTE HIDRÁULICO AUTOPROPELIDO, COM LANÇA TELESCÓPICA 40 M, CAPACIDADE MÁXIMA 60 T, POTÊNCIA 260 KW - IMPOSTOS E SEGUROS. AF_03/2016","H","14,30"]
[93397,"GUINDAUTO HIDRÁULICO, CAPACIDADE MÁXIMA DE CARGA 3300 KG, MOMENTO MÁXIMO DE CARGA 5,8 TM, ALCANCE MÁXIMO HORIZONTAL 7,60 M, INCLUSIVE CAMINHÃO TOCO PBT 16.000 KG, POTÊNCIA DE 189 CV - DEPRECIAÇÃO. AF_03/2016","H","25,01"]
[93398,"GUINDAUTO HIDRÁULICO, CAPACIDADE MÁXIMA DE CARGA 3300 KG, MOMENTO MÁXIMO DE CARGA 5,8 TM, ALCANCE MÁXIMO HORIZONTAL 7,60 M, INCLUSIVE CAMINHÃO TOCO PBT 16.000 KG, POTÊNCIA DE 189 CV - JUROS. AF_03/2016","H","9,43"]
[93399,"GUINDAUTO HIDRÁULICO, CAPACIDADE MÁXIMA DE CARGA 3300 KG, MOMENTO MÁXIMO DE CARGA 5,8 TM, ALCANCE MÁXIMO HORIZONTAL 7,60 M, INCLUSIVE CAMINHÃO TOCO PBT 16.000 KG, POTÊNCIA DE 189 CV - IMPOSTOS E SEGUROS. AF_03/2016","H","3,80"]
[93400,"GUINDAUTO HIDRÁULICO, CAPACIDADE MÁXIMA DE CARGA 3300 KG, MOMENTO MÁXIMO DE CARGA 5,8 TM, ALCANCE MÁXIMO HORIZONTAL 7,60 M, INCLUSIVE CAMINHÃO TOCO PBT 16.000 KG, POTÊNCIA DE 189 CV - MANUTENÇÃO. AF_03/2016","H","43,35"]
[93401,"GUINDAUTO HIDRÁULICO, CAPACIDADE MÁXIMA DE CARGA 3300 KG, MOMENTO MÁXIMO DE CARGA 5,8 TM, ALCANCE MÁXIMO HORIZONTAL 7,60 M, INCLUSIVE CAMINHÃO TOCO PBT 16.000 KG, POTÊNCIA DE 189 CV - MATERIAIS NA OPERAÇÃO. AF_03/2016","H","159,37"]
[93404,"MÁQUINA JATO DE PRESSAO PORTÁTIL, CAMARA DE 1 SAIDA, CAPACIDADE 280 L, DIAMETRO 670 MM, BICO DE JATO CURTO VENTURI DE 5/16\" , MANGUEIRA DE 1\" COM COMPRESSOR DE AR REBOCÁVEL 189 PCM E MOTOR DIESEL 63 CV - DEPRECIAÇÃO. AF_05/2023","H","7,20"]
[93405,"MÁQUINA JATO DE PRESSAO PORTÁTIL, CAMARA DE 1 SAIDA, CAPACIDADE 280 L, DIAMETRO 670 MM, BICO DE JATO CURTO VENTURI DE 5/16\" , MANGUEIRA DE 1\" COM COMPRESSOR DE AR REBOCÁVEL 189 PCM E MOTOR DIESEL 63 CV - JUROS. AF_05/2023","H","1,96"]
[93406,"MÁQUINA JATO DE PRESSAO PORTÁTIL, CAMARA DE 1 SAIDA, CAPACIDADE 280 L, DIAMETRO 670 MM, BICO DE JATO CURTO VENTURI DE 5/16\" , MANGUEIRA DE 1\" COM COMPRESSOR DE AR REBOCÁVEL 189 PCM E MOTOR DIESEL 63 CV - MANUTENÇÃO. AF_05/2023","H","9,55"]
[93407,"MÁQUINA JATO DE PRESSAO PORTÁTIL, CAMARA DE 1 SAIDA, CAPACIDADE 280 L, DIAMETRO 670 MM, BICO DE JATO CURTO VENTURI DE 5/16\" , MANGUEIRA DE 1\" COM COMPRESSOR DE AR REBOCÁVEL 189 PCM E MOTOR DIESEL 63 CV - MATERIAIS NA OPERAÇÃO. AF_05/2023","H","47,53"]
[93411,"GERADOR PORTÁTIL MONOFÁSICO, POTÊNCIA 5500 VA, MOTOR A GASOLINA, POTÊNCIA DO MOTOR 13 CV - DEPRECIAÇÃO. AF_03/2016","H","0,34"]
[93412,"GERADOR PORTÁTIL MONOFÁSICO, POTÊNCIA 5500 VA, MOTOR A GASOLINA, POTÊNCIA DO MOTOR 13 CV - JUROS. AF_03/2016","H","0,12"]
[93413,"GERADOR PORTÁTIL MONOFÁSICO, POTÊNCIA 5500 VA, MOTOR A GASOLINA, POTÊNCIA DO MOTOR 13 CV - MANUTENÇÃO. AF_03/2016","H","0,30"]
[93414,"GERADOR PORTÁTIL MONOFÁSICO, POTÊNCIA 5500 VA, MOTOR A GASOLINA, POTÊNCIA DO MOTOR 13 CV - MATERIAIS NA OPERAÇÃO. AF_03/2016","H","15,16"]
[93417,"GRUPO GERADOR REBOCÁVEL, POTÊNCIA 66 KVA, MOTOR A DIESEL - DEPRECIAÇÃO. AF_03/2016","H","4,49"]
[93418,"GRUPO GERADOR REBOCÁVEL, POTÊNCIA 66 KVA, MOTOR A DIESEL - JUROS. AF_03/2016","H","1,58"]
[93419,"GRUPO GERADOR REBOCÁVEL, POTÊNCIA 66 KVA, MOTOR A DIESEL - MANUTENÇÃO. AF_03/2016","H","4,01"]
[93420,"GRUPO GERADOR REBOCÁVEL, POTÊNCIA 66 KVA, MOTOR A DIESEL - MATERIAIS NA OPERAÇÃO. AF_03/2016","H","67,59"]
[93423,"GRUPO GERADOR ESTACIONÁRIO, POTÊNCIA 150 KVA, MOTOR A DIESEL- DEPRECIAÇÃO. AF_03/2016","H","6,36"]
[93424,"GRUPO GERADOR ESTACIONÁRIO, POTÊNCIA 150 KVA, MOTOR A DIESEL- JUROS. AF_03/2016","H","2,24"]
[93425,"GRUPO GERADOR ESTACIONÁRIO, POTÊNCIA 150 KVA, MOTOR A DIESEL- MANUTENÇÃO. AF_03/2016","H","5,68"]
[93426,"GRUPO GERADOR ESTACIONÁRIO, POTÊNCIA 150 KVA, MOTOR A DIESEL- MATERIAIS NA OPERAÇÃO. AF_03/2016","H","161,54"]
[93429,"USINA DE MISTURA ASFÁLTICA À QUENTE, TIPO CONTRA FLUXO, PROD 40 A 80 TON/HORA - DEPRECIAÇÃO. AF_05/2023","H","170,00"]
[93430,"USINA DE MISTURA ASFÁLTICA À QUENTE, TIPO CONTRA FLUXO, PROD 40 A 80 TON/HORA - JUROS. AF_05/2023","H","53,72"]
[93431,"USINA DE MISTURA ASFÁLTICA À QUENTE, TIPO CONTRA FLUXO, PROD 40 A 80 TON/HORA - MANUTENÇÃO. AF_05/2023","H","204,00"]
[93432,"USINA DE MISTURA ASFÁLTICA À QUENTE, TIPO CONTRA FLUXO, PROD 40 A 80 TON/HORA - MATERIAIS NA OPERAÇÃO. AF_05/2023","H","2.170,80"]
[93435,"USINA DE ASFALTO À FRIO, CAPACIDADE DE 40 A 60 TON/HORA, ELÉTRICA POTÊNCIA 30 CV - DEPRECIAÇÃO. AF_05/2023","H","10,73"]
[93436,"USINA DE ASFALTO À FRIO, CAPACIDADE DE 40 A 60 TON/HORA, ELÉTRICA POTÊNCIA 30 CV - JUROS. AF_05/2023","H","3,02"]
[93437,"USINA DE ASFALTO À FRIO, CAPACIDADE DE 40 A 60 TON/HORA, ELÉTRICA POTÊNCIA 30 CV - MANUTENÇÃO. AF_05/2023","H","10,73"]
[93438,"USINA DE ASFALTO À FRIO, CAPACIDADE DE 40 A 60 TON/HORA, ELÉTRICA POTÊNCIA 30 CV - MATERIAIS NA OPERAÇÃO. AF_05/2023","H","113,18"]
[95114,"MARTELETE OU ROMPEDOR PNEUMÁTICO MANUAL, 28 KG, COM SILENCIADOR - DEPRECIAÇÃO. AF_07/2016","H","1,82"]
[95115,"MARTELETE OU ROMPEDOR PNEUMÁTICO MANUAL, 28 KG, COM SILENCIADOR - JUROS. AF_07/2016","H","0,42"]
[95116,"USINA DE CONCRETO FIXA, CAPACIDADE NOMINAL DE 90 A 120 M3/H, SEM SILO - DEPRECIAÇÃO. AF_07/2016","H","32,55"]
[95117,"USINA DE CONCRETO FIXA, CAPACIDADE NOMINAL DE 90 A 120 M3/H, SEM SILO - JUROS. AF_07/2016","H","10,04"]
[95118,"USINA MISTURADORA DE SOLOS, CAPACIDADE DE 200 A 500 TON/H, POTENCIA 75KW - DEPRECIAÇÃO. AF_07/2016","H","80,15"]
[95119,"USINA MISTURADORA DE SOLOS, CAPACIDADE DE 200 A 500 TON/H, POTENCIA 75KW - JUROS. AF_07/2016","H","24,72"]
[95120,"USINA MISTURADORA DE SOLOS, CAPACIDADE DE 200 A 500 TON/H, POTENCIA 75KW - MATERIAIS NA OPERAÇÃO. AF_07/2016","H","68,21"]
[95123,"DISTRIBUIDOR DE AGREGADOS AUTOPROPELIDO, CAP 3 M3, A DIESEL, POTÊNCIA 176CV - DEPRECIAÇÃO. AF_07/2016","H","17,87"]
[95124,"DISTRIBUIDOR DE AGREGADOS AUTOPROPELIDO, C/AP 3 M3, A DIESEL, POTÊNCIA 176CV - JUROS. AF_07/2016","H","5,51"]
[95125,"DISTRIBUIDOR DE AGREGADOS AUTOPROPELIDO, CAP 3 M3, A DIESEL, POTÊNCIA 176CV - MANUTENÇÃO. AF_07/2016","H","19,56"]
[95126,"DISTRIBUIDOR DE AGREGADOS AUTOPROPELIDO, CAP 3 M3, A DIESEL, POTÊNCIA 176CV - MATERIAIS NA OPERAÇÃO. AF_07/2016","H","148,39"]
[95129,"MÁQUINA DEMARCADORA DE FAIXA DE TRÁFEGO À FRIO, AUTOPROPELIDA, POTÊNCIA 38 HP - DEPRECIAÇÃO. AF_07/2016","H","47,90"]
[95130,"MÁQUINA DEMARCADORA DE FAIXA DE TRÁFEGO À FRIO, AUTOPROPELIDA, POTÊNCIA 38 HP - JUROS. AF_07/2016","H","17,36"]
[95131,"MÁQUINA DEMARCADORA DE FAIXA DE TRÁFEGO À FRIO, AUTOPROPELIDA, POTÊNCIA 38 HP - MANUTENÇÃO. AF_07/2016","H","56,38"]
[95132,"MÁQUINA DEMARCADORA DE FAIXA DE TRÁFEGO À FRIO, AUTOPROPELIDA, POTÊNCIA 38 HP - MATERIAIS NA OPERAÇÃO. AF_07/2016","H","32,50"]
[95136,"TALHA MANUAL DE CORRENTE, CAPACIDADE DE 2 TON. COM ELEVAÇÃO DE 3 M - DEPRECIAÇÃO. AF_07/2016","H","0,03"]
[95137,"TALHA MANUAL DE CORRENTE, CAPACIDADE DE 2 TON. COM ELEVAÇÃO DE 3 M - JUROS. AF_07/2016","H","0,01"]
[95138,"TALHA MANUAL DE CORRENTE, CAPACIDADE DE 2 TON. COM ELEVAÇÃO DE 3 M - MANUTENÇÃO. AF_07/2016","H","0,02"]
[95208,"GRUA ASCENCIONAL, LANÇA DE 42 M, CAPACIDADE DE 1,5 T A 30 M, ALTURA ATÉ 39 M   DEPRECIAÇÃO. AF_05/2023","H","33,83"]
[95209,"GRUA ASCENCIONAL, LANCA DE 42 M, CAPACIDADE DE 1,5 T A 30 M, ALTURA ATE 39 M   JUROS. AF_05/2023","H","12,51"]
[95210,"GRUA ASCENCIONAL, LANCA DE 42 M, CAPACIDADE DE 1,5 T A 30 M, ALTURA ATE 39 M   MANUTENÇÃO. AF_05/2023","H","33,83"]
[95211,"GRUA ASCENCIONAL, LANCA DE 42 M, CAPACIDADE DE 1,5 T A 30 M, ALTURA ATE 39 M   MATERIAIS NA OPERAÇÃO. AF_05/2023","H","10,00"]
[95217,"PULVERIZADOR DE TINTA ELÉTRICO/MÁQUINA DE PINTURA AIRLESS, VAZÃO 2 L/MIN - MATERIAIS NA OPERAÇÃO. AF_05/2023","H","0,81"]
[95255,"MARTELO DEMOLIDOR PNEUMÁTICO MANUAL, 32 KG - DEPRECIAÇÃO. AF_09/2016","H","1,61"]
[95256,"MARTELO DEMOLIDOR PNEUMÁTICO MANUAL, 32 KG - JUROS. AF_09/2016","H","0,37"]
[95257,"MARTELO DEMOLIDOR PNEUMÁTICO MANUAL, 32 KG - MANUTENÇÃO. AF_09/2016","H","2,02"]
[95260,"COMPACTADOR DE SOLOS DE PERCUSÃO (SOQUETE) COM MOTOR A GASOLINA, POTÊNCIA 3 CV - DEPRECIAÇÃO. AF_09/2016","H","0,66"]
[95261,"COMPACTADOR DE SOLOS DE PERCUSÃO (SOQUETE) COM MOTOR A GASOLINA, POTÊNCIA 3 CV - JUROS. AF_09/2016","H","0,17"]
[95262,"COMPACTADOR DE SOLOS DE PERCUSÃO (SOQUETE) COM MOTOR A GASOLINA, POTÊNCIA 3 CV - MANUTENÇÃO. AF_09/2016","H","0,83"]
[95263,"COMPACTADOR DE SOLOS DE PERCUSÃO (SOQUETE) COM MOTOR A GASOLINA, POTÊNCIA 3 CV - MATERIAIS NA OPERAÇÃO. AF_09/2016","H","4,75"]
[95266,"RÉGUA VIBRATÓRIA DUPLA PARA CONCRETO, PESO DE 60KG, COMPRIMENTO 4 M, COM MOTOR A GASOLINA, POTÊNCIA 5,5 HP - DEPRECIAÇÃO. AF_09/2016","H","0,46"]
[95267,"RÉGUA VIBRATÓRIA DUPLA PARA CONCRETO, PESO DE 60KG, COMPRIMENTO 4 M, COM MOTOR A GASOLINA, POTÊNCIA 5,5 HP - JUROS. AF_09/2016","H","0,09"]
[95268,"RÉGUA VIBRATÓRIA DUPLA PARA CONCRETO, PESO DE 60KG, COMPRIMENTO 4 M, COM MOTOR A GASOLINA, POTÊNCIA 5,5 HP - MANUTENÇÃO. AF_09/2016","H","0,45"]
[95269,"RÉGUA VIBRATÓRIA DUPLA PARA CONCRETO, PESO DE 60KG, COMPRIMENTO 4 M, COM MOTOR A GASOLINA, POTÊNCIA 5,5 HP - MATERIAIS NA OPERAÇÃO. AF_09/2016","H","8,76"]
[95272,"POLIDORA DE PISO (POLITRIZ), PESO DE 100KG, DIÂMETRO 450 MM, MOTOR ELÉTRICO, POTÊNCIA 4 HP - DEPRECIAÇÃO. AF_05/2023","H","0,42"]
[95273,"POLIDORA DE PISO (POLITRIZ), PESO DE 100KG, DIÂMETRO 450 MM, MOTOR ELÉTRICO, POTÊNCIA 4 HP - JUROS. AF_05/2023","H","0,10"]
[95274,"POLIDORA DE PISO (POLITRIZ), PESO DE 100KG, DIÂMETRO 450 MM, MOTOR ELÉTRICO, POTÊNCIA 4 HP - MANUTENÇÃO. AF_05/2023","H","0,35"]
[95275,"POLIDORA DE PISO (POLITRIZ), PESO DE 100KG, DIÂMETRO 450 MM, MOTOR ELÉTRICO, POTÊNCIA 4 HP - MATERIAIS NA OPERAÇÃO. AF_05/2023","H","2,71"]
[95278,"DESEMPENADEIRA DE CONCRETO, PESO DE 78 KG, 4 PÁS, MOTOR A GASOLINA, POTÊNCIA 5,5 HP - DEPRECIAÇÃO. AF_05/2023","H","0,53"]
[95279,"DESEMPENADEIRA DE CONCRETO, PESO DE 78 KG, 4 PÁS, MOTOR A GASOLINA, POTÊNCIA 5,5 HP - JUROS. AF_05/2023","H","0,11"]
[95280,"DESEMPENADEIRA DE CONCRETO, PESO DE 78 KG, 4 PÁS, MOTOR A GASOLINA, POTÊNCIA 5,5 HP - MANUTENÇÃO. AF_05/2023","H","0,53"]
[95281,"DESEMPENADEIRA DE CONCRETO, PESO DE 78 KG, 4 PÁS, MOTOR A GASOLINA, POTÊNCIA 5,5 HP   MATERIAIS NA OPERAÇÃO. AF_05/2023","H","8,74"]
[95617,"PERFURATRIZ PNEUMATICA MANUAL DE PESO MEDIO, MARTELETE, 18KG, COMPRIMENTO MÁXIMO DE CURSO DE 6 M, DIAMETRO DO PISTAO DE 5,5 CM - DEPRECIAÇÃO. AF_11/2016","H","1,32"]
[95618,"PERFURATRIZ PNEUMATICA MANUAL DE PESO MEDIO, MARTELETE, 18KG, COMPRIMENTO MÁXIMO DE CURSO DE 6 M, DIAMETRO DO PISTAO DE 5,5 CM - JUROS. AF_11/2016","H","0,30"]
[95619,"PERFURATRIZ PNEUMATICA MANUAL DE PESO MEDIO, MARTELETE, 18KG, COMPRIMENTO MÁXIMO DE CURSO DE 6 M, DIAMETRO DO PISTAO DE 5,5 CM - MANUTENÇÃO. AF_11/2016","H","1,66"]
[95627,"ROLO COMPACTADOR VIBRATORIO TANDEM, ACO LISO, POTENCIA 125 HP, PESO SEM/COM LASTRO 10,20/11,65 T, LARGURA DE TRABALHO 1,73 M - DEPRECIAÇÃO. AF_11/2016","H","47,95"]
[95628,"ROLO COMPACTADOR VIBRATORIO TANDEM, ACO LISO, POTENCIA 125 HP, PESO SEM/COM LASTRO 10,20/11,65 T, LARGURA DE TRABALHO 1,73 M - JUROS. AF_11/2016","H","12,86"]
[95629,"ROLO COMPACTADOR VIBRATORIO TANDEM, ACO LISO, POTENCIA 125 HP, PESO SEM/COM LASTRO 10,20/11,65 T, LARGURA DE TRABALHO 1,73 M - MANUTENÇÃO. AF_11/2016","H","60,01"]
[95630,"ROLO COMPACTADOR VIBRATORIO TANDEM, ACO LISO, POTENCIA 125 HP, PESO SEM/COM LASTRO 10,20/11,65 T, LARGURA DE TRABALHO 1,73 M - MATERIAIS NA OPERAÇÃO. AF_11/2016","H","89,96"]
[95698,"PERFURATRIZ MANUAL, TORQUE MAXIMO 55 KGF.M, POTENCIA 5 CV, COM DIAMETRO MAXIMO 8 1/2\" - DEPRECIAÇÃO. AF_11/2016","H","5,38"]
[95699,"PERFURATRIZ MANUAL, TORQUE MAXIMO 55 KGF.M, POTENCIA 5 CV, COM DIAMETRO MAXIMO 8 1/2\" - JUROS. AF_11/2016","H","1,24"]
[95700,"PERFURATRIZ MANUAL, TORQUE MAXIMO 55 KGF.M, POTENCIA 5 CV, COM DIAMETRO MAXIMO 8 1/2\" - MANUTENÇÃO. AF_11/2016","H","6,72"]
[95701,"PERFURATRIZ MANUAL, TORQUE MAXIMO 55 KGF.M, POTENCIA 5 CV, COM DIAMETRO MAXIMO 8 1/2\" - MATERIAIS NA OPERAÇÃO. AF_11/2016","H","3,34"]
[95704,"PERFURATRIZ SOBRE ESTEIRA, TORQUE MÁXIMO 600 KGF, POTÊNCIA ENTRE 50 E 60 HP, DIÂMETRO MÁXIMO 10\" - DEPRECIAÇÃO. AF_11/2016","H","44,25"]
[95705,"PERFURATRIZ SOBRE ESTEIRA, TORQUE MÁXIMO 600 KGF, POTÊNCIA ENTRE 50 E 60 HP, DIÂMETRO MÁXIMO 10\" - JUROS. AF_11/2016","H","11,87"]
[95706,"PERFURATRIZ SOBRE ESTEIRA, TORQUE MÁXIMO 600 KGF, POTÊNCIA ENTRE 50 E 60 HP, DIÂMETRO MÁXIMO 10\" - MANUTENÇÃO. AF_11/2016","H","55,37"]
[95707,"PERFURATRIZ SOBRE ESTEIRA, TORQUE MÁXIMO 600 KGF, POTÊNCIA ENTRE 50 E 60 HP, DIÂMETRO MÁXIMO 10\" - MATERIAIS NA OPERAÇÃO. AF_11/2016","H","4,38"]
[95716,"ESCAVADEIRA HIDRAULICA SOBRE ESTEIRA, EQUIPADA COM CLAMSHELL, COM CAPACIDADE DA CAÇAMBA ENTRE 1,20 E 1,50 M3, PESO OPERACIONAL ENTRE 20,00 E 22,00 TON, POTENCIA LIQUIDA ENTRE 150 E 160 HP - DEPRECIAÇÃO. AF_11/2016","H","51,20"]
[95717,"ESCAVADEIRA HIDRAULICA SOBRE ESTEIRA, EQUIPADA COM CLAMSHELL, COM CAPACIDADE DA CAÇAMBA ENTRE 1,20 E 1,50 M3, PESO OPERACIONAL ENTRE 20,00 E 22,00 TON, POTENCIA LIQUIDA ENTRE 150 E 160 HP - JUROS. AF_11/2016","H","13,53"]
[95718,"ESCAVADEIRA HIDRAULICA SOBRE ESTEIRA, EQUIPADA COM CLAMSHELL, COM CAPACIDADE DA CAÇAMBA ENTRE 1,20 E 1,50 M3, PESO OPERACIONAL ENTRE 20,00 E 22,00 TON, POTENCIA LIQUIDA ENTRE 150 E 160 HP - MANUTENÇÃO. AF_11/2016","H","64,00"]
[95719,"ESCAVADEIRA HIDRAULICA SOBRE ESTEIRA, EQUIPADA COM CLAMSHELL, COM CAPACIDADE DA CAÇAMBA ENTRE 1,20 E 1,50 M3, PESO OPERACIONAL ENTRE 20,00 E 22,00 TON, POTENCIA LIQUIDA ENTRE 150 E 160 HP - MATERIAIS NA OPERAÇÃO. AF_11/2016","H","90,63"]
[95869,"GRUPO GERADOR COM CARENAGEM, MOTOR DIESEL POTÊNCIA STANDART ENTRE 250 E 260 KVA - JUROS. AF_12/2016","H","3,58"]
[95870,"GRUPO GERADOR COM CARENAGEM, MOTOR DIESEL POTÊNCIA STANDART ENTRE 250 E 260 KVA - MANUTENÇÃO. AF_12/2016","H","9,08"]
[95871,"GRUPO GERADOR COM CARENAGEM, MOTOR DIESEL POTÊNCIA STANDART ENTRE 250 E 260 KVA - MATERIAIS NA OPERAÇÃO. AF_12/2016","H","275,20"]
[95874,"GRUPO GERADOR COM CARENAGEM, MOTOR DIESEL POTÊNCIA STANDART ENTRE 250 E 260 KVA - DEPRECIAÇÃO. AF_12/2016","H","10,17"]
[96008,"TRATOR DE PNEUS COM POTÊNCIA DE 122 CV, TRAÇÃO 4X4, COM VASSOURA MECÂNICA ACOPLADA - DEPRECIAÇÃO. AF_02/2017","H","23,52"]
[96009,"TRATOR DE PNEUS COM POTÊNCIA DE 122 CV, TRAÇÃO 4X4, COM VASSOURA MECÂNICA ACOPLADA - JUROS. AF_02/2017","H","6,30"]
[96011,"TRATOR DE PNEUS COM POTÊNCIA DE 122 CV, TRAÇÃO 4X4, COM VASSOURA MECÂNICA ACOPLADA - MANUTENÇÃO. AF_02/2017","H","25,73"]
[96012,"TRATOR DE PNEUS COM POTÊNCIA DE 122 CV, TRAÇÃO 4X4, COM VASSOURA MECÂNICA ACOPLADA - MATERIAIS NA OPERAÇÃO. AF_02/2017","H","97,44"]
[96015,"TRATOR DE PNEUS COM POTÊNCIA DE 122 CV, TRAÇÃO 4X4, COM GRADE DE DISCOS ACOPLADA - DEPRECIAÇÃO. AF_02/2017","H","23,32"]
[96016,"TRATOR DE PNEUS COM POTÊNCIA DE 122 CV, TRAÇÃO 4X4, COM GRADE DE DISCOS ACOPLADA - JUROS. AF_02/2017","H","6,25"]
[96018,"TRATOR DE PNEUS COM POTÊNCIA DE 122 CV, TRAÇÃO 4X4, COM GRADE DE DISCOS ACOPLADA - MANUTENÇÃO. AF_02/2017","H","25,51"]
[96019,"TRATOR DE PNEUS COM POTÊNCIA DE 122 CV, TRAÇÃO 4X4, COM GRADE DE DISCOS ACOPLADA - MATERIAIS NA OPERAÇÃO. AF_02/2017","H","97,44"]
[96023,"TRATOR DE PNEUS COM POTÊNCIA DE 85 CV, TRAÇÃO 4X4, COM GRADE DE DISCOS ACOPLADA - DEPRECIAÇÃO. AF_02/2017","H","17,98"]
[96024,"TRATOR DE PNEUS COM POTÊNCIA DE 85 CV, TRAÇÃO 4X4, COM GRADE DE DISCOS ACOPLADA - JUROS. AF_02/2017","H","4,82"]
[96026,"TRATOR DE PNEUS COM POTÊNCIA DE 85 CV, TRAÇÃO 4X4, COM GRADE DE DISCOS ACOPLADA - MANUTENÇÃO. AF_02/2017","H","19,67"]
[96027,"TRATOR DE PNEUS COM POTÊNCIA DE 85 CV, TRAÇÃO 4X4, COM GRADE DE DISCOS ACOPLADA - MATERIAIS NA OPERAÇÃO. AF_02/2017","H","67,89"]
[96030,"CAMINHÃO BASCULANTE 10 M3, TRUCADO, POTÊNCIA 230 CV, INCLUSIVE CAÇAMBA METÁLICA, COM DISTRIBUIDOR DE AGREGADOS ACOPLADO - DEPRECIAÇÃO. AF_02/2017","H","33,26"]
[96031,"CAMINHÃO BASCULANTE 10 M3, TRUCADO, POTÊNCIA 230 CV, INCLUSIVE CAÇAMBA METÁLICA, COM DISTRIBUIDOR DE AGREGADOS ACOPLADO - JUROS. AF_02/2017","H","12,52"]
[96032,"CAMINHÃO BASCULANTE 10 M3, TRUCADO, POTÊNCIA 230 CV, INCLUSIVE CAÇAMBA METÁLICA, COM DISTRIBUIDOR DE AGREGADOS ACOPLADO - IMPOSTOS E SEGUROS. AF_02/2017","H","5,03"]
[96033,"CAMINHÃO BASCULANTE 10 M3, TRUCADO, POTÊNCIA 230 CV, INCLUSIVE CAÇAMBA METÁLICA, COM DISTRIBUIDOR DE AGREGADOS ACOPLADO - MANUTENÇÃO. AF_02/2017","H","56,95"]
[96034,"CAMINHÃO BASCULANTE 10 M3, TRUCADO, POTÊNCIA 230 CV, INCLUSIVE CAÇAMBA METÁLICA, COM DISTRIBUIDOR DE AGREGADOS ACOPLADO - MATERIAIS NA OPERAÇÃO. AF_02/2017","H","142,91"]
[96053,"TRATOR DE PNEUS COM POTÊNCIA DE 85 CV, TRAÇÃO 4X4, COM VASSOURA MECÂNICA ACOPLADA - DEPRECIAÇÃO. AF_03/2017","H","18,18"]
[96054,"MINICARREGADEIRA SOBRE RODAS POTENCIA 47HP CAPACIDADE OPERACAO 646 KG, COM VASSOURA MECÂNICA ACOPLADA - DEPRECIAÇÃO. AF_03/2017","H","29,69"]
[96055,"TRATOR DE PNEUS COM POTÊNCIA DE 85 CV, TRAÇÃO 4X4, COM VASSOURA MECÂNICA ACOPLADA - JUROS. AF_03/2017","H","4,87"]
[96056,"TRATOR DE PNEUS COM POTÊNCIA DE 85 CV, TRAÇÃO 4X4, COM VASSOURA MECÂNICA ACOPLADA - MANUTENÇÃO. AF_03/2017","H","19,89"]
[96057,"TRATOR DE PNEUS COM POTÊNCIA DE 85 CV, TRAÇÃO 4X4, COM VASSOURA MECÂNICA ACOPLADA - MATERIAIS NA OPERAÇÃO. AF_03/2017","H","67,89"]
[96060,"MINICARREGADEIRA SOBRE RODAS POTENCIA 47HP CAPACIDADE OPERACAO 646 KG, COM VASSOURA MECÂNICA ACOPLADA - JUROS. AF_03/2017","H","5,79"]
[96061,"MINICARREGADEIRA SOBRE RODAS POTENCIA 47HP CAPACIDADE OPERACAO 646 KG, COM VASSOURA MECÂNICA ACOPLADA - MANUTENÇÃO. AF_03/2017","H","37,12"]
[96062,"MINICARREGADEIRA SOBRE RODAS POTENCIA 47HP CAPACIDADE OPERACAO 646 KG, COM VASSOURA MECÂNICA ACOPLADA - MATERIAIS NA OPERAÇÃO. AF_03/2017","H","40,15"]
[96241,"MINIESCAVADEIRA SOBRE ESTEIRAS, POTENCIA LIQUIDA DE *30* HP, PESO OPERACIONAL DE *3.500* KG - DEPRECIACAO. AF_04/2017","H","25,92"]
[96242,"MINIESCAVADEIRA SOBRE ESTEIRAS, POTENCIA LIQUIDA DE *30* HP, PESO OPERACIONAL DE *3.500* KG - JUROS. AF_04/2017","H","6,85"]
[96243,"MINIESCAVADEIRA SOBRE ESTEIRAS, POTENCIA LIQUIDA DE *30* HP, PESO OPERACIONAL DE *3.500* KG - MANUTENCAO. AF_04/2017","H","32,40"]
[96244,"MINIESCAVADEIRA SOBRE ESTEIRAS, POTENCIA LIQUIDA DE *30* HP, PESO OPERACIONAL DE *3.500* KG - MATERIAIS NA OPERACAO. AF_04/2017","H","17,54"]
[96301,"PERFURATRIZ ROTATIVA SOBRE ESTEIRA, TORQUE MAXIMO 2500 KGM, POTENCIA 110 HP, MOTOR DIESEL - MATERIAIS NA OPERAÇÃO. AF_05/2017","H","49,50"]
[96457,"ROLO COMPACTADOR DE PNEUS, ESTATICO, PRESSAO VARIAVEL, POTENCIA 110 HP, PESO SEM/COM LASTRO 10,8/27 T, LARGURA DE ROLAGEM 2,30 M - MATERIAIS NA OPERACAO. AF_06/2017","H","64,34"]
[96458,"ROLO COMPACTADOR DE PNEUS, ESTATICO, PRESSAO VARIAVEL, POTENCIA 110 HP, PESO SEM/COM LASTRO 10,8/27 T, LARGURA DE ROLAGEM 2,30 M - MANUTENCAO. AF_06/2017","H","66,55"]
[96459,"ROLO COMPACTADOR DE PNEUS, ESTATICO, PRESSAO VARIAVEL, POTENCIA 110 HP, PESO SEM/COM LASTRO 10,8/27 T, LARGURA DE ROLAGEM 2,30 M - JUROS. AF_06/2017","H","14,26"]
[96460,"ROLO COMPACTADOR DE PNEUS, ESTATICO, PRESSAO VARIAVEL, POTENCIA 110 HP, PESO SEM/COM LASTRO 10,8/27 T, LARGURA DE ROLAGEM 2,30 M - DEPRECIAÇÃO. AF_06/2017","H","53,18"]
[98760,"INVERSOR DE SOLDA MONOFÁSICO DE 160 A, POTÊNCIA DE 5400 W, TENSÃO DE 220 V, PARA SOLDA COM ELETRODOS DE 2,0 A 4,0 MM E PROCESSO TIG - DEPRECIAÇÃO. AF_06/2018","H","0,08"]
[98761,"INVERSOR DE SOLDA MONOFÁSICO DE 160 A, POTÊNCIA DE 5400 W, TENSÃO DE 220 V, PARA SOLDA COM ELETRODOS DE 2,0 A 4,0 MM E PROCESSO TIG - JUROS. AF_06/2018","H","0,01"]
[98762,"INVERSOR DE SOLDA MONOFÁSICO DE 160 A, POTÊNCIA DE 5400 W, TENSÃO DE 220 V, PARA SOLDA COM ELETRODOS DE 2,0 A 4,0 MM E PROCESSO TIG - MANUTENÇÃO. AF_06/2018","H","0,10"]
[98763,"INVERSOR DE SOLDA MONOFÁSICO DE 160 A, POTÊNCIA DE 5400 W, TENSÃO DE 220 V, PARA SOLDA COM ELETRODOS DE 2,0 A 4,0 MM E PROCESSO TIG - MATERIAIS NA OPERAÇÃO. AF_06/2018","H","4,91"]
[99829,"LAVADORA DE ALTA PRESSAO (LAVA-JATO) PARA AGUA FRIA, PRESSAO DE OPERACAO ENTRE 1400 E 1900 LIB/POL2, VAZAO MAXIMA ENTRE 400 E 700 L/H - DEPRECIAÇÃO. AF_05/2023","H","0,19"]
[99830,"LAVADORA DE ALTA PRESSAO (LAVA-JATO) PARA AGUA FRIA, PRESSAO DE OPERACAO ENTRE 1400 E 1900 LIB/POL2, VAZAO MAXIMA ENTRE 400 E 700 L/H - JUROS. AF_05/2023","H","0,04"]
[99831,"LAVADORA DE ALTA PRESSAO (LAVA-JATO) PARA AGUA FRIA, PRESSAO DE OPERACAO ENTRE 1400 E 1900 LIB/POL2, VAZAO MAXIMA ENTRE 400 E 700 L/H - MANUTENÇÃO. AF_05/2023","H","0,14"]
[99832,"LAVADORA DE ALTA PRESSAO (LAVA-JATO) PARA AGUA FRIA, PRESSAO DE OPERACAO ENTRE 1400 E 1900 LIB/POL2, VAZAO MAXIMA ENTRE 400 E 700 L/H - MATERIAIS NA OPERAÇÃO. AF_05/2023","H","2,00"]
[100637,"USINA DE MISTURA ASFÁLTICA À QUENTE, TIPO CONTRA FLUXO, PROD 100 A 140 TON/HORA - DEPRECIAÇÃO. AF_12/2019","H","214,66"]
[100638,"USINA DE MISTURA ASFÁLTICA À QUENTE, TIPO CONTRA FLUXO, PROD 100 A 140 TON/HORA - JUROS. AF_12/2019","H","65,98"]
[100639,"USINA DE MISTURA ASFÁLTICA À QUENTE, TIPO CONTRA FLUXO, PROD 100 A 140 TON/HORA - MANUTENÇÃO. AF_12/2019","H","268,53"]
[100640,"USINA DE MISTURA ASFÁLTICA À QUENTE, TIPO CONTRA FLUXO, PROD 100 A 140 TON/HORA - MATERIAIS NA OPERAÇÃO. AF_12/2019","H","4.341,60"]
[100643,"USINA DE ASFALTO, TIPO GRAVIMÉTRICA, PROD 150 TON/HORA - DEPRECIAÇÃO. AF_12/2019","H","439,84"]
[100644,"USINA DE ASFALTO, TIPO GRAVIMÉTRICA, PROD 150 TON/HORA - JUROS. AF_12/2019","H","155,04"]
[100645,"USINA DE ASFALTO, TIPO GRAVIMÉTRICA, PROD 150 TON/HORA - MANUTENÇÃO. AF_12/2019","H","707,05"]
[100646,"USINA DE ASFALTO, TIPO GRAVIMÉTRICA, PROD 150 TON/HORA - MATERIAIS NA OPERAÇÃO. AF_12/2019","H","5.427,00"]
[102270,"MARTELO DEMOLIDOR ELÉTRICO, COM POTÊNCIA DE 2.000 W, 1.000 IMPACTOS POR MINUTO, PESO DE 30 KG - DEPRECIAÇÃO. AF_01/2021","H","0,79"]
[102271,"MARTELO DEMOLIDOR ELÉTRICO, COM POTÊNCIA DE 2.000 W, 1.000 IMPACTOS POR MINUTO, PESO DE 30 KG - JUROS. AF_01/2021","H","0,18"]
[102272,"MARTELO DEMOLIDOR ELÉTRICO, COM POTÊNCIA DE 2.000 W, 1.000 IMPACTOS POR MINUTO, PESO DE 30 KG - MANUTENÇÃO. AF_01/2021","H","0,99"]
[102273,"MARTELO DEMOLIDOR ELÉTRICO, COM POTÊNCIA DE 2.000 W, 1.000 IMPACTOS POR MINUTO, PESO DE 30 KG - MATERIAIS NA OPERAÇÃO. AF_01/2021","H","1,81"]
[102809,"CALDEIRA A GÁS COM TERMOSTATO, CAPACIDADE 100 LITROS - MATERIAIS NA OPERAÇÃO. AF_05/2023","H","19,04"]
[102815,"CENTRAL DE LAMA BENTONÍTICA (DEPÓSITO DE BENTONITA, MISTURADOR DE ALTA TURBULÊNCIA, SILOS DE ARMAZENAMENTO DE LAMA E ÁGUA, LABORATÓRIO DE CONTROLE DE QUALIDADE DA LAMA) - MATERIAIS NA OPERAÇÃO. AF_04/2019","H","3,63"]
[102826,"CONJUNTO MACACO E BOMBA HIDRÁULICA PARA PROTENSAO DE CORDOALHAS, ESFORÇO MAXIMO DE 115 TONELADAS - MATERIAIS NA OPERAÇÃO. AF_05/2023","H","6,82"]
[102832,"CONJUNTO CILINDRO E BOMBA HIDRÁULICA PARA PROTENSÃO DE MONOBARRAS PARA TIRANTES, ESFORÇO MÁXIMO DE 30 TONELADAS  - MATERIAIS NA OPERAÇÃO. AF_05/2023","H","9,09"]
[102843,"GUINDASTE HIDRAULICO AUTOPROPELIDO, COM LANÇA TRELIÇADA 40 M, CAPACIDADE MÁXIMA 75 T, EQUIPADO COM CLAMSHELL - MATERIAIS NA OPERAÇÃO. AF_04/2019","H","135,67"]
[102849,"GUINDASTE SOBRE ESTEIRAS, COM LANÇA TRELIÇADA 40 M, CAPACIDADE MÁXIMA 75 T - MATERIAIS NA OPERAÇÃO. AF_04/2019","H","66,33"]
[102855,"GUINDASTE SOBRE ESTEIRAS, COM LANÇA TRELIÇADA 40 M, CAPACIDADE MÁXIMA 75 T, EQUIPADO COM CLAMSHELL - MATERIAIS NA OPERAÇÃO. AF_04/2019","H","66,33"]
[102861,"MÁQUINA FORMER DOBRAS DIVERSAS: 220V/380V TRIFÁSICO OU MONOFÁSICO, CAPACIDADE 0,5-1,27MM, MOTOR 2CV - MATERIAIS NA OPERAÇÃO. AF_05/2023","H","1,33"]
[102867,"MÁQUINA SOLDA ARCO COM PISTOLA DE SOLDAGEM PARA STUD BOLT DE 5 MM A 22 MM - MATERIAIS NA OPERAÇÃO. AF_05/2023","H","0,72"]
[102873,"PERFURATRIZ HIDRÁULICA SOBRE ESTEIRA, TORQUE MÁXIMO 161 KNM, PROFUNDIDADE MÁXIMA 54 M, DIÂMETRO MÁXIMO 1500 MM, POTÊNCIA MOTOR 268 HP - MATERIAIS NA OPERAÇÃO. AF_04/2019","H","120,53"]
[102879,"PERFURATRIZ PARA EXECUÇÃO DE ESTACAS SECANTES, TIPO HÉLICE CONTÍNUA COM CABEÇOTE DUPLO E TUBO METÁLICO - MATERIAIS NA OPERAÇÃO. AF_04/2019","H","180,90"]
[102885,"PLATAFORMA ELEVATÓRIA - MATERIAIS NA OPERAÇÃO. AF_04/2019","H","1,36"]
[102891,"PÓRTICO ROLANTE MONOVIGA, PERFIL I, 4 PERNAS, CAPACIDADE 5 T  - MATERIAIS NA OPERAÇÃO. AF_04/2019","H","1,36"]
[102897,"ESCAVADEIRA HIDRÁULICA SOBRE ESTEIRA, PESO OPERACIONAL ENTRE 22,00 E 23,50 T, POTÊNCIA NOMINAL 139 HP, COM MARTELO ROMPEDOR HIDRÁULICO 1700 KG - MATERIAIS NA OPERAÇÃO. AF_04/2019","H","90,63"]
[102903,"TORRE, COMPOSTA POR GUINCHO MECÂNICO, GUINCHO MANUAL, CABOS DE AÇO, PITEIRA E SOQUETE  - MATERIAIS NA OPERAÇÃO. AF_05/2023","H","11,75"]
[102909,"UNIDADE DOSADORA AIRLESS TIPO HOT SPRAY - MATERIAIS NA OPERAÇÃO. AF_05/2023","H","4,36"]
[102915,"ENCERADEIRA INDUSTRIAL, 400 MM, 220V, 1 HP - MATERIAIS NA OPERAÇÃO. AF_05/2023","H","0,67"]
[102927,"SERRA FITA HORIZONTAL, ELÉTRICA, COM CONTROLE HIDRÁULICO, PAINEL DE COMANDO EM 24 V, MOTOR ELÉTRICO 1,5 CV, DIMENSÕES DA FITA 3880 X 27 X 0,9 MM, TRIFÁSICA - MATERIAIS NA OPERAÇÃO. AF_05/2023","H","1,00"]
[102933,"FURADEIRA ELETROMAGNÉTICA, VELOCIDADE (SEM CARGA/ COM CARGA) 450/ 270 RPM, ESPESSURA MÁXIMA DA CHAPA A SER FURADA 50 MM, PORÇA DE ADESÃO MAGNÉTICA 17000 N, POTÊNCIA 1100 W, ALIMENTÇÃO 220 - 60 HZ, MONOFÁSICA - MATERIAIS NA OPERAÇÃO. AF_08/2019","H","1,00"]
[102939,"MÁQUINA METALEIRA UNIVERSAL MODELO IW 110/180 BTD - MATERIAIS NA OPERAÇÃO. AF_05/2023","H","10,00"]
[102945,"TARTARUGA DE OXICORTE CG1, MONOFÁSICA, 220 V, FREQUÊNCIA 50 HZ, VELOCIDADE DE CORTE (MM/MIN) 50 A 750, DIÂMETRO MÍNIMO DO COMPASSO MM 200 - MATERIAIS NA OPERAÇÃO. AF_05/2023","H","0,03"]
[102951,"BETONEIRA CAPACIDADE NOMINAL DE 250 L, CAPACIDADE DE MISTURA DE 175 L, MOTOR ELÉTRICO MONOFÁSICO POTÊNCIA 1CV - MATERIAIS NA OPERAÇÃO. AF_05/2023","H","0,66"]
[102957,"RETROESCAVADEIRA SOBRE RODAS COM CARREGADEIRA , PESO OPERACIONAL MÍN. 6,674, POTÊNCIA LÍQ 88 HP, COM MARTELO ROMPEDOR HIDRÁULICO ENTRE  275 A 362 KG - MATERIAIS NA OPERAÇÃO. AF_02/2021","H","51,43"]
[102963,"PERFURATRIZ HIDRÁULICA SOBRE ESTEIRA, TORQUE MÁXIMO 98 KNM, PROFUNDIDADE MÁXIMA 25 M, DIÂMETRO MÁXIMO 115 MM, POTÊNCIA MOTOR 190 HP - MATERIAIS NA OPERAÇÃO. AF_02/2021","H","85,44"]
[102969,"COMPRESSOR DE AR, VAZAO DE 10 PCM, RESERVATORIO 100 L, PRESSAO DE TRABALHO ENTRE 6,9 E 9,7 BAR, POTENCIA 2 HP, TENSAO 110/220 V - MATERIAIS NA OPERAÇÃO. AF_05/2023","H","1,35"]
[102985,"MÁQUINA DEMARCADORA DE FAIXA DE TRÁFEGO À FRIO, TRAÇÃO MANUAL, 4 CV, PRESSÃO MAX 3300 PSI, TANQUE 20 L - MATERIAIS NA OPERAÇÃO. AF_06/2021","H","3,01"]
[103156,"MÁQUINA PARA SOLDA POR ELETROFUSÃO PARA TUBOS DE POLIETILENO DE ALTA DENSIDADE (PEAD) COM DIÂMETRO EXTERNO DE 20 A 800 MM, POTÊNCIA ENTRE 2750 E 3000 W - MATERIAIS NA OPERAÇÃO. AF_05/2023","H","2,61"]
[103162,"MÁQUINA PARA SOLDA POR ELETROFUSÃO PARA TUBOS DE POLIETILENO DE ALTA DENSIDADE (PEAD) COM DIÂMETRO EXTERNO DE 20 A 1600 MM, POTÊNCIA DE 3500 W - MATERIAIS NA OPERAÇÃO. AF_05/2023","H","3,18"]
[103168,"MÁQUINA PARA SOLDA POR TERMOFUSÃO PARA TUBOS DE POLIETILENO DE ALTA DENSIDADE (PEAD) COM DIÂMETRO EXTERNO DE 90 A 315 MM, POTÊNCIA ENTRE 2500 E 5350 W - MATERIAIS NA OPERAÇÃO. AF_05/2023","H","3,56"]
[103174,"MÁQUINA PARA SOLDA POR TERMOFUSÃO PARA TUBOS DE POLIETILENO DE ALTA DENSIDADE (PEAD) COM DIÂMETRO EXTERNO DE 315 A 630 MM, POTÊNCIA ENTRE 8000 E 12350 W - MATERIAIS NA OPERAÇÃO. AF_05/2023","H","9,25"]
[103180,"MÁQUINA PARA SOLDA POR TERMOFUSÃO PARA TUBOS DE POLIETILENO DE ALTA DENSIDADE (PEAD) COM DIÂMETRO EXTERNO DE 710 A 1200 MM, POTÊNCIA ENTRE 16000 E 29500 W - MATERIAIS NA OPERAÇÃO. AF_05/2023","H","20,69"]
[103223,"PERFURATRIZ PARA FURO DIRECIONAL HORIZONTAL (HDD) COM CAPACIDADE ATÉ 89 KN, POTÊNCIA 24,8 HP A 80 HP (INCLUSO FERRAMENTAS E LOCALIZADOR) - MATERIAIS NA OPERAÇÃO. AF_05/2023","H","35,35"]
[103229,"PERFURATRIZ PARA FURO DIRECIONAL HORIZONTAL (HDD) COM CAPACIDADE DE 90 KN A 200 KN, POTÊNCIA 100 HP A 160 HP (INCLUSO FERRAMENTAS E LOCALIZADOR) - MATERIAIS NA OPERAÇÃO. AF_05/2023","H","97,84"]
[103235,"PERFURATRIZ PARA FURO DIRECIONAL HORIZONTAL (HDD) COM CAPACIDADE DE 201 KN A 560 KN, POTÊNCIA 200 HP A 260 HP (INCLUSO FERRAMENTAS E LOCALIZADOR) - MATERIAIS NA OPERAÇÃO. AF_05/2023","H","103,46"]
[103241,"MISTURADOR PARA PREPARO DE LAMA ESTABILIZANTE COM CAPACIDADE DE *4000* L, COM BOMBA CENTRÍFUGA 5,5 HP A 23,07 HP, PARA SISTEMA DE FURO DIRECIONAL - MATERIAIS NA OPERAÇÃO. AF_05/2023","H","9,69"]
[103660,"VARREDEIRA DE GRAMA SINTÉTICA A GASOLINA, 2,4 CV, 4 TEMPOS - MATERIAIS NA OPERAÇÃO. AF_05/2023","H","11,83"]
[103666,"BATE ESTACA PARA INSTALAÇÃO DE DEFENSAS METÁLICAS (GUARD RAIL) FIXO, INCLUSIVE CAMINHÃO TOCO PBT 9.700 KG, POTÊNCIA DE 160 CV - MATERIAIS NA OPERAÇÃO. AF_05/2023","H","162,32"]
[103792,"MINI GUINDASTE ARANHA SOBRE ESTEIRAS E LANCA TELESCÓPICA, CAPACIDADE MÁXIMA DE CARGA 3,0 TON, RAIO MÁXIMO DE TRABALHO 8,25 M, ALTURA DE LANÇA DO SOLO 9,2 M, 55 M DE CABO DE AÇO 8 MM, MOTOR ELÉTRICO 220/380 VOLTS - MATERIAIS NA OPERAÇÃO. AF_03/2022","H","0,29"]
[103937,"CONJUNTO MACACO HIDRÁULICO E CENTRAL DE BOMBEAMENTO MOTORIZADO 1,8 KW PARA PROTENSÃO DE MONOCABOS PARA CONCRETO PROTENDIDO, ESFORÇO MÁXIMO DE 20 TONELADAS  - MATERIAIS NA OPERAÇÃO. AF_05/2022","H","1,63"]
[103943,"CONJUNTO MACACO HIDRÁULICO E CENTRAL DE BOMBEAMENTO MOTORIZADO 1,8 KW PARA PROTENSÃO DE MONOCABOS PARA CONCRETO PROTENDIDO, ESFORÇO MÁXIMO DE 30 TONELADAS  - MATERIAIS NA OPERAÇÃO. AF_05/2022","H","1,63"]
[104087,"TERMOFUSORA PARA TUBOS E CONEXÕES EM PPR COM DIÂMETROS DE 20 A 63 MM, POTÊNCIA DE 800 W, TENSAO 220 V - DEPRECIAÇÃO. AF_05/2022","H","0,07"]
[104088,"TERMOFUSORA PARA TUBOS E CONEXÕES EM PPR COM DIÂMETROS DE 20 A 63 MM, POTÊNCIA DE 800 W, TENSAO 220 V - JUROS. AF_05/2022","H","0,01"]
[104089,"TERMOFUSORA PARA TUBOS E CONEXÕES EM PPR COM DIÂMETROS DE 20 A 63 MM, POTÊNCIA DE 800 W, TENSAO 220 V - MANUTENÇÃO. AF_05/2022","H","0,09"]
[104090,"TERMOFUSORA PARA TUBOS E CONEXÕES EM PPR COM DIÂMETROS DE 20 A 63 MM, POTÊNCIA DE 800 W, TENSAO 220 V - MATERIAIS NA OPERAÇÃO. AF_05/2022","H","0,72"]
[104093,"TERMOFUSORA PARA TUBOS E CONEXÕES EM PPR COM DIÂMETROS DE 75 A 110 MM, POTÊNCIA DE *1100* W, TENSÃO 220 V - DEPRECIAÇÃO. AF_05/2022","H","0,10"]
[104094,"TERMOFUSORA PARA TUBOS E CONEXÕES EM PPR COM DIÂMETROS DE 75 A 110 MM, POTÊNCIA DE *1100* W, TENSÃO 220 V - JUROS. AF_05/2022","H","0,02"]
[104095,"TERMOFUSORA PARA TUBOS E CONEXÕES EM PPR COM DIÂMETROS DE 75 A 110 MM, POTÊNCIA DE *1100* W, TENSÃO 220 V - MANUTENÇÃO. AF_05/2022","H","0,13"]
[104096,"TERMOFUSORA PARA TUBOS E CONEXÕES EM PPR COM DIÂMETROS DE 75 A 110 MM, POTÊNCIA DE *1100* W, TENSÃO 220 V - MATERIAIS NA OPERAÇÃO. AF_05/2022","H","1,00"]
[104519,"LIXADEIRA DE PAREDE, COM LED, POTÊNCIA 750 W, FREQUÊNCIA 60 HZ, VELOCIDADE 1000 A 2100 RPM, DIÂMETRO DA LIXA 225 MM - MATERIAIS NA OPERAÇÃO. AF_12/2022","H","0,68"]
[104655,"MARTELETE PERFURADOR/ ROMPEDOR ELÉTRICO, POTÊNCIA 800 W, 220 V - MATERIAIS NA OPERAÇÃO. AF_05/2023","H","0,72"]
[104687,"GRUPO GERADOR DIESEL, COM CARENAGEM, POTÊNCIA STANDART ENTRE 400 E 460 KVA, VELOCIDADE DE 1800 RPM, FREQUÊNCIA DE 60 HZ - MATERIAIS NA OPERAÇÃO. AF_05/2023","H","452,97"]
[104694,"PERFURATRIZ DE COROA DIAMANTADA PARA CONCRETO, DIÂMETRO ATÉ 250 MM, MOTOR ELÉTRICO 220 V, POTÊNCIA 2.500 W - MATERIAIS NA OPERAÇÃO. AF_05/2023","H","2,27"]
[104703,"CAMINHÃO TANQUE PARA HIDROSSEMEADURA, COM CAPACIDADE DE 8.000 LITROS, INCLUINDO BOMBA PARA LANÇAMENTO COM MOTOR DIESEL COM POTÊNCIA DE 105 CV - MATERIAIS NA OPERAÇÃO. AF_06/2023","H","93,22"]
[104709,"GUINDASTE HIDRÁULICO AUTOPROPELIDO, COM LANÇA TRELICADA 41 M, CAPACIDADE MÁXIMA DE ELEVAÇÃO 43 T, POTÊNCIA 230 KW, EQUIPADO COM CAÇAMBA DE ARRASTO (DRAGLINE) DE 0,76 M3 - MATERIAIS NA OPERAÇÃO. AF_06/2023","H","1.178,86"]
[104715,"ESCAVADEIRA HIDRÁULICA DE BRAÇO LONGO (LONGO ALCANCE) SOBRE ESTEIRAS, CAÇAMBA 0,52 M3, PESO OPERACIONAL 24 T, POTÊNCIA LÍQUIDA 155 HP  - MATERIAIS NA OPERAÇÃO. AF_06/2023","H","90,63"]
[104906,"GUINDASTE HIDRÁULICO RODOVIÁRIO, LANCA TELESCÓPICA DE *50+20* M, CAPACIDADE MÁXIMA DE 90T, 4 EIXOS, POTÊNCIA 330 KW, MOTOR DIESEL - MATERIAIS NA OPERAÇÃO. AF_01/2024","H","99,49"]
[104912,"GUINDASTE DERRICK, LANÇA DE *20* M, CARGA MÁXIMA 10T, POTÊNCIA 45 KW - MATERIAIS NA OPERAÇÃO. AF_01/2024","H","40,92"]
[92259,"INSTALAÇÃO DE TESOURA (INTEIRA OU MEIA), BIAPOIADA, EM MADEIRA NÃO APARELHADA, PARA VÃOS MAIORES OU IGUAIS A 3,0 M E MENORES QUE 6,0 M, INCLUSO IÇAMENTO. AF_07/2019","UN","433,01"]
[92260,"INSTALAÇÃO DE TESOURA (INTEIRA OU MEIA), BIAPOIADA, EM MADEIRA NÃO APARELHADA, PARA VÃOS MAIORES OU IGUAIS A 6,0 M E MENORES QUE 8,0 M, INCLUSO IÇAMENTO. AF_07/2019","UN","493,39"]
[92261,"INSTALAÇÃO DE TESOURA (INTEIRA OU MEIA), BIAPOIADA, EM MADEIRA NÃO APARELHADA, PARA VÃOS MAIORES OU IGUAIS A 8,0 M E MENORES QUE 10,0 M, INCLUSO IÇAMENTO. AF_07/2019","UN","551,91"]
[92262,"INSTALAÇÃO DE TESOURA (INTEIRA OU MEIA), BIAPOIADA, EM MADEIRA NÃO APARELHADA, PARA VÃOS MAIORES OU IGUAIS A 10,0 M E MENORES QUE 12,0 M, INCLUSO IÇAMENTO. AF_07/2019","UN","646,14"]
[92539,"TRAMA DE MADEIRA COMPOSTA POR RIPAS, CAIBROS E TERÇAS PARA TELHADOS DE ATÉ 2 ÁGUAS PARA TELHA DE ENCAIXE DE CERÂMICA OU DE CONCRETO, INCLUSO TRANSPORTE VERTICAL. AF_07/2019","M2","69,98"]
[92540,"TRAMA DE MADEIRA COMPOSTA POR RIPAS, CAIBROS E TERÇAS PARA TELHADOS DE MAIS QUE 2 ÁGUAS PARA TELHA DE ENCAIXE DE CERÂMICA OU DE CONCRETO, INCLUSO TRANSPORTE VERTICAL. AF_07/2019","M2","78,97"]
[92541,"TRAMA DE MADEIRA COMPOSTA POR RIPAS, CAIBROS E TERÇAS PARA TELHADOS DE ATÉ 2 ÁGUAS PARA TELHA CERÂMICA CAPA-CANAL, INCLUSO TRANSPORTE VERTICAL. AF_07/2019","M2","75,40"]
[92542,"TRAMA DE MADEIRA COMPOSTA POR RIPAS, CAIBROS E TERÇAS PARA TELHADOS DE MAIS QUE 2 ÁGUAS PARA TELHA CERÂMICA CAPA-CANAL, INCLUSO TRANSPORTE VERTICAL. AF_07/2019","M2","91,81"]
[92543,"TRAMA DE MADEIRA COMPOSTA POR TERÇAS PARA TELHADOS DE ATÉ 2 ÁGUAS PARA TELHA ONDULADA DE FIBROCIMENTO, METÁLICA, PLÁSTICA OU TERMOACÚSTICA, INCLUSO TRANSPORTE VERTICAL. AF_07/2019","M2","20,97"]
[92544,"TRAMA DE MADEIRA COMPOSTA POR TERÇAS PARA TELHADOS DE ATÉ 2 ÁGUAS PARA TELHA ESTRUTURAL DE FIBROCIMENTO, INCLUSO TRANSPORTE VERTICAL. AF_07/2019","M2","16,68"]
[92545,"FABRICAÇÃO E INSTALAÇÃO DE TESOURA INTEIRA EM MADEIRA NÃO APARELHADA, VÃO DE 3 M, PARA TELHA CERÂMICA OU DE CONCRETO, INCLUSO IÇAMENTO. AF_07/2019","UN","941,96"]
[92546,"FABRICAÇÃO E INSTALAÇÃO DE TESOURA INTEIRA EM MADEIRA NÃO APARELHADA, VÃO DE 4 M, PARA TELHA CERÂMICA OU DE CONCRETO, INCLUSO IÇAMENTO. AF_07/2019","UN","1.157,09"]
[92547,"FABRICAÇÃO E INSTALAÇÃO DE TESOURA INTEIRA EM MADEIRA NÃO APARELHADA, VÃO DE 5 M, PARA TELHA CERÂMICA OU DE CONCRETO, INCLUSO IÇAMENTO. AF_07/2019","UN","1.221,49"]
[92548,"FABRICAÇÃO E INSTALAÇÃO DE TESOURA INTEIRA EM MADEIRA NÃO APARELHADA, VÃO DE 6 M, PARA TELHA CERÂMICA OU DE CONCRETO, INCLUSO IÇAMENTO. AF_07/2019","UN","1.358,74"]
[92549,"FABRICAÇÃO E INSTALAÇÃO DE TESOURA INTEIRA EM MADEIRA NÃO APARELHADA, VÃO DE 7 M, PARA TELHA CERÂMICA OU DE CONCRETO, INCLUSO IÇAMENTO. AF_07/2019","UN","1.702,64"]
[92550,"FABRICAÇÃO E INSTALAÇÃO DE TESOURA INTEIRA EM MADEIRA NÃO APARELHADA, VÃO DE 8 M, PARA TELHA CERÂMICA OU DE CONCRETO, INCLUSO IÇAMENTO. AF_07/2019","UN","2.122,06"]
[92551,"FABRICAÇÃO E INSTALAÇÃO DE TESOURA INTEIRA EM MADEIRA NÃO APARELHADA, VÃO DE 9 M, PARA TELHA CERÂMICA OU DE CONCRETO, INCLUSO IÇAMENTO. AF_07/2019","UN","2.204,76"]
[92552,"FABRICAÇÃO E INSTALAÇÃO DE TESOURA INTEIRA EM MADEIRA NÃO APARELHADA, VÃO DE 10 M, PARA TELHA CERÂMICA OU DE CONCRETO, INCLUSO IÇAMENTO. AF_07/2019","UN","2.394,17"]
[92553,"FABRICAÇÃO E INSTALAÇÃO DE TESOURA INTEIRA EM MADEIRA NÃO APARELHADA, VÃO DE 11 M, PARA TELHA CERÂMICA OU DE CONCRETO, INCLUSO IÇAMENTO. AF_07/2019","UN","2.747,16"]
[92554,"FABRICAÇÃO E INSTALAÇÃO DE TESOURA INTEIRA EM MADEIRA NÃO APARELHADA, VÃO DE 12 M, PARA TELHA CERÂMICA OU DE CONCRETO, INCLUSO IÇAMENTO. AF_07/2019","UN","2.841,94"]
[92555,"FABRICAÇÃO E INSTALAÇÃO DE TESOURA INTEIRA EM MADEIRA NÃO APARELHADA, VÃO DE 3 M, PARA TELHA ONDULADA DE FIBROCIMENTO, METÁLICA, PLÁSTICA OU TERMOACÚSTICA, INCLUSO IÇAMENTO. AF_07/2019","UN","929,48"]
[92556,"FABRICAÇÃO E INSTALAÇÃO DE TESOURA INTEIRA EM MADEIRA NÃO APARELHADA, VÃO DE 4 M, PARA TELHA ONDULADA DE FIBROCIMENTO, METÁLICA, PLÁSTICA OU TERMOACÚSTICA, INCLUSO IÇAMENTO. AF_07/2019","UN","1.135,22"]
[92557,"FABRICAÇÃO E INSTALAÇÃO DE TESOURA INTEIRA EM MADEIRA NÃO APARELHADA, VÃO DE 5 M, PARA TELHA ONDULADA DE FIBROCIMENTO, METÁLICA, PLÁSTICA OU TERMOACÚSTICA, INCLUSO IÇAMENTO. AF_07/2019","UN","1.199,62"]
[92558,"FABRICAÇÃO E INSTALAÇÃO DE TESOURA INTEIRA EM MADEIRA NÃO APARELHADA, VÃO DE 6 M, PARA TELHA ONDULADA DE FIBROCIMENTO, METÁLICA, PLÁSTICA OU TERMOACÚSTICA, INCLUSO IÇAMENTO. AF_07/2019","UN","1.346,26"]
[92559,"FABRICAÇÃO E INSTALAÇÃO DE TESOURA INTEIRA EM MADEIRA NÃO APARELHADA, VÃO DE 7 M, PARA TELHA ONDULADA DE FIBROCIMENTO, METÁLICA, PLÁSTICA OU TERMOACÚSTICA, INCLUSO IÇAMENTO. AF_07/2019","UN","1.679,40"]
[92560,"FABRICAÇÃO E INSTALAÇÃO DE TESOURA INTEIRA EM MADEIRA NÃO APARELHADA, VÃO DE 8 M, PARA TELHA ONDULADA DE FIBROCIMENTO, METÁLICA, PLÁSTICA OU TERMOACÚSTICA, INCLUSO IÇAMENTO. AF_07/2019","UN","2.090,41"]
[92561,"FABRICAÇÃO E INSTALAÇÃO DE TESOURA INTEIRA EM MADEIRA NÃO APARELHADA, VÃO DE 9 M, PARA TELHA ONDULADA DE FIBROCIMENTO, METÁLICA, PLÁSTICA OU TERMOACÚSTICA, INCLUSO IÇAMENTO. AF_07/2019","UN","2.173,97"]
[92562,"FABRICAÇÃO E INSTALAÇÃO DE TESOURA INTEIRA EM MADEIRA NÃO APARELHADA, VÃO DE 10 M, PARA TELHA ONDULADA DE FIBROCIMENTO, METÁLICA, PLÁSTICA OU TERMOACÚSTICA, INCLUSO IÇAMENTO. AF_07/2019","UN","2.341,51"]
[92563,"FABRICAÇÃO E INSTALAÇÃO DE TESOURA INTEIRA EM MADEIRA NÃO APARELHADA, VÃO DE 11 M, PARA TELHA ONDULADA DE FIBROCIMENTO, METÁLICA, PLÁSTICA OU TERMOACÚSTICA, INCLUSO IÇAMENTO. AF_07/2019","UN","2.685,58"]
[92564,"FABRICAÇÃO E INSTALAÇÃO DE TESOURA INTEIRA EM MADEIRA NÃO APARELHADA, VÃO DE 12 M, PARA TELHA ONDULADA DE FIBROCIMENTO, METÁLICA, PLÁSTICA OU TERMOACÚSTICA, INCLUSO IÇAMENTO. AF_07/2019","UN","2.766,51"]
[100379,"FABRICAÇÃO E INSTALAÇÃO DE PONTALETES DE MADEIRA NÃO APARELHADA PARA TELHADOS COM ATÉ 2 ÁGUAS E COM TELHA CERÂMICA OU DE CONCRETO EM EDIFÍCIO RESIDENCIAL TÉRREO, INCLUSO TRANSPORTE VERTICAL. AF_07/2019","M2","35,03"]
[100380,"FABRICAÇÃO E INSTALAÇÃO DE PONTALETES DE MADEIRA NÃO APARELHADA PARA TELHADOS COM ATÉ 2 ÁGUAS E COM TELHA CERÂMICA OU DE CONCRETO EM EDIFÍCIO RESIDENCIAL DE MÚLTIPLOS PAVIMENTOS, INCLUSO TRANSPORTE VERTICAL. AF_07/2019","M2","46,43"]
[100381,"FABRICAÇÃO E INSTALAÇÃO DE PONTALETES DE MADEIRA NÃO APARELHADA PARA TELHADOS COM ATÉ 2 ÁGUAS E COM TELHA CERÂMICA OU DE CONCRETO EM EDIFÍCIO INSTITUCIONAL TÉRREO, INCLUSO TRANSPORTE VERTICAL. AF_07/2019","M2","52,12"]
[100383,"FABRICAÇÃO E INSTALAÇÃO DE PONTALETES DE MADEIRA NÃO APARELHADA PARA TELHADOS COM ATÉ 2 ÁGUAS E COM TELHA ONDULADA DE FIBROCIMENTO, ALUMÍNIO OU PLÁSTICA EM EDIFÍCIO RESIDENCIAL DE MÚLTIPLOS PAVIMENTOS, INCLUSO TRANSPORTE VERTICAL. AF_07/2019","M2","23,28"]
[100384,"FABRICAÇÃO E INSTALAÇÃO DE PONTALETES DE MADEIRA NÃO APARELHADA PARA TELHADOS COM ATÉ 2 ÁGUAS E COM TELHA ONDULADA DE FIBROCIMENTO, ALUMÍNIO OU PLÁSTICA EM EDIFÍCIO INSTITUCIONAL TÉRREO, INCLUSO TRANSPORTE VERTICAL. AF_07/2019","M2","24,48"]
[100385,"FABRICAÇÃO E INSTALAÇÃO DE PONTALETES DE MADEIRA NÃO APARELHADA PARA TELHADOS COM MAIS QUE 2 ÁGUAS E COM TELHA CERÂMICA OU DE CONCRETO EM EDIFÍCIO RESIDENCIAL TÉRREO, INCLUSO TRANSPORTE VERTICAL. AF_07/2019","M2","31,34"]
[100386,"FABRICAÇÃO E INSTALAÇÃO DE PONTALETES DE MADEIRA NÃO APARELHADA PARA TELHADOS COM MAIS QUE 2 ÁGUAS E COM TELHA CERÂMICA OU DE CONCRETO EM EDIFÍCIO RESIDENCIAL DE MÚLTIPLOS PAVIMENTOS. AF_07/2019","M2","40,29"]
[100387,"FABRICAÇÃO E INSTALAÇÃO DE PONTALETES DE MADEIRA NÃO APARELHADA PARA TELHADOS COM MAIS QUE 2 ÁGUAS E COM TELHA CERÂMICA OU DE CONCRETO EM EDIFÍCIO INSTITUCIONAL TÉRREO, INCLUSO TRANSPORTE VERTICAL. AF_07/2019","M2","49,16"]
[100388,"RETIRADA E RECOLOCAÇÃO DE RIPA EM TELHADOS DE ATÉ 2 ÁGUAS COM TELHA CERÂMICA OU DE CONCRETO DE ENCAIXE, INCLUSO TRANSPORTE VERTICAL. AF_07/2019","M2","17,86"]
[100389,"RETIRADA E RECOLOCAÇÃO DE CAIBRO EM TELHADOS DE ATÉ 2 ÁGUAS COM TELHA CERÂMICA OU DE CONCRETO DE ENCAIXE, INCLUSO TRANSPORTE VERTICAL. AF_07/2019","M2","16,12"]
[100390,"RETIRADA E RECOLOCAÇÃO DE RIPA EM TELHADOS DE MAIS DE 2 ÁGUAS COM TELHA CERÂMICA OU DE CONCRETO DE ENCAIXE, INCLUSO TRANSPORTE VERTICAL. AF_07/2019","M2","21,43"]
[100391,"RETIRADA E RECOLOCAÇÃO DE CAIBRO EM TELHADOS DE MAIS DE 2 ÁGUAS COM TELHA CERÂMICA OU DE CONCRETO DE ENCAIXE, INCLUSO TRANSPORTE VERTICAL. AF_07/2019","M2","18,54"]
[100392,"RETIRADA E RECOLOCAÇÃO DE RIPA EM TELHADOS DE ATÉ 2 ÁGUAS COM TELHA CERÂMICA CAPA-CANAL, INCLUSO TRANSPORTE VERTICAL. AF_07/2019","M2","14,09"]
[100393,"RETIRADA E RECOLOCAÇÃO DE CAIBRO EM TELHADOS DE ATÉ 2 ÁGUAS COM TELHA CERÂMICA CAPA-CANAL, INCLUSO TRANSPORTE VERTICAL. AF_07/2019","M2","18,51"]
[100394,"RETIRADA E RECOLOCAÇÃO DE RIPA EM TELHADOS DE MAIS DE 2 ÁGUAS COM TELHA CERÂMICA CAPA-CANAL, INCLUSO TRANSPORTE VERTICAL. AF_07/2019","M2","16,87"]
[100395,"RETIRADA E RECOLOCAÇÃO DE CAIBRO EM TELHADOS DE MAIS DE 2 ÁGUAS COM TELHA CERÂMICA CAPA-CANAL, INCLUSO TRANSPORTE VERTICAL. AF_07/2019","M2","22,08"]
[94189,"TELHAMENTO COM TELHA DE CONCRETO DE ENCAIXE, COM ATÉ 2 ÁGUAS, INCLUSO TRANSPORTE VERTICAL. AF_07/2019","M2","45,36"]
[94192,"TELHAMENTO COM TELHA DE CONCRETO DE ENCAIXE, COM MAIS DE 2 ÁGUAS, INCLUSO TRANSPORTE VERTICAL. AF_07/2019","M2","47,81"]
[94195,"TELHAMENTO COM TELHA CERÂMICA DE ENCAIXE, TIPO PORTUGUESA, COM ATÉ 2 ÁGUAS, INCLUSO TRANSPORTE VERTICAL. AF_07/2019","M2","52,80"]
[94198,"TELHAMENTO COM TELHA CERÂMICA DE ENCAIXE, TIPO PORTUGUESA, COM MAIS DE 2 ÁGUAS, INCLUSO TRANSPORTE VERTICAL. AF_07/2019","M2","56,03"]
[94201,"TELHAMENTO COM TELHA CERÂMICA CAPA-CANAL, TIPO COLONIAL, COM ATÉ 2 ÁGUAS, INCLUSO TRANSPORTE VERTICAL. AF_07/2019","M2","74,22"]
[94204,"TELHAMENTO COM TELHA CERÂMICA CAPA-CANAL, TIPO COLONIAL, COM MAIS DE 2 ÁGUAS, INCLUSO TRANSPORTE VERTICAL. AF_07/2019","M2","79,73"]
[94224,"EMBOÇAMENTO COM ARGAMASSA TRAÇO 1:2:9 (CIMENTO, CAL E AREIA). AF_07/2019","M","25,05"]
[94226,"SUBCOBERTURA COM MANTA PLÁSTICA REVESTIDA POR PELÍCULA DE ALUMÍNO, INCLUSO TRANSPORTE VERTICAL. AF_07/2019","M2","20,31"]
[94232,"AMARRAÇÃO DE TELHAS CERÂMICAS OU DE CONCRETO. AF_07/2019","UN","2,72"]
[94440,"TELHAMENTO COM TELHA CERÂMICA DE ENCAIXE, TIPO FRANCESA, COM ATÉ 2 ÁGUAS, INCLUSO TRANSPORTE VERTICAL. AF_07/2019","M2","52,80"]
[94441,"TELHAMENTO COM TELHA CERÂMICA DE ENCAIXE, TIPO FRANCESA, COM MAIS DE 2 ÁGUAS, INCLUSO TRANSPORTE VERTICAL. AF_07/2019","M2","56,03"]
[94442,"TELHAMENTO COM TELHA CERÂMICA DE ENCAIXE, TIPO ROMANA, COM ATÉ 2 ÁGUAS, INCLUSO TRANSPORTE VERTICAL. AF_07/2019","M2","52,80"]
[94443,"TELHAMENTO COM TELHA CERÂMICA DE ENCAIXE, TIPO ROMANA, COM MAIS DE 2 ÁGUAS, INCLUSO TRANSPORTE VERTICAL. AF_07/2019","M2","56,03"]
[94445,"TELHAMENTO COM TELHA CERÂMICA CAPA-CANAL, TIPO PLAN, COM ATÉ 2 ÁGUAS, INCLUSO TRANSPORTE VERTICAL. AF_07/2019","M2","74,22"]
[94446,"TELHAMENTO COM TELHA CERÂMICA CAPA-CANAL, TIPO PLAN, COM MAIS DE 2 ÁGUAS, INCLUSO TRANSPORTE VERTICAL. AF_07/2019","M2","79,73"]
[94447,"TELHAMENTO COM TELHA CERÂMICA CAPA-CANAL, TIPO PAULISTA, COM ATÉ 2 ÁGUAS, INCLUSO TRANSPORTE VERTICAL. AF_07/2019","M2","74,22"]
[94448,"TELHAMENTO COM TELHA CERÂMICA CAPA-CANAL, TIPO PAULISTA, COM MAIS DE 2 ÁGUAS, INCLUSO TRANSPORTE VERTICAL. AF_07/2019","M2","79,73"]
[94207,"TELHAMENTO COM TELHA ONDULADA DE FIBROCIMENTO E = 6 MM, COM RECOBRIMENTO LATERAL DE 1/4 DE ONDA PARA TELHADO COM INCLINAÇÃO MAIOR QUE 10°, COM ATÉ 2 ÁGUAS, INCLUSO IÇAMENTO. AF_07/2019","M2","48,94"]
[94210,"TELHAMENTO COM TELHA ONDULADA DE FIBROCIMENTO E = 6 MM, COM RECOBRIMENTO LATERAL DE 1 1/4 DE ONDA PARA TELHADO COM INCLINAÇÃO MÁXIMA DE 10°, COM ATÉ 2 ÁGUAS, INCLUSO IÇAMENTO. AF_07/2019","M2","52,00"]
[94218,"TELHAMENTO COM TELHA ESTRUTURAL DE FIBROCIMENTO E= 8 MM, COM ATÉ 2 ÁGUAS, INCLUSO IÇAMENTO. AF_07/2019_PS","M2","129,12"]
[94213,"TELHAMENTO COM TELHA DE AÇO/ALUMÍNIO E = 0,5 MM, COM ATÉ 2 ÁGUAS, INCLUSO IÇAMENTO. AF_07/2019","M2","52,76"]
[94216,"TELHAMENTO COM TELHA METÁLICA TERMOACÚSTICA E = 30 MM, COM ATÉ 2 ÁGUAS, INCLUSO IÇAMENTO. AF_07/2019","M2","144,99"]
[94219,"CUMEEIRA E ESPIGÃO PARA TELHA CERÂMICA EMBOÇADA COM ARGAMASSA TRAÇO 1:2:9 (CIMENTO, CAL E AREIA), PARA TELHADOS COM MAIS DE 2 ÁGUAS, INCLUSO TRANSPORTE VERTICAL. AF_07/2019","M","38,94"]
[94220,"CUMEEIRA E ESPIGÃO PARA TELHA DE CONCRETO EMBOÇADA COM ARGAMASSA TRAÇO 1:2:9 (CIMENTO, CAL E AREIA), PARA TELHADOS COM MAIS DE 2 ÁGUAS, INCLUSO TRANSPORTE VERTICAL. AF_07/2019","M","59,91"]
[94221,"CUMEEIRA PARA TELHA CERÂMICA EMBOÇADA COM ARGAMASSA TRAÇO 1:2:9 (CIMENTO, CAL E AREIA) PARA TELHADOS COM ATÉ 2 ÁGUAS, INCLUSO TRANSPORTE VERTICAL. AF_07/2019","M","32,55"]
[94222,"CUMEEIRA PARA TELHA DE CONCRETO EMBOÇADA COM ARGAMASSA TRAÇO 1:2:9 (CIMENTO, CAL E AREIA) PARA TELHADOS COM ATÉ 2 ÁGUAS, INCLUSO TRANSPORTE VERTICAL. AF_07/2019","M","53,52"]
[94223,"CUMEEIRA PARA TELHA DE FIBROCIMENTO ONDULADA E = 6 MM, INCLUSO ACESSÓRIOS DE FIXAÇÃO E IÇAMENTO. AF_07/2019","M","84,02"]
[94451,"CUMEEIRA PARA TELHA DE FIBROCIMENTO ESTRUTURAL E = 6 MM, INCLUSO ACESSÓRIOS DE FIXAÇÃO E IÇAMENTO. AF_07/2019","M","94,06"]
[100325,"CUMEEIRA SHED PARA TELHA ONDULADA DE FIBROCIMENTO, E = 6 MM, INCLUSO ACESSÓRIOS DE FIXAÇÃO E IÇAMENTO. AF_07/2019","M","91,40"]
[100327,"RUFO EXTERNO/INTERNO EM CHAPA DE AÇO GALVANIZADO NÚMERO 26, CORTE DE 33 CM, INCLUSO IÇAMENTO. AF_07/2019","M","65,62"]
[100328,"RETIRADA E RECOLOCAÇÃO DE  TELHA CERÂMICA DE ENCAIXE, COM ATÉ DUAS ÁGUAS, INCLUSO IÇAMENTO. AF_07/2019","M2","16,85"]
[100329,"RETIRADA E RECOLOCAÇÃO DE  TELHA CERÂMICA DE ENCAIXE, COM MAIS DE DUAS ÁGUAS, INCLUSO IÇAMENTO. AF_07/2019","M2","20,10"]
[100330,"RETIRADA E RECOLOCAÇÃO DE  TELHA CERÂMICA CAPA-CANAL, COM ATÉ DUAS ÁGUAS, INCLUSO IÇAMENTO. AF_07/2019","M2","22,90"]
[100331,"RETIRADA E RECOLOCAÇÃO DE  TELHA CERÂMICA CAPA-CANAL, COM MAIS DE DUAS ÁGUAS, INCLUSO IÇAMENTO. AF_07/2019","M2","28,43"]
[100434,"CALHA DE BEIRAL, SEMICIRCULAR DE PVC, DIAMETRO 125 MM, INCLUINDO CABECEIRAS, EMENDAS, BOCAIS, SUPORTES E VEDAÇÕES, EXCLUINDO CONDUTORES, INCLUSO TRANSPORTE VERTICAL. AF_07/2019","M","161,37"]
[100435,"RUFO EM FIBROCIMENTO PARA TELHA ONDULADA E = 6 MM, ABA DE 26 CM, INCLUSO TRANSPORTE VERTICAL, EXCETO CONTRARRUFO. AF_07/2019","M","65,59"]
[94227,"CALHA EM CHAPA DE AÇO GALVANIZADO NÚMERO 24, DESENVOLVIMENTO DE 33 CM, INCLUSO TRANSPORTE VERTICAL. AF_07/2019","M","72,90"]
[94228,"CALHA EM CHAPA DE AÇO GALVANIZADO NÚMERO 24, DESENVOLVIMENTO DE 50 CM, INCLUSO TRANSPORTE VERTICAL. AF_07/2019","M","98,42"]
[94229,"CALHA EM CHAPA DE AÇO GALVANIZADO NÚMERO 24, DESENVOLVIMENTO DE 100 CM, INCLUSO TRANSPORTE VERTICAL. AF_07/2019","M","190,77"]
[94231,"RUFO EM CHAPA DE AÇO GALVANIZADO NÚMERO 24, CORTE DE 25 CM, INCLUSO TRANSPORTE VERTICAL. AF_07/2019","M","58,56"]
[94449,"TELHAMENTO COM TELHA ONDULADA DE FIBRA DE VIDRO E = 0,6 MM, PARA TELHADO COM INCLINAÇÃO MAIOR QUE 10°, COM ATÉ 2 ÁGUAS, INCLUSO IÇAMENTO. AF_07/2019","M2","78,07"]
[92255,"INSTALAÇÃO DE TESOURA (INTEIRA OU MEIA), EM AÇO, PARA VÃOS MAIORES OU IGUAIS A 3,0 M E MENORES QUE 6,0 M, INCLUSO IÇAMENTO. AF_07/2019","UN","183,99"]
[92256,"INSTALAÇÃO DE TESOURA (INTEIRA OU MEIA), EM AÇO, PARA VÃOS MAIORES OU IGUAIS A 6,0 M E MENORES QUE 8,0 M, INCLUSO IÇAMENTO. AF_07/2019","UN","224,58"]
[92257,"INSTALAÇÃO DE TESOURA (INTEIRA OU MEIA), EM AÇO, PARA VÃOS MAIORES OU IGUAIS A 8,0 M E MENORES QUE 10,0 M, INCLUSO IÇAMENTO. AF_07/2019","UN","264,74"]
[92258,"INSTALAÇÃO DE TESOURA (INTEIRA OU MEIA), EM AÇO, PARA VÃOS MAIORES OU IGUAIS A 10,0 M E MENORES QUE 12,0 M, INCLUSO IÇAMENTO. AF_07/2019","UN","329,32"]
[92568,"TRAMA DE AÇO COMPOSTA POR RIPAS, CAIBROS E TERÇAS PARA TELHADOS DE ATÉ 2 ÁGUAS PARA TELHA DE ENCAIXE DE CERÂMICA OU DE CONCRETO, INCLUSO TRANSPORTE VERTICAL. AF_07/2019","M2","123,60"]
[92569,"TRAMA DE AÇO COMPOSTA POR RIPAS E CAIBROS PARA TELHADOS DE ATÉ 2 ÁGUAS PARA TELHA DE ENCAIXE DE CERÂMICA OU DE CONCRETO, INCLUSO TRANSPORTE VERTICAL. AF_07/2019","M2","68,45"]
[92570,"TRAMA DE AÇO COMPOSTA POR RIPAS PARA TELHADOS DE ATÉ 2 ÁGUAS PARA TELHA DE ENCAIXE DE CERÂMICA OU DE CONCRETO, INCLUSO TRANSPORTE VERTICAL. AF_07/2019","M2","43,09"]
[92571,"TRAMA DE AÇO COMPOSTA POR RIPAS, CAIBROS E TERÇAS PARA TELHADOS DE MAIS DE 2 ÁGUAS PARA TELHA DE ENCAIXE DE CERÂMICA OU DE CONCRETO, INCLUSO TRANSPORTE VERTICAL. AF_07/2019","M2","131,50"]
[92572,"TRAMA DE AÇO COMPOSTA POR RIPAS E CAIBROS PARA TELHADOS DE MAIS DE 2 ÁGUAS PARA TELHA DE ENCAIXE DE CERÂMICA OU DE CONCRETO, INCLUSO TRANSPORTE VERTICAL. AF_07/2019","M2","78,39"]
[92573,"TRAMA DE AÇO COMPOSTA POR RIPAS PARA TELHADOS DE MAIS DE 2 ÁGUAS PARA TELHA DE ENCAIXE DE CERÂMICA OU DE CONCRETO, INCLUSO TRANSPORTE VERTICAL, INCLUSO TRANSPORTE VERTICAL. AF_07/2019","M2","46,44"]
[92574,"TRAMA DE AÇO COMPOSTA POR RIPAS, CAIBROS E TERÇAS PARA TELHADOS DE ATÉ 2 ÁGUAS PARA TELHA CERÂMICA CAPA-CANAL, INCLUSO TRANSPORTE VERTICAL. AF_07/2019","M2","125,61"]
[92575,"TRAMA DE AÇO COMPOSTA POR RIPAS E CAIBROS PARA TELHADOS DE ATÉ 2 ÁGUAS PARA TELHA CERÂMICA CAPA-CANAL, INCLUSO TRANSPORTE VERTICAL. AF_07/2019","M2","62,73"]
[92576,"TRAMA DE AÇO COMPOSTA POR RIPAS PARA TELHADOS DE ATÉ 2 ÁGUAS PARA TELHA CERÂMICA CAPA-CANAL, INCLUSO TRANSPORTE VERTICAL. AF_07/2019","M2","34,07"]
[92577,"TRAMA DE AÇO COMPOSTA POR RIPAS, CAIBROS E TERÇAS PARA TELHADOS DE MAIS DE 2 ÁGUAS PARA TELHA CERÂMICA CAPA-CANAL, INCLUSO TRANSPORTE VERTICAL. AF_07/2019","M2","133,93"]
[92578,"TRAMA DE AÇO COMPOSTA POR RIPAS E CAIBROS PARA TELHADOS DE MAIS DE 2 ÁGUAS PARA TELHA CERÂMICA CAPA-CANAL, INCLUSO TRANSPORTE VERTICAL. AF_07/2019","M2","67,37"]
[92579,"TRAMA DE AÇO COMPOSTA POR RIPAS PARA TELHADOS DE MAIS DE 2 ÁGUAS PARA TELHA CERÂMICA CAPA-CANAL, INCLUSO TRANSPORTE VERTICAL. AF_07/2019","M2","36,74"]
[92580,"TRAMA DE AÇO COMPOSTA POR TERÇAS PARA TELHADOS DE ATÉ 2 ÁGUAS PARA TELHA ONDULADA DE FIBROCIMENTO, METÁLICA, PLÁSTICA OU TERMOACÚSTICA, INCLUSO TRANSPORTE VERTICAL. AF_07/2019","M2","45,86"]
[92581,"TRAMA DE AÇO COMPOSTA POR TERÇAS PARA TELHADOS DE ATÉ 2 ÁGUAS PARA TELHA ESTRUTURAL DE FIBROCIMENTO, INCLUSO TRANSPORTE VERTICAL. AF_07/2019","M2","47,81"]
[92582,"FABRICAÇÃO E INSTALAÇÃO DE TESOURA INTEIRA EM AÇO, VÃO DE 3 M, PARA TELHA CERÂMICA OU DE CONCRETO, INCLUSO IÇAMENTO. AF_07/2019","UN","678,15"]
[92584,"FABRICAÇÃO E INSTALAÇÃO DE TESOURA INTEIRA EM AÇO, VÃO DE 4 M, PARA TELHA CERÂMICA OU DE CONCRETO, INCLUSO IÇAMENTO. AF_07/2019","UN","793,26"]
[92586,"FABRICAÇÃO E INSTALAÇÃO DE TESOURA INTEIRA EM AÇO, VÃO DE 5 M, PARA TELHA CERÂMICA OU DE CONCRETO, INCLUSO IÇAMENTO. AF_07/2019","UN","908,37"]
[92588,"FABRICAÇÃO E INSTALAÇÃO DE TESOURA INTEIRA EM AÇO, VÃO DE 6 M, PARA TELHA CERÂMICA OU DE CONCRETO, INCLUSO IÇAMENTO. AF_07/2019","UN","1.146,78"]
[92590,"FABRICAÇÃO E INSTALAÇÃO DE TESOURA INTEIRA EM AÇO, VÃO DE 7 M, PARA TELHA CERÂMICA OU DE CONCRETO, INCLUSO IÇAMENTO. AF_07/2019","UN","1.261,90"]
[92592,"FABRICAÇÃO E INSTALAÇÃO DE TESOURA INTEIRA EM AÇO, VÃO DE 8 M, PARA TELHA CERÂMICA OU DE CONCRETO, INCLUSO IÇAMENTO. AF_07/2019","UN","1.417,16"]
[92594,"FABRICAÇÃO E INSTALAÇÃO DE TESOURA INTEIRA EM AÇO, VÃO DE 9 M, PARA TELHA CERÂMICA OU DE CONCRETO, INCLUSO IÇAMENTO. AF_07/2019","UN","1.644,12"]
[92596,"FABRICAÇÃO E INSTALAÇÃO DE TESOURA INTEIRA EM AÇO, VÃO DE 10 M, PARA TELHA CERÂMICA OU DE CONCRETO, INCLUSO IÇAMENTO. AF_07/2019","UN","1.828,74"]
[92598,"FABRICAÇÃO E INSTALAÇÃO DE TESOURA INTEIRA EM AÇO, VÃO DE 11 M, PARA TELHA CERÂMICA OU DE CONCRETO, INCLUSO IÇAMENTO. AF_07/2019","UN","1.943,86"]
[92600,"FABRICAÇÃO E INSTALAÇÃO DE TESOURA INTEIRA EM AÇO, VÃO DE 12 M, PARA TELHA CERÂMICA OU DE CONCRETO, INCLUSO IÇAMENTO. AF_07/2019","UN","2.088,11"]
[92602,"FABRICAÇÃO E INSTALAÇÃO DE TESOURA INTEIRA EM AÇO, VÃO DE 3 M, PARA TELHA ONDULADA DE FIBROCIMENTO, METÁLICA, PLÁSTICA OU TERMOACÚSTICA, INCLUSO IÇAMENTO. AF_07/2019","UN","678,15"]
[92604,"FABRICAÇÃO E INSTALAÇÃO DE TESOURA INTEIRA EM AÇO, VÃO DE 4 M, PARA TELHA ONDULADA DE FIBROCIMENTO, METÁLICA, PLÁSTICA OU TERMOACÚSTICA, INCLUSO IÇAMENTO. AF_07/2019","UN","764,13"]
[92606,"FABRICAÇÃO E INSTALAÇÃO DE TESOURA INTEIRA EM AÇO, VÃO DE 5 M, PARA TELHA ONDULADA DE FIBROCIMENTO, METÁLICA, PLÁSTICA OU TERMOACÚSTICA, INCLUSO IÇAMENTO. AF_07/2019","UN","879,24"]
[92608,"FABRICAÇÃO E INSTALAÇÃO DE TESOURA INTEIRA EM AÇO, VÃO DE 6 M, PARA TELHA ONDULADA DE FIBROCIMENTO, METÁLICA, PLÁSTICA OU TERMOACÚSTICA, INCLUSO IÇAMENTO. AF_07/2019","UN","1.088,52"]
[92610,"FABRICAÇÃO E INSTALAÇÃO DE TESOURA INTEIRA EM AÇO, VÃO DE 7 M, PARA TELHA ONDULADA DE FIBROCIMENTO, METÁLICA, PLÁSTICA OU TERMOACÚSTICA, INCLUSO IÇAMENTO. AF_07/2019","UN","1.203,63"]
[92612,"FABRICAÇÃO E INSTALAÇÃO DE TESOURA INTEIRA EM AÇO, VÃO DE 8 M, PARA TELHA ONDULADA DE FIBROCIMENTO, METÁLICA, PLÁSTICA OU TERMOACÚSTICA, INCLUSO IÇAMENTO, INCLUSO IÇAMENTO. AF_07/2019","UN","1.358,89"]
[92614,"FABRICAÇÃO E INSTALAÇÃO DE TESOURA INTEIRA EM AÇO, VÃO DE 9 M, PARA TELHA ONDULADA DE FIBROCIMENTO, METÁLICA, PLÁSTICA OU TERMOACÚSTICA, INCLUSO IÇAMENTO. AF_07/2019","UN","1.527,58"]
[92616,"FABRICAÇÃO E INSTALAÇÃO DE TESOURA INTEIRA EM AÇO, VÃO DE 10 M, PARA TELHA ONDULADA DE FIBROCIMENTO, METÁLICA, PLÁSTICA OU TERMOACÚSTICA, INCLUSO IÇAMENTO. AF_07/2019","UN","1.741,34"]
[92618,"FABRICAÇÃO E INSTALAÇÃO DE TESOURA INTEIRA EM AÇO, VÃO DE 11 M, PARA TELHA ONDULADA DE FIBROCIMENTO, METÁLICA, PLÁSTICA OU TERMOACÚSTICA, INCLUSO IÇAMENTO. AF_07/2019","UN","1.856,46"]
[92620,"FABRICAÇÃO E INSTALAÇÃO DE TESOURA INTEIRA EM AÇO, VÃO DE 12 M, PARA TELHA ONDULADA DE FIBROCIMENTO, METÁLICA, PLÁSTICA OU TERMOACÚSTICA, INCLUSO IÇAMENTO. AF_07/2019","UN","1.971,57"]
[100357,"FABRICAÇÃO E INSTALAÇÃO DE MEIA TESOURA DE MADEIRA NÃO APARELHADA, COM VÃO DE 3 M, PARA TELHA CERÂMICA OU DE CONCRETO, INCLUSO IÇAMENTO. AF_07/2019","UN","976,75"]
[100358,"FABRICAÇÃO E INSTALAÇÃO DE MEIA TESOURA DE MADEIRA NÃO APARELHADA, COM VÃO DE 4 M, PARA TELHA CERÂMICA OU DE CONCRETO, INCLUSO IÇAMENTO. AF_07/2019","UN","1.325,07"]
[100359,"FABRICAÇÃO E INSTALAÇÃO DE MEIA TESOURA DE MADEIRA NÃO APARELHADA, COM VÃO DE 5 M, PARA TELHA CERÂMICA OU DE CONCRETO, INCLUSO IÇAMENTO. AF_07/2019","UN","1.390,77"]
[100360,"FABRICAÇÃO E INSTALAÇÃO DE MEIA TESOURA DE MADEIRA NÃO APARELHADA, COM VÃO DE 6 M, PARA TELHA CERÂMICA OU DE CONCRETO, INCLUSO IÇAMENTO. AF_07/2019","UN","1.540,95"]
[100361,"FABRICAÇÃO E INSTALAÇÃO DE MEIA TESOURA DE MADEIRA NÃO APARELHADA, COM VÃO DE 7 M, PARA TELHA CERÂMICA OU DE CONCRETO, INCLUSO IÇAMENTO. AF_07/2019","UN","1.916,94"]
[100362,"FABRICAÇÃO E INSTALAÇÃO DE MEIA TESOURA DE MADEIRA NÃO APARELHADA, COM VÃO DE 8 M, PARA TELHA CERÂMICA OU DE CONCRETO, INCLUSO IÇAMENTO. AF_07/2019","UN","2.609,07"]
[100363,"FABRICAÇÃO E INSTALAÇÃO DE MEIA TESOURA DE MADEIRA NÃO APARELHADA, COM VÃO DE 9 M, PARA TELHA CERÂMICA OU DE CONCRETO, INCLUSO IÇAMENTO. AF_07/2019","UN","2.689,98"]
[100364,"FABRICAÇÃO E INSTALAÇÃO DE MEIA TESOURA DE MADEIRA NÃO APARELHADA, COM VÃO DE 10 M, PARA TELHA CERÂMICA OU DE CONCRETO, INCLUSO IÇAMENTO. AF_07/2019","UN","2.913,80"]
[100365,"FABRICAÇÃO E INSTALAÇÃO DE MEIA TESOURA DE MADEIRA NÃO APARELHADA, COM VÃO DE 11 M, PARA TELHA CERÂMICA OU DE CONCRETO, INCLUSO IÇAMENTO. AF_07/2019","UN","3.338,89"]
[100366,"FABRICAÇÃO E INSTALAÇÃO DE MEIA TESOURA DE MADEIRA NÃO APARELHADA, COM VÃO DE 12 M, PARA TELHA CERÂMICA OU DE CONCRETO, INCLUSO IÇAMENTO. AF_07/2019","UN","3.554,13"]
[100367,"FABRICAÇÃO E INSTALAÇÃO DE MEIA TESOURA DE MADEIRA NÃO APARELHADA, COM VÃO DE 3 M, PARA TELHA ONDULADA DE FIBROCIMENTO, ALUMÍNIO, PLÁSTICA OU TERMOACÚSTICA, INCLUSO IÇAMENTO. AF_07/2019","UN","951,79"]
[100368,"FABRICAÇÃO E INSTALAÇÃO DE MEIA TESOURA DE MADEIRA NÃO APARELHADA, COM VÃO DE 4 M, PARA TELHA ONDULADA DE FIBROCIMENTO, ALUMÍNIO, PLÁSTICA OU TERMOACÚSTICA, INCLUSO IÇAMENTO. AF_07/2019","UN","1.294,28"]
[100369,"FABRICAÇÃO E INSTALAÇÃO DE MEIA TESOURA DE MADEIRA NÃO APARELHADA, COM VÃO DE 5 M, PARA TELHA ONDULADA DE FIBROCIMENTO, ALUMÍNIO, PLÁSTICA OU TERMOACÚSTICA, INCLUSO IÇAMENTO. AF_07/2019","UN","1.359,98"]
[100370,"FABRICAÇÃO E INSTALAÇÃO DE MEIA TESOURA DE MADEIRA NÃO APARELHADA, COM VÃO DE 6 M, PARA TELHA ONDULADA DE FIBROCIMENTO, ALUMÍNIO, PLÁSTICA OU TERMOACÚSTICA, INCLUSO IÇAMENTO. AF_07/2019","UN","1.605,54"]
[100371,"FABRICAÇÃO E INSTALAÇÃO DE MEIA TESOURA DE MADEIRA NÃO APARELHADA, COM VÃO DE 7 M, PARA TELHA ONDULADA DE FIBROCIMENTO, ALUMÍNIO, PLÁSTICA OU TERMOACÚSTICA, INCLUSO IÇAMENTO. AF_07/2019","UN","1.834,82"]
[100372,"FABRICAÇÃO E INSTALAÇÃO DE MEIA TESOURA DE MADEIRA NÃO APARELHADA, COM VÃO DE 8 M, PARA TELHA ONDULADA DE FIBROCIMENTO, ALUMÍNIO, PLÁSTICA OU TERMOACÚSTICA, INCLUSO IÇAMENTO. AF_07/2019","UN","2.468,38"]
[100373,"FABRICAÇÃO E INSTALAÇÃO DE MEIA TESOURA DE MADEIRA NÃO APARELHADA, COM VÃO DE 9 M, PARA TELHA ONDULADA DE FIBROCIMENTO, ALUMÍNIO, PLÁSTICA OU TERMOACÚSTICA, INCLUSO IÇAMENTO. AF_07/2019","UN","2.547,92"]
[100374,"FABRICAÇÃO E INSTALAÇÃO DE MEIA TESOURA DE MADEIRA NÃO APARELHADA, COM VÃO DE 10 M, PARA TELHA ONDULADA DE FIBROCIMENTO, ALUMÍNIO, PLÁSTICA OU TERMOACÚSTICA, INCLUSO IÇAMENTO. AF_07/2019","UN","2.726,15"]
[100375,"FABRICAÇÃO E INSTALAÇÃO DE MEIA TESOURA DE MADEIRA NÃO APARELHADA, COM VÃO DE 11 M, PARA TELHA ONDULADA DE FIBROCIMENTO, ALUMÍNIO, PLÁSTICA OU TERMOACÚSTICA, INCLUSO IÇAMENTO. AF_07/2019","UN","3.059,91"]
[100376,"FABRICAÇÃO E INSTALAÇÃO DE MEIA TESOURA DE MADEIRA NÃO APARELHADA, COM VÃO DE 12 M, PARA TELHA ONDULADA DE FIBROCIMENTO, ALUMÍNIO, PLÁSTICA OU TERMOACÚSTICA, INCLUSO IÇAMENTO. AF_07/2019","UN","3.000,06"]
[100377,"FABRICAÇÃO E INSTALAÇÃO DE TESOURA (INTEIRA OU MEIA) EM AÇO, VÃOS MAIORES OU IGUAIS A 3,0 M E MENORES OU IGUAL A 6,0 M, INCLUSO IÇAMENTO. AF_07/2019","KG","11,25"]
[100378,"FABRICAÇÃO E INSTALAÇÃO DE TESOURA (INTEIRA OU MEIA) EM AÇO, VÃOS MAIORES QUE 6,0 M E MENORES QUE 12,0 M, INCLUSO IÇAMENTO. AF_07/2019","KG","10,40"]
[100382,"FABRICAÇÃO E INSTALAÇÃO DE PONTALETES DE MADEIRA NÃO APARELHADA PARA TELHADOS COM ATÉ 2 ÁGUAS E COM TELHA ONDULADA DE FIBROCIMENTO, ALUMÍNIO OU PLÁSTICA EM EDIFÍCIO RESIDENCIAL TÉRREO, INCLUSO TRANSPORTE VERTICAL. AF_07/2019","M2","21,43"]
[104314,"TRAMA DE AÇO COMPOSTA POR TERÇAS PARA TELHADOS DE ATÉ 2 ÁGUAS PARA TELHA ONDULADA DE FIBROCIMENTO, METÁLICA, PLÁSTICA OU TERMOACÚSTICA, INCLUSO TRANSPORTE VERTICAL (EM KG). AF_07/2019","KG","10,56"]
[94444,"TELHAMENTO COM TELHA DE ENCAIXE, TIPO FRANCESA DE VIDRO, COM ATÉ 2 ÁGUAS, INCLUSO TRANSPORTE VERTICAL. AF_07/2019","M2","948,06"]
[104482,"ESGOTAMENTO DE VALA COM BOMBA SUBMERSÍVEL. AF_12/2022","H","27,61"]
[104184,"INSTALAÇÃO E DESINSTALAÇÃO DE REGISTRO DE PVC PARA SISTEMA DE REBAIXAMENTO DE LENÇOL FREÁTICO POR PONTEIRAS FILTRANTES. AF_12/2022","UN","30,14"]
[104185,"INSTALAÇÃO E DESINSTALAÇÃO DE CONJUNTO DE BOMBAS, À VÁCUO E CENTRÍFUGA, PARA SISTEMA DE REBAIXAMENTO DE LENÇOL FREÁTICO POR PONTEIRAS FILTRANTES (EXCLUI O FORNECIMENTO DE BOMBAS). AF_12/2022","UN","23,31"]
[104189,"INSTALAÇÃO DE MATERIAL GRANULAR FILTRANTE PARA SISTEMA DE REBAIXAMENTO DE LENÇOL FREÁTICO POR POÇOS PROFUNDOSA, DIÂMETRO DO POÇO DE 400 MM. AF_12/2022","M3","183,34"]
[104190,"INSTALAÇÃO E DESINSTALAÇÃO DE SISTEMA DE BOMBA PARA SISTEMA DE REBAIXAMENTO DE LENÇOL FREÁTICO POR POÇOS PROFUNDOS (EXCLUI O FORNECIMENTO DE BOMBA). AF_12/2022","UN","625,34"]
[102661,"DRENO SUBSUPERFICIAL (SEÇÃO 0,40 X 0,40 M), COM TUBO DE PEAD CORRUGADO PERFURADO, DN 100 MM, ENCHIMENTO COM AREIA. AF_07/2021","M","41,04"]
[102662,"DRENO SUBSUPERFICIAL (SEÇÃO 0,40 X 0,40 M), COM TUBO DE PVC CORRUGADO RÍGIDO PERFURADO, DN 100 MM, ENCHIMENTO COM AREIA. AF_07/2021","M","94,43"]
[102663,"DRENO SUBSUPERFICIAL (SEÇÃO 0,40 X 0,40 M), COM TUBO DE CONCRETO SIMPLES POROSO, DN 200 MM, ENCHIMENTO COM AREIA. AF_07/2021","M","69,26"]
[102664,"DRENO SUBSUPERFICIAL (SEÇÃO 0,40 X 0,40 M), CEGO, ENCHIMENTO DE BRITA, ENVOLVIDO COM MANTA GEOTÊXTIL. AF_07/2021","M","59,83"]
[102665,"DRENO SUBSUPERFICIAL (SEÇÃO 0,40 X 0,40 M), CEGO, ENCHIMENTO DE BRITA. AF_07/2021","M","34,47"]
[102666,"DRENO SUBSUPERFICIAL (SEÇÃO 0,40 X 0,40 M), COM TUBO DE PEAD CORRUGADO PERFURADO, DN 100 MM, ENCHIMENTO COM BRITA, ENVOLVIDO COM MANTA GEOTÊXTIL. AF_07/2021","M","70,70"]
[102668,"DRENO SUBSUPERFICIAL (SEÇÃO 0,40 X 0,40 M), COM TUBO DE PVC CORRUGADO RÍGIDO PERFURADO, DN 100 MM, ENCHIMENTO COM BRITA, ENVOLVIDO COM MANTA GEOTÊXTIL. AF_07/2021","M","124,09"]
[102669,"DRENO SUBSUPERFICIAL (SEÇÃO 0,40 X 0,40 M), COM TUBO DE CONCRETO SIMPLES POROSO, DN 200 MM, ENCHIMENTO COM BRITA, ENVOLVIDO COM MANTA GEOTÊXTIL. AF_07/2021","M","98,26"]
[102670,"DRENO PROFUNDO (SEÇÃO 0,50 X 1,50 M), COM TUBO DE PEAD CORRUGADO PERFURADO, DN 100 MM, ENCHIMENTO COM AREIA, COM SELO DE ARGILA. AF_07/2021","M","127,18"]
[102672,"DRENO PROFUNDO (SEÇÃO 0,50 X 1,50 M), COM TUBO DE PVC CORRUGADO RÍGIDO PERFURADO, DN 100 MM, ENCHIMENTO COM AREIA, COM SELO DE ARGILA. AF_07/2021","M","193,25"]
[102673,"DRENO PROFUNDO (SEÇÃO 0,50 X 1,50 M), COM TUBO DE CONCRETO SIMPLES POROSO, DN 200 MM, ENCHIMENTO COM AREIA, COM SELO DE ARGILA. AF_07/2021","M","179,80"]
[102674,"DRENO PROFUNDO (SEÇÃO 0,50 X 1,50 M), COM TUBO DE PEAD CORRUGADO PERFURADO, DN 100 MM, ENCHIMENTO COM AREIA. AF_07/2021","M","141,27"]
[102676,"DRENO PROFUNDO (SEÇÃO 0,50 X 1,50 M), COM TUBO DE PVC CORRUGADO RÍGIDO PERFURADO, DN 100 MM, ENCHIMENTO COM AREIA. AF_07/2021","M","197,75"]
[102677,"DRENO PROFUNDO (SEÇÃO 0,50 X 1,50 M), COM TUBO DE CONCRETO SIMPLES POROSO, DN 200 MM, ENCHIMENTO COM AREIA. AF_07/2021","M","174,85"]
[102678,"DRENO PROFUNDO (SEÇÃO 0,50 X 1,50 M), CEGO, ENCHIMENTO DE BRITA, ENVOLVIDO COM MANTA GEOTÊXTIL, COM SELO DE ARGILA. AF_07/2021","M","180,00"]
[102679,"DRENO PROFUNDO (SEÇÃO 0,50 X 1,50 M), CEGO, ENCHIMENTO DE BRITA, ENVOLVIDO COM MANTA GEOTÊXTIL. AF_07/2021","M","201,19"]
[102680,"DRENO PROFUNDO (SEÇÃO 0,50 X 1,50 M), COM TUBO DE PEAD CORRUGADO PERFURADO, DN 100 MM, ENCHIMENTO COM BRITA, ENVOLVIDO COM MANTA GEOTÊXTIL, COM SELO DE ARGILA. AF_07/2021","M","191,96"]
[102681,"DRENO PROFUNDO (SEÇÃO 0,50 X 1,50 M), COM TUBO DE PVC CORRUGADO RÍGIDO PERFURADO, DN 100 MM, ENCHIMENTO COM BRITA, ENVOLVIDO COM MANTA GEOTÊXTIL, COM SELO DE ARGILA. AF_07/2021","M","248,44"]
[102683,"DRENO PROFUNDO (SEÇÃO 0,50 X 1,50 M), COM TUBO DE CONCRETO SIMPLES POROSO, DN 200 MM, ENCHIMENTO COM BRITA, ENVOLVIDO COM MANTA GEOTÊXTIL, COM SELO DE ARGILA. AF_07/2021","M","230,35"]
[102684,"DRENO PROFUNDO (SEÇÃO 0,50 X 1,50 M), COM TUBO DE PEAD CORRUGADO PERFURADO, DN 100 MM, ENCHIMENTO COM BRITA, ENVOLVIDO COM MANTA GEOTÊXTIL. AF_07/2021","M","213,16"]
[102685,"DRENO PROFUNDO (SEÇÃO 0,50 X 1,50 M), COM TUBO DE PVC CORRUGADO RÍGIDO PERFURADO, DN 100 MM, ENCHIMENTO COM BRITA, ENVOLVIDO COM MANTA GEOTÊXTIL. AF_07/2021","M","269,63"]
[102687,"DRENO PROFUNDO (SEÇÃO 0,50 X 1,50 M), COM TUBO DE CONCRETO SIMPLES POROSO, DN 200 MM, ENCHIMENTO COM BRITA, ENVOLVIDO COM MANTA GEOTÊXTIL. AF_07/2021","M","246,06"]
[102688,"DRENO ESPINHA DE PEIXE (SEÇÃO 0,40 X 0,40 M), COM TUBO DE PEAD CORRUGADO PERFURADO, DN 100 MM, ENCHIMENTO COM AREIA, INCLUSIVE CONEXÕES. AF_07/2021","M","46,84"]
[102689,"DRENO ESPINHA DE PEIXE (SEÇÃO 0,40 X 0,40 M), COM TUBO DE PVC CORRUGADO RÍGIDO PERFURADO, DN 100 MM, ENCHIMENTO COM AREIA, INCLUSIVE CONEXÕES. AF_07/2021","M","97,80"]
[102690,"DRENO ESPINHA DE PEIXE (SEÇÃO (0,40 X 0,40 M), COM TUBO DE PEAD CORRUGADO PERFURADO, DN 100 MM, ENCHIMENTO COM BRITA, ENVOLVIDO COM MANTA GEOTÊXTIL, INCLUSIVE CONEXÕES. AF_07/2021","M","76,50"]
[102693,"DRENO ESPINHA DE PEIXE (SEÇÃO 0,40 X 0,40 M), COM TUBO DE PVC CORRUGADO RÍGIDO PERFURADO, DN 100 MM, ENCHIMENTO COM BRITA, ENVOLVIDO COM MANTA GEOTÊXTIL, INCLUSIVE CONEXÕES. AF_07/2021","M","127,47"]
[102694,"DRENO ESPINHA DE PEIXE (SEÇÃO 0,50 X 0,80 M), COM TUBO DE PEAD CORRUGADO PERFURADO, DN 100 MM, ENCHIMENTO COM AREIA, INCLUSIVE CONEXÕES. AF_07/2021","M","90,90"]
[102696,"DRENO ESPINHA DE PEIXE (SEÇÃO 0,50 X 0,80 M), COM TUBO DE PVC CORRUGADO RÍGIDO PERFURADO, DN 100 MM, ENCHIMENTO COM AREIA, INCLUSIVE CONEXÕES. AF_07/2021","M","141,71"]
[102697,"DRENO ESPINHA DE PEIXE (SEÇÃO 0,50 X 0,80 M), COM TUBO DE PEAD CORRUGADO PERFURADO, DN 100 MM, ENCHIMENTO COM BRITA, ENVOLVIDO COM MANTA GEOTÊXTIL, INCLUSIVE CONEXÕES. AF_07/2021","M","136,70"]
[102703,"DRENO ESPINHA DE PEIXE (SEÇÃO 0,50 X 0,80 M), COM TUBO DE PVC CORRUGADO RÍGIDO PERFURADO, DN 100 MM, ENCHIMENTO COM BRITA, ENVOLVIDO COM MANTA GEOTÊXTIL, INCLUSIVE CONEXÕES. AF_07/2021","M","187,51"]
[102704,"TUBO DE PEAD CORRUGADO PERFURADO, DN 100 MM, PARA DRENO - FORNECIMENTO E ASSENTAMENTO. AF_07/2021","M","12,17"]
[102705,"TUBO DE PVC CORRUGADO RÍGIDO PERFURADO, DN 100 MM, PARA DRENO - FORNECIMENTO E ASSENTAMENTO. AF_07/2021","M","62,04"]
[102707,"TUBO DE CONCRETO SIMPLES POROSO, DN 200 MM, PARA DRENO - FORNECIMENTO E ASSENTAMENTO. AF_07/2021","M","44,97"]
[102708,"LUVA DE PVC, SÉRIE NORMAL, PARA ESGOTO PREDIAL, DN 100 MM, INSTALADA EM DRENO  - FORNECIMENTO E INSTALAÇÃO. AF_07/2021","UN","23,12"]
[102710,"JUNÇÃO SIMPLES DE PVC, 45 GRAUS, SÉRIE NORMAL, PARA ESGOTO PREDIAL, DN 100 MM, INSTALADA EM DRENO - FORNECIMENTO E INSTALAÇÃO. AF_07/2021","UN","57,24"]
[102711,"JUNÇÃO DUPLA DE PVC, SÉRIE NORMAL, PARA ESGOTO PREDIAL, DN 100 X 100 X 100 MM, INSTALADA EM DRENO  - FORNECIMENTO E INSTALAÇÃO. AF_07/2021","UN","75,21"]
[102712,"GEOTÊXTIL NÃO TECIDO 100% POLIÉSTER, RESISTÊNCIA A TRAÇÃO DE 9 KN/M (RT - 9), INSTALADO EM DRENO - FORNECIMENTO E INSTALAÇÃO. AF_07/2021","M2","9,83"]
[102713,"GEOTÊXTIL NÃO TECIDO 100% POLIÉSTER, RESISTÊNCIA A TRAÇÃO DE 14 KN/M (RT - 14), INSTALADO EM DRENO - FORNECIMENTO E INSTALAÇÃO. AF_07/2021","M2","13,54"]
[102715,"GEOTÊXTIL NÃO TECIDO 100% POLIÉSTER, RESISTÊNCIA A TRAÇÃO DE 26 KN/M (RT - 26), INSTALADO EM DRENO - FORNECIMENTO E INSTALAÇÃO. AF_07/2021","M2","26,84"]
[102716,"ENCHIMENTO DE AREIA PARA DRENO, LANÇAMENTO MECANIZADO. AF_07/2021","M3","170,04"]
[102717,"ENCHIMENTO DE BRITA PARA DRENO, LANÇAMENTO MECANIZADO. AF_07/2021","M3","198,39"]
[102718,"ENCHIMENTO DE AREIA PARA DRENO, LANÇAMENTO MANUAL. AF_07/2021","M3","179,77"]
[102719,"ENCHIMENTO DE BRITA PARA DRENO, LANÇAMENTO MANUAL. AF_07/2021","M3","208,12"]
[102722,"DRENO EM MURO DE CONTENÇÃO, EXECUTADO NO PÉ DO MURO, COM TUBO DE PEAD CORRUGADO FLEXÍVEL PERFURADO, ENCHIMENTO COM BRITA, ENVOLVIDO COM MANTA GEOTÊXTIL. AF_07/2021","M","60,53"]
[102723,"DRENO EM MURO DE CONTENÇÃO, EXECUTADO NO PÉ DO MURO, COM TUBO DE PVC CORRUGADO RÍGIDO PERFURADO, ENCHIMENTO COM BRITA, ENVOLVIDO COM MANTA GEOTÊXTIL. AF_07/2021","M","110,40"]
[102724,"DRENO BARBACÃ, DN 100 MM, COM MATERIAL DRENANTE. AF_07/2021","UN","31,42"]
[102725,"DRENO BARBACÃ, DN 75 MM, COM MATERIAL DRENANTE. AF_07/2021","UN","30,79"]
[102726,"DRENO BARBACÃ, DN 50 MM, COM MATERIAL DRENANTE. AF_07/2021","UN","28,86"]
[103653,"GEOTÊXTIL NÃO TECIDO 100% POLIÉSTER, RESISTÊNCIA A TRAÇÃO DE 31 KN/M (RT-31), INSTALADO EM DRENO - FORNECIMENTO E INSTALAÇÃO. AF_07/2021","M2","32,07"]
[92743,"MURO DE GABIÃO, ENCHIMENTO COM PEDRA DE MÃO TIPO RACHÃO, DE GRAVIDADE, COM GAIOLAS DE COMPRIMENTO IGUAL A 2 M, PARA MUROS COM ALTURA MENOR OU IGUAL A 4 M - FORNECIMENTO E EXECUÇÃO. AF_03/2024","M3","765,50"]
[92744,"MURO DE GABIÃO, ENCHIMENTO COM PEDRA DE MÃO TIPO RACHÃO, DE GRAVIDADE, COM GAIOLAS DE COMPRIMENTO IGUAL A 5 M, PARA MUROS COM ALTURA MENOR OU IGUAL A 4 M - FORNECIMENTO E EXECUÇÃO. AF_03/2024","M3","744,35"]
[92745,"MURO DE GABIÃO, ENCHIMENTO COM PEDRA DE MÃO TIPO RACHÃO, DE GRAVIDADE, COM GAIOLAS DE COMPRIMENTO IGUAL A 2 M, PARA MUROS COM ALTURA MAIOR QUE 4 M E MENOR OU IGUAL A 6 M - FORNECIMENTO E EXECUÇÃO. AF_03/2024","M3","923,95"]
[92746,"MURO DE GABIÃO, ENCHIMENTO COM PEDRA DE MÃO TIPO RACHÃO, DE GRAVIDADE, COM GAIOLAS DE COMPRIMENTO IGUAL A 5 M, PARA MUROS COM ALTURA MAIOR QUE 4 M E MENOR OU IGUAL A 6 M - FORNECIMENTO E EXECUÇÃO. AF_03/2024","M3","867,65"]
[92747,"MURO DE GABIÃO, ENCHIMENTO COM PEDRA DE MÃO TIPO RACHÃO, DE GRAVIDADE, COM GAIOLAS DE COMPRIMENTO IGUAL A 2 M, PARA MUROS COM ALTURA MAIOR QUE 6 M E MENOR OU IGUAL A 10 M - FORNECIMENTO E EXECUÇÃO. AF_03/2024","M3","1.021,00"]
[92748,"MURO DE GABIÃO, ENCHIMENTO COM PEDRA DE MÃO TIPO RACHÃO, DE GRAVIDADE, COM GAIOLAS DE COMPRIMENTO IGUAL A 5 M, PARA MUROS COM ALTURA MAIOR QUE 6 M E MENOR OU IGUAL A 10 M- FORNECIMENTO E EXECUÇÃO. AF_03/2024","M3","941,44"]
[92749,"MURO DE GABIÃO, ENCHIMENTO COM PEDRA DE MÃO TIPO RACHÃO, COM SOLO REFORÇADO, PARA MUROS COM ALTURA MENOR OU IGUAL A 4 M - FORNECIMENTO E EXECUÇÃO. AF_03/2024","M3","1.089,05"]
[92750,"MURO DE GABIÃO, ENCHIMENTO COM PEDRA DE MÃO TIPO RACHÃO, COM SOLO REFORÇADO, PARA MUROS COM ALTURA MAIOR QUE 4 M E MENOR OU IGUAL A 12 M - FORNECIMENTO E EXECUÇÃO. AF_03/2024","M3","1.808,86"]
[92751,"MURO DE GABIÃO, ENCHIMENTO COM PEDRA DE MÃO TIPO RACHÃO, COM SOLO REFORÇADO, PARA MUROS COM ALTURA MAIOR QUE 12 M E MENOR OU IGUAL A 20 M - FORNECIMENTO E EXECUÇÃO. AF_03/2024","M3","2.229,98"]
[92752,"MURO DE GABIÃO, ENCHIMENTO COM PEDRA DE MÃO TIPO RACHÃO, COM SOLO REFORÇADO, PARA MUROS COM ALTURA MAIOR QUE 20 M E MENOR OU IGUAL A 28 M - FORNECIMENTO E EXECUÇÃO. AF_03/2024","M3","2.648,85"]
[92753,"MURO DE GABIÃO, ENCHIMENTO COM RESÍDUO DE CONSTRUÇÃO E DEMOLIÇÃO, DE GRAVIDADE, COM GAIOLA TRAPEZOIDAL DE COMPRIMENTO IGUAL A 2 M, PARA MUROS COM ALTURA MENOR OU IGUAL A 2 M - FORNECIMENTO E EXECUÇÃO. AF_03/2024","M3","677,81"]
[92754,"MURO DE GABIÃO, ENCHIMENTO COM RESÍDUO DE CONSTRUÇÃO E DEMOLIÇÃO, DE GRAVIDADE, COM GAIOLA TRAPEZOIDAL DE COMPRIMENTO IGUAL A 2 M, PARA MUROS COM ALTURA MAIOR QUE 2 M E MENOR OU IGUAL A 4 M - FORNECIMENTO E EXECUÇÃO. AF_03/2024","M3","656,75"]
[92755,"PROTEÇÃO SUPERFICIAL DE CANAL EM GABIÃO TIPO COLCHÃO, ALTURA DE 17 CENTÍMETROS, ENCHIMENTO COM PEDRA DE MÃO TIPO RACHÃO - FORNECIMENTO E EXECUÇÃO. AF_03/2024","M2","272,30"]
[92756,"PROTEÇÃO SUPERFICIAL DE CANAL EM GABIÃO TIPO COLCHÃO, ALTURA DE 23 CENTÍMETROS, ENCHIMENTO COM PEDRA DE MÃO TIPO RACHÃO - FORNECIMENTO E EXECUÇÃO. AF_03/2024","M2","312,83"]
[92757,"PROTEÇÃO SUPERFICIAL DE CANAL EM GABIÃO TIPO COLCHÃO, ALTURA DE 30 CENTÍMETROS, ENCHIMENTO COM PEDRA DE MÃO TIPO RACHÃO - FORNECIMENTO E EXECUÇÃO. AF_03/2024","M2","361,48"]
[92758,"PROTEÇÃO SUPERFICIAL DE CANAL EM GABIÃO TIPO SACO, DIÂMETRO DE 65 CENTÍMETROS, ENCHIMENTO MANUAL COM PEDRA DE MÃO TIPO RACHÃO - FORNECIMENTO E EXECUÇÃO. AF_03/2024","M3","829,23"]
[91069,"EXECUÇÃO DE REVESTIMENTO DE CONCRETO PROJETADO COM ESPESSURA DE 7 CM, ARMADO COM TELA, INCLINAÇÃO MENOR QUE 90°, APLICAÇÃO CONTÍNUA, UTILIZANDO EQUIPAMENTO DE PROJEÇÃO COM 6 M³/H DE CAPACIDADE. AF_07/2024","M2","203,38"]
[91070,"EXECUÇÃO DE REVESTIMENTO DE CONCRETO PROJETADO COM ESPESSURA DE 10 CM, ARMADO COM TELA, INCLINAÇÃO MENOR QUE 90°, APLICAÇÃO CONTÍNUA, UTILIZANDO EQUIPAMENTO DE PROJEÇÃO COM 6 M³/H DE CAPACIDADE. AF_07/2024","M2","216,64"]
[91071,"EXECUÇÃO DE REVESTIMENTO DE CONCRETO PROJETADO COM ESPESSURA DE 7 CM, ARMADO COM TELA, INCLINAÇÃO DE 90°, APLICAÇÃO CONTÍNUA, UTILIZANDO EQUIPAMENTO DE PROJEÇÃO COM 6 M³/H DE CAPACIDADE. AF_07/2024","M2","313,19"]
[91072,"EXECUÇÃO DE REVESTIMENTO DE CONCRETO PROJETADO COM ESPESSURA DE 10 CM, ARMADO COM TELA, INCLINAÇÃO DE 90°, APLICAÇÃO CONTÍNUA, UTILIZANDO EQUIPAMENTO DE PROJEÇÃO COM 6 M³/H DE CAPACIDADE. AF_07/2024","M2","324,31"]
[91073,"EXECUÇÃO DE REVESTIMENTO DE CONCRETO PROJETADO COM ESPESSURA DE 7 CM, ARMADO COM TELA, INCLINAÇÃO MENOR QUE 90°, APLICAÇÃO CONTÍNUA, UTILIZANDO EQUIPAMENTO DE PROJEÇÃO COM 3 M³/H DE CAPACIDADE. AF_07/2024","M2","258,57"]
[91074,"EXECUÇÃO DE REVESTIMENTO DE CONCRETO PROJETADO COM ESPESSURA DE 10 CM, ARMADO COM TELA, INCLINAÇÃO MENOR QUE 90°, APLICAÇÃO CONTÍNUA, UTILIZANDO EQUIPAMENTO DE PROJEÇÃO COM 3 M³/H DE CAPACIDADE. AF_07/2024","M2","249,23"]
[91075,"EXECUÇÃO DE REVESTIMENTO DE CONCRETO PROJETADO COM ESPESSURA DE 7 CM, ARMADO COM TELA, INCLINAÇÃO DE 90°, APLICAÇÃO CONTÍNUA, UTILIZANDO EQUIPAMENTO DE PROJEÇÃO COM 3 M³/H DE CAPACIDADE. AF_07/2024","M2","394,89"]
[91076,"EXECUÇÃO DE REVESTIMENTO DE CONCRETO PROJETADO COM ESPESSURA DE 10 CM, ARMADO COM TELA, INCLINAÇÃO DE 90°, APLICAÇÃO CONTÍNUA, UTILIZANDO EQUIPAMENTO DE PROJEÇÃO COM 3 M³/H DE CAPACIDADE. AF_07/2024","M2","366,65"]
[91077,"EXECUÇÃO DE REVESTIMENTO DE CONCRETO PROJETADO COM ESPESSURA DE 7 CM, ARMADO COM FIBRAS DE AÇO, INCLINAÇÃO MENOR QUE 90°, APLICAÇÃO CONTÍNUA, UTILIZANDO EQUIPAMENTO DE PROJEÇÃO COM 6 M³/H DE CAPACIDADE. AF_07/2024","M2","190,37"]
[91078,"EXECUÇÃO DE REVESTIMENTO DE CONCRETO PROJETADO COM ESPESSURA DE 10 CM, ARMADO COM FIBRAS DE AÇO, INCLINAÇÃO MENOR QUE 90°, APLICAÇÃO CONTÍNUA, UTILIZANDO EQUIPAMENTO DE PROJEÇÃO COM 6 M³/H DE CAPACIDADE. AF_07/2024","M2","209,69"]
[91079,"EXECUÇÃO DE REVESTIMENTO DE CONCRETO PROJETADO COM ESPESSURA DE 7 CM, ARMADO COM FIBRAS DE AÇO, INCLINAÇÃO DE 90°, APLICAÇÃO CONTÍNUA, UTILIZANDO EQUIPAMENTO DE PROJEÇÃO COM 6 M³/H DE CAPACIDADE. AF_07/2024","M2","205,13"]
[91080,"EXECUÇÃO DE REVESTIMENTO DE CONCRETO PROJETADO COM ESPESSURA DE 10 CM, ARMADO COM FIBRAS DE AÇO, INCLINAÇÃO DE 90°, APLICAÇÃO CONTÍNUA, UTILIZANDO EQUIPAMENTO DE PROJEÇÃO COM 6 M³/H DE CAPACIDADE. AF_07/2024","M2","220,94"]
[91081,"EXECUÇÃO DE REVESTIMENTO DE CONCRETO PROJETADO COM ESPESSURA DE 7 CM, ARMADO COM FIBRAS DE AÇO, INCLINAÇÃO MENOR QUE 90°, APLICAÇÃO CONTÍNUA, UTILIZANDO EQUIPAMENTO DE PROJEÇÃO COM 3 M³/H DE CAPACIDADE. AF_07/2024","M2","268,68"]
[91082,"EXECUÇÃO DE REVESTIMENTO DE CONCRETO PROJETADO COM ESPESSURA DE 10 CM, ARMADO COM FIBRAS DE AÇO, INCLINAÇÃO MENOR QUE 90°, APLICAÇÃO CONTÍNUA, UTILIZANDO EQUIPAMENTO DE PROJEÇÃO COM 3 M³/H DE CAPACIDADE. AF_07/2024","M2","249,92"]
[91083,"EXECUÇÃO DE REVESTIMENTO DE CONCRETO PROJETADO COM ESPESSURA DE 7 CM, ARMADO COM FIBRAS DE AÇO, INCLINAÇÃO DE 90°, APLICAÇÃO CONTÍNUA, UTILIZANDO EQUIPAMENTO DE PROJEÇÃO COM 3 M³/H DE CAPACIDADE. AF_07/2024","M2","330,77"]
[91084,"EXECUÇÃO DE REVESTIMENTO DE CONCRETO PROJETADO COM ESPESSURA DE 10 CM, ARMADO COM FIBRAS DE AÇO, INCLINAÇÃO DE 90°, APLICAÇÃO CONTÍNUA, UTILIZANDO EQUIPAMENTO DE PROJEÇÃO COM 3 M³/H DE CAPACIDADE. AF_07/2024","M2","274,47"]
[91086,"EXECUÇÃO DE REVESTIMENTO DE CONCRETO PROJETADO COM ESPESSURA DE 7 CM, ARMADO COM TELA, INCLINAÇÃO MENOR QUE 90°, APLICAÇÃO DESCONTÍNUA, UTILIZANDO EQUIPAMENTO DE PROJEÇÃO COM 6 M³/H DE CAPACIDADE. AF_07/2024","M2","221,33"]
[91087,"EXECUÇÃO DE REVESTIMENTO DE CONCRETO PROJETADO COM ESPESSURA DE 10 CM, ARMADO COM TELA, INCLINAÇÃO MENOR QUE 90°, APLICAÇÃO DESCONTÍNUA, UTILIZANDO EQUIPAMENTO DE PROJEÇÃO COM 6 M³/H DE CAPACIDADE. AF_07/2024","M2","236,06"]
[91088,"EXECUÇÃO DE REVESTIMENTO DE CONCRETO PROJETADO COM ESPESSURA DE 7 CM, ARMADO COM TELA, INCLINAÇÃO DE 90°, APLICAÇÃO DESCONTÍNUA, UTILIZANDO EQUIPAMENTO DE PROJEÇÃO COM 6 M³/H DE CAPACIDADE. AF_07/2024","M2","331,41"]
[91089,"EXECUÇÃO DE REVESTIMENTO DE CONCRETO PROJETADO COM ESPESSURA DE 10 CM, ARMADO COM TELA, INCLINAÇÃO DE 90°, APLICAÇÃO DESCONTÍNUA, UTILIZANDO EQUIPAMENTO DE PROJEÇÃO COM 6 M³/H DE CAPACIDADE. AF_07/2024","M2","344,82"]
[91090,"EXECUÇÃO DE REVESTIMENTO DE CONCRETO PROJETADO COM ESPESSURA DE 7 CM, ARMADO COM TELA, INCLINAÇÃO MENOR QUE 90°, APLICAÇÃO DESCONTÍNUA, UTILIZANDO EQUIPAMENTO DE PROJEÇÃO COM 3 M³/H DE CAPACIDADE. AF_07/2024","M2","263,01"]
[91091,"EXECUÇÃO DE REVESTIMENTO DE CONCRETO PROJETADO COM ESPESSURA DE 10 CM, ARMADO COM TELA, INCLINAÇÃO MENOR QUE 90°, APLICAÇÃO DESCONTÍNUA, UTILIZANDO EQUIPAMENTO DE PROJEÇÃO COM 3 M³/H DE CAPACIDADE. AF_07/2024","M2","263,27"]
[91092,"EXECUÇÃO DE REVESTIMENTO DE CONCRETO PROJETADO COM ESPESSURA DE 7 CM, ARMADO COM TELA, INCLINAÇÃO DE 90°, APLICAÇÃO DESCONTÍNUA, UTILIZANDO EQUIPAMENTO DE PROJEÇÃO COM 3 M³/H DE CAPACIDADE. AF_07/2024","M2","390,03"]
[91093,"EXECUÇÃO DE REVESTIMENTO DE CONCRETO PROJETADO COM ESPESSURA DE 10 CM, ARMADO COM TELA, INCLINAÇÃO DE 90°, APLICAÇÃO DESCONTÍNUA, UTILIZANDO EQUIPAMENTO DE PROJEÇÃO COM 3 M³/H DE CAPACIDADE. AF_07/2024","M2","379,45"]
[91094,"EXECUÇÃO DE REVESTIMENTO DE CONCRETO PROJETADO COM ESPESSURA DE 7 CM, ARMADO COM FIBRAS DE AÇO, INCLINAÇÃO MENOR QUE 90°, APLICAÇÃO DESCONTÍNUA, UTILIZANDO EQUIPAMENTO DE PROJEÇÃO COM 6 M³/H DE CAPACIDADE. AF_07/2024","M2","182,78"]
[91095,"EXECUÇÃO DE REVESTIMENTO DE CONCRETO PROJETADO COM ESPESSURA DE 10 CM, ARMADO COM FIBRAS DE AÇO, INCLINAÇÃO MENOR QUE 90°, APLICAÇÃO DESCONTÍNUA, UTILIZANDO EQUIPAMENTO DE PROJEÇÃO COM 6 M³/H DE CAPACIDADE. AF_07/2024","M2","204,28"]
[91096,"EXECUÇÃO DE REVESTIMENTO DE CONCRETO PROJETADO COM ESPESSURA DE 7 CM, ARMADO COM FIBRAS DE AÇO, INCLINAÇÃO DE 90°, APLICAÇÃO DESCONTÍNUA, UTILIZANDO EQUIPAMENTO DE PROJEÇÃO COM 6 M³/H DE CAPACIDADE. AF_07/2024","M2","194,87"]
[91097,"EXECUÇÃO DE REVESTIMENTO DE CONCRETO PROJETADO COM ESPESSURA DE 10 CM, ARMADO COM FIBRAS DE AÇO, INCLINAÇÃO DE 90°, APLICAÇÃO DESCONTÍNUA, UTILIZANDO EQUIPAMENTO DE PROJEÇÃO COM 6 M³/H DE CAPACIDADE. AF_07/2024","M2","214,17"]
[91098,"EXECUÇÃO DE REVESTIMENTO DE CONCRETO PROJETADO COM ESPESSURA DE 7 CM, ARMADO COM FIBRAS DE AÇO, INCLINAÇÃO MENOR QUE 90°, APLICAÇÃO DESCONTÍNUA, UTILIZANDO EQUIPAMENTO DE PROJEÇÃO COM 3 M³/H DE CAPACIDADE. AF_07/2024","M2","238,79"]
[91099,"EXECUÇÃO DE REVESTIMENTO DE CONCRETO PROJETADO COM ESPESSURA DE 10 CM, ARMADO COM FIBRAS DE AÇO, INCLINAÇÃO MENOR QUE 90°, APLICAÇÃO DESCONTÍNUA, UTILIZANDO EQUIPAMENTO DE PROJEÇÃO COM 3 M³/H DE CAPACIDADE. AF_07/2024","M2","237,15"]
[91100,"EXECUÇÃO DE REVESTIMENTO DE CONCRETO PROJETADO COM ESPESSURA DE 7 CM, ARMADO COM FIBRAS DE AÇO, INCLINAÇÃO DE 90°, APLICAÇÃO DESCONTÍNUA, UTILIZANDO EQUIPAMENTO DE PROJEÇÃO COM 3 M³/H DE CAPACIDADE. AF_07/2024","M2","278,03"]
[91101,"EXECUÇÃO DE REVESTIMENTO DE CONCRETO PROJETADO COM ESPESSURA DE 10 CM, ARMADO COM FIBRAS DE AÇO, INCLINAÇÃO DE 90°, APLICAÇÃO DESCONTÍNUA, UTILIZANDO EQUIPAMENTO DE PROJEÇÃO COM 3 M³/H DE CAPACIDADE. AF_07/2024","M2","256,40"]
[93957,"EXECUÇÃO DE GRAMPO PARA SOLO GRAMPEADO COM COMPRIMENTO MENOR OU IGUAL A 6 M, DIÂMETRO DE 10 CM, PERFURAÇÃO COM EQUIPAMENTO MANUAL E ARMADURA COM DIÂMETRO DE 20 MM. AF_07/2024","M","328,06"]
[93959,"EXECUÇÃO DE GRAMPO PARA SOLO GRAMPEADO COM COMPRIMENTO MAIOR QUE 6 M E MENOR OU IGUAL A 10 M, DIÂMETRO DE 10 CM, PERFURAÇÃO COM EQUIPAMENTO MANUAL E ARMADURA COM DIÂMETRO DE 20 MM. AF_07/2024","M","266,28"]
[93961,"EXECUÇÃO DE GRAMPO PARA SOLO GRAMPEADO COM COMPRIMENTO MAIOR QUE 10 M, DIÂMETRO DE 10 CM, PERFURAÇÃO COM EQUIPAMENTO MANUAL E ARMADURA COM DIÂMETRO DE 20 MM. AF_07/2024","M","240,19"]
[93967,"EXECUÇÃO DE GRAMPO PARA SOLO GRAMPEADO COM COMPRIMENTO MENOR OU IGUAL A 6 M, DIÂMETRO DE 7 CM, PERFURAÇÃO COM EQUIPAMENTO MANUAL E ARMADURA COM DIÂMETRO DE 20 MM. AF_07/2024","M","273,88"]
[93969,"EXECUÇÃO DE GRAMPO PARA SOLO GRAMPEADO COM COMPRIMENTO MAIOR QUE 6 M E MENOR OU IGUAL A 10 M, DIÂMETRO DE 7 CM, PERFURAÇÃO COM EQUIPAMENTO MANUAL E ARMADURA COM DIÂMETRO DE 20 MM. AF_07/2024","M","222,70"]
[93971,"EXECUÇÃO DE GRAMPO PARA SOLO GRAMPEADO COM COMPRIMENTO MAIOR QUE 7 M, DIÂMETRO DE 10 CM, PERFURAÇÃO COM EQUIPAMENTO MANUAL E ARMADURA COM DIÂMETRO DE 20 MM. AF_07/2024","M","201,75"]
[95108,"EXECUÇÃO DE PROTEÇÃO DA CABEÇA DO TIRANTE COM USO DE FÔRMAS METÁLICAS, 50 UTILIZAÇÕES, E CONCRETO FCK =15 MPA. AF_11/2023","UN","37,77"]
[100332,"CONTENÇÃO EM PERFIL PRANCHADO COM PRANCHÃO DE MADEIRA, PERFIS ESPAÇADOS A 1,5 M PARA 1 SUBSOLO. AF_07/2019","M2","858,94"]
[100333,"CONTENÇÃO EM PERFIL PRANCHADO COM PRANCHÃO DE MADEIRA, PERFIS ESPAÇADOS A 1,5 M PARA 2 OU MAIS SUBSOLOS. AF_07/2019","M2","548,14"]
[100334,"CONTENÇÃO EM PERFIL PRANCHADO COM PRANCHÃO DE MADEIRA, PERFIS ESPAÇADOS A 2 M PARA 1 SUBSOLO. AF_07/2019","M2","690,29"]
[100335,"CONTENÇÃO EM PERFIL PRANCHADO COM PRANCHÃO DE MADEIRA, PERFIS ESPAÇADOS A 2 M PARA 2 OU MAIS SUBSOLOS. AF_07/2019","M2","457,19"]
[100341,"FABRICAÇÃO, MONTAGEM E DESMONTAGEM DE FÔRMA PARA CORTINA DE CONTENÇÃO, EM CHAPA DE MADEIRA COMPENSADA PLASTIFICADA, E = 18 MM, 10 UTILIZAÇÕES. AF_07/2019","M2","45,75"]
[100342,"ARMAÇÃO DE CORTINA DE CONTENÇÃO EM CONCRETO ARMADO, COM AÇO CA-50 DE 6,3 MM - MONTAGEM. AF_07/2019","KG","15,11"]
[100343,"ARMAÇÃO DE CORTINA DE CONTENÇÃO EM CONCRETO ARMADO, COM AÇO CA-50 DE 8 MM - MONTAGEM. AF_07/2019","KG","14,30"]
[100344,"ARMAÇÃO DE CORTINA DE CONTENÇÃO EM CONCRETO ARMADO, COM AÇO CA-50 DE 10 MM - MONTAGEM. AF_07/2019","KG","12,84"]
[100345,"ARMAÇÃO DE CORTINA DE CONTENÇÃO EM CONCRETO ARMADO, COM AÇO CA-50 DE 12,5 MM - MONTAGEM. AF_07/2019","KG","10,89"]
[100346,"ARMAÇÃO DE CORTINA DE CONTENÇÃO EM CONCRETO ARMADO, COM AÇO CA-50 DE 16 MM - MONTAGEM. AF_07/2019","KG","10,36"]
[100347,"ARMAÇÃO DE CORTINA DE CONTENÇÃO EM CONCRETO ARMADO, COM AÇO CA-50 DE 20 MM - MONTAGEM. AF_07/2019","KG","11,64"]
[100348,"ARMAÇÃO DE CORTINA DE CONTENÇÃO EM CONCRETO ARMADO, COM AÇO CA-50 DE 25 MM - MONTAGEM. AF_07/2019","KG","11,39"]
[100349,"CONCRETAGEM DE CORTINA DE CONTENÇÃO, ATRAVÉS DE BOMBA  - LANÇAMENTO, ADENSAMENTO E ACABAMENTO. AF_07/2019","M3","882,83"]
[104841,"EXECUÇÃO DE PERFURAÇÃO PARA TIRANTE, COMPRIMENTO MAIOR OU IGUAL A 14 M E MENOR QUE 22 M, COM DIÂMETRO DE FURO DE 100 MM EXECUTADO COM HASTE E TUBOS DE REVESTIMENTO UTILIZANDO PERFURATRIZ SOBRE ESTEIRA. AF_11/2023","M","83,53"]
[104842,"EXECUÇÃO DE PERFURAÇÃO PARA TIRANTE, COMPRIMENTO MAIOR OU IGUAL A 22 M E MENOR QUE 30 M, COM DIÂMETRO DE FURO DE 100 MM EXECUTADO COM HASTE E TUBOS DE REVESTIMENTO UTILIZANDO PERFURATRIZ SOBRE ESTEIRA. AF_11/2023","M","71,92"]
[104843,"EXECUÇÃO DE PERFURAÇÃO PARA TIRANTE, COMPRIMENTO MAIOR OU IGUAL A 6 M E MENOR QUE 14 M, COM DIÂMETRO DE FURO DE 150 MM EXECUTADO COM HASTE E TUBOS DE REVESTIMENTO UTILIZANDO PERFURATRIZ SOBRE ESTEIRA. AF_11/2023","M","113,24"]
[104844,"EXECUÇÃO DE PERFURAÇÃO PARA TIRANTE, COMPRIMENTO MAIOR OU IGUAL A 14 M E MENOR QUE 22 M, COM DIÂMETRO DE FURO DE 150 MM EXECUTADO COM HASTE E TUBOS DE REVESTIMENTO UTILIZANDO PERFURATRIZ SOBRE ESTEIRA. AF_11/2023","M","91,81"]
[104845,"EXECUÇÃO DE PERFURAÇÃO PARA TIRANTE, COMPRIMENTO MAIOR OU IGUAL A 6 M E MENOR QUE 14 M, COM DIÂMETRO DE FURO DE 200 MM EXECUTADO COM HASTE E TUBOS DE REVESTIMENTO UTILIZANDO PERFURATRIZ SOBRE ESTEIRA. AF_11/2023","M","128,55"]
[104846,"EXECUÇÃO DE PERFURAÇÃO PARA TIRANTE, COMPRIMENTO MAIOR OU IGUAL A 14 M E MENOR QUE 22 M, COM DIÂMETRO DE FURO DE 200 MM EXECUTADO COM HASTE E TUBOS DE REVESTIMENTO UTILIZANDO PERFURATRIZ SOBRE ESTEIRA. AF_11/2023","M","104,12"]
[104847,"EXECUÇÃO DE PERFURAÇÃO PARA TIRANTE, COMPRIMENTO MAIOR OU IGUAL A 22 M E MENOR QUE 30 M, COM DIÂMETRO DE FURO DE 200 MM EXECUTADO COM HASTE E TUBOS DE REVESTIMENTO UTILIZANDO PERFURATRIZ SOBRE ESTEIRA. AF_11/2023","M","89,10"]
[104848,"EXECUÇÃO DE PERFURAÇÃO PARA TIRANTE, COMPRIMENTO MAIOR OU IGUAL A 6 M E MENOR QUE 14 M, COM DIÂMETRO DE FURO DE 100 MM EXECUTADO COM HASTE UTILIZANDO PERFURATRIZ MANUAL SOBRE BASE DE MONTAGEM. AF_11/2023","M","69,13"]
[104849,"EXECUÇÃO DE PERFURAÇÃO PARA TIRANTE, COMPRIMENTO MAIOR OU IGUAL A 14 M E MENOR QUE 22 M, COM DIÂMETRO DE FURO DE 100 MM EXECUTADO COM HASTE UTILIZANDO PERFURATRIZ MANUAL SOBRE BASE DE MONTAGEM. AF_11/2023","M","59,87"]
[104850,"EXECUÇÃO DE PERFURAÇÃO PARA TIRANTE, COMPRIMENTO MAIOR OU IGUAL A 22 M E MENOR QUE 30 M, COM DIÂMETRO DE FURO DE 100 MM EXECUTADO COM HASTE UTILIZANDO PERFURATRIZ MANUAL SOBRE BASE DE MONTAGEM. AF_11/2023","M","53,66"]
[104851,"EXECUÇÃO DE PERFURAÇÃO PARA TIRANTE, COMPRIMENTO MAIOR OU IGUAL A 6 M E MENOR QUE 14 M, COM DIÂMETRO DE FURO DE 150 MM EXECUTADO COM HASTE UTILIZANDO PERFURATRIZ MANUAL SOBRE BASE DE MONTAGEM. AF_11/2023","M","76,30"]
[104852,"EXECUÇÃO DE PERFURAÇÃO PARA TIRANTE, COMPRIMENTO MAIOR OU IGUAL A 14 M E MENOR QUE 22 M, COM DIÂMETRO DE FURO DE 150 MM EXECUTADO COM HASTE UTILIZANDO PERFURATRIZ MANUAL SOBRE BASE DE MONTAGEM. AF_11/2023","M","65,62"]
[104853,"EXECUÇÃO DE PERFURAÇÃO PARA TIRANTE, COMPRIMENTO MAIOR OU IGUAL A 22 M E MENOR QUE 30 M, COM DIÂMETRO DE FURO DE 150 MM EXECUTADO COM HASTE UTILIZANDO PERFURATRIZ MANUAL SOBRE BASE DE MONTAGEM. AF_11/2023","M","58,45"]
[104854,"EXECUÇÃO DE PERFURAÇÃO PARA TIRANTE, COMPRIMENTO MAIOR OU IGUAL A 14 M E MENOR QUE 22 M, COM DIÂMETRO DE FURO DE 200 MM EXECUTADO COM HASTE UTILIZANDO PERFURATRIZ MANUAL SOBRE BASE DE MONTAGEM. AF_11/2023","M","74,16"]
[104855,"EXECUÇÃO DE PERFURAÇÃO PARA TIRANTE, COMPRIMENTO MAIOR OU IGUAL A 22 M E MENOR QUE 30 M, COM DIÂMETRO DE FURO DE 200 MM EXECUTADO COM HASTE UTILIZANDO PERFURATRIZ MANUAL SOBRE BASE DE MONTAGEM. AF_11/2023","M","65,56"]
[104876,"PERFURAÇÃO DE CORTINA PRÉ-MOLDADA COM MARTELETE ROMPEDOR. AF_11/2023","UN","20,93"]
[104877,"EXECUÇÃO DE LONGARINA, PARA TIRANTES PROVISÓRIOS, COM PERFIL METÁLICO, INCLUINDO CUNHA E SOLIDARIZAÇÃO. AF_11/2023","UN","605,85"]
[104878,"EXECUÇÃO DE LONGARINA, PARA TIRANTES PERMANENTES, COM PERFIL METÁLICO, INCLUINDO CUNHA E SOLIDARIZAÇÃO. AF_11/2023","UN","2.294,63"]
[104879,"EXECUÇÃO DE PERFURAÇÃO PARA TIRANTE, COMPRIMENTO MAIOR OU IGUAL A 22 M E MENOR QUE 30 M, COM DIÂMETRO DE FURO DE 150 MM EXECUTADO COM HASTE E TUBOS DE REVESTIMENTO UTILIZANDO PERFURATRIZ SOBRE ESTEIRA. AF_11/2023","M","78,84"]
[104880,"EXECUÇÃO DE PERFURAÇÃO PARA TIRANTE, COMPRIMENTO MAIOR OU IGUAL A 6 M E MENOR QUE 14 M, COM DIÂMETRO DE FURO DE 200 MM EXECUTADO COM HASTE UTILIZANDO PERFURATRIZ MANUAL SOBRE BASE DE MONTAGEM. AF_11/2023","M","86,95"]
[104886,"EXECUÇÃO DE PERFURAÇÃO PARA TIRANTE, COMPRIMENTO MAIOR OU IGUAL A 6 M E MENOR QUE 14 M, COM DIÂMETRO DE FURO DE 100 MM EXECUTADO COM HASTE UTILIZANDO PERFURATRIZ SOBRE ESTEIRA. AF_11/2023","M","51,94"]
[104887,"EXECUÇÃO DE PERFURAÇÃO PARA TIRANTE, COMPRIMENTO MAIOR OU IGUAL A 14 M E MENOR QUE 22 M, COM DIÂMETRO DE FURO DE 100 MM EXECUTADO COM HASTE UTILIZANDO PERFURATRIZ SOBRE ESTEIRA. AF_11/2023","M","46,16"]
[104888,"EXECUÇÃO DE PERFURAÇÃO PARA TIRANTE, COMPRIMENTO MAIOR OU IGUAL A 22 M E MENOR QUE 30 M, COM DIÂMETRO DE FURO DE 100 MM EXECUTADO COM HASTE UTILIZANDO PERFURATRIZ SOBRE ESTEIRA. AF_11/2023","M","42,24"]
[104889,"EXECUÇÃO DE PERFURAÇÃO PARA TIRANTE, COMPRIMENTO MAIOR OU IGUAL A 6 M E MENOR QUE 14 M, COM DIÂMETRO DE FURO DE 200 MM EXECUTADO COM HASTE UTILIZANDO PERFURATRIZ SOBRE ESTEIRA. AF_11/2023","M","59,66"]
[104890,"EXECUÇÃO DE PERFURAÇÃO PARA TIRANTE, COMPRIMENTO MAIOR OU IGUAL A 14 M E MENOR QUE 22 M, COM DIÂMETRO DE FURO DE 200 MM EXECUTADO COM HASTE UTILIZANDO PERFURATRIZ SOBRE ESTEIRA. AF_11/2023","M","52,38"]
[104891,"EXECUÇÃO DE PERFURAÇÃO PARA TIRANTE, COMPRIMENTO MAIOR OU IGUAL A 22 M E MENOR QUE 30 M, COM DIÂMETRO DE FURO DE 200 MM EXECUTADO COM HASTE UTILIZANDO PERFURATRIZ SOBRE ESTEIRA. AF_11/2023","M","47,49"]
[104892,"EXECUÇÃO DE PERFURAÇÃO PARA TIRANTE, COMPRIMENTO MAIOR OU IGUAL A 6 M E MENOR QUE 14 M, COM DIÂMETRO DE FURO DE 100 MM EXECUTADO COM HASTE E TUBOS DE REVESTIMENTO UTILIZANDO PERFURATRIZ SOBRE ESTEIRA. AF_11/2023","M","102,90"]
[102989,"CANALETA MEIA CANA PRÉ-MOLDADA DE CONCRETO (D = 20 CM) - FORNECIMENTO E INSTALAÇÃO. AF_08/2021","M","37,85"]
[102990,"CANALETA MEIA CANA PRÉ-MOLDADA DE CONCRETO (D = 30 CM) - FORNECIMENTO E INSTALAÇÃO. AF_08/2021","M","46,06"]
[102991,"CANALETA MEIA CANA PRÉ-MOLDADA DE CONCRETO (D = 40 CM) - FORNECIMENTO E INSTALAÇÃO. AF_08/2021","M","59,69"]
[102992,"CANALETA MEIA CANA PRÉ-MOLDADA DE CONCRETO (D = 50 CM) - FORNECIMENTO E INSTALAÇÃO. AF_08/2021","M","88,08"]
[102993,"CANALETA MEIA CANA PRÉ-MOLDADA DE CONCRETO (D = 60 CM) - FORNECIMENTO E INSTALAÇÃO. AF_08/2021","M","114,65"]
[102994,"CANALETA MEIA CANA PRÉ-MOLDADA DE CONCRETO (D = 80 CM) - FORNECIMENTO E INSTALAÇÃO. AF_08/2021","M","196,20"]
[102995,"EXECUÇÃO DE CANALETA DE CONCRETO MOLDADO IN LOCO, ESPESSURA DE 0,07 M, GEOMETRIA TRAPEZOIDAL (DIMENSÕES INTERNAS: B=0,6 M; B=0,147 M; H=0,2 M). AF_08/2021","M","60,01"]
[102996,"EXECUÇÃO DE CANALETA DE CONCRETO MOLDADO IN LOCO, ESPESSURA DE 0,07 M, GEOMETRIA TRAPEZOIDAL (DIMENSÕES INTERNAS: B=0,9 M; B=0,246 M; H=0,3 M). AF_08/2021","M","84,99"]
[102997,"EXECUÇÃO DE CANALETA DE CONCRETO MOLDADO IN LOCO, ESPESSURA DE 0,08 M, GEOMETRIA TRAPEZOIDAL (DIMENSÕES INTERNAS: B=1M; B=0,5 M; H=0,25 M). AF_08/2021","M","114,58"]
[102998,"EXECUÇÃO DE CANALETA DE CONCRETO MOLDADO IN LOCO, ESPESSURA DE 0,08 M, GEOMETRIA TRAPEZOIDAL (DIMENSÕES INTERNAS: B=1,074 M; B=0,534 M; H=0,27 M). AF_08/2021","M","109,18"]
[102999,"EXECUÇÃO DE CANALETA DE CONCRETO MOLDADO IN LOCO, ESPESSURA DE 0,08 M, GEOMETRIA TRAPEZOIDAL (DIMENSÕES INTERNAS: B=1,4 M; B=0,7 M; H=0,35 M). AF_08/2021","M","138,22"]
[103000,"EXECUÇÃO DE CANALETA DE CONCRETO MOLDADO IN LOCO, ESPESSURA DE 0,08 M, GEOMETRIA TRAPEZOIDAL (DIMENSÕES INTERNAS: B=1,474 M; B=0,934 M; H=0,27 M). AF_08/2021","M","138,81"]
[103001,"GRELHA DE FERRO FUNDIDO SIMPLES COM REQUADRO, 150 X 1000 MM, ASSENTADA COM ARGAMASSA 1 : 3 CIMENTO: AREIA - FORNECIMENTO E INSTALAÇÃO. AF_08/2021","UN","235,32"]
[103002,"GRELHA DE FERRO FUNDIDO SIMPLES COM REQUADRO, 200 X 1000 MM, ASSENTADA COM ARGAMASSA 1 : 3 CIMENTO: AREIA - FORNECIMENTO E INSTALAÇÃO. AF_08/2021","UN","293,35"]
[103003,"GRELHA DE FERRO FUNDIDO SIMPLES COM REQUADRO, 300 X 1000 MM, ASSENTADA COM ARGAMASSA 1 : 3 CIMENTO: AREIA - FORNECIMENTO E INSTALAÇÃO. AF_08/2021","UN","409,48"]
[103005,"CAIXA COM GRELHA RETANGULAR DE FERRO FUNDIDO, EM ALVENARIA COM TIJOLOS CERÂMICOS MACIÇOS, DIMENSÕES INTERNAS: 0,15 X 1,00 X 0,3 M. AF_08/2021","UN","636,58"]
[103006,"CAIXA COM GRELHA RETANGULAR DE FERRO FUNDIDO, EM ALVENARIA COM TIJOLOS CERÂMICOS MACIÇOS, DIMENSÕES INTERNAS: 0,20 X 1,00 X 0,4 M. AF_08/2021","UN","875,56"]
[103007,"CAIXA COM GRELHA RETANGULAR DE FERRO FUNDIDO, EM ALVENARIA COM TIJOLOS CERÂMICOS MACIÇOS, DIMENSÕES INTERNAS: 0,30 X 1,00 X 0,5 M. AF_08/2021","UN","1.161,10"]
[97933,"CAIXA COM GRELHA SIMPLES RETANGULAR, EM CONCRETO PRÉ-MOLDADO, DIMENSÕES INTERNAS: 0,6X1,0X1,0 M. AF_12/2020","UN","1.142,38"]
[97934,"CAIXA COM GRELHA DUPLA RETANGULAR, EM CONCRETO PRÉ-MOLDADO, DIMENSÕES INTERNAS: 0,5X2,2X1,0 M. AF_12/2020","UN","2.507,15"]
[97935,"CAIXA PARA BOCA DE LOBO SIMPLES RETANGULAR, EM CONCRETO PRÉ-MOLDADO, DIMENSÕES INTERNAS: 0,6X1,0X1,2 M. AF_12/2020","UN","938,02"]
[97936,"CAIXA PARA BOCA DE LOBO DUPLA RETANGULAR, EM CONCRETO PRÉ-MOLDADO, DIMENSÕES INTERNAS: 0,6X2,2X1,2 M. AF_12/2020","UN","2.124,85"]
[97947,"CAIXA COM GRELHA SIMPLES RETANGULAR, EM ALVENARIA COM TIJOLOS CERÂMICOS MACIÇOS, DIMENSÕES INTERNAS: 0,5X1X1 M. AF_12/2020","UN","2.002,65"]
[97948,"CAIXA COM GRELHA DUPLA RETANGULAR, EM ALVENARIA COM TIJOLOS CERÂMICOS MACIÇOS, DIMENSÕES INTERNAS: 0,5X2,2X1 M. AF_12/2020","UN","3.664,20"]
[97949,"CAIXA PARA BOCA DE LOBO SIMPLES RETANGULAR, EM ALVENARIA COM TIJOLOS CERÂMICOS MACIÇOS, DIMENSÕES INTERNAS: 0,6X1X1,2 M. AF_12/2020","UN","2.025,42"]
[97950,"CAIXA PARA BOCA DE LOBO DUPLA RETANGULAR, EM ALVENARIA COM TIJOLOS CERÂMICOS MACIÇOS, DIMENSÕES INTERNAS: 0,6X2,2X1,2 M. AF_12/2020","UN","3.537,86"]
[97951,"CAIXA PARA BOCA DE LOBO COMBINADA COM GRELHA RETANGULAR, EM ALVENARIA COM TIJOLOS CERÂMICOS MACIÇOS, DIMENSÕES INTERNAS: 1,3X1X1,2 M. AF_12/2020","UN","3.218,93"]
[97952,"CAIXA PARA BOCA DE LOBO DUPLA COMBINADA COM GRELHA RETANGULAR, EM ALVENARIA COM TIJOLOS CERÂMICOS MACIÇOS, DIMENSÕES INTERNAS: 1,3X2,2X1,2 M. AF_12/2020","UN","5.516,28"]
[97953,"CAIXA COM GRELHA SIMPLES RETANGULAR, EM ALVENARIA COM BLOCOS DE CONCRETO, DIMENSÕES INTERNAS: 0,5X1X1 M. AF_12/2020","UN","1.461,96"]
[97955,"CAIXA COM GRELHA DUPLA RETANGULAR, EM ALVENARIA COM BLOCOS DE CONCRETO, DIMENSÕES INTERNAS: 0,5X2,2X1 M. AF_12/2020","UN","3.192,89"]
[97956,"CAIXA PARA BOCA DE LOBO SIMPLES RETANGULAR, EM ALVENARIA COM BLOCOS DE CONCRETO, DIMENSÕES INTERNAS: 0,6X1X1,2 M. AF_12/2020","UN","1.575,89"]
[97957,"CAIXA PARA BOCA DE LOBO DUPLA RETANGULAR, EM ALVENARIA COM BLOCOS DE CONCRETO, DIMENSÕES INTERNAS: 0,6X2,2X1,2 M. AF_12/2020","UN","2.808,46"]
[97961,"CAIXA PARA BOCA DE LOBO COMBINADA COM GRELHA RETANGULAR, EM ALVENARIA COM BLOCOS DE CONCRETO, DIMENSÕES INTERNAS: 1,3X1X1,2 M. AF_12/2020","UN","2.562,77"]
[97973,"CAIXA PARA BOCA DE LOBO DUPLA COMBINADA COM GRELHA RETANGULAR, EM ALVENARIA COM BLOCOS DE CONCRETO, DIMENSÕES INTERNAS: 1,3X2,2X1,2 M. AF_12/2020","UN","4.803,23"]
[97974,"POÇO DE INSPEÇÃO CIRCULAR PARA ESGOTO, EM CONCRETO PRÉ-MOLDADO, DIÂMETRO INTERNO = 0,60 M, PROFUNDIDADE = 0,90 M, EXCLUINDO TAMPÃO. AF_12/2020_PA","UN","516,42"]
[97975,"POÇO DE INSPEÇÃO CIRCULAR PARA ESGOTO, EM CONCRETO PRÉ-MOLDADO, DIÂMETRO INTERNO = 0,60 M, PROFUNDIDADE = 1,40 M, EXCLUINDO TAMPÃO. AF_12/2020_PA","UN","670,93"]
[97976,"POÇO DE INSPEÇÃO CIRCULAR PARA ESGOTO, EM ALVENARIA COM TIJOLOS CERÂMICOS MACIÇOS, DIÂMETRO INTERNO = 0,60 M, PROFUNDIDADE = 0,95 M, EXCLUINDO TAMPÃO. AF_12/2020_PA","UN","1.231,82"]
[97977,"POÇO DE INSPEÇÃO CIRCULAR PARA ESGOTO, EM ALVENARIA COM TIJOLOS CERÂMICOS MACIÇOS, DIÂMETRO INTERNO = 0,60 M, PROFUNDIDADE = 1,45 M, EXCLUINDO TAMPÃO. AF_12/2020_PA","UN","1.770,59"]
[97978,"BASE PARA POÇO DE VISITA CIRCULAR PARA ESGOTO, EM CONCRETO PRÉ-MOLDADO, DIÂMETRO INTERNO = 0,80 M, PROFUNDIDADE = 1,35 M, EXCLUINDO TAMPÃO. AF_12/2020_PA","UN","1.027,99"]
[97980,"BASE PARA POÇO DE VISITA CIRCULAR PARA  ESGOTO, EM ALVENARIA COM TIJOLOS CERÂMICOS MACIÇOS, DIÂMETRO INTERNO = 0,80 M, PROFUNDIDADE = 1,40 M, EXCLUINDO TAMPÃO. AF_12/2020_PA","UN","2.281,69"]
[97981,"ACRÉSCIMO PARA POÇO DE VISITA CIRCULAR PARA ESGOTO, EM ALVENARIA COM TIJOLOS CERÂMICOS MACIÇOS, DIÂMETRO INTERNO = 0,8 M. AF_12/2020","M","1.323,66"]
[97983,"ACRÉSCIMO PARA POÇO DE VISITA CIRCULAR PARA ESGOTO, EM CONCRETO PRÉ-MOLDADO, DIÂMETRO INTERNO = 1 M. AF_12/2020","M","544,60"]
[97985,"ACRÉSCIMO PARA POÇO DE VISITA CIRCULAR PARA  ESGOTO, EM ALVENARIA COM TIJOLOS CERÂMICOS MACIÇOS, DIÂMETRO INTERNO = 1 M. AF_12/2020","M","1.595,42"]
[97987,"ACRÉSCIMO PARA POÇO DE VISITA CIRCULAR PARA ESGOTO, EM CONCRETO PRÉ-MOLDADO, DIÂMETRO INTERNO = 1,2 M. AF_12/2020","M","726,19"]
[97988,"BASE PARA POÇO DE VISITA CIRCULAR PARA  ESGOTO, EM ALVENARIA COM TIJOLOS CERÂMICOS MACIÇOS, DIÂMETRO INTERNO = 1,20 M, PROFUNDIDADE = 1,40 M, EXCLUINDO TAMPÃO. AF_12/2020_PA","UN","3.371,81"]
[97989,"ACRÉSCIMO PARA POÇO DE VISITA CIRCULAR PARA ESGOTO, EM ALVENARIA COM TIJOLOS CERÂMICOS MACIÇOS, DIÂMETRO INTERNO = 1,2 M. AF_12/2020","M","1.867,08"]
[97991,"ACRÉSCIMO PARA POÇO DE VISITA CIRCULAR PARA  ESGOTO, EM CONCRETO PRÉ-MOLDADO, DIÂMETRO INTERNO = 1,5 M. AF_12/2020","M","996,43"]
[97992,"BASE PARA POÇO DE VISITA CIRCULAR PARA ESGOTO, EM ALVENARIA COM TIJOLOS CERÂMICOS MACIÇOS, DIÂMETRO INTERNO = 1,50 M, PROFUNDIDADE = 1,40 M, EXCLUINDO TAMPÃO. AF_12/2020_PA","UN","4.346,61"]
[97993,"ACRÉSCIMO PARA POÇO DE VISITA CIRCULAR PARA  ESGOTO, EM ALVENARIA COM TIJOLOS CERÂMICOS MACIÇOS, DIÂMETRO INTERNO = 1,5 M. AF_12/2020","M","2.274,76"]
[97994,"BASE PARA POÇO DE VISITA RETANGULAR PARA  ESGOTO, EM ALVENARIA COM BLOCOS DE CONCRETO, DIMENSÕES INTERNAS = 1X1 M, PROFUNDIDADE = 1,40 M, EXCLUINDO TAMPÃO. AF_12/2020_PA","UN","2.792,57"]
[97995,"ACRÉSCIMO PARA POÇO DE VISITA RETANGULAR PARA ESGOTO, EM ALVENARIA COM BLOCOS DE CONCRETO, DIMENSÕES INTERNAS = 1X1 M. AF_12/2020","M","1.384,21"]
[97996,"BASE PARA POÇO DE VISITA RETANGULAR PARA ESGOTO, EM ALVENARIA COM BLOCOS DE CONCRETO, DIMENSÕES INTERNAS = 1X1,5 M, PROFUNDIDADE = 1,40 M, EXCLUINDO TAMPÃO. AF_12/2020_PA","UN","3.538,94"]
[97997,"ACRÉSCIMO PARA POÇO DE VISITA RETANGULAR PARA ESGOTO, EM ALVENARIA COM BLOCOS DE CONCRETO, DIMENSÕES INTERNAS = 1X1,5 M. AF_12/2020","M","1.653,56"]
[97999,"ACRÉSCIMO PARA POÇO DE VISITA RETANGULAR PARA ESGOTO, EM ALVENARIA COM BLOCOS DE CONCRETO, DIMENSÕES INTERNAS = 1X2 M. AF_12/2020","M","1.923,02"]
[98001,"ACRÉSCIMO PARA POÇO DE VISITA RETANGULAR PARA ESGOTO, EM ALVENARIA COM BLOCOS DE CONCRETO, DIMENSÕES INTERNAS = 1X2,5 M. AF_12/2020","M","2.192,38"]
[98002,"BASE PARA POÇO DE VISITA RETANGULAR PARA ESGOTO, EM ALVENARIA COM BLOCOS DE CONCRETO, DIMENSÕES INTERNAS = 1X3 M, PROFUNDIDADE = 1,40 M, EXCLUINDO TAMPÃO. AF_12/2020_PA","UN","5.812,61"]
[98003,"ACRÉSCIMO PARA POÇO DE VISITA RETANGULAR PARA ESGOTO, EM ALVENARIA COM BLOCOS DE CONCRETO, DIMENSÕES INTERNAS = 1X3 M. AF_12/2020","M","2.461,81"]
[98005,"ACRÉSCIMO PARA POÇO DE VISITA RETANGULAR PARA ESGOTO, EM ALVENARIA COM BLOCOS DE CONCRETO, DIMENSÕES INTERNAS = 1X3,5 M. AF_12/2020","M","2.731,25"]
[98006,"BASE PARA POÇO DE VISITA RETANGULAR PARA ESGOTO, EM ALVENARIA COM BLOCOS DE CONCRETO, DIMENSÕES INTERNAS = 1X4 M, PROFUNDIDADE = 1,40 M, EXCLUINDO TAMPÃO. AF_12/2020_PA","UN","7.314,06"]
[98007,"ACRÉSCIMO PARA POÇO DE VISITA RETANGULAR PARA ESGOTO, EM ALVENARIA COM BLOCOS DE CONCRETO, DIMENSÕES INTERNAS = 1X4 M. AF_12/2020","M","3.000,62"]
[98008,"BASE PARA POÇO DE VISITA RETANGULAR PARA ESGOTO, EM ALVENARIA COM BLOCOS DE CONCRETO, DIMENSÕES INTERNAS = 1,5X1,5 M, PROFUNDIDADE = 1,45 M, EXCLUINDO TAMPÃO . AF_12/2020_PA","UN","4.399,33"]
[98009,"ACRÉSCIMO PARA POÇO DE VISITA RETANGULAR PARA ESGOTO, EM ALVENARIA COM BLOCOS DE CONCRETO, DIMENSÕES INTERNAS = 1,5X1,5 M. AF_12/2020","M","1.923,02"]
[98010,"BASE PARA POÇO DE VISITA RETANGULAR PARA ESGOTO, EM ALVENARIA COM BLOCOS DE CONCRETO, DIMENSÕES INTERNAS = 1,5X2 M, PROFUNDIDADE = 1,40 M, EXCLUINDO TAMPÃO. AF_12/2020_PA","UN","5.374,74"]
[98011,"ACRÉSCIMO PARA POÇO DE VISITA RETANGULAR PARA ESGOTO, EM ALVENARIA COM BLOCOS DE CONCRETO, DIMENSÕES INTERNAS = 1,5X2 M. AF_12/2020","M","2.192,38"]
[98012,"BASE PARA POÇO DE VISITA RETANGULAR PARA ESGOTO, EM ALVENARIA COM BLOCOS DE CONCRETO, DIMENSÕES INTERNAS = 1,5X2,5 M, PROFUNDIDADE = 1,40 M, EXCLUINDO TAMPÃO. AF_12/2020_PA","UN","6.322,64"]
[98013,"ACRÉSCIMO PARA POÇO DE VISITA RETANGULAR PARA ESGOTO, EM ALVENARIA COM BLOCOS DE CONCRETO, DIMENSÕES INTERNAS = 1,5X2,5 M. AF_12/2020","M","2.461,81"]
[98014,"BASE PARA POÇO DE VISITA RETANGULAR PARA ESGOTO, EM ALVENARIA COM BLOCOS DE CONCRETO, DIMENSÕES INTERNAS = 1,5X3 M, PROFUNDIDADE = 1,40 M, EXCLUINDO TAMPÃO. AF_12/2020_PA","UN","7.270,49"]
[98015,"ACRÉSCIMO PARA POÇO DE VISITA RETANGULAR PARA ESGOTO, EM ALVENARIA COM BLOCOS DE CONCRETO, DIMENSÕES INTERNAS = 1,5X3 M. AF_12/2020","M","2.731,25"]
[98016,"BASE PARA POÇO DE VISITA RETANGULAR PARA ESGOTO, EM ALVENARIA COM BLOCOS DE CONCRETO, DIMENSÕES INTERNAS = 1,5X3,5 M, PROFUNDIDADE = 1,40 M, EXCLUINDO TAMPÃO. AF_12/2020_PA","UN","8.218,46"]
[98017,"ACRÉSCIMO PARA POÇO DE VISITA RETANGULAR PARA ESGOTO, EM ALVENARIA COM BLOCOS DE CONCRETO, DIMENSÕES INTERNAS = 1,5X3,5 M. AF_12/2020","M","3.000,62"]
[98018,"BASE PARA POÇO DE VISITA RETANGULAR PARA ESGOTO, EM ALVENARIA COM BLOCOS DE CONCRETO, DIMENSÕES INTERNAS = 1,5X4 M, PROFUNDIDADE = 1,40 M, EXCLUINDO TAMPÃO. AF_12/2020_PA","UN","9.166,32"]
[98019,"ACRÉSCIMO PARA POÇO DE VISITA RETANGULAR PARA ESGOTO, EM ALVENARIA COM BLOCOS DE CONCRETO, DIMENSÕES INTERNAS = 1,5X4 M. AF_12/2020","M","3.295,30"]
[98020,"BASE PARA POÇO DE VISITA RETANGULAR PARA ESGOTO, EM ALVENARIA COM BLOCOS DE CONCRETO, DIMENSÕES INTERNAS = 2X2 M, PROFUNDIDADE = 1,40 M, EXCLUINDO TAMPÃO. AF_12/2020_PA","UN","6.509,05"]
[98021,"ACRÉSCIMO PARA POÇO DE VISITA RETANGULAR PARA ESGOTO, EM ALVENARIA COM BLOCOS DE CONCRETO, DIMENSÕES INTERNAS = 2X2 M. AF_12/2020","M","2.487,12"]
[98022,"BASE PARA POÇO DE VISITA RETANGULAR PARA ESGOTO, EM ALVENARIA COM BLOCOS DE CONCRETO, DIMENSÕES INTERNAS = 2X2,5 M, PROFUNDIDADE = 1,40 M, EXCLUINDO TAMPÃO. AF_12/2020_PA","UN","7.640,21"]
[98023,"ACRÉSCIMO PARA POÇO DE VISITA RETANGULAR PARA ESGOTO, EM ALVENARIA COM BLOCOS DE CONCRETO, DIMENSÕES INTERNAS = 2X2,5 M. AF_12/2020","M","2.756,49"]
[98024,"BASE PARA POÇO DE VISITA RETANGULAR PARA ESGOTO, EM ALVENARIA COM BLOCOS DE CONCRETO, DIMENSÕES INTERNAS = 2X3 M, PROFUNDIDADE = 1,40 M, EXCLUINDO TAMPÃO. AF_12/2020_PA","UN","8.832,25"]
[98025,"ACRÉSCIMO PARA POÇO DE VISITA RETANGULAR PARA ESGOTO, EM ALVENARIA COM BLOCOS DE CONCRETO, DIMENSÕES INTERNAS = 2X3 M. AF_12/2020","M","3.025,93"]
[98026,"BASE PARA POÇO DE VISITA RETANGULAR PARA ESGOTO, EM ALVENARIA COM BLOCOS DE CONCRETO, DIMENSÕES INTERNAS = 2X3,5 M, PROFUNDIDADE = 1,40 M, EXCLUINDO TAMPÃO. AF_12/2020_PA","UN","9.971,10"]
[98027,"ACRÉSCIMO PARA POÇO DE VISITA RETANGULAR PARA ESGOTO, EM ALVENARIA COM BLOCOS DE CONCRETO, DIMENSÕES INTERNAS = 2X3,5 M. AF_12/2020","M","3.295,30"]
[98028,"BASE PARA POÇO DE VISITA RETANGULAR PARA ESGOTO, EM ALVENARIA COM BLOCOS DE CONCRETO, DIMENSÕES INTERNAS = 2X4 M, PROFUNDIDADE = 1,40 M, EXCLUINDO TAMPÃO. AF_12/2020_PA","UN","11.110,01"]
[98029,"ACRÉSCIMO PARA POÇO DE VISITA RETANGULAR PARA ESGOTO, EM ALVENARIA COM BLOCOS DE CONCRETO, DIMENSÕES INTERNAS = 2X4 M. AF_12/2020","M","3.569,91"]
[98030,"BASE PARA POÇO DE VISITA RETANGULAR PARA ESGOTO, EM ALVENARIA COM BLOCOS DE CONCRETO, DIMENSÕES INTERNAS = 2,5X2,5 M, PROFUNDIDADE = 1,40 M, EXCLUINDO TAMPÃO. AF_12/2020_PA","UN","9.068,24"]
[98031,"ACRÉSCIMO PARA POÇO DE VISITA RETANGULAR PARA ESGOTO, EM ALVENARIA COM BLOCOS DE CONCRETO, DIMENSÕES INTERNAS = 2,5X2,5 M. AF_12/2020","M","3.031,21"]
[98032,"BASE PARA POÇO DE VISITA RETANGULAR PARA ESGOTO, EM ALVENARIA COM BLOCOS DE CONCRETO, DIMENSÕES INTERNAS = 2,5X3 M, PROFUNDIDADE = 1,40 M, EXCLUINDO TAMPÃO. AF_12/2020_PA","UN","10.448,12"]
[98033,"ACRÉSCIMO PARA POÇO DE VISITA RETANGULAR PARA ESGOTO, EM ALVENARIA COM BLOCOS DE CONCRETO, DIMENSÕES INTERNAS = 2,5X3 M. AF_12/2020","M","3.300,58"]
[98034,"BASE PARA POÇO DE VISITA RETANGULAR PARA ESGOTO, EM ALVENARIA COM BLOCOS DE CONCRETO, DIMENSÕES INTERNAS = 2,5X3,5 M, PROFUNDIDADE = 1,40 M, EXCLUINDO TAMPÃO. AF_12/2020_PA","UN","11.828,01"]
[98035,"ACRÉSCIMO PARA POÇO DE VISITA RETANGULAR PARA ESGOTO, EM ALVENARIA COM BLOCOS DE CONCRETO, DIMENSÕES INTERNAS = 2,5X3,5 M. AF_12/2020","M","3.569,91"]
[98036,"BASE PARA POÇO DE VISITA RETANGULAR PARA ESGOTO, EM ALVENARIA COM BLOCOS DE CONCRETO, DIMENSÕES INTERNAS = 2,5X4 M, PROFUNDIDADE = 1,40 M, EXCLUINDO TAMPÃO. AF_12/2020_PA","UN","13.207,91"]
[98037,"ACRÉSCIMO PARA POÇO DE VISITA RETANGULAR PARA ESGOTO, EM ALVENARIA COM BLOCOS DE CONCRETO, DIMENSÕES INTERNAS = 2,5X4 M. AF_12/2020","M","3.844,53"]
[98038,"BASE PARA POÇO DE VISITA RETANGULAR PARA ESGOTO, EM ALVENARIA COM BLOCOS DE CONCRETO, DIMENSÕES INTERNAS = 3X3 M, PROFUNDIDADE = 1,40 M, EXCLUINDO TAMPÃO. AF_12/2020_PA","UN","12.088,16"]
[98039,"ACRÉSCIMO PARA POÇO DE VISITA RETANGULAR PARA ESGOTO, EM ALVENARIA COM BLOCOS DE CONCRETO, DIMENSÕES INTERNAS = 3X3 M. AF_12/2020","M","3.575,19"]
[98040,"BASE PARA POÇO DE VISITA RETANGULAR PARA ESGOTO, EM ALVENARIA COM BLOCOS DE CONCRETO, DIMENSÕES INTERNAS = 3X3,5 M, PROFUNDIDADE = 1,40 M, EXCLUINDO TAMPÃO. AF_12/2020_PA","UN","13.677,93"]
[98041,"ACRÉSCIMO PARA POÇO DE VISITA RETANGULAR PARA ESGOTO, EM ALVENARIA COM BLOCOS DE CONCRETO, DIMENSÕES INTERNAS = 3X3,5 M. AF_12/2020","M","3.844,53"]
[98042,"BASE PARA POÇO DE VISITA RETANGULAR PARA ESGOTO, EM ALVENARIA COM BLOCOS DE CONCRETO, DIMENSÕES INTERNAS = 3X4 M, PROFUNDIDADE = 1,40 M, EXCLUINDO TAMPÃO. AF_12/2020_PA","UN","15.267,73"]
[98043,"ACRÉSCIMO PARA POÇO DE VISITA RETANGULAR PARA ESGOTO, EM ALVENARIA COM BLOCOS DE CONCRETO, DIMENSÕES INTERNAS = 3X4 M. AF_12/2020","M","4.119,26"]
[98044,"BASE PARA POÇO DE VISITA RETANGULAR PARA ESGOTO, EM ALVENARIA COM BLOCOS DE CONCRETO, DIMENSÕES INTERNAS = 3,5X3,5 M, PROFUNDIDADE = 1,40 M, EXCLUINDO TAMPÃO. AF_12/2020_PA","UN","15.527,97"]
[98045,"ACRÉSCIMO PARA POÇO DE VISITA RETANGULAR PARA ESGOTO, EM ALVENARIA COM BLOCOS DE CONCRETO, DIMENSÕES INTERNAS = 3,5X3,5 M. AF_12/2020","M","4.119,26"]
[98046,"BASE PARA POÇO DE VISITA RETANGULAR PARA ESGOTO, EM ALVENARIA COM BLOCOS DE CONCRETO, DIMENSÕES INTERNAS = 3,5X4 M, PROFUNDIDADE = 1,40 M, EXCLUINDO TAMPÃO. AF_12/2020_PA","UN","17.327,44"]
[98047,"ACRÉSCIMO PARA POÇO DE VISITA RETANGULAR PARA ESGOTO, EM ALVENARIA COM BLOCOS DE CONCRETO, DIMENSÕES INTERNAS = 3,5X4 M. AF_12/2020","M","4.393,91"]
[98048,"BASE PARA POÇO DE VISITA RETANGULAR PARA ESGOTO, EM ALVENARIA COM BLOCOS DE CONCRETO, DIMENSÕES INTERNAS = 4X4 M, PROFUNDIDADE = 1,45 M, EXCLUINDO TAMPÃO. AF_12/2020_PA","UN","19.387,31"]
[98049,"ACRÉSCIMO PARA POÇO DE VISITA RETANGULAR PARA ESGOTO, EM ALVENARIA COM BLOCOS DE CONCRETO, DIMENSÕES INTERNAS = 4X4 M. AF_12/2020","M","4.617,00"]
[98050,"CHAMINÉ CIRCULAR PARA POÇO DE VISITA PARA ESGOTO, EM CONCRETO PRÉ-MOLDADO, DIÂMETRO INTERNO = 0,6 M. AF_12/2020","M","301,60"]
[98051,"CHAMINÉ CIRCULAR PARA POÇO DE VISITA PARA ESGOTO, EM ALVENARIA COM TIJOLOS CERÂMICOS MACIÇOS, DIÂMETRO INTERNO = 0,6 M. AF_12/2020","M","1.054,89"]
[98405,"BASE PARA POÇO DE VISITA CIRCULAR PARA  ESGOTO, EM ALVENARIA COM TIJOLOS CERÂMICOS MACIÇOS, DIÂMETRO INTERNO = 1,0 M, PROFUNDIDADE = 1,40 M, EXCLUINDO TAMPÃO. AF_12/2020_PA","UN","2.825,40"]
[98406,"BASE PARA POÇO DE VISITA RETANGULAR PARA ESGOTO, EM ALVENARIA COM BLOCOS DE CONCRETO, DIMENSÕES INTERNAS = 1X3,5 M, PROFUNDIDADE = 1,40 M, EXCLUINDO TAMPÃO. AF_12/2020_PA","UN","6.563,31"]
[98407,"BASE PARA POÇO DE VISITA RETANGULAR PARA ESGOTO, EM ALVENARIA COM BLOCOS DE CONCRETO, DIMENSÕES INTERNAS = 1X2 M, PROFUNDIDADE = 1,40 M, EXCLUINDO TAMPÃO. AF_12/2020_PA","UN","4.285,23"]
[98408,"BASE PARA POÇO DE VISITA RETANGULAR PARA ESGOTO, EM ALVENARIA COM BLOCOS DE CONCRETO, DIMENSÕES INTERNAS = 1X2,5 M, PROFUNDIDADE = 1,40 M, EXCLUINDO TAMPÃO. AF_12/2020_PA","UN","5.031,56"]
[98409,"ACRÉSCIMO PARA POÇO DE VISITA CIRCULAR PARA ESGOTO, EM CONCRETO PRÉ-MOLDADO, DIÂMETRO INTERNO = 0,8 M. AF_12/2020","M","411,66"]
[98410,"BASE PARA POÇO DE VISITA CIRCULAR PARA ESGOTO, EM CONCRETO PRÉ-MOLDADO, DIÂMETRO INTERNO = 1,0 M, PROFUNDIDADE = 1,35 M, EXCLUINDO TAMPÃO. AF_12/2020_PA","UN","1.344,78"]
[99240,"ACRÉSCIMO PARA POÇO DE VISITA CIRCULAR PARA DRENAGEM, EM CONCRETO PRÉ-MOLDADO, DIÂMETRO INTERNO = 1,2 M. AF_12/2020","M","722,61"]
[99241,"ACRÉSCIMO PARA POÇO DE VISITA RETANGULAR PARA DRENAGEM, EM ALVENARIA COM BLOCOS DE CONCRETO, DIMENSÕES INTERNAS = 1,5X1,5 M. AF_12/2020","M","1.847,89"]
[99242,"BASE PARA POÇO DE VISITA CIRCULAR PARA DRENAGEM, EM ALVENARIA COM TIJOLOS CERÂMICOS MACIÇOS, DIÂMETRO INTERNO = 1,2 M, PROFUNDIDADE = 1,40 M, EXCLUINDO TAMPÃO. AF_12/2020_PA","UN","3.269,66"]
[99243,"ACRÉSCIMO PARA POÇO DE VISITA CIRCULAR PARA DRENAGEM, EM ALVENARIA COM TIJOLOS CERÂMICOS MACIÇOS, DIÂMETRO INTERNO = 1,2 M. AF_12/2020","M","1.770,34"]
[99244,"BASE PARA POÇO DE VISITA RETANGULAR PARA DRENAGEM, EM ALVENARIA COM BLOCOS DE CONCRETO, DIMENSÕES INTERNAS = 1,5X2 M, PROFUNDIDADE = 1,40 M, EXCLUINDO TAMPÃO. AF_12/2020_PA","UN","5.252,01"]
[99246,"ACRÉSCIMO PARA POÇO DE VISITA CIRCULAR PARA DRENAGEM, EM CONCRETO PRÉ-MOLDADO, DIÂMETRO INTERNO = 1,5 M. AF_12/2020","M","991,54"]
[99247,"ACRÉSCIMO PARA POÇO DE VISITA RETANGULAR PARA DRENAGEM, EM ALVENARIA COM BLOCOS DE CONCRETO, DIMENSÕES INTERNAS = 1,5X2 M. AF_12/2020","M","2.106,22"]
[99248,"BASE PARA POÇO DE VISITA CIRCULAR PARA DRENAGEM, EM ALVENARIA COM TIJOLOS CERÂMICOS MACIÇOS, DIÂMETRO INTERNO = 1,50 M, PROFUNDIDADE = 1,40 M, EXCLUINDO TAMPÃO. AF_12/2020_PA","UN","4.223,33"]
[99249,"ACRÉSCIMO PARA POÇO DE VISITA CIRCULAR PARA DRENAGEM, EM ALVENARIA COM TIJOLOS CERÂMICOS MACIÇOS, DIÂMETRO INTERNO = 1,5 M. AF_12/2020","M","2.162,95"]
[99252,"BASE PARA POÇO DE VISITA RETANGULAR PARA DRENAGEM, EM ALVENARIA COM BLOCOS DE CONCRETO, DIMENSÕES INTERNAS = 1X1 M, PROFUNDIDADE = 1,40 M, EXCLUINDO TAMPÃO. AF_12/2020_PA","UN","2.728,59"]
[99254,"ACRÉSCIMO PARA POÇO DE VISITA RETANGULAR PARA DRENAGEM, EM ALVENARIA COM BLOCOS DE CONCRETO, DIMENSÕES INTERNAS = 1X1 M. AF_12/2020","M","1.331,18"]
[99256,"BASE PARA POÇO DE VISITA RETANGULAR PARA DRENAGEM, EM ALVENARIA COM BLOCOS DE CONCRETO, DIMENSÕES INTERNAS = 1,5X2,5 M, PROFUNDIDADE = 1,40 M, EXCLUINDO TAMPÃO. AF_12/2020_PA","UN","6.177,79"]
[99259,"BASE PARA POÇO DE VISITA RETANGULAR PARA DRENAGEM, EM ALVENARIA COM BLOCOS DE CONCRETO, DIMENSÕES INTERNAS = 1X1,5 M, PROFUNDIDADE = 1,40 M, EXCLUINDO TAMPÃO. AF_12/2020_PA","UN","3.457,30"]
[99261,"ACRÉSCIMO PARA POÇO DE VISITA RETANGULAR PARA DRENAGEM, EM ALVENARIA COM BLOCOS DE CONCRETO, DIMENSÕES INTERNAS = 1X1,5 M. AF_12/2020","M","1.589,49"]
[99263,"ACRÉSCIMO PARA POÇO DE VISITA RETANGULAR PARA DRENAGEM, EM ALVENARIA COM BLOCOS DE CONCRETO, DIMENSÕES INTERNAS = 1,5X2,5 M. AF_12/2020","M","2.364,59"]
[99265,"BASE PARA POÇO DE VISITA RETANGULAR PARA DRENAGEM, EM ALVENARIA COM BLOCOS DE CONCRETO, DIMENSÕES INTERNAS = 1X2 M, PROFUNDIDADE = 1,40 M, EXCLUINDO TAMPÃO. AF_12/2020_PA","UN","4.185,95"]
[99266,"ACRÉSCIMO PARA POÇO DE VISITA RETANGULAR PARA DRENAGEM, EM ALVENARIA COM BLOCOS DE CONCRETO, DIMENSÕES INTERNAS = 1X2 M. AF_12/2020","M","1.847,89"]
[99267,"BASE PARA POÇO DE VISITA RETANGULAR PARA DRENAGEM, EM ALVENARIA COM BLOCOS DE CONCRETO, DIMENSÕES INTERNAS = 1X2,5 M, PROFUNDIDADE = 1,40 M, EXCLUINDO TAMPÃO. AF_12/2020_PA","UN","4.914,62"]
[99268,"POÇO DE INSPEÇÃO CIRCULAR PARA DRENAGEM, EM CONCRETO PRÉ-MOLDADO, DIÂMETRO INTERNO = 0,60 M, PROFUNDIDADE = 0,90 M, EXCLUINDO TAMPÃO. AF_12/2020_PA","UN","511,85"]
[99269,"ACRÉSCIMO PARA POÇO DE VISITA RETANGULAR PARA DRENAGEM, EM ALVENARIA COM BLOCOS DE CONCRETO, DIMENSÕES INTERNAS = 1X2,5 M. AF_12/2020","M","2.106,22"]
[99270,"POÇO DE INSPEÇÃO CIRCULAR PARA DRENAGEM, EM CONCRETO PRÉ-MOLDADO, DIÂMETRO INTERNO = 0,60 M, PROFUNDIDADE = 1,40 M, EXCLUINDO TAMPÃO. AF_12/2020_PA","UN","665,59"]
[99271,"BASE PARA POÇO DE VISITA RETANGULAR PARA DRENAGEM, EM ALVENARIA COM BLOCOS DE CONCRETO, DIMENSÕES INTERNAS = 1,5X3 M, PROFUNDIDADE = 1,40 M, EXCLUINDO TAMPÃO. AF_12/2020_PA","UN","7.103,50"]
[99272,"POÇO DE INSPEÇÃO CIRCULAR PARA DRENAGEM, EM ALVENARIA COM TIJOLOS CERÂMICOS MACIÇOS, DIÂMETRO INTERNO = 0,60 M, PROFUNDIDADE = 0,95 M, EXCLUINDO TAMPÃO. AF_12/2020_PA","UN","1.185,84"]
[99273,"POÇO DE INSPEÇÃO CIRCULAR PARA DRENAGEM, EM ALVENARIA COM TIJOLOS CERÂMICOS MACIÇOS, DIÂMETRO INTERNO = 0,60 M, PROFUNDIDADE = 1,45 M, EXCLUINDO TAMPÃO. AF_12/2020_PA","UN","1.689,08"]
[99274,"BASE PARA POÇO DE VISITA RETANGULAR PARA DRENAGEM, EM ALVENARIA COM BLOCOS DE CONCRETO, DIMENSÕES INTERNAS = 1X3 M, PROFUNDIDADE = 1,40 M, EXCLUINDO TAMPÃO. AF_12/2020_PA","UN","5.678,02"]
[99275,"BASE PARA POÇO DE VISITA CIRCULAR PARA DRENAGEM, EM CONCRETO PRÉ-MOLDADO, DIÂMETRO INTERNO = 0,80 M, PROFUNDIDADE = 1,35 M, EXCLUINDO TAMPÃO. AF_12/2020_PA","UN","1.019,02"]
[99276,"ACRÉSCIMO PARA POÇO DE VISITA RETANGULAR PARA DRENAGEM, EM ALVENARIA COM BLOCOS DE CONCRETO, DIMENSÕES INTERNAS = 1,5X3 M. AF_12/2020","M","2.622,98"]
[99277,"ACRÉSCIMO PARA POÇO DE VISITA RETANGULAR PARA DRENAGEM, EM ALVENARIA COM BLOCOS DE CONCRETO, DIMENSÕES INTERNAS = 1X3 M. AF_12/2020","M","2.364,59"]
[99278,"ACRÉSCIMO PARA POÇO DE VISITA CIRCULAR PARA DRENAGEM, EM CONCRETO PRÉ-MOLDADO, DIÂMETRO INTERNO = 0,8 M. AF_12/2020","M","409,48"]
[99279,"BASE PARA POÇO DE VISITA RETANGULAR PARA DRENAGEM, EM ALVENARIA COM BLOCOS DE CONCRETO, DIMENSÕES INTERNAS = 1X3,5 M, PROFUNDIDADE = 1,40 M, EXCLUINDO TAMPÃO. AF_12/2020_PA","UN","6.411,06"]
[99280,"BASE PARA POÇO DE VISITA CIRCULAR PARA DRENAGEM, EM ALVENARIA COM TIJOLOS CERÂMICOS MACIÇOS, DIÂMETRO INTERNO = 0,80 M, PROFUNDIDADE = 1,40 M, EXCLUINDO TAMPÃO. AF_12/2020_PA","UN","2.201,13"]
[99281,"ACRÉSCIMO PARA POÇO DE VISITA RETANGULAR PARA DRENAGEM, EM ALVENARIA COM BLOCOS DE CONCRETO, DIMENSÕES INTERNAS = 1X3,5 M. AF_12/2020","M","2.622,98"]
[99282,"ACRÉSCIMO PARA POÇO DE VISITA RETANGULAR PARA DRENAGEM, EM ALVENARIA COM BLOCOS DE CONCRETO, DIMENSÕES INTERNAS = 2,5X2,5 M. AF_12/2020","M","2.907,88"]
[99283,"ACRÉSCIMO PARA POÇO DE VISITA CIRCULAR PARA DRENAGEM, EM ALVENARIA COM TIJOLOS CERÂMICOS MACIÇOS, DIÂMETRO INTERNO = 0,8 M. AF_12/2020","M","1.246,97"]
[99284,"BASE PARA POÇO DE VISITA RETANGULAR PARA DRENAGEM, EM ALVENARIA COM BLOCOS DE CONCRETO, DIMENSÕES INTERNAS = 1,5X3,5 M, PROFUNDIDADE = 1,40 M, EXCLUINDO TAMPÃO. AF_12/2020_PA","UN","8.029,32"]
[99285,"BASE PARA POÇO DE VISITA CIRCULAR PARA DRENAGEM, EM CONCRETO PRÉ-MOLDADO, DIÂMETRO INTERNO = 1,0 M, PROFUNDIDADE = 1,35 M, EXCLUINDO TAMPÃO. AF_05/2018_PA","UN","1.389,61"]
[99286,"BASE PARA POÇO DE VISITA RETANGULAR PARA DRENAGEM, EM ALVENARIA COM BLOCOS DE CONCRETO, DIMENSÕES INTERNAS = 1X4 M, PROFUNDIDADE = 1,40 M, EXCLUINDO TAMPÃO. AF_12/2020_PA","UN","7.144,17"]
[99287,"BASE PARA POÇO DE VISITA RETANGULAR PARA DRENAGEM, EM ALVENARIA COM BLOCOS DE CONCRETO, DIMENSÕES INTERNAS = 2,5X3 M, PROFUNDIDADE = 1,40 M, EXCLUINDO TAMPÃO. AF_12/2020_PA","UN","10.207,41"]
[99288,"ACRÉSCIMO PARA POÇO DE VISITA CIRCULAR PARA DRENAGEM, EM CONCRETO PRÉ-MOLDADO, DIÂMETRO INTERNO = 1 M. AF_12/2020","M","541,75"]
[99289,"ACRÉSCIMO PARA POÇO DE VISITA RETANGULAR PARA DRENAGEM, EM ALVENARIA COM BLOCOS DE CONCRETO, DIMENSÕES INTERNAS = 1X4 M. AF_12/2020","M","2.881,31"]
[99290,"BASE PARA POÇO DE VISITA RETANGULAR PARA DRENAGEM, EM ALVENARIA COM BLOCOS DE CONCRETO, DIMENSÕES INTERNAS = 1,5X1,5 M, PROFUNDIDADE = 1,40 M, EXCLUINDO TAMPÃO. AF_12/2020_PA","UN","4.298,74"]
[99291,"ACRÉSCIMO PARA POÇO DE VISITA RETANGULAR PARA DRENAGEM, EM ALVENARIA COM BLOCOS DE CONCRETO, DIMENSÕES INTERNAS = 1,5X3,5 M. AF_12/2020","M","2.881,31"]
[99292,"BASE PARA POÇO DE VISITA CIRCULAR PARA DRENAGEM, EM ALVENARIA COM TIJOLOS CERÂMICOS MACIÇOS, DIÂMETRO INTERNO = 1,0 M, PROFUNDIDADE = 1,40 M, EXCLUINDO TAMPÃO. AF_12/2020_PA","UN","2.733,54"]
[99293,"ACRÉSCIMO PARA POÇO DE VISITA CIRCULAR PARA DRENAGEM, EM ALVENARIA COM TIJOLOS CERÂMICOS MACIÇOS, DIÂMETRO INTERNO = 1 M. AF_12/2020","M","1.508,71"]
[99294,"BASE PARA POÇO DE VISITA RETANGULAR PARA DRENAGEM, EM ALVENARIA COM BLOCOS DE CONCRETO, DIMENSÕES INTERNAS = 1,5X4 M, PROFUNDIDADE = 1,40 M, EXCLUINDO TAMPÃO. AF_12/2020_PA","UN","8.955,06"]
[99296,"ACRÉSCIMO PARA POÇO DE VISITA RETANGULAR PARA DRENAGEM, EM ALVENARIA COM BLOCOS DE CONCRETO, DIMENSÕES INTERNAS = 2,5X3 M. AF_12/2020","M","3.166,21"]
[99297,"ACRÉSCIMO PARA POÇO DE VISITA RETANGULAR PARA DRENAGEM, EM ALVENARIA COM BLOCOS DE CONCRETO, DIMENSÕES INTERNAS = 1,5X4 M. AF_12/2020","M","3.161,62"]
[99298,"BASE PARA POÇO DE VISITA RETANGULAR PARA DRENAGEM, EM ALVENARIA COM BLOCOS DE CONCRETO, DIMENSÕES INTERNAS = 2,5X3,5 M, PROFUNDIDADE = 1,40 M, EXCLUINDO TAMPÃO. AF_12/2020_PA","UN","11.554,96"]
[99299,"ACRÉSCIMO PARA POÇO DE VISITA RETANGULAR PARA DRENAGEM, EM ALVENARIA COM BLOCOS DE CONCRETO, DIMENSÕES INTERNAS = 2,5X3,5 M. AF_12/2020","M","3.424,49"]
[99300,"BASE PARA POÇO DE VISITA RETANGULAR PARA DRENAGEM, EM ALVENARIA COM BLOCOS DE CONCRETO, DIMENSÕES INTERNAS = 2,5X4 M, PROFUNDIDADE = 1,40 M, EXCLUINDO TAMPÃO. AF_12/2020_PA","UN","12.902,51"]
[99301,"BASE PARA POÇO DE VISITA RETANGULAR PARA DRENAGEM, EM ALVENARIA COM BLOCOS DE CONCRETO, DIMENSÕES INTERNAS = 2X2 M, PROFUNDIDADE = 1,40 M, EXCLUINDO TAMPÃO. AF_12/2020_PA","UN","6.359,54"]
[99302,"ACRÉSCIMO PARA POÇO DE VISITA RETANGULAR PARA DRENAGEM, EM ALVENARIA COM BLOCOS DE CONCRETO, DIMENSÕES INTERNAS = 2,5X4 M. AF_12/2020","M","3.687,37"]
[99303,"BASE PARA POÇO DE VISITA RETANGULAR PARA DRENAGEM, EM ALVENARIA COM BLOCOS DE CONCRETO, DIMENSÕES INTERNAS = 3X3 M, PROFUNDIDADE = 1,40 M, EXCLUINDO TAMPÃO. AF_12/2020_PA","UN","11.808,93"]
[99304,"ACRÉSCIMO PARA POÇO DE VISITA RETANGULAR PARA DRENAGEM, EM ALVENARIA COM BLOCOS DE CONCRETO, DIMENSÕES INTERNAS = 3X3 M. AF_12/2020","M","3.429,08"]
[99305,"BASE PARA POÇO DE VISITA RETANGULAR PARA DRENAGEM, EM ALVENARIA COM BLOCOS DE CONCRETO, DIMENSÕES INTERNAS = 3X3,5 M, PROFUNDIDADE = 1,40 M, EXCLUINDO TAMPÃO. AF_12/2020_PA","UN","13.361,63"]
[99306,"ACRÉSCIMO PARA POÇO DE VISITA RETANGULAR PARA DRENAGEM, EM ALVENARIA COM BLOCOS DE CONCRETO, DIMENSÕES INTERNAS = 3X3,5 M. AF_12/2020","M","3.687,37"]
[99307,"ACRÉSCIMO PARA POÇO DE VISITA RETANGULAR PARA DRENAGEM, EM ALVENARIA COM BLOCOS DE CONCRETO, DIMENSÕES INTERNAS = 2X2 M. AF_12/2020","M","2.386,58"]
[99308,"BASE PARA POÇO DE VISITA RETANGULAR PARA DRENAGEM, EM ALVENARIA COM BLOCOS DE CONCRETO, DIMENSÕES INTERNAS = 3X4 M, PROFUNDIDADE = 1,40 M, EXCLUINDO TAMPÃO. AF_12/2020_PA","UN","14.914,38"]
[99309,"ACRÉSCIMO PARA POÇO DE VISITA RETANGULAR PARA DRENAGEM, EM ALVENARIA COM BLOCOS DE CONCRETO, DIMENSÕES INTERNAS = 3X4 M. AF_12/2020","M","3.950,36"]
[99310,"BASE PARA POÇO DE VISITA RETANGULAR PARA DRENAGEM, EM ALVENARIA COM BLOCOS DE CONCRETO, DIMENSÕES INTERNAS = 3,5X3,5 M, PROFUNDIDADE = 1,40 M, EXCLUINDO TAMPÃO. AF_12/2020_PA","UN","15.168,42"]
[99311,"ACRÉSCIMO PARA POÇO DE VISITA RETANGULAR PARA DRENAGEM, EM ALVENARIA COM BLOCOS DE CONCRETO, DIMENSÕES INTERNAS = 3,5X3,5 M. AF_12/2020","M","3.950,36"]
[99312,"BASE PARA POÇO DE VISITA RETANGULAR PARA DRENAGEM, EM ALVENARIA COM BLOCOS DE CONCRETO, DIMENSÕES INTERNAS = 2X2,5 M, PROFUNDIDADE = 1,40 M, EXCLUINDO TAMPÃO. AF_12/2020_PA","UN","7.464,64"]
[99313,"BASE PARA POÇO DE VISITA RETANGULAR PARA DRENAGEM, EM ALVENARIA COM BLOCOS DE CONCRETO, DIMENSÕES INTERNAS = 3,5X4 M, PROFUNDIDADE = 1,40 M, EXCLUINDO TAMPÃO. AF_12/2020_PA","UN","16.926,14"]
[99314,"ACRÉSCIMO PARA POÇO DE VISITA RETANGULAR PARA DRENAGEM, EM ALVENARIA COM BLOCOS DE CONCRETO, DIMENSÕES INTERNAS = 3,5X4 M. AF_12/2020","M","4.213,28"]
[99315,"BASE PARA POÇO DE VISITA RETANGULAR PARA DRENAGEM, EM ALVENARIA COM BLOCOS DE CONCRETO, DIMENSÕES INTERNAS = 4X4 M, PROFUNDIDADE = 1,40 M, EXCLUINDO TAMPÃO. AF_12/2020_PA","UN","18.938,05"]
[99317,"ACRÉSCIMO PARA POÇO DE VISITA RETANGULAR PARA DRENAGEM, EM ALVENARIA COM BLOCOS DE CONCRETO, DIMENSÕES INTERNAS = 2X2,5 M. AF_12/2020","M","2.644,91"]
[99318,"CHAMINÉ CIRCULAR PARA POÇO DE VISITA PARA DRENAGEM, EM CONCRETO PRÉ-MOLDADO, DIÂMETRO INTERNO = 0,6 M. AF_12/2020","M","300,62"]
[99319,"CHAMINÉ CIRCULAR PARA POÇO DE VISITA PARA DRENAGEM, EM ALVENARIA COM TIJOLOS CERÂMICOS MACIÇOS, DIÂMETRO INTERNO = 0,6 M. AF_12/2020","M","990,74"]
[99320,"BASE PARA POÇO DE VISITA RETANGULAR PARA DRENAGEM, EM ALVENARIA COM BLOCOS DE CONCRETO, DIMENSÕES INTERNAS = 2X3 M, PROFUNDIDADE = 1,40 M, EXCLUINDO TAMPÃO. AF_12/2020_PA","UN","8.630,60"]
[99321,"ACRÉSCIMO PARA POÇO DE VISITA RETANGULAR PARA DRENAGEM, EM ALVENARIA COM BLOCOS DE CONCRETO, DIMENSÕES INTERNAS = 2X3 M. AF_12/2020","M","2.903,30"]
[99322,"BASE PARA POÇO DE VISITA RETANGULAR PARA DRENAGEM, EM ALVENARIA COM BLOCOS DE CONCRETO, DIMENSÕES INTERNAS = 2X3,5 M, PROFUNDIDADE = 1,40 M, EXCLUINDO TAMPÃO. AF_12/2020_PA","UN","9.743,38"]
[99323,"ACRÉSCIMO PARA POÇO DE VISITA RETANGULAR PARA DRENAGEM, EM ALVENARIA COM BLOCOS DE CONCRETO, DIMENSÕES INTERNAS = 2X3,5 M. AF_12/2020","M","3.161,62"]
[99324,"BASE PARA POÇO DE VISITA RETANGULAR PARA DRENAGEM, EM ALVENARIA COM BLOCOS DE CONCRETO, DIMENSÕES INTERNAS = 2X4 M, PROFUNDIDADE = 1,40 M, EXCLUINDO TAMPÃO. AF_12/2020_PA","UN","10.856,21"]
[99325,"ACRÉSCIMO PARA POÇO DE VISITA RETANGULAR PARA DRENAGEM, EM ALVENARIA COM BLOCOS DE CONCRETO, DIMENSÕES INTERNAS = 2X4 M. AF_12/2020","M","3.424,49"]
[99326,"BASE PARA POÇO DE VISITA RETANGULAR PARA DRENAGEM, EM ALVENARIA COM BLOCOS DE CONCRETO, DIMENSÕES INTERNAS = 2,5X2,5 M, PROFUNDIDADE = 1,40 M, EXCLUINDO TAMPÃO. AF_12/2020_PA","UN","8.859,87"]
[99327,"ACRÉSCIMO PARA POÇO DE VISITA RETANGULAR PARA DRENAGEM, EM ALVENARIA COM BLOCOS DE CONCRETO, DIMENSÕES INTERNAS = 4X4 M. AF_12/2020","M","4.431,40"]
[101800,"CAIXA COM GRELHA RETANGULAR DE FERRO FUNDIDO, EM ALVENARIA COM TIJOLOS CERÂMICOS MACIÇOS, DIMENSÕES INTERNAS: 0,30 X 1,00 X 1,00. AF_12/2020","UN","1.655,69"]
[101801,"CAIXA COM GRELHA RETANGULAR DE FERRO FUNDIDO, EM ALVENARIA COM BLOCOS DE CONCRETO, DIMENSÕES INTERNAS: 0,30 X 1,00 X 1,00. AF_12/2020","UN","1.116,98"]
[101806,"CAIXA ENTERRADA DISTRIBUIDORA DE VAZÃO (SUMIDOUROS MÚLTIPLOS), RETANGULAR, EM ALVENARIA COM TIJOLOS MACIÇOS, DIMENSÕES INTERNAS: 0,60 X 0,60 X H=0,50 M. AF_12/2020","UN","580,58"]
[101807,"CAIXA ENTERRADA DISTRIBUIDORA DE VAZÃO (SUMIDOUROS MÚLTIPLOS), RETANGULAR, EM ALVENARIA COM BLOCOS DE CONCRETO, DIMENSÕES INTERNAS: 0,60 X 0,60 X H=0,50 M. AF_12/2020","UN","510,40"]
[101808,"CAIXA ENTERRADA DISTRIBUIDORA DE VAZÃO (SUMIDOUROS MÚLTIPLOS), RETANGULAR, EM CONCRETO PRÉ-MOLDADO, DIMENSÕES INTERNAS: 0,60 X 0,60 X H=0,50 M. AF_12/2020","UN","568,22"]
[101809,"BASE PARA POCO DE VISITA RETANGULAR PARA ESGOTO E DRENAGEM, EM CONCRETO ESTRUTURAL, DIMENSÕES INTERNAS DE 90X150 M, PROFUNDIDADE DE 1,25 M, EXCLUINDO TAMPÃO. AF_12/2020_PA","UN","3.143,92"]
[102139,"BASE PARA POÇO DE VISITA CIRCULAR PARA  ESGOTO, EM CONCRETO PRÉ-MOLDADO, DIÂMETRO INTERNO = 1,20 M, PROFUNDIDADE = 1,60 M, EXCLUINDO TAMPÃO. AF_12/2020_PA","UN","1.865,96"]
[102141,"BASE PARA POÇO DE VISITA CIRCULAR PARA  ESGOTO, EM CONCRETO PRÉ-MOLDADO, DIÂMETRO INTERNO = 1,50 M, PROFUNDIDADE = 1,35 M, EXCLUINDO TAMPÃO. AF_12/2020_PA","UN","2.907,09"]
[102142,"BASE PARA POÇO DE VISITA CIRCULAR PARA DRENAGEM, EM CONCRETO PRÉ-MOLDADO, DIÂMETRO INTERNO = 1,50 M, PROFUNDIDADE = 1,35 M, EXCLUINDO TAMPÃO. AF_12/2020_PA","UN","2.866,56"]
[102457,"BASE PARA POÇO DE VISITA CIRCULAR PARA DRENAGEM, EM CONCRETO PRÉ-MOLDADO, DIÂMETRO INTERNO = 1,20 M, PROFUNDIDADE = 1,60 M, EXCLUINDO TAMPÃO. AF_05/2021_PA","UN","1.785,82"]
[94263,"GUIA (MEIO-FIO) CONCRETO, MOLDADA  IN LOCO  EM TRECHO RETO COM EXTRUSORA, 13 CM BASE X 22 CM ALTURA. AF_01/2024","M","39,12"]
[94264,"GUIA (MEIO-FIO) CONCRETO, MOLDADA  IN LOCO  EM TRECHO CURVO COM EXTRUSORA, 13 CM BASE X 22 CM ALTURA. AF_01/2024","M","43,41"]
[94265,"GUIA (MEIO-FIO) CONCRETO, MOLDADA  IN LOCO  EM TRECHO RETO COM EXTRUSORA, 15 CM BASE X 30 CM ALTURA. AF_01/2024","M","55,50"]
[94266,"GUIA (MEIO-FIO) CONCRETO, MOLDADA  IN LOCO  EM TRECHO CURVO COM EXTRUSORA, 15 CM BASE X 30 CM ALTURA. AF_01/2024","M","60,40"]
[94267,"GUIA (MEIO-FIO) E SARJETA CONJUGADOS DE CONCRETO, MOLDADA  IN LOCO  EM TRECHO RETO COM EXTRUSORA, 45 CM BASE (15 CM BASE DA GUIA + 30 CM BASE DA SARJETA) X 22 CM ALTURA. AF_01/2024","M","67,77"]
[94268,"GUIA (MEIO-FIO) E SARJETA CONJUGADOS DE CONCRETO, MOLDADA  IN LOCO  EM TRECHO CURVO COM EXTRUSORA, 45 CM BASE (15 CM BASE DA GUIA + 30 CM BASE DA SARJETA) X 22 CM ALTURA. AF_01/2024","M","73,16"]
[94269,"GUIA (MEIO-FIO) E SARJETA CONJUGADOS DE CONCRETO, MOLDADA  IN LOCO  EM TRECHO RETO COM EXTRUSORA, 60 CM BASE (15 CM BASE DA GUIA + 45 CM BASE DA SARJETA) X 26 CM ALTURA. AF_01/2024","M","99,28"]
[94270,"GUIA (MEIO-FIO) E SARJETA CONJUGADOS DE CONCRETO, MOLDADA IN LOCO  EM TRECHO CURVO COM EXTRUSORA, 60 CM BASE (15 CM BASE DA GUIA + 45 CM BASE DA SARJETA) X 26 CM ALTURA. AF_01/2024","M","106,79"]
[94271,"GUIA (MEIO-FIO) E SARJETA CONJUGADOS DE CONCRETO, MOLDADA  IN LOCO  EM TRECHO RETO COM EXTRUSORA, 65 CM BASE (15 CM BASE DA GUIA + 50 CM BASE DA SARJETA) X 26 CM ALTURA. AF_01/2024","M","121,43"]
[94272,"GUIA (MEIO-FIO) E SARJETA CONJUGADOS DE CONCRETO, MOLDADA  IN LOCO  EM TRECHO CURVO COM EXTRUSORA, 65 CM BASE (15 CM BASE DA GUIA + 50 CM BASE DA SARJETA) X 26 CM ALTURA. AF_01/2024","M","131,44"]
[94273,"ASSENTAMENTO DE GUIA (MEIO-FIO) EM TRECHO RETO, CONFECCIONADA EM CONCRETO PRÉ-FABRICADO, DIMENSÕES 100X15X13X30 CM (COMPRIMENTO X BASE INFERIOR X BASE SUPERIOR X ALTURA). AF_01/2024","M","57,27"]
[94274,"ASSENTAMENTO DE GUIA (MEIO-FIO) EM TRECHO CURVO, CONFECCIONADA EM CONCRETO PRÉ-FABRICADO, DIMENSÕES 100X15X13X30 CM (COMPRIMENTO X BASE INFERIOR X BASE SUPERIOR X ALTURA). AF_01/2024","M","59,86"]
[94275,"ASSENTAMENTO DE GUIA (MEIO-FIO) EM TRECHO RETO, CONFECCIONADA EM CONCRETO PRÉ-FABRICADO, DIMENSÕES 100X15X13X20 CM (COMPRIMENTO X BASE INFERIOR X BASE SUPERIOR X ALTURA). AF_01/2024","M","51,95"]
[94276,"ASSENTAMENTO DE GUIA (MEIO-FIO) EM TRECHO CURVO, CONFECCIONADA EM CONCRETO PRÉ-FABRICADO, DIMENSÕES 100X15X13X20 CM (COMPRIMENTO X BASE INFERIOR X BASE SUPERIOR X ALTURA). AF_01/2024","M","54,53"]
[94277,"ASSENTAMENTO DE GUIA (MEIO-FIO) EM TRECHO RETO, CONFECCIONADA EM CONCRETO PRÉ-FABRICADO, DIMENSÕES 80X08X08X25 CM (COMPRIMENTO X BASE INFERIOR X BASE SUPERIOR X ALTURA). AF_01/2024","M","45,47"]
[94278,"ASSENTAMENTO DE GUIA (MEIO-FIO) EM TRECHO CURVO, CONFECCIONADA EM CONCRETO PRÉ-FABRICADO, DIMENSÕES 80X08X08X25 CM (COMPRIMENTO X BASE INFERIOR X BASE SUPERIOR X ALTURA). AF_01/2024","M","48,06"]
[94279,"ASSENTAMENTO DE GUIA (MEIO-FIO) EM TRECHO RETO, CONFECCIONADA EM CONCRETO PRÉ-FABRICADO, DIMENSÕES 39X6,5X6,5X19 CM (COMPRIMENTO X BASE INFERIOR X BASE SUPERIOR X ALTURA), PARA DELIMITAÇÃO DE JARDINS, PRAÇAS OU PASSEIOS. AF_01/2024","M","55,90"]
[94280,"ASSENTAMENTO DE GUIA (MEIO-FIO) EM TRECHO CURVO, CONFECCIONADA EM CONCRETO PRÉ-FABRICADO, DIMENSÕES 39X6,5X6,5X19 CM (COMPRIMENTO X BASE INFERIOR X BASE SUPERIOR X ALTURA), PARA DELIMITAÇÃO DE JARDINS, PRAÇAS OU PASSEIOS. AF_01/2024","M","58,49"]
[94281,"EXECUÇÃO DE SARJETA DE CONCRETO USINADO, MOLDADA  IN LOCO  EM TRECHO RETO, 30 CM BASE X 15 CM ALTURA. AF_01/2024","M","54,01"]
[94282,"EXECUÇÃO DE SARJETA DE CONCRETO USINADO, MOLDADA  IN LOCO  EM TRECHO CURVO, 30 CM BASE X 15 CM ALTURA. AF_01/2024","M","60,84"]
[94283,"EXECUÇÃO DE SARJETA DE CONCRETO USINADO, MOLDADA  IN LOCO  EM TRECHO RETO, 45 CM BASE X 15 CM ALTURA. AF_01/2024","M","74,96"]
[94284,"EXECUÇÃO DE SARJETA DE CONCRETO USINADO, MOLDADA  IN LOCO  EM TRECHO CURVO, 45 CM BASE X 15 CM ALTURA. AF_01/2024","M","81,79"]
[94285,"EXECUÇÃO DE SARJETA DE CONCRETO USINADO, MOLDADA  IN LOCO  EM TRECHO RETO, 60 CM BASE X 15 CM ALTURA. AF_01/2024","M","98,04"]
[94286,"EXECUÇÃO DE SARJETA DE CONCRETO USINADO, MOLDADA  IN LOCO  EM TRECHO CURVO, 60 CM BASE X 15 CM ALTURA. AF_01/2024","M","104,89"]
[94287,"EXECUÇÃO DE SARJETA DE CONCRETO USINADO, MOLDADA  IN LOCO  EM TRECHO RETO, 30 CM BASE X 10 CM ALTURA. AF_01/2024","M","39,76"]
[94288,"EXECUÇÃO DE SARJETA DE CONCRETO USINADO, MOLDADA  IN LOCO  EM TRECHO CURVO, 30 CM BASE X 10 CM ALTURA. AF_01/2024","M","45,85"]
[94289,"EXECUÇÃO DE SARJETA DE CONCRETO USINADO, MOLDADA  IN LOCO  EM TRECHO RETO, 45 CM BASE X 10 CM ALTURA. AF_01/2024","M","53,29"]
[94290,"EXECUÇÃO DE SARJETA DE CONCRETO USINADO, MOLDADA  IN LOCO  EM TRECHO CURVO, 45 CM BASE X 10 CM ALTURA. AF_01/2024","M","59,38"]
[94291,"EXECUÇÃO DE SARJETA DE CONCRETO USINADO, MOLDADA  IN LOCO  EM TRECHO RETO, 60 CM BASE X 10 CM ALTURA. AF_01/2024","M","67,31"]
[94292,"EXECUÇÃO DE SARJETA DE CONCRETO USINADO, MOLDADA  IN LOCO  EM TRECHO CURVO, 60 CM BASE X 10 CM ALTURA. AF_01/2024","M","73,39"]
[94293,"EXECUÇÃO DE SARJETÃO DE CONCRETO USINADO, MOLDADA  IN LOCO  EM TRECHO RETO, 100 CM BASE X 20 CM ALTURA. AF_01/2024","M","220,15"]
[94294,"EXECUÇÃO DE ESCORAS DE CONCRETO PARA CONTENÇÃO DE GUIAS PRÉ-FABRICADAS. AF_01/2024","M","9,32"]
[104491,"ADUELA/ GALERIA FECHADA PRE-MOLDADA DE CONCRETO ARMADO, SECAO QUADRANGULAR INTERNA DE 1,50 X 1,50 M (L X A), MISULA DE 20 X 20 CM, C = 1,00 M, ESPESSURA MIN = 15 CM, TB-45 E FCK DO CONCRETO = 30 MPA   FORNECIMENTO E ASSENTAMENTO. AF_01/2023","M","4.177,02"]
[104492,"ADUELA/ GALERIA FECHADA PRE-MOLDADA DE CONCRETO ARMADO, SECAO QUADRANGULAR INTERNA DE 2,00 X 2,00 M (L X A), MISULA DE 20 X 20 CM, C = 1,00 M, ESPESSURA MIN = 15 CM, TB-45 E FCK DO CONCRETO = 30 MPA   FORNECIMENTO E ASSENTAMENTO. AF_01/2023","M","5.223,96"]
[104494,"ADUELA/ GALERIA FECHADA PRE-MOLDADA DE CONCRETO ARMADO, SECAO QUADRANGULAR INTERNA DE 2,50 X 2,50 M (L X A), MISULA DE 20 X 20 CM, C = 1,00 M, ESPESSURA MIN = 15 CM, TB-45 E FCK DO CONCRETO = 30 MPA   FORNECIMENTO E ASSENTAMENTO. AF_01/2023","M","7.057,78"]
[104497,"ADUELA/ GALERIA FECHADA PRE-MOLDADA DE CONCRETO ARMADO, SECAO QUADRANGULAR INTERNA DE 3,00 X 3,00 M (L X A), MISULA DE 20 X 20 CM, C = 1,00 M, ESPESSURA MIN = 20 CM, TB-45 E FCK DO CONCRETO = 30 MPA   FORNECIMENTO E ASSENTAMENTO. AF_01/2023","M","8.459,60"]
[104515,"APLICAÇÃO DE MANTA GEOTÊXTIL NAS JUNTAS RÍGIDAS DE ADUELAS PRÉ-MOLDADAS DE CONCRETO ARMADO. AF_01/2023","M2","27,70"]
[102727,"FABRICAÇÃO, MONTAGEM E DESMONTAGEM DE FÔRMA PARA BOCA PARA BUEIRO, EM CHAPA DE MADEIRA COMPENSADA RESINADA, E = 17 MM, 2 UTILIZAÇÕES. AF_07/2021","M2","114,57"]
[102728,"ARMAÇÃO DE MURO ALA E MURO TESTA UTILIZANDO AÇO CA-50 DE 6,3 MM - MONTAGEM. AF_07/2021","KG","15,51"]
[102729,"ARMAÇÃO DE MURO ALA E MURO TESTA UTILIZANDO AÇO CA-50 DE 8 MM - MONTAGEM. AF_07/2021","KG","14,59"]
[102730,"ARMAÇÃO DE MURO ALA E MURO TESTA UTILIZANDO AÇO CA-50 DE 10 MM - MONTAGEM. AF_07/2021","KG","13,06"]
[102731,"ARMAÇÃO DE MURO ALA E MURO TESTA UTILIZANDO AÇO CA-50 DE 12,5 MM - MONTAGEM. AF_07/2021","KG","11,03"]
[102732,"ARMAÇÃO DE MURO ALA E MURO TESTA UTILIZANDO AÇO CA-50 DE 16 MM - MONTAGEM. AF_07/2021","KG","10,46"]
[102733,"ARMAÇÃO DE MURO ALA E MURO TESTA UTILIZANDO AÇO CA-50 DE 20 MM - MONTAGEM. AF_07/2021","KG","11,70"]
[102734,"ARMAÇÃO DE SOLEIRA UTILIZANDO AÇO CA-50 DE 6,3 MM - MONTAGEM. AF_07/2021","KG","14,68"]
[102735,"ARMAÇÃO DE SOLEIRA UTILIZANDO AÇO CA-50 DE 8 MM - MONTAGEM. AF_07/2021","KG","13,84"]
[102736,"CONCRETAGEM DE BOCA PARA BUEIRO, FCK = 20 MPA, COM USO DE BOMBA - LANÇAMENTO, ADENSAMENTO E ACABAMENTO. AF_07/2021","M3","846,88"]
[102737,"BOCA PARA BUEIRO SIMPLES TUBULAR D = 40 CM EM CONCRETO, ALAS COM ESCONSIDADE DE 0°, INCLUINDO FÔRMAS E MATERIAIS. AF_07/2021","UN","1.264,75"]
[102738,"BOCA PARA BUEIRO SIMPLES TUBULAR D = 60 CM EM CONCRETO, ALAS COM ESCONSIDADE DE 0°, INCLUINDO FÔRMAS E MATERIAIS. AF_07/2021","UN","2.588,79"]
[102739,"BOCA PARA BUEIRO SIMPLES TUBULAR D = 80 CM EM CONCRETO, ALAS COM ESCONSIDADE DE 0°, INCLUINDO FÔRMAS E MATERIAIS. AF_07/2021","UN","4.332,51"]
[102740,"BOCA PARA BUEIRO SIMPLES TUBULAR D = 100 CM EM CONCRETO, ALAS COM ESCONSIDADE DE 0°, INCLUINDO FÔRMAS E MATERIAIS. AF_07/2021","UN","6.490,95"]
[102741,"BOCA PARA BUEIRO SIMPLES TUBULAR D = 120 CM EM CONCRETO, ALAS COM ESCONSIDADE DE 0°, INCLUINDO FÔRMAS E MATERIAIS. AF_07/2021","UN","9.107,26"]
[102742,"BOCA PARA BUEIRO SIMPLES TUBULAR D = 150 CM EM CONCRETO, ALAS COM ESCONSIDADE DE 0°, INCLUINDO FÔRMAS E MATERIAIS. AF_07/2021","UN","15.764,83"]
[102743,"BOCA PARA BUEIRO DUPLO TUBULAR D = 80 CM EM CONCRETO, ALAS COM ESCONSIDADE DE 0°, INCLUINDO FÔRMAS E MATERIAIS. AF_07/2021","UN","5.260,33"]
[102744,"BOCA PARA BUEIRO DUPLO TUBULAR D = 100 CM EM CONCRETO, ALAS COM ESCONSIDADE DE 0°, INCLUINDO FÔRMAS E MATERIAIS. AF_07/2021","UN","7.876,05"]
[102745,"BOCA PARA BUEIRO DUPLO TUBULAR D = 120 CM EM CONCRETO, ALAS COM ESCONSIDADE DE 0°, INCLUINDO FÔRMAS E MATERIAIS. AF_07/2021","UN","11.065,26"]
[102746,"BOCA PARA BUEIRO DUPLO TUBULAR D = 150 CM EM CONCRETO, ALAS COM ESCONSIDADE DE 0°, INCLUINDO FÔRMAS E MATERIAIS. AF_07/2021","UN","19.177,11"]
[102747,"BOCA PARA BUEIRO TRIPLO TUBULAR D = 100 CM EM CONCRETO, ALAS COM ESCONSIDADE DE 0°, INCLUINDO FÔRMAS E MATERIAIS. AF_07/2021","UN","9.785,97"]
[102748,"BOCA PARA BUEIRO TRIPLO TUBULAR D = 120 CM EM CONCRETO, ALAS COM ESCONSIDADE DE 0°, INCLUINDO FÔRMAS E MATERIAIS. AF_07/2021","UN","13.689,00"]
[102749,"BOCA PARA BUEIRO TRIPLO TUBULAR D = 150 CM EM CONCRETO, ALAS COM ESCONSIDADE DE 0°, INCLUINDO FÔRMAS E MATERIAIS. AF_07/2021","UN","23.497,06"]
[102750,"BOCA PARA BUEIRO SIMPLES TUBULAR D = 60 CM EM CONCRETO, ALAS COM ESCONSIDADE DE 30°, INCLUINDO FÔRMAS E MATERIAIS. AF_07/2021","UN","3.156,00"]
[102751,"BOCA PARA BUEIRO SIMPLES TUBULAR D = 80 CM EM CONCRETO, ALAS COM ESCONSIDADE DE 30°, INCLUINDO FÔRMAS E MATERIAIS. AF_07/2021","UN","5.479,46"]
[102752,"BOCA PARA BUEIRO SIMPLES TUBULAR D = 100 CM EM CONCRETO, ALAS COM ESCONSIDADE DE 30°, INCLUINDO FÔRMAS E MATERIAIS. AF_07/2021","UN","8.725,62"]
[102753,"BOCA PARA BUEIRO SIMPLES TUBULAR D = 120 CM EM CONCRETO, ALAS COM ESCONSIDADE DE 30°, INCLUINDO FÔRMAS E MATERIAIS. AF_07/2021","UN","12.911,65"]
[102754,"BOCA PARA BUEIRO SIMPLES TUBULAR D = 150 CM EM CONCRETO, ALAS COM ESCONSIDADE DE 30°, INCLUINDO FÔRMAS E MATERIAIS. AF_07/2021","UN","24.540,89"]
[102755,"BOCA PARA BUEIRO DUPLO TUBULAR D = 100 CM EM CONCRETO, ALAS COM ESCONSIDADE DE 30°, INCLUINDO FÔRMAS E MATERIAIS. AF_07/2021","UN","12.203,94"]
[102756,"BOCA PARA BUEIRO DUPLO TUBULAR D = 120 CM EM CONCRETO, ALAS COM ESCONSIDADE DE 30°, INCLUINDO FÔRMAS E MATERIAIS. AF_07/2021","UN","18.116,15"]
[102757,"BOCA PARA BUEIRO DUPLO TUBULAR D = 150 CM EM CONCRETO, ALAS COM ESCONSIDADE DE 30°, INCLUINDO FÔRMAS E MATERIAIS. AF_07/2021","UN","33.694,80"]
[102758,"BOCA PARA BUEIRO TRIPLO TUBULAR D = 100 CM EM CONCRETO, ALAS COM ESCONSIDADE DE 30°, INCLUINDO FÔRMAS E MATERIAIS. AF_07/2021","UN","15.696,72"]
[102759,"BOCA PARA BUEIRO TRIPLO TUBULAR D = 120 CM EM CONCRETO, ALAS COM ESCONSIDADE DE 30°, INCLUINDO FÔRMAS E MATERIAIS. AF_07/2021","UN","23.342,56"]
[102760,"BOCA PARA BUEIRO TRIPLO TUBULAR D = 150 CM EM CONCRETO, ALAS COM ESCONSIDADE DE 30°, INCLUINDO FÔRMAS E MATERIAIS. AF_07/2021","UN","43.015,55"]
[102761,"BOCA PARA BUEIRO SIMPLES CELULAR 150 X 150 CM EM CONCRETO, ALAS COM ESCONSIDADE DE 30°, INCLUINDO FÔRMAS E MATERIAIS. AF_07/2021","UN","15.033,17"]
[102762,"BOCA PARA BUEIRO SIMPLES CELULAR 200 X 200 CM EM CONCRETO, ALAS COM ESCONSIDADE DE 30°, INCLUINDO FÔRMAS E MATERIAIS. AF_07/2021","UN","23.298,22"]
[102763,"BOCA PARA BUEIRO SIMPLES CELULAR 250 X 250 CM EM CONCRETO, ALAS COM ESCONSIDADE DE 30°, INCLUINDO FÔRMAS E MATERIAIS. AF_07/2021","UN","32.350,09"]
[102764,"BOCA PARA BUEIRO SIMPLES CELULAR 300 X 300 CM EM CONCRETO, ALAS COM ESCONSIDADE DE 30°, INCLUINDO FÔRMAS E MATERIAIS. AF_07/2021","UN","45.741,64"]
[102765,"BOCA PARA BUEIRO DUPLO CELULAR 150 X 150 CM EM CONCRETO, ALAS COM ESCONSIDADE DE 30°, INCLUINDO FÔRMAS E MATERIAIS. AF_07/2021","UN","18.797,63"]
[102766,"BOCA PARA BUEIRO DUPLO CELULAR 200 X 200 CM EM CONCRETO, ALAS COM ESCONSIDADE DE 30°, INCLUINDO FÔRMAS E MATERIAIS. AF_07/2021","UN","28.377,99"]
[102767,"BOCA PARA BUEIRO DUPLO CELULAR 250 X 250 CM EM CONCRETO, ALAS COM ESCONSIDADE DE 30°, INCLUINDO FÔRMAS E MATERIAIS. AF_07/2021","UN","39.599,59"]
[102768,"BOCA PARA BUEIRO DUPLO CELULAR 300 X 300 CM EM CONCRETO, ALAS COM ESCONSIDADE DE 30°, INCLUINDO FÔRMAS E MATERIAIS. AF_07/2021","UN","55.478,66"]
[102769,"BOCA PARA BUEIRO TRIPLO CELULAR 150 X 150 CM EM CONCRETO, ALAS COM ESCONSIDADE DE 30°, INCLUINDO FÔRMAS E MATERIAIS. AF_07/2021","UN","21.819,90"]
[102770,"BOCA PARA BUEIRO TRIPLO CELULAR 200 X 200 CM EM CONCRETO, ALAS COM ESCONSIDADE DE 30°, INCLUINDO FÔRMAS E MATERIAIS. AF_07/2021","UN","33.515,29"]
[102771,"BOCA PARA BUEIRO TRIPLO CELULAR 250 X 250 CM EM CONCRETO, ALAS COM ESCONSIDADE DE 30°, INCLUINDO FÔRMAS E MATERIAIS. AF_07/2021","UN","46.750,72"]
[102772,"BOCA PARA BUEIRO TRIPLO CELULAR 300 X 300 CM EM CONCRETO, ALAS COM ESCONSIDADE DE 30°, INCLUINDO FÔRMAS E MATERIAIS. AF_07/2021","UN","65.850,60"]
[102773,"BOCA PARA BUEIRO SIMPLES TUBULAR D = 40 CM EM GABIÃO, ALAS COM ESCONSIDADE DE 45°, INCLUINDO FÔRMAS E MATERIAIS. AF_07/2021","UN","9.252,30"]
[102774,"BOCA PARA BUEIRO SIMPLES TUBULAR D = 60 CM EM GABIÃO, ALAS COM ESCONSIDADE DE 45°, INCLUINDO FÔRMAS E MATERIAIS. AF_07/2021","UN","9.252,30"]
[102775,"BOCA PARA BUEIRO SIMPLES TUBULAR D = 80 CM EM GABIÃO, ALAS COM ESCONSIDADE DE 45°, INCLUINDO FÔRMAS E MATERIAIS. AF_07/2021","UN","13.845,30"]
[102776,"BOCA PARA BUEIRO SIMPLES TUBULAR D = 100 CM EM GABIÃO, ALAS COM ESCONSIDADE DE 45°, INCLUINDO FÔRMAS E MATERIAIS. AF_07/2021","UN","13.845,30"]
[102777,"BOCA PARA BUEIRO SIMPLES TUBULAR D = 120 CM EM GABIÃO, ALAS COM ESCONSIDADE DE 45°, INCLUINDO FÔRMAS E MATERIAIS. AF_07/2021","UN","20.977,71"]
[102778,"BOCA PARA BUEIRO SIMPLES TUBULAR D = 150 CM EM GABIÃO, ALAS COM ESCONSIDADE DE 45°, INCLUINDO FÔRMAS E MATERIAIS. AF_07/2021","UN","31.857,92"]
[102779,"BOCA PARA BUEIRO DUPLO TUBULAR D = 40 CM EM GABIÃO, ALAS COM ESCONSIDADE DE 45°, INCLUINDO FÔRMAS E MATERIAIS. AF_07/2021","UN","9.252,30"]
[102780,"BOCA PARA BUEIRO DUPLO TUBULAR D = 60 CM EM GABIÃO, ALAS COM ESCONSIDADE DE 45°, INCLUINDO FÔRMAS E MATERIAIS. AF_07/2021","UN","10.643,46"]
[102781,"BOCA PARA BUEIRO DUPLO TUBULAR D = 80 CM EM GABIÃO, ALAS COM ESCONSIDADE DE 45°, INCLUINDO FÔRMAS E MATERIAIS. AF_07/2021","UN","15.810,58"]
[102782,"BOCA PARA BUEIRO DUPLO TUBULAR D = 100 CM EM GABIÃO, ALAS COM ESCONSIDADE DE 45°, INCLUINDO FÔRMAS E MATERIAIS. AF_07/2021","UN","17.691,27"]
[102783,"BOCA PARA BUEIRO DUPLO TUBULAR D = 120 CM EM GABIÃO, ALAS COM ESCONSIDADE DE 45°, INCLUINDO FÔRMAS E MATERIAIS. AF_07/2021","UN","23.432,52"]
[102784,"BOCA PARA BUEIRO DUPLO TUBULAR D = 150 CM EM GABIÃO, ALAS COM ESCONSIDADE DE 45°, INCLUINDO FÔRMAS E MATERIAIS. AF_07/2021","UN","37.298,02"]
[102785,"BOCA PARA BUEIRO TRIPLO TUBULAR D = 40 CM EM GABIÃO, ALAS COM ESCONSIDADE DE 45°, INCLUINDO FÔRMAS E MATERIAIS. AF_07/2021","UN","10.643,46"]
[102786,"BOCA PARA BUEIRO TRIPLO TUBULAR D = 60 CM EM GABIÃO, ALAS COM ESCONSIDADE DE 45°, INCLUINDO FÔRMAS E MATERIAIS. AF_07/2021","UN","11.950,02"]
[102787,"BOCA PARA BUEIRO TRIPLO TUBULAR D = 80 CM EM GABIÃO, ALAS COM ESCONSIDADE DE 45°, INCLUINDO FÔRMAS E MATERIAIS. AF_07/2021","UN","17.691,27"]
[102788,"BOCA PARA BUEIRO TRIPLO TUBULAR D = 100 CM EM GABIÃO, ALAS COM ESCONSIDADE DE 45°, INCLUINDO FÔRMAS E MATERIAIS. AF_07/2021","UN","19.556,09"]
[102789,"BOCA PARA BUEIRO TRIPLO TUBULAR D = 120 CM EM GABIÃO, ALAS COM ESCONSIDADE DE 45°, INCLUINDO FÔRMAS E MATERIAIS. AF_07/2021","UN","25.792,15"]
[102790,"BOCA PARA BUEIRO TRIPLO TUBULAR D = 150 CM EM GABIÃO, ALAS COM ESCONSIDADE DE 45°, INCLUINDO FÔRMAS E MATERIAIS. AF_07/2021","UN","43.002,50"]
[102791,"BOCA PARA BUEIRO SIMPLES CELULAR 150 X 150 CM EM GABIÃO, ALAS COM ESCONSIDADE DE 45°, INCLUINDO FÔRMAS E MATERIAIS. AF_07/2021","UN","34.088,92"]
[102792,"BOCA PARA BUEIRO SIMPLES CELULAR 200 X 200 CM EM GABIÃO, ALAS COM ESCONSIDADE DE 45°, INCLUINDO FÔRMAS E MATERIAIS. AF_07/2021","UN","55.706,25"]
[102793,"BOCA PARA BUEIRO SIMPLES CELULAR 250 X 250 CM EM GABIÃO, ALAS COM ESCONSIDADE DE 45°, INCLUINDO FÔRMAS E MATERIAIS. AF_07/2021","UN","75.354,28"]
[102794,"BOCA PARA BUEIRO SIMPLES CELULAR 300 X 300 CM EM GABIÃO, ALAS COM ESCONSIDADE DE 45°, INCLUINDO FÔRMAS E MATERIAIS. AF_07/2021","UN","108.237,08"]
[102795,"BOCA PARA BUEIRO DUPLO CELULAR 150 X 150 CM EM GABIÃO, ALAS COM ESCONSIDADE DE 45°, INCLUINDO FÔRMAS E MATERIAIS. AF_07/2021","UN","36.338,07"]
[102796,"BOCA PARA BUEIRO DUPLO CELULAR 200 X 200 CM EM GABIÃO, ALAS COM ESCONSIDADE DE 45°, INCLUINDO FÔRMAS E MATERIAIS. AF_07/2021","UN","58.921,51"]
[102797,"BOCA PARA BUEIRO DUPLO CELULAR 250 X 250 CM EM GABIÃO, ALAS COM ESCONSIDADE DE 45°, INCLUINDO FÔRMAS E MATERIAIS. AF_07/2021","UN","83.665,81"]
[102798,"BOCA PARA BUEIRO DUPLO CELULAR 300 X 300 CM EM GABIÃO, ALAS COM ESCONSIDADE DE 45°, INCLUINDO FÔRMAS E MATERIAIS. AF_07/2021","UN","102.599,70"]
[102799,"BOCA PARA BUEIRO TRIPLO CELULAR 150 X 150 CM EM GABIÃO, ALAS COM ESCONSIDADE DE 45°, INCLUINDO FÔRMAS E MATERIAIS. AF_07/2021","UN","37.103,57"]
[102800,"BOCA PARA BUEIRO TRIPLO CELULAR 200 X 200 CM EM GABIÃO, ALAS COM ESCONSIDADE DE 45°, INCLUINDO FÔRMAS E MATERIAIS. AF_07/2021","UN","64.635,23"]
[102801,"BOCA PARA BUEIRO TRIPLO CELULAR 250 X 250 CM EM GABIÃO, ALAS COM ESCONSIDADE DE 45°, INCLUINDO FÔRMAS E MATERIAIS. AF_07/2021","UN","90.707,24"]
[102802,"BOCA PARA BUEIRO TRIPLO CELULAR 300 X 300 CM EM GABIÃO, ALAS COM ESCONSIDADE DE 45°, INCLUINDO FÔRMAS E MATERIAIS. AF_07/2021","UN","108.881,16"]
[101570,"ESCORAMENTO DE VALA, TIPO PONTALETEAMENTO, COM PROFUNDIDADE DE 0 A 1,5 M, LARGURA MENOR QUE 1,5 M. AF_08/2020","M2","21,70"]
[101571,"ESCORAMENTO DE VALA, TIPO PONTALETEAMENTO, COM PROFUNDIDADE DE 0 A 1,5 M, LARGURA MAIOR OU IGUAL A 1,5 M E MENOR QUE 2,5 M. AF_08/2020","M2","29,87"]
[101572,"ESCORAMENTO DE VALA, TIPO PONTALETEAMENTO, COM PROFUNDIDADE DE 1,5 A 3,0 M, LARGURA MENOR QUE 1,5 M. AF_08/2020","M2","17,03"]
[101573,"ESCORAMENTO DE VALA, TIPO PONTALETEAMENTO, COM PROFUNDIDADE DE 1,5 A 3,0 M, LARGURA MAIOR OU IGUAL A 1,5 M E MENOR QUE 2,5 M. AF_08/2020","M2","25,19"]
[101574,"ESCORAMENTO DE VALA, TIPO PONTALETEAMENTO, COM PROFUNDIDADE DE 3,0 A 4,5 M, LARGURA MENOR QUE 1,5 M. AF_08/2020","M2","13,09"]
[101575,"ESCORAMENTO DE VALA, TIPO PONTALETEAMENTO, COM PROFUNDIDADE DE 3,0 A 4,5 M, LARGURA MAIOR OU IGUAL A 1,5 M E MENOR QUE 2,5 M. AF_08/2020","M2","21,47"]
[101576,"ESCORAMENTO DE VALA, TIPO DESCONTÍNUO, COM PROFUNDIDADE DE 0 A 1,5 M, LARGURA MENOR QUE 1,5 M. AF_08/2020","M2","37,81"]
[101577,"ESCORAMENTO DE VALA, TIPO DESCONTÍNUO, COM PROFUNDIDADE DE 0 A 1,5 M, LARGURA MAIOR OU IGUAL A 1,5 M E MENOR QUE 2,5 M. AF_08/2020","M2","48,20"]
[101578,"ESCORAMENTO DE VALA, TIPO DESCONTÍNUO, COM PROFUNDIDADE DE 1,5 M A 3,0 M, LARGURA MENOR QUE 1,5 M. AF_08/2020","M2","31,12"]
[101579,"ESCORAMENTO DE VALA, TIPO DESCONTÍNUO, COM PROFUNDIDADE DE 1,5 A 3,0 M, LARGURA MAIOR OU IGUAL A 1,5 M E MENOR QUE 2,5 M. AF_08/2020","M2","41,51"]
[101580,"ESCORAMENTO DE VALA, TIPO DESCONTÍNUO, COM PROFUNDIDADE DE 3,0 A 4,5 M, LARGURA MENOR QUE 1,5 M. AF_08/2020","M2","27,33"]
[101581,"ESCORAMENTO DE VALA, TIPO DESCONTÍNUO, COM PROFUNDIDADE DE 3,0 A 4,5 M, LARGURA MAIOR OU IGUAL A 1,5 E MENOR QUE 2,5 M. AF_08/2020","M2","37,94"]
[101582,"ESCORAMENTO DE VALA, TIPO CONTÍNUO, COM PROFUNDIDADE DE 0 A 1,5 M, LARGURA MENOR QUE 1,5 M. AF_08/2020","M2","61,80"]
[101583,"ESCORAMENTO DE VALA, TIPO CONTÍNUO, COM PROFUNDIDADE DE 0 A 1,5 M, LARGURA MAIOR OU IGUAL A 1,5 M E MENOR QUE 2,5 M. AF_08/2020","M2","77,85"]
[101584,"ESCORAMENTO DE VALA, TIPO CONTÍNUO, COM PROFUNDIDADE DE 1,5 M A 3,0 M, LARGURA MENOR QUE 1,5 M. AF_08/2020","M2","50,58"]
[101585,"ESCORAMENTO DE VALA, TIPO CONTÍNUO, COM PROFUNDIDADE DE 1,5 A 3,0 M, LARGURA MAIOR OU IGUAL A 1,5 M E MENOR QUE 2,5 M. AF_08/2020","M2","66,63"]
[101586,"ESCORAMENTO DE VALA, TIPO CONTÍNUO, COM PROFUNDIDADE DE 3,0 A 4,5 M, LARGURA MENOR QUE 1,5 M. AF_08/2020","M2","43,36"]
[101587,"ESCORAMENTO DE VALA, TIPO CONTÍNUO, COM PROFUNDIDADE DE 3,0 A 4,5 M, LARGURA MAIOR OU IGUAL A 1,5 E MENOR QUE 2,5 M. AF_08/2020","M2","59,63"]
[101588,"ESCORAMENTO DE VALA, TIPO CONTÍNUO COM PERFIL METÁLICO \"U\", COM PROFUNDIDADE DE 0 A 1,5 M, LARGURA MENOR QUE 1,5 M. AF_08/2020","M2","87,79"]
[101589,"ESCORAMENTO DE VALA,TIPO CONTÍNUO COM PERFIL METÁLICO \"U\", COM PROFUNDIDADE DE 0 A 1,5 M, LARGURA MAIOR OU IGUAL A 1,5 E MENOR QUE 2,5 M. AF_08/2020","M2","128,23"]
[101590,"ESCORAMENTO DE VALA, TIPO CONTÍNUO COM PERFIL METÁLICO \"U\", COM PROFUNDIDADE DE 1,5 A 3,0 M, LARGURA MENOR QUE 1,5 M. AF_08/2020","M2","66,44"]
[101591,"ESCORAMENTO DE VALA, TIPO CONTÍNUO COM PERFIL METÁLICO \"U\", COM PROFUNDIDADE DE 1,5 A 3,0 M, LARGURA MAIOR OU IGUAL 1,5 M E MENOR QUE 2,5 M. AF_08/2020","M2","106,87"]
[101592,"ESCORAMENTO DE VALA, TIPO CONTÍNUO COM PERFIL METÁLICO \"U\", COM PROFUNDIDADE DE 3,0 A 4,5 M, LARGURA MENOR QUE 1,5 M. AF_08/2020","M2","46,58"]
[101593,"ESCORAMENTO DE VALA, TIPO CONTÍNUO COM PERFIL METÁLICO \"U\", COM PROFUNDIDADE DE 3,0 A 4,5 M, LARGURA MAIOR OU IGUAL A 1,5 M E MENOR QUE 2,5 M. AF_08/2020","M2","87,22"]
[101600,"ESCORAMENTO DE VALA, TIPO BLINDAGEM, COM PROFUNDIDADE DE 0 A 1,5 M, LARGURA MENOR QUE 1,5 M - EXECUÇÃO, NÃO INCLUI MATERIAL. AF_08/2020","M2","16,48"]
[101601,"ESCORAMENTO DE VALA, TIPO BLINDAGEM COM PROFUNDIDADE DE 0 A 1,5 M, LARGURA MAIOR OU IGUAL A 1,5 M E MENOR QUE 2,5 M - EXECUÇÃO, NÃO INCLUI MATERIAL. AF_08/2020","M2","24,40"]
[101602,"ESCORAMENTO DE VALA, TIPO BLINDAGEM, COM PROFUNDIDADE DE 1,5 A 3,0 M, LARGURA MENOR QUE 1,5 M - EXECUÇÃO, NÃO INCLUI MATERIAL. AF_08/2020","M2","12,22"]
[101603,"ESCORAMENTO DE VALA, TIPO BLINDAGEM, COM PROFUNDIDADE DE 1,5 A 3,0 M, LARGURA MAIOR OU IGUAL A 1,5 M E MENOR QUE 2,5 M - EXECUÇÃO, NÃO INCLUI MATERIAL. AF_08/2020","M2","20,14"]
[101604,"ESCORAMENTO DE VALA, TIPO BLINDAGEM, COM PROFUNDIDADE DE 3,0 A 4,5 M, LARGURA MENOR QUE 1,5 M - EXECUÇÃO, NÃO INCLUI MATERIAL. AF_08/2020","M2","7,99"]
[101605,"ESCORAMENTO DE VALA, TIPO BLINDAGEM, COM PROFUNDIDADE DE 3,0 A 4,5 M, LARGURA MAIOR OU IGUAL A 1,5 M E MENOR QUE 2,5 M - EXECUÇÃO, NÃO INCLUI MATERIAL. AF_08/2020","M2","15,91"]
[90788,"KIT DE PORTA-PRONTA DE MADEIRA EM ACABAMENTO MELAMÍNICO BRANCO, FOLHA LEVE OU MÉDIA, 60X210CM, EXCLUSIVE FECHADURA, FIXAÇÃO COM PREENCHIMENTO PARCIAL DE ESPUMA EXPANSIVA - FORNECIMENTO E INSTALAÇÃO. AF_12/2019","UN","896,08"]
[90789,"KIT DE PORTA-PRONTA DE MADEIRA EM ACABAMENTO MELAMÍNICO BRANCO, FOLHA LEVE OU MÉDIA, 70X210CM, EXCLUSIVE FECHADURA, FIXAÇÃO COM PREENCHIMENTO PARCIAL DE ESPUMA EXPANSIVA - FORNECIMENTO E INSTALAÇÃO. AF_12/2019","UN","897,73"]
[90790,"KIT DE PORTA-PRONTA DE MADEIRA EM ACABAMENTO MELAMÍNICO BRANCO, FOLHA LEVE OU MÉDIA, 80X210CM, EXCLUSIVE FECHADURA, FIXAÇÃO COM PREENCHIMENTO PARCIAL DE ESPUMA EXPANSIVA - FORNECIMENTO E INSTALAÇÃO. AF_12/2019","UN","925,78"]
[90791,"KIT DE PORTA-PRONTA DE MADEIRA EM ACABAMENTO MELAMÍNICO BRANCO, FOLHA PESADA OU SUPERPESADA, 80X210CM, FIXAÇÃO COM PREENCHIMENTO PARCIAL DE ESPUMA EXPANSIVA - FORNECIMENTO E INSTALAÇÃO. AF_12/2019","UN","1.084,61"]
[90793,"KIT DE PORTA-PRONTA DE MADEIRA EM ACABAMENTO MELAMÍNICO BRANCO, FOLHA PESADA OU SUPERPESADA, 90X210CM, FIXAÇÃO COM PREENCHIMENTO TOTAL DE ESPUMA EXPANSIVA - FORNECIMENTO E INSTALAÇÃO. AF_12/2019","UN","1.146,12"]
[90794,"KIT DE PORTA-PRONTA DE MADEIRA EM ACABAMENTO MELAMÍNICO BRANCO, FOLHA LEVE OU MÉDIA, E BATENTE METÁLICO, 60X210CM, FIXAÇÃO COM ARGAMASSA - FORNECIMENTO E INSTALAÇÃO. AF_12/2019","UN","769,42"]
[90795,"KIT DE PORTA-PRONTA DE MADEIRA EM ACABAMENTO MELAMÍNICO BRANCO, FOLHA LEVE OU MÉDIA, E BATENTE METÁLICO, 70X210CM, FIXAÇÃO COM ARGAMASSA - FORNECIMENTO E INSTALAÇÃO. AF_12/2019","UN","776,49"]
[90796,"KIT DE PORTA-PRONTA DE MADEIRA EM ACABAMENTO MELAMÍNICO BRANCO, FOLHA LEVE OU MÉDIA, E BATENTE METÁLICO, 80X210CM, FIXAÇÃO COM ARGAMASSA - FORNECIMENTO E INSTALAÇÃO. AF_12/2019","UN","783,58"]
[90797,"KIT DE PORTA-PRONTA DE MADEIRA EM ACABAMENTO MELAMÍNICO BRANCO, FOLHA LEVE OU MÉDIA, E BATENTE METÁLICO, 90X210CM, FIXAÇÃO COM ARGAMASSA - FORNECIMENTO E INSTALAÇÃO. AF_12/2019","UN","790,63"]
[90798,"KIT DE PORTA-PRONTA DE MADEIRA EM ACABAMENTO MELAMÍNICO BRANCO, FOLHA PESADA OU SUPERPESADA, E BATENTE METÁLICO, 80X210CM, FIXAÇÃO COM ARGAMASSA - FORNECIMENTO E INSTALAÇÃO. AF_12/2019","UN","1.149,46"]
[90799,"KIT DE PORTA-PRONTA DE MADEIRA EM ACABAMENTO MELAMÍNICO BRANCO, FOLHA PESADA OU SUPERPESADA, E BATENTE METÁLICO, 90X210CM, FIXAÇÃO COM ARGAMASSA - FORNECIMENTO E INSTALAÇÃO. AF_12/2019","UN","1.185,70"]
[90801,"BATENTE PARA PORTA DE MADEIRA, PADRÃO MÉDIO - FORNECIMENTO E MONTAGEM. AF_12/2019","UN","342,84"]
[90806,"BATENTE PARA PORTA DE MADEIRA, FIXAÇÃO COM ARGAMASSA, PADRÃO MÉDIO - FORNECIMENTO E INSTALAÇÃO. AF_12/2019","UN","433,14"]
[90820,"PORTA DE MADEIRA PARA PINTURA, SEMI-OCA (LEVE OU MÉDIA), 60X210CM, ESPESSURA DE 3,5CM, INCLUSO DOBRADIÇAS - FORNECIMENTO E INSTALAÇÃO. AF_12/2019","UN","324,40"]
[90821,"PORTA DE MADEIRA PARA PINTURA, SEMI-OCA (LEVE OU MÉDIA), 70X210CM, ESPESSURA DE 3,5CM, INCLUSO DOBRADIÇAS - FORNECIMENTO E INSTALAÇÃO. AF_12/2019","UN","330,92"]
[90822,"PORTA DE MADEIRA PARA PINTURA, SEMI-OCA (LEVE OU MÉDIA), 80X210CM, ESPESSURA DE 3,5CM, INCLUSO DOBRADIÇAS - FORNECIMENTO E INSTALAÇÃO. AF_12/2019","UN","356,02"]
[90823,"PORTA DE MADEIRA PARA PINTURA, SEMI-OCA (LEVE OU MÉDIA), 90X210CM, ESPESSURA DE 3,5CM, INCLUSO DOBRADIÇAS - FORNECIMENTO E INSTALAÇÃO. AF_12/2019","UN","442,21"]
[90824,"PORTA DE MADEIRA PARA PINTURA, SEMI-OCA (PESADA OU SUPERPESADA), 80X210CM, ESPESSURA DE 3,5CM, INCLUSO DOBRADIÇAS - FORNECIMENTO E INSTALAÇÃO. AF_12/2019","UN","640,36"]
[90825,"PORTA DE MADEIRA, MACIÇA (PESADA OU SUPERPESADA), 90X210CM, ESPESSURA DE 3,5CM, INCLUSO DOBRADIÇAS - FORNECIMENTO E INSTALAÇÃO. AF_12/2019","UN","715,27"]
[90830,"FECHADURA DE EMBUTIR COM CILINDRO, EXTERNA, COMPLETA, ACABAMENTO PADRÃO MÉDIO, INCLUSO EXECUÇÃO DE FURO - FORNECIMENTO E INSTALAÇÃO. AF_12/2019","UN","164,95"]
[90831,"FECHADURA DE EMBUTIR PARA PORTA DE BANHEIRO, COMPLETA, ACABAMENTO PADRÃO MÉDIO, INCLUSO EXECUÇÃO DE FURO - FORNECIMENTO E INSTALAÇÃO. AF_12/2019","UN","144,64"]
[90841,"KIT DE PORTA DE MADEIRA PARA PINTURA, SEMI-OCA (LEVE OU MÉDIA), PADRÃO MÉDIO, 60X210CM, ESPESSURA DE 3,5CM, ITENS INCLUSOS: DOBRADIÇAS, MONTAGEM E INSTALAÇÃO DO BATENTE, FECHADURA COM EXECUÇÃO DO FURO - FORNECIMENTO E INSTALAÇÃO. AF_12/2019","UN","1.026,50"]
[90842,"KIT DE PORTA DE MADEIRA PARA PINTURA, SEMI-OCA (LEVE OU MÉDIA), PADRÃO MÉDIO, 70X210CM, ESPESSURA DE 3,5CM, ITENS INCLUSOS: DOBRADIÇAS, MONTAGEM E INSTALAÇÃO DO BATENTE, FECHADURA COM EXECUÇÃO DO FURO - FORNECIMENTO E INSTALAÇÃO. AF_12/2019","UN","1.035,61"]
[90843,"KIT DE PORTA DE MADEIRA PARA PINTURA, SEMI-OCA (LEVE OU MÉDIA), PADRÃO MÉDIO, 80X210CM, ESPESSURA DE 3,5CM, ITENS INCLUSOS: DOBRADIÇAS, MONTAGEM E INSTALAÇÃO DO BATENTE, FECHADURA COM EXECUÇÃO DO FURO - FORNECIMENTO E INSTALAÇÃO. AF_12/2019","UN","1.083,61"]
[90844,"KIT DE PORTA DE MADEIRA PARA PINTURA, SEMI-OCA (LEVE OU MÉDIA), PADRÃO MÉDIO, 90X210CM, ESPESSURA DE 3,5CM, ITENS INCLUSOS: DOBRADIÇAS, MONTAGEM E INSTALAÇÃO DO BATENTE, FECHADURA COM EXECUÇÃO DO FURO - FORNECIMENTO E INSTALAÇÃO. AF_12/2019","UN","1.172,39"]
[90845,"KIT DE PORTA DE MADEIRA PARA PINTURA, SEMI-OCA (PESADA OU SUPERPESADA), PADRÃO MÉDIO, 80X210CM, ESPESSURA DE 3,5CM, ITENS INCLUSOS: DOBRADIÇAS, MONTAGEM E INSTALAÇÃO DO BATENTE, FECHADURA COM EXECUÇÃO DO FURO - FORNECIMENTO E INSTALAÇÃO. AF_12/2019","UN","1.367,95"]
[90846,"KIT DE PORTA DE MADEIRA PARA PINTURA, SEMI-OCA (PESADA OU SUPERPESADA), PADRÃO MÉDIO, 90X210CM, ESPESSURA DE 3,5CM, ITENS INCLUSOS: DOBRADIÇAS, MONTAGEM E INSTALAÇÃO DO BATENTE, FECHADURA COM EXECUÇÃO DO FURO - FORNECIMENTO E INSTALAÇÃO. AF_12/2019","UN","1.445,45"]
[90847,"KIT DE PORTA DE MADEIRA PARA PINTURA, SEMI-OCA (LEVE OU MÉDIA), PADRÃO MÉDIO, 60X210CM, ESPESSURA DE 3,5CM, ITENS INCLUSOS: DOBRADIÇAS, MONTAGEM E INSTALAÇÃO DO BATENTE, SEM FECHADURA - FORNECIMENTO E INSTALAÇÃO. AF_12/2019","UN","881,86"]
[90848,"KIT DE PORTA DE MADEIRA PARA PINTURA, SEMI-OCA (LEVE OU MÉDIA), PADRÃO MÉDIO, 70X210CM, ESPESSURA DE 3,5CM, ITENS INCLUSOS: DOBRADIÇAS, MONTAGEM E INSTALAÇÃO DO BATENTE, SEM FECHADURA - FORNECIMENTO E INSTALAÇÃO. AF_12/2019","UN","890,97"]
[90849,"KIT DE PORTA DE MADEIRA PARA PINTURA, SEMI-OCA (LEVE OU MÉDIA), PADRÃO MÉDIO, 80X210CM, ESPESSURA DE 3,5CM, ITENS INCLUSOS: DOBRADIÇAS, MONTAGEM E INSTALAÇÃO DO BATENTE, SEM FECHADURA - FORNECIMENTO E INSTALAÇÃO. AF_12/2019","UN","918,66"]
[90850,"KIT DE PORTA DE MADEIRA PARA PINTURA, SEMI-OCA (LEVE OU MÉDIA), PADRÃO MÉDIO, 90X210CM, ESPESSURA DE 3,5CM, ITENS INCLUSOS: DOBRADIÇAS, MONTAGEM E INSTALAÇÃO DO BATENTE, SEM FECHADURA - FORNECIMENTO E INSTALAÇÃO. AF_12/2019","UN","1.007,44"]
[90851,"KIT DE PORTA DE MADEIRA PARA PINTURA, SEMI-OCA (PESADA OU SUPERPESADA), PADRÃO MÉDIO, 80X210CM, ESPESSURA DE 3,5CM, ITENS INCLUSOS: DOBRADIÇAS, MONTAGEM E INSTALAÇÃO DO BATENTE, SEM FECHADURA - FORNECIMENTO E INSTALAÇÃO. AF_12/2019","UN","1.203,00"]
[90852,"KIT DE PORTA DE MADEIRA PARA PINTURA, SEMI-OCA (PESADA OU SUPERPESADA), PADRÃO MÉDIO, 90X210CM, ESPESSURA DE 3,5CM, ITENS INCLUSOS: DOBRADIÇAS, MONTAGEM E INSTALAÇÃO DO BATENTE, SEM FECHADURA - FORNECIMENTO E INSTALAÇÃO. AF_12/2019","UN","1.280,50"]
[91009,"PORTA DE MADEIRA PARA VERNIZ, SEMI-OCA (LEVE OU MÉDIA), 60X210CM, ESPESSURA DE 3,5CM, INCLUSO DOBRADIÇAS - FORNECIMENTO E INSTALAÇÃO. AF_12/2019","UN","336,63"]
[91010,"PORTA DE MADEIRA PARA VERNIZ, SEMI-OCA (LEVE OU MÉDIA), 70X210CM, ESPESSURA DE 3,5CM, INCLUSO DOBRADIÇAS - FORNECIMENTO E INSTALAÇÃO. AF_12/2019","UN","343,73"]
[91011,"PORTA DE MADEIRA PARA VERNIZ, SEMI-OCA (LEVE OU MÉDIA), 80X210CM, ESPESSURA DE 3,5CM, INCLUSO DOBRADIÇAS - FORNECIMENTO E INSTALAÇÃO. AF_12/2019","UN","405,67"]
[91012,"PORTA DE MADEIRA PARA VERNIZ, SEMI-OCA (LEVE OU MÉDIA), 90X210CM, ESPESSURA DE 3,5CM, INCLUSO DOBRADIÇAS - FORNECIMENTO E INSTALAÇÃO. AF_12/2019","UN","453,05"]
[91013,"KIT DE PORTA DE MADEIRA PARA VERNIZ, SEMI-OCA (LEVE OU MÉDIA), PADRÃO MÉDIO, 60X210CM, ESPESSURA DE 3,5CM, ITENS INCLUSOS: DOBRADIÇAS, MONTAGEM E INSTALAÇÃO DO BATENTE, SEM FECHADURA - FORNECIMENTO E INSTALAÇÃO. AF_12/2019","UN","894,09"]
[91014,"KIT DE PORTA DE MADEIRA PARA VERNIZ, SEMI-OCA (LEVE OU MÉDIA), PADRÃO MÉDIO, 70X210CM, ESPESSURA DE 3,5CM, ITENS INCLUSOS: DOBRADIÇAS, MONTAGEM E INSTALAÇÃO DO BATENTE, SEM FECHADURA - FORNECIMENTO E INSTALAÇÃO. AF_12/2019","UN","903,78"]
[91015,"KIT DE PORTA DE MADEIRA PARA VERNIZ, SEMI-OCA (LEVE OU MÉDIA), PADRÃO MÉDIO, 80X210CM, ESPESSURA DE 3,5CM, ITENS INCLUSOS: DOBRADIÇAS, MONTAGEM E INSTALAÇÃO DO BATENTE, SEM FECHADURA - FORNECIMENTO E INSTALAÇÃO. AF_12/2019","UN","968,31"]
[91016,"KIT DE PORTA DE MADEIRA PARA VERNIZ, SEMI-OCA (LEVE OU MÉDIA), PADRÃO MÉDIO, 90X210CM, ESPESSURA DE 3,5CM, ITENS INCLUSOS: DOBRADIÇAS, MONTAGEM E INSTALAÇÃO DO BATENTE, SEM FECHADURA - FORNECIMENTO E INSTALAÇÃO. AF_12/2019","UN","1.018,28"]
[91287,"BATENTE PARA PORTA DE MADEIRA, PADRÃO POPULAR - FORNECIMENTO E MONTAGEM. AF_12/2019","UN","248,66"]
[91292,"BATENTE PARA PORTA DE MADEIRA, FIXAÇÃO COM ARGAMASSA, PADRÃO POPULAR. FORNECIMENTO E INSTALAÇÃO. AF_12/2019","UN","338,96"]
[91295,"PORTA DE MADEIRA FRISADA, SEMI-OCA (LEVE OU MÉDIA), 60X210CM, ESPESSURA DE 3CM, INCLUSO DOBRADIÇAS - FORNECIMENTO E INSTALAÇÃO. AF_12/2019","UN","347,22"]
[91296,"PORTA DE MADEIRA FRISADA, SEMI-OCA (LEVE OU MÉDIA), 70X210CM, ESPESSURA DE 3CM, INCLUSO DOBRADIÇAS - FORNECIMENTO E INSTALAÇÃO. AF_12/2019","UN","373,32"]
[91297,"PORTA DE MADEIRA FRISADA, SEMI-OCA (LEVE OU MÉDIA), 80X210CM, ESPESSURA DE 3,5CM, INCLUSO DOBRADIÇAS - FORNECIMENTO E INSTALAÇÃO. AF_12/2019","UN","412,73"]
[91298,"PORTA DE MADEIRA TIPO VENEZIANA, 80X210CM, ESPESSURA DE 3CM, INCLUSO DOBRADIÇAS - FORNECIMENTO E INSTALAÇÃO. AF_12/2019","UN","874,00"]
[91299,"PORTA DE MADEIRA, TIPO MEXICANA, MACIÇA (PESADA OU SUPERPESADA), 80X210CM, ESPESSURA DE 3,5CM, INCLUSO DOBRADIÇAS - FORNECIMENTO E INSTALAÇÃO. AF_12/2019","UN","1.229,09"]
[91304,"FECHADURA DE EMBUTIR COM CILINDRO, EXTERNA, COMPLETA, ACABAMENTO PADRÃO POPULAR, INCLUSO EXECUÇÃO DE FURO - FORNECIMENTO E INSTALAÇÃO. AF_12/2019","UN","100,37"]
[91305,"FECHADURA DE EMBUTIR PARA PORTA DE BANHEIRO, COMPLETA, ACABAMENTO PADRÃO POPULAR, INCLUSO EXECUÇÃO DE FURO - FORNECIMENTO E INSTALAÇÃO. AF_12/2019","UN","100,21"]
[91306,"FECHADURA DE EMBUTIR PARA PORTAS INTERNAS, COMPLETA, ACABAMENTO PADRÃO MÉDIO, COM EXECUÇÃO DE FURO - FORNECIMENTO E INSTALAÇÃO. AF_12/2019","UN","144,64"]
[91307,"FECHADURA DE EMBUTIR PARA PORTAS INTERNAS, COMPLETA, ACABAMENTO PADRÃO POPULAR, COM EXECUÇÃO DE FURO - FORNECIMENTO E INSTALAÇÃO. AF_12/2019","UN","85,23"]
[91312,"KIT DE PORTA DE MADEIRA PARA PINTURA, SEMI-OCA (LEVE OU MÉDIA), PADRÃO POPULAR, 60X210CM, ESPESSURA DE 3,5CM, ITENS INCLUSOS: DOBRADIÇAS, MONTAGEM E INSTALAÇÃO DO BATENTE, FECHADURA COM EXECUÇÃO DO FURO - FORNECIMENTO E INSTALAÇÃO. AF_12/2019","UN","847,18"]
[91313,"KIT DE PORTA DE MADEIRA PARA PINTURA, SEMI-OCA (LEVE OU MÉDIA), PADRÃO POPULAR, 70X210CM, ESPESSURA DE 3,5CM, ITENS INCLUSOS: DOBRADIÇAS, MONTAGEM E INSTALAÇÃO DO BATENTE, FECHADURA COM EXECUÇÃO DO FURO - FORNECIMENTO E INSTALAÇÃO. AF_12/2019","UN","840,46"]
[91314,"KIT DE PORTA DE MADEIRA PARA PINTURA, SEMI-OCA (LEVE OU MÉDIA), PADRÃO POPULAR, 80X210CM, ESPESSURA DE 3,5CM, ITENS INCLUSOS: DOBRADIÇAS, MONTAGEM E INSTALAÇÃO DO BATENTE, FECHADURA COM EXECUÇÃO DO FURO - FORNECIMENTO E INSTALAÇÃO. AF_12/2019","UN","882,45"]
[91315,"KIT DE PORTA DE MADEIRA PARA PINTURA, SEMI-OCA (LEVE OU MÉDIA), PADRÃO POPULAR, 90X210CM, ESPESSURA DE 3,5CM, ITENS INCLUSOS: DOBRADIÇAS, MONTAGEM E INSTALAÇÃO DO BATENTE, FECHADURA COM EXECUÇÃO DO FURO - FORNECIMENTO E INSTALAÇÃO. AF_12/2019","UN","970,38"]
[91316,"KIT DE PORTA DE MADEIRA PARA PINTURA, SEMI-OCA (PESADA OU SUPERPESADA), PADRÃO POPULAR, 80X210CM, ESPESSURA DE 3,5CM, ITENS INCLUSOS: DOBRADIÇAS, MONTAGEM E INSTALAÇÃO DO BATENTE, FECHADURA COM EXECUÇÃO DO FURO - FORNECIMENTO E INSTALAÇÃO. AF_12/2019","UN","1.166,79"]
[91317,"KIT DE PORTA DE MADEIRA PARA PINTURA, SEMI-OCA (PESADA OU SUPERPESADA), PADRÃO POPULAR, 90X210CM, ESPESSURA DE 3,5CM, ITENS INCLUSOS: DOBRADIÇAS, MONTAGEM E INSTALAÇÃO DO BATENTE, FECHADURA COM EXECUÇÃO DO FURO - FORNECIMENTO E INSTALAÇÃO. AF_12/2019","UN","1.243,44"]
[91318,"KIT DE PORTA DE MADEIRA PARA PINTURA, SEMI-OCA (LEVE OU MÉDIA), PADRÃO POPULAR, 60X210CM, ESPESSURA DE 3,5CM, ITENS INCLUSOS: DOBRADIÇAS, MONTAGEM E INSTALAÇÃO DO BATENTE, SEM FECHADURA - FORNECIMENTO E INSTALAÇÃO. AF_12/2019","UN","746,97"]
[91319,"KIT DE PORTA DE MADEIRA PARA PINTURA, SEMI-OCA (LEVE OU MÉDIA), PADRÃO POPULAR, 70X210CM, ESPESSURA DE 3,5CM, ITENS INCLUSOS: DOBRADIÇAS, MONTAGEM E INSTALAÇÃO DO BATENTE, SEM FECHADURA - FORNECIMENTO E INSTALAÇÃO. AF_12/2019","UN","755,23"]
[91320,"KIT DE PORTA DE MADEIRA PARA PINTURA, SEMI-OCA (LEVE OU MÉDIA), PADRÃO POPULAR, 80X210CM, ESPESSURA DE 3,5CM, ITENS INCLUSOS: DOBRADIÇAS, MONTAGEM E INSTALAÇÃO DO BATENTE, SEM FECHADURA - FORNECIMENTO E INSTALAÇÃO. AF_12/2019","UN","782,08"]
[91321,"KIT DE PORTA DE MADEIRA PARA PINTURA, SEMI-OCA (LEVE OU MÉDIA), PADRÃO POPULAR, 90X210CM, ESPESSURA DE 3,5CM, ITENS INCLUSOS: DOBRADIÇAS, MONTAGEM E INSTALAÇÃO DO BATENTE, SEM FECHADURA - FORNECIMENTO E INSTALAÇÃO. AF_12/2019","UN","870,01"]
[91322,"KIT DE PORTA DE MADEIRA PARA PINTURA, SEMI-OCA (PESADA OU SUPERPESADA), PADRÃO POPULAR, 80X210CM, ESPESSURA DE 3,5CM, ITENS INCLUSOS: DOBRADIÇAS, MONTAGEM E INSTALAÇÃO DO BATENTE, SEM FECHADURA - FORNECIMENTO E INSTALAÇÃO. AF_12/2019","UN","1.066,42"]
[91323,"KIT DE PORTA DE MADEIRA PARA PINTURA, SEMI-OCA (PESADA OU SUPERPESADA), PADRÃO POPULAR, 90X210CM, ESPESSURA DE 3,5CM, ITENS INCLUSOS: DOBRADIÇAS, MONTAGEM E INSTALAÇÃO DO BATENTE, SEM FECHADURA - FORNECIMENTO E INSTALAÇÃO. AF_12/2019","UN","1.143,07"]
[91324,"KIT DE PORTA DE MADEIRA PARA VERNIZ, SEMI-OCA (LEVE OU MÉDIA), PADRÃO POPULAR, 60X210CM, ESPESSURA DE 3,5CM, ITENS INCLUSOS: DOBRADIÇAS, MONTAGEM E INSTALAÇÃO DO BATENTE, SEM FECHADURA - FORNECIMENTO E INSTALAÇÃO. AF_12/2019","UN","759,20"]
[91325,"KIT DE PORTA DE MADEIRA PARA VERNIZ, SEMI-OCA (LEVE OU MÉDIA), PADRÃO POPULAR, 70X210CM, ESPESSURA DE 3,5CM, ITENS INCLUSOS: DOBRADIÇAS, MONTAGEM E INSTALAÇÃO DO BATENTE, SEM FECHADURA - FORNECIMENTO E INSTALAÇÃO. AF_12/2019","UN","768,04"]
[91326,"KIT DE PORTA DE MADEIRA PARA VERNIZ, SEMI-OCA (LEVE OU MÉDIA), PADRÃO POPULAR, 80X210CM, ESPESSURA DE 3,5CM, ITENS INCLUSOS: DOBRADIÇAS, MONTAGEM E INSTALAÇÃO DO BATENTE, SEM FECHADURA - FORNECIMENTO E INSTALAÇÃO. AF_12/2019","UN","831,73"]
[91327,"KIT DE PORTA DE MADEIRA PARA VERNIZ, SEMI-OCA (LEVE OU MÉDIA), PADRÃO POPULAR, 90X210CM, ESPESSURA DE 3,5CM, ITENS INCLUSOS: DOBRADIÇAS, MONTAGEM E INSTALAÇÃO DO BATENTE, SEM FECHADURA - FORNECIMENTO E INSTALAÇÃO. AF_12/2019","UN","880,85"]
[91328,"KIT DE PORTA DE MADEIRA FRISADA, SEMI-OCA (LEVE OU MÉDIA), PADRÃO MÉDIO 60X210CM, ESPESSURA DE 3CM, ITENS INCLUSOS: DOBRADIÇAS, MONTAGEM E INSTALAÇÃO DO BATENTE, SEM FECHADURA - FORNECIMENTO E INSTALAÇÃO. AF_12/2019","UN","904,68"]
[91329,"KIT DE PORTA DE MADEIRA FRISADA, SEMI-OCA (LEVE OU MÉDIA), PADRÃO POPULAR, 60X210CM, ESPESSURA DE 3CM, ITENS INCLUSOS: DOBRADIÇAS, MONTAGEM E INSTALAÇÃO DO BATENTE, SEM FECHADURA - FORNECIMENTO E INSTALAÇÃO. AF_12/2019","UN","769,79"]
[91330,"KIT DE PORTA DE MADEIRA FRISADA, SEMI-OCA (LEVE OU MÉDIA), PADRÃO MÉDIO, 70X210CM, ESPESSURA DE 3CM, ITENS INCLUSOS: DOBRADIÇAS, MONTAGEM E INSTALAÇÃO DO BATENTE, SEM FECHADURA - FORNECIMENTO E INSTALAÇÃO. AF_12/2019","UN","933,37"]
[91331,"KIT DE PORTA DE MADEIRA FRISADA, SEMI-OCA (LEVE OU MÉDIA), PADRÃO POPULAR, 70X210CM, ESPESSURA DE 3CM, ITENS INCLUSOS: DOBRADIÇAS, MONTAGEM E INSTALAÇÃO DO BATENTE, SEM FECHADURA - FORNECIMENTO E INSTALAÇÃO. AF_12/2019","UN","797,63"]
[91332,"KIT DE PORTA DE MADEIRA FRISADA, SEMI-OCA (LEVE OU MÉDIA), PADRÃO MÉDIO, 80X210CM, ESPESSURA DE 3,5CM, ITENS INCLUSOS: DOBRADIÇAS, MONTAGEM E INSTALAÇÃO DO BATENTE, SEM FECHADURA - FORNECIMENTO E INSTALAÇÃO. AF_12/2019","UN","975,37"]
[91333,"KIT DE PORTA DE MADEIRA FRISADA, SEMI-OCA (LEVE OU MÉDIA), PADRÃO POPULAR, 80X210CM, ESPESSURA DE 3,5CM, ITENS INCLUSOS: DOBRADIÇAS, MONTAGEM E INSTALAÇÃO DO BATENTE, SEM FECHADURA - FORNECIMENTO E INSTALAÇÃO. AF_12/2019","UN","838,79"]
[91334,"KIT DE PORTA DE MADEIRA TIPO VENEZIANA, PADRÃO MÉDIO, 80X210CM, ESPESSURA DE 3CM, ITENS INCLUSOS: DOBRADIÇAS, MONTAGEM E INSTALAÇÃO DO BATENTE, SEM FECHADURA - FORNECIMENTO E INSTALAÇÃO. AF_12/2019","UN","1.436,64"]
[91335,"KIT DE PORTA DE MADEIRA TIPO VENEZIANA, PADRÃO POPULAR, 80X210CM, ESPESSURA DE 3CM, ITENS INCLUSOS: DOBRADIÇAS, MONTAGEM E INSTALAÇÃO DO BATENTE, SEM FECHADURA - FORNECIMENTO E INSTALAÇÃO. AF_12/2019","UN","1.300,06"]
[91336,"KIT DE PORTA DE MADEIRA TIPO MEXICANA, MACIÇA (PESADA OU SUPERPESADA), PADRÃO MÉDIO, 80X210CM, ESPESSURA DE 3CM, ITENS INCLUSOS: DOBRADIÇAS, MONTAGEM E INSTALAÇÃO DO BATENTE, SEM FECHADURA - FORNECIMENTO E INSTALAÇÃO. AF_12/2019","UN","1.791,73"]
[91337,"KIT DE PORTA DE MADEIRA TIPO MEXICANA, MACIÇA (PESADA OU SUPERPESADA), PADRÃO POPULAR, 80X210CM, ESPESSURA DE 3CM, ITENS INCLUSOS: DOBRADIÇAS, MONTAGEM E INSTALAÇÃO DO BATENTE, SEM FECHADURA - FORNECIMENTO E INSTALAÇÃO. AF_12/2019","UN","1.655,15"]
[100659,"ALIZAR DE 5X1,5CM PARA PORTA FIXADO COM PREGOS, PADRÃO MÉDIO - FORNECIMENTO E INSTALAÇÃO. AF_12/2019","M","12,95"]
[100660,"ALIZAR DE 5X1,5CM PARA PORTA FIXADO COM PREGOS, PADRÃO POPULAR - FORNECIMENTO E INSTALAÇÃO. AF_12/2019","M","8,71"]
[100675,"KIT DE PORTA-PRONTA DE MADEIRA EM ACABAMENTO MELAMÍNICO BRANCO, FOLHA LEVE OU MÉDIA, 90X210, EXCLUSIVE FECHADURA, FIXAÇÃO COM PREENCHIMENTO TOTAL DE ESPUMA EXPANSIVA - FORNECIMENTO E INSTALAÇÃO. AF_12/2019","UN","1.022,04"]
[100676,"BATENTE PARA PORTA COM BANDEIRA, FIXAÇÃO COM PARAFUSO E BUCHA. AF_12/2019","UN","206,80"]
[100678,"KIT DE PORTA DE MADEIRA PARA VERNIZ, SEMI-OCA (LEVE OU MÉDIA), PADRÃO MÉDIO, 60X210CM, ESPESSURA DE 3,5CM, ITENS INCLUSOS: DOBRADIÇAS, MONTAGEM E INSTALAÇÃO DE BATENTE, FECHADURA COM EXECUÇÃO DO FURO - FORNECIMENTO E INSTALAÇÃO. AF_12/2019","UN","1.038,73"]
[100679,"KIT DE PORTA DE MADEIRA PARA VERNIZ, SEMI-OCA (LEVE OU MÉDIA), PADRÃO POPULAR, 60X210CM, ESPESSURA DE 3,5CM, ITENS INCLUSOS: DOBRADIÇAS, MONTAGEM E INSTALAÇÃO DE BATENTE, FECHADURA COM EXECUÇÃO DO FURO - FORNECIMENTO E INSTALAÇÃO. AF_12/2019","UN","859,41"]
[100680,"KIT DE PORTA DE MADEIRA PARA VERNIZ, SEMI-OCA (LEVE OU MÉDIA), PADRÃO MÉDIO, 70X210CM, ESPESSURA DE 3,5CM, ITENS INCLUSOS: DOBRADIÇAS, MONTAGEM E INSTALAÇÃO DE BATENTE, FECHADURA COM EXECUÇÃO DO FURO - FORNECIMENTO E INSTALAÇÃO. AF_12/2019","UN","1.048,42"]
[100681,"KIT DE PORTA DE MADEIRA FRISADA, SEMI-OCA (LEVE OU MÉDIA), PADRÃO MÉDIO, 70X210CM, ESPESSURA DE 3CM, ITENS INCLUSOS: DOBRADIÇAS, MONTAGEM E INSTALAÇÃO DE BATENTE, FECHADURA COM EXECUÇÃO DO FURO - FORNECIMENTO E INSTALAÇÃO. AF_12/2019","UN","1.078,01"]
[100682,"KIT DE PORTA DE MADEIRA FRISADA, SEMI-OCA (LEVE OU MÉDIA), PADRÃO POPULAR, 70X210CM, ESPESSURA DE 3CM, ITENS INCLUSOS: DOBRADIÇAS, MONTAGEM E INSTALAÇÃO DE BATENTE, FECHADURA COM EXECUÇÃO DO FURO - FORNECIMENTO E INSTALAÇÃO. AF_12/2019","UN","882,86"]
[100683,"KIT DE PORTA DE MADEIRA PARA VERNIZ, SEMI-OCA (LEVE OU MÉDIA), PADRÃO MÉDIO, 80X210CM, ESPESSURA DE 3,5CM, ITENS INCLUSOS: DOBRADIÇAS, MONTAGEM E INSTALAÇÃO DE BATENTE, FECHADURA COM EXECUÇÃO DO FURO - FORNECIMENTO E INSTALAÇÃO. AF_12/2019","UN","1.133,26"]
[100684,"KIT DE PORTA DE MADEIRA PARA VERNIZ, SEMI-OCA (LEVE OU MÉDIA), PADRÃO POPULAR, 80X210CM, ESPESSURA DE 3,5CM, ITENS INCLUSOS: DOBRADIÇAS, MONTAGEM E INSTALAÇÃO DE BATENTE, FECHADURA COM EXECUÇÃO DO FURO - FORNECIMENTO E INSTALAÇÃO. AF_12/2019","UN","932,10"]
[100685,"KIT DE PORTA DE MADEIRA PARA VERNIZ, SEMI-OCA (LEVE OU MÉDIA), PADRÃO MÉDIO, 90X210CM, ESPESSURA DE 3,5CM, ITENS INCLUSOS: DOBRADIÇAS, MONTAGEM E INSTALAÇÃO DE BATENTE, FECHADURA COM EXECUÇÃO DO FURO - FORNECIMENTO E INSTALAÇÃO. AF_12/2019","UN","1.183,23"]
[100686,"KIT DE PORTA DE MADEIRA PARA VERNIZ, SEMI-OCA (LEVE OU MÉDIA), PADRÃO POPULAR, 90X210CM, ESPESSURA DE 3CM, ITENS INCLUSOS: DOBRADIÇAS, MONTAGEM E INSTALAÇÃO DE BATENTE, FECHADURA COM EXECUÇÃO DO FURO - FORNECIMENTO E INSTALAÇÃO. AF_12/2019","UN","981,22"]
[100687,"KIT DE PORTA DE MADEIRA FRISADA, SEMI-OCA (LEVE OU MÉDIA), PADRÃO MÉDIO, 60X210CM, ESPESSURA DE 3,5CM, ITENS INCLUSOS: DOBRADIÇAS, MONTAGEM E INSTALAÇÃO DE BATENTE, FECHADURA COM EXECUÇÃO DO FURO - FORNECIMENTO E INSTALAÇÃO. AF_12/2019","UN","1.049,32"]
[100688,"KIT DE PORTA DE MADEIRA FRISADA, SEMI-OCA (LEVE OU MÉDIA), PADRÃO POPULAR, 60X210CM, ESPESSURA DE 3CM, ITENS INCLUSOS: DOBRADIÇAS, MONTAGEM E INSTALAÇÃO DE BATENTE, FECHADURA COM EXECUÇÃO DO FURO - FORNECIMENTO E INSTALAÇÃO. AF_12/2019","UN","870,00"]
[100689,"KIT DE PORTA DE MADEIRA FRISADA, SEMI-OCA (LEVE OU MÉDIA), PADRÃO MÉDIO, 80X210CM, ESPESSURA DE 3,5CM, ITENS INCLUSOS: DOBRADIÇAS, MONTAGEM E INSTALAÇÃO DE BATENTE, FECHADURA COM EXECUÇÃO DO FURO - FORNECIMENTO E INSTALAÇÃO. AF_12/2019","UN","1.140,32"]
[100690,"KIT DE PORTA DE MADEIRA FRISADA, SEMI-OCA (LEVE OU MÉDIA), PADRÃO POPULAR, 80X210CM, ESPESSURA DE 3,5CM, ITENS INCLUSOS: DOBRADIÇAS, MONTAGEM E INSTALAÇÃO DE BATENTE, FECHADURA COM EXECUÇÃO DO FURO - FORNECIMENTO E INSTALAÇÃO. AF_12/2019","UN","939,16"]
[100691,"KIT DE PORTA DE MADEIRA TIPO VENEZIANA, 80X210CM (ESPESSURA DE 3CM), PADRÃO MÉDIO, ITENS INCLUSOS: DOBRADIÇAS, MONTAGEM E INSTALAÇÃO DE BATENTE, FECHADURA COM EXECUÇÃO DO FURO - FORNECIMENTO E INSTALAÇÃO. AF_12/2019","UN","1.601,59"]
[100692,"KIT DE PORTA DE MADEIRA TIPO VENEZIANA, 80X210CM (ESPESSURA DE 3CM), PADRÃO POPULAR, ITENS INCLUSOS: DOBRADIÇAS, MONTAGEM E INSTALAÇÃO DE BATENTE, FECHADURA COM EXECUÇÃO DO FURO - FORNECIMENTO E INSTALAÇÃO. AF_12/2019","UN","1.400,43"]
[100693,"KIT DE PORTA DE MADEIRA TIPO MEXICANA, MACIÇA (PESADA OU SUPERPESADA), PADRÃO MÉDIO, 80X210CM, ESPESSURA DE 3,5CM, ITENS INCLUSOS: DOBRADIÇAS, MONTAGEM E INSTALAÇÃO DE BATENTE, FECHADURA COM EXECUÇÃO DO FURO - FORNECIMENTO E INSTALAÇÃO. AF_12/2019","UN","1.956,68"]
[100694,"KIT DE PORTA DE MADEIRA TIPO MEXICANA, MACIÇA (PESADA OU SUPERPESADA), PADRÃO POPULAR, 80X210CM, ESPESSURA DE 3,5CM, ITENS INCLUSOS: DOBRADIÇAS, MONTAGEM E INSTALAÇÃO DE BATENTE, FECHADURA COM EXECUÇÃO DO FURO - FORNECIMENTO E INSTALAÇÃO. AF_12/2019","UN","1.755,52"]
[100695,"RECOLOCAÇÃO DE FOLHAS DE PORTA DE MADEIRA LEVE OU MÉDIA DE 60CM DE LARGURA, CONSIDERANDO REAPROVEITAMENTO DO MATERIAL. AF_12/2019","UN","56,21"]
[100696,"RECOLOCAÇÃO DE FOLHAS DE PORTA DE MADEIRA LEVE OU MÉDIA DE 70CM DE LARGURA, CONSIDERANDO REAPROVEITAMENTO DO MATERIAL. AF_12/2019","UN","62,52"]
[100697,"RECOLOCAÇÃO DE FOLHAS DE PORTA DE MADEIRA LEVE OU MÉDIA DE 80CM DE LARGURA, CONSIDERANDO REAPROVEITAMENTO DO MATERIAL. AF_12/2019","UN","68,89"]
[100698,"RECOLOCAÇÃO DE FOLHAS DE PORTA DE MADEIRA LEVE OU MÉDIA DE 90CM DE LARGURA, CONSIDERANDO REAPROVEITAMENTO DO MATERIAL. AF_12/2019","UN","75,23"]
[100699,"RECOLOCAÇÃO DE FOLHAS DE PORTA DE MADEIRA PESADA OU SUPERPESADA DE 80CM DE LARGURA, CONSIDERANDO REAPROVEITAMENTO DO MATERIAL. AF_12/2019","UN","89,44"]
[100700,"PORTA DE MADEIRA COMPENSADA LISA PARA PINTURA, 120X210X3,5CM, 2 FOLHAS, INCLUSO ADUELA 2A, ALIZAR 2A E DOBRADIÇAS. AF_12/2019","UN","891,38"]
[100712,"KIT DE PORTA DE MADEIRA PARA VERNIZ, SEMI-OCA (LEVE OU MÉDIA), PADRÃO POPULAR, 70X210CM, ESPESSURA DE 3,5CM, ITENS INCLUSOS: DOBRADIÇAS, MONTAGEM E INSTALAÇÃO DE BATENTE, FECHADURA COM EXECUÇÃO DO FURO - FORNECIMENTO E INSTALAÇÃO. AF_12/2019","UN","853,27"]
[100665,"JANELA DE MADEIRA - CEDRINHO/ANGELIM OU EQUIVALENTE DA REGIÃO - DE ABRIR COM 4 FOLHAS (2 VENEZIANAS E 2 GUILHOTINAS PARA VIDRO), COM BATENTE, ALIZAR E FERRAGENS. EXCLUSIVE VIDROS, ACABAMENTO E CONTRAMARCO. FORNECIMENTO E INSTALAÇÃO. AF_12/2019","M2","1.105,27"]
[100666,"JANELA DE MADEIRA (PINUS/EUCALIPTO OU EQUIV.) DE ABRIR COM 4 FOLHAS (2 VENEZIANAS E 2 GUILHOTINAS PARA VIDRO), COM BATENTE, ALIZAR E FERRAGENS. EXCLUSIVE VIDROS, ACABAMENTO E CONTRAMARCO. FORNECIMENTO E INSTALAÇÃO. AF_12/2019","M2","869,51"]
[100667,"JANELA DE MADEIRA (IMBUIA/CEDRO OU EQUIV.) DE ABRIR COM 4 FOLHAS (2 VENEZIANAS E 2 GUILHOTINAS PARA VIDRO), COM BATENTE, ALIZAR E FERRAGENS. EXCLUSIVE VIDROS, ACABAMENTO E CONTRAMARCO. FORNECIMENTO E INSTALAÇÃO. AF_12/2019","M2","1.438,56"]
[100668,"JANELA DE MADEIRA (CEDRINHO/ANGELIM OU EQUIV.) TIPO MAXIM-AR, PARA VIDRO, COM BATENTE, ALIZAR E FERRAGENS. EXCLUSIVE VIDRO, ACABAMENTO E CONTRAMARCO. FORNECIMENTO E INSTALAÇÃO. AF_12/2019","M2","1.706,86"]
[100669,"JANELA DE MADEIRA (PINUS/EUCALIPTO OU EQUIV.) TIPO BASCULANTE COM 2 FOLHAS PARA VIDRO, COM BATENTE, ALIZAR E FERRAGENS. EXCLUSIVE VIDROS, ACABAMENTO E CONTRAMARCO. FORNECIMENTO E INSTALAÇÃO. AF_12/2019","M2","1.028,97"]
[100670,"JANELA DE MADEIRA (CEDRINHO/ANGELIM OU EQUIV.) DE CORRER COM 6 FOLHAS (2 VENEZ. FIXAS, 2 VENEZ. DE CORRER E 2 DE CORRER PARA VIDRO), COM BATENTE, ALIZAR E FERRAGENS. EXCLUSIVE VIDROS, ACABAMENTO E CONTRAMARCO. FORNECIMENTO E INSTALAÇÃO. AF_12/2019","M2","1.389,66"]
[100671,"JANELA DE MADEIRA (IMBUIA/CEDRO OU EQUIV) DE CORRER COM 6 FOLHAS (2 VENEZIANAS FIXAS, 2 VENEZIANAS DE CORRER E 2 DE CORRER PARA VIDRO), COM BATENTE, ALIZAR E FERRAGENS. EXCLUSIVE VIDROS, ACABAMENTO E CONTRAMARCO. FORNECIMENTO E INSTALAÇÃO. AF_12/2019","M2","1.728,55"]
[100672,"JANELA DE MADEIRA (PINUS/EUCALIPTO OU EQUIV.) DE CORRER COM 6 FOLHAS (2 VENEZ. FIXAS, 2 VENEZ. DE CORRER E 2 DE CORRER PARA VIDRO), COM BATENTE, ALIZAR E FERRAGENS. EXCLUSIVE VIDROS, ACABAMENTO E CONTRAMARCO. FORNECIMENTO EINSTALAÇÃO. AF_12/2019","M2","1.110,42"]
[100701,"PORTA DE FERRO, DE ABRIR, TIPO GRADE COM CHAPA, COM GUARNIÇÕES. AF_12/2019","M2","759,83"]
[94559,"JANELA DE AÇO TIPO BASCULANTE PARA VIDROS, COM BATENTE, FERRAGENS E PINTURA ANTICORROSIVA. EXCLUSIVE VIDROS, ACABAMENTO, ALIZAR E CONTRAMARCO. FORNECIMENTO E INSTALAÇÃO. AF_12/2019","M2","665,82"]
[94562,"JANELA DE AÇO DE CORRER COM 4 FOLHAS PARA VIDRO, COM BATENTE, FERRAGENS E PINTURA ANTICORROSIVA. EXCLUSIVE VIDROS, ALIZAR E CONTRAMARCO. FORNECIMENTO E INSTALAÇÃO. AF_12/2019","M2","618,11"]
[94587,"CONTRAMARCO DE AÇO, FIXAÇÃO COM ARGAMASSA - FORNECIMENTO E INSTALAÇÃO. AF_12/2019","M","61,47"]
[94588,"CONTRAMARCO DE AÇO, FIXAÇÃO COM PARAFUSO - FORNECIMENTO E INSTALAÇÃO. AF_12/2019","M","54,13"]
[99837,"GUARDA-CORPO DE AÇO GALVANIZADO DE 1,10M, MONTANTES TUBULARES DE 1.1/4\" ESPAÇADOS DE 1,20M, TRAVESSA SUPERIOR DE 1.1/2\", GRADIL FORMADO POR TUBOS HORIZONTAIS DE 1\" E VERTICAIS DE 3/4\", FIXADO COM CHUMBADOR MECÂNICO. AF_04/2019_PS","M","588,05"]
[99839,"GUARDA-CORPO DE AÇO GALVANIZADO DE 1,10M DE ALTURA, MONTANTES TUBULARES DE 1.1/2  ESPAÇADOS DE 1,20M, TRAVESSA SUPERIOR DE 2 , GRADIL FORMADO POR BARRAS CHATAS EM FERRO DE 32X4,8MM, FIXADO COM CHUMBADOR MECÂNICO. AF_04/2019_PS","M","480,27"]
[99841,"GUARDA-CORPO PANORÂMICO COM PERFIS DE ALUMÍNIO E VIDRO LAMINADO 8 MM, FIXADO COM CHUMBADOR MECÂNICO. AF_04/2019_PS","M","1.287,00"]
[99855,"CORRIMÃO SIMPLES, DIÂMETRO EXTERNO = 1 1/2\", EM AÇO GALVANIZADO. AF_04/2019_PS","M","106,56"]
[99857,"CORRIMÃO SIMPLES, DIÂMETRO EXTERNO = 1 1/2\", EM ALUMÍNIO. AF_04/2019_PS","M","86,44"]
[99861,"GRADIL EM FERRO FIXADO EM VÃOS DE JANELAS, FORMADO POR BARRAS CHATAS DE 25X4,8 MM. AF_04/2019","M2","584,55"]
[99862,"GRADIL EM ALUMÍNIO FIXADO EM VÃOS DE JANELAS, FORMADO POR TUBOS DE 3/4\". AF_04/2019","M2","572,90"]
[90838,"PORTA CORTA-FOGO 90X210X4CM - FORNECIMENTO E INSTALAÇÃO. AF_12/2019","UN","1.891,03"]
[91338,"PORTA DE ALUMÍNIO DE ABRIR COM LAMBRI, COM GUARNIÇÃO, FIXAÇÃO COM PARAFUSOS - FORNECIMENTO E INSTALAÇÃO. AF_12/2019","M2","813,68"]
[91341,"PORTA EM ALUMÍNIO DE ABRIR TIPO VENEZIANA COM GUARNIÇÃO, FIXAÇÃO COM PARAFUSOS - FORNECIMENTO E INSTALAÇÃO. AF_12/2019","M2","627,53"]
[94805,"PORTA DE ALUMÍNIO DE ABRIR PARA VIDRO SEM GUARNIÇÃO, 87X210CM, FIXAÇÃO COM PARAFUSOS, INCLUSIVE VIDROS - FORNECIMENTO E INSTALAÇÃO. AF_12/2019","UN","836,85"]
[94806,"PORTA EM AÇO DE ABRIR PARA VIDRO SEM GUARNIÇÃO, 87X210CM, FIXAÇÃO COM PARAFUSOS, EXCLUSIVE VIDROS - FORNECIMENTO E INSTALAÇÃO. AF_12/2019","UN","878,33"]
[94807,"PORTA EM AÇO DE ABRIR TIPO VENEZIANA SEM GUARNIÇÃO, 87X210CM, FIXAÇÃO COM PARAFUSOS - FORNECIMENTO E INSTALAÇÃO. AF_12/2019","UN","798,60"]
[100702,"PORTA DE CORRER DE ALUMÍNIO, COM DUAS FOLHAS PARA VIDRO, INCLUSO VIDRO LISO INCOLOR, FECHADURA E PUXADOR, SEM ALIZAR. AF_12/2019","M2","455,41"]
[102188,"MOLA HIDRAULICA DE PISO PARA PORTA DE VIDRO TEMPERADO. AF_01/2021","UN","896,94"]
[102189,"JOGO DE FERRAGENS CROMADAS PARA PORTA DE VIDRO TEMPERADO, UMA FOLHA COMPOSTO DE DOBRADICAS SUPERIOR E INFERIOR, TRINCO, FECHADURA, CONTRA FECHADURA COM CAPUCHINHO SEM MOLA E PUXADOR. AF_01/2021","UN","237,89"]
[100703,"PUXADOR CENTRAL PARA ESQUADRIA DE MADEIRA. AF_12/2019","UN","35,64"]
[100704,"PORTA CADEADO ZINCADO OXIDADO PRETO COM CADEADO DE AÇO INOX, LARGURA DE *50* MM. AF_12/2019","UN","77,08"]
[100705,"TARJETA TIPO LIVRE/OCUPADO PARA PORTA DE BANHEIRO. AF_12/2019","UN","86,12"]
[100706,"CREMONA EM LATÃO CROMADO OU POLIDO, COMPLETA. AF_12/2019","UN","73,57"]
[100707,"FECHO DE EMBUTIR TIPO UNHA 22CM. AF_12/2019","UN","163,03"]
[100708,"FECHO DE EMBUTIR TIPO UNHA 40CM. AF_12/2019","UN","205,54"]
[100709,"DOBRADIÇA EM AÇO/FERRO, 3\" X 21/2\", E=1,9 A 2MM, SEN ANEL, CROMADO OU ZINCADO, TAMPA BOLA, COM PARAFUSOS. AF_12/2019","UN","41,86"]
[100710,"DOBRADIÇA TIPO VAI E VEM EM LATÃO POLIDO 3\". AF_12/2019","UN","97,27"]
[102151,"INSTALAÇÃO DE VIDRO LISO INCOLOR, E = 3 MM, EM ESQUADRIA DE MADEIRA, FIXADO COM BAGUETE. AF_01/2021","M2","207,92"]
[102152,"INSTALAÇÃO DE VIDRO LISO, E = 4 MM, EM ESQUADRIA DE MADEIRA, FIXADO COM BAGUETE. AF_01/2021","M2","231,67"]
[102153,"INSTALAÇÃO DE VIDRO LISO FUME, E = 4 MM, EM ESQUADRIA DE MADEIRA, FIXADO COM BAGUETE. AF_01/2021","M2","295,00"]
[102154,"INSTALAÇÃO DE VIDRO LISO INCOLOR, E = 5 MM, EM ESQUADRIA DE MADEIRA, FIXADO COM BAGUETE. AF_01/2021","M2","255,20"]
[102155,"INSTALAÇÃO DE VIDRO LISO FUME, E = 5 MM, EM ESQUADRIA DE MADEIRA, FIXADO COM BAGUETE. AF_01/2021","M2","307,01"]
[102156,"INSTALAÇÃO DE VIDRO LISO INCOLOR, E = 6 MM, EM ESQUADRIA DE MADEIRA, FIXADO COM BAGUETE. AF_01/2021","M2","294,88"]
[102157,"INSTALAÇÃO DE VIDRO LISO FUME, E = 6 MM, EM ESQUADRIA DE MADEIRA, FIXADO COM BAGUETE. AF_01/2021","M2","405,72"]
[102158,"INSTALAÇÃO DE VIDRO LISO INCOLOR, E = 8 MM, EM ESQUADRIA DE MADEIRA, FIXADO COM BAGUETE. AF_01/2021","M2","411,77"]
[102159,"INSTALAÇÃO DE VIDRO LISO INCOLOR, E = 10 MM, EM ESQUADRIA DE MADEIRA, FIXADO COM BAGUETE. AF_01/2021","M2","491,73"]
[102160,"INSTALAÇÃO DE VIDRO IMPRESSO, E = 4 MM, EM ESQUADRIA DE MADEIRA, FIXADO COM BAGUETE. AF_01/2021","M2","200,00"]
[102161,"INSTALAÇÃO DE VIDRO LISO INCOLOR, E = 3 MM, EM ESQUADRIA DE ALUMÍNIO OU PVC, FIXADO COM BAGUETE. AF_01/2021_PS","M2","315,73"]
[102162,"INSTALAÇÃO DE VIDRO LISO INCOLOR, E = 4 MM, EM ESQUADRIA DE ALUMÍNIO OU PVC, FIXADO COM BAGUETE. AF_01/2021_PS","M2","339,48"]
[102163,"INSTALAÇÃO DE VIDRO LISO FUME, E = 4 MM, EM ESQUADRIA DE ALUMÍNIO OU PVC, FIXADO COM BAGUETE. AF_01/2021_PS","M2","402,81"]
[102164,"INSTALAÇÃO DE VIDRO LISO INCOLOR, E = 5 MM, EM ESQUADRIA DE ALUMÍNIO OU PVC, FIXADO COM BAGUETE. AF_01/2021_PS","M2","343,18"]
[102165,"INSTALAÇÃO DE VIDRO LISO FUME, E = 5 MM, EM ESQUADRIA DE ALUMÍNIO OU PVC, FIXADO COM BAGUETE. AF_01/2021_PS","M2","394,99"]
[102166,"INSTALAÇÃO DE VIDRO LISO INCOLOR, E = 6 MM, EM ESQUADRIA DE ALUMÍNIO OU PVC, FIXADO COM BAGUETE. AF_01/2021_PS","M2","363,01"]
[102167,"INSTALAÇÃO DE VIDRO LISO FUME, E = 6 MM, EM ESQUADRIA DE ALUMÍNIO OU PVC, FIXADO COM BAGUETE. AF_01/2021_PS","M2","473,85"]
[102168,"INSTALAÇÃO DE VIDRO LISO INCOLOR, E = 8 MM, EM ESQUADRIA DE ALUMÍNIO OU PVC, FIXADO COM BAGUETE. AF_01/2021_PS","M2","462,26"]
[102169,"INSTALAÇÃO DE VIDRO LISO INCOLOR, E = 10 MM, EM ESQUADRIA DE ALUMÍNIO OU PVC, FIXADO COM BAGUETE. AF_01/2021_PS","M2","535,68"]
[102170,"INSTALAÇÃO DE VIDRO IMPRESSO, E = 4 MM, EM ESQUADRIA DE ALUMÍNIO OU PVC, FIXADO COM BAGUETE. AF_01/2021_PS","M2","307,81"]
[102171,"INSTALAÇÃO DE VIDRO ARAMADO, E = 6 MM, EM ESQUADRIA DE ALUMÍNIO OU PVC, FIXADO COM BAGUETE. AF_01/2021_PS","M2","596,52"]
[102172,"INSTALAÇÃO DE VIDRO ARAMADO, E = 7 MM, EM ESQUADRIA DE ALUMÍNIO OU PVC, FIXADO COM BAGUETE. AF_01/2021_PS","M2","584,68"]
[102176,"INSTALAÇÃO DE VIDRO LAMINADO, E = 8 MM (4+4), ENCAIXADO EM PERFIL U. AF_01/2021_PS","M2","1.076,49"]
[102177,"INSTALAÇÃO DE VIDRO LAMINADO, E = 12 MM (4+4+4), ENCAIXADO EM PERFIL U. AF_01/2021_PS","M2","2.206,37"]
[102178,"INSTALAÇÃO DE VIDRO LAMINADO, E = 15 MM (5+5+5), ENCAIXADO EM PERFIL U. AF_01/2021_PS","M2","2.540,22"]
[102179,"INSTALAÇÃO DE VIDRO TEMPERADO, E = 6 MM, ENCAIXADO EM PERFIL U. AF_01/2021_PS","M2","395,09"]
[102180,"INSTALAÇÃO DE VIDRO TEMPERADO, E = 8 MM, ENCAIXADO EM PERFIL U. AF_01/2021_PS","M2","465,22"]
[102181,"INSTALAÇÃO DE VIDRO TEMPERADO, E = 10 MM, ENCAIXADO EM PERFIL U. AF_01/2021_PS","M2","559,04"]
[102182,"PORTA PIVOTANTE DE VIDRO TEMPERADO, 90X210 CM, ESPESSURA 10 MM, INCLUSIVE ACESSÓRIOS. AF_01/2021","UN","1.155,55"]
[102183,"PORTA PIVOTANTE DE VIDRO TEMPERADO, 2 FOLHAS DE 90X210 CM, ESPESSURA DE 10MM, INCLUSIVE ACESSÓRIOS. AF_01/2021","UN","2.322,17"]
[102184,"PORTA DE ABRIR COM MOLA HIDRÁULICA, EM VIDRO TEMPERADO, 90X210 CM, ESPESSURA 10 MM, INCLUSIVE ACESSÓRIOS. AF_01/2021","UN","2.031,91"]
[102185,"PORTA DE ABRIR COM MOLA HIDRÁULICA, EM VIDRO TEMPERADO, 2 FOLHAS DE 90X210 CM, ESPESSURA DD 10MM, INCLUSIVE ACESSÓRIOS. AF_01/2021","UN","4.074,58"]
[102190,"REMOÇÃO DE VIDRO LISO COMUM DE ESQUADRIA COM BAGUETE DE MADEIRA. AF_01/2021","M2","17,01"]
[102191,"REMOÇÃO DE VIDRO LISO COMUM DE ESQUADRIA COM BAGUETE DE ALUMÍNIO OU PVC. AF_01/2021","M2","20,68"]
[102192,"REMOÇÃO DE VIDRO TEMPERADO FIXADO EM PERFIL U. AF_01/2021","M2","14,75"]
[94569,"JANELA DE ALUMÍNIO TIPO MAXIM-AR, COM VIDROS, BATENTE E FERRAGENS. EXCLUSIVE ALIZAR, ACABAMENTO E CONTRAMARCO. FORNECIMENTO E INSTALAÇÃO. AF_12/2019","M2","578,76"]
[94570,"JANELA DE ALUMÍNIO DE CORRER COM 2 FOLHAS PARA VIDROS, COM VIDROS, BATENTE, ACABAMENTO COM ACETATO OU BRILHANTE E FERRAGENS. EXCLUSIVE ALIZAR E CONTRAMARCO. FORNECIMENTO E INSTALAÇÃO. AF_12/2019","M2","297,68"]
[94572,"JANELA DE ALUMÍNIO DE CORRER COM 3 FOLHAS (2 VENEZIANAS E 1 PARA VIDRO), COM VIDROS, BATENTE E FERRAGENS. EXCLUSIVE ACABAMENTO, ALIZAR E CONTRAMARCO. FORNECIMENTO E INSTALAÇÃO. AF_12/2019","M2","422,47"]
[94573,"JANELA DE ALUMÍNIO DE CORRER COM 4 FOLHAS PARA VIDROS, COM VIDROS, BATENTE, ACABAMENTO COM ACETATO OU BRILHANTE E FERRAGENS. EXCLUSIVE ALIZAR E CONTRAMARCO. FORNECIMENTO E INSTALAÇÃO. AF_12/2019","M2","345,79"]
[94580,"JANELA DE ALUMÍNIO DE CORRER COM 6 FOLHAS (2 VENEZIANAS FIXAS, 2 VENEZIANAS DE CORRER E 2 PARA VIDRO), COM VIDROS, BATENTE, ACABAMENTO COM ACETATO OU BRILHANTE E FERRAGENS. EXCLUSIVE ALIZAR E CONTRAMARCO. FORNECIMENTO E INSTALAÇÃO. AF_12/2019","M2","471,84"]
[94589,"CONTRAMARCO DE ALUMÍNIO, FIXAÇÃO COM ARGAMASSA - FORNECIMENTO E INSTALAÇÃO. AF_12/2019","M","19,99"]
[94590,"CONTRAMARCO DE ALUMÍNIO, FIXAÇÃO COM PARAFUSO - FORNECIMENTO E INSTALAÇÃO. AF_12/2019","M","16,82"]
[100674,"JANELA FIXA DE ALUMÍNIO PARA VIDRO, COM VIDRO, BATENTE E FERRAGENS. EXCLUSIVE ACABAMENTO, ALIZAR E CONTRAMARCO. FORNECIMENTO E INSTALAÇÃO. AF_12/2019","M2","613,55"]
[101096,"TUBULÃO A CÉU ABERTO, DIÂMETRO DO FUSTE DE 70CM, ESCAVAÇÃO MANUAL, SEM ALARGAMENTO DE BASE, CONCRETO FEITO EM OBRA E LANÇADO COM JERICA. AF_05/2020_PA","M3","1.368,07"]
[101097,"TUBULÃO A CÉU ABERTO, DIÂMETRO DO FUSTE DE 80CM, ESCAVAÇÃO MANUAL, SEM ALARGAMENTO DE BASE, CONCRETO FEITO EM OBRA E LANÇADO COM JERICA. AF_05/2020_PA","M3","1.304,10"]
[101098,"TUBULÃO A CÉU ABERTO, DIÂMETRO DO FUSTE DE 100CM, ESCAVAÇÃO MANUAL, SEM ALARGAMENTO DE BASE, CONCRETO FEITO EM OBRA E LANÇADO COM JERICA. AF_05/2020_PA","M3","1.223,62"]
[101099,"TUBULÃO A CÉU ABERTO, DIÂMETRO DO FUSTE DE 120CM, ESCAVAÇÃO MANUAL, SEM ALARGAMENTO DE BASE, CONCRETO FEITO EM OBRA E LANÇADO COM JERICA. AF_05/2020_PA","M3","1.129,95"]
[101100,"TUBULÃO A CÉU ABERTO, DIÂMETRO DO FUSTE DE 70CM, ESCAVAÇÃO MECÂNICA, SEM ALARGAMENTO DE BASE, CONCRETO FEITO EM OBRA E LANÇADO COM JERICA. AF_05/2020_PA","M3","1.075,49"]
[101101,"TUBULÃO A CÉU ABERTO, DIÂMETRO DO FUSTE DE 80CM, ESCAVAÇÃO MECÂNICA, SEM ALARGAMENTO DE BASE, CONCRETO FEITO EM OBRA E LANÇADO COM JERICA (EXCLUSIVE MOBILIZAÇÃO E DESMOBILIZAÇÃO). AF_05/2020_PA","M3","1.052,11"]
[101102,"TUBULÃO A CÉU ABERTO, DIÂMETRO DO FUSTE DE 100CM, ESCAVAÇÃO MECÂNICA, SEM ALARGAMENTO DE BASE, CONCRETO FEITO EM OBRA E LANÇADO COM JERICA (EXCLUSIVE MOBILIZAÇÃO E DESMOBILIZAÇÃO). AF_05/2020_PA","M3","1.027,70"]
[101103,"TUBULÃO A CÉU ABERTO, DIÂMETRO DO FUSTE DE 120CM, ESCAVAÇÃO MECÂNICA, SEM ALARGAMENTO DE BASE, CONCRETO FEITO EM OBRA E LANÇADO COM JERICA (EXCLUSIVE MOBILIZAÇÃO E DESMOBILIZAÇÃO). AF_05/2020_PA","M3","970,44"]
[101104,"TUBULÃO A CÉU ABERTO, DIÂMETRO DO FUSTE DE 70CM, ESCAVAÇÃO MANUAL, SEM ALARGAMENTO DE BASE, CONCRETO USINADO E LANÇADO COM BOMBA OU DIRETAMENTE DO CAMINHÃO (EXCLUSIVE BOMBEAMENTO). AF_05/2020_PA","M3","1.489,93"]
[101105,"TUBULÃO A CÉU ABERTO, DIÂMETRO DO FUSTE DE 80CM, ESCAVAÇÃO MANUAL, SEM ALARGAMENTO DE BASE, CONCRETO USINADO E LANÇADO COM BOMBA OU DIRETAMENTE DO CAMINHÃO (EXCLUSIVE BOMBEAMENTO). AF_05/2020_PA","M3","1.424,16"]
[101106,"TUBULÃO A CÉU ABERTO, DIÂMETRO DO FUSTE DE 100CM, ESCAVAÇÃO MANUAL, SEM ALARGAMENTO DE BASE, CONCRETO USINADO E LANÇADO COM BOMBA OU DIRETAMENTE DO CAMINHÃO (EXCLUSIVE BOMBEAMENTO). AF_05/2020_PA","M3","1.341,41"]
[101107,"TUBULÃO A CÉU ABERTO, DIÂMETRO DO FUSTE DE 120CM, ESCAVAÇÃO MANUAL, SEM ALARGAMENTO DE BASE, CONCRETO USINADO E LANÇADO COM BOMBA OU DIRETAMENTE DO CAMINHÃO (EXCLUSIVE BOMBEAMENTO). AF_05/2020_PA","M3","1.244,12"]
[101108,"TUBULÃO A CÉU ABERTO, DIÂMETRO DO FUSTE DE 70CM, ESCAVAÇÃO MECÂNICA, SEM ALARGAMENTO DE BASE, CONCRETO USINADO E LANÇADO COM BOMBA OU DIRETAMENTE DO CAMINHÃO (EXCLUSIVE BOMBEAMENTO, MOBILIZAÇÃO E DESMOBILIZAÇÃO). AF_05/2020_PA","M3","1.192,03"]
[101109,"TUBULÃO A CÉU ABERTO, DIÂMETRO DO FUSTE DE 80CM, ESCAVAÇÃO MECÂNICA, SEM ALARGAMENTO DE BASE, CONCRETO USINADO E LANÇADO COM BOMBA OU DIRETAMENTE DO CAMINHÃO (EXCLUSIVE BOMBEAMENTO, MOBILIZAÇÃO E DESMOBILIZAÇÃO). AF_05/2020_PA","M3","1.167,12"]
[101110,"TUBULÃO A CÉU ABERTO, DIÂMETRO DO FUSTE DE 100CM, ESCAVAÇÃO MECÂNICA, SEM ALARGAMENTO DE BASE, CONCRETO USINADO E LANÇADO COM BOMBA OU DIRETAMENTE DO CAMINHÃO (EXCLUSIVE BOMBEAMENTO, MOBILIZAÇÃO E DESMOBILIZAÇÃO). AF_05/2020_PA","M3","1.141,05"]
[101111,"TUBULÃO A CÉU ABERTO, DIÂMETRO DO FUSTE DE 120CM, ESCAVAÇÃO MECÂNICA, SEM ALARGAMENTO DE BASE, CONCRETO USINADO E LANÇADO COM BOMBA OU DIRETAMENTE DO CAMINHÃO (EXCLUSIVE BOMBEAMENTO, MOBILIZAÇÃO E DESMOBILIZAÇÃO). AF_05/2020_PA","M3","1.080,78"]
[101112,"ALARGAMENTO DE BASE DE TUBULÃO A CÉU ABERTO, ESCAVAÇÃO MANUAL, CONCRETO FEITO EM OBRA E LANÇADO COM JERICA. AF_05/2020","M3","1.020,15"]
[101113,"ALARGAMENTO DE BASE DE TUBULÃO A CÉU ABERTO, ESCAVAÇÃO MANUAL, CONCRETO USINADO E LANÇADO COM BOMBA OU DIRETAMENTE DO CAMINHÃO (EXCLUSIVE BOMBEAMENTO). AF_05/2020","M3","1.148,31"]
[95601,"ARRASAMENTO MECANICO DE ESTACA DE CONCRETO ARMADO, DIAMETROS DE ATÉ 40 CM. AF_05/2021","UN","15,11"]
[95602,"ARRASAMENTO MECANICO DE ESTACA DE CONCRETO ARMADO, DIAMETROS DE 41 CM A 60 CM. AF_05/2021","UN","24,18"]
[95603,"ARRASAMENTO MECANICO DE ESTACA DE CONCRETO ARMADO, DIAMETROS DE 61 CM A 80 CM. AF_05/2021","UN","41,25"]
[95604,"ARRASAMENTO MECANICO DE ESTACA DE CONCRETO ARMADO, DIAMETROS DE 81 CM A 100 CM. AF_05/2021","UN","64,00"]
[95605,"ARRASAMENTO MECANICO DE ESTACA DE CONCRETO ARMADO, DIAMETROS DE 101 CM A 150 CM. AF_05/2021","UN","117,55"]
[95607,"ARRASAMENTO DE ESTACA METÁLICA, PERFIL LAMINADO TIPO  I  FAMÍLIA 250. AF_05/2021","UN","26,17"]
[95608,"ARRASAMENTO MECÂNICO DE ESTACA METÁLICA, PERFIL LAMINADO TIPO  H - FAMÍLIA 250. AF_05/2021","UN","37,96"]
[95609,"ARRASAMENTO MECÂNICO DE ESTACA METÁLICA, PERFIL LAMINADO TIPO  H - FAMÍLIA 310. AF_05/2021","UN","48,13"]
[100651,"ESTACA HÉLICE CONTÍNUA, DIÂMETRO DE 30 CM, INCLUSO CONCRETO FCK=30MPA E ARMADURA MÍNIMA (EXCLUSIVE BOMBEAMENTO, MOBILIZAÇÃO E DESMOBILIZAÇÃO). AF_12/2019_PA","M","163,90"]
[100652,"ESTACA HÉLICE CONTÍNUA , DIÂMETRO DE 50 CM, INCLUSO CONCRETO FCK=30MPA E ARMADURA MÍNIMA (EXCLUSIVE BOMBEAMENTO, MOBILIZAÇÃO E DESMOBILIZAÇÃO). AF_12/2019_PA","M","327,66"]
[100653,"ESTACA HÉLICE CONTÍNUA, DIÂMETRO DE 70 CM, INCLUSO CONCRETO FCK=30MPA E ARMADURA MÍNIMA (EXCLUSIVE BOMBEAMENTO, MOBILIZAÇÃO E DESMOBILIZAÇÃO). AF_12/2019_PA","M","556,17"]
[100654,"ESTACA HÉLICE CONTÍNUA, DIÂMETRO DE 80 CM, INCLUSO CONCRETO FCK=30MPA E ARMADURA MÍNIMA (EXCLUSIVE BOMBEAMENTO, MOBILIZAÇÃO E DESMOBILIZAÇÃO). AF_12/2019_PA","M","741,63"]
[100655,"ESTACA HÉLICE CONTÍNUA, DIÂMETRO DE 90 CM, INCLUSO CONCRETO FCK=30MPA E ARMADURA MÍNIMA (EXCLUSIVE BOMBEAMENTO, MOBILIZAÇÃO E DESMOBILIZAÇÃO). AF_12/2019_PA","M","869,27"]
[100656,"ESTACA PRÉ-MOLDADA DE CONCRETO, SEÇÃO QUADRADA, CAPACIDADE DE 25 TONELADAS, INCLUSO EMENDA (EXCLUSIVE MOBILIZAÇÃO E DESMOBILIZAÇÃO). AF_12/2019","M","112,14"]
[100657,"ESTACA PRÉ-MOLDADA DE CONCRETO SEÇÃO QUADRADA, CAPACIDADE DE 50 TONELADAS, INCLUSO EMENDA (EXCLUSIVE MOBILIZAÇÃO E DESMOBILIZAÇÃO). AF_12/2019","M","145,32"]
[100658,"ESTACA PRÉ-MOLDADA DE CONCRETO CENTRIFUGADO, SEÇÃO CIRCULAR, CAPACIDADE DE 100 TONELADAS, INCLUSO EMENDA (EXCLUSIVE MOBILIZAÇÃO E DESMOBILIZAÇÃO). AF_12/2019","M","338,01"]
[100889,"ESTACA METÁLICA PARA FUNDAÇÃO, UTILIZANDO PERFIL LAMINADO HP250X62 (EXCLUSIVE MOBILIZAÇÃO E DESMOBILIZAÇÃO). AF_01/2020","KG","11,82"]
[100890,"ESTACA METÁLICA PARA FUNDAÇÃO, UTILIZANDO PERFIL LAMINADO HP310X79 (EXCLUSIVE MOBILIZAÇÃO E DESMOBILIZAÇÃO). AF_01/2020","KG","11,66"]
[100892,"ESTACA METÁLICA PARA CONTENÇÃO, UTILIZANDO PERFIL LAMINADO W250X32,7 (EXCLUSIVE MOBILIZAÇÃO E DESMOBILIZAÇÃO). AF_01/2020","KG","12,22"]
[100893,"ESTACA METÁLICA PARA CONTENÇÃO, UTILIZANDO PERFIL LAMINADO W250X38,5 (EXCLUSIVE MOBILIZAÇÃO E DESMOBILIZAÇÃO). AF_01/2020","KG","12,06"]
[100894,"ESTACA METÁLICA PARA CONTENÇÃO, UTILIZANDO PERFIL LAMINADO W250X44,8 (EXCLUSIVE MOBILIZAÇÃO E DESMOBILIZAÇÃO). AF_01/2020","KG","11,96"]
[100896,"ESTACA ESCAVADA MECANICAMENTE, SEM FLUIDO ESTABILIZANTE, COM 25CM DE DIÂMETRO, CONCRETO LANÇADO POR CAMINHÃO BETONEIRA (EXCLUSIVE MOBILIZAÇÃO E DESMOBILIZAÇÃO). AF_01/2020_PA","M","72,71"]
[100897,"ESTACA ESCAVADA MECANICAMENTE, SEM FLUIDO ESTABILIZANTE, COM 40CM DE DIÂMETRO, CONCRETO LANÇADO POR CAMINHÃO BETONEIRA (EXCLUSIVE MOBILIZAÇÃO E DESMOBILIZAÇÃO). AF_01/2020_PA","M","148,45"]
[100898,"ESTACA ESCAVADA MECANICAMENTE, SEM FLUIDO ESTABILIZANTE, COM 60CM DE DIÂMETRO, CONCRETO LANÇADO POR CAMINHÃO BETONEIRA (EXCLUSIVE MOBILIZAÇÃO E DESMOBILIZAÇÃO). AF_01/2020_PA","M","295,48"]
[100899,"ESTACA ESCAVADA MECANICAMENTE, SEM FLUIDO ESTABILIZANTE, COM 25CM DE DIÂMETRO, CONCRETO LANÇADO MANUALMENTE (EXCLUSIVE MOBILIZAÇÃO E DESMOBILIZAÇÃO). AF_01/2020_PA","M","95,15"]
[100900,"ESTACA ESCAVADA MECANICAMENTE, SEM FLUIDO ESTABILIZANTE, COM 60CM DE DIÂMETRO, CONCRETO LANÇADO POR BOMBA LANÇA (EXCLUSIVE BOMBEAMENTO, MOBILIZAÇÃO E DESMOBILIZAÇÃO). AF_01/2020_PA","M","340,87"]
[101173,"ESTACA BROCA DE CONCRETO, DIÂMETRO DE 20CM, ESCAVAÇÃO MANUAL COM TRADO CONCHA, COM ARMADURA DE ARRANQUE. AF_05/2020","M","64,32"]
[101174,"ESTACA BROCA DE CONCRETO, DIÂMETRO DE 25CM, ESCAVAÇÃO MANUAL COM TRADO CONCHA, COM ARMADURA DE ARRANQUE. AF_05/2020","M","89,73"]
[101175,"ESTACA BROCA DE CONCRETO, DIÂMETRO DE 30CM, ESCAVAÇÃO MANUAL COM TRADO CONCHA, COM ARMADURA DE ARRANQUE. AF_05/2020","M","122,69"]
[101176,"ESTACA BROCA DE CONCRETO, DIÂMETRO DE 30CM, ESCAVAÇÃO MANUAL COM TRADO CONCHA, INTEIRAMENTE ARMADA. AF_05/2020_PA","M","152,72"]
[102521,"ARRASAMENTO MECÂNICO DE ESTACA BARRETE DE CONCRETO ARMADO, SEÇÃO DE 0,40 X 2,50 M. AF_05/2021","UN","96,96"]
[102522,"ARRASAMENTO MECÂNICO DE ESTACA BARRETE DE CONCRETO ARMADO, SEÇÃO DE 0,60 X 2,50 M. AF_05/2021","UN","142,25"]
[102523,"ARRASAMENTO MECÂNICO DE ESTACA BARRETE DE CONCRETO ARMADO, SEÇÃO DE 0,80 X 2,50 M. AF_05/2021","UN","187,54"]
[95240,"LASTRO DE CONCRETO MAGRO, APLICADO EM PISOS, LAJES SOBRE SOLO OU RADIERS, ESPESSURA DE 3 CM. AF_01/2024","M2","21,10"]
[95241,"LASTRO DE CONCRETO MAGRO, APLICADO EM PISOS, LAJES SOBRE SOLO OU RADIERS, ESPESSURA DE 5 CM. AF_01/2024","M2","41,00"]
[96616,"LASTRO DE CONCRETO MAGRO, APLICADO EM BLOCOS DE COROAMENTO OU SAPATAS. AF_01/2024","M3","876,30"]
[96617,"LASTRO DE CONCRETO MAGRO, APLICADO EM BLOCOS DE COROAMENTO OU SAPATAS, ESPESSURA DE 3 CM. AF_01/2024","M2","21,83"]
[96619,"LASTRO DE CONCRETO MAGRO, APLICADO EM BLOCOS DE COROAMENTO OU SAPATAS, ESPESSURA DE 5 CM. AF_01/2024","M2","43,80"]
[96620,"LASTRO DE CONCRETO MAGRO, APLICADO EM PISOS, LAJES SOBRE SOLO OU RADIERS. AF_01/2024","M3","820,30"]
[96621,"LASTRO COM MATERIAL GRANULAR, APLICAÇÃO EM BLOCOS DE COROAMENTO, ESPESSURA DE *5 CM*. AF_01/2024","M3","299,93"]
[96622,"LASTRO COM MATERIAL GRANULAR, APLICADO EM PISOS OU LAJES SOBRE SOLO, ESPESSURA DE *5 CM*. AF_01/2024","M3","286,43"]
[96623,"LASTRO COM MATERIAL GRANULAR, APLICADO EM BLOCOS DE COROAMENTO, ESPESSURA DE *10 CM*. AF_01/2024","M3","257,57"]
[96624,"LASTRO COM MATERIAL GRANULAR (PEDRA BRITADA N.2), APLICADO EM PISOS OU LAJES SOBRE SOLO, ESPESSURA DE *10 CM*. AF_01/2024","M3","244,07"]
[97082,"ESCAVAÇÃO MANUAL DE VIGA DE BORDA PARA RADIER. AF_09/2021","M3","59,00"]
[97083,"COMPACTAÇÃO MECÂNICA DE SOLO PARA EXECUÇÃO DE RADIER, PISO DE CONCRETO OU LAJE SOBRE SOLO, COM COMPACTADOR DE SOLOS A PERCUSSÃO. AF_09/2021","M2","3,14"]
[97084,"COMPACTAÇÃO MECÂNICA DE SOLO PARA EXECUÇÃO DE RADIER, PISO DE CONCRETO OU LAJE SOBRE SOLO, COM COMPACTADOR DE SOLOS TIPO PLACA VIBRATÓRIA. AF_09/2021","M2","0,66"]
[97086,"FABRICAÇÃO, MONTAGEM E DESMONTAGEM DE FORMA PARA RADIER, PISO DE CONCRETO OU LAJE SOBRE SOLO, EM MADEIRA SERRADA, 4 UTILIZAÇÕES. AF_09/2021","M2","121,39"]
[97087,"CAMADA SEPARADORA PARA EXECUÇÃO DE RADIER, PISO DE CONCRETO OU LAJE SOBRE SOLO, EM LONA PLÁSTICA. AF_09/2021","M2","3,33"]
[97088,"ARMAÇÃO PARA EXECUÇÃO DE RADIER, PISO DE CONCRETO OU LAJE SOBRE SOLO, COM USO DE TELA Q-92. AF_09/2021","KG","18,05"]
[97089,"ARMAÇÃO PARA EXECUÇÃO DE RADIER, PISO DE CONCRETO OU LAJE SOBRE SOLO, COM USO DE TELA Q-113. AF_09/2021","KG","16,50"]
[97090,"ARMAÇÃO PARA EXECUÇÃO DE RADIER, PISO DE CONCRETO OU LAJE SOBRE SOLO, COM USO DE TELA Q-138. AF_09/2021","KG","16,19"]
[97091,"ARMAÇÃO PARA EXECUÇÃO DE RADIER, PISO DE CONCRETO OU LAJE SOBRE SOLO, COM USO DE TELA Q-159. AF_09/2021","KG","15,70"]
[97092,"ARMAÇÃO PARA EXECUÇÃO DE RADIER, PISO DE CONCRETO OU LAJE SOBRE SOLO, COM USO DE TELA Q-196. AF_09/2021","KG","15,19"]
[97093,"ARMAÇÃO PARA EXECUÇÃO DE RADIER, PISO DE CONCRETO OU LAJE SOBRE SOLO, COM USO DE TELA Q-283. AF_09/2021","KG","14,25"]
[97096,"CONCRETAGEM DE RADIER, PISO DE CONCRETO OU LAJE SOBRE SOLO, FCK 30 MPA - LANÇAMENTO, ADENSAMENTO E ACABAMENTO. AF_09/2021","M3","840,44"]
[97097,"ACABAMENTO POLIDO PARA PISO DE CONCRETO ARMADO OU LAJE SOBRE SOLO DE ALTA RESISTÊNCIA. AF_09/2021","M2","39,67"]
[97101,"EXECUÇÃO DE RADIER, ESPESSURA DE 10 CM, FCK = 30 MPA, COM USO DE FORMAS EM MADEIRA SERRADA. AF_09/2021","M2","216,28"]
[97102,"EXECUÇÃO DE RADIER, ESPESSURA DE 15 CM, FCK = 30 MPA, COM USO DE FORMAS EM MADEIRA SERRADA. AF_09/2021","M2","272,56"]
[97103,"EXECUÇÃO DE RADIER, ESPESSURA DE 20 CM, FCK = 30 MPA, COM USO DE FORMAS EM MADEIRA SERRADA. AF_09/2021","M2","324,90"]
[100322,"LASTRO COM MATERIAL GRANULAR (PEDRA BRITADA N.3), APLICADO EM PISOS OU LAJES SOBRE SOLO, ESPESSURA DE *10 CM*. AF_01/2024","M3","232,57"]
[100323,"LASTRO COM MATERIAL GRANULAR (AREIA MÉDIA), APLICADO EM PISOS OU LAJES SOBRE SOLO, ESPESSURA DE *10 CM*. AF_01/2024","M3","211,34"]
[100324,"LASTRO COM MATERIAL GRANULAR (PEDRA BRITADA N.1 E PEDRA BRITADA N.2), APLICADO EM PISOS OU LAJES SOBRE SOLO, ESPESSURA DE *10 CM*. AF_01/2024","M3","243,57"]
[103072,"EXECUÇÃO DE RADIER, ESPESSURA DE 25 CM, FCK = 30 MPA, COM USO DE FORMAS EM MADEIRA SERRADA. AF_09/2021","M2","384,71"]
[103073,"EXECUÇÃO DE RADIER, ESPESSURA DE 30 CM, FCK = 30 MPA, COM USO DE FORMAS EM MADEIRA SERRADA. AF_09/2021","M2","462,36"]
[103074,"EXECUÇÃO DE PISO DE CONCRETO, SEM ACABAMENTO SUPERFICIAL, ESPESSURA DE 15 CM, FCK = 30 MPA, COM USO DE FORMAS EM MADEIRA SERRADA. AF_09/2021","M2","216,30"]
[103075,"EXECUÇÃO DE PISO DE CONCRETO, COM ACABAMENTO SUPERFICIAL, ESPESSURA DE 15 CM, FCK = 30 MPA, COM USO DE FORMAS EM MADEIRA SERRADA. AF_09/2021","M2","255,97"]
[103076,"EXECUÇÃO DE LAJE SOBRE SOLO, ESPESSURA DE 10 CM, FCK = 30 MPA, COM USO DE FORMAS EM MADEIRA SERRADA. AF_09/2021","M2","184,02"]
[103077,"EXECUÇÃO DE LAJE SOBRE SOLO, ESPESSURA DE 15 CM, FCK = 30 MPA, COM USO DE FORMAS EM MADEIRA SERRADA. AF_09/2021","M2","240,29"]
[103078,"EXECUÇÃO DE LAJE SOBRE SOLO, ESPESSURA DE 20 CM, FCK = 30 MPA, COM USO DE FORMAS EM MADEIRA SERRADA. AF_09/2021","M2","292,63"]
[103079,"EXECUÇÃO DE LAJE SOBRE SOLO, ESPESSURA DE 25 CM, FCK = 30 MPA, COM USO DE FORMAS EM MADEIRA SERRADA. AF_09/2021","M2","352,45"]
[103080,"EXECUÇÃO DE LAJE SOBRE SOLO, ESPESSURA DE 30 CM, FCK = 30 MPA, COM USO DE FORMAS EM MADEIRA SERRADA. AF_09/2021","M2","430,10"]
[92263,"FABRICAÇÃO DE FÔRMA PARA PILARES E ESTRUTURAS SIMILARES, EM CHAPA DE MADEIRA COMPENSADA RESINADA, E = 17 MM. AF_09/2020","M2","206,53"]
[92264,"FABRICAÇÃO DE FÔRMA PARA PILARES E ESTRUTURAS SIMILARES, EM CHAPA DE MADEIRA COMPENSADA PLASTIFICADA, E = 18 MM. AF_09/2020","M2","273,37"]
[92265,"FABRICAÇÃO DE FÔRMA PARA VIGAS, EM CHAPA DE MADEIRA COMPENSADA RESINADA, E = 17 MM. AF_09/2020","M2","149,34"]
[92266,"FABRICAÇÃO DE FÔRMA PARA VIGAS, EM CHAPA DE MADEIRA COMPENSADA PLASTIFICADA, E = 18 MM. AF_09/2020","M2","206,67"]
[92267,"FABRICAÇÃO DE FÔRMA PARA LAJES, EM CHAPA DE MADEIRA COMPENSADA RESINADA, E = 17 MM. AF_09/2020","M2","76,55"]
[92268,"FABRICAÇÃO DE FÔRMA PARA LAJES, EM CHAPA DE MADEIRA COMPENSADA PLASTIFICADA, E = 18 MM. AF_09/2020","M2","129,08"]
[92269,"FABRICAÇÃO DE FÔRMA PARA PILARES E ESTRUTURAS SIMILARES, EM MADEIRA SERRADA, E=25 MM. AF_09/2020","M2","168,84"]
[92270,"FABRICAÇÃO DE FÔRMA PARA VIGAS, COM MADEIRA SERRADA, E = 25 MM. AF_09/2020","M2","157,71"]
[92271,"FABRICAÇÃO DE FÔRMA PARA LAJES, EM MADEIRA SERRADA, E=25 MM. AF_09/2020","M2","94,21"]
[92272,"FABRICAÇÃO DE ESCORAS DE VIGA DO TIPO GARFO, EM MADEIRA. AF_09/2020","M","49,15"]
[92273,"FABRICAÇÃO DE ESCORAS DO TIPO PONTALETE, EM MADEIRA, PARA PÉ-DIREITO SIMPLES. AF_09/2020","M","19,12"]
[92409,"MONTAGEM E DESMONTAGEM DE FÔRMA DE PILARES RETANGULARES E ESTRUTURAS SIMILARES, PÉ-DIREITO SIMPLES, EM MADEIRA SERRADA, 1 UTILIZAÇÃO. AF_09/2020","M2","261,16"]
[92411,"MONTAGEM E DESMONTAGEM DE FÔRMA DE PILARES RETANGULARES E ESTRUTURAS SIMILARES, PÉ-DIREITO SIMPLES, EM MADEIRA SERRADA, 2 UTILIZAÇÕES. AF_09/2020","M2","168,07"]
[92413,"MONTAGEM E DESMONTAGEM DE FÔRMA DE PILARES RETANGULARES E ESTRUTURAS SIMILARES, PÉ-DIREITO SIMPLES, EM MADEIRA SERRADA, 4 UTILIZAÇÕES. AF_09/2020","M2","107,04"]
[92415,"MONTAGEM E DESMONTAGEM DE FÔRMA DE PILARES RETANGULARES E ESTRUTURAS SIMILARES, PÉ-DIREITO SIMPLES, EM CHAPA DE MADEIRA COMPENSADA RESINADA, 2 UTILIZAÇÕES. AF_09/2020","M2","166,76"]
[92417,"MONTAGEM E DESMONTAGEM DE FÔRMA DE PILARES RETANGULARES E ESTRUTURAS SIMILARES, PÉ-DIREITO DUPLO, EM CHAPA DE MADEIRA COMPENSADA RESINADA, 2 UTILIZAÇÕES. AF_09/2020","M2","188,00"]
[92419,"MONTAGEM E DESMONTAGEM DE FÔRMA DE PILARES RETANGULARES E ESTRUTURAS SIMILARES, PÉ-DIREITO SIMPLES, EM CHAPA DE MADEIRA COMPENSADA RESINADA, 4 UTILIZAÇÕES. AF_09/2020","M2","105,10"]
[92421,"MONTAGEM E DESMONTAGEM DE FÔRMA DE PILARES RETANGULARES E ESTRUTURAS SIMILARES, PÉ-DIREITO DUPLO, EM CHAPA DE MADEIRA COMPENSADA RESINADA, 4 UTILIZAÇÕES. AF_09/2020","M2","121,39"]
[92423,"MONTAGEM E DESMONTAGEM DE FÔRMA DE PILARES RETANGULARES E ESTRUTURAS SIMILARES, PÉ-DIREITO SIMPLES, EM CHAPA DE MADEIRA COMPENSADA RESINADA, 6 UTILIZAÇÕES. AF_09/2020","M2","86,28"]
[92425,"MONTAGEM E DESMONTAGEM DE FÔRMA DE PILARES RETANGULARES E ESTRUTURAS SIMILARES, PÉ-DIREITO DUPLO, EM CHAPA DE MADEIRA COMPENSADA RESINADA, 6 UTILIZAÇÕES. AF_09/2020","M2","100,44"]
[92427,"MONTAGEM E DESMONTAGEM DE FÔRMA DE PILARES RETANGULARES E ESTRUTURAS SIMILARES, PÉ-DIREITO SIMPLES, EM CHAPA DE MADEIRA COMPENSADA RESINADA, 8 UTILIZAÇÕES. AF_09/2020","M2","76,76"]
[92429,"MONTAGEM E DESMONTAGEM DE FÔRMA DE PILARES RETANGULARES E ESTRUTURAS SIMILARES, PÉ-DIREITO DUPLO, EM CHAPA DE MADEIRA COMPENSADA RESINADA, 8 UTILIZAÇÕES. AF_09/2020","M2","89,87"]
[92431,"MONTAGEM E DESMONTAGEM DE FÔRMA DE PILARES RETANGULARES E ESTRUTURAS SIMILARES, PÉ-DIREITO SIMPLES, EM CHAPA DE MADEIRA COMPENSADA PLASTIFICADA, 10 UTILIZAÇÕES. AF_09/2020","M2","73,45"]
[92433,"MONTAGEM E DESMONTAGEM DE FÔRMA DE PILARES RETANGULARES E ESTRUTURAS SIMILARES, PÉ-DIREITO DUPLO, EM CHAPA DE MADEIRA COMPENSADA PLASTIFICADA, 10 UTILIZAÇÕES. AF_09/2020","M2","85,91"]
[92435,"MONTAGEM E DESMONTAGEM DE FÔRMA DE PILARES RETANGULARES E ESTRUTURAS SIMILARES, PÉ-DIREITO SIMPLES, EM CHAPA DE MADEIRA COMPENSADA PLASTIFICADA, 12 UTILIZAÇÕES. AF_09/2020","M2","69,77"]
[92437,"MONTAGEM E DESMONTAGEM DE FÔRMA DE PILARES RETANGULARES E ESTRUTURAS SIMILARES, PÉ-DIREITO DUPLO, EM CHAPA DE MADEIRA COMPENSADA PLASTIFICADA, 12 UTILIZAÇÕES. AF_09/2020","M2","81,81"]
[92439,"MONTAGEM E DESMONTAGEM DE FÔRMA DE PILARES RETANGULARES E ESTRUTURAS SIMILARES, PÉ-DIREITO SIMPLES, EM CHAPA DE MADEIRA COMPENSADA PLASTIFICADA, 14 UTILIZAÇÕES. AF_09/2020","M2","67,12"]
[92441,"MONTAGEM E DESMONTAGEM DE FÔRMA DE PILARES RETANGULARES E ESTRUTURAS SIMILARES, PÉ-DIREITO DUPLO, EM CHAPA DE MADEIRA COMPENSADA PLASTIFICADA, 14 UTILIZAÇÕES. AF_09/2020","M2","78,85"]
[92443,"MONTAGEM E DESMONTAGEM DE FÔRMA DE PILARES RETANGULARES E ESTRUTURAS SIMILARES, PÉ-DIREITO SIMPLES, EM CHAPA DE MADEIRA COMPENSADA PLASTIFICADA, 18 UTILIZAÇÕES. AF_09/2020","M2","61,28"]
[92445,"MONTAGEM E DESMONTAGEM DE FÔRMA DE PILARES RETANGULARES E ESTRUTURAS SIMILARES, PÉ-DIREITO DUPLO, EM CHAPA DE MADEIRA COMPENSADA PLASTIFICADA, 18 UTILIZAÇÕES. AF_09/2020","M2","72,60"]
[92446,"MONTAGEM E DESMONTAGEM DE FÔRMA DE VIGA, ESCORAMENTO COM PONTALETE DE MADEIRA, PÉ-DIREITO SIMPLES, EM MADEIRA SERRADA, 1 UTILIZAÇÃO. AF_09/2020","M2","282,24"]
[92447,"MONTAGEM E DESMONTAGEM DE FÔRMA DE VIGA, ESCORAMENTO COM PONTALETE DE MADEIRA, PÉ-DIREITO SIMPLES, EM MADEIRA SERRADA, 2 UTILIZAÇÕES. AF_09/2020","M2","198,11"]
[92448,"MONTAGEM E DESMONTAGEM DE FÔRMA DE VIGA, ESCORAMENTO COM PONTALETE DE MADEIRA, PÉ-DIREITO SIMPLES, EM MADEIRA SERRADA, 4 UTILIZAÇÕES. AF_09/2020","M2","158,27"]
[92449,"MONTAGEM E DESMONTAGEM DE FÔRMA DE VIGA, ESCORAMENTO COM GARFO DE MADEIRA, PÉ-DIREITO DUPLO, EM CHAPA DE MADEIRA RESINADA, 2 UTILIZAÇÕES. AF_09/2020","M2","333,14"]
[92450,"MONTAGEM E DESMONTAGEM DE FÔRMA DE VIGA, ESCORAMENTO METÁLICO, PÉ-DIREITO DUPLO, EM CHAPA DE MADEIRA RESINADA, 2 UTILIZAÇÕES. AF_09/2020","M2","396,38"]
[92451,"MONTAGEM E DESMONTAGEM DE FÔRMA DE VIGA, ESCORAMENTO COM GARFO DE MADEIRA, PÉ-DIREITO SIMPLES, EM CHAPA DE MADEIRA RESINADA, 2 UTILIZAÇÕES. AF_09/2020","M2","224,49"]
[92452,"MONTAGEM E DESMONTAGEM DE FÔRMA DE VIGA, ESCORAMENTO METÁLICO, PÉ-DIREITO SIMPLES, EM CHAPA DE MADEIRA RESINADA, 2 UTILIZAÇÕES. AF_09/2020","M2","218,93"]
[92453,"MONTAGEM E DESMONTAGEM DE FÔRMA DE VIGA, ESCORAMENTO COM GARFO DE MADEIRA, PÉ-DIREITO DUPLO, EM CHAPA DE MADEIRA RESINADA, 4 UTILIZAÇÕES. AF_09/2020","M2","285,72"]
[92454,"MONTAGEM E DESMONTAGEM DE FÔRMA DE VIGA, ESCORAMENTO METÁLICO, PÉ-DIREITO DUPLO, EM CHAPA DE MADEIRA RESINADA, 4 UTILIZAÇÕES. AF_09/2020","M2","359,54"]
[92455,"MONTAGEM E DESMONTAGEM DE FÔRMA DE VIGA, ESCORAMENTO COM GARFO DE MADEIRA, PÉ-DIREITO SIMPLES, EM CHAPA DE MADEIRA RESINADA, 4 UTILIZAÇÕES. AF_09/2020","M2","183,64"]
[92456,"MONTAGEM E DESMONTAGEM DE FÔRMA DE VIGA, ESCORAMENTO METÁLICO, PÉ-DIREITO SIMPLES, EM CHAPA DE MADEIRA RESINADA, 4 UTILIZAÇÕES. AF_09/2020","M2","180,98"]
[92457,"MONTAGEM E DESMONTAGEM DE FÔRMA DE VIGA, ESCORAMENTO COM GARFO DE MADEIRA, PÉ-DIREITO DUPLO, EM CHAPA DE MADEIRA RESINADA, 6 UTILIZAÇÕES. AF_09/2020","M2","247,35"]
[92458,"MONTAGEM E DESMONTAGEM DE FÔRMA DE VIGA, ESCORAMENTO METÁLICO, PÉ-DIREITO DUPLO, EM CHAPA DE MADEIRA RESINADA, 6 UTILIZAÇÕES. AF_09/2020","M2","337,24"]
[92459,"MONTAGEM E DESMONTAGEM DE FÔRMA DE VIGA, ESCORAMENTO COM GARFO DE MADEIRA, PÉ-DIREITO SIMPLES, EM CHAPA DE MADEIRA RESINADA, 6 UTILIZAÇÕES. AF_09/2020","M2","155,13"]
[92460,"MONTAGEM E DESMONTAGEM DE FÔRMA DE VIGA, ESCORAMENTO METÁLICO, PÉ-DIREITO SIMPLES, EM CHAPA DE MADEIRA RESINADA, 6 UTILIZAÇÕES. AF_09/2020","M2","150,52"]
[92461,"MONTAGEM E DESMONTAGEM DE FÔRMA DE VIGA, ESCORAMENTO COM GARFO DE MADEIRA, PÉ-DIREITO DUPLO, EM CHAPA DE MADEIRA RESINADA, 8 UTILIZAÇÕES. AF_09/2020","M2","228,36"]
[92462,"MONTAGEM E DESMONTAGEM DE FÔRMA DE VIGA, ESCORAMENTO METÁLICO, PÉ-DIREITO DUPLO, EM CHAPA DE MADEIRA RESINADA, 8 UTILIZAÇÕES. AF_09/2020","M2","323,66"]
[92463,"MONTAGEM E DESMONTAGEM DE FÔRMA DE VIGA, ESCORAMENTO COM GARFO DE MADEIRA, PÉ-DIREITO SIMPLES, EM CHAPA DE MADEIRA RESINADA, 8 UTILIZAÇÕES. AF_09/2020","M2","140,51"]
[92464,"MONTAGEM E DESMONTAGEM DE FÔRMA DE VIGA, ESCORAMENTO METÁLICO, PÉ-DIREITO SIMPLES, EM CHAPA DE MADEIRA RESINADA, 8 UTILIZAÇÕES. AF_09/2020","M2","144,85"]
[92465,"MONTAGEM E DESMONTAGEM DE FÔRMA DE VIGA, ESCORAMENTO COM GARFO DE MADEIRA, PÉ-DIREITO DUPLO, EM CHAPA DE MADEIRA PLASTIFICADA, 10 UTILIZAÇÕES. AF_09/2020","M2","180,57"]
[92466,"MONTAGEM E DESMONTAGEM DE FÔRMA DE VIGA, ESCORAMENTO METÁLICO, PÉ-DIREITO DUPLO, EM CHAPA DE MADEIRA PLASTIFICADA, 10 UTILIZAÇÕES. AF_09/2020","M2","318,37"]
[92467,"MONTAGEM E DESMONTAGEM DE FÔRMA DE VIGA, ESCORAMENTO COM GARFO DE MADEIRA, PÉ-DIREITO SIMPLES, EM CHAPA DE MADEIRA PLASTIFICADA, 10 UTILIZAÇÕES. AF_09/2020","M2","115,54"]
[92468,"MONTAGEM E DESMONTAGEM DE FÔRMA DE VIGA, ESCORAMENTO METÁLICO, PÉ-DIREITO SIMPLES, EM CHAPA DE MADEIRA PLASTIFICADA, 10 UTILIZAÇÕES. AF_09/2020","M2","139,56"]
[92469,"MONTAGEM E DESMONTAGEM DE FÔRMA DE VIGA, ESCORAMENTO COM GARFO DE MADEIRA, PÉ-DIREITO DUPLO, EM CHAPA DE MADEIRA PLASTIFICADA, 12 UTILIZAÇÕES. AF_09/2020","M2","163,85"]
[92470,"MONTAGEM E DESMONTAGEM DE FÔRMA DE VIGA, ESCORAMENTO METÁLICO, PÉ-DIREITO DUPLO, EM CHAPA DE MADEIRA PLASTIFICADA, 12 UTILIZAÇÕES. AF_09/2020","M2","311,06"]
[92471,"MONTAGEM E DESMONTAGEM DE FÔRMA DE VIGA, ESCORAMENTO COM GARFO DE MADEIRA, PÉ-DIREITO SIMPLES, EM CHAPA DE MADEIRA PLASTIFICADA, 12 UTILIZAÇÕES. AF_09/2020","M2","104,96"]
[92472,"MONTAGEM E DESMONTAGEM DE FÔRMA DE VIGA, ESCORAMENTO METÁLICO, PÉ-DIREITO SIMPLES, EM CHAPA DE MADEIRA PLASTIFICADA, 12 UTILIZAÇÕES. AF_09/2020","M2","132,93"]
[92473,"MONTAGEM E DESMONTAGEM DE FÔRMA DE VIGA, ESCORAMENTO COM GARFO DE MADEIRA, PÉ-DIREITO DUPLO, EM CHAPA DE MADEIRA PLASTIFICADA, 14 UTILIZAÇÕES. AF_09/2020","M2","150,47"]
[92474,"MONTAGEM E DESMONTAGEM DE FÔRMA DE VIGA, ESCORAMENTO METÁLICO, PÉ-DIREITO DUPLO, EM CHAPA DE MADEIRA PLASTIFICADA, 14 UTILIZAÇÕES. AF_09/2020","M2","304,88"]
[92475,"MONTAGEM E DESMONTAGEM DE FÔRMA DE VIGA, ESCORAMENTO COM GARFO DE MADEIRA, PÉ-DIREITO SIMPLES, EM CHAPA DE MADEIRA PLASTIFICADA, 14 UTILIZAÇÕES. AF_09/2020","M2","96,49"]
[92476,"MONTAGEM E DESMONTAGEM DE FÔRMA DE VIGA, ESCORAMENTO METÁLICO, PÉ-DIREITO SIMPLES, EM CHAPA DE MADEIRA PLASTIFICADA, 14 UTILIZAÇÕES. AF_09/2020","M2","127,41"]
[92477,"MONTAGEM E DESMONTAGEM DE FÔRMA DE VIGA, ESCORAMENTO COM GARFO DE MADEIRA, PÉ-DIREITO DUPLO, EM CHAPA DE MADEIRA PLASTIFICADA, 18 UTILIZAÇÕES. AF_09/2020","M2","121,42"]
[92478,"MONTAGEM E DESMONTAGEM DE FÔRMA DE VIGA, ESCORAMENTO METÁLICO, PÉ-DIREITO DUPLO, EM CHAPA DE MADEIRA PLASTIFICADA, 18 UTILIZAÇÕES. AF_09/2020","M2","292,39"]
[92479,"MONTAGEM E DESMONTAGEM DE FÔRMA DE VIGA, ESCORAMENTO COM GARFO DE MADEIRA, PÉ-DIREITO SIMPLES, EM CHAPA DE MADEIRA PLASTIFICADA, 18 UTILIZAÇÕES. AF_09/2020","M2","78,05"]
[92480,"MONTAGEM E DESMONTAGEM DE FÔRMA DE VIGA, ESCORAMENTO METÁLICO, PÉ-DIREITO SIMPLES, EM CHAPA DE MADEIRA PLASTIFICADA, 18 UTILIZAÇÕES. AF_09/2020","M2","116,09"]
[92482,"MONTAGEM E DESMONTAGEM DE FÔRMA DE LAJE MACIÇA, PÉ-DIREITO SIMPLES, EM MADEIRA SERRADA, 1 UTILIZAÇÃO. AF_09/2020","M2","303,73"]
[92484,"MONTAGEM E DESMONTAGEM DE FÔRMA DE LAJE MACIÇA, PÉ-DIREITO SIMPLES, EM MADEIRA SERRADA, 2 UTILIZAÇÕES. AF_09/2020","M2","212,45"]
[92486,"MONTAGEM E DESMONTAGEM DE FÔRMA DE LAJE MACIÇA, PÉ-DIREITO SIMPLES, EM MADEIRA SERRADA, 4 UTILIZAÇÕES. AF_09/2020","M2","153,64"]
[92488,"MONTAGEM E DESMONTAGEM DE FÔRMA DE LAJE NERVURADA COM CUBETA E ASSOALHO, PÉ-DIREITO DUPLO, EM CHAPA DE MADEIRA COMPENSADA RESINADA, 8 UTILIZAÇÕES. AF_09/2020","M2","126,46"]
[92490,"MONTAGEM E DESMONTAGEM DE FÔRMA DE LAJE NERVURADA COM CUBETA E ASSOALHO, PÉ-DIREITO SIMPLES, EM CHAPA DE MADEIRA COMPENSADA RESINADA, 8 UTILIZAÇÕES. AF_09/2020","M2","81,26"]
[92492,"MONTAGEM E DESMONTAGEM DE FÔRMA DE LAJE NERVURADA COM CUBETA E ASSOALHO, PÉ-DIREITO DUPLO, EM CHAPA DE MADEIRA COMPENSADA RESINADA, 10 UTILIZAÇÕES. AF_09/2020","M2","120,28"]
[92494,"MONTAGEM E DESMONTAGEM DE FÔRMA DE LAJE NERVURADA COM CUBETA E ASSOALHO, PÉ-DIREITO SIMPLES, EM CHAPA DE MADEIRA COMPENSADA RESINADA, 10 UTILIZAÇÕES. AF_09/2020","M2","76,09"]
[92496,"MONTAGEM E DESMONTAGEM DE FÔRMA DE LAJE NERVURADA COM CUBETA E ASSOALHO, PÉ-DIREITO DUPLO, EM CHAPA DE MADEIRA COMPENSADA RESINADA, 12 UTILIZAÇÕES. AF_09/2020","M2","115,25"]
[92498,"MONTAGEM E DESMONTAGEM DE FÔRMA DE LAJE NERVURADA COM CUBETA E ASSOALHO, PÉ-DIREITO SIMPLES, EM CHAPA DE MADEIRA COMPENSADA RESINADA, 12 UTILIZAÇÕES. AF_09/2020","M2","71,92"]
[92500,"MONTAGEM E DESMONTAGEM DE FÔRMA DE LAJE NERVURADA COM CUBETA E ASSOALHO, PÉ-DIREITO DUPLO, EM CHAPA DE MADEIRA COMPENSADA RESINADA, 14 UTILIZAÇÕES. AF_09/2020","M2","111,47"]
[92502,"MONTAGEM E DESMONTAGEM DE FÔRMA DE LAJE NERVURADA COM CUBETA E ASSOALHO, PÉ-DIREITO SIMPLES, EM CHAPA DE MADEIRA COMPENSADA RESINADA, 14 UTILIZAÇÕES. AF_09/2020","M2","68,99"]
[92504,"MONTAGEM E DESMONTAGEM DE FÔRMA DE LAJE NERVURADA COM CUBETA E ASSOALHO, PÉ-DIREITO DUPLO, EM CHAPA DE MADEIRA COMPENSADA RESINADA, 18 UTILIZAÇÕES. AF_09/2020","M2","104,48"]
[92506,"MONTAGEM E DESMONTAGEM DE FÔRMA DE LAJE NERVURADA COM CUBETA E ASSOALHO, PÉ-DIREITO SIMPLES, EM CHAPA DE MADEIRA COMPENSADA RESINADA, 18 UTILIZAÇÕES. AF_09/2020","M2","63,45"]
[92508,"MONTAGEM E DESMONTAGEM DE FÔRMA DE LAJE MACIÇA, PÉ-DIREITO DUPLO, EM CHAPA DE MADEIRA COMPENSADA RESINADA, 2 UTILIZAÇÕES. AF_09/2020","M2","128,50"]
[92510,"MONTAGEM E DESMONTAGEM DE FÔRMA DE LAJE MACIÇA, PÉ-DIREITO SIMPLES, EM CHAPA DE MADEIRA COMPENSADA RESINADA, 2 UTILIZAÇÕES. AF_09/2020","M2","81,56"]
[92512,"MONTAGEM E DESMONTAGEM DE FÔRMA DE LAJE MACIÇA, PÉ-DIREITO DUPLO, EM CHAPA DE MADEIRA COMPENSADA RESINADA, 4 UTILIZAÇÕES. AF_09/2020","M2","107,84"]
[92514,"MONTAGEM E DESMONTAGEM DE FÔRMA DE LAJE MACIÇA, PÉ-DIREITO SIMPLES, EM CHAPA DE MADEIRA COMPENSADA RESINADA, 4 UTILIZAÇÕES. AF_09/2020","M2","61,98"]
[92515,"MONTAGEM E DESMONTAGEM DE FÔRMA DE LAJE MACIÇA, PÉ-DIREITO DUPLO, EM CHAPA DE MADEIRA COMPENSADA RESINADA, 6 UTILIZAÇÕES. AF_09/2020","M2","98,07"]
[92518,"MONTAGEM E DESMONTAGEM DE FÔRMA DE LAJE MACIÇA, PÉ-DIREITO SIMPLES, EM CHAPA DE MADEIRA COMPENSADA RESINADA, 6 UTILIZAÇÕES. AF_09/2020","M2","53,24"]
[92520,"MONTAGEM E DESMONTAGEM DE FÔRMA DE LAJE MACIÇA, PÉ-DIREITO DUPLO, EM CHAPA DE MADEIRA COMPENSADA RESINADA, 8 UTILIZAÇÕES. AF_09/2020","M2","91,99"]
[92522,"MONTAGEM E DESMONTAGEM DE FÔRMA DE LAJE MACIÇA, PÉ-DIREITO SIMPLES, EM CHAPA DE MADEIRA COMPENSADA RESINADA, 8 UTILIZAÇÕES. AF_09/2020","M2","48,11"]
[92524,"MONTAGEM E DESMONTAGEM DE FÔRMA DE LAJE MACIÇA, PÉ-DIREITO DUPLO, EM CHAPA DE MADEIRA COMPENSADA PLASTIFICADA, 10 UTILIZAÇÕES. AF_09/2020","M2","92,50"]
[92526,"MONTAGEM E DESMONTAGEM DE FÔRMA DE LAJE MACIÇA, PÉ-DIREITO SIMPLES, EM CHAPA DE MADEIRA COMPENSADA PLASTIFICADA, 10 UTILIZAÇÕES. AF_09/2020","M2","49,51"]
[92528,"MONTAGEM E DESMONTAGEM DE FÔRMA DE LAJE MACIÇA, PÉ-DIREITO DUPLO, EM CHAPA DE MADEIRA COMPENSADA PLASTIFICADA, 12 UTILIZAÇÕES. AF_09/2020","M2","88,76"]
[92530,"MONTAGEM E DESMONTAGEM DE FÔRMA DE LAJE MACIÇA, PÉ-DIREITO SIMPLES, EM CHAPA DE MADEIRA COMPENSADA PLASTIFICADA, 12 UTILIZAÇÕES. AF_09/2020","M2","46,59"]
[92532,"MONTAGEM E DESMONTAGEM DE FÔRMA DE LAJE MACIÇA, PÉ-DIREITO DUPLO, EM CHAPA DE MADEIRA COMPENSADA PLASTIFICADA, 14 UTILIZAÇÕES. AF_09/2020","M2","85,60"]
[92534,"MONTAGEM E DESMONTAGEM DE FÔRMA DE LAJE MACIÇA, PÉ-DIREITO SIMPLES, EM CHAPA DE MADEIRA COMPENSADA PLASTIFICADA, 14 UTILIZAÇÕES. AF_09/2020","M2","44,15"]
[92536,"MONTAGEM E DESMONTAGEM DE FÔRMA DE LAJE MACIÇA, PÉ-DIREITO DUPLO, EM CHAPA DE MADEIRA COMPENSADA PLASTIFICADA, 18 UTILIZAÇÕES. AF_09/2020","M2","79,34"]
[92538,"MONTAGEM E DESMONTAGEM DE FÔRMA DE LAJE MACIÇA, PÉ-DIREITO SIMPLES, EM CHAPA DE MADEIRA COMPENSADA PLASTIFICADA, 18 UTILIZAÇÕES. AF_09/2020","M2","39,20"]
[96252,"FABRICAÇÃO DE FÔRMA PARA PILARES CIRCULARES, EM CHAPA DE MADEIRA COMPENSADA RESINADA, PÉ-DIREITO SIMPLES. AF_05/2024","M2","200,56"]
[96258,"MONTAGEM E DESMONTAGEM DE FÔRMA DE PILARES CIRCULARES, PÉ-DIREITO SIMPLES, EM MADEIRA, 2 UTILIZAÇÕES. AF_05/2024","M2","163,52"]
[96529,"FABRICAÇÃO, MONTAGEM E DESMONTAGEM DE FÔRMA PARA SAPATA, EM MADEIRA SERRADA, E=25 MM, 1 UTILIZAÇÃO. AF_01/2024","M2","279,13"]
[96530,"FABRICAÇÃO, MONTAGEM E DESMONTAGEM DE FÔRMA PARA VIGA BALDRAME, EM MADEIRA SERRADA, E=25 MM, 1 UTILIZAÇÃO. AF_01/2024","M2","169,59"]
[96531,"FABRICAÇÃO, MONTAGEM E DESMONTAGEM DE FÔRMA PARA BLOCO DE COROAMENTO, EM MADEIRA SERRADA, E=25 MM, 2 UTILIZAÇÕES. AF_01/2024","M2","117,61"]
[96532,"FABRICAÇÃO, MONTAGEM E DESMONTAGEM DE FÔRMA PARA SAPATA, EM MADEIRA SERRADA, E=25 MM, 2 UTILIZAÇÕES. AF_01/2024","M2","182,02"]
[96533,"FABRICAÇÃO, MONTAGEM E DESMONTAGEM DE FÔRMA PARA VIGA BALDRAME, EM MADEIRA SERRADA, E=25 MM, 2 UTILIZAÇÕES. AF_01/2024","M2","105,38"]
[96534,"FABRICAÇÃO, MONTAGEM E DESMONTAGEM DE FÔRMA PARA BLOCO DE COROAMENTO, EM MADEIRA SERRADA, E=25 MM, 4 UTILIZAÇÕES. AF_01/2024","M2","82,21"]
[96535,"FABRICAÇÃO, MONTAGEM E DESMONTAGEM DE FÔRMA PARA SAPATA, EM MADEIRA SERRADA, E=25 MM, 4 UTILIZAÇÕES. AF_01/2024","M2","131,52"]
[96536,"FABRICAÇÃO, MONTAGEM E DESMONTAGEM DE FÔRMA PARA VIGA BALDRAME, EM MADEIRA SERRADA, E=25 MM, 4 UTILIZAÇÕES. AF_01/2024","M2","71,94"]
[96537,"FABRICAÇÃO, MONTAGEM E DESMONTAGEM DE FÔRMA PARA BLOCO DE COROAMENTO, EM CHAPA DE MADEIRA COMPENSADA RESINADA, E=17 MM, 2 UTILIZAÇÕES. AF_01/2024","M2","205,57"]
[96538,"FABRICAÇÃO, MONTAGEM E DESMONTAGEM DE FÔRMA PARA SAPATA, EM CHAPA DE MADEIRA COMPENSADA RESINADA, E=17 MM, 2 UTILIZAÇÕES. AF_01/2024","M2","255,64"]
[96539,"FABRICAÇÃO, MONTAGEM E DESMONTAGEM DE FÔRMA PARA VIGA BALDRAME, EM CHAPA DE MADEIRA COMPENSADA RESINADA, E=17 MM, 2 UTILIZAÇÕES. AF_01/2024","M2","143,53"]
[96540,"FABRICAÇÃO, MONTAGEM E DESMONTAGEM DE FÔRMA PARA BLOCO DE COROAMENTO, EM CHAPA DE MADEIRA COMPENSADA RESINADA, E=17 MM, 4 UTILIZAÇÕES. AF_01/2024","M2","138,26"]
[96541,"FABRICAÇÃO, MONTAGEM E DESMONTAGEM DE FÔRMA PARA SAPATA, EM CHAPA DE MADEIRA COMPENSADA RESINADA, E=17 MM, 4 UTILIZAÇÕES. AF_01/2024","M2","181,00"]
[96542,"FABRICAÇÃO, MONTAGEM E DESMONTAGEM DE FÔRMA PARA VIGA BALDRAME, EM CHAPA DE MADEIRA COMPENSADA RESINADA, E=17 MM, 4 UTILIZAÇÕES. AF_01/2024","M2","101,05"]
[96543,"ARMAÇÃO DE BLOCO UTILIZANDO AÇO CA-60 DE 5 MM - MONTAGEM. AF_01/2024","KG","20,28"]
[101791,"FABRICAÇÃO DE ESCORAS DO TIPO PONTALETE, EM MADEIRA, PARA PÉ-DIREITO DUPLO. AF_09/2020","M","35,33"]
[101792,"ESCORAMENTO DE FÔRMAS DE LAJE EM MADEIRA NÃO APARELHADA, PÉ-DIREITO SIMPLES, INCLUSO TRAVAMENTO, 4 UTILIZAÇÕES. AF_09/2020","M3","18,17"]
[101793,"ESCORAMENTO DE FÔRMAS DE LAJE EM MADEIRA NÃO APARELHADA, PÉ-DIREITO DUPLO, INCLUSO TRAVAMENTO, 4 UTILIZAÇÕES. AF_09/2020","M3","29,80"]
[101969,"FABRICAÇÃO DE FÔRMA PARA ESCADAS, COM 2 LANCES EM \"U\" E LAJE PLANA, EM CHAPA DE MADEIRA COMPENSADA PLASTIFICADA, E=18 MM. AF_11/2020","M2","256,21"]
[101971,"FABRICAÇÃO DE FÔRMA PARA ESCADAS, COM 2 LANCES EM \"U\" E LAJE PLANA, EM CHAPA DE MADEIRA COMPENSADA RESINADA, E= 17 MM. AF_11/2020","M2","196,28"]
[101973,"FABRICAÇÃO DE FÔRMA PARA ESCADAS, COM 2 LANCES EM \"U\" E LAJE PLANA, EM MADEIRA SERRADA, E=25 MM. AF_11/2020","M2","194,83"]
[101974,"MONTAGEM E DESMONTAGEM DE FÔRMA PARA ESCADAS, COM 2 LANCES EM \"U\" E LAJE PLANA, EM MADEIRA SERRADA, 1 UTILIZAÇÃO. AF_11/2020","M2","471,23"]
[101975,"MONTAGEM E DESMONTAGEM DE FÔRMA PARA ESCADAS, COM 2 LANCES EM \"U\"  E LAJE PLANA, EM MADEIRA SERRADA, 2 UTILIZAÇÕES. AF_11/2020","M2","401,69"]
[101977,"MONTAGEM E DESMONTAGEM DE FÔRMA PARA ESCADAS, COM 2 LANCES EM \"U\" E LAJE PLANA, EM CHAPA DE MADEIRA COMPENSADA RESINADA, 2 UTILIZAÇÕES. AF_11/2020","M2","352,90"]
[101980,"MONTAGEM E DESMONTAGEM DE FÔRMA PARA ESCADAS, COM 2 LANCES EM \"U\" E LAJE PLANA, EM CHAPA DE MADEIRA COMPENSADA RESINADA, 4 UTILIZAÇÕES. AF_11/2020","M2","338,40"]
[101981,"MONTAGEM E DESMONTAGEM DE FÔRMA PARA ESCADAS, COM 2 LANCES EM \"U\" E LAJE PLANA, EM CHAPA DE MADEIRA COMPENSADA PLASTIFICADA, 6 UTILIZAÇÕES. AF_11/2020","M2","295,04"]
[101982,"MONTAGEM E DESMONTAGEM DE FÔRMA PARA ESCADAS, COM 2 LANCES EM \"U\" E LAJE PLANA, EM CHAPA DE MADEIRA COMPENSADA PLASTIFICADA, 8 UTILIZAÇÕES. AF_11/2020","M2","261,80"]
[101983,"MONTAGEM E DESMONTAGEM DE FÔRMA PARA ESCADAS, COM 2 LANCES EM \"U\" E LAJE PLANA, EM CHAPA DE MADEIRA COMPENSADA PLASTIFICADA, 10 UTILIZAÇÕES. AF_11/2020","M2","240,81"]
[101985,"FABRICAÇÃO DE FÔRMA PARA ESCADAS, COM 2 LANCES EM \"U\" E LAJE CASCATA, EM CHAPA DE MADEIRA COMPENSADA PLASTIFICADA, E=18 MM. AF_11/2020","M2","266,79"]
[101986,"FABRICAÇÃO DE FÔRMA PARA ESCADAS, COM 2 LANCES EM \"U\" E LAJE CASCATA, EM CHAPA DE MADEIRA COMPENSADA RESINADA, E= 17 MM. AF_11/2020","M2","190,59"]
[101987,"FABRICAÇÃO DE FÔRMA PARA ESCADAS, COM 2 LANCES EM \"U\" E LAJE CASCATA, EM MADEIRA SERRADA, E=25 MM. AF_11/2020","M2","223,48"]
[101988,"FABRICAÇÃO DE FÔRMA PARA ESCADAS, COM 2 LANCES EM \"L\" E LAJE PLANA, EM CHAPA DE MADEIRA COMPENSADA PLASTIFICADA, E=18 MM. AF_11/2020","M2","263,72"]
[101989,"FABRICAÇÃO DE FÔRMA PARA ESCADAS, COM 2 LANCES EM \"L\" E LAJE PLANA, EM CHAPA DE MADEIRA COMPENSADA RESINADA, E= 17 MM. AF_11/2020","M2","204,54"]
[101990,"FABRICAÇÃO DE FÔRMA PARA ESCADAS, COM 2 LANCES EM \"L\" E LAJE PLANA, EM MADEIRA SERRADA, E=25 MM. AF_11/2020","M2","209,33"]
[101991,"FABRICAÇÃO DE FÔRMA PARA ESCADAS, COM 2 LANCES EM \"L\" E LAJE CASCATA, EM CHAPA DE MADEIRA COMPENSADA PLASTIFICADA, E=18 MM. AF_11/2020","M2","264,58"]
[101992,"FABRICAÇÃO DE FÔRMA PARA ESCADAS, COM 2 LANCES EM \"L\" E LAJE CASCATA, EM CHAPA DE MADEIRA COMPENSADA RESINADA, E= 17 MM. AF_11/2020","M2","191,74"]
[101993,"FABRICAÇÃO DE FÔRMA PARA ESCADAS, COM 2 LANCES EM \"L\" E LAJE CASCATA, EM MADEIRA SERRADA, E=25 MM. AF_11/2020","M2","260,70"]
[101994,"FABRICAÇÃO DE FÔRMA PARA ESCADAS, COM 1 LANCE E LAJE PLANA, EM CHAPA DE MADEIRA COMPENSADA PLASTIFICADA, E=18 MM. AF_11/2020","M2","282,17"]
[101995,"FABRICAÇÃO DE FÔRMA PARA ESCADAS, COM 1 LANCE E LAJE PLANA, EM CHAPA DE MADEIRA COMPENSADA RESINADA, E= 17 MM. AF_11/2020","M2","215,73"]
[101996,"FABRICAÇÃO DE FÔRMA PARA ESCADAS, COM 1 LANCE E LAJE PLANA, EM MADEIRA SERRADA, E=25 MM. AF_11/2020","M2","224,30"]
[101997,"FABRICAÇÃO DE FÔRMA PARA ESCADAS, COM 1 LANCE E LAJE CASCATA, EM CHAPA DE MADEIRA COMPENSADA PLASTIFICADA, E=18 MM. AF_11/2020","M2","264,45"]
[101998,"FABRICAÇÃO DE FÔRMA PARA ESCADAS, COM 1 LANCE E LAJE CASCATA, EM CHAPA DE MADEIRA COMPENSADA RESINADA, E= 17 MM. AF_11/2020","M2","189,95"]
[101999,"FABRICAÇÃO DE FÔRMA PARA ESCADAS, COM 1 LANCE E LAJE CASCATA, EM MADEIRA SERRADA, E=25 MM. AF_11/2020","M2","278,58"]
[102000,"MONTAGEM E DESMONTAGEM DE FÔRMA PARA ESCADAS, COM 2 LANCES EM \"U\" E LAJE CASCATA, EM MADEIRA SERRADA, 1 UTILIZAÇÃO. AF_11/2020","M2","465,78"]
[102001,"MONTAGEM E DESMONTAGEM DE FÔRMA PARA ESCADAS, COM 2 LANCES EM \"U\" E LAJE CASCATA, EM MADEIRA SERRADA, 2 UTILIZAÇÕES. AF_11/2020","M2","401,03"]
[102002,"MONTAGEM E DESMONTAGEM DE FÔRMA PARA ESCADAS, COM 2 LANCES EM \"U\" E LAJE CASCATA, EM CHAPA DE MADEIRA COMPENSADA RESINADA, 2 UTILIZAÇÕES. AF_11/2020","M2","337,66"]
[102003,"MONTAGEM E DESMONTAGEM DE FÔRMA PARA ESCADAS, COM 2 LANCES EM \"U\" E LAJE CASCATA, EM CHAPA DE MADEIRA COMPENSADA RESINADA, 4 UTILIZAÇÕES. AF_11/2020","M2","320,96"]
[102004,"MONTAGEM E DESMONTAGEM DE FÔRMA PARA ESCADAS, COM 2 LANCES EM \"U\" E LAJE CASCATA, EM CHAPA DE MADEIRA COMPENSADA PLASTIFICADA, 6 UTILIZAÇÕES. AF_11/2020","M2","286,36"]
[102005,"MONTAGEM E DESMONTAGEM DE FÔRMA PARA ESCADAS, COM 2 LANCES EM \"U\" E LAJE CASCATA, EM CHAPA DE MADEIRA COMPENSADA PLASTIFICADA, 8 UTILIZAÇÕES. AF_11/2020","M2","251,96"]
[102006,"MONTAGEM E DESMONTAGEM DE FÔRMA PARA ESCADAS, COM 2 LANCES EM \"U\" E LAJE CASCATA, EM CHAPA DE MADEIRA COMPENSADA PLASTIFICADA, 10 UTILIZAÇÕES. AF_11/2020","M2","230,23"]
[102007,"MONTAGEM E DESMONTAGEM DE FÔRMA PARA ESCADAS, COM 2 LANCES EM \"L\" E LAJE PLANA, EM MADEIRA SERRADA, 1 UTILIZAÇÃO. AF_11/2020","M2","461,49"]
[102008,"MONTAGEM E DESMONTAGEM DE FÔRMA PARA ESCADAS, COM 2 LANCES EM \"L\" E LAJE PLANA, EM MADEIRA SERRADA, 2 UTILIZAÇÕES. AF_11/2020","M2","386,49"]
[102009,"MONTAGEM E DESMONTAGEM DE FÔRMA PARA ESCADAS, COM 2 LANCES EM \"L\" E LAJE PLANA, EM CHAPA DE MADEIRA COMPENSADA RESINADA, 2 UTILIZAÇÕES. AF_11/2020","M2","352,21"]
[102010,"MONTAGEM E DESMONTAGEM DE FÔRMA PARA ESCADAS, COM 2 LANCES EM \"L\" E LAJE PLANA, EM CHAPA DE MADEIRA COMPENSADA RESINADA, 4 UTILIZAÇÕES. AF_11/2020","M2","333,72"]
[102011,"MONTAGEM E DESMONTAGEM DE FÔRMA PARA ESCADAS, COM 2 LANCES EM \"L\" E LAJE PLANA, EM CHAPA DE MADEIRA COMPENSADA PLASTIFICADA, 6 UTILIZAÇÕES. AF_11/2020","M2","288,00"]
[102012,"MONTAGEM E DESMONTAGEM DE FÔRMA PARA ESCADAS, COM 2 LANCES EM \"L\" E LAJE PLANA, EM CHAPA DE MADEIRA COMPENSADA PLASTIFICADA, 8 UTILIZAÇÕES. AF_11/2020","M2","253,93"]
[102013,"MONTAGEM E DESMONTAGEM DE FÔRMA PARA ESCADAS, COM 2 LANCES EM \"L\" E LAJE PLANA, EM CHAPA DE MADEIRA COMPENSADA PLASTIFICADA, 10 UTILIZAÇÕES. AF_11/2020","M2","235,06"]
[102014,"MONTAGEM E DESMONTAGEM DE FÔRMA PARA ESCADAS, COM 2 LANCES EM \"L\" E LAJE CASCATA, EM MADEIRA SERRADA, 1 UTILIZAÇÃO. AF_11/2020","M2","502,48"]
[102015,"MONTAGEM E DESMONTAGEM DE FÔRMA PARA ESCADAS, COM 2 LANCES EM \"L\" E LAJE CASCATA, EM MADEIRA SERRADA, 2 UTILIZAÇÕES. AF_11/2020","M2","421,57"]
[102016,"MONTAGEM E DESMONTAGEM DE FÔRMA PARA ESCADAS, COM 2 LANCES EM \"L\" E LAJE CASCATA, EM CHAPA DE MADEIRA COMPENSADA RESINADA, 2 UTILIZAÇÕES. AF_11/2020","M2","332,65"]
[102017,"MONTAGEM E DESMONTAGEM DE FÔRMA PARA ESCADAS, COM 2 LANCES EM \"L\" E LAJE CASCATA, EM CHAPA DE MADEIRA COMPENSADA RESINADA, 4 UTILIZAÇÕES. AF_11/2020","M2","313,02"]
[102036,"MONTAGEM E DESMONTAGEM DE FÔRMA PARA ESCADAS, COM 2 LANCES EM \"L\" E LAJE CASCATA, EM CHAPA DE MADEIRA COMPENSADA PLASTIFICADA, 6 UTILIZAÇÕES. AF_11/2020","M2","276,52"]
[102037,"MONTAGEM E DESMONTAGEM DE FÔRMA PARA ESCADAS, COM 2 LANCES EM \"L\" E LAJE CASCATA, EM CHAPA DE MADEIRA COMPENSADA PLASTIFICADA, 8 UTILIZAÇÕES. AF_11/2020","M2","242,36"]
[102038,"MONTAGEM E DESMONTAGEM DE FÔRMA PARA ESCADAS, COM 2 LANCES EM \"L\" E LAJE CASCATA, EM CHAPA DE MADEIRA COMPENSADA PLASTIFICADA, 10 UTILIZAÇÕES. AF_11/2020","M2","223,43"]
[102039,"MONTAGEM E DESMONTAGEM DE FÔRMA PARA ESCADAS, COM 1 LANCE E LAJE PLANA, EM MADEIRA SERRADA, 1 UTILIZAÇÃO. AF_11/2020","M2","480,96"]
[102040,"MONTAGEM E DESMONTAGEM DE FÔRMA PARA ESCADAS, COM 1 LANCE E LAJE PLANA, EM MADEIRA SERRADA, 2 UTILIZAÇÕES. AF_11/2020","M2","401,57"]
[102041,"MONTAGEM E DESMONTAGEM DE FÔRMA PARA ESCADAS, COM 1 LANCE E LAJE PLANA, EM CHAPA DE MADEIRA COMPENSADA RESINADA, 2 UTILIZAÇÕES. AF_11/2020","M2","353,96"]
[102042,"MONTAGEM E DESMONTAGEM DE FÔRMA PARA ESCADAS, COM 1 LANCE E LAJE PLANA, EM CHAPA DE MADEIRA COMPENSADA RESINADA, 4 UTILIZAÇÕES. AF_11/2020","M2","331,31"]
[102043,"MONTAGEM E DESMONTAGEM DE FÔRMA PARA ESCADAS, COM 1 LANCE E LAJE PLANA, EM CHAPA DE MADEIRA COMPENSADA PLASTIFICADA, 6 UTILIZAÇÕES. AF_11/2020","M2","286,64"]
[102044,"MONTAGEM E DESMONTAGEM DE FÔRMA PARA ESCADAS, COM 1 LANCE E LAJE PLANA, EM CHAPA DE MADEIRA COMPENSADA PLASTIFICADA, 8 UTILIZAÇÕES. AF_11/2020","M2","253,37"]
[102045,"MONTAGEM E DESMONTAGEM DE FÔRMA PARA ESCADAS, COM 1 LANCE E LAJE PLANA, EM CHAPA DE MADEIRA COMPENSADA PLASTIFICADA, 10 UTILIZAÇÕES. AF_11/2020","M2","233,39"]
[102046,"MONTAGEM E DESMONTAGEM DE FÔRMA PARA ESCADAS, COM 1 LANCE E LAJE CASCATA, EM MADEIRA SERRADA, 1 UTILIZAÇÃO. AF_11/2020","M2","507,86"]
[102047,"MONTAGEM E DESMONTAGEM DE FÔRMA PARA ESCADAS, COM 1 LANCE E LAJE CASCATA, EM MADEIRA SERRADA, 2 UTILIZAÇÕES. AF_11/2020","M2","432,98"]
[102048,"MONTAGEM E DESMONTAGEM DE FÔRMA PARA ESCADAS, COM 1 LANCE E LAJE CASCATA, EM CHAPA DE MADEIRA COMPENSADA RESINADA, 2 UTILIZAÇÕES. AF_11/2020","M2","321,41"]
[102049,"MONTAGEM E DESMONTAGEM DE FÔRMA PARA ESCADAS, COM 1 LANCE E LAJE CASCATA, EM CHAPA DE MADEIRA COMPENSADA RESINADA, 4 UTILIZAÇÕES. AF_11/2020","M2","296,43"]
[102050,"MONTAGEM E DESMONTAGEM DE FÔRMA PARA ESCADAS, COM 1 LANCE E LAJE CASCATA, EM CHAPA DE MADEIRA COMPENSADA PLASTIFICADA, 6 UTILIZAÇÕES. AF_11/2020","M2","262,64"]
[102051,"MONTAGEM E DESMONTAGEM DE FÔRMA PARA ESCADAS, COM 1 LANCE E LAJE CASCATA, EM CHAPA DE MADEIRA COMPENSADA PLASTIFICADA, 8 UTILIZAÇÕES. AF_11/2020","M2","228,49"]
[102052,"MONTAGEM E DESMONTAGEM DE FÔRMA PARA ESCADAS, COM 1 LANCE E LAJE CASCATA, EM CHAPA DE MADEIRA COMPENSADA PLASTIFICADA, 10 UTILIZAÇÕES. AF_11/2020","M2","209,58"]
[102059,"MONTAGEM E DESMONTAGEM DE FÔRMA PARA ESCADA DUPLA COM 2 LANCES EM \"X\" E LAJE PLANA, EM MADEIRA SERRADA, 1 UTILIZAÇÃO. AF_11/2020","M2","450,74"]
[102060,"MONTAGEM E DESMONTAGEM DE FÔRMA PARA ESCADA DUPLA COM 2 LANCES EM \"X\" E LAJE PLANA, EM MADEIRA SERRADA, 2 UTILIZAÇÕES. AF_11/2020","M2","379,68"]
[102061,"MONTAGEM E DESMONTAGEM DE FÔRMA PARA ESCADA DUPLA COM 2 LANCES EM \"X\" E LAJE PLANA, EM CHAPA DE MADEIRA COMPENSADA RESINADA, 2 UTILIZAÇÕES. AF_11/2020","M2","333,82"]
[102062,"MONTAGEM E DESMONTAGEM DE FÔRMA PARA ESCADA DUPLA COM 2 LANCES EM \"X\" E LAJE PLANA, EM CHAPA DE MADEIRA COMPENSADA RESINADA, 4 UTILIZAÇÕES. AF_11/2020","M2","320,23"]
[102063,"MONTAGEM E DESMONTAGEM DE FÔRMA PARA ESCADA DUPLA COM 2 LANCES EM \"X\" E LAJE PLANA, EM CHAPA DE MADEIRA COMPENSADA PLASTIFICADA, 6 UTILIZAÇÕES. AF_11/2020","M2","276,72"]
[102064,"MONTAGEM E DESMONTAGEM DE FÔRMA PARA ESCADA DUPLA COM 2 LANCES EM \"X\" E LAJE PLANA, EM CHAPA DE MADEIRA COMPENSADA PLASTIFICADA, 8 UTILIZAÇÕES. AF_11/2020","M2","242,79"]
[102065,"MONTAGEM E DESMONTAGEM DE FÔRMA PARA ESCADA DUPLA COM 2 LANCES EM \"X\" E LAJE PLANA, EM CHAPA DE MADEIRA COMPENSADA PLASTIFICADA, 10 UTILIZAÇÕES. AF_11/2020","M2","224,05"]
[102066,"MONTAGEM E DESMONTAGEM DE FÔRMA PARA ESCADA DUPLA COM 2 LANCES EM \"X\" E LAJE CASCATA, EM MADEIRA SERRADA, 1 UTILIZAÇÃO. AF_11/2020","M2","457,42"]
[102067,"MONTAGEM E DESMONTAGEM DE FÔRMA PARA ESCADA DUPLA COM 2 LANCES EM \"X\" E LAJE CASCATA, EM MADEIRA SERRADA, 2 UTILIZAÇÕES. AF_11/2020","M2","391,86"]
[102068,"MONTAGEM E DESMONTAGEM DE FÔRMA PARA ESCADA DUPLA COM 2 LANCES EM \"X\" E LAJE CASCATA, EM CHAPA DE MADEIRA COMPENSADA RESINADA, 2 UTILIZAÇÕES. AF_11/2020","M2","301,96"]
[102069,"MONTAGEM E DESMONTAGEM DE FÔRMA PARA ESCADA DUPLA COM 2 LANCES EM \"X\" E LAJE CASCATA, EM CHAPA DE MADEIRA COMPENSADA RESINADA, 4 UTILIZAÇÕES. AF_11/2020","M2","287,27"]
[102070,"MONTAGEM E DESMONTAGEM DE FÔRMA PARA ESCADA DUPLA COM 2 LANCES EM \"X\" E LAJE CASCATA, EM CHAPA DE MADEIRA COMPENSADA PLASTIFICADA, 6 UTILIZAÇÕES. AF_11/2020","M2","254,75"]
[102071,"MONTAGEM E DESMONTAGEM DE FÔRMA PARA ESCADA DUPLA COM 2 LANCES EM \"X\" E LAJE CASCATA, EM CHAPA DE MADEIRA COMPENSADA PLASTIFICADA, 8 UTILIZAÇÕES. AF_11/2020","M2","222,80"]
[102072,"MONTAGEM E DESMONTAGEM DE FÔRMA PARA ESCADA DUPLA COM 2 LANCES EM \"X\" E LAJE CASCATA, EM CHAPA DE MADEIRA COMPENSADA PLASTIFICADA, 10 UTILIZAÇÕES. AF_11/2020","M2","211,93"]
[102073,"ESCADA EM CONCRETO ARMADO MOLDADO IN LOCO, FCK 25 MPA, COM 1 LANCE E LAJE PLANA, FÔRMA EM CHAPA DE MADEIRA COMPENSADA RESINADA. AF_11/2020_PA","M3","4.341,07"]
[102074,"ESCADA EM CONCRETO ARMADO MOLDADO IN LOCO, FCK 25 MPA, COM 2 LANCES EM  U  E LAJE PLANA, FÔRMA EM CHAPA DE MADEIRA COMPENSADA RESINADA. AF_11/2020_PA","M3","5.138,45"]
[102075,"ESCADA EM CONCRETO ARMADO MOLDADO IN LOCO, FCK 25 MPA, COM 2 LANCES EM  L  E LAJE PLANA, FÔRMA EM CHAPA DE MADEIRA COMPENSADA RESINADA. AF_11/2020_PA","M3","5.285,15"]
[102076,"ESCADA EM CONCRETO ARMADO MOLDADO IN LOCO, FCK 25 MPA, COM 2 LANCES EM  X  E LAJE PLANA, FÔRMA EM CHAPA DE MADEIRA COMPENSADA RESINADA. AF_11/2020_PA","M3","5.480,84"]
[102077,"ESCADA EM CONCRETO ARMADO MOLDADO IN LOCO, FCK 25 MPA, COM 1 LANCE E LAJE CASCATA, FÔRMA EM CHAPA DE MADEIRA COMPENSADA RESINADA. AF_11/2020_PA","M3","5.793,38"]
[102078,"ESCADA EM CONCRETO ARMADO MOLDADO IN LOCO, FCK 25 MPA, COM 2 LANCES EM  U  E LAJE CASCATA, FÔRMA EM CHAPA DE MADEIRA COMPENSADA RESINADA. AF_11/2020_PA","M3","6.029,43"]
[102079,"ESCADA EM CONCRETO ARMADO MOLDADO IN LOCO, FCK 25 MPA, COM 2 LANCES EM  L  E LAJE CASCATA, FÔRMA EM CHAPA DE MADEIRA COMPENSADA RESINADA. AF_11/2020_PA","M3","5.724,19"]
[102080,"ESCADA EM CONCRETO ARMADO MOLDADO IN LOCO, FCK 25 MPA, COM 2 LANCES EM  X  E LAJE CASCATA, FÔRMA EM CHAPA DE MADEIRA COMPENSADA RESINADA. AF_11/2020_PA","M3","5.038,68"]
[102086,"FABRICAÇÃO DE FÔRMA PARA ESCADA DUPLA COM 2 LANCES EM \"X\" E LAJE PLANA, EM CHAPA DE MADEIRA COMPENSADA PLASTIFICADA, E=18 MM. AF_11/2020","M2","269,82"]
[102087,"FABRICAÇÃO DE FÔRMA PARA ESCADA DUPLA COM 2 LANCES EM \"X\" E LAJE PLANA, EM CHAPA DE MADEIRA COMPENSADA RESINADA, E= 17 MM. AF_11/2020","M2","207,68"]
[102088,"FABRICAÇÃO DE FÔRMA PARA ESCADA DUPLA COM 2 LANCES EM X E LAJE PLANA, EM MADEIRA SERRADA, E=25 MM. AF_11/2020","M2","209,56"]
[102089,"FABRICAÇÃO DE FÔRMA PARA ESCADA DUPLA COM 2 LANCES EM \"X\" E LAJE CASCATA, EM CHAPA DE MADEIRA COMPENSADA PLASTIFICADA, E=18 MM. AF_11/2020","M2","251,81"]
[102090,"FABRICAÇÃO DE FÔRMA PARA ESCADA DUPLA COM 2 LANCES EM \"X\" E LAJE CASCATA, EM CHAPA DE MADEIRA COMPENSADA RESINADA, E= 17 MM. AF_11/2020","M2","181,32"]
[102091,"FABRICAÇÃO DE FÔRMA PARA ESCADA DUPLA COM 2 LANCES EM X E LAJE CASCATA, EM MADEIRA SERRADA, E=25 MM. AF_11/2020","M2","237,41"]
[103760,"MONTAGEM E DESMONTAGEM DE FÔRMA DE LAJE MACIÇA, PÉ-DIREITO SIMPLES, EM CHAPA DE MADEIRA COMPENSADA RESINADA E CIMBRAMENTO DE MADEIRA, 2 UTILIZAÇÕES. AF_03/2022","M2","126,44"]
[103761,"MONTAGEM E DESMONTAGEM DE FÔRMA DE LAJE MACIÇA, PÉ-DIREITO SIMPLES, EM CHAPA DE MADEIRA COMPENSADA RESINADA E CIMBRAMENTO DE MADEIRA, 4 UTILIZAÇÕES. AF_03/2022","M2","86,32"]
[103762,"MONTAGEM E DESMONTAGEM DE FÔRMA DE LAJE MACIÇA, PÉ-DIREITO SIMPLES, EM CHAPA DE MADEIRA COMPENSADA RESINADA E CIMBRAMENTO DE MADEIRA, 6 UTILIZAÇÕES. AF_03/2022","M2","72,69"]
[103763,"MONTAGEM E DESMONTAGEM DE FÔRMA DE LAJE MACIÇA, PÉ-DIREITO SIMPLES, EM CHAPA DE MADEIRA COMPENSADA RESINADA E CIMBRAMENTO DE MADEIRA, 8 UTILIZAÇÕES. AF_03/2022","M2","63,86"]
[104925,"FABRICAÇÃO, MONTAGEM E DESMONTAGEM DE FÔRMA PARA SAPATA CORRIDA, EM MADEIRA SERRADA, E=25 MM, 1 UTILIZAÇÃO. AF_01/2024","M2","191,31"]
[104926,"FABRICAÇÃO, MONTAGEM E DESMONTAGEM DE FÔRMA PARA SAPATA CORRIDA, EM MADEIRA SERRADA, E=25 MM, 2 UTILIZAÇÕES. AF_01/2024","M2","116,98"]
[104927,"FABRICAÇÃO, MONTAGEM E DESMONTAGEM DE FÔRMA PARA SAPATA CORRIDA, EM MADEIRA SERRADA, E=25 MM, 4 UTILIZAÇÕES. AF_01/2024","M2","78,33"]
[104928,"FABRICAÇÃO, MONTAGEM E DESMONTAGEM DE FÔRMA PARA SAPATA CORRIDA, EM CHAPA DE MADEIRA COMPENSADA RESINADA, E=17 MM, 2 UTILIZAÇÕES. AF_01/2024","M2","162,11"]
[104929,"FABRICAÇÃO, MONTAGEM E DESMONTAGEM DE FÔRMA PARA SAPATA CORRIDA, EM CHAPA DE MADEIRA COMPENSADA RESINADA, E=17 MM, 4 UTILIZAÇÕES. AF_01/2024","M2","96,81"]
[105403,"FABRICAÇÃO DE FÔRMA PARA PILARES CIRCULARES, EM CHAPA DE MADEIRA COMPENSADA RESINADA, PÉ-DIREITO DUPLO. AF_05/2024","M2","245,28"]
[105406,"MONTAGEM E DESMONTAGEM DE FÔRMA DE PILARES CIRCULARES, PÉ-DIREITO DUPLO, EM MADEIRA, 2 UTILIZAÇÕES. AF_05/2024","M2","227,11"]
[89996,"ARMAÇÃO VERTICAL DE ALVENARIA ESTRUTURAL; DIÂMETRO DE 10,0 MM. AF_09/2021","KG","11,55"]
[89997,"ARMAÇÃO VERTICAL DE ALVENARIA ESTRUTURAL; DIÂMETRO DE 12,5 MM. AF_09/2021","KG","9,45"]
[89998,"ARMAÇÃO DE CINTA DE ALVENARIA ESTRUTURAL; DIÂMETRO DE 10,0 MM. AF_09/2021","KG","11,03"]
[89999,"ARMAÇÃO DE VERGA E CONTRAVERGA DE ALVENARIA ESTRUTURAL; DIÂMETRO DE 8,0 MM. AF_09/2021","KG","16,77"]
[90000,"ARMAÇÃO DE VERGA E CONTRAVERGA DE ALVENARIA ESTRUTURAL; DIÂMETRO DE 10,0 MM. AF_09/2021","KG","13,66"]
[91593,"ARMAÇÃO DO SISTEMA DE PAREDES DE CONCRETO, EXECUTADA EM PAREDES DE EDIFICAÇÕES DE MÚLTIPLOS PAVIMENTOS, TELA Q-138. AF_06/2019","KG","11,37"]
[91594,"ARMAÇÃO DO SISTEMA DE PAREDES DE CONCRETO, EXECUTADA EM PAREDES DE EDIFICAÇÕES TÉRREAS OU DE MÚLTIPLOS PAVIMENTOS, TELA Q-92. AF_06/2019","KG","11,79"]
[91595,"ARMAÇÃO DO SISTEMA DE PAREDES DE CONCRETO, EXECUTADA EM PAREDES DE EDIFICAÇÕES TÉRREAS, TELA Q-61. AF_06/2019","KG","12,46"]
[91596,"ARMAÇÃO DO SISTEMA DE PAREDES DE CONCRETO, EXECUTADA COMO ARMADURA POSITIVA DE LAJES, TELA Q-138. AF_06/2019","KG","11,67"]
[91597,"ARMAÇÃO DO SISTEMA DE PAREDES DE CONCRETO, EXECUTADA COMO ARMADURA NEGATIVA DE LAJES, TELA T-196. AF_06/2019","KG","8,29"]
[91598,"ARMAÇÃO DO SISTEMA DE PAREDES DE CONCRETO, EXECUTADA COMO ARMADURA POSITIVA DE LAJES, TELA Q-113. AF_06/2019","KG","11,46"]
[91599,"ARMAÇÃO DO SISTEMA DE PAREDES DE CONCRETO, EXECUTADA COMO ARMADURA NEGATIVA DE LAJES, TELA L-159. AF_06/2019","KG","8,66"]
[91600,"ARMAÇÃO DO SISTEMA DE PAREDES DE CONCRETO, EXECUTADA EM PLATIBANDAS, TELA Q-92. AF_06/2019","KG","14,15"]
[91601,"ARMAÇÃO DO SISTEMA DE PAREDES DE CONCRETO, EXECUTADA COMO REFORÇO, VERGALHÃO DE 6,3 MM DE DIÂMETRO. AF_06/2019","KG","13,43"]
[91602,"ARMAÇÃO DO SISTEMA DE PAREDES DE CONCRETO, EXECUTADA COMO REFORÇO, VERGALHÃO DE 8,0 MM DE DIÂMETRO. AF_06/2019","KG","12,50"]
[91603,"ARMAÇÃO DO SISTEMA DE PAREDES DE CONCRETO, EXECUTADA COMO REFORÇO, VERGALHÃO DE 10,0 MM DE DIÂMETRO. AF_06/2019","KG","11,81"]
[92759,"ARMAÇÃO DE PILAR OU VIGA DE ESTRUTURA CONVENCIONAL DE CONCRETO ARMADO UTILIZANDO AÇO CA-60 DE 5,0 MM - MONTAGEM. AF_06/2022","KG","14,89"]
[92760,"ARMAÇÃO DE PILAR OU VIGA DE ESTRUTURA CONVENCIONAL DE CONCRETO ARMADO UTILIZANDO AÇO CA-50 DE 6,3 MM - MONTAGEM. AF_06/2022","KG","14,30"]
[92761,"ARMAÇÃO DE PILAR OU VIGA DE ESTRUTURA CONVENCIONAL DE CONCRETO ARMADO UTILIZANDO AÇO CA-50 DE 8,0 MM - MONTAGEM. AF_06/2022","KG","13,61"]
[92762,"ARMAÇÃO DE PILAR OU VIGA DE ESTRUTURA CONVENCIONAL DE CONCRETO ARMADO UTILIZANDO AÇO CA-50 DE 10,0 MM - MONTAGEM. AF_06/2022","KG","12,25"]
[92763,"ARMAÇÃO DE PILAR OU VIGA DE ESTRUTURA CONVENCIONAL DE CONCRETO ARMADO UTILIZANDO AÇO CA-50 DE 12,5 MM - MONTAGEM. AF_06/2022","KG","10,36"]
[92764,"ARMAÇÃO DE PILAR OU VIGA DE ESTRUTURA CONVENCIONAL DE CONCRETO ARMADO UTILIZANDO AÇO CA-50 DE 16,0 MM - MONTAGEM. AF_06/2022","KG","10,06"]
[92765,"ARMAÇÃO DE PILAR OU VIGA DE ESTRUTURA CONVENCIONAL DE CONCRETO ARMADO UTILIZANDO AÇO CA-50 DE 20,0 MM - MONTAGEM. AF_06/2022","KG","11,51"]
[92766,"ARMAÇÃO DE PILAR OU VIGA DE ESTRUTURA CONVENCIONAL DE CONCRETO ARMADO UTILIZANDO AÇO CA-50 DE 25,0 MM - MONTAGEM. AF_06/2022","KG","11,40"]
[92767,"ARMAÇÃO DE LAJE DE ESTRUTURA CONVENCIONAL DE CONCRETO ARMADO UTILIZANDO AÇO CA-60 DE 4,2 MM - MONTAGEM. AF_06/2022","KG","16,20"]
[92768,"ARMAÇÃO DE LAJE DE ESTRUTURA CONVENCIONAL DE CONCRETO ARMADO UTILIZANDO AÇO CA-60 DE 5,0 MM - MONTAGEM. AF_06/2022","KG","14,42"]
[92769,"ARMAÇÃO DE LAJE DE ESTRUTURA CONVENCIONAL DE CONCRETO ARMADO UTILIZANDO AÇO CA-50 DE 6,3 MM - MONTAGEM. AF_06/2022","KG","13,83"]
[92770,"ARMAÇÃO DE LAJE DE ESTRUTURA CONVENCIONAL DE CONCRETO ARMADO UTILIZANDO AÇO CA-50 DE 8,0 MM - MONTAGEM. AF_06/2022","KG","13,16"]
[92771,"ARMAÇÃO DE LAJE DE ESTRUTURA CONVENCIONAL DE CONCRETO ARMADO UTILIZANDO AÇO CA-50 DE 10,0 MM - MONTAGEM. AF_06/2022","KG","11,83"]
[92772,"ARMAÇÃO DE LAJE DE ESTRUTURA CONVENCIONAL DE CONCRETO ARMADO UTILIZANDO AÇO CA-50 DE 12,5 MM - MONTAGEM. AF_06/2022","KG","9,97"]
[92773,"ARMAÇÃO DE LAJE DE ESTRUTURA CONVENCIONAL DE CONCRETO ARMADO UTILIZANDO AÇO CA-50 DE 16,0 MM - MONTAGEM. AF_06/2022","KG","9,81"]
[92774,"ARMAÇÃO DE LAJE DE ESTRUTURA CONVENCIONAL DE CONCRETO ARMADO UTILIZANDO AÇO CA-50 DE 20,0 MM - MONTAGEM. AF_06/2022","KG","11,36"]
[92798,"CORTE E DOBRA DE AÇO CA-50, DIÂMETRO DE 25,0 MM. AF_06/2022","KG","10,39"]
[92799,"CORTE E DOBRA DE AÇO CA-60, DIÂMETRO DE 4,2 MM. AF_06/2022","KG","11,90"]
[92800,"CORTE E DOBRA DE AÇO CA-60, DIÂMETRO DE 5,0 MM. AF_06/2022","KG","10,89"]
[92801,"CORTE E DOBRA DE AÇO CA-50, DIÂMETRO DE 6,3 MM. AF_06/2022","KG","11,16"]
[92802,"CORTE E DOBRA DE AÇO CA-50, DIÂMETRO DE 8,0 MM. AF_06/2022","KG","11,18"]
[92803,"CORTE E DOBRA DE AÇO CA-50, DIÂMETRO DE 10,0 MM. AF_06/2022","KG","10,36"]
[92804,"CORTE E DOBRA DE AÇO CA-50, DIÂMETRO DE 12,5 MM. AF_06/2022","KG","8,88"]
[92805,"CORTE E DOBRA DE AÇO CA-50, DIÂMETRO DE 16,0 MM. AF_06/2022","KG","8,81"]
[92806,"CORTE E DOBRA DE AÇO CA-50, DIÂMETRO DE 20,0 MM. AF_06/2022","KG","10,40"]
[92875,"CORTE E DOBRA DE AÇO CA-25, DIÂMETRO DE 6,3 MM. AF_06/2022","KG","10,53"]
[92876,"CORTE E DOBRA DE AÇO CA-25, DIÂMETRO DE 8,0 MM. AF_06/2022","KG","10,32"]
[92877,"CORTE E DOBRA DE AÇO CA-25, DIÂMETRO DE 10,0 MM. AF_06/2022","KG","11,20"]
[92878,"CORTE E DOBRA DE AÇO CA-25, DIÂMETRO DE 12,5 MM. AF_06/2022","KG","11,05"]
[92879,"CORTE E DOBRA DE AÇO CA-25, DIÂMETRO DE 16,0 MM. AF_06/2022","KG","10,95"]
[92880,"CORTE E DOBRA DE AÇO CA-25, DIÂMETRO DE 20,0 MM. AF_06/2022","KG","11,21"]
[92881,"CORTE E DOBRA DE AÇO CA-25, DIÂMETRO DE 25,0 MM. AF_06/2022","KG","11,18"]
[92882,"ARMAÇÃO UTILIZANDO AÇO CA-25 DE 6,3 MM - MONTAGEM. AF_06/2022","KG","14,13"]
[92883,"ARMAÇÃO UTILIZANDO AÇO CA-25 DE 8,0 MM - MONTAGEM. AF_06/2022","KG","13,17"]
[92884,"ARMAÇÃO UTILIZANDO AÇO CA-25 DE 10,0 MM - MONTAGEM. AF_06/2022","KG","13,49"]
[92885,"ARMAÇÃO UTILIZANDO AÇO CA-25 DE 12,5 MM - MONTAGEM. AF_06/2022","KG","12,90"]
[92886,"ARMAÇÃO UTILIZANDO AÇO CA-25 DE 16,0 MM - MONTAGEM. AF_06/2022","KG","12,40"]
[92887,"ARMAÇÃO UTILIZANDO AÇO CA-25 DE 20,0 MM - MONTAGEM. AF_06/2022","KG","12,38"]
[92888,"ARMAÇÃO UTILIZANDO AÇO CA-25 DE 25,0 MM - MONTAGEM. AF_06/2022","KG","12,12"]
[92915,"ARMAÇÃO DE ESTRUTURAS DIVERSAS DE CONCRETO ARMADO, EXCETO VIGAS, PILARES, LAJES E FUNDAÇÕES, UTILIZANDO AÇO CA-60 DE 5,0 MM - MONTAGEM. AF_06/2022","KG","17,38"]
[92916,"ARMAÇÃO DE ESTRUTURAS DIVERSAS DE CONCRETO ARMADO, EXCETO VIGAS, PILARES, LAJES E FUNDAÇÕES, UTILIZANDO AÇO CA-50 DE 6,3 MM - MONTAGEM. AF_06/2022","KG","16,15"]
[92917,"ARMAÇÃO DE ESTRUTURAS DIVERSAS DE CONCRETO ARMADO, EXCETO VIGAS, PILARES, LAJES E FUNDAÇÕES, UTILIZANDO AÇO CA-50 DE 8,0 MM - MONTAGEM. AF_06/2022","KG","14,92"]
[92919,"ARMAÇÃO DE ESTRUTURAS DIVERSAS DE CONCRETO ARMADO, EXCETO VIGAS, PILARES, LAJES E FUNDAÇÕES, UTILIZANDO AÇO CA-50 DE 10,0 MM - MONTAGEM. AF_06/2022","KG","13,17"]
[92921,"ARMAÇÃO DE ESTRUTURAS DIVERSAS DE CONCRETO ARMADO, EXCETO VIGAS, PILARES, LAJES E FUNDAÇÕES, UTILIZANDO AÇO CA-50 DE 12,5 MM - MONTAGEM. AF_06/2022","KG","10,95"]
[92922,"ARMAÇÃO DE ESTRUTURAS DIVERSAS DE CONCRETO ARMADO, EXCETO VIGAS, PILARES, LAJES E FUNDAÇÕES, UTILIZANDO AÇO CA-50 DE 16,0 MM - MONTAGEM. AF_06/2022","KG","10,52"]
[92923,"ARMAÇÃO DE ESTRUTURAS DIVERSAS DE CONCRETO ARMADO, EXCETO VIGAS, PILARES, LAJES E FUNDAÇÕES, UTILIZANDO AÇO CA-50 DE 20,0 MM - MONTAGEM. AF_06/2022","KG","11,86"]
[92924,"ARMAÇÃO DE ESTRUTURAS DIVERSAS DE CONCRETO ARMADO, EXCETO VIGAS, PILARES, LAJES E FUNDAÇÕES, UTILIZANDO AÇO CA-50 DE 25,0 MM - MONTAGEM. AF_06/2022","KG","11,67"]
[95448,"CORTE E DOBRA DE AÇO CA-50, DIÂMERO DE 32 MM. AF_06/2022","KG","11,41"]
[95576,"MONTAGEM DE ARMADURA DE ESTACAS, DIÂMETRO = 8,0 MM. AF_09/2021_PS","KG","13,76"]
[95577,"MONTAGEM DE ARMADURA DE ESTACAS, DIÂMETRO = 10,0 MM. AF_09/2021_PS","KG","11,89"]
[95578,"MONTAGEM DE ARMADURA DE ESTACAS, DIÂMETRO = 12,5 MM. AF_09/2021_PS","KG","9,97"]
[95579,"MONTAGEM DE ARMADURA DE ESTACAS, DIÂMETRO = 16,0 MM. AF_09/2021_PS","KG","9,67"]
[95580,"MONTAGEM DE ARMADURA DE ESTACAS, DIÂMETRO = 20,0 MM. AF_09/2021_PS","KG","11,18"]
[95581,"MONTAGEM DE ARMADURA DE ESTACAS, DIÂMETRO = 25,0 MM. AF_09/2021_PS","KG","11,14"]
[95582,"MONTAGEM DE ARMADURA DE ESTACAS, DIÂMETRO = 32,0 MM. AF_09/2021_PS","KG","12,14"]
[95583,"MONTAGEM DE ARMADURA TRANSVERSAL DE ESTACAS DE SEÇÃO CIRCULAR, DIÂMETRO = 5,0 MM. AF_09/2021_PS","KG","16,56"]
[95584,"MONTAGEM DE ARMADURA TRANSVERSAL DE ESTACAS DE SEÇÃO CIRCULAR, DIÂMETRO = 6,30 MM. AF_09/2021_PS","KG","14,97"]
[95592,"MONTAGEM DE ARMADURA TRANVERSAL DE ESTACAS DE SEÇÃO RETANGULAR, DIÂMETRO = 5,0 MM. AF_09/2021_PS","KG","16,56"]
[95593,"MONTAGEM DE ARMADURA TRANSVERSAL DE ESTACAS DE SEÇÃO RETANGULAR, DIÂMETRO = 6,30 MM. AF_09/2021_PS","KG","14,97"]
[95943,"ARMAÇÃO DE ESCADA, DE UMA ESTRUTURA CONVENCIONAL DE CONCRETO ARMADO UTILIZANDO AÇO CA-60 DE 5,0 MM - MONTAGEM. AF_11/2020","KG","22,30"]
[95944,"ARMAÇÃO DE ESCADA, DE UMA ESTRUTURA CONVENCIONAL DE CONCRETO ARMADO UTILIZANDO AÇO CA-50 DE 6,3 MM - MONTAGEM. AF_11/2020","KG","20,55"]
[95945,"ARMAÇÃO DE ESCADA, DE UMA ESTRUTURA CONVENCIONAL DE CONCRETO ARMADO UTILIZANDO AÇO CA-50 DE 8,0 MM - MONTAGEM. AF_11/2020","KG","17,01"]
[95946,"ARMAÇÃO DE ESCADA, DE UMA ESTRUTURA CONVENCIONAL DE CONCRETO ARMADO UTILIZANDO AÇO CA-50 DE 10,0 MM - MONTAGEM. AF_11/2020","KG","13,81"]
[95947,"ARMAÇÃO DE ESCADA, DE UMA ESTRUTURA CONVENCIONAL DE CONCRETO ARMADO UTILIZANDO AÇO CA-50 DE 12,5 MM - MONTAGEM. AF_11/2020","KG","10,81"]
[95948,"ARMAÇÃO DE ESCADA, DE UMA ESTRUTURA CONVENCIONAL DE CONCRETO ARMADO UTILIZANDO AÇO CA-50 DE 16,0 MM - MONTAGEM. AF_11/2020","KG","9,69"]
[96544,"ARMAÇÃO DE BLOCO UTILIZANDO AÇO CA-50 DE 6,3 MM - MONTAGEM. AF_01/2024","KG","18,58"]
[96545,"ARMAÇÃO DE BLOCO UTILIZANDO AÇO CA-50 DE 8 MM - MONTAGEM. AF_01/2024","KG","17,00"]
[96546,"ARMAÇÃO DE BLOCO UTILIZANDO AÇO CA-50 DE 10 MM - MONTAGEM. AF_01/2024","KG","15,00"]
[100064,"ARMAÇÃO DO SISTEMA DE PAREDES DE CONCRETO, EXECUTADA COMO ARMADURA POSITIVA DE LAJES, TELA Q-159. AF_06/2019","KG","11,65"]
[100066,"ARMAÇÃO DO SISTEMA DE PAREDES DE CONCRETO, EXECUTADA COMO ARMADURA POSITIVA DE LAJES, TELA Q-196. AF_06/2019","KG","11,57"]
[100067,"ARMAÇÃO DO SISTEMA DE PAREDES DE CONCRETO, EXECUTADA COMO REFORÇO, VERGALHÃO DE 5,0 MM DE DIÂMETRO. AF_06/2019","KG","12,95"]
[100068,"ARMAÇÃO DO SISTEMA DE PAREDES DE CONCRETO, EXECUTADA COMO REFORÇO, VERGALHÃO DE 12,5 MM DE DIÂMETRO. AF_06/2019","KG","10,12"]
[102920,"ARMAÇÃO DE CINTA DE ALVENARIA ESTRUTURAL; DIÂMETRO DE 12,5 MM. AF_09/2021","KG","9,12"]
[102921,"ARMAÇÃO VERTICAL DE ALVENARIA ESTRUTURAL; DIÂMETRO DE 16,0 MM. AF_09/2021","KG","8,84"]
[102922,"ARMAÇÃO DE VERGA E CONTRAVERGA DE ALVENARIA ESTRUTURAL; DIÂMETRO DE 16,0 MM. AF_09/2021","KG","9,67"]
[102923,"ARMAÇÃO DE CINTA DE ALVENARIA ESTRUTURAL; DIÂMETRO DE 16,0 MM. AF_09/2021","KG","8,64"]
[103088,"ARMAÇÃO DE VERGA E CONTRAVERGA DE ALVENARIA ESTRUTURAL; DIÂMETRO DE 12,5 MM. AF_09/2021","KG","10,80"]
[104104,"ARMAÇÃO DE ESTRUTURAS DIVERSAS DE CONCRETO ARMADO, EXCETO VIGAS, PILARES, LAJES E FUNDAÇÕES, UTILIZANDO AÇO CA-50 DE 32,0 MM - MONTAGEM. AF_06/2022","KG","12,32"]
[104105,"ARMAÇÃO DE PILAR OU VIGA DE ESTRUTURA CONVENCIONAL DE CONCRETO ARMADO UTILIZANDO AÇO CA-50 DE 32,0 MM. AF_06/2022","KG","12,33"]
[104106,"ARMAÇÃO DE PILAR OU VIGA DE ESTRUTURA DE CONCRETO ARMADO EMBUTIDA EM ALVENARIA DE VEDAÇÃO UTILIZANDO AÇO CA-50 DE 16,0 MM - MONTAGEM. AF_06/2022","KG","11,12"]
[104107,"ARMAÇÃO DE PILAR OU VIGA DE ESTRUTURA DE CONCRETO ARMADO EMBUTIDA EM ALVENARIA DE VEDAÇÃO UTILIZANDO AÇO CA-50 DE 12,5 MM - MONTAGEM. AF_06/2022","KG","11,76"]
[104108,"ARMAÇÃO DE PILAR OU VIGA DE ESTRUTURA DE CONCRETO ARMADO EMBUTIDA EM ALVENARIA DE VEDAÇÃO UTILIZANDO AÇO CA-50 DE 10,0 MM - MONTAGEM. AF_06/2022","KG","13,88"]
[104109,"ARMAÇÃO DE PILAR OU VIGA DE ESTRUTURA DE CONCRETO ARMADO EMBUTIDA EM ALVENARIA DE VEDAÇÃO UTILIZANDO AÇO CA-50 DE 8,0 MM - MONTAGEM. AF_06/2022","KG","16,68"]
[104110,"ARMAÇÃO DE PILAR OU VIGA DE ESTRUTURA DE CONCRETO ARMADO EMBUTIDA EM ALVENARIA DE VEDAÇÃO UTILIZANDO AÇO CA-50 DE 6,3 MM - MONTAGEM. AF_06/2022","KG","18,63"]
[104111,"ARMAÇÃO DE PILAR OU VIGA DE ESTRUTURA DE CONCRETO ARMADO EMBUTIDA EM ALVENARIA DE VEDAÇÃO UTILIZANDO AÇO CA-60 DE 5,0 MM - MONTAGEM. AF_06/2022","KG","20,74"]
[104915,"ARMAÇÃO DE BLOCO E SAPATA UTILIZANDO AÇO CA-50 DE 25 MM - MONTAGEM. AF_01/2024","KG","11,46"]
[104917,"ARMAÇÃO DE SAPATA ISOLADA, VIGA BALDRAME E SAPATA CORRIDA UTILIZANDO AÇO CA-50 DE 6,3 MM - MONTAGEM. AF_01/2024","KG","16,35"]
[104918,"ARMAÇÃO DE SAPATA ISOLADA, VIGA BALDRAME E SAPATA CORRIDA UTILIZANDO AÇO CA-50 DE 8 MM - MONTAGEM. AF_01/2024","KG","15,37"]
[104919,"ARMAÇÃO DE SAPATA ISOLADA, VIGA BALDRAME E SAPATA CORRIDA UTILIZANDO AÇO CA-50 DE 10 MM - MONTAGEM. AF_01/2024","KG","13,81"]
[104920,"ARMAÇÃO DE BLOCO, SAPATA ISOLADA, VIGA BALDRAME E SAPATA CORRIDA UTILIZANDO AÇO CA-50 DE 12,5 MM - MONTAGEM. AF_01/2024","KG","11,75"]
[104921,"ARMAÇÃO DE BLOCO, SAPATA ISOLADA, VIGA BALDRAME E SAPATA CORRIDA UTILIZANDO AÇO CA-50 DE 16 MM - MONTAGEM. AF_01/2024","KG","11,16"]
[104922,"ARMAÇÃO DE BLOCO, SAPATA ISOLADA E SAPATA CORRIDA UTILIZANDO AÇO CA-50 DE 20 MM - MONTAGEM. AF_01/2024","KG","12,41"]
[89993,"GRAUTEAMENTO VERTICAL EM ALVENARIA ESTRUTURAL. AF_09/2021","M3","1.143,05"]
[89994,"GRAUTEAMENTO DE CINTA INTERMEDIÁRIA OU DE CONTRAVERGA EM ALVENARIA ESTRUTURAL. AF_09/2021","M3","1.007,91"]
[89995,"GRAUTEAMENTO DE CINTA SUPERIOR OU DE VERGA EM ALVENARIA ESTRUTURAL. AF_09/2021","M3","1.108,48"]
[90278,"GRAUTE FGK=15 MPA; TRAÇO 1:0,04:2,2:2,5 (EM MASSA SECA DE CIMENTO/CAL/AREIA GROSSA/BRITA 0) - PREPARO MECÂNICO COM BETONEIRA 400 L. AF_09/2021","M3","619,20"]
[90279,"GRAUTE FGK=20 MPA; TRAÇO 1:0,04:1,8:2,1 (EM MASSA SECA DE CIMENTO/ CAL/ AREIA GROSSA/ BRITA 0) - PREPARO MECÂNICO COM BETONEIRA 400 L. AF_09/2021","M3","680,04"]
[90280,"GRAUTE FGK=25 MPA; TRAÇO 1:0,02:1,3:1,6 (EM MASSA SECA DE CIMENTO/ CAL/ AREIA GROSSA/ BRITA 0) - PREPARO MECÂNICO COM BETONEIRA 400 L. AF_09/2021","M3","754,25"]
[90281,"GRAUTE FGK=30 MPA; TRAÇO 1:0,02:0,9:1,2 (EM MASSA SECA DE CIMENTO/ CAL/ AREIA GROSSA/ BRITA 0) - PREPARO MECÂNICO COM BETONEIRA 400 L. AF_09/2021","M3","875,91"]
[90282,"GRAUTE FGK=15 MPA; TRAÇO 1:2,2:2,5:0,3 (EM MASSA SECA DE CIMENTO/ AREIA GROSSA/ BRITA 0/ ADITIVO) - PREPARO MECÂNICO COM BETONEIRA 400 L. AF_09/2021","M3","610,22"]
[90283,"GRAUTE FGK=20 MPA; TRAÇO 1:1,8:2,1:0,4 (EM MASSA SECA DE CIMENTO/ AREIA GROSSA/ BRITA 0/ ADITIVO) - PREPARO MECÂNICO COM BETONEIRA 400 L. AF_09/2021","M3","671,60"]
[90284,"GRAUTE FGK=25 MPA; TRAÇO 1:1,3:1,6:0,4 (EM MASSA SECA DE CIMENTO/ AREIA GROSSA/ BRITA 0/ ADITIVO) - PREPARO MECÂNICO COM BETONEIRA 400 L. AF_09/2021","M3","749,82"]
[90285,"GRAUTE FGK=30 MPA; TRAÇO 1:0,9:1,2:0,6 (EM MASSA SECA DE CIMENTO/ AREIA GROSSA/ BRITA 0/ ADITIVO) - PREPARO MECÂNICO COM BETONEIRA 400 L. AF_09/2021","M3","878,28"]
[94962,"CONCRETO MAGRO PARA LASTRO, TRAÇO 1:4,5:4,5 (EM MASSA SECA DE CIMENTO/ AREIA MÉDIA/ BRITA 1) - PREPARO MECÂNICO COM BETONEIRA 400 L. AF_05/2021","M3","475,05"]
[94963,"CONCRETO FCK = 15MPA, TRAÇO 1:3,4:3,5 (EM MASSA SECA DE CIMENTO/ AREIA MÉDIA/ BRITA 1) - PREPARO MECÂNICO COM BETONEIRA 400 L. AF_05/2021","M3","527,86"]
[94964,"CONCRETO FCK = 20MPA, TRAÇO 1:2,7:3 (EM MASSA SECA DE CIMENTO/ AREIA MÉDIA/ BRITA 1) - PREPARO MECÂNICO COM BETONEIRA 400 L. AF_05/2021","M3","575,59"]
[94965,"CONCRETO FCK = 25MPA, TRAÇO 1:2,3:2,7 (EM MASSA SECA DE CIMENTO/ AREIA MÉDIA/ BRITA 1) - PREPARO MECÂNICO COM BETONEIRA 400 L. AF_05/2021","M3","601,28"]
[94966,"CONCRETO FCK = 30MPA, TRAÇO 1:2,1:2,5 (EM MASSA SECA DE CIMENTO/ AREIA MÉDIA/ BRITA 1) - PREPARO MECÂNICO COM BETONEIRA 400 L. AF_05/2021","M3","622,13"]
[94967,"CONCRETO FCK = 40MPA, TRAÇO 1:1,6:1,9 (EM MASSA SECA DE CIMENTO/ AREIA MÉDIA/ BRITA 1) - PREPARO MECÂNICO COM BETONEIRA 400 L. AF_05/2021","M3","708,18"]
[94968,"CONCRETO MAGRO PARA LASTRO, TRAÇO 1:4,5:4,5 (EM MASSA SECA DE CIMENTO/ AREIA MÉDIA/ BRITA 1) - PREPARO MECÂNICO COM BETONEIRA 600 L. AF_05/2021","M3","473,00"]
[94969,"CONCRETO FCK = 15MPA, TRAÇO 1:3,4:3,5 (EM MASSA SECA DE CIMENTO/ AREIA MÉDIA/ BRITA 1) - PREPARO MECÂNICO COM BETONEIRA 600 L. AF_05/2021","M3","522,59"]
[94970,"CONCRETO FCK = 20MPA, TRAÇO 1:2,7:3 (EM MASSA SECA DE CIMENTO/ AREIA MÉDIA/ BRITA 1) - PREPARO MECÂNICO COM BETONEIRA 600 L. AF_05/2021","M3","564,86"]
[94971,"CONCRETO FCK = 25MPA, TRAÇO 1:2,3:2,7 (EM MASSA SECA DE CIMENTO/ AREIA MÉDIA/ BRITA 1) - PREPARO MECÂNICO COM BETONEIRA 600 L. AF_05/2021","M3","596,41"]
[94972,"CONCRETO FCK = 30MPA, TRAÇO 1:2,1:2,5 (EM MASSA SECA DE CIMENTO/ AREIA MÉDIA/ BRITA 1) - PREPARO MECÂNICO COM BETONEIRA 600 L. AF_05/2021","M3","617,20"]
[94973,"CONCRETO FCK = 40MPA, TRAÇO 1:1,6:1,9 (EM MASSA SECA DE CIMENTO/ AREIA MÉDIA/ BRITA 1) - PREPARO MECÂNICO COM BETONEIRA 600 L. AF_05/2021","M3","701,91"]
[94974,"CONCRETO MAGRO PARA LASTRO, TRAÇO 1:4,5:4,5 (EM MASSA SECA DE CIMENTO/ AREIA MÉDIA/ BRITA 1) - PREPARO MANUAL. AF_05/2021","M3","537,28"]
[94975,"CONCRETO FCK = 15MPA, TRAÇO 1:3,4:3,5 (EM MASSA SECA DE CIMENTO/ AREIA MÉDIA/ BRITA 1) - PREPARO MANUAL. AF_05/2021","M3","584,00"]
[96555,"CONCRETAGEM DE BLOCO DE COROAMENTO OU VIGA BALDRAME, FCK 30 MPA, COM USO DE JERICA - LANÇAMENTO, ADENSAMENTO E ACABAMENTO. AF_01/2024","M3","837,68"]
[96556,"CONCRETAGEM DE SAPATA, FCK 30 MPA, COM USO DE JERICA - LANÇAMENTO, ADENSAMENTO E ACABAMENTO. AF_01/2024","M3","982,78"]
[96557,"CONCRETAGEM DE BLOCO DE COROAMENTO OU VIGA BALDRAME, FCK 30 MPA, COM USO DE BOMBA - LANÇAMENTO, ADENSAMENTO E ACABAMENTO. AF_01/2024","M3","972,11"]
[96558,"CONCRETAGEM DE SAPATA, FCK 30 MPA, COM USO DE BOMBA - LANÇAMENTO, ADENSAMENTO E ACABAMENTO. AF_01/2024","M3","1.009,70"]
[99235,"CONCRETAGEM DE EDIFICAÇÕES (PAREDES E LAJES) FEITAS COM SISTEMA DE FÔRMAS MANUSEÁVEIS, COM CONCRETO USINADO AUTOADENSÁVEL FCK 25 MPA - LANÇAMENTO E ACABAMENTO. AF_09/2024","M3","886,40"]
[99431,"CONCRETAGEM DE LAJES EM EDIFICAÇÕES UNIFAMILIARES FEITAS COM SISTEMA DE FÔRMAS MANUSEÁVEIS, COM CONCRETO USINADO BOMBEÁVEL FCK 25 MPA - LANÇAMENTO, ADENSAMENTO E ACABAMENTO. AF_09/2024","M3","984,94"]
[99432,"CONCRETAGEM DE PAREDES EM EDIFICAÇÕES UNIFAMILIARES FEITAS COM SISTEMA DE FÔRMAS MANUSEÁVEIS, COM CONCRETO USINADO BOMBEÁVEL FCK 25 MPA - LANÇAMENTO, ADENSAMENTO E ACABAMENTO. AF_09/2024","M3","963,27"]
[99433,"CONCRETAGEM DE PLATIBANDA EM EDIFICAÇÕES UNIFAMILIARES FEITAS COM SISTEMA DE FÔRMAS MANUSEÁVEIS, COM CONCRETO USINADO BOMBEÁVEL FCK 25 MPA - LANÇAMENTO, ADENSAMENTO E ACABAMENTO. AF_09/2024","M3","1.038,36"]
[99434,"CONCRETAGEM DE LAJES EM EDIFICAÇÕES MULTIFAMILIARES FEITAS COM SISTEMA DE FÔRMAS MANUSEÁVEIS, COM CONCRETO USINADO BOMBEÁVEL FCK 25 MPA - LANÇAMENTO, ADENSAMENTO E ACABAMENTO. AF_09/2024","M3","988,29"]
[99435,"CONCRETAGEM DE PAREDES EM EDIFICAÇÕES MULTIFAMILIARES FEITAS COM SISTEMA DE FÔRMAS MANUSEÁVEIS, COM CONCRETO USINADO BOMBEÁVEL FCK 25 MPA - LANÇAMENTO, ADENSAMENTO E ACABAMENTO. AF_09/2024","M3","965,68"]
[99436,"CONCRETAGEM DE PLATIBANDA EM EDIFICAÇÕES MULTIFAMILIARES FEITAS COM SISTEMA DE FÔRMAS MANUSEÁVEIS, COM CONCRETO USINADO BOMBEÁVEL FCK 25 MPA - LANÇAMENTO, ADENSAMENTO E ACABAMENTO. AF_09/2024","M3","1.057,48"]
[99437,"CONCRETAGEM DE PLATIBANDA EM EDIFICAÇÕES MULTIFAMILIARES FEITAS COM SISTEMA DE FÔRMAS MANUSEÁVEIS, COM CONCRETO USINADO AUTOADENSÁVEL FCK 25 MPA - LANÇAMENTO E ACABAMENTO. AF_09/2024","M3","947,13"]
[99438,"CONCRETAGEM DE PLATIBANDA EM EDIFICAÇÕES UNIFAMILIARES FEITAS COM SISTEMA DE FÔRMAS MANUSEÁVEIS, COM CONCRETO USINADO AUTOADENSÁVEL FCK 25 MPA - LANÇAMENTO E ACABAMENTO. AF_09/2024","M3","940,83"]
[99439,"CONCRETAGEM DE EDIFICAÇÕES (PAREDES E LAJES) FEITAS COM SISTEMA DE FÔRMAS MANUSEÁVEIS, COM CONCRETO USINADO BOMBEÁVEL FCK 25 MPA - LANÇAMENTO, ADENSAMENTO E ACABAMENTO. AF_09/2024","M3","972,12"]
[102473,"CONCRETO MAGRO PARA LASTRO, TRAÇO 1:4,5:4,5 (EM MASSA SECA DE CIMENTO/ AREIA MÉDIA/ SEIXO ROLADO) - PREPARO MECÂNICO COM BETONEIRA 400 L. AF_05/2021","M3","703,35"]
[102474,"CONCRETO FCK = 15MPA, TRAÇO 1:3,4:3,4 (EM MASSA SECA DE CIMENTO/ AREIA MÉDIA/ SEIXO ROLADO) - PREPARO MECÂNICO COM BETONEIRA 400 L. AF_05/2021","M3","750,47"]
[102475,"CONCRETO FCK = 20MPA, TRAÇO 1:2,6:2,9 (EM MASSA SECA DE CIMENTO/ AREIA MÉDIA/ SEIXO ROLADO) - PREPARO MECÂNICO COM BETONEIRA 400 L. AF_05/2021","M3","805,06"]
[102476,"CONCRETO FCK = 25MPA, TRAÇO 1:2,2:2,5 (EM MASSA SECA DE CIMENTO/ AREIA MÉDIA/ SEIXO ROLADO) - PREPARO MECÂNICO COM BETONEIRA 400 L. AF_05/2021","M3","831,00"]
[102477,"CONCRETO FCK = 30MPA, TRAÇO 1:1,9:2,3 (EM MASSA SECA DE CIMENTO/ AREIA MÉDIA/ SEIXO ROLADO) - PREPARO MECÂNICO COM BETONEIRA 400 L. AF_05/2021","M3","873,22"]
[102478,"CONCRETO FCK = 40MPA, TRAÇO 1:1,4:1,8 (EM MASSA SECA DE CIMENTO/ AREIA MÉDIA/ SEIXO ROLADO) - PREPARO MECÂNICO COM BETONEIRA 400 L. AF_05/2021","M3","937,77"]
[102479,"CONCRETO MAGRO PARA LASTRO, TRAÇO 1:4,5:4,5 (EM MASSA SECA DE CIMENTO/ AREIA MÉDIA/ SEIXO ROLADO) - PREPARO MECÂNICO COM BETONEIRA 600 L. AF_05/2021","M3","702,48"]
[102480,"CONCRETO FCK = 15MPA, TRAÇO 1:3,4:3,4 (EM MASSA SECA DE CIMENTO/ AREIA MÉDIA/ SEIXO ROLADO) - PREPARO MECÂNICO COM BETONEIRA 600 L. AF_05/2021","M3","746,01"]
[102481,"CONCRETO FCK = 20MPA, TRAÇO 1:2,6:2,9 (EM MASSA SECA DE CIMENTO/ AREIA MÉDIA/ SEIXO ROLADO) - PREPARO MECÂNICO COM BETONEIRA 600 L. AF_05/2021","M3","795,45"]
[102482,"CONCRETO FCK = 25MPA, TRAÇO 1:2,2:2,5 (EM MASSA SECA DE CIMENTO/ AREIA MÉDIA/ SEIXO ROLADO) - PREPARO MECÂNICO COM BETONEIRA 600 L. AF_05/2021","M3","830,58"]
[102483,"CONCRETO FCK = 30MPA, TRAÇO 1:1,9:2,3 (EM MASSA SECA DE CIMENTO/ AREIA MÉDIA/ SEIXO ROLADO) - PREPARO MECÂNICO COM BETONEIRA 600 L. AF_05/2021","M3","869,56"]
[102484,"CONCRETO FCK = 40MPA, TRAÇO 1:1,4:1,8 (EM MASSA SECA DE CIMENTO/ AREIA MÉDIA/ SEIXO ROLADO) - PREPARO MECÂNICO COM BETONEIRA 600 L. AF_05/2021","M3","938,72"]
[102485,"CONCRETO MAGRO PARA LASTRO, TRAÇO 1:4,5:4,5 (EM MASSA SECA DE CIMENTO/ AREIA MÉDIA/ SEIXO ROLADO) - PREPARO MANUAL. AF_05/2021","M3","771,35"]
[102486,"CONCRETO FCK = 15MPA, TRAÇO 1:3,4:3,4 (EM MASSA SECA DE CIMENTO/ AREIA MÉDIA/ SEIXO ROLADO) - PREPARO MANUAL. AF_05/2021","M3","809,11"]
[102487,"CONCRETO CICLÓPICO FCK = 15MPA, 30% PEDRA DE MÃO EM VOLUME REAL, INCLUSIVE LANÇAMENTO. AF_05/2021","M3","667,73"]
[103183,"CONCRETAGEM DE ESCADAS EM EDIFICAÇÕES MULTIFAMILIARES FEITAS COM SISTEMA DE FÔRMAS MANUSEÁVEIS COM CONCRETO USINADO BOMBEÁVEL, FCK 25 MPA - LANÇAMENTO, ADENSAMENTO E ACABAMENTO. AF_09/2024","M3","1.038,70"]
[103184,"CONCRETAGEM DE ESCADAS EM EDIFICAÇÕES MULTIFAMILIARES FEITAS COM SISTEMA DE FÔRMAS MANUSEÁVEIS COM CONCRETO USINADO AUTOADENSÁVEL, FCK 25 MPA - LANÇAMENTO E ACABAMENTO. AF_09/2024","M3","905,53"]
[103669,"CONCRETAGEM DE PILARES, FCK = 25 MPA,  COM USO DE BALDES - LANÇAMENTO, ADENSAMENTO E ACABAMENTO. AF_02/2022","M3","1.157,16"]
[103670,"LANÇAMENTO COM USO DE BALDES, ADENSAMENTO E ACABAMENTO DE CONCRETO EM ESTRUTURAS. AF_02/2022","M3","277,21"]
[103671,"CONCRETAGEM DE PILARES, FCK = 25 MPA, COM USO DE GRUA - LANÇAMENTO, ADENSAMENTO E ACABAMENTO. AF_02/2022","M3","924,89"]
[103672,"CONCRETAGEM DE PILARES, FCK = 25 MPA, COM USO DE BOMBA - LANÇAMENTO, ADENSAMENTO E ACABAMENTO. AF_02/2022_PS","M3","868,20"]
[103673,"LANÇAMENTO COM USO DE BOMBA, ADENSAMENTO E ACABAMENTO DE CONCRETO EM ESTRUTURAS. AF_02/2022","M3","38,90"]
[103674,"CONCRETAGEM DE VIGAS E LAJES, FCK=25 MPA, PARA LAJES PREMOLDADAS COM USO DE BOMBA - LANÇAMENTO, ADENSAMENTO E ACABAMENTO. AF_02/2022_PS","M3","887,23"]
[103675,"CONCRETAGEM DE VIGAS E LAJES, FCK=25 MPA, PARA LAJES MACIÇAS OU NERVURADAS COM USO DE BOMBA - LANÇAMENTO, ADENSAMENTO E ACABAMENTO. AF_02/2022_PS","M3","868,74"]
[103676,"CONCRETAGEM DE VIGAS E LAJES, FCK=25 MPA, PARA LAJES PREMOLDADAS COM JERICAS EM ELEVADOR DE CABO EM EDIFICAÇÃO DE MULTIPAVIMENTOS ATÉ 16 ANDARES - LANÇAMENTO, ADENSAMENTO E ACABAMENTO. AF_02/2022","M3","1.209,62"]
[103677,"CONCRETAGEM DE VIGAS E LAJES, FCK=25 MPA, PARA LAJES MACIÇAS OU NERVURADAS COM JERICAS EM ELEVADOR DE CABO EM EDIFICAÇÃO DE MULTIPAVIMENTOS ATÉ 16 ANDARES  - LANÇAMENTO, ADENSAMENTO E ACABAMENTO. AF_02/2022","M3","1.050,83"]
[103678,"CONCRETAGEM DE VIGAS E LAJES, FCK=25 MPA, PARA LAJES PREMOLDADAS COM JERICAS EM CREMALHEIRA EM EDIFICAÇÃO DE MULTIPAVIMENTOS ATÉ 16 ANDARES  - LANÇAMENTO, ADENSAMENTO E ACABAMENTO. AF_02/2022","M3","1.120,84"]
[103679,"CONCRETAGEM DE VIGAS E LAJES, FCK=25 MPA, PARA LAJES MACIÇAS OU NERVURADAS COM JERICAS EM CREMALHEIRA EM EDIFICAÇÃO DE MULTIPAVIMENTOS ATÉ 16 ANDARES - LANÇAMENTO, ADENSAMENTO E ACABAMENTO. AF_02/2022","M3","1.011,43"]
[103680,"CONCRETAGEM DE VIGAS E LAJES, FCK=25 MPA, PARA LAJES PREMOLDADAS COM GRUA DE CAÇAMBA DE 350 L EM EDIFICAÇÃO DE MULTIPAVIMENTOS ATÉ 16 ANDARES - LANÇAMENTO, ADENSAMENTO E ACABAMENTO. AF_02/2022","M3","1.055,76"]
[103681,"CONCRETAGEM DE VIGAS E LAJES, FCK=25 MPA, PARA LAJES MACIÇAS OU NERVURADAS COM GRUA DE CAÇAMBA DE 500 L EM EDIFICAÇÃO DE MULTIPAVIMENTOS ATÉ 16 ANDARES - LANÇAMENTO, ADENSAMENTO E ACABAMENTO. AF_02/2022","M3","949,16"]
[103682,"CONCRETAGEM DE VIGAS E LAJES, FCK=25 MPA, PARA QUALQUER TIPO DE LAJE COM BALDES EM EDIFICAÇÃO TÉRREA - LANÇAMENTO, ADENSAMENTO E ACABAMENTO. AF_02/2022","M3","1.173,76"]
[103683,"CONCRETAGEM DE VIGAS E LAJES, FCK=25 MPA, PARA QUALQUER TIPO DE LAJE COM BALDES EM EDIFICAÇÃO DE MULTIPAVIMENTOS ATÉ 04 ANDARES - LANÇAMENTO, ADENSAMENTO E ACABAMENTO. AF_02/2022","M3","1.442,77"]
[103684,"CONCRETAGEM DE RESERVATÓRIOS, FCK=25 MPA, COM USO DE BOMBA - LANÇAMENTO, ADENSAMENTO E ACABAMENTO. AF_02/2022_PS","M3","884,71"]
[103685,"CONCRETAGEM DE MURETAS, FCK=25 MPA, COM USO DE BOMBA - LANÇAMENTO, ADENSAMENTO E ACABAMENTO. AF_02/2022_PS","M3","873,01"]
[103686,"CONCRETAGEM DE ESCADAS, FCK=25 MPA, COM USO DE BOMBA - LANÇAMENTO, ADENSAMENTO E ACABAMENTO. AF_02/2022_PS","M3","929,09"]
[103687,"CONCRETAGEM DE PILARES, FCK=25 MPA, COM USO DE JERICAS EM ELEVADOR DE CABO - LANÇAMENTO, ADENSAMENTO E ACABAMENTO. AF_02/2022","M3","1.272,24"]
[103688,"CONCRETAGEM DE PILARES, FCK=25 MPA, COM USO DE JERICAS EM CREMALHEIRA - LANÇAMENTO, ADENSAMENTO E ACABAMENTO. AF_02/2022","M3","1.044,79"]
[104916,"ARMAÇÃO DE SAPATA ISOLADA, VIGA BALDRAME E SAPATA CORRIDA UTILIZANDO AÇO CA-60 DE 5 MM - MONTAGEM. AF_01/2024","KG","17,31"]
[104923,"CONCRETAGEM DE SAPATA CORRIDA, FCK 30 MPA, COM USO DE JERICA - LANÇAMENTO, ADENSAMENTO E ACABAMENTO. AF_01/2024","M3","893,16"]
[104924,"CONCRETAGEM DE SAPATA CORRIDA, FCK 30 MPA, COM USO DE BOMBA - LANÇAMENTO, ADENSAMENTO E ACABAMENTO. AF_01/2024","M3","1.001,38"]
[101963,"LAJE PRÉ-MOLDADA UNIDIRECIONAL, BIAPOIADA, PARA PISO, ENCHIMENTO EM CERÂMICA, VIGOTA CONVENCIONAL, ALTURA TOTAL DA LAJE (ENCHIMENTO+CAPA) = (8+4). AF_11/2020_PA","M2","200,14"]
[101964,"LAJE PRÉ-MOLDADA UNIDIRECIONAL, BIAPOIADA, PARA FORRO, ENCHIMENTO EM CERÂMICA, VIGOTA CONVENCIONAL, ALTURA TOTAL DA LAJE (ENCHIMENTO+CAPA) = (8+3). AF_11/2020_PA","M2","185,39"]
[101165,"ALVENARIA DE EMBASAMENTO COM BLOCO ESTRUTURAL DE CONCRETO, DE 14X19X29CM E ARGAMASSA DE ASSENTAMENTO COM PREPARO EM BETONEIRA. AF_05/2020","M3","1.008,81"]
[101166,"ALVENARIA DE EMBASAMENTO COM BLOCO ESTRUTURAL DE CERÂMICA, DE 14X19X29CM E ARGAMASSA DE ASSENTAMENTO COM PREPARO EM BETONEIRA. AF_05/2020","M3","746,95"]
[98575,"TRATAMENTO DE JUNTA DE DILATAÇÃO, COM TARUGO DE POLIETILENO E SELANTE PU, INCLUSO PREENCHIMENTO COM ESPUMA EXPANSIVA PU. AF_09/2023","M","67,16"]
[98576,"TRATAMENTO DE JUNTA DE DILATAÇÃO COM MANTA ASFÁLTICA ADERIDA COM MAÇARICO. AF_09/2023","M","28,12"]
[98577,"TRATAMENTO DE JUNTA SERRADA, COM TARUGO DE POLIETILENO E SELANTE À BASE DE SILICONE. AF_09/2023","M","44,25"]
[93184,"VERGA PRÉ-MOLDADA COM ATÉ 1,5 M DE VÃO, ESPESSURA DE *20* CM. AF_03/2024","M","29,83"]
[93187,"VERGA MOLDADA IN LOCO EM CONCRETO, ESPESSURA DE *20* CM. AF_03/2024","M","77,17"]
[93191,"VERGA MOLDADA IN LOCO COM UTILIZAÇÃO DE BLOCOS CANALETA, ESPESSURA DE *20* CM. AF_03/2024","M","75,10"]
[93194,"CONTRAVERGA PRÉ-MOLDADA, ESPESSURA DE *20* CM. AF_03/2024","M","29,17"]
[93197,"CONTRAVERGA MOLDADA IN LOCO EM CONCRETO, ESPESSURA DE *20* CM. AF_03/2024","M","58,94"]
[93199,"CONTRAVERGA MOLDADA IN LOCO COM UTILIZAÇÃO DE BLOCOS CANALETA, ESPESSURA DE *20* CM. AF_03/2024","M","54,31"]
[93200,"FIXAÇÃO (ENCUNHAMENTO) DE ALVENARIA DE VEDAÇÃO COM ARGAMASSA APLICADA COM BISNAGA. AF_03/2024","M","10,85"]
[93202,"FIXAÇÃO (ENCUNHAMENTO) DE ALVENARIA DE VEDAÇÃO COM TIJOLO MACIÇO. AF_03/2024","M","30,17"]
[93203,"FIXAÇÃO (ENCUNHAMENTO) DE ALVENARIA DE VEDAÇÃO COM ESPUMA DE POLIURETANO EXPANSIVA. AF_03/2024","M","15,78"]
[93205,"CINTA DE AMARRAÇÃO DE ALVENARIA MOLDADA IN LOCO COM UTILIZAÇÃO DE BLOCOS CANALETA, ESPESSURA DE *20* CM. AF_03/2024","M","64,78"]
[105021,"VERGA PRÉ-MOLDADA COM ATÉ 1,5 M DE VÃO, ESPESSURA DE *15* CM. AF_03/2024","M","25,57"]
[105022,"VERGA PRÉ-MOLDADA COM ATÉ 1,5 M DE VÃO, ESPESSURA DE *10* CM. AF_03/2024","M","22,14"]
[105023,"VERGA MOLDADA IN LOCO EM CONCRETO, ESPESSURA DE *15* CM. AF_03/2024","M","65,30"]
[105024,"VERGA MOLDADA IN LOCO EM CONCRETO, ESPESSURA DE *10* CM. AF_03/2024","M","53,40"]
[105025,"VERGA MOLDADA IN LOCO COM UTILIZAÇÃO DE BLOCOS CANALETA, ESPESSURA DE *15* CM. AF_03/2024","M","62,16"]
[105026,"VERGA MOLDADA IN LOCO COM UTILIZAÇÃO DE BLOCOS CANALETA, ESPESSURA DE *10* CM. AF_03/2024","M","43,89"]
[105027,"CONTRAVERGA PRÉ-MOLDADA, ESPESSURA DE *15* CM. AF_03/2024","M","25,25"]
[105028,"CONTRAVERGA PRÉ-MOLDADA, ESPESSURA DE *10* CM. AF_03/2024","M","21,83"]
[105029,"CONTRAVERGA MOLDADA IN LOCO EM CONCRETO, ESPESSURA DE *15* CM. AF_03/2024","M","50,39"]
[105030,"CONTRAVERGA MOLDADA IN LOCO EM CONCRETO, ESPESSURA DE *10* CM. AF_03/2024","M","41,88"]
[105031,"CONTRAVERGA MOLDADA IN LOCO COM UTILIZAÇÃO DE BLOCOS CANALETA, ESPESSURA DE *15* CM. AF_03/2024","M","51,58"]
[105032,"CONTRAVERGA MOLDADA IN LOCO COM UTILIZAÇÃO DE BLOCOS CANALETA, ESPESSURA DE *10* CM. AF_03/2024","M","35,08"]
[105033,"CINTA DE AMARRAÇÃO DE ALVENARIA MOLDADA IN LOCO COM UTILIZAÇÃO DE BLOCOS CANALETA, ESPESSURA DE *15* CM. AF_03/2024","M","61,01"]
[105034,"CINTA DE AMARRAÇÃO DE ALVENARIA MOLDADA IN LOCO COM UTILIZAÇÃO DE BLOCOS CANALETA, ESPESSURA DE *10* CM. AF_03/2024","M","43,47"]
[105035,"VERGA PRÉ-FABRICADA COM ATÉ 1,5 M DE VÃO, ESPESSURA DE *20* CM. AF_03/2024","M","65,97"]
[105036,"VERGA PRÉ-FABRICADA COM ATÉ 1,5 M DE VÃO, ESPESSURA DE *15* CM. AF_03/2024","M","47,53"]
[105037,"VERGA PRÉ-FABRICADA COM ATÉ 1,5 M DE VÃO, ESPESSURA DE *10* CM. AF_03/2024","M","32,16"]
[105038,"CONTRAVERGA PRÉ-FABRICADA, ESPESSURA DE *20* CM. AF_03/2024","M","65,80"]
[105039,"CONTRAVERGA PRÉ-FABRICADA, ESPESSURA DE *15* CM. AF_03/2024","M","47,34"]
[105040,"CONTRAVERGA PRÉ-FABRICADA, ESPESSURA DE *10* CM. AF_03/2024","M","32,01"]
[97733,"PEÇA RETANGULAR PRÉ-MOLDADA, VOLUME DE CONCRETO DE ATÉ 10 LITROS, TAXA DE AÇO APROXIMADA DE 30KG/M³. AF_03/2024","M3","3.422,85"]
[97734,"PEÇA RETANGULAR PRÉ-MOLDADA, VOLUME DE CONCRETO DE 10 A 30 LITROS, TAXA DE AÇO APROXIMADA DE 30KG/M³. AF_03/2024","M3","2.995,32"]
[97735,"PEÇA RETANGULAR PRÉ-MOLDADA, VOLUME DE CONCRETO DE 30 A 100 LITROS, TAXA DE AÇO APROXIMADA DE 30KG/M³. AF_03/2024","M3","2.495,89"]
[97736,"PEÇA RETANGULAR PRÉ-MOLDADA, VOLUME DE CONCRETO ACIMA DE 100 LITROS, TAXA DE AÇO APROXIMADA DE 30KG/M³. AF_03/2024","M3","1.609,60"]
[97737,"PEÇA RETANGULAR PRÉ-MOLDADA, VOLUME DE CONCRETO DE 30 A 70 LITROS, TAXA DE AÇO APROXIMADA DE 70KG/M³. AF_03/2024","M3","3.323,68"]
[97738,"PEÇA CIRCULAR PRÉ-MOLDADA, VOLUME DE CONCRETO DE 10 A 30 LITROS, TAXA DE FIBRA DE POLIPROPILENO APROXIMADA DE 6 KG/M³. AF_03/2024_PS","M3","4.185,97"]
[97739,"PEÇA CIRCULAR PRÉ-MOLDADA, VOLUME DE CONCRETO DE 30 A 100 LITROS, TAXA DE AÇO APROXIMADA DE 30KG/M³. AF_03/2024","M3","3.083,40"]
[97740,"PEÇA CIRCULAR PRÉ-MOLDADA, VOLUME DE CONCRETO ACIMA DE 100 LITROS, TAXA DE AÇO APROXIMADA DE 30KG/M³. AF_03/2024","M3","2.291,21"]
[98615,"CONTENÇÃO EM CORTINA COM ESTACAS ESPAÇADAS COM 30 CM DE DIÂMETRO E PROFUNDIDADE MENOR OU IGUAL A 10 M. AF_06/2018","M2","176,63"]
[98616,"CONTENÇÃO EM CORTINA COM ESTACAS ESPAÇADAS COM 30 CM DE DIÂMETRO E PROFUNDIDADE MAIOR QUE 10 M E MENOR OU IGUAL A 15 M. AF_06/2018","M2","143,61"]
[98617,"CONTENÇÃO EM CORTINA COM ESTACAS ESPAÇADAS COM 30 CM DE DIÂMETRO E PROFUNDIDADE MAIOR QUE 15 M. AF_06/2018","M2","134,72"]
[98618,"CONTENÇÃO EM CORTINA COM ESTACAS ESPAÇADAS COM 40 CM DE DIÂMETRO E PROFUNDIDADE MENOR OU IGUAL A 10 M. AF_06/2018","M2","183,94"]
[98619,"CONTENÇÃO EM CORTINA COM ESTACAS ESPAÇADAS COM 40 CM DE DIÂMETRO E PROFUNDIDADE MAIOR QUE 10 M E MENOR OU IGUAL A 15 M. AF_06/2018","M2","170,42"]
[98620,"CONTENÇÃO EM CORTINA COM ESTACAS ESPAÇADAS COM 40 CM DE DIÂMETRO E PROFUNDIDADE MAIOR QUE 15 M. AF_06/2018","M2","163,61"]
[98621,"CONTENÇÃO EM CORTINA COM ESTACAS ESPAÇADAS COM 50 CM DE DIÂMETRO E PROFUNDIDADE MENOR OU IGUAL A 10 M. AF_06/2018","M2","212,42"]
[98622,"CONTENÇÃO EM CORTINA COM ESTACAS ESPAÇADAS COM 50 CM DE DIÂMETRO E PROFUNDIDADE MAIOR QUE 10 M E MENOR OU IGUAL A 15 M. AF_06/2018","M2","201,54"]
[98623,"CONTENÇÃO EM CORTINA COM ESTACAS ESPAÇADAS COM 50 CM DE DIÂMETRO E PROFUNDIDADE MAIOR QUE 15 M. AF_06/2018","M2","195,97"]
[98624,"CONTENÇÃO EM CORTINA COM ESTACAS ESPAÇADAS COM 60 CM DE DIÂMETRO E PROFUNDIDADE MENOR OU IGUAL A 10 M. AF_06/2018","M2","242,70"]
[98625,"CONTENÇÃO EM CORTINA COM ESTACAS ESPAÇADAS COM 60 CM DE DIÂMETRO E PROFUNDIDADE MAIOR QUE 10 M E MENOR OU IGUAL A 15 M. AF_06/2018","M2","233,47"]
[98626,"CONTENÇÃO EM CORTINA COM ESTACAS ESPAÇADAS COM 60 CM DE DIÂMETRO E PROFUNDIDADE MAIOR QUE 15 M. AF_06/2018","M2","228,68"]
[98655,"EXECUÇÃO DE MURETA GUIA PARA CONTENÇÃO/ FUNDAÇÃO COM 30 CM DE ESPESSURA. AF_06/2018","M","740,97"]
[98656,"EXECUÇÃO DE MURETA GUIA PARA CONTENÇÃO/ FUNDAÇÃO COM 40 CM DE ESPESSURA. AF_06/2018","M","753,88"]
[98657,"EXECUÇÃO DE MURETA GUIA PARA CONTENÇÃO/ FUNDAÇÃO COM 50 CM DE ESPESSURA. AF_06/2018","M","766,80"]
[98658,"EXECUÇÃO DE MURETA GUIA PARA CONTENÇÃO/ FUNDAÇÃO COM 60 CM DE ESPESSURA. AF_06/2018","M","779,70"]
[98659,"EXECUÇÃO DE MURETA GUIA PARA CONTENÇÃO/ FUNDAÇÃO COM 80 CM DE ESPESSURA. AF_06/2018","M","805,52"]
[98746,"SOLDA DE TOPO EM CHAPA/PERFIL/TUBO DE AÇO CHANFRADO, ESPESSURA=1/4''. AF_06/2018","M","63,25"]
[98749,"SOLDA DE TOPO EM CHAPA/PERFIL/TUBO DE AÇO CHANFRADO, ESPESSURA=5/16''. AF_06/2018","M","76,08"]
[98750,"SOLDA DE TOPO EM CHAPA/PERFIL/TUBO DE AÇO CHANFRADO, ESPESSURA=3/8''. AF_06/2018","M","91,65"]
[98751,"SOLDA DE TOPO EM CHAPA/PERFIL/TUBO DE AÇO CHANFRADO, ESPESSURA=1/2''. AF_06/2018","M","132,32"]
[98752,"SOLDA DE TOPO EM CHAPA/PERFIL/TUBO DE AÇO CHANFRADO, ESPESSURA=5/8''. AF_06/2018","M","181,36"]
[98753,"SOLDA DE TOPO EM CHAPA/PERFIL/TUBO DE AÇO CHANFRADO, ESPESSURA=3/4''. AF_06/2018","M","242,40"]
[100763,"VIGA METÁLICA EM PERFIL LAMINADO OU SOLDADO EM AÇO ESTRUTURAL, COM CONEXÕES PARAFUSADAS, INCLUSOS MÃO DE OBRA, TRANSPORTE E IÇAMENTO UTILIZANDO GUINDASTE - FORNECIMENTO E INSTALAÇÃO. AF_01/2020_PSA","KG","15,54"]
[100764,"VIGA METÁLICA EM PERFIL LAMINADO OU SOLDADO EM AÇO ESTRUTURAL, COM CONEXÕES SOLDADAS, INCLUSOS MÃO DE OBRA, TRANSPORTE E IÇAMENTO UTILIZANDO GUINDASTE - FORNECIMENTO E INSTALAÇÃO. AF_01/2020_PA","KG","15,27"]
[100765,"PILAR METÁLICO PERFIL LAMINADO/SOLDADO EM AÇO ESTRUTURAL, COM CONEXÕES PARAFUSADAS, INCLUSOS MÃO DE OBRA, TRANSPORTE E IÇAMENTO UTILIZANDO GUINDASTE - FORNECIMENTO E INSTALAÇÃO. AF_01/2020_PSA","KG","13,87"]
[100766,"PILAR METÁLICO PERFIL LAMINADO OU SOLDADO EM AÇO ESTRUTURAL, COM CONEXÕES SOLDADAS, INCLUSOS MÃO DE OBRA, TRANSPORTE E IÇAMENTO UTILIZANDO GUINDASTE - FORNECIMENTO E INSTALAÇÃO. AF_01/2020_PA","KG","14,02"]
[100767,"CONTRAVENTAMENTO COM CANTONEIRAS DE AÇO, ABAS IGUAIS, COM CONEXÕES PARAFUSADAS, INCLUSOS MÃO DE OBRA, TRANSPORTE E IÇAMENTO UTILIZANDO TALHA MANUAL, PARA EDIFÍCIOS DE ATÉ 2 PAVIMENTOS - FORNECIMENTO E INSTALAÇÃO. AF_01/2020_PSA","KG","16,07"]
[100768,"CONTRAVENTAMENTO COM CANTONEIRAS DE AÇO, ABAS IGUAIS, COM CONEXÕES SOLDADAS, INCLUSOS MÃO DE OBRA, TRANSPORTE E IÇAMENTO UTILIZANDO TALHA MANUAL, PARA EDIFÍCIOS DE ATÉ 2 PAVIMENTOS - FORNECIMENTO E INSTALAÇÃO. AF_01/2020_PA","KG","15,31"]
[100769,"CONTRAVENTAMENTO COM CANTONEIRAS DE AÇO, ABAS IGUAIS, COM CONEXÕES PARAFUSADAS, INCLUSOS MÃO DE OBRA, TRANSPORTE E IÇAMENTO UTILIZANDO GUINDASTE, PARA EDIFÍCIOS DE 3 A 5 PAVIMENTOS - FORNECIMENTO E INSTALAÇÃO. AF_01/2020_PSA","KG","22,16"]
[100770,"CONTRAVENTAMENTO COM CANTONEIRAS DE AÇO, ABAS IGUAIS, COM CONEXÕES SOLDADAS, INCLUSOS MÃO DE OBRA, TRANSPORTE E IÇAMENTO UTILIZANDO GUINDASTE, PARA EDIFÍCIOS DE 3 A 5 PAVIMENTOS - FORNECIMENTO E INSTALAÇÃO. AF_01/2020_PA","KG","21,16"]
[100771,"CONTRAVENTAMENTO COM CANTONEIRAS DE AÇO, ABAS IGUAIS, COM CONEXÕES PARAFUSADAS, INCLUSOS MÃO DE OBRA, TRANSPORTE E IÇAMENTO UTILIZANDO GRUA, PARA EDIFÍCIOS DE 6 A 10 PAVIMENTOS - FORNECIMENTO E INSTALAÇÃO. AF_01/2020_PSA","KG","16,36"]
[100772,"CONTRAVENTAMENTO COM CANTONEIRAS DE AÇO, ABAS IGUAIS, COM CONEXÕES SOLDADAS, INCLUSOS MÃO DE OBRA, TRANSPORTE E IÇAMENTO UTILIZANDO GRUA, PARA EDIFÍCIOS DE 6 A 10 PAVIMENTOS - FORNECIMENTO E INSTALAÇÃO. AF_01/2020_PA","KG","15,49"]
[100773,"ESTRUTURA TRELIÇADA DE COBERTURA, TIPO ARCO, COM LIGAÇÕES SOLDADAS, INCLUSOS PERFIS METÁLICOS, CHAPAS METÁLICAS, MÃO DE OBRA E TRANSPORTE COM GUINDASTE - FORNECIMENTO E INSTALAÇÃO. AF_01/2020_PSA","KG","18,91"]
[100774,"ESTRUTURA TRELIÇADA DE COBERTURA, TIPO SHED, COM LIGAÇÕES SOLDADAS, INCLUSOS PERFIS METÁLICOS, CHAPAS METÁLICAS, MÃO DE OBRA E TRANSPORTE COM GUINDASTE - FORNECIMENTO E INSTALAÇÃO. AF_01/2020_PSA","KG","11,22"]
[100775,"ESTRUTURA TRELIÇADA DE COBERTURA, TIPO FINK, COM LIGAÇÕES SOLDADAS, INCLUSOS PERFIS METÁLICOS, CHAPAS METÁLICAS, MÃO DE OBRA E TRANSPORTE COM GUINDASTE - FORNECIMENTO E INSTALAÇÃO. AF_01/2020_PSA","KG","12,63"]
[100776,"ESTRUTURA TRELIÇADA DE COBERTURA, TIPO ARCO, COM LIGAÇÕES PARAFUSADAS, INCLUSOS PERFIS METÁLICOS, CHAPAS METÁLICAS, MÃO DE OBRA E TRANSPORTE COM GUINDASTE - FORNECIMENTO E INSTALAÇÃO. AF_01/2020_PSA","KG","19,03"]
[100777,"ESTRUTURA TRELIÇADA DE COBERTURA, TIPO SHED, COM LIGAÇÕES PARAFUSADAS, INCLUSOS PERFIS METÁLICOS, CHAPAS METÁLICAS, MÃO DE OBRA E TRANSPORTE COM GUINDASTE - FORNECIMENTO E INSTALAÇÃO. AF_01/2020_PSA","KG","11,18"]
[100778,"ESTRUTURA TRELIÇADA DE COBERTURA, TIPO FINK, COM LIGAÇÕES PARAFUSADAS, INCLUSOS PERFIS METÁLICOS, CHAPAS METÁLICAS, MÃO DE OBRA E TRANSPORTE COM GUINDASTE - FORNECIMENTO E INSTALAÇÃO. AF_01/2020_PSA","KG","12,59"]
[103795,"FABRICAÇÃO, MONTAGEM E DESMONTAGEM DE FÔRMA PARA ESCADA HIDRÁULICA, EM CHAPA DE MADEIRA COMPENSADA RESINADA, E = 17 MM, 3 UTILIZAÇÕES. AF_08/2022","M2","94,86"]
[103796,"FABRICAÇÃO, MONTAGEM E DESMONTAGEM DE FÔRMA PARA BACIA DE DISSIPAÇÃO, EM MADEIRA SERRADA, E = 25 MM, 2 UTILIZAÇÕES. AF_08/2022","M2","72,00"]
[103797,"ARMAÇÃO DE DESCIDA D'ÁGUA UTILIZANDO AÇO CA-60 DE 5 MM - MONTAGEM. AF_08/2022","KG","16,83"]
[103798,"CONCRETAGEM DE DISSIPADOR DE ENERGIA, CONCRETO USINADO, FCK = 20 MPA, COM USO DE BOMBA - LANÇAMENTO, ADENSAMENTO E ACABAMENTO. AF_08/2022","M3","863,15"]
[103799,"PEDRA DE MÃO FIXADA COM CONCRETO PARA BACIA DE DISSIPAÇÃO, 40% DE CONCRETO EM VOLUME, FCK = 20 MPA, COM USO DE JERICA E PREPARO EM BETONEIRA DE 600 L - AREIA, BRITA E PEDRA DE MÃO COMERCIAIS - LANÇAMENTO, ADENSAMENTO E ACABAMENTO. AF_08/2022","M3","504,92"]
[103800,"PEDRA ARGAMASSADA COM CIMENTO E AREIA 1:3, 40% DE ARGAMASSA EM VOLUME - AREIA E PEDRA DE MÃO COMERCIAIS - FORNECIMENTO E ASSENTAMENTO. AF_08/2022","M3","591,12"]
[103801,"CONCRETAGEM DE DISSIPADOR DE ENERGIA, FCK = 20 MPA, COM USO DE JERICAS E PREPARO EM BETONEIRA DE 600 L - AREIA E BRITA COMERCIAIS - LANÇAMENTO, ADENSAMENTO E ACABAMENTO. AF_08/2022","M3","746,12"]
[103925,"ESCADA HIDRÁULICA, LARGURA ATÉ 1M, TIPO DESCIDA D'ÁGUA DE CORTE OU ATERRO EM DEGRAUS (DCD 02, 04 E DAD 02), EM CONCRETO USINADO, FCK = 20 MPA, LANÇADO COM BOMBA, INCLUINDO ARMAÇÃO, MATERIAIS E FÔRMAS (3 UTILIZAÇÕES). AF_08/2022","M3","1.995,42"]
[103926,"ESCADA HIDRÁULICA, LARGURA DE 1 A 4,1 M, TIPO DESCIDA D'ÁGUA DE ATERRO EM DEGRAUS (DAD 04, 06, 08, 10, 12, 14, 16, 18), EM CONCRETO USINADO, FCK = 20 MPA, LANÇADO COM BOMBA, INCLUINDO ARMAÇÃO, MATERIAIS E FÔRMAS (3 UTILIZAÇÕES). AF_08/2022","M3","1.643,74"]
[103928,"BACIA DE DISSIPAÇÃO, TIPO BACIA EM PEDRA DE MÃO ARGAMASSADA (DES 01, 02, 03, 04), LANÇADO MANUALMENTE, INCLUINDO MATERIAIS E FÔRMAS (2 UTILIZAÇÕES). AF_08/2022","M3","591,12"]
[103929,"BACIA DE DISSIPAÇÃO, TIPO BACIA COM DENTES DE CONCRETO (01), COM PREPARO MANUAL, FCK = 20 MPA, LANÇADO MANUALMENTE, INCLUINDO MATERIAIS E FÔRMAS (2 UTILIZAÇÕES). AF_08/2022","M3","1.466,19"]
[103930,"BACIA DE DISSIPAÇÃO, LARGURA ATÉ 1 M, TIPO BACIA EM PEDRA DE MÃO FIXADA COM CONCRETO (DEB 01, 02), COM PREPARO MANUAL, FCK = 20 MPA, LANÇADO MANUALMENTE, INCLUINDO MATERIAIS E FÔRMAS (2 UTILIZAÇÕES). AF_08/2022","M3","913,07"]
[103931,"BACIA DE DISSIPAÇÃO, LARGURA DE 1 A 4 M, TIPO BACIA EM PEDRA DE MÃO FIXADA COM CONCRETO (DEB 03, 04, 05, 06), COM PREPARO MANUAL, FCK = 20 MPA, LANÇADO MANUALMENTE, INCLUINDO MATERIAIS E FÔRMAS (2 UTILIZAÇÕES). AF_08/2022","M3","671,81"]
[103932,"BACIA DE DISSIPAÇÃO, LARGURA DE 4 A 9,2 M, TIPO BACIA EM PEDRA DE MÃO FIXADA COM CONCRETO (DEB 07, 08, 09, 10, 11, 12, 13), COM PREPARO MANUAL, FCK = 20 MPA, LANÇADO MANUALMENTE, INCLUINDO MATERIAIS E FÔRMAS (2 UTILIZAÇÕES). AF_08/2022","M3","636,47"]
[103933,"DESCIDA D'ÁGUA RÁPIDA (DAR 03), EM CONCRETO USINADO, FCK = 20 MPA, LANÇADO COM BOMBA, INCLUINDO ARMAÇÃO, MATERIAIS E FÔRMAS (2 UTILIZAÇÕES). AF_08/2022","M3","1.863,65"]
[105041,"VIGA DE MADEIRA SERRADA, PINUS OU EQUIVALENTE DA REGIÃO, SEÇÃO RETANGULAR 7,5 X 10 CM. AF_03/2024","M","57,74"]
[105042,"PILAR DE MADEIRA ROLIÇA, EUCALIPTO OU EQUIVALENTE DA REGIÃO, FIXADO COM VERGALHÃO, DIÂMETRO DE 12 A 15 CM, APOIO ARTICULADO, COMPRIMENTO DE 3 M. AF_03/2024","M","70,97"]
[105045,"VIGA DE MADEIRA SERRADA, PINUS OU EQUIVALENTE DA REGIÃO, SEÇÃO RETANGULAR 7,5 X 15 CM. AF_03/2024","M","67,88"]
[105046,"PILAR DE MADEIRA ROLIÇA, EUCALIPTO OU EQUIVALENTE DA REGIÃO, FIXADO COM VERGALHÃO, DIÂMETRO DE 12 A 15 CM, APOIO ARTICULADO, COMPRIMENTO DE 6 M. AF_03/2024","M","61,32"]
[105050,"PILAR DE MADEIRA ROLIÇA, EUCALIPTO OU EQUIVALENTE DA REGIÃO, FIXADO COM VERGALHÃO, DIÂMETRO DE 21 A 29 CM, APOIO ARTICULADO, COMPRIMENTO DE 3 M. AF_03/2024","M","236,38"]
[105053,"PILAR DE MADEIRA ROLIÇA, EUCALIPTO OU EQUIVALENTE DA REGIÃO, FIXADO COM VERGALHÃO, DIÂMETRO DE 21 A 29 CM, APOIO ARTICULADO, COMPRIMENTO DE 6 M. AF_03/2024","M","226,85"]
[105056,"PILAR DE MADEIRA ROLIÇA, EUCALIPTO OU EQUIVALENTE DA REGIÃO, FIXADO COM VERGALHÃO, DIÂMETRO DE 30 A 34 CM, APOIO ARTICULADO, COMPRIMENTO DE 3 M. AF_03/2024","M","329,49"]
[105058,"PILAR DE MADEIRA ROLIÇA, EUCALIPTO OU EQUIVALENTE DA REGIÃO, FIXADO COM VERGALHÃO, DIÂMETRO DE 30 A 34 CM, APOIO ARTICULADO, COMPRIMENTO DE 6 M. AF_03/2024","M","320,60"]
[105061,"PILAR DE MADEIRA SERRADA, MAÇARANDUBA OU EQUIVALENTE DA REGIÃO, NÃO APARELHADO, FIXADO COM VERGALHÃO, SEÇÃO QUADRADA 10 X 10 CM, APOIO ARTICULADO, COMPRIMENTO DE 3 M. AF_03/2024","M","87,25"]
[105064,"PILAR DE MADEIRA SERRADA, MAÇARANDUBA OU EQUIVALENTE DA REGIÃO, NÃO APARELHADO, FIXADO COM VERGALHÃO, SEÇÃO QUADRADA 10 X 10 CM, APOIO ARTICULADO, COMPRIMENTO DE 6 M. AF_03/2024","M","75,02"]
[105068,"PILAR DE MADEIRA SERRADA, MAÇARANDUBA OU EQUIVALENTE DA REGIÃO, NÃO APARELHADO, FIXADO COM VERGALHÃO, SEÇÃO QUADRADA 15 X 15 CM, APOIO ARTICULADO, COMPRIMENTO DE 3 M. AF_03/2024","M","142,38"]
[105071,"PILAR DE MADEIRA SERRADA, MAÇARANDUBA OU EQUIVALENTE DA REGIÃO, NÃO APARELHADO, FIXADO COM VERGALHÃO, SEÇÃO QUADRADA 15 X 15 CM, APOIO ARTICULADO, COMPRIMENTO DE 6 M. AF_03/2024","M","130,16"]
[105074,"PILAR DE MADEIRA SERRADA, MAÇARANDUBA OU EQUIVALENTE DA REGIÃO, NÃO APARELHADO, FIXADO COM VERGALHÃO, SEÇÃO QUADRADA 20 X 20 CM, APOIO ARTICULADO, COMPRIMENTO DE 3 M. AF_03/2024","M","219,54"]
[105077,"PILAR DE MADEIRA SERRADA, MAÇARANDUBA OU EQUIVALENTE DA REGIÃO, NÃO APARELHADO, FIXADO COM VERGALHÃO, SEÇÃO QUADRADA 20 X 20 CM, APOIO ARTICULADO, COMPRIMENTO DE 6 M. AF_03/2024","M","207,37"]
[105080,"VIGA DE MADEIRA SERRADA, MAÇARANDUBA OU EQUIVALENTE DA REGIÃO, APARELHADA, SEÇÃO RETANGULAR 6 X 12 CM. AF_03/2024","M","58,17"]
[105081,"VIGA DE MADEIRA SERRADA, MAÇARANDUBA OU EQUIVALENTE DA REGIÃO, APARELHADA, SEÇÃO RETANGULAR 6 X 16 CM. AF_03/2024","M","66,92"]
[105082,"VIGA DE MADEIRA SERRADA, MAÇARANDUBA OU EQUIVALENTE DA REGIÃO, NÃO APARELHADA, SEÇÃO RETANGULAR 6 X 12 CM. AF_03/2024","M","60,53"]
[105083,"VIGA DE MADEIRA SERRADA, MAÇARANDUBA OU EQUIVALENTE DA REGIÃO, NÃO APARELHADA, SEÇÃO RETANGULAR 6 X 16 CM. AF_03/2024","M","68,00"]
[105084,"VIGA DE MADEIRA SERRADA, MAÇARANDUBA OU EQUIVALENTE DA REGIÃO, NÃO APARELHADA, SEÇÃO RETANGULAR 6 X 20 CM. AF_03/2024","M","83,82"]
[105085,"VIGA DE MADEIRA SERRADA, MAÇARANDUBA OU EQUIVALENTE DA REGIÃO, NÃO APARELHADA, SEÇÃO RETANGULAR 8 X 16 CM. AF_03/2024","M","87,50"]
[105086,"VIGA DE MADEIRA SERRADA, MAÇARANDUBA OU EQUIVALENTE DA REGIÃO, NÃO APARELHADA, SEÇÃO RETANGULAR 6 X 25 CM. AF_03/2024","M","78,09"]
[105087,"VIGA DE MADEIRA SERRADA, MAÇARANDUBA OU EQUIVALENTE DA REGIÃO, NÃO APARELHADA, SEÇÃO RETANGULAR 6 X 30 CM. AF_03/2024","M","87,43"]
[105088,"VIGA DE MADEIRA SERRADA, MAÇARANDUBA OU EQUIVALENTE DA REGIÃO, NÃO APARELHADA, SEÇÃO RETANGULAR 6 X 40 CM. AF_03/2024","M","155,95"]
[105089,"VIGA DE MADEIRA SERRADA, MAÇARANDUBA OU EQUIVALENTE DA REGIÃO, APARELHADA, SEÇÃO RETANGULAR 8 X 30 CM. AF_03/2024","M","144,14"]
[105090,"PISO DE MADEIRA, SOBRE VIGOTAS DE MADEIRA SEÇÃO 7,5 X 15 CM. AF_03/2024","M2","464,69"]
[105091,"VIGA DE MADEIRA SERRADA, MAÇARANDUBA OU EQUIVALENTE DA REGIÃO, APARELHADA, SEÇÃO RETANGULAR 7,5 X 23 CM. AF_03/2024","M","114,77"]
[105092,"VIGA DE MADEIRA SERRADA, MAÇARANDUBA OU EQUIVALENTE DA REGIÃO, NÃO APARELHADA, SEÇÃO RETANGULAR 7,5 X 23 CM. AF_03/2024","M","124,62"]
[105093,"VIGA DE MADEIRA SERRADA, MAÇARANDUBA OU EQUIVALENTE DA REGIÃO, NÃO APARELHADA, SEÇÃO RETANGULAR 8 X 30 CM. AF_03/2024","M","126,44"]
[105095,"PILAR DE MADEIRA ROLIÇA, EUCALIPTO OU EQUIVALENTE DA REGIÃO, FIXADO COM VERGALHÃO, DIÂMETRO DE 16 A 20 CM, APOIO ARTICULADO, COMPRIMENTO DE 3 M. AF_03/2024","M","109,70"]
[105098,"PILAR DE MADEIRA ROLIÇA, EUCALIPTO OU EQUIVALENTE DA REGIÃO, FIXADO COM VERGALHÃO, DIÂMETRO DE 16 A 20 CM, APOIO ARTICULADO, COMPRIMENTO DE 6 M. AF_03/2024","M","100,07"]
[105099,"VIGA DE MADEIRA ROLIÇA, EUCALIPTO OU EQUIVALENTE DA REGIÃO, DIÂMETRO DE 12 A 15 CM. AF_03/2024","M","83,25"]
[105100,"VIGA DE MADEIRA ROLIÇA, EUCALIPTO OU EQUIVALENTE DA REGIÃO, DIÂMETRO DE 16 A 20 CM. AF_03/2024","M","124,48"]
[105101,"VIGA DE MADEIRA ROLIÇA, EUCALIPTO OU EQUIVALENTE DA REGIÃO, DIÂMETRO DE 21 A 29 CM. AF_03/2024","M","256,40"]
[105102,"VIGA DE MADEIRA ROLIÇA, EUCALIPTO OU EQUIVALENTE DA REGIÃO, DIÂMETRO DE 30 A 34 CM. AF_03/2024","M","356,34"]
[98562,"IMPERMEABILIZAÇÃO DE SUPERFÍCIE COM ARGAMASSA DE CIMENTO E AREIA, COM ADITIVO IMPERMEABILIZANTE, E = 1,5CM. AF_09/2023","M2","48,93"]
[98555,"IMPERMEABILIZAÇÃO DE SUPERFÍCIE COM ARGAMASSA POLIMÉRICA / MEMBRANA ACRÍLICA, 3 DEMÃOS. AF_09/2023","M2","28,89"]
[98556,"IMPERMEABILIZAÇÃO DE SUPERFÍCIE COM ARGAMASSA POLIMÉRICA / MEMBRANA ACRÍLICA, 4 DEMÃOS, REFORÇADA COM VÉU DE POLIÉSTER (MAV). AF_09/2023","M2","54,53"]
[98558,"TRATAMENTO DE RALO OU PONTO EMERGENTE COM ARGAMASSA POLIMÉRICA / MEMBRANA ACRÍLICA REFORÇADO COM TELA DE POLIÉSTER (MAV). AF_09/2023","UN","9,22"]
[98559,"TRATAMENTO DE RODAPÉ COM TELA DE POLIÉSTER. AF_09/2023","M","4,93"]
[98546,"IMPERMEABILIZAÇÃO DE SUPERFÍCIE COM MANTA ASFÁLTICA, UMA CAMADA, INCLUSIVE APLICAÇÃO DE PRIMER ASFÁLTICO, E=4MM. AF_09/2023","M2","135,36"]
[98547,"IMPERMEABILIZAÇÃO DE SUPERFÍCIE COM MANTA ASFÁLTICA, DUAS CAMADAS, INCLUSIVE APLICAÇÃO DE PRIMER ASFÁLTICO, E=3MM E E=4MM. AF_09/2023","M2","222,78"]
[98553,"IMPERMEABILIZAÇÃO DE SUPERFÍCIE COM MEMBRANA À BASE DE POLIURETANO, 2 DEMÃOS. AF_09/2023","M2","171,49"]
[98554,"IMPERMEABILIZAÇÃO DE SUPERFÍCIE COM MEMBRANA À BASE DE RESINA ACRÍLICA, 3 DEMÃOS. AF_09/2023","M2","45,25"]
[98557,"IMPERMEABILIZAÇÃO DE SUPERFÍCIE COM EMULSÃO ASFÁLTICA, 2 DEMÃOS. AF_09/2023","M2","40,28"]
[98563,"PROTEÇÃO MECÂNICA DE SUPERFÍCIE HORIZONTAL COM ARGAMASSA DE CIMENTO E AREIA, TRAÇO 1:3, E=2CM. AF_09/2023","M2","39,20"]
[98564,"PROTEÇÃO MECÂNICA DE SUPERFÍCIE VERTICAL COM ARGAMASSA DE CIMENTO E AREIA, TRAÇO 1:3, E=2CM. AF_09/2023","M2","52,06"]
[98565,"PROTEÇÃO MECÂNICA DE SUPERFICIE HORIZONTAL COM ARGAMASSA DE CIMENTO E AREIA, TRAÇO 1:3, E=3CM. AF_09/2023","M2","55,55"]
[98566,"PROTEÇÃO MECÂNICA DE SUPERFÍCIE VERTICAL COM ARGAMASSA DE CIMENTO E AREIA, TRAÇO 1:3, E=3CM. AF_09/2023","M2","68,41"]
[98567,"PROTEÇÃO MECÂNICA DE SUPERFICIE HORIZONTAL COM ARGAMASSA DE CIMENTO E AREIA, TRAÇO 1:3, E=4CM. AF_09/2023","M2","71,01"]
[98568,"PROTEÇÃO MECÂNICA DE SUPERFÍCIE VERTICAL COM ARGAMASSA DE CIMENTO E AREIA, TRAÇO 1:3, E=4CM. AF_09/2023","M2","83,87"]
[98569,"PROTEÇÃO MECÂNICA DE SUPERFICIE HORIZONTAL COM ARGAMASSA DE CIMENTO E AREIA, TRAÇO 1:3, E=5CM. AF_09/2023","M2","87,38"]
[98570,"PROTEÇÃO MECÂNICA DE SUPERFÍCIE VERTICAL COM ARGAMASSA DE CIMENTO E AREIA, TRAÇO 1:3, E=5CM. AF_09/2023","M2","100,24"]
[98571,"PROTEÇÃO MECÂNICA DE SUPERFICIE HORIZONTAL COM CONCRETO 15 MPA, E=4CM. AF_09/2023","M2","51,08"]
[98572,"PROTEÇÃO MECÂNICA DE SUPERFICIE HORIZONTAL COM CONCRETO 15 MPA, E=5CM. AF_09/2023","M2","62,57"]
[98573,"PROTEÇÃO MECÂNICA DE SUPERFÍCIE VERTICAL COM CONCRETO 15 MPA, E=5CM. AF_09/2023","M2","74,90"]
[91831,"ELETRODUTO FLEXÍVEL CORRUGADO, PVC, DN 20 MM (1/2\"), PARA CIRCUITOS TERMINAIS, INSTALADO EM FORRO - FORNECIMENTO E INSTALAÇÃO. AF_03/2023_PA","M","16,72"]
[91833,"ELETRODUTO FLEXÍVEL CORRUGADO REFORÇADO, PVC, DN 20 MM (1/2\"), PARA CIRCUITOS TERMINAIS, INSTALADO EM FORRO - FORNECIMENTO E INSTALAÇÃO. AF_03/2023_PA","M","17,34"]
[91834,"ELETRODUTO FLEXÍVEL CORRUGADO, PVC, DN 25 MM (3/4\"), PARA CIRCUITOS TERMINAIS, INSTALADO EM FORRO - FORNECIMENTO E INSTALAÇÃO. AF_03/2023_PA","M","17,48"]
[91835,"ELETRODUTO FLEXÍVEL CORRUGADO REFORÇADO, PVC, DN 25 MM (3/4\"), PARA CIRCUITOS TERMINAIS, INSTALADO EM FORRO - FORNECIMENTO E INSTALAÇÃO. AF_03/2023_PA","M","19,10"]
[91836,"ELETRODUTO FLEXÍVEL CORRUGADO, PVC, DN 32 MM (1\"), PARA CIRCUITOS TERMINAIS, INSTALADO EM FORRO - FORNECIMENTO E INSTALAÇÃO. AF_03/2023_PA","M","20,38"]
[91837,"ELETRODUTO FLEXÍVEL CORRUGADO REFORÇADO, PVC, DN 32 MM (1\"), PARA CIRCUITOS TERMINAIS, INSTALADO EM FORRO - FORNECIMENTO E INSTALAÇÃO. AF_03/2023_PA","M","24,16"]
[91839,"ELETRODUTO FLEXÍVEL LISO, PEAD, DN 32 MM (1\"), PARA CIRCUITOS TERMINAIS, INSTALADO EM FORRO - FORNECIMENTO E INSTALAÇÃO. AF_03/2023_PA","M","17,72"]
[91840,"ELETRODUTO FLEXÍVEL CORRUGADO, PEAD, DN 40 MM (1 1/4\"), PARA CIRCUITOS TERMINAIS, INSTALADO EM FORRO - FORNECIMENTO E INSTALAÇÃO. AF_03/2023_PA","M","19,96"]
[91841,"ELETRODUTO FLEXÍVEL LISO, PEAD, DN 40 MM (1 1/4\"), PARA CIRCUITOS TERMINAIS, INSTALADO EM FORRO - FORNECIMENTO E INSTALAÇÃO. AF_03/2023_PA","M","19,34"]
[91843,"ELETRODUTO FLEXÍVEL CORRUGADO REFORÇADO, PVC, DN 20 MM (1/2\"), PARA CIRCUITOS TERMINAIS, INSTALADO EM LAJE - FORNECIMENTO E INSTALAÇÃO. AF_03/2023","M","6,47"]
[91845,"ELETRODUTO FLEXÍVEL CORRUGADO REFORÇADO, PVC, DN 25 MM (3/4\"), PARA CIRCUITOS TERMINAIS, INSTALADO EM LAJE - FORNECIMENTO E INSTALAÇÃO. AF_03/2023","M","8,19"]
[91847,"ELETRODUTO FLEXÍVEL CORRUGADO REFORÇADO, PVC, DN 32 MM (1\"), PARA CIRCUITOS TERMINAIS, INSTALADO EM LAJE - FORNECIMENTO E INSTALAÇÃO. AF_03/2023","M","13,30"]
[91849,"ELETRODUTO FLEXÍVEL LISO, PEAD, DN 32 MM (1\"), PARA CIRCUITOS TERMINAIS, INSTALADO EM LAJE - FORNECIMENTO E INSTALAÇÃO. AF_03/2023","M","6,86"]
[91850,"ELETRODUTO FLEXÍVEL CORRUGADO, PEAD, DN 40 MM (1 1/4\"), PARA CIRCUITOS TERMINAIS, INSTALADO EM LAJE - FORNECIMENTO E INSTALAÇÃO. AF_03/2023","M","9,06"]
[91851,"ELETRODUTO FLEXÍVEL LISO, PEAD, DN 40 MM (1 1/4\"), PARA CIRCUITOS TERMINAIS, INSTALADO EM LAJE - FORNECIMENTO E INSTALAÇÃO. AF_03/2023","M","8,44"]
[91852,"ELETRODUTO FLEXÍVEL CORRUGADO, PVC, DN 20 MM (1/2\"), PARA CIRCUITOS TERMINAIS, INSTALADO EM PAREDE - FORNECIMENTO E INSTALAÇÃO. AF_03/2023","M","8,66"]
[91853,"ELETRODUTO FLEXÍVEL CORRUGADO REFORÇADO, PVC, DN 20 MM (1/2\"), PARA CIRCUITOS TERMINAIS, INSTALADO EM PAREDE - FORNECIMENTO E INSTALAÇÃO. AF_03/2023","M","9,24"]
[91854,"ELETRODUTO FLEXÍVEL CORRUGADO, PVC, DN 25 MM (3/4\"), PARA CIRCUITOS TERMINAIS, INSTALADO EM PAREDE - FORNECIMENTO E INSTALAÇÃO. AF_03/2023","M","9,36"]
[91855,"ELETRODUTO FLEXÍVEL CORRUGADO REFORÇADO, PVC, DN 25 MM (3/4\"), PARA CIRCUITOS TERMINAIS, INSTALADO EM PAREDE - FORNECIMENTO E INSTALAÇÃO. AF_03/2023","M","10,87"]
[91856,"ELETRODUTO FLEXÍVEL CORRUGADO, PVC, DN 32 MM (1\"), PARA CIRCUITOS TERMINAIS, INSTALADO EM PAREDE - FORNECIMENTO E INSTALAÇÃO. AF_03/2023","M","12,14"]
[91857,"ELETRODUTO FLEXÍVEL CORRUGADO REFORÇADO, PVC, DN 32 MM (1\"), PARA CIRCUITOS TERMINAIS, INSTALADO EM PAREDE - FORNECIMENTO E INSTALAÇÃO. AF_03/2023","M","15,64"]
[91859,"ELETRODUTO FLEXÍVEL LISO, PEAD, DN 32 MM (1\"), PARA CIRCUITOS TERMINAIS, INSTALADO EM PAREDE - FORNECIMENTO E INSTALAÇÃO. AF_03/2023","M","9,68"]
[91860,"ELETRODUTO FLEXÍVEL CORRUGADO, PEAD, DN 40 MM (1 1/4\"), PARA CIRCUITOS TERMINAIS, INSTALADO EM PAREDE - FORNECIMENTO E INSTALAÇÃO. AF_03/2023","M","11,76"]
[91861,"ELETRODUTO FLEXÍVEL LISO, PEAD, DN 40 MM (1 1/4\"), PARA CIRCUITOS TERMINAIS, INSTALADO EM PAREDE - FORNECIMENTO E INSTALAÇÃO. AF_03/2023","M","11,19"]
[91862,"ELETRODUTO RÍGIDO ROSCÁVEL, PVC, DN 20 MM (1/2\"), PARA CIRCUITOS TERMINAIS, INSTALADO EM FORRO - FORNECIMENTO E INSTALAÇÃO. AF_03/2023","M","9,47"]
[91863,"ELETRODUTO RÍGIDO ROSCÁVEL, PVC, DN 25 MM (3/4\"), PARA CIRCUITOS TERMINAIS, INSTALADO EM FORRO - FORNECIMENTO E INSTALAÇÃO. AF_03/2023","M","11,22"]
[91864,"ELETRODUTO RÍGIDO ROSCÁVEL, PVC, DN 32 MM (1\"), PARA CIRCUITOS TERMINAIS, INSTALADO EM FORRO - FORNECIMENTO E INSTALAÇÃO. AF_03/2023","M","15,26"]
[91865,"ELETRODUTO RÍGIDO ROSCÁVEL, PVC, DN 40 MM (1 1/4\"), PARA CIRCUITOS TERMINAIS, INSTALADO EM FORRO - FORNECIMENTO E INSTALAÇÃO. AF_03/2023","M","19,19"]
[91866,"ELETRODUTO RÍGIDO ROSCÁVEL, PVC, DN 20 MM (1/2\"), PARA CIRCUITOS TERMINAIS, INSTALADO EM LAJE - FORNECIMENTO E INSTALAÇÃO. AF_03/2023","M","8,29"]
[91867,"ELETRODUTO RÍGIDO ROSCÁVEL, PVC, DN 25 MM (3/4\"), PARA CIRCUITOS TERMINAIS, INSTALADO EM LAJE - FORNECIMENTO E INSTALAÇÃO. AF_03/2023","M","10,04"]
[91868,"ELETRODUTO RÍGIDO ROSCÁVEL, PVC, DN 32 MM (1\"), PARA CIRCUITOS TERMINAIS, INSTALADO EM LAJE - FORNECIMENTO E INSTALAÇÃO. AF_03/2023","M","14,10"]
[91869,"ELETRODUTO RÍGIDO ROSCÁVEL, PVC, DN 40 MM (1 1/4\"), PARA CIRCUITOS TERMINAIS, INSTALADO EM LAJE - FORNECIMENTO E INSTALAÇÃO. AF_03/2023","M","17,98"]
[91870,"ELETRODUTO RÍGIDO ROSCÁVEL, PVC, DN 20 MM (1/2\"), PARA CIRCUITOS TERMINAIS, INSTALADO EM PAREDE - FORNECIMENTO E INSTALAÇÃO. AF_03/2023","M","12,28"]
[91871,"ELETRODUTO RÍGIDO ROSCÁVEL, PVC, DN 25 MM (3/4\"), PARA CIRCUITOS TERMINAIS, INSTALADO EM PAREDE - FORNECIMENTO E INSTALAÇÃO. AF_03/2023","M","14,04"]
[91872,"ELETRODUTO RÍGIDO ROSCÁVEL, PVC, DN 32 MM (1\"), PARA CIRCUITOS TERMINAIS, INSTALADO EM PAREDE - FORNECIMENTO E INSTALAÇÃO. AF_03/2023","M","18,08"]
[91873,"ELETRODUTO RÍGIDO ROSCÁVEL, PVC, DN 40 MM (1 1/4\"), PARA CIRCUITOS TERMINAIS, INSTALADO EM PAREDE - FORNECIMENTO E INSTALAÇÃO. AF_03/2023","M","21,96"]
[93008,"ELETRODUTO RÍGIDO ROSCÁVEL, PVC, DN 50 MM (1 1/2\"), PARA REDE ENTERRADA DE DISTRIBUIÇÃO DE ENERGIA ELÉTRICA - FORNECIMENTO E INSTALAÇÃO. AF_12/2021","M","18,91"]
[93009,"ELETRODUTO RÍGIDO ROSCÁVEL, PVC, DN 60 MM (2\"), PARA REDE ENTERRADA DE DISTRIBUIÇÃO DE ENERGIA ELÉTRICA - FORNECIMENTO E INSTALAÇÃO. AF_12/2021","M","28,28"]
[93010,"ELETRODUTO RÍGIDO ROSCÁVEL, PVC, DN 75 MM (2 1/2\"), PARA REDE ENTERRADA DE DISTRIBUIÇÃO DE ENERGIA ELÉTRICA - FORNECIMENTO E INSTALAÇÃO. AF_12/2021","M","39,59"]
[93011,"ELETRODUTO RÍGIDO ROSCÁVEL, PVC, DN 85 MM (3\"), PARA REDE ENTERRADA DE DISTRIBUIÇÃO DE ENERGIA ELÉTRICA - FORNECIMENTO E INSTALAÇÃO. AF_12/2021","M","48,58"]
[93012,"ELETRODUTO RÍGIDO ROSCÁVEL, PVC, DN 110 MM (4\"), PARA REDE ENTERRADA DE DISTRIBUIÇÃO DE ENERGIA ELÉTRICA - FORNECIMENTO E INSTALAÇÃO. AF_12/2021","M","73,79"]
[95726,"ELETRODUTO RÍGIDO SOLDÁVEL, PVC, DN 20 MM (1/2\"), APARENTE - FORNECIMENTO E INSTALAÇÃO. AF_10/2022_PA","M","15,71"]
[95727,"ELETRODUTO RÍGIDO SOLDÁVEL, PVC, DN 25 MM (3/4\"), APARENTE - FORNECIMENTO E INSTALAÇÃO. AF_10/2022_PA","M","19,19"]
[95728,"ELETRODUTO RÍGIDO SOLDÁVEL, PVC, DN 32 MM (1\"), APARENTE - FORNECIMENTO E INSTALAÇÃO. AF_10/2022_PA","M","24,92"]
[97667,"ELETRODUTO FLEXÍVEL CORRUGADO, PEAD, DN 50 (1 1/2\"), PARA REDE ENTERRADA DE DISTRIBUIÇÃO DE ENERGIA ELÉTRICA - FORNECIMENTO E INSTALAÇÃO. AF_12/2021","M","7,85"]
[97668,"ELETRODUTO FLEXÍVEL CORRUGADO, PEAD, DN 63 (2\"), PARA REDE ENTERRADA DE DISTRIBUIÇÃO DE ENERGIA ELÉTRICA - FORNECIMENTO E INSTALAÇÃO. AF_12/2021","M","11,19"]
[97669,"ELETRODUTO FLEXÍVEL CORRUGADO, PEAD, DN 90 (3\"), PARA REDE ENTERRADA DE DISTRIBUIÇÃO DE ENERGIA ELÉTRICA - FORNECIMENTO E INSTALAÇÃO. AF_12/2021","M","16,58"]
[97670,"ELETRODUTO FLEXÍVEL CORRUGADO, PEAD, DN 100 (4\"), PARA REDE ENTERRADA DE DISTRIBUIÇÃO DE ENERGIA ELÉTRICA - FORNECIMENTO E INSTALAÇÃO. AF_12/2021","M","21,24"]
[91874,"LUVA PARA ELETRODUTO, PVC, ROSCÁVEL, DN 20 MM (1/2\"), PARA CIRCUITOS TERMINAIS, INSTALADA EM FORRO - FORNECIMENTO E INSTALAÇÃO. AF_03/2023","UN","6,81"]
[91875,"LUVA PARA ELETRODUTO, PVC, ROSCÁVEL, DN 25 MM (3/4\"), PARA CIRCUITOS TERMINAIS, INSTALADA EM FORRO - FORNECIMENTO E INSTALAÇÃO. AF_03/2023","UN","8,03"]
[91876,"LUVA PARA ELETRODUTO, PVC, ROSCÁVEL, DN 32 MM (1\"), PARA CIRCUITOS TERMINAIS, INSTALADA EM FORRO - FORNECIMENTO E INSTALAÇÃO. AF_03/2023","UN","9,70"]
[91877,"LUVA PARA ELETRODUTO, PVC, ROSCÁVEL, DN 40 MM (1 1/4\"), PARA CIRCUITOS TERMINAIS, INSTALADA EM FORRO - FORNECIMENTO E INSTALAÇÃO. AF_03/2023","UN","12,04"]
[91878,"LUVA PARA ELETRODUTO, PVC, ROSCÁVEL, DN 20 MM (1/2\"), PARA CIRCUITOS TERMINAIS, INSTALADA EM LAJE - FORNECIMENTO E INSTALAÇÃO. AF_03/2023","UN","5,41"]
[91879,"LUVA PARA ELETRODUTO, PVC, ROSCÁVEL, DN 25 MM (3/4\"), PARA CIRCUITOS TERMINAIS, INSTALADA EM LAJE - FORNECIMENTO E INSTALAÇÃO. AF_03/2023","UN","6,63"]
[91880,"LUVA PARA ELETRODUTO, PVC, ROSCÁVEL, DN 32 MM (1\"), PARA CIRCUITOS TERMINAIS, INSTALADA EM LAJE - FORNECIMENTO E INSTALAÇÃO. AF_03/2023","UN","8,29"]
[91881,"LUVA PARA ELETRODUTO, PVC, ROSCÁVEL, DN 40 MM (1 1/4\"), PARA CIRCUITOS TERMINAIS, INSTALADA EM LAJE - FORNECIMENTO E INSTALAÇÃO. AF_03/2023","UN","10,62"]
[91882,"LUVA PARA ELETRODUTO, PVC, ROSCÁVEL, DN 20 MM (1/2\"), PARA CIRCUITOS TERMINAIS, INSTALADA EM PAREDE - FORNECIMENTO E INSTALAÇÃO. AF_03/2023","UN","9,73"]
[91884,"LUVA PARA ELETRODUTO, PVC, ROSCÁVEL, DN 25 MM (3/4\"), PARA CIRCUITOS TERMINAIS, INSTALADA EM PAREDE - FORNECIMENTO E INSTALAÇÃO. AF_03/2023","UN","10,95"]
[91885,"LUVA PARA ELETRODUTO, PVC, ROSCÁVEL, DN 32 MM (1\"), PARA CIRCUITOS TERMINAIS, INSTALADA EM PAREDE - FORNECIMENTO E INSTALAÇÃO. AF_03/2023","UN","12,57"]
[91886,"LUVA PARA ELETRODUTO, PVC, ROSCÁVEL, DN 40 MM (1 1/4\"), PARA CIRCUITOS TERMINAIS, INSTALADA EM PAREDE - FORNECIMENTO E INSTALAÇÃO. AF_03/2023","UN","14,85"]
[91887,"CURVA 90 GRAUS PARA ELETRODUTO, PVC, ROSCÁVEL, DN 20 MM (1/2\"), PARA CIRCUITOS TERMINAIS, INSTALADA EM FORRO - FORNECIMENTO E INSTALAÇÃO. AF_03/2023","UN","11,99"]
[91889,"CURVA 180 GRAUS PARA ELETRODUTO, PVC, ROSCÁVEL, DN 20 MM (1/2\"), PARA CIRCUITOS TERMINAIS, INSTALADA EM FORRO - FORNECIMENTO E INSTALAÇÃO. AF_03/2023","UN","11,65"]
[91890,"CURVA 90 GRAUS PARA ELETRODUTO, PVC, ROSCÁVEL, DN 25 MM (3/4\"), PARA CIRCUITOS TERMINAIS, INSTALADA EM FORRO - FORNECIMENTO E INSTALAÇÃO. AF_03/2023","UN","13,20"]
[91892,"CURVA 180 GRAUS PARA ELETRODUTO, PVC, ROSCÁVEL, DN 25 MM (3/4\"), PARA CIRCUITOS TERMINAIS, INSTALADA EM FORRO - FORNECIMENTO E INSTALAÇÃO. AF_03/2023","UN","15,48"]
[91893,"CURVA 90 GRAUS PARA ELETRODUTO, PVC, ROSCÁVEL, DN 32 MM (1\"), PARA CIRCUITOS TERMINAIS, INSTALADA EM FORRO - FORNECIMENTO E INSTALAÇÃO. AF_03/2023","UN","16,50"]
[91895,"CURVA 180 GRAUS PARA ELETRODUTO, PVC, ROSCÁVEL, DN 32 MM (1\"), PARA CIRCUITOS TERMINAIS, INSTALADA EM FORRO - FORNECIMENTO E INSTALAÇÃO. AF_03/2023","UN","18,82"]
[91896,"CURVA 90 GRAUS PARA ELETRODUTO, PVC, ROSCÁVEL, DN 40 MM (1 1/4\"), PARA CIRCUITOS TERMINAIS, INSTALADA EM FORRO - FORNECIMENTO E INSTALAÇÃO. AF_03/2023","UN","18,96"]
[91898,"CURVA 180 GRAUS PARA ELETRODUTO, PVC, ROSCÁVEL, DN 40 MM (1 1/4\"), PARA CIRCUITOS TERMINAIS, INSTALADA EM FORRO - FORNECIMENTO E INSTALAÇÃO. AF_03/2023","UN","21,45"]
[91899,"CURVA 90 GRAUS PARA ELETRODUTO, PVC, ROSCÁVEL, DN 20 MM (1/2\"), PARA CIRCUITOS TERMINAIS, INSTALADA EM LAJE - FORNECIMENTO E INSTALAÇÃO. AF_03/2023","UN","9,86"]
[91901,"CURVA 180 GRAUS PARA ELETRODUTO, PVC, ROSCÁVEL, DN 20 MM (1/2\"), PARA CIRCUITOS TERMINAIS, INSTALADA EM LAJE - FORNECIMENTO E INSTALAÇÃO. AF_03/2023","UN","9,52"]
[91902,"CURVA 90 GRAUS PARA ELETRODUTO, PVC, ROSCÁVEL, DN 25 MM (3/4\"), PARA CIRCUITOS TERMINAIS, INSTALADA EM LAJE - FORNECIMENTO E INSTALAÇÃO. AF_03/2023","UN","11,06"]
[91904,"CURVA 180 GRAUS PARA ELETRODUTO, PVC, ROSCÁVEL, DN 25 MM (3/4\"), PARA CIRCUITOS TERMINAIS, INSTALADA EM LAJE - FORNECIMENTO E INSTALAÇÃO. AF_03/2023","UN","13,34"]
[91905,"CURVA 90 GRAUS PARA ELETRODUTO, PVC, ROSCÁVEL, DN 32 MM (1\"), PARA CIRCUITOS TERMINAIS, INSTALADA EM LAJE - FORNECIMENTO E INSTALAÇÃO. AF_03/2023","UN","14,35"]
[91907,"CURVA 180 GRAUS PARA ELETRODUTO, PVC, ROSCÁVEL, DN 32 MM (1\"), PARA CIRCUITOS TERMINAIS, INSTALADA EM LAJE - FORNECIMENTO E INSTALAÇÃO. AF_03/2023","UN","16,67"]
[91908,"CURVA 90 GRAUS PARA ELETRODUTO, PVC, ROSCÁVEL, DN 40 MM (1 1/4\"), PARA CIRCUITOS TERMINAIS, INSTALADA EM LAJE - FORNECIMENTO E INSTALAÇÃO. AF_03/2023","UN","16,87"]
[91910,"CURVA 180 GRAUS PARA ELETRODUTO, PVC, ROSCÁVEL, DN 40 MM (1 1/4\"), PARA CIRCUITOS TERMINAIS, INSTALADA EM LAJE - FORNECIMENTO E INSTALAÇÃO. AF_03/2023","UN","19,36"]
[91911,"CURVA 90 GRAUS PARA ELETRODUTO, PVC, ROSCÁVEL, DN 20 MM (1/2\"), PARA CIRCUITOS TERMINAIS, INSTALADA EM PAREDE - FORNECIMENTO E INSTALAÇÃO. AF_03/2023","UN","16,37"]
[91913,"CURVA 180 GRAUS PARA ELETRODUTO, PVC, ROSCÁVEL, DN 20 MM (1/2\"), PARA CIRCUITOS TERMINAIS, INSTALADA EM PAREDE - FORNECIMENTO E INSTALAÇÃO. AF_03/2023","UN","16,03"]
[91914,"CURVA 90 GRAUS PARA ELETRODUTO, PVC, ROSCÁVEL, DN 25 MM (3/4\"), PARA CIRCUITOS TERMINAIS, INSTALADA EM PAREDE - FORNECIMENTO E INSTALAÇÃO. AF_03/2023","UN","17,53"]
[91916,"CURVA 180 GRAUS PARA ELETRODUTO, PVC, ROSCÁVEL, DN 25 MM (3/4\"), PARA CIRCUITOS TERMINAIS, INSTALADA EM PAREDE - FORNECIMENTO E INSTALAÇÃO. AF_03/2023","UN","19,81"]
[91917,"CURVA 90 GRAUS PARA ELETRODUTO, PVC, ROSCÁVEL, DN 32 MM (1\"), PARA CIRCUITOS TERMINAIS, INSTALADA EM PAREDE - FORNECIMENTO E INSTALAÇÃO. AF_03/2023","UN","20,78"]
[91919,"CURVA 180 GRAUS PARA ELETRODUTO, PVC, ROSCÁVEL, DN 32 MM (1\"), PARA CIRCUITOS TERMINAIS, INSTALADA EM PAREDE - FORNECIMENTO E INSTALAÇÃO. AF_03/2023","UN","23,10"]
[91920,"CURVA 90 GRAUS PARA ELETRODUTO, PVC, ROSCÁVEL, DN 40 MM (1 1/4\"), PARA CIRCUITOS TERMINAIS, INSTALADA EM PAREDE - FORNECIMENTO E INSTALAÇÃO. AF_03/2023","UN","23,19"]
[91922,"CURVA 180 GRAUS PARA ELETRODUTO, PVC, ROSCÁVEL, DN 40 MM (1 1/4\"), PARA CIRCUITOS TERMINAIS, INSTALADA EM PAREDE - FORNECIMENTO E INSTALAÇÃO. AF_03/2023","UN","25,68"]
[93013,"LUVA PARA ELETRODUTO, PVC, ROSCÁVEL, DN 50 MM (1 1/2\"), PARA REDE ENTERRADA DE DISTRIBUIÇÃO DE ENERGIA ELÉTRICA - FORNECIMENTO E INSTALAÇÃO. AF_12/2021","UN","15,02"]
[93014,"LUVA PARA ELETRODUTO, PVC, ROSCÁVEL, DN 60 MM (2\"), PARA REDE ENTERRADA DE DISTRIBUIÇÃO DE ENERGIA ELÉTRICA - FORNECIMENTO E INSTALAÇÃO. AF_12/2021","UN","18,51"]
[93015,"LUVA PARA ELETRODUTO, PVC, ROSCÁVEL, DN 75 MM (2 1/2\"), PARA REDE ENTERRADA DE DISTRIBUIÇÃO DE ENERGIA ELÉTRICA - FORNECIMENTO E INSTALAÇÃO. AF_12/2021","UN","28,26"]
[93016,"LUVA PARA ELETRODUTO, PVC, ROSCÁVEL, DN 85 MM (3\"), PARA REDE ENTERRADA DE DISTRIBUIÇÃO DE ENERGIA ELÉTRICA - FORNECIMENTO E INSTALAÇÃO. AF_12/2021","UN","34,45"]
[93017,"LUVA PARA ELETRODUTO, PVC, ROSCÁVEL, DN 110 MM (4\"), PARA REDE ENTERRADA DE DISTRIBUIÇÃO DE ENERGIA ELÉTRICA - FORNECIMENTO E INSTALAÇÃO. AF_12/2021","UN","52,02"]
[93018,"CURVA 90 GRAUS PARA ELETRODUTO, PVC, ROSCÁVEL, DN 50 MM (1 1/2\"), PARA REDE ENTERRADA DE DISTRIBUIÇÃO DE ENERGIA ELÉTRICA - FORNECIMENTO E INSTALAÇÃO. AF_12/2021","UN","22,96"]
[93020,"CURVA 90 GRAUS PARA ELETRODUTO, PVC, ROSCÁVEL, DN 60 MM (2\"), PARA REDE ENTERRADA DE DISTRIBUIÇÃO DE ENERGIA ELÉTRICA - FORNECIMENTO E INSTALAÇÃO. AF_12/2021","UN","29,54"]
[93022,"CURVA 90 GRAUS PARA ELETRODUTO, PVC, ROSCÁVEL, DN 75 MM (2 1/2\"), PARA REDE ENTERRADA DE DISTRIBUIÇÃO DE ENERGIA ELÉTRICA - FORNECIMENTO E INSTALAÇÃO. AF_12/2021","UN","49,87"]
[93024,"CURVA 90 GRAUS PARA ELETRODUTO, PVC, ROSCÁVEL, DN 85 MM (3\"), PARA REDE ENTERRADA DE DISTRIBUIÇÃO DE ENERGIA ELÉTRICA - FORNECIMENTO E INSTALAÇÃO. AF_12/2021","UN","52,36"]
[93026,"CURVA 90 GRAUS PARA ELETRODUTO, PVC, ROSCÁVEL, DN 110 MM (4\"), PARA REDE ENTERRADA DE DISTRIBUIÇÃO DE ENERGIA ELÉTRICA - FORNECIMENTO E INSTALAÇÃO. AF_12/2021","UN","86,17"]
[97559,"CURVA 135 GRAUS PARA ELETRODUTO, PVC, ROSCÁVEL, DN 25 MM (3/4\"), PARA CIRCUITOS TERMINAIS, INSTALADA EM FORRO - FORNECIMENTO E INSTALAÇÃO. AF_03/2023","UN","12,94"]
[97562,"CURVA 135 GRAUS PARA ELETRODUTO, PVC, ROSCÁVEL, DN 25 MM (3/4\"), PARA CIRCUITOS TERMINAIS, INSTALADA EM LAJE - FORNECIMENTO E INSTALAÇÃO. AF_03/2023","UN","10,80"]
[97564,"CURVA 135 GRAUS PARA ELETRODUTO, PVC, ROSCÁVEL, DN 25 MM (3/4\"), PARA CIRCUITOS TERMINAIS, INSTALADA EM PAREDE - FORNECIMENTO E INSTALAÇÃO. AF_03/2023","UN","17,27"]
[104395,"CONDULETE DE PVC, TIPO E, PARA ELETRODUTO DE PVC SOLDÁVEL DN 20 MM (1/2''), APARENTE - FORNECIMENTO E INSTALAÇÃO. AF_10/2022","UN","21,88"]
[91924,"CABO DE COBRE FLEXÍVEL ISOLADO, 1,5 MM², ANTI-CHAMA 450/750 V, PARA CIRCUITOS TERMINAIS - FORNECIMENTO E INSTALAÇÃO. AF_03/2023","M","3,03"]
[91925,"CABO DE COBRE FLEXÍVEL ISOLADO, 1,5 MM², ANTI-CHAMA 0,6/1,0 KV, PARA CIRCUITOS TERMINAIS - FORNECIMENTO E INSTALAÇÃO. AF_03/2023","M","3,69"]
[91926,"CABO DE COBRE FLEXÍVEL ISOLADO, 2,5 MM², ANTI-CHAMA 450/750 V, PARA CIRCUITOS TERMINAIS - FORNECIMENTO E INSTALAÇÃO. AF_03/2023","M","4,43"]
[91927,"CABO DE COBRE FLEXÍVEL ISOLADO, 2,5 MM², ANTI-CHAMA 0,6/1,0 KV, PARA CIRCUITOS TERMINAIS - FORNECIMENTO E INSTALAÇÃO. AF_03/2023","M","4,99"]
[91928,"CABO DE COBRE FLEXÍVEL ISOLADO, 4 MM², ANTI-CHAMA 450/750 V, PARA CIRCUITOS TERMINAIS - FORNECIMENTO E INSTALAÇÃO. AF_03/2023","M","6,90"]
[91929,"CABO DE COBRE FLEXÍVEL ISOLADO, 4 MM², ANTI-CHAMA 0,6/1,0 KV, PARA CIRCUITOS TERMINAIS - FORNECIMENTO E INSTALAÇÃO. AF_03/2023","M","7,38"]
[91930,"CABO DE COBRE FLEXÍVEL ISOLADO, 6 MM², ANTI-CHAMA 450/750 V, PARA CIRCUITOS TERMINAIS - FORNECIMENTO E INSTALAÇÃO. AF_03/2023","M","9,65"]
[91931,"CABO DE COBRE FLEXÍVEL ISOLADO, 6 MM², ANTI-CHAMA 0,6/1,0 KV, PARA CIRCUITOS TERMINAIS - FORNECIMENTO E INSTALAÇÃO. AF_03/2023","M","10,45"]
[91932,"CABO DE COBRE FLEXÍVEL ISOLADO, 10 MM², ANTI-CHAMA 450/750 V, PARA CIRCUITOS TERMINAIS - FORNECIMENTO E INSTALAÇÃO. AF_03/2023","M","17,38"]
[91933,"CABO DE COBRE FLEXÍVEL ISOLADO, 10 MM², ANTI-CHAMA 0,6/1,0 KV, PARA CIRCUITOS TERMINAIS - FORNECIMENTO E INSTALAÇÃO. AF_03/2023","M","16,75"]
[91934,"CABO DE COBRE FLEXÍVEL ISOLADO, 16 MM², ANTI-CHAMA 450/750 V, PARA CIRCUITOS TERMINAIS - FORNECIMENTO E INSTALAÇÃO. AF_03/2023","M","25,10"]
[91935,"CABO DE COBRE FLEXÍVEL ISOLADO, 16 MM², ANTI-CHAMA 0,6/1,0 KV, PARA CIRCUITOS TERMINAIS - FORNECIMENTO E INSTALAÇÃO. AF_03/2023","M","26,31"]
[92979,"CABO DE COBRE FLEXÍVEL ISOLADO, 10 MM², ANTI-CHAMA 450/750 V, PARA DISTRIBUIÇÃO - FORNECIMENTO E INSTALAÇÃO. AF_10/2020","M","11,75"]
[92980,"CABO DE COBRE FLEXÍVEL ISOLADO, 10 MM², ANTI-CHAMA 0,6/1,0 KV, PARA DISTRIBUIÇÃO - FORNECIMENTO E INSTALAÇÃO. AF_10/2020","M","11,23"]
[92981,"CABO DE COBRE FLEXÍVEL ISOLADO, 16 MM², ANTI-CHAMA 450/750 V, PARA DISTRIBUIÇÃO - FORNECIMENTO E INSTALAÇÃO. AF_10/2020","M","16,78"]
[92982,"CABO DE COBRE FLEXÍVEL ISOLADO, 16 MM², ANTI-CHAMA 0,6/1,0 KV, PARA DISTRIBUIÇÃO - FORNECIMENTO E INSTALAÇÃO. AF_10/2020","M","17,79"]
[92984,"CABO DE COBRE FLEXÍVEL ISOLADO, 25 MM², ANTI-CHAMA 0,6/1,0 KV, PARA REDE ENTERRADA DE DISTRIBUIÇÃO DE ENERGIA ELÉTRICA - FORNECIMENTO E INSTALAÇÃO. AF_12/2021","M","29,24"]
[92986,"CABO DE COBRE FLEXÍVEL ISOLADO, 35 MM², ANTI-CHAMA 0,6/1,0 KV, PARA REDE ENTERRADA DE DISTRIBUIÇÃO DE ENERGIA ELÉTRICA - FORNECIMENTO E INSTALAÇÃO. AF_12/2021","M","40,52"]
[92988,"CABO DE COBRE FLEXÍVEL ISOLADO, 50 MM², ANTI-CHAMA 0,6/1,0 KV, PARA REDE ENTERRADA DE DISTRIBUIÇÃO DE ENERGIA ELÉTRICA - FORNECIMENTO E INSTALAÇÃO. AF_12/2021","M","58,94"]
[92990,"CABO DE COBRE FLEXÍVEL ISOLADO, 70 MM², ANTI-CHAMA 0,6/1,0 KV, PARA REDE ENTERRADA DE DISTRIBUIÇÃO DE ENERGIA ELÉTRICA - FORNECIMENTO E INSTALAÇÃO. AF_12/2021","M","81,69"]
[92992,"CABO DE COBRE FLEXÍVEL ISOLADO, 95 MM², ANTI-CHAMA 0,6/1,0 KV, PARA REDE ENTERRADA DE DISTRIBUIÇÃO DE ENERGIA ELÉTRICA - FORNECIMENTO E INSTALAÇÃO. AF_12/2021","M","105,67"]
[92994,"CABO DE COBRE FLEXÍVEL ISOLADO, 120 MM², ANTI-CHAMA 0,6/1,0 KV, PARA REDE ENTERRADA DE DISTRIBUIÇÃO DE ENERGIA ELÉTRICA - FORNECIMENTO E INSTALAÇÃO. AF_12/2021","M","137,41"]
[92996,"CABO DE COBRE FLEXÍVEL ISOLADO, 150 MM², ANTI-CHAMA 0,6/1,0 KV, PARA REDE ENTERRADA DE DISTRIBUIÇÃO DE ENERGIA ELÉTRICA - FORNECIMENTO E INSTALAÇÃO. AF_12/2021","M","166,28"]
[92998,"CABO DE COBRE FLEXÍVEL ISOLADO, 185 MM², ANTI-CHAMA 0,6/1,0 KV, PARA REDE ENTERRADA DE DISTRIBUIÇÃO DE ENERGIA ELÉTRICA - FORNECIMENTO E INSTALAÇÃO. AF_12/2021","M","203,83"]
[93000,"CABO DE COBRE FLEXÍVEL ISOLADO, 240 MM², ANTI-CHAMA 0,6/1,0 KV, PARA REDE ENTERRADA DE DISTRIBUIÇÃO DE ENERGIA ELÉTRICA - FORNECIMENTO E INSTALAÇÃO. AF_12/2021","M","269,99"]
[93002,"CABO DE COBRE FLEXÍVEL ISOLADO, 300 MM², ANTI-CHAMA 0,6/1,0 KV, PARA REDE ENTERRADA DE DISTRIBUIÇÃO DE ENERGIA ELÉTRICA - FORNECIMENTO E INSTALAÇÃO. AF_12/2021","M","349,26"]
[101884,"CABO DE COBRE ISOLADO, 10 MM², ANTI-CHAMA 450/750 V, INSTALADO EM ELETROCALHA OU PERFILADO - FORNECIMENTO E INSTALAÇÃO. AF_10/2020","M","11,50"]
[101885,"CABO DE COBRE ISOLADO, 10 MM², ANTI-CHAMA 0,6/1 KV, INSTALADO EM ELETROCALHA OU PERFILADO - FORNECIMENTO E INSTALAÇÃO. AF_10/2020","M","10,98"]
[101886,"CABO DE COBRE ISOLADO, 16 MM², ANTI-CHAMA 450/750 V, INSTALADO EM ELETROCALHA OU PERFILADO - FORNECIMENTO E INSTALAÇÃO. AF_10/2020","M","16,49"]
[101887,"CABO DE COBRE ISOLADO, 16 MM², ANTI-CHAMA 0,6/1 KV, INSTALADO EM ELETROCALHA OU PERFILADO - FORNECIMENTO E INSTALAÇÃO. AF_10/2020","M","17,50"]
[101888,"CABO DE COBRE ISOLADO, 25 MM², ANTI-CHAMA 450/750 V, INSTALADO EM ELETROCALHA OU PERFILADO - FORNECIMENTO E INSTALAÇÃO. AF_10/2020","M","25,86"]
[101889,"CABO DE COBRE ISOLADO, 25 MM², ANTI-CHAMA 0,6/1 KV, INSTALADO EM ELETROCALHA OU PERFILADO - FORNECIMENTO E INSTALAÇÃO. AF_10/2020","M","27,17"]
[91936,"CAIXA OCTOGONAL 4\" X 4\", PVC, INSTALADA EM LAJE - FORNECIMENTO E INSTALAÇÃO. AF_03/2023","UN","17,91"]
[91937,"CAIXA OCTOGONAL 3\" X 3\", PVC, INSTALADA EM LAJE - FORNECIMENTO E INSTALAÇÃO. AF_03/2023","UN","15,72"]
[91939,"CAIXA RETANGULAR 4\" X 2\" ALTA (2,00 M DO PISO), PVC, INSTALADA EM PAREDE - FORNECIMENTO E INSTALAÇÃO. AF_03/2023","UN","30,17"]
[91940,"CAIXA RETANGULAR 4\" X 2\" MÉDIA (1,30 M DO PISO), PVC, INSTALADA EM PAREDE - FORNECIMENTO E INSTALAÇÃO. AF_03/2023","UN","17,58"]
[91941,"CAIXA RETANGULAR 4\" X 2\" BAIXA (0,30 M DO PISO), PVC, INSTALADA EM PAREDE - FORNECIMENTO E INSTALAÇÃO. AF_03/2023","UN","11,40"]
[91942,"CAIXA RETANGULAR 4\" X 4\" ALTA (2,00 M DO PISO), PVC, INSTALADA EM PAREDE - FORNECIMENTO E INSTALAÇÃO. AF_03/2023","UN","34,05"]
[91943,"CAIXA RETANGULAR 4\" X 4\" MÉDIA (1,30 M DO PISO), PVC, INSTALADA EM PAREDE - FORNECIMENTO E INSTALAÇÃO. AF_03/2023","UN","21,01"]
[91944,"CAIXA RETANGULAR 4\" X 4\" BAIXA (0,30 M DO PISO), PVC, INSTALADA EM PAREDE - FORNECIMENTO E INSTALAÇÃO. AF_03/2023","UN","14,59"]
[92865,"CAIXA OCTOGONAL 4\" X 4\", METÁLICA, INSTALADA EM LAJE - FORNECIMENTO E INSTALAÇÃO. AF_03/2023","UN","15,02"]
[92866,"CAIXA SEXTAVADA 3\" X 3\", METÁLICA, INSTALADA EM LAJE - FORNECIMENTO E INSTALAÇÃO. AF_03/2023","UN","12,72"]
[92867,"CAIXA RETANGULAR 4\" X 2\" ALTA (2,00 M DO PISO), METÁLICA, INSTALADA EM PAREDE - FORNECIMENTO E INSTALAÇÃO. AF_03/2023","UN","29,42"]
[92868,"CAIXA RETANGULAR 4\" X 2\" MÉDIA (1,30 M DO PISO), METÁLICA, INSTALADA EM PAREDE - FORNECIMENTO E INSTALAÇÃO. AF_03/2023","UN","16,83"]
[92869,"CAIXA RETANGULAR 4\" X 2\" BAIXA (0,30 M DO PISO), METÁLICA, INSTALADA EM PAREDE - FORNECIMENTO E INSTALAÇÃO. AF_03/2023","UN","10,65"]
[92870,"CAIXA RETANGULAR 4\" X 4\" ALTA (2,00 M DO PISO), METÁLICA, INSTALADA EM PAREDE - FORNECIMENTO E INSTALAÇÃO. AF_03/2023","UN","32,81"]
[92871,"CAIXA RETANGULAR 4\" X 4\" MÉDIA (1,30 M DO PISO), METÁLICA, INSTALADA EM PAREDE - FORNECIMENTO E INSTALAÇÃO. AF_03/2023","UN","19,77"]
[92872,"CAIXA RETANGULAR 4\" X 4\" BAIXA (0,30 M DO PISO), METÁLICA, INSTALADA EM PAREDE - FORNECIMENTO E INSTALAÇÃO. AF_03/2023","UN","13,35"]
[95777,"CONDULETE DE ALUMÍNIO, TIPO B, PARA ELETRODUTO DE AÇO GALVANIZADO DN 20 MM (3/4''), APARENTE - FORNECIMENTO E INSTALAÇÃO. AF_10/2022","UN","23,89"]
[95778,"CONDULETE DE ALUMÍNIO, TIPO C, PARA ELETRODUTO DE AÇO GALVANIZADO DN 20 MM (3/4''), APARENTE - FORNECIMENTO E INSTALAÇÃO. AF_10/2022","UN","26,70"]
[95779,"CONDULETE DE ALUMÍNIO, TIPO E, PARA ELETRODUTO DE AÇO GALVANIZADO DN 20 MM (3/4''), APARENTE - FORNECIMENTO E INSTALAÇÃO. AF_10/2022","UN","22,15"]
[95780,"CONDULETE DE ALUMÍNIO, TIPO B, PARA ELETRODUTO DE AÇO GALVANIZADO DN 25 MM (1''), APARENTE - FORNECIMENTO E INSTALAÇÃO. AF_10/2022","UN","28,56"]
[95781,"CONDULETE DE ALUMÍNIO, TIPO C, PARA ELETRODUTO DE AÇO GALVANIZADO DN 25 MM (1''), APARENTE - FORNECIMENTO E INSTALAÇÃO. AF_10/2022","UN","32,40"]
[95782,"CONDULETE DE ALUMÍNIO, TIPO E, ELETRODUTO DE AÇO GALVANIZADO DN 25 MM (1''), APARENTE - FORNECIMENTO E INSTALAÇÃO. AF_10/2022","UN","30,55"]
[95785,"CONDULETE DE ALUMÍNIO, TIPO E, PARA ELETRODUTO DE AÇO GALVANIZADO DN 32 MM (1 1/4''), APARENTE - FORNECIMENTO E INSTALAÇÃO. AF_10/2022","UN","36,26"]
[95787,"CONDULETE DE ALUMÍNIO, TIPO LR, PARA ELETRODUTO DE AÇO GALVANIZADO DN 20 MM (3/4''), APARENTE - FORNECIMENTO E INSTALAÇÃO. AF_10/2022","UN","26,65"]
[95789,"CONDULETE DE ALUMÍNIO, TIPO LR, PARA ELETRODUTO DE AÇO GALVANIZADO DN 25 MM (1''), APARENTE - FORNECIMENTO E INSTALAÇÃO. AF_10/2022","UN","36,54"]
[95791,"CONDULETE DE ALUMÍNIO, TIPO LR, PARA ELETRODUTO DE AÇO GALVANIZADO DN 32 MM (1 1/4''), APARENTE - FORNECIMENTO E INSTALAÇÃO. AF_10/2022","UN","51,04"]
[95795,"CONDULETE DE ALUMÍNIO, TIPO T, PARA ELETRODUTO DE AÇO GALVANIZADO DN 20 MM (3/4''), APARENTE - FORNECIMENTO E INSTALAÇÃO. AF_10/2022","UN","30,41"]
[95796,"CONDULETE DE ALUMÍNIO, TIPO T, PARA ELETRODUTO DE AÇO GALVANIZADO DN 25 MM (1''), APARENTE - FORNECIMENTO E INSTALAÇÃO. AF_10/2022","UN","42,94"]
[95797,"CONDULETE DE ALUMÍNIO, TIPO T, PARA ELETRODUTO DE AÇO GALVANIZADO DN 32 MM (1 1/4''), APARENTE - FORNECIMENTO E INSTALAÇÃO. AF_10/2022","UN","59,58"]
[95801,"CONDULETE DE ALUMÍNIO, TIPO X, PARA ELETRODUTO DE AÇO GALVANIZADO DN 20 MM (3/4''), APARENTE - FORNECIMENTO E INSTALAÇÃO. AF_10/2022","UN","36,52"]
[95802,"CONDULETE DE ALUMÍNIO, TIPO X, PARA ELETRODUTO DE AÇO GALVANIZADO DN 25 MM (1''), APARENTE - FORNECIMENTO E INSTALAÇÃO. AF_10/2022","UN","45,35"]
[95803,"CONDULETE DE ALUMÍNIO, TIPO X, PARA ELETRODUTO DE AÇO GALVANIZADO DN 32 MM (1 1/4''), APARENTE - FORNECIMENTO E INSTALAÇÃO. AF_10/2022","UN","66,30"]
[95804,"CONDULETE DE PVC, TIPO B, PARA ELETRODUTO DE PVC SOLDÁVEL DN 20 MM (1/2''), APARENTE - FORNECIMENTO E INSTALAÇÃO. AF_10/2022","UN","22,41"]
[95805,"CONDULETE DE PVC, TIPO B, PARA ELETRODUTO DE PVC SOLDÁVEL DN 25 MM (3/4''), APARENTE - FORNECIMENTO E INSTALAÇÃO. AF_10/2022","UN","23,62"]
[95806,"CONDULETE DE PVC, TIPO B, PARA ELETRODUTO DE PVC SOLDÁVEL DN 32 MM (1''), APARENTE - FORNECIMENTO E INSTALAÇÃO. AF_10/2022","UN","25,85"]
[95807,"CONDULETE DE PVC, TIPO LL, PARA ELETRODUTO DE PVC SOLDÁVEL DN 20 MM (1/2''), APARENTE - FORNECIMENTO E INSTALAÇÃO. AF_10/2022","UN","26,26"]
[95808,"CONDULETE DE PVC, TIPO LL, PARA ELETRODUTO DE PVC SOLDÁVEL DN 25 MM (3/4''), APARENTE - FORNECIMENTO E INSTALAÇÃO. AF_10/2022","UN","29,89"]
[95809,"CONDULETE DE PVC, TIPO LL, PARA ELETRODUTO DE PVC SOLDÁVEL DN 32 MM (1''), APARENTE - FORNECIMENTO E INSTALAÇÃO. AF_10/2022","UN","37,07"]
[95810,"CONDULETE DE PVC, TIPO LB, PARA ELETRODUTO DE PVC SOLDÁVEL DN 20 MM (1/2''), APARENTE - FORNECIMENTO E INSTALAÇÃO. AF_10/2022","UN","16,74"]
[95811,"CONDULETE DE PVC, TIPO LB, PARA ELETRODUTO DE PVC SOLDÁVEL DN 25 MM (3/4''), APARENTE - FORNECIMENTO E INSTALAÇÃO. AF_10/2022","UN","20,37"]
[95812,"CONDULETE DE PVC, TIPO LB, PARA ELETRODUTO DE PVC SOLDÁVEL DN 32 MM (1''), APARENTE - FORNECIMENTO E INSTALAÇÃO. AF_10/2022","UN","27,55"]
[95813,"CONDULETE DE PVC, TIPO TB, PARA ELETRODUTO DE PVC SOLDÁVEL DN 20 MM (1/2''), APARENTE - FORNECIMENTO E INSTALAÇÃO. AF_10/2022","UN","19,39"]
[95814,"CONDULETE DE PVC, TIPO TB, PARA ELETRODUTO DE PVC SOLDÁVEL DN 25 MM (3/4''), APARENTE - FORNECIMENTO E INSTALAÇÃO. AF_10/2022","UN","24,24"]
[95815,"CONDULETE DE PVC, TIPO TB, PARA ELETRODUTO DE PVC SOLDÁVEL DN 32 MM (1''), APARENTE - FORNECIMENTO E INSTALAÇÃO. AF_10/2022","UN","35,50"]
[95816,"CONDULETE DE PVC, TIPO X, PARA ELETRODUTO DE PVC SOLDÁVEL DN 20 MM (1/2''), APARENTE - FORNECIMENTO E INSTALAÇÃO. AF_10/2022","UN","31,83"]
[95817,"CONDULETE DE PVC, TIPO X, PARA ELETRODUTO DE PVC SOLDÁVEL DN 25 MM (3/4\"), APARENTE - FORNECIMENTO E INSTALAÇÃO. AF_10/2022","UN","37,37"]
[95818,"CONDULETE DE PVC, TIPO X, PARA ELETRODUTO DE PVC SOLDÁVEL DN 32 MM (1''), APARENTE - FORNECIMENTO E INSTALAÇÃO. AF_10/2022","UN","51,91"]
[97881,"CAIXA ENTERRADA ELÉTRICA RETANGULAR, EM CONCRETO PRÉ-MOLDADO, FUNDO COM BRITA, DIMENSÕES INTERNAS: 0,3X0,3X0,3 M. AF_12/2020","UN","142,71"]
[97882,"CAIXA ENTERRADA ELÉTRICA RETANGULAR, EM CONCRETO PRÉ-MOLDADO, FUNDO COM BRITA, DIMENSÕES INTERNAS: 0,4X0,4X0,4 M. AF_12/2020","UN","225,51"]
[97883,"CAIXA ENTERRADA ELÉTRICA RETANGULAR, EM CONCRETO PRÉ-MOLDADO, FUNDO COM BRITA, DIMENSÕES INTERNAS: 0,6X0,6X0,5 M. AF_12/2020","UN","435,47"]
[97884,"CAIXA ENTERRADA ELÉTRICA RETANGULAR, EM CONCRETO PRÉ-MOLDADO, FUNDO COM BRITA, DIMENSÕES INTERNAS: 0,8X0,8X0,5 M. AF_12/2020","UN","855,04"]
[97885,"CAIXA ENTERRADA ELÉTRICA RETANGULAR, EM CONCRETO PRÉ-MOLDADO, FUNDO COM BRITA, DIMENSÕES INTERNAS: 1X1X0,5 M. AF_12/2020","UN","1.317,76"]
[97886,"CAIXA ENTERRADA ELÉTRICA RETANGULAR, EM ALVENARIA COM TIJOLOS CERÂMICOS MACIÇOS, FUNDO COM BRITA, DIMENSÕES INTERNAS: 0,3X0,3X0,3 M. AF_12/2020","UN","177,95"]
[97887,"CAIXA ENTERRADA ELÉTRICA RETANGULAR, EM ALVENARIA COM TIJOLOS CERÂMICOS MACIÇOS, FUNDO COM BRITA, DIMENSÕES INTERNAS: 0,4X0,4X0,4 M. AF_12/2020","UN","280,53"]
[97888,"CAIXA ENTERRADA ELÉTRICA RETANGULAR, EM ALVENARIA COM TIJOLOS CERÂMICOS MACIÇOS, FUNDO COM BRITA, DIMENSÕES INTERNAS: 0,6X0,6X0,6 M. AF_12/2020","UN","544,58"]
[97889,"CAIXA ENTERRADA ELÉTRICA RETANGULAR, EM ALVENARIA COM TIJOLOS CERÂMICOS MACIÇOS, FUNDO COM BRITA, DIMENSÕES INTERNAS: 0,8X0,8X0,6 M. AF_12/2020","UN","736,85"]
[97890,"CAIXA ENTERRADA ELÉTRICA RETANGULAR, EM ALVENARIA COM TIJOLOS CERÂMICOS MACIÇOS, FUNDO COM BRITA, DIMENSÕES INTERNAS: 1X1X0,6 M. AF_12/2020","UN","849,03"]
[97891,"CAIXA ENTERRADA ELÉTRICA RETANGULAR, EM ALVENARIA COM BLOCOS DE CONCRETO, FUNDO COM BRITA, DIMENSÕES INTERNAS: 0,4X0,4X0,4 M. AF_12/2020","UN","208,50"]
[97892,"CAIXA ENTERRADA ELÉTRICA RETANGULAR, EM ALVENARIA COM BLOCOS DE CONCRETO, FUNDO COM BRITA, DIMENSÕES INTERNAS: 0,6X0,6X0,6 M. AF_12/2020","UN","392,31"]
[97893,"CAIXA ENTERRADA ELÉTRICA RETANGULAR, EM ALVENARIA COM BLOCOS DE CONCRETO, FUNDO COM BRITA, DIMENSÕES INTERNAS: 0,8X0,8X0,6 M. AF_12/2020","UN","542,64"]
[97894,"CAIXA ENTERRADA ELÉTRICA RETANGULAR, EM ALVENARIA COM BLOCOS DE CONCRETO, FUNDO COM BRITA, DIMENSÕES INTERNAS: 1X1X0,6 M. AF_12/2020","UN","613,70"]
[104396,"CONDULETE DE PVC, TIPO E, PARA ELETRODUTO DE PVC SOLDÁVEL DN 25 MM (3/4''), APARENTE - FORNECIMENTO E INSTALAÇÃO. AF_10/2022","UN","22,21"]
[104397,"CONDULETE DE PVC, TIPO E, PARA ELETRODUTO DE PVC SOLDÁVEL DN 32 MM (1''), APARENTE - FORNECIMENTO E INSTALAÇÃO. AF_10/2022","UN","26,53"]
[104398,"CONDULETE DE PVC, TIPO LR, PARA ELETRODUTO DE PVC SOLDÁVEL DN 20 MM (1/2''), APARENTE - FORNECIMENTO E INSTALAÇÃO. AF_10/2022","UN","26,24"]
[104399,"CONDULETE DE PVC, TIPO LR, PARA ELETRODUTO DE PVC SOLDÁVEL DN 25 MM (3/4''), APARENTE - FORNECIMENTO E INSTALAÇÃO. AF_10/2022","UN","28,47"]
[104400,"CONDULETE DE PVC, TIPO LR, PARA ELETRODUTO DE PVC SOLDÁVEL DN 32 MM (1''), APARENTE - FORNECIMENTO E INSTALAÇÃO. AF_10/2022","UN","36,46"]
[104401,"CONDULETE DE PVC, TIPO C, PARA ELETRODUTO DE PVC SOLDÁVEL DN 20 MM (1/2''), APARENTE - FORNECIMENTO E INSTALAÇÃO. AF_10/2022","UN","24,90"]
[104402,"CONDULETE DE PVC, TIPO C, PARA ELETRODUTO DE PVC SOLDÁVEL DN 25 MM (3/4''), APARENTE - FORNECIMENTO E INSTALAÇÃO. AF_10/2022","UN","25,93"]
[104403,"CONDULETE DE PVC, TIPO C, PARA ELETRODUTO DE PVC SOLDÁVEL DN 32 MM (1''), APARENTE - FORNECIMENTO E INSTALAÇÃO. AF_10/2022","UN","32,22"]
[104404,"CONDULETE DE PVC, TIPO T, PARA ELETRODUTO DE PVC SOLDÁVEL DN 25 MM (3/4''), APARENTE - FORNECIMENTO E INSTALAÇÃO. AF_10/2022","UN","33,31"]
[104405,"CONDULETE DE PVC, TIPO T, PARA ELETRODUTO DE PVC SOLDÁVEL DN 32 MM (1''), APARENTE - FORNECIMENTO E INSTALAÇÃO. AF_10/2022","UN","45,02"]
[93653,"DISJUNTOR MONOPOLAR TIPO DIN, CORRENTE NOMINAL DE 10A - FORNECIMENTO E INSTALAÇÃO. AF_10/2020","UN","11,95"]
[93654,"DISJUNTOR MONOPOLAR TIPO DIN, CORRENTE NOMINAL DE 16A - FORNECIMENTO E INSTALAÇÃO. AF_10/2020","UN","12,55"]
[93655,"DISJUNTOR MONOPOLAR TIPO DIN, CORRENTE NOMINAL DE 20A - FORNECIMENTO E INSTALAÇÃO. AF_10/2020","UN","13,82"]
[93656,"DISJUNTOR MONOPOLAR TIPO DIN, CORRENTE NOMINAL DE 25A - FORNECIMENTO E INSTALAÇÃO. AF_10/2020","UN","13,82"]
[93657,"DISJUNTOR MONOPOLAR TIPO DIN, CORRENTE NOMINAL DE 32A - FORNECIMENTO E INSTALAÇÃO. AF_10/2020","UN","15,35"]
[93658,"DISJUNTOR MONOPOLAR TIPO DIN, CORRENTE NOMINAL DE 40A - FORNECIMENTO E INSTALAÇÃO. AF_10/2020","UN","21,99"]
[93659,"DISJUNTOR MONOPOLAR TIPO DIN, CORRENTE NOMINAL DE 50A - FORNECIMENTO E INSTALAÇÃO. AF_10/2020","UN","25,00"]
[93660,"DISJUNTOR BIPOLAR TIPO DIN, CORRENTE NOMINAL DE 10A - FORNECIMENTO E INSTALAÇÃO. AF_10/2020","UN","57,63"]
[93661,"DISJUNTOR BIPOLAR TIPO DIN, CORRENTE NOMINAL DE 16A - FORNECIMENTO E INSTALAÇÃO. AF_10/2020","UN","58,84"]
[93662,"DISJUNTOR BIPOLAR TIPO DIN, CORRENTE NOMINAL DE 20A - FORNECIMENTO E INSTALAÇÃO. AF_10/2020","UN","61,37"]
[93663,"DISJUNTOR BIPOLAR TIPO DIN, CORRENTE NOMINAL DE 25A - FORNECIMENTO E INSTALAÇÃO. AF_10/2020","UN","61,37"]
[93664,"DISJUNTOR BIPOLAR TIPO DIN, CORRENTE NOMINAL DE 32A - FORNECIMENTO E INSTALAÇÃO. AF_10/2020","UN","64,42"]
[93665,"DISJUNTOR BIPOLAR TIPO DIN, CORRENTE NOMINAL DE 40A - FORNECIMENTO E INSTALAÇÃO. AF_10/2020","UN","68,22"]
[93666,"DISJUNTOR BIPOLAR TIPO DIN, CORRENTE NOMINAL DE 50A - FORNECIMENTO E INSTALAÇÃO. AF_10/2020","UN","74,22"]
[93667,"DISJUNTOR TRIPOLAR TIPO DIN, CORRENTE NOMINAL DE 10A - FORNECIMENTO E INSTALAÇÃO. AF_10/2020","UN","72,22"]
[93668,"DISJUNTOR TRIPOLAR TIPO DIN, CORRENTE NOMINAL DE 16A - FORNECIMENTO E INSTALAÇÃO. AF_10/2020","UN","74,03"]
[93669,"DISJUNTOR TRIPOLAR TIPO DIN, CORRENTE NOMINAL DE 20A - FORNECIMENTO E INSTALAÇÃO. AF_10/2020","UN","77,84"]
[93670,"DISJUNTOR TRIPOLAR TIPO DIN, CORRENTE NOMINAL DE 25A - FORNECIMENTO E INSTALAÇÃO. AF_10/2020","UN","77,84"]
[93671,"DISJUNTOR TRIPOLAR TIPO DIN, CORRENTE NOMINAL DE 32A - FORNECIMENTO E INSTALAÇÃO. AF_10/2020","UN","82,40"]
[93672,"DISJUNTOR TRIPOLAR TIPO DIN, CORRENTE NOMINAL DE 40A - FORNECIMENTO E INSTALAÇÃO. AF_10/2020","UN","89,28"]
[93673,"DISJUNTOR TRIPOLAR TIPO DIN, CORRENTE NOMINAL DE 50A - FORNECIMENTO E INSTALAÇÃO. AF_10/2020","UN","98,30"]
[97359,"QUADRO DE MEDIÇÃO GERAL DE ENERGIA COM 8 MEDIDORES - FORNECIMENTO E INSTALAÇÃO. AF_10/2020","UN","3.955,54"]
[97360,"QUADRO DE MEDIÇÃO GERAL DE ENERGIA COM 12 MEDIDORES - FORNECIMENTO E INSTALAÇÃO. AF_10/2020","UN","7.633,21"]
[97361,"QUADRO DE MEDIÇÃO GERAL DE ENERGIA COM 16 MEDIDORES - FORNECIMENTO E INSTALAÇÃO. AF_10/2020","UN","10.177,62"]
[97362,"QUADRO DE MEDIÇÃO GERAL DE ENERGIA PARA BARRAMENTO BLINDADO COM 4 MEDIDORES - FORNECIMENTO E INSTALAÇÃO. AF_10/2020","UN","2.276,81"]
[101875,"QUADRO DE DISTRIBUIÇÃO DE ENERGIA EM CHAPA DE AÇO GALVANIZADO, DE EMBUTIR, COM BARRAMENTO TRIFÁSICO, PARA 12 DISJUNTORES DIN 100A - FORNECIMENTO E INSTALAÇÃO. AF_10/2020","UN","484,96"]
[101876,"QUADRO DE DISTRIBUIÇÃO DE ENERGIA EM PVC, DE EMBUTIR, SEM BARRAMENTO, PARA 6 DISJUNTORES - FORNECIMENTO E INSTALAÇÃO. AF_10/2020","UN","87,43"]
[101877,"QUADRO DE DISTRIBUIÇÃO DE ENERGIA EM PVC, DE EMBUTIR, SEM BARRAMENTO, PARA 3 DISJUNTORES - FORNECIMENTO E INSTALAÇÃO. AF_10/2020","UN","59,93"]
[101878,"QUADRO DE DISTRIBUIÇÃO DE ENERGIA EM CHAPA DE AÇO GALVANIZADO, DE SOBREPOR, COM BARRAMENTO TRIFÁSICO, PARA 18 DISJUNTORES DIN 100A - FORNECIMENTO E INSTALAÇÃO. AF_10/2020","UN","661,55"]
[101879,"QUADRO DE DISTRIBUIÇÃO DE ENERGIA EM CHAPA DE AÇO GALVANIZADO, DE EMBUTIR, COM BARRAMENTO TRIFÁSICO, PARA 24 DISJUNTORES DIN 100A - FORNECIMENTO E INSTALAÇÃO. AF_10/2020","UN","703,67"]
[101880,"QUADRO DE DISTRIBUIÇÃO DE ENERGIA EM CHAPA DE AÇO GALVANIZADO, DE EMBUTIR, COM BARRAMENTO TRIFÁSICO, PARA 30 DISJUNTORES DIN 150A - FORNECIMENTO E INSTALAÇÃO. AF_10/2020","UN","809,96"]
[101881,"QUADRO DE DISTRIBUIÇÃO DE ENERGIA EM CHAPA DE AÇO GALVANIZADO, DE EMBUTIR, COM BARRAMENTO TRIFÁSICO, PARA 40 DISJUNTORES DIN 100A - FORNECIMENTO E INSTALAÇÃO. AF_10/2020","UN","1.167,47"]
[101882,"QUADRO DE DISTRIBUIÇÃO DE ENERGIA EM CHAPA DE AÇO GALVANIZADO, DE EMBUTIR, COM BARRAMENTO TRIFÁSICO, PARA 30 DISJUNTORES DIN 225A - FORNECIMENTO E INSTALAÇÃO. AF_10/2020","UN","1.660,28"]
[101883,"QUADRO DE DISTRIBUIÇÃO DE ENERGIA EM CHAPA DE AÇO GALVANIZADO, DE EMBUTIR, COM BARRAMENTO TRIFÁSICO, PARA 18 DISJUNTORES DIN 100A - FORNECIMENTO E INSTALAÇÃO. AF_10/2020","UN","670,57"]
[101890,"DISJUNTOR MONOPOLAR TIPO NEMA, CORRENTE NOMINAL DE 10 ATÉ 30A - FORNECIMENTO E INSTALAÇÃO. AF_10/2020","UN","16,49"]
[101891,"DISJUNTOR MONOPOLAR TIPO NEMA, CORRENTE NOMINAL DE 35 ATÉ 50A - FORNECIMENTO E INSTALAÇÃO. AF_10/2020","UN","28,22"]
[101892,"DISJUNTOR BIPOLAR TIPO NEMA, CORRENTE NOMINAL DE 10 ATÉ 50A - FORNECIMENTO E INSTALAÇÃO. AF_10/2020","UN","72,56"]
[101893,"DISJUNTOR TRIPOLAR TIPO NEMA, CORRENTE NOMINAL DE 10 ATÉ 50A - FORNECIMENTO E INSTALAÇÃO. AF_10/2020","UN","92,94"]
[101894,"DISJUNTOR TRIPOLAR TIPO NEMA, CORRENTE NOMINAL DE 60 ATÉ 100A - FORNECIMENTO E INSTALAÇÃO. AF_10/2020","UN","158,78"]
[101895,"DISJUNTOR TERMOMAGNÉTICO TRIPOLAR , CORRENTE NOMINAL DE 125A - FORNECIMENTO E INSTALAÇÃO. AF_10/2020","UN","430,09"]
[101896,"DISJUNTOR TERMOMAGNÉTICO TRIPOLAR , CORRENTE NOMINAL DE 200A - FORNECIMENTO E INSTALAÇÃO. AF_10/2020","UN","645,52"]
[101897,"DISJUNTOR TERMOMAGNÉTICO TRIPOLAR , CORRENTE NOMINAL DE 250A - FORNECIMENTO E INSTALAÇÃO. AF_10/2020","UN","1.029,49"]
[101898,"DISJUNTOR TERMOMAGNÉTICO TRIPOLAR , CORRENTE NOMINAL DE 400A - FORNECIMENTO E INSTALAÇÃO. AF_10/2020","UN","1.374,23"]
[101899,"DISJUNTOR TERMOMAGNÉTICO TRIPOLAR , CORRENTE NOMINAL DE 600A - FORNECIMENTO E INSTALAÇÃO. AF_10/2020","UN","2.194,22"]
[101900,"DISJUNTOR BAIXA TENSÃO TRIPOLAR A SECO  800A/600V - FORNECIMENTO E INSTALAÇÃO. AF_10/2020","UN","4.569,30"]
[101901,"CONTATOR TRIPOLAR I NOMINAL 12A - FORNECIMENTO E INSTALAÇÃO. AF_10/2020","UN","158,60"]
[101902,"CONTATOR TRIPOLAR I NOMINAL 22A - FORNECIMENTO E INSTALAÇÃO. AF_10/2020","UN","195,89"]
[101903,"CONTATOR TRIPOLAR I NOMINAL 38A - FORNECIMENTO E INSTALAÇÃO. AF_10/2020","UN","408,16"]
[101904,"CONTATOR TRIPOLAR I NOMIMAL 95A - FORNECIMENTO E INSTALAÇÃO. AF_10/2020","UN","1.502,41"]
[101938,"CAIXA DE PROTEÇÃO PARA MEDIDOR MONOFÁSICO DE EMBUTIR - FORNECIMENTO E INSTALAÇÃO. AF_10/2020","UN","117,61"]
[101946,"QUADRO DE MEDIÇÃO GERAL DE ENERGIA PARA 1 MEDIDOR DE SOBREPOR - FORNECIMENTO E INSTALAÇÃO. AF_10/2020","UN","166,96"]
[91945,"SUPORTE PARAFUSADO COM PLACA DE ENCAIXE 4\" X 2\" ALTO (2,00 M DO PISO) PARA PONTO ELÉTRICO - FORNECIMENTO E INSTALAÇÃO. AF_03/2023","UN","13,07"]
[91946,"SUPORTE PARAFUSADO COM PLACA DE ENCAIXE 4\" X 2\" MÉDIO (1,30 M DO PISO) PARA PONTO ELÉTRICO - FORNECIMENTO E INSTALAÇÃO. AF_03/2023","UN","10,21"]
[91947,"SUPORTE PARAFUSADO COM PLACA DE ENCAIXE 4\" X 2\" BAIXO (0,30 M DO PISO) PARA PONTO ELÉTRICO - FORNECIMENTO E INSTALAÇÃO. AF_03/2023","UN","8,40"]
[91949,"SUPORTE PARAFUSADO COM PLACA DE ENCAIXE 4\" X 4\" ALTO (2,00 M DO PISO) PARA PONTO ELÉTRICO - FORNECIMENTO E INSTALAÇÃO. AF_03/2023","UN","18,37"]
[91950,"SUPORTE PARAFUSADO COM PLACA DE ENCAIXE 4\" X 4\" MÉDIO (1,30 M DO PISO) PARA PONTO ELÉTRICO - FORNECIMENTO E INSTALAÇÃO. AF_03/2023","UN","14,87"]
[91951,"SUPORTE PARAFUSADO COM PLACA DE ENCAIXE 4\" X 4\" BAIXO (0,30 M DO PISO) PARA PONTO ELÉTRICO - FORNECIMENTO E INSTALAÇÃO. AF_03/2023","UN","12,77"]
[91952,"INTERRUPTOR SIMPLES (1 MÓDULO), 10A/250V, SEM SUPORTE E SEM PLACA - FORNECIMENTO E INSTALAÇÃO. AF_03/2023","UN","17,48"]
[91953,"INTERRUPTOR SIMPLES (1 MÓDULO), 10A/250V, INCLUINDO SUPORTE E PLACA - FORNECIMENTO E INSTALAÇÃO. AF_03/2023","UN","27,69"]
[91954,"INTERRUPTOR PARALELO (1 MÓDULO), 10A/250V, SEM SUPORTE E SEM PLACA - FORNECIMENTO E INSTALAÇÃO. AF_03/2023","UN","23,50"]
[91955,"INTERRUPTOR PARALELO (1 MÓDULO), 10A/250V, INCLUINDO SUPORTE E PLACA - FORNECIMENTO E INSTALAÇÃO. AF_03/2023","UN","33,71"]
[91956,"INTERRUPTOR SIMPLES (1 MÓDULO) COM INTERRUPTOR PARALELO (1 MÓDULO), 10A/250V, SEM SUPORTE E SEM PLACA - FORNECIMENTO E INSTALAÇÃO. AF_03/2023","UN","37,93"]
[91957,"INTERRUPTOR SIMPLES (1 MÓDULO) COM INTERRUPTOR PARALELO (1 MÓDULO), 10A/250V, INCLUINDO SUPORTE E PLACA - FORNECIMENTO E INSTALAÇÃO. AF_03/2023","UN","48,14"]
[91958,"INTERRUPTOR SIMPLES (2 MÓDULOS), 10A/250V, SEM SUPORTE E SEM PLACA - FORNECIMENTO E INSTALAÇÃO. AF_03/2023","UN","31,96"]
[91959,"INTERRUPTOR SIMPLES (2 MÓDULOS), 10A/250V, INCLUINDO SUPORTE E PLACA - FORNECIMENTO E INSTALAÇÃO. AF_03/2023","UN","42,17"]
[91960,"INTERRUPTOR PARALELO (2 MÓDULOS), 10A/250V, SEM SUPORTE E SEM PLACA - FORNECIMENTO E INSTALAÇÃO. AF_03/2023","UN","44,00"]
[91961,"INTERRUPTOR PARALELO (2 MÓDULOS), 10A/250V, INCLUINDO SUPORTE E PLACA - FORNECIMENTO E INSTALAÇÃO. AF_03/2023","UN","54,21"]
[91962,"INTERRUPTOR SIMPLES (1 MÓDULO) COM INTERRUPTOR PARALELO (2 MÓDULOS), 10A/250V, SEM SUPORTE E SEM PLACA - FORNECIMENTO E INSTALAÇÃO. AF_03/2023","UN","58,42"]
[91963,"INTERRUPTOR SIMPLES (1 MÓDULO) COM INTERRUPTOR PARALELO (2 MÓDULOS), 10A/250V, INCLUINDO SUPORTE E PLACA - FORNECIMENTO E INSTALAÇÃO. AF_03/2023","UN","68,63"]
[91964,"INTERRUPTOR SIMPLES (2 MÓDULOS) COM INTERRUPTOR PARALELO (1 MÓDULO), 10A/250V, SEM SUPORTE E SEM PLACA - FORNECIMENTO E INSTALAÇÃO. AF_03/2023","UN","52,41"]
[91965,"INTERRUPTOR SIMPLES (2 MÓDULOS) COM INTERRUPTOR PARALELO (1 MÓDULO), 10A/250V, INCLUINDO SUPORTE E PLACA - FORNECIMENTO E INSTALAÇÃO. AF_03/2023","UN","62,62"]
[91966,"INTERRUPTOR SIMPLES (3 MÓDULOS), 10A/250V, SEM SUPORTE E SEM PLACA - FORNECIMENTO E INSTALAÇÃO. AF_03/2023","UN","46,45"]
[91967,"INTERRUPTOR SIMPLES (3 MÓDULOS), 10A/250V, INCLUINDO SUPORTE E PLACA - FORNECIMENTO E INSTALAÇÃO. AF_03/2023","UN","56,66"]
[91968,"INTERRUPTOR PARALELO (3 MÓDULOS), 10A/250V, SEM SUPORTE E SEM PLACA - FORNECIMENTO E INSTALAÇÃO. AF_03/2023","UN","64,43"]
[91969,"INTERRUPTOR PARALELO (3 MÓDULOS), 10A/250V, INCLUINDO SUPORTE E PLACA - FORNECIMENTO E INSTALAÇÃO. AF_03/2023","UN","74,64"]
[91970,"INTERRUPTOR SIMPLES (3 MÓDULOS) COM INTERRUPTOR PARALELO (1 MÓDULO), 10A/250V, SEM SUPORTE E SEM PLACA - FORNECIMENTO E INSTALAÇÃO. AF_03/2023","UN","67,23"]
[91971,"INTERRUPTOR SIMPLES (3 MÓDULOS) COM INTERRUPTOR PARALELO (1 MÓDULO), 10A/250V, INCLUINDO SUPORTE E PLACA - FORNECIMENTO E INSTALAÇÃO. AF_03/2023","UN","82,10"]
[91972,"INTERRUPTOR SIMPLES (2 MÓDULOS) COM INTERRUPTOR PARALELO (2 MÓDULOS), 10A/250V, SEM SUPORTE E SEM PLACA - FORNECIMENTO E INSTALAÇÃO. AF_03/2023","UN","73,29"]
[91973,"INTERRUPTOR SIMPLES (2 MÓDULOS) COM INTERRUPTOR PARALELO (2 MÓDULOS), 10A/250V, INCLUINDO SUPORTE E PLACA - FORNECIMENTO E INSTALAÇÃO. AF_03/2023","UN","88,16"]
[91974,"INTERRUPTOR SIMPLES (4 MÓDULOS), 10A/250V, SEM SUPORTE E SEM PLACA - FORNECIMENTO E INSTALAÇÃO. AF_03/2023","UN","61,21"]
[91975,"INTERRUPTOR SIMPLES (4 MÓDULOS), 10A/250V, INCLUINDO SUPORTE E PLACA - FORNECIMENTO E INSTALAÇÃO. AF_03/2023","UN","76,08"]
[91976,"INTERRUPTOR SIMPLES (6 MÓDULOS), 10A/250V, SEM SUPORTE E SEM PLACA - FORNECIMENTO E INSTALAÇÃO. AF_03/2023","UN","90,22"]
[91977,"INTERRUPTOR SIMPLES (6 MÓDULOS), 10A/250V, INCLUINDO SUPORTE E PLACA - FORNECIMENTO E INSTALAÇÃO. AF_03/2023","UN","105,09"]
[91978,"INTERRUPTOR INTERMEDIÁRIO (1 MÓDULO), 10A/250V, SEM SUPORTE E SEM PLACA - FORNECIMENTO E INSTALAÇÃO. AF_03/2023","UN","36,73"]
[91979,"INTERRUPTOR INTERMEDIÁRIO (1 MÓDULO), 10A/250V, INCLUINDO SUPORTE E PLACA - FORNECIMENTO E INSTALAÇÃO. AF_03/2023","UN","46,94"]
[91980,"INTERRUPTOR BIPOLAR (1 MÓDULO), 10A/250V, SEM SUPORTE E SEM PLACA - FORNECIMENTO E INSTALAÇÃO. AF_03/2023","UN","35,64"]
[91981,"INTERRUPTOR BIPOLAR (1 MÓDULO), 10A/250V, INCLUINDO SUPORTE E PLACA - FORNECIMENTO E INSTALAÇÃO. AF_03/2023","UN","45,85"]
[91982,"DIMMER ROTATIVO (1 MÓDULO), 220V/600W, SEM SUPORTE E SEM PLACA - FORNECIMENTO E INSTALAÇÃO. AF_03/2023","UN","80,44"]
[91983,"DIMMER ROTATIVO (1 MÓDULO), 220V/600W, INCLUINDO SUPORTE E PLACA - FORNECIMENTO E INSTALAÇÃO. AF_03/2023","UN","90,65"]
[91984,"INTERRUPTOR PULSADOR CAMPAINHA (1 MÓDULO), 10A/250V, SEM SUPORTE E SEM PLACA - FORNECIMENTO E INSTALAÇÃO. AF_03/2023","UN","16,47"]
[91985,"INTERRUPTOR PULSADOR CAMPAINHA (1 MÓDULO), 10A/250V, INCLUINDO SUPORTE E PLACA - FORNECIMENTO E INSTALAÇÃO. AF_03/2023","UN","26,68"]
[91986,"CAMPAINHA CIGARRA (1 MÓDULO), 10A/250V, SEM SUPORTE E SEM PLACA - FORNECIMENTO E INSTALAÇÃO. AF_03/2023","UN","34,20"]
[91987,"CAMPAINHA CIGARRA (1 MÓDULO), 10A/250V, INCLUINDO SUPORTE E PLACA - FORNECIMENTO E INSTALAÇÃO. AF_03/2023","UN","44,41"]
[91988,"INTERRUPTOR PULSADOR MINUTERIA (1 MÓDULO), 10A/250V, SEM SUPORTE E SEM PLACA - FORNECIMENTO E INSTALAÇÃO. AF_03/2023","UN","20,13"]
[91989,"INTERRUPTOR PULSADOR MINUTERIA (1 MÓDULO), 10A/250V, INCLUINDO SUPORTE E PLACA - FORNECIMENTO E INSTALAÇÃO. AF_03/2023","UN","30,34"]
[91990,"TOMADA ALTA DE EMBUTIR (1 MÓDULO), 2P+T 10 A, SEM SUPORTE E SEM PLACA - FORNECIMENTO E INSTALAÇÃO. AF_03/2023","UN","31,92"]
[91991,"TOMADA ALTA DE EMBUTIR (1 MÓDULO), 2P+T 20 A, SEM SUPORTE E SEM PLACA - FORNECIMENTO E INSTALAÇÃO. AF_03/2023","UN","33,89"]
[91992,"TOMADA ALTA DE EMBUTIR (1 MÓDULO), 2P+T 10 A, INCLUINDO SUPORTE E PLACA - FORNECIMENTO E INSTALAÇÃO. AF_03/2023","UN","42,13"]
[91993,"TOMADA ALTA DE EMBUTIR (1 MÓDULO), 2P+T 20 A, INCLUINDO SUPORTE E PLACA - FORNECIMENTO E INSTALAÇÃO. AF_03/2023","UN","44,10"]
[91994,"TOMADA MÉDIA DE EMBUTIR (1 MÓDULO), 2P+T 10 A, SEM SUPORTE E SEM PLACA - FORNECIMENTO E INSTALAÇÃO. AF_03/2023","UN","22,48"]
[91995,"TOMADA MÉDIA DE EMBUTIR (1 MÓDULO), 2P+T 20 A, SEM SUPORTE E SEM PLACA - FORNECIMENTO E INSTALAÇÃO. AF_03/2023","UN","24,45"]
[91996,"TOMADA MÉDIA DE EMBUTIR (1 MÓDULO), 2P+T 10 A, INCLUINDO SUPORTE E PLACA - FORNECIMENTO E INSTALAÇÃO. AF_03/2023","UN","32,69"]
[91997,"TOMADA MÉDIA DE EMBUTIR (1 MÓDULO), 2P+T 20 A, INCLUINDO SUPORTE E PLACA - FORNECIMENTO E INSTALAÇÃO. AF_03/2023","UN","34,66"]
[91998,"TOMADA BAIXA DE EMBUTIR (1 MÓDULO), 2P+T 10 A, SEM SUPORTE E SEM PLACA - FORNECIMENTO E INSTALAÇÃO. AF_03/2023","UN","18,83"]
[91999,"TOMADA BAIXA DE EMBUTIR (1 MÓDULO), 2P+T 20 A, SEM SUPORTE E SEM PLACA - FORNECIMENTO E INSTALAÇÃO. AF_03/2023","UN","20,80"]
[92000,"TOMADA BAIXA DE EMBUTIR (1 MÓDULO), 2P+T 10 A, INCLUINDO SUPORTE E PLACA - FORNECIMENTO E INSTALAÇÃO. AF_03/2023","UN","29,04"]
[92001,"TOMADA BAIXA DE EMBUTIR (1 MÓDULO), 2P+T 20 A, INCLUINDO SUPORTE E PLACA - FORNECIMENTO E INSTALAÇÃO. AF_03/2023","UN","31,01"]
[92002,"TOMADA MÉDIA DE EMBUTIR (2 MÓDULOS), 2P+T 10 A, SEM SUPORTE E SEM PLACA - FORNECIMENTO E INSTALAÇÃO. AF_03/2023","UN","41,96"]
[92003,"TOMADA MÉDIA DE EMBUTIR (2 MÓDULOS), 2P+T 20 A, SEM SUPORTE E SEM PLACA - FORNECIMENTO E INSTALAÇÃO. AF_03/2023","UN","45,90"]
[92004,"TOMADA MÉDIA DE EMBUTIR (2 MÓDULOS), 2P+T 10 A, INCLUINDO SUPORTE E PLACA - FORNECIMENTO E INSTALAÇÃO. AF_03/2023","UN","52,17"]
[92005,"TOMADA MÉDIA DE EMBUTIR (2 MÓDULOS), 2P+T 20 A, INCLUINDO SUPORTE E PLACA - FORNECIMENTO E INSTALAÇÃO. AF_03/2023","UN","56,11"]
[92006,"TOMADA BAIXA DE EMBUTIR (2 MÓDULOS), 2P+T 10 A, SEM SUPORTE E SEM PLACA - FORNECIMENTO E INSTALAÇÃO. AF_03/2023","UN","34,61"]
[92007,"TOMADA BAIXA DE EMBUTIR (2 MÓDULOS), 2P+T 20 A, SEM SUPORTE E SEM PLACA - FORNECIMENTO E INSTALAÇÃO. AF_03/2023","UN","38,55"]
[92008,"TOMADA BAIXA DE EMBUTIR (2 MÓDULOS), 2P+T 10 A, INCLUINDO SUPORTE E PLACA - FORNECIMENTO E INSTALAÇÃO. AF_03/2023","UN","44,82"]
[92009,"TOMADA BAIXA DE EMBUTIR (2 MÓDULOS), 2P+T 20 A, INCLUINDO SUPORTE E PLACA - FORNECIMENTO E INSTALAÇÃO. AF_03/2023","UN","48,76"]
[92010,"TOMADA MÉDIA DE EMBUTIR (3 MÓDULOS), 2P+T 10 A, SEM SUPORTE E SEM PLACA - FORNECIMENTO E INSTALAÇÃO. AF_03/2023","UN","61,37"]
[92011,"TOMADA MÉDIA DE EMBUTIR (3 MÓDULOS), 2P+T 20 A, SEM SUPORTE E SEM PLACA - FORNECIMENTO E INSTALAÇÃO. AF_03/2023","UN","67,28"]
[92012,"TOMADA MÉDIA DE EMBUTIR (3 MÓDULOS), 2P+T 10 A, INCLUINDO SUPORTE E PLACA - FORNECIMENTO E INSTALAÇÃO. AF_03/2023","UN","71,58"]
[92013,"TOMADA MÉDIA DE EMBUTIR (3 MÓDULOS), 2P+T 20 A, INCLUINDO SUPORTE E PLACA - FORNECIMENTO E INSTALAÇÃO. AF_03/2023","UN","77,49"]
[92014,"TOMADA BAIXA DE EMBUTIR (3 MÓDULOS), 2P+T 10 A, SEM SUPORTE E SEM PLACA - FORNECIMENTO E INSTALAÇÃO. AF_03/2023","UN","50,38"]
[92015,"TOMADA BAIXA DE EMBUTIR (3 MÓDULOS), 2P+T 20 A, SEM SUPORTE E SEM PLACA - FORNECIMENTO E INSTALAÇÃO. AF_03/2023","UN","56,29"]
[92016,"TOMADA BAIXA DE EMBUTIR (3 MÓDULOS), 2P+T 10 A, INCLUINDO SUPORTE E PLACA - FORNECIMENTO E INSTALAÇÃO. AF_03/2023","UN","60,59"]
[92017,"TOMADA BAIXA DE EMBUTIR (3 MÓDULOS), 2P+T 20 A, INCLUINDO SUPORTE E PLACA - FORNECIMENTO E INSTALAÇÃO. AF_03/2023","UN","66,50"]
[92018,"TOMADA BAIXA DE EMBUTIR (4 MÓDULOS), 2P+T 10 A, SEM SUPORTE E SEM PLACA - FORNECIMENTO E INSTALAÇÃO. AF_03/2023","UN","66,69"]
[92019,"TOMADA BAIXA DE EMBUTIR (4 MÓDULOS), 2P+T 10 A, INCLUINDO SUPORTE E PLACA - FORNECIMENTO E INSTALAÇÃO. AF_03/2023","UN","81,56"]
[92020,"TOMADA BAIXA DE EMBUTIR (6 MÓDULOS), 2P+T 10 A, SEM SUPORTE E SEM PLACA - FORNECIMENTO E INSTALAÇÃO. AF_03/2023","UN","98,49"]
[92021,"TOMADA BAIXA DE EMBUTIR (6 MÓDULOS), 2P+T 10 A, INCLUINDO SUPORTE E PLACA - FORNECIMENTO E INSTALAÇÃO. AF_03/2023","UN","113,36"]
[92022,"INTERRUPTOR SIMPLES (1 MÓDULO) COM 1 TOMADA DE EMBUTIR 2P+T 10 A, SEM SUPORTE E SEM PLACA - FORNECIMENTO E INSTALAÇÃO. AF_03/2023","UN","36,91"]
[92023,"INTERRUPTOR SIMPLES (1 MÓDULO) COM 1 TOMADA DE EMBUTIR 2P+T 10 A, INCLUINDO SUPORTE E PLACA - FORNECIMENTO E INSTALAÇÃO. AF_03/2023","UN","47,12"]
[92024,"INTERRUPTOR SIMPLES (1 MÓDULO) COM 2 TOMADAS DE EMBUTIR 2P+T 10 A, SEM SUPORTE E SEM PLACA - FORNECIMENTO E INSTALAÇÃO. AF_03/2023","UN","56,38"]
[92025,"INTERRUPTOR SIMPLES (1 MÓDULO) COM 2 TOMADAS DE EMBUTIR 2P+T 10 A, INCLUINDO SUPORTE E PLACA - FORNECIMENTO E INSTALAÇÃO. AF_03/2023","UN","66,59"]
[92026,"INTERRUPTOR SIMPLES (2 MÓDULOS) COM 1 TOMADA DE EMBUTIR 2P+T 10 A, SEM SUPORTE E SEM PLACA - FORNECIMENTO E INSTALAÇÃO. AF_03/2023","UN","51,39"]
[92027,"INTERRUPTOR SIMPLES (2 MÓDULOS) COM 1 TOMADA DE EMBUTIR 2P+T 10 A, INCLUINDO SUPORTE E PLACA - FORNECIMENTO E INSTALAÇÃO. AF_03/2023","UN","61,60"]
[92028,"INTERRUPTOR PARALELO (1 MÓDULO) COM 1 TOMADA DE EMBUTIR 2P+T 10 A, SEM SUPORTE E SEM PLACA - FORNECIMENTO E INSTALAÇÃO. AF_03/2023","UN","42,98"]
[92029,"INTERRUPTOR PARALELO (1 MÓDULO) COM 1 TOMADA DE EMBUTIR 2P+T 10 A, INCLUINDO SUPORTE E PLACA - FORNECIMENTO E INSTALAÇÃO. AF_03/2023","UN","53,19"]
[92030,"INTERRUPTOR PARALELO (1 MÓDULO) COM 2 TOMADAS DE EMBUTIR 2P+T 10 A, SEM SUPORTE E SEM PLACA - FORNECIMENTO E INSTALAÇÃO. AF_03/2023","UN","62,39"]
[92031,"INTERRUPTOR PARALELO (1 MÓDULO) COM 2 TOMADAS DE EMBUTIR 2P+T 10 A, INCLUINDO SUPORTE E PLACA - FORNECIMENTO E INSTALAÇÃO. AF_03/2023","UN","72,60"]
[92032,"INTERRUPTOR PARALELO (2 MÓDULOS) COM 1 TOMADA DE EMBUTIR 2P+T 10 A, SEM SUPORTE E SEM PLACA - FORNECIMENTO E INSTALAÇÃO. AF_03/2023","UN","63,41"]
[92033,"INTERRUPTOR PARALELO (2 MÓDULOS) COM 1 TOMADA DE EMBUTIR 2P+T 10 A, INCLUINDO SUPORTE E PLACA - FORNECIMENTO E INSTALAÇÃO. AF_03/2023","UN","73,62"]
[92034,"INTERRUPTOR SIMPLES (1 MÓDULO), INTERRUPTOR PARALELO (1 MÓDULO) E 1 TOMADA DE EMBUTIR 2P+T 10 A, SEM SUPORTE E SEM PLACA - FORNECIMENTO E INSTALAÇÃO. AF_03/2023","UN","57,40"]
[92035,"INTERRUPTOR SIMPLES (1 MÓDULO), INTERRUPTOR PARALELO (1 MÓDULO) E 1 TOMADA DE EMBUTIR 2P+T 10 A, INCLUINDO SUPORTE E PLACA - FORNECIMENTO E INSTALAÇÃO. AF_03/2023","UN","67,61"]
[97595,"SENSOR DE PRESENÇA COM FOTOCÉLULA, FIXAÇÃO EM PAREDE - FORNECIMENTO E INSTALAÇÃO. AF_09/2024","UN","107,39"]
[97596,"SENSOR DE PRESENÇA SEM FOTOCÉLULA, FIXAÇÃO EM PAREDE - FORNECIMENTO E INSTALAÇÃO. AF_09/2024","UN","74,45"]
[97597,"SENSOR DE PRESENÇA COM FOTOCÉLULA, FIXAÇÃO EM TETO - FORNECIMENTO E INSTALAÇÃO. AF_09/2024","UN","75,54"]
[97598,"SENSOR DE PRESENÇA SEM FOTOCÉLULA, FIXAÇÃO EM TETO - FORNECIMENTO E INSTALAÇÃO. AF_09/2024","UN","71,33"]
[97599,"LUMINÁRIA DE EMERGÊNCIA, COM 30 LÂMPADAS LED DE 2 W, SEM REATOR - FORNECIMENTO E INSTALAÇÃO. AF_09/2024","UN","15,60"]
[97609,"LÂMPADA COMPACTA DE LED 6 W, BASE E27 - FORNECIMENTO E INSTALAÇÃO. AF_09/2024","UN","11,56"]
[97610,"LÂMPADA COMPACTA DE LED 10 W, BASE E27 - FORNECIMENTO E INSTALAÇÃO. AF_09/2024","UN","12,07"]
[100902,"LÂMPADA TUBULAR LED DE 9/10 W, COM SOQUETE, BASE G13 - FORNECIMENTO E INSTALAÇÃO. AF_09/2024_PS","UN","24,09"]
[100903,"LÂMPADA TUBULAR LED DE 18/20 W, COM SOQUETE, BASE G13 - FORNECIMENTO E INSTALAÇÃO. AF_09/2024_PS","UN","26,33"]
[103782,"LUMINÁRIA TIPO PLAFON CIRCULAR, DE SOBREPOR, COM LED DE 12/13 W - FORNECIMENTO E INSTALAÇÃO. AF_09/2024","UN","25,06"]
[105554,"LÂMPADA TUBULAR LED 9/10W SEM SOQUETE - FORNECIMENTO E INSTALAÇÃO. AF_09/2024","UN","13,18"]
[101489,"ENTRADA DE ENERGIA ELÉTRICA, AÉREA, MONOFÁSICA, COM CAIXA DE SOBREPOR, CABO DE 10 MM2 E DISJUNTOR DIN 50A (NÃO INCLUSO O POSTE DE CONCRETO). AF_07/2020_PS","UN","1.441,99"]
[101490,"ENTRADA DE ENERGIA ELÉTRICA, AÉREA, MONOFÁSICA, COM CAIXA DE SOBREPOR, CABO DE 16 MM2 E DISJUNTOR DIN 50A (NÃO INCLUSO O POSTE DE CONCRETO). AF_07/2020_PS","UN","1.547,15"]
[101491,"ENTRADA DE ENERGIA ELÉTRICA, AÉREA, MONOFÁSICA, COM CAIXA DE SOBREPOR, CABO DE 25 MM2 E DISJUNTOR DIN 50A (NÃO INCLUSO O POSTE DE CONCRETO). AF_07/2020_PS","UN","1.579,38"]
[101492,"ENTRADA DE ENERGIA ELÉTRICA, AÉREA, MONOFÁSICA, COM CAIXA DE SOBREPOR, CABO DE 35 MM2 E DISJUNTOR DIN 50A (NÃO INCLUSO O POSTE DE CONCRETO). AF_07/2020_PS","UN","1.734,20"]
[101493,"ENTRADA DE ENERGIA ELÉTRICA, AÉREA, MONOFÁSICA, COM CAIXA DE EMBUTIR, CABO DE 10 MM2 E DISJUNTOR DIN 50A (NÃO INCLUSO O POSTE DE CONCRETO). AF_07/2020_PS","UN","1.427,84"]
[101494,"ENTRADA DE ENERGIA ELÉTRICA, AÉREA, MONOFÁSICA, COM CAIXA DE EMBUTIR, CABO DE 16 MM2 E DISJUNTOR DIN 50A (NÃO INCLUSO O POSTE DE CONCRETO). AF_07/2020_PS","UN","1.533,00"]
[101495,"ENTRADA DE ENERGIA ELÉTRICA, AÉREA, MONOFÁSICA, COM CAIXA DE EMBUTIR, CABO DE 25 MM2 E DISJUNTOR DIN 50A (NÃO INCLUSO O POSTE DE CONCRETO). AF_07/2020_PS","UN","1.565,23"]
[101496,"ENTRADA DE ENERGIA ELÉTRICA, AÉREA, MONOFÁSICA, COM CAIXA DE EMBUTIR, CABO DE 35 MM2 E DISJUNTOR DIN 50A (NÃO INCLUSO O POSTE DE CONCRETO). AF_07/2020_PS","UN","1.720,05"]
[101497,"ENTRADA DE ENERGIA ELÉTRICA, AÉREA, BIFÁSICA, COM CAIXA DE SOBREPOR, CABO DE 10 MM2 E DISJUNTOR DIN 50A (NÃO INCLUSO O POSTE DE CONCRETO). AF_07/2020_PS","UN","1.712,15"]
[101498,"ENTRADA DE ENERGIA ELÉTRICA, AÉREA, BIFÁSICA, COM CAIXA DE SOBREPOR, CABO DE 16 MM2 E DISJUNTOR DIN 50A (NÃO INCLUSO O POSTE DE CONCRETO). AF_07/2020_PS","UN","1.871,33"]
[101499,"ENTRADA DE ENERGIA ELÉTRICA, AÉREA, BIFÁSICA, COM CAIXA DE SOBREPOR, CABO DE 25 MM2 E DISJUNTOR DIN 50A (NÃO INCLUSO O POSTE DE CONCRETO). AF_07/2020_PS","UN","1.920,11"]
[101500,"ENTRADA DE ENERGIA ELÉTRICA, AÉREA, BIFÁSICA, COM CAIXA DE SOBREPOR, CABO DE 35 MM2 E DISJUNTOR DIN 50A (NÃO INCLUSO O POSTE DE CONCRETO). AF_07/2020_PS","UN","2.138,66"]
[101501,"ENTRADA DE ENERGIA ELÉTRICA, AÉREA, BIFÁSICA, COM CAIXA DE EMBUTIR, CABO DE 10 MM2 E DISJUNTOR DIN 50A (NÃO INCLUSO O POSTE DE CONCRETO). AF_07/2020_PS","UN","1.706,22"]
[101502,"ENTRADA DE ENERGIA ELÉTRICA, AÉREA, BIFÁSICA, COM CAIXA DE EMBUTIR, CABO DE 16 MM2 E DISJUNTOR DIN 50A (NÃO INCLUSO O POSTE DE CONCRETO). AF_07/2020_PS","UN","1.865,40"]
[101503,"ENTRADA DE ENERGIA ELÉTRICA, AÉREA, BIFÁSICA, COM CAIXA DE EMBUTIR, CABO DE 25 MM2 E DISJUNTOR DIN 50A (NÃO INCLUSO O POSTE DE CONCRETO). AF_07/2020_PS","UN","1.914,18"]
[101504,"ENTRADA DE ENERGIA ELÉTRICA, AÉREA, BIFÁSICA, COM CAIXA DE EMBUTIR, CABO DE 35 MM2 E DISJUNTOR DIN 50A (NÃO INCLUSO O POSTE DE CONCRETO). AF_07/2020_PS","UN","2.132,73"]
[101505,"ENTRADA DE ENERGIA ELÉTRICA, AÉREA, TRIFÁSICA, COM CAIXA DE SOBREPOR, CABO DE 10 MM2 E DISJUNTOR DIN 50A (NÃO INCLUSO O POSTE DE CONCRETO). AF_07/2020_PS","UN","1.829,20"]
[101506,"ENTRADA DE ENERGIA ELÉTRICA, AÉREA, TRIFÁSICA, COM CAIXA DE SOBREPOR, CABO DE 16 MM2 E DISJUNTOR DIN 50A (NÃO INCLUSO O POSTE DE CONCRETO). AF_07/2020_PS","UN","2.041,43"]
[101507,"ENTRADA DE ENERGIA ELÉTRICA, AÉREA, TRIFÁSICA, COM CAIXA DE SOBREPOR, CABO DE 25 MM2 E DISJUNTOR DIN 50A (NÃO INCLUSO O POSTE DE CONCRETO). AF_07/2020_PS","UN","2.106,47"]
[101508,"ENTRADA DE ENERGIA ELÉTRICA, AÉREA, TRIFÁSICA, COM CAIXA DE SOBREPOR, CABO DE 35 MM2 E DISJUNTOR DIN 50A (NÃO INCLUSO O POSTE DE CONCRETO). AF_07/2020_PS","UN","2.387,63"]
[101509,"ENTRADA DE ENERGIA ELÉTRICA, AÉREA, TRIFÁSICA, COM CAIXA DE EMBUTIR, CABO DE 10 MM2 E DISJUNTOR DIN 50A (NÃO INCLUSO O POSTE DE CONCRETO). AF_07/2020","UN","1.945,88"]
[101510,"ENTRADA DE ENERGIA ELÉTRICA, AÉREA, TRIFÁSICA, COM CAIXA DE EMBUTIR, CABO DE 16 MM2 E DISJUNTOR DIN 50A (NÃO INCLUSO O POSTE DE CONCRETO). AF_07/2020","UN","2.158,11"]
[101511,"ENTRADA DE ENERGIA ELÉTRICA, AÉREA, TRIFÁSICA, COM CAIXA DE EMBUTIR, CABO DE 25 MM2 E DISJUNTOR DIN 50A (NÃO INCLUSO O POSTE DE CONCRETO). AF_07/2020","UN","2.223,15"]
[101512,"ENTRADA DE ENERGIA ELÉTRICA, AÉREA, TRIFÁSICA, COM CAIXA DE EMBUTIR, CABO DE 35 MM2 E DISJUNTOR DIN 50A (NÃO INCLUSO O POSTE DE CONCRETO). AF_07/2020","UN","2.504,31"]
[101513,"ENTRADA DE ENERGIA ELÉTRICA, SUBTERRÂNEA, MONOFÁSICA, COM CAIXA DE SOBREPOR, CABO DE 10 MM2 E DISJUNTOR DIN 50A (NÃO INCLUSA MURETA DE ALVENARIA). AF_07/2020_PS","UN","772,33"]
[101514,"ENTRADA DE ENERGIA ELÉTRICA, SUBTERRÂNEA, MONOFÁSICA, COM CAIXA DE SOBREPOR, CABO DE 16 MM2 E DISJUNTOR DIN 50A (NÃO INCLUSA MURETA DE ALVENARIA). AF_07/2020_PS","UN","898,52"]
[101515,"ENTRADA DE ENERGIA ELÉTRICA, SUBTERRÂNEA, MONOFÁSICA, COM CAIXA DE SOBREPOR, CABO DE 25 MM2 E DISJUNTOR DIN 50A (NÃO INCLUSA MURETA DE ALVENARIA). AF_07/2020_PS","UN","937,19"]
[101516,"ENTRADA DE ENERGIA ELÉTRICA, SUBTERRÂNEA, MONOFÁSICA, COM CAIXA DE SOBREPOR, CABO DE 35 MM2 E DISJUNTOR DIN 50A (NÃO INCLUSA MURETA DE ALVENARIA). AF_07/2020_PS","UN","1.086,09"]
[101517,"ENTRADA DE ENERGIA ELÉTRICA, SUBTERRÂNEA, MONOFÁSICA, COM CAIXA DE EMBUTIR, CABO DE 10 MM2 E DISJUNTOR DIN 50A (NÃO INCLUSA MURETA DE ALVENARIA). AF_07/2020_PS","UN","758,17"]
[101518,"ENTRADA DE ENERGIA ELÉTRICA, SUBTERRÂNEA, MONOFÁSICA, COM CAIXA DE EMBUTIR, CABO DE 16 MM2 E DISJUNTOR DIN 50A (NÃO INCLUSA MURETA DE ALVENARIA). AF_07/2020_PS","UN","884,36"]
[101519,"ENTRADA DE ENERGIA ELÉTRICA, SUBTERRÂNEA, MONOFÁSICA, COM CAIXA DE EMBUTIR, CABO DE 25 MM2 E DISJUNTOR DIN 50A (NÃO INCLUSA MURETA DE ALVENARIA). AF_07/2020_PS","UN","923,03"]
[101520,"ENTRADA DE ENERGIA ELÉTRICA, SUBTERRÂNEA, MONOFÁSICA, COM CAIXA DE EMBUTIR, CABO DE 35 MM2 E DISJUNTOR DIN 50A (NÃO INCLUSA MURETA DE ALVENARIA). AF_07/2020_PS","UN","1.071,93"]
[101521,"ENTRADA DE ENERGIA ELÉTRICA, SUBTERRÂNEA, BIFÁSICA, COM CAIXA DE SOBREPOR, CABO DE 10 MM2 E DISJUNTOR DIN 50A (NÃO INCLUSA MURETA DE ALVENARIA). AF_07/2020_PS","UN","1.058,41"]
[101522,"ENTRADA DE ENERGIA ELÉTRICA, SUBTERRÂNEA, BIFÁSICA, COM CAIXA DE SOBREPOR, CABO DE 16 MM2 E DISJUNTOR DIN 50A (NÃO INCLUSA MURETA DE ALVENARIA). AF_07/2020_PS","UN","1.247,69"]
[101523,"ENTRADA DE ENERGIA ELÉTRICA, SUBTERRÂNEA, BIFÁSICA, COM CAIXA DE SOBREPOR, CABO DE 25 MM2 E DISJUNTOR DIN 50A (NÃO INCLUSA MURETA DE ALVENARIA). AF_07/2020_PS","UN","1.305,71"]
[101524,"ENTRADA DE ENERGIA ELÉTRICA, SUBTERRÂNEA, BIFÁSICA, COM CAIXA DE SOBREPOR, CABO DE 35 MM2 E DISJUNTOR DIN 50A (NÃO INCLUSA MURETA DE ALVENARIA). AF_07/2020_PS","UN","1.529,05"]
[101525,"ENTRADA DE ENERGIA ELÉTRICA, SUBTERRÂNEA, BIFÁSICA, COM CAIXA DE EMBUTIR, CABO DE 10 MM2 E DISJUNTOR DIN 50A (NÃO INCLUSA MURETA DE ALVENARIA). AF_07/2020_PS","UN","1.052,48"]
[101526,"ENTRADA DE ENERGIA ELÉTRICA, SUBTERRÂNEA, BIFÁSICA, COM CAIXA DE EMBUTIR, CABO DE 16 MM2 E DISJUNTOR DIN 50A (NÃO INCLUSA MURETA DE ALVENARIA). AF_07/2020_PS","UN","1.241,76"]
[101527,"ENTRADA DE ENERGIA ELÉTRICA, SUBTERRÂNEA, BIFÁSICA, COM CAIXA DE EMBUTIR, CABO DE 25 MM2 E DISJUNTOR DIN 50A (NÃO INCLUSA MURETA DE ALVENARIA). AF_07/2020_PS","UN","1.299,78"]
[101528,"ENTRADA DE ENERGIA ELÉTRICA, SUBTERRÂNEA, BIFÁSICA, COM CAIXA DE EMBUTIR, CABO DE 35 MM2 E DISJUNTOR DIN 50A (NÃO INCLUSA MURETA DE ALVENARIA). AF_07/2020_PS","UN","1.523,12"]
[101529,"ENTRADA DE ENERGIA ELÉTRICA, SUBTERRÂNEA, TRIFÁSICA, COM CAIXA DE SOBREPOR, CABO DE 10 MM2 E DISJUNTOR DIN 50A (NÃO INCLUSA MURETA DE ALVENARIA). AF_07/2020_PS","UN","1.193,04"]
[101530,"ENTRADA DE ENERGIA ELÉTRICA, SUBTERRÂNEA, TRIFÁSICA, COM CAIXA DE SOBREPOR, CABO DE 16 MM2 E DISJUNTOR DIN 50A (NÃO INCLUSA MURETA DE ALVENARIA). AF_07/2020_PS","UN","1.445,42"]
[101531,"ENTRADA DE ENERGIA ELÉTRICA, SUBTERRÂNEA, TRIFÁSICA, COM CAIXA DE SOBREPOR, CABO DE 25 MM2 E DISJUNTOR DIN 50A (NÃO INCLUSA MURETA DE ALVENARIA). AF_07/2020_PS","UN","1.522,77"]
[101532,"ENTRADA DE ENERGIA ELÉTRICA, SUBTERRÂNEA, TRIFÁSICA, COM CAIXA DE SOBREPOR, CABO DE 35 MM2 E DISJUNTOR DIN 50A (NÃO INCLUSA MURETA DE ALVENARIA). AF_07/2020_PS","UN","1.820,56"]
[101533,"ENTRADA DE ENERGIA ELÉTRICA, SUBTERRÂNEA, TRIFÁSICA, COM CAIXA DE EMBUTIR, CABO DE 10 MM2 E DISJUNTOR DIN 50A (NÃO INCLUSA MURETA DE ALVENARIA). AF_07/2020","UN","1.309,72"]
[101534,"ENTRADA DE ENERGIA ELÉTRICA, SUBTERRÂNEA, TRIFÁSICA, COM CAIXA DE EMBUTIR, CABO DE 16 MM2 E DISJUNTOR DIN 50A (NÃO INCLUSA MURETA DE ALVENARIA). AF_07/2020","UN","1.562,10"]
[101535,"ENTRADA DE ENERGIA ELÉTRICA, SUBTERRÂNEA, TRIFÁSICA, COM CAIXA DE EMBUTIR, CABO DE 25 MM2 E DISJUNTOR DIN 50A (NÃO INCLUSA MURETA DE ALVENARIA). AF_07/2020","UN","1.639,45"]
[101536,"ENTRADA DE ENERGIA ELÉTRICA, SUBTERRÂNEA, TRIFÁSICA, COM CAIXA DE EMBUTIR, CABO DE 35 MM2 E DISJUNTOR DIN 50A (NÃO INCLUSA MURETA DE ALVENARIA). AF_07/2020","UN","1.937,24"]
[101537,"APARELHO SINALIZADOR DE SAÍDA DE GARAGEM, COM CÉLULA FOTOELÉTRICA - FORNECIMENTO E INSTALAÇÃO. AF_07/2020","UN","81,45"]
[101538,"ARMAÇÃO SECUNDÁRIA, COM 1 ESTRIBO E 1 ISOLADOR - FORNECIMENTO E INSTALAÇÃO. AF_07/2020","UN","55,37"]
[101539,"ARMAÇÃO SECUNDÁRIA, COM 2 ESTRIBOS E 2 ISOLADORES - FORNECIMENTO E INSTALAÇÃO. AF_07/2020","UN","89,95"]
[101540,"ARMAÇÃO SECUNDÁRIA, COM 3 ESTRIBOS E 3 ISOLADORES - FORNECIMENTO E INSTALAÇÃO. AF_07/2020","UN","153,42"]
[101541,"ARMAÇÃO SECUNDÁRIA, COM 4 ESTRIBOS E 4 ISOLADORES - FORNECIMENTO E INSTALAÇÃO. AF_07/2020","UN","199,68"]
[101542,"ARMAÇÃO SECUNDÁRIA, COM 1 ESTRIBO, SEM ISOLADOR - FORNECIMENTO E INSTALAÇÃO. AF_07/2020","UN","41,39"]
[101543,"ARMAÇÃO SECUNDÁRIA, COM 2 ESTRIBOS, SEM ISOLADOR - FORNECIMENTO E INSTALAÇÃO. AF_07/2020","UN","72,73"]
[101544,"ARMAÇÃO SECUNDÁRIA, COM 3 ESTRIBOS, SEM ISOLADOR - FORNECIMENTO E INSTALAÇÃO. AF_07/2020","UN","117,12"]
[101545,"ARMAÇÃO SECUNDÁRIA, COM 4 ESTRIBOS, SEM ISOLADOR - FORNECIMENTO E INSTALAÇÃO. AF_07/2020","UN","171,30"]
[101546,"ISOLADOR, TIPO PINO, PARA TENSÃO 15 KV - FORNECIMENTO E INSTALAÇÃO. AF_07/2020","UN","31,35"]
[101547,"ISOLADOR, TIPO DISCO, PARA TENSÃO 15 KV - FORNECIMENTO E INSTALAÇÃO. AF_07/2020","UN","98,34"]
[101548,"ISOLADOR, TIPO ROLDANA, PARA BAIXA TENSÃO - FORNECIMENTO E INSTALAÇÃO. AF_07/2020","UN","7,72"]
[101549,"GRAMPO PARALELO METÁLICO, PARA REDES AÉREAS DE DISTRIBUIÇÃO DE ENERGIA ELÉTRICA DE BAIXA TENSÃO - FORNECIMENTO E INSTALAÇÃO. AF_07/2020","UN","17,12"]
[101553,"ALÇA PREFORMADA DE DISTRIBUIÇÃO, EM  AÇO GALVANIZADO, AWG 1 - FORNECIMENTO E INSTALAÇÃO. AF_07/2020","UN","19,43"]
[101554,"ALÇA PREFORMADA DE DISTRIBUIÇÃO, EM  AÇO GALVANIZADO, AWG 2 - FORNECIMENTO E INSTALAÇÃO. AF_07/2020","UN","13,53"]
[101555,"ALÇA PREFORMADA DE DISTRIBUIÇÃO, EM  AÇO GALVANIZADO, AWG 4 - FORNECIMENTO E INSTALAÇÃO. AF_07/2020","UN","8,16"]
[101556,"ALÇA PREFORMADA DE DISTRIBUIÇÃO, EM  AÇO GALVANIZADO, AWG 6 - FORNECIMENTO E INSTALAÇÃO. AF_07/2020","UN","7,30"]
[101560,"CABO DE COBRE FLEXÍVEL ISOLADO, 10 MM², 0,6/1,0 KV, PARA REDE AÉREA DE DISTRIBUIÇÃO DE ENERGIA ELÉTRICA DE BAIXA TENSÃO - FORNECIMENTO E INSTALAÇÃO. AF_07/2020","M","10,97"]
[101561,"CABO DE COBRE FLEXÍVEL ISOLADO, 16 MM², 0,6/1,0 KV, PARA REDE AÉREA DE DISTRIBUIÇÃO DE ENERGIA ELÉTRICA DE BAIXA TENSÃO - FORNECIMENTO E INSTALAÇÃO. AF_07/2020","M","17,41"]
[101562,"CABO DE COBRE FLEXÍVEL ISOLADO, 25 MM², 0,6/1,0 KV, PARA REDE AÉREA DE DISTRIBUIÇÃO DE ENERGIA ELÉTRICA DE BAIXA TENSÃO - FORNECIMENTO E INSTALAÇÃO. AF_07/2020","M","26,97"]
[101563,"CABO DE COBRE FLEXÍVEL ISOLADO, 35 MM², 0,6/1,0 KV, PARA REDE AÉREA DE DISTRIBUIÇÃO DE ENERGIA ELÉTRICA DE BAIXA TENSÃO - FORNECIMENTO E INSTALAÇÃO. AF_07/2020","M","38,10"]
[101564,"CABO DE COBRE FLEXÍVEL ISOLADO, 50 MM², 0,6/1,0 KV, PARA REDE AÉREA DE DISTRIBUIÇÃO DE ENERGIA ELÉTRICA DE BAIXA TENSÃO - FORNECIMENTO E INSTALAÇÃO. AF_07/2020","M","56,30"]
[101565,"CABO DE COBRE FLEXÍVEL ISOLADO, 70 MM², 0,6/1,0 KV, PARA REDE AÉREA DE DISTRIBUIÇÃO DE ENERGIA ELÉTRICA DE BAIXA TENSÃO - FORNECIMENTO E INSTALAÇÃO. AF_07/2020","M","78,74"]
[101567,"CABO DE COBRE FLEXÍVEL ISOLADO, 95 MM², 0,6/1,0 KV, PARA REDE AÉREA DE DISTRIBUIÇÃO DE ENERGIA ELÉTRICA DE BAIXA TENSÃO - FORNECIMENTO E INSTALAÇÃO. AF_07/2020","M","102,21"]
[101568,"CABO DE COBRE FLEXÍVEL ISOLADO, 120 MM², 0,6/1,0 KV, PARA REDE AÉREA DE DISTRIBUIÇÃO DE ENERGIA ELÉTRICA DE BAIXA TENSÃO - FORNECIMENTO E INSTALAÇÃO. AF_07/2020","M","133,63"]
[101630,"SUBSTITUIÇÃO DE REATOR PARA ILUMINAÇÃO PÚBLICA (NÃO INCLUI FORNECIMENTO). AF_08/2020","UN","80,91"]
[101632,"RELÉ FOTOELÉTRICO PARA COMANDO DE ILUMINAÇÃO EXTERNA 1000 W - FORNECIMENTO E INSTALAÇÃO. AF_08/2020","UN","39,97"]
[101633,"SUBSTITUIÇÃO DE RELÉ FOTOELÉTRICO PARA COMANDO DE ILUMINAÇÃO EXTERNA 1000 W - FORNECIMENTO E INSTALAÇÃO. AF_08/2020","UN","108,21"]
[101636,"BRAÇO PARA ILUMINAÇÃO PÚBLICA, EM TUBO DE AÇO GALVANIZADO, COMPRIMENTO DE 1,50 M, PARA FIXAÇÃO EM POSTE DE CONCRETO - FORNECIMENTO E INSTALAÇÃO. AF_08/2020","UN","157,41"]
[101637,"BRAÇO PARA ILUMINAÇÃO PÚBLICA, EM TUBO DE AÇO GALVANIZADO, COMPRIMENTO DE 1,50 M, PARA FIXAÇÃO EM POSTE METÁLICO - FORNECIMENTO E INSTALAÇÃO. AF_08/2020","UN","151,69"]
[101651,"SUBSTITUIÇÃO DE LÂMPADA PARA ILUMINAÇÃO PÚBLICA (NÃO INCLUI FORNECIMENTO). AF_08/2020","UN","70,25"]
[101653,"LUMINÁRIA ABERTA PARA ILUMINAÇÃO PÚBLICA, PARA LÂMPADA VAPOR DE MERCÚRIO ATÉ 400 W E MISTA ATÉ 500 W, COM BRAÇO EM TUBO DE AÇO GALV 1\", COMPRIMENTO DE 1,50 M, PARA POSTE DE CONCRETO - FORNECIMENTO E INSTALAÇÃO (EXCLUSIVE LÂMPADA E REATOR). AF_08/2020","UN","289,01"]
[101654,"LUMINÁRIA DE LED PARA ILUMINAÇÃO PÚBLICA, DE 33 W ATÉ 50 W - FORNECIMENTO E INSTALAÇÃO. AF_08/2020","UN","178,52"]
[101655,"LUMINÁRIA DE LED PARA ILUMINAÇÃO PÚBLICA, DE 51 W ATÉ 67 W - FORNECIMENTO E INSTALAÇÃO. AF_08/2020","UN","262,60"]
[101656,"LUMINÁRIA DE LED PARA ILUMINAÇÃO PÚBLICA, DE 68 W ATÉ 97 W - FORNECIMENTO E INSTALAÇÃO. AF_08/2020","UN","282,23"]
[101657,"LUMINÁRIA DE LED PARA ILUMINAÇÃO PÚBLICA, DE 98 W ATÉ 137 W - FORNECIMENTO E INSTALAÇÃO. AF_08/2020","UN","324,05"]
[101658,"LUMINÁRIA DE LED PARA ILUMINAÇÃO PÚBLICA, DE 138 W ATÉ 180 W - FORNECIMENTO E INSTALAÇÃO. AF_08/2020","UN","410,04"]
[101659,"LUMINÁRIA DE LED PARA ILUMINAÇÃO PÚBLICA, DE 181 W ATÉ 239 W - FORNECIMENTO E INSTALAÇÃO. AF_08/2020","UN","463,52"]
[101660,"LUMINÁRIA DE LED PARA ILUMINAÇÃO PÚBLICA, DE 240 W ATÉ 350 W - FORNECIMENTO E INSTALAÇÃO. AF_08/2020","UN","715,98"]
[101661,"SUBSTITUIÇÃO DE LUMINÁRIA DE VAPOR DE MERCÚRIO/VAPOR DE SÓDIO POR LUMINÁRIA DE LED PARA ILUMINAÇÃO PÚBLICA (NÃO INCLUI FORNECIMENTO). AF_08/2020","UN","118,41"]
[101663,"ABRAÇADEIRA DE FIXAÇÃO DE BRAÇOS DE LUMINÁRIAS DE 2\" - FORNECIMENTO E INSTALAÇÃO. AF_08/2020","UN","26,07"]
[101664,"ABRAÇADEIRA DE FIXAÇÃO DE BRAÇOS DE LUMINÁRIAS DE 3\" - FORNECIMENTO E INSTALAÇÃO. AF_08/2020","UN","27,26"]
[101665,"ABRAÇADEIRA DE FIXAÇÃO DE BRAÇOS DE LUMINÁRIAS DE 4\" - FORNECIMENTO E INSTALAÇÃO. AF_08/2020","UN","32,40"]
[100578,"ASSENTAMENTO DE POSTE DE CONCRETO COM COMPRIMENTO NOMINAL DE 9 M, CARGA NOMINAL MENOR OU IGUAL A 1000 DAN, ENGASTAMENTO SIMPLES COM 1,5 M DE SOLO (NÃO INCLUI FORNECIMENTO). AF_11/2019","UN","514,84"]
[100579,"ASSENTAMENTO DE POSTE DE CONCRETO COM COMPRIMENTO NOMINAL DE 10 M, CARGA NOMINAL MENOR OU IGUAL A 1000 DAN, ENGASTAMENTO SIMPLES COM 1,6 M DE SOLO (NÃO INCLUI FORNECIMENTO). AF_11/2019","UN","565,20"]
[100580,"ASSENTAMENTO DE POSTE DE CONCRETO COM COMPRIMENTO NOMINAL DE 10 M, CARGA NOMINAL MAIOR QUE 1000 DAN, ENGASTAMENTO SIMPLES COM 1,6 M DE SOLO (NÃO INCLUI FORNECIMENTO). AF_11/2019","UN","612,12"]
[100581,"ASSENTAMENTO DE POSTE DE CONCRETO COM COMPRIMENTO NOMINAL DE 10,5 M, CARGA NOMINAL MENOR OU IGUAL A 1000 DAN, ENGASTAMENTO SIMPLES COM 1,65 M DE SOLO (NÃO INCLUI FORNECIMENTO). AF_11/2019","UN","590,16"]
[100582,"ASSENTAMENTO DE POSTE DE CONCRETO COM COMPRIMENTO NOMINAL DE 10,5 M, CARGA NOMINAL MAIOR QUE 1000 DAN, ENGASTAMENTO SIMPLES COM 1,65 M DE SOLO (NÃO INCLUI FORNECIMENTO). AF_11/2019","UN","674,66"]
[100583,"ASSENTAMENTO DE POSTE DE CONCRETO COM COMPRIMENTO NOMINAL DE 11 M, CARGA NOMINAL MENOR OU IGUAL A 1000 DAN, ENGASTAMENTO SIMPLES COM 1,7 M DE SOLO (NÃO INCLUI FORNECIMENTO). AF_11/2019","UN","616,68"]
[100584,"ASSENTAMENTO DE POSTE DE CONCRETO COM COMPRIMENTO NOMINAL DE 11 M, CARGA NOMINAL MAIOR QUE 1000 DAN, ENGASTAMENTO SIMPLES COM 1,7 M DE SOLO (NÃO INCLUI FORNECIMENTO). AF_11/2019","UN","667,55"]
[100585,"ASSENTAMENTO DE POSTE DE CONCRETO COM COMPRIMENTO NOMINAL DE 12 M, CARGA NOMINAL MENOR OU IGUAL A 1000 DAN, ENGASTAMENTO SIMPLES COM 1,8 M DE SOLO (NÃO INCLUI FORNECIMENTO). AF_11/2019","UN","668,39"]
[100586,"ASSENTAMENTO DE POSTE DE CONCRETO COM COMPRIMENTO NOMINAL DE 12 M, CARGA NOMINAL MAIOR QUE 1000 DAN, ENGASTAMENTO SIMPLES COM 1,8 M DE SOLO (NÃO INCLUI FORNECIMENTO). AF_11/2019","UN","749,52"]
[100587,"ASSENTAMENTO DE POSTE DE CONCRETO COM COMPRIMENTO NOMINAL DE 13 M, CARGA NOMINAL MENOR OU IGUAL A 1000 DAN, ENGASTAMENTO SIMPLES COM 1,9 M DE SOLO (NÃO INCLUI FORNECIMENTO). AF_11/2019","UN","721,69"]
[100588,"ASSENTAMENTO DE POSTE DE CONCRETO COM COMPRIMENTO NOMINAL DE 13 M, CARGA NOMINAL MAIOR QUE 1000 DAN, ENGASTAMENTO SIMPLES COM 1,9 M DE SOLO (NÃO INCLUI FORNECIMENTO). AF_11/2019","UN","784,77"]
[100589,"ASSENTAMENTO DE POSTE DE CONCRETO COM COMPRIMENTO NOMINAL DE 13,5 M, CARGA NOMINAL MENOR OU IGUAL A 1000 DAN, ENGASTAMENTO SIMPLES COM 1,95 M DE SOLO (NÃO INCLUI FORNECIMENTO). AF_11/2019","UN","791,87"]
[100590,"ASSENTAMENTO DE POSTE DE CONCRETO COM COMPRIMENTO NOMINAL DE 13,5 M, CARGA NOMINAL MAIOR QUE 1000 DAN, ENGASTAMENTO SIMPLES COM 1,95 M DE SOLO (NÃO INCLUI FORNECIMENTO). AF_11/2019","UN","854,05"]
[100591,"ASSENTAMENTO DE POSTE DE CONCRETO COM COMPRIMENTO NOMINAL DE 14 M, CARGA NOMINAL MENOR OU IGUAL A 1000 DAN, ENGASTAMENTO SIMPLES COM 2 M DE SOLO (NÃO INCLUI FORNECIMENTO). AF_11/2019","UN","791,61"]
[100592,"ASSENTAMENTO DE POSTE DE CONCRETO COM COMPRIMENTO NOMINAL DE 14 M, CARGA NOMINAL MAIOR QUE 1000 DAN, ENGASTAMENTO SIMPLES COM 2 M DE SOLO (NÃO INCLUI FORNECIMENTO). AF_11/2019","UN","843,18"]
[100593,"ASSENTAMENTO DE POSTE DE CONCRETO COM COMPRIMENTO NOMINAL DE 15 M, CARGA NOMINAL MENOR OU IGUAL A 1000 DAN, ENGASTAMENTO SIMPLES COM 2,1 M DE SOLO (NÃO INCLUI FORNECIMENTO). AF_11/2019","UN","847,76"]
[100594,"ASSENTAMENTO DE POSTE DE CONCRETO COM COMPRIMENTO NOMINAL DE 15 M, CARGA NOMINAL MAIOR QUE 1000 DAN, ENGASTAMENTO SIMPLES COM 2,1 M DE SOLO (NÃO INCLUI FORNECIMENTO). AF_11/2019","UN","935,30"]
[100595,"ASSENTAMENTO DE POSTE DE CONCRETO COM COMPRIMENTO NOMINAL DE 18 M, CARGA NOMINAL MENOR OU IGUAL A 1000 DAN, ENGASTAMENTO SIMPLES COM 2,4 M DE SOLO (NÃO INCLUI FORNECIMENTO). AF_11/2019","UN","1.016,10"]
[100596,"ASSENTAMENTO DE POSTE DE CONCRETO COM COMPRIMENTO NOMINAL DE 18 M, CARGA NOMINAL MAIOR QUE 1000 DAN, ENGASTAMENTO SIMPLES COM 2,4 M DE SOLO (NÃO INCLUI FORNECIMENTO). AF_11/2019","UN","1.134,34"]
[100597,"ASSENTAMENTO DE POSTE DE CONCRETO COM COMPRIMENTO NOMINAL DE 20 M, CARGA NOMINAL MENOR OU IGUAL A 1000 DAN, ENGASTAMENTO SIMPLES COM 2,6 M DE SOLO (NÃO INCLUI FORNECIMENTO). AF_11/2019","UN","1.168,50"]
[100598,"ASSENTAMENTO DE POSTE DE CONCRETO COM COMPRIMENTO NOMINAL DE 20 M, CARGA NOMINAL MAIOR QUE 1000, ENGASTAMENTO SIMPLES COM 2,6 M DE SOLO (NÃO INCLUI FORNECIMENTO). AF_11/2019","UN","1.266,00"]
[100599,"ASSENTAMENTO DE POSTE DE CONCRETO COM COMPRIMENTO NOMINAL DE 9 M, CARGA NOMINAL DE 150 DAN, ENGASTAMENTO BASE CONCRETADA COM 1 M DE CONCRETO E 0,5 M DE SOLO (NÃO INCLUI FORNECIMENTO). AF_11/2019","UN","549,47"]
[100600,"ASSENTAMENTO DE POSTE DE CONCRETO COM COMPRIMENTO NOMINAL DE 9 M, CARGA NOMINAL DE 300 DAN, ENGASTAMENTO BASE CONCRETADA COM 1 M DE CONCRETO E 0,5 M DE SOLO (NÃO INCLUI FORNECIMENTO). AF_11/2019","UN","652,04"]
[100601,"ASSENTAMENTO DE POSTE DE CONCRETO COM COMPRIMENTO NOMINAL DE 9 M, CARGA NOMINAL DE 400 DAN, ENGASTAMENTO BASE CONCRETADA COM 1 M DE CONCRETO E 0,5 M DE SOLO (NÃO INCLUI FORNECIMENTO). AF_11/2019","UN","830,76"]
[100602,"ASSENTAMENTO DE POSTE DE CONCRETO COM COMPRIMENTO NOMINAL DE 9 M, CARGA NOMINAL DE 600 DAN, ENGASTAMENTO BASE CONCRETADA COM 1 M DE CONCRETO E 0,5 M DE SOLO (NÃO INCLUI FORNECIMENTO). AF_11/2019","UN","1.053,67"]
[100603,"ASSENTAMENTO DE POSTE DE CONCRETO COM COMPRIMENTO NOMINAL DE 9 M, CARGA NOMINAL DE 1000 DAN, ENGASTAMENTO BASE CONCRETADA COM 1 M DE CONCRETO E 0,5 M DE SOLO (NÃO INCLUI FORNECIMENTO). AF_11/2019","UN","1.625,12"]
[100604,"ASSENTAMENTO DE POSTE DE CONCRETO COM COMPRIMENTO NOMINAL DE 10 M, CARGA NOMINAL DE 300 DAN, ENGASTAMENTO BASE CONCRETADA COM 1 M DE CONCRETO E 0,6 M DE SOLO (NÃO INCLUI FORNECIMENTO). AF_11/2019","UN","691,69"]
[100605,"ASSENTAMENTO DE POSTE DE CONCRETO COM COMPRIMENTO NOMINAL DE 10 M, CARGA NOMINAL DE 600 DAN, ENGASTAMENTO BASE CONCRETADA COM 1 M DE CONCRETO E 0,6 M DE SOLO (NÃO INCLUI FORNECIMENTO). AF_11/2019","UN","1.101,69"]
[100606,"ASSENTAMENTO DE POSTE DE CONCRETO COM COMPRIMENTO NOMINAL DE 10 M, CARGA NOMINAL DE 1000 DAN, ENGASTAMENTO BASE CONCRETADA COM 1 M DE CONCRETO E 0,6 M DE SOLO (NÃO INCLUI FORNECIMENTO). AF_11/2019","UN","1.683,78"]
[100607,"ASSENTAMENTO DE POSTE DE CONCRETO COM COMPRIMENTO NOMINAL DE 10,5 M, CARGA NOMINAL DE 300 DAN, ENGASTAMENTO BASE CONCRETADA COM 1 M DE CONCRETO E 0,65 M DE SOLO (NÃO INCLUI FORNECIMENTO). AF_11/2019","UN","710,47"]
[100608,"ASSENTAMENTO DE POSTE DE CONCRETO COM COMPRIMENTO NOMINAL DE 10,5 M, CARGA NOMINAL DE 600 DAN, ENGASTAMENTO BASE CONCRETADA COM 1 M DE CONCRETO E 0,65 M DE SOLO (NÃO INCLUI FORNECIMENTO). AF_11/2019","UN","1.125,35"]
[100609,"ASSENTAMENTO DE POSTE DE CONCRETO COM COMPRIMENTO NOMINAL DE 10,5 M, CARGA NOMINAL DE 1000 DAN, ENGASTAMENTO BASE CONCRETADA COM 1 M DE CONCRETO E 0,65 M DE SOLO (NÃO INCLUI FORNECIMENTO). AF_11/2019","UN","1.715,03"]
[100610,"ASSENTAMENTO DE POSTE DE CONCRETO COM COMPRIMENTO NOMINAL DE 11 M, CARGA NOMINAL DE 300 DAN, ENGASTAMENTO BASE CONCRETADA COM 1 M DE CONCRETO E 0,7 M DE SOLO (NÃO INCLUI FORNECIMENTO). AF_11/2019","UN","729,21"]
[100611,"ASSENTAMENTO DE POSTE DE CONCRETO COM COMPRIMENTO NOMINAL DE 11 M, CARGA NOMINAL DE 400 DAN, ENGASTAMENTO BASE CONCRETADA COM 1 M DE CONCRETO E 0,7 M DE SOLO (NÃO INCLUI FORNECIMENTO). AF_11/2019","UN","915,31"]
[100612,"ASSENTAMENTO DE POSTE DE CONCRETO COM COMPRIMENTO NOMINAL DE 11 M, CARGA NOMINAL DE 600 DAN, ENGASTAMENTO BASE CONCRETADA COM 1 M DE CONCRETO E 0,7 M DE SOLO (NÃO INCLUI FORNECIMENTO). AF_11/2019","UN","1.148,53"]
[100613,"ASSENTAMENTO DE POSTE DE CONCRETO COM COMPRIMENTO NOMINAL DE 11 M, CARGA NOMINAL DE 1000 DAN, ENGASTAMENTO BASE CONCRETADA COM 1 M DE CONCRETO E 0,7 M DE SOLO (NÃO INCLUI FORNECIMENTO). AF_11/2019","UN","1.745,44"]
[100614,"ASSENTAMENTO DE POSTE DE CONCRETO COM COMPRIMENTO NOMINAL DE 12 M, CARGA NOMINAL DE 400 DAN, ENGASTAMENTO BASE CONCRETADA COM 1 M DE CONCRETO E 0,8 M DE SOLO (NÃO INCLUI FORNECIMENTO). AF_11/2019","UN","956,82"]
[100615,"ASSENTAMENTO DE POSTE DE CONCRETO COM COMPRIMENTO NOMINAL DE 12 M, CARGA NOMINAL DE 600 DAN, ENGASTAMENTO BASE CONCRETADA COM 1 M DE CONCRETO E 0,8 M DE SOLO (NÃO INCLUI FORNECIMENTO). AF_11/2019","UN","1.194,47"]
[100616,"ASSENTAMENTO DE POSTE DE CONCRETO COM COMPRIMENTO NOMINAL DE 12 M, CARGA NOMINAL DE 1000 DAN, ENGASTAMENTO BASE CONCRETADA COM 1 M DE CONCRETO E 0,8 M DE SOLO (NÃO INCLUI FORNECIMENTO). AF_11/2019","UN","1.809,11"]
[100617,"ASSENTAMENTO DE POSTE DE CONCRETO COM COMPRIMENTO NOMINAL DE 13 M, CARGA NOMINAL DE 600 DAN, ENGASTAMENTO BASE CONCRETADA COM 1 M DE CONCRETO E 0,9 M DE SOLO (NÃO INCLUI FORNECIMENTO). AF_11/2019","UN","1.240,12"]
[100618,"ASSENTAMENTO DE POSTE DE CONCRETO COM COMPRIMENTO NOMINAL DE 13 M, CARGA NOMINAL DE 1000 DAN, ENGASTAMENTO BASE CONCRETADA COM 1 M DE CONCRETO E 0,9 M DE SOLO - SOMENTE INSTALAÇÃO, SEM FORNECIMENTO. AF_11/2019","UN","1.881,06"]
[100619,"POSTE DECORATIVO PARA JARDIM EM AÇO TUBULAR, H = *2,5* M, SEM LUMINÁRIA - FORNECIMENTO E INSTALAÇÃO. AF_11/2019","UN","564,51"]
[100620,"POSTE DE AÇO CONICO CONTÍNUO CURVO SIMPLES, FLANGEADO, H=9M, INCLUSIVE LUMINÁRIA, SEM LÂMPADA - FORNECIMENTO E INSTALACAO. AF_11/2019","UN","2.690,20"]
[100621,"POSTE DE AÇO CONICO CONTÍNUO CURVO DUPLO, FLANGEADO, H=9M, INCLUSIVE LUMINÁRIAS, SEM LÂMPADAS - FORNECIMENTO E INSTALACAO. AF_11/2019","UN","3.128,40"]
[100622,"POSTE DE AÇO CONICO CONTÍNUO CURVO SIMPLES, ENGASTADO, H=9M, INCLUSIVE LUMINÁRIA, SEM LÂMPADA - FORNECIMENTO E INSTALACAO. AF_11/2019","UN","2.379,76"]
[100623,"POSTE DE AÇO CONICO CONTÍNUO CURVO DUPLO, ENGASTADO, H=9M, INCLUSIVE LUMINÁRIAS, SEM LÂMPADAS - FORNECIMENTO E INSTALACAO. AF_11/2019","UN","2.564,56"]
[97605,"LUMINÁRIA ARANDELA TIPO MEIA LUA, DE SOBREPOR, COM 1 LÂMPADA LED DE 6 W, SEM REATOR - FORNECIMENTO E INSTALAÇÃO. AF_09/2024","UN","88,13"]
[97607,"LUMINÁRIA ARANDELA TIPO TARTARUGA, DE SOBREPOR, COM 1 LÂMPADA LED DE 6 W, SEM REATOR - FORNECIMENTO E INSTALAÇÃO. AF_09/2024","UN","111,71"]
[102102,"TRANSFORMADOR DE DISTRIBUIÇÃO, 30 KVA, TRIFÁSICO, 60 HZ, CLASSE 15 KV, IMERSO EM ÓLEO MINERAL, INSTALAÇÃO EM POSTE (NÃO INCLUSO SUPORTE) - FORNECIMENTO E INSTALAÇÃO. AF_12/2020","UN","19.598,68"]
[102103,"TRANSFORMADOR DE DISTRIBUIÇÃO, 45 KVA, TRIFÁSICO, 60 HZ, CLASSE 15 KV, IMERSO EM ÓLEO MINERAL, INSTALAÇÃO EM POSTE (NÃO INCLUSO SUPORTE) - FORNECIMENTO E INSTALAÇÃO. AF_12/2020","UN","21.849,32"]
[102104,"TRANSFORMADOR DE DISTRIBUIÇÃO, 75 KVA, TRIFÁSICO, 60 HZ, CLASSE 15 KV, IMERSO EM ÓLEO MINERAL, INSTALAÇÃO EM POSTE (NÃO INCLUSO SUPORTE) - FORNECIMENTO E INSTALAÇÃO. AF_12/2020","UN","28.136,90"]
[102105,"TRANSFORMADOR DE DISTRIBUIÇÃO, 112,5 KVA, TRIFÁSICO, 60 HZ, CLASSE 15 KV, IMERSO EM ÓLEO MINERAL, INSTALAÇÃO EM POSTE (NÃO INCLUSO SUPORTE) - FORNECIMENTO E INSTALAÇÃO. AF_12/2020","UN","34.670,64"]
[102106,"TRANSFORMADOR DE DISTRIBUIÇÃO, 150 KVA, TRIFÁSICO, 60 HZ, CLASSE 15 KV, IMERSO EM ÓLEO MINERAL, INSTALAÇÃO EM POSTE (NÃO INCLUSO SUPORTE) - FORNECIMENTO E INSTALAÇÃO. AF_12/2020","UN","43.603,75"]
[102107,"TRANSFORMADOR DE DISTRIBUIÇÃO, 225 KVA, TRIFÁSICO, 60 HZ, CLASSE 15 KV, IMERSO EM ÓLEO MINERAL, INSTALAÇÃO EM POSTE (NÃO INCLUSO SUPORTE) - FORNECIMENTO E INSTALAÇÃO. AF_12/2020","UN","61.001,28"]
[102108,"TRANSFORMADOR DE DISTRIBUIÇÃO, 300 KVA, TRIFÁSICO, 60 HZ, CLASSE 15 KV, IMERSO EM ÓLEO MINERAL, INSTALAÇÃO EM POSTE (NÃO INCLUSO SUPORTE) - FORNECIMENTO E INSTALAÇÃO. AF_12/2020","UN","71.100,21"]
[102109,"SUPORTE PARA TRANSFORMADOR EM POSTE DE CONCRETO CIRCULAR - FORNECIMENTO E INSTALAÇÃO. AF_12/2020","UN","71,88"]
[102110,"SUPORTE PARA TRANSFORMADOR EM POSTE DE CONCRETO DUPLO T - FORNECIMENTO E INSTALAÇÃO. AF_12/2020","UN","240,92"]
[103654,"TRANSFORMADOR DE DISTRIBUIÇÃO, 500KVA, TRIFÁSICO, 60 HZ, CLASSE 15 KV, IMERSO EM ÓLEO MINERAL, INSTALAÇÃO EM SOLO (NÃO INCLUSO ABRIGO) - FORNECIMENTO E INSTALAÇÃO. AF_02/2022","UN","115.569,28"]
[103655,"TRANSFORMADOR DE DISTRIBUIÇÃO, 750 KVA, TRIFÁSICO, 60 HZ, CLASSE 15 KV, IMERSO EM ÓLEO MINERAL, INSTALAÇÃO EM SOLO (NÃO INCLUSO ABRIGO) - FORNECIMENTO E INSTALAÇÃO. AF_02/2022","UN","158.414,98"]
[103656,"TRANSFORMADOR DE DISTRIBUIÇÃO, 1000 KVA, TRIFÁSICO, 60 HZ, CLASSE 15 KV, IMERSO EM ÓLEO MINERAL, INSTALAÇÃO EM SOLO (NÃO INCLUSO ABRIGO) - FORNECIMENTO E INSTALAÇÃO. AF_02/2022","UN","221.637,50"]
[96973,"CORDOALHA DE COBRE NU 35 MM², NÃO ENTERRADA, COM ISOLADOR - FORNECIMENTO E INSTALAÇÃO. AF_08/2023","M","71,40"]
[96974,"CORDOALHA DE COBRE NU 50 MM², NÃO ENTERRADA, COM ISOLADOR - FORNECIMENTO E INSTALAÇÃO. AF_08/2023","M","92,62"]
[96975,"CORDOALHA DE COBRE NU 70 MM², NÃO ENTERRADA, COM ISOLADOR - FORNECIMENTO E INSTALAÇÃO. AF_08/2023","M","115,00"]
[96976,"CORDOALHA DE COBRE NU 95 MM², NÃO ENTERRADA, COM ISOLADOR - FORNECIMENTO E INSTALAÇÃO. AF_08/2023","M","152,50"]
[96977,"CORDOALHA DE COBRE NU 50 MM², ENTERRADA - FORNECIMENTO E INSTALAÇÃO. AF_08/2023","M","61,28"]
[96978,"CORDOALHA DE COBRE NU 70 MM², ENTERRADA - FORNECIMENTO E INSTALAÇÃO. AF_08/2023","M","80,76"]
[96979,"CORDOALHA DE COBRE NU 95 MM², ENTERRADA - FORNECIMENTO E INSTALAÇÃO. AF_08/2023","M","115,64"]
[96984,"ELETRODUTO PVC RÍGIDO, DIÂMETRO 40MM, COM 3 METROS, PARA SPDA - FORNECIMENTO E INSTALAÇÃO. AF_08/2023","UN","56,40"]
[96985,"HASTE DE ATERRAMENTO, DIÂMETRO 5/8\", COM 3 METROS - FORNECIMENTO E INSTALAÇÃO. AF_08/2023","UN","70,12"]
[96986,"HASTE DE ATERRAMENTO, DIÂMETRO 3/4\", COM 3 METROS - FORNECIMENTO E INSTALAÇÃO. AF_08/2023","UN","104,76"]
[96987,"BASE METÁLICA PARA MASTRO 1 ½\"  PARA SPDA - FORNECIMENTO E INSTALAÇÃO. AF_08/2023","UN","128,02"]
[96988,"MASTRO 1 ½\", COM 3 METROS, PARA SPDA - FORNECIMENTO E INSTALAÇÃO. AF_08/2023","UN","192,54"]
[96989,"CAPTOR TIPO FRANKLIN PARA SPDA - FORNECIMENTO E INSTALAÇÃO. AF_08/2023","UN","161,24"]
[98463,"SUPORTE ISOLADOR PARA FIXAÇÃO DA CORDOALHA DE COBRE EM ALVENARIA OU CONCRETO - FORNECIMENTO E INSTALAÇÃO. AF_08/2023","UN","26,16"]
[104746,"MINI CAPTOR PARA SPDA - FORNECIMENTO E INSTALAÇÃO. AF_08/2023","UN","28,70"]
[104749,"CONECTOR GRAMPO METÁLICO TIPO OLHAL, PARA SPDA, PARA HASTE DE ATERRAMENTO DE 3/4'' E CABOS DE 10 A 50 MM2 - FORNECIMENTO E INSTALAÇÃO. AF_08/2023","UN","17,94"]
[104750,"CONECTOR GRAMPO METÁLICO TIPO OLHAL, PARA SPDA, PARA HASTE DE ATERRAMENTO DE 5/8'' E CABOS DE 10 A 50 MM2 - FORNECIMENTO E INSTALAÇÃO. AF_08/2023","UN","14,56"]
[104751,"CONECTOR GRAMPO PARALELO METÁLICO, PARA SPDA, PARA CABOS DE 6 A 50 MM2 - FORNECIMENTO E INSTALAÇÃO. AF_08/2023","UN","20,36"]
[104752,"CONECTOR SPLIT-BOLT, PARA SPDA, PARA CABOS ATÉ 35 MM2 - FORNECIMENTO E INSTALAÇÃO. AF_08/2023","UN","21,45"]
[104753,"CONECTOR SPLIT-BOLT, PARA SPDA, PARA CABOS ATÉ 50 MM2 - FORNECIMENTO E INSTALAÇÃO. AF_08/2023","UN","26,44"]
[104754,"CONECTOR SPLIT-BOLT, PARA SPDA, PARA CABOS ATÉ 70 MM2 - FORNECIMENTO E INSTALAÇÃO. AF_08/2023","UN","35,01"]
[104755,"CONECTOR SPLIT-BOLT, PARA SPDA, PARA CABOS ATÉ 95 MM2 - FORNECIMENTO E INSTALAÇÃO. AF_08/2023","UN","48,29"]
[103490,"PLACA DE CONCRETO PRÉ-MOLDADO COMO PROTEÇÃO MECÂNICA ADICIONAL NO REATERRO PARA REDE ENTERRADA DE DISTRIBUIÇÃO DE ENERGIA ELÉTRICA - FORNECIMENTO E INSTALAÇÃO. AF_12/2021","M3","3.143,92"]
[103491,"CONCRETAGEM COMO PROTEÇÃO MECÂNICA ADICIONAL NO REATERRO PARA REDE ENTERRADA DE DISTRIBUIÇÃO DE ENERGIA ELÉTRICA - FORNECIMENTO E INSTALAÇÃO. AF_12/2021","M3","654,87"]
[104758,"FURO MANUAL EM ALVENARIA, PARA INSTALAÇÕES ELÉTRICAS, DIÂMETROS MENORES OU IGUAIS A 40 MM. AF_09/2023","UN","14,34"]
[104759,"FURO MANUAL EM ALVENARIA, PARA INSTALAÇÕES ELÉTRICAS, DIÂMETROS MAIORES QUE 40 MM E MENORES OU IGUAIS A 75 MM. AF_09/2023","UN","38,25"]
[104760,"FURO MANUAL EM ALVENARIA, PARA INSTALAÇÕES ELÉTRICAS, DIÂMETROS MAIORES QUE 75 MM E MENORES OU IGUAIS A 100 MM. AF_09/2023","UN","55,87"]
[104761,"FURO MECANIZADO EM CONCRETO, COM MARTELO DEMOLIDOR, PARA INSTALAÇÕES ELÉTRICAS, DIÂMETROS MENORES OU IGUAIS A 40 MM. AF_09/2023","UN","7,94"]
[104762,"FURO MECANIZADO EM CONCRETO, COM MARTELO DEMOLIDOR, PARA INSTALAÇÕES ELÉTRICAS, DIÂMETROS MAIORES QUE 40 MM E MENORES OU IGUAIS A 75 MM. AF_09/2023","UN","21,16"]
[104763,"FURO MECANIZADO EM CONCRETO, COM MARTELO DEMOLIDOR, PARA INSTALAÇÕES ELÉTRICAS, DIÂMETROS MAIORES QUE 75 MM E MENORES OU IGUAIS A 150 MM. AF_09/2023","UN","30,91"]
[104764,"SUPORTE PARA 2 ELETRODUTOS, ESPAÇADO A CADA 80 CM, EM PERFILADO COM COMPRIMENTO DE 25 CM FIXADO EM LAJE, POR METRO DE ELETRODUTO FIXADO. AF_09/2023","M","19,94"]
[104765,"SUPORTE PARA 4 ELETRODUTOS, ESPAÇADO A CADA 80 CM, EM PERFILADO COM COMPRIMENTO DE 42 CM FIXADO EM LAJE, POR METRO DE ELETRODUTO FIXADO. AF_09/2023","M","15,84"]
[104766,"CHUMBAMENTO LINEAR EM ALVENARIA PARA ELETRODUTOS COM DIÂMETROS MENORES OU IGUAIS A 40 MM. AF_09/2023","M","15,42"]
[104768,"FURO MECANIZADO EM ALVENARIA, PARA INSTALAÇÕES ELÉTRICAS, DIÂMETROS MENORES OU IGUAIS A 40 MM. AF_09/2023","UN","0,60"]
[104770,"FURO MECANIZADO EM ALVENARIA, PARA INSTALAÇÕES ELÉTRICAS, DIÂMETROS MAIORES QUE 40 MM E MENORES OU IGUAIS A 75 MM. AF_09/2023","UN","1,62"]
[104772,"FURO MECANIZADO EM ALVENARIA, PARA INSTALAÇÕES ELÉTRICAS, DIÂMETROS MAIORES QUE 75 MM E MENORES OU IGUAIS A 100 MM. AF_09/2023","UN","2,36"]
[104774,"FURO MECANIZADO EM CONCRETO, COM PERFURATRIZ, PARA INSTALAÇÕES ELÉTRICAS, DIÂMETROS MENORES OU IGUAIS A 40 MM. AF_09/2023","UN","2,15"]
[104776,"FURO MECANIZADO EM CONCRETO, COM PERFURATRIZ, PARA INSTALAÇÕES ELÉTRICAS, DIÂMETROS MAIORES QUE 40 MM E MENORES OU IGUAIS A 75 MM. AF_09/2023","UN","5,75"]
[104778,"FURO MECANIZADO EM CONCRETO, COM PERFURATRIZ, PARA INSTALAÇÕES ELÉTRICAS, DIÂMETROS MAIORES QUE 75 MM E MENORES OU IGUAIS A 150 MM. AF_09/2023","UN","8,42"]
[104780,"RASGO LINEAR MECANIZADO EM ALVENARIA, PARA ELETRODUTOS, DIÂMETROS MENORES OU IGUAIS A 40 MM. AF_09/2023","M","4,79"]
[104785,"FIXAÇÃO DE ELETRODUTOS, DIÂMETROS MENORES OU IGUAIS A 40 MM, COM ABRAÇADEIRA METÁLICA RÍGIDA TIPO D COM PARAFUSO DE FIXAÇÃO 1 1/4\", FIXADA DIRETAMENTE NA LAJE OU PAREDE. AF_09/2023","M","12,00"]
[96765,"ABRIGO PARA HIDRANTE, 90X60X17CM, COM REGISTRO GLOBO ANGULAR 45 GRAUS 2 1/2\", ADAPTADOR STORZ 2 1/2\", MANGUEIRA DE INCÊNDIO 20M, REDUÇÃO 2 1/2\" X 1 1/2\" E ESGUICHO EM LATÃO 1 1/2\" - FORNECIMENTO E INSTALAÇÃO. AF_10/2020","UN","1.460,51"]
[101905,"EXTINTOR DE INCÊNDIO PORTÁTIL COM CARGA DE ÁGUA PRESSURIZADA DE 10 L, CLASSE A - FORNECIMENTO E INSTALAÇÃO. AF_10/2020_PE","UN","223,83"]
[101906,"EXTINTOR DE INCÊNDIO PORTÁTIL COM CARGA DE CO2 DE 4 KG, CLASSE BC - FORNECIMENTO E INSTALAÇÃO. AF_10/2020_PE","UN","659,50"]
[101907,"EXTINTOR DE INCÊNDIO PORTÁTIL COM CARGA DE CO2 DE 6 KG, CLASSE BC - FORNECIMENTO E INSTALAÇÃO. AF_10/2020_PE","UN","712,58"]
[101908,"EXTINTOR DE INCÊNDIO PORTÁTIL COM CARGA DE PQS DE 4 KG, CLASSE BC - FORNECIMENTO E INSTALAÇÃO. AF_10/2020_PE","UN","217,19"]
[101909,"EXTINTOR DE INCÊNDIO PORTÁTIL COM CARGA DE PQS DE 6 KG, CLASSE BC - FORNECIMENTO E INSTALAÇÃO. AF_10/2020_PE","UN","252,58"]
[101910,"EXTINTOR DE INCÊNDIO PORTÁTIL COM CARGA DE PQS DE 8 KG, CLASSE BC - FORNECIMENTO E INSTALAÇÃO. AF_10/2020_PE","UN","296,81"]
[101911,"EXTINTOR DE INCÊNDIO PORTÁTIL COM CARGA DE PQS DE 12 KG, CLASSE BC - FORNECIMENTO E INSTALAÇÃO. AF_10/2020_PE","UN","341,04"]
[101912,"ABRIGO PARA HIDRANTE, 75X45X17CM, COM REGISTRO GLOBO ANGULAR 45 GRAUS 2 1/2\", ADAPTADOR STORZ 2 1/2\", MANGUEIRA DE INCÊNDIO 15M 2 1/2\" E ESGUICHO EM LATÃO 2 1/2\" - FORNECIMENTO E INSTALAÇÃO. AF_10/2020","UN","1.922,98"]
[101913,"CAIXA DE INCÊNDIO 45X75X17CM - FORNECIMENTO E INSTALAÇÃO. AF_10/2020","UN","340,71"]
[101914,"CAIXA DE INCÊNDIO 60X90X17CM - FORNECIMENTO E INSTALAÇÃO. AF_10/2020","UN","434,32"]
[101915,"CONJUNTO DE MANGUEIRA PARA COMBATE A INCÊNDIO EM FIBRA DE POLIESTER PURA, COM 1.1/2\", REVESTIDA INTERNAMENTE, COMPRIMENTO DE 15M - FORNECIMENTO E INSTALAÇÃO. AF_10/2020","UN","429,07"]
[101916,"HIDRANTE SUBTERRÂNEO PREDIAL (COM CURVA LONGA E CAIXA), DN 75 MM - FORNECIMENTO E INSTALAÇÃO. AF_10/2020","UN","3.372,03"]
[101917,"MANÔMETRO 0 A 200 PSI (0 A 14 KGF/CM2), D = 50MM - FORNECIMENTO E INSTALAÇÃO. AF_10/2020","UN","156,82"]
[98261,"CABO TELEFÔNICO CCI-50 1 PAR, INSTALADO EM ENTRADA DE EDIFICAÇÃO - FORNECIMENTO E INSTALAÇÃO. AF_11/2019","M","3,97"]
[98262,"CABO TELEFÔNICO CCI-50 2 PARES, SEM BLINDAGEM, INSTALADO EM ENTRADA DE EDIFICAÇÃO - FORNECIMENTO E INSTALAÇÃO. AF_11/2019","M","5,05"]
[98263,"CABO TELEFÔNICO CCI-50 3 PARES, SEM BLINDAGEM, INSTALADO EM ENTRADA DE EDIFICAÇÃO - FORNECIMENTO E INSTALAÇÃO. AF_11/2019","M","5,28"]
[98264,"CABO TELEFÔNICO CCI-50 4 PARES, SEM BLINDAGEM, INSTALADO EM ENTRADA DE EDIFICAÇÃO - FORNECIMENTO E INSTALAÇÃO. AF_11/2019","M","6,44"]
[98265,"CABO TELEFÔNICO CCI-50 5 PARES, SEM BLINDAGEM, INSTALADO EM ENTRADA DE EDIFICAÇÃO - FORNECIMENTO E INSTALAÇÃO. AF_11/2019","M","7,21"]
[98266,"CABO TELEFÔNICO CCI-50 6 PARES, SEM BLINDAGEM, INSTALADO EM ENTRADA DE EDIFICAÇÃO - FORNECIMENTO E INSTALAÇÃO. AF_11/2019","M","8,28"]
[98267,"CABO TELEFÔNICO CI-50 10 PARES INSTALADO EM ENTRADA DE EDIFICAÇÃO - FORNECIMENTO E INSTALAÇÃO. AF_11/2019","M","13,31"]
[98268,"CABO TELEFÔNICO CI-50 20 PARES INSTALADO EM ENTRADA DE EDIFICAÇÃO - FORNECIMENTO E INSTALAÇÃO. AF_11/2019","M","21,87"]
[98269,"CABO TELEFÔNICO CI-50 30 PARES INSTALADO EM ENTRADA DE EDIFICAÇÃO - FORNECIMENTO E INSTALAÇÃO. AF_11/2019","M","30,16"]
[98270,"CABO TELEFÔNICO CI-50 50 PARES INSTALADO EM ENTRADA DE EDIFICAÇÃO - FORNECIMENTO E INSTALAÇÃO. AF_11/2019","M","45,95"]
[98271,"CABO TELEFÔNICO CI-50 75 PARES INSTALADO EM ENTRADA DE EDIFICAÇÃO - FORNECIMENTO E INSTALAÇÃO. AF_11/2019","M","65,00"]
[98272,"CABO TELEFÔNICO CI-50 200 PARES INSTALADO EM ENTRADA DE EDIFICAÇÃO - FORNECIMENTO E INSTALAÇÃO. AF_11/2019","M","150,43"]
[98273,"CABO TELEFÔNICO CCI-50 4 PARES, SEM BLINDAGEM, INSTALADO EM PRUMADA - FORNECIMENTO E INSTALAÇÃO. AF_11/2019","M","3,51"]
[98274,"CABO TELEFÔNICO CCI-50 5 PARES, SEM BLINDAGEM, INSTALADO EM PRUMADA - FORNECIMENTO E INSTALAÇÃO. AF_11/2019","M","4,27"]
[98275,"CABO TELEFÔNICO CCI-50 6 PARES, SEM BLINDAGEM, INSTALADO EM PRUMADA - FORNECIMENTO E INSTALAÇÃO. AF_11/2019","M","5,34"]
[98276,"CABO TELEFÔNICO CI-50 10 PARES INSTALADO EM PRUMADA - FORNECIMENTO E INSTALAÇÃO. AF_11/2019","M","10,38"]
[98277,"CABO TELEFÔNICO CI-50 20 PARES INSTALADO EM PRUMADA - FORNECIMENTO E INSTALAÇÃO. AF_11/2019","M","18,95"]
[98278,"CABO TELEFÔNICO CI-50 30 PARES INSTALADO EM PRUMADA - FORNECIMENTO E INSTALAÇÃO. AF_11/2019","M","27,23"]
[98279,"CABO TELEFÔNICO CI-50 50 PARES INSTALADO EM PRUMADA - FORNECIMENTO E INSTALAÇÃO. AF_11/2019","M","43,01"]
[98280,"CABO TELEFÔNICO CCI-50 1 PAR, SEM BLINDAGEM, INSTALADO EM DISTRIBUIÇÃO DE EDIFICAÇÃO RESIDENCIAL - FORNECIMENTO E INSTALAÇÃO. AF_11/2019","M","7,74"]
[98281,"CABO TELEFÔNICO CCI-50 2 PARES, SEM BLINDAGEM, INSTALADO EM DISTRIBUIÇÃO DE EDIFICAÇÃO RESIDENCIAL - FORNECIMENTO E INSTALAÇÃO. AF_11/2019","M","8,81"]
[98282,"CABO TELEFÔNICO CCI-50 3 PARES, SEM BLINDAGEM, INSTALADO EM DISTRIBUIÇÃO DE EDIFICAÇÃO RESIDENCIAL - FORNECIMENTO E INSTALAÇÃO. AF_11/2019","M","9,05"]
[98283,"CABO TELEFÔNICO CCI-50 4 PARES, SEM BLINDAGEM, INSTALADO EM DISTRIBUIÇÃO DE EDIFICAÇÃO RESIDENCIAL - FORNECIMENTO E INSTALAÇÃO. AF_11/2019","M","10,20"]
[98284,"CABO TELEFÔNICO CCI-50 5 PARES, SEM BLINDAGEM, INSTALADO EM DISTRIBUIÇÃO DE EDIFICAÇÃO RESIDENCIAL - FORNECIMENTO E INSTALAÇÃO. AF_11/2019","M","10,98"]
[98285,"CABO TELEFÔNICO CCI-50 6 PARES, SEM BLINDAGEM, INSTALADO EM DISTRIBUIÇÃO DE EDIFICAÇÃO RESIDENCIAL - FORNECIMENTO E INSTALAÇÃO. AF_11/2019","M","12,05"]
[98286,"CABO TELEFÔNICO CI-50 10 PARES INSTALADO EM DISTRIBUIÇÃO DE EDIFICAÇÃO RESIDENCIAL - FORNECIMENTO E INSTALAÇÃO. AF_11/2019","M","17,08"]
[98287,"CABO TELEFÔNICO CCI-50 1 PAR, SEM BLINDAGEM, INSTALADO EM DISTRIBUIÇÃO DE EDIFICAÇÃO INSTITUCIONAL - FORNECIMENTO E INSTALAÇÃO. AF_11/2019","M","1,71"]
[98288,"CABO TELEFÔNICO CCI-50 2 PARES, SEM BLINDAGEM, INSTALADO EM DISTRIBUIÇÃO DE EDIFICAÇÃO INSTITUCIONAL - FORNECIMENTO E INSTALAÇÃO. AF_11/2019","M","2,78"]
[98289,"CABO TELEFÔNICO CCI-50 3 PARES, SEM BLINDAGEM, INSTALADO EM DISTRIBUIÇÃO DE EDIFICAÇÃO INSTITUCIONAL - FORNECIMENTO E INSTALAÇÃO. AF_11/2019","M","3,02"]
[98290,"CABO TELEFÔNICO CCI-50 4 PARES, SEM BLINDAGEM, INSTALADO EM DISTRIBUIÇÃO DE EDIFICAÇÃO INSTITUCIONAL - FORNECIMENTO E INSTALAÇÃO. AF_11/2019","M","4,17"]
[98291,"CABO TELEFÔNICO CCI-50 5 PARES, SEM BLINDAGEM, INSTALADO EM DISTRIBUIÇÃO DE EDIFICAÇÃO INSTITUCIONAL - FORNECIMENTO E INSTALAÇÃO. AF_11/2019","M","4,95"]
[98292,"CABO TELEFÔNICO CCI-50 6 PARES, SEM BLINDAGEM, INSTALADO EM DISTRIBUIÇÃO DE EDIFICAÇÃO INSTITUCIONAL - FORNECIMENTO E INSTALAÇÃO. AF_11/2019","M","6,02"]
[98293,"CABO TELEFÔNICO CI-50 10 PARES INSTALADO EM DISTRIBUIÇÃO DE EDIFICAÇÃO INSTITUCIONAL - FORNECIMENTO E INSTALAÇÃO. AF_11/2019","M","11,05"]
[98400,"CABO TELEFÔNICO CTP-APL-50 10 PARES INSTALADO EM ENTRADA DE EDIFICAÇÃO - FORNECIMENTO E INSTALAÇÃO. AF_11/2019","M","16,57"]
[98401,"CABO TELEFÔNICO CTP-APL-50 20 PARES INSTALADO EM ENTRADA DE EDIFICAÇÃO - FORNECIMENTO E INSTALAÇÃO. AF_11/2019","M","26,38"]
[98402,"CABO TELEFÔNICO CTP-APL-50 30 PARES INSTALADO EM ENTRADA DE EDIFICAÇÃO - FORNECIMENTO E INSTALAÇÃO. AF_11/2019","M","30,86"]
[100556,"CAIXA DE PASSAGEM PARA TELEFONE 15X15X10CM (SOBREPOR), FORNECIMENTO E INSTALACAO. AF_11/2019","UN","45,30"]
[100557,"CAIXA DE PASSAGEM PARA TELEFONE 80X80X15CM (SOBREPOR) FORNECIMENTO E INSTALACAO. AF_11/2019","UN","582,44"]
[100560,"QUADRO DE DISTRIBUIÇÃO PARA TELEFONE N.2, 20X20X12CM EM CHAPA METALICA, DE EMBUTIR, SEM ACESSORIOS, PADRÃO TELEBRAS, FORNECIMENTO E INSTALAÇÃO. AF_11/2019","UN","123,38"]
[100561,"QUADRO DE DISTRIBUICAO PARA TELEFONE N.3, 40X40X12CM EM CHAPA METALICA, DE EMBUTIR, SEM ACESSORIOS, PADRAO TELEBRAS, FORNECIMENTO E INSTALAÇÃO. AF_11/2019","UN","228,76"]
[100562,"QUADRO DE DISTRIBUICAO PARA TELEFONE N.4, 60X60X12CM EM CHAPA METALICA, DE EMBUTIR, SEM ACESSORIOS, PADRAO TELEBRAS, FORNECIMENTO E INSTALAÇÃO. AF_11/2019","UN","356,41"]
[100563,"QUADRO DE DISTRIBUIÇÃO PARA TELEFONE N.5, 80X80X12CM EM CHAPA METALICA, SEM ACESSORIOS, PADRAO TELEBRAS, FORNECIMENTO E INSTALAÇÃO. AF_11/2019","UN","515,70"]
[101795,"CAIXA ENTERRADA PARA INSTALAÇÕES TELEFÔNICAS TIPO R1, EM ALVENARIA COM BLOCOS DE CONCRETO, DIMENSÕES INTERNAS: 0,35X0,60X0,60 M, EXCLUINDO TAMPÃO. AF_12/2020","UN","608,43"]
[101798,"TAMPA PARA CAIXA TIPO R1, EM FERRO FUNDIDO, DIMENSÕES INTERNAS: 0,40 X 0,60 M - FORNECIMENTO E INSTALAÇÃO. AF_12/2020","UN","363,08"]
[101799,"TAMPA PARA CAIXA TIPO R2 E R3, EM FERRO FUNDIDO, DIMENSÕES INTERNAS: 0,55 X 1,10 M - FORNECIMENTO E INSTALAÇÃO. AF_12/2020","UN","881,42"]
[98397,"PINTURA ANTICORROSIVA DE DUTO METÁLICO. AF_03/2024","M2","9,66"]
[103244,"AR CONDICIONADO SPLIT INVERTER, HI-WALL (PAREDE), 9000 BTU/H, CICLO FRIO - FORNECIMENTO E INSTALAÇÃO. AF_11/2021_PE","UN","2.807,74"]
[103245,"AR CONDICIONADO SPLIT ON/OFF, HI-WALL (PAREDE), 9000 BTUS/H, CICLO FRIO - FORNECIMENTO E INSTALAÇÃO. AF_11/2021_PE","UN","2.203,35"]
[103246,"AR CONDICIONADO SPLIT ON/OFF, HI-WALL (PAREDE), 9000 BTUS/H, CICLO QUENTE/FRIO - FORNECIMENTO E INSTALAÇÃO. AF_11/2021_PE","UN","2.407,75"]
[103247,"AR CONDICIONADO SPLIT INVERTER, HI-WALL (PAREDE), 12000 BTU/H, CICLO FRIO - FORNECIMENTO E INSTALAÇÃO. AF_11/2021_PE","UN","3.122,09"]
[103248,"AR CONDICIONADO SPLIT ON/OFF, HI-WALL (PAREDE), 12000 BTUS/H, CICLO FRIO - FORNECIMENTO E INSTALAÇÃO. AF_11/2021_PE","UN","2.541,58"]
[103249,"AR CONDICIONADO SPLIT ON/OFF, HI-WALL (PAREDE), 12000 BTUS/H, CICLO QUENTE/FRIO - FORNECIMENTO E INSTALAÇÃO. AF_11/2021_PE","UN","2.734,47"]
[103250,"AR CONDICIONADO SPLIT INVERTER, HI-WALL (PAREDE), 18000 BTU/H, CICLO FRIO - FORNECIMENTO E INSTALAÇÃO. AF_11/2021_PE","UN","4.5